{"text_format":"3","workbook":"xlsx","n_sheets":1,"sheets":["Plan Report"],"read":"whole","date_system":"1900"}

{"sheet":"Plan Report","index":0,"n_rows":4603,"n_cols":23,"rows_kept":2250,"cut":true,"merged":[[3,0,3,17]],"bounds":{"rows_first":1000,"rows_last":250,"rows_between":1000,"halvings":1}}
[]
[]
[]
["Форма плана закупок товаров, работ и услуг на 2018 год (ы) по Товарищество с ограниченной ответственностью \"Мангистауский атомный энергетический комбинат-Казатомпром\""]
[]
[]
[]
[]
[null,"Идентификатор из внешней системы  (служебное поле)","№","Код ЕНС ТРУ","Наименование закупаемых товаров, работ и услуг","Краткая характеристика (описание) товаров, работ и услуг","Дополнительная характеристика","Способ закупок","Основание для одного источника","Прогноз местного содержания, %","Срок осуществления закупок (планируемый месяц проведения)","Место (адрес) осуществления закупок","Регион, место поставки товара, выполнения работ, оказания услуг","Условия поставки по ИНКОТЕРМС 2010","Период поставки товаров, выполнения работ, оказания услуг","Условия оплаты","Единица измерения","Кол-во, объем","Маркетинговая цена за единицу, тенге без НДС","Сумма, планируемая для закупок ТРУ без НДС, тенге","Сумма, планируемая для закупки ТРУ с НДС, тенге","Приоритет закупки","Организатор закупки"]
[null,null,1,2,3,4,5,6,7,8,9,10,11,12,13,14,15,16,17,18,19,20,21]
[null,null,"1. Товары"]
[null,"-","1 Т","620129.000.000000","Программное обеспечение","оригинал программного обеспечения (кроме услуг по разработке программных обеспечении по заказу)","-","ОИ","140-2 (объекты  интеллектуальной собственности)","100","01.2018","471010000, Мангистауская область, Актау Г.А., г.Актау, \"Мангистауская область, г. Актау, промзона, ТОО \"\"МАЭК-Казатомпром\"\", здание 201\"","471010000, Мангистауская область, Актау Г.А., г.Актау, \"Мангистауская область, г. Актау, промзона, ТОО \"\"МАЭК-Казатомпром\"\"\"","DDP","с 01.2018 по 12.2018","Предоплата - 100% , Промежуточный платеж - 0% , Окончательный платеж - 0% ","Штука",{"v":1,"d":"1.000"},{"v":3665280,"d":"3,665,280.000"},{"v":3665280,"d":"3,665,280.000"},{"v":3665280,"d":"3,665,280.000"},"-","Товарищество с ограниченной ответственностью \"Мангистауский атомный энергетический комбинат-Казатомпром\""]
[null,"-","2 Т","172312.300.000001","Конверт","бумажный","-","ОИ","137-2 (не превышает тысячекратного МРП)","100","01.2018","471010000, Мангистауская область, Актау Г.А., г.Актау, \"Мангистауская область, г. Актау, промзона, ТОО \"\"МАЭК-Казатомпром\"\", здание 201\"","471010000, Мангистауская область, Актау Г.А., г.Актау, \"Мангистауская область, г. Актау, промзона, ТОО \"\"МАЭК-Казатомпром\"\"\"","DDP","с 01.2018 по 12.2018","Предоплата - 0% , Промежуточный платеж - 0% , Окончательный платеж - 100% ","Штука",{"v":2400,"d":"2,400.000"},{"v":73.3,"d":"73.300"},{"v":175920,"d":"175,920.000"},{"v":197030.4,"d":"197,030.400"},"-","Товарищество с ограниченной ответственностью \"Мангистауский атомный энергетический комбинат-Казатомпром\""]
[null,"5650203","3 Т","152021.000.000019","Кроссовки","спортивные, мужские, из текстильного материала, неутепленные","-","ОИ","137-2 (не превышает тысячекратного МРП)","0","05.2018","471010000, Мангистауская область, Актау Г.А., г.Актау, \"Мангистауская область, г. Актау, промзона, ТОО \"\"МАЭК-Казатомпром\"\", здание 201\"","471010000, Мангистауская область, Актау Г.А., г.Актау, \"Мангистауская область, г. Актау, промзона, ТОО \"\"МАЭК-Казатомпром\"\"\"","DDP","С даты подписания договора в течение 60 календарных дней","Предоплата - 0% , Промежуточный платеж - 0% , Окончательный платеж - 100% ","Пара",{"v":55,"d":"55.000"},{"v":33208,"d":"33,208.000"},{"v":1826440,"d":"1,826,440.000"},{"v":2045612.8,"d":"2,045,612.800"},"-","Товарищество с ограниченной ответственностью \"Мангистауский атомный энергетический комбинат-Казатомпром\""]
[null,"5650200","4 Т","141912.110.000000","Костюм","спортивный, мужской, из хлопчатобумажной пряжи","-","ОИ","137-2 (не превышает тысячекратного МРП)","0","05.2018","471010000, Мангистауская область, Актау Г.А., г.Актау, \"Мангистауская область, г. Актау, промзона, ТОО \"\"МАЭК-Казатомпром\"\", здание 201\"","471010000, Мангистауская область, Актау Г.А., г.Актау, \"Мангистауская область, г. Актау, промзона, ТОО \"\"МАЭК-Казатомпром\"\"\"","DDP","С даты подписания договора в течение 60 календарных дней","Предоплата - 0% , Промежуточный платеж - 0% , Окончательный платеж - 100% ","Комплект",{"v":55,"d":"55.000"},{"v":34431.81,"d":"34,431.810"},{"v":1893749.55,"d":"1,893,749.550"},{"v":2120999.5,"d":"2,120,999.500"},"-","Товарищество с ограниченной ответственностью \"Мангистауский атомный энергетический комбинат-Казатомпром\""]
[null,"5651051","5 Т","143910.610.000000","Джемпер","мужской, из хлопчатобумажной пряжи","-","ОИ","137-2 (не превышает тысячекратного МРП)","0","05.2018","471010000, Мангистауская область, Актау Г.А., г.Актау, \"Мангистауская область, г. Актау, промзона, ТОО \"\"МАЭК-Казатомпром\"\", здание 201\"","471010000, Мангистауская область, Актау Г.А., г.Актау, \"Мангистауская область, г. Актау, промзона, ТОО \"\"МАЭК-Казатомпром\"\"\"","DDP","С даты подписания договора в течение 60 календарных дней","Предоплата - 0% , Промежуточный платеж - 0% , Окончательный платеж - 100% ","Штука",{"v":55,"d":"55.000"},{"v":15032.19,"d":"15,032.190"},{"v":826770.45,"d":"826,770.450"},{"v":925982.9,"d":"925,982.900"},"-","Товарищество с ограниченной ответственностью \"Мангистауский атомный энергетический комбинат-Казатомпром\""]
[null,"5650201","6 Т","141324.650.000002","Шорты","спортивные, мужские, из синтетической ткани","-","ОИ","137-2 (не превышает тысячекратного МРП)","0","05.2018","471010000, Мангистауская область, Актау Г.А., г.Актау, \"Мангистауская область, г. Актау, промзона, ТОО \"\"МАЭК-Казатомпром\"\", здание 201\"","471010000, Мангистауская область, Актау Г.А., г.Актау, \"Мангистауская область, г. Актау, промзона, ТОО \"\"МАЭК-Казатомпром\"\"\"","DDP","С даты подписания договора в течение 60 календарных дней","Предоплата - 0% , Промежуточный платеж - 0% , Окончательный платеж - 100% ","Упаковка",{"v":55,"d":"55.000"},{"v":13364,"d":"13,364.000"},{"v":735020,"d":"735,020.000"},{"v":823222.4,"d":"823,222.400"},"-","Товарищество с ограниченной ответственностью \"Мангистауский атомный энергетический комбинат-Казатомпром\""]
[null,"5650202","7 Т","141943.990.000010","Фуражка","форменная, из льняной ткани","-","ОИ","137-2 (не превышает тысячекратного МРП)","0","05.2018","471010000, Мангистауская область, Актау Г.А., г.Актау, \"Мангистауская область, г. Актау, промзона, ТОО \"\"МАЭК-Казатомпром\"\", здание 201\"","471010000, Мангистауская область, Актау Г.А., г.Актау, \"Мангистауская область, г. Актау, промзона, ТОО \"\"МАЭК-Казатомпром\"\"\"","DDP","С даты подписания договора в течение 60 календарных дней","Предоплата - 0% , Промежуточный платеж - 0% , Окончательный платеж - 100% ","Упаковка",{"v":55,"d":"55.000"},{"v":6213,"d":"6,213.000"},{"v":341715,"d":"341,715.000"},{"v":382720.8,"d":"382,720.800"},"-","Товарищество с ограниченной ответственностью \"Мангистауский атомный энергетический комбинат-Казатомпром\""]
[null,"5650026","8 Т","151212.900.000027","Сумка","спортивная, из полиэфирной ткани","46:размер:размер м:размер м \\ 380:Цвет:черный:черный","ОИ","137-2 (не превышает тысячекратного МРП)","0","05.2018","471010000, Мангистауская область, Актау Г.А., г.Актау, \"Мангистауская область, г. Актау, промзона, ТОО \"\"МАЭК-Казатомпром\"\", здание 201\"","471010000, Мангистауская область, Актау Г.А., г.Актау, \"Мангистауская область, г. Актау, промзона, ТОО \"\"МАЭК-Казатомпром\"\"\"","DDP","С даты подписания договора в течение 60 календарных дней","Предоплата - 0% , Промежуточный платеж - 0% , Окончательный платеж - 100% ","Упаковка",{"v":55,"d":"55.000"},{"v":18586,"d":"18,586.000"},{"v":1022230,"d":"1,022,230.000"},{"v":1144897.6,"d":"1,144,897.600"},"-","Товарищество с ограниченной ответственностью \"Мангистауский атомный энергетический комбинат-Казатомпром\""]
[null,"5650025","9 Т","143110.900.000004","Гетры","спортивные, универсальные, из синтетических нитей","236:назначение:гетры футбольные:футболға арналған гетрлер","ОИ","137-2 (не превышает тысячекратного МРП)","0","05.2018","471010000, Мангистауская область, Актау Г.А., г.Актау, \"Мангистауская область, г. Актау, промзона, ТОО \"\"МАЭК-Казатомпром\"\", здание 201\"","471010000, Мангистауская область, Актау Г.А., г.Актау, \"Мангистауская область, г. Актау, промзона, ТОО \"\"МАЭК-Казатомпром\"\"\"","DDP","С даты подписания договора в течение 60 календарных дней","Предоплата - 0% , Промежуточный платеж - 0% , Окончательный платеж - 100% ","Пара",{"v":20,"d":"20.000"},{"v":2678,"d":"2,678.000"},{"v":53560,"d":"53,560.000"},{"v":59987.2,"d":"59,987.200"},"-","Товарищество с ограниченной ответственностью \"Мангистауский атомный энергетический комбинат-Казатомпром\""]
[null,"5596040","10 Т","212024.900.000004","Вата","нестерильная, гигроскопическая","478:Упаковка:100г:100г","ОИ","137-2 (не превышает тысячекратного МРП)","0","05.2018","471010000, Мангистауская область, Актау Г.А., г.Актау, \"Мангистауская область, г. Актау, промзона, ТОО \"\"МАЭК-Казатомпром\"\", здание 201\"","471010000, Мангистауская область, Актау Г.А., г.Актау, \"Мангистауская область, г. Актау, промзона, ТОО \"\"МАЭК-Казатомпром\"\"\"","EXW","С даты подписания договора в течение 10 календарных дней","Предоплата - 100% , Промежуточный платеж - 0% , Окончательный платеж - 0% ","Упаковка",{"v":200,"d":"200.000"},{"v":123.2,"d":"123.200"},{"v":24640,"d":"24,640.000"},{"v":24640,"d":"24,640.000"},"-","Товарищество с ограниченной ответственностью \"Мангистауский атомный энергетический комбинат-Казатомпром\""]
[null,"5590162","11 Т","212024.900.000006","Марля","медицинская","478:Упаковка:1м:1м","ОИ","137-2 (не превышает тысячекратного МРП)","0","05.2018","471010000, Мангистауская область, Актау Г.А., г.Актау, \"Мангистауская область, г. Актау, промзона, ТОО \"\"МАЭК-Казатомпром\"\", здание 201\"","471010000, Мангистауская область, Актау Г.А., г.Актау, \"Мангистауская область, г. Актау, промзона, ТОО \"\"МАЭК-Казатомпром\"\"\"","EXW","С даты подписания договора в течение 10 календарных дней","Предоплата - 100% , Промежуточный платеж - 0% , Окончательный платеж - 0% ","Штука",{"v":50,"d":"50.000"},{"v":134.4,"d":"134.400"},{"v":6720,"d":"6,720.000"},{"v":6720,"d":"6,720.000"},"-","Товарищество с ограниченной ответственностью \"Мангистауский атомный энергетический комбинат-Казатомпром\""]
[null,"5310849","12 Т","139229.990.000008","Ветошь","хлопчатобумажная, трикотажная","251:Ширина:140 см:140 см","ОИ","137-2 (не превышает тысячекратного МРП)","0","12.2017","471010000, Мангистауская область, Актау Г.А., г.Актау, \"Мангистауская область, г. Актау, промзона, ТОО \"\"МАЭК-Казатомпром\"\", здание 201\"","471010000, Мангистауская область, Актау Г.А., г.Актау, \"Мангистауская область, г. Актау, промзона, ТОО \"\"МАЭК-Казатомпром\"\"\"","DDP","С даты подписания договора в течение 30 календарных дней","Предоплата - 0% , Промежуточный платеж - 0% , Окончательный платеж - 100% ","Метр",{"v":7000,"d":"7,000.000"},{"v":250,"d":"250.000"},{"v":1750000,"d":"1,750,000.000"},{"v":1960000,"d":"1,960,000.000"},"-","Товарищество с ограниченной ответственностью \"Мангистауский атомный энергетический комбинат-Казатомпром\""]
[null,"5310845","13 Т","139411.600.000001","Канат","полиамидный, диаметр 8-112 мм","462:Тип:капроновый (полиамидный):капроновый (полиамидный)","ОИ","137-2 (не превышает тысячекратного МРП)","0","12.2017","471010000, Мангистауская область, Актау Г.А., г.Актау, \"Мангистауская область, г. Актау, промзона, ТОО \"\"МАЭК-Казатомпром\"\", здание 201\"","471010000, Мангистауская область, Актау Г.А., г.Актау, \"Мангистауская область, г. Актау, промзона, ТОО \"\"МАЭК-Казатомпром\"\"\"","DDP","С даты подписания договора в течение 30 календарных дней","Предоплата - 0% , Промежуточный платеж - 0% , Окончательный платеж - 100% ","Метр",{"v":200,"d":"200.000"},{"v":450,"d":"450.000"},{"v":90000,"d":"90,000.000"},{"v":100800,"d":"100,800.000"},"-","Товарищество с ограниченной ответственностью \"Мангистауский атомный энергетический комбинат-Казатомпром\""]
[null,"5310462","14 Т","131062.200.000000","Нить","швейная, хлопчатобумажная","163:Номер:40:40","ОИ","137-2 (не превышает тысячекратного МРП)","0","12.2017","471010000, Мангистауская область, Актау Г.А., г.Актау, \"Мангистауская область, г. Актау, промзона, ТОО \"\"МАЭК-Казатомпром\"\", здание 201\"","471010000, Мангистауская область, Актау Г.А., г.Актау, \"Мангистауская область, г. Актау, промзона, ТОО \"\"МАЭК-Казатомпром\"\"\"","DDP","С даты подписания договора в течение 30 календарных дней","Предоплата - 0% , Промежуточный платеж - 0% , Окончательный платеж - 100% ","Штука",{"v":100,"d":"100.000"},{"v":100,"d":"100.000"},{"v":10000,"d":"10,000.000"},{"v":11200,"d":"11,200.000"},"-","Товарищество с ограниченной ответственностью \"Мангистауский атомный энергетический комбинат-Казатомпром\""]
[null,"5310459","15 Т","139411.300.000001","Веревка","техническая, из короткого льнопенькового волокна","-","ОИ","137-2 (не превышает тысячекратного МРП)","0","12.2017","471010000, Мангистауская область, Актау Г.А., г.Актау, \"Мангистауская область, г. Актау, промзона, ТОО \"\"МАЭК-Казатомпром\"\", здание 201\"","471010000, Мангистауская область, Актау Г.А., г.Актау, \"Мангистауская область, г. Актау, промзона, ТОО \"\"МАЭК-Казатомпром\"\"\"","DDP","С даты подписания договора в течение 30 календарных дней","Предоплата - 0% , Промежуточный платеж - 0% , Окончательный платеж - 100% ","Метр",{"v":100,"d":"100.000"},{"v":335,"d":"335.000"},{"v":33500,"d":"33,500.000"},{"v":37520,"d":"37,520.000"},"-","Товарищество с ограниченной ответственностью \"Мангистауский атомный энергетический комбинат-Казатомпром\""]
[null,"5320224","16 Т","132020.150.000000","Ткань","полотенечная, хлопчатобумажная","251:Ширина:85 см:85 см","ОИ","137-2 (не превышает тысячекратного МРП)","0","12.2017","471010000, Мангистауская область, Актау Г.А., г.Актау, \"Мангистауская область, г. Актау, промзона, ТОО \"\"МАЭК-Казатомпром\"\", здание 201\"","471010000, Мангистауская область, Актау Г.А., г.Актау, \"Мангистауская область, г. Актау, промзона, ТОО \"\"МАЭК-Казатомпром\"\"\"","DDP","С даты подписания договора в течение 30 календарных дней","Предоплата - 0% , Промежуточный платеж - 0% , Окончательный платеж - 100% ","Метр",{"v":4500,"d":"4,500.000"},{"v":450,"d":"450.000"},{"v":2025000,"d":"2,025,000.000"},{"v":2268000,"d":"2,268,000.000"},"-","Товарищество с ограниченной ответственностью \"Мангистауский атомный энергетический комбинат-Казатомпром\""]
[null,"5320518","17 Т","139222.100.000002","Брезент","из льняной ткани","251:Ширина:1,5 м.:1,5 м.","ОИ","137-2 (не превышает тысячекратного МРП)","0","12.2017","471010000, Мангистауская область, Актау Г.А., г.Актау, \"Мангистауская область, г. Актау, промзона, ТОО \"\"МАЭК-Казатомпром\"\", здание 201\"","471010000, Мангистауская область, Актау Г.А., г.Актау, \"Мангистауская область, г. Актау, промзона, ТОО \"\"МАЭК-Казатомпром\"\"\"","DDP","С даты подписания договора в течение 30 календарных дней","Предоплата - 0% , Промежуточный платеж - 0% , Окончательный платеж - 100% ","Метр",{"v":100,"d":"100.000"},{"v":1000,"d":"1,000.000"},{"v":100000,"d":"100,000.000"},{"v":112000,"d":"112,000.000"},"-","Товарищество с ограниченной ответственностью \"Мангистауский атомный энергетический комбинат-Казатомпром\""]
[null,"5320249","18 Т","132020.300.000000","Ткань","бытовая, хлопчатобумажная","251:Ширина:1,5 м.:1,5 м.","ОИ","137-2 (не превышает тысячекратного МРП)","0","12.2017","471010000, Мангистауская область, Актау Г.А., г.Актау, \"Мангистауская область, г. Актау, промзона, ТОО \"\"МАЭК-Казатомпром\"\", здание 201\"","471010000, Мангистауская область, Актау Г.А., г.Актау, \"Мангистауская область, г. Актау, промзона, ТОО \"\"МАЭК-Казатомпром\"\"\"","DDP","С даты подписания договора в течение 30 календарных дней","Предоплата - 0% , Промежуточный платеж - 0% , Окончательный платеж - 100% ","Метр",{"v":2300,"d":"2,300.000"},{"v":359.24,"d":"359.240"},{"v":826252,"d":"826,252.000"},{"v":925402.24,"d":"925,402.240"},"-","Товарищество с ограниченной ответственностью \"Мангистауский атомный энергетический комбинат-Казатомпром\""]
[null,"5320250","19 Т","139229.990.000001","Салфетка","техническая, из хлопчатобумажной ткани","251:Ширина:1,5 м.:1,5 м.","ОИ","137-2 (не превышает тысячекратного МРП)","0","12.2017","471010000, Мангистауская область, Актау Г.А., г.Актау, \"Мангистауская область, г. Актау, промзона, ТОО \"\"МАЭК-Казатомпром\"\", здание 201\"","471010000, Мангистауская область, Актау Г.А., г.Актау, \"Мангистауская область, г. Актау, промзона, ТОО \"\"МАЭК-Казатомпром\"\"\"","DDP","С даты подписания договора в течение 30 календарных дней","Предоплата - 0% , Промежуточный платеж - 0% , Окончательный платеж - 100% ","Метр",{"v":8000,"d":"8,000.000"},{"v":250,"d":"250.000"},{"v":2000000,"d":"2,000,000.000"},{"v":2240000,"d":"2,240,000.000"},"-","Товарищество с ограниченной ответственностью \"Мангистауский атомный энергетический комбинат-Казатомпром\""]
[null,"5320519","20 Т","139616.900.000023","Полог","брезентовый","251:Ширина: 2 м.: 2 м.","ОИ","137-2 (не превышает тысячекратного МРП)","0","12.2017","471010000, Мангистауская область, Актау Г.А., г.Актау, \"Мангистауская область, г. Актау, промзона, ТОО \"\"МАЭК-Казатомпром\"\", здание 201\"","471010000, Мангистауская область, Актау Г.А., г.Актау, \"Мангистауская область, г. Актау, промзона, ТОО \"\"МАЭК-Казатомпром\"\"\"","DDP","С даты подписания договора в течение 30 календарных дней","Предоплата - 0% , Промежуточный платеж - 0% , Окончательный платеж - 100% ","Штука",{"v":10,"d":"10.000"},{"v":10000,"d":"10,000.000"},{"v":100000,"d":"100,000.000"},{"v":112000,"d":"112,000.000"},"-","Товарищество с ограниченной ответственностью \"Мангистауский атомный энергетический комбинат-Казатомпром\""]
[null,"5310844","21 Т","139411.600.000001","Канат","полиамидный, диаметр 8-112 мм","462:Тип:капроновый (полиамидный):капроновый (полиамидный)","ОИ","137-2 (не превышает тысячекратного МРП)","0","12.2017","471010000, Мангистауская область, Актау Г.А., г.Актау, \"Мангистауская область, г. Актау, промзона, ТОО \"\"МАЭК-Казатомпром\"\", здание 201\"","471010000, Мангистауская область, Актау Г.А., г.Актау, \"Мангистауская область, г. Актау, промзона, ТОО \"\"МАЭК-Казатомпром\"\"\"","DDP","С даты подписания договора в течение 30 календарных дней","Предоплата - 0% , Промежуточный платеж - 0% , Окончательный платеж - 100% ","Метр",{"v":100,"d":"100.000"},{"v":450,"d":"450.000"},{"v":45000,"d":"45,000.000"},{"v":50400,"d":"50,400.000"},"-","Товарищество с ограниченной ответственностью \"Мангистауский атомный энергетический комбинат-Казатомпром\""]
[null,"5310457","22 Т","139411.600.000001","Канат","полиамидный, диаметр 8-112 мм","462:Тип:капроновый (полиамидный):капроновый (полиамидный)","ОИ","137-2 (не превышает тысячекратного МРП)","0","12.2017","471010000, Мангистауская область, Актау Г.А., г.Актау, \"Мангистауская область, г. Актау, промзона, ТОО \"\"МАЭК-Казатомпром\"\", здание 201\"","471010000, Мангистауская область, Актау Г.А., г.Актау, \"Мангистауская область, г. Актау, промзона, ТОО \"\"МАЭК-Казатомпром\"\"\"","DDP","С даты подписания договора в течение 30 календарных дней","Предоплата - 0% , Промежуточный платеж - 0% , Окончательный платеж - 100% ","Метр",{"v":100,"d":"100.000"},{"v":550,"d":"550.000"},{"v":55000,"d":"55,000.000"},{"v":61600,"d":"61,600.000"},"-","Товарищество с ограниченной ответственностью \"Мангистауский атомный энергетический комбинат-Казатомпром\""]
[null,"5310845","23 Т","139411.600.000001","Канат","полиамидный, диаметр 8-112 мм","462:Тип:капроновый (полиамидный):капроновый (полиамидный)","ОИ","137-2 (не превышает тысячекратного МРП)","0","12.2017","471010000, Мангистауская область, Актау Г.А., г.Актау, \"Мангистауская область, г. Актау, промзона, ТОО \"\"МАЭК-Казатомпром\"\", здание 201\"","471010000, Мангистауская область, Актау Г.А., г.Актау, \"Мангистауская область, г. Актау, промзона, ТОО \"\"МАЭК-Казатомпром\"\"\"","DDP","С даты подписания договора в течение 30 календарных дней","Предоплата - 0% , Промежуточный платеж - 0% , Окончательный платеж - 100% ","Метр",{"v":100,"d":"100.000"},{"v":450,"d":"450.000"},{"v":45000,"d":"45,000.000"},{"v":50400,"d":"50,400.000"},"-","Товарищество с ограниченной ответственностью \"Мангистауский атомный энергетический комбинат-Казатомпром\""]
[null,"6730202","24 Т","139212.530.000009","Пододеяльник","полуторный, из хлопчатобумажной ткани","-","ОИ","137-2 (не превышает тысячекратного МРП)","0","12.2017","471010000, Мангистауская область, Актау Г.А., г.Актау, \"Мангистауская область, г. Актау, промзона, ТОО \"\"МАЭК-Казатомпром\"\", здание 201\"","471010000, Мангистауская область, Актау Г.А., г.Актау, \"Мангистауская область, г. Актау, промзона, ТОО \"\"МАЭК-Казатомпром\"\"\"","DDP","С даты подписания договора в течение 30 календарных дней","Предоплата - 0% , Промежуточный платеж - 0% , Окончательный платеж - 100% ","Штука",{"v":32,"d":"32.000"},{"v":2000,"d":"2,000.000"},{"v":64000,"d":"64,000.000"},{"v":71680,"d":"71,680.000"},"-","Товарищество с ограниченной ответственностью \"Мангистауский атомный энергетический комбинат-Казатомпром\""]
[null,"6730215","25 Т","139211.500.000010","Плед","из смешанной ткани","-","ОИ","137-2 (не превышает тысячекратного МРП)","0","12.2017","471010000, Мангистауская область, Актау Г.А., г.Актау, \"Мангистауская область, г. Актау, промзона, ТОО \"\"МАЭК-Казатомпром\"\", здание 201\"","471010000, Мангистауская область, Актау Г.А., г.Актау, \"Мангистауская область, г. Актау, промзона, ТОО \"\"МАЭК-Казатомпром\"\"\"","DDP","С даты подписания договора в течение 30 календарных дней","Предоплата - 0% , Промежуточный платеж - 0% , Окончательный платеж - 100% ","Штука",{"v":10,"d":"10.000"},{"v":1500,"d":"1,500.000"},{"v":15000,"d":"15,000.000"},{"v":16800,"d":"16,800.000"},"-","Товарищество с ограниченной ответственностью \"Мангистауский атомный энергетический комбинат-Казатомпром\""]
[null,"6720000","26 Т","139224.992.000002","Подушка","спальная, из хлопчатобумажной ткани, синтетический","-","ОИ","137-2 (не превышает тысячекратного МРП)","0","12.2017","471010000, Мангистауская область, Актау Г.А., г.Актау, \"Мангистауская область, г. Актау, промзона, ТОО \"\"МАЭК-Казатомпром\"\", здание 201\"","471010000, Мангистауская область, Актау Г.А., г.Актау, \"Мангистауская область, г. Актау, промзона, ТОО \"\"МАЭК-Казатомпром\"\"\"","DDP","С даты подписания договора в течение 30 календарных дней","Предоплата - 0% , Промежуточный платеж - 0% , Окончательный платеж - 100% ","Штука",{"v":10,"d":"10.000"},{"v":1800,"d":"1,800.000"},{"v":18000,"d":"18,000.000"},{"v":20160,"d":"20,160.000"},"-","Товарищество с ограниченной ответственностью \"Мангистауский атомный энергетический комбинат-Казатомпром\""]
[null,"5310455","27 Т","131029.100.000002","Пакля","сантехническая, льняная","-","ОИ","137-2 (не превышает тысячекратного МРП)","0","12.2017","471010000, Мангистауская область, Актау Г.А., г.Актау, \"Мангистауская область, г. Актау, промзона, ТОО \"\"МАЭК-Казатомпром\"\", здание 201\"","471010000, Мангистауская область, Актау Г.А., г.Актау, \"Мангистауская область, г. Актау, промзона, ТОО \"\"МАЭК-Казатомпром\"\"\"","DDP","С даты подписания договора в течение 30 календарных дней","Предоплата - 0% , Промежуточный платеж - 0% , Окончательный платеж - 100% ","Штука",{"v":45,"d":"45.000"},{"v":450,"d":"450.000"},{"v":20250,"d":"20,250.000"},{"v":22680,"d":"22,680.000"},"-","Товарищество с ограниченной ответственностью \"Мангистауский атомный энергетический комбинат-Казатомпром\""]
[null,"5310786","28 Т","139411.300.000016","Шпагат","из пенькового волокна, многониточный","-","ОИ","137-2 (не превышает тысячекратного МРП)","0","12.2017","471010000, Мангистауская область, Актау Г.А., г.Актау, \"Мангистауская область, г. Актау, промзона, ТОО \"\"МАЭК-Казатомпром\"\", здание 201\"","471010000, Мангистауская область, Актау Г.А., г.Актау, \"Мангистауская область, г. Актау, промзона, ТОО \"\"МАЭК-Казатомпром\"\"\"","DDP","С даты подписания договора в течение 30 календарных дней","Предоплата - 0% , Промежуточный платеж - 0% , Окончательный платеж - 100% ","Килограмм",{"v":14,"d":"14.000"},{"v":2500,"d":"2,500.000"},{"v":35000,"d":"35,000.000"},{"v":39200,"d":"39,200.000"},"-","Товарищество с ограниченной ответственностью \"Мангистауский атомный энергетический комбинат-Казатомпром\""]
[null,"5320520","29 Т","132020.200.000000","Ткань","марлевая, хлопчатобумажная","-","ОИ","137-2 (не превышает тысячекратного МРП)","0","12.2017","471010000, Мангистауская область, Актау Г.А., г.Актау, \"Мангистауская область, г. Актау, промзона, ТОО \"\"МАЭК-Казатомпром\"\", здание 201\"","471010000, Мангистауская область, Актау Г.А., г.Актау, \"Мангистауская область, г. Актау, промзона, ТОО \"\"МАЭК-Казатомпром\"\"\"","DDP","С даты подписания договора в течение 30 календарных дней","Предоплата - 0% , Промежуточный платеж - 0% , Окончательный платеж - 100% ","Метр",{"v":3000,"d":"3,000.000"},{"v":145,"d":"145.000"},{"v":435000,"d":"435,000.000"},{"v":487200,"d":"487,200.000"},"-","Товарищество с ограниченной ответственностью \"Мангистауский атомный энергетический комбинат-Казатомпром\""]
[null,"5340239","30-1 Т","139215.500.000013","Шторы","из смешанной ткани","-","ОИ","137-2 (не превышает тысячекратного МРП)","0","02.2018","471010000, Мангистауская область, Актау Г.А., г.Актау, \"Мангистауская область, г. Актау, промзона, ТОО \"\"МАЭК-Казатомпром\"\", здание 201\"","471010000, Мангистауская область, Актау Г.А., г.Актау, \"Мангистауская область, г. Актау, промзона, ТОО \"\"МАЭК-Казатомпром\"\"\"","DDP","С даты подписания договора в течение 30 календарных дней","Окончательный платеж - 100% , Промежуточный платеж - 0% , Предоплата - 0% ","Комплект",{"v":10,"d":"10.000"},{"v":134671.43,"d":"134,671.430"},{"v":1346714.3,"d":"1,346,714.300"},{"v":1508320.02,"d":"1,508,320.020"},"-","Товарищество с ограниченной ответственностью \"Мангистауский атомный энергетический комбинат-Казатомпром\""]
[null,"5320522","31-1 Т","132020.150.000001","Ткань","для обивки мебели, хлопчатобумажная","-","ОИ","137-2 (не превышает тысячекратного МРП)","0","04.2018","471010000, Мангистауская область, Актау Г.А., г.Актау, \"Мангистауская область, г. Актау, промзона, ТОО \"\"МАЭК-Казатомпром\"\", здание 201\"","471010000, Мангистауская область, Актау Г.А., г.Актау, \"Мангистауская область, г. Актау, промзона, ТОО \"\"МАЭК-Казатомпром\"\"\"","DDP","С даты подписания договора в течение 30 календарных дней","Окончательный платеж - 100% , Промежуточный платеж - 0% , Предоплата - 0% ","Метр",{"v":560.8,"d":"560.800"},{"v":2500,"d":"2,500.000"},{"v":1402000,"d":"1,402,000.000"},{"v":1570240,"d":"1,570,240.000"},"-","Товарищество с ограниченной ответственностью \"Мангистауский атомный энергетический комбинат-Казатомпром\""]
[null,"6764187","32 Т","139215.500.000011","Жалюзи","из синтетической ткани","-","ОИ","137-2 (не превышает тысячекратного МРП)","0","02.2018","471010000, Мангистауская область, Актау Г.А., г.Актау, \"Мангистауская область, г. Актау, промзона, ТОО \"\"МАЭК-Казатомпром\"\", здание 201\"","471010000, Мангистауская область, Актау Г.А., г.Актау, \"Мангистауская область, г. Актау, промзона, ТОО \"\"МАЭК-Казатомпром\"\"\"","DDP","С даты подписания договора в течение 30 календарных дней","Предоплата - 0% , Промежуточный платеж - 0% , Окончательный платеж - 100% ","Метр квадратный",{"v":89,"d":"89.000"},{"v":14484.76,"d":"14,484.760"},{"v":1289143.64,"d":"1,289,143.640"},{"v":1443840.88,"d":"1,443,840.880"},"-","Товарищество с ограниченной ответственностью \"Мангистауский атомный энергетический комбинат-Казатомпром\""]
[null,"6764186","33 Т","139215.500.000011","Жалюзи","из синтетической ткани","-","ОИ","137-2 (не превышает тысячекратного МРП)","0","02.2018","471010000, Мангистауская область, Актау Г.А., г.Актау, \"Мангистауская область, г. Актау, промзона, ТОО \"\"МАЭК-Казатомпром\"\", здание 201\"","471010000, Мангистауская область, Актау Г.А., г.Актау, \"Мангистауская область, г. Актау, промзона, ТОО \"\"МАЭК-Казатомпром\"\"\"","DDP","С даты подписания договора в течение 30 календарных дней","Предоплата - 0% , Промежуточный платеж - 0% , Окончательный платеж - 100% ","Метр квадратный",{"v":53,"d":"53.000"},{"v":6000,"d":"6,000.000"},{"v":318000,"d":"318,000.000"},{"v":356160,"d":"356,160.000"},"-","Товарищество с ограниченной ответственностью \"Мангистауский атомный энергетический комбинат-Казатомпром\""]
[null,"4290007","34 Т","204131.530.000000","Порошок","стиральный, для изделий из различных тканей","39:Масса:450 гр.:450 гр.","ОИ","137-2 (не превышает тысячекратного МРП)","0","12.2017","471010000, Мангистауская область, Актау Г.А., г.Актау, \"Мангистауская область, г. Актау, промзона, ТОО \"\"МАЭК-Казатомпром\"\", здание 201\"","471010000, Мангистауская область, Актау Г.А., г.Актау, \"Мангистауская область, г. Актау, промзона, ТОО \"\"МАЭК-Казатомпром\"\"\"","DDP","С даты подписания договора в течение 30 календарных дней","Предоплата - 0% , Промежуточный платеж - 0% , Окончательный платеж - 100% ","Одна пачка",{"v":6500,"d":"6,500.000"},{"v":300,"d":"300.000"},{"v":1950000,"d":"1,950,000.000"},{"v":2184000,"d":"2,184,000.000"},"-","Товарищество с ограниченной ответственностью \"Мангистауский атомный энергетический комбинат-Казатомпром\""]
[null,"4290001","35 Т","204131.950.000000","Мыло","хозяйственное, твердое","39:Масса:200 гр.:200 гр.","ОИ","137-2 (не превышает тысячекратного МРП)","0","12.2017","471010000, Мангистауская область, Актау Г.А., г.Актау, \"Мангистауская область, г. Актау, промзона, ТОО \"\"МАЭК-Казатомпром\"\", здание 201\"","471010000, Мангистауская область, Актау Г.А., г.Актау, \"Мангистауская область, г. Актау, промзона, ТОО \"\"МАЭК-Казатомпром\"\"\"","DDP","С даты подписания договора в течение 20 календарных дней","Предоплата - 0% , Промежуточный платеж - 0% , Окончательный платеж - 100% ","Штука",{"v":20000,"d":"20,000.000"},{"v":105,"d":"105.000"},{"v":2100000,"d":"2,100,000.000"},{"v":2352000,"d":"2,352,000.000"},"-","Товарищество с ограниченной ответственностью \"Мангистауский атомный энергетический комбинат-Казатомпром\""]
[null,"4290002","36 Т","204131.900.000001","Мыло","туалетное, твердое","39:Масса:200 гр.:200 гр.","ОИ","137-2 (не превышает тысячекратного МРП)","0","12.2017","471010000, Мангистауская область, Актау Г.А., г.Актау, \"Мангистауская область, г. Актау, промзона, ТОО \"\"МАЭК-Казатомпром\"\", здание 201\"","471010000, Мангистауская область, Актау Г.А., г.Актау, \"Мангистауская область, г. Актау, промзона, ТОО \"\"МАЭК-Казатомпром\"\"\"","DDP","С даты подписания договора в течение 20 календарных дней","Предоплата - 0% , Промежуточный платеж - 0% , Окончательный платеж - 100% ","Штука",{"v":8000,"d":"8,000.000"},{"v":120,"d":"120.000"},{"v":960000,"d":"960,000.000"},{"v":1075200,"d":"1,075,200.000"},"-","Товарищество с ограниченной ответственностью \"Мангистауский атомный энергетический комбинат-Казатомпром\""]
[null,"4290018","37 Т","204144.000.000019","Средство чистящее","против ржавчины, жидкость","236:назначение:для чистки унитазов и раковин:для чистки унитазов и раковин \\ 103:объем:1 литр:1 литр","ОИ","137-2 (не превышает тысячекратного МРП)","0","12.2017","471010000, Мангистауская область, Актау Г.А., г.Актау, \"Мангистауская область, г. Актау, промзона, ТОО \"\"МАЭК-Казатомпром\"\", здание 201\"","471010000, Мангистауская область, Актау Г.А., г.Актау, \"Мангистауская область, г. Актау, промзона, ТОО \"\"МАЭК-Казатомпром\"\"\"","DDP","С даты подписания договора в течение 30 календарных дней","Предоплата - 0% , Промежуточный платеж - 0% , Окончательный платеж - 100% ","Штука",{"v":2000,"d":"2,000.000"},{"v":950,"d":"950.000"},{"v":1900000,"d":"1,900,000.000"},{"v":2128000,"d":"2,128,000.000"},"-","Товарищество с ограниченной ответственностью \"Мангистауский атомный энергетический комбинат-Казатомпром\""]
[null,"4290065","38 Т","204132.590.000009","Средство моющее","для мытья полов, порошок","103:объем:400 гр.:400 гр.","ОИ","137-2 (не превышает тысячекратного МРП)","0","12.2017","471010000, Мангистауская область, Актау Г.А., г.Актау, \"Мангистауская область, г. Актау, промзона, ТОО \"\"МАЭК-Казатомпром\"\", здание 201\"","471010000, Мангистауская область, Актау Г.А., г.Актау, \"Мангистауская область, г. Актау, промзона, ТОО \"\"МАЭК-Казатомпром\"\"\"","DDP","С даты подписания договора в течение 30 календарных дней","Предоплата - 0% , Промежуточный платеж - 0% , Окончательный платеж - 100% ","Штука",{"v":900,"d":"900.000"},{"v":500,"d":"500.000"},{"v":450000,"d":"450,000.000"},{"v":504000,"d":"504,000.000"},"-","Товарищество с ограниченной ответственностью \"Мангистауский атомный энергетический комбинат-Казатомпром\""]
[null,"4290004","39 Т","204132.750.000000","Средство моющее","для мытья стекол и зеркальных поверхностей, жидкость","103:объем:1 литр:1 литр","ОИ","137-2 (не превышает тысячекратного МРП)","0","12.2017","471010000, Мангистауская область, Актау Г.А., г.Актау, \"Мангистауская область, г. Актау, промзона, ТОО \"\"МАЭК-Казатомпром\"\", здание 201\"","471010000, Мангистауская область, Актау Г.А., г.Актау, \"Мангистауская область, г. Актау, промзона, ТОО \"\"МАЭК-Казатомпром\"\"\"","DDP","С даты подписания договора в течение 30 календарных дней","Предоплата - 0% , Промежуточный платеж - 0% , Окончательный платеж - 100% ","Штука",{"v":630,"d":"630.000"},{"v":700,"d":"700.000"},{"v":441000,"d":"441,000.000"},{"v":493920,"d":"493,920.000"},"-","Товарищество с ограниченной ответственностью \"Мангистауский атомный энергетический комбинат-Казатомпром\""]
[null,"4290064","40 Т","204132.790.000010","Средство чистящее","для чистки ванн и раковин, порошкообразное","103:объем:для чистки ванн и раковин:для чистки ванн и раковин","ОИ","137-2 (не превышает тысячекратного МРП)","0","12.2017","471010000, Мангистауская область, Актау Г.А., г.Актау, \"Мангистауская область, г. Актау, промзона, ТОО \"\"МАЭК-Казатомпром\"\", здание 201\"","471010000, Мангистауская область, Актау Г.А., г.Актау, \"Мангистауская область, г. Актау, промзона, ТОО \"\"МАЭК-Казатомпром\"\"\"","DDP","С даты подписания договора в течение 30 календарных дней","Предоплата - 0% , Промежуточный платеж - 0% , Окончательный платеж - 100% ","Штука",{"v":630,"d":"630.000"},{"v":508.4,"d":"508.400"},{"v":320292,"d":"320,292.000"},{"v":358727.04,"d":"358,727.040"},"-","Товарищество с ограниченной ответственностью \"Мангистауский атомный энергетический комбинат-Казатомпром\""]
[null,"4290010","41 Т","204141.000.000011","Освежитель воздуха","аэрозоль","236:назначение:освежитель воздуха:освежитель воздуха","ОИ","137-2 (не превышает тысячекратного МРП)","0","12.2017","471010000, Мангистауская область, Актау Г.А., г.Актау, \"Мангистауская область, г. Актау, промзона, ТОО \"\"МАЭК-Казатомпром\"\", здание 201\"","471010000, Мангистауская область, Актау Г.А., г.Актау, \"Мангистауская область, г. Актау, промзона, ТОО \"\"МАЭК-Казатомпром\"\"\"","DDP","С даты подписания договора в течение 30 календарных дней","Предоплата - 0% , Промежуточный платеж - 0% , Окончательный платеж - 100% ","Штука",{"v":200,"d":"200.000"},{"v":302.86,"d":"302.860"},{"v":60572,"d":"60,572.000"},{"v":67840.64,"d":"67,840.640"},"-","Товарищество с ограниченной ответственностью \"Мангистауский атомный энергетический комбинат-Казатомпром\""]
[null,"4290017","42 Т","204132.590.000016","Средство моющее","для выведения пятен, жидкость","236:назначение:для выведения пятен:для выведения пятен","ОИ","137-2 (не превышает тысячекратного МРП)","0","12.2017","471010000, Мангистауская область, Актау Г.А., г.Актау, \"Мангистауская область, г. Актау, промзона, ТОО \"\"МАЭК-Казатомпром\"\", здание 201\"","471010000, Мангистауская область, Актау Г.А., г.Актау, \"Мангистауская область, г. Актау, промзона, ТОО \"\"МАЭК-Казатомпром\"\"\"","DDP","С даты подписания договора в течение 30 календарных дней","Предоплата - 0% , Промежуточный платеж - 0% , Окончательный платеж - 100% ","Штука",{"v":50,"d":"50.000"},{"v":700,"d":"700.000"},{"v":35000,"d":"35,000.000"},{"v":39200,"d":"39,200.000"},"-","Товарищество с ограниченной ответственностью \"Мангистауский атомный энергетический комбинат-Казатомпром\""]
[null,"4290012","43 Т","204131.900.000000","Мыло","туалетное, жидкое","236:назначение:для мытья рук:для мытья рук","ОИ","137-2 (не превышает тысячекратного МРП)","0","12.2017","471010000, Мангистауская область, Актау Г.А., г.Актау, \"Мангистауская область, г. Актау, промзона, ТОО \"\"МАЭК-Казатомпром\"\", здание 201\"","471010000, Мангистауская область, Актау Г.А., г.Актау, \"Мангистауская область, г. Актау, промзона, ТОО \"\"МАЭК-Казатомпром\"\"\"","DDP","С даты подписания договора в течение 30 календарных дней","Предоплата - 0% , Промежуточный платеж - 0% , Окончательный платеж - 100% ","Штука",{"v":300,"d":"300.000"},{"v":300,"d":"300.000"},{"v":90000,"d":"90,000.000"},{"v":100800,"d":"100,800.000"},"-","Товарищество с ограниченной ответственностью \"Мангистауский атомный энергетический комбинат-Казатомпром\""]
[null,"6250586","44 Т","329119.300.000000","Кисть","малярная","236:назначение:для малярных работ:для малярных работ \\ 46:размер:30 см.:30 см. \\ 462:Тип:флейц:флейцевая","ОИ","137-2 (не превышает тысячекратного МРП)","0","03.2018","471010000, Мангистауская область, Актау Г.А., г.Актау, \"Мангистауская область, г. Актау, промзона, ТОО \"\"МАЭК-Казатомпром\"\", здание 201\"","471010000, Мангистауская область, Актау Г.А., г.Актау, \"Мангистауская область, г. Актау, промзона, ТОО \"\"МАЭК-Казатомпром\"\"\"","DDP","С даты подписания договора в течение 30 календарных дней","Предоплата - 0% , Промежуточный платеж - 0% , Окончательный платеж - 100% ","Штука",{"v":400,"d":"400.000"},{"v":600,"d":"600.000"},{"v":240000,"d":"240,000.000"},{"v":268800,"d":"268,800.000"},"-","Товарищество с ограниченной ответственностью \"Мангистауский атомный энергетический комбинат-Казатомпром\""]
[null,"5431701","45-1 Т","222212.900.000002","Мешок","продуктовый, полипропиленовый","46:размер:55см*95см:55см*95см \\ 301:Состав:с добавлением вторсырья:с добавлением вторсырья","ОИ","137-2 (не превышает тысячекратного МРП)","0","03.2018","471010000, Мангистауская область, Актау Г.А., г.Актау, \"Мангистауская область, г. Актау, промзона, ТОО \"\"МАЭК-Казатомпром\"\", здание 201\"","471010000, Мангистауская область, Актау Г.А., г.Актау, \"Мангистауская область, г. Актау, промзона, ТОО \"\"МАЭК-Казатомпром\"\"\"","DDP","С даты подписания договора в течение 30 календарных дней","Окончательный платеж - 100% , Промежуточный платеж - 0% , Предоплата - 0% ","Штука",{"v":3331,"d":"3,331.000"},{"v":120,"d":"120.000"},{"v":399720,"d":"399,720.000"},{"v":447686.4,"d":"447,686.400"},"-","Товарищество с ограниченной ответственностью \"Мангистауский атомный энергетический комбинат-Казатомпром\""]
[null,"6250636","46 Т","329119.300.000000","Кисть","малярная","462:Тип:круглая:круглая","ОИ","137-2 (не превышает тысячекратного МРП)","0","03.2018","471010000, Мангистауская область, Актау Г.А., г.Актау, \"Мангистауская область, г. Актау, промзона, ТОО \"\"МАЭК-Казатомпром\"\", здание 201\"","471010000, Мангистауская область, Актау Г.А., г.Актау, \"Мангистауская область, г. Актау, промзона, ТОО \"\"МАЭК-Казатомпром\"\"\"","DDP","С даты подписания договора в течение 30 календарных дней","Предоплата - 0% , Промежуточный платеж - 0% , Окончательный платеж - 100% ","Штука",{"v":200,"d":"200.000"},{"v":500,"d":"500.000"},{"v":100000,"d":"100,000.000"},{"v":112000,"d":"112,000.000"},"-","Товарищество с ограниченной ответственностью \"Мангистауский атомный энергетический комбинат-Казатомпром\""]
[null,"6250607","47 Т","329119.500.000007","Валик","тип ВП","211:Материал:поролон:поролон","ОИ","137-2 (не превышает тысячекратного МРП)","0","03.2018","471010000, Мангистауская область, Актау Г.А., г.Актау, \"Мангистауская область, г. Актау, промзона, ТОО \"\"МАЭК-Казатомпром\"\", здание 201\"","471010000, Мангистауская область, Актау Г.А., г.Актау, \"Мангистауская область, г. Актау, промзона, ТОО \"\"МАЭК-Казатомпром\"\"\"","DDP","С даты подписания договора в течение 30 календарных дней","Предоплата - 0% , Промежуточный платеж - 0% , Окончательный платеж - 100% ","Штука",{"v":200,"d":"200.000"},{"v":1100,"d":"1,100.000"},{"v":220000,"d":"220,000.000"},{"v":246400,"d":"246,400.000"},"-","Товарищество с ограниченной ответственностью \"Мангистауский атомный энергетический комбинат-Казатомпром\""]
[null,"6250603","48 Т","329119.500.000005","Валик","тип ВМП","211:Материал:шубный:шубный","ОИ","137-2 (не превышает тысячекратного МРП)","0","03.2018","471010000, Мангистауская область, Актау Г.А., г.Актау, \"Мангистауская область, г. Актау, промзона, ТОО \"\"МАЭК-Казатомпром\"\", здание 201\"","471010000, Мангистауская область, Актау Г.А., г.Актау, \"Мангистауская область, г. Актау, промзона, ТОО \"\"МАЭК-Казатомпром\"\"\"","DDP","С даты подписания договора в течение 30 календарных дней","Предоплата - 0% , Промежуточный платеж - 0% , Окончательный платеж - 100% ","Штука",{"v":500,"d":"500.000"},{"v":800,"d":"800.000"},{"v":400000,"d":"400,000.000"},{"v":448000,"d":"448,000.000"},"-","Товарищество с ограниченной ответственностью \"Мангистауский атомный энергетический комбинат-Казатомпром\""]
[null,"6240100","49 Т","259912.400.000019","Ведро","из оцинкованной стали, объем 3-7 л","103:объем:9-10 л.:9-10 л.","ОИ","137-2 (не превышает тысячекратного МРП)","0","03.2018","471010000, Мангистауская область, Актау Г.А., г.Актау, \"Мангистауская область, г. Актау, промзона, ТОО \"\"МАЭК-Казатомпром\"\", здание 201\"","471010000, Мангистауская область, Актау Г.А., г.Актау, \"Мангистауская область, г. Актау, промзона, ТОО \"\"МАЭК-Казатомпром\"\"\"","DDP","С даты подписания договора в течение 30 календарных дней","Предоплата - 0% , Промежуточный платеж - 0% , Окончательный платеж - 100% ","Штука",{"v":200,"d":"200.000"},{"v":1000,"d":"1,000.000"},{"v":200000,"d":"200,000.000"},{"v":224000,"d":"224,000.000"},"-","Товарищество с ограниченной ответственностью \"Мангистауский атомный энергетический комбинат-Казатомпром\""]
[null,"6248056","50 Т","222923.700.000009","Ведро","из пластика, объем 0,4-7 л","103:объем:12 л.:12 л.","ОИ","137-2 (не превышает тысячекратного МРП)","0","03.2018","471010000, Мангистауская область, Актау Г.А., г.Актау, \"Мангистауская область, г. Актау, промзона, ТОО \"\"МАЭК-Казатомпром\"\", здание 201\"","471010000, Мангистауская область, Актау Г.А., г.Актау, \"Мангистауская область, г. Актау, промзона, ТОО \"\"МАЭК-Казатомпром\"\"\"","DDP","С даты подписания договора в течение 30 календарных дней","Предоплата - 0% , Промежуточный платеж - 0% , Окончательный платеж - 100% ","Штука",{"v":150,"d":"150.000"},{"v":900,"d":"900.000"},{"v":135000,"d":"135,000.000"},{"v":151200,"d":"151,200.000"},"-","Товарищество с ограниченной ответственностью \"Мангистауский атомный энергетический комбинат-Казатомпром\""]
[null,"6248057","51 Т","222923.700.000009","Ведро","из пластика, объем 0,4-7 л","103:объем:5 л.:5 л.","ОИ","137-2 (не превышает тысячекратного МРП)","0","03.2018","471010000, Мангистауская область, Актау Г.А., г.Актау, \"Мангистауская область, г. Актау, промзона, ТОО \"\"МАЭК-Казатомпром\"\", здание 201\"","471010000, Мангистауская область, Актау Г.А., г.Актау, \"Мангистауская область, г. Актау, промзона, ТОО \"\"МАЭК-Казатомпром\"\"\"","DDP","С даты подписания договора в течение 30 календарных дней","Предоплата - 0% , Промежуточный платеж - 0% , Окончательный платеж - 100% ","Штука",{"v":10,"d":"10.000"},{"v":600,"d":"600.000"},{"v":6000,"d":"6,000.000"},{"v":6720,"d":"6,720.000"},"-","Товарищество с ограниченной ответственностью \"Мангистауский атомный энергетический комбинат-Казатомпром\""]
[null,"6240105","52 Т","222923.700.000009","Ведро","из пластика, объем 0,4-7 л","103:объем:10 л:10 л","ОИ","137-2 (не превышает тысячекратного МРП)","0","03.2018","471010000, Мангистауская область, Актау Г.А., г.Актау, \"Мангистауская область, г. Актау, промзона, ТОО \"\"МАЭК-Казатомпром\"\", здание 201\"","471010000, Мангистауская область, Актау Г.А., г.Актау, \"Мангистауская область, г. Актау, промзона, ТОО \"\"МАЭК-Казатомпром\"\"\"","DDP","С даты подписания договора в течение 30 календарных дней","Предоплата - 0% , Промежуточный платеж - 0% , Окончательный платеж - 100% ","Штука",{"v":200,"d":"200.000"},{"v":900,"d":"900.000"},{"v":180000,"d":"180,000.000"},{"v":201600,"d":"201,600.000"},"-","Товарищество с ограниченной ответственностью \"Мангистауский атомный энергетический комбинат-Казатомпром\""]
[null,"6260001","53 Т","329111.900.000006","Веник","для уборки","-","ОИ","137-2 (не превышает тысячекратного МРП)","0","03.2018","471010000, Мангистауская область, Актау Г.А., г.Актау, \"Мангистауская область, г. Актау, промзона, ТОО \"\"МАЭК-Казатомпром\"\", здание 201\"","471010000, Мангистауская область, Актау Г.А., г.Актау, \"Мангистауская область, г. Актау, промзона, ТОО \"\"МАЭК-Казатомпром\"\"\"","DDP","С даты подписания договора в течение 30 календарных дней","Предоплата - 0% , Промежуточный платеж - 0% , Окончательный платеж - 100% ","Штука",{"v":800,"d":"800.000"},{"v":650,"d":"650.000"},{"v":520000,"d":"520,000.000"},{"v":582400,"d":"582,400.000"},"-","Товарищество с ограниченной ответственностью \"Мангистауский атомный энергетический комбинат-Казатомпром\""]
[null,"6250580","54 Т","329119.300.000000","Кисть","малярная","462:Тип:плоская:плоская","ОИ","137-2 (не превышает тысячекратного МРП)","0","03.2018","471010000, Мангистауская область, Актау Г.А., г.Актау, \"Мангистауская область, г. Актау, промзона, ТОО \"\"МАЭК-Казатомпром\"\", здание 201\"","471010000, Мангистауская область, Актау Г.А., г.Актау, \"Мангистауская область, г. Актау, промзона, ТОО \"\"МАЭК-Казатомпром\"\"\"","DDP","С даты подписания договора в течение 30 календарных дней","Предоплата - 0% , Промежуточный платеж - 0% , Окончательный платеж - 100% ","Штука",{"v":200,"d":"200.000"},{"v":1000,"d":"1,000.000"},{"v":200000,"d":"200,000.000"},{"v":224000,"d":"224,000.000"},"-","Товарищество с ограниченной ответственностью \"Мангистауский атомный энергетический комбинат-Казатомпром\""]
[null,"6250400","55 Т","329119.300.000000","Кисть","малярная","462:Тип:макловица:макловица","ОИ","137-2 (не превышает тысячекратного МРП)","0","03.2018","471010000, Мангистауская область, Актау Г.А., г.Актау, \"Мангистауская область, г. Актау, промзона, ТОО \"\"МАЭК-Казатомпром\"\", здание 201\"","471010000, Мангистауская область, Актау Г.А., г.Актау, \"Мангистауская область, г. Актау, промзона, ТОО \"\"МАЭК-Казатомпром\"\"\"","DDP","С даты подписания договора в течение 30 календарных дней","Предоплата - 0% , Промежуточный платеж - 0% , Окончательный платеж - 100% ","Штука",{"v":100,"d":"100.000"},{"v":2000,"d":"2,000.000"},{"v":200000,"d":"200,000.000"},{"v":224000,"d":"224,000.000"},"-","Товарищество с ограниченной ответственностью \"Мангистауский атомный энергетический комбинат-Казатомпром\""]
[null,"6916085","56 Т","282982.500.000015","Кассета специализированная","для фильтра обратного осмоса","236:назначение:фильтр для очистки воды:фильтр для очистки воды","ОИ","137-2 (не превышает тысячекратного МРП)","0","03.2018","471010000, Мангистауская область, Актау Г.А., г.Актау, \"Мангистауская область, г. Актау, промзона, ТОО \"\"МАЭК-Казатомпром\"\", здание 201\"","471010000, Мангистауская область, Актау Г.А., г.Актау, \"Мангистауская область, г. Актау, промзона, ТОО \"\"МАЭК-Казатомпром\"\"\"","DDP","С даты подписания договора в течение 30 календарных дней","Предоплата - 0% , Промежуточный платеж - 0% , Окончательный платеж - 100% ","Штука",{"v":13,"d":"13.000"},{"v":730.77,"d":"730.770"},{"v":9500.01,"d":"9,500.010"},{"v":10640.01,"d":"10,640.010"},"-","Товарищество с ограниченной ответственностью \"Мангистауский атомный энергетический комбинат-Казатомпром\""]
[null,"6250690","57 Т","222925.900.000014","Корзина","для бумаг, пластиковая","-","ОИ","137-2 (не превышает тысячекратного МРП)","0","03.2018","471010000, Мангистауская область, Актау Г.А., г.Актау, \"Мангистауская область, г. Актау, промзона, ТОО \"\"МАЭК-Казатомпром\"\", здание 201\"","471010000, Мангистауская область, Актау Г.А., г.Актау, \"Мангистауская область, г. Актау, промзона, ТОО \"\"МАЭК-Казатомпром\"\"\"","DDP","С даты подписания договора в течение 30 календарных дней","Предоплата - 0% , Промежуточный платеж - 0% , Окончательный платеж - 100% ","Штука",{"v":25,"d":"25.000"},{"v":800,"d":"800.000"},{"v":20000,"d":"20,000.000"},{"v":22400,"d":"22,400.000"},"-","Товарищество с ограниченной ответственностью \"Мангистауский атомный энергетический комбинат-Казатомпром\""]
[null,"6250581","58 Т","329119.300.000000","Кисть","малярная","462:Тип:с удлиненной ручкой, для покраски батарей:с удлиненной ручкой, для покраски батарей","ОИ","137-2 (не превышает тысячекратного МРП)","0","03.2018","471010000, Мангистауская область, Актау Г.А., г.Актау, \"Мангистауская область, г. Актау, промзона, ТОО \"\"МАЭК-Казатомпром\"\", здание 201\"","471010000, Мангистауская область, Актау Г.А., г.Актау, \"Мангистауская область, г. Актау, промзона, ТОО \"\"МАЭК-Казатомпром\"\"\"","DDP","С даты подписания договора в течение 30 календарных дней","Предоплата - 0% , Промежуточный платеж - 0% , Окончательный платеж - 100% ","Штука",{"v":50,"d":"50.000"},{"v":900,"d":"900.000"},{"v":45000,"d":"45,000.000"},{"v":50400,"d":"50,400.000"},"-","Товарищество с ограниченной ответственностью \"Мангистауский атомный энергетический комбинат-Казатомпром\""]
[null,"6250618","59 Т","329111.900.000005","Щетка","для разных нужд","-","ОИ","137-2 (не превышает тысячекратного МРП)","0","03.2018","471010000, Мангистауская область, Актау Г.А., г.Актау, \"Мангистауская область, г. Актау, промзона, ТОО \"\"МАЭК-Казатомпром\"\", здание 201\"","471010000, Мангистауская область, Актау Г.А., г.Актау, \"Мангистауская область, г. Актау, промзона, ТОО \"\"МАЭК-Казатомпром\"\"\"","DDP","С даты подписания договора в течение 30 календарных дней","Предоплата - 0% , Промежуточный платеж - 0% , Окончательный платеж - 100% ","Штука",{"v":50,"d":"50.000"},{"v":700,"d":"700.000"},{"v":35000,"d":"35,000.000"},{"v":39200,"d":"39,200.000"},"-","Товарищество с ограниченной ответственностью \"Мангистауский атомный энергетический комбинат-Казатомпром\""]
[null,"6648071","60 Т","222923.700.000003","Вешалка-плечики","из пластика","-","ОИ","137-2 (не превышает тысячекратного МРП)","0","03.2018","471010000, Мангистауская область, Актау Г.А., г.Актау, \"Мангистауская область, г. Актау, промзона, ТОО \"\"МАЭК-Казатомпром\"\", здание 201\"","471010000, Мангистауская область, Актау Г.А., г.Актау, \"Мангистауская область, г. Актау, промзона, ТОО \"\"МАЭК-Казатомпром\"\"\"","DDP","С даты подписания договора в течение 30 календарных дней","Предоплата - 0% , Промежуточный платеж - 0% , Окончательный платеж - 100% ","Штука",{"v":50,"d":"50.000"},{"v":750,"d":"750.000"},{"v":37500,"d":"37,500.000"},{"v":42000,"d":"42,000.000"},"-","Товарищество с ограниченной ответственностью \"Мангистауский атомный энергетический комбинат-Казатомпром\""]
[null,"6648070","61 Т","162914.900.000011","Вешалка-плечики","деревянная","-","ОИ","137-2 (не превышает тысячекратного МРП)","0","03.2018","471010000, Мангистауская область, Актау Г.А., г.Актау, \"Мангистауская область, г. Актау, промзона, ТОО \"\"МАЭК-Казатомпром\"\", здание 201\"","471010000, Мангистауская область, Актау Г.А., г.Актау, \"Мангистауская область, г. Актау, промзона, ТОО \"\"МАЭК-Казатомпром\"\"\"","DDP","С даты подписания договора в течение 30 календарных дней","Предоплата - 0% , Промежуточный платеж - 0% , Окончательный платеж - 100% ","Штука",{"v":50,"d":"50.000"},{"v":800,"d":"800.000"},{"v":40000,"d":"40,000.000"},{"v":44800,"d":"44,800.000"},"-","Товарищество с ограниченной ответственностью \"Мангистауский атомный энергетический комбинат-Казатомпром\""]
[null,"6250775","62 Т","310911.000.000024","Вешалка","металлическая, напольная","462:Тип:комбинированная дерево:комбинированная дерево","ОИ","137-2 (не превышает тысячекратного МРП)","0","03.2018","471010000, Мангистауская область, Актау Г.А., г.Актау, \"Мангистауская область, г. Актау, промзона, ТОО \"\"МАЭК-Казатомпром\"\", здание 201\"","471010000, Мангистауская область, Актау Г.А., г.Актау, \"Мангистауская область, г. Актау, промзона, ТОО \"\"МАЭК-Казатомпром\"\"\"","DDP","С даты подписания договора в течение 30 календарных дней","Предоплата - 0% , Промежуточный платеж - 0% , Окончательный платеж - 100% ","Штука",{"v":10,"d":"10.000"},{"v":20000,"d":"20,000.000"},{"v":200000,"d":"200,000.000"},{"v":224000,"d":"224,000.000"},"-","Товарищество с ограниченной ответственностью \"Мангистауский атомный энергетический комбинат-Казатомпром\""]
[null,"6250882","63 Т","329111.530.000000","Метла","для уборки","211:Материал:химическая нить:химическая нить","ОИ","137-2 (не превышает тысячекратного МРП)","0","03.2018","471010000, Мангистауская область, Актау Г.А., г.Актау, \"Мангистауская область, г. Актау, промзона, ТОО \"\"МАЭК-Казатомпром\"\", здание 201\"","471010000, Мангистауская область, Актау Г.А., г.Актау, \"Мангистауская область, г. Актау, промзона, ТОО \"\"МАЭК-Казатомпром\"\"\"","DDP","С даты подписания договора в течение 30 календарных дней","Предоплата - 0% , Промежуточный платеж - 0% , Окончательный платеж - 100% ","Штука",{"v":15,"d":"15.000"},{"v":900,"d":"900.000"},{"v":13500,"d":"13,500.000"},{"v":15120,"d":"15,120.000"},"-","Товарищество с ограниченной ответственностью \"Мангистауский атомный энергетический комбинат-Казатомпром\""]
[null,"6260128","64 Т","222312.900.000016","Вантуз","резиновый","-","ОИ","137-2 (не превышает тысячекратного МРП)","0","03.2018","471010000, Мангистауская область, Актау Г.А., г.Актау, \"Мангистауская область, г. Актау, промзона, ТОО \"\"МАЭК-Казатомпром\"\", здание 201\"","471010000, Мангистауская область, Актау Г.А., г.Актау, \"Мангистауская область, г. Актау, промзона, ТОО \"\"МАЭК-Казатомпром\"\"\"","DDP","С даты подписания договора в течение 30 календарных дней","Предоплата - 0% , Промежуточный платеж - 0% , Окончательный платеж - 100% ","Штука",{"v":15,"d":"15.000"},{"v":900,"d":"900.000"},{"v":13500,"d":"13,500.000"},{"v":15120,"d":"15,120.000"},"-","Товарищество с ограниченной ответственностью \"Мангистауский атомный энергетический комбинат-Казатомпром\""]
[null,"5431703","65 Т","222211.300.000000","Пакет","мусорный, полиэтиленовый","103:объем:30 л.:30 л.","ОИ","137-2 (не превышает тысячекратного МРП)","0","03.2018","471010000, Мангистауская область, Актау Г.А., г.Актау, \"Мангистауская область, г. Актау, промзона, ТОО \"\"МАЭК-Казатомпром\"\", здание 201\"","471010000, Мангистауская область, Актау Г.А., г.Актау, \"Мангистауская область, г. Актау, промзона, ТОО \"\"МАЭК-Казатомпром\"\"\"","DDP","С даты подписания договора в течение 30 календарных дней","Предоплата - 0% , Промежуточный платеж - 0% , Окончательный платеж - 100% ","Штука",{"v":200,"d":"200.000"},{"v":300,"d":"300.000"},{"v":60000,"d":"60,000.000"},{"v":67200,"d":"67,200.000"},"-","Товарищество с ограниченной ответственностью \"Мангистауский атомный энергетический комбинат-Казатомпром\""]
[null,"5431704","66 Т","222211.300.000000","Пакет","мусорный, полиэтиленовый","103:объем:120 л.:120 л.","ОИ","137-2 (не превышает тысячекратного МРП)","0","03.2018","471010000, Мангистауская область, Актау Г.А., г.Актау, \"Мангистауская область, г. Актау, промзона, ТОО \"\"МАЭК-Казатомпром\"\", здание 201\"","471010000, Мангистауская область, Актау Г.А., г.Актау, \"Мангистауская область, г. Актау, промзона, ТОО \"\"МАЭК-Казатомпром\"\"\"","DDP","С даты подписания договора в течение 30 календарных дней","Предоплата - 0% , Промежуточный платеж - 0% , Окончательный платеж - 100% ","Штука",{"v":150,"d":"150.000"},{"v":1500,"d":"1,500.000"},{"v":225000,"d":"225,000.000"},{"v":252000,"d":"252,000.000"},"-","Товарищество с ограниченной ответственностью \"Мангистауский атомный энергетический комбинат-Казатомпром\""]
[null,"6250102","67 Т","172211.200.000000","Бумага","туалетная","462:Тип:однослойная:однослойная","ОИ","137-2 (не превышает тысячекратного МРП)","0","03.2018","471010000, Мангистауская область, Актау Г.А., г.Актау, \"Мангистауская область, г. Актау, промзона, ТОО \"\"МАЭК-Казатомпром\"\", здание 201\"","471010000, Мангистауская область, Актау Г.А., г.Актау, \"Мангистауская область, г. Актау, промзона, ТОО \"\"МАЭК-Казатомпром\"\"\"","DDP","С даты подписания договора в течение 30 календарных дней","Предоплата - 0% , Промежуточный платеж - 0% , Окончательный платеж - 100% ","Штука",{"v":8000,"d":"8,000.000"},{"v":40,"d":"40.000"},{"v":320000,"d":"320,000.000"},{"v":358400,"d":"358,400.000"},"-","Товарищество с ограниченной ответственностью \"Мангистауский атомный энергетический комбинат-Казатомпром\""]
[null,"6260129","68 Т","222923.250.000005","Бак","для продуктов пищевых, из пластика, объем свыше 90 л","-","ОИ","137-2 (не превышает тысячекратного МРП)","0","03.2018","471010000, Мангистауская область, Актау Г.А., г.Актау, \"Мангистауская область, г. Актау, промзона, ТОО \"\"МАЭК-Казатомпром\"\", здание 201\"","471010000, Мангистауская область, Актау Г.А., г.Актау, \"Мангистауская область, г. Актау, промзона, ТОО \"\"МАЭК-Казатомпром\"\"\"","DDP","С даты подписания договора в течение 30 календарных дней","Предоплата - 0% , Промежуточный платеж - 0% , Окончательный платеж - 100% ","Штука",{"v":2,"d":"2.000"},{"v":8000,"d":"8,000.000"},{"v":16000,"d":"16,000.000"},{"v":17920,"d":"17,920.000"},"-","Товарищество с ограниченной ответственностью \"Мангистауский атомный энергетический комбинат-Казатомпром\""]
[null,"6250637","69 Т","329119.500.000002","Набор инструментов","для ремонтых работ","-","ОИ","137-2 (не превышает тысячекратного МРП)","0","03.2018","471010000, Мангистауская область, Актау Г.А., г.Актау, \"Мангистауская область, г. Актау, промзона, ТОО \"\"МАЭК-Казатомпром\"\", здание 201\"","471010000, Мангистауская область, Актау Г.А., г.Актау, \"Мангистауская область, г. Актау, промзона, ТОО \"\"МАЭК-Казатомпром\"\"\"","DDP","С даты подписания договора в течение 30 календарных дней","Предоплата - 0% , Промежуточный платеж - 0% , Окончательный платеж - 100% ","Штука",{"v":5,"d":"5.000"},{"v":1000,"d":"1,000.000"},{"v":5000,"d":"5,000.000"},{"v":5600,"d":"5,600.000"},"-","Товарищество с ограниченной ответственностью \"Мангистауский атомный энергетический комбинат-Казатомпром\""]
[null,"6250880","70 Т","257330.970.000001","Совок","пластиковый","-","ОИ","137-2 (не превышает тысячекратного МРП)","0","03.2018","471010000, Мангистауская область, Актау Г.А., г.Актау, \"Мангистауская область, г. Актау, промзона, ТОО \"\"МАЭК-Казатомпром\"\", здание 201\"","471010000, Мангистауская область, Актау Г.А., г.Актау, \"Мангистауская область, г. Актау, промзона, ТОО \"\"МАЭК-Казатомпром\"\"\"","DDP","С даты подписания договора в течение 30 календарных дней","Предоплата - 0% , Промежуточный платеж - 0% , Окончательный платеж - 100% ","Штука",{"v":50,"d":"50.000"},{"v":600,"d":"600.000"},{"v":30000,"d":"30,000.000"},{"v":33600,"d":"33,600.000"},"-","Товарищество с ограниченной ответственностью \"Мангистауский атомный энергетический комбинат-Казатомпром\""]
[null,"6250619","71 Т","329111.500.000000","Ерш","унитазный","-","ОИ","137-2 (не превышает тысячекратного МРП)","0","03.2018","471010000, Мангистауская область, Актау Г.А., г.Актау, \"Мангистауская область, г. Актау, промзона, ТОО \"\"МАЭК-Казатомпром\"\", здание 201\"","471010000, Мангистауская область, Актау Г.А., г.Актау, \"Мангистауская область, г. Актау, промзона, ТОО \"\"МАЭК-Казатомпром\"\"\"","DDP","С даты подписания договора в течение 30 календарных дней","Предоплата - 0% , Промежуточный платеж - 0% , Окончательный платеж - 100% ","Штука",{"v":40,"d":"40.000"},{"v":500,"d":"500.000"},{"v":20000,"d":"20,000.000"},{"v":22400,"d":"22,400.000"},"-","Товарищество с ограниченной ответственностью \"Мангистауский атомный энергетический комбинат-Казатомпром\""]
[null,"5451049","72-1 Т","172919.550.000000","Диаграмма дисковая","для тахографа","462:Тип:Р-2156, Р-2190:Р-2156, Р-2190","ОИ","137-2 (не превышает тысячекратного МРП)","0","02.2018","471010000, Мангистауская область, Актау Г.А., г.Актау, \"Мангистауская область, г. Актау, промзона, ТОО \"\"МАЭК-Казатомпром\"\", здание 201\"","471010000, Мангистауская область, Актау Г.А., г.Актау, \"Мангистауская область, г. Актау, промзона, ТОО \"\"МАЭК-Казатомпром\"\"\"","DDP","С даты подписания договора в течение 30 календарных дней","Окончательный платеж - 100% , Промежуточный платеж - 0% , Предоплата - 0% ","Одна пачка",{"v":40,"d":"40.000"},{"v":3570,"d":"3,570.000"},{"v":142800,"d":"142,800.000"},{"v":142800,"d":"142,800.000"},"-","Товарищество с ограниченной ответственностью \"Мангистауский атомный энергетический комбинат-Казатомпром\""]
[null,"5451044","73-1 Т","172919.100.000000","Лента специальная","диаграммная, для обсчета расхода, температуры, давления","462:Тип: Р 1757: Р 1757","ОИ","137-2 (не превышает тысячекратного МРП)","0","02.2018","471010000, Мангистауская область, Актау Г.А., г.Актау, \"Мангистауская область, г. Актау, промзона, ТОО \"\"МАЭК-Казатомпром\"\", здание 201\"","471010000, Мангистауская область, Актау Г.А., г.Актау, \"Мангистауская область, г. Актау, промзона, ТОО \"\"МАЭК-Казатомпром\"\"\"","DDP","С даты подписания договора в течение 30 календарных дней","Окончательный платеж - 100% , Промежуточный платеж - 0% , Предоплата - 0% ","Рулон",{"v":3586,"d":"3,586.000"},{"v":580,"d":"580.000"},{"v":2079880,"d":"2,079,880.000"},{"v":2079880,"d":"2,079,880.000"},"-","Товарищество с ограниченной ответственностью \"Мангистауский атомный энергетический комбинат-Казатомпром\""]
[null,"5451037","74-1 Т","172919.100.000000","Лента специальная","диаграммная, для обсчета расхода, температуры, давления","462:Тип:Р12:Р12","ОИ","137-2 (не превышает тысячекратного МРП)","0","02.2018","471010000, Мангистауская область, Актау Г.А., г.Актау, \"Мангистауская область, г. Актау, промзона, ТОО \"\"МАЭК-Казатомпром\"\", здание 201\"","471000000, Мангистауская область, Актау Г.А., Промзона, склад ТОО \"МАЭК-Казатомпром\"","DDP","С даты подписания договора в течение 30 календарных дней","Окончательный платеж - 100% , Промежуточный платеж - 0% , Предоплата - 0% ","Рулон",{"v":25,"d":"25.000"},{"v":2550,"d":"2,550.000"},{"v":63750,"d":"63,750.000"},{"v":63750,"d":"63,750.000"},"-","Товарищество с ограниченной ответственностью \"Мангистауский атомный энергетический комбинат-Казатомпром\""]
[null,"5450327","75-1 Т","172919.100.000000","Лента специальная","диаграммная, для обсчета расхода, температуры, давления","462:Тип: Р 1723: Р 1723","ОИ","137-2 (не превышает тысячекратного МРП)","0","02.2018","471010000, Мангистауская область, Актау Г.А., г.Актау, \"Мангистауская область, г. Актау, промзона, ТОО \"\"МАЭК-Казатомпром\"\", здание 201\"","471010000, Мангистауская область, Актау Г.А., г.Актау, \"Мангистауская область, г. Актау, промзона, ТОО \"\"МАЭК-Казатомпром\"\"\"","DDP","С даты подписания договора в течение 30 календарных дней","Окончательный платеж - 100% , Промежуточный платеж - 0% , Предоплата - 0% ","Рулон",{"v":25,"d":"25.000"},{"v":1270,"d":"1,270.000"},{"v":31750,"d":"31,750.000"},{"v":31750,"d":"31,750.000"},"-","Товарищество с ограниченной ответственностью \"Мангистауский атомный энергетический комбинат-Казатомпром\""]
[null,"5450329","76-1 Т","172919.100.000000","Лента специальная","диаграммная, для обсчета расхода, температуры, давления","462:Тип: Р 1763: Р 1763","ОИ","137-2 (не превышает тысячекратного МРП)","0","02.2018","471010000, Мангистауская область, Актау Г.А., г.Актау, \"Мангистауская область, г. Актау, промзона, ТОО \"\"МАЭК-Казатомпром\"\", здание 201\"","471010000, Мангистауская область, Актау Г.А., г.Актау, \"Мангистауская область, г. Актау, промзона, ТОО \"\"МАЭК-Казатомпром\"\"\"","DDP","С даты подписания договора в течение 30 календарных дней","Окончательный платеж - 100% , Промежуточный платеж - 0% , Предоплата - 0% ","Рулон",{"v":25,"d":"25.000"},{"v":1270,"d":"1,270.000"},{"v":31750,"d":"31,750.000"},{"v":31750,"d":"31,750.000"},"-","Товарищество с ограниченной ответственностью \"Мангистауский атомный энергетический комбинат-Казатомпром\""]
[null,"5451048","77-1 Т","172919.100.000000","Лента специальная","диаграммная, для обсчета расхода, температуры, давления","462:Тип: Р 3933: Р 3933","ОИ","137-2 (не превышает тысячекратного МРП)","0","02.2018","471010000, Мангистауская область, Актау Г.А., г.Актау, \"Мангистауская область, г. Актау, промзона, ТОО \"\"МАЭК-Казатомпром\"\", здание 201\"","471010000, Мангистауская область, Актау Г.А., г.Актау, \"Мангистауская область, г. Актау, промзона, ТОО \"\"МАЭК-Казатомпром\"\"\"","DDP","С даты подписания договора в течение 30 календарных дней","Окончательный платеж - 100% , Промежуточный платеж - 0% , Предоплата - 0% ","Рулон",{"v":351,"d":"351.000"},{"v":420,"d":"420.000"},{"v":147420,"d":"147,420.000"},{"v":147420,"d":"147,420.000"},"-","Товарищество с ограниченной ответственностью \"Мангистауский атомный энергетический комбинат-Казатомпром\""]
[null,"5410325","78 Т","172314.500.000002","Бумага для офисного оборудования","формат А4","102:плотность: 80г/м2: 80г/м2 \\ 46:размер: 21х29,5 см:21х29,5 см","ЦПП","-","0","02.2018","471010000, Мангистауская область, Актау Г.А., г.Актау, \"Мангистауская область, г. Актау, промзона, ТОО \"\"МАЭК-Казатомпром\"\", здание 201\"","471010000, Мангистауская область, Актау Г.А., г.Актау, \"Мангистауская область, г. Актау, промзона, ТОО \"\"МАЭК-Казатомпром\"\"\"","DDP","С даты подписания договора в течение 30 календарных дней","Предоплата - 0% , Промежуточный платеж - 0% , Окончательный платеж - 100% ","Одна пачка",{"v":5100,"d":"5,100.000"},{"v":1100,"d":"1,100.000"},{"v":5610000,"d":"5,610,000.000"},{"v":6283200,"d":"6,283,200.000"},"-","Товарищество с ограниченной ответственностью \"Мангистауский атомный энергетический комбинат-Казатомпром\""]
[null,"5440643","80 Т","171213.300.000001","Лента специальная","бумажная, для факса","-","ОИ","137-2 (не превышает тысячекратного МРП)","0","03.2018","471010000, Мангистауская область, Актау Г.А., г.Актау, \"Мангистауская область, г. Актау, промзона, ТОО \"\"МАЭК-Казатомпром\"\", здание 201\"","471010000, Мангистауская область, Актау Г.А., г.Актау, \"Мангистауская область, г. Актау, промзона, ТОО \"\"МАЭК-Казатомпром\"\"\"","DDP","С даты подписания договора в течение 30 календарных дней","Предоплата - 0% , Промежуточный платеж - 0% , Окончательный платеж - 100% ","Рулон",{"v":50,"d":"50.000"},{"v":400,"d":"400.000"},{"v":20000,"d":"20,000.000"},{"v":22400,"d":"22,400.000"},"-","Товарищество с ограниченной ответственностью \"Мангистауский атомный энергетический комбинат-Казатомпром\""]
[null,"5440007","81 Т","171213.100.000004","Бумага для плоттера","формат А1","-","ОИ","137-2 (не превышает тысячекратного МРП)","0","03.2018","471010000, Мангистауская область, Актау Г.А., г.Актау, \"Мангистауская область, г. Актау, промзона, ТОО \"\"МАЭК-Казатомпром\"\", здание 201\"","471010000, Мангистауская область, Актау Г.А., г.Актау, \"Мангистауская область, г. Актау, промзона, ТОО \"\"МАЭК-Казатомпром\"\"\"","DDP","С даты подписания договора в течение 30 календарных дней","Предоплата - 0% , Промежуточный платеж - 0% , Окончательный платеж - 100% ","Рулон",{"v":20,"d":"20.000"},{"v":5000,"d":"5,000.000"},{"v":100000,"d":"100,000.000"},{"v":112000,"d":"112,000.000"},"-","Товарищество с ограниченной ответственностью \"Мангистауский атомный энергетический комбинат-Казатомпром\""]
[null,"5440006","82 Т","171213.100.000006","Бумага для плоттера","формат А0","-","ОИ","137-2 (не превышает тысячекратного МРП)","0","03.2018","471010000, Мангистауская область, Актау Г.А., г.Актау, \"Мангистауская область, г. Актау, промзона, ТОО \"\"МАЭК-Казатомпром\"\", здание 201\"","471010000, Мангистауская область, Актау Г.А., г.Актау, \"Мангистауская область, г. Актау, промзона, ТОО \"\"МАЭК-Казатомпром\"\"\"","DDP","С даты подписания договора в течение 30 календарных дней","Предоплата - 0% , Промежуточный платеж - 0% , Окончательный платеж - 100% ","Рулон",{"v":6,"d":"6.000"},{"v":5500,"d":"5,500.000"},{"v":33000,"d":"33,000.000"},{"v":36960,"d":"36,960.000"},"-","Товарищество с ограниченной ответственностью \"Мангистауский атомный энергетический комбинат-Казатомпром\""]
[null,"5440663","83 Т","171214.100.000000","Бумага","чертежная","-","ОИ","137-2 (не превышает тысячекратного МРП)","0","04.2018","471010000, Мангистауская область, Актау Г.А., г.Актау, \"Мангистауская область, г. Актау, промзона, ТОО \"\"МАЭК-Казатомпром\"\", здание 201\"","471010000, Мангистауская область, Актау Г.А., г.Актау, \"Мангистауская область, г. Актау, промзона, ТОО \"\"МАЭК-Казатомпром\"\"\"","DDP","С даты подписания договора в течение 30 календарных дней","Предоплата - 0% , Промежуточный платеж - 0% , Окончательный платеж - 100% ","Штука",{"v":287,"d":"287.000"},{"v":200.38,"d":"200.380"},{"v":57509.06,"d":"57,509.060"},{"v":64410.15,"d":"64,410.150"},"-","Товарищество с ограниченной ответственностью \"Мангистауский атомный энергетический комбинат-Казатомпром\""]
[null,"5630100","84 Т","172313.500.000001","Скоросшиватель","формат А4","211:Материал:картонная:картонная","ОИ","137-2 (не превышает тысячекратного МРП)","0","03.2018","471010000, Мангистауская область, Актау Г.А., г.Актау, \"Мангистауская область, г. Актау, промзона, ТОО \"\"МАЭК-Казатомпром\"\", здание 201\"","471010000, Мангистауская область, Актау Г.А., г.Актау, \"Мангистауская область, г. Актау, промзона, ТОО \"\"МАЭК-Казатомпром\"\"\"","DDP","С даты подписания договора в течение 30 календарных дней","Предоплата - 0% , Промежуточный платеж - 0% , Окончательный платеж - 100% ","Штука",{"v":800,"d":"800.000"},{"v":50,"d":"50.000"},{"v":40000,"d":"40,000.000"},{"v":44800,"d":"44,800.000"},"-","Товарищество с ограниченной ответственностью \"Мангистауский атомный энергетический комбинат-Казатомпром\""]
[null,"5630002","85 Т","222925.700.000027","Папка","пластиковая, формат А4","-","ОИ","137-2 (не превышает тысячекратного МРП)","0","03.2018","471010000, Мангистауская область, Актау Г.А., г.Актау, \"Мангистауская область, г. Актау, промзона, ТОО \"\"МАЭК-Казатомпром\"\", здание 201\"","471010000, Мангистауская область, Актау Г.А., г.Актау, \"Мангистауская область, г. Актау, промзона, ТОО \"\"МАЭК-Казатомпром\"\"\"","DDP","С даты подписания договора в течение 30 календарных дней","Предоплата - 0% , Промежуточный платеж - 0% , Окончательный платеж - 100% ","Штука",{"v":150,"d":"150.000"},{"v":250,"d":"250.000"},{"v":37500,"d":"37,500.000"},{"v":42000,"d":"42,000.000"},"-","Товарищество с ограниченной ответственностью \"Мангистауский атомный энергетический комбинат-Казатомпром\""]
[null,"5621859","86 Т","172312.700.000000","Бумага","для заметок","-","ОИ","137-2 (не превышает тысячекратного МРП)","0","03.2018","471010000, Мангистауская область, Актау Г.А., г.Актау, \"Мангистауская область, г. Актау, промзона, ТОО \"\"МАЭК-Казатомпром\"\", здание 201\"","471010000, Мангистауская область, Актау Г.А., г.Актау, \"Мангистауская область, г. Актау, промзона, ТОО \"\"МАЭК-Казатомпром\"\"\"","DDP","С даты подписания договора в течение 30 календарных дней","Предоплата - 0% , Промежуточный платеж - 0% , Окончательный платеж - 100% ","Одна пачка",{"v":100,"d":"100.000"},{"v":250,"d":"250.000"},{"v":25000,"d":"25,000.000"},{"v":28000,"d":"28,000.000"},"-","Товарищество с ограниченной ответственностью \"Мангистауский атомный энергетический комбинат-Казатомпром\""]
[null,"5630696","87 Т","222925.700.000027","Папка","пластиковая, формат А4","-","ОИ","137-2 (не превышает тысячекратного МРП)","0","03.2018","471010000, Мангистауская область, Актау Г.А., г.Актау, \"Мангистауская область, г. Актау, промзона, ТОО \"\"МАЭК-Казатомпром\"\", здание 201\"","471010000, Мангистауская область, Актау Г.А., г.Актау, \"Мангистауская область, г. Актау, промзона, ТОО \"\"МАЭК-Казатомпром\"\"\"","DDP","С даты подписания договора в течение 30 календарных дней","Предоплата - 0% , Промежуточный платеж - 0% , Окончательный платеж - 100% ","Штука",{"v":1000,"d":"1,000.000"},{"v":800,"d":"800.000"},{"v":800000,"d":"800,000.000"},{"v":896000,"d":"896,000.000"},"-","Товарищество с ограниченной ответственностью \"Мангистауский атомный энергетический комбинат-Казатомпром\""]
[null,"5660038","88 Т","329959.900.000067","Штрих-корректор","канцелярский","38:Вид:с кисточкой, без уисточки:с кисточкой, без уисточки \\ 38:Вид:в виде ручки:в виде ручки","ОИ","137-2 (не превышает тысячекратного МРП)","0","03.2018","471010000, Мангистауская область, Актау Г.А., г.Актау, \"Мангистауская область, г. Актау, промзона, ТОО \"\"МАЭК-Казатомпром\"\", здание 201\"","471010000, Мангистауская область, Актау Г.А., г.Актау, \"Мангистауская область, г. Актау, промзона, ТОО \"\"МАЭК-Казатомпром\"\"\"","DDP","С даты подписания договора в течение 30 календарных дней","Предоплата - 0% , Промежуточный платеж - 0% , Окончательный платеж - 100% ","Штука",{"v":700,"d":"700.000"},{"v":150,"d":"150.000"},{"v":105000,"d":"105,000.000"},{"v":117600,"d":"117,600.000"},"-","Товарищество с ограниченной ответственностью \"Мангистауский атомный энергетический комбинат-Казатомпром\""]
[null,"5660008","89-1 Т","222925.500.000012","Маркер","пластиковый, нестираемый","38:Вид:по металлу:по металлу","ОИ","137-2 (не превышает тысячекратного МРП)","0","02.2018","471000000, Мангистауская область, Актау Г.А., Промзона, ТОО \"МАЭК-Казатомпром\", здание 201","471010000, Мангистауская область, Актау Г.А., г.Актау, \"Мангистауская область, г. Актау, промзона, ТОО \"\"МАЭК-Казатомпром\"\"\"","DDP","С даты подписания договора в течение 30 календарных дней","Окончательный платеж - 100% , Промежуточный платеж - 0% , Предоплата - 0% ","Штука",{"v":70,"d":"70.000"},{"v":581,"d":"581.000"},{"v":40670,"d":"40,670.000"},{"v":45550.4,"d":"45,550.400"},"-","Товарищество с ограниченной ответственностью \"Мангистауский атомный энергетический комбинат-Казатомпром\""]
[null,"5660004","90-1 Т","222925.500.000012","Маркер","пластиковый, нестираемый","38:Вид:перманентный:перманентный","ОИ","137-2 (не превышает тысячекратного МРП)","0","03.2018","471010000, Мангистауская область, Актау Г.А., г.Актау, \"Мангистауская область, г. Актау, промзона, ТОО \"\"МАЭК-Казатомпром\"\", здание 201\"","471010000, Мангистауская область, Актау Г.А., г.Актау, \"Мангистауская область, г. Актау, промзона, ТОО \"\"МАЭК-Казатомпром\"\"\"","DDP","С даты подписания договора в течение 30 календарных дней","Окончательный платеж - 100% , Промежуточный платеж - 0% , Предоплата - 0% ","Штука",{"v":215,"d":"215.000"},{"v":250.98,"d":"250.980"},{"v":53960.7,"d":"53,960.700"},{"v":60435.98,"d":"60,435.980"},"-","Товарищество с ограниченной ответственностью \"Мангистауский атомный энергетический комбинат-Казатомпром\""]
[null,"5660003","91 Т","205210.900.000026","Клей","канцелярский, карандаш","-","ОИ","137-2 (не превышает тысячекратного МРП)","0","03.2018","471010000, Мангистауская область, Актау Г.А., г.Актау, \"Мангистауская область, г. Актау, промзона, ТОО \"\"МАЭК-Казатомпром\"\", здание 201\"","471010000, Мангистауская область, Актау Г.А., г.Актау, \"Мангистауская область, г. Актау, промзона, ТОО \"\"МАЭК-Казатомпром\"\"\"","DDP","С даты подписания договора в течение 30 календарных дней","Предоплата - 0% , Промежуточный платеж - 0% , Окончательный платеж - 100% ","Штука",{"v":100,"d":"100.000"},{"v":150,"d":"150.000"},{"v":15000,"d":"15,000.000"},{"v":16800,"d":"16,800.000"},"-","Товарищество с ограниченной ответственностью \"Мангистауский атомный энергетический комбинат-Казатомпром\""]
[null,"5661347","92-1 Т","329959.900.000082","Скотч","полипропиленовый","46:размер:50 мм:50 мм \\ 46:размер:12мм:12мм","ОИ","137-2 (не превышает тысячекратного МРП)","0","03.2018","471010000, Мангистауская область, Актау Г.А., г.Актау, \"Мангистауская область, г. Актау, промзона, ТОО \"\"МАЭК-Казатомпром\"\", здание 201\"","471010000, Мангистауская область, Актау Г.А., г.Актау, \"Мангистауская область, г. Актау, промзона, ТОО \"\"МАЭК-Казатомпром\"\"\"","DDP","С даты подписания договора в течение 30 календарных дней","Окончательный платеж - 100% , Промежуточный платеж - 0% , Предоплата - 0% ","Штука",{"v":298,"d":"298.000"},{"v":350,"d":"350.000"},{"v":104300,"d":"104,300.000"},{"v":116816,"d":"116,816.000"},"-","Товарищество с ограниченной ответственностью \"Мангистауский атомный энергетический комбинат-Казатомпром\""]
[null,"5660006","93 Т","329912.130.000000","Ручка канцелярская","шариковая","211:Материал:пластик, металл:пластик, металл","ОИ","137-2 (не превышает тысячекратного МРП)","0","03.2018","471010000, Мангистауская область, Актау Г.А., г.Актау, \"Мангистауская область, г. Актау, промзона, ТОО \"\"МАЭК-Казатомпром\"\", здание 201\"","471010000, Мангистауская область, Актау Г.А., г.Актау, \"Мангистауская область, г. Актау, промзона, ТОО \"\"МАЭК-Казатомпром\"\"\"","DDP","С даты подписания договора в течение 30 календарных дней","Предоплата - 0% , Промежуточный платеж - 0% , Окончательный платеж - 100% ","Штука",{"v":1500,"d":"1,500.000"},{"v":50,"d":"50.000"},{"v":75000,"d":"75,000.000"},{"v":84000,"d":"84,000.000"},"-","Товарищество с ограниченной ответственностью \"Мангистауский атомный энергетический комбинат-Казатомпром\""]
[null,"5660010","94 Т","221973.210.000000","Ластик","мягкий","-","ОИ","137-2 (не превышает тысячекратного МРП)","0","03.2018","471010000, Мангистауская область, Актау Г.А., г.Актау, \"Мангистауская область, г. Актау, промзона, ТОО \"\"МАЭК-Казатомпром\"\", здание 201\"","471010000, Мангистауская область, Актау Г.А., г.Актау, \"Мангистауская область, г. Актау, промзона, ТОО \"\"МАЭК-Казатомпром\"\"\"","DDP","С даты подписания договора в течение 30 календарных дней","Предоплата - 0% , Промежуточный платеж - 0% , Окончательный платеж - 100% ","Штука",{"v":150,"d":"150.000"},{"v":40,"d":"40.000"},{"v":6000,"d":"6,000.000"},{"v":6720,"d":"6,720.000"},"-","Товарищество с ограниченной ответственностью \"Мангистауский атомный энергетический комбинат-Казатомпром\""]
[null,"5670009","95 Т","282323.900.000008","Антистеплер","для скоб","-","ОИ","137-2 (не превышает тысячекратного МРП)","0","03.2018","471010000, Мангистауская область, Актау Г.А., г.Актау, \"Мангистауская область, г. Актау, промзона, ТОО \"\"МАЭК-Казатомпром\"\", здание 201\"","471010000, Мангистауская область, Актау Г.А., г.Актау, \"Мангистауская область, г. Актау, промзона, ТОО \"\"МАЭК-Казатомпром\"\"\"","DDP","С даты подписания договора в течение 30 календарных дней","Предоплата - 0% , Промежуточный платеж - 0% , Окончательный платеж - 100% ","Штука",{"v":30,"d":"30.000"},{"v":150,"d":"150.000"},{"v":4500,"d":"4,500.000"},{"v":5040,"d":"5,040.000"},"-","Товарищество с ограниченной ответственностью \"Мангистауский атомный энергетический комбинат-Казатомпром\""]
[null,"5670000","96 Т","257111.910.000000","Ножницы","бытовые","-","ОИ","137-2 (не превышает тысячекратного МРП)","0","03.2018","471010000, Мангистауская область, Актау Г.А., г.Актау, \"Мангистауская область, г. Актау, промзона, ТОО \"\"МАЭК-Казатомпром\"\", здание 201\"","471010000, Мангистауская область, Актау Г.А., г.Актау, \"Мангистауская область, г. Актау, промзона, ТОО \"\"МАЭК-Казатомпром\"\"\"","DDP","С даты подписания договора в течение 30 календарных дней","Предоплата - 0% , Промежуточный платеж - 0% , Окончательный платеж - 100% ","Штука",{"v":30,"d":"30.000"},{"v":350,"d":"350.000"},{"v":10500,"d":"10,500.000"},{"v":11760,"d":"11,760.000"},"-","Товарищество с ограниченной ответственностью \"Мангистауский атомный энергетический комбинат-Казатомпром\""]
[null,"5661345","97 Т","265132.500.000000","Линейка","измерительная","-","ОИ","137-2 (не превышает тысячекратного МРП)","0","03.2018","471010000, Мангистауская область, Актау Г.А., г.Актау, \"Мангистауская область, г. Актау, промзона, ТОО \"\"МАЭК-Казатомпром\"\", здание 201\"","471010000, Мангистауская область, Актау Г.А., г.Актау, \"Мангистауская область, г. Актау, промзона, ТОО \"\"МАЭК-Казатомпром\"\"\"","DDP","С даты подписания договора в течение 30 календарных дней","Предоплата - 0% , Промежуточный платеж - 0% , Окончательный платеж - 100% ","Штука",{"v":50,"d":"50.000"},{"v":120,"d":"120.000"},{"v":6000,"d":"6,000.000"},{"v":6720,"d":"6,720.000"},"-","Товарищество с ограниченной ответственностью \"Мангистауский атомный энергетический комбинат-Казатомпром\""]
[null,"5670013","98 Т","259923.500.000006","Скоба","для канцелярских целей, проволочная","46:размер:24х6:24х6","ОИ","137-2 (не превышает тысячекратного МРП)","0","03.2018","471010000, Мангистауская область, Актау Г.А., г.Актау, \"Мангистауская область, г. Актау, промзона, ТОО \"\"МАЭК-Казатомпром\"\", здание 201\"","471010000, Мангистауская область, Актау Г.А., г.Актау, \"Мангистауская область, г. Актау, промзона, ТОО \"\"МАЭК-Казатомпром\"\"\"","DDP","С даты подписания договора в течение 30 календарных дней","Предоплата - 0% , Промежуточный платеж - 0% , Окончательный платеж - 100% ","Одна пачка",{"v":150,"d":"150.000"},{"v":120,"d":"120.000"},{"v":18000,"d":"18,000.000"},{"v":20160,"d":"20,160.000"},"-","Товарищество с ограниченной ответственностью \"Мангистауский атомный энергетический комбинат-Казатомпром\""]
[null,"5620020","99 Т","222925.900.000004","Файл - вкладыш","для документов, с перфорацией, из полипропиленовой пленки","497:Формат:А4:А4","ОИ","137-2 (не превышает тысячекратного МРП)","0","03.2018","471010000, Мангистауская область, Актау Г.А., г.Актау, \"Мангистауская область, г. Актау, промзона, ТОО \"\"МАЭК-Казатомпром\"\", здание 201\"","471010000, Мангистауская область, Актау Г.А., г.Актау, \"Мангистауская область, г. Актау, промзона, ТОО \"\"МАЭК-Казатомпром\"\"\"","DDP","С даты подписания договора в течение 30 календарных дней","Предоплата - 0% , Промежуточный платеж - 0% , Окончательный платеж - 100% ","Упаковка",{"v":150,"d":"150.000"},{"v":1200,"d":"1,200.000"},{"v":180000,"d":"180,000.000"},{"v":201600,"d":"201,600.000"},"-","Товарищество с ограниченной ответственностью \"Мангистауский атомный энергетический комбинат-Казатомпром\""]
[null,"5670402","100 Т","259923.500.000006","Скоба","для канцелярских целей, проволочная","46:размер:№10 (9*4):№10 (9*4)","ОИ","137-2 (не превышает тысячекратного МРП)","0","03.2018","471010000, Мангистауская область, Актау Г.А., г.Актау, \"Мангистауская область, г. Актау, промзона, ТОО \"\"МАЭК-Казатомпром\"\", здание 201\"","471010000, Мангистауская область, Актау Г.А., г.Актау, \"Мангистауская область, г. Актау, промзона, ТОО \"\"МАЭК-Казатомпром\"\"\"","DDP","С даты подписания договора в течение 30 календарных дней","Предоплата - 0% , Промежуточный платеж - 0% , Окончательный платеж - 100% ","Одна пачка",{"v":50,"d":"50.000"},{"v":70,"d":"70.000"},{"v":3500,"d":"3,500.000"},{"v":3920,"d":"3,920.000"},"-","Товарищество с ограниченной ответственностью \"Мангистауский атомный энергетический комбинат-Казатомпром\""]
[null,"5630020","101 Т","222925.700.000027","Папка","пластиковая, формат А4","462:Тип:на 10 файлов:на 10 файлов","ОИ","137-2 (не превышает тысячекратного МРП)","0","03.2018","471010000, Мангистауская область, Актау Г.А., г.Актау, \"Мангистауская область, г. Актау, промзона, ТОО \"\"МАЭК-Казатомпром\"\", здание 201\"","471010000, Мангистауская область, Актау Г.А., г.Актау, \"Мангистауская область, г. Актау, промзона, ТОО \"\"МАЭК-Казатомпром\"\"\"","DDP","С даты подписания договора в течение 30 календарных дней","Предоплата - 0% , Промежуточный платеж - 0% , Окончательный платеж - 100% ","Штука",{"v":20,"d":"20.000"},{"v":120,"d":"120.000"},{"v":2400,"d":"2,400.000"},{"v":2688,"d":"2,688.000"},"-","Товарищество с ограниченной ответственностью \"Мангистауский атомный энергетический комбинат-Казатомпром\""]
[null,"5630021","102 Т","222925.700.000027","Папка","пластиковая, формат А4","462:Тип:на 20 файлов:на 20 файлов","ОИ","137-2 (не превышает тысячекратного МРП)","0","03.2018","471010000, Мангистауская область, Актау Г.А., г.Актау, \"Мангистауская область, г. Актау, промзона, ТОО \"\"МАЭК-Казатомпром\"\", здание 201\"","471010000, Мангистауская область, Актау Г.А., г.Актау, \"Мангистауская область, г. Актау, промзона, ТОО \"\"МАЭК-Казатомпром\"\"\"","DDP","С даты подписания договора в течение 30 календарных дней","Предоплата - 0% , Промежуточный платеж - 0% , Окончательный платеж - 100% ","Штука",{"v":40,"d":"40.000"},{"v":150,"d":"150.000"},{"v":6000,"d":"6,000.000"},{"v":6720,"d":"6,720.000"},"-","Товарищество с ограниченной ответственностью \"Мангистауский атомный энергетический комбинат-Казатомпром\""]
[null,"5630026","103 Т","222925.700.000027","Папка","пластиковая, формат А4","462:Тип:на 40 файлов:на 40 файлов","ОИ","137-2 (не превышает тысячекратного МРП)","0","03.2018","471010000, Мангистауская область, Актау Г.А., г.Актау, \"Мангистауская область, г. Актау, промзона, ТОО \"\"МАЭК-Казатомпром\"\", здание 201\"","471010000, Мангистауская область, Актау Г.А., г.Актау, \"Мангистауская область, г. Актау, промзона, ТОО \"\"МАЭК-Казатомпром\"\"\"","DDP","С даты подписания договора в течение 30 календарных дней","Предоплата - 0% , Промежуточный платеж - 0% , Окончательный платеж - 100% ","Штука",{"v":40,"d":"40.000"},{"v":200,"d":"200.000"},{"v":8000,"d":"8,000.000"},{"v":8960,"d":"8,960.000"},"-","Товарищество с ограниченной ответственностью \"Мангистауский атомный энергетический комбинат-Казатомпром\""]
[null,"5630029","104 Т","222925.700.000027","Папка","пластиковая, формат А4","462:Тип:на 60 файлов:на 60 файлов","ОИ","137-2 (не превышает тысячекратного МРП)","0","03.2018","471010000, Мангистауская область, Актау Г.А., г.Актау, \"Мангистауская область, г. Актау, промзона, ТОО \"\"МАЭК-Казатомпром\"\", здание 201\"","471010000, Мангистауская область, Актау Г.А., г.Актау, \"Мангистауская область, г. Актау, промзона, ТОО \"\"МАЭК-Казатомпром\"\"\"","DDP","С даты подписания договора в течение 30 календарных дней","Предоплата - 0% , Промежуточный платеж - 0% , Окончательный платеж - 100% ","Штука",{"v":20,"d":"20.000"},{"v":250,"d":"250.000"},{"v":5000,"d":"5,000.000"},{"v":5600,"d":"5,600.000"},"-","Товарищество с ограниченной ответственностью \"Мангистауский атомный энергетический комбинат-Казатомпром\""]
[null,"5630027","105 Т","222925.700.000027","Папка","пластиковая, формат А4","462:Тип:на 80 файлов:на 80 файлов","ОИ","137-2 (не превышает тысячекратного МРП)","0","03.2018","471010000, Мангистауская область, Актау Г.А., г.Актау, \"Мангистауская область, г. Актау, промзона, ТОО \"\"МАЭК-Казатомпром\"\", здание 201\"","471010000, Мангистауская область, Актау Г.А., г.Актау, \"Мангистауская область, г. Актау, промзона, ТОО \"\"МАЭК-Казатомпром\"\"\"","DDP","С даты подписания договора в течение 30 календарных дней","Предоплата - 0% , Промежуточный платеж - 0% , Окончательный платеж - 100% ","Штука",{"v":40,"d":"40.000"},{"v":250,"d":"250.000"},{"v":10000,"d":"10,000.000"},{"v":11200,"d":"11,200.000"},"-","Товарищество с ограниченной ответственностью \"Мангистауский атомный энергетический комбинат-Казатомпром\""]
[null,"5630028","106 Т","222925.700.000027","Папка","пластиковая, формат А4","462:Тип:на 100 файлов:на 100 файлов","ОИ","137-2 (не превышает тысячекратного МРП)","0","03.2018","471010000, Мангистауская область, Актау Г.А., г.Актау, \"Мангистауская область, г. Актау, промзона, ТОО \"\"МАЭК-Казатомпром\"\", здание 201\"","471010000, Мангистауская область, Актау Г.А., г.Актау, \"Мангистауская область, г. Актау, промзона, ТОО \"\"МАЭК-Казатомпром\"\"\"","DDP","С даты подписания договора в течение 30 календарных дней","Предоплата - 0% , Промежуточный платеж - 0% , Окончательный платеж - 100% ","Штука",{"v":20,"d":"20.000"},{"v":400,"d":"400.000"},{"v":8000,"d":"8,000.000"},{"v":8960,"d":"8,960.000"},"-","Товарищество с ограниченной ответственностью \"Мангистауский атомный энергетический комбинат-Казатомпром\""]
[null,"5660030","107 Т","329914.550.000003","Точилка","для подтачивания грифельного карандаша","-","ОИ","137-2 (не превышает тысячекратного МРП)","0","03.2018","471010000, Мангистауская область, Актау Г.А., г.Актау, \"Мангистауская область, г. Актау, промзона, ТОО \"\"МАЭК-Казатомпром\"\", здание 201\"","471010000, Мангистауская область, Актау Г.А., г.Актау, \"Мангистауская область, г. Актау, промзона, ТОО \"\"МАЭК-Казатомпром\"\"\"","DDP","С даты подписания договора в течение 30 календарных дней","Предоплата - 0% , Промежуточный платеж - 0% , Окончательный платеж - 100% ","Штука",{"v":50,"d":"50.000"},{"v":50,"d":"50.000"},{"v":2500,"d":"2,500.000"},{"v":2800,"d":"2,800.000"},"-","Товарищество с ограниченной ответственностью \"Мангистауский атомный энергетический комбинат-Казатомпром\""]
[null,"5670003","108 Т","259314.700.000005","Кнопка","канцелярская","-","ОИ","137-2 (не превышает тысячекратного МРП)","0","03.2018","471010000, Мангистауская область, Актау Г.А., г.Актау, \"Мангистауская область, г. Актау, промзона, ТОО \"\"МАЭК-Казатомпром\"\", здание 201\"","471010000, Мангистауская область, Актау Г.А., г.Актау, \"Мангистауская область, г. Актау, промзона, ТОО \"\"МАЭК-Казатомпром\"\"\"","DDP","С даты подписания договора в течение 30 календарных дней","Предоплата - 0% , Промежуточный платеж - 0% , Окончательный платеж - 100% ","Одна пачка",{"v":30,"d":"30.000"},{"v":150,"d":"150.000"},{"v":4500,"d":"4,500.000"},{"v":5040,"d":"5,040.000"},"-","Товарищество с ограниченной ответственностью \"Мангистауский атомный энергетический комбинат-Казатомпром\""]
[null,"5670023","109 Т","259923.500.000006","Скоба","для канцелярских целей, проволочная","211:Материал:металл:металл \\ 163:Номер:23х13:23х13","ОИ","137-2 (не превышает тысячекратного МРП)","0","03.2018","471010000, Мангистауская область, Актау Г.А., г.Актау, \"Мангистауская область, г. Актау, промзона, ТОО \"\"МАЭК-Казатомпром\"\", здание 201\"","471010000, Мангистауская область, Актау Г.А., г.Актау, \"Мангистауская область, г. Актау, промзона, ТОО \"\"МАЭК-Казатомпром\"\"\"","DDP","С даты подписания договора в течение 30 календарных дней","Предоплата - 0% , Промежуточный платеж - 0% , Окончательный платеж - 100% ","Одна пачка",{"v":15,"d":"15.000"},{"v":200,"d":"200.000"},{"v":3000,"d":"3,000.000"},{"v":3360,"d":"3,360.000"},"-","Товарищество с ограниченной ответственностью \"Мангистауский атомный энергетический комбинат-Казатомпром\""]
[null,"5670020","110 Т","222929.900.000184","Органайзер","пластиковый, на вращающейся основе","-","ОИ","137-2 (не превышает тысячекратного МРП)","0","03.2018","471010000, Мангистауская область, Актау Г.А., г.Актау, \"Мангистауская область, г. Актау, промзона, ТОО \"\"МАЭК-Казатомпром\"\", здание 201\"","471010000, Мангистауская область, Актау Г.А., г.Актау, \"Мангистауская область, г. Актау, промзона, ТОО \"\"МАЭК-Казатомпром\"\"\"","DDP","С даты подписания договора в течение 30 календарных дней","Предоплата - 0% , Промежуточный платеж - 0% , Окончательный платеж - 100% ","Штука",{"v":40,"d":"40.000"},{"v":2000,"d":"2,000.000"},{"v":80000,"d":"80,000.000"},{"v":89600,"d":"89,600.000"},"-","Товарищество с ограниченной ответственностью \"Мангистауский атомный энергетический комбинат-Казатомпром\""]
[null,"5630024","111 Т","222925.700.000027","Папка","пластиковая, формат А4","462:Тип:с кнопкой:с кнопкой","ОИ","137-2 (не превышает тысячекратного МРП)","0","03.2018","471010000, Мангистауская область, Актау Г.А., г.Актау, \"Мангистауская область, г. Актау, промзона, ТОО \"\"МАЭК-Казатомпром\"\", здание 201\"","471010000, Мангистауская область, Актау Г.А., г.Актау, \"Мангистауская область, г. Актау, промзона, ТОО \"\"МАЭК-Казатомпром\"\"\"","DDP","С даты подписания договора в течение 30 календарных дней","Предоплата - 0% , Промежуточный платеж - 0% , Окончательный платеж - 100% ","Штука",{"v":40,"d":"40.000"},{"v":150,"d":"150.000"},{"v":6000,"d":"6,000.000"},{"v":6720,"d":"6,720.000"},"-","Товарищество с ограниченной ответственностью \"Мангистауский атомный энергетический комбинат-Казатомпром\""]
[null,"5630007","112 Т","222925.700.000027","Папка","пластиковая, формат А4","462:Тип:скоросшиватель:скоросшиватель \\ 211:Материал:пластик:пластик","ОИ","137-2 (не превышает тысячекратного МРП)","0","03.2018","471010000, Мангистауская область, Актау Г.А., г.Актау, \"Мангистауская область, г. Актау, промзона, ТОО \"\"МАЭК-Казатомпром\"\", здание 201\"","471010000, Мангистауская область, Актау Г.А., г.Актау, \"Мангистауская область, г. Актау, промзона, ТОО \"\"МАЭК-Казатомпром\"\"\"","DDP","С даты подписания договора в течение 30 календарных дней","Предоплата - 0% , Промежуточный платеж - 0% , Окончательный платеж - 100% ","Штука",{"v":40,"d":"40.000"},{"v":300,"d":"300.000"},{"v":12000,"d":"12,000.000"},{"v":13440,"d":"13,440.000"},"-","Товарищество с ограниченной ответственностью \"Мангистауский атомный энергетический комбинат-Казатомпром\""]
[null,"5640377","113 Т","329916.100.000001","Доска","маркерная","-","ОИ","137-2 (не превышает тысячекратного МРП)","0","03.2018","471010000, Мангистауская область, Актау Г.А., г.Актау, \"Мангистауская область, г. Актау, промзона, ТОО \"\"МАЭК-Казатомпром\"\", здание 201\"","471010000, Мангистауская область, Актау Г.А., г.Актау, \"Мангистауская область, г. Актау, промзона, ТОО \"\"МАЭК-Казатомпром\"\"\"","DDP","С даты подписания договора в течение 30 календарных дней","Предоплата - 0% , Промежуточный платеж - 0% , Окончательный платеж - 100% ","Штука",{"v":2,"d":"2.000"},{"v":19000,"d":"19,000.000"},{"v":38000,"d":"38,000.000"},{"v":42560,"d":"42,560.000"},"-","Товарищество с ограниченной ответственностью \"Мангистауский атомный энергетический комбинат-Казатомпром\""]
[null,"5670026","114 Т","259314.700.000004","Скоба","из проволоки черных металлов","46:размер:66/8:66/8","ОИ","137-2 (не превышает тысячекратного МРП)","0","03.2018","471010000, Мангистауская область, Актау Г.А., г.Актау, \"Мангистауская область, г. Актау, промзона, ТОО \"\"МАЭК-Казатомпром\"\", здание 201\"","471010000, Мангистауская область, Актау Г.А., г.Актау, \"Мангистауская область, г. Актау, промзона, ТОО \"\"МАЭК-Казатомпром\"\"\"","DDP","С даты подписания договора в течение 30 календарных дней","Предоплата - 0% , Промежуточный платеж - 0% , Окончательный платеж - 100% ","Штука",{"v":2,"d":"2.000"},{"v":2500,"d":"2,500.000"},{"v":5000,"d":"5,000.000"},{"v":5600,"d":"5,600.000"},"-","Товарищество с ограниченной ответственностью \"Мангистауский атомный энергетический комбинат-Казатомпром\""]
[null,"5670021","115 Т","172919.900.000006","Лента чековая","бумажная","251:Ширина:44 см:44 см","ОИ","137-2 (не превышает тысячекратного МРП)","0","03.2018","471010000, Мангистауская область, Актау Г.А., г.Актау, \"Мангистауская область, г. Актау, промзона, ТОО \"\"МАЭК-Казатомпром\"\", здание 201\"","471010000, Мангистауская область, Актау Г.А., г.Актау, \"Мангистауская область, г. Актау, промзона, ТОО \"\"МАЭК-Казатомпром\"\"\"","DDP","С даты подписания договора в течение 30 календарных дней","Предоплата - 0% , Промежуточный платеж - 0% , Окончательный платеж - 100% ","Рулон",{"v":1000,"d":"1,000.000"},{"v":150,"d":"150.000"},{"v":150000,"d":"150,000.000"},{"v":168000,"d":"168,000.000"},"-","Товарищество с ограниченной ответственностью \"Мангистауский атомный энергетический комбинат-Казатомпром\""]
[null,"5670024","116 Т","172919.900.000006","Лента чековая","бумажная","251:Ширина:57 см:57 см","ОИ","137-2 (не превышает тысячекратного МРП)","0","03.2018","471010000, Мангистауская область, Актау Г.А., г.Актау, \"Мангистауская область, г. Актау, промзона, ТОО \"\"МАЭК-Казатомпром\"\", здание 201\"","471010000, Мангистауская область, Актау Г.А., г.Актау, \"Мангистауская область, г. Актау, промзона, ТОО \"\"МАЭК-Казатомпром\"\"\"","DDP","С даты подписания договора в течение 30 календарных дней","Предоплата - 0% , Промежуточный платеж - 0% , Окончательный платеж - 100% ","Рулон",{"v":100,"d":"100.000"},{"v":150,"d":"150.000"},{"v":15000,"d":"15,000.000"},{"v":16800,"d":"16,800.000"},"-","Товарищество с ограниченной ответственностью \"Мангистауский атомный энергетический комбинат-Казатомпром\""]
[null,"5670050","117 Т","259314.700.000004","Скоба","из проволоки черных металлов","46:размер:23х15:23х15","ОИ","137-2 (не превышает тысячекратного МРП)","0","03.2018","471010000, Мангистауская область, Актау Г.А., г.Актау, \"Мангистауская область, г. Актау, промзона, ТОО \"\"МАЭК-Казатомпром\"\", здание 201\"","471010000, Мангистауская область, Актау Г.А., г.Актау, \"Мангистауская область, г. Актау, промзона, ТОО \"\"МАЭК-Казатомпром\"\"\"","DDP","С даты подписания договора в течение 30 календарных дней","Предоплата - 0% , Промежуточный платеж - 0% , Окончательный платеж - 100% ","Штука",{"v":50,"d":"50.000"},{"v":500,"d":"500.000"},{"v":25000,"d":"25,000.000"},{"v":28000,"d":"28,000.000"},"-","Товарищество с ограниченной ответственностью \"Мангистауский атомный энергетический комбинат-Казатомпром\""]
[null,"5660005","118 Т","329915.100.000000","Карандаш","простой","-","ОИ","137-2 (не превышает тысячекратного МРП)","0","03.2018","471010000, Мангистауская область, Актау Г.А., г.Актау, \"Мангистауская область, г. Актау, промзона, ТОО \"\"МАЭК-Казатомпром\"\", здание 201\"","471010000, Мангистауская область, Актау Г.А., г.Актау, \"Мангистауская область, г. Актау, промзона, ТОО \"\"МАЭК-Казатомпром\"\"\"","DDP","С даты подписания договора в течение 30 календарных дней","Предоплата - 0% , Промежуточный платеж - 0% , Окончательный платеж - 100% ","Штука",{"v":800,"d":"800.000"},{"v":36.56,"d":"36.560"},{"v":29248,"d":"29,248.000"},{"v":32757.76,"d":"32,757.760"},"-","Товарищество с ограниченной ответственностью \"Мангистауский атомный энергетический комбинат-Казатомпром\""]
[null,"5670010","119 Т","282323.900.000002","Степлер","канцелярский, механический","-","ОИ","137-2 (не превышает тысячекратного МРП)","0","03.2018","471010000, Мангистауская область, Актау Г.А., г.Актау, \"Мангистауская область, г. Актау, промзона, ТОО \"\"МАЭК-Казатомпром\"\", здание 201\"","471010000, Мангистауская область, Актау Г.А., г.Актау, \"Мангистауская область, г. Актау, промзона, ТОО \"\"МАЭК-Казатомпром\"\"\"","DDP","С даты подписания договора в течение 30 календарных дней","Предоплата - 0% , Промежуточный платеж - 0% , Окончательный платеж - 100% ","Штука",{"v":100,"d":"100.000"},{"v":1000,"d":"1,000.000"},{"v":100000,"d":"100,000.000"},{"v":112000,"d":"112,000.000"},"-","Товарищество с ограниченной ответственностью \"Мангистауский атомный энергетический комбинат-Казатомпром\""]
[null,"5661327","120 Т","282312.100.000000","Калькулятор","бухгалтерский","-","ОИ","137-2 (не превышает тысячекратного МРП)","0","03.2018","471010000, Мангистауская область, Актау Г.А., г.Актау, \"Мангистауская область, г. Актау, промзона, ТОО \"\"МАЭК-Казатомпром\"\", здание 201\"","471010000, Мангистауская область, Актау Г.А., г.Актау, \"Мангистауская область, г. Актау, промзона, ТОО \"\"МАЭК-Казатомпром\"\"\"","DDP","С даты подписания договора в течение 30 календарных дней","Предоплата - 0% , Промежуточный платеж - 0% , Окончательный платеж - 100% ","Штука",{"v":30,"d":"30.000"},{"v":2500,"d":"2,500.000"},{"v":75000,"d":"75,000.000"},{"v":84000,"d":"84,000.000"},"-","Товарищество с ограниченной ответственностью \"Мангистауский атомный энергетический комбинат-Казатомпром\""]
[null,"5660033","121 Т","259923.300.000000","Зажим","канцелярский","46:размер:25 см:25 см \\ 46:размер:35 см:35 см \\ 46:размер:51 см.:51 см.","ОИ","137-2 (не превышает тысячекратного МРП)","0","03.2018","471010000, Мангистауская область, Актау Г.А., г.Актау, \"Мангистауская область, г. Актау, промзона, ТОО \"\"МАЭК-Казатомпром\"\", здание 201\"","471010000, Мангистауская область, Актау Г.А., г.Актау, \"Мангистауская область, г. Актау, промзона, ТОО \"\"МАЭК-Казатомпром\"\"\"","DDP","С даты подписания договора в течение 30 календарных дней","Предоплата - 0% , Промежуточный платеж - 0% , Окончательный платеж - 100% ","Одна пачка",{"v":30,"d":"30.000"},{"v":800,"d":"800.000"},{"v":24000,"d":"24,000.000"},{"v":26880,"d":"26,880.000"},"-","Товарищество с ограниченной ответственностью \"Мангистауский атомный энергетический комбинат-Казатомпром\""]
[null,"5670399","122 Т","259923.500.000005","Скрепка","канцелярская, металлическая","46:размер:22мм:22мм \\ 46:размер:50мм:50мм \\ 46:размер:70мм:70мм","ОИ","137-2 (не превышает тысячекратного МРП)","0","03.2018","471010000, Мангистауская область, Актау Г.А., г.Актау, \"Мангистауская область, г. Актау, промзона, ТОО \"\"МАЭК-Казатомпром\"\", здание 201\"","471010000, Мангистауская область, Актау Г.А., г.Актау, \"Мангистауская область, г. Актау, промзона, ТОО \"\"МАЭК-Казатомпром\"\"\"","DDP","С даты подписания договора в течение 30 календарных дней","Предоплата - 0% , Промежуточный платеж - 0% , Окончательный платеж - 100% ","Одна пачка",{"v":150,"d":"150.000"},{"v":200,"d":"200.000"},{"v":30000,"d":"30,000.000"},{"v":33600,"d":"33,600.000"},"-","Товарищество с ограниченной ответственностью \"Мангистауский атомный энергетический комбинат-Казатомпром\""]
[null,"5670012","123 Т","282323.900.000005","Дырокол","канцелярский, механический","-","ОИ","137-2 (не превышает тысячекратного МРП)","0","03.2018","471010000, Мангистауская область, Актау Г.А., г.Актау, \"Мангистауская область, г. Актау, промзона, ТОО \"\"МАЭК-Казатомпром\"\", здание 201\"","471010000, Мангистауская область, Актау Г.А., г.Актау, \"Мангистауская область, г. Актау, промзона, ТОО \"\"МАЭК-Казатомпром\"\"\"","DDP","С даты подписания договора в течение 30 календарных дней","Предоплата - 0% , Промежуточный платеж - 0% , Окончательный платеж - 100% ","Штука",{"v":15,"d":"15.000"},{"v":2000,"d":"2,000.000"},{"v":30000,"d":"30,000.000"},{"v":33600,"d":"33,600.000"},"-","Товарищество с ограниченной ответственностью \"Мангистауский атомный энергетический комбинат-Казатомпром\""]
[null,"6410003","124 Т","329959.500.000002","Дренаж","для посадки комнатных растений","-","ОИ","137-2 (не превышает тысячекратного МРП)","0","03.2018","471010000, Мангистауская область, Актау Г.А., г.Актау, \"Мангистауская область, г. Актау, промзона, ТОО \"\"МАЭК-Казатомпром\"\", здание 201\"","471010000, Мангистауская область, Актау Г.А., г.Актау, \"Мангистауская область, г. Актау, промзона, ТОО \"\"МАЭК-Казатомпром\"\"\"","DDP","С даты подписания договора в течение 30 календарных дней","Предоплата - 0% , Промежуточный платеж - 0% , Окончательный платеж - 100% ","Штука",{"v":27,"d":"27.000"},{"v":301.59,"d":"301.590"},{"v":8142.93,"d":"8,142.930"},{"v":9120.08,"d":"9,120.080"},"-","Товарищество с ограниченной ответственностью \"Мангистауский атомный энергетический комбинат-Казатомпром\""]
[null,"6410010","125 Т","011939.900.000000","Семена трав газонных","для посева","-","ОИ","137-2 (не превышает тысячекратного МРП)","0","03.2018","471010000, Мангистауская область, Актау Г.А., г.Актау, \"Мангистауская область, г. Актау, промзона, ТОО \"\"МАЭК-Казатомпром\"\", здание 201\"","471010000, Мангистауская область, Актау Г.А., г.Актау, \"Мангистауская область, г. Актау, промзона, ТОО \"\"МАЭК-Казатомпром\"\"\"","DDP","С даты подписания договора в течение 30 календарных дней","Предоплата - 0% , Промежуточный платеж - 0% , Окончательный платеж - 100% ","Штука",{"v":50,"d":"50.000"},{"v":3600,"d":"3,600.000"},{"v":180000,"d":"180,000.000"},{"v":201600,"d":"201,600.000"},"-","Товарищество с ограниченной ответственностью \"Мангистауский атомный энергетический комбинат-Казатомпром\""]
[null,"6410006","126 Т","201579.300.000000","Удобрение","миниральное","-","ОИ","137-2 (не превышает тысячекратного МРП)","0","03.2018","471010000, Мангистауская область, Актау Г.А., г.Актау, \"Мангистауская область, г. Актау, промзона, ТОО \"\"МАЭК-Казатомпром\"\", здание 201\"","471010000, Мангистауская область, Актау Г.А., г.Актау, \"Мангистауская область, г. Актау, промзона, ТОО \"\"МАЭК-Казатомпром\"\"\"","DDP","С даты подписания договора в течение 30 календарных дней","Предоплата - 0% , Промежуточный платеж - 0% , Окончательный платеж - 100% ","Килограмм",{"v":100,"d":"100.000"},{"v":350,"d":"350.000"},{"v":35000,"d":"35,000.000"},{"v":39200,"d":"39,200.000"},"-","Товарищество с ограниченной ответственностью \"Мангистауский атомный энергетический комбинат-Казатомпром\""]
[null,"6410002","127 Т","201541.000.000002","Суперфосфат","простой, порошок","-","ОИ","137-2 (не превышает тысячекратного МРП)","0","03.2018","471010000, Мангистауская область, Актау Г.А., г.Актау, \"Мангистауская область, г. Актау, промзона, ТОО \"\"МАЭК-Казатомпром\"\", здание 201\"","471010000, Мангистауская область, Актау Г.А., г.Актау, \"Мангистауская область, г. Актау, промзона, ТОО \"\"МАЭК-Казатомпром\"\"\"","DDP","С даты подписания договора в течение 30 календарных дней","Предоплата - 0% , Промежуточный платеж - 0% , Окончательный платеж - 100% ","Килограмм",{"v":100,"d":"100.000"},{"v":800,"d":"800.000"},{"v":80000,"d":"80,000.000"},{"v":89600,"d":"89,600.000"},"-","Товарищество с ограниченной ответственностью \"Мангистауский атомный энергетический комбинат-Казатомпром\""]
[null,"6410001","128 Т","081212.119.000010","Грунт","универсальный","-","ОИ","137-2 (не превышает тысячекратного МРП)","0","03.2018","471010000, Мангистауская область, Актау Г.А., г.Актау, \"Мангистауская область, г. Актау, промзона, ТОО \"\"МАЭК-Казатомпром\"\", здание 201\"","471010000, Мангистауская область, Актау Г.А., г.Актау, \"Мангистауская область, г. Актау, промзона, ТОО \"\"МАЭК-Казатомпром\"\"\"","DDP","С даты подписания договора в течение 30 календарных дней","Предоплата - 0% , Промежуточный платеж - 0% , Окончательный платеж - 100% ","Килограмм",{"v":300,"d":"300.000"},{"v":130,"d":"130.000"},{"v":39000,"d":"39,000.000"},{"v":43680,"d":"43,680.000"},"-","Товарищество с ограниченной ответственностью \"Мангистауский атомный энергетический комбинат-Казатомпром\""]
[null,"6410007","129 Т","234911.000.000001","Горшок","для цветов","-","ОИ","137-2 (не превышает тысячекратного МРП)","0","03.2018","471010000, Мангистауская область, Актау Г.А., г.Актау, \"Мангистауская область, г. Актау, промзона, ТОО \"\"МАЭК-Казатомпром\"\", здание 201\"","471010000, Мангистауская область, Актау Г.А., г.Актау, \"Мангистауская область, г. Актау, промзона, ТОО \"\"МАЭК-Казатомпром\"\"\"","DDP","С даты подписания договора в течение 30 календарных дней","Предоплата - 0% , Промежуточный платеж - 0% , Окончательный платеж - 100% ","Штука",{"v":15,"d":"15.000"},{"v":1000,"d":"1,000.000"},{"v":15000,"d":"15,000.000"},{"v":16800,"d":"16,800.000"},"-","Товарищество с ограниченной ответственностью \"Мангистауский атомный энергетический комбинат-Казатомпром\""]
[null,"5590666","130 Т","212013.900.000134","Сульфацетамид","капли глазные","235:Наименование:Альбуцид 30%:Альбуцид 30% \\ 198:Лекарственная форма:раствор:раствор \\ 236:назначение:для глаз:для глаз","ОИ","137-2 (не превышает тысячекратного МРП)","0","08.2018","471010000, Мангистауская область, Актау Г.А., г.Актау, \"Мангистауская область, г. Актау, промзона, ТОО \"\"МАЭК-Казатомпром\"\", здание 201\"","471010000, Мангистауская область, Актау Г.А., г.Актау, \"Мангистауская область, г. Актау, промзона, ТОО \"\"МАЭК-Казатомпром\"\"\"","EXW","С даты подписания договора в течение 10 календарных дней","Предоплата - 100% , Промежуточный платеж - 0% , Окончательный платеж - 0% ","Штука",{"v":20,"d":"20.000"},{"v":130,"d":"130.000"},{"v":2600,"d":"2,600.000"},{"v":2600,"d":"2,600.000"},"-","Товарищество с ограниченной ответственностью \"Мангистауский атомный энергетический комбинат-Казатомпром\""]
[null,"5590191","131 Т","212013.990.000558","Прополиса настойка, Аскорбиновая кислота, Экстракт календулы густой","таблетки","235:Наименование:Ангисепт, таб:Ангисепт, таб \\ 198:Лекарственная форма:таблетки:таблетки","ОИ","137-2 (не превышает тысячекратного МРП)","0","03.2018","471010000, Мангистауская область, Актау Г.А., г.Актау, \"Мангистауская область, г. Актау, промзона, ТОО \"\"МАЭК-Казатомпром\"\", здание 201\"","471010000, Мангистауская область, Актау Г.А., г.Актау, \"Мангистауская область, г. Актау, промзона, ТОО \"\"МАЭК-Казатомпром\"\"\"","EXW","С даты подписания договора в течение 10 календарных дней","Предоплата - 100% , Промежуточный платеж - 0% , Окончательный платеж - 0% ","Упаковка",{"v":100,"d":"100.000"},{"v":80,"d":"80.000"},{"v":8000,"d":"8,000.000"},{"v":8000,"d":"8,000.000"},"-","Товарищество с ограниченной ответственностью \"Мангистауский атомный энергетический комбинат-Казатомпром\""]
[null,"5590671","132 Т","212013.990.000498","Парацетамол, хлорфенирамина малеат, кислота аскорбиновая","таблетки","235:Наименование:антигриппин, таб:антигриппин, таб \\ 198:Лекарственная форма:таблетки:таблетки","ОИ","137-2 (не превышает тысячекратного МРП)","0","03.2018","471010000, Мангистауская область, Актау Г.А., г.Актау, \"Мангистауская область, г. Актау, промзона, ТОО \"\"МАЭК-Казатомпром\"\", здание 201\"","471010000, Мангистауская область, Актау Г.А., г.Актау, \"Мангистауская область, г. Актау, промзона, ТОО \"\"МАЭК-Казатомпром\"\"\"","EXW","С даты подписания договора в течение 10 календарных дней","Предоплата - 100% , Промежуточный платеж - 0% , Окончательный платеж - 0% ","Упаковка",{"v":40,"d":"40.000"},{"v":170,"d":"170.000"},{"v":6800,"d":"6,800.000"},{"v":6800,"d":"6,800.000"},"-","Товарищество с ограниченной ответственностью \"Мангистауский атомный энергетический комбинат-Казатомпром\""]
[null,"5590211","133 Т","212013.920.000010","Натрия хлорид, Натрий уксуснокислый, Калия хлорид","раствор","235:Наименование:Ацесоль:Ацесоль \\ 199:Линейность:раствор:раствор","ОИ","137-2 (не превышает тысячекратного МРП)","0","08.2018","471010000, Мангистауская область, Актау Г.А., г.Актау, \"Мангистауская область, г. Актау, промзона, ТОО \"\"МАЭК-Казатомпром\"\", здание 201\"","471010000, Мангистауская область, Актау Г.А., г.Актау, \"Мангистауская область, г. Актау, промзона, ТОО \"\"МАЭК-Казатомпром\"\"\"","EXW","С даты подписания договора в течение 10 календарных дней","Предоплата - 100% , Промежуточный платеж - 0% , Окончательный платеж - 0% ","Штука",{"v":24,"d":"24.000"},{"v":220,"d":"220.000"},{"v":5280,"d":"5,280.000"},{"v":5280,"d":"5,280.000"},"-","Товарищество с ограниченной ответственностью \"Мангистауский атомный энергетический комбинат-Казатомпром\""]
[null,"5590676","134 Т","152032.990.000000","Бахилы","одноразовые, из полиэтилена","-","ОИ","137-2 (не превышает тысячекратного МРП)","0","03.2018","471010000, Мангистауская область, Актау Г.А., г.Актау, \"Мангистауская область, г. Актау, промзона, ТОО \"\"МАЭК-Казатомпром\"\", здание 201\"","471010000, Мангистауская область, Актау Г.А., г.Актау, \"Мангистауская область, г. Актау, промзона, ТОО \"\"МАЭК-Казатомпром\"\"\"","EXW","С даты подписания договора в течение 10 календарных дней","Предоплата - 100% , Промежуточный платеж - 0% , Окончательный платеж - 0% ","Пара",{"v":1000,"d":"1,000.000"},{"v":15,"d":"15.000"},{"v":15000,"d":"15,000.000"},{"v":15000,"d":"15,000.000"},"-","Товарищество с ограниченной ответственностью \"Мангистауский атомный энергетический комбинат-Казатомпром\""]
[null,"5590201","135 Т","212024.900.000000","Бинт","стерильный, марлевый","46:размер:5х10:5х10","ОИ","137-2 (не превышает тысячекратного МРП)","0","03.2018","471010000, Мангистауская область, Актау Г.А., г.Актау, \"Мангистауская область, г. Актау, промзона, ТОО \"\"МАЭК-Казатомпром\"\", здание 201\"","471010000, Мангистауская область, Актау Г.А., г.Актау, \"Мангистауская область, г. Актау, промзона, ТОО \"\"МАЭК-Казатомпром\"\"\"","EXW","С даты подписания договора в течение 10 календарных дней","Предоплата - 100% , Промежуточный платеж - 0% , Окончательный платеж - 0% ","Штука",{"v":60,"d":"60.000"},{"v":90,"d":"90.000"},{"v":5400,"d":"5,400.000"},{"v":5400,"d":"5,400.000"},"-","Товарищество с ограниченной ответственностью \"Мангистауский атомный энергетический комбинат-Казатомпром\""]
[null,"5590202","136 Т","212024.900.000000","Бинт","стерильный, марлевый","46:размер: 7х14: 7х14","ОИ","137-2 (не превышает тысячекратного МРП)","0","03.2018","471010000, Мангистауская область, Актау Г.А., г.Актау, \"Мангистауская область, г. Актау, промзона, ТОО \"\"МАЭК-Казатомпром\"\", здание 201\"","471010000, Мангистауская область, Актау Г.А., г.Актау, \"Мангистауская область, г. Актау, промзона, ТОО \"\"МАЭК-Казатомпром\"\"\"","EXW","С даты подписания договора в течение 10 календарных дней","Предоплата - 100% , Промежуточный платеж - 0% , Окончательный платеж - 0% ","Штука",{"v":40,"d":"40.000"},{"v":90,"d":"90.000"},{"v":3600,"d":"3,600.000"},{"v":3600,"d":"3,600.000"},"-","Товарищество с ограниченной ответственностью \"Мангистауский атомный энергетический комбинат-Казатомпром\""]
[null,"5590106","137 Т","212013.990.000383","Ментола раствор в изовалерате","таблетки","235:Наименование:валидол:валидол","ОИ","137-2 (не превышает тысячекратного МРП)","0","08.2018","471010000, Мангистауская область, Актау Г.А., г.Актау, \"Мангистауская область, г. Актау, промзона, ТОО \"\"МАЭК-Казатомпром\"\", здание 201\"","471010000, Мангистауская область, Актау Г.А., г.Актау, \"Мангистауская область, г. Актау, промзона, ТОО \"\"МАЭК-Казатомпром\"\"\"","EXW","С даты подписания договора в течение 10 календарных дней","Предоплата - 100% , Промежуточный платеж - 0% , Окончательный платеж - 0% ","Упаковка",{"v":20,"d":"20.000"},{"v":80,"d":"80.000"},{"v":1600,"d":"1,600.000"},{"v":1600,"d":"1,600.000"},"-","Товарищество с ограниченной ответственностью \"Мангистауский атомный энергетический комбинат-Казатомпром\""]
[null,"5596040","138 Т","212024.900.000004","Вата","нестерильная, гигроскопическая","478:Упаковка:100г:100г","ОИ","137-2 (не превышает тысячекратного МРП)","0","03.2018","471010000, Мангистауская область, Актау Г.А., г.Актау, \"Мангистауская область, г. Актау, промзона, ТОО \"\"МАЭК-Казатомпром\"\", здание 201\"","471010000, Мангистауская область, Актау Г.А., г.Актау, \"Мангистауская область, г. Актау, промзона, ТОО \"\"МАЭК-Казатомпром\"\"\"","EXW","С даты подписания договора в течение 10 календарных дней","Предоплата - 100% , Промежуточный платеж - 0% , Окончательный платеж - 0% ","Упаковка",{"v":50,"d":"50.000"},{"v":100,"d":"100.000"},{"v":5000,"d":"5,000.000"},{"v":5000,"d":"5,000.000"},"-","Товарищество с ограниченной ответственностью \"Мангистауский атомный энергетический комбинат-Казатомпром\""]
[null,"5590474","139 Т","212013.990.000154","Глюкоза","раствор","235:Наименование:Глюкоза 5%:Глюкоза 5% \\ 103:объем:200мл : 200мл ","ОИ","137-2 (не превышает тысячекратного МРП)","0","08.2018","471010000, Мангистауская область, Актау Г.А., г.Актау, \"Мангистауская область, г. Актау, промзона, ТОО \"\"МАЭК-Казатомпром\"\", здание 201\"","471010000, Мангистауская область, Актау Г.А., г.Актау, \"Мангистауская область, г. Актау, промзона, ТОО \"\"МАЭК-Казатомпром\"\"\"","EXW","С даты подписания договора в течение 10 календарных дней","Предоплата - 100% , Промежуточный платеж - 0% , Окончательный платеж - 0% ","Упаковка",{"v":6,"d":"6.000"},{"v":130,"d":"130.000"},{"v":780,"d":"780.000"},{"v":780,"d":"780.000"},"-","Товарищество с ограниченной ответственностью \"Мангистауский атомный энергетический комбинат-Казатомпром\""]
[null,"5590067","140 Т","212013.990.000368","Мебгидролин","драже","235:Наименование:диазолин (мебгидролин):диазолин (мебгидролин)","ОИ","137-2 (не превышает тысячекратного МРП)","0","03.2018","471010000, Мангистауская область, Актау Г.А., г.Актау, \"Мангистауская область, г. Актау, промзона, ТОО \"\"МАЭК-Казатомпром\"\", здание 201\"","471010000, Мангистауская область, Актау Г.А., г.Актау, \"Мангистауская область, г. Актау, промзона, ТОО \"\"МАЭК-Казатомпром\"\"\"","EXW","С даты подписания договора в течение 10 календарных дней","Предоплата - 100% , Промежуточный платеж - 0% , Окончательный платеж - 0% ","Упаковка",{"v":20,"d":"20.000"},{"v":350,"d":"350.000"},{"v":7000,"d":"7,000.000"},{"v":7000,"d":"7,000.000"},"-","Товарищество с ограниченной ответственностью \"Мангистауский атомный энергетический комбинат-Казатомпром\""]
[null,"5590439","141 Т","212013.990.000185","Диклофенак","раствор","199:Линейность:раствор в ампулах:раствор в ампулах","ОИ","137-2 (не превышает тысячекратного МРП)","0","08.2018","471010000, Мангистауская область, Актау Г.А., г.Актау, \"Мангистауская область, г. Актау, промзона, ТОО \"\"МАЭК-Казатомпром\"\", здание 201\"","471010000, Мангистауская область, Актау Г.А., г.Актау, \"Мангистауская область, г. Актау, промзона, ТОО \"\"МАЭК-Казатомпром\"\"\"","EXW","С даты подписания договора в течение 10 календарных дней","Предоплата - 100% , Промежуточный платеж - 0% , Окончательный платеж - 0% ","Упаковка",{"v":20,"d":"20.000"},{"v":150,"d":"150.000"},{"v":3000,"d":"3,000.000"},{"v":3000,"d":"3,000.000"},"-","Товарищество с ограниченной ответственностью \"Мангистауский атомный энергетический комбинат-Казатомпром\""]
[null,"5590076","142 Т","212013.990.000814","Этамзилат ","раствор","235:Наименование:Этамзилат (Дицинон):Этамзилат (Дицинон)","ОИ","137-2 (не превышает тысячекратного МРП)","0","08.2018","471010000, Мангистауская область, Актау Г.А., г.Актау, \"Мангистауская область, г. Актау, промзона, ТОО \"\"МАЭК-Казатомпром\"\", здание 201\"","471010000, Мангистауская область, Актау Г.А., г.Актау, \"Мангистауская область, г. Актау, промзона, ТОО \"\"МАЭК-Казатомпром\"\"\"","EXW","С даты подписания договора в течение 10 календарных дней","Предоплата - 100% , Промежуточный платеж - 0% , Окончательный платеж - 0% ","Упаковка",{"v":4,"d":"4.000"},{"v":1500,"d":"1,500.000"},{"v":6000,"d":"6,000.000"},{"v":6000,"d":"6,000.000"},"-","Товарищество с ограниченной ответственностью \"Мангистауский атомный энергетический комбинат-Казатомпром\""]
[null,"5590327","143 Т","212013.990.000416","Натрия ацетата тригидрат, Натрия хлорид","раствор","235:Наименование:Дисоль:Дисоль","ОИ","137-2 (не превышает тысячекратного МРП)","0","08.2018","471010000, Мангистауская область, Актау Г.А., г.Актау, \"Мангистауская область, г. Актау, промзона, ТОО \"\"МАЭК-Казатомпром\"\", здание 201\"","471010000, Мангистауская область, Актау Г.А., г.Актау, \"Мангистауская область, г. Актау, промзона, ТОО \"\"МАЭК-Казатомпром\"\"\"","EXW","С даты подписания договора в течение 10 календарных дней","Предоплата - 100% , Промежуточный платеж - 0% , Окончательный платеж - 0% ","Штука",{"v":4,"d":"4.000"},{"v":260,"d":"260.000"},{"v":1040,"d":"1,040.000"},{"v":1040,"d":"1,040.000"},"-","Товарищество с ограниченной ответственностью \"Мангистауский атомный энергетический комбинат-Казатомпром\""]
[null,"5590517","144 Т","221973.900.000016","Жгут","кровоостанавливающий, резиновый","-","ОИ","137-2 (не превышает тысячекратного МРП)","0","03.2018","471010000, Мангистауская область, Актау Г.А., г.Актау, \"Мангистауская область, г. Актау, промзона, ТОО \"\"МАЭК-Казатомпром\"\", здание 201\"","471010000, Мангистауская область, Актау Г.А., г.Актау, \"Мангистауская область, г. Актау, промзона, ТОО \"\"МАЭК-Казатомпром\"\"\"","EXW","С даты подписания договора в течение 10 календарных дней","Предоплата - 100% , Промежуточный платеж - 0% , Окончательный платеж - 0% ","Штука",{"v":30,"d":"30.000"},{"v":170,"d":"170.000"},{"v":5100,"d":"5,100.000"},{"v":5100,"d":"5,100.000"},"-","Товарищество с ограниченной ответственностью \"Мангистауский атомный энергетический комбинат-Казатомпром\""]
[null,"5590219","145 Т","212013.990.000243","Йод","раствор","-","ОИ","137-2 (не превышает тысячекратного МРП)","0","08.2018","471010000, Мангистауская область, Актау Г.А., г.Актау, \"Мангистауская область, г. Актау, промзона, ТОО \"\"МАЭК-Казатомпром\"\", здание 201\"","471010000, Мангистауская область, Актау Г.А., г.Актау, \"Мангистауская область, г. Актау, промзона, ТОО \"\"МАЭК-Казатомпром\"\"\"","EXW","С даты подписания договора в течение 10 календарных дней","Предоплата - 100% , Промежуточный платеж - 0% , Окончательный платеж - 0% ","Штука",{"v":20,"d":"20.000"},{"v":150,"d":"150.000"},{"v":3000,"d":"3,000.000"},{"v":3000,"d":"3,000.000"},"-","Товарищество с ограниченной ответственностью \"Мангистауский атомный энергетический комбинат-Казатомпром\""]
[null,"5590845","146 Т","212013.990.000264","Каптоприл","таблетки","-","ОИ","137-2 (не превышает тысячекратного МРП)","0","03.2018","471010000, Мангистауская область, Актау Г.А., г.Актау, \"Мангистауская область, г. Актау, промзона, ТОО \"\"МАЭК-Казатомпром\"\", здание 201\"","471010000, Мангистауская область, Актау Г.А., г.Актау, \"Мангистауская область, г. Актау, промзона, ТОО \"\"МАЭК-Казатомпром\"\"\"","EXW","С даты подписания договора в течение 10 календарных дней","Предоплата - 100% , Промежуточный платеж - 0% , Окончательный платеж - 0% ","Упаковка",{"v":4,"d":"4.000"},{"v":820,"d":"820.000"},{"v":3280,"d":"3,280.000"},{"v":3280,"d":"3,280.000"},"-","Товарищество с ограниченной ответственностью \"Мангистауский атомный энергетический комбинат-Казатомпром\""]
[null,"5590224","147 Т","212013.990.000285","Кеторолак","раствор","199:Линейность:ампульный:ампульный \\ 103:объем: 30мг 1мл №10: 30мг 1мл №10","ОИ","137-2 (не превышает тысячекратного МРП)","0","08.2018","471010000, Мангистауская область, Актау Г.А., г.Актау, \"Мангистауская область, г. Актау, промзона, ТОО \"\"МАЭК-Казатомпром\"\", здание 201\"","471010000, Мангистауская область, Актау Г.А., г.Актау, \"Мангистауская область, г. Актау, промзона, ТОО \"\"МАЭК-Казатомпром\"\"\"","EXW","С даты подписания договора в течение 10 календарных дней","Предоплата - 100% , Промежуточный платеж - 0% , Окончательный платеж - 0% ","Упаковка",{"v":10,"d":"10.000"},{"v":500,"d":"500.000"},{"v":5000,"d":"5,000.000"},{"v":5000,"d":"5,000.000"},"-","Товарищество с ограниченной ответственностью \"Мангистауский атомный энергетический комбинат-Казатомпром\""]
[null,"5590372","148 Т","212013.900.000012","Кеторолак","таблетки","-","ОИ","137-2 (не превышает тысячекратного МРП)","0","03.2018","471010000, Мангистауская область, Актау Г.А., г.Актау, \"Мангистауская область, г. Актау, промзона, ТОО \"\"МАЭК-Казатомпром\"\", здание 201\"","471010000, Мангистауская область, Актау Г.А., г.Актау, \"Мангистауская область, г. Актау, промзона, ТОО \"\"МАЭК-Казатомпром\"\"\"","EXW","С даты подписания договора в течение 10 календарных дней","Предоплата - 100% , Промежуточный платеж - 0% , Окончательный платеж - 0% ","Упаковка",{"v":10,"d":"10.000"},{"v":440,"d":"440.000"},{"v":4400,"d":"4,400.000"},{"v":4400,"d":"4,400.000"},"-","Товарищество с ограниченной ответственностью \"Мангистауский атомный энергетический комбинат-Казатомпром\""]
[null,"5590108","149 Т","212013.990.000818","Этиловый эфир альфа-бромизовалериановой кислоты, фенобарбитал, масло мяты перечной","раствор","235:Наименование:корвалол:корвалол","ОИ","137-2 (не превышает тысячекратного МРП)","0","03.2018","471010000, Мангистауская область, Актау Г.А., г.Актау, \"Мангистауская область, г. Актау, промзона, ТОО \"\"МАЭК-Казатомпром\"\", здание 201\"","471010000, Мангистауская область, Актау Г.А., г.Актау, \"Мангистауская область, г. Актау, промзона, ТОО \"\"МАЭК-Казатомпром\"\"\"","EXW","С даты подписания договора в течение 10 календарных дней","Предоплата - 100% , Промежуточный платеж - 0% , Окончательный платеж - 0% ","Штука",{"v":40,"d":"40.000"},{"v":130,"d":"130.000"},{"v":5200,"d":"5,200.000"},{"v":5200,"d":"5,200.000"},"-","Товарищество с ограниченной ответственностью \"Мангистауский атомный энергетический комбинат-Казатомпром\""]
[null,"5596042","150 Т","212024.200.000004","Лейкопластырь","бактерицидный","-","ОИ","137-2 (не превышает тысячекратного МРП)","0","08.2018","471010000, Мангистауская область, Актау Г.А., г.Актау, \"Мангистауская область, г. Актау, промзона, ТОО \"\"МАЭК-Казатомпром\"\", здание 201\"","471010000, Мангистауская область, Актау Г.А., г.Актау, \"Мангистауская область, г. Актау, промзона, ТОО \"\"МАЭК-Казатомпром\"\"\"","EXW","С даты подписания договора в течение 10 календарных дней","Предоплата - 100% , Промежуточный платеж - 0% , Окончательный платеж - 0% ","Штука",{"v":400,"d":"400.000"},{"v":15,"d":"15.000"},{"v":6000,"d":"6,000.000"},{"v":6000,"d":"6,000.000"},"-","Товарищество с ограниченной ответственностью \"Мангистауский атомный энергетический комбинат-Казатомпром\""]
[null,"5590299","151 Т","212013.990.000184","Диклофенак","гель","-","ОИ","137-2 (не превышает тысячекратного МРП)","0","08.2018","471010000, Мангистауская область, Актау Г.А., г.Актау, \"Мангистауская область, г. Актау, промзона, ТОО \"\"МАЭК-Казатомпром\"\", здание 201\"","471010000, Мангистауская область, Актау Г.А., г.Актау, \"Мангистауская область, г. Актау, промзона, ТОО \"\"МАЭК-Казатомпром\"\"\"","EXW","С даты подписания договора в течение 10 календарных дней","Предоплата - 100% , Промежуточный платеж - 0% , Окончательный платеж - 0% ","Упаковка",{"v":4,"d":"4.000"},{"v":170,"d":"170.000"},{"v":680,"d":"680.000"},{"v":680,"d":"680.000"},"-","Товарищество с ограниченной ответственностью \"Мангистауский атомный энергетический комбинат-Казатомпром\""]
[null,"5590607","152 Т","212013.400.000048","Ибупрофен, левоментол","гель","235:Наименование:Ибупрофен (дип релиф):Ибупрофен (дип релиф)","ОИ","137-2 (не превышает тысячекратного МРП)","0","08.2018","471010000, Мангистауская область, Актау Г.А., г.Актау, \"Мангистауская область, г. Актау, промзона, ТОО \"\"МАЭК-Казатомпром\"\", здание 201\"","471010000, Мангистауская область, Актау Г.А., г.Актау, \"Мангистауская область, г. Актау, промзона, ТОО \"\"МАЭК-Казатомпром\"\"\"","EXW","С даты подписания договора в течение 10 календарных дней","Предоплата - 100% , Промежуточный платеж - 0% , Окончательный платеж - 0% ","Упаковка",{"v":4,"d":"4.000"},{"v":2300,"d":"2,300.000"},{"v":9200,"d":"9,200.000"},{"v":9200,"d":"9,200.000"},"-","Товарищество с ограниченной ответственностью \"Мангистауский атомный энергетический комбинат-Казатомпром\""]
[null,"5590507","153 Т","212013.990.000359","Мазь оксолиновая","мазь","-","ОИ","137-2 (не превышает тысячекратного МРП)","0","08.2018","471010000, Мангистауская область, Актау Г.А., г.Актау, \"Мангистауская область, г. Актау, промзона, ТОО \"\"МАЭК-Казатомпром\"\", здание 201\"","471010000, Мангистауская область, Актау Г.А., г.Актау, \"Мангистауская область, г. Актау, промзона, ТОО \"\"МАЭК-Казатомпром\"\"\"","EXW","С даты подписания договора в течение 10 календарных дней","Предоплата - 100% , Промежуточный платеж - 0% , Окончательный платеж - 0% ","Упаковка",{"v":20,"d":"20.000"},{"v":270,"d":"270.000"},{"v":5400,"d":"5,400.000"},{"v":5400,"d":"5,400.000"},"-","Товарищество с ограниченной ответственностью \"Мангистауский атомный энергетический комбинат-Казатомпром\""]
[null,"5590395","154 Т","211054.600.000006","Хлорамфеникол, Метилурацил","мазь","235:Наименование:Левомеколь (левомицетин/метилурацил) мазь:Левомеколь (левомицетин/метилурацил) мазь","ОИ","137-2 (не превышает тысячекратного МРП)","0","08.2018","471010000, Мангистауская область, Актау Г.А., г.Актау, \"Мангистауская область, г. Актау, промзона, ТОО \"\"МАЭК-Казатомпром\"\", здание 201\"","471010000, Мангистауская область, Актау Г.А., г.Актау, \"Мангистауская область, г. Актау, промзона, ТОО \"\"МАЭК-Казатомпром\"\"\"","EXW","С даты подписания договора в течение 10 календарных дней","Предоплата - 100% , Промежуточный платеж - 0% , Окончательный платеж - 0% ","Упаковка",{"v":4,"d":"4.000"},{"v":380,"d":"380.000"},{"v":1520,"d":"1,520.000"},{"v":1520,"d":"1,520.000"},"-","Товарищество с ограниченной ответственностью \"Мангистауский атомный энергетический комбинат-Казатомпром\""]
[null,"5590528","155 Т","141932.350.000020","Маска","одноразовая, из гипоаллергенного материала","-","ОИ","137-2 (не превышает тысячекратного МРП)","0","03.2018","471010000, Мангистауская область, Актау Г.А., г.Актау, \"Мангистауская область, г. Актау, промзона, ТОО \"\"МАЭК-Казатомпром\"\", здание 201\"","471010000, Мангистауская область, Актау Г.А., г.Актау, \"Мангистауская область, г. Актау, промзона, ТОО \"\"МАЭК-Казатомпром\"\"\"","EXW","С даты подписания договора в течение 10 календарных дней","Предоплата - 100% , Промежуточный платеж - 0% , Окончательный платеж - 0% ","Штука",{"v":400,"d":"400.000"},{"v":17,"d":"17.000"},{"v":6800,"d":"6,800.000"},{"v":6800,"d":"6,800.000"},"-","Товарищество с ограниченной ответственностью \"Мангистауский атомный энергетический комбинат-Казатомпром\""]
[null,"5590162","156 Т","212024.900.000006","Марля","медицинская","-","ОИ","137-2 (не превышает тысячекратного МРП)","0","03.2018","471010000, Мангистауская область, Актау Г.А., г.Актау, \"Мангистауская область, г. Актау, промзона, ТОО \"\"МАЭК-Казатомпром\"\", здание 201\"","471010000, Мангистауская область, Актау Г.А., г.Актау, \"Мангистауская область, г. Актау, промзона, ТОО \"\"МАЭК-Казатомпром\"\"\"","EXW","С даты подписания договора в течение 10 календарных дней","Предоплата - 100% , Промежуточный платеж - 0% , Окончательный платеж - 0% ","Штука",{"v":50,"d":"50.000"},{"v":80,"d":"80.000"},{"v":4000,"d":"4,000.000"},{"v":4000,"d":"4,000.000"},"-","Товарищество с ограниченной ответственностью \"Мангистауский атомный энергетический комбинат-Казатомпром\""]
[null,"5590424","157 Т","205952.100.000050","Тест-полоски","для определения содержания наркотических веществ в моче","-","ОИ","137-2 (не превышает тысячекратного МРП)","0","08.2018","471010000, Мангистауская область, Актау Г.А., г.Актау, \"Мангистауская область, г. Актау, промзона, ТОО \"\"МАЭК-Казатомпром\"\", здание 201\"","471010000, Мангистауская область, Актау Г.А., г.Актау, \"Мангистауская область, г. Актау, промзона, ТОО \"\"МАЭК-Казатомпром\"\"\"","EXW","С даты подписания договора в течение 10 календарных дней","Предоплата - 100% , Промежуточный платеж - 0% , Окончательный платеж - 0% ","Упаковка",{"v":30,"d":"30.000"},{"v":1500,"d":"1,500.000"},{"v":45000,"d":"45,000.000"},{"v":45000,"d":"45,000.000"},"-","Товарищество с ограниченной ответственностью \"Мангистауский атомный энергетический комбинат-Казатомпром\""]
[null,"5590099","158 Т","212013.990.000427","Нафтизин, дифенгидрамина гидрохлорид","спрей","236:назначение:капли в нос:капли в нос","ОИ","137-2 (не превышает тысячекратного МРП)","0","03.2018","471010000, Мангистауская область, Актау Г.А., г.Актау, \"Мангистауская область, г. Актау, промзона, ТОО \"\"МАЭК-Казатомпром\"\", здание 201\"","471010000, Мангистауская область, Актау Г.А., г.Актау, \"Мангистауская область, г. Актау, промзона, ТОО \"\"МАЭК-Казатомпром\"\"\"","EXW","С даты подписания договора в течение 10 календарных дней","Предоплата - 100% , Промежуточный платеж - 0% , Окончательный платеж - 0% ","Штука",{"v":20,"d":"20.000"},{"v":90,"d":"90.000"},{"v":1800,"d":"1,800.000"},{"v":1800,"d":"1,800.000"},"-","Товарищество с ограниченной ответственностью \"Мангистауский атомный энергетический комбинат-Казатомпром\""]
[null,"5590055","159 Т","211052.900.000017","Норэпинефрин","раствор","235:Наименование:норэпинефрин (норадреналин , ампулы) раствор:норэпинефрин (норадреналин , ампулы) \\ 199:Линейность:раствор:раствор","ОИ","137-2 (не превышает тысячекратного МРП)","0","03.2018","471010000, Мангистауская область, Актау Г.А., г.Актау, \"Мангистауская область, г. Актау, промзона, ТОО \"\"МАЭК-Казатомпром\"\", здание 201\"","471010000, Мангистауская область, Актау Г.А., г.Актау, \"Мангистауская область, г. Актау, промзона, ТОО \"\"МАЭК-Казатомпром\"\"\"","EXW","С даты подписания договора в течение 10 календарных дней","Предоплата - 100% , Промежуточный платеж - 0% , Окончательный платеж - 0% ","Упаковка",{"v":4,"d":"4.000"},{"v":850,"d":"850.000"},{"v":3400,"d":"3,400.000"},{"v":3400,"d":"3,400.000"},"-","Товарищество с ограниченной ответственностью \"Мангистауский атомный энергетический комбинат-Казатомпром\""]
[null,"5590420","160 Т","212013.940.000001","Валерианы корневища с корнями настойка","раствор","235:Наименование:Валерианы настойка:Валерианы настойка","ОИ","137-2 (не превышает тысячекратного МРП)","0","03.2018","471010000, Мангистауская область, Актау Г.А., г.Актау, \"Мангистауская область, г. Актау, промзона, ТОО \"\"МАЭК-Казатомпром\"\", здание 201\"","471010000, Мангистауская область, Актау Г.А., г.Актау, \"Мангистауская область, г. Актау, промзона, ТОО \"\"МАЭК-Казатомпром\"\"\"","EXW","С даты подписания договора в течение 10 календарных дней","Предоплата - 100% , Промежуточный платеж - 0% , Окончательный платеж - 0% ","Штука",{"v":20,"d":"20.000"},{"v":100,"d":"100.000"},{"v":2000,"d":"2,000.000"},{"v":2000,"d":"2,000.000"},"-","Товарищество с ограниченной ответственностью \"Мангистауский атомный энергетический комбинат-Казатомпром\""]
[null,"5590114","161 Т","212013.990.000571","Пустырника настойка","раствор","235:Наименование:пустыника настойка:пустыника настойка","ОИ","137-2 (не превышает тысячекратного МРП)","0","03.2018","471010000, Мангистауская область, Актау Г.А., г.Актау, \"Мангистауская область, г. Актау, промзона, ТОО \"\"МАЭК-Казатомпром\"\", здание 201\"","471010000, Мангистауская область, Актау Г.А., г.Актау, \"Мангистауская область, г. Актау, промзона, ТОО \"\"МАЭК-Казатомпром\"\"\"","EXW","С даты подписания договора в течение 10 календарных дней","Предоплата - 100% , Промежуточный платеж - 0% , Окончательный платеж - 0% ","Штука",{"v":20,"d":"20.000"},{"v":90,"d":"90.000"},{"v":1800,"d":"1,800.000"},{"v":1800,"d":"1,800.000"},"-","Товарищество с ограниченной ответственностью \"Мангистауский атомный энергетический комбинат-Казатомпром\""]
[null,"5590234","162 Т","212013.990.000554","Прокаин","раствор","235:Наименование:Новокаин 0,5% :Новокаин 0,5%  \\ 199:Линейность:ампулы:ампулы","ОИ","137-2 (не превышает тысячекратного МРП)","0","03.2018","471010000, Мангистауская область, Актау Г.А., г.Актау, \"Мангистауская область, г. Актау, промзона, ТОО \"\"МАЭК-Казатомпром\"\", здание 201\"","471010000, Мангистауская область, Актау Г.А., г.Актау, \"Мангистауская область, г. Актау, промзона, ТОО \"\"МАЭК-Казатомпром\"\"\"","EXW","С даты подписания договора в течение 10 календарных дней","Предоплата - 100% , Промежуточный платеж - 0% , Окончательный платеж - 0% ","Упаковка",{"v":10,"d":"10.000"},{"v":130,"d":"130.000"},{"v":1300,"d":"1,300.000"},{"v":1300,"d":"1,300.000"},"-","Товарищество с ограниченной ответственностью \"Мангистауский атомный энергетический комбинат-Казатомпром\""]
[null,"5580016","163 Т","325013.100.000036","Шпатель","медицинский","225:Модификации:одноразовый :одноразовый ","ОИ","137-2 (не превышает тысячекратного МРП)","0","03.2018","471010000, Мангистауская область, Актау Г.А., г.Актау, \"Мангистауская область, г. Актау, промзона, ТОО \"\"МАЭК-Казатомпром\"\", здание 201\"","471010000, Мангистауская область, Актау Г.А., г.Актау, \"Мангистауская область, г. Актау, промзона, ТОО \"\"МАЭК-Казатомпром\"\"\"","EXW","С даты подписания договора в течение 10 календарных дней","Предоплата - 100% , Промежуточный платеж - 0% , Окончательный платеж - 0% ","Штука",{"v":400,"d":"400.000"},{"v":18,"d":"18.000"},{"v":7200,"d":"7,200.000"},{"v":7200,"d":"7,200.000"},"-","Товарищество с ограниченной ответственностью \"Мангистауский атомный энергетический комбинат-Казатомпром\""]
[null,"5590117","164 Т","325013.110.000002","Шприц","медицинский, инъекционный, однократного применения","103:объем: 3-х компонентные   5,0: 3-х компонентные   5,0","ОИ","137-2 (не превышает тысячекратного МРП)","0","08.2018","471010000, Мангистауская область, Актау Г.А., г.Актау, \"Мангистауская область, г. Актау, промзона, ТОО \"\"МАЭК-Казатомпром\"\", здание 201\"","471010000, Мангистауская область, Актау Г.А., г.Актау, \"Мангистауская область, г. Актау, промзона, ТОО \"\"МАЭК-Казатомпром\"\"\"","EXW","С даты подписания договора в течение 10 календарных дней","Предоплата - 100% , Промежуточный платеж - 0% , Окончательный платеж - 0% ","Штука",{"v":400,"d":"400.000"},{"v":15,"d":"15.000"},{"v":6000,"d":"6,000.000"},{"v":6000,"d":"6,000.000"},"-","Товарищество с ограниченной ответственностью \"Мангистауский атомный энергетический комбинат-Казатомпром\""]
[null,"5590257","165 Т","325013.110.000002","Шприц","медицинский, инъекционный, однократного применения","103:объем: 3-х компонентные, 10,0: 3-х компонентные, 10,0","ОИ","137-2 (не превышает тысячекратного МРП)","0","08.2018","471010000, Мангистауская область, Актау Г.А., г.Актау, \"Мангистауская область, г. Актау, промзона, ТОО \"\"МАЭК-Казатомпром\"\", здание 201\"","471010000, Мангистауская область, Актау Г.А., г.Актау, \"Мангистауская область, г. Актау, промзона, ТОО \"\"МАЭК-Казатомпром\"\"\"","EXW","С даты подписания договора в течение 10 календарных дней","Предоплата - 100% , Промежуточный платеж - 0% , Окончательный платеж - 0% ","Штука",{"v":300,"d":"300.000"},{"v":20,"d":"20.000"},{"v":6000,"d":"6,000.000"},{"v":6000,"d":"6,000.000"},"-","Товарищество с ограниченной ответственностью \"Мангистауский атомный энергетический комбинат-Казатомпром\""]
[null,"5590256","166 Т","325013.110.000002","Шприц","медицинский, инъекционный, однократного применения","103:объем: 3-х компонентные, 20,0: 3-х компонентные, 20,0","ОИ","137-2 (не превышает тысячекратного МРП)","0","08.2018","471010000, Мангистауская область, Актау Г.А., г.Актау, \"Мангистауская область, г. Актау, промзона, ТОО \"\"МАЭК-Казатомпром\"\", здание 201\"","471010000, Мангистауская область, Актау Г.А., г.Актау, \"Мангистауская область, г. Актау, промзона, ТОО \"\"МАЭК-Казатомпром\"\"\"","EXW","С даты подписания договора в течение 10 календарных дней","Предоплата - 100% , Промежуточный платеж - 0% , Окончательный платеж - 0% ","Штука",{"v":100,"d":"100.000"},{"v":25,"d":"25.000"},{"v":2500,"d":"2,500.000"},{"v":2500,"d":"2,500.000"},"-","Товарищество с ограниченной ответственностью \"Мангистауский атомный энергетический комбинат-Казатомпром\""]
[null,"5590710","167 Т","141230.100.000001","Перчатки","одноразовые, из натурального латекса","-","ОИ","137-2 (не превышает тысячекратного МРП)","0","03.2018","471010000, Мангистауская область, Актау Г.А., г.Актау, \"Мангистауская область, г. Актау, промзона, ТОО \"\"МАЭК-Казатомпром\"\", здание 201\"","471010000, Мангистауская область, Актау Г.А., г.Актау, \"Мангистауская область, г. Актау, промзона, ТОО \"\"МАЭК-Казатомпром\"\"\"","EXW","С даты подписания договора в течение 10 календарных дней","Предоплата - 100% , Промежуточный платеж - 0% , Окончательный платеж - 0% ","Упаковка",{"v":650,"d":"650.000"},{"v":20,"d":"20.000"},{"v":13000,"d":"13,000.000"},{"v":13000,"d":"13,000.000"},"-","Товарищество с ограниченной ответственностью \"Мангистауский атомный энергетический комбинат-Казатомпром\""]
[null,"5588890","168 Т","265185.200.000033","Мундштук","для алкотестера, сменный","-","ОИ","137-2 (не превышает тысячекратного МРП)","0","03.2018","471010000, Мангистауская область, Актау Г.А., г.Актау, \"Мангистауская область, г. Актау, промзона, ТОО \"\"МАЭК-Казатомпром\"\", здание 201\"","471010000, Мангистауская область, Актау Г.А., г.Актау, \"Мангистауская область, г. Актау, промзона, ТОО \"\"МАЭК-Казатомпром\"\"\"","EXW","С даты подписания договора в течение 10 календарных дней","Предоплата - 100% , Промежуточный платеж - 0% , Окончательный платеж - 0% ","Штука",{"v":1500,"d":"1,500.000"},{"v":100,"d":"100.000"},{"v":150000,"d":"150,000.000"},{"v":150000,"d":"150,000.000"},"-","Товарищество с ограниченной ответственностью \"Мангистауский атомный энергетический комбинат-Казатомпром\""]
[null,"5580340","169 Т","266012.900.000021","Тонометр","неинвазивный, ручной","-","ОИ","137-2 (не превышает тысячекратного МРП)","0","05.2018","471010000, Мангистауская область, Актау Г.А., г.Актау, \"Мангистауская область, г. Актау, промзона, ТОО \"\"МАЭК-Казатомпром\"\", здание 201\"","471010000, Мангистауская область, Актау Г.А., г.Актау, \"Мангистауская область, г. Актау, промзона, ТОО \"\"МАЭК-Казатомпром\"\"\"","EXW","С даты подписания договора в течение 10 календарных дней","Предоплата - 100% , Промежуточный платеж - 0% , Окончательный платеж - 0% ","Штука",{"v":10,"d":"10.000"},{"v":13332,"d":"13,332.000"},{"v":133320,"d":"133,320.000"},{"v":133320,"d":"133,320.000"},"-","Товарищество с ограниченной ответственностью \"Мангистауский атомный энергетический комбинат-Казатомпром\""]
[null,"5590534","170 Т","266012.100.000000","Электрод специализированный","для электрокардиографа","-","ОИ","137-2 (не превышает тысячекратного МРП)","0","03.2018","471010000, Мангистауская область, Актау Г.А., г.Актау, \"Мангистауская область, г. Актау, промзона, ТОО \"\"МАЭК-Казатомпром\"\", здание 201\"","471010000, Мангистауская область, Актау Г.А., г.Актау, \"Мангистауская область, г. Актау, промзона, ТОО \"\"МАЭК-Казатомпром\"\"\"","EXW","С даты подписания договора в течение 10 календарных дней","Предоплата - 100% , Промежуточный платеж - 0% , Окончательный платеж - 0% ","Упаковка",{"v":2,"d":"2.000"},{"v":31250,"d":"31,250.000"},{"v":62500,"d":"62,500.000"},{"v":70000,"d":"70,000.000"},"-","Товарищество с ограниченной ответственностью \"Мангистауский атомный энергетический комбинат-Казатомпром\""]
[null,"5590827","171 Т","172919.900.000000","Термобумага","для печати","236:назначение:бумага для ЭКГ:бумага для ЭКГ \\ 391:Рулон:рулонная:рулонная","ОИ","137-2 (не превышает тысячекратного МРП)","0","03.2018","471010000, Мангистауская область, Актау Г.А., г.Актау, \"Мангистауская область, г. Актау, промзона, ТОО \"\"МАЭК-Казатомпром\"\", здание 201\"","471010000, Мангистауская область, Актау Г.А., г.Актау, \"Мангистауская область, г. Актау, промзона, ТОО \"\"МАЭК-Казатомпром\"\"\"","EXW","С даты подписания договора в течение 10 календарных дней","Предоплата - 100% , Промежуточный платеж - 0% , Окончательный платеж - 0% ","Штука",{"v":150,"d":"150.000"},{"v":446.43,"d":"446.430"},{"v":66964.5,"d":"66,964.500"},{"v":75000.24,"d":"75,000.240"},"-","Товарищество с ограниченной ответственностью \"Мангистауский атомный энергетический комбинат-Казатомпром\""]
[null,"5590815","172 Т","205959.600.000035","Гель","контактный, для ультразвукового контроля, тюбик 250 грамм","236:назначение:для ЭКГ:для ЭКГ","ОИ","137-2 (не превышает тысячекратного МРП)","0","03.2018","471010000, Мангистауская область, Актау Г.А., г.Актау, \"Мангистауская область, г. Актау, промзона, ТОО \"\"МАЭК-Казатомпром\"\", здание 201\"","471010000, Мангистауская область, Актау Г.А., г.Актау, \"Мангистауская область, г. Актау, промзона, ТОО \"\"МАЭК-Казатомпром\"\"\"","EXW","С даты подписания договора в течение 10 календарных дней","Предоплата - 100% , Промежуточный платеж - 0% , Окончательный платеж - 0% ","Штука",{"v":5,"d":"5.000"},{"v":892.86,"d":"892.860"},{"v":4464.3,"d":"4,464.300"},{"v":5000.02,"d":"5,000.020"},"-","Товарищество с ограниченной ответственностью \"Мангистауский атомный энергетический комбинат-Казатомпром\""]
[null,"5580448","173-1 Т","212024.600.000000","Аптечка медицинская","универсальная","-","ОИ","137-2 (не превышает тысячекратного МРП)","0","03.2018","471000000, Мангистауская область, Актау Г.А., Промзона, ТОО \"МАЭК-Казатомпром\", здание 201","471010000, Мангистауская область, Актау Г.А., г.Актау, \"Мангистауская область, г. Актау, промзона, ТОО \"\"МАЭК-Казатомпром\"\"\"","EXW","С даты подписания договора в течение 10 календарных дней","Окончательный платеж - 0% , Промежуточный платеж - 0% , Предоплата - 100% ","Штука",{"v":300,"d":"300.000"},{"v":1300,"d":"1,300.000"},{"v":390000,"d":"390,000.000"},{"v":390000,"d":"390,000.000"},"-","Товарищество с ограниченной ответственностью \"Мангистауский атомный энергетический комбинат-Казатомпром\""]
[null,"5590291","174 Т","201332.550.000000","Хлорат натрия","кристаллы","235:Наименование:хлор-ал:хлор-ал \\ 341:Применение:дезинфицирующее:дезинфицирующее","ОИ","137-2 (не превышает тысячекратного МРП)","0","04.2018","471010000, Мангистауская область, Актау Г.А., г.Актау, \"Мангистауская область, г. Актау, промзона, ТОО \"\"МАЭК-Казатомпром\"\", здание 201\"","471010000, Мангистауская область, Актау Г.А., г.Актау, \"Мангистауская область, г. Актау, промзона, ТОО \"\"МАЭК-Казатомпром\"\"\"","EXW","С даты подписания договора в течение 10 календарных дней","Предоплата - 100% , Промежуточный платеж - 0% , Окончательный платеж - 0% ","Килограмм",{"v":15,"d":"15.000"},{"v":5800,"d":"5,800.000"},{"v":87000,"d":"87,000.000"},{"v":97440,"d":"97,440.000"},"-","Товарищество с ограниченной ответственностью \"Мангистауский атомный энергетический комбинат-Казатомпром\""]
[null,"5590841","175 Т","202014.300.000000","Средство дезинфицирующее","на основе этанола, 2-пропанола, 1-пропанола, хлорид цетримония","235:Наименование:акмасепт ультра гель:акмасепт ультра гель \\ 341:Применение:дезинфицирующее:дезинфицирующее","ОИ","137-2 (не превышает тысячекратного МРП)","0","08.2018","471010000, Мангистауская область, Актау Г.А., г.Актау, \"Мангистауская область, г. Актау, промзона, ТОО \"\"МАЭК-Казатомпром\"\", здание 201\"","471010000, Мангистауская область, Актау Г.А., г.Актау, \"Мангистауская область, г. Актау, промзона, ТОО \"\"МАЭК-Казатомпром\"\"\"","EXW","С даты подписания договора в течение 10 календарных дней","Предоплата - 100% , Промежуточный платеж - 0% , Окончательный платеж - 0% ","Штука",{"v":5,"d":"5.000"},{"v":3388.86,"d":"3,388.860"},{"v":16944.3,"d":"16,944.300"},{"v":18977.62,"d":"18,977.620"},"-","Товарищество с ограниченной ответственностью \"Мангистауский атомный энергетический комбинат-Казатомпром\""]
[null,"5590842","176 Т","202014.900.000016","Средство дезинфицирующее","на спиртовой основе","235:Наименование:альфапирокс (кожный антисептик):альфапирокс (кожный антисептик) \\ 341:Применение:дезинфицирующее:дезинфицирующее","ОИ","137-2 (не превышает тысячекратного МРП)","0","08.2018","471010000, Мангистауская область, Актау Г.А., г.Актау, \"Мангистауская область, г. Актау, промзона, ТОО \"\"МАЭК-Казатомпром\"\", здание 201\"","471010000, Мангистауская область, Актау Г.А., г.Актау, \"Мангистауская область, г. Актау, промзона, ТОО \"\"МАЭК-Казатомпром\"\"\"","EXW","С даты подписания договора в течение 10 календарных дней","Предоплата - 100% , Промежуточный платеж - 0% , Окончательный платеж - 0% ","Штука",{"v":3,"d":"3.000"},{"v":4540,"d":"4,540.000"},{"v":13620,"d":"13,620.000"},{"v":15254.4,"d":"15,254.400"},"-","Товарищество с ограниченной ответственностью \"Мангистауский атомный энергетический комбинат-Казатомпром\""]
[null,"5590095","177 Т","204141.000.000008","Средство дезинфецирующее","для помещений","235:Наименование:аммодез-4:аммодез-4 \\ 341:Применение:дезинфицирующее:дезинфицирующее","ОИ","137-2 (не превышает тысячекратного МРП)","0","08.2018","471010000, Мангистауская область, Актау Г.А., г.Актау, \"Мангистауская область, г. Актау, промзона, ТОО \"\"МАЭК-Казатомпром\"\", здание 201\"","471010000, Мангистауская область, Актау Г.А., г.Актау, \"Мангистауская область, г. Актау, промзона, ТОО \"\"МАЭК-Казатомпром\"\"\"","EXW","С даты подписания договора в течение 10 календарных дней","Предоплата - 100% , Промежуточный платеж - 0% , Окончательный платеж - 0% ","Штука",{"v":3,"d":"3.000"},{"v":8000,"d":"8,000.000"},{"v":24000,"d":"24,000.000"},{"v":26880,"d":"26,880.000"},"-","Товарищество с ограниченной ответственностью \"Мангистауский атомный энергетический комбинат-Казатомпром\""]
[null,"5590308","178 Т","204131.590.000001","Салфетка","чистящая","211:Материал:спанлейс в рулонах:спанлейс в рулонах \\ 344:Принадлежность:для диспенсеров:для диспенсеров","ОИ","137-2 (не превышает тысячекратного МРП)","0","04.2018","471010000, Мангистауская область, Актау Г.А., г.Актау, \"Мангистауская область, г. Актау, промзона, ТОО \"\"МАЭК-Казатомпром\"\", здание 201\"","471010000, Мангистауская область, Актау Г.А., г.Актау, \"Мангистауская область, г. Актау, промзона, ТОО \"\"МАЭК-Казатомпром\"\"\"","EXW","С даты подписания договора в течение 10 календарных дней","Предоплата - 100% , Промежуточный платеж - 0% , Окончательный платеж - 0% ","Штука",{"v":67,"d":"67.000"},{"v":4950,"d":"4,950.000"},{"v":331650,"d":"331,650.000"},{"v":371448,"d":"371,448.000"},"-","Товарищество с ограниченной ответственностью \"Мангистауский атомный энергетический комбинат-Казатомпром\""]
[null,"5587780","179 Т","266012.100.000002","Электрокардиограф","12-канальный, встроенный термопринтер","-","ОИ","137-2 (не превышает тысячекратного МРП)","0","05.2018","471010000, Мангистауская область, Актау Г.А., г.Актау, \"Мангистауская область, г. Актау, промзона, ТОО \"\"МАЭК-Казатомпром\"\", здание 201\"","471010000, Мангистауская область, Актау Г.А., г.Актау, \"Мангистауская область, г. Актау, промзона, ТОО \"\"МАЭК-Казатомпром\"\"\"","EXW","С даты подписания договора в течение 10 календарных дней","Предоплата - 100% , Промежуточный платеж - 0% , Окончательный платеж - 0% ","Комплект",{"v":1,"d":"1.000"},{"v":520000,"d":"520,000.000"},{"v":520000,"d":"520,000.000"},{"v":520000,"d":"520,000.000"},"-","Товарищество с ограниченной ответственностью \"Мангистауский атомный энергетический комбинат-Казатомпром\""]
[null,"5587781","180 Т","325012.000.000003","Стерилизатор","паровой","159:Камера:объем не менее 19л:объем не менее 19л \\ 46:размер:лоток не менее 42х19х2:лоток не менее 42х19х2 \\ 161:Количество:не менее 5 лотков:не менее 5 лотков \\ 259:Обработка:не менее 4кг:не менее 4кг \\ 25:Вес:не более 30кг:не более 30кг","ОИ","137-2 (не превышает тысячекратного МРП)","0","04.2018","471010000, Мангистауская область, Актау Г.А., г.Актау, \"Мангистауская область, г. Актау, промзона, ТОО \"\"МАЭК-Казатомпром\"\", здание 201\"","471010000, Мангистауская область, Актау Г.А., г.Актау, \"Мангистауская область, г. Актау, промзона, ТОО \"\"МАЭК-Казатомпром\"\"\"","EXW","С даты подписания договора в течение 10 календарных дней","Предоплата - 100% , Промежуточный платеж - 0% , Окончательный платеж - 0% ","Штука",{"v":1,"d":"1.000"},{"v":830000,"d":"830,000.000"},{"v":830000,"d":"830,000.000"},{"v":830000,"d":"830,000.000"},"-","Товарищество с ограниченной ответственностью \"Мангистауский атомный энергетический комбинат-Казатомпром\""]
[null,"6910033","181 Т","282512.300.000012","Кондиционер (сплит-система)","настенный, площадь охлаждения до 50 кв.м","462:Тип:Потребляемая мощность (охлаждение): 7000. Потребляемая мощность (нагрев): 7500 Режимы: зима-лето/авто/сон/вентиляция/осушение. :Потребляемая мощность (охлаждение): 7000. Потребляемая мощность (нагрев): 7500 Режимы: зима-лето/авто/сон/вентиляция/осушение.  \\ 298:Площадь:19-20 кв.м.:19-20 кв.м.","ЦПП","-","0","04.2018","471010000, Мангистауская область, Актау Г.А., г.Актау, \"Мангистауская область, г. Актау, промзона, ТОО \"\"МАЭК-Казатомпром\"\", здание 201\"","471010000, Мангистауская область, Актау Г.А., г.Актау, \"Мангистауская область, г. Актау, промзона, ТОО \"\"МАЭК-Казатомпром\"\"\"","DDP","С даты подписания договора в течение 30 календарных дней","Предоплата - 0% , Промежуточный платеж - 0% , Окончательный платеж - 100% ","Штука",{"v":8,"d":"8.000"},{"v":74000,"d":"74,000.000"},{"v":592000,"d":"592,000.000"},{"v":663040,"d":"663,040.000"},"-","Товарищество с ограниченной ответственностью \"Мангистауский атомный энергетический комбинат-Казатомпром\""]
[null,"6910031","182 Т","282512.300.000012","Кондиционер (сплит-система)","настенный, площадь охлаждения до 50 кв.м","462:Тип: Потребляемая мощность (охлаждение): 9000. Потребляемая мощность (нагрев): 9500, Авторестарт, вентиляция, обогрев,охлаждение, режим самоочистки, Фреон: R 410 А : Потребляемая мощность (охлаждение): 9000. Потребляемая мощность (нагрев): 9500, Авторестарт, вентиляция, обогрев,охлаждение, режим самоочистки, Фреон: R 410 А  \\ 298:Площадь:20-25 кв.м.:20-25 кв.м.","ЦПП","-","0","04.2018","471010000, Мангистауская область, Актау Г.А., г.Актау, \"Мангистауская область, г. Актау, промзона, ТОО \"\"МАЭК-Казатомпром\"\", здание 201\"","471010000, Мангистауская область, Актау Г.А., г.Актау, \"Мангистауская область, г. Актау, промзона, ТОО \"\"МАЭК-Казатомпром\"\"\"","DDP","С даты подписания договора в течение 30 календарных дней","Предоплата - 0% , Промежуточный платеж - 0% , Окончательный платеж - 100% ","Штука",{"v":9,"d":"9.000"},{"v":71500,"d":"71,500.000"},{"v":643500,"d":"643,500.000"},{"v":720720,"d":"720,720.000"},"-","Товарищество с ограниченной ответственностью \"Мангистауский атомный энергетический комбинат-Казатомпром\""]
[null,"6910030","183 Т","282512.300.000012","Кондиционер (сплит-система)","настенный, площадь охлаждения до 50 кв.м","462:Тип:Потребляемая мощность (охлаждение): 12000. Потребляемая мощность (нагрев): 12500  Авторестарт, вентиляция, обогрев,охлаждение, режим самоочистки. Расход воздуха (m³h): 560.  Фреон: R 410 А :Потребляемая мощность (охлаждение): 12000. Потребляемая мощность (нагрев): 12500  Авторестарт, вентиляция, обогрев,охлаждение, режим самоочистки. Расход воздуха (m³h): 560.  Фреон: R 410 А  \\ 298:Площадь:30-35 кв.м.:30-35 кв.м.","ЦПП","-","0","04.2018","471010000, Мангистауская область, Актау Г.А., г.Актау, \"Мангистауская область, г. Актау, промзона, ТОО \"\"МАЭК-Казатомпром\"\", здание 201\"","471010000, Мангистауская область, Актау Г.А., г.Актау, \"Мангистауская область, г. Актау, промзона, ТОО \"\"МАЭК-Казатомпром\"\"\"","DDP","С даты подписания договора в течение 30 календарных дней","Предоплата - 0% , Промежуточный платеж - 0% , Окончательный платеж - 100% ","Штука",{"v":5,"d":"5.000"},{"v":81000,"d":"81,000.000"},{"v":405000,"d":"405,000.000"},{"v":453600,"d":"453,600.000"},"-","Товарищество с ограниченной ответственностью \"Мангистауский атомный энергетический комбинат-Казатомпром\""]
[null,"6910016","184 Т","282512.300.000012","Кондиционер (сплит-система)","настенный, площадь охлаждения до 50 кв.м","462:Тип: Потребляемая мощность (охлаждение): 18000. Потребляемая мощность (нагрев): 18500  Авторестарт, вентиляция, обогрев,охлаждение, режим самоочистки. Расход воздуха (m³h): 770. Фреон: R 410 А : Потребляемая мощность (охлаждение): 18000. Потребляемая мощность (нагрев): 18500  Авторестарт, вентиляция, обогрев,охлаждение, режим самоочистки. Расход воздуха (m³h): 770. Фреон: R 410 А  \\ 298:Площадь:50 кв.м.:50 кв.м.","ЦПП","-","0","04.2018","471010000, Мангистауская область, Актау Г.А., г.Актау, \"Мангистауская область, г. Актау, промзона, ТОО \"\"МАЭК-Казатомпром\"\", здание 201\"","471010000, Мангистауская область, Актау Г.А., г.Актау, \"Мангистауская область, г. Актау, промзона, ТОО \"\"МАЭК-Казатомпром\"\"\"","DDP","С даты подписания договора в течение 30 календарных дней","Предоплата - 0% , Промежуточный платеж - 0% , Окончательный платеж - 100% ","Штука",{"v":1,"d":"1.000"},{"v":117000,"d":"117,000.000"},{"v":117000,"d":"117,000.000"},{"v":131040,"d":"131,040.000"},"-","Товарищество с ограниченной ответственностью \"Мангистауский атомный энергетический комбинат-Казатомпром\""]
[null,"6910017","185 Т","282512.300.000012","Кондиционер (сплит-система)","настенный, площадь охлаждения до 50 кв.м","462:Тип:Потребляемая мощность (охлаждение): 24000. Потребляемая мощность (нагрев): 27500   Авторестарт, вентиляция, обогрев,охлаждение, режим самоочистки. Расход воздуха (m³h): 430. Фреон: R 410 А :Потребляемая мощность (охлаждение): 24000. Потребляемая мощность (нагрев): 27500   Авторестарт, вентиляция, обогрев,охлаждение, режим самоочистки. Расход воздуха (m³h): 430. Фреон: R 410 А  \\ 298:Площадь:86 кв.м.:86 кв.м.","ЦПП","-","0","04.2018","471010000, Мангистауская область, Актау Г.А., г.Актау, \"Мангистауская область, г. Актау, промзона, ТОО \"\"МАЭК-Казатомпром\"\", здание 201\"","471010000, Мангистауская область, Актау Г.А., г.Актау, \"Мангистауская область, г. Актау, промзона, ТОО \"\"МАЭК-Казатомпром\"\"\"","DDP","С даты подписания договора в течение 30 календарных дней","Предоплата - 0% , Промежуточный платеж - 0% , Окончательный платеж - 100% ","Штука",{"v":3,"d":"3.000"},{"v":152000,"d":"152,000.000"},{"v":456000,"d":"456,000.000"},{"v":510720,"d":"510,720.000"},"-","Товарищество с ограниченной ответственностью \"Мангистауский атомный энергетический комбинат-Казатомпром\""]
[null,"6910019","186 Т","282512.300.000014","Кондиционер (сплит-система)","колонно-напольный, площадь охлаждения 120-140м2","462:Тип:Потребляемая мощность (охлаждение): 42000. Потребляемая мощность (нагрев): 42500  Функции: LED  дисплей, Авторестарт, вентиляция, обогрев,охлаждение, режим самоочистки. Расход воздуха (m³h): 1800. Фреон: R 410 А :Потребляемая мощность (охлаждение): 42000. Потребляемая мощность (нагрев): 42500  Функции: LED  дисплей, Авторестарт, вентиляция, обогрев,охлаждение, режим самоочистки. Расход воздуха (m³h): 1800. Фреон: R 410 А  \\ 298:Площадь:100-120 кв.м.:100-120 кв.м.","ЦПП","-","0","04.2018","471010000, Мангистауская область, Актау Г.А., г.Актау, \"Мангистауская область, г. Актау, промзона, ТОО \"\"МАЭК-Казатомпром\"\", здание 201\"","471010000, Мангистауская область, Актау Г.А., г.Актау, \"Мангистауская область, г. Актау, промзона, ТОО \"\"МАЭК-Казатомпром\"\"\"","DDP","С даты подписания договора в течение 30 календарных дней","Предоплата - 0% , Промежуточный платеж - 0% , Окончательный платеж - 100% ","Штука",{"v":8,"d":"8.000"},{"v":448758.93,"d":"448,758.930"},{"v":3590071.44,"d":"3,590,071.440"},{"v":4020880.01,"d":"4,020,880.010"},"-","Товарищество с ограниченной ответственностью \"Мангистауский атомный энергетический комбинат-Казатомпром\""]
[null,"6610447","187 Т","310112.300.000000","Стол","деревянный, письменный","211:Материал:дерево:дерево","ЦПП","-","0","05.2018","471010000, Мангистауская область, Актау Г.А., г.Актау, \"Мангистауская область, г. Актау, промзона, ТОО \"\"МАЭК-Казатомпром\"\", здание 201\"","471010000, Мангистауская область, Актау Г.А., г.Актау, \"Мангистауская область, г. Актау, промзона, ТОО \"\"МАЭК-Казатомпром\"\"\"","DDP","С даты подписания договора в течение 30 календарных дней","Предоплата - 0% , Промежуточный платеж - 0% , Окончательный платеж - 100% ","Штука",{"v":5,"d":"5.000"},{"v":35000,"d":"35,000.000"},{"v":175000,"d":"175,000.000"},{"v":196000,"d":"196,000.000"},"-","Товарищество с ограниченной ответственностью \"Мангистауский атомный энергетический комбинат-Казатомпром\""]
[null,"6610438","188 Т","310112.530.000000","Стол","деревянный, компьютерный","211:Материал:дерево:дерево","ЦПП","-","0","05.2018","471010000, Мангистауская область, Актау Г.А., г.Актау, \"Мангистауская область, г. Актау, промзона, ТОО \"\"МАЭК-Казатомпром\"\", здание 201\"","471010000, Мангистауская область, Актау Г.А., г.Актау, \"Мангистауская область, г. Актау, промзона, ТОО \"\"МАЭК-Казатомпром\"\"\"","DDP","С даты подписания договора в течение 30 календарных дней","Предоплата - 0% , Промежуточный платеж - 0% , Окончательный платеж - 100% ","Штука",{"v":5,"d":"5.000"},{"v":40000,"d":"40,000.000"},{"v":200000,"d":"200,000.000"},{"v":224000,"d":"224,000.000"},"-","Товарищество с ограниченной ответственностью \"Мангистауский атомный энергетический комбинат-Казатомпром\""]
[null,"6630314","189 Т","310112.700.000000","Шкаф","деревянный, офисный","211:Материал:дерево, стекло:дерево, стекло","ЦПП","-","0","05.2018","471010000, Мангистауская область, Актау Г.А., г.Актау, \"Мангистауская область, г. Актау, промзона, ТОО \"\"МАЭК-Казатомпром\"\", здание 201\"","471010000, Мангистауская область, Актау Г.А., г.Актау, \"Мангистауская область, г. Актау, промзона, ТОО \"\"МАЭК-Казатомпром\"\"\"","DDP","С даты подписания договора в течение 30 календарных дней","Предоплата - 0% , Промежуточный платеж - 0% , Окончательный платеж - 100% ","Штука",{"v":25,"d":"25.000"},{"v":41000,"d":"41,000.000"},{"v":1025000,"d":"1,025,000.000"},{"v":1148000,"d":"1,148,000.000"},"-","Товарищество с ограниченной ответственностью \"Мангистауский атомный энергетический комбинат-Казатомпром\""]
[null,"6630002","190 Т","310913.900.000016","Шкаф","деревянный, для одежды","211:Материал:дерево:дерево","ЦПП","-","0","05.2018","471010000, Мангистауская область, Актау Г.А., г.Актау, \"Мангистауская область, г. Актау, промзона, ТОО \"\"МАЭК-Казатомпром\"\", здание 201\"","471010000, Мангистауская область, Актау Г.А., г.Актау, \"Мангистауская область, г. Актау, промзона, ТОО \"\"МАЭК-Казатомпром\"\"\"","DDP","С даты подписания договора в течение 30 календарных дней","Предоплата - 0% , Промежуточный платеж - 0% , Окончательный платеж - 100% ","Штука",{"v":25,"d":"25.000"},{"v":55000,"d":"55,000.000"},{"v":1375000,"d":"1,375,000.000"},{"v":1540000,"d":"1,540,000.000"},"-","Товарищество с ограниченной ответственностью \"Мангистауский атомный энергетический комбинат-Казатомпром\""]
[null,"6630839","191 Т","310112.500.000000","Тумба","офисная","211:Материал:дерево:дерево","ЦПП","-","0","05.2018","471010000, Мангистауская область, Актау Г.А., г.Актау, \"Мангистауская область, г. Актау, промзона, ТОО \"\"МАЭК-Казатомпром\"\", здание 201\"","471010000, Мангистауская область, Актау Г.А., г.Актау, \"Мангистауская область, г. Актау, промзона, ТОО \"\"МАЭК-Казатомпром\"\"\"","DDP","С даты подписания договора в течение 30 календарных дней","Предоплата - 0% , Промежуточный платеж - 0% , Окончательный платеж - 100% ","Штука",{"v":15,"d":"15.000"},{"v":30000,"d":"30,000.000"},{"v":450000,"d":"450,000.000"},{"v":504000,"d":"504,000.000"},"-","Товарищество с ограниченной ответственностью \"Мангистауский атомный энергетический комбинат-Казатомпром\""]
[null,"6620469","192 Т","310011.500.000005","Кресло","офисный, каркас металлический, обивка из искусственной кожи, регулируемое","211:Материал:Кожа, кожзам.,пластик:Кожа, кожзам.,пластик","ЦПП","-","0","05.2018","471010000, Мангистауская область, Актау Г.А., г.Актау, \"Мангистауская область, г. Актау, промзона, ТОО \"\"МАЭК-Казатомпром\"\", здание 201\"","471010000, Мангистауская область, Актау Г.А., г.Актау, \"Мангистауская область, г. Актау, промзона, ТОО \"\"МАЭК-Казатомпром\"\"\"","DDP","С даты подписания договора в течение 30 календарных дней","Предоплата - 0% , Промежуточный платеж - 0% , Окончательный платеж - 100% ","Штука",{"v":25,"d":"25.000"},{"v":70000,"d":"70,000.000"},{"v":1750000,"d":"1,750,000.000"},{"v":1960000,"d":"1,960,000.000"},"-","Товарищество с ограниченной ответственностью \"Мангистауский атомный энергетический комбинат-Казатомпром\""]
[null,"6620470","193 Т","310011.500.000005","Кресло","офисный, каркас металлический, обивка из искусственной кожи, регулируемое","211:Материал:Кожа, кожзам.,пластик:Кожа, кожзам.,пластик","ЦПП","-","0","05.2018","471010000, Мангистауская область, Актау Г.А., г.Актау, \"Мангистауская область, г. Актау, промзона, ТОО \"\"МАЭК-Казатомпром\"\", здание 201\"","471010000, Мангистауская область, Актау Г.А., г.Актау, \"Мангистауская область, г. Актау, промзона, ТОО \"\"МАЭК-Казатомпром\"\"\"","DDP","С даты подписания договора в течение 30 календарных дней","Предоплата - 0% , Промежуточный платеж - 0% , Окончательный платеж - 100% ","Штука",{"v":7,"d":"7.000"},{"v":120000,"d":"120,000.000"},{"v":840000,"d":"840,000.000"},{"v":940800,"d":"940,800.000"},"-","Товарищество с ограниченной ответственностью \"Мангистауский атомный энергетический комбинат-Казатомпром\""]
[null,"6620391","194-1 Т","310011.500.000003","Кресло","офисный, каркас металлический, обивка из ткани, регулируемое","-","ОИ","137-2 (не превышает тысячекратного МРП)","0","05.2018","471010000, Мангистауская область, Актау Г.А., г.Актау, \"Мангистауская область, г. Актау, промзона, ТОО \"\"МАЭК-Казатомпром\"\", здание 201\"","471010000, Мангистауская область, Актау Г.А., г.Актау, \"Мангистауская область, г. Актау, промзона, ТОО \"\"МАЭК-Казатомпром\"\"\"","DDP","С даты подписания договора в течение 30 календарных дней","Окончательный платеж - 100% , Промежуточный платеж - 0% , Предоплата - 0% ","Штука",{"v":23,"d":"23.000"},{"v":30000,"d":"30,000.000"},{"v":690000,"d":"690,000.000"},{"v":772800,"d":"772,800.000"},"-","Товарищество с ограниченной ответственностью \"Мангистауский атомный энергетический комбинат-Казатомпром\""]
[null,"6620405","195 Т","310011.700.000001","Стул","кроме офисного, каркас металлический, обивка из ткани, мягкий","211:Материал:Кожзам., гобелен, пластик:Кожзам., гобелен, пластик","ЦПП","-","0","05.2018","471010000, Мангистауская область, Актау Г.А., г.Актау, \"Мангистауская область, г. Актау, промзона, ТОО \"\"МАЭК-Казатомпром\"\", здание 201\"","471010000, Мангистауская область, Актау Г.А., г.Актау, \"Мангистауская область, г. Актау, промзона, ТОО \"\"МАЭК-Казатомпром\"\"\"","DDP","С даты подписания договора в течение 30 календарных дней","Предоплата - 0% , Промежуточный платеж - 0% , Окончательный платеж - 100% ","Штука",{"v":200,"d":"200.000"},{"v":7000,"d":"7,000.000"},{"v":1400000,"d":"1,400,000.000"},{"v":1568000,"d":"1,568,000.000"},"-","Товарищество с ограниченной ответственностью \"Мангистауский атомный энергетический комбинат-Казатомпром\""]
[null,"6610145","196 Т","310210.500.000001","Стол","деревянный, кухонный","-","ЦПП","-","0","05.2018","471010000, Мангистауская область, Актау Г.А., г.Актау, \"Мангистауская область, г. Актау, промзона, ТОО \"\"МАЭК-Казатомпром\"\", здание 201\"","471010000, Мангистауская область, Актау Г.А., г.Актау, \"Мангистауская область, г. Актау, промзона, ТОО \"\"МАЭК-Казатомпром\"\"\"","DDP","С даты подписания договора в течение 30 календарных дней","Предоплата - 0% , Промежуточный платеж - 0% , Окончательный платеж - 100% ","Штука",{"v":2,"d":"2.000"},{"v":31785.72,"d":"31,785.720"},{"v":63571.44,"d":"63,571.440"},{"v":71200.01,"d":"71,200.010"},"-","Товарищество с ограниченной ответственностью \"Мангистауский атомный энергетический комбинат-Казатомпром\""]
[null,"6916054","197 Т","282313.500.000002","Аппарат кассовый","пассивный, системный","462:Тип:индикаторы - ЖК:индикаторы - ЖК \\ 351:Производительность:6 строк/с:6 строк/с \\ 288:Передача:данных на ПК:данных на ПК \\ 251:Ширина:бумаги 57мм:бумаги 57мм","ОИ","137-2 (не превышает тысячекратного МРП)","0","02.2018","471010000, Мангистауская область, Актау Г.А., г.Актау, \"Мангистауская область, г. Актау, промзона, ТОО \"\"МАЭК-Казатомпром\"\", здание 201\"","471010000, Мангистауская область, Актау Г.А., г.Актау, \"Мангистауская область, г. Актау, промзона, ТОО \"\"МАЭК-Казатомпром\"\"\"","DDP","С даты подписания договора в течение 10 календарных дней","Предоплата - 100% , Промежуточный платеж - 0% , Окончательный платеж - 0% ","Штука",{"v":12,"d":"12.000"},{"v":57.59,"d":"57.590"},{"v":691.08,"d":"691.080"},{"v":774.01,"d":"774.010"},"-","Товарищество с ограниченной ответственностью \"Мангистауский атомный энергетический комбинат-Казатомпром\""]
[null,"6916079","198 Т","282412.900.000001","Бензокоса","ручная","93:Двигатель:одноцилиндровый, двухтактный,:одноцилиндровый, двухтактный, \\ 62:мощность:0,83кВт:0,83кВт \\ 283:Охлаждение:воздушное:воздушное \\ 46:размер:1770х610х410:1770х610х410","ОИ","137-2 (не превышает тысячекратного МРП)","0","02.2018","471010000, Мангистауская область, Актау Г.А., г.Актау, \"Мангистауская область, г. Актау, промзона, ТОО \"\"МАЭК-Казатомпром\"\", здание 201\"","471010000, Мангистауская область, Актау Г.А., г.Актау, \"Мангистауская область, г. Актау, промзона, ТОО \"\"МАЭК-Казатомпром\"\"\"","DDP","С даты подписания договора в течение 10 календарных дней","Предоплата - 100% , Промежуточный платеж - 0% , Окончательный платеж - 0% ","Штука",{"v":1,"d":"1.000"},{"v":232.15,"d":"232.150"},{"v":232.15,"d":"232.150"},{"v":260.01,"d":"260.010"},"-","Товарищество с ограниченной ответственностью \"Мангистауский атомный энергетический комбинат-Казатомпром\""]
[null,"6910005","199 Т","275127.000.000001","Печь микроволновая","стальная, из керамической эмали, емкость 19-22 л, без гриля","-","ОИ","137-2 (не превышает тысячекратного МРП)","0","05.2018","471010000, Мангистауская область, Актау Г.А., г.Актау, \"Мангистауская область, г. Актау, промзона, ТОО \"\"МАЭК-Казатомпром\"\", здание 201\"","471010000, Мангистауская область, Актау Г.А., г.Актау, \"Мангистауская область, г. Актау, промзона, ТОО \"\"МАЭК-Казатомпром\"\"\"","DDP","С даты подписания договора в течение 10 календарных дней","Предоплата - 100% , Промежуточный платеж - 0% , Окончательный платеж - 0% ","Штука",{"v":2,"d":"2.000"},{"v":44642.86,"d":"44,642.860"},{"v":89285.72,"d":"89,285.720"},{"v":100000.01,"d":"100,000.010"},"-","Товарищество с ограниченной ответственностью \"Мангистауский атомный энергетический комбинат-Казатомпром\""]
[null,"6911930","200 Т","275111.100.000009","Холодильник","однокамерный, отдельностоящй, объем 50-99 л, с морозильным отделом","-","ОИ","137-2 (не превышает тысячекратного МРП)","0","05.2018","471010000, Мангистауская область, Актау Г.А., г.Актау, \"Мангистауская область, г. Актау, промзона, ТОО \"\"МАЭК-Казатомпром\"\", здание 201\"","471010000, Мангистауская область, Актау Г.А., г.Актау, \"Мангистауская область, г. Актау, промзона, ТОО \"\"МАЭК-Казатомпром\"\"\"","DDP","С даты подписания договора в течение 10 календарных дней","Предоплата - 100% , Промежуточный платеж - 0% , Окончательный платеж - 0% ","Штука",{"v":3,"d":"3.000"},{"v":89285.72,"d":"89,285.720"},{"v":267857.16,"d":"267,857.160"},{"v":300000.02,"d":"300,000.020"},"-","Товарищество с ограниченной ответственностью \"Мангистауский атомный энергетический комбинат-Казатомпром\""]
[null,"5580119","201 Т","172113.000.000000","Коробка для сбора и хранения медицинских отходов","картонная","103:объем: 5л: 5л","ОИ","137-2 (не превышает тысячекратного МРП)","0","08.2018","471010000, Мангистауская область, Актау Г.А., г.Актау, \"Мангистауская область, г. Актау, промзона, ТОО \"\"МАЭК-Казатомпром\"\", здание 201\"","471010000, Мангистауская область, Актау Г.А., г.Актау, \"Мангистауская область, г. Актау, промзона, ТОО \"\"МАЭК-Казатомпром\"\"\"","DDP","С даты подписания договора в течение 10 календарных дней","Предоплата - 100% , Промежуточный платеж - 0% , Окончательный платеж - 0% ","Штука",{"v":240,"d":"240.000"},{"v":200.67,"d":"200.670"},{"v":48160.8,"d":"48,160.800"},{"v":48160.8,"d":"48,160.800"},"ОИН","Товарищество с ограниченной ответственностью \"Мангистауский атомный энергетический комбинат-Казатомпром\""]
[null,"5580117","202 Т","172113.000.000000","Коробка для сбора и хранения медицинских отходов","картонная","103:объем: 10л : 10л ","ОИ","137-2 (не превышает тысячекратного МРП)","0","08.2018","471010000, Мангистауская область, Актау Г.А., г.Актау, \"Мангистауская область, г. Актау, промзона, ТОО \"\"МАЭК-Казатомпром\"\", здание 201\"","471010000, Мангистауская область, Актау Г.А., г.Актау, \"Мангистауская область, г. Актау, промзона, ТОО \"\"МАЭК-Казатомпром\"\"\"","DDP","С даты подписания договора в течение 10 календарных дней","Предоплата - 100% , Промежуточный платеж - 0% , Окончательный платеж - 0% ","Штука",{"v":240,"d":"240.000"},{"v":216,"d":"216.000"},{"v":51840,"d":"51,840.000"},{"v":51840,"d":"51,840.000"},"ОИН","Товарищество с ограниченной ответственностью \"Мангистауский атомный энергетический комбинат-Казатомпром\""]
[null,"6916080","203 Т","282411.900.000012","Пила","бензомоторная","462:Тип:цепная бензиновая:цепная бензиновая \\ 62:мощность:3,4кВт:3,4кВт \\ 110:Длина:шины 53см:шины 53см \\ 360:Прочие характеристики:рабочий объем 61 см3:рабочий объем 61 см3","ОИ","137-2 (не превышает тысячекратного МРП)","0","05.2018","471010000, Мангистауская область, Актау Г.А., г.Актау, \"Мангистауская область, г. Актау, промзона, ТОО \"\"МАЭК-Казатомпром\"\", здание 201\"","471010000, Мангистауская область, Актау Г.А., г.Актау, \"Мангистауская область, г. Актау, промзона, ТОО \"\"МАЭК-Казатомпром\"\"\"","DDP","С даты подписания договора в течение 10 календарных дней","Предоплата - 100% , Промежуточный платеж - 0% , Окончательный платеж - 0% ","Штука",{"v":5,"d":"5.000"},{"v":37500,"d":"37,500.000"},{"v":187500,"d":"187,500.000"},{"v":210000,"d":"210,000.000"},"-","Товарищество с ограниченной ответственностью \"Мангистауский атомный энергетический комбинат-Казатомпром\""]
[null,"5680244","204-1 Т","172312.700.000034","Бланк","конкретного вида документа","235:Наименование:бланк талона спецпитания:бланк талона спецпитания","ОИ","137-2 (не превышает тысячекратного МРП)","100","02.2018","471010000, Мангистауская область, Актау Г.А., г.Актау, \"Мангистауская область, г. Актау, промзона, ТОО \"\"МАЭК-Казатомпром\"\", здание 201\"","471010000, Мангистауская область, Актау Г.А., г.Актау, \"Мангистауская область, г. Актау, промзона, ТОО \"\"МАЭК-Казатомпром\"\"\"","DDP","с 02.2018 по 12.2018","Окончательный платеж - 100% , Промежуточный платеж - 0% , Предоплата - 0% ","Штука",{"v":464640,"d":"464,640.000"},{"v":2.28,"d":"2.280"},{"v":1059379.2,"d":"1,059,379.200"},{"v":1186504.7,"d":"1,186,504.700"},"-","Товарищество с ограниченной ответственностью \"Мангистауский атомный энергетический комбинат-Казатомпром\""]
[null,"1050002","205 Т","110711.300.000000","Вода","негазированная, минеральная, питьевая, природная","103:объем:19 литров:19 литров \\ 443:Тара:пластиковая :пластиковая ","ОИ","137-2 (не превышает тысячекратного МРП)","0","03.2018","471010000, Мангистауская область, Актау Г.А., г.Актау, \"Мангистауская область, г. Актау, промзона, ТОО \"\"МАЭК-Казатомпром\"\", здание 201\"","471010000, Мангистауская область, Актау Г.А., г.Актау, \"Мангистауская область, г. Актау, промзона, ТОО \"\"МАЭК-Казатомпром\"\"\"","DDP","С даты подписания договора в течение 10 календарных дней","Предоплата - 0% , Промежуточный платеж - 0% , Окончательный платеж - 100% ","Штука",{"v":253,"d":"253.000"},{"v":423.49,"d":"423.490"},{"v":107142.97,"d":"107,142.970"},{"v":120000.13,"d":"120,000.130"},"-","Товарищество с ограниченной ответственностью \"Мангистауский атомный энергетический комбинат-Казатомпром\""]
[null,"-","206-1 Т","062010.200.000001","Газ природный","газообразный","235:Наименование:для юридических лиц\n:для юридических лиц\n \\ 236:назначение:для юридических лиц:для юридических лиц","ОИ","137-4 (внутрихолдинговая кооперация)","100","01.2018","471000000, Мангистауская область, Актау Г.А., Промзона, ТОО \"МАЭК-Казатомпром\", здание 201","471000000, Мангистауская область, Актау Г.А., Промзона, склад ТОО \"МАЭК-Казатомпром\"","DDP","с 01.2018 по 12.2018","Окончательный платеж - 0% , Промежуточный платеж - 100% , Предоплата - 0% ","Метр кубический",{"v":1795317,"d":"1,795,317.000"},{"v":19833.1,"d":"19,833.100"},{"v":35606701592.7,"d":"35,606,701,592.700"},{"v":39879505783.82,"d":"39,879,505,783.820"},"ОВХ","Товарищество с ограниченной ответственностью \"Мангистауский атомный энергетический комбинат-Казатомпром\""]
[null,"-","207-1 Т","062010.200.000001","Газ природный","газообразный","235:Наименование:для физических лиц\n:для физических лиц\n \\ 236:назначение:для физических лиц:для физических лиц","ОИ","137-4 (внутрихолдинговая кооперация)","100","01.2018","471010000, Мангистауская область, Актау Г.А., г.Актау, \"Мангистауская область, г. Актау, промзона, ТОО \"\"МАЭК-Казатомпром\"\", здание 201\"","471010000, Мангистауская область, Актау Г.А., г.Актау, \"Мангистауская область, г. Актау, промзона, ТОО \"\"МАЭК-Казатомпром\"\"\"","DDP","с 01.2018 по 12.2018","Окончательный платеж - 0% , Промежуточный платеж - 100% , Предоплата - 0% ","Метр кубический",{"v":123006,"d":"123,006.000"},{"v":9200.51,"d":"9,200.510"},{"v":1131717933.06,"d":"1,131,717,933.060"},{"v":1267524085.03,"d":"1,267,524,085.030"},"ОВХ","Товарищество с ограниченной ответственностью \"Мангистауский атомный энергетический комбинат-Казатомпром\""]
[null,"-","208 Т","262040.000.000268","Блок системный","форм-фактор вертикальный","462:Тип:(Процессор<3.3GHz/кулер/Материнская плата/500Gb/ОЗУ 4Gb/450Вт/корпус/DVD±RW/К/М/Ф):(Процессор<3.3GHz/кулер/Материнская плата/500Gb/ОЗУ 4Gb/450Вт/корпус/DVD±RW/К/М/Ф)","ЦПП","-","30","02.2018","471010000, Мангистауская область, Актау Г.А., г.Актау, \"Мангистауская область, г. Актау, промзона, ТОО \"\"МАЭК-Казатомпром\"\", здание 201\"","471010000, Мангистауская область, Актау Г.А., г.Актау, \"Мангистауская область, г. Актау, промзона, ТОО \"\"МАЭК-Казатомпром\"\"\"","DDP","С даты подписания договора в течение 30 календарных дней","Предоплата - 0% , Промежуточный платеж - 0% , Окончательный платеж - 100% ","Штука",{"v":50,"d":"50.000"},{"v":146078,"d":"146,078.000"},{"v":7303900,"d":"7,303,900.000"},{"v":8180368,"d":"8,180,368.000"},"ТПХ","Товарищество с ограниченной ответственностью \"Мангистауский атомный энергетический комбинат-Казатомпром\""]
[null,"-","209 Т","262017.100.000000","Монитор","ЖК, диагональ более 15\", но не более 22\"","462:Тип:жидкокристаллический, IPS матрица, диагональ 21.5 дюйм, разрешение 1920*1080:жидкокристаллический, IPS матрица, диагональ 21.5 дюйм, разрешение 1920*1080","ОИ","137-2 (не превышает тысячекратного МРП)","0","02.2018","471010000, Мангистауская область, Актау Г.А., г.Актау, \"Мангистауская область, г. Актау, промзона, ТОО \"\"МАЭК-Казатомпром\"\", здание 201\"","471010000, Мангистауская область, Актау Г.А., г.Актау, \"Мангистауская область, г. Актау, промзона, ТОО \"\"МАЭК-Казатомпром\"\"\"","DDP","С даты подписания договора в течение 30 календарных дней","Предоплата - 0% , Промежуточный платеж - 0% , Окончательный платеж - 100% ","Штука",{"v":38,"d":"38.000"},{"v":44757,"d":"44,757.000"},{"v":1700766,"d":"1,700,766.000"},{"v":1904857.92,"d":"1,904,857.920"},"-","Товарищество с ограниченной ответственностью \"Мангистауский атомный энергетический комбинат-Казатомпром\""]
[null,"-","210 Т","262018.900.000006","Устройство многофункциональное","печать лазерная","462:Тип: МФУ (принтер, сканер, копир, факс)для среднего офиса ч/б лазерная печать до 33 стр/мин макс. формат печати A4 цветной ЖК-дисплей двусторонняя печать автоподача оригиналов : МФУ (принтер, сканер, копир, факс)для среднего офиса ч/б лазерная печать до 33 стр/мин макс. формат печати A4 цветной ЖК-дисплей двусторонняя печать автоподача оригиналов ","ЦПП","-","0","03.2018","471010000, Мангистауская область, Актау Г.А., г.Актау, \"Мангистауская область, г. Актау, промзона, ТОО \"\"МАЭК-Казатомпром\"\", здание 201\"","471010000, Мангистауская область, Актау Г.А., г.Актау, \"Мангистауская область, г. Актау, промзона, ТОО \"\"МАЭК-Казатомпром\"\"\"","DDP","С даты подписания договора в течение 30 календарных дней","Предоплата - 0% , Промежуточный платеж - 0% , Окончательный платеж - 100% ","Штука",{"v":13,"d":"13.000"},{"v":138928,"d":"138,928.000"},{"v":1806064,"d":"1,806,064.000"},{"v":2022791.68,"d":"2,022,791.680"},"-","Товарищество с ограниченной ответственностью \"Мангистауский атомный энергетический комбинат-Казатомпром\""]
[null,"-","211 Т","262016.300.000016","Принтер","лазерный, монохромный","462:Тип:\"Принтер. Формат А4. Лазерная технология печати, Скорость печати 20 стр./мин. Разрешение 1200×1200 dpi Интерфейсы USB 2.0. Максимальная нагрузка до 15 000 страниц в месяц  Емкость основного лотка 100-150 листов.\":\"Принтер. Формат А4. Лазерная технология печати, Скорость печати 20 стр./мин. Разрешение 1200×1200 dpi Интерфейсы USB 2.0. Максимальная нагрузка до 15 000 страниц в месяц  Емкость основного лотка 100-150 листов.\"","ОИ","137-2 (не превышает тысячекратного МРП)","0","03.2018","471010000, Мангистауская область, Актау Г.А., г.Актау, \"Мангистауская область, г. Актау, промзона, ТОО \"\"МАЭК-Казатомпром\"\", здание 201\"","471010000, Мангистауская область, Актау Г.А., г.Актау, \"Мангистауская область, г. Актау, промзона, ТОО \"\"МАЭК-Казатомпром\"\"\"","DDP","С даты подписания договора в течение 30 календарных дней","Предоплата - 0% , Промежуточный платеж - 0% , Окончательный платеж - 100% ","Штука",{"v":6,"d":"6.000"},{"v":22321,"d":"22,321.000"},{"v":133926,"d":"133,926.000"},{"v":149997.12,"d":"149,997.120"},"-","Товарищество с ограниченной ответственностью \"Мангистауский атомный энергетический комбинат-Казатомпром\""]
[null,"-","212 Т","262016.300.000015","Принтер","лазерный, цветной","462:Тип:\"Технология печати лазерный;  Максимальный формат  A3; Совместимые носители глянцевая бумага, конверты, матовая бумага, стандартная бумага. Подача бумаги 100листов (cтандартная);Интерфейсы USB 2.0;\":\"Технология печати лазерный;  Максимальный формат, A3; Совместимые носители глянцевая бумага, конверты, матовая бумага, стандартная бумага. Подача бумаги 100листов (cтандартная);Интерфейсы USB 2.0;\"","ОИ","137-2 (не превышает тысячекратного МРП)","0","03.2018","471010000, Мангистауская область, Актау Г.А., г.Актау, \"Мангистауская область, г. Актау, промзона, ТОО \"\"МАЭК-Казатомпром\"\", здание 201\"","471010000, Мангистауская область, Актау Г.А., г.Актау, \"Мангистауская область, г. Актау, промзона, ТОО \"\"МАЭК-Казатомпром\"\"\"","DDP","С даты подписания договора в течение 30 календарных дней","Предоплата - 0% , Промежуточный платеж - 0% , Окончательный платеж - 100% ","Штука",{"v":1,"d":"1.000"},{"v":220000,"d":"220,000.000"},{"v":220000,"d":"220,000.000"},{"v":246400,"d":"246,400.000"},"-","Товарищество с ограниченной ответственностью \"Мангистауский атомный энергетический комбинат-Казатомпром\""]
[null,"-","213 Т","262016.300.000015","Принтер","лазерный, цветной","462:Тип:Printer (A4) 600 dpi, Ethernet + USB 2.0, Технология печати Лазерная цветная. Максимальный ресурс принтера, стр/мес 45000:Printer (A4) 600 dpi, Ethernet + USB 2.0, Технология печати Лазерная цветная. Максимальный ресурс принтера, стр/мес 45000","ОИ","137-2 (не превышает тысячекратного МРП)","0","03.2018","471010000, Мангистауская область, Актау Г.А., г.Актау, \"Мангистауская область, г. Актау, промзона, ТОО \"\"МАЭК-Казатомпром\"\", здание 201\"","471010000, Мангистауская область, Актау Г.А., г.Актау, \"Мангистауская область, г. Актау, промзона, ТОО \"\"МАЭК-Казатомпром\"\"\"","DDP","С даты подписания договора в течение 30 календарных дней","Предоплата - 0% , Промежуточный платеж - 0% , Окончательный платеж - 100% ","Штука",{"v":2,"d":"2.000"},{"v":71428,"d":"71,428.000"},{"v":142856,"d":"142,856.000"},{"v":159998.72,"d":"159,998.720"},"-","Товарищество с ограниченной ответственностью \"Мангистауский атомный энергетический комбинат-Казатомпром\""]
[null,"-","214 Т","262018.900.000006","Устройство многофункциональное","печать лазерная","462:Тип:МФУ (принтер/сканер/копир)- монохромный/лазерный/ф.А4/128Мв/Ethernet (RJ-45), USB 2.0/сканер-/600x600 dpi/USB 2.0:МФУ (принтер/сканер/копир)- монохромный/лазерный/ф.А4/128Мв/Ethernet (RJ-45), USB 2.0/сканер-/600x600 dpi/USB 2.0","ЦПП","-","0","03.2018","471010000, Мангистауская область, Актау Г.А., г.Актау, \"Мангистауская область, г. Актау, промзона, ТОО \"\"МАЭК-Казатомпром\"\", здание 201\"","471010000, Мангистауская область, Актау Г.А., г.Актау, \"Мангистауская область, г. Актау, промзона, ТОО \"\"МАЭК-Казатомпром\"\"\"","DDP","С даты подписания договора в течение 30 календарных дней","Предоплата - 0% , Промежуточный платеж - 0% , Окончательный платеж - 100% ","Штука",{"v":50,"d":"50.000"},{"v":61282,"d":"61,282.000"},{"v":3064100,"d":"3,064,100.000"},{"v":3431792,"d":"3,431,792.000"},"-","Товарищество с ограниченной ответственностью \"Мангистауский атомный энергетический комбинат-Казатомпром\""]
[null,"-","215 Т","262018.900.000006","Устройство многофункциональное","печать лазерная","462:Тип:МФУ АЗ:МФУ АЗ","ЦПП","-","0","03.2018","471010000, Мангистауская область, Актау Г.А., г.Актау, \"Мангистауская область, г. Актау, промзона, ТОО \"\"МАЭК-Казатомпром\"\", здание 201\"","471010000, Мангистауская область, Актау Г.А., г.Актау, \"Мангистауская область, г. Актау, промзона, ТОО \"\"МАЭК-Казатомпром\"\"\"","DDP","С даты подписания договора в течение 30 календарных дней","Предоплата - 0% , Промежуточный платеж - 0% , Окончательный платеж - 100% ","Штука",{"v":2,"d":"2.000"},{"v":254464.29,"d":"254,464.290"},{"v":508928.58,"d":"508,928.580"},{"v":570000.01,"d":"570,000.010"},"-","Товарищество с ограниченной ответственностью \"Мангистауский атомный энергетический комбинат-Казатомпром\""]
[null,"-","216 Т","262016.940.000000","Сканер","планшетный, формат А4","462:Тип:Сканер:Сканер","ОИ","137-2 (не превышает тысячекратного МРП)","0","03.2018","471010000, Мангистауская область, Актау Г.А., г.Актау, \"Мангистауская область, г. Актау, промзона, ТОО \"\"МАЭК-Казатомпром\"\", здание 201\"","471010000, Мангистауская область, Актау Г.А., г.Актау, \"Мангистауская область, г. Актау, промзона, ТОО \"\"МАЭК-Казатомпром\"\"\"","DDP","С даты подписания договора в течение 30 календарных дней","Предоплата - 0% , Промежуточный платеж - 0% , Окончательный платеж - 100% ","Штука",{"v":1,"d":"1.000"},{"v":203150,"d":"203,150.000"},{"v":203150,"d":"203,150.000"},{"v":227528,"d":"227,528.000"},"-","Товарищество с ограниченной ответственностью \"Мангистауский атомный энергетический комбинат-Казатомпром\""]
[null,"-","217 Т","262011.100.000004","Ноутбук","планшетный","462:Тип:Ноутбук:Ноутбук","ОИ","137-2 (не превышает тысячекратного МРП)","0","04.2018","471010000, Мангистауская область, Актау Г.А., г.Актау, \"Мангистауская область, г. Актау, промзона, ТОО \"\"МАЭК-Казатомпром\"\", здание 201\"","471010000, Мангистауская область, Актау Г.А., г.Актау, \"Мангистауская область, г. Актау, промзона, ТОО \"\"МАЭК-Казатомпром\"\"\"","DDP","С даты подписания договора в течение 30 календарных дней","Предоплата - 0% , Промежуточный платеж - 0% , Окончательный платеж - 100% ","Штука",{"v":2,"d":"2.000"},{"v":185000,"d":"185,000.000"},{"v":370000,"d":"370,000.000"},{"v":414400,"d":"414,400.000"},"-","Товарищество с ограниченной ответственностью \"Мангистауский атомный энергетический комбинат-Казатомпром\""]
[null,"-","218 Т","263021.200.000006","Коммутатор сетевой","управляемый, симметричный","462:Тип:Коммутатор управляемый 48 портовый:Коммутатор управляемый 48 портовый","ОИ","137-2 (не превышает тысячекратного МРП)","0","04.2018","471010000, Мангистауская область, Актау Г.А., г.Актау, \"Мангистауская область, г. Актау, промзона, ТОО \"\"МАЭК-Казатомпром\"\", здание 201\"","471010000, Мангистауская область, Актау Г.А., г.Актау, \"Мангистауская область, г. Актау, промзона, ТОО \"\"МАЭК-Казатомпром\"\"\"","DDP","С даты подписания договора в течение 30 календарных дней","Предоплата - 0% , Промежуточный платеж - 0% , Окончательный платеж - 100% ","Штука",{"v":5,"d":"5.000"},{"v":428571.43,"d":"428,571.430"},{"v":2142857.15,"d":"2,142,857.150"},{"v":2400000.01,"d":"2,400,000.010"},"-","Товарищество с ограниченной ответственностью \"Мангистауский атомный энергетический комбинат-Казатомпром\""]
[null,"-","219 Т","262015.000.000017","Система хранения данных","поддерживаемые протоколы iSCSI/FC/NFS/CIFS/SMB/HTTP","462:Тип:Система хранения данных (сетевое хранилище)  NAS :Система хранения данных (сетевое хранилище)  NAS ","ЦПП","-","0","04.2018","471010000, Мангистауская область, Актау Г.А., г.Актау, \"Мангистауская область, г. Актау, промзона, ТОО \"\"МАЭК-Казатомпром\"\", здание 201\"","471010000, Мангистауская область, Актау Г.А., г.Актау, \"Мангистауская область, г. Актау, промзона, ТОО \"\"МАЭК-Казатомпром\"\"\"","DDP","С даты подписания договора в течение 30 календарных дней","Предоплата - 0% , Промежуточный платеж - 0% , Окончательный платеж - 100% ","Штука",{"v":1,"d":"1.000"},{"v":8000000,"d":"8,000,000.000"},{"v":8000000,"d":"8,000,000.000"},{"v":8960000,"d":"8,960,000.000"},"-","Товарищество с ограниченной ответственностью \"Мангистауский атомный энергетический комбинат-Казатомпром\""]
[null,"-","220 Т","620129.000.000000","Программное обеспечение","оригинал программного обеспечения (кроме услуг по разработке программных обеспечении по заказу)","462:Тип:MS Office:MS Office","ЦПП","-","0","03.2018","471010000, Мангистауская область, Актау Г.А., г.Актау, \"Мангистауская область, г. Актау, промзона, ТОО \"\"МАЭК-Казатомпром\"\", здание 201\"","471010000, Мангистауская область, Актау Г.А., г.Актау, \"Мангистауская область, г. Актау, промзона, ТОО \"\"МАЭК-Казатомпром\"\"\"","DDP","С даты подписания договора в течение 30 календарных дней","Предоплата - 0% , Промежуточный платеж - 0% , Окончательный платеж - 100% ","Штука",{"v":85,"d":"85.000"},{"v":90000,"d":"90,000.000"},{"v":7650000,"d":"7,650,000.000"},{"v":8568000,"d":"8,568,000.000"},"-","Товарищество с ограниченной ответственностью \"Мангистауский атомный энергетический комбинат-Казатомпром\""]
[null,"-","221 Т","620129.000.000000","Программное обеспечение","оригинал программного обеспечения (кроме услуг по разработке программных обеспечении по заказу)","462:Тип:MS Visio:MS Visio","ОИ","137-2 (не превышает тысячекратного МРП)","0","03.2018","471010000, Мангистауская область, Актау Г.А., г.Актау, \"Мангистауская область, г. Актау, промзона, ТОО \"\"МАЭК-Казатомпром\"\", здание 201\"","471010000, Мангистауская область, Актау Г.А., г.Актау, \"Мангистауская область, г. Актау, промзона, ТОО \"\"МАЭК-Казатомпром\"\"\"","DDP","С даты подписания договора в течение 30 календарных дней","Предоплата - 0% , Промежуточный платеж - 0% , Окончательный платеж - 100% ","Штука",{"v":1,"d":"1.000"},{"v":84821.43,"d":"84,821.430"},{"v":84821.43,"d":"84,821.430"},{"v":95000,"d":"95,000.000"},"-","Товарищество с ограниченной ответственностью \"Мангистауский атомный энергетический комбинат-Казатомпром\""]
[null,"-","222 Т","620129.000.000002","Лицензия","на программный продукт (кроме услуг по предоставлению лицензии)","462:Тип:ExchgStdCAL 2010 RUS OLP NL DvcCAL:ExchgStdCAL 2010 RUS OLP NL DvcCAL","ЦПП","-","0","03.2018","471010000, Мангистауская область, Актау Г.А., г.Актау, \"Мангистауская область, г. Актау, промзона, ТОО \"\"МАЭК-Казатомпром\"\", здание 201\"","471010000, Мангистауская область, Актау Г.А., г.Актау, \"Мангистауская область, г. Актау, промзона, ТОО \"\"МАЭК-Казатомпром\"\"\"","DDP","С даты подписания договора в течение 30 календарных дней","Предоплата - 0% , Промежуточный платеж - 0% , Окончательный платеж - 100% ","Штука",{"v":150,"d":"150.000"},{"v":24000,"d":"24,000.000"},{"v":3600000,"d":"3,600,000.000"},{"v":4032000,"d":"4,032,000.000"},"-","Товарищество с ограниченной ответственностью \"Мангистауский атомный энергетический комбинат-Казатомпром\""]
[null,"-","223 Т","620129.000.000000","Программное обеспечение","оригинал программного обеспечения (кроме услуг по разработке программных обеспечении по заказу)","462:Тип:Программа гарантированного удаления информации Fresh Disk:Программа гарантированного удаления информации Fresh Disk","ОИ","137-2 (не превышает тысячекратного МРП)","0","03.2018","471010000, Мангистауская область, Актау Г.А., г.Актау, \"Мангистауская область, г. Актау, промзона, ТОО \"\"МАЭК-Казатомпром\"\", здание 201\"","471010000, Мангистауская область, Актау Г.А., г.Актау, \"Мангистауская область, г. Актау, промзона, ТОО \"\"МАЭК-Казатомпром\"\"\"","DDP","С даты подписания договора в течение 30 календарных дней","Предоплата - 0% , Промежуточный платеж - 0% , Окончательный платеж - 100% ","Штука",{"v":1,"d":"1.000"},{"v":19197,"d":"19,197.000"},{"v":19197,"d":"19,197.000"},{"v":21500.64,"d":"21,500.640"},"-","Товарищество с ограниченной ответственностью \"Мангистауский атомный энергетический комбинат-Казатомпром\""]
[null,"-","224 Т","620129.000.000002","Лицензия","на программный продукт (кроме услуг по предоставлению лицензии)","462:Тип:IBM Domino Collaboration Express Authorized User License + SW Subscription & Support 12 Months:IBM Domino Collaboration Express Authorized User License + SW Subscription & Support 12 Months","ЦПП","-","0","03.2018","471010000, Мангистауская область, Актау Г.А., г.Актау, \"Мангистауская область, г. Актау, промзона, ТОО \"\"МАЭК-Казатомпром\"\", здание 201\"","471010000, Мангистауская область, Актау Г.А., г.Актау, \"Мангистауская область, г. Актау, промзона, ТОО \"\"МАЭК-Казатомпром\"\"\"","DDP","С даты подписания договора в течение 30 календарных дней","Предоплата - 0% , Промежуточный платеж - 0% , Окончательный платеж - 100% ","Штука",{"v":100,"d":"100.000"},{"v":68000,"d":"68,000.000"},{"v":6800000,"d":"6,800,000.000"},{"v":7616000,"d":"7,616,000.000"},"-","Товарищество с ограниченной ответственностью \"Мангистауский атомный энергетический комбинат-Казатомпром\""]
[null,"-","225 Т","262016.930.000001","Манипулятор \"мышь\"","оптическая, проводная","-","ОИ","137-2 (не превышает тысячекратного МРП)","0","02.2018","471010000, Мангистауская область, Актау Г.А., г.Актау, \"Мангистауская область, г. Актау, промзона, ТОО \"\"МАЭК-Казатомпром\"\", здание 201\"","471010000, Мангистауская область, Актау Г.А., г.Актау, \"Мангистауская область, г. Актау, промзона, ТОО \"\"МАЭК-Казатомпром\"\"\"","DDP","С даты подписания договора в течение 30 календарных дней","Предоплата - 0% , Промежуточный платеж - 0% , Окончательный платеж - 100% ","Штука",{"v":109,"d":"109.000"},{"v":1696.43,"d":"1,696.430"},{"v":184910.87,"d":"184,910.870"},{"v":207100.17,"d":"207,100.170"},"-","Товарищество с ограниченной ответственностью \"Мангистауский атомный энергетический комбинат-Казатомпром\""]
[null,"-","226 Т","262015.000.000012","Клавиатура","алфавитно-цифровая","-","ОИ","137-2 (не превышает тысячекратного МРП)","0","02.2018","471010000, Мангистауская область, Актау Г.А., г.Актау, \"Мангистауская область, г. Актау, промзона, ТОО \"\"МАЭК-Казатомпром\"\", здание 201\"","471010000, Мангистауская область, Актау Г.А., г.Актау, \"Мангистауская область, г. Актау, промзона, ТОО \"\"МАЭК-Казатомпром\"\"\"","DDP","С даты подписания договора в течение 30 календарных дней","Предоплата - 0% , Промежуточный платеж - 0% , Окончательный платеж - 100% ","Штука",{"v":92,"d":"92.000"},{"v":2232.14,"d":"2,232.140"},{"v":205356.88,"d":"205,356.880"},{"v":229999.71,"d":"229,999.710"},"-","Товарищество с ограниченной ответственностью \"Мангистауский атомный энергетический комбинат-Казатомпром\""]
[null,"-","227 Т","329959.900.000068","Фильтр","сетевой","-","ОИ","137-2 (не превышает тысячекратного МРП)","0","02.2018","471010000, Мангистауская область, Актау Г.А., г.Актау, \"Мангистауская область, г. Актау, промзона, ТОО \"\"МАЭК-Казатомпром\"\", здание 201\"","471010000, Мангистауская область, Актау Г.А., г.Актау, \"Мангистауская область, г. Актау, промзона, ТОО \"\"МАЭК-Казатомпром\"\"\"","DDP","С даты подписания договора в течение 30 календарных дней","Предоплата - 0% , Промежуточный платеж - 0% , Окончательный платеж - 100% ","Штука",{"v":52,"d":"52.000"},{"v":1607.14,"d":"1,607.140"},{"v":83571.28,"d":"83,571.280"},{"v":93599.83,"d":"93,599.830"},"-","Товарищество с ограниченной ответственностью \"Мангистауский атомный энергетический комбинат-Казатомпром\""]
[null,"-","228 Т","262021.900.000093","Флеш-накопитель","интерфейс USB 2.0, емкость более 2 Гб, но не более 8 Гб","-","ОИ","137-2 (не превышает тысячекратного МРП)","0","02.2018","471010000, Мангистауская область, Актау Г.А., г.Актау, \"Мангистауская область, г. Актау, промзона, ТОО \"\"МАЭК-Казатомпром\"\", здание 201\"","471010000, Мангистауская область, Актау Г.А., г.Актау, \"Мангистауская область, г. Актау, промзона, ТОО \"\"МАЭК-Казатомпром\"\"\"","DDP","С даты подписания договора в течение 30 календарных дней","Предоплата - 0% , Промежуточный платеж - 0% , Окончательный платеж - 100% ","Штука",{"v":40,"d":"40.000"},{"v":2946.43,"d":"2,946.430"},{"v":117857.2,"d":"117,857.200"},{"v":132000.06,"d":"132,000.060"},"-","Товарищество с ограниченной ответственностью \"Мангистауский атомный энергетический комбинат-Казатомпром\""]
[null,"-","229 Т","262021.900.000094","Флеш-накопитель","интерфейс USB 2.0, емкость более 16 Гб, но не более 64 Гб","-","ОИ","137-2 (не превышает тысячекратного МРП)","0","02.2018","471010000, Мангистауская область, Актау Г.А., г.Актау, \"Мангистауская область, г. Актау, промзона, ТОО \"\"МАЭК-Казатомпром\"\", здание 201\"","471010000, Мангистауская область, Актау Г.А., г.Актау, \"Мангистауская область, г. Актау, промзона, ТОО \"\"МАЭК-Казатомпром\"\"\"","DDP","С даты подписания договора в течение 30 календарных дней","Предоплата - 0% , Промежуточный платеж - 0% , Окончательный платеж - 100% ","Штука",{"v":42,"d":"42.000"},{"v":5803.57,"d":"5,803.570"},{"v":243749.94,"d":"243,749.940"},{"v":272999.93,"d":"272,999.930"},"-","Товарищество с ограниченной ответственностью \"Мангистауский атомный энергетический комбинат-Казатомпром\""]
[null,"-","230 Т","268012.000.000013","Диск","DVD-RW","-","ОИ","137-2 (не превышает тысячекратного МРП)","0","02.2018","471010000, Мангистауская область, Актау Г.А., г.Актау, \"Мангистауская область, г. Актау, промзона, ТОО \"\"МАЭК-Казатомпром\"\", здание 201\"","471010000, Мангистауская область, Актау Г.А., г.Актау, \"Мангистауская область, г. Актау, промзона, ТОО \"\"МАЭК-Казатомпром\"\"\"","DDP","С даты подписания договора в течение 30 календарных дней","Предоплата - 0% , Промежуточный платеж - 0% , Окончательный платеж - 100% ","Штука",{"v":50,"d":"50.000"},{"v":126.8,"d":"126.800"},{"v":6340,"d":"6,340.000"},{"v":7100.8,"d":"7,100.800"},"-","Товарищество с ограниченной ответственностью \"Мангистауский атомный энергетический комбинат-Казатомпром\""]
[null,"-","231 Т","262030.100.000037","Фильтр","для сетевых концентраторов и сетевого оборудования, защиты","462:Тип:Фильтр сетевой помехоподавляющий УЗ-1000-1:Фильтр сетевой помехоподавляющий УЗ-1000-1","ОИ","137-2 (не превышает тысячекратного МРП)","0","02.2018","471010000, Мангистауская область, Актау Г.А., г.Актау, \"Мангистауская область, г. Актау, промзона, ТОО \"\"МАЭК-Казатомпром\"\", здание 201\"","471010000, Мангистауская область, Актау Г.А., г.Актау, \"Мангистауская область, г. Актау, промзона, ТОО \"\"МАЭК-Казатомпром\"\"\"","DDP","С даты подписания договора в течение 30 календарных дней","Предоплата - 0% , Промежуточный платеж - 0% , Окончательный платеж - 100% ","Штука",{"v":1,"d":"1.000"},{"v":64729.4,"d":"64,729.400"},{"v":64729.4,"d":"64,729.400"},{"v":72496.93,"d":"72,496.930"},"-","Товарищество с ограниченной ответственностью \"Мангистауский атомный энергетический комбинат-Казатомпром\""]
[null,"-","232 Т","261220.000.000019","Видеокарта","разрядность шины памяти 512 бит, объем памяти более 1024 Мб, но не более 4096 Мб","462:Тип:Видеокарта Ninja GTX650 PCI-E (384SP) 1Gb 128bit GDDR5 (DVI/HDMI/CRT):Видеокарта Ninja GTX650 PCI-E (384SP) 1Gb 128bit GDDR5 (DVI/HDMI/CRT)","ОИ","137-2 (не превышает тысячекратного МРП)","0","03.2018","471010000, Мангистауская область, Актау Г.А., г.Актау, \"Мангистауская область, г. Актау, промзона, ТОО \"\"МАЭК-Казатомпром\"\", здание 201\"","471010000, Мангистауская область, Актау Г.А., г.Актау, \"Мангистауская область, г. Актау, промзона, ТОО \"\"МАЭК-Казатомпром\"\"\"","DDP","С даты подписания договора в течение 30 календарных дней","Предоплата - 0% , Промежуточный платеж - 0% , Окончательный платеж - 100% ","Штука",{"v":10,"d":"10.000"},{"v":43200,"d":"43,200.000"},{"v":432000,"d":"432,000.000"},{"v":483840,"d":"483,840.000"},"-","Товарищество с ограниченной ответственностью \"Мангистауский атомный энергетический комбинат-Казатомпром\""]
[null,"-","233 Т","262040.000.000130","Блок питания","для компьютера","-","ОИ","137-2 (не превышает тысячекратного МРП)","0","03.2018","471010000, Мангистауская область, Актау Г.А., г.Актау, \"Мангистауская область, г. Актау, промзона, ТОО \"\"МАЭК-Казатомпром\"\", здание 201\"","471010000, Мангистауская область, Актау Г.А., г.Актау, \"Мангистауская область, г. Актау, промзона, ТОО \"\"МАЭК-Казатомпром\"\"\"","DDP","С даты подписания договора в течение 30 календарных дней","Предоплата - 0% , Промежуточный платеж - 0% , Окончательный платеж - 100% ","Штука",{"v":20,"d":"20.000"},{"v":13392.86,"d":"13,392.860"},{"v":267857.2,"d":"267,857.200"},{"v":300000.06,"d":"300,000.060"},"-","Товарищество с ограниченной ответственностью \"Мангистауский атомный энергетический комбинат-Казатомпром\""]
[null,"-","234 Т","262040.000.000284","Термопаста","силиконовая","462:Тип:Кремнийорганическая теплопроводная паста КПТ-8 ГОСТ 19783-74:Кремнийорганическая теплопроводная паста КПТ-8 ГОСТ 19783-74","ОИ","137-2 (не превышает тысячекратного МРП)","0","03.2018","471010000, Мангистауская область, Актау Г.А., г.Актау, \"Мангистауская область, г. Актау, промзона, ТОО \"\"МАЭК-Казатомпром\"\", здание 201\"","471010000, Мангистауская область, Актау Г.А., г.Актау, \"Мангистауская область, г. Актау, промзона, ТОО \"\"МАЭК-Казатомпром\"\"\"","DDP","С даты подписания договора в течение 30 календарных дней","Предоплата - 0% , Промежуточный платеж - 0% , Окончательный платеж - 100% ","Штука",{"v":5,"d":"5.000"},{"v":1000,"d":"1,000.000"},{"v":5000,"d":"5,000.000"},{"v":5600,"d":"5,600.000"},"-","Товарищество с ограниченной ответственностью \"Мангистауский атомный энергетический комбинат-Казатомпром\""]
[null,"-","235 Т","262040.000.000221","Шлейф","для сканера","462:Тип:Шлейф  S-ATA:Шлейф  S-ATA","ОИ","137-2 (не превышает тысячекратного МРП)","0","03.2018","471010000, Мангистауская область, Актау Г.А., г.Актау, \"Мангистауская область, г. Актау, промзона, ТОО \"\"МАЭК-Казатомпром\"\", здание 201\"","471010000, Мангистауская область, Актау Г.А., г.Актау, \"Мангистауская область, г. Актау, промзона, ТОО \"\"МАЭК-Казатомпром\"\"\"","DDP","С даты подписания договора в течение 30 календарных дней","Предоплата - 0% , Промежуточный платеж - 0% , Окончательный платеж - 100% ","Штука",{"v":50,"d":"50.000"},{"v":331.15,"d":"331.150"},{"v":16557.5,"d":"16,557.500"},{"v":18544.4,"d":"18,544.400"},"-","Товарищество с ограниченной ответственностью \"Мангистауский атомный энергетический комбинат-Казатомпром\""]
[null,"-","236 Т","263030.300.000001","Переходник","высокочастотный, TNC - UHF","462:Тип:Переходник РАТА HDD → SATA HDD:Переходник РАТА HDD → SATA HDD","ОИ","137-2 (не превышает тысячекратного МРП)","0","03.2018","471010000, Мангистауская область, Актау Г.А., г.Актау, \"Мангистауская область, г. Актау, промзона, ТОО \"\"МАЭК-Казатомпром\"\", здание 201\"","471010000, Мангистауская область, Актау Г.А., г.Актау, \"Мангистауская область, г. Актау, промзона, ТОО \"\"МАЭК-Казатомпром\"\"\"","DDP","С даты подписания договора в течение 30 календарных дней","Предоплата - 0% , Промежуточный платеж - 0% , Окончательный платеж - 100% ","Штука",{"v":50,"d":"50.000"},{"v":540,"d":"540.000"},{"v":27000,"d":"27,000.000"},{"v":30240,"d":"30,240.000"},"-","Товарищество с ограниченной ответственностью \"Мангистауский атомный энергетический комбинат-Казатомпром\""]
[null,"-","237 Т","273213.500.000002","Кабель специализированный","тип UTP","462:Тип:Кабель USB 2 A-B 3m:Кабель USB 2 A-B 3m","ОИ","137-2 (не превышает тысячекратного МРП)","0","03.2018","471010000, Мангистауская область, Актау Г.А., г.Актау, \"Мангистауская область, г. Актау, промзона, ТОО \"\"МАЭК-Казатомпром\"\", здание 201\"","471010000, Мангистауская область, Актау Г.А., г.Актау, \"Мангистауская область, г. Актау, промзона, ТОО \"\"МАЭК-Казатомпром\"\"\"","DDP","С даты подписания договора в течение 30 календарных дней","Предоплата - 0% , Промежуточный платеж - 0% , Окончательный платеж - 100% ","Штука",{"v":15,"d":"15.000"},{"v":1785.72,"d":"1,785.720"},{"v":26785.8,"d":"26,785.800"},{"v":30000.1,"d":"30,000.100"},"-","Товарищество с ограниченной ответственностью \"Мангистауский атомный энергетический комбинат-Казатомпром\""]
[null,"-","238 Т","262040.000.000144","Док-станция","для жестких дисков","-","ОИ","137-2 (не превышает тысячекратного МРП)","0","03.2018","471010000, Мангистауская область, Актау Г.А., г.Актау, \"Мангистауская область, г. Актау, промзона, ТОО \"\"МАЭК-Казатомпром\"\", здание 201\"","471010000, Мангистауская область, Актау Г.А., г.Актау, \"Мангистауская область, г. Актау, промзона, ТОО \"\"МАЭК-Казатомпром\"\"\"","DDP","С даты подписания договора в течение 30 календарных дней","Предоплата - 0% , Промежуточный платеж - 0% , Окончательный платеж - 100% ","Штука",{"v":2,"d":"2.000"},{"v":14987.25,"d":"14,987.250"},{"v":29974.5,"d":"29,974.500"},{"v":33571.44,"d":"33,571.440"},"-","Товарищество с ограниченной ответственностью \"Мангистауский атомный энергетический комбинат-Казатомпром\""]
[null,"-","239 Т","262022.000.000006","Привод DVD","для считывания и записи информации с дисков","462:Тип:External USB DVD-ROM:External USB DVD-ROM","ОИ","137-2 (не превышает тысячекратного МРП)","0","02.2018","471010000, Мангистауская область, Актау Г.А., г.Актау, \"Мангистауская область, г. Актау, промзона, ТОО \"\"МАЭК-Казатомпром\"\", здание 201\"","471010000, Мангистауская область, Актау Г.А., г.Актау, \"Мангистауская область, г. Актау, промзона, ТОО \"\"МАЭК-Казатомпром\"\"\"","DDP","С даты подписания договора в течение 30 календарных дней","Предоплата - 0% , Промежуточный платеж - 0% , Окончательный платеж - 100% ","Штука",{"v":2,"d":"2.000"},{"v":17857.15,"d":"17,857.150"},{"v":35714.3,"d":"35,714.300"},{"v":40000.02,"d":"40,000.020"},"-","Товарищество с ограниченной ответственностью \"Мангистауский атомный энергетический комбинат-Казатомпром\""]
[null,"-","240 Т","262021.300.000016","Диск жесткий","интерфейс SATA 3 Гбит/с, емкость более 500 Гб, но не более 3 Тб, размер 3,5\"","462:Тип:внешний:внешний","ОИ","137-2 (не превышает тысячекратного МРП)","0","03.2018","471010000, Мангистауская область, Актау Г.А., г.Актау, \"Мангистауская область, г. Актау, промзона, ТОО \"\"МАЭК-Казатомпром\"\", здание 201\"","471010000, Мангистауская область, Актау Г.А., г.Актау, \"Мангистауская область, г. Актау, промзона, ТОО \"\"МАЭК-Казатомпром\"\"\"","DDP","С даты подписания договора в течение 30 календарных дней","Предоплата - 0% , Промежуточный платеж - 0% , Окончательный платеж - 100% ","Штука",{"v":20,"d":"20.000"},{"v":22321.43,"d":"22,321.430"},{"v":446428.6,"d":"446,428.600"},{"v":500000.03,"d":"500,000.030"},"-","Товарищество с ограниченной ответственностью \"Мангистауский атомный энергетический комбинат-Казатомпром\""]
[null,"-","241 Т","262021.300.000033","Диск жесткий внешний","интерфейс USB 3.0, емкость более 500 Гб, но не более 2 Тб, размер 2,5''","-","ОИ","137-2 (не превышает тысячекратного МРП)","0","03.2018","471010000, Мангистауская область, Актау Г.А., г.Актау, \"Мангистауская область, г. Актау, промзона, ТОО \"\"МАЭК-Казатомпром\"\", здание 201\"","471010000, Мангистауская область, Актау Г.А., г.Актау, \"Мангистауская область, г. Актау, промзона, ТОО \"\"МАЭК-Казатомпром\"\"\"","DDP","С даты подписания договора в течение 30 календарных дней","Предоплата - 0% , Промежуточный платеж - 0% , Окончательный платеж - 100% ","Штука",{"v":2,"d":"2.000"},{"v":22321.43,"d":"22,321.430"},{"v":44642.86,"d":"44,642.860"},{"v":50000,"d":"50,000.000"},"-","Товарищество с ограниченной ответственностью \"Мангистауский атомный энергетический комбинат-Казатомпром\""]
[null,"-","242 Т","261130.200.000004","Оперативная память","вид памяти DDR2, емкость более 2 Гб, но не более 8 Гб","-","ОИ","137-2 (не превышает тысячекратного МРП)","0","03.2018","471010000, Мангистауская область, Актау Г.А., г.Актау, \"Мангистауская область, г. Актау, промзона, ТОО \"\"МАЭК-Казатомпром\"\", здание 201\"","471010000, Мангистауская область, Актау Г.А., г.Актау, \"Мангистауская область, г. Актау, промзона, ТОО \"\"МАЭК-Казатомпром\"\"\"","DDP","С даты подписания договора в течение 30 календарных дней","Предоплата - 0% , Промежуточный платеж - 0% , Окончательный платеж - 100% ","Штука",{"v":10,"d":"10.000"},{"v":10714.29,"d":"10,714.290"},{"v":107142.9,"d":"107,142.900"},{"v":120000.05,"d":"120,000.050"},"-","Товарищество с ограниченной ответственностью \"Мангистауский атомный энергетический комбинат-Казатомпром\""]
[null,"-","243 Т","261130.200.000002","Оперативная память","вид памяти DDR3, емкость более 2 Гб, но не более 8 Гб","-","ОИ","137-2 (не превышает тысячекратного МРП)","0","03.2018","471010000, Мангистауская область, Актау Г.А., г.Актау, \"Мангистауская область, г. Актау, промзона, ТОО \"\"МАЭК-Казатомпром\"\", здание 201\"","471010000, Мангистауская область, Актау Г.А., г.Актау, \"Мангистауская область, г. Актау, промзона, ТОО \"\"МАЭК-Казатомпром\"\"\"","DDP","С даты подписания договора в течение 30 календарных дней","Предоплата - 0% , Промежуточный платеж - 0% , Окончательный платеж - 100% ","Штука",{"v":10,"d":"10.000"},{"v":12846.43,"d":"12,846.430"},{"v":128464.3,"d":"128,464.300"},{"v":143880.02,"d":"143,880.020"},"-","Товарищество с ограниченной ответственностью \"Мангистауский атомный энергетический комбинат-Казатомпром\""]
[null,"-","244 Т","262040.000.000246","Плата материнская","форм-фактор Micro ATX LPT, COM, USB","-","ОИ","137-2 (не превышает тысячекратного МРП)","0","03.2018","471010000, Мангистауская область, Актау Г.А., г.Актау, \"Мангистауская область, г. Актау, промзона, ТОО \"\"МАЭК-Казатомпром\"\", здание 201\"","471010000, Мангистауская область, Актау Г.А., г.Актау, \"Мангистауская область, г. Актау, промзона, ТОО \"\"МАЭК-Казатомпром\"\"\"","DDP","С даты подписания договора в течение 30 календарных дней","Предоплата - 0% , Промежуточный платеж - 0% , Окончательный платеж - 100% ","Штука",{"v":5,"d":"5.000"},{"v":35357.14,"d":"35,357.140"},{"v":176785.7,"d":"176,785.700"},{"v":197999.98,"d":"197,999.980"},"-","Товарищество с ограниченной ответственностью \"Мангистауский атомный энергетический комбинат-Казатомпром\""]
[null,"-","245 Т","261130.700.000000","Процессор","для компьютера","235:Наименование:Socket LGA 1150, многоядерный:Socket LGA 1150, многоядерный","ОИ","137-2 (не превышает тысячекратного МРП)","0","03.2018","471010000, Мангистауская область, Актау Г.А., г.Актау, \"Мангистауская область, г. Актау, промзона, ТОО \"\"МАЭК-Казатомпром\"\", здание 201\"","471010000, Мангистауская область, Актау Г.А., г.Актау, \"Мангистауская область, г. Актау, промзона, ТОО \"\"МАЭК-Казатомпром\"\"\"","DDP","С даты подписания договора в течение 30 календарных дней","Предоплата - 0% , Промежуточный платеж - 0% , Окончательный платеж - 100% ","Штука",{"v":8,"d":"8.000"},{"v":49107.15,"d":"49,107.150"},{"v":392857.2,"d":"392,857.200"},{"v":440000.06,"d":"440,000.060"},"-","Товарищество с ограниченной ответственностью \"Мангистауский атомный энергетический комбинат-Казатомпром\""]
[null,"-","246 Т","262040.000.000158","Кулер","для центрального процессора","462:Тип:S775:S775","ОИ","137-2 (не превышает тысячекратного МРП)","0","03.2018","471010000, Мангистауская область, Актау Г.А., г.Актау, \"Мангистауская область, г. Актау, промзона, ТОО \"\"МАЭК-Казатомпром\"\", здание 201\"","471010000, Мангистауская область, Актау Г.А., г.Актау, \"Мангистауская область, г. Актау, промзона, ТОО \"\"МАЭК-Казатомпром\"\"\"","DDP","С даты подписания договора в течение 30 календарных дней","Предоплата - 0% , Промежуточный платеж - 0% , Окончательный платеж - 100% ","Штука",{"v":8,"d":"8.000"},{"v":3125,"d":"3,125.000"},{"v":25000,"d":"25,000.000"},{"v":28000,"d":"28,000.000"},"-","Товарищество с ограниченной ответственностью \"Мангистауский атомный энергетический комбинат-Казатомпром\""]
[null,"-","247 Т","262040.000.000158","Кулер","для центрального процессора","462:Тип:S1150:S1150","ОИ","137-2 (не превышает тысячекратного МРП)","0","03.2018","471010000, Мангистауская область, Актау Г.А., г.Актау, \"Мангистауская область, г. Актау, промзона, ТОО \"\"МАЭК-Казатомпром\"\", здание 201\"","471010000, Мангистауская область, Актау Г.А., г.Актау, \"Мангистауская область, г. Актау, промзона, ТОО \"\"МАЭК-Казатомпром\"\"\"","DDP","С даты подписания договора в течение 30 календарных дней","Предоплата - 0% , Промежуточный платеж - 0% , Окончательный платеж - 100% ","Штука",{"v":8,"d":"8.000"},{"v":3571.43,"d":"3,571.430"},{"v":28571.44,"d":"28,571.440"},{"v":32000.01,"d":"32,000.010"},"-","Товарищество с ограниченной ответственностью \"Мангистауский атомный энергетический комбинат-Казатомпром\""]
[null,"-","248 Т","259413.900.000035","Набор инструментов","для обслуживания компьютерных сетей","-","ОИ","137-2 (не превышает тысячекратного МРП)","0","03.2018","471010000, Мангистауская область, Актау Г.А., г.Актау, \"Мангистауская область, г. Актау, промзона, ТОО \"\"МАЭК-Казатомпром\"\", здание 201\"","471010000, Мангистауская область, Актау Г.А., г.Актау, \"Мангистауская область, г. Актау, промзона, ТОО \"\"МАЭК-Казатомпром\"\"\"","DDP","С даты подписания договора в течение 30 календарных дней","Предоплата - 0% , Промежуточный платеж - 0% , Окончательный платеж - 100% ","Штука",{"v":1,"d":"1.000"},{"v":22321.43,"d":"22,321.430"},{"v":22321.43,"d":"22,321.430"},{"v":25000,"d":"25,000.000"},"-","Товарищество с ограниченной ответственностью \"Мангистауский атомный энергетический комбинат-Казатомпром\""]
[null,"-","249 Т","263023.900.000043","Модем","для коммутируемого соединения","462:Тип:dial-up modem pci  56К,112К:dial-up modem pci  56К,112К","ОИ","137-2 (не превышает тысячекратного МРП)","0","03.2018","471010000, Мангистауская область, Актау Г.А., г.Актау, \"Мангистауская область, г. Актау, промзона, ТОО \"\"МАЭК-Казатомпром\"\", здание 201\"","471010000, Мангистауская область, Актау Г.А., г.Актау, \"Мангистауская область, г. Актау, промзона, ТОО \"\"МАЭК-Казатомпром\"\"\"","DDP","С даты подписания договора в течение 30 календарных дней","Предоплата - 0% , Промежуточный платеж - 0% , Окончательный платеж - 100% ","Штука",{"v":8,"d":"8.000"},{"v":11607.15,"d":"11,607.150"},{"v":92857.2,"d":"92,857.200"},{"v":104000.06,"d":"104,000.060"},"-","Товарищество с ограниченной ответственностью \"Мангистауский атомный энергетический комбинат-Казатомпром\""]
[null,"-","250 Т","262040.000.000232","Источник бесперебойного питания","интерактивный","462:Тип:Источник бесперебойного питания APC > 1000 W:Источник бесперебойного питания APC > 1000 W","ОИ","137-2 (не превышает тысячекратного МРП)","0","03.2018","471010000, Мангистауская область, Актау Г.А., г.Актау, \"Мангистауская область, г. Актау, промзона, ТОО \"\"МАЭК-Казатомпром\"\", здание 201\"","471010000, Мангистауская область, Актау Г.А., г.Актау, \"Мангистауская область, г. Актау, промзона, ТОО \"\"МАЭК-Казатомпром\"\"\"","DDP","С даты подписания договора в течение 30 календарных дней","Предоплата - 0% , Промежуточный платеж - 0% , Окончательный платеж - 100% ","Штука",{"v":2,"d":"2.000"},{"v":62500,"d":"62,500.000"},{"v":125000,"d":"125,000.000"},{"v":140000,"d":"140,000.000"},"-","Товарищество с ограниченной ответственностью \"Мангистауский атомный энергетический комбинат-Казатомпром\""]
[null,"-","251 Т","261130.200.000006","Оперативная память","вид памяти DDR4, емкость более 2 Гб, но не более 8 Гб","-","ОИ","137-2 (не превышает тысячекратного МРП)","0","03.2018","471010000, Мангистауская область, Актау Г.А., г.Актау, \"Мангистауская область, г. Актау, промзона, ТОО \"\"МАЭК-Казатомпром\"\", здание 201\"","471010000, Мангистауская область, Актау Г.А., г.Актау, \"Мангистауская область, г. Актау, промзона, ТОО \"\"МАЭК-Казатомпром\"\"\"","DDP","С даты подписания договора в течение 30 календарных дней","Предоплата - 0% , Промежуточный платеж - 0% , Окончательный платеж - 100% ","Штука",{"v":6,"d":"6.000"},{"v":13392.86,"d":"13,392.860"},{"v":80357.16,"d":"80,357.160"},{"v":90000.02,"d":"90,000.020"},"-","Товарищество с ограниченной ответственностью \"Мангистауский атомный энергетический комбинат-Казатомпром\""]
[null,"-","252 Т","263023.900.000042","Модем","для выделенной линии","462:Тип:DSL modem :DSL modem ","ОИ","137-2 (не превышает тысячекратного МРП)","0","03.2018","471010000, Мангистауская область, Актау Г.А., г.Актау, \"Мангистауская область, г. Актау, промзона, ТОО \"\"МАЭК-Казатомпром\"\", здание 201\"","471010000, Мангистауская область, Актау Г.А., г.Актау, \"Мангистауская область, г. Актау, промзона, ТОО \"\"МАЭК-Казатомпром\"\"\"","DDP","С даты подписания договора в течение 30 календарных дней","Предоплата - 0% , Промежуточный платеж - 0% , Окончательный платеж - 100% ","Штука",{"v":5,"d":"5.000"},{"v":98214.29,"d":"98,214.290"},{"v":491071.45,"d":"491,071.450"},{"v":550000.02,"d":"550,000.020"},"-","Товарищество с ограниченной ответственностью \"Мангистауский атомный энергетический комбинат-Казатомпром\""]
[null,"-","253 Т","272011.990.000002","Элемент питания","напряжение 3-12 В","462:Тип:С2032 3v:С2032 3v","ОИ","137-2 (не превышает тысячекратного МРП)","0","02.2018","471010000, Мангистауская область, Актау Г.А., г.Актау, \"Мангистауская область, г. Актау, промзона, ТОО \"\"МАЭК-Казатомпром\"\", здание 201\"","471010000, Мангистауская область, Актау Г.А., г.Актау, \"Мангистауская область, г. Актау, промзона, ТОО \"\"МАЭК-Казатомпром\"\"\"","DDP","С даты подписания договора в течение 30 календарных дней","Предоплата - 0% , Промежуточный платеж - 0% , Окончательный платеж - 100% ","Штука",{"v":100,"d":"100.000"},{"v":312.5,"d":"312.500"},{"v":31250,"d":"31,250.000"},{"v":35000,"d":"35,000.000"},"-","Товарищество с ограниченной ответственностью \"Мангистауский атомный энергетический комбинат-Казатомпром\""]
[null,"-","254 Т","262016.300.000007","Вал магнитный","для принтера","462:Тип:Магнитный вал MBR для HP LJ 1005/P1006/P1505/P1102/P1560/P1606/Canon LBP-3010/3100/6000/MF4410/4420/4430/F4450 (CB435A/436A/285A/278A/388A/Canon 712/725/728):Магнитный вал MBR для HP LJ 1005/P1006/P1505/P1102/P1560/P1606/Canon LBP-3010/3100/6000/MF4410/4420/4430/F4450 (CB435A/436A/285A/278A/388A/Canon 712/725/728)","ОИ","137-2 (не превышает тысячекратного МРП)","0","02.2018","471010000, Мангистауская область, Актау Г.А., г.Актау, \"Мангистауская область, г. Актау, промзона, ТОО \"\"МАЭК-Казатомпром\"\", здание 201\"","471010000, Мангистауская область, Актау Г.А., г.Актау, \"Мангистауская область, г. Актау, промзона, ТОО \"\"МАЭК-Казатомпром\"\"\"","DDP","С даты подписания договора в течение 30 календарных дней","Предоплата - 0% , Промежуточный платеж - 0% , Окончательный платеж - 100% ","Штука",{"v":100,"d":"100.000"},{"v":357.15,"d":"357.150"},{"v":35715,"d":"35,715.000"},{"v":40000.8,"d":"40,000.800"},"-","Товарищество с ограниченной ответственностью \"Мангистауский атомный энергетический комбинат-Казатомпром\""]
[null,"-","255 Т","262016.300.000007","Вал магнитный","для принтера","462:Тип:Магнитный вал MBR для HP LJ 1010/1018/1020/1022/ 3020/3030/3050/3052/3055/Canon MF-4018/4120/4140/4150/ 4270/4320/4330/4340/ 4350/4370/LBP-290 (Q2612/FX10/303/703):Магнитный вал MBR для HP LJ 1010/1018/1020/1022/ 3020/3030/3050/3052/3055/Canon MF-4018/4120/4140/4150/ 4270/4320/4330/4340/ 4350/4370/LBP-290 (Q2612/FX10/303/703)","ОИ","137-2 (не превышает тысячекратного МРП)","0","02.2018","471010000, Мангистауская область, Актау Г.А., г.Актау, \"Мангистауская область, г. Актау, промзона, ТОО \"\"МАЭК-Казатомпром\"\", здание 201\"","471010000, Мангистауская область, Актау Г.А., г.Актау, \"Мангистауская область, г. Актау, промзона, ТОО \"\"МАЭК-Казатомпром\"\"\"","DDP","С даты подписания договора в течение 30 календарных дней","Предоплата - 0% , Промежуточный платеж - 0% , Окончательный платеж - 100% ","Штука",{"v":100,"d":"100.000"},{"v":357.15,"d":"357.150"},{"v":35715,"d":"35,715.000"},{"v":40000.8,"d":"40,000.800"},"-","Товарищество с ограниченной ответственностью \"Мангистауский атомный энергетический комбинат-Казатомпром\""]
[null,"-","256 Т","262016.300.000007","Вал магнитный","для принтера","462:Тип:Магнитный вал MBR для HP LJ 1160/1320/3390/3392/M2727/P2014/P2015/P2035/P2055/Pro-M401/M425/Canon LBP-3300/3360/6300/6650/5840/5880 (Q5949/7553/CE505/280):Магнитный вал MBR для HP LJ 1160/1320/3390/3392/M2727/P2014/P2015/P2035/P2055/Pro-M401/M425/Canon LBP-3300/3360/6300/6650/5840/5880 (Q5949/7553/CE505/280)","ОИ","137-2 (не превышает тысячекратного МРП)","0","02.2018","471010000, Мангистауская область, Актау Г.А., г.Актау, \"Мангистауская область, г. Актау, промзона, ТОО \"\"МАЭК-Казатомпром\"\", здание 201\"","471010000, Мангистауская область, Актау Г.А., г.Актау, \"Мангистауская область, г. Актау, промзона, ТОО \"\"МАЭК-Казатомпром\"\"\"","DDP","С даты подписания договора в течение 30 календарных дней","Предоплата - 0% , Промежуточный платеж - 0% , Окончательный платеж - 100% ","Штука",{"v":100,"d":"100.000"},{"v":535.72,"d":"535.720"},{"v":53572,"d":"53,572.000"},{"v":60000.64,"d":"60,000.640"},"-","Товарищество с ограниченной ответственностью \"Мангистауский атомный энергетический комбинат-Казатомпром\""]
[null,"-","257 Т","262016.300.000007","Вал магнитный","для принтера","462:Тип:Магнитный вал MBR для HP LJ 5200/5025/5035 (Q7516A/7570):Магнитный вал MBR для HP LJ 5200/5025/5035 (Q7516A/7570)","ОИ","137-2 (не превышает тысячекратного МРП)","0","02.2018","471010000, Мангистауская область, Актау Г.А., г.Актау, \"Мангистауская область, г. Актау, промзона, ТОО \"\"МАЭК-Казатомпром\"\", здание 201\"","471010000, Мангистауская область, Актау Г.А., г.Актау, \"Мангистауская область, г. Актау, промзона, ТОО \"\"МАЭК-Казатомпром\"\"\"","DDP","С даты подписания договора в течение 30 календарных дней","Предоплата - 0% , Промежуточный платеж - 0% , Окончательный платеж - 100% ","Штука",{"v":2,"d":"2.000"},{"v":2946.43,"d":"2,946.430"},{"v":5892.86,"d":"5,892.860"},{"v":6600,"d":"6,600.000"},"-","Товарищество с ограниченной ответственностью \"Мангистауский атомный энергетический комбинат-Казатомпром\""]
[null,"-","258 Т","262016.300.000007","Вал магнитный","для принтера","462:Тип:Магнитный вал MBR для HP LJ 5L/6L/1100/1000/1150/1200/1300/Canon LBP-800/810/1120/MF-3110/3200/3220/3228 (EP-22/EP-27/С4092/7115A/X):Магнитный вал MBR для HP LJ 5L/6L/1100/1000/1150/1200/1300/Canon LBP-800/810/1120/MF-3110/3200/3220/3228 (EP-22/EP-27/С4092/7115A/X)","ОИ","137-2 (не превышает тысячекратного МРП)","0","02.2018","471010000, Мангистауская область, Актау Г.А., г.Актау, \"Мангистауская область, г. Актау, промзона, ТОО \"\"МАЭК-Казатомпром\"\", здание 201\"","471010000, Мангистауская область, Актау Г.А., г.Актау, \"Мангистауская область, г. Актау, промзона, ТОО \"\"МАЭК-Казатомпром\"\"\"","DDP","С даты подписания договора в течение 30 календарных дней","Предоплата - 0% , Промежуточный платеж - 0% , Окончательный платеж - 100% ","Штука",{"v":100,"d":"100.000"},{"v":401.79,"d":"401.790"},{"v":40179,"d":"40,179.000"},{"v":45000.48,"d":"45,000.480"},"-","Товарищество с ограниченной ответственностью \"Мангистауский атомный энергетический комбинат-Казатомпром\""]
[null,"-","259 Т","262040.000.000084","Фотобарабан","селеновый вал","462:Тип:Селеновый вал HP LJ 1000/1150/1200/1300/Canon MF-3110/3200/3220/3228:Селеновый вал HP LJ 1000/1150/1200/1300/Canon MF-3110/3200/3220/3228","ОИ","137-2 (не превышает тысячекратного МРП)","0","02.2018","471010000, Мангистауская область, Актау Г.А., г.Актау, \"Мангистауская область, г. Актау, промзона, ТОО \"\"МАЭК-Казатомпром\"\", здание 201\"","471010000, Мангистауская область, Актау Г.А., г.Актау, \"Мангистауская область, г. Актау, промзона, ТОО \"\"МАЭК-Казатомпром\"\"\"","DDP","С даты подписания договора в течение 30 календарных дней","Предоплата - 0% , Промежуточный платеж - 0% , Окончательный платеж - 100% ","Штука",{"v":100,"d":"100.000"},{"v":580.36,"d":"580.360"},{"v":58036,"d":"58,036.000"},{"v":65000.32,"d":"65,000.320"},"-","Товарищество с ограниченной ответственностью \"Мангистауский атомный энергетический комбинат-Казатомпром\""]
[null,"-","260 Т","262040.000.000084","Фотобарабан","селеновый вал","462:Тип:Селеновый вал HP LJ 1005/P1006/P1505/P1102/P1560/P1606/Canon LBP-3010 :Селеновый вал HP LJ 1005/P1006/P1505/P1102/P1560/P1606/Canon LBP-3010 ","ОИ","137-2 (не превышает тысячекратного МРП)","0","02.2018","471010000, Мангистауская область, Актау Г.А., г.Актау, \"Мангистауская область, г. Актау, промзона, ТОО \"\"МАЭК-Казатомпром\"\", здание 201\"","471010000, Мангистауская область, Актау Г.А., г.Актау, \"Мангистауская область, г. Актау, промзона, ТОО \"\"МАЭК-Казатомпром\"\"\"","DDP","С даты подписания договора в течение 30 календарных дней","Предоплата - 0% , Промежуточный платеж - 0% , Окончательный платеж - 100% ","Штука",{"v":100,"d":"100.000"},{"v":580.36,"d":"580.360"},{"v":58036,"d":"58,036.000"},{"v":65000.32,"d":"65,000.320"},"-","Товарищество с ограниченной ответственностью \"Мангистауский атомный энергетический комбинат-Казатомпром\""]
[null,"-","261 Т","262040.000.000084","Фотобарабан","селеновый вал","462:Тип:Селеновый вал HP LJ 1010/1012/1015/1018/1020/1022/3020/3030/3050/3052/3055/Canon MF-4018/4120/4140/4150/4270/4320/4330/4340/4350/4370/LBP-2900/3000 :Селеновый вал HP LJ 1010/1012/1015/1018/1020/1022/3020/3030/3050/3052/3055/Canon MF-4018/4120/4140/4150/4270/4320/4330/4340/4350/4370/LBP-2900/3000 ","ОИ","137-2 (не превышает тысячекратного МРП)","0","02.2018","471010000, Мангистауская область, Актау Г.А., г.Актау, \"Мангистауская область, г. Актау, промзона, ТОО \"\"МАЭК-Казатомпром\"\", здание 201\"","471010000, Мангистауская область, Актау Г.А., г.Актау, \"Мангистауская область, г. Актау, промзона, ТОО \"\"МАЭК-Казатомпром\"\"\"","DDP","С даты подписания договора в течение 30 календарных дней","Предоплата - 0% , Промежуточный платеж - 0% , Окончательный платеж - 100% ","Штука",{"v":100,"d":"100.000"},{"v":580.36,"d":"580.360"},{"v":58036,"d":"58,036.000"},{"v":65000.32,"d":"65,000.320"},"-","Товарищество с ограниченной ответственностью \"Мангистауский атомный энергетический комбинат-Казатомпром\""]
[null,"-","262 Т","262040.000.000084","Фотобарабан","селеновый вал","462:Тип:Селеновый вал HP LJ 2035/2055/Pro-M401/M425 (CE505/CF280) OPC:Селеновый вал HP LJ 2035/2055/Pro-M401/M425 (CE505/CF280) OPC","ОИ","137-2 (не превышает тысячекратного МРП)","0","02.2018","471010000, Мангистауская область, Актау Г.А., г.Актау, \"Мангистауская область, г. Актау, промзона, ТОО \"\"МАЭК-Казатомпром\"\", здание 201\"","471010000, Мангистауская область, Актау Г.А., г.Актау, \"Мангистауская область, г. Актау, промзона, ТОО \"\"МАЭК-Казатомпром\"\"\"","DDP","С даты подписания договора в течение 30 календарных дней","Предоплата - 0% , Промежуточный платеж - 0% , Окончательный платеж - 100% ","Штука",{"v":50,"d":"50.000"},{"v":580.36,"d":"580.360"},{"v":29018,"d":"29,018.000"},{"v":32500.16,"d":"32,500.160"},"-","Товарищество с ограниченной ответственностью \"Мангистауский атомный энергетический комбинат-Казатомпром\""]
[null,"-","263 Т","262040.000.000084","Фотобарабан","селеновый вал","462:Тип:Селеновый вал HP LJ 5200/5025/5035/M700/M712/M725 :Селеновый вал HP LJ 5200/5025/5035/M700/M712/M725 ","ОИ","137-2 (не превышает тысячекратного МРП)","0","02.2018","471010000, Мангистауская область, Актау Г.А., г.Актау, \"Мангистауская область, г. Актау, промзона, ТОО \"\"МАЭК-Казатомпром\"\", здание 201\"","471010000, Мангистауская область, Актау Г.А., г.Актау, \"Мангистауская область, г. Актау, промзона, ТОО \"\"МАЭК-Казатомпром\"\"\"","DDP","С даты подписания договора в течение 30 календарных дней","Предоплата - 0% , Промежуточный платеж - 0% , Окончательный платеж - 100% ","Штука",{"v":50,"d":"50.000"},{"v":1785.72,"d":"1,785.720"},{"v":89286,"d":"89,286.000"},{"v":100000.32,"d":"100,000.320"},"-","Товарищество с ограниченной ответственностью \"Мангистауский атомный энергетический комбинат-Казатомпром\""]
[null,"-","264 Т","262040.000.000084","Фотобарабан","селеновый вал","462:Тип:Селеновый вал HP LJ 5L/6L/1100/Canon LBP-800/810/1120 :Селеновый вал HP LJ 5L/6L/1100/Canon LBP-800/810/1120 ","ОИ","137-2 (не превышает тысячекратного МРП)","0","02.2018","471010000, Мангистауская область, Актау Г.А., г.Актау, \"Мангистауская область, г. Актау, промзона, ТОО \"\"МАЭК-Казатомпром\"\", здание 201\"","471010000, Мангистауская область, Актау Г.А., г.Актау, \"Мангистауская область, г. Актау, промзона, ТОО \"\"МАЭК-Казатомпром\"\"\"","DDP","С даты подписания договора в течение 30 календарных дней","Предоплата - 0% , Промежуточный платеж - 0% , Окончательный платеж - 100% ","Штука",{"v":50,"d":"50.000"},{"v":580.36,"d":"580.360"},{"v":29018,"d":"29,018.000"},{"v":32500.16,"d":"32,500.160"},"-","Товарищество с ограниченной ответственностью \"Мангистауский атомный энергетический комбинат-Казатомпром\""]
[null,"-","265 Т","262040.000.000084","Фотобарабан","селеновый вал","462:Тип:Селеновый вал HP LJ 9000:Селеновый вал HP LJ 9000","ОИ","137-2 (не превышает тысячекратного МРП)","0","02.2018","471010000, Мангистауская область, Актау Г.А., г.Актау, \"Мангистауская область, г. Актау, промзона, ТОО \"\"МАЭК-Казатомпром\"\", здание 201\"","471010000, Мангистауская область, Актау Г.А., г.Актау, \"Мангистауская область, г. Актау, промзона, ТОО \"\"МАЭК-Казатомпром\"\"\"","DDP","С даты подписания договора в течение 30 календарных дней","Предоплата - 0% , Промежуточный платеж - 0% , Окончательный платеж - 100% ","Штука",{"v":2,"d":"2.000"},{"v":2232.15,"d":"2,232.150"},{"v":4464.3,"d":"4,464.300"},{"v":5000.02,"d":"5,000.020"},"-","Товарищество с ограниченной ответственностью \"Мангистауский атомный энергетический комбинат-Казатомпром\""]
[null,"-","266 Т","262040.000.000084","Фотобарабан","селеновый вал","462:Тип:Селеновый вал HP LJ P3015 (255А/255Х) :Селеновый вал HP LJ P3015 (255А/255Х) ","ОИ","137-2 (не превышает тысячекратного МРП)","0","02.2018","471010000, Мангистауская область, Актау Г.А., г.Актау, \"Мангистауская область, г. Актау, промзона, ТОО \"\"МАЭК-Казатомпром\"\", здание 201\"","471010000, Мангистауская область, Актау Г.А., г.Актау, \"Мангистауская область, г. Актау, промзона, ТОО \"\"МАЭК-Казатомпром\"\"\"","DDP","С даты подписания договора в течение 30 календарных дней","Предоплата - 0% , Промежуточный платеж - 0% , Окончательный платеж - 100% ","Штука",{"v":2,"d":"2.000"},{"v":1339.29,"d":"1,339.290"},{"v":2678.58,"d":"2,678.580"},{"v":3000.01,"d":"3,000.010"},"-","Товарищество с ограниченной ответственностью \"Мангистауский атомный энергетический комбинат-Казатомпром\""]
[null,"-","267 Т","222130.200.000000","Ракель","для печатных машин, полимерный","462:Тип:Ракель для HP LJ 1005/P1006/P1505/P1102/P1560/P1606/Canon LBP-3010/3100/6000/4410:Ракель для HP LJ 1005/P1006/P1505/P1102/P1560/P1606/Canon LBP-3010/3100/6000/4410","ОИ","137-2 (не превышает тысячекратного МРП)","0","02.2018","471010000, Мангистауская область, Актау Г.А., г.Актау, \"Мангистауская область, г. Актау, промзона, ТОО \"\"МАЭК-Казатомпром\"\", здание 201\"","471010000, Мангистауская область, Актау Г.А., г.Актау, \"Мангистауская область, г. Актау, промзона, ТОО \"\"МАЭК-Казатомпром\"\"\"","DDP","С даты подписания договора в течение 30 календарных дней","Предоплата - 0% , Промежуточный платеж - 0% , Окончательный платеж - 100% ","Штука",{"v":50,"d":"50.000"},{"v":446.43,"d":"446.430"},{"v":22321.5,"d":"22,321.500"},{"v":25000.08,"d":"25,000.080"},"-","Товарищество с ограниченной ответственностью \"Мангистауский атомный энергетический комбинат-Казатомпром\""]
[null,"-","268 Т","222130.200.000000","Ракель","для печатных машин, полимерный","462:Тип:Ракель для HP LJ 2015 OEM:Ракель для HP LJ 2015 OEM","ОИ","137-2 (не превышает тысячекратного МРП)","0","02.2018","471010000, Мангистауская область, Актау Г.А., г.Актау, \"Мангистауская область, г. Актау, промзона, ТОО \"\"МАЭК-Казатомпром\"\", здание 201\"","471010000, Мангистауская область, Актау Г.А., г.Актау, \"Мангистауская область, г. Актау, промзона, ТОО \"\"МАЭК-Казатомпром\"\"\"","DDP","С даты подписания договора в течение 30 календарных дней","Предоплата - 0% , Промежуточный платеж - 0% , Окончательный платеж - 100% ","Штука",{"v":2,"d":"2.000"},{"v":446.43,"d":"446.430"},{"v":892.86,"d":"892.860"},{"v":1000,"d":"1,000.000"},"-","Товарищество с ограниченной ответственностью \"Мангистауский атомный энергетический комбинат-Казатомпром\""]
[null,"-","269 Т","222130.200.000000","Ракель","для печатных машин, полимерный","462:Тип:Ракель для HP LJ 5000/5100/5200/8100/9000:Ракель для HP LJ 5000/5100/5200/8100/9000","ОИ","137-2 (не превышает тысячекратного МРП)","0","02.2018","471010000, Мангистауская область, Актау Г.А., г.Актау, \"Мангистауская область, г. Актау, промзона, ТОО \"\"МАЭК-Казатомпром\"\", здание 201\"","471010000, Мангистауская область, Актау Г.А., г.Актау, \"Мангистауская область, г. Актау, промзона, ТОО \"\"МАЭК-Казатомпром\"\"\"","DDP","С даты подписания договора в течение 30 календарных дней","Предоплата - 0% , Промежуточный платеж - 0% , Окончательный платеж - 100% ","Штука",{"v":2,"d":"2.000"},{"v":580.36,"d":"580.360"},{"v":1160.72,"d":"1,160.720"},{"v":1300.01,"d":"1,300.010"},"-","Товарищество с ограниченной ответственностью \"Мангистауский атомный энергетический комбинат-Казатомпром\""]
[null,"-","270 Т","262040.000.000112","Вал заряда","для принтера","462:Тип:Резиновый вал HP LJ 1005/1006/1007/1008/1505/1522/M1120/Canon LBP-3150/3108/3100/3050/3018/3010/ MF4410/4450/4570/4430/4550/ 4580/D550/520 4583/4554/4553/4453/4452/4420/4412 (RC2-1183):Резиновый вал HP LJ 1005/1006/1007/1008/1505/1522/M1120/Canon LBP-3150/3108/3100/3050/3018/3010/ MF4410/4450/4570/4430/4550/ 4580/D550/520 4583/4554/4553/4453/4452/4420/4412 (RC2-1183)","ОИ","137-2 (не превышает тысячекратного МРП)","0","02.2018","471010000, Мангистауская область, Актау Г.А., г.Актау, \"Мангистауская область, г. Актау, промзона, ТОО \"\"МАЭК-Казатомпром\"\", здание 201\"","471010000, Мангистауская область, Актау Г.А., г.Актау, \"Мангистауская область, г. Актау, промзона, ТОО \"\"МАЭК-Казатомпром\"\"\"","DDP","С даты подписания договора в течение 30 календарных дней","Предоплата - 0% , Промежуточный платеж - 0% , Окончательный платеж - 100% ","Штука",{"v":100,"d":"100.000"},{"v":3125,"d":"3,125.000"},{"v":312500,"d":"312,500.000"},{"v":350000,"d":"350,000.000"},"-","Товарищество с ограниченной ответственностью \"Мангистауский атомный энергетический комбинат-Казатомпром\""]
[null,"-","271 Т","262040.000.000112","Вал заряда","для принтера","462:Тип:Резиновый вал HP LJ 1010/1012/1015/1018/1020/3015/3020/3030/Canon LBP-2900/3000 (RC1-2135/RC1-2136/RM1-0660):Резиновый вал HP LJ 1010/1012/1015/1018/1020/3015/3020/3030/Canon LBP-2900/3000 (RC1-2135/RC1-2136/RM1-0660)","ОИ","137-2 (не превышает тысячекратного МРП)","0","02.2018","471010000, Мангистауская область, Актау Г.А., г.Актау, \"Мангистауская область, г. Актау, промзона, ТОО \"\"МАЭК-Казатомпром\"\", здание 201\"","471010000, Мангистауская область, Актау Г.А., г.Актау, \"Мангистауская область, г. Актау, промзона, ТОО \"\"МАЭК-Казатомпром\"\"\"","DDP","С даты подписания договора в течение 30 календарных дней","Предоплата - 0% , Промежуточный платеж - 0% , Окончательный платеж - 100% ","Штука",{"v":100,"d":"100.000"},{"v":2678.58,"d":"2,678.580"},{"v":267858,"d":"267,858.000"},{"v":300000.96,"d":"300,000.960"},"-","Товарищество с ограниченной ответственностью \"Мангистауский атомный энергетический комбинат-Казатомпром\""]
[null,"-","272 Т","262040.000.000112","Вал заряда","для принтера","462:Тип:Резиновый вал HP LJ 1102/P1132/P1214/P1212/M1536/P1566/P1606/CP1525/Canon MF4410/4430/4450/4550/4570/4580/LBP-6000 (RC2-9208):Резиновый вал HP LJ 1102/P1132/P1214/P1212/M1536/P1566/P1606/CP1525/Canon MF4410/4430/4450/4550/4570/4580/LBP-6000 (RC2-9208)","ОИ","137-2 (не превышает тысячекратного МРП)","0","02.2018","471010000, Мангистауская область, Актау Г.А., г.Актау, \"Мангистауская область, г. Актау, промзона, ТОО \"\"МАЭК-Казатомпром\"\", здание 201\"","471010000, Мангистауская область, Актау Г.А., г.Актау, \"Мангистауская область, г. Актау, промзона, ТОО \"\"МАЭК-Казатомпром\"\"\"","DDP","С даты подписания договора в течение 30 календарных дней","Предоплата - 0% , Промежуточный платеж - 0% , Окончательный платеж - 100% ","Штука",{"v":100,"d":"100.000"},{"v":2857.15,"d":"2,857.150"},{"v":285715,"d":"285,715.000"},{"v":320000.8,"d":"320,000.800"},"-","Товарищество с ограниченной ответственностью \"Мангистауский атомный энергетический комбинат-Казатомпром\""]
[null,"-","273 Т","262040.000.000112","Вал заряда","для принтера","462:Тип:Резиновый вал HP LJ 1200/1220/1000/1150/1300/Canon MF3110/3228/3240 (RF0-1002):Резиновый вал HP LJ 1200/1220/1000/1150/1300/Canon MF3110/3228/3240 (RF0-1002)","ОИ","137-2 (не превышает тысячекратного МРП)","0","02.2018","471010000, Мангистауская область, Актау Г.А., г.Актау, \"Мангистауская область, г. Актау, промзона, ТОО \"\"МАЭК-Казатомпром\"\", здание 201\"","471010000, Мангистауская область, Актау Г.А., г.Актау, \"Мангистауская область, г. Актау, промзона, ТОО \"\"МАЭК-Казатомпром\"\"\"","DDP","С даты подписания договора в течение 30 календарных дней","Предоплата - 0% , Промежуточный платеж - 0% , Окончательный платеж - 100% ","Штука",{"v":60,"d":"60.000"},{"v":2857.15,"d":"2,857.150"},{"v":171429,"d":"171,429.000"},{"v":192000.48,"d":"192,000.480"},"-","Товарищество с ограниченной ответственностью \"Мангистауский атомный энергетический комбинат-Казатомпром\""]
[null,"-","274 Т","262040.000.000112","Вал заряда","для принтера","462:Тип:Резиновый вал HP LJ 1320/1160/3390/P2015/Canon LBP-3300/3360 (RC1-3630):Резиновый вал HP LJ 1320/1160/3390/P2015/Canon LBP-3300/3360 (RC1-3630)","ОИ","137-2 (не превышает тысячекратного МРП)","0","02.2018","471010000, Мангистауская область, Актау Г.А., г.Актау, \"Мангистауская область, г. Актау, промзона, ТОО \"\"МАЭК-Казатомпром\"\", здание 201\"","471010000, Мангистауская область, Актау Г.А., г.Актау, \"Мангистауская область, г. Актау, промзона, ТОО \"\"МАЭК-Казатомпром\"\"\"","DDP","С даты подписания договора в течение 30 календарных дней","Предоплата - 0% , Промежуточный платеж - 0% , Окончательный платеж - 100% ","Штука",{"v":50,"d":"50.000"},{"v":2678.58,"d":"2,678.580"},{"v":133929,"d":"133,929.000"},{"v":150000.48,"d":"150,000.480"},"-","Товарищество с ограниченной ответственностью \"Мангистауский атомный энергетический комбинат-Казатомпром\""]
[null,"-","275 Т","262040.000.000112","Вал заряда","для принтера","462:Тип:Резиновый вал HP LJ 5200/M5025/M5035/Enterprise 700/M712 (PR5200):Резиновый вал HP LJ 5200/M5025/M5035/Enterprise 700/M712 (PR5200)","ОИ","137-2 (не превышает тысячекратного МРП)","0","02.2018","471010000, Мангистауская область, Актау Г.А., г.Актау, \"Мангистауская область, г. Актау, промзона, ТОО \"\"МАЭК-Казатомпром\"\", здание 201\"","471010000, Мангистауская область, Актау Г.А., г.Актау, \"Мангистауская область, г. Актау, промзона, ТОО \"\"МАЭК-Казатомпром\"\"\"","DDP","С даты подписания договора в течение 30 календарных дней","Предоплата - 0% , Промежуточный платеж - 0% , Окончательный платеж - 100% ","Штука",{"v":2,"d":"2.000"},{"v":7589.29,"d":"7,589.290"},{"v":15178.58,"d":"15,178.580"},{"v":17000.01,"d":"17,000.010"},"-","Товарищество с ограниченной ответственностью \"Мангистауский атомный энергетический комбинат-Казатомпром\""]
[null,"-","276 Т","262040.000.000112","Вал заряда","для принтера","462:Тип:Резиновый вал HP LJ PRO M125/M126/M127/M201/M225MFP (PR-M125):Резиновый вал HP LJ PRO M125/M126/M127/M201/M225MFP (PR-M125)","ОИ","137-2 (не превышает тысячекратного МРП)","0","02.2018","471010000, Мангистауская область, Актау Г.А., г.Актау, \"Мангистауская область, г. Актау, промзона, ТОО \"\"МАЭК-Казатомпром\"\", здание 201\"","471010000, Мангистауская область, Актау Г.А., г.Актау, \"Мангистауская область, г. Актау, промзона, ТОО \"\"МАЭК-Казатомпром\"\"\"","DDP","С даты подписания договора в течение 30 календарных дней","Предоплата - 0% , Промежуточный платеж - 0% , Окончательный платеж - 100% ","Штука",{"v":50,"d":"50.000"},{"v":4285.72,"d":"4,285.720"},{"v":214286,"d":"214,286.000"},{"v":240000.32,"d":"240,000.320"},"-","Товарищество с ограниченной ответственностью \"Мангистауский атомный энергетический комбинат-Казатомпром\""]
[null,"-","277 Т","205912.000.000007","Тонер","порошок","462:Тип:Тонер  TONER НР (500грамм)1000/1010/1020/1150/1200/1300/2100/2200/2300/4000/4100/4350/5000/5100:Тонер  TONER НР (500грамм)1000/1010/1020/1150/1200/1300/2100/2200/2300/4000/4100/4350/5000/5100","ОИ","137-2 (не превышает тысячекратного МРП)","0","02.2018","471010000, Мангистауская область, Актау Г.А., г.Актау, \"Мангистауская область, г. Актау, промзона, ТОО \"\"МАЭК-Казатомпром\"\", здание 201\"","471010000, Мангистауская область, Актау Г.А., г.Актау, \"Мангистауская область, г. Актау, промзона, ТОО \"\"МАЭК-Казатомпром\"\"\"","DDP","С даты подписания договора в течение 30 календарных дней","Предоплата - 0% , Промежуточный платеж - 0% , Окончательный платеж - 100% ","Штука",{"v":100,"d":"100.000"},{"v":2321.43,"d":"2,321.430"},{"v":232143,"d":"232,143.000"},{"v":260000.16,"d":"260,000.160"},"-","Товарищество с ограниченной ответственностью \"Мангистауский атомный энергетический комбинат-Казатомпром\""]
[null,"-","278 Т","205912.000.000007","Тонер","порошок","462:Тип:         Тонер SUPER для НР 1005  (1000гр.):         Тонер SUPER для НР 1005  (1000гр.)","ОИ","137-2 (не превышает тысячекратного МРП)","0","02.2018","471010000, Мангистауская область, Актау Г.А., г.Актау, \"Мангистауская область, г. Актау, промзона, ТОО \"\"МАЭК-Казатомпром\"\", здание 201\"","471010000, Мангистауская область, Актау Г.А., г.Актау, \"Мангистауская область, г. Актау, промзона, ТОО \"\"МАЭК-Казатомпром\"\"\"","DDP","С даты подписания договора в течение 30 календарных дней","Предоплата - 0% , Промежуточный платеж - 0% , Окончательный платеж - 100% ","Штука",{"v":50,"d":"50.000"},{"v":3392.86,"d":"3,392.860"},{"v":169643,"d":"169,643.000"},{"v":190000.16,"d":"190,000.160"},"-","Товарищество с ограниченной ответственностью \"Мангистауский атомный энергетический комбинат-Казатомпром\""]
[null,"-","279 Т","205912.000.000007","Тонер","порошок","462:Тип:                Тонер для SAMSUNG/XEROX universal (700гр.):                Тонер для SAMSUNG/XEROX universal (700гр.)","ОИ","137-2 (не превышает тысячекратного МРП)","0","02.2018","471010000, Мангистауская область, Актау Г.А., г.Актау, \"Мангистауская область, г. Актау, промзона, ТОО \"\"МАЭК-Казатомпром\"\", здание 201\"","471010000, Мангистауская область, Актау Г.А., г.Актау, \"Мангистауская область, г. Актау, промзона, ТОО \"\"МАЭК-Казатомпром\"\"\"","DDP","С даты подписания договора в течение 30 календарных дней","Предоплата - 0% , Промежуточный платеж - 0% , Окончательный платеж - 100% ","Штука",{"v":80,"d":"80.000"},{"v":3035.72,"d":"3,035.720"},{"v":242857.6,"d":"242,857.600"},{"v":272000.51,"d":"272,000.510"},"-","Товарищество с ограниченной ответственностью \"Мангистауский атомный энергетический комбинат-Казатомпром\""]
[null,"-","280 Т","205912.000.000007","Тонер","порошок","462:Тип:Тонер  HP UNIVERSAL type (10кг./пакет):Тонер  HP UNIVERSAL type (10кг./пакет)","ОИ","137-2 (не превышает тысячекратного МРП)","0","02.2018","471010000, Мангистауская область, Актау Г.А., г.Актау, \"Мангистауская область, г. Актау, промзона, ТОО \"\"МАЭК-Казатомпром\"\", здание 201\"","471010000, Мангистауская область, Актау Г.А., г.Актау, \"Мангистауская область, г. Актау, промзона, ТОО \"\"МАЭК-Казатомпром\"\"\"","DDP","С даты подписания договора в течение 30 календарных дней","Предоплата - 0% , Промежуточный платеж - 0% , Окончательный платеж - 100% ","Штука",{"v":8,"d":"8.000"},{"v":37500,"d":"37,500.000"},{"v":300000,"d":"300,000.000"},{"v":336000,"d":"336,000.000"},"-","Товарищество с ограниченной ответственностью \"Мангистауский атомный энергетический комбинат-Казатомпром\""]
[null,"-","281 Т","205912.000.000007","Тонер","порошок","462:Тип:   Тонер SUPER для НР универсальный (140гр):   Тонер SUPER для НР универсальный (140гр)","ОИ","137-2 (не превышает тысячекратного МРП)","0","02.2018","471010000, Мангистауская область, Актау Г.А., г.Актау, \"Мангистауская область, г. Актау, промзона, ТОО \"\"МАЭК-Казатомпром\"\", здание 201\"","471010000, Мангистауская область, Актау Г.А., г.Актау, \"Мангистауская область, г. Актау, промзона, ТОО \"\"МАЭК-Казатомпром\"\"\"","DDP","С даты подписания договора в течение 30 календарных дней","Предоплата - 0% , Промежуточный платеж - 0% , Окончательный платеж - 100% ","Штука",{"v":100,"d":"100.000"},{"v":669.65,"d":"669.650"},{"v":66965,"d":"66,965.000"},{"v":75000.8,"d":"75,000.800"},"-","Товарищество с ограниченной ответственностью \"Мангистауский атомный энергетический комбинат-Казатомпром\""]
[null,"-","282 Т","205930.000.000006","Чернила","для струйной печати","462:Тип:Чернила HP четыре цвета 1л. :Чернила HP четыре цвета 1л. ","ОИ","137-2 (не превышает тысячекратного МРП)","0","02.2018","471010000, Мангистауская область, Актау Г.А., г.Актау, \"Мангистауская область, г. Актау, промзона, ТОО \"\"МАЭК-Казатомпром\"\", здание 201\"","471010000, Мангистауская область, Актау Г.А., г.Актау, \"Мангистауская область, г. Актау, промзона, ТОО \"\"МАЭК-Казатомпром\"\"\"","DDP","С даты подписания договора в течение 30 календарных дней","Предоплата - 0% , Промежуточный платеж - 0% , Окончательный платеж - 100% ","Штука",{"v":4,"d":"4.000"},{"v":2678.58,"d":"2,678.580"},{"v":10714.32,"d":"10,714.320"},{"v":12000.04,"d":"12,000.040"},"-","Товарищество с ограниченной ответственностью \"Мангистауский атомный энергетический комбинат-Казатомпром\""]
[null,"-","283 Т","262040.000.000281","Картридж","тонерный, черный","462:Тип:Q2612AF (Q2612AD):Q2612AF (Q2612AD)","ОТП","-","79","02.2018","471010000, Мангистауская область, Актау Г.А., г.Актау, \"Мангистауская область, г. Актау, промзона, ТОО \"\"МАЭК-Казатомпром\"\", здание 201\"","471010000, Мангистауская область, Актау Г.А., г.Актау, \"Мангистауская область, г. Актау, промзона, ТОО \"\"МАЭК-Казатомпром\"\"\"","DDP","С даты подписания договора в течение 30 календарных дней","Предоплата - 0% , Промежуточный платеж - 0% , Окончательный платеж - 100% ","Штука",{"v":79,"d":"79.000"},{"v":7589.29,"d":"7,589.290"},{"v":599553.91,"d":"599,553.910"},{"v":671500.38,"d":"671,500.380"},"ТПХ","Товарищество с ограниченной ответственностью \"Мангистауский атомный энергетический комбинат-Казатомпром\""]
[null,"-","284 Т","262040.000.000281","Картридж","тонерный, черный","462:Тип:CB435AD (CB435AF)/CB436AD (CB436AF):CB435AD (CB435AF)/CB436AD (CB436AF)","ОТП","-","79","02.2018","471010000, Мангистауская область, Актау Г.А., г.Актау, \"Мангистауская область, г. Актау, промзона, ТОО \"\"МАЭК-Казатомпром\"\", здание 201\"","471010000, Мангистауская область, Актау Г.А., г.Актау, \"Мангистауская область, г. Актау, промзона, ТОО \"\"МАЭК-Казатомпром\"\"\"","DDP","С даты подписания договора в течение 30 календарных дней","Предоплата - 0% , Промежуточный платеж - 0% , Окончательный платеж - 100% ","Штука",{"v":97,"d":"97.000"},{"v":8928.58,"d":"8,928.580"},{"v":866072.26,"d":"866,072.260"},{"v":970000.93,"d":"970,000.930"},"ТПХ","Товарищество с ограниченной ответственностью \"Мангистауский атомный энергетический комбинат-Казатомпром\""]
[null,"-","285 Т","262040.000.000281","Картридж","тонерный, черный","462:Тип:ЕР 26/27:ЕР 26/27","ОТП","-","79","02.2018","471010000, Мангистауская область, Актау Г.А., г.Актау, \"Мангистауская область, г. Актау, промзона, ТОО \"\"МАЭК-Казатомпром\"\", здание 201\"","471010000, Мангистауская область, Актау Г.А., г.Актау, \"Мангистауская область, г. Актау, промзона, ТОО \"\"МАЭК-Казатомпром\"\"\"","DDP","С даты подписания договора в течение 30 календарных дней","Предоплата - 0% , Промежуточный платеж - 0% , Окончательный платеж - 100% ","Штука",{"v":81,"d":"81.000"},{"v":5892.86,"d":"5,892.860"},{"v":477321.66,"d":"477,321.660"},{"v":534600.26,"d":"534,600.260"},"ТПХ","Товарищество с ограниченной ответственностью \"Мангистауский атомный энергетический комбинат-Казатомпром\""]
[null,"-","286 Т","262040.000.000281","Картридж","тонерный, черный","462:Тип:CE285AF, CE285AD, CE285D:CE285AF, CE285AD, CE285D","ОТП","-","79","02.2018","471010000, Мангистауская область, Актау Г.А., г.Актау, \"Мангистауская область, г. Актау, промзона, ТОО \"\"МАЭК-Казатомпром\"\", здание 201\"","471010000, Мангистауская область, Актау Г.А., г.Актау, \"Мангистауская область, г. Актау, промзона, ТОО \"\"МАЭК-Казатомпром\"\"\"","DDP","С даты подписания договора в течение 30 календарных дней","Предоплата - 0% , Промежуточный платеж - 0% , Окончательный платеж - 100% ","Штука",{"v":173,"d":"173.000"},{"v":10714.29,"d":"10,714.290"},{"v":1853572.17,"d":"1,853,572.170"},{"v":2076000.83,"d":"2,076,000.830"},"ТПХ","Товарищество с ограниченной ответственностью \"Мангистауский атомный энергетический комбинат-Казатомпром\""]
[null,"-","287 Т","262040.000.000281","Картридж","тонерный, черный","462:Тип:СF283Х:СF283Х","ОТП","-","79","02.2018","471010000, Мангистауская область, Актау Г.А., г.Актау, \"Мангистауская область, г. Актау, промзона, ТОО \"\"МАЭК-Казатомпром\"\", здание 201\"","471010000, Мангистауская область, Актау Г.А., г.Актау, \"Мангистауская область, г. Актау, промзона, ТОО \"\"МАЭК-Казатомпром\"\"\"","DDP","С даты подписания договора в течение 30 календарных дней","Предоплата - 0% , Промежуточный платеж - 0% , Окончательный платеж - 100% ","Штука",{"v":73,"d":"73.000"},{"v":12500,"d":"12,500.000"},{"v":912500,"d":"912,500.000"},{"v":1022000,"d":"1,022,000.000"},"ТПХ","Товарищество с ограниченной ответственностью \"Мангистауский атомный энергетический комбинат-Казатомпром\""]
[null,"-","288 Т","262040.000.000281","Картридж","тонерный, черный","462:Тип:Q5949XD:Q5949XD","ОТП","-","79","02.2018","471010000, Мангистауская область, Актау Г.А., г.Актау, \"Мангистауская область, г. Актау, промзона, ТОО \"\"МАЭК-Казатомпром\"\", здание 201\"","471010000, Мангистауская область, Актау Г.А., г.Актау, \"Мангистауская область, г. Актау, промзона, ТОО \"\"МАЭК-Казатомпром\"\"\"","DDP","С даты подписания договора в течение 30 календарных дней","Предоплата - 0% , Промежуточный платеж - 0% , Окончательный платеж - 100% ","Штука",{"v":55,"d":"55.000"},{"v":12678.57,"d":"12,678.570"},{"v":697321.35,"d":"697,321.350"},{"v":780999.91,"d":"780,999.910"},"ТПХ","Товарищество с ограниченной ответственностью \"Мангистауский атомный энергетический комбинат-Казатомпром\""]
[null,"-","289 Т","262040.000.000281","Картридж","тонерный, черный","462:Тип:C7115X HP 15X:C7115X HP 15X","ОТП","-","79","02.2018","471010000, Мангистауская область, Актау Г.А., г.Актау, \"Мангистауская область, г. Актау, промзона, ТОО \"\"МАЭК-Казатомпром\"\", здание 201\"","471010000, Мангистауская область, Актау Г.А., г.Актау, \"Мангистауская область, г. Актау, промзона, ТОО \"\"МАЭК-Казатомпром\"\"\"","DDP","С даты подписания договора в течение 30 календарных дней","Предоплата - 0% , Промежуточный платеж - 0% , Окончательный платеж - 100% ","Штука",{"v":26,"d":"26.000"},{"v":12500,"d":"12,500.000"},{"v":325000,"d":"325,000.000"},{"v":364000,"d":"364,000.000"},"ТПХ","Товарищество с ограниченной ответственностью \"Мангистауский атомный энергетический комбинат-Казатомпром\""]
[null,"-","290 Т","262040.000.000281","Картридж","тонерный, черный","462:Тип:Q2613X HP 13X:Q2613X HP 13X","ОТП","-","79","02.2018","471010000, Мангистауская область, Актау Г.А., г.Актау, \"Мангистауская область, г. Актау, промзона, ТОО \"\"МАЭК-Казатомпром\"\", здание 201\"","471010000, Мангистауская область, Актау Г.А., г.Актау, \"Мангистауская область, г. Актау, промзона, ТОО \"\"МАЭК-Казатомпром\"\"\"","DDP","С даты подписания договора в течение 30 календарных дней","Предоплата - 0% , Промежуточный платеж - 0% , Окончательный платеж - 100% ","Штука",{"v":31,"d":"31.000"},{"v":14907.68,"d":"14,907.680"},{"v":462138.08,"d":"462,138.080"},{"v":517594.65,"d":"517,594.650"},"ТПХ","Товарищество с ограниченной ответственностью \"Мангистауский атомный энергетический комбинат-Казатомпром\""]
[null,"-","291 Т","262040.000.000281","Картридж","тонерный, черный","462:Тип:C4092A HP 92A:C4092A HP 92A","ОТП","-","79","02.2018","471010000, Мангистауская область, Актау Г.А., г.Актау, \"Мангистауская область, г. Актау, промзона, ТОО \"\"МАЭК-Казатомпром\"\", здание 201\"","471010000, Мангистауская область, Актау Г.А., г.Актау, \"Мангистауская область, г. Актау, промзона, ТОО \"\"МАЭК-Казатомпром\"\"\"","DDP","С даты подписания договора в течение 30 календарных дней","Предоплата - 0% , Промежуточный платеж - 0% , Окончательный платеж - 100% ","Штука",{"v":6,"d":"6.000"},{"v":14107.15,"d":"14,107.150"},{"v":84642.9,"d":"84,642.900"},{"v":94800.05,"d":"94,800.050"},"ТПХ","Товарищество с ограниченной ответственностью \"Мангистауский атомный энергетический комбинат-Казатомпром\""]
[null,"-","292 Т","262040.000.000281","Картридж","тонерный, черный","462:Тип:CE278AF (CE278AD):CE278AF (CE278AD)","ОТП","-","79","02.2018","471010000, Мангистауская область, Актау Г.А., г.Актау, \"Мангистауская область, г. Актау, промзона, ТОО \"\"МАЭК-Казатомпром\"\", здание 201\"","471010000, Мангистауская область, Актау Г.А., г.Актау, \"Мангистауская область, г. Актау, промзона, ТОО \"\"МАЭК-Казатомпром\"\"\"","DDP","С даты подписания договора в течение 30 календарных дней","Предоплата - 0% , Промежуточный платеж - 0% , Окончательный платеж - 100% ","Штука",{"v":18,"d":"18.000"},{"v":18750,"d":"18,750.000"},{"v":337500,"d":"337,500.000"},{"v":378000,"d":"378,000.000"},"ТПХ","Товарищество с ограниченной ответственностью \"Мангистауский атомный энергетический комбинат-Казатомпром\""]
[null,"-","293 Т","262040.000.000282","Картридж","тонерный, цветной","462:Тип:Ricoh SP101:Ricoh SP101","ОТП","-","79","02.2018","471010000, Мангистауская область, Актау Г.А., г.Актау, \"Мангистауская область, г. Актау, промзона, ТОО \"\"МАЭК-Казатомпром\"\", здание 201\"","471010000, Мангистауская область, Актау Г.А., г.Актау, \"Мангистауская область, г. Актау, промзона, ТОО \"\"МАЭК-Казатомпром\"\"\"","DDP","С даты подписания договора в течение 30 календарных дней","Предоплата - 0% , Промежуточный платеж - 0% , Окончательный платеж - 100% ","Штука",{"v":18,"d":"18.000"},{"v":15178.58,"d":"15,178.580"},{"v":273214.44,"d":"273,214.440"},{"v":306000.17,"d":"306,000.170"},"ТПХ","Товарищество с ограниченной ответственностью \"Мангистауский атомный энергетический комбинат-Казатомпром\""]
[null,"-","294 Т","262040.000.000281","Картридж","тонерный, черный","462:Тип:c4129x/:c4129x/","ОТП","-","79","02.2018","471010000, Мангистауская область, Актау Г.А., г.Актау, \"Мангистауская область, г. Актау, промзона, ТОО \"\"МАЭК-Казатомпром\"\", здание 201\"","471010000, Мангистауская область, Актау Г.А., г.Актау, \"Мангистауская область, г. Актау, промзона, ТОО \"\"МАЭК-Казатомпром\"\"\"","DDP","С даты подписания договора в течение 30 календарных дней","Предоплата - 0% , Промежуточный платеж - 0% , Окончательный платеж - 100% ","Штука",{"v":3,"d":"3.000"},{"v":41866.08,"d":"41,866.080"},{"v":125598.24,"d":"125,598.240"},{"v":140670.03,"d":"140,670.030"},"ТПХ","Товарищество с ограниченной ответственностью \"Мангистауский атомный энергетический комбинат-Казатомпром\""]
[null,"-","295 Т","262040.000.000281","Картридж","тонерный, черный","462:Тип:Q7516A HP 16a:Q7516A HP 16a","ОТП","-","79","02.2018","471010000, Мангистауская область, Актау Г.А., г.Актау, \"Мангистауская область, г. Актау, промзона, ТОО \"\"МАЭК-Казатомпром\"\", здание 201\"","471010000, Мангистауская область, Актау Г.А., г.Актау, \"Мангистауская область, г. Актау, промзона, ТОО \"\"МАЭК-Казатомпром\"\"\"","DDP","С даты подписания договора в течение 30 календарных дней","Предоплата - 0% , Промежуточный платеж - 0% , Окончательный платеж - 100% ","Штука",{"v":3,"d":"3.000"},{"v":41866.08,"d":"41,866.080"},{"v":125598.24,"d":"125,598.240"},{"v":140670.03,"d":"140,670.030"},"ТПХ","Товарищество с ограниченной ответственностью \"Мангистауский атомный энергетический комбинат-Казатомпром\""]
[null,"-","296 Т","262040.000.000281","Картридж","тонерный, черный","462:Тип:ML-1430:ML-1430","ОТП","-","79","02.2018","471010000, Мангистауская область, Актау Г.А., г.Актау, \"Мангистауская область, г. Актау, промзона, ТОО \"\"МАЭК-Казатомпром\"\", здание 201\"","471010000, Мангистауская область, Актау Г.А., г.Актау, \"Мангистауская область, г. Актау, промзона, ТОО \"\"МАЭК-Казатомпром\"\"\"","DDP","С даты подписания договора в течение 30 календарных дней","Предоплата - 0% , Промежуточный платеж - 0% , Окончательный платеж - 100% ","Штука",{"v":1,"d":"1.000"},{"v":10714.29,"d":"10,714.290"},{"v":10714.29,"d":"10,714.290"},{"v":12000,"d":"12,000.000"},"ТПХ","Товарищество с ограниченной ответственностью \"Мангистауский атомный энергетический комбинат-Казатомпром\""]
[null,"-","297 Т","262040.000.000281","Картридж","тонерный, черный","462:Тип:ML-1210:ML-1210","ОТП","-","79","02.2018","471010000, Мангистауская область, Актау Г.А., г.Актау, \"Мангистауская область, г. Актау, промзона, ТОО \"\"МАЭК-Казатомпром\"\", здание 201\"","471010000, Мангистауская область, Актау Г.А., г.Актау, \"Мангистауская область, г. Актау, промзона, ТОО \"\"МАЭК-Казатомпром\"\"\"","DDP","С даты подписания договора в течение 30 календарных дней","Предоплата - 0% , Промежуточный платеж - 0% , Окончательный платеж - 100% ","Штука",{"v":5,"d":"5.000"},{"v":10714.29,"d":"10,714.290"},{"v":53571.45,"d":"53,571.450"},{"v":60000.02,"d":"60,000.020"},"ТПХ","Товарищество с ограниченной ответственностью \"Мангистауский атомный энергетический комбинат-Казатомпром\""]
[null,"-","298 Т","262040.000.000281","Картридж","тонерный, черный","462:Тип:CF214Х:CF214Х","ОТП","-","79","02.2018","471010000, Мангистауская область, Актау Г.А., г.Актау, \"Мангистауская область, г. Актау, промзона, ТОО \"\"МАЭК-Казатомпром\"\", здание 201\"","471010000, Мангистауская область, Актау Г.А., г.Актау, \"Мангистауская область, г. Актау, промзона, ТОО \"\"МАЭК-Казатомпром\"\"\"","DDP","С даты подписания договора в течение 30 календарных дней","Предоплата - 0% , Промежуточный платеж - 0% , Окончательный платеж - 100% ","Штука",{"v":3,"d":"3.000"},{"v":26785.71,"d":"26,785.710"},{"v":80357.13,"d":"80,357.130"},{"v":89999.99,"d":"89,999.990"},"ТПХ","Товарищество с ограниченной ответственностью \"Мангистауский атомный энергетический комбинат-Казатомпром\""]
[null,"-","299 Т","262040.000.000281","Картридж","тонерный, черный","462:Тип:CF280A:CF280A","ОТП","-","79","02.2018","471010000, Мангистауская область, Актау Г.А., г.Актау, \"Мангистауская область, г. Актау, промзона, ТОО \"\"МАЭК-Казатомпром\"\", здание 201\"","471010000, Мангистауская область, Актау Г.А., г.Актау, \"Мангистауская область, г. Актау, промзона, ТОО \"\"МАЭК-Казатомпром\"\"\"","DDP","С даты подписания договора в течение 30 календарных дней","Предоплата - 0% , Промежуточный платеж - 0% , Окончательный платеж - 100% ","Штука",{"v":44,"d":"44.000"},{"v":17100,"d":"17,100.000"},{"v":752400,"d":"752,400.000"},{"v":842688,"d":"842,688.000"},"ТПХ","Товарищество с ограниченной ответственностью \"Мангистауский атомный энергетический комбинат-Казатомпром\""]
[null,"-","300 Т","262040.000.000281","Картридж","тонерный, черный","462:Тип:WC3100MFP Xerox:WC3100MFP Xerox","ОТП","-","79","02.2018","471010000, Мангистауская область, Актау Г.А., г.Актау, \"Мангистауская область, г. Актау, промзона, ТОО \"\"МАЭК-Казатомпром\"\", здание 201\"","471010000, Мангистауская область, Актау Г.А., г.Актау, \"Мангистауская область, г. Актау, промзона, ТОО \"\"МАЭК-Казатомпром\"\"\"","DDP","С даты подписания договора в течение 30 календарных дней","Предоплата - 0% , Промежуточный платеж - 0% , Окончательный платеж - 100% ","Штука",{"v":8,"d":"8.000"},{"v":14732.14,"d":"14,732.140"},{"v":117857.12,"d":"117,857.120"},{"v":131999.97,"d":"131,999.970"},"ТПХ","Товарищество с ограниченной ответственностью \"Мангистауский атомный энергетический комбинат-Казатомпром\""]
[null,"-","301 Т","262040.000.000281","Картридж","тонерный, черный","462:Тип: СЕ255Х: СЕ255Х","ОТП","-","79","02.2018","471010000, Мангистауская область, Актау Г.А., г.Актау, \"Мангистауская область, г. Актау, промзона, ТОО \"\"МАЭК-Казатомпром\"\", здание 201\"","471010000, Мангистауская область, Актау Г.А., г.Актау, \"Мангистауская область, г. Актау, промзона, ТОО \"\"МАЭК-Казатомпром\"\"\"","DDP","С даты подписания договора в течение 30 календарных дней","Предоплата - 0% , Промежуточный платеж - 0% , Окончательный платеж - 100% ","Штука",{"v":9,"d":"9.000"},{"v":12053.58,"d":"12,053.580"},{"v":108482.22,"d":"108,482.220"},{"v":121500.09,"d":"121,500.090"},"ТПХ","Товарищество с ограниченной ответственностью \"Мангистауский атомный энергетический комбинат-Казатомпром\""]
[null,"-","302 Т","262040.000.000281","Картридж","тонерный, черный","462:Тип:Тонер-картридж черный KX-FAT411A:Тонер-картридж черный KX-FAT411A","ОТП","-","79","02.2018","471010000, Мангистауская область, Актау Г.А., г.Актау, \"Мангистауская область, г. Актау, промзона, ТОО \"\"МАЭК-Казатомпром\"\", здание 201\"","471010000, Мангистауская область, Актау Г.А., г.Актау, \"Мангистауская область, г. Актау, промзона, ТОО \"\"МАЭК-Казатомпром\"\"\"","DDP","С даты подписания договора в течение 30 календарных дней","Предоплата - 0% , Промежуточный платеж - 0% , Окончательный платеж - 100% ","Штука",{"v":12,"d":"12.000"},{"v":5357.15,"d":"5,357.150"},{"v":64285.8,"d":"64,285.800"},{"v":72000.1,"d":"72,000.100"},"ТПХ","Товарищество с ограниченной ответственностью \"Мангистауский атомный энергетический комбинат-Казатомпром\""]
[null,"-","303 Т","262040.000.000282","Картридж","тонерный, цветной","462:Тип:Color LaserJet / CLJ-3505:Color LaserJet / CLJ-3505","ОТП","-","79","02.2018","471010000, Мангистауская область, Актау Г.А., г.Актау, \"Мангистауская область, г. Актау, промзона, ТОО \"\"МАЭК-Казатомпром\"\", здание 201\"","471010000, Мангистауская область, Актау Г.А., г.Актау, \"Мангистауская область, г. Актау, промзона, ТОО \"\"МАЭК-Казатомпром\"\"\"","DDP","С даты подписания договора в течение 30 календарных дней","Предоплата - 0% , Промежуточный платеж - 0% , Окончательный платеж - 100% ","Комплект",{"v":1,"d":"1.000"},{"v":79642.86,"d":"79,642.860"},{"v":79642.86,"d":"79,642.860"},{"v":89200,"d":"89,200.000"},"ТПХ","Товарищество с ограниченной ответственностью \"Мангистауский атомный энергетический комбинат-Казатомпром\""]
[null,"-","304 Т","262040.000.000282","Картридж","тонерный, цветной","462:Тип:CE410,411,412,413HP LaserJet 300-400 color M351-M451 комплект 410,411,412,413:CE410,411,412,413HP LaserJet 300-400 color M351-M451 комплект 410,411,412,413","ОТП","-","79","02.2018","471010000, Мангистауская область, Актау Г.А., г.Актау, \"Мангистауская область, г. Актау, промзона, ТОО \"\"МАЭК-Казатомпром\"\", здание 201\"","471010000, Мангистауская область, Актау Г.А., г.Актау, \"Мангистауская область, г. Актау, промзона, ТОО \"\"МАЭК-Казатомпром\"\"\"","DDP","С даты подписания договора в течение 30 календарных дней","Предоплата - 0% , Промежуточный платеж - 0% , Окончательный платеж - 100% ","Комплект",{"v":3,"d":"3.000"},{"v":30357.16,"d":"30,357.160"},{"v":91071.48,"d":"91,071.480"},{"v":102000.06,"d":"102,000.060"},"ТПХ","Товарищество с ограниченной ответственностью \"Мангистауский атомный энергетический комбинат-Казатомпром\""]
[null,"-","305 Т","262040.000.000282","Картридж","тонерный, цветной","462:Тип:CE310A,311,312,313 HP LaserJet СР1025:CE310A,311,312,313 HP LaserJet СР1025","ОТП","-","79","02.2018","471010000, Мангистауская область, Актау Г.А., г.Актау, \"Мангистауская область, г. Актау, промзона, ТОО \"\"МАЭК-Казатомпром\"\", здание 201\"","471010000, Мангистауская область, Актау Г.А., г.Актау, \"Мангистауская область, г. Актау, промзона, ТОО \"\"МАЭК-Казатомпром\"\"\"","DDP","С даты подписания договора в течение 30 календарных дней","Предоплата - 0% , Промежуточный платеж - 0% , Окончательный платеж - 100% ","Комплект",{"v":2,"d":"2.000"},{"v":52232.15,"d":"52,232.150"},{"v":104464.3,"d":"104,464.300"},{"v":117000.02,"d":"117,000.020"},"ТПХ","Товарищество с ограниченной ответственностью \"Мангистауский атомный энергетический комбинат-Казатомпром\""]
[null,"-","306 Т","262040.000.000282","Картридж","тонерный, цветной","462:Тип:СF350/СF351/СF352/СF353CLJP-M176:СF350/СF351/СF352/СF353CLJP-M176","ОТП","-","79","02.2018","471010000, Мангистауская область, Актау Г.А., г.Актау, \"Мангистауская область, г. Актау, промзона, ТОО \"\"МАЭК-Казатомпром\"\", здание 201\"","471010000, Мангистауская область, Актау Г.А., г.Актау, \"Мангистауская область, г. Актау, промзона, ТОО \"\"МАЭК-Казатомпром\"\"\"","DDP","С даты подписания договора в течение 30 календарных дней","Предоплата - 0% , Промежуточный платеж - 0% , Окончательный платеж - 100% ","Комплект",{"v":2,"d":"2.000"},{"v":52607.15,"d":"52,607.150"},{"v":105214.3,"d":"105,214.300"},{"v":117840.02,"d":"117,840.020"},"ТПХ","Товарищество с ограниченной ответственностью \"Мангистауский атомный энергетический комбинат-Казатомпром\""]
[null,"-","307 Т","262040.000.000282","Картридж","тонерный, цветной","462:Тип:СС530,5321,532,533 Color LaserJet / CLJ-CP2020/2025/2320 :СС530,5321,532,533 Color LaserJet / CLJ-CP2020/2025/2320 ","ОТП","-","79","02.2018","471010000, Мангистауская область, Актау Г.А., г.Актау, \"Мангистауская область, г. Актау, промзона, ТОО \"\"МАЭК-Казатомпром\"\", здание 201\"","471010000, Мангистауская область, Актау Г.А., г.Актау, \"Мангистауская область, г. Актау, промзона, ТОО \"\"МАЭК-Казатомпром\"\"\"","DDP","С даты подписания договора в течение 30 календарных дней","Предоплата - 0% , Промежуточный платеж - 0% , Окончательный платеж - 100% ","Комплект",{"v":1,"d":"1.000"},{"v":116607.15,"d":"116,607.150"},{"v":116607.15,"d":"116,607.150"},{"v":130600.01,"d":"130,600.010"},"ТПХ","Товарищество с ограниченной ответственностью \"Мангистауский атомный энергетический комбинат-Казатомпром\""]
[null,"-","308 Т","262040.000.000282","Картридж","тонерный, цветной","462:Тип:СС540,541,542,543  СМ1312MFP комплект:СС540,541,542,543  СМ1312MFP комплект","ОТП","-","79","02.2018","471010000, Мангистауская область, Актау Г.А., г.Актау, \"Мангистауская область, г. Актау, промзона, ТОО \"\"МАЭК-Казатомпром\"\", здание 201\"","471010000, Мангистауская область, Актау Г.А., г.Актау, \"Мангистауская область, г. Актау, промзона, ТОО \"\"МАЭК-Казатомпром\"\"\"","DDP","С даты подписания договора в течение 30 календарных дней","Предоплата - 0% , Промежуточный платеж - 0% , Окончательный платеж - 100% ","Комплект",{"v":1,"d":"1.000"},{"v":71428.58,"d":"71,428.580"},{"v":71428.58,"d":"71,428.580"},{"v":80000.01,"d":"80,000.010"},"ТПХ","Товарищество с ограниченной ответственностью \"Мангистауский атомный энергетический комбинат-Казатомпром\""]
[null,"-","309 Т","262040.000.000282","Картридж","тонерный, цветной","462:Тип:Картридж НР 2605 6000, 6001,6002,6003:Картридж НР 2605 6000, 6001,6002,6003","ОТП","-","79","02.2018","471010000, Мангистауская область, Актау Г.А., г.Актау, \"Мангистауская область, г. Актау, промзона, ТОО \"\"МАЭК-Казатомпром\"\", здание 201\"","471010000, Мангистауская область, Актау Г.А., г.Актау, \"Мангистауская область, г. Актау, промзона, ТОО \"\"МАЭК-Казатомпром\"\"\"","DDP","С даты подписания договора в течение 30 календарных дней","Предоплата - 0% , Промежуточный платеж - 0% , Окончательный платеж - 100% ","Комплект",{"v":1,"d":"1.000"},{"v":62329.36,"d":"62,329.360"},{"v":62329.36,"d":"62,329.360"},{"v":69808.88,"d":"69,808.880"},"ТПХ","Товарищество с ограниченной ответственностью \"Мангистауский атомный энергетический комбинат-Казатомпром\""]
[null,"-","310 Т","262040.000.000222","Блок проявки","для печатно-копировального аппарата","462:Тип:Блок проявки для факса KX-MB 2030:Блок проявки для факса KX-MB 2030","ЦПП","-","0","02.2018","471010000, Мангистауская область, Актау Г.А., г.Актау, \"Мангистауская область, г. Актау, промзона, ТОО \"\"МАЭК-Казатомпром\"\", здание 201\"","471010000, Мангистауская область, Актау Г.А., г.Актау, \"Мангистауская область, г. Актау, промзона, ТОО \"\"МАЭК-Казатомпром\"\"\"","DDP","С даты подписания договора в течение 30 календарных дней","Предоплата - 0% , Промежуточный платеж - 0% , Окончательный платеж - 100% ","Штука",{"v":2,"d":"2.000"},{"v":11160.72,"d":"11,160.720"},{"v":22321.44,"d":"22,321.440"},{"v":25000.01,"d":"25,000.010"},"-","Товарищество с ограниченной ответственностью \"Мангистауский атомный энергетический комбинат-Казатомпром\""]
[null,"-","311 Т","262040.000.000280","Картридж","струйный, черный","462:Тип:932черн для HP OJ 7610 (О):932черн для HP OJ 7610 (О)","ЦПП","-","0","02.2018","471010000, Мангистауская область, Актау Г.А., г.Актау, \"Мангистауская область, г. Актау, промзона, ТОО \"\"МАЭК-Казатомпром\"\", здание 201\"","471010000, Мангистауская область, Актау Г.А., г.Актау, \"Мангистауская область, г. Актау, промзона, ТОО \"\"МАЭК-Казатомпром\"\"\"","DDP","С даты подписания договора в течение 30 календарных дней","Предоплата - 0% , Промежуточный платеж - 0% , Окончательный платеж - 100% ","Штука",{"v":2,"d":"2.000"},{"v":7142.86,"d":"7,142.860"},{"v":14285.72,"d":"14,285.720"},{"v":16000.01,"d":"16,000.010"},"-","Товарищество с ограниченной ответственностью \"Мангистауский атомный энергетический комбинат-Казатомпром\""]
[null,"-","312 Т","262040.000.000279","Картридж","струйный, цветной","462:Тип:CMYb933 HP (красн. гол. жел.а) для  OJ 7610  (О):CMYb933 HP (красн. гол. жел.а) для  OJ 7610  (О)","ЦПП","-","0","02.2018","471010000, Мангистауская область, Актау Г.А., г.Актау, \"Мангистауская область, г. Актау, промзона, ТОО \"\"МАЭК-Казатомпром\"\", здание 201\"","471010000, Мангистауская область, Актау Г.А., г.Актау, \"Мангистауская область, г. Актау, промзона, ТОО \"\"МАЭК-Казатомпром\"\"\"","DDP","С даты подписания договора в течение 30 календарных дней","Предоплата - 0% , Промежуточный платеж - 0% , Окончательный платеж - 100% ","Штука",{"v":6,"d":"6.000"},{"v":7142.86,"d":"7,142.860"},{"v":42857.16,"d":"42,857.160"},{"v":48000.02,"d":"48,000.020"},"-","Товарищество с ограниченной ответственностью \"Мангистауский атомный энергетический комбинат-Казатомпром\""]
[null,"-","313 Т","262040.000.000280","Картридж","струйный, черный","462:Тип:Картридж струйный  HP DJ 810 C6615D №15  (О):Картридж струйный  HP DJ 810 C6615D №15  (О)","ЦПП","-","0","02.2018","471010000, Мангистауская область, Актау Г.А., г.Актау, \"Мангистауская область, г. Актау, промзона, ТОО \"\"МАЭК-Казатомпром\"\", здание 201\"","471010000, Мангистауская область, Актау Г.А., г.Актау, \"Мангистауская область, г. Актау, промзона, ТОО \"\"МАЭК-Казатомпром\"\"\"","DDP","С даты подписания договора в течение 30 календарных дней","Предоплата - 0% , Промежуточный платеж - 0% , Окончательный платеж - 100% ","Штука",{"v":2,"d":"2.000"},{"v":11160.72,"d":"11,160.720"},{"v":22321.44,"d":"22,321.440"},{"v":25000.01,"d":"25,000.010"},"-","Товарищество с ограниченной ответственностью \"Мангистауский атомный энергетический комбинат-Казатомпром\""]
[null,"-","314 Т","262040.000.000279","Картридж","струйный, цветной","462:Тип: №727 130 мл (голубой, пурпурный, желтый  (О): №727 130 мл (голубой, пурпурный, желтый  (О)","ЦПП","-","0","02.2018","471010000, Мангистауская область, Актау Г.А., г.Актау, \"Мангистауская область, г. Актау, промзона, ТОО \"\"МАЭК-Казатомпром\"\", здание 201\"","471010000, Мангистауская область, Актау Г.А., г.Актау, \"Мангистауская область, г. Актау, промзона, ТОО \"\"МАЭК-Казатомпром\"\"\"","DDP","С даты подписания договора в течение 30 календарных дней","Предоплата - 0% , Промежуточный платеж - 0% , Окончательный платеж - 100% ","Штука",{"v":3,"d":"3.000"},{"v":25892.86,"d":"25,892.860"},{"v":77678.58,"d":"77,678.580"},{"v":87000.01,"d":"87,000.010"},"-","Товарищество с ограниченной ответственностью \"Мангистауский атомный энергетический комбинат-Казатомпром\""]
[null,"-","315 Т","262040.000.000280","Картридж","струйный, черный","462:Тип:Картридж  струйный B3P22A HP 727  черный матовый (130 ml)  (О):Картридж  струйный B3P22A HP 727  черный матовый (130 ml)  (О)","ЦПП","-","0","02.2018","471010000, Мангистауская область, Актау Г.А., г.Актау, \"Мангистауская область, г. Актау, промзона, ТОО \"\"МАЭК-Казатомпром\"\", здание 201\"","471010000, Мангистауская область, Актау Г.А., г.Актау, \"Мангистауская область, г. Актау, промзона, ТОО \"\"МАЭК-Казатомпром\"\"\"","DDP","С даты подписания договора в течение 30 календарных дней","Предоплата - 0% , Промежуточный платеж - 0% , Окончательный платеж - 100% ","Штука",{"v":3,"d":"3.000"},{"v":25892.86,"d":"25,892.860"},{"v":77678.58,"d":"77,678.580"},{"v":87000.01,"d":"87,000.010"},"-","Товарищество с ограниченной ответственностью \"Мангистауский атомный энергетический комбинат-Казатомпром\""]
[null,"-","316 Т","262040.000.000280","Картридж","струйный, черный","462:Тип:Картридж  струйный B3P24A HP 727 серый (130 ml)  (О):Картридж  струйный B3P24A HP 727 серый (130 ml)  (О)","ЦПП","-","0","02.2018","471010000, Мангистауская область, Актау Г.А., г.Актау, \"Мангистауская область, г. Актау, промзона, ТОО \"\"МАЭК-Казатомпром\"\", здание 201\"","471010000, Мангистауская область, Актау Г.А., г.Актау, \"Мангистауская область, г. Актау, промзона, ТОО \"\"МАЭК-Казатомпром\"\"\"","DDP","С даты подписания договора в течение 30 календарных дней","Предоплата - 0% , Промежуточный платеж - 0% , Окончательный платеж - 100% ","Штука",{"v":1,"d":"1.000"},{"v":25892.86,"d":"25,892.860"},{"v":25892.86,"d":"25,892.860"},{"v":29000,"d":"29,000.000"},"-","Товарищество с ограниченной ответственностью \"Мангистауский атомный энергетический комбинат-Казатомпром\""]
[null,"-","317 Т","262040.000.000280","Картридж","струйный, черный","462:Тип:Картридж  струйный C1Q12A HP 727MBK черный матовый (300 ml)  (О):Картридж  струйный C1Q12A HP 727MBK черный матовый (300 ml)  (О)","ЦПП","-","0","02.2018","471010000, Мангистауская область, Актау Г.А., г.Актау, \"Мангистауская область, г. Актау, промзона, ТОО \"\"МАЭК-Казатомпром\"\", здание 201\"","471010000, Мангистауская область, Актау Г.А., г.Актау, \"Мангистауская область, г. Актау, промзона, ТОО \"\"МАЭК-Казатомпром\"\"\"","DDP","С даты подписания договора в течение 30 календарных дней","Предоплата - 0% , Промежуточный платеж - 0% , Окончательный платеж - 100% ","Штука",{"v":2,"d":"2.000"},{"v":53571.43,"d":"53,571.430"},{"v":107142.86,"d":"107,142.860"},{"v":120000,"d":"120,000.000"},"-","Товарищество с ограниченной ответственностью \"Мангистауский атомный энергетический комбинат-Казатомпром\""]
[null,"-","318 Т","262040.000.000280","Картридж","струйный, черный","462:Тип:Картридж  струйный B3P23A HP 727 фото-черный (130 ml)  (О):Картридж  струйный B3P23A HP 727 фото-черный (130 ml)  (О)","ЦПП","-","0","02.2018","471010000, Мангистауская область, Актау Г.А., г.Актау, \"Мангистауская область, г. Актау, промзона, ТОО \"\"МАЭК-Казатомпром\"\", здание 201\"","471010000, Мангистауская область, Актау Г.А., г.Актау, \"Мангистауская область, г. Актау, промзона, ТОО \"\"МАЭК-Казатомпром\"\"\"","DDP","С даты подписания договора в течение 30 календарных дней","Предоплата - 0% , Промежуточный платеж - 0% , Окончательный платеж - 100% ","Штука",{"v":3,"d":"3.000"},{"v":25892.86,"d":"25,892.860"},{"v":77678.58,"d":"77,678.580"},{"v":87000.01,"d":"87,000.010"},"-","Товарищество с ограниченной ответственностью \"Мангистауский атомный энергетический комбинат-Казатомпром\""]
[null,"-","319 Т","262040.000.000280","Картридж","струйный, черный","462:Тип:Картридж HP №10 Black (C4844A)  (О):Картридж HP №10 Black (C4844A)  (О)","ЦПП","-","0","02.2018","471010000, Мангистауская область, Актау Г.А., г.Актау, \"Мангистауская область, г. Актау, промзона, ТОО \"\"МАЭК-Казатомпром\"\", здание 201\"","471010000, Мангистауская область, Актау Г.А., г.Актау, \"Мангистауская область, г. Актау, промзона, ТОО \"\"МАЭК-Казатомпром\"\"\"","DDP","С даты подписания договора в течение 30 календарных дней","Предоплата - 0% , Промежуточный платеж - 0% , Окончательный платеж - 100% ","Штука",{"v":3,"d":"3.000"},{"v":12053.58,"d":"12,053.580"},{"v":36160.74,"d":"36,160.740"},{"v":40500.03,"d":"40,500.030"},"-","Товарищество с ограниченной ответственностью \"Мангистауский атомный энергетический комбинат-Казатомпром\""]
[null,"-","320 Т","262040.000.000087","Чип","для микропроцессора","462:Тип:Чип R-SP110E-2K for Ricoh SP111:Чип R-SP110E-2K for Ricoh SP111","ОИ","137-2 (не превышает тысячекратного МРП)","0","02.2018","471010000, Мангистауская область, Актау Г.А., г.Актау, \"Мангистауская область, г. Актау, промзона, ТОО \"\"МАЭК-Казатомпром\"\", здание 201\"","471010000, Мангистауская область, Актау Г.А., г.Актау, \"Мангистауская область, г. Актау, промзона, ТОО \"\"МАЭК-Казатомпром\"\"\"","DDP","С даты подписания договора в течение 30 календарных дней","Предоплата - 0% , Промежуточный платеж - 0% , Окончательный платеж - 100% ","Штука",{"v":20,"d":"20.000"},{"v":1071.43,"d":"1,071.430"},{"v":21428.6,"d":"21,428.600"},{"v":24000.03,"d":"24,000.030"},"-","Товарищество с ограниченной ответственностью \"Мангистауский атомный энергетический комбинат-Казатомпром\""]
[null,"-","321 Т","222922.900.000002","Лейбл","самоклеющийся","268:Описание:\"Изготовление  самоклеящихся лейблов  \"\"Правила..\"\", утв приказом  председателя КТР№141, от 13.04.06г\":\"Жасау және өшіру өзі жапсырылатын лейблдер \"\"Ережесі..\"\", утв төрағасының КТР№141, 13.04.06 ж.\"","ОИ","140-2 (объекты  интеллектуальной собственности)","100","06.2018","750000000, г.Алматы, \"Мангистауская область, г. Актау, промзона, ТОО \"\"МАЭК-Казатомпром\"\", здание 201\"","471010000, Мангистауская область, Актау Г.А., г.Актау, \"Мангистауская область, г. Актау, промзона, ТОО \"\"МАЭК-Казатомпром\"\"\"","DDP","С даты подписания договора в течение 60 календарных дней","Предоплата - 100% , Промежуточный платеж - 0% , Окончательный платеж - 0% ","Штука",{"v":21000,"d":"21,000.000"},{"v":52.68,"d":"52.680"},{"v":1106280,"d":"1,106,280.000"},{"v":1239033.6,"d":"1,239,033.600"},"-","Товарищество с ограниченной ответственностью \"Мангистауский атомный энергетический комбинат-Казатомпром\""]
[null,"-","322 Т","329959.900.000065","Устройство номерное","сигнальное","268:Описание:\"Изготовление поверительных клейм  (Пластиковые пломбы) \"\"Правила..\"\", утв приказом  председателя КТР№141  от 13.04.06г\":\"Жасау және өшіру өзі жапсырылатын лейблдер \"\"Ережесі..\"\", утв төрағасының КТР№141  13.04.06 ж.\"","ОИ","140-2 (объекты  интеллектуальной собственности)","100","06.2018","750000000, г.Алматы, \"Мангистауская область, г. Актау, промзона, ТОО \"\"МАЭК-Казатомпром\"\", здание 201\"","471010000, Мангистауская область, Актау Г.А., г.Актау, \"Мангистауская область, г. Актау, промзона, ТОО \"\"МАЭК-Казатомпром\"\"\"","DDP","С даты подписания договора в течение 60 календарных дней","Предоплата - 100% , Промежуточный платеж - 0% , Окончательный платеж - 0% ","Штука",{"v":2600,"d":"2,600.000"},{"v":85.71,"d":"85.710"},{"v":222846,"d":"222,846.000"},{"v":249587.52,"d":"249,587.520"},"-","Товарищество с ограниченной ответственностью \"Мангистауский атомный энергетический комбинат-Казатомпром\""]
[null,"-","323 Т","329916.300.000005","Печать","для датирования","268:Описание:\"Изготовление  поверительных клейм  (Металлические клейма) \"\"Правила..\"\", утв приказом  председателя КТР№141,от 13.04.06г\":\"Жасау және өшіру өзі жапсырылатын лейблдер \"\"Ережесі..\"\", утв төрағасының КТР№141,13.04.06 ж.\"","ОИ","140-2 (объекты  интеллектуальной собственности)","100","06.2018","750000000, г.Алматы, \"Мангистауская область, г. Актау, промзона, ТОО \"\"МАЭК-Казатомпром\"\", здание 201\"","471010000, Мангистауская область, Актау Г.А., г.Актау, \"Мангистауская область, г. Актау, промзона, ТОО \"\"МАЭК-Казатомпром\"\"\"","DDP","С даты подписания договора в течение 60 календарных дней","Предоплата - 100% , Промежуточный платеж - 0% , Окончательный платеж - 0% ","Штука",{"v":22,"d":"22.000"},{"v":5275,"d":"5,275.000"},{"v":116050,"d":"116,050.000"},{"v":129976,"d":"129,976.000"},"-","Товарищество с ограниченной ответственностью \"Мангистауский атомный энергетический комбинат-Казатомпром\""]
[null,"-","324 Т","172312.700.000034","Бланк","конкретного вида документа","236:назначение:ДУ-56 Бланки разрешений:ДУ-56 Бланки разрешений","ЦПП","-","90","01.2018","470000000, Мангистауская область, \"Мангистауская область, г. Актау, промзона, ТОО \"\"МАЭК-Казатомпром\"\", здание 201\"","471010000, Мангистауская область, Актау Г.А., г.Актау, \"Мангистауская область, г. Актау, промзона, ТОО \"\"МАЭК-Казатомпром\"\"\"","EXW","С даты подписания договора в течение 10 календарных дней","Предоплата - 0% , Промежуточный платеж - 0% , Окончательный платеж - 100% ","Штука",{"v":12,"d":"12.000"},{"v":1000,"d":"1,000.000"},{"v":12000,"d":"12,000.000"},{"v":12000,"d":"12,000.000"},"-","Товарищество с ограниченной ответственностью \"Мангистауский атомный энергетический комбинат-Казатомпром\""]
[null,"-","325 Т","172312.700.000034","Бланк","конкретного вида документа","236:назначение:ДУ-56 Бланки разрешений:ДУ-56 Бланки разрешений","ЦПП","-","90","01.2018","470000000, Мангистауская область, \"Мангистауская область, г. Актау, промзона, ТОО \"\"МАЭК-Казатомпром\"\", здание 201\"","471010000, Мангистауская область, Актау Г.А., г.Актау, \"Мангистауская область, г. Актау, промзона, ТОО \"\"МАЭК-Казатомпром\"\"\"","EXW","С даты подписания договора в течение 10 календарных дней","Предоплата - 0% , Промежуточный платеж - 0% , Окончательный платеж - 100% ","Штука",{"v":40,"d":"40.000"},{"v":400,"d":"400.000"},{"v":16000,"d":"16,000.000"},{"v":16000,"d":"16,000.000"},"-","Товарищество с ограниченной ответственностью \"Мангистауский атомный энергетический комбинат-Казатомпром\""]
[null,"1110132","326-1 Т","241071.000.000106","Балка стальная","номер двутавра 24, двутавровая","235:Наименование:Двутавр:Двутавр \\ 163:Номер:30:30 \\ 79:ГОСТ: 8239-72: 8239-72","ОИ","137-2 (не превышает тысячекратного МРП)","0","02.2018","471010000, Мангистауская область, Актау Г.А., г.Актау, \"Мангистауская область, г. Актау, промзона, ТОО \"\"МАЭК-Казатомпром\"\", здание 201\"","471010000, Мангистауская область, Актау Г.А., г.Актау, \"Мангистауская область, г. Актау, промзона, ТОО \"\"МАЭК-Казатомпром\"\"\"","DDP","С даты подписания договора в течение 30 календарных дней","Окончательный платеж - 100% , Промежуточный платеж - 0% , Предоплата - 0% ","Тонна (метрическая)",0.438,{"v":310000,"d":"310,000.000"},{"v":135780,"d":"135,780.000"},{"v":152073.6,"d":"152,073.600"},"-","Товарищество с ограниченной ответственностью \"Мангистауский атомный энергетический комбинат-Казатомпром\""]
[null,"1110120","327-1 Т","241071.000.000118","Балка стальная","номер профиля 20Б1, двутавровая","235:Наименование:Балка двутавровая:Балка двутавровая \\ 163:Номер:20б1:20б1 \\ 79:ГОСТ: 8239-89: 8239-89","ОИ","137-2 (не превышает тысячекратного МРП)","0","02.2018","471010000, Мангистауская область, Актау Г.А., г.Актау, \"Мангистауская область, г. Актау, промзона, ТОО \"\"МАЭК-Казатомпром\"\", здание 201\"","471010000, Мангистауская область, Актау Г.А., г.Актау, \"Мангистауская область, г. Актау, промзона, ТОО \"\"МАЭК-Казатомпром\"\"\"","DDP","С даты подписания договора в течение 30 календарных дней","Окончательный платеж - 100% , Промежуточный платеж - 0% , Предоплата - 0% ","Тонна (метрическая)",{"v":0.25,"d":"0.250"},{"v":310000,"d":"310,000.000"},{"v":77500,"d":"77,500.000"},{"v":86800,"d":"86,800.000"},"-","Товарищество с ограниченной ответственностью \"Мангистауский атомный энергетический комбинат-Казатомпром\""]
[null,"1110262","328 Т","241071.000.000014","Швеллер","стальной, горячекатаный, с параллельными гранями полок, номер швеллера 24","163:Номер: 24у : 24у  \\ 79:ГОСТ:8239-70:8239-70","ОТП","-","0","01.2018","471010000, Мангистауская область, Актау Г.А., г.Актау, \"Мангистауская область, г. Актау, промзона, ТОО \"\"МАЭК-Казатомпром\"\", здание 201\"","471010000, Мангистауская область, Актау Г.А., г.Актау, \"Мангистауская область, г. Актау, промзона, ТОО \"\"МАЭК-Казатомпром\"\"\"","DDP","С даты подписания договора в течение 30 календарных дней","Предоплата - 0% , Промежуточный платеж - 0% , Окончательный платеж - 100% ","Тонна (метрическая)",{"v":3,"d":"3.000"},{"v":250000,"d":"250,000.000"},{"v":750000,"d":"750,000.000"},{"v":840000,"d":"840,000.000"},"-","Товарищество с ограниченной ответственностью \"Мангистауский атомный энергетический комбинат-Казатомпром\""]
[null,"1110228","329 Т","241071.000.000027","Швеллер","из стали, горячекатаный, с параллельными гранями полок, номер швеллера 20","163:Номер:20:20 \\ 79:ГОСТ: 8240-97: 8240-97","ОТП","-","0","01.2018","471010000, Мангистауская область, Актау Г.А., г.Актау, \"Мангистауская область, г. Актау, промзона, ТОО \"\"МАЭК-Казатомпром\"\", здание 201\"","471010000, Мангистауская область, Актау Г.А., г.Актау, \"Мангистауская область, г. Актау, промзона, ТОО \"\"МАЭК-Казатомпром\"\"\"","DDP","С даты подписания договора в течение 30 календарных дней","Предоплата - 0% , Промежуточный платеж - 0% , Окончательный платеж - 100% ","Тонна (метрическая)",{"v":4,"d":"4.000"},{"v":210000,"d":"210,000.000"},{"v":840000,"d":"840,000.000"},{"v":940800,"d":"940,800.000"},"-","Товарищество с ограниченной ответственностью \"Мангистауский атомный энергетический комбинат-Казатомпром\""]
[null,"1110445","330 Т","241071.000.000024","Швеллер","стальной, горячекатаный, с параллельными гранями полок, номер швеллера 40","163:Номер:40:40 \\ 79:ГОСТ: 8240-97: 8240-97","ОТП","-","0","01.2018","471010000, Мангистауская область, Актау Г.А., г.Актау, \"Мангистауская область, г. Актау, промзона, ТОО \"\"МАЭК-Казатомпром\"\", здание 201\"","471010000, Мангистауская область, Актау Г.А., г.Актау, \"Мангистауская область, г. Актау, промзона, ТОО \"\"МАЭК-Казатомпром\"\"\"","DDP","С даты подписания договора в течение 30 календарных дней","Предоплата - 0% , Промежуточный платеж - 0% , Окончательный платеж - 100% ","Тонна (метрическая)",{"v":1,"d":"1.000"},{"v":250000,"d":"250,000.000"},{"v":250000,"d":"250,000.000"},{"v":280000,"d":"280,000.000"},"-","Товарищество с ограниченной ответственностью \"Мангистауский атомный энергетический комбинат-Казатомпром\""]
[null,"1110217","331 Т","241071.000.000011","Швеллер","стальной, горячекатаный, с параллельными гранями полок, номер швеллера 14","163:Номер:14:14 \\ 79:ГОСТ:8239-70:8239-70","ОТП","-","0","01.2018","471010000, Мангистауская область, Актау Г.А., г.Актау, \"Мангистауская область, г. Актау, промзона, ТОО \"\"МАЭК-Казатомпром\"\", здание 201\"","471010000, Мангистауская область, Актау Г.А., г.Актау, \"Мангистауская область, г. Актау, промзона, ТОО \"\"МАЭК-Казатомпром\"\"\"","DDP","С даты подписания договора в течение 30 календарных дней","Предоплата - 0% , Промежуточный платеж - 0% , Окончательный платеж - 100% ","Тонна (метрическая)",{"v":5,"d":"5.000"},{"v":210000,"d":"210,000.000"},{"v":1050000,"d":"1,050,000.000"},{"v":1176000,"d":"1,176,000.000"},"-","Товарищество с ограниченной ответственностью \"Мангистауский атомный энергетический комбинат-Казатомпром\""]
[null,"1110206","332 Т","241071.000.000018","Швеллер","стальной, горячекатаный, с уклоном внутренних граней полок, номер швеллера 12","163:Номер:12:12 \\ 79:ГОСТ: 8240-97: 8240-97","ОТП","-","0","01.2018","471010000, Мангистауская область, Актау Г.А., г.Актау, \"Мангистауская область, г. Актау, промзона, ТОО \"\"МАЭК-Казатомпром\"\", здание 201\"","471010000, Мангистауская область, Актау Г.А., г.Актау, \"Мангистауская область, г. Актау, промзона, ТОО \"\"МАЭК-Казатомпром\"\"\"","DDP","С даты подписания договора в течение 30 календарных дней","Предоплата - 0% , Промежуточный платеж - 0% , Окончательный платеж - 100% ","Тонна (метрическая)",{"v":6,"d":"6.000"},{"v":210000,"d":"210,000.000"},{"v":1260000,"d":"1,260,000.000"},{"v":1411200,"d":"1,411,200.000"},"-","Товарищество с ограниченной ответственностью \"Мангистауский атомный энергетический комбинат-Казатомпром\""]
[null,"1110209","333 Т","241071.000.000013","Швеллер","стальной, горячекатаный, с параллельными гранями полок, номер швеллера 18","163:Номер:18а:18а \\ 79:ГОСТ:8239-70:8239-70","ОТП","-","0","01.2018","471010000, Мангистауская область, Актау Г.А., г.Актау, \"Мангистауская область, г. Актау, промзона, ТОО \"\"МАЭК-Казатомпром\"\", здание 201\"","471010000, Мангистауская область, Актау Г.А., г.Актау, \"Мангистауская область, г. Актау, промзона, ТОО \"\"МАЭК-Казатомпром\"\"\"","DDP","С даты подписания договора в течение 30 календарных дней","Предоплата - 0% , Промежуточный платеж - 0% , Окончательный платеж - 100% ","Тонна (метрическая)",{"v":5,"d":"5.000"},{"v":210000,"d":"210,000.000"},{"v":1050000,"d":"1,050,000.000"},{"v":1176000,"d":"1,176,000.000"},"-","Товарищество с ограниченной ответственностью \"Мангистауский атомный энергетический комбинат-Казатомпром\""]
[null,"1110111","334-1 Т","241071.000.000096","Балка стальная","номер двутавра 16, двутавровая","163:Номер:16:16","ОИ","137-2 (не превышает тысячекратного МРП)","0","02.2018","471010000, Мангистауская область, Актау Г.А., г.Актау, \"Мангистауская область, г. Актау, промзона, ТОО \"\"МАЭК-Казатомпром\"\", здание 201\"","471010000, Мангистауская область, Актау Г.А., г.Актау, \"Мангистауская область, г. Актау, промзона, ТОО \"\"МАЭК-Казатомпром\"\"\"","DDP","С даты подписания договора в течение 30 календарных дней","Окончательный платеж - 100% , Промежуточный платеж - 0% , Предоплата - 0% ","Тонна (метрическая)",{"v":1.88,"d":"1.880"},{"v":403000,"d":"403,000.000"},{"v":757640,"d":"757,640.000"},{"v":848556.8,"d":"848,556.800"},"-","Товарищество с ограниченной ответственностью \"Мангистауский атомный энергетический комбинат-Казатомпром\""]
[null,"1111061","335 Т","241071.000.000015","Швеллер","стальной, горячекатаный, с параллельными гранями полок, номер швеллера 27","163:Номер:27:27 \\ 79:ГОСТ: 8240-97: 8240-97","ОТП","-","0","01.2018","471010000, Мангистауская область, Актау Г.А., г.Актау, \"Мангистауская область, г. Актау, промзона, ТОО \"\"МАЭК-Казатомпром\"\", здание 201\"","471010000, Мангистауская область, Актау Г.А., г.Актау, \"Мангистауская область, г. Актау, промзона, ТОО \"\"МАЭК-Казатомпром\"\"\"","DDP","С даты подписания договора в течение 30 календарных дней","Предоплата - 0% , Промежуточный платеж - 0% , Окончательный платеж - 100% ","Тонна (метрическая)",{"v":0.6,"d":"0.600"},{"v":250000,"d":"250,000.000"},{"v":150000,"d":"150,000.000"},{"v":168000,"d":"168,000.000"},"-","Товарищество с ограниченной ответственностью \"Мангистауский атомный энергетический комбинат-Казатомпром\""]
[null,"1110124","336-1 Т","241071.000.000099","Балка стальная","номер профиля 24М, двутавровая","235:Наименование:Балка двутавровая:Балка двутавровая \\ 163:Номер:24М:24М \\ 79:ГОСТ:8239-70:8239-70","ОИ","137-2 (не превышает тысячекратного МРП)","0","02.2018","471010000, Мангистауская область, Актау Г.А., г.Актау, \"Мангистауская область, г. Актау, промзона, ТОО \"\"МАЭК-Казатомпром\"\", здание 201\"","471010000, Мангистауская область, Актау Г.А., г.Актау, \"Мангистауская область, г. Актау, промзона, ТОО \"\"МАЭК-Казатомпром\"\"\"","DDP","С даты подписания договора в течение 30 календарных дней","Окончательный платеж - 100% , Промежуточный платеж - 0% , Предоплата - 0% ","Тонна (метрическая)",{"v":0.55,"d":"0.550"},{"v":310000,"d":"310,000.000"},{"v":170500,"d":"170,500.000"},{"v":190960,"d":"190,960.000"},"-","Товарищество с ограниченной ответственностью \"Мангистауский атомный энергетический комбинат-Казатомпром\""]
[null,"1110440","337-1 Т","241071.000.000007","Швеллер","стальной, горячекатаный, с уклоном внутренних граней полок, номер швеллера 30","163:Номер:30:30 \\ 79:ГОСТ: 8240-97: 8240-97","ОТП","-","0","02.2018","471010000, Мангистауская область, Актау Г.А., г.Актау, \"Мангистауская область, г. Актау, промзона, ТОО \"\"МАЭК-Казатомпром\"\", здание 201\"","471000000, Мангистауская область, Актау Г.А., Промзона, склад ТОО \"МАЭК-Казатомпром\"","DDP","С даты подписания договора в течение 30 календарных дней","Окончательный платеж - 100% , Промежуточный платеж - 0% , Предоплата - 0% ","Тонна (метрическая)",{"v":1.7,"d":"1.700"},{"v":440000,"d":"440,000.000"},{"v":748000,"d":"748,000.000"},{"v":837760,"d":"837,760.000"},"-","Товарищество с ограниченной ответственностью \"Мангистауский атомный энергетический комбинат-Казатомпром\""]
[null,"1110203","338 Т","241071.000.000010","Швеллер","стальной, горячекатаный, с параллельными гранями полок, номер швеллера 10","163:Номер:10:10 \\ 79:ГОСТ:8239-70:8239-70","ОТП","-","0","01.2018","471010000, Мангистауская область, Актау Г.А., г.Актау, \"Мангистауская область, г. Актау, промзона, ТОО \"\"МАЭК-Казатомпром\"\", здание 201\"","471010000, Мангистауская область, Актау Г.А., г.Актау, \"Мангистауская область, г. Актау, промзона, ТОО \"\"МАЭК-Казатомпром\"\"\"","DDP","С даты подписания договора в течение 30 календарных дней","Предоплата - 0% , Промежуточный платеж - 0% , Окончательный платеж - 100% ","Тонна (метрическая)",{"v":3.3,"d":"3.300"},{"v":210000,"d":"210,000.000"},{"v":693000,"d":"693,000.000"},{"v":776160,"d":"776,160.000"},"-","Товарищество с ограниченной ответственностью \"Мангистауский атомный энергетический комбинат-Казатомпром\""]
[null,"1110221","339 Т","241071.000.000012","Швеллер","стальной, горячекатаный, с параллельными гранями полок, номер швеллера 16","163:Номер:16:16 \\ 79:ГОСТ: 8240-97: 8240-97","ОТП","-","0","01.2018","471010000, Мангистауская область, Актау Г.А., г.Актау, \"Мангистауская область, г. Актау, промзона, ТОО \"\"МАЭК-Казатомпром\"\", здание 201\"","471010000, Мангистауская область, Актау Г.А., г.Актау, \"Мангистауская область, г. Актау, промзона, ТОО \"\"МАЭК-Казатомпром\"\"\"","DDP","С даты подписания договора в течение 30 календарных дней","Предоплата - 0% , Промежуточный платеж - 0% , Окончательный платеж - 100% ","Тонна (метрическая)",{"v":8.8,"d":"8.800"},{"v":210000,"d":"210,000.000"},{"v":1848000,"d":"1,848,000.000"},{"v":2069760,"d":"2,069,760.000"},"-","Товарищество с ограниченной ответственностью \"Мангистауский атомный энергетический комбинат-Казатомпром\""]
[null,"1110004","340-1 Т","241071.000.000095","Балка стальная","номер двутавра 14, двутавровая","235:Наименование:Балка двутавровая:Балка двутавровая \\ 163:Номер:14:14 \\ 79:ГОСТ:8239-70:8239-70","ОИ","137-2 (не превышает тысячекратного МРП)","0","02.2018","471010000, Мангистауская область, Актау Г.А., г.Актау, \"Мангистауская область, г. Актау, промзона, ТОО \"\"МАЭК-Казатомпром\"\", здание 201\"","471010000, Мангистауская область, Актау Г.А., г.Актау, \"Мангистауская область, г. Актау, промзона, ТОО \"\"МАЭК-Казатомпром\"\"\"","DDP","С даты подписания договора в течение 30 календарных дней","Окончательный платеж - 100% , Промежуточный платеж - 0% , Предоплата - 0% ","Тонна (метрическая)",{"v":2.6,"d":"2.600"},{"v":310000,"d":"310,000.000"},{"v":806000,"d":"806,000.000"},{"v":902720,"d":"902,720.000"},"-","Товарищество с ограниченной ответственностью \"Мангистауский атомный энергетический комбинат-Казатомпром\""]
[null,"1110002","341-1 Т","241071.000.000094","Балка стальная","номер двутавра 12, двутавровая","235:Наименование:Балка двутавровая:Балка двутавровая \\ 163:Номер:12:12 \\ 79:ГОСТ:8239-70:8239-70","ОИ","137-2 (не превышает тысячекратного МРП)","0","02.2018","471010000, Мангистауская область, Актау Г.А., г.Актау, \"Мангистауская область, г. Актау, промзона, ТОО \"\"МАЭК-Казатомпром\"\", здание 201\"","471010000, Мангистауская область, Актау Г.А., г.Актау, \"Мангистауская область, г. Актау, промзона, ТОО \"\"МАЭК-Казатомпром\"\"\"","DDP","С даты подписания договора в течение 30 календарных дней","Окончательный платеж - 100% , Промежуточный платеж - 0% , Предоплата - 0% ","Тонна (метрическая)",0.552,{"v":310000,"d":"310,000.000"},{"v":171120,"d":"171,120.000"},{"v":191654.4,"d":"191,654.400"},"-","Товарищество с ограниченной ответственностью \"Мангистауский атомный энергетический комбинат-Казатомпром\""]
[null,"1120535","342-1 Т","241071.000.000039","Уголок","стальной, равнополочный, горячекатаный, ширина 63 мм","163:Номер:63*63*6:63*63*6 \\ 79:ГОСТ:8509-93:8509-93","ЦПП","-","0","02.2018","471000000, Мангистауская область, Актау Г.А., Промзона, ТОО \"МАЭК-Казатомпром\", здание 201","471010000, Мангистауская область, Актау Г.А., г.Актау, \"Мангистауская область, г. Актау, промзона, ТОО \"\"МАЭК-Казатомпром\"\"\"","DDP","С даты подписания договора в течение 30 календарных дней","Окончательный платеж - 100% , Промежуточный платеж - 0% , Предоплата - 0% ","Тонна (метрическая)",{"v":4.2,"d":"4.200"},{"v":242000,"d":"242,000.000"},{"v":1016400,"d":"1,016,400.000"},{"v":1138368,"d":"1,138,368.000"},"-","Товарищество с ограниченной ответственностью \"Мангистауский атомный энергетический комбинат-Казатомпром\""]
[null,"1120132","343 Т","241062.900.000062","Круг","стальной, марка Ст.3сп, диаметр 32-270 мм, горячекатаный","36:Диаметр:60:60 \\ 36:Диаметр:380-71:79 ГОСТ","ОТП","-","0","02.2018","471010000, Мангистауская область, Актау Г.А., г.Актау, \"Мангистауская область, г. Актау, промзона, ТОО \"\"МАЭК-Казатомпром\"\", здание 201\"","471010000, Мангистауская область, Актау Г.А., г.Актау, \"Мангистауская область, г. Актау, промзона, ТОО \"\"МАЭК-Казатомпром\"\"\"","DDP","С даты подписания договора в течение 30 календарных дней","Предоплата - 0% , Промежуточный платеж - 0% , Окончательный платеж - 100% ","Тонна (метрическая)",{"v":1,"d":"1.000"},{"v":189000,"d":"189,000.000"},{"v":189000,"d":"189,000.000"},{"v":211680,"d":"211,680.000"},"-","Товарищество с ограниченной ответственностью \"Мангистауский атомный энергетический комбинат-Казатомпром\""]
[null,"1120224","344 Т","241071.000.000033","Уголок","стальной, равнополочный, горячекатаный, ширина 32 мм","163:Номер:32*32*4,0:32*32*4,0 \\ 79:ГОСТ:8509-93:8509-93","ЦПП","-","0","01.2018","471010000, Мангистауская область, Актау Г.А., г.Актау, \"Мангистауская область, г. Актау, промзона, ТОО \"\"МАЭК-Казатомпром\"\", здание 201\"","471010000, Мангистауская область, Актау Г.А., г.Актау, \"Мангистауская область, г. Актау, промзона, ТОО \"\"МАЭК-Казатомпром\"\"\"","DDP","С даты подписания договора в течение 30 календарных дней","Предоплата - 0% , Промежуточный платеж - 0% , Окончательный платеж - 100% ","Тонна (метрическая)",{"v":0.3,"d":"0.300"},{"v":175000,"d":"175,000.000"},{"v":52500,"d":"52,500.000"},{"v":58800,"d":"58,800.000"},"-","Товарищество с ограниченной ответственностью \"Мангистауский атомный энергетический комбинат-Казатомпром\""]
[null,"1120282","345-1 Т","241071.000.000041","Уголок","стальной, равнополочный, горячекатаный, ширина 75 мм","163:Номер:75*75*7 :75*75*7  \\ 79:ГОСТ:8509-93:8509-93","ЦПП","-","0","02.2018","471000000, Мангистауская область, Актау Г.А., Промзона, ТОО \"МАЭК-Казатомпром\", здание 201","471010000, Мангистауская область, Актау Г.А., г.Актау, \"Мангистауская область, г. Актау, промзона, ТОО \"\"МАЭК-Казатомпром\"\"\"","DDP","С даты подписания договора в течение 30 календарных дней","Окончательный платеж - 100% , Промежуточный платеж - 0% , Предоплата - 0% ","Тонна (метрическая)",{"v":5.75,"d":"5.750"},{"v":242000,"d":"242,000.000"},{"v":1391500,"d":"1,391,500.000"},{"v":1558480,"d":"1,558,480.000"},"-","Товарищество с ограниченной ответственностью \"Мангистауский атомный энергетический комбинат-Казатомпром\""]
[null,"1120290","346-1 Т","241071.000.000044","Уголок","стальной, равнополочный, горячекатаный, ширина 100 мм","163:Номер:100*100*7 :100*100*7  \\ 79:ГОСТ:8509-93:8509-93","ЦПП","-","0","02.2018","471010000, Мангистауская область, Актау Г.А., г.Актау, \"Мангистауская область, г. Актау, промзона, ТОО \"\"МАЭК-Казатомпром\"\", здание 201\"","471010000, Мангистауская область, Актау Г.А., г.Актау, \"Мангистауская область, г. Актау, промзона, ТОО \"\"МАЭК-Казатомпром\"\"\"","DDP","С даты подписания договора в течение 30 календарных дней","Окончательный платеж - 100% , Промежуточный платеж - 0% , Предоплата - 0% ","Тонна (метрическая)",{"v":2.1,"d":"2.100"},{"v":242000,"d":"242,000.000"},{"v":508200,"d":"508,200.000"},{"v":569184,"d":"569,184.000"},"-","Товарищество с ограниченной ответственностью \"Мангистауский атомный энергетический комбинат-Казатомпром\""]
[null,"1120501","347-1 Т","241071.000.000037","Уголок","стальной, равнополочный, горячекатаный, ширина 50 мм","163:Номер:50х50х5 :50х50х5  \\ 79:ГОСТ:8509-93:8509-93","ЦПП","-","0","02.2018","471000000, Мангистауская область, Актау Г.А., Промзона, ТОО \"МАЭК-Казатомпром\", здание 201","471000000, Мангистауская область, Актау Г.А., Промзона, склад ТОО \"МАЭК-Казатомпром\"","DDP","С даты подписания договора в течение 30 календарных дней","Окончательный платеж - 100% , Промежуточный платеж - 0% , Предоплата - 0% ","Тонна (метрическая)",{"v":4.3,"d":"4.300"},{"v":242000,"d":"242,000.000"},{"v":1040600,"d":"1,040,600.000"},{"v":1165472,"d":"1,165,472.000"},"-","Товарищество с ограниченной ответственностью \"Мангистауский атомный энергетический комбинат-Казатомпром\""]
[null,"1120020","348-1 Т","241062.900.000062","Круг","стальной, марка Ст.3сп, диаметр 32-270 мм, горячекатаный","163:Номер:90:90 \\ 79:ГОСТ:380-71:380-71","ОТП","-","0","02.2018","471010000, Мангистауская область, Актау Г.А., г.Актау, \"Мангистауская область, г. Актау, промзона, ТОО \"\"МАЭК-Казатомпром\"\", здание 201\"","471010000, Мангистауская область, Актау Г.А., г.Актау, \"Мангистауская область, г. Актау, промзона, ТОО \"\"МАЭК-Казатомпром\"\"\"","DDP","С даты подписания договора в течение 45 календарных дней","Окончательный платеж - 100% , Промежуточный платеж - 0% , Предоплата - 0% ","Тонна (метрическая)",0.898,{"v":260000,"d":"260,000.000"},{"v":233480,"d":"233,480.000"},{"v":261497.6,"d":"261,497.600"},"-","Товарищество с ограниченной ответственностью \"Мангистауский атомный энергетический комбинат-Казатомпром\""]
[null,"1120175","349 Т","241062.900.000062","Круг","стальной, марка Ст.3сп, диаметр 32-270 мм, горячекатаный","163:Номер:200:200 \\ 79:ГОСТ:380-71:380-71","ОТП","-","0","02.2018","471010000, Мангистауская область, Актау Г.А., г.Актау, \"Мангистауская область, г. Актау, промзона, ТОО \"\"МАЭК-Казатомпром\"\", здание 201\"","471010000, Мангистауская область, Актау Г.А., г.Актау, \"Мангистауская область, г. Актау, промзона, ТОО \"\"МАЭК-Казатомпром\"\"\"","DDP","С даты подписания договора в течение 45 календарных дней","Предоплата - 0% , Промежуточный платеж - 0% , Окончательный платеж - 100% ","Тонна (метрическая)",{"v":0.4,"d":"0.400"},{"v":220000,"d":"220,000.000"},{"v":88000,"d":"88,000.000"},{"v":98560,"d":"98,560.000"},"-","Товарищество с ограниченной ответственностью \"Мангистауский атомный энергетический комбинат-Казатомпром\""]
[null,"1120021","350 Т","241062.900.000062","Круг","стальной, марка Ст.3сп, диаметр 32-270 мм, горячекатаный","163:Номер:100:100 \\ 79:ГОСТ:380-71:380-71","ОТП","-","0","02.2018","471010000, Мангистауская область, Актау Г.А., г.Актау, \"Мангистауская область, г. Актау, промзона, ТОО \"\"МАЭК-Казатомпром\"\", здание 201\"","471010000, Мангистауская область, Актау Г.А., г.Актау, \"Мангистауская область, г. Актау, промзона, ТОО \"\"МАЭК-Казатомпром\"\"\"","DDP","С даты подписания договора в течение 45 календарных дней","Предоплата - 0% , Промежуточный платеж - 0% , Окончательный платеж - 100% ","Тонна (метрическая)",{"v":3,"d":"3.000"},{"v":210000,"d":"210,000.000"},{"v":630000,"d":"630,000.000"},{"v":705600,"d":"705,600.000"},"-","Товарищество с ограниченной ответственностью \"Мангистауский атомный энергетический комбинат-Казатомпром\""]
[null,"1120133","351 Т","241062.900.000062","Круг","стальной, марка Ст.3сп, диаметр 32-270 мм, горячекатаный","163:Номер:80:80 \\ 79:ГОСТ:380-2005:380-2005","ОТП","-","0","02.2018","471010000, Мангистауская область, Актау Г.А., г.Актау, \"Мангистауская область, г. Актау, промзона, ТОО \"\"МАЭК-Казатомпром\"\", здание 201\"","471010000, Мангистауская область, Актау Г.А., г.Актау, \"Мангистауская область, г. Актау, промзона, ТОО \"\"МАЭК-Казатомпром\"\"\"","DDP","С даты подписания договора в течение 45 календарных дней","Предоплата - 0% , Промежуточный платеж - 0% , Окончательный платеж - 100% ","Тонна (метрическая)",{"v":1,"d":"1.000"},{"v":189000,"d":"189,000.000"},{"v":189000,"d":"189,000.000"},{"v":211680,"d":"211,680.000"},"-","Товарищество с ограниченной ответственностью \"Мангистауский атомный энергетический комбинат-Казатомпром\""]
[null,"1120033","352 Т","241062.900.000062","Круг","стальной, марка Ст.3сп, диаметр 32-270 мм, горячекатаный","163:Номер:270:270 \\ 79:ГОСТ:380-2005:380-2005","ОТП","-","0","02.2018","471010000, Мангистауская область, Актау Г.А., г.Актау, \"Мангистауская область, г. Актау, промзона, ТОО \"\"МАЭК-Казатомпром\"\", здание 201\"","471010000, Мангистауская область, Актау Г.А., г.Актау, \"Мангистауская область, г. Актау, промзона, ТОО \"\"МАЭК-Казатомпром\"\"\"","DDP","С даты подписания договора в течение 45 календарных дней","Предоплата - 0% , Промежуточный платеж - 0% , Окончательный платеж - 100% ","Тонна (метрическая)",{"v":1,"d":"1.000"},{"v":250000,"d":"250,000.000"},{"v":250000,"d":"250,000.000"},{"v":280000,"d":"280,000.000"},"-","Товарищество с ограниченной ответственностью \"Мангистауский атомный энергетический комбинат-Казатомпром\""]
[null,"1120034","353 Т","241062.900.000064","Круг","стальной, марка Ст.3сп, диаметр 301-330 мм, горячекатаный","163:Номер:330:330 \\ 79:ГОСТ:380-2005:380-2005","ОТП","-","0","02.2018","471010000, Мангистауская область, Актау Г.А., г.Актау, \"Мангистауская область, г. Актау, промзона, ТОО \"\"МАЭК-Казатомпром\"\", здание 201\"","471010000, Мангистауская область, Актау Г.А., г.Актау, \"Мангистауская область, г. Актау, промзона, ТОО \"\"МАЭК-Казатомпром\"\"\"","DDP","С даты подписания договора в течение 45 календарных дней","Предоплата - 0% , Промежуточный платеж - 0% , Окончательный платеж - 100% ","Тонна (метрическая)",{"v":0.3,"d":"0.300"},{"v":250000,"d":"250,000.000"},{"v":75000,"d":"75,000.000"},{"v":84000,"d":"84,000.000"},"-","Товарищество с ограниченной ответственностью \"Мангистауский атомный энергетический комбинат-Казатомпром\""]
[null,"1120211","354-1 Т","241071.000.000030","Уголок","стальной, равнополочный, горячекатаный, ширина 25 мм","163:Номер:25*25*4 :25*25*4  \\ 79:ГОСТ:8509-93:8509-93","ЦПП","-","0","02.2018","471000000, Мангистауская область, Актау Г.А., Промзона, ТОО \"МАЭК-Казатомпром\", здание 201","471000000, Мангистауская область, Актау Г.А., Промзона, склад ТОО \"МАЭК-Казатомпром\"","DDP","С даты подписания договора в течение 30 календарных дней","Окончательный платеж - 100% , Промежуточный платеж - 0% , Предоплата - 0% ","Тонна (метрическая)",0.804,{"v":220000,"d":"220,000.000"},{"v":176880,"d":"176,880.000"},{"v":198105.6,"d":"198,105.600"},"-","Товарищество с ограниченной ответственностью \"Мангистауский атомный энергетический комбинат-Казатомпром\""]
[null,"1120024","355 Т","241062.900.000062","Круг","стальной, марка Ст.3сп, диаметр 32-270 мм, горячекатаный","163:Номер:110:110 \\ 79:ГОСТ:380-2005:380-2005","ОТП","-","0","02.2018","471010000, Мангистауская область, Актау Г.А., г.Актау, \"Мангистауская область, г. Актау, промзона, ТОО \"\"МАЭК-Казатомпром\"\", здание 201\"","471010000, Мангистауская область, Актау Г.А., г.Актау, \"Мангистауская область, г. Актау, промзона, ТОО \"\"МАЭК-Казатомпром\"\"\"","DDP","С даты подписания договора в течение 45 календарных дней","Предоплата - 0% , Промежуточный платеж - 0% , Окончательный платеж - 100% ","Тонна (метрическая)",{"v":2,"d":"2.000"},{"v":210000,"d":"210,000.000"},{"v":420000,"d":"420,000.000"},{"v":470400,"d":"470,400.000"},"-","Товарищество с ограниченной ответственностью \"Мангистауский атомный энергетический комбинат-Казатомпром\""]
[null,"1120231","356 Т","241071.000.000035","Уголок","стальной, равнополочный, горячекатаный, ширина 40 мм","163:Номер:40х40х4.0:40х40х4.0 \\ 79:ГОСТ:8509-93:8509-93","ЦПП","-","0","01.2018","471010000, Мангистауская область, Актау Г.А., г.Актау, \"Мангистауская область, г. Актау, промзона, ТОО \"\"МАЭК-Казатомпром\"\", здание 201\"","471010000, Мангистауская область, Актау Г.А., г.Актау, \"Мангистауская область, г. Актау, промзона, ТОО \"\"МАЭК-Казатомпром\"\"\"","DDP","С даты подписания договора в течение 30 календарных дней","Предоплата - 0% , Промежуточный платеж - 0% , Окончательный платеж - 100% ","Тонна (метрическая)",{"v":0.7,"d":"0.700"},{"v":175000,"d":"175,000.000"},{"v":122500,"d":"122,500.000"},{"v":137200,"d":"137,200.000"},"-","Товарищество с ограниченной ответственностью \"Мангистауский атомный энергетический комбинат-Казатомпром\""]
[null,"1120260","357 Т","241071.000.000037","Уголок","стальной, равнополочный, горячекатаный, ширина 50 мм","163:Номер:50*50*4 :50*50*4  \\ 79:ГОСТ:8509-93:8509-93","ЦПП","-","0","01.2018","471010000, Мангистауская область, Актау Г.А., г.Актау, \"Мангистауская область, г. Актау, промзона, ТОО \"\"МАЭК-Казатомпром\"\", здание 201\"","471010000, Мангистауская область, Актау Г.А., г.Актау, \"Мангистауская область, г. Актау, промзона, ТОО \"\"МАЭК-Казатомпром\"\"\"","DDP","С даты подписания договора в течение 30 календарных дней","Предоплата - 0% , Промежуточный платеж - 0% , Окончательный платеж - 100% ","Тонна (метрическая)",{"v":1.4,"d":"1.400"},{"v":173214.29,"d":"173,214.290"},{"v":242500.01,"d":"242,500.010"},{"v":271600.01,"d":"271,600.010"},"-","Товарищество с ограниченной ответственностью \"Мангистауский атомный энергетический комбинат-Казатомпром\""]
[null,"1120532","358 Т","241071.000.000039","Уголок","стальной, равнополочный, горячекатаный, ширина 63 мм","163:Номер:63х5 :63х5  \\ 79:ГОСТ:8509-93:8509-93","ЦПП","-","0","01.2018","471010000, Мангистауская область, Актау Г.А., г.Актау, \"Мангистауская область, г. Актау, промзона, ТОО \"\"МАЭК-Казатомпром\"\", здание 201\"","471010000, Мангистауская область, Актау Г.А., г.Актау, \"Мангистауская область, г. Актау, промзона, ТОО \"\"МАЭК-Казатомпром\"\"\"","DDP","С даты подписания договора в течение 30 календарных дней","Предоплата - 0% , Промежуточный платеж - 0% , Окончательный платеж - 100% ","Тонна (метрическая)",{"v":0.5,"d":"0.500"},{"v":175000,"d":"175,000.000"},{"v":87500,"d":"87,500.000"},{"v":98000,"d":"98,000.000"},"-","Товарищество с ограниченной ответственностью \"Мангистауский атомный энергетический комбинат-Казатомпром\""]
[null,"1120234","359 Т","241071.000.000036","Уголок","стальной, равнополочный, горячекатаный, ширина 45 мм","163:Номер:45*45*4 :45*45*4  \\ 79:ГОСТ:8509-93:8509-93","ЦПП","-","0","01.2018","471010000, Мангистауская область, Актау Г.А., г.Актау, \"Мангистауская область, г. Актау, промзона, ТОО \"\"МАЭК-Казатомпром\"\", здание 201\"","471010000, Мангистауская область, Актау Г.А., г.Актау, \"Мангистауская область, г. Актау, промзона, ТОО \"\"МАЭК-Казатомпром\"\"\"","DDP","С даты подписания договора в течение 30 календарных дней","Предоплата - 0% , Промежуточный платеж - 0% , Окончательный платеж - 100% ","Тонна (метрическая)",{"v":5.3,"d":"5.300"},{"v":175000,"d":"175,000.000"},{"v":927500,"d":"927,500.000"},{"v":1038800,"d":"1,038,800.000"},"-","Товарищество с ограниченной ответственностью \"Мангистауский атомный энергетический комбинат-Казатомпром\""]
[null,"1120310","360 Т","241062.900.000149","Шестигранник","стальной, марка Ст.20, диаметр 15-50 мм, горячекатаный","36:Диаметр:19:19 \\ 79:ГОСТ: 2879-2006: 2879-2006","ОИ","137-2 (не превышает тысячекратного МРП)","0","04.2018","471010000, Мангистауская область, Актау Г.А., г.Актау, \"Мангистауская область, г. Актау, промзона, ТОО \"\"МАЭК-Казатомпром\"\", здание 201\"","471010000, Мангистауская область, Актау Г.А., г.Актау, \"Мангистауская область, г. Актау, промзона, ТОО \"\"МАЭК-Казатомпром\"\"\"","DDP","С даты подписания договора в течение 30 календарных дней","Предоплата - 0% , Промежуточный платеж - 0% , Окончательный платеж - 100% ","Тонна (метрическая)",{"v":0.4,"d":"0.400"},{"v":298080,"d":"298,080.000"},{"v":119232,"d":"119,232.000"},{"v":133539.84,"d":"133,539.840"},"-","Товарищество с ограниченной ответственностью \"Мангистауский атомный энергетический комбинат-Казатомпром\""]
[null,"1120030","361-1 Т","241062.900.000062","Круг","стальной, марка Ст.3сп, диаметр 32-270 мм, горячекатаный","36:Диаметр:150:150 \\ 79:ГОСТ:380-71:380-71","ОТП","-","0","02.2018","471010000, Мангистауская область, Актау Г.А., г.Актау, \"Мангистауская область, г. Актау, промзона, ТОО \"\"МАЭК-Казатомпром\"\", здание 201\"","471010000, Мангистауская область, Актау Г.А., г.Актау, \"Мангистауская область, г. Актау, промзона, ТОО \"\"МАЭК-Казатомпром\"\"\"","DDP","С даты подписания договора в течение 30 календарных дней","Окончательный платеж - 100% , Промежуточный платеж - 0% , Предоплата - 0% ","Тонна (метрическая)",{"v":0.83,"d":"0.830"},{"v":260000,"d":"260,000.000"},{"v":215800,"d":"215,800.000"},{"v":241696,"d":"241,696.000"},"-","Товарищество с ограниченной ответственностью \"Мангистауский атомный энергетический комбинат-Казатомпром\""]
[null,"1120230","362 Т","241071.000.000034","Уголок","стальной, равнополочный, горячекатаный, ширина 35 мм","163:Номер:35х35х4 :35х35х4  \\ 79:ГОСТ:8509-93:8509-93","ЦПП","-","0","01.2018","471010000, Мангистауская область, Актау Г.А., г.Актау, \"Мангистауская область, г. Актау, промзона, ТОО \"\"МАЭК-Казатомпром\"\", здание 201\"","471010000, Мангистауская область, Актау Г.А., г.Актау, \"Мангистауская область, г. Актау, промзона, ТОО \"\"МАЭК-Казатомпром\"\"\"","DDP","С даты подписания договора в течение 30 календарных дней","Предоплата - 0% , Промежуточный платеж - 0% , Окончательный платеж - 100% ","Тонна (метрическая)",{"v":0.6,"d":"0.600"},{"v":175000,"d":"175,000.000"},{"v":105000,"d":"105,000.000"},{"v":117600,"d":"117,600.000"},"-","Товарищество с ограниченной ответственностью \"Мангистауский атомный энергетический комбинат-Казатомпром\""]
[null,"1120294","363 Т","241071.000.000046","Уголок","стальной, равнополочный, горячекатаный, ширина 125 мм","163:Номер:125*125*10 :125*125*10  \\ 79:ГОСТ:8509-93:8509-93","ЦПП","-","0","01.2018","471010000, Мангистауская область, Актау Г.А., г.Актау, \"Мангистауская область, г. Актау, промзона, ТОО \"\"МАЭК-Казатомпром\"\", здание 201\"","471010000, Мангистауская область, Актау Г.А., г.Актау, \"Мангистауская область, г. Актау, промзона, ТОО \"\"МАЭК-Казатомпром\"\"\"","DDP","С даты подписания договора в течение 30 календарных дней","Предоплата - 0% , Промежуточный платеж - 0% , Окончательный платеж - 100% ","Тонна (метрическая)",{"v":3,"d":"3.000"},{"v":175000,"d":"175,000.000"},{"v":525000,"d":"525,000.000"},{"v":588000,"d":"588,000.000"},"-","Товарищество с ограниченной ответственностью \"Мангистауский атомный энергетический комбинат-Казатомпром\""]
[null,"1120032","364 Т","241062.900.000062","Круг","стальной, марка Ст.3сп, диаметр 32-270 мм, горячекатаный","36:Диаметр:220:220 \\ 79:ГОСТ:380-2005:380-2005","ОТП","-","0","02.2018","471010000, Мангистауская область, Актау Г.А., г.Актау, \"Мангистауская область, г. Актау, промзона, ТОО \"\"МАЭК-Казатомпром\"\", здание 201\"","471010000, Мангистауская область, Актау Г.А., г.Актау, \"Мангистауская область, г. Актау, промзона, ТОО \"\"МАЭК-Казатомпром\"\"\"","DDP","С даты подписания договора в течение 30 календарных дней","Предоплата - 0% , Промежуточный платеж - 0% , Окончательный платеж - 100% ","Тонна (метрическая)",{"v":0.89,"d":"0.890"},{"v":220000,"d":"220,000.000"},{"v":195800,"d":"195,800.000"},{"v":219296,"d":"219,296.000"},"-","Товарищество с ограниченной ответственностью \"Мангистауский атомный энергетический комбинат-Казатомпром\""]
[null,"1120134","365 Т","241062.900.000062","Круг","стальной, марка Ст.3сп, диаметр 32-270 мм, горячекатаный","36:Диаметр:70:70 \\ 79:ГОСТ:380-2005:380-2005","ОТП","-","0","02.2018","471010000, Мангистауская область, Актау Г.А., г.Актау, \"Мангистауская область, г. Актау, промзона, ТОО \"\"МАЭК-Казатомпром\"\", здание 201\"","471010000, Мангистауская область, Актау Г.А., г.Актау, \"Мангистауская область, г. Актау, промзона, ТОО \"\"МАЭК-Казатомпром\"\"\"","DDP","С даты подписания договора в течение 30 календарных дней","Предоплата - 0% , Промежуточный платеж - 0% , Окончательный платеж - 100% ","Тонна (метрическая)",{"v":0.6,"d":"0.600"},{"v":189000,"d":"189,000.000"},{"v":113400,"d":"113,400.000"},{"v":127008,"d":"127,008.000"},"-","Товарищество с ограниченной ответственностью \"Мангистауский атомный энергетический комбинат-Казатомпром\""]
[null,"1120275","366 Т","241071.000.000042","Уголок","стальной, равнополочный, горячекатаный, ширина 80 мм","163:Номер:75*75:75*75 \\ 79:ГОСТ:8509-93:8509-93","ЦПП","-","0","01.2018","471010000, Мангистауская область, Актау Г.А., г.Актау, \"Мангистауская область, г. Актау, промзона, ТОО \"\"МАЭК-Казатомпром\"\", здание 201\"","471010000, Мангистауская область, Актау Г.А., г.Актау, \"Мангистауская область, г. Актау, промзона, ТОО \"\"МАЭК-Казатомпром\"\"\"","DDP","С даты подписания договора в течение 30 календарных дней","Предоплата - 0% , Промежуточный платеж - 0% , Окончательный платеж - 100% ","Тонна (метрическая)",{"v":1,"d":"1.000"},{"v":175000,"d":"175,000.000"},{"v":175000,"d":"175,000.000"},{"v":196000,"d":"196,000.000"},"-","Товарищество с ограниченной ответственностью \"Мангистауский атомный энергетический комбинат-Казатомпром\""]
[null,"1141026","367 Т","241062.900.000008","Круг","стальной, марка Ст.20, диаметр 10-19 мм, горячекатаный","36:Диаметр:10:10 \\ 79:ГОСТ: 1050-74: 1050-74","ОТП","-","0","02.2018","471010000, Мангистауская область, Актау Г.А., г.Актау, \"Мангистауская область, г. Актау, промзона, ТОО \"\"МАЭК-Казатомпром\"\", здание 201\"","471010000, Мангистауская область, Актау Г.А., г.Актау, \"Мангистауская область, г. Актау, промзона, ТОО \"\"МАЭК-Казатомпром\"\"\"","DDP","С даты подписания договора в течение 30 календарных дней","Предоплата - 0% , Промежуточный платеж - 0% , Окончательный платеж - 100% ","Тонна (метрическая)",{"v":1,"d":"1.000"},{"v":165000,"d":"165,000.000"},{"v":165000,"d":"165,000.000"},{"v":184800,"d":"184,800.000"},"-","Товарищество с ограниченной ответственностью \"Мангистауский атомный энергетический комбинат-Казатомпром\""]
[null,"1140011","368 Т","241062.900.000008","Круг","стальной, марка Ст.20, диаметр 10-19 мм, горячекатаный","36:Диаметр:14:14 \\ 79:ГОСТ: 1050-74: 1050-74","ОТП","-","0","02.2018","471010000, Мангистауская область, Актау Г.А., г.Актау, \"Мангистауская область, г. Актау, промзона, ТОО \"\"МАЭК-Казатомпром\"\", здание 201\"","471010000, Мангистауская область, Актау Г.А., г.Актау, \"Мангистауская область, г. Актау, промзона, ТОО \"\"МАЭК-Казатомпром\"\"\"","DDP","С даты подписания договора в течение 30 календарных дней","Предоплата - 0% , Промежуточный платеж - 0% , Окончательный платеж - 100% ","Тонна (метрическая)",{"v":0.5,"d":"0.500"},{"v":165000,"d":"165,000.000"},{"v":82500,"d":"82,500.000"},{"v":92400,"d":"92,400.000"},"-","Товарищество с ограниченной ответственностью \"Мангистауский атомный энергетический комбинат-Казатомпром\""]
[null,"1141033","369 Т","243110.700.000003","Круг","стальной, марка Ст.20, диаметр до 25 мм, калиброванный","36:Диаметр:25:25 \\ 79:ГОСТ: 1050-74: 1050-74","ОТП","-","0","02.2018","471010000, Мангистауская область, Актау Г.А., г.Актау, \"Мангистауская область, г. Актау, промзона, ТОО \"\"МАЭК-Казатомпром\"\", здание 201\"","471010000, Мангистауская область, Актау Г.А., г.Актау, \"Мангистауская область, г. Актау, промзона, ТОО \"\"МАЭК-Казатомпром\"\"\"","DDP","С даты подписания договора в течение 30 календарных дней","Предоплата - 0% , Промежуточный платеж - 0% , Окончательный платеж - 100% ","Тонна (метрическая)",{"v":0.11,"d":"0.110"},{"v":165000,"d":"165,000.000"},{"v":18150,"d":"18,150.000"},{"v":20328,"d":"20,328.000"},"-","Товарищество с ограниченной ответственностью \"Мангистауский атомный энергетический комбинат-Казатомпром\""]
[null,"1140007","370-1 Т","241062.900.000059","Круг","стальной, марка Ст.3сп, диаметр 10-19 мм, горячекатаный","36:Диаметр:10:10 \\ 79:ГОСТ:380-71:380-71","ОТП","-","0","02.2018","471010000, Мангистауская область, Актау Г.А., г.Актау, \"Мангистауская область, г. Актау, промзона, ТОО \"\"МАЭК-Казатомпром\"\", здание 201\"","471000000, Мангистауская область, Актау Г.А., Промзона, склад ТОО \"МАЭК-Казатомпром\"","DDP","С даты подписания договора в течение 30 календарных дней","Окончательный платеж - 100% , Промежуточный платеж - 0% , Предоплата - 0% ","Тонна (метрическая)",{"v":0.5,"d":"0.500"},{"v":210000,"d":"210,000.000"},{"v":105000,"d":"105,000.000"},{"v":117600,"d":"117,600.000"},"-","Товарищество с ограниченной ответственностью \"Мангистауский атомный энергетический комбинат-Казатомпром\""]
[null,"1140080","371 Т","241062.900.000062","Круг","стальной, марка Ст.3сп, диаметр 32-270 мм, горячекатаный","36:Диаметр:130:130 \\ 79:ГОСТ:380-71:380-71","ОТП","-","0","02.2018","471010000, Мангистауская область, Актау Г.А., г.Актау, \"Мангистауская область, г. Актау, промзона, ТОО \"\"МАЭК-Казатомпром\"\", здание 201\"","471010000, Мангистауская область, Актау Г.А., г.Актау, \"Мангистауская область, г. Актау, промзона, ТОО \"\"МАЭК-Казатомпром\"\"\"","DDP","С даты подписания договора в течение 30 календарных дней","Предоплата - 0% , Промежуточный платеж - 0% , Окончательный платеж - 100% ","Тонна (метрическая)",{"v":1.03,"d":"1.030"},{"v":210000,"d":"210,000.000"},{"v":216300,"d":"216,300.000"},{"v":242256,"d":"242,256.000"},"-","Товарищество с ограниченной ответственностью \"Мангистауский атомный энергетический комбинат-Казатомпром\""]
[null,"1140017","372 Т","241062.900.000062","Круг","стальной, марка Ст.3сп, диаметр 32-270 мм, горячекатаный","36:Диаметр:40:40 \\ 79:ГОСТ:380-71:380-71","ОТП","-","0","02.2018","471010000, Мангистауская область, Актау Г.А., г.Актау, \"Мангистауская область, г. Актау, промзона, ТОО \"\"МАЭК-Казатомпром\"\", здание 201\"","471010000, Мангистауская область, Актау Г.А., г.Актау, \"Мангистауская область, г. Актау, промзона, ТОО \"\"МАЭК-Казатомпром\"\"\"","DDP","С даты подписания договора в течение 30 календарных дней","Предоплата - 0% , Промежуточный платеж - 0% , Окончательный платеж - 100% ","Тонна (метрическая)",{"v":1,"d":"1.000"},{"v":165000,"d":"165,000.000"},{"v":165000,"d":"165,000.000"},{"v":184800,"d":"184,800.000"},"-","Товарищество с ограниченной ответственностью \"Мангистауский атомный энергетический комбинат-Казатомпром\""]
[null,"1140090","373-1 Т","243110.700.000005","Круг","стальной, марка Ст.20, диаметр свыше 51 мм, калиброванный","36:Диаметр:150:150 \\ 79:ГОСТ: 1050-74: 1050-74","ОТП","-","0","02.2018","471010000, Мангистауская область, Актау Г.А., г.Актау, \"Мангистауская область, г. Актау, промзона, ТОО \"\"МАЭК-Казатомпром\"\", здание 201\"","471010000, Мангистауская область, Актау Г.А., г.Актау, \"Мангистауская область, г. Актау, промзона, ТОО \"\"МАЭК-Казатомпром\"\"\"","DDP","С даты подписания договора в течение 45 календарных дней","Окончательный платеж - 100% , Промежуточный платеж - 0% , Предоплата - 0% ","Тонна (метрическая)",0.693,{"v":260000,"d":"260,000.000"},{"v":180180,"d":"180,180.000"},{"v":201801.6,"d":"201,801.600"},"-","Товарищество с ограниченной ответственностью \"Мангистауский атомный энергетический комбинат-Казатомпром\""]
[null,"1141030","374 Т","243110.700.000003","Круг","стальной, марка Ст.20, диаметр до 25 мм, калиброванный","36:Диаметр:16:16 \\ 79:ГОСТ: 1050-74: 1050-74","ОТП","-","0","02.2018","471010000, Мангистауская область, Актау Г.А., г.Актау, \"Мангистауская область, г. Актау, промзона, ТОО \"\"МАЭК-Казатомпром\"\", здание 201\"","471010000, Мангистауская область, Актау Г.А., г.Актау, \"Мангистауская область, г. Актау, промзона, ТОО \"\"МАЭК-Казатомпром\"\"\"","DDP","С даты подписания договора в течение 45 календарных дней","Предоплата - 0% , Промежуточный платеж - 0% , Окончательный платеж - 100% ","Тонна (метрическая)",{"v":0.5,"d":"0.500"},{"v":165000,"d":"165,000.000"},{"v":82500,"d":"82,500.000"},{"v":92400,"d":"92,400.000"},"-","Товарищество с ограниченной ответственностью \"Мангистауский атомный энергетический комбинат-Казатомпром\""]
[null,"1140012","375 Т","241062.900.000062","Круг","стальной, марка Ст.3сп, диаметр 32-270 мм, горячекатаный","36:Диаметр:30:30 \\ 79:ГОСТ:380-71:380-71","ОТП","-","0","02.2018","471010000, Мангистауская область, Актау Г.А., г.Актау, \"Мангистауская область, г. Актау, промзона, ТОО \"\"МАЭК-Казатомпром\"\", здание 201\"","471010000, Мангистауская область, Актау Г.А., г.Актау, \"Мангистауская область, г. Актау, промзона, ТОО \"\"МАЭК-Казатомпром\"\"\"","DDP","С даты подписания договора в течение 45 календарных дней","Предоплата - 0% , Промежуточный платеж - 0% , Окончательный платеж - 100% ","Тонна (метрическая)",{"v":0.5,"d":"0.500"},{"v":165000,"d":"165,000.000"},{"v":82500,"d":"82,500.000"},{"v":92400,"d":"92,400.000"},"-","Товарищество с ограниченной ответственностью \"Мангистауский атомный энергетический комбинат-Казатомпром\""]
[null,"1141032","376 Т","243110.700.000003","Круг","стальной, марка Ст.20, диаметр до 25 мм, калиброванный","36:Диаметр:20:20 \\ 79:ГОСТ: 1050-74: 1050-74","ОТП","-","0","02.2018","471010000, Мангистауская область, Актау Г.А., г.Актау, \"Мангистауская область, г. Актау, промзона, ТОО \"\"МАЭК-Казатомпром\"\", здание 201\"","471010000, Мангистауская область, Актау Г.А., г.Актау, \"Мангистауская область, г. Актау, промзона, ТОО \"\"МАЭК-Казатомпром\"\"\"","DDP","С даты подписания договора в течение 45 календарных дней","Предоплата - 0% , Промежуточный платеж - 0% , Окончательный платеж - 100% ","Тонна (метрическая)",{"v":0.5,"d":"0.500"},{"v":165000,"d":"165,000.000"},{"v":82500,"d":"82,500.000"},{"v":92400,"d":"92,400.000"},"-","Товарищество с ограниченной ответственностью \"Мангистауский атомный энергетический комбинат-Казатомпром\""]
[null,"1140964","377 Т","241062.900.000060","Круг","стальной, марка Ст.3сп, диаметр 20-25 мм, горячекатаный","36:Диаметр:25:25 \\ 79:ГОСТ:380-71:380-71","ОТП","-","0","02.2018","471010000, Мангистауская область, Актау Г.А., г.Актау, \"Мангистауская область, г. Актау, промзона, ТОО \"\"МАЭК-Казатомпром\"\", здание 201\"","471010000, Мангистауская область, Актау Г.А., г.Актау, \"Мангистауская область, г. Актау, промзона, ТОО \"\"МАЭК-Казатомпром\"\"\"","DDP","С даты подписания договора в течение 45 календарных дней","Предоплата - 0% , Промежуточный платеж - 0% , Окончательный платеж - 100% ","Тонна (метрическая)",{"v":0.04,"d":"0.040"},{"v":165000,"d":"165,000.000"},{"v":6600,"d":"6,600.000"},{"v":7392,"d":"7,392.000"},"-","Товарищество с ограниченной ответственностью \"Мангистауский атомный энергетический комбинат-Казатомпром\""]
[null,"1140018","378 Т","241062.900.000062","Круг","стальной, марка Ст.3сп, диаметр 32-270 мм, горячекатаный","36:Диаметр:50:50 \\ 79:ГОСТ:380-71:380-71","ОТП","-","0","02.2018","471010000, Мангистауская область, Актау Г.А., г.Актау, \"Мангистауская область, г. Актау, промзона, ТОО \"\"МАЭК-Казатомпром\"\", здание 201\"","471010000, Мангистауская область, Актау Г.А., г.Актау, \"Мангистауская область, г. Актау, промзона, ТОО \"\"МАЭК-Казатомпром\"\"\"","DDP","С даты подписания договора в течение 45 календарных дней","Предоплата - 0% , Промежуточный платеж - 0% , Окончательный платеж - 100% ","Тонна (метрическая)",{"v":1.38,"d":"1.380"},{"v":165000,"d":"165,000.000"},{"v":227700,"d":"227,700.000"},{"v":255024,"d":"255,024.000"},"-","Товарищество с ограниченной ответственностью \"Мангистауский атомный энергетический комбинат-Казатомпром\""]
[null,"1141046","379 Т","241062.900.000062","Круг","стальной, марка Ст.3сп, диаметр 32-270 мм, горячекатаный","36:Диаметр:200:200 \\ 79:ГОСТ: 1050-74: 1050-74","ОТП","-","0","02.2018","471010000, Мангистауская область, Актау Г.А., г.Актау, \"Мангистауская область, г. Актау, промзона, ТОО \"\"МАЭК-Казатомпром\"\", здание 201\"","471010000, Мангистауская область, Актау Г.А., г.Актау, \"Мангистауская область, г. Актау, промзона, ТОО \"\"МАЭК-Казатомпром\"\"\"","DDP","С даты подписания договора в течение 45 календарных дней","Предоплата - 0% , Промежуточный платеж - 0% , Окончательный платеж - 100% ","Тонна (метрическая)",{"v":0.5,"d":"0.500"},{"v":220000,"d":"220,000.000"},{"v":110000,"d":"110,000.000"},{"v":123200,"d":"123,200.000"},"-","Товарищество с ограниченной ответственностью \"Мангистауский атомный энергетический комбинат-Казатомпром\""]
[null,"1140010","380 Т","241062.900.000059","Круг","стальной, марка Ст.3сп, диаметр 10-19 мм, горячекатаный","36:Диаметр:16:16 \\ 79:ГОСТ:380-71:380-71","ОТП","-","0","02.2018","471010000, Мангистауская область, Актау Г.А., г.Актау, \"Мангистауская область, г. Актау, промзона, ТОО \"\"МАЭК-Казатомпром\"\", здание 201\"","471010000, Мангистауская область, Актау Г.А., г.Актау, \"Мангистауская область, г. Актау, промзона, ТОО \"\"МАЭК-Казатомпром\"\"\"","DDP","С даты подписания договора в течение 45 календарных дней","Предоплата - 0% , Промежуточный платеж - 0% , Окончательный платеж - 100% ","Тонна (метрическая)",{"v":1.2,"d":"1.200"},{"v":142386.43,"d":"142,386.430"},{"v":170863.72,"d":"170,863.720"},{"v":191367.36,"d":"191,367.360"},"-","Товарищество с ограниченной ответственностью \"Мангистауский атомный энергетический комбинат-Казатомпром\""]
[null,"1140020","381 Т","241062.900.000060","Круг","стальной, марка Ст.3сп, диаметр 20-25 мм, горячекатаный","36:Диаметр:20:20 \\ 79:ГОСТ:380-71:380-71","ОТП","-","0","02.2018","471010000, Мангистауская область, Актау Г.А., г.Актау, \"Мангистауская область, г. Актау, промзона, ТОО \"\"МАЭК-Казатомпром\"\", здание 201\"","471010000, Мангистауская область, Актау Г.А., г.Актау, \"Мангистауская область, г. Актау, промзона, ТОО \"\"МАЭК-Казатомпром\"\"\"","DDP","С даты подписания договора в течение 45 календарных дней","Предоплата - 0% , Промежуточный платеж - 0% , Окончательный платеж - 100% ","Тонна (метрическая)",{"v":3.95,"d":"3.950"},{"v":165000,"d":"165,000.000"},{"v":651750,"d":"651,750.000"},{"v":729960,"d":"729,960.000"},"-","Товарищество с ограниченной ответственностью \"Мангистауский атомный энергетический комбинат-Казатомпром\""]
[null,"1140022","382-1 Т","241062.900.000059","Круг","стальной, марка Ст.3сп, диаметр 10-19 мм, горячекатаный","79:ГОСТ:380-71:380-71 \\ 36:Диаметр:12:12","ОТП","-","0","02.2018","471000000, Мангистауская область, Актау Г.А., Промзона, ТОО \"МАЭК-Казатомпром\", здание 201","471000000, Мангистауская область, Актау Г.А., Промзона, склад ТОО \"МАЭК-Казатомпром\"","DDP","С даты подписания договора в течение 45 календарных дней","Окончательный платеж - 100% , Промежуточный платеж - 0% , Предоплата - 0% ","Тонна (метрическая)",{"v":0.5,"d":"0.500"},{"v":195000,"d":"195,000.000"},{"v":97500,"d":"97,500.000"},{"v":109200,"d":"109,200.000"},"-","Товарищество с ограниченной ответственностью \"Мангистауский атомный энергетический комбинат-Казатомпром\""]
[null,"1141044","383 Т","241062.900.000062","Круг","стальной, марка Ст.3сп, диаметр 32-270 мм, горячекатаный","36:Диаметр:180:180 \\ 79:ГОСТ:380-71:380-71","ОТП","-","0","02.2018","471010000, Мангистауская область, Актау Г.А., г.Актау, \"Мангистауская область, г. Актау, промзона, ТОО \"\"МАЭК-Казатомпром\"\", здание 201\"","471010000, Мангистауская область, Актау Г.А., г.Актау, \"Мангистауская область, г. Актау, промзона, ТОО \"\"МАЭК-Казатомпром\"\"\"","DDP","С даты подписания договора в течение 45 календарных дней","Предоплата - 0% , Промежуточный платеж - 0% , Окончательный платеж - 100% ","Килограмм",{"v":0.1,"d":"0.100"},{"v":210000,"d":"210,000.000"},{"v":21000,"d":"21,000.000"},{"v":23520,"d":"23,520.000"},"-","Товарищество с ограниченной ответственностью \"Мангистауский атомный энергетический комбинат-Казатомпром\""]
[null,"1140014","384-1 Т","241062.900.000062","Круг","стальной, марка Ст.3сп, диаметр 32-270 мм, горячекатаный","36:Диаметр:36:36 \\ 79:ГОСТ:380-71:380-71","ОТП","-","0","02.2018","471000000, Мангистауская область, Актау Г.А., Промзона, ТОО \"МАЭК-Казатомпром\", здание 201","471000000, Мангистауская область, Актау Г.А., Промзона, склад ТОО \"МАЭК-Казатомпром\"","DDP","С даты подписания договора в течение 45 календарных дней","Окончательный платеж - 100% , Промежуточный платеж - 0% , Предоплата - 0% ","Тонна (метрическая)",0.374,{"v":210000,"d":"210,000.000"},{"v":78540,"d":"78,540.000"},{"v":87964.8,"d":"87,964.800"},"-","Товарищество с ограниченной ответственностью \"Мангистауский атомный энергетический комбинат-Казатомпром\""]
[null,"1141040","385 Т","241062.900.000062","Круг","стальной, марка Ст.3сп, диаметр 32-270 мм, горячекатаный","36:Диаметр:120:120 \\ 79:ГОСТ:380-71:380-71","ОТП","-","0","02.2018","471010000, Мангистауская область, Актау Г.А., г.Актау, \"Мангистауская область, г. Актау, промзона, ТОО \"\"МАЭК-Казатомпром\"\", здание 201\"","471010000, Мангистауская область, Актау Г.А., г.Актау, \"Мангистауская область, г. Актау, промзона, ТОО \"\"МАЭК-Казатомпром\"\"\"","DDP","С даты подписания договора в течение 45 календарных дней","Предоплата - 0% , Промежуточный платеж - 0% , Окончательный платеж - 100% ","Тонна (метрическая)",{"v":0.07,"d":"0.070"},{"v":210000,"d":"210,000.000"},{"v":14700,"d":"14,700.000"},{"v":16464,"d":"16,464.000"},"-","Товарищество с ограниченной ответственностью \"Мангистауский атомный энергетический комбинат-Казатомпром\""]
[null,"1150121","386 Т","241061.000.000006","Катанка","стальной, марка Ст.3, диаметр 5-9 мм","36:Диаметр:6,5:6,5","ОИ","137-2 (не превышает тысячекратного МРП)","0","04.2018","471010000, Мангистауская область, Актау Г.А., г.Актау, \"Мангистауская область, г. Актау, промзона, ТОО \"\"МАЭК-Казатомпром\"\", здание 201\"","471010000, Мангистауская область, Актау Г.А., г.Актау, \"Мангистауская область, г. Актау, промзона, ТОО \"\"МАЭК-Казатомпром\"\"\"","DDP","С даты подписания договора в течение 30 календарных дней","Предоплата - 0% , Промежуточный платеж - 0% , Окончательный платеж - 100% ","Тонна (метрическая)",{"v":0.2,"d":"0.200"},{"v":210100,"d":"210,100.000"},{"v":42020,"d":"42,020.000"},{"v":47062.4,"d":"47,062.400"},"-","Товарищество с ограниченной ответственностью \"Мангистауский атомный энергетический комбинат-Казатомпром\""]
[null,"1150355","387 Т","241061.000.000007","Катанка","стальной, марка Ст.3, диаметр свыше 10 мм","36:Диаметр:10:10","ОИ","137-2 (не превышает тысячекратного МРП)","0","04.2018","471010000, Мангистауская область, Актау Г.А., г.Актау, \"Мангистауская область, г. Актау, промзона, ТОО \"\"МАЭК-Казатомпром\"\", здание 201\"","471010000, Мангистауская область, Актау Г.А., г.Актау, \"Мангистауская область, г. Актау, промзона, ТОО \"\"МАЭК-Казатомпром\"\"\"","DDP","С даты подписания договора в течение 30 календарных дней","Предоплата - 0% , Промежуточный платеж - 0% , Окончательный платеж - 100% ","Килограмм",{"v":50,"d":"50.000"},{"v":210.1,"d":"210.100"},{"v":10505,"d":"10,505.000"},{"v":11765.6,"d":"11,765.600"},"-","Товарищество с ограниченной ответственностью \"Мангистауский атомный энергетический комбинат-Казатомпром\""]
[null,"1150128","388 Т","241061.000.000006","Катанка","стальной, марка Ст.3, диаметр 5-9 мм","36:Диаметр:8,0:8,0","ОИ","137-2 (не превышает тысячекратного МРП)","0","04.2018","471010000, Мангистауская область, Актау Г.А., г.Актау, \"Мангистауская область, г. Актау, промзона, ТОО \"\"МАЭК-Казатомпром\"\", здание 201\"","471010000, Мангистауская область, Актау Г.А., г.Актау, \"Мангистауская область, г. Актау, промзона, ТОО \"\"МАЭК-Казатомпром\"\"\"","DDP","С даты подписания договора в течение 30 календарных дней","Предоплата - 0% , Промежуточный платеж - 0% , Окончательный платеж - 100% ","Килограмм",{"v":100,"d":"100.000"},{"v":216,"d":"216.000"},{"v":21600,"d":"21,600.000"},{"v":24192,"d":"24,192.000"},"-","Товарищество с ограниченной ответственностью \"Мангистауский атомный энергетический комбинат-Казатомпром\""]
[null,"1150124","389 Т","241061.000.000002","Катанка","стальной, марка Ст.1, диаметр 5-9 мм","36:Диаметр:6,5:6,5 \\ 79:ГОСТ:30136-96:30136-96","ОИ","137-2 (не превышает тысячекратного МРП)","0","04.2018","471010000, Мангистауская область, Актау Г.А., г.Актау, \"Мангистауская область, г. Актау, промзона, ТОО \"\"МАЭК-Казатомпром\"\", здание 201\"","471010000, Мангистауская область, Актау Г.А., г.Актау, \"Мангистауская область, г. Актау, промзона, ТОО \"\"МАЭК-Казатомпром\"\"\"","DDP","С даты подписания договора в течение 30 календарных дней","Предоплата - 0% , Промежуточный платеж - 0% , Окончательный платеж - 100% ","Килограмм",{"v":50,"d":"50.000"},{"v":201.1,"d":"201.100"},{"v":10055,"d":"10,055.000"},{"v":11261.6,"d":"11,261.600"},"-","Товарищество с ограниченной ответственностью \"Мангистауский атомный энергетический комбинат-Казатомпром\""]
[null,"1161114","390 Т","241032.000.000021","Лист стальной","марка Ст.3сп, толщина 12,5-60 мм, горячекатаный","104:Толщина:30:30 \\ 79:ГОСТ:19903-74:19903-74","ОТП","-","0","01.2018","471010000, Мангистауская область, Актау Г.А., г.Актау, \"Мангистауская область, г. Актау, промзона, ТОО \"\"МАЭК-Казатомпром\"\", здание 201\"","471010000, Мангистауская область, Актау Г.А., г.Актау, \"Мангистауская область, г. Актау, промзона, ТОО \"\"МАЭК-Казатомпром\"\"\"","DDP","С даты подписания договора в течение 30 календарных дней","Предоплата - 0% , Промежуточный платеж - 0% , Окончательный платеж - 100% ","Тонна (метрическая)",{"v":0.3,"d":"0.300"},{"v":195000,"d":"195,000.000"},{"v":58500,"d":"58,500.000"},{"v":65520,"d":"65,520.000"},"-","Товарищество с ограниченной ответственностью \"Мангистауский атомный энергетический комбинат-Казатомпром\""]
[null,"1160033","391-1 Т","241032.000.000020","Лист стальной","марка Ст.3сп, толщина 0,40-12 мм, горячекатаный","104:Толщина:8,0:8,0 \\ 79:ГОСТ:19903-74:19903-74","ОТП","-","0","02.2018","471010000, Мангистауская область, Актау Г.А., г.Актау, \"Мангистауская область, г. Актау, промзона, ТОО \"\"МАЭК-Казатомпром\"\", здание 201\"","471010000, Мангистауская область, Актау Г.А., г.Актау, \"Мангистауская область, г. Актау, промзона, ТОО \"\"МАЭК-Казатомпром\"\"\"","DDP","С даты подписания договора в течение 30 календарных дней","Окончательный платеж - 100% , Промежуточный платеж - 0% , Предоплата - 0% ","Тонна (метрическая)",{"v":7.7,"d":"7.700"},{"v":251000,"d":"251,000.000"},{"v":1932700,"d":"1,932,700.000"},{"v":2164624,"d":"2,164,624.000"},"-","Товарищество с ограниченной ответственностью \"Мангистауский атомный энергетический комбинат-Казатомпром\""]
[null,"1160010","392-1 Т","241032.000.000020","Лист стальной","марка Ст.3сп, толщина 0,40-12 мм, горячекатаный","104:Толщина:6,0:6,0 \\ 79:ГОСТ:19903-74:19903-74","ОТП","-","0","02.2018","471010000, Мангистауская область, Актау Г.А., г.Актау, \"Мангистауская область, г. Актау, промзона, ТОО \"\"МАЭК-Казатомпром\"\", здание 201\"","471010000, Мангистауская область, Актау Г.А., г.Актау, \"Мангистауская область, г. Актау, промзона, ТОО \"\"МАЭК-Казатомпром\"\"\"","DDP","С даты подписания договора в течение 30 календарных дней","Окончательный платеж - 100% , Промежуточный платеж - 0% , Предоплата - 0% ","Тонна (метрическая)",{"v":5.4,"d":"5.400"},{"v":251000,"d":"251,000.000"},{"v":1355400,"d":"1,355,400.000"},{"v":1518048,"d":"1,518,048.000"},"-","Товарищество с ограниченной ответственностью \"Мангистауский атомный энергетический комбинат-Казатомпром\""]
[null,"1161118","393 Т","241032.000.000021","Лист стальной","марка Ст.3сп, толщина 12,5-60 мм, горячекатаный","104:Толщина:40:40 \\ 79:ГОСТ:19903-74:19903-74","ОТП","-","0","01.2018","471010000, Мангистауская область, Актау Г.А., г.Актау, \"Мангистауская область, г. Актау, промзона, ТОО \"\"МАЭК-Казатомпром\"\", здание 201\"","471010000, Мангистауская область, Актау Г.А., г.Актау, \"Мангистауская область, г. Актау, промзона, ТОО \"\"МАЭК-Казатомпром\"\"\"","DDP","С даты подписания договора в течение 30 календарных дней","Предоплата - 0% , Промежуточный платеж - 0% , Окончательный платеж - 100% ","Тонна (метрическая)",{"v":2.96,"d":"2.960"},{"v":195000,"d":"195,000.000"},{"v":577200,"d":"577,200.000"},{"v":646464,"d":"646,464.000"},"-","Товарищество с ограниченной ответственностью \"Мангистауский атомный энергетический комбинат-Казатомпром\""]
[null,"1161136","394-1 Т","241032.000.000022","Лист стальной","марка Ст.3сп, толщина 61-160 мм, горячекатаный","104:Толщина:100:100 \\ 79:ГОСТ:19903-74:19903-74","ОТП","-","0","02.2018","471000000, Мангистауская область, Актау Г.А., Промзона, ТОО \"МАЭК-Казатомпром\", здание 201","471010000, Мангистауская область, Актау Г.А., г.Актау, \"Мангистауская область, г. Актау, промзона, ТОО \"\"МАЭК-Казатомпром\"\"\"","DDP","С даты подписания договора в течение 30 календарных дней","Окончательный платеж - 100% , Промежуточный платеж - 0% , Предоплата - 0% ","Тонна (метрическая)",{"v":2,"d":"2.000"},{"v":250000,"d":"250,000.000"},{"v":500000,"d":"500,000.000"},{"v":560000,"d":"560,000.000"},"-","Товарищество с ограниченной ответственностью \"Мангистауский атомный энергетический комбинат-Казатомпром\""]
[null,"1161121","395 Т","241032.000.000021","Лист стальной","марка Ст.3сп, толщина 12,5-60 мм, горячекатаный","104:Толщина:50:50 \\ 79:ГОСТ:19903-74:19903-74","ОТП","-","0","01.2018","471010000, Мангистауская область, Актау Г.А., г.Актау, \"Мангистауская область, г. Актау, промзона, ТОО \"\"МАЭК-Казатомпром\"\", здание 201\"","471010000, Мангистауская область, Актау Г.А., г.Актау, \"Мангистауская область, г. Актау, промзона, ТОО \"\"МАЭК-Казатомпром\"\"\"","DDP","С даты подписания договора в течение 30 календарных дней","Предоплата - 0% , Промежуточный платеж - 0% , Окончательный платеж - 100% ","Тонна (метрическая)",{"v":4.2,"d":"4.200"},{"v":195000,"d":"195,000.000"},{"v":819000,"d":"819,000.000"},{"v":917280,"d":"917,280.000"},"-","Товарищество с ограниченной ответственностью \"Мангистауский атомный энергетический комбинат-Казатомпром\""]
[null,"1161110","396 Т","241031.900.000016","Лист стальной","марка Ст.20, толщина 4-60 мм, горячекатаный","104:Толщина:20:20 \\ 79:ГОСТ:1050-71:1050-71","ОТП","-","0","01.2018","471010000, Мангистауская область, Актау Г.А., г.Актау, \"Мангистауская область, г. Актау, промзона, ТОО \"\"МАЭК-Казатомпром\"\", здание 201\"","471010000, Мангистауская область, Актау Г.А., г.Актау, \"Мангистауская область, г. Актау, промзона, ТОО \"\"МАЭК-Казатомпром\"\"\"","DDP","С даты подписания договора в течение 30 календарных дней","Предоплата - 0% , Промежуточный платеж - 0% , Окончательный платеж - 100% ","Тонна (метрическая)",{"v":1.2,"d":"1.200"},{"v":238464,"d":"238,464.000"},{"v":286156.8,"d":"286,156.800"},{"v":320495.62,"d":"320,495.620"},"-","Товарищество с ограниченной ответственностью \"Мангистауский атомный энергетический комбинат-Казатомпром\""]
[null,"1160852","397-1 Т","241031.900.000028","Лист стальной","марка Ст.2, толщина 2,5-12 мм, с ромбическим рифлением","104:Толщина:4,0:4,0 \\ 79:ГОСТ:8568-77:8568-77","ЦПП","-","0","02.2018","471010000, Мангистауская область, Актау Г.А., г.Актау, \"Мангистауская область, г. Актау, промзона, ТОО \"\"МАЭК-Казатомпром\"\", здание 201\"","471010000, Мангистауская область, Актау Г.А., г.Актау, \"Мангистауская область, г. Актау, промзона, ТОО \"\"МАЭК-Казатомпром\"\"\"","DDP","С даты подписания договора в течение 30 календарных дней","Окончательный платеж - 100% , Промежуточный платеж - 0% , Предоплата - 0% ","Тонна (метрическая)",{"v":4,"d":"4.000"},{"v":251000,"d":"251,000.000"},{"v":1004000,"d":"1,004,000.000"},{"v":1124480,"d":"1,124,480.000"},"-","Товарищество с ограниченной ответственностью \"Мангистауский атомный энергетический комбинат-Казатомпром\""]
[null,"1160034","398 Т","241032.000.000020","Лист стальной","марка Ст.3сп, толщина 0,40-12 мм, горячекатаный","104:Толщина:10:10 \\ 79:ГОСТ:19903-74:19903-74","ОТП","-","0","01.2018","471010000, Мангистауская область, Актау Г.А., г.Актау, \"Мангистауская область, г. Актау, промзона, ТОО \"\"МАЭК-Казатомпром\"\", здание 201\"","471010000, Мангистауская область, Актау Г.А., г.Актау, \"Мангистауская область, г. Актау, промзона, ТОО \"\"МАЭК-Казатомпром\"\"\"","DDP","С даты подписания договора в течение 30 календарных дней","Предоплата - 0% , Промежуточный платеж - 0% , Окончательный платеж - 100% ","Тонна (метрическая)",{"v":15,"d":"15.000"},{"v":195000,"d":"195,000.000"},{"v":2925000,"d":"2,925,000.000"},{"v":3276000,"d":"3,276,000.000"},"-","Товарищество с ограниченной ответственностью \"Мангистауский атомный энергетический комбинат-Казатомпром\""]
[null,"1160174","399-1 Т","241032.000.000021","Лист стальной","марка Ст.3сп, толщина 12,5-60 мм, горячекатаный","104:Толщина:16х1500х6000 :16х1500х6000  \\ 79:ГОСТ:19903-74:19903-74","ОТП","-","0","02.2018","471010000, Мангистауская область, Актау Г.А., г.Актау, \"Мангистауская область, г. Актау, промзона, ТОО \"\"МАЭК-Казатомпром\"\", здание 201\"","471010000, Мангистауская область, Актау Г.А., г.Актау, \"Мангистауская область, г. Актау, промзона, ТОО \"\"МАЭК-Казатомпром\"\"\"","DDP","С даты подписания договора в течение 30 календарных дней","Окончательный платеж - 100% , Промежуточный платеж - 0% , Предоплата - 0% ","Тонна (метрическая)",{"v":8.6,"d":"8.600"},{"v":225000,"d":"225,000.000"},{"v":1935000,"d":"1,935,000.000"},{"v":2167200,"d":"2,167,200.000"},"-","Товарищество с ограниченной ответственностью \"Мангистауский атомный энергетический комбинат-Казатомпром\""]
[null,"1160040","400-1 Т","241032.000.000021","Лист стальной","марка Ст.3сп, толщина 12,5-60 мм, горячекатаный","104:Толщина:12,0ммх1500х6000 :12,0ммх1500х6000  \\ 79:ГОСТ:19903-74:19903-74","ОТП","-","0","02.2018","471010000, Мангистауская область, Актау Г.А., г.Актау, \"Мангистауская область, г. Актау, промзона, ТОО \"\"МАЭК-Казатомпром\"\", здание 201\"","471010000, Мангистауская область, Актау Г.А., г.Актау, \"Мангистауская область, г. Актау, промзона, ТОО \"\"МАЭК-Казатомпром\"\"\"","DDP","С даты подписания договора в течение 30 календарных дней","Окончательный платеж - 100% , Промежуточный платеж - 0% , Предоплата - 0% ","Тонна (метрическая)",{"v":4.6,"d":"4.600"},{"v":225000,"d":"225,000.000"},{"v":1035000,"d":"1,035,000.000"},{"v":1159200,"d":"1,159,200.000"},"-","Товарищество с ограниченной ответственностью \"Мангистауский атомный энергетический комбинат-Казатомпром\""]
[null,"1160831","401-1 Т","259313.500.000002","Лист стальной","марка Ст.3, толщина 5 мм, просечно-вытяжной","104:Толщина:5,0:5,0 \\ 79:ГОСТ:8706-78:8706-78","ЦПП","-","0","02.2018","471010000, Мангистауская область, Актау Г.А., г.Актау, \"Мангистауская область, г. Актау, промзона, ТОО \"\"МАЭК-Казатомпром\"\", здание 201\"","471010000, Мангистауская область, Актау Г.А., г.Актау, \"Мангистауская область, г. Актау, промзона, ТОО \"\"МАЭК-Казатомпром\"\"\"","DDP","С даты подписания договора в течение 30 календарных дней","Окончательный платеж - 100% , Промежуточный платеж - 0% , Предоплата - 0% ","Тонна (метрическая)",{"v":4,"d":"4.000"},{"v":264000,"d":"264,000.000"},{"v":1056000,"d":"1,056,000.000"},{"v":1182720,"d":"1,182,720.000"},"-","Товарищество с ограниченной ответственностью \"Мангистауский атомный энергетический комбинат-Казатомпром\""]
[null,"1160855","402-1 Т","241031.900.000062","Лист стальной","марка Ст.0, толщина 2,5-12 мм, с ромбическим рифлением","104:Толщина:5:5 \\ 79:ГОСТ:8568-77:8568-77","ЦПП","-","0","02.2018","471010000, Мангистауская область, Актау Г.А., г.Актау, \"Мангистауская область, г. Актау, промзона, ТОО \"\"МАЭК-Казатомпром\"\", здание 201\"","471010000, Мангистауская область, Актау Г.А., г.Актау, \"Мангистауская область, г. Актау, промзона, ТОО \"\"МАЭК-Казатомпром\"\"\"","DDP","С даты подписания договора в течение 30 календарных дней","Окончательный платеж - 100% , Промежуточный платеж - 0% , Предоплата - 0% ","Тонна (метрическая)",{"v":0.87,"d":"0.870"},{"v":264000,"d":"264,000.000"},{"v":229680,"d":"229,680.000"},{"v":257241.6,"d":"257,241.600"},"-","Товарищество с ограниченной ответственностью \"Мангистауский атомный энергетический комбинат-Казатомпром\""]
[null,"1160176","403 Т","241032.000.000021","Лист стальной","марка Ст.3сп, толщина 12,5-60 мм, горячекатаный","104:Толщина:16:16 \\ 79:ГОСТ:1050-71:1050-71","ОТП","-","0","01.2018","471010000, Мангистауская область, Актау Г.А., г.Актау, \"Мангистауская область, г. Актау, промзона, ТОО \"\"МАЭК-Казатомпром\"\", здание 201\"","471010000, Мангистауская область, Актау Г.А., г.Актау, \"Мангистауская область, г. Актау, промзона, ТОО \"\"МАЭК-Казатомпром\"\"\"","DDP","С даты подписания договора в течение 30 календарных дней","Предоплата - 0% , Промежуточный платеж - 0% , Окончательный платеж - 100% ","Тонна (метрическая)",{"v":3.3,"d":"3.300"},{"v":327888,"d":"327,888.000"},{"v":1082030.4,"d":"1,082,030.400"},{"v":1211874.05,"d":"1,211,874.050"},"-","Товарищество с ограниченной ответственностью \"Мангистауский атомный энергетический комбинат-Казатомпром\""]
[null,"1160166","404 Т","241032.000.000020","Лист стальной","марка Ст.3сп, толщина 0,40-12 мм, горячекатаный","104:Толщина:5:5 \\ 79:ГОСТ:19903-74:19903-74","ОТП","-","0","01.2018","471010000, Мангистауская область, Актау Г.А., г.Актау, \"Мангистауская область, г. Актау, промзона, ТОО \"\"МАЭК-Казатомпром\"\", здание 201\"","471010000, Мангистауская область, Актау Г.А., г.Актау, \"Мангистауская область, г. Актау, промзона, ТОО \"\"МАЭК-Казатомпром\"\"\"","DDP","С даты подписания договора в течение 30 календарных дней","Предоплата - 0% , Промежуточный платеж - 0% , Окончательный платеж - 100% ","Тонна (метрическая)",{"v":0.4,"d":"0.400"},{"v":195000,"d":"195,000.000"},{"v":78000,"d":"78,000.000"},{"v":87360,"d":"87,360.000"},"-","Товарищество с ограниченной ответственностью \"Мангистауский атомный энергетический комбинат-Казатомпром\""]
[null,"1160160","405-1 Т","241032.000.000020","Лист стальной","марка Ст.3сп, толщина 0,40-12 мм, горячекатаный","104:Толщина:4:4 \\ 79:ГОСТ:19903-74:19903-74","ОТП","-","0","02.2018","471000000, Мангистауская область, Актау Г.А., Промзона, ТОО \"МАЭК-Казатомпром\", здание 201","471000000, Мангистауская область, Актау Г.А., Промзона, склад ТОО \"МАЭК-Казатомпром\"","DDP","С даты подписания договора в течение 30 календарных дней","Окончательный платеж - 100% , Промежуточный платеж - 0% , Предоплата - 0% ","Тонна (метрическая)",{"v":4.67,"d":"4.670"},{"v":249980,"d":"249,980.000"},{"v":1167406.6,"d":"1,167,406.600"},{"v":1307495.39,"d":"1,307,495.390"},"-","Товарищество с ограниченной ответственностью \"Мангистауский атомный энергетический комбинат-Казатомпром\""]
[null,"1161115","406 Т","241032.000.000021","Лист стальной","марка Ст.3сп, толщина 12,5-60 мм, горячекатаный","104:Толщина:30:30 \\ 79:ГОСТ:1050-71:1050-71","ОТП","-","0","02.2018","471010000, Мангистауская область, Актау Г.А., г.Актау, \"Мангистауская область, г. Актау, промзона, ТОО \"\"МАЭК-Казатомпром\"\", здание 201\"","471010000, Мангистауская область, Актау Г.А., г.Актау, \"Мангистауская область, г. Актау, промзона, ТОО \"\"МАЭК-Казатомпром\"\"\"","DDP","С даты подписания договора в течение 30 календарных дней","Предоплата - 0% , Промежуточный платеж - 0% , Окончательный платеж - 100% ","Тонна (метрическая)",{"v":2.96,"d":"2.960"},{"v":238464,"d":"238,464.000"},{"v":705853.44,"d":"705,853.440"},{"v":790555.85,"d":"790,555.850"},"-","Товарищество с ограниченной ответственностью \"Мангистауский атомный энергетический комбинат-Казатомпром\""]
[null,"1161134","407 Т","241032.000.000022","Лист стальной","марка Ст.3сп, толщина 61-160 мм, горячекатаный","104:Толщина:80:80 \\ 79:ГОСТ:19903-74:19903-74","ОТП","-","0","02.2018","471010000, Мангистауская область, Актау Г.А., г.Актау, \"Мангистауская область, г. Актау, промзона, ТОО \"\"МАЭК-Казатомпром\"\", здание 201\"","471010000, Мангистауская область, Актау Г.А., г.Актау, \"Мангистауская область, г. Актау, промзона, ТОО \"\"МАЭК-Казатомпром\"\"\"","DDP","С даты подписания договора в течение 30 календарных дней","Предоплата - 0% , Промежуточный платеж - 0% , Окончательный платеж - 100% ","Тонна (метрическая)",{"v":3,"d":"3.000"},{"v":216108,"d":"216,108.000"},{"v":648324,"d":"648,324.000"},{"v":726122.88,"d":"726,122.880"},"-","Товарищество с ограниченной ответственностью \"Мангистауский атомный энергетический комбинат-Казатомпром\""]
[null,"1161130","408 Т","241032.000.000021","Лист стальной","марка Ст.3сп, толщина 12,5-60 мм, горячекатаный","104:Толщина:60:60 \\ 79:ГОСТ:19903-2015:19903-2015","ОТП","-","0","02.2018","471010000, Мангистауская область, Актау Г.А., г.Актау, \"Мангистауская область, г. Актау, промзона, ТОО \"\"МАЭК-Казатомпром\"\", здание 201\"","471010000, Мангистауская область, Актау Г.А., г.Актау, \"Мангистауская область, г. Актау, промзона, ТОО \"\"МАЭК-Казатомпром\"\"\"","DDP","С даты подписания договора в течение 30 календарных дней","Предоплата - 0% , Промежуточный платеж - 0% , Окончательный платеж - 100% ","Тонна (метрическая)",{"v":0.72,"d":"0.720"},{"v":259200,"d":"259,200.000"},{"v":186624,"d":"186,624.000"},{"v":209018.88,"d":"209,018.880"},"-","Товарищество с ограниченной ответственностью \"Мангистауский атомный энергетический комбинат-Казатомпром\""]
[null,"1160172","409 Т","241032.000.000021","Лист стальной","марка Ст.3сп, толщина 12,5-60 мм, горячекатаный","104:Толщина:14х1500х6000:14х1500х6000 \\ 79:ГОСТ:19903-2015:19903-2015","ОТП","-","0","01.2018","471010000, Мангистауская область, Актау Г.А., г.Актау, \"Мангистауская область, г. Актау, промзона, ТОО \"\"МАЭК-Казатомпром\"\", здание 201\"","471010000, Мангистауская область, Актау Г.А., г.Актау, \"Мангистауская область, г. Актау, промзона, ТОО \"\"МАЭК-Казатомпром\"\"\"","DDP","С даты подписания договора в течение 30 календарных дней","Предоплата - 0% , Промежуточный платеж - 0% , Окончательный платеж - 100% ","Тонна (метрическая)",{"v":5,"d":"5.000"},{"v":195000,"d":"195,000.000"},{"v":975000,"d":"975,000.000"},{"v":1092000,"d":"1,092,000.000"},"-","Товарищество с ограниченной ответственностью \"Мангистауский атомный энергетический комбинат-Казатомпром\""]
[null,"1160167","410-1 Т","241032.000.000020","Лист стальной","марка Ст.3сп, толщина 0,40-12 мм, горячекатаный","104:Толщина:5,0х1500х6000 :5,0х1500х6000  \\ 79:ГОСТ:19903-74:19903-74","ОТП","-","0","02.2018","471010000, Мангистауская область, Актау Г.А., г.Актау, \"Мангистауская область, г. Актау, промзона, ТОО \"\"МАЭК-Казатомпром\"\", здание 201\"","471010000, Мангистауская область, Актау Г.А., г.Актау, \"Мангистауская область, г. Актау, промзона, ТОО \"\"МАЭК-Казатомпром\"\"\"","DDP","С даты подписания договора в течение 30 календарных дней","Окончательный платеж - 100% , Промежуточный платеж - 0% , Предоплата - 0% ","Тонна (метрическая)",{"v":5.4,"d":"5.400"},{"v":252000,"d":"252,000.000"},{"v":1360800,"d":"1,360,800.000"},{"v":1524096,"d":"1,524,096.000"},"-","Товарищество с ограниченной ответственностью \"Мангистауский атомный энергетический комбинат-Казатомпром\""]
[null,"1161111","411 Т","241032.000.000021","Лист стальной","марка Ст.3сп, толщина 12,5-60 мм, горячекатаный","104:Толщина:20:20 \\ 79:ГОСТ:17715-72:17715-72","ОТП","-","0","02.2018","471010000, Мангистауская область, Актау Г.А., г.Актау, \"Мангистауская область, г. Актау, промзона, ТОО \"\"МАЭК-Казатомпром\"\", здание 201\"","471010000, Мангистауская область, Актау Г.А., г.Актау, \"Мангистауская область, г. Актау, промзона, ТОО \"\"МАЭК-Казатомпром\"\"\"","DDP","С даты подписания договора в течение 30 календарных дней","Предоплата - 0% , Промежуточный платеж - 0% , Окончательный платеж - 100% ","Тонна (метрическая)",{"v":3.93,"d":"3.930"},{"v":195000,"d":"195,000.000"},{"v":766350,"d":"766,350.000"},{"v":858312,"d":"858,312.000"},"-","Товарищество с ограниченной ответственностью \"Мангистауский атомный энергетический комбинат-Казатомпром\""]
[null,"1170394","412 Т","244225.100.000003","Фольга","алюминиевая, толщина 0,006-0,015 мм","104:Толщина:0,15:0,15 \\ 79:ГОСТ:5638-75:5638-75","ОИ","137-2 (не превышает тысячекратного МРП)","0","02.2018","471010000, Мангистауская область, Актау Г.А., г.Актау, \"Мангистауская область, г. Актау, промзона, ТОО \"\"МАЭК-Казатомпром\"\", здание 201\"","471010000, Мангистауская область, Актау Г.А., г.Актау, \"Мангистауская область, г. Актау, промзона, ТОО \"\"МАЭК-Казатомпром\"\"\"","DDP","С даты подписания договора в течение 30 календарных дней","Предоплата - 0% , Промежуточный платеж - 0% , Окончательный платеж - 100% ","Килограмм",{"v":20,"d":"20.000"},{"v":805,"d":"805.000"},{"v":16100,"d":"16,100.000"},{"v":18032,"d":"18,032.000"},"-","Товарищество с ограниченной ответственностью \"Мангистауский атомный энергетический комбинат-Казатомпром\""]
[null,"1170399","413 Т","244225.100.000003","Фольга","алюминиевая, толщина 0,006-0,015 мм","104:Толщина:0,5:0,5 \\ 79:ГОСТ:5638-75:5638-75","ОИ","137-2 (не превышает тысячекратного МРП)","0","02.2018","471010000, Мангистауская область, Актау Г.А., г.Актау, \"Мангистауская область, г. Актау, промзона, ТОО \"\"МАЭК-Казатомпром\"\", здание 201\"","471010000, Мангистауская область, Актау Г.А., г.Актау, \"Мангистауская область, г. Актау, промзона, ТОО \"\"МАЭК-Казатомпром\"\"\"","DDP","С даты подписания договора в течение 30 календарных дней","Предоплата - 0% , Промежуточный платеж - 0% , Окончательный платеж - 100% ","Килограмм",{"v":40,"d":"40.000"},{"v":805,"d":"805.000"},{"v":32200,"d":"32,200.000"},{"v":36064,"d":"36,064.000"},"-","Товарищество с ограниченной ответственностью \"Мангистауский атомный энергетический комбинат-Казатомпром\""]
[null,"1170030","414 Т","241032.000.000020","Лист стальной","марка Ст.3сп, толщина 0,40-12 мм, горячекатаный","104:Толщина:1:1 \\ 79:ГОСТ:19903-74:19903-74","ОТП","-","0","01.2018","471010000, Мангистауская область, Актау Г.А., г.Актау, \"Мангистауская область, г. Актау, промзона, ТОО \"\"МАЭК-Казатомпром\"\", здание 201\"","471010000, Мангистауская область, Актау Г.А., г.Актау, \"Мангистауская область, г. Актау, промзона, ТОО \"\"МАЭК-Казатомпром\"\"\"","DDP","С даты подписания договора в течение 30 календарных дней","Предоплата - 0% , Промежуточный платеж - 0% , Окончательный платеж - 100% ","Тонна (метрическая)",{"v":2,"d":"2.000"},{"v":238464,"d":"238,464.000"},{"v":476928,"d":"476,928.000"},{"v":534159.36,"d":"534,159.360"},"-","Товарищество с ограниченной ответственностью \"Мангистауский атомный энергетический комбинат-Казатомпром\""]
[null,"1170011","415 Т","241032.000.000020","Лист стальной","марка Ст.3сп, толщина 0,40-12 мм, горячекатаный","104:Толщина:1,5:1,5 \\ 79:ГОСТ:19903-74:19903-74","ОТП","-","0","01.2018","471010000, Мангистауская область, Актау Г.А., г.Актау, \"Мангистауская область, г. Актау, промзона, ТОО \"\"МАЭК-Казатомпром\"\", здание 201\"","471010000, Мангистауская область, Актау Г.А., г.Актау, \"Мангистауская область, г. Актау, промзона, ТОО \"\"МАЭК-Казатомпром\"\"\"","DDP","С даты подписания договора в течение 30 календарных дней","Предоплата - 0% , Промежуточный платеж - 0% , Окончательный платеж - 100% ","Тонна (метрическая)",{"v":3.1,"d":"3.100"},{"v":238464,"d":"238,464.000"},{"v":739238.4,"d":"739,238.400"},{"v":827947.01,"d":"827,947.010"},"-","Товарищество с ограниченной ответственностью \"Мангистауский атомный энергетический комбинат-Казатомпром\""]
[null,"1170007","416-1 Т","241032.000.000020","Лист стальной","марка Ст.3сп, толщина 0,40-12 мм, горячекатаный","104:Толщина:2:2 \\ 79:ГОСТ:19903-74:19903-74","ОТП","-","0","02.2018","471010000, Мангистауская область, Актау Г.А., г.Актау, \"Мангистауская область, г. Актау, промзона, ТОО \"\"МАЭК-Казатомпром\"\", здание 201\"","471010000, Мангистауская область, Актау Г.А., г.Актау, \"Мангистауская область, г. Актау, промзона, ТОО \"\"МАЭК-Казатомпром\"\"\"","DDP","С даты подписания договора в течение 30 календарных дней","Окончательный платеж - 100% , Промежуточный платеж - 0% , Предоплата - 0% ","Тонна (метрическая)",{"v":3.8,"d":"3.800"},{"v":251000,"d":"251,000.000"},{"v":953800,"d":"953,800.000"},{"v":1068256,"d":"1,068,256.000"},"-","Товарищество с ограниченной ответственностью \"Мангистауский атомный энергетический комбинат-Казатомпром\""]
[null,"1170117","417-1 Т","241032.000.000020","Лист стальной","марка Ст.3сп, толщина 0,40-12 мм, горячекатаный","104:Толщина:3:3 \\ 79:ГОСТ:19903-74:19903-74","ОТП","-","0","02.2018","471000000, Мангистауская область, Актау Г.А., Промзона, ТОО \"МАЭК-Казатомпром\", здание 201","471000000, Мангистауская область, Актау Г.А., Промзона, склад ТОО \"МАЭК-Казатомпром\"","DDP","С даты подписания договора в течение 30 календарных дней","Окончательный платеж - 100% , Промежуточный платеж - 0% , Предоплата - 0% ","Тонна (метрическая)",{"v":4.7,"d":"4.700"},{"v":251000,"d":"251,000.000"},{"v":1179700,"d":"1,179,700.000"},{"v":1321264,"d":"1,321,264.000"},"-","Товарищество с ограниченной ответственностью \"Мангистауский атомный энергетический комбинат-Казатомпром\""]
[null,"1170396","418 Т","244225.100.000003","Фольга","алюминиевая, толщина 0,006-0,015 мм","104:Толщина:0,2:0,2 \\ 79:ГОСТ:5638-75:5638-75","ОИ","137-2 (не превышает тысячекратного МРП)","0","02.2018","471010000, Мангистауская область, Актау Г.А., г.Актау, \"Мангистауская область, г. Актау, промзона, ТОО \"\"МАЭК-Казатомпром\"\", здание 201\"","471010000, Мангистауская область, Актау Г.А., г.Актау, \"Мангистауская область, г. Актау, промзона, ТОО \"\"МАЭК-Казатомпром\"\"\"","DDP","С даты подписания договора в течение 30 календарных дней","Предоплата - 0% , Промежуточный платеж - 0% , Окончательный платеж - 100% ","Килограмм",{"v":20,"d":"20.000"},{"v":805,"d":"805.000"},{"v":16100,"d":"16,100.000"},{"v":18032,"d":"18,032.000"},"-","Товарищество с ограниченной ответственностью \"Мангистауский атомный энергетический комбинат-Казатомпром\""]
[null,"1170397","419 Т","244225.100.000003","Фольга","алюминиевая, толщина 0,006-0,015 мм","104:Толщина:0,25:0,25 \\ 79:ГОСТ:5638-75:5638-75","ОИ","137-2 (не превышает тысячекратного МРП)","0","02.2018","471010000, Мангистауская область, Актау Г.А., г.Актау, \"Мангистауская область, г. Актау, промзона, ТОО \"\"МАЭК-Казатомпром\"\", здание 201\"","471010000, Мангистауская область, Актау Г.А., г.Актау, \"Мангистауская область, г. Актау, промзона, ТОО \"\"МАЭК-Казатомпром\"\"\"","DDP","С даты подписания договора в течение 30 календарных дней","Предоплата - 0% , Промежуточный платеж - 0% , Окончательный платеж - 100% ","Килограмм",{"v":20,"d":"20.000"},{"v":805,"d":"805.000"},{"v":16100,"d":"16,100.000"},{"v":18032,"d":"18,032.000"},"-","Товарищество с ограниченной ответственностью \"Мангистауский атомный энергетический комбинат-Казатомпром\""]
[null,"1170398","420 Т","244225.100.000003","Фольга","алюминиевая, толщина 0,006-0,015 мм","104:Толщина:0,3:0,3 \\ 79:ГОСТ:5638-75:5638-75","ОИ","137-2 (не превышает тысячекратного МРП)","0","02.2018","471010000, Мангистауская область, Актау Г.А., г.Актау, \"Мангистауская область, г. Актау, промзона, ТОО \"\"МАЭК-Казатомпром\"\", здание 201\"","471010000, Мангистауская область, Актау Г.А., г.Актау, \"Мангистауская область, г. Актау, промзона, ТОО \"\"МАЭК-Казатомпром\"\"\"","DDP","С даты подписания договора в течение 30 календарных дней","Предоплата - 0% , Промежуточный платеж - 0% , Окончательный платеж - 100% ","Килограмм",{"v":20,"d":"20.000"},{"v":805,"d":"805.000"},{"v":16100,"d":"16,100.000"},{"v":18032,"d":"18,032.000"},"-","Товарищество с ограниченной ответственностью \"Мангистауский атомный энергетический комбинат-Казатомпром\""]
[null,"1170008","421-1 Т","241032.000.000020","Лист стальной","марка Ст.3сп, толщина 0,40-12 мм, горячекатаный","104:Толщина:2,5*1250*2500 :2,5*1250*2500  \\ 79:ГОСТ:19903-74:19903-74","ОТП","-","0","02.2018","471010000, Мангистауская область, Актау Г.А., г.Актау, \"Мангистауская область, г. Актау, промзона, ТОО \"\"МАЭК-Казатомпром\"\", здание 201\"","471010000, Мангистауская область, Актау Г.А., г.Актау, \"Мангистауская область, г. Актау, промзона, ТОО \"\"МАЭК-Казатомпром\"\"\"","DDP","С даты подписания договора в течение 30 календарных дней","Окончательный платеж - 100% , Промежуточный платеж - 0% , Предоплата - 0% ","Тонна (метрическая)",{"v":0.4,"d":"0.400"},{"v":210000,"d":"210,000.000"},{"v":84000,"d":"84,000.000"},{"v":94080,"d":"94,080.000"},"-","Товарищество с ограниченной ответственностью \"Мангистауский атомный энергетический комбинат-Казатомпром\""]
[null,"1170509","422 Т","259929.490.000055","Лента упаковочная","стальная","104:Толщина:1,2*20:1,2*20 ","ОИ","137-2 (не превышает тысячекратного МРП)","0","02.2018","471010000, Мангистауская область, Актау Г.А., г.Актау, \"Мангистауская область, г. Актау, промзона, ТОО \"\"МАЭК-Казатомпром\"\", здание 201\"","471010000, Мангистауская область, Актау Г.А., г.Актау, \"Мангистауская область, г. Актау, промзона, ТОО \"\"МАЭК-Казатомпром\"\"\"","DDP","С даты подписания договора в течение 30 календарных дней","Предоплата - 0% , Промежуточный платеж - 0% , Окончательный платеж - 100% ","Килограмм",{"v":0.05,"d":"0.050"},{"v":650,"d":"650.000"},{"v":32.5,"d":"32.500"},{"v":36.4,"d":"36.400"},"-","Товарищество с ограниченной ответственностью \"Мангистауский атомный энергетический комбинат-Казатомпром\""]
[null,"1170395","423 Т","244225.100.000003","Фольга","алюминиевая, толщина 0,006-0,015 мм","104:Толщина:0,1:0,1 \\ 79:ГОСТ:5638-75:5638-75","ОИ","137-2 (не превышает тысячекратного МРП)","0","02.2018","471010000, Мангистауская область, Актау Г.А., г.Актау, \"Мангистауская область, г. Актау, промзона, ТОО \"\"МАЭК-Казатомпром\"\", здание 201\"","471010000, Мангистауская область, Актау Г.А., г.Актау, \"Мангистауская область, г. Актау, промзона, ТОО \"\"МАЭК-Казатомпром\"\"\"","DDP","С даты подписания договора в течение 30 календарных дней","Предоплата - 0% , Промежуточный платеж - 0% , Окончательный платеж - 100% ","Килограмм",{"v":20,"d":"20.000"},{"v":805,"d":"805.000"},{"v":16100,"d":"16,100.000"},{"v":18032,"d":"18,032.000"},"-","Товарищество с ограниченной ответственностью \"Мангистауский атомный энергетический комбинат-Казатомпром\""]
[null,"1214510","424 Т","241062.900.000094","Круг","стальной, марка Ст.65Г, диаметр 32-270 мм, горячекатаный","36:Диаметр:60:60 \\ 462:Тип: сталь 40ХФА : сталь 40ХФА  \\ 79:ГОСТ:4543-71:4543-71","ОТП","-","0","01.2018","471010000, Мангистауская область, Актау Г.А., г.Актау, \"Мангистауская область, г. Актау, промзона, ТОО \"\"МАЭК-Казатомпром\"\", здание 201\"","471010000, Мангистауская область, Актау Г.А., г.Актау, \"Мангистауская область, г. Актау, промзона, ТОО \"\"МАЭК-Казатомпром\"\"\"","DDP","С даты подписания договора в течение 30 календарных дней","Предоплата - 0% , Промежуточный платеж - 0% , Окончательный платеж - 100% ","Тонна (метрическая)",{"v":0.2,"d":"0.200"},{"v":290628,"d":"290,628.000"},{"v":58125.6,"d":"58,125.600"},{"v":65100.67,"d":"65,100.670"},"-","Товарищество с ограниченной ответственностью \"Мангистауский атомный энергетический комбинат-Казатомпром\""]
[null,"1211912","425 Т","241066.900.000123","Круг","стальной, марка Ст.12Х1МФ, диаметр 32-270 мм, горячекатаный","36:Диаметр:60:60 \\ 79:ГОСТ:20072-74:20072-74","ОТП","-","0","01.2018","471010000, Мангистауская область, Актау Г.А., г.Актау, \"Мангистауская область, г. Актау, промзона, ТОО \"\"МАЭК-Казатомпром\"\", здание 201\"","471010000, Мангистауская область, Актау Г.А., г.Актау, \"Мангистауская область, г. Актау, промзона, ТОО \"\"МАЭК-Казатомпром\"\"\"","DDP","С даты подписания договора в течение 30 календарных дней","Предоплата - 0% , Промежуточный платеж - 0% , Окончательный платеж - 100% ","Тонна (метрическая)",{"v":0.65,"d":"0.650"},{"v":775008,"d":"775,008.000"},{"v":503755.2,"d":"503,755.200"},{"v":564205.82,"d":"564,205.820"},"-","Товарищество с ограниченной ответственностью \"Мангистауский атомный энергетический комбинат-Казатомпром\""]
[null,"1214627","426 Т","241064.900.000042","Круг","стальной, марка Ст.30Х13, диаметр до 40 мм, горячекатаный","36:Диаметр:16:16 \\ 79:ГОСТ:2590-71:2590-71","ОТП","-","0","01.2018","471010000, Мангистауская область, Актау Г.А., г.Актау, \"Мангистауская область, г. Актау, промзона, ТОО \"\"МАЭК-Казатомпром\"\", здание 201\"","471010000, Мангистауская область, Актау Г.А., г.Актау, \"Мангистауская область, г. Актау, промзона, ТОО \"\"МАЭК-Казатомпром\"\"\"","DDP","С даты подписания договора в течение 30 календарных дней","Предоплата - 0% , Промежуточный платеж - 0% , Окончательный платеж - 100% ","Тонна (метрическая)",{"v":0.45,"d":"0.450"},{"v":968760,"d":"968,760.000"},{"v":435942,"d":"435,942.000"},{"v":488255.04,"d":"488,255.040"},"-","Товарищество с ограниченной ответственностью \"Мангистауский атомный энергетический комбинат-Казатомпром\""]
[null,"1211944","427 Т","241064.900.000070","Круг","стальной, марка Ст. 20Х1М1Ф1ТР, диаметр до 40 мм, горячекатаный","36:Диаметр:40:40 \\ 301:Состав:сталь 20Х1М1Ф1Бр :сталь 20Х1М1Ф1Бр  \\ 79:ГОСТ:20072-74:20072-74","ОТП","-","0","01.2018","471010000, Мангистауская область, Актау Г.А., г.Актау, \"Мангистауская область, г. Актау, промзона, ТОО \"\"МАЭК-Казатомпром\"\", здание 201\"","471010000, Мангистауская область, Актау Г.А., г.Актау, \"Мангистауская область, г. Актау, промзона, ТОО \"\"МАЭК-Казатомпром\"\"\"","DDP","С даты подписания договора в течение 30 календарных дней","Предоплата - 0% , Промежуточный платеж - 0% , Окончательный платеж - 100% ","Тонна (метрическая)",{"v":0.4,"d":"0.400"},{"v":1035828,"d":"1,035,828.000"},{"v":414331.2,"d":"414,331.200"},{"v":464050.94,"d":"464,050.940"},"-","Товарищество с ограниченной ответственностью \"Мангистауский атомный энергетический комбинат-Казатомпром\""]
[null,"1216053","428-1 Т","241064.900.000076","Шестигранник","стальной, марка Ст.14Х17Н2, диаметр 3-25 мм, калиброванный","36:Диаметр:17:17 \\ 301:Состав: сталь 12Х18Н10Т : сталь 12Х18Н10Т  \\ 79:ГОСТ:1050-71:1050-71","ОИ","137-2 (не превышает тысячекратного МРП)","0","02.2018","471010000, Мангистауская область, Актау Г.А., г.Актау, \"Мангистауская область, г. Актау, промзона, ТОО \"\"МАЭК-Казатомпром\"\", здание 201\"","471010000, Мангистауская область, Актау Г.А., г.Актау, \"Мангистауская область, г. Актау, промзона, ТОО \"\"МАЭК-Казатомпром\"\"\"","DDP","С даты подписания договора в течение 30 календарных дней","Окончательный платеж - 100% , Промежуточный платеж - 0% , Предоплата - 0% ","Тонна (метрическая)",{"v":0.3,"d":"0.300"},{"v":2533680,"d":"2,533,680.000"},{"v":760104,"d":"760,104.000"},{"v":851316.48,"d":"851,316.480"},"-","Товарищество с ограниченной ответственностью \"Мангистауский атомный энергетический комбинат-Казатомпром\""]
[null,"1214622","429 Т","241064.900.000042","Круг","стальной, марка Ст.30Х13, диаметр до 40 мм, горячекатаный","36:Диаметр:10:10 \\ 79:ГОСТ:2590-71:2590-71","ОТП","-","0","01.2018","471010000, Мангистауская область, Актау Г.А., г.Актау, \"Мангистауская область, г. Актау, промзона, ТОО \"\"МАЭК-Казатомпром\"\", здание 201\"","471010000, Мангистауская область, Актау Г.А., г.Актау, \"Мангистауская область, г. Актау, промзона, ТОО \"\"МАЭК-Казатомпром\"\"\"","DDP","С даты подписания договора в течение 45 календарных дней","Предоплата - 0% , Промежуточный платеж - 0% , Окончательный платеж - 100% ","Тонна (метрическая)",{"v":0.45,"d":"0.450"},{"v":968760,"d":"968,760.000"},{"v":435942,"d":"435,942.000"},{"v":488255.04,"d":"488,255.040"},"-","Товарищество с ограниченной ответственностью \"Мангистауский атомный энергетический комбинат-Казатомпром\""]
[null,"1214583","430 Т","241062.900.000039","Круг","стальной, марка Ст.45, диаметр 32-270 мм, горячекатаный","36:Диаметр:120:120 \\ 301:Состав:сталь 40:сталь 40 \\ 79:ГОСТ:2590-71:2590-71","ОТП","-","0","01.2018","471010000, Мангистауская область, Актау Г.А., г.Актау, \"Мангистауская область, г. Актау, промзона, ТОО \"\"МАЭК-Казатомпром\"\", здание 201\"","471010000, Мангистауская область, Актау Г.А., г.Актау, \"Мангистауская область, г. Актау, промзона, ТОО \"\"МАЭК-Казатомпром\"\"\"","DDP","С даты подписания договора в течение 45 календарных дней","Предоплата - 0% , Промежуточный платеж - 0% , Окончательный платеж - 100% ","Тонна (метрическая)",{"v":0.4,"d":"0.400"},{"v":295099.2,"d":"295,099.200"},{"v":118039.68,"d":"118,039.680"},{"v":132204.44,"d":"132,204.440"},"-","Товарищество с ограниченной ответственностью \"Мангистауский атомный энергетический комбинат-Казатомпром\""]
[null,"1210405","431 Т","241064.900.000016","Круг","стальной, марка Ст.12Х18Н10Т, диаметр 20-25 мм, горячекатаный","36:Диаметр:25:25 \\ 79:ГОСТ:5632-72:5632-72","ОТП","-","0","01.2018","471010000, Мангистауская область, Актау Г.А., г.Актау, \"Мангистауская область, г. Актау, промзона, ТОО \"\"МАЭК-Казатомпром\"\", здание 201\"","471010000, Мангистауская область, Актау Г.А., г.Актау, \"Мангистауская область, г. Актау, промзона, ТОО \"\"МАЭК-Казатомпром\"\"\"","DDP","С даты подписания договора в течение 45 календарных дней","Предоплата - 0% , Промежуточный платеж - 0% , Окончательный платеж - 100% ","Тонна (метрическая)",{"v":0.15,"d":"0.150"},{"v":2235600,"d":"2,235,600.000"},{"v":335340,"d":"335,340.000"},{"v":375580.8,"d":"375,580.800"},"-","Товарищество с ограниченной ответственностью \"Мангистауский атомный энергетический комбинат-Казатомпром\""]
[null,"1214384","432-1 Т","241062.900.000039","Круг","стальной, марка Ст.45, диаметр 32-270 мм, горячекатаный","36:Диаметр:50:50 \\ 79:ГОСТ:2590-71:2590-71","ОТП","-","0","02.2018","471000000, Мангистауская область, Актау Г.А., Промзона, ТОО \"МАЭК-Казатомпром\", здание 201","471000000, Мангистауская область, Актау Г.А., Промзона, склад ТОО \"МАЭК-Казатомпром\"","DDP","С даты подписания договора в течение 45 календарных дней","Окончательный платеж - 100% , Промежуточный платеж - 0% , Предоплата - 0% ","Тонна (метрическая)",{"v":0.69,"d":"0.690"},{"v":321599,"d":"321,599.000"},{"v":221903.31,"d":"221,903.310"},{"v":248531.71,"d":"248,531.710"},"-","Товарищество с ограниченной ответственностью \"Мангистауский атомный энергетический комбинат-Казатомпром\""]
[null,"1210418","433 Т","241064.900.000018","Круг","стальной, марка Ст.12Х18Н10Т, диаметр 32-270 мм, горячекатаный","36:Диаметр:40:40 \\ 79:ГОСТ:5632-72:5632-72","ОТП","-","0","01.2018","471010000, Мангистауская область, Актау Г.А., г.Актау, \"Мангистауская область, г. Актау, промзона, ТОО \"\"МАЭК-Казатомпром\"\", здание 201\"","471010000, Мангистауская область, Актау Г.А., г.Актау, \"Мангистауская область, г. Актау, промзона, ТОО \"\"МАЭК-Казатомпром\"\"\"","DDP","С даты подписания договора в течение 45 календарных дней","Предоплата - 0% , Промежуточный платеж - 0% , Окончательный платеж - 100% ","Тонна (метрическая)",{"v":0.3,"d":"0.300"},{"v":2235600,"d":"2,235,600.000"},{"v":670680,"d":"670,680.000"},{"v":751161.6,"d":"751,161.600"},"-","Товарищество с ограниченной ответственностью \"Мангистауский атомный энергетический комбинат-Казатомпром\""]
[null,"1214380","434-1 Т","243110.700.000009","Круг","стальной, марка Ст.45, диаметр до 25 мм, калиброванный","79:ГОСТ:2590-71:2590-71 \\ 36:Диаметр:25:25","ОТП","-","0","02.2018","471000000, Мангистауская область, Актау Г.А., Промзона, ТОО \"МАЭК-Казатомпром\", здание 201","471000000, Мангистауская область, Актау Г.А., Промзона, склад ТОО \"МАЭК-Казатомпром\"","DDP","С даты подписания договора в течение 45 календарных дней","Окончательный платеж - 100% , Промежуточный платеж - 0% , Предоплата - 0% ","Тонна (метрическая)",{"v":0.32,"d":"0.320"},{"v":324411,"d":"324,411.000"},{"v":103811.52,"d":"103,811.520"},{"v":116268.9,"d":"116,268.900"},"-","Товарищество с ограниченной ответственностью \"Мангистауский атомный энергетический комбинат-Казатомпром\""]
[null,"1210404","435 Т","241064.900.000016","Круг","стальной, марка Ст.12Х18Н10Т, диаметр 20-25 мм, горячекатаный","36:Диаметр:20:20 \\ 79:ГОСТ:5632-72:5632-72","ОТП","-","0","01.2018","471010000, Мангистауская область, Актау Г.А., г.Актау, \"Мангистауская область, г. Актау, промзона, ТОО \"\"МАЭК-Казатомпром\"\", здание 201\"","471010000, Мангистауская область, Актау Г.А., г.Актау, \"Мангистауская область, г. Актау, промзона, ТОО \"\"МАЭК-Казатомпром\"\"\"","DDP","С даты подписания договора в течение 45 календарных дней","Предоплата - 0% , Промежуточный платеж - 0% , Окончательный платеж - 100% ","Тонна (метрическая)",{"v":0.1,"d":"0.100"},{"v":2235600,"d":"2,235,600.000"},{"v":223560,"d":"223,560.000"},{"v":250387.2,"d":"250,387.200"},"-","Товарищество с ограниченной ответственностью \"Мангистауский атомный энергетический комбинат-Казатомпром\""]
[null,"1216014","436 Т","241062.900.000136","Шестигранник","стальной, марка Ст.45, диаметр 3-25 мм, калиброванный","36:Диаметр:22:22 \\ 79:ГОСТ:2879-69:2879-69","ОИ","137-2 (не превышает тысячекратного МРП)","0","01.2018","471010000, Мангистауская область, Актау Г.А., г.Актау, \"Мангистауская область, г. Актау, промзона, ТОО \"\"МАЭК-Казатомпром\"\", здание 201\"","471010000, Мангистауская область, Актау Г.А., г.Актау, \"Мангистауская область, г. Актау, промзона, ТОО \"\"МАЭК-Казатомпром\"\"\"","DDP","С даты подписания договора в течение 30 календарных дней","Предоплата - 0% , Промежуточный платеж - 0% , Окончательный платеж - 100% ","Тонна (метрическая)",{"v":0.04,"d":"0.040"},{"v":298080,"d":"298,080.000"},{"v":11923.2,"d":"11,923.200"},{"v":13353.98,"d":"13,353.980"},"-","Товарищество с ограниченной ответственностью \"Мангистауский атомный энергетический комбинат-Казатомпром\""]
[null,"1216020","437-1 Т","241062.900.000137","Шестигранник","стальной, марка Ст.45, диаметр 26-50 мм, калиброванный","79:ГОСТ:2879-69:2879-69 \\ 36:Диаметр:36:36","ОИ","137-2 (не превышает тысячекратного МРП)","0","02.2018","471010000, Мангистауская область, Актау Г.А., г.Актау, \"Мангистауская область, г. Актау, промзона, ТОО \"\"МАЭК-Казатомпром\"\", здание 201\"","471010000, Мангистауская область, Актау Г.А., г.Актау, \"Мангистауская область, г. Актау, промзона, ТОО \"\"МАЭК-Казатомпром\"\"\"","DDP","С даты подписания договора в течение 30 календарных дней","Окончательный платеж - 100% , Промежуточный платеж - 0% , Предоплата - 0% ","Тонна (метрическая)",{"v":0.14,"d":"0.140"},{"v":312500,"d":"312,500.000"},{"v":43750,"d":"43,750.000"},{"v":49000,"d":"49,000.000"},"-","Товарищество с ограниченной ответственностью \"Мангистауский атомный энергетический комбинат-Казатомпром\""]
[null,"1214663","438 Т","241064.900.000043","Круг","стальной, марка Ст.30Х13, диаметр 41-140 мм, горячекатаный","36:Диаметр:110:110 \\ 79:ГОСТ:5632-72:5632-72","ОТП","-","0","01.2018","471010000, Мангистауская область, Актау Г.А., г.Актау, \"Мангистауская область, г. Актау, промзона, ТОО \"\"МАЭК-Казатомпром\"\", здание 201\"","471010000, Мангистауская область, Актау Г.А., г.Актау, \"Мангистауская область, г. Актау, промзона, ТОО \"\"МАЭК-Казатомпром\"\"\"","DDP","С даты подписания договора в течение 60 календарных дней","Предоплата - 0% , Промежуточный платеж - 0% , Окончательный платеж - 100% ","Тонна (метрическая)",{"v":0.2,"d":"0.200"},{"v":953856,"d":"953,856.000"},{"v":190771.2,"d":"190,771.200"},{"v":213663.74,"d":"213,663.740"},"-","Товарищество с ограниченной ответственностью \"Мангистауский атомный энергетический комбинат-Казатомпром\""]
[null,"1214592","439 Т","241064.900.000043","Круг","стальной, марка Ст.30Х13, диаметр 41-140 мм, горячекатаный","36:Диаметр:140:140 \\ 79:ГОСТ:5632-72:5632-72","ОТП","-","0","01.2018","471010000, Мангистауская область, Актау Г.А., г.Актау, \"Мангистауская область, г. Актау, промзона, ТОО \"\"МАЭК-Казатомпром\"\", здание 201\"","471010000, Мангистауская область, Актау Г.А., г.Актау, \"Мангистауская область, г. Актау, промзона, ТОО \"\"МАЭК-Казатомпром\"\"\"","DDP","С даты подписания договора в течение 60 календарных дней","Предоплата - 0% , Промежуточный платеж - 0% , Окончательный платеж - 100% ","Тонна (метрическая)",{"v":0.5,"d":"0.500"},{"v":953856,"d":"953,856.000"},{"v":476928,"d":"476,928.000"},{"v":534159.36,"d":"534,159.360"},"-","Товарищество с ограниченной ответственностью \"Мангистауский атомный энергетический комбинат-Казатомпром\""]
[null,"1216005","440-1 Т","241062.900.000158","Шестигранник","стальной, марка Ст.45, диаметр 15-50 мм, горячекатаный","79:ГОСТ:2879-69:2879-69 \\ 36:Диаметр:18:18","ОИ","137-2 (не превышает тысячекратного МРП)","0","02.2018","471010000, Мангистауская область, Актау Г.А., г.Актау, \"Мангистауская область, г. Актау, промзона, ТОО \"\"МАЭК-Казатомпром\"\", здание 201\"","471000000, Мангистауская область, Актау Г.А., Промзона, склад ТОО \"МАЭК-Казатомпром\"","DDP","С даты подписания договора в течение 30 календарных дней","Окончательный платеж - 100% , Промежуточный платеж - 0% , Предоплата - 0% ","Тонна (метрическая)",{"v":0.25,"d":"0.250"},{"v":312500,"d":"312,500.000"},{"v":78125,"d":"78,125.000"},{"v":87500,"d":"87,500.000"},"-","Товарищество с ограниченной ответственностью \"Мангистауский атомный энергетический комбинат-Казатомпром\""]
[null,"1210406","441-1 Т","241064.900.000018","Круг","стальной, марка Ст.12Х18Н10Т, диаметр 32-270 мм, горячекатаный","36:Диаметр:60:60 \\ 79:ГОСТ:5632-72:5632-72","ОТП","-","0","01.2018","471010000, Мангистауская область, Актау Г.А., г.Актау, \"Мангистауская область, г. Актау, промзона, ТОО \"\"МАЭК-Казатомпром\"\", здание 201\"","471010000, Мангистауская область, Актау Г.А., г.Актау, \"Мангистауская область, г. Актау, промзона, ТОО \"\"МАЭК-Казатомпром\"\"\"","DDP","С даты подписания договора в течение 45 календарных дней","Окончательный платеж - 100% , Промежуточный платеж - 0% , Предоплата - 0% ","Килограмм",{"v":500,"d":"500.000"},{"v":1868.4,"d":"1,868.400"},{"v":934200,"d":"934,200.000"},{"v":1046304,"d":"1,046,304.000"},"-","Товарищество с ограниченной ответственностью \"Мангистауский атомный энергетический комбинат-Казатомпром\""]
[null,"1216062","442-1 Т","241064.900.000077","Шестигранник","стальной, марка Ст.14Х17Н2, диаметр 26-50 мм, калиброванный","36:Диаметр:36:36 \\ 79:ГОСТ:2879-69:2879-69","ОИ","137-2 (не превышает тысячекратного МРП)","0","02.2018","471010000, Мангистауская область, Актау Г.А., г.Актау, \"Мангистауская область, г. Актау, промзона, ТОО \"\"МАЭК-Казатомпром\"\", здание 201\"","471010000, Мангистауская область, Актау Г.А., г.Актау, \"Мангистауская область, г. Актау, промзона, ТОО \"\"МАЭК-Казатомпром\"\"\"","DDP","С даты подписания договора в течение 30 календарных дней","Окончательный платеж - 100% , Промежуточный платеж - 0% , Предоплата - 0% ","Тонна (метрическая)",{"v":0.2,"d":"0.200"},{"v":2533680,"d":"2,533,680.000"},{"v":506736,"d":"506,736.000"},{"v":567544.32,"d":"567,544.320"},"-","Товарищество с ограниченной ответственностью \"Мангистауский атомный энергетический комбинат-Казатомпром\""]
[null,"1211960","443 Т","241064.900.000073","Круг","стальной, марка Ст. 20Х1М1Ф1ТР, диаметр 41-140 мм, горячекатаный","36:Диаметр:80:80 \\ 301:Состав: сталь 20Х1М1Ф1Бр : сталь 20Х1М1Ф1Бр  \\ 79:ГОСТ:20072-74:20072-74","ОТП","-","0","01.2018","471010000, Мангистауская область, Актау Г.А., г.Актау, \"Мангистауская область, г. Актау, промзона, ТОО \"\"МАЭК-Казатомпром\"\", здание 201\"","471010000, Мангистауская область, Актау Г.А., г.Актау, \"Мангистауская область, г. Актау, промзона, ТОО \"\"МАЭК-Казатомпром\"\"\"","DDP","С даты подписания договора в течение 60 календарных дней","Предоплата - 0% , Промежуточный платеж - 0% , Окончательный платеж - 100% ","Тонна (метрическая)",{"v":0.3,"d":"0.300"},{"v":1035828,"d":"1,035,828.000"},{"v":310748.4,"d":"310,748.400"},{"v":348038.21,"d":"348,038.210"},"-","Товарищество с ограниченной ответственностью \"Мангистауский атомный энергетический комбинат-Казатомпром\""]
[null,"1211810","444 Т","241066.900.000123","Круг","стальной, марка Ст.12Х1МФ, диаметр 32-270 мм, горячекатаный","36:Диаметр:40:40 \\ 79:ГОСТ:2590-71:2590-71","ОТП","-","0","01.2018","471010000, Мангистауская область, Актау Г.А., г.Актау, \"Мангистауская область, г. Актау, промзона, ТОО \"\"МАЭК-Казатомпром\"\", здание 201\"","471010000, Мангистауская область, Актау Г.А., г.Актау, \"Мангистауская область, г. Актау, промзона, ТОО \"\"МАЭК-Казатомпром\"\"\"","DDP","С даты подписания договора в течение 60 календарных дней","Предоплата - 0% , Промежуточный платеж - 0% , Окончательный платеж - 100% ","Тонна (метрическая)",{"v":0.29,"d":"0.290"},{"v":1117800,"d":"1,117,800.000"},{"v":324162,"d":"324,162.000"},{"v":363061.44,"d":"363,061.440"},"-","Товарищество с ограниченной ответственностью \"Мангистауский атомный энергетический комбинат-Казатомпром\""]
[null,"1214356","445 Т","241062.900.000032","Круг","стальной, марка Ст.35, диаметр 32-270 мм, горячекатаный","36:Диаметр:85:85 \\ 79:ГОСТ:2590-71:2590-71","ОТП","-","0","01.2018","471010000, Мангистауская область, Актау Г.А., г.Актау, \"Мангистауская область, г. Актау, промзона, ТОО \"\"МАЭК-Казатомпром\"\", здание 201\"","471010000, Мангистауская область, Актау Г.А., г.Актау, \"Мангистауская область, г. Актау, промзона, ТОО \"\"МАЭК-Казатомпром\"\"\"","DDP","С даты подписания договора в течение 60 календарных дней","Предоплата - 0% , Промежуточный платеж - 0% , Окончательный платеж - 100% ","Тонна (метрическая)",{"v":0.1,"d":"0.100"},{"v":171396,"d":"171,396.000"},{"v":17139.6,"d":"17,139.600"},{"v":19196.35,"d":"19,196.350"},"-","Товарищество с ограниченной ответственностью \"Мангистауский атомный энергетический комбинат-Казатомпром\""]
[null,"1211133","446 Т","243120.700.000001","Круг","стальной, марка Ст.40Х, диаметр 26-50 мм, калиброванный","36:Диаметр:36:36 \\ 301:Состав:сталь 35ХМ:сталь 35ХМ \\ 79:ГОСТ:4543-71:4543-71","ОТП","-","0","01.2018","471010000, Мангистауская область, Актау Г.А., г.Актау, \"Мангистауская область, г. Актау, промзона, ТОО \"\"МАЭК-Казатомпром\"\", здание 201\"","471010000, Мангистауская область, Актау Г.А., г.Актау, \"Мангистауская область, г. Актау, промзона, ТОО \"\"МАЭК-Казатомпром\"\"\"","DDP","С даты подписания договора в течение 60 календарных дней","Предоплата - 0% , Промежуточный платеж - 0% , Окончательный платеж - 100% ","Тонна (метрическая)",{"v":0.5,"d":"0.500"},{"v":775008,"d":"775,008.000"},{"v":387504,"d":"387,504.000"},{"v":434004.48,"d":"434,004.480"},"-","Товарищество с ограниченной ответственностью \"Мангистауский атомный энергетический комбинат-Казатомпром\""]
[null,"1210414","447 Т","241064.900.000017","Круг","стальной, марка Ст.12Х18Н10Т, диаметр 26-31 мм, горячекатаный","36:Диаметр:30:30 \\ 79:ГОСТ:5632-72:5632-72","ОТП","-","0","01.2018","471010000, Мангистауская область, Актау Г.А., г.Актау, \"Мангистауская область, г. Актау, промзона, ТОО \"\"МАЭК-Казатомпром\"\", здание 201\"","471010000, Мангистауская область, Актау Г.А., г.Актау, \"Мангистауская область, г. Актау, промзона, ТОО \"\"МАЭК-Казатомпром\"\"\"","DDP","С даты подписания договора в течение 60 календарных дней","Предоплата - 0% , Промежуточный платеж - 0% , Окончательный платеж - 100% ","Тонна (метрическая)",{"v":0.01,"d":"0.010"},{"v":2235600,"d":"2,235,600.000"},{"v":22356,"d":"22,356.000"},{"v":25038.72,"d":"25,038.720"},"-","Товарищество с ограниченной ответственностью \"Мангистауский атомный энергетический комбинат-Казатомпром\""]
[null,"1214395","448-1 Т","241062.900.000039","Круг","стальной, марка Ст.45, диаметр 32-270 мм, горячекатаный","36:Диаметр:120:120 \\ 79:ГОСТ:2590-71:2590-71","ОТП","-","0","02.2018","471010000, Мангистауская область, Актау Г.А., г.Актау, \"Мангистауская область, г. Актау, промзона, ТОО \"\"МАЭК-Казатомпром\"\", здание 201\"","471010000, Мангистауская область, Актау Г.А., г.Актау, \"Мангистауская область, г. Актау, промзона, ТОО \"\"МАЭК-Казатомпром\"\"\"","DDP","С даты подписания договора в течение 60 календарных дней","Окончательный платеж - 100% , Промежуточный платеж - 0% , Предоплата - 0% ","Тонна (метрическая)",{"v":3.1,"d":"3.100"},{"v":324411,"d":"324,411.000"},{"v":1005674.1,"d":"1,005,674.100"},{"v":1126354.99,"d":"1,126,354.990"},"-","Товарищество с ограниченной ответственностью \"Мангистауский атомный энергетический комбинат-Казатомпром\""]
[null,"1214343","449-1 Т","243110.700.000007","Круг","стальной, марка Ст.35, диаметр 26-50 мм, калиброванный","36:Диаметр:30:30 \\ 79:ГОСТ:2590-2006:2590-2006","ОТП","-","0","02.2018","471010000, Мангистауская область, Актау Г.А., г.Актау, \"Мангистауская область, г. Актау, промзона, ТОО \"\"МАЭК-Казатомпром\"\", здание 201\"","471010000, Мангистауская область, Актау Г.А., г.Актау, \"Мангистауская область, г. Актау, промзона, ТОО \"\"МАЭК-Казатомпром\"\"\"","DDP","С даты подписания договора в течение 60 календарных дней","Окончательный платеж - 100% , Промежуточный платеж - 0% , Предоплата - 0% ","Тонна (метрическая)",{"v":0.35,"d":"0.350"},{"v":324411,"d":"324,411.000"},{"v":113543.85,"d":"113,543.850"},{"v":127169.11,"d":"127,169.110"},"-","Товарищество с ограниченной ответственностью \"Мангистауский атомный энергетический комбинат-Казатомпром\""]
[null,"1211134","450 Т","243120.700.000001","Круг","стальной, марка Ст.40Х, диаметр 26-50 мм, калиброванный","36:Диаметр:40:40 \\ 301:Состав:сталь 35ХМ:сталь 35ХМ \\ 79:ГОСТ:2590-71:2590-71","ОТП","-","0","01.2018","471010000, Мангистауская область, Актау Г.А., г.Актау, \"Мангистауская область, г. Актау, промзона, ТОО \"\"МАЭК-Казатомпром\"\", здание 201\"","471010000, Мангистауская область, Актау Г.А., г.Актау, \"Мангистауская область, г. Актау, промзона, ТОО \"\"МАЭК-Казатомпром\"\"\"","DDP","С даты подписания договора в течение 60 календарных дней","Предоплата - 0% , Промежуточный платеж - 0% , Окончательный платеж - 100% ","Тонна (метрическая)",{"v":0.5,"d":"0.500"},{"v":819720,"d":"819,720.000"},{"v":409860,"d":"409,860.000"},{"v":459043.2,"d":"459,043.200"},"-","Товарищество с ограниченной ответственностью \"Мангистауский атомный энергетический комбинат-Казатомпром\""]
[null,"1214350","451-1 Т","241062.900.000032","Круг","стальной, марка Ст.35, диаметр 32-270 мм, горячекатаный","36:Диаметр:60:60 \\ 79:ГОСТ:2590-71:2590-71","ОТП","-","0","02.2018","471010000, Мангистауская область, Актау Г.А., г.Актау, \"Мангистауская область, г. Актау, промзона, ТОО \"\"МАЭК-Казатомпром\"\", здание 201\"","471010000, Мангистауская область, Актау Г.А., г.Актау, \"Мангистауская область, г. Актау, промзона, ТОО \"\"МАЭК-Казатомпром\"\"\"","DDP","С даты подписания договора в течение 60 календарных дней","Окончательный платеж - 100% , Промежуточный платеж - 0% , Предоплата - 0% ","Тонна (метрическая)",{"v":0.81,"d":"0.810"},{"v":321599,"d":"321,599.000"},{"v":260495.19,"d":"260,495.190"},{"v":291754.61,"d":"291,754.610"},"-","Товарищество с ограниченной ответственностью \"Мангистауский атомный энергетический комбинат-Казатомпром\""]
[null,"1214342","452 Т","243110.700.000006","Круг","стальной, марка Ст.35, диаметр до 25 мм, калиброванный","36:Диаметр:20:20 \\ 79:ГОСТ:2590-71:2590-71","ОТП","-","0","01.2018","471010000, Мангистауская область, Актау Г.А., г.Актау, \"Мангистауская область, г. Актау, промзона, ТОО \"\"МАЭК-Казатомпром\"\", здание 201\"","471010000, Мангистауская область, Актау Г.А., г.Актау, \"Мангистауская область, г. Актау, промзона, ТОО \"\"МАЭК-Казатомпром\"\"\"","DDP","С даты подписания договора в течение 60 календарных дней","Предоплата - 0% , Промежуточный платеж - 0% , Окончательный платеж - 100% ","Тонна (метрическая)",{"v":0.04,"d":"0.040"},{"v":171396,"d":"171,396.000"},{"v":6855.84,"d":"6,855.840"},{"v":7678.54,"d":"7,678.540"},"-","Товарищество с ограниченной ответственностью \"Мангистауский атомный энергетический комбинат-Казатомпром\""]
[null,"1214587","453 Т","241064.900.000024","Круг","стальной, марка Ст.20Х13, диаметр 26-31 мм, горячекатаный","36:Диаметр:30:30 \\ 79:ГОСТ:4543-71:4543-71","ОТП","-","0","01.2018","471010000, Мангистауская область, Актау Г.А., г.Актау, \"Мангистауская область, г. Актау, промзона, ТОО \"\"МАЭК-Казатомпром\"\", здание 201\"","471010000, Мангистауская область, Актау Г.А., г.Актау, \"Мангистауская область, г. Актау, промзона, ТОО \"\"МАЭК-Казатомпром\"\"\"","DDP","С даты подписания договора в течение 60 календарных дней","Предоплата - 0% , Промежуточный платеж - 0% , Окончательный платеж - 100% ","Тонна (метрическая)",{"v":1,"d":"1.000"},{"v":856980,"d":"856,980.000"},{"v":856980,"d":"856,980.000"},{"v":959817.6,"d":"959,817.600"},"-","Товарищество с ограниченной ответственностью \"Мангистауский атомный энергетический комбинат-Казатомпром\""]
[null,"1214382","454 Т","243110.700.000010","Круг","стальной, марка Ст.45, диаметр 26-50 мм, калиброванный","36:Диаметр:35:35 \\ 79:ГОСТ:2590-71:2590-71","ОТП","-","0","01.2018","471010000, Мангистауская область, Актау Г.А., г.Актау, \"Мангистауская область, г. Актау, промзона, ТОО \"\"МАЭК-Казатомпром\"\", здание 201\"","471010000, Мангистауская область, Актау Г.А., г.Актау, \"Мангистауская область, г. Актау, промзона, ТОО \"\"МАЭК-Казатомпром\"\"\"","DDP","С даты подписания договора в течение 60 календарных дней","Предоплата - 0% , Промежуточный платеж - 0% , Окончательный платеж - 100% ","Тонна (метрическая)",{"v":0.1,"d":"0.100"},{"v":171396,"d":"171,396.000"},{"v":17139.6,"d":"17,139.600"},{"v":19196.35,"d":"19,196.350"},"-","Товарищество с ограниченной ответственностью \"Мангистауский атомный энергетический комбинат-Казатомпром\""]
[null,"1214628","455 Т","241064.900.000042","Круг","стальной, марка Ст.30Х13, диаметр до 40 мм, горячекатаный","36:Диаметр:20:20 \\ 79:ГОСТ:5632-72:5632-72","ОТП","-","0","01.2018","471010000, Мангистауская область, Актау Г.А., г.Актау, \"Мангистауская область, г. Актау, промзона, ТОО \"\"МАЭК-Казатомпром\"\", здание 201\"","471010000, Мангистауская область, Актау Г.А., г.Актау, \"Мангистауская область, г. Актау, промзона, ТОО \"\"МАЭК-Казатомпром\"\"\"","DDP","С даты подписания договора в течение 60 календарных дней","Предоплата - 0% , Промежуточный платеж - 0% , Окончательный платеж - 100% ","Тонна (метрическая)",{"v":0.5,"d":"0.500"},{"v":953856,"d":"953,856.000"},{"v":476928,"d":"476,928.000"},{"v":534159.36,"d":"534,159.360"},"-","Товарищество с ограниченной ответственностью \"Мангистауский атомный энергетический комбинат-Казатомпром\""]
[null,"1210428","456 Т","241064.900.000018","Круг","стальной, марка Ст.12Х18Н10Т, диаметр 32-270 мм, горячекатаный","36:Диаметр:100:100 \\ 79:ГОСТ:5632-72:5632-72","ОТП","-","0","01.2018","471010000, Мангистауская область, Актау Г.А., г.Актау, \"Мангистауская область, г. Актау, промзона, ТОО \"\"МАЭК-Казатомпром\"\", здание 201\"","471010000, Мангистауская область, Актау Г.А., г.Актау, \"Мангистауская область, г. Актау, промзона, ТОО \"\"МАЭК-Казатомпром\"\"\"","DDP","С даты подписания договора в течение 60 календарных дней","Предоплата - 0% , Промежуточный платеж - 0% , Окончательный платеж - 100% ","Тонна (метрическая)",{"v":1,"d":"1.000"},{"v":2235600,"d":"2,235,600.000"},{"v":2235600,"d":"2,235,600.000"},{"v":2503872,"d":"2,503,872.000"},"-","Товарищество с ограниченной ответственностью \"Мангистауский атомный энергетический комбинат-Казатомпром\""]
[null,"1214634","457 Т","241064.900.000042","Круг","стальной, марка Ст.30Х13, диаметр до 40 мм, горячекатаный","36:Диаметр:40:40 \\ 79:ГОСТ:5632-72:5632-72","ОТП","-","0","01.2018","471010000, Мангистауская область, Актау Г.А., г.Актау, \"Мангистауская область, г. Актау, промзона, ТОО \"\"МАЭК-Казатомпром\"\", здание 201\"","471010000, Мангистауская область, Актау Г.А., г.Актау, \"Мангистауская область, г. Актау, промзона, ТОО \"\"МАЭК-Казатомпром\"\"\"","DDP","С даты подписания договора в течение 60 календарных дней","Предоплата - 0% , Промежуточный платеж - 0% , Окончательный платеж - 100% ","Тонна (метрическая)",{"v":0.62,"d":"0.620"},{"v":953856,"d":"953,856.000"},{"v":591390.72,"d":"591,390.720"},{"v":662357.61,"d":"662,357.610"},"-","Товарищество с ограниченной ответственностью \"Мангистауский атомный энергетический комбинат-Казатомпром\""]
[null,"1211942","458 Т","241064.900.000070","Круг","стальной, марка Ст. 20Х1М1Ф1ТР, диаметр до 40 мм, горячекатаный","36:Диаметр:30:30 \\ 301:Состав:сталь 20Х1М1Ф1БР:сталь 20Х1М1Ф1БР \\ 79:ГОСТ:20072-74:20072-74","ОТП","-","0","01.2018","471010000, Мангистауская область, Актау Г.А., г.Актау, \"Мангистауская область, г. Актау, промзона, ТОО \"\"МАЭК-Казатомпром\"\", здание 201\"","471010000, Мангистауская область, Актау Г.А., г.Актау, \"Мангистауская область, г. Актау, промзона, ТОО \"\"МАЭК-Казатомпром\"\"\"","DDP","С даты подписания договора в течение 60 календарных дней","Предоплата - 0% , Промежуточный платеж - 0% , Окончательный платеж - 100% ","Тонна (метрическая)",{"v":0.25,"d":"0.250"},{"v":1035828,"d":"1,035,828.000"},{"v":258957,"d":"258,957.000"},{"v":290031.84,"d":"290,031.840"},"-","Товарищество с ограниченной ответственностью \"Мангистауский атомный энергетический комбинат-Казатомпром\""]
[null,"1210434","459 Т","241064.900.000018","Круг","стальной, марка Ст.12Х18Н10Т, диаметр 32-270 мм, горячекатаный","36:Диаметр:120:120 \\ 79:ГОСТ:5632-72:5632-72","ОТП","-","0","01.2018","471010000, Мангистауская область, Актау Г.А., г.Актау, \"Мангистауская область, г. Актау, промзона, ТОО \"\"МАЭК-Казатомпром\"\", здание 201\"","471010000, Мангистауская область, Актау Г.А., г.Актау, \"Мангистауская область, г. Актау, промзона, ТОО \"\"МАЭК-Казатомпром\"\"\"","DDP","С даты подписания договора в течение 60 календарных дней","Предоплата - 0% , Промежуточный платеж - 0% , Окончательный платеж - 100% ","Килограмм",{"v":600,"d":"600.000"},{"v":2052,"d":"2,052.000"},{"v":1231200,"d":"1,231,200.000"},{"v":1378944,"d":"1,378,944.000"},"-","Товарищество с ограниченной ответственностью \"Мангистауский атомный энергетический комбинат-Казатомпром\""]
[null,"1210518","460 Т","241066.900.000066","Круг","стальной, марка Ст.ХВГ, диаметр 32-270 мм, горячекатаный","36:Диаметр:80:80 \\ 79:ГОСТ:5950-2000:5950-2000","ОТП","-","0","01.2018","471010000, Мангистауская область, Актау Г.А., г.Актау, \"Мангистауская область, г. Актау, промзона, ТОО \"\"МАЭК-Казатомпром\"\", здание 201\"","471010000, Мангистауская область, Актау Г.А., г.Актау, \"Мангистауская область, г. Актау, промзона, ТОО \"\"МАЭК-Казатомпром\"\"\"","DDP","С даты подписания договора в течение 60 календарных дней","Предоплата - 0% , Промежуточный платеж - 0% , Окончательный платеж - 100% ","Килограмм",{"v":100,"d":"100.000"},{"v":3024,"d":"3,024.000"},{"v":302400,"d":"302,400.000"},{"v":338688,"d":"338,688.000"},"-","Товарищество с ограниченной ответственностью \"Мангистауский атомный энергетический комбинат-Казатомпром\""]
[null,"1211824","461 Т","241064.900.000071","Круг","стальной, марка Ст.25Х1МФ, диаметр до 40 мм, горячекатаный","36:Диаметр:40:40 \\ 79:ГОСТ:2590-71:2590-71","ОТП","-","0","01.2018","471010000, Мангистауская область, Актау Г.А., г.Актау, \"Мангистауская область, г. Актау, промзона, ТОО \"\"МАЭК-Казатомпром\"\", здание 201\"","471010000, Мангистауская область, Актау Г.А., г.Актау, \"Мангистауская область, г. Актау, промзона, ТОО \"\"МАЭК-Казатомпром\"\"\"","DDP","С даты подписания договора в течение 60 календарных дней","Предоплата - 0% , Промежуточный платеж - 0% , Окончательный платеж - 100% ","Тонна (метрическая)",{"v":0.01,"d":"0.010"},{"v":1069200,"d":"1,069,200.000"},{"v":10692,"d":"10,692.000"},{"v":11975.04,"d":"11,975.040"},"-","Товарищество с ограниченной ответственностью \"Мангистауский атомный энергетический комбинат-Казатомпром\""]
[null,"1211820","462 Т","241064.900.000071","Круг","стальной, марка Ст.25Х1МФ, диаметр до 40 мм, горячекатаный","36:Диаметр:60:60 \\ 301:Состав:20072-74:20072-74 \\ 79:ГОСТ:20072-74:20072-74","ОТП","-","0","01.2018","471010000, Мангистауская область, Актау Г.А., г.Актау, \"Мангистауская область, г. Актау, промзона, ТОО \"\"МАЭК-Казатомпром\"\", здание 201\"","471010000, Мангистауская область, Актау Г.А., г.Актау, \"Мангистауская область, г. Актау, промзона, ТОО \"\"МАЭК-Казатомпром\"\"\"","DDP","С даты подписания договора в течение 60 календарных дней","Предоплата - 0% , Промежуточный платеж - 0% , Окончательный платеж - 100% ","Тонна (метрическая)",{"v":0.2,"d":"0.200"},{"v":886788,"d":"886,788.000"},{"v":177357.6,"d":"177,357.600"},{"v":198640.51,"d":"198,640.510"},"-","Товарищество с ограниченной ответственностью \"Мангистауский атомный энергетический комбинат-Казатомпром\""]
[null,"1211812","463 Т","241064.900.000072","Круг","стальной, марка Ст.25Х1МФ, диаметр 41-140 мм, горячекатаный","36:Диаметр:50:50 \\ 79:ГОСТ:20072-74:20072-74","ОТП","-","0","01.2018","471010000, Мангистауская область, Актау Г.А., г.Актау, \"Мангистауская область, г. Актау, промзона, ТОО \"\"МАЭК-Казатомпром\"\", здание 201\"","471010000, Мангистауская область, Актау Г.А., г.Актау, \"Мангистауская область, г. Актау, промзона, ТОО \"\"МАЭК-Казатомпром\"\"\"","DDP","С даты подписания договора в течение 60 календарных дней","Предоплата - 0% , Промежуточный платеж - 0% , Окончательный платеж - 100% ","Тонна (метрическая)",{"v":0.1,"d":"0.100"},{"v":886788,"d":"886,788.000"},{"v":88678.8,"d":"88,678.800"},{"v":99320.26,"d":"99,320.260"},"-","Товарищество с ограниченной ответственностью \"Мангистауский атомный энергетический комбинат-Казатомпром\""]
[null,"1211132","464 Т","243120.700.000001","Круг","стальной, марка Ст.40Х, диаметр 26-50 мм, калиброванный","36:Диаметр:30:30 \\ 301:Состав:сталь 35ХМ:сталь 35ХМ \\ 79:ГОСТ:2590-2006:2590-2006","ОТП","-","0","01.2018","471010000, Мангистауская область, Актау Г.А., г.Актау, \"Мангистауская область, г. Актау, промзона, ТОО \"\"МАЭК-Казатомпром\"\", здание 201\"","471010000, Мангистауская область, Актау Г.А., г.Актау, \"Мангистауская область, г. Актау, промзона, ТОО \"\"МАЭК-Казатомпром\"\"\"","DDP","С даты подписания договора в течение 60 календарных дней","Предоплата - 0% , Промежуточный платеж - 0% , Окончательный платеж - 100% ","Тонна (метрическая)",{"v":0.6,"d":"0.600"},{"v":819720,"d":"819,720.000"},{"v":491832,"d":"491,832.000"},{"v":550851.84,"d":"550,851.840"},"-","Товарищество с ограниченной ответственностью \"Мангистауский атомный энергетический комбинат-Казатомпром\""]
[null,"1210512","465 Т","241066.900.000066","Круг","стальной, марка Ст.ХВГ, диаметр 32-270 мм, горячекатаный","36:Диаметр:50:50 \\ 79:ГОСТ:5950-2000:5950-2000","ОТП","-","0","01.2018","471010000, Мангистауская область, Актау Г.А., г.Актау, \"Мангистауская область, г. Актау, промзона, ТОО \"\"МАЭК-Казатомпром\"\", здание 201\"","471010000, Мангистауская область, Актау Г.А., г.Актау, \"Мангистауская область, г. Актау, промзона, ТОО \"\"МАЭК-Казатомпром\"\"\"","DDP","С даты подписания договора в течение 60 календарных дней","Предоплата - 0% , Промежуточный платеж - 0% , Окончательный платеж - 100% ","Килограмм",{"v":100,"d":"100.000"},{"v":3024,"d":"3,024.000"},{"v":302400,"d":"302,400.000"},{"v":338688,"d":"338,688.000"},"-","Товарищество с ограниченной ответственностью \"Мангистауский атомный энергетический комбинат-Казатомпром\""]
[null,"1211822","466 Т","241064.900.000072","Круг","стальной, марка Ст.25Х1МФ, диаметр 41-140 мм, горячекатаный","36:Диаметр:100:100 \\ 301:Состав:сталь 25Х2М1Ф :сталь 25Х2М1Ф  \\ 79:ГОСТ:20072-74:20072-74","ОТП","-","0","01.2018","471010000, Мангистауская область, Актау Г.А., г.Актау, \"Мангистауская область, г. Актау, промзона, ТОО \"\"МАЭК-Казатомпром\"\", здание 201\"","471010000, Мангистауская область, Актау Г.А., г.Актау, \"Мангистауская область, г. Актау, промзона, ТОО \"\"МАЭК-Казатомпром\"\"\"","DDP","С даты подписания договора в течение 60 календарных дней","Предоплата - 0% , Промежуточный платеж - 0% , Окончательный платеж - 100% ","Килограмм",{"v":300,"d":"300.000"},{"v":890.05,"d":"890.050"},{"v":267015,"d":"267,015.000"},{"v":299056.8,"d":"299,056.800"},"-","Товарищество с ограниченной ответственностью \"Мангистауский атомный энергетический комбинат-Казатомпром\""]
[null,"1210508","467 Т","241066.900.000083","Круг","стальной, марка Ст.ХВГ, диаметр 26-31 мм, горячекатаный","36:Диаметр:30:30 \\ 79:ГОСТ:5950-2000:5950-2000","ОТП","-","0","01.2018","471010000, Мангистауская область, Актау Г.А., г.Актау, \"Мангистауская область, г. Актау, промзона, ТОО \"\"МАЭК-Казатомпром\"\", здание 201\"","471010000, Мангистауская область, Актау Г.А., г.Актау, \"Мангистауская область, г. Актау, промзона, ТОО \"\"МАЭК-Казатомпром\"\"\"","DDP","С даты подписания договора в течение 60 календарных дней","Предоплата - 0% , Промежуточный платеж - 0% , Окончательный платеж - 100% ","Килограмм",{"v":60,"d":"60.000"},{"v":3024,"d":"3,024.000"},{"v":181440,"d":"181,440.000"},{"v":203212.8,"d":"203,212.800"},"-","Товарищество с ограниченной ответственностью \"Мангистауский атомный энергетический комбинат-Казатомпром\""]
[null,"1214638","468 Т","241064.900.000043","Круг","стальной, марка Ст.30Х13, диаметр 41-140 мм, горячекатаный","36:Диаметр:80:80 \\ 79:ГОСТ:5632-72:5632-72","ОТП","-","0","01.2018","471010000, Мангистауская область, Актау Г.А., г.Актау, \"Мангистауская область, г. Актау, промзона, ТОО \"\"МАЭК-Казатомпром\"\", здание 201\"","471010000, Мангистауская область, Актау Г.А., г.Актау, \"Мангистауская область, г. Актау, промзона, ТОО \"\"МАЭК-Казатомпром\"\"\"","DDP","С даты подписания договора в течение 60 календарных дней","Предоплата - 0% , Промежуточный платеж - 0% , Окончательный платеж - 100% ","Тонна (метрическая)",{"v":0.6,"d":"0.600"},{"v":953856,"d":"953,856.000"},{"v":572313.6,"d":"572,313.600"},{"v":640991.23,"d":"640,991.230"},"-","Товарищество с ограниченной ответственностью \"Мангистауский атомный энергетический комбинат-Казатомпром\""]
[null,"1214378","469-1 Т","241062.900.000039","Круг","стальной, марка Ст.45, диаметр 32-270 мм, горячекатаный","36:Диаметр:150:150 \\ 79:ГОСТ:2590-71:2590-71","ОТП","-","0","02.2018","471000000, Мангистауская область, Актау Г.А., Промзона, ТОО \"МАЭК-Казатомпром\", здание 201","471000000, Мангистауская область, Актау Г.А., Промзона, склад ТОО \"МАЭК-Казатомпром\"","DDP","С даты подписания договора в течение 60 календарных дней","Окончательный платеж - 100% , Промежуточный платеж - 0% , Предоплата - 0% ","Тонна (метрическая)",{"v":1.33,"d":"1.330"},{"v":324411,"d":"324,411.000"},{"v":431466.63,"d":"431,466.630"},{"v":483242.63,"d":"483,242.630"},"-","Товарищество с ограниченной ответственностью \"Мангистауский атомный энергетический комбинат-Казатомпром\""]
[null,"1210432","470 Т","241064.900.000018","Круг","стальной, марка Ст.12Х18Н10Т, диаметр 32-270 мм, горячекатаный","36:Диаметр:110:110 \\ 79:ГОСТ:5632-72:5632-72","ОТП","-","0","01.2018","471010000, Мангистауская область, Актау Г.А., г.Актау, \"Мангистауская область, г. Актау, промзона, ТОО \"\"МАЭК-Казатомпром\"\", здание 201\"","471010000, Мангистауская область, Актау Г.А., г.Актау, \"Мангистауская область, г. Актау, промзона, ТОО \"\"МАЭК-Казатомпром\"\"\"","DDP","С даты подписания договора в течение 60 календарных дней","Предоплата - 0% , Промежуточный платеж - 0% , Окончательный платеж - 100% ","Килограмм",{"v":1000,"d":"1,000.000"},{"v":2235.6,"d":"2,235.600"},{"v":2235600,"d":"2,235,600.000"},{"v":2503872,"d":"2,503,872.000"},"-","Товарищество с ограниченной ответственностью \"Мангистауский атомный энергетический комбинат-Казатомпром\""]
[null,"1216003","471-1 Т","241062.900.000154","Шестигранник","стальной, марка Ст.35, диаметр 8-14 мм, горячекатаный","36:Диаметр:10:10 \\ 79:ГОСТ:2879-69:2879-69","ОИ","137-2 (не превышает тысячекратного МРП)","0","02.2018","471010000, Мангистауская область, Актау Г.А., г.Актау, \"Мангистауская область, г. Актау, промзона, ТОО \"\"МАЭК-Казатомпром\"\", здание 201\"","471010000, Мангистауская область, Актау Г.А., г.Актау, \"Мангистауская область, г. Актау, промзона, ТОО \"\"МАЭК-Казатомпром\"\"\"","DDP","С даты подписания договора в течение 30 календарных дней","Окончательный платеж - 100% , Промежуточный платеж - 0% , Предоплата - 0% ","Тонна (метрическая)",{"v":0.2,"d":"0.200"},{"v":312500,"d":"312,500.000"},{"v":62500,"d":"62,500.000"},{"v":70000,"d":"70,000.000"},"-","Товарищество с ограниченной ответственностью \"Мангистауский атомный энергетический комбинат-Казатомпром\""]
[null,"1216007","472-1 Т","241062.900.000154","Шестигранник","стальной, марка Ст.35, диаметр 8-14 мм, горячекатаный","36:Диаметр:14:14 \\ 79:ГОСТ:2879-69:2879-69","ОИ","137-2 (не превышает тысячекратного МРП)","0","02.2018","471010000, Мангистауская область, Актау Г.А., г.Актау, \"Мангистауская область, г. Актау, промзона, ТОО \"\"МАЭК-Казатомпром\"\", здание 201\"","471010000, Мангистауская область, Актау Г.А., г.Актау, \"Мангистауская область, г. Актау, промзона, ТОО \"\"МАЭК-Казатомпром\"\"\"","DDP","С даты подписания договора в течение 60 календарных дней","Окончательный платеж - 100% , Промежуточный платеж - 0% , Предоплата - 0% ","Тонна (метрическая)",{"v":0.25,"d":"0.250"},{"v":312500,"d":"312,500.000"},{"v":78125,"d":"78,125.000"},{"v":87500,"d":"87,500.000"},"-","Товарищество с ограниченной ответственностью \"Мангистауский атомный энергетический комбинат-Казатомпром\""]
[null,"1216004","473-1 Т","241062.900.000158","Шестигранник","стальной, марка Ст.45, диаметр 15-50 мм, горячекатаный","36:Диаметр:16:16 \\ 79:ГОСТ:2879-69:2879-69","ОИ","137-2 (не превышает тысячекратного МРП)","0","02.2018","471010000, Мангистауская область, Актау Г.А., г.Актау, \"Мангистауская область, г. Актау, промзона, ТОО \"\"МАЭК-Казатомпром\"\", здание 201\"","471010000, Мангистауская область, Актау Г.А., г.Актау, \"Мангистауская область, г. Актау, промзона, ТОО \"\"МАЭК-Казатомпром\"\"\"","DDP","С даты подписания договора в течение 60 календарных дней","Окончательный платеж - 100% , Промежуточный платеж - 0% , Предоплата - 0% ","Тонна (метрическая)",{"v":0.3,"d":"0.300"},{"v":312500,"d":"312,500.000"},{"v":93750,"d":"93,750.000"},{"v":105000,"d":"105,000.000"},"-","Товарищество с ограниченной ответственностью \"Мангистауский атомный энергетический комбинат-Казатомпром\""]
[null,"1214388","474-1 Т","241062.900.000039","Круг","стальной, марка Ст.45, диаметр 32-270 мм, горячекатаный","36:Диаметр:100:100 \\ 79:ГОСТ:1050-71:1050-71","ОТП","-","0","02.2018","471010000, Мангистауская область, Актау Г.А., г.Актау, \"Мангистауская область, г. Актау, промзона, ТОО \"\"МАЭК-Казатомпром\"\", здание 201\"","471010000, Мангистауская область, Актау Г.А., г.Актау, \"Мангистауская область, г. Актау, промзона, ТОО \"\"МАЭК-Казатомпром\"\"\"","DDP","С даты подписания договора в течение 60 календарных дней","Окончательный платеж - 100% , Промежуточный платеж - 0% , Предоплата - 0% ","Тонна (метрическая)",{"v":1.2,"d":"1.200"},{"v":324411,"d":"324,411.000"},{"v":389293.2,"d":"389,293.200"},{"v":436008.38,"d":"436,008.380"},"-","Товарищество с ограниченной ответственностью \"Мангистауский атомный энергетический комбинат-Казатомпром\""]
[null,"1210407","475 Т","241064.900.000018","Круг","стальной, марка Ст.12Х18Н10Т, диаметр 32-270 мм, горячекатаный","36:Диаметр:50:50 \\ 79:ГОСТ:5632-72:5632-72","ОТП","-","0","01.2018","471010000, Мангистауская область, Актау Г.А., г.Актау, \"Мангистауская область, г. Актау, промзона, ТОО \"\"МАЭК-Казатомпром\"\", здание 201\"","471010000, Мангистауская область, Актау Г.А., г.Актау, \"Мангистауская область, г. Актау, промзона, ТОО \"\"МАЭК-Казатомпром\"\"\"","DDP","С даты подписания договора в течение 60 календарных дней","Предоплата - 0% , Промежуточный платеж - 0% , Окончательный платеж - 100% ","Тонна (метрическая)",{"v":1,"d":"1.000"},{"v":2235600,"d":"2,235,600.000"},{"v":2235600,"d":"2,235,600.000"},{"v":2503872,"d":"2,503,872.000"},"-","Товарищество с ограниченной ответственностью \"Мангистауский атомный энергетический комбинат-Казатомпром\""]
[null,"1214348","476-1 Т","243110.700.000007","Круг","стальной, марка Ст.35, диаметр 26-50 мм, калиброванный","36:Диаметр:45:45 \\ 79:ГОСТ:2590-71:2590-71","ОТП","-","0","02.2018","471010000, Мангистауская область, Актау Г.А., г.Актау, \"Мангистауская область, г. Актау, промзона, ТОО \"\"МАЭК-Казатомпром\"\", здание 201\"","471010000, Мангистауская область, Актау Г.А., г.Актау, \"Мангистауская область, г. Актау, промзона, ТОО \"\"МАЭК-Казатомпром\"\"\"","DDP","С даты подписания договора в течение 60 календарных дней","Окончательный платеж - 100% , Промежуточный платеж - 0% , Предоплата - 0% ","Тонна (метрическая)",{"v":0.24,"d":"0.240"},{"v":321599,"d":"321,599.000"},{"v":77183.76,"d":"77,183.760"},{"v":86445.81,"d":"86,445.810"},"-","Товарищество с ограниченной ответственностью \"Мангистауский атомный энергетический комбинат-Казатомпром\""]
[null,"1214376","477-1 Т","241062.900.000039","Круг","стальной, марка Ст.45, диаметр 32-270 мм, горячекатаный","36:Диаметр:130:130 \\ 79:ГОСТ:2590-71:2590-71","ОТП","-","0","02.2018","471000000, Мангистауская область, Актау Г.А., Промзона, ТОО \"МАЭК-Казатомпром\", здание 201","471000000, Мангистауская область, Актау Г.А., Промзона, склад ТОО \"МАЭК-Казатомпром\"","DDP","С даты подписания договора в течение 60 календарных дней","Окончательный платеж - 100% , Промежуточный платеж - 0% , Предоплата - 0% ","Тонна (метрическая)",{"v":0.62,"d":"0.620"},{"v":324411,"d":"324,411.000"},{"v":201134.82,"d":"201,134.820"},{"v":225271,"d":"225,271.000"},"-","Товарищество с ограниченной ответственностью \"Мангистауский атомный энергетический комбинат-Казатомпром\""]
[null,"1210413","478 Т","243411.700.000021","Проволока","из углеродистой стали, холоднотянутая, диаметр 3,1-6 мм","36:Диаметр:6:6","ЦПП","-","0","02.2018","471010000, Мангистауская область, Актау Г.А., г.Актау, \"Мангистауская область, г. Актау, промзона, ТОО \"\"МАЭК-Казатомпром\"\", здание 201\"","471010000, Мангистауская область, Актау Г.А., г.Актау, \"Мангистауская область, г. Актау, промзона, ТОО \"\"МАЭК-Казатомпром\"\"\"","DDP","С даты подписания договора в течение 30 календарных дней","Предоплата - 0% , Промежуточный платеж - 0% , Окончательный платеж - 100% ","Килограмм",{"v":100,"d":"100.000"},{"v":2400,"d":"2,400.000"},{"v":240000,"d":"240,000.000"},{"v":268800,"d":"268,800.000"},"-","Товарищество с ограниченной ответственностью \"Мангистауский атомный энергетический комбинат-Казатомпром\""]
[null,"1216011","479-1 Т","241062.900.000155","Шестигранник","стальной, марка Ст.35, диаметр 15-50 мм, горячекатаный","36:Диаметр:17:17 \\ 79:ГОСТ:2879-69:2879-69","ОИ","137-2 (не превышает тысячекратного МРП)","0","02.2018","471000000, Мангистауская область, Актау Г.А., Промзона, ТОО \"МАЭК-Казатомпром\", здание 201","471000000, Мангистауская область, Актау Г.А., Промзона, склад ТОО \"МАЭК-Казатомпром\"","DDP","С даты подписания договора в течение 60 календарных дней","Окончательный платеж - 100% , Промежуточный платеж - 0% , Предоплата - 0% ","Тонна (метрическая)",{"v":0.44,"d":"0.440"},{"v":312500,"d":"312,500.000"},{"v":137500,"d":"137,500.000"},{"v":154000,"d":"154,000.000"},"-","Товарищество с ограниченной ответственностью \"Мангистауский атомный энергетический комбинат-Казатомпром\""]
[null,"1210436","480 Т","241064.900.000018","Круг","стальной, марка Ст.12Х18Н10Т, диаметр 32-270 мм, горячекатаный","36:Диаметр:140:140 \\ 79:ГОСТ:5632-72:5632-72","ОТП","-","0","01.2018","471010000, Мангистауская область, Актау Г.А., г.Актау, \"Мангистауская область, г. Актау, промзона, ТОО \"\"МАЭК-Казатомпром\"\", здание 201\"","471010000, Мангистауская область, Актау Г.А., г.Актау, \"Мангистауская область, г. Актау, промзона, ТОО \"\"МАЭК-Казатомпром\"\"\"","DDP","С даты подписания договора в течение 60 календарных дней","Предоплата - 0% , Промежуточный платеж - 0% , Окончательный платеж - 100% ","Килограмм",{"v":800,"d":"800.000"},{"v":2235.6,"d":"2,235.600"},{"v":1788480,"d":"1,788,480.000"},{"v":2003097.6,"d":"2,003,097.600"},"-","Товарищество с ограниченной ответственностью \"Мангистауский атомный энергетический комбинат-Казатомпром\""]
[null,"1210424","481 Т","241064.900.000018","Круг","стальной, марка Ст.12Х18Н10Т, диаметр 32-270 мм, горячекатаный","36:Диаметр:80:80 \\ 79:ГОСТ:5632-72:5632-72","ОТП","-","0","01.2018","471010000, Мангистауская область, Актау Г.А., г.Актау, \"Мангистауская область, г. Актау, промзона, ТОО \"\"МАЭК-Казатомпром\"\", здание 201\"","471010000, Мангистауская область, Актау Г.А., г.Актау, \"Мангистауская область, г. Актау, промзона, ТОО \"\"МАЭК-Казатомпром\"\"\"","DDP","С даты подписания договора в течение 60 календарных дней","Предоплата - 0% , Промежуточный платеж - 0% , Окончательный платеж - 100% ","Тонна (метрическая)",{"v":0.5,"d":"0.500"},{"v":2235600,"d":"2,235,600.000"},{"v":1117800,"d":"1,117,800.000"},{"v":1251936,"d":"1,251,936.000"},"-","Товарищество с ограниченной ответственностью \"Мангистауский атомный энергетический комбинат-Казатомпром\""]
[null,"1211948","482 Т","241064.900.000073","Круг","стальной, марка Ст. 20Х1М1Ф1ТР, диаметр 41-140 мм, горячекатаный","36:Диаметр:50:50 \\ 301:Состав:сталь 20Х1М1Ф1БР :сталь 20Х1М1Ф1БР  \\ 79:ГОСТ:20072-74:20072-74","ОТП","-","0","01.2018","471010000, Мангистауская область, Актау Г.А., г.Актау, \"Мангистауская область, г. Актау, промзона, ТОО \"\"МАЭК-Казатомпром\"\", здание 201\"","471010000, Мангистауская область, Актау Г.А., г.Актау, \"Мангистауская область, г. Актау, промзона, ТОО \"\"МАЭК-Казатомпром\"\"\"","DDP","С даты подписания договора в течение 60 календарных дней","Предоплата - 0% , Промежуточный платеж - 0% , Окончательный платеж - 100% ","Тонна (метрическая)",{"v":0.35,"d":"0.350"},{"v":1035828,"d":"1,035,828.000"},{"v":362539.8,"d":"362,539.800"},{"v":406044.58,"d":"406,044.580"},"-","Товарищество с ограниченной ответственностью \"Мангистауский атомный энергетический комбинат-Казатомпром\""]
[null,"1214390","483-1 Т","241062.900.000039","Круг","стальной, марка Ст.45, диаметр 32-270 мм, горячекатаный","36:Диаметр:110:110 \\ 79:ГОСТ:2590-71:2590-71","ОТП","-","0","02.2018","471010000, Мангистауская область, Актау Г.А., г.Актау, \"Мангистауская область, г. Актау, промзона, ТОО \"\"МАЭК-Казатомпром\"\", здание 201\"","471010000, Мангистауская область, Актау Г.А., г.Актау, \"Мангистауская область, г. Актау, промзона, ТОО \"\"МАЭК-Казатомпром\"\"\"","DDP","С даты подписания договора в течение 60 календарных дней","Окончательный платеж - 100% , Промежуточный платеж - 0% , Предоплата - 0% ","Тонна (метрическая)",{"v":1.87,"d":"1.870"},{"v":324411,"d":"324,411.000"},{"v":606648.57,"d":"606,648.570"},{"v":679446.4,"d":"679,446.400"},"-","Товарищество с ограниченной ответственностью \"Мангистауский атомный энергетический комбинат-Казатомпром\""]
[null,"1214386","484-1 Т","241062.900.000039","Круг","стальной, марка Ст.45, диаметр 32-270 мм, горячекатаный","36:Диаметр:80:80 \\ 79:ГОСТ:2590-71:2590-71","ОТП","-","0","02.2018","471010000, Мангистауская область, Актау Г.А., г.Актау, \"Мангистауская область, г. Актау, промзона, ТОО \"\"МАЭК-Казатомпром\"\", здание 201\"","471010000, Мангистауская область, Актау Г.А., г.Актау, \"Мангистауская область, г. Актау, промзона, ТОО \"\"МАЭК-Казатомпром\"\"\"","DDP","С даты подписания договора в течение 60 календарных дней","Окончательный платеж - 100% , Промежуточный платеж - 0% , Предоплата - 0% ","Тонна (метрическая)",{"v":1.38,"d":"1.380"},{"v":321599,"d":"321,599.000"},{"v":443806.62,"d":"443,806.620"},{"v":497063.41,"d":"497,063.410"},"-","Товарищество с ограниченной ответственностью \"Мангистауский атомный энергетический комбинат-Казатомпром\""]
[null,"1214632","485 Т","241064.900.000042","Круг","стальной, марка Ст.30Х13, диаметр до 40 мм, горячекатаный","36:Диаметр:30:30 \\ 79:ГОСТ:5632-72:5632-72","ОТП","-","0","01.2018","471010000, Мангистауская область, Актау Г.А., г.Актау, \"Мангистауская область, г. Актау, промзона, ТОО \"\"МАЭК-Казатомпром\"\", здание 201\"","471010000, Мангистауская область, Актау Г.А., г.Актау, \"Мангистауская область, г. Актау, промзона, ТОО \"\"МАЭК-Казатомпром\"\"\"","DDP","С даты подписания договора в течение 60 календарных дней","Предоплата - 0% , Промежуточный платеж - 0% , Окончательный платеж - 100% ","Тонна (метрическая)",{"v":0.5,"d":"0.500"},{"v":953856,"d":"953,856.000"},{"v":476928,"d":"476,928.000"},{"v":534159.36,"d":"534,159.360"},"-","Товарищество с ограниченной ответственностью \"Мангистауский атомный энергетический комбинат-Казатомпром\""]
[null,"1340003","486 Т","241031.900.000024","Лист стальной","марка Ст.40, толщина 12,5-60 мм, горячекатаный","104:Толщина:20:20 \\ 79:ГОСТ:1050-74:1050-74","ОТП","-","0","01.2018","471010000, Мангистауская область, Актау Г.А., г.Актау, \"Мангистауская область, г. Актау, промзона, ТОО \"\"МАЭК-Казатомпром\"\", здание 201\"","471010000, Мангистауская область, Актау Г.А., г.Актау, \"Мангистауская область, г. Актау, промзона, ТОО \"\"МАЭК-Казатомпром\"\"\"","DDP","С даты подписания договора в течение 30 календарных дней","Предоплата - 0% , Промежуточный платеж - 0% , Окончательный платеж - 100% ","Тонна (метрическая)",{"v":3,"d":"3.000"},{"v":238464,"d":"238,464.000"},{"v":715392,"d":"715,392.000"},{"v":801239.04,"d":"801,239.040"},"-","Товарищество с ограниченной ответственностью \"Мангистауский атомный энергетический комбинат-Казатомпром\""]
[null,"1340005","487 Т","241031.900.000012","Лист стальной","марка Ст.45, толщина 12,5-60 мм, горячекатаный","104:Толщина:25:25 \\ 79:ГОСТ:1050-74:1050-74","ОТП","-","0","01.2018","471010000, Мангистауская область, Актау Г.А., г.Актау, \"Мангистауская область, г. Актау, промзона, ТОО \"\"МАЭК-Казатомпром\"\", здание 201\"","471010000, Мангистауская область, Актау Г.А., г.Актау, \"Мангистауская область, г. Актау, промзона, ТОО \"\"МАЭК-Казатомпром\"\"\"","DDP","С даты подписания договора в течение 30 календарных дней","Предоплата - 0% , Промежуточный платеж - 0% , Окончательный платеж - 100% ","Тонна (метрическая)",{"v":2,"d":"2.000"},{"v":238464,"d":"238,464.000"},{"v":476928,"d":"476,928.000"},{"v":534159.36,"d":"534,159.360"},"-","Товарищество с ограниченной ответственностью \"Мангистауский атомный энергетический комбинат-Казатомпром\""]
[null,"1340004","488 Т","241031.900.000024","Лист стальной","марка Ст.40, толщина 12,5-60 мм, горячекатаный","104:Толщина:60:60 \\ 79:ГОСТ:1050-74:1050-74","ОТП","-","0","01.2018","471010000, Мангистауская область, Актау Г.А., г.Актау, \"Мангистауская область, г. Актау, промзона, ТОО \"\"МАЭК-Казатомпром\"\", здание 201\"","471010000, Мангистауская область, Актау Г.А., г.Актау, \"Мангистауская область, г. Актау, промзона, ТОО \"\"МАЭК-Казатомпром\"\"\"","DDP","С даты подписания договора в течение 30 календарных дней","Предоплата - 0% , Промежуточный платеж - 0% , Окончательный платеж - 100% ","Тонна (метрическая)",{"v":2.8,"d":"2.800"},{"v":238464,"d":"238,464.000"},{"v":667699.2,"d":"667,699.200"},{"v":747823.1,"d":"747,823.100"},"-","Товарищество с ограниченной ответственностью \"Мангистауский атомный энергетический комбинат-Казатомпром\""]
[null,"1350010","489 Т","241034.000.000091","Лист стальной","марка Ст.12Х18Н10Т, толщина 1,5-3,9 мм, горячекатаный","104:Толщина:3:3 \\ 79:ГОСТ:5632-72:5632-72","ЦПП","-","0","01.2018","471010000, Мангистауская область, Актау Г.А., г.Актау, \"Мангистауская область, г. Актау, промзона, ТОО \"\"МАЭК-Казатомпром\"\", здание 201\"","471010000, Мангистауская область, Актау Г.А., г.Актау, \"Мангистауская область, г. Актау, промзона, ТОО \"\"МАЭК-Казатомпром\"\"\"","DDP","С даты подписания договора в течение 30 календарных дней","Предоплата - 0% , Промежуточный платеж - 0% , Окончательный платеж - 100% ","Килограмм",{"v":180,"d":"180.000"},{"v":1863,"d":"1,863.000"},{"v":335340,"d":"335,340.000"},{"v":375580.8,"d":"375,580.800"},"-","Товарищество с ограниченной ответственностью \"Мангистауский атомный энергетический комбинат-Казатомпром\""]
[null,"1350408","490 Т","241034.000.000100","Лист стальной","марка Ст.12Х18Н10Т, толщина 0,40-12 мм, горячекатаный","104:Толщина:4:4 \\ 79:ГОСТ:5632-72:5632-72","ЦПП","-","0","01.2018","471010000, Мангистауская область, Актау Г.А., г.Актау, \"Мангистауская область, г. Актау, промзона, ТОО \"\"МАЭК-Казатомпром\"\", здание 201\"","471010000, Мангистауская область, Актау Г.А., г.Актау, \"Мангистауская область, г. Актау, промзона, ТОО \"\"МАЭК-Казатомпром\"\"\"","DDP","С даты подписания договора в течение 30 календарных дней","Предоплата - 0% , Промежуточный платеж - 0% , Окончательный платеж - 100% ","Килограмм",{"v":220.15,"d":"220.150"},{"v":1863,"d":"1,863.000"},{"v":410139.45,"d":"410,139.450"},{"v":459356.18,"d":"459,356.180"},"-","Товарищество с ограниченной ответственностью \"Мангистауский атомный энергетический комбинат-Казатомпром\""]
[null,"1350012","491 Т","241034.000.000100","Лист стальной","марка Ст.12Х18Н10Т, толщина 0,40-12 мм, горячекатаный","104:Толщина:8:8 \\ 79:ГОСТ:5632-72:5632-72","ЦПП","-","0","01.2018","471010000, Мангистауская область, Актау Г.А., г.Актау, \"Мангистауская область, г. Актау, промзона, ТОО \"\"МАЭК-Казатомпром\"\", здание 201\"","471010000, Мангистауская область, Актау Г.А., г.Актау, \"Мангистауская область, г. Актау, промзона, ТОО \"\"МАЭК-Казатомпром\"\"\"","DDP","С даты подписания договора в течение 30 календарных дней","Предоплата - 0% , Промежуточный платеж - 0% , Окончательный платеж - 100% ","Тонна (метрическая)",{"v":0.8,"d":"0.800"},{"v":1863000,"d":"1,863,000.000"},{"v":1490400,"d":"1,490,400.000"},{"v":1669248,"d":"1,669,248.000"},"-","Товарищество с ограниченной ответственностью \"Мангистауский атомный энергетический комбинат-Казатомпром\""]
[null,"1350049","492 Т","241034.000.000100","Лист стальной","марка Ст.12Х18Н10Т, толщина 0,40-12 мм, горячекатаный","104:Толщина:5:5 \\ 79:ГОСТ:5632-72:5632-72","ЦПП","-","0","01.2018","471010000, Мангистауская область, Актау Г.А., г.Актау, \"Мангистауская область, г. Актау, промзона, ТОО \"\"МАЭК-Казатомпром\"\", здание 201\"","471010000, Мангистауская область, Актау Г.А., г.Актау, \"Мангистауская область, г. Актау, промзона, ТОО \"\"МАЭК-Казатомпром\"\"\"","DDP","С даты подписания договора в течение 30 календарных дней","Предоплата - 0% , Промежуточный платеж - 0% , Окончательный платеж - 100% ","Тонна (метрическая)",{"v":0.03,"d":"0.030"},{"v":1404000,"d":"1,404,000.000"},{"v":42120,"d":"42,120.000"},{"v":47174.4,"d":"47,174.400"},"-","Товарищество с ограниченной ответственностью \"Мангистауский атомный энергетический комбинат-Казатомпром\""]
[null,"1350051","493 Т","241034.000.000100","Лист стальной","марка Ст.12Х18Н10Т, толщина 0,40-12 мм, горячекатаный","104:Толщина:6:6 \\ 79:ГОСТ:5632-72:5632-72","ЦПП","-","0","01.2018","471010000, Мангистауская область, Актау Г.А., г.Актау, \"Мангистауская область, г. Актау, промзона, ТОО \"\"МАЭК-Казатомпром\"\", здание 201\"","471010000, Мангистауская область, Актау Г.А., г.Актау, \"Мангистауская область, г. Актау, промзона, ТОО \"\"МАЭК-Казатомпром\"\"\"","DDP","С даты подписания договора в течение 30 календарных дней","Предоплата - 0% , Промежуточный платеж - 0% , Окончательный платеж - 100% ","Тонна (метрическая)",{"v":0.3,"d":"0.300"},{"v":1863000,"d":"1,863,000.000"},{"v":558900,"d":"558,900.000"},{"v":625968,"d":"625,968.000"},"-","Товарищество с ограниченной ответственностью \"Мангистауский атомный энергетический комбинат-Казатомпром\""]
[null,"1350014","494 Т","241034.000.000100","Лист стальной","марка Ст.12Х18Н10Т, толщина 0,40-12 мм, горячекатаный","104:Толщина:10:10 \\ 79:ГОСТ:5632-72:5632-72","ЦПП","-","0","01.2018","471010000, Мангистауская область, Актау Г.А., г.Актау, \"Мангистауская область, г. Актау, промзона, ТОО \"\"МАЭК-Казатомпром\"\", здание 201\"","471010000, Мангистауская область, Актау Г.А., г.Актау, \"Мангистауская область, г. Актау, промзона, ТОО \"\"МАЭК-Казатомпром\"\"\"","DDP","С даты подписания договора в течение 30 календарных дней","Предоплата - 0% , Промежуточный платеж - 0% , Окончательный платеж - 100% ","Тонна (метрическая)",{"v":0.8,"d":"0.800"},{"v":1863000,"d":"1,863,000.000"},{"v":1490400,"d":"1,490,400.000"},{"v":1669248,"d":"1,669,248.000"},"-","Товарищество с ограниченной ответственностью \"Мангистауский атомный энергетический комбинат-Казатомпром\""]
[null,"1350003","495 Т","241034.000.000100","Лист стальной","марка Ст.12Х18Н10Т, толщина 0,40-12 мм, горячекатаный","104:Толщина:2:2 \\ 79:ГОСТ:5632-72:5632-72","ЦПП","-","0","01.2018","471010000, Мангистауская область, Актау Г.А., г.Актау, \"Мангистауская область, г. Актау, промзона, ТОО \"\"МАЭК-Казатомпром\"\", здание 201\"","471010000, Мангистауская область, Актау Г.А., г.Актау, \"Мангистауская область, г. Актау, промзона, ТОО \"\"МАЭК-Казатомпром\"\"\"","DDP","С даты подписания договора в течение 30 календарных дней","Предоплата - 0% , Промежуточный платеж - 0% , Окончательный платеж - 100% ","Тонна (метрическая)",{"v":0.52,"d":"0.520"},{"v":1863000,"d":"1,863,000.000"},{"v":968760,"d":"968,760.000"},{"v":1085011.2,"d":"1,085,011.200"},"-","Товарищество с ограниченной ответственностью \"Мангистауский атомный энергетический комбинат-Казатомпром\""]
[null,"1350590","496 Т","241034.000.000101","Лист стальной","марка Ст.12Х18Н10Т, толщина 12,5-60 мм, горячекатаный","104:Толщина:20:20 \\ 79:ГОСТ:5632-72:5632-72","ЦПП","-","0","01.2018","471010000, Мангистауская область, Актау Г.А., г.Актау, \"Мангистауская область, г. Актау, промзона, ТОО \"\"МАЭК-Казатомпром\"\", здание 201\"","471010000, Мангистауская область, Актау Г.А., г.Актау, \"Мангистауская область, г. Актау, промзона, ТОО \"\"МАЭК-Казатомпром\"\"\"","DDP","С даты подписания договора в течение 30 календарных дней","Предоплата - 0% , Промежуточный платеж - 0% , Окончательный платеж - 100% ","Килограмм",{"v":440,"d":"440.000"},{"v":1620,"d":"1,620.000"},{"v":712800,"d":"712,800.000"},{"v":798336,"d":"798,336.000"},"-","Товарищество с ограниченной ответственностью \"Мангистауский атомный энергетический комбинат-Казатомпром\""]
[null,"1423080","497 Т","259929.190.000023","Металлочерепица","с полимерным покрытием, из оцинкованной стали","104:Толщина: 1*1,19*3,6: 1*1,19*3,6","ОИ","137-2 (не превышает тысячекратного МРП)","0","01.2018","471010000, Мангистауская область, Актау Г.А., г.Актау, \"Мангистауская область, г. Актау, промзона, ТОО \"\"МАЭК-Казатомпром\"\", здание 201\"","471010000, Мангистауская область, Актау Г.А., г.Актау, \"Мангистауская область, г. Актау, промзона, ТОО \"\"МАЭК-Казатомпром\"\"\"","DDP","С даты подписания договора в течение 30 календарных дней","Предоплата - 0% , Промежуточный платеж - 0% , Окончательный платеж - 100% ","Метр квадратный",{"v":100,"d":"100.000"},{"v":1880.28,"d":"1,880.280"},{"v":188028,"d":"188,028.000"},{"v":210591.36,"d":"210,591.360"},"-","Товарищество с ограниченной ответственностью \"Мангистауский атомный энергетический комбинат-Казатомпром\""]
[null,"1423050","498 Т","241051.900.000000","Профиль стальной","листовой для настила перекрытий, высота 41-100 мм","235:Наименование:Профнастил:Профнастил \\ 104:Толщина:0,6:0,6","ОИ","137-2 (не превышает тысячекратного МРП)","0","02.2018","471010000, Мангистауская область, Актау Г.А., г.Актау, \"Мангистауская область, г. Актау, промзона, ТОО \"\"МАЭК-Казатомпром\"\", здание 201\"","471010000, Мангистауская область, Актау Г.А., г.Актау, \"Мангистауская область, г. Актау, промзона, ТОО \"\"МАЭК-Казатомпром\"\"\"","DDP","С даты подписания договора в течение 30 календарных дней","Предоплата - 0% , Промежуточный платеж - 0% , Окончательный платеж - 100% ","Тонна (метрическая)",{"v":1.2,"d":"1.200"},{"v":270000,"d":"270,000.000"},{"v":324000,"d":"324,000.000"},{"v":362880,"d":"362,880.000"},"-","Товарищество с ограниченной ответственностью \"Мангистауский атомный энергетический комбинат-Казатомпром\""]
[null,"1421115","499-1 Т","244323.500.000007","Лист цинковый","марка ЦМП, толщина 0,5-5 мм","104:Толщина:0,7:0,7 \\ 79:ГОСТ:19904-90:19904-90","ЦПП","-","0","02.2018","471000000, Мангистауская область, Актау Г.А., Промзона, ТОО \"МАЭК-Казатомпром\", здание 201","471000000, Мангистауская область, Актау Г.А., Промзона, склад ТОО \"МАЭК-Казатомпром\"","DDP","С даты подписания договора в течение 30 календарных дней","Окончательный платеж - 100% , Промежуточный платеж - 0% , Предоплата - 0% ","Тонна (метрическая)",{"v":5.4,"d":"5.400"},{"v":280000,"d":"280,000.000"},{"v":1512000,"d":"1,512,000.000"},{"v":1693440,"d":"1,693,440.000"},"-","Товарищество с ограниченной ответственностью \"Мангистауский атомный энергетический комбинат-Казатомпром\""]
[null,"1421109","500-1 Т","244323.500.000007","Лист цинковый","марка ЦМП, толщина 0,5-5 мм","104:Толщина:0,55:0,55 \\ 79:ГОСТ:17715-72:17715-72","ЦПП","-","0","02.2018","471010000, Мангистауская область, Актау Г.А., г.Актау, \"Мангистауская область, г. Актау, промзона, ТОО \"\"МАЭК-Казатомпром\"\", здание 201\"","471010000, Мангистауская область, Актау Г.А., г.Актау, \"Мангистауская область, г. Актау, промзона, ТОО \"\"МАЭК-Казатомпром\"\"\"","DDP","С даты подписания договора в течение 30 календарных дней","Окончательный платеж - 100% , Промежуточный платеж - 0% , Предоплата - 0% ","Тонна (метрическая)",{"v":8.4,"d":"8.400"},{"v":280000,"d":"280,000.000"},{"v":2352000,"d":"2,352,000.000"},{"v":2634240,"d":"2,634,240.000"},"-","Товарищество с ограниченной ответственностью \"Мангистауский атомный энергетический комбинат-Казатомпром\""]
[null,"1520198","501 Т","259411.900.000164","Саморез","оцинкованный, с потайной головкой","46:размер: 3*30 Ф3*30: 3*30 Ф3*30 \\ 79:ГОСТ:1145-80:1145-80","ОИ","137-2 (не превышает тысячекратного МРП)","0","04.2018","471010000, Мангистауская область, Актау Г.А., г.Актау, \"Мангистауская область, г. Актау, промзона, ТОО \"\"МАЭК-Казатомпром\"\", здание 201\"","471010000, Мангистауская область, Актау Г.А., г.Актау, \"Мангистауская область, г. Актау, промзона, ТОО \"\"МАЭК-Казатомпром\"\"\"","DDP","С даты подписания договора в течение 30 календарных дней","Предоплата - 0% , Промежуточный платеж - 0% , Окончательный платеж - 100% ","Штука",{"v":500,"d":"500.000"},{"v":4.97,"d":"4.970"},{"v":2485,"d":"2,485.000"},{"v":2783.2,"d":"2,783.200"},"-","Товарищество с ограниченной ответственностью \"Мангистауский атомный энергетический комбинат-Казатомпром\""]
[null,"1520197","502 Т","259411.900.000164","Саморез","оцинкованный, с потайной головкой","46:размер:3*16 (Ф3*16:3*16 (Ф3*16 \\ 79:ГОСТ:1145-80:1145-80","ОИ","137-2 (не превышает тысячекратного МРП)","0","04.2018","471010000, Мангистауская область, Актау Г.А., г.Актау, \"Мангистауская область, г. Актау, промзона, ТОО \"\"МАЭК-Казатомпром\"\", здание 201\"","471010000, Мангистауская область, Актау Г.А., г.Актау, \"Мангистауская область, г. Актау, промзона, ТОО \"\"МАЭК-Казатомпром\"\"\"","DDP","С даты подписания договора в течение 30 календарных дней","Предоплата - 0% , Промежуточный платеж - 0% , Окончательный платеж - 100% ","Штука",{"v":1500,"d":"1,500.000"},{"v":1.33,"d":"1.330"},{"v":1995,"d":"1,995.000"},{"v":2234.4,"d":"2,234.400"},"-","Товарищество с ограниченной ответственностью \"Мангистауский атомный энергетический комбинат-Казатомпром\""]
[null,"1520327","503 Т","259411.900.000164","Саморез","оцинкованный, с потайной головкой","46:размер:2,5*16:2,5*16","ОИ","137-2 (не превышает тысячекратного МРП)","0","04.2018","471010000, Мангистауская область, Актау Г.А., г.Актау, \"Мангистауская область, г. Актау, промзона, ТОО \"\"МАЭК-Казатомпром\"\", здание 201\"","471010000, Мангистауская область, Актау Г.А., г.Актау, \"Мангистауская область, г. Актау, промзона, ТОО \"\"МАЭК-Казатомпром\"\"\"","DDP","С даты подписания договора в течение 30 календарных дней","Предоплата - 0% , Промежуточный платеж - 0% , Окончательный платеж - 100% ","Штука",{"v":200,"d":"200.000"},{"v":1.24,"d":"1.240"},{"v":248,"d":"248.000"},{"v":277.76,"d":"277.760"},"-","Товарищество с ограниченной ответственностью \"Мангистауский атомный энергетический комбинат-Казатомпром\""]
[null,"1520336","504 Т","259411.900.000164","Саморез","оцинкованный, с потайной головкой","46:размер:3,0*30:3,0*30","ОИ","137-2 (не превышает тысячекратного МРП)","0","04.2018","471010000, Мангистауская область, Актау Г.А., г.Актау, \"Мангистауская область, г. Актау, промзона, ТОО \"\"МАЭК-Казатомпром\"\", здание 201\"","471010000, Мангистауская область, Актау Г.А., г.Актау, \"Мангистауская область, г. Актау, промзона, ТОО \"\"МАЭК-Казатомпром\"\"\"","DDP","С даты подписания договора в течение 30 календарных дней","Предоплата - 0% , Промежуточный платеж - 0% , Окончательный платеж - 100% ","Штука",{"v":200,"d":"200.000"},{"v":1.3,"d":"1.300"},{"v":260,"d":"260.000"},{"v":291.2,"d":"291.200"},"-","Товарищество с ограниченной ответственностью \"Мангистауский атомный энергетический комбинат-Казатомпром\""]
[null,"1520020","505 Т","259314.900.000016","Гвоздь тарный","стальной, диаметр 2,5 мм","46:размер: 2,5*50: 2,5*50 \\ 79:ГОСТ:4034-63:4034-63","ОИ","137-2 (не превышает тысячекратного МРП)","90","04.2018","471010000, Мангистауская область, Актау Г.А., г.Актау, \"Мангистауская область, г. Актау, промзона, ТОО \"\"МАЭК-Казатомпром\"\", здание 201\"","471010000, Мангистауская область, Актау Г.А., г.Актау, \"Мангистауская область, г. Актау, промзона, ТОО \"\"МАЭК-Казатомпром\"\"\"","DDP","С даты подписания договора в течение 30 календарных дней","Предоплата - 0% , Промежуточный платеж - 0% , Окончательный платеж - 100% ","Килограмм",{"v":1.5,"d":"1.500"},{"v":892.85,"d":"892.850"},{"v":1339.28,"d":"1,339.280"},{"v":1499.99,"d":"1,499.990"},"-","Товарищество с ограниченной ответственностью \"Мангистауский атомный энергетический комбинат-Казатомпром\""]
[null,"1527080","506 Т","259411.900.000164","Саморез","оцинкованный, с потайной головкой","46:размер:4,0*50:4,0*50","ОИ","137-2 (не превышает тысячекратного МРП)","0","01.2018","471010000, Мангистауская область, Актау Г.А., г.Актау, \"Мангистауская область, г. Актау, промзона, ТОО \"\"МАЭК-Казатомпром\"\", здание 201\"","471010000, Мангистауская область, Актау Г.А., г.Актау, \"Мангистауская область, г. Актау, промзона, ТОО \"\"МАЭК-Казатомпром\"\"\"","DDP","С даты подписания договора в течение 30 календарных дней","Предоплата - 0% , Промежуточный платеж - 0% , Окончательный платеж - 100% ","Штука",{"v":650,"d":"650.000"},{"v":4.32,"d":"4.320"},{"v":2808,"d":"2,808.000"},{"v":3144.96,"d":"3,144.960"},"-","Товарищество с ограниченной ответственностью \"Мангистауский атомный энергетический комбинат-Казатомпром\""]
[null,"1520021","507 Т","259314.900.000016","Гвоздь тарный","стальной, диаметр 2,5 мм","46:размер: 2,5*60: 2,5*60 \\ 79:ГОСТ:4034-63:4034-63","ОИ","137-2 (не превышает тысячекратного МРП)","90","01.2018","471010000, Мангистауская область, Актау Г.А., г.Актау, \"Мангистауская область, г. Актау, промзона, ТОО \"\"МАЭК-Казатомпром\"\", здание 201\"","471010000, Мангистауская область, Актау Г.А., г.Актау, \"Мангистауская область, г. Актау, промзона, ТОО \"\"МАЭК-Казатомпром\"\"\"","DDP","С даты подписания договора в течение 30 календарных дней","Предоплата - 0% , Промежуточный платеж - 0% , Окончательный платеж - 100% ","Килограмм",{"v":5,"d":"5.000"},{"v":892.85,"d":"892.850"},{"v":4464.25,"d":"4,464.250"},{"v":4999.96,"d":"4,999.960"},"-","Товарищество с ограниченной ответственностью \"Мангистауский атомный энергетический комбинат-Казатомпром\""]
[null,"1520019","508 Т","259314.900.000015","Гвоздь тарный","стальной, диаметр 2,2 мм","46:размер:2,2*50:2,2*50 \\ 79:ГОСТ:4034-63:4034-63","ОИ","137-2 (не превышает тысячекратного МРП)","90","03.2018","471010000, Мангистауская область, Актау Г.А., г.Актау, \"Мангистауская область, г. Актау, промзона, ТОО \"\"МАЭК-Казатомпром\"\", здание 201\"","471010000, Мангистауская область, Актау Г.А., г.Актау, \"Мангистауская область, г. Актау, промзона, ТОО \"\"МАЭК-Казатомпром\"\"\"","DDP","С даты подписания договора в течение 30 календарных дней","Предоплата - 0% , Промежуточный платеж - 0% , Окончательный платеж - 100% ","Килограмм",{"v":5,"d":"5.000"},{"v":892.85,"d":"892.850"},{"v":4464.25,"d":"4,464.250"},{"v":4999.96,"d":"4,999.960"},"-","Товарищество с ограниченной ответственностью \"Мангистауский атомный энергетический комбинат-Казатомпром\""]
[null,"1521004","509 Т","259411.900.000161","Дюбель-гвоздь","с резьбой","46:размер:8/80:8/80","ОИ","137-2 (не превышает тысячекратного МРП)","0","01.2018","471010000, Мангистауская область, Актау Г.А., г.Актау, \"Мангистауская область, г. Актау, промзона, ТОО \"\"МАЭК-Казатомпром\"\", здание 201\"","471010000, Мангистауская область, Актау Г.А., г.Актау, \"Мангистауская область, г. Актау, промзона, ТОО \"\"МАЭК-Казатомпром\"\"\"","DDP","С даты подписания договора в течение 30 календарных дней","Предоплата - 0% , Промежуточный платеж - 0% , Окончательный платеж - 100% ","Штука",{"v":600,"d":"600.000"},{"v":19.52,"d":"19.520"},{"v":11712,"d":"11,712.000"},{"v":13117.44,"d":"13,117.440"},"-","Товарищество с ограниченной ответственностью \"Мангистауский атомный энергетический комбинат-Казатомпром\""]
[null,"1521003","510 Т","259411.900.000161","Дюбель-гвоздь","с резьбой","46:размер:8/60:8/60","ОИ","137-2 (не превышает тысячекратного МРП)","0","04.2018","471010000, Мангистауская область, Актау Г.А., г.Актау, \"Мангистауская область, г. Актау, промзона, ТОО \"\"МАЭК-Казатомпром\"\", здание 201\"","471010000, Мангистауская область, Актау Г.А., г.Актау, \"Мангистауская область, г. Актау, промзона, ТОО \"\"МАЭК-Казатомпром\"\"\"","DDP","С даты подписания договора в течение 30 календарных дней","Предоплата - 0% , Промежуточный платеж - 0% , Окончательный платеж - 100% ","Штука",{"v":600,"d":"600.000"},{"v":9.25,"d":"9.250"},{"v":5550,"d":"5,550.000"},{"v":6216,"d":"6,216.000"},"-","Товарищество с ограниченной ответственностью \"Мангистауский атомный энергетический комбинат-Казатомпром\""]
[null,"1520022","511 Т","259314.900.000017","Гвоздь тарный","стальной, диаметр 3 мм","46:размер:3,0*70:3,0*70 \\ 79:ГОСТ:4034-63:4034-63","ОИ","137-2 (не превышает тысячекратного МРП)","90","02.2018","471010000, Мангистауская область, Актау Г.А., г.Актау, \"Мангистауская область, г. Актау, промзона, ТОО \"\"МАЭК-Казатомпром\"\", здание 201\"","471010000, Мангистауская область, Актау Г.А., г.Актау, \"Мангистауская область, г. Актау, промзона, ТОО \"\"МАЭК-Казатомпром\"\"\"","DDP","С даты подписания договора в течение 30 календарных дней","Предоплата - 0% , Промежуточный платеж - 0% , Окончательный платеж - 100% ","Килограмм",{"v":0.5,"d":"0.500"},{"v":432,"d":"432.000"},{"v":216,"d":"216.000"},{"v":241.92,"d":"241.920"},"-","Товарищество с ограниченной ответственностью \"Мангистауский атомный энергетический комбинат-Казатомпром\""]
[null,"1520000","512 Т","259314.900.000007","Гвоздь формовочный","стальной, диаметр 1,2 мм","46:размер:1,2*50:1,2*50 \\ 79:ГОСТ:4035-63:4035-63","ОИ","137-2 (не превышает тысячекратного МРП)","90","04.2018","471010000, Мангистауская область, Актау Г.А., г.Актау, \"Мангистауская область, г. Актау, промзона, ТОО \"\"МАЭК-Казатомпром\"\", здание 201\"","471010000, Мангистауская область, Актау Г.А., г.Актау, \"Мангистауская область, г. Актау, промзона, ТОО \"\"МАЭК-Казатомпром\"\"\"","DDP","С даты подписания договора в течение 30 календарных дней","Предоплата - 0% , Промежуточный платеж - 0% , Окончательный платеж - 100% ","Килограмм",{"v":0.5,"d":"0.500"},{"v":1500,"d":"1,500.000"},{"v":750,"d":"750.000"},{"v":840,"d":"840.000"},"-","Товарищество с ограниченной ответственностью \"Мангистауский атомный энергетический комбинат-Казатомпром\""]
[null,"1520012","513 Т","259314.900.000012","Гвоздь тарный","стальной, диаметр 1,6 мм","46:размер:1,6*25:1,6*25 \\ 79:ГОСТ:4034-63:4034-63","ОИ","137-2 (не превышает тысячекратного МРП)","90","04.2018","471010000, Мангистауская область, Актау Г.А., г.Актау, \"Мангистауская область, г. Актау, промзона, ТОО \"\"МАЭК-Казатомпром\"\", здание 201\"","471010000, Мангистауская область, Актау Г.А., г.Актау, \"Мангистауская область, г. Актау, промзона, ТОО \"\"МАЭК-Казатомпром\"\"\"","DDP","С даты подписания договора в течение 30 календарных дней","Предоплата - 0% , Промежуточный платеж - 0% , Окончательный платеж - 100% ","Килограмм",{"v":1.5,"d":"1.500"},{"v":892.85,"d":"892.850"},{"v":1339.28,"d":"1,339.280"},{"v":1499.99,"d":"1,499.990"},"-","Товарищество с ограниченной ответственностью \"Мангистауский атомный энергетический комбинат-Казатомпром\""]
[null,"1520344","514 Т","259411.900.000164","Саморез","оцинкованный, с потайной головкой","46:размер:3,5*30:3,5*30","ОИ","137-2 (не превышает тысячекратного МРП)","0","04.2018","471010000, Мангистауская область, Актау Г.А., г.Актау, \"Мангистауская область, г. Актау, промзона, ТОО \"\"МАЭК-Казатомпром\"\", здание 201\"","471010000, Мангистауская область, Актау Г.А., г.Актау, \"Мангистауская область, г. Актау, промзона, ТОО \"\"МАЭК-Казатомпром\"\"\"","DDP","С даты подписания договора в течение 30 календарных дней","Предоплата - 0% , Промежуточный платеж - 0% , Окончательный платеж - 100% ","Штука",{"v":200,"d":"200.000"},{"v":2.37,"d":"2.370"},{"v":474,"d":"474.000"},{"v":530.88,"d":"530.880"},"-","Товарищество с ограниченной ответственностью \"Мангистауский атомный энергетический комбинат-Казатомпром\""]
[null,"1520326","515 Т","259411.900.000164","Саморез","оцинкованный, с потайной головкой","46:размер: 2,5*12: 2,5*12","ОИ","137-2 (не превышает тысячекратного МРП)","0","04.2018","471010000, Мангистауская область, Актау Г.А., г.Актау, \"Мангистауская область, г. Актау, промзона, ТОО \"\"МАЭК-Казатомпром\"\", здание 201\"","471010000, Мангистауская область, Актау Г.А., г.Актау, \"Мангистауская область, г. Актау, промзона, ТОО \"\"МАЭК-Казатомпром\"\"\"","DDP","С даты подписания договора в течение 30 календарных дней","Предоплата - 0% , Промежуточный платеж - 0% , Окончательный платеж - 100% ","Штука",{"v":500,"d":"500.000"},{"v":1.04,"d":"1.040"},{"v":520,"d":"520.000"},{"v":582.4,"d":"582.400"},"-","Товарищество с ограниченной ответственностью \"Мангистауский атомный энергетический комбинат-Казатомпром\""]
[null,"1520061","516 Т","259314.900.000032","Гвоздь строительный","стальной, диаметр 1,4 мм","46:размер:1,4*25:1,4*25 \\ 79:ГОСТ:4028-63:4028-63","ОИ","137-2 (не превышает тысячекратного МРП)","90","01.2018","471010000, Мангистауская область, Актау Г.А., г.Актау, \"Мангистауская область, г. Актау, промзона, ТОО \"\"МАЭК-Казатомпром\"\", здание 201\"","471010000, Мангистауская область, Актау Г.А., г.Актау, \"Мангистауская область, г. Актау, промзона, ТОО \"\"МАЭК-Казатомпром\"\"\"","DDP","С даты подписания договора в течение 30 календарных дней","Предоплата - 0% , Промежуточный платеж - 0% , Окончательный платеж - 100% ","Килограмм",{"v":40,"d":"40.000"},{"v":550,"d":"550.000"},{"v":22000,"d":"22,000.000"},{"v":24640,"d":"24,640.000"},"-","Товарищество с ограниченной ответственностью \"Мангистауский атомный энергетический комбинат-Казатомпром\""]
[null,"1521100","517 Т","222319.990.000021","Дюбель","нейлоновый","46:размер:8/10:8/10","ОИ","137-2 (не превышает тысячекратного МРП)","0","01.2018","471010000, Мангистауская область, Актау Г.А., г.Актау, \"Мангистауская область, г. Актау, промзона, ТОО \"\"МАЭК-Казатомпром\"\", здание 201\"","471010000, Мангистауская область, Актау Г.А., г.Актау, \"Мангистауская область, г. Актау, промзона, ТОО \"\"МАЭК-Казатомпром\"\"\"","DDP","С даты подписания договора в течение 30 календарных дней","Предоплата - 0% , Промежуточный платеж - 0% , Окончательный платеж - 100% ","Штука",{"v":300,"d":"300.000"},{"v":4.12,"d":"4.120"},{"v":1236,"d":"1,236.000"},{"v":1384.32,"d":"1,384.320"},"-","Товарищество с ограниченной ответственностью \"Мангистауский атомный энергетический комбинат-Казатомпром\""]
[null,"1520062","518 Т","259314.900.000032","Гвоздь строительный","стальной, диаметр 1,4 мм","46:размер:1,4*32:1,4*32 \\ 79:ГОСТ:4028-63:4028-63","ОИ","137-2 (не превышает тысячекратного МРП)","90","01.2018","471010000, Мангистауская область, Актау Г.А., г.Актау, \"Мангистауская область, г. Актау, промзона, ТОО \"\"МАЭК-Казатомпром\"\", здание 201\"","471010000, Мангистауская область, Актау Г.А., г.Актау, \"Мангистауская область, г. Актау, промзона, ТОО \"\"МАЭК-Казатомпром\"\"\"","DDP","С даты подписания договора в течение 30 календарных дней","Предоплата - 0% , Промежуточный платеж - 0% , Окончательный платеж - 100% ","Килограмм",{"v":270,"d":"270.000"},{"v":550,"d":"550.000"},{"v":148500,"d":"148,500.000"},{"v":166320,"d":"166,320.000"},"-","Товарищество с ограниченной ответственностью \"Мангистауский атомный энергетический комбинат-Казатомпром\""]
[null,"1520083","519 Т","259314.900.000041","Гвоздь строительный","стальной, диаметр 6 мм","46:размер:6,0*200:6,0*200 \\ 79:ГОСТ:4028-63:4028-63","ОИ","137-2 (не превышает тысячекратного МРП)","90","03.2018","471010000, Мангистауская область, Актау Г.А., г.Актау, \"Мангистауская область, г. Актау, промзона, ТОО \"\"МАЭК-Казатомпром\"\", здание 201\"","471010000, Мангистауская область, Актау Г.А., г.Актау, \"Мангистауская область, г. Актау, промзона, ТОО \"\"МАЭК-Казатомпром\"\"\"","DDP","С даты подписания договора в течение 30 календарных дней","Предоплата - 0% , Промежуточный платеж - 0% , Окончательный платеж - 100% ","Килограмм",{"v":30,"d":"30.000"},{"v":380,"d":"380.000"},{"v":11400,"d":"11,400.000"},{"v":12768,"d":"12,768.000"},"-","Товарищество с ограниченной ответственностью \"Мангистауский атомный энергетический комбинат-Казатомпром\""]
[null,"1520077","520 Т","259314.900.000037","Гвоздь строительный","стальной, диаметр 3 мм","46:размер:3,5*90:3,5*90 \\ 79:ГОСТ:4028-63:4028-63","ОИ","137-2 (не превышает тысячекратного МРП)","90","01.2018","471010000, Мангистауская область, Актау Г.А., г.Актау, \"Мангистауская область, г. Актау, промзона, ТОО \"\"МАЭК-Казатомпром\"\", здание 201\"","471010000, Мангистауская область, Актау Г.А., г.Актау, \"Мангистауская область, г. Актау, промзона, ТОО \"\"МАЭК-Казатомпром\"\"\"","DDP","С даты подписания договора в течение 30 календарных дней","Предоплата - 0% , Промежуточный платеж - 0% , Окончательный платеж - 100% ","Килограмм",{"v":100,"d":"100.000"},{"v":400,"d":"400.000"},{"v":40000,"d":"40,000.000"},{"v":44800,"d":"44,800.000"},"-","Товарищество с ограниченной ответственностью \"Мангистауский атомный энергетический комбинат-Казатомпром\""]
[null,"1520163","521 Т","259411.900.000038","Шуруп с потайной головкой","стальной, диаметр 2,5 мм","46:размер:4,2*16 (Ф4,2*16):4,2*16 (Ф4,2*16) \\ 79:ГОСТ:1145-80:1145-80","ОИ","137-2 (не превышает тысячекратного МРП)","0","01.2018","471010000, Мангистауская область, Актау Г.А., г.Актау, \"Мангистауская область, г. Актау, промзона, ТОО \"\"МАЭК-Казатомпром\"\", здание 201\"","471010000, Мангистауская область, Актау Г.А., г.Актау, \"Мангистауская область, г. Актау, промзона, ТОО \"\"МАЭК-Казатомпром\"\"\"","DDP","С даты подписания договора в течение 30 календарных дней","Предоплата - 0% , Промежуточный платеж - 0% , Окончательный платеж - 100% ","Штука",{"v":15000,"d":"15,000.000"},{"v":3.08,"d":"3.080"},{"v":46200,"d":"46,200.000"},{"v":51744,"d":"51,744.000"},"-","Товарищество с ограниченной ответственностью \"Мангистауский атомный энергетический комбинат-Казатомпром\""]
[null,"1520056","522 Т","259314.900.000029","Гвоздь строительный","стальной, диаметр 0,8 мм","46:размер:0,8*12:0,8*12 \\ 79:ГОСТ:4028-63:4028-63","ОИ","137-2 (не превышает тысячекратного МРП)","90","01.2018","471010000, Мангистауская область, Актау Г.А., г.Актау, \"Мангистауская область, г. Актау, промзона, ТОО \"\"МАЭК-Казатомпром\"\", здание 201\"","471010000, Мангистауская область, Актау Г.А., г.Актау, \"Мангистауская область, г. Актау, промзона, ТОО \"\"МАЭК-Казатомпром\"\"\"","DDP","С даты подписания договора в течение 30 календарных дней","Предоплата - 0% , Промежуточный платеж - 0% , Окончательный платеж - 100% ","Килограмм",{"v":250,"d":"250.000"},{"v":550,"d":"550.000"},{"v":137500,"d":"137,500.000"},{"v":154000,"d":"154,000.000"},"-","Товарищество с ограниченной ответственностью \"Мангистауский атомный энергетический комбинат-Казатомпром\""]
[null,"1520071","523 Т","259314.900.000035","Гвоздь строительный","стальной, диаметр 2 мм","46:размер:2,0*40:2,0*40 \\ 79:ГОСТ:4028-63:4028-63","ОИ","137-2 (не превышает тысячекратного МРП)","90","01.2018","471010000, Мангистауская область, Актау Г.А., г.Актау, \"Мангистауская область, г. Актау, промзона, ТОО \"\"МАЭК-Казатомпром\"\", здание 201\"","471010000, Мангистауская область, Актау Г.А., г.Актау, \"Мангистауская область, г. Актау, промзона, ТОО \"\"МАЭК-Казатомпром\"\"\"","DDP","С даты подписания договора в течение 30 календарных дней","Предоплата - 0% , Промежуточный платеж - 0% , Окончательный платеж - 100% ","Килограмм",{"v":250,"d":"250.000"},{"v":550,"d":"550.000"},{"v":137500,"d":"137,500.000"},{"v":154000,"d":"154,000.000"},"-","Товарищество с ограниченной ответственностью \"Мангистауский атомный энергетический комбинат-Казатомпром\""]
[null,"1527076","524 Т","259411.900.000164","Саморез","оцинкованный, с потайной головкой","46:размер: 3,0*30: 3,0*30","ОИ","137-2 (не превышает тысячекратного МРП)","0","01.2018","471010000, Мангистауская область, Актау Г.А., г.Актау, \"Мангистауская область, г. Актау, промзона, ТОО \"\"МАЭК-Казатомпром\"\", здание 201\"","471010000, Мангистауская область, Актау Г.А., г.Актау, \"Мангистауская область, г. Актау, промзона, ТОО \"\"МАЭК-Казатомпром\"\"\"","DDP","С даты подписания договора в течение 30 календарных дней","Предоплата - 0% , Промежуточный платеж - 0% , Окончательный платеж - 100% ","Штука",{"v":50,"d":"50.000"},{"v":2.16,"d":"2.160"},{"v":108,"d":"108.000"},{"v":120.96,"d":"120.960"},"-","Товарищество с ограниченной ответственностью \"Мангистауский атомный энергетический комбинат-Казатомпром\""]
[null,"1520050","525 Т","259314.900.000026","Гвоздь толевый","стальной, диаметр 2 мм","46:размер:2,0*20:2,0*20 \\ 79:ГОСТ:4029-63:4029-63","ОИ","137-2 (не превышает тысячекратного МРП)","90","06.2018","471010000, Мангистауская область, Актау Г.А., г.Актау, \"Мангистауская область, г. Актау, промзона, ТОО \"\"МАЭК-Казатомпром\"\", здание 201\"","471010000, Мангистауская область, Актау Г.А., г.Актау, \"Мангистауская область, г. Актау, промзона, ТОО \"\"МАЭК-Казатомпром\"\"\"","DDP","С даты подписания договора в течение 30 календарных дней","Предоплата - 0% , Промежуточный платеж - 0% , Окончательный платеж - 100% ","Килограмм",{"v":1,"d":"1.000"},{"v":432,"d":"432.000"},{"v":432,"d":"432.000"},{"v":483.84,"d":"483.840"},"-","Товарищество с ограниченной ответственностью \"Мангистауский атомный энергетический комбинат-Казатомпром\""]
[null,"1520358","526 Т","259411.900.000164","Саморез","оцинкованный, с потайной головкой","46:размер: 4,0*60: 4,0*60","ОИ","137-2 (не превышает тысячекратного МРП)","0","04.2018","471010000, Мангистауская область, Актау Г.А., г.Актау, \"Мангистауская область, г. Актау, промзона, ТОО \"\"МАЭК-Казатомпром\"\", здание 201\"","471010000, Мангистауская область, Актау Г.А., г.Актау, \"Мангистауская область, г. Актау, промзона, ТОО \"\"МАЭК-Казатомпром\"\"\"","DDP","С даты подписания договора в течение 30 календарных дней","Предоплата - 0% , Промежуточный платеж - 0% , Окончательный платеж - 100% ","Штука",{"v":250,"d":"250.000"},{"v":4,"d":"4.000"},{"v":1000,"d":"1,000.000"},{"v":1120,"d":"1,120.000"},"-","Товарищество с ограниченной ответственностью \"Мангистауский атомный энергетический комбинат-Казатомпром\""]
[null,"1520075","527 Т","259314.900.000037","Гвоздь строительный","стальной, диаметр 3 мм","46:размер:3,0*70:3,0*70 \\ 79:ГОСТ:4028-63:4028-63","ОИ","137-2 (не превышает тысячекратного МРП)","90","01.2018","471010000, Мангистауская область, Актау Г.А., г.Актау, \"Мангистауская область, г. Актау, промзона, ТОО \"\"МАЭК-Казатомпром\"\", здание 201\"","471010000, Мангистауская область, Актау Г.А., г.Актау, \"Мангистауская область, г. Актау, промзона, ТОО \"\"МАЭК-Казатомпром\"\"\"","DDP","С даты подписания договора в течение 30 календарных дней","Предоплата - 0% , Промежуточный платеж - 0% , Окончательный платеж - 100% ","Килограмм",{"v":80,"d":"80.000"},{"v":892.85,"d":"892.850"},{"v":71428,"d":"71,428.000"},{"v":79999.36,"d":"79,999.360"},"-","Товарищество с ограниченной ответственностью \"Мангистауский атомный энергетический комбинат-Казатомпром\""]
[null,"1520166","528 Т","259411.900.000035","Шуруп с шестигранной головкой","стальной, диаметр 20 мм","46:размер: 4,8*38: 4,8*38","ОИ","137-2 (не превышает тысячекратного МРП)","0","01.2018","471010000, Мангистауская область, Актау Г.А., г.Актау, \"Мангистауская область, г. Актау, промзона, ТОО \"\"МАЭК-Казатомпром\"\", здание 201\"","471010000, Мангистауская область, Актау Г.А., г.Актау, \"Мангистауская область, г. Актау, промзона, ТОО \"\"МАЭК-Казатомпром\"\"\"","DDP","С даты подписания договора в течение 30 календарных дней","Предоплата - 0% , Промежуточный платеж - 0% , Окончательный платеж - 100% ","Штука",{"v":6000,"d":"6,000.000"},{"v":10.71,"d":"10.710"},{"v":64260,"d":"64,260.000"},{"v":71971.2,"d":"71,971.200"},"-","Товарищество с ограниченной ответственностью \"Мангистауский атомный энергетический комбинат-Казатомпром\""]
[null,"1527077","529 Т","259411.900.000164","Саморез","оцинкованный, с потайной головкой","46:размер: 3,5*35: 3,5*35","ОИ","137-2 (не превышает тысячекратного МРП)","0","01.2018","471010000, Мангистауская область, Актау Г.А., г.Актау, \"Мангистауская область, г. Актау, промзона, ТОО \"\"МАЭК-Казатомпром\"\", здание 201\"","471010000, Мангистауская область, Актау Г.А., г.Актау, \"Мангистауская область, г. Актау, промзона, ТОО \"\"МАЭК-Казатомпром\"\"\"","DDP","С даты подписания договора в течение 30 календарных дней","Предоплата - 0% , Промежуточный платеж - 0% , Окончательный платеж - 100% ","Штука",{"v":5673,"d":"5,673.000"},{"v":4.83,"d":"4.830"},{"v":27400.59,"d":"27,400.590"},{"v":30688.66,"d":"30,688.660"},"-","Товарищество с ограниченной ответственностью \"Мангистауский атомный энергетический комбинат-Казатомпром\""]
[null,"1521000","530 Т","259411.900.000161","Дюбель-гвоздь","с резьбой","46:размер: 6/40: 6/40","ОИ","137-2 (не превышает тысячекратного МРП)","0","01.2018","471010000, Мангистауская область, Актау Г.А., г.Актау, \"Мангистауская область, г. Актау, промзона, ТОО \"\"МАЭК-Казатомпром\"\", здание 201\"","471010000, Мангистауская область, Актау Г.А., г.Актау, \"Мангистауская область, г. Актау, промзона, ТОО \"\"МАЭК-Казатомпром\"\"\"","DDP","С даты подписания договора в течение 30 календарных дней","Предоплата - 0% , Промежуточный платеж - 0% , Окончательный платеж - 100% ","Штука",{"v":19992,"d":"19,992.000"},{"v":5.46,"d":"5.460"},{"v":109156.32,"d":"109,156.320"},{"v":122255.08,"d":"122,255.080"},"-","Товарищество с ограниченной ответственностью \"Мангистауский атомный энергетический комбинат-Казатомпром\""]
[null,"1520500","531 Т","259411.900.000028","Саморез","оцинкованный, с полукруглой головкой","46:размер: SD 4,2х13 : SD 4,2х13 ","ОИ","137-2 (не превышает тысячекратного МРП)","0","01.2018","471010000, Мангистауская область, Актау Г.А., г.Актау, \"Мангистауская область, г. Актау, промзона, ТОО \"\"МАЭК-Казатомпром\"\", здание 201\"","471010000, Мангистауская область, Актау Г.А., г.Актау, \"Мангистауская область, г. Актау, промзона, ТОО \"\"МАЭК-Казатомпром\"\"\"","DDP","С даты подписания договора в течение 30 календарных дней","Предоплата - 0% , Промежуточный платеж - 0% , Окончательный платеж - 100% ","Штука",{"v":5004,"d":"5,004.000"},{"v":2.58,"d":"2.580"},{"v":12910.32,"d":"12,910.320"},{"v":14459.56,"d":"14,459.560"},"-","Товарищество с ограниченной ответственностью \"Мангистауский атомный энергетический комбинат-Казатомпром\""]
[null,"1520078","532 Т","259314.900.000039","Гвоздь строительный","стальной, диаметр 4 мм","46:размер:4,0*100:4,0*100 \\ 79:ГОСТ:4028-63:4028-63","ОИ","137-2 (не превышает тысячекратного МРП)","90","01.2018","471010000, Мангистауская область, Актау Г.А., г.Актау, \"Мангистауская область, г. Актау, промзона, ТОО \"\"МАЭК-Казатомпром\"\", здание 201\"","471010000, Мангистауская область, Актау Г.А., г.Актау, \"Мангистауская область, г. Актау, промзона, ТОО \"\"МАЭК-Казатомпром\"\"\"","DDP","С даты подписания договора в течение 30 календарных дней","Предоплата - 0% , Промежуточный платеж - 0% , Окончательный платеж - 100% ","Килограмм",{"v":148,"d":"148.000"},{"v":892.85,"d":"892.850"},{"v":132141.8,"d":"132,141.800"},{"v":147998.82,"d":"147,998.820"},"-","Товарищество с ограниченной ответственностью \"Мангистауский атомный энергетический комбинат-Казатомпром\""]
[null,"1520345","533 Т","259411.900.000164","Саморез","оцинкованный, с потайной головкой","46:размер: 3,5*35: 3,5*35","ОИ","137-2 (не превышает тысячекратного МРП)","0","01.2018","471010000, Мангистауская область, Актау Г.А., г.Актау, \"Мангистауская область, г. Актау, промзона, ТОО \"\"МАЭК-Казатомпром\"\", здание 201\"","471010000, Мангистауская область, Актау Г.А., г.Актау, \"Мангистауская область, г. Актау, промзона, ТОО \"\"МАЭК-Казатомпром\"\"\"","DDP","С даты подписания договора в течение 30 календарных дней","Предоплата - 0% , Промежуточный платеж - 0% , Окончательный платеж - 100% ","Штука",{"v":5315,"d":"5,315.000"},{"v":2.5,"d":"2.500"},{"v":13287.5,"d":"13,287.500"},{"v":14882,"d":"14,882.000"},"-","Товарищество с ограниченной ответственностью \"Мангистауский атомный энергетический комбинат-Казатомпром\""]
[null,"1520076","534 Т","259314.900.000037","Гвоздь строительный","стальной, диаметр 3 мм","46:размер:3,0*80:3,0*80 \\ 79:ГОСТ:4028-63:4028-63","ОИ","137-2 (не превышает тысячекратного МРП)","90","01.2018","471010000, Мангистауская область, Актау Г.А., г.Актау, \"Мангистауская область, г. Актау, промзона, ТОО \"\"МАЭК-Казатомпром\"\", здание 201\"","471010000, Мангистауская область, Актау Г.А., г.Актау, \"Мангистауская область, г. Актау, промзона, ТОО \"\"МАЭК-Казатомпром\"\"\"","DDP","С даты подписания договора в течение 30 календарных дней","Предоплата - 0% , Промежуточный платеж - 0% , Окончательный платеж - 100% ","Килограмм",{"v":136,"d":"136.000"},{"v":550,"d":"550.000"},{"v":74800,"d":"74,800.000"},{"v":83776,"d":"83,776.000"},"-","Товарищество с ограниченной ответственностью \"Мангистауский атомный энергетический комбинат-Казатомпром\""]
[null,"1520525","535 Т","259411.900.000028","Саморез","оцинкованный, с полукруглой головкой","46:размер: SP 4,2х13: SP 4,2х13","ОИ","137-2 (не превышает тысячекратного МРП)","0","01.2018","471010000, Мангистауская область, Актау Г.А., г.Актау, \"Мангистауская область, г. Актау, промзона, ТОО \"\"МАЭК-Казатомпром\"\", здание 201\"","471010000, Мангистауская область, Актау Г.А., г.Актау, \"Мангистауская область, г. Актау, промзона, ТОО \"\"МАЭК-Казатомпром\"\"\"","DDP","С даты подписания договора в течение 30 календарных дней","Предоплата - 0% , Промежуточный платеж - 0% , Окончательный платеж - 100% ","Штука",{"v":5999,"d":"5,999.000"},{"v":1.8,"d":"1.800"},{"v":10798.2,"d":"10,798.200"},{"v":12093.98,"d":"12,093.980"},"-","Товарищество с ограниченной ответственностью \"Мангистауский атомный энергетический комбинат-Казатомпром\""]
[null,"1520079","536 Т","259314.900.000039","Гвоздь строительный","стальной, диаметр 4 мм","46:размер:4,0*120:4,0*120 \\ 79:ГОСТ:4028-63:4028-63","ОИ","137-2 (не превышает тысячекратного МРП)","90","01.2018","471010000, Мангистауская область, Актау Г.А., г.Актау, \"Мангистауская область, г. Актау, промзона, ТОО \"\"МАЭК-Казатомпром\"\", здание 201\"","471010000, Мангистауская область, Актау Г.А., г.Актау, \"Мангистауская область, г. Актау, промзона, ТОО \"\"МАЭК-Казатомпром\"\"\"","DDP","С даты подписания договора в течение 30 календарных дней","Предоплата - 0% , Промежуточный платеж - 0% , Окончательный платеж - 100% ","Килограмм",{"v":48,"d":"48.000"},{"v":380,"d":"380.000"},{"v":18240,"d":"18,240.000"},{"v":20428.8,"d":"20,428.800"},"-","Товарищество с ограниченной ответственностью \"Мангистауский атомный энергетический комбинат-Казатомпром\""]
[null,"1520066","537 Т","259314.900.000033","Гвоздь строительный","стальной, диаметр 1,6 мм","46:размер:1,6*50:1,6*50 \\ 79:ГОСТ:4028-63:4028-63","ОИ","137-2 (не превышает тысячекратного МРП)","90","01.2018","471010000, Мангистауская область, Актау Г.А., г.Актау, \"Мангистауская область, г. Актау, промзона, ТОО \"\"МАЭК-Казатомпром\"\", здание 201\"","471010000, Мангистауская область, Актау Г.А., г.Актау, \"Мангистауская область, г. Актау, промзона, ТОО \"\"МАЭК-Казатомпром\"\"\"","DDP","С даты подписания договора в течение 30 календарных дней","Предоплата - 0% , Промежуточный платеж - 0% , Окончательный платеж - 100% ","Килограмм",{"v":30,"d":"30.000"},{"v":550,"d":"550.000"},{"v":16500,"d":"16,500.000"},{"v":18480,"d":"18,480.000"},"-","Товарищество с ограниченной ответственностью \"Мангистауский атомный энергетический комбинат-Казатомпром\""]
[null,"1520563","538 Т","259411.900.000164","Саморез","оцинкованный, с потайной головкой","46:размер: 3,9*35  до 0,9 мм: 3,9*35  до 0,9 мм","ОИ","137-2 (не превышает тысячекратного МРП)","0","01.2018","471010000, Мангистауская область, Актау Г.А., г.Актау, \"Мангистауская область, г. Актау, промзона, ТОО \"\"МАЭК-Казатомпром\"\", здание 201\"","471010000, Мангистауская область, Актау Г.А., г.Актау, \"Мангистауская область, г. Актау, промзона, ТОО \"\"МАЭК-Казатомпром\"\"\"","DDP","С даты подписания договора в течение 30 календарных дней","Предоплата - 0% , Промежуточный платеж - 0% , Окончательный платеж - 100% ","Штука",{"v":99600,"d":"99,600.000"},{"v":1.8,"d":"1.800"},{"v":179280,"d":"179,280.000"},{"v":200793.6,"d":"200,793.600"},"-","Товарищество с ограниченной ответственностью \"Мангистауский атомный энергетический комбинат-Казатомпром\""]
[null,"1520055","539 Т","259314.900.000029","Гвоздь строительный","стальной, диаметр 0,8 мм","46:размер:0,8*8:0,8*8 \\ 79:ГОСТ:4028-63:4028-63","ОИ","137-2 (не превышает тысячекратного МРП)","90","02.2018","471010000, Мангистауская область, Актау Г.А., г.Актау, \"Мангистауская область, г. Актау, промзона, ТОО \"\"МАЭК-Казатомпром\"\", здание 201\"","471010000, Мангистауская область, Актау Г.А., г.Актау, \"Мангистауская область, г. Актау, промзона, ТОО \"\"МАЭК-Казатомпром\"\"\"","DDP","С даты подписания договора в течение 30 календарных дней","Предоплата - 0% , Промежуточный платеж - 0% , Окончательный платеж - 100% ","Килограмм",{"v":0.5,"d":"0.500"},{"v":500,"d":"500.000"},{"v":250,"d":"250.000"},{"v":280,"d":"280.000"},"-","Товарищество с ограниченной ответственностью \"Мангистауский атомный энергетический комбинат-Казатомпром\""]
[null,"1521031","540 Т","259411.900.000161","Дюбель-гвоздь","с резьбой","46:размер: 6/60 : 6/60 ","ОИ","137-2 (не превышает тысячекратного МРП)","0","04.2018","471010000, Мангистауская область, Актау Г.А., г.Актау, \"Мангистауская область, г. Актау, промзона, ТОО \"\"МАЭК-Казатомпром\"\", здание 201\"","471010000, Мангистауская область, Актау Г.А., г.Актау, \"Мангистауская область, г. Актау, промзона, ТОО \"\"МАЭК-Казатомпром\"\"\"","DDP","С даты подписания договора в течение 30 календарных дней","Предоплата - 0% , Промежуточный платеж - 0% , Окончательный платеж - 100% ","Штука",{"v":600,"d":"600.000"},{"v":6.48,"d":"6.480"},{"v":3888,"d":"3,888.000"},{"v":4354.56,"d":"4,354.560"},"-","Товарищество с ограниченной ответственностью \"Мангистауский атомный энергетический комбинат-Казатомпром\""]
[null,"1527081","541 Т","259411.900.000164","Саморез","оцинкованный, с потайной головкой","46:размер: 4,0*60: 4,0*60","ОИ","137-2 (не превышает тысячекратного МРП)","0","01.2018","471010000, Мангистауская область, Актау Г.А., г.Актау, \"Мангистауская область, г. Актау, промзона, ТОО \"\"МАЭК-Казатомпром\"\", здание 201\"","471010000, Мангистауская область, Актау Г.А., г.Актау, \"Мангистауская область, г. Актау, промзона, ТОО \"\"МАЭК-Казатомпром\"\"\"","DDP","С даты подписания договора в течение 30 календарных дней","Предоплата - 0% , Промежуточный платеж - 0% , Окончательный платеж - 100% ","Штука",{"v":650,"d":"650.000"},{"v":5.31,"d":"5.310"},{"v":3451.5,"d":"3,451.500"},{"v":3865.68,"d":"3,865.680"},"-","Товарищество с ограниченной ответственностью \"Мангистауский атомный энергетический комбинат-Казатомпром\""]
[null,"1527066","542 Т","259411.900.000038","Шуруп с потайной головкой","стальной, диаметр 2,5 мм","46:размер:  Ф4,2*13:  Ф4,2*13 \\ 79:ГОСТ:1145-80:1145-80","ОИ","137-2 (не превышает тысячекратного МРП)","0","03.2018","471010000, Мангистауская область, Актау Г.А., г.Актау, \"Мангистауская область, г. Актау, промзона, ТОО \"\"МАЭК-Казатомпром\"\", здание 201\"","471010000, Мангистауская область, Актау Г.А., г.Актау, \"Мангистауская область, г. Актау, промзона, ТОО \"\"МАЭК-Казатомпром\"\"\"","DDP","С даты подписания договора в течение 30 календарных дней","Предоплата - 0% , Промежуточный платеж - 0% , Окончательный платеж - 100% ","Штука",{"v":2000,"d":"2,000.000"},{"v":12.96,"d":"12.960"},{"v":25920,"d":"25,920.000"},{"v":29030.4,"d":"29,030.400"},"-","Товарищество с ограниченной ответственностью \"Мангистауский атомный энергетический комбинат-Казатомпром\""]
[null,"1521102","543 Т","222319.990.000022","Дюбель","полипропиленовый","46:размер: 16/12-100: 16/12-100","ОИ","137-2 (не превышает тысячекратного МРП)","0","03.2018","471010000, Мангистауская область, Актау Г.А., г.Актау, \"Мангистауская область, г. Актау, промзона, ТОО \"\"МАЭК-Казатомпром\"\", здание 201\"","471010000, Мангистауская область, Актау Г.А., г.Актау, \"Мангистауская область, г. Актау, промзона, ТОО \"\"МАЭК-Казатомпром\"\"\"","DDP","С даты подписания договора в течение 30 календарных дней","Предоплата - 0% , Промежуточный платеж - 0% , Окончательный платеж - 100% ","Штука",{"v":300,"d":"300.000"},{"v":100,"d":"100.000"},{"v":30000,"d":"30,000.000"},{"v":33600,"d":"33,600.000"},"-","Товарищество с ограниченной ответственностью \"Мангистауский атомный энергетический комбинат-Казатомпром\""]
[null,"1521002","544 Т","259411.900.000161","Дюбель-гвоздь","с резьбой","46:размер: 6/80: 6/80","ОИ","137-2 (не превышает тысячекратного МРП)","0","01.2018","471010000, Мангистауская область, Актау Г.А., г.Актау, \"Мангистауская область, г. Актау, промзона, ТОО \"\"МАЭК-Казатомпром\"\", здание 201\"","471010000, Мангистауская область, Актау Г.А., г.Актау, \"Мангистауская область, г. Актау, промзона, ТОО \"\"МАЭК-Казатомпром\"\"\"","DDP","С даты подписания договора в течение 30 календарных дней","Предоплата - 0% , Промежуточный платеж - 0% , Окончательный платеж - 100% ","Штука",{"v":200,"d":"200.000"},{"v":11.81,"d":"11.810"},{"v":2362,"d":"2,362.000"},{"v":2645.44,"d":"2,645.440"},"-","Товарищество с ограниченной ответственностью \"Мангистауский атомный энергетический комбинат-Казатомпром\""]
[null,"1521001","545 Т","259411.900.000161","Дюбель-гвоздь","с резьбой","46:размер: 6/60: 6/60","ОИ","137-2 (не превышает тысячекратного МРП)","0","01.2018","471010000, Мангистауская область, Актау Г.А., г.Актау, \"Мангистауская область, г. Актау, промзона, ТОО \"\"МАЭК-Казатомпром\"\", здание 201\"","471010000, Мангистауская область, Актау Г.А., г.Актау, \"Мангистауская область, г. Актау, промзона, ТОО \"\"МАЭК-Казатомпром\"\"\"","DDP","С даты подписания договора в течение 30 календарных дней","Предоплата - 0% , Промежуточный платеж - 0% , Окончательный платеж - 100% ","Штука",{"v":200.5,"d":"200.500"},{"v":8.14,"d":"8.140"},{"v":1632.07,"d":"1,632.070"},{"v":1827.92,"d":"1,827.920"},"-","Товарищество с ограниченной ответственностью \"Мангистауский атомный энергетический комбинат-Казатомпром\""]
[null,"1521032","546 Т","259411.900.000161","Дюбель-гвоздь","с резьбой","46:размер: 6/80 (желтый цвет): 6/80 (желтый цвет)","ОИ","137-2 (не превышает тысячекратного МРП)","0","01.2018","471010000, Мангистауская область, Актау Г.А., г.Актау, \"Мангистауская область, г. Актау, промзона, ТОО \"\"МАЭК-Казатомпром\"\", здание 201\"","471010000, Мангистауская область, Актау Г.А., г.Актау, \"Мангистауская область, г. Актау, промзона, ТОО \"\"МАЭК-Казатомпром\"\"\"","DDP","С даты подписания договора в течение 30 календарных дней","Предоплата - 0% , Промежуточный платеж - 0% , Окончательный платеж - 100% ","Штука",{"v":600,"d":"600.000"},{"v":13.17,"d":"13.170"},{"v":7902,"d":"7,902.000"},{"v":8850.24,"d":"8,850.240"},"-","Товарищество с ограниченной ответственностью \"Мангистауский атомный энергетический комбинат-Казатомпром\""]
[null,"1520200","547 Т","259411.900.000059","Шуруп с полупотайной головкой","стальной, диаметр 4 мм","46:размер: 4*60 (Ф4*60): 4*60 (Ф4*60) \\ 79:ГОСТ:1145-80:1145-80","ОИ","137-2 (не превышает тысячекратного МРП)","0","01.2018","471010000, Мангистауская область, Актау Г.А., г.Актау, \"Мангистауская область, г. Актау, промзона, ТОО \"\"МАЭК-Казатомпром\"\", здание 201\"","471010000, Мангистауская область, Актау Г.А., г.Актау, \"Мангистауская область, г. Актау, промзона, ТОО \"\"МАЭК-Казатомпром\"\"\"","DDP","С даты подписания договора в течение 30 календарных дней","Предоплата - 0% , Промежуточный платеж - 0% , Окончательный платеж - 100% ","Штука",{"v":1100,"d":"1,100.000"},{"v":5.55,"d":"5.550"},{"v":6105,"d":"6,105.000"},{"v":6837.6,"d":"6,837.600"},"-","Товарищество с ограниченной ответственностью \"Мангистауский атомный энергетический комбинат-Казатомпром\""]
[null,"1521005","548 Т","259411.900.000161","Дюбель-гвоздь","с резьбой","46:размер: 8/100: 8/100","ОИ","137-2 (не превышает тысячекратного МРП)","0","04.2018","471010000, Мангистауская область, Актау Г.А., г.Актау, \"Мангистауская область, г. Актау, промзона, ТОО \"\"МАЭК-Казатомпром\"\", здание 201\"","471010000, Мангистауская область, Актау Г.А., г.Актау, \"Мангистауская область, г. Актау, промзона, ТОО \"\"МАЭК-Казатомпром\"\"\"","DDP","С даты подписания договора в течение 30 календарных дней","Предоплата - 0% , Промежуточный платеж - 0% , Окончательный платеж - 100% ","Штука",{"v":600,"d":"600.000"},{"v":24.24,"d":"24.240"},{"v":14544,"d":"14,544.000"},{"v":16289.28,"d":"16,289.280"},"-","Товарищество с ограниченной ответственностью \"Мангистауский атомный энергетический комбинат-Казатомпром\""]
[null,"1521030","549 Т","259411.900.000161","Дюбель-гвоздь","с резьбой","46:размер: 6/40 (желтый цвет): 6/40 (желтый цвет)","ОИ","137-2 (не превышает тысячекратного МРП)","0","01.2018","471010000, Мангистауская область, Актау Г.А., г.Актау, \"Мангистауская область, г. Актау, промзона, ТОО \"\"МАЭК-Казатомпром\"\", здание 201\"","471010000, Мангистауская область, Актау Г.А., г.Актау, \"Мангистауская область, г. Актау, промзона, ТОО \"\"МАЭК-Казатомпром\"\"\"","DDP","С даты подписания договора в течение 30 календарных дней","Предоплата - 0% , Промежуточный платеж - 0% , Окончательный платеж - 100% ","Штука",{"v":20592,"d":"20,592.000"},{"v":5.4,"d":"5.400"},{"v":111196.8,"d":"111,196.800"},{"v":124540.42,"d":"124,540.420"},"-","Товарищество с ограниченной ответственностью \"Мангистауский атомный энергетический комбинат-Казатомпром\""]
[null,"1520348","550 Т","259411.900.000164","Саморез","оцинкованный, с потайной головкой","46:размер: 3,5*50: 3,5*50","ОИ","137-2 (не превышает тысячекратного МРП)","0","01.2018","471010000, Мангистауская область, Актау Г.А., г.Актау, \"Мангистауская область, г. Актау, промзона, ТОО \"\"МАЭК-Казатомпром\"\", здание 201\"","471010000, Мангистауская область, Актау Г.А., г.Актау, \"Мангистауская область, г. Актау, промзона, ТОО \"\"МАЭК-Казатомпром\"\"\"","DDP","С даты подписания договора в течение 30 календарных дней","Предоплата - 0% , Промежуточный платеж - 0% , Окончательный платеж - 100% ","Штука",{"v":5004,"d":"5,004.000"},{"v":2.5,"d":"2.500"},{"v":12510,"d":"12,510.000"},{"v":14011.2,"d":"14,011.200"},"-","Товарищество с ограниченной ответственностью \"Мангистауский атомный энергетический комбинат-Казатомпром\""]
[null,"1520059","551 Т","259314.900.000031","Гвоздь строительный","стальной, диаметр 1,2 мм","46:размер:1,2*20:1,2*20 \\ 79:ГОСТ:4028-63:4028-63","ОИ","137-2 (не превышает тысячекратного МРП)","90","01.2018","471010000, Мангистауская область, Актау Г.А., г.Актау, \"Мангистауская область, г. Актау, промзона, ТОО \"\"МАЭК-Казатомпром\"\", здание 201\"","471010000, Мангистауская область, Актау Г.А., г.Актау, \"Мангистауская область, г. Актау, промзона, ТОО \"\"МАЭК-Казатомпром\"\"\"","DDP","С даты подписания договора в течение 30 календарных дней","Предоплата - 0% , Промежуточный платеж - 0% , Окончательный платеж - 100% ","Килограмм",{"v":280,"d":"280.000"},{"v":550,"d":"550.000"},{"v":154000,"d":"154,000.000"},{"v":172480,"d":"172,480.000"},"-","Товарищество с ограниченной ответственностью \"Мангистауский атомный энергетический комбинат-Казатомпром\""]
[null,"1530380","552-1 Т","259411.300.000046","Болт с шестигранной головкой","стальной, диаметр 18 мм, без гайки","46:размер:18х100:18х100 \\ 79:ГОСТ:7798-70:7798-70","ЦПП","-","100","02.2018","471010000, Мангистауская область, Актау Г.А., г.Актау, \"Мангистауская область, г. Актау, промзона, ТОО \"\"МАЭК-Казатомпром\"\", здание 201\"","471010000, Мангистауская область, Актау Г.А., г.Актау, \"Мангистауская область, г. Актау, промзона, ТОО \"\"МАЭК-Казатомпром\"\"\"","DDP","С даты подписания договора в течение 45 календарных дней","Окончательный платеж - 100% , Промежуточный платеж - 0% , Предоплата - 0% ","Килограмм",{"v":250,"d":"250.000"},{"v":589.29,"d":"589.290"},{"v":147322.5,"d":"147,322.500"},{"v":165001.2,"d":"165,001.200"},"ТПХ","Товарищество с ограниченной ответственностью \"Мангистауский атомный энергетический комбинат-Казатомпром\""]
[null,"1533121","553-1 Т","259411.800.000094","Гайка шестигранная","стальная, диаметр 18 мм","46:размер:М 18:М 18 \\ 79:ГОСТ:5915-70:5915-70","ЦПП","-","100","02.2018","471010000, Мангистауская область, Актау Г.А., г.Актау, \"Мангистауская область, г. Актау, промзона, ТОО \"\"МАЭК-Казатомпром\"\", здание 201\"","471010000, Мангистауская область, Актау Г.А., г.Актау, \"Мангистауская область, г. Актау, промзона, ТОО \"\"МАЭК-Казатомпром\"\"\"","DDP","С даты подписания договора в течение 45 календарных дней","Окончательный платеж - 100% , Промежуточный платеж - 0% , Предоплата - 0% ","Килограмм",{"v":280,"d":"280.000"},{"v":730,"d":"730.000"},{"v":204400,"d":"204,400.000"},{"v":228928,"d":"228,928.000"},"ТПХ","Товарищество с ограниченной ответственностью \"Мангистауский атомный энергетический комбинат-Казатомпром\""]
[null,"1530492","554-1 Т","259411.300.000057","Болт с шестигранной головкой","стальной, диаметр 24 мм, с гайкой/шайбой","46:размер: М 24х110 : М 24х110  \\ 79:ГОСТ:7798-70:7798-70","ЦПП","-","100","02.2018","471010000, Мангистауская область, Актау Г.А., г.Актау, \"Мангистауская область, г. Актау, промзона, ТОО \"\"МАЭК-Казатомпром\"\", здание 201\"","471010000, Мангистауская область, Актау Г.А., г.Актау, \"Мангистауская область, г. Актау, промзона, ТОО \"\"МАЭК-Казатомпром\"\"\"","DDP","С даты подписания договора в течение 45 календарных дней","Окончательный платеж - 100% , Промежуточный платеж - 0% , Предоплата - 0% ","Килограмм",{"v":80,"d":"80.000"},{"v":665,"d":"665.000"},{"v":53200,"d":"53,200.000"},{"v":59584,"d":"59,584.000"},"ТПХ","Товарищество с ограниченной ответственностью \"Мангистауский атомный энергетический комбинат-Казатомпром\""]
[null,"1530293","555-1 Т","259411.300.000040","Болт с шестигранной головкой","стальной, диаметр 14 мм, без гайки","46:размер: М 14х80 : М 14х80  \\ 79:ГОСТ:7798-70:7798-70","ЦПП","-","100","02.2018","471010000, Мангистауская область, Актау Г.А., г.Актау, \"Мангистауская область, г. Актау, промзона, ТОО \"\"МАЭК-Казатомпром\"\", здание 201\"","471010000, Мангистауская область, Актау Г.А., г.Актау, \"Мангистауская область, г. Актау, промзона, ТОО \"\"МАЭК-Казатомпром\"\"\"","DDP","С даты подписания договора в течение 45 календарных дней","Окончательный платеж - 100% , Промежуточный платеж - 0% , Предоплата - 0% ","Килограмм",{"v":80,"d":"80.000"},{"v":580.36,"d":"580.360"},{"v":46428.8,"d":"46,428.800"},{"v":52000.26,"d":"52,000.260"},"ТПХ","Товарищество с ограниченной ответственностью \"Мангистауский атомный энергетический комбинат-Казатомпром\""]
[null,"1530454","556-1 Т","259411.300.000053","Болт с шестигранной головкой","стальной, диаметр 22 мм, с гайкой","46:размер: М 22х90 : М 22х90  \\ 79:ГОСТ:7798-70:7798-70","ЦПП","-","100","02.2018","471010000, Мангистауская область, Актау Г.А., г.Актау, \"Мангистауская область, г. Актау, промзона, ТОО \"\"МАЭК-Казатомпром\"\", здание 201\"","471010000, Мангистауская область, Актау Г.А., г.Актау, \"Мангистауская область, г. Актау, промзона, ТОО \"\"МАЭК-Казатомпром\"\"\"","DDP","С даты подписания договора в течение 45 календарных дней","Окончательный платеж - 100% , Промежуточный платеж - 0% , Предоплата - 0% ","Килограмм",{"v":160,"d":"160.000"},{"v":665,"d":"665.000"},{"v":106400,"d":"106,400.000"},{"v":119168,"d":"119,168.000"},"ТПХ","Товарищество с ограниченной ответственностью \"Мангистауский атомный энергетический комбинат-Казатомпром\""]
[null,"1530210","557 Т","259411.300.000035","Болт с шестигранной головкой","стальной, диаметр 10 мм, с гайкой","46:размер: М 10х100 : М 10х100  \\ 79:ГОСТ:7798-70:7798-70","ЦПП","-","100","03.2018","471010000, Мангистауская область, Актау Г.А., г.Актау, \"Мангистауская область, г. Актау, промзона, ТОО \"\"МАЭК-Казатомпром\"\", здание 201\"","471010000, Мангистауская область, Актау Г.А., г.Актау, \"Мангистауская область, г. Актау, промзона, ТОО \"\"МАЭК-Казатомпром\"\"\"","DDP","С даты подписания договора в течение 45 календарных дней","Предоплата - 0% , Промежуточный платеж - 0% , Окончательный платеж - 100% ","Килограмм",{"v":7,"d":"7.000"},{"v":682,"d":"682.000"},{"v":4774,"d":"4,774.000"},{"v":5346.88,"d":"5,346.880"},"ТПХ","Товарищество с ограниченной ответственностью \"Мангистауский атомный энергетический комбинат-Казатомпром\""]
[null,"1530150","558 Т","259411.300.000028","Болт с шестигранной головкой","стальной, диаметр 6 мм, без гайки","46:размер: М6х70: М6х70 \\ 79:ГОСТ:7798-70:7798-70","ЦПП","-","100","03.2018","471010000, Мангистауская область, Актау Г.А., г.Актау, \"Мангистауская область, г. Актау, промзона, ТОО \"\"МАЭК-Казатомпром\"\", здание 201\"","471010000, Мангистауская область, Актау Г.А., г.Актау, \"Мангистауская область, г. Актау, промзона, ТОО \"\"МАЭК-Казатомпром\"\"\"","DDP","С даты подписания договора в течение 45 календарных дней","Предоплата - 0% , Промежуточный платеж - 0% , Окончательный платеж - 100% ","Килограмм",{"v":5,"d":"5.000"},{"v":757.62,"d":"757.620"},{"v":3788.1,"d":"3,788.100"},{"v":4242.67,"d":"4,242.670"},"ТПХ","Товарищество с ограниченной ответственностью \"Мангистауский атомный энергетический комбинат-Казатомпром\""]
[null,"1536605","559 Т","259412.300.000059","Шайба плоская","стальная, диаметр 12 мм","46:размер:8:Шайба плоская 8 (ГОСТ 11371-78) \\ 79:ГОСТ:11371-78:11371-78","ОИ","137-2 (не превышает тысячекратного МРП)","100","03.2018","471010000, Мангистауская область, Актау Г.А., г.Актау, \"Мангистауская область, г. Актау, промзона, ТОО \"\"МАЭК-Казатомпром\"\", здание 201\"","471010000, Мангистауская область, Актау Г.А., г.Актау, \"Мангистауская область, г. Актау, промзона, ТОО \"\"МАЭК-Казатомпром\"\"\"","DDP","С даты подписания договора в течение 30 календарных дней","Предоплата - 0% , Промежуточный платеж - 0% , Окончательный платеж - 100% ","Килограмм",{"v":2,"d":"2.000"},{"v":852.24,"d":"852.240"},{"v":1704.48,"d":"1,704.480"},{"v":1909.02,"d":"1,909.020"},"-","Товарищество с ограниченной ответственностью \"Мангистауский атомный энергетический комбинат-Казатомпром\""]
[null,"1533116","560 Т","259411.800.000101","Гайка шестигранная","стальная, диаметр 8 мм","46:размер: М 8 : М 8  \\ 79:ГОСТ:5915-70:5915-70","ЦПП","-","100","03.2018","471010000, Мангистауская область, Актау Г.А., г.Актау, \"Мангистауская область, г. Актау, промзона, ТОО \"\"МАЭК-Казатомпром\"\", здание 201\"","471010000, Мангистауская область, Актау Г.А., г.Актау, \"Мангистауская область, г. Актау, промзона, ТОО \"\"МАЭК-Казатомпром\"\"\"","DDP","С даты подписания договора в течение 45 календарных дней","Предоплата - 0% , Промежуточный платеж - 0% , Окончательный платеж - 100% ","Килограмм",{"v":23,"d":"23.000"},{"v":780,"d":"780.000"},{"v":17940,"d":"17,940.000"},{"v":20092.8,"d":"20,092.800"},"ТПХ","Товарищество с ограниченной ответственностью \"Мангистауский атомный энергетический комбинат-Казатомпром\""]
[null,"1537855","561 Т","257330.370.000005","Набор сменных головок","тип А","230:Набор:\" 1/2\"\" от 8 до 32 \":\" 1/2\"\" от 8 до 32 \"","ОИ","137-2 (не превышает тысячекратного МРП)","0","03.2018","471010000, Мангистауская область, Актау Г.А., г.Актау, \"Мангистауская область, г. Актау, промзона, ТОО \"\"МАЭК-Казатомпром\"\", здание 201\"","471010000, Мангистауская область, Актау Г.А., г.Актау, \"Мангистауская область, г. Актау, промзона, ТОО \"\"МАЭК-Казатомпром\"\"\"","DDP","С даты подписания договора в течение 45 календарных дней","Предоплата - 0% , Промежуточный платеж - 0% , Окончательный платеж - 100% ","Штука",{"v":5,"d":"5.000"},{"v":12500,"d":"12,500.000"},{"v":62500,"d":"62,500.000"},{"v":70000,"d":"70,000.000"},"-","Товарищество с ограниченной ответственностью \"Мангистауский атомный энергетический комбинат-Казатомпром\""]
[null,"1536655","562 Т","259412.100.000059","Шайба пружинная","стальная, диаметр 5 мм","46:размер: 8   d=8  65Г: 8   d=8  65Г \\ 79:ГОСТ:6402-70:6402-70","ОИ","137-2 (не превышает тысячекратного МРП)","100","03.2018","471010000, Мангистауская область, Актау Г.А., г.Актау, \"Мангистауская область, г. Актау, промзона, ТОО \"\"МАЭК-Казатомпром\"\", здание 201\"","471010000, Мангистауская область, Актау Г.А., г.Актау, \"Мангистауская область, г. Актау, промзона, ТОО \"\"МАЭК-Казатомпром\"\"\"","DDP","С даты подписания договора в течение 30 календарных дней","Предоплата - 0% , Промежуточный платеж - 0% , Окончательный платеж - 100% ","Килограмм",{"v":3,"d":"3.000"},{"v":1100,"d":"1,100.000"},{"v":3300,"d":"3,300.000"},{"v":3696,"d":"3,696.000"},"-","Товарищество с ограниченной ответственностью \"Мангистауский атомный энергетический комбинат-Казатомпром\""]
[null,"1530200","563-1 Т","259411.300.000035","Болт с шестигранной головкой","стальной, диаметр 10 мм, с гайкой","46:размер: М 10х50 : М 10х50  \\ 79:ГОСТ: 7798-70: 7798-70","ЦПП","-","100","02.2018","471000000, Мангистауская область, Актау Г.А., Промзона, ТОО \"МАЭК-Казатомпром\", здание 201","471000000, Мангистауская область, Актау Г.А., Промзона, склад ТОО \"МАЭК-Казатомпром\"","DDP","С даты подписания договора в течение 45 календарных дней","Окончательный платеж - 100% , Промежуточный платеж - 0% , Предоплата - 0% ","Килограмм",{"v":56,"d":"56.000"},{"v":682,"d":"682.000"},{"v":38192,"d":"38,192.000"},{"v":42775.04,"d":"42,775.040"},"ТПХ","Товарищество с ограниченной ответственностью \"Мангистауский атомный энергетический комбинат-Казатомпром\""]
[null,"1530296","564 Т","259411.300.000040","Болт с шестигранной головкой","стальной, диаметр 14 мм, без гайки","46:размер: М 14х100 : М 14х100  \\ 79:ГОСТ: 7798-70: 7798-70","ЦПП","-","100","03.2018","471010000, Мангистауская область, Актау Г.А., г.Актау, \"Мангистауская область, г. Актау, промзона, ТОО \"\"МАЭК-Казатомпром\"\", здание 201\"","471010000, Мангистауская область, Актау Г.А., г.Актау, \"Мангистауская область, г. Актау, промзона, ТОО \"\"МАЭК-Казатомпром\"\"\"","DDP","С даты подписания договора в течение 45 календарных дней","Предоплата - 0% , Промежуточный платеж - 0% , Окончательный платеж - 100% ","Килограмм",{"v":5,"d":"5.000"},{"v":630,"d":"630.000"},{"v":3150,"d":"3,150.000"},{"v":3528,"d":"3,528.000"},"ТПХ","Товарищество с ограниченной ответственностью \"Мангистауский атомный энергетический комбинат-Казатомпром\""]
[null,"1533128","565-1 Т","259411.800.000109","Гайка шестигранная","стальная, диаметр 42 мм","46:размер:Гайка М 42 (ГОСТ 5915-70):Гайка М 42 (ГОСТ 5915-70) \\ 79:ГОСТ:5915-70:5915-70","ЦПП","-","100","02.2018","471010000, Мангистауская область, Актау Г.А., г.Актау, \"Мангистауская область, г. Актау, промзона, ТОО \"\"МАЭК-Казатомпром\"\", здание 201\"","471010000, Мангистауская область, Актау Г.А., г.Актау, \"Мангистауская область, г. Актау, промзона, ТОО \"\"МАЭК-Казатомпром\"\"\"","DDP","С даты подписания договора в течение 45 календарных дней","Окончательный платеж - 100% , Промежуточный платеж - 0% , Предоплата - 0% ","Килограмм",{"v":200,"d":"200.000"},{"v":900,"d":"900.000"},{"v":180000,"d":"180,000.000"},{"v":201600,"d":"201,600.000"},"ТПХ","Товарищество с ограниченной ответственностью \"Мангистауский атомный энергетический комбинат-Казатомпром\""]
[null,"1533123","566-1 Т","259411.800.000104","Гайка шестигранная","стальная, диаметр 22 мм","46:размер: М 22: М 22 \\ 79:ГОСТ:5915-70:5915-70","ЦПП","-","100","02.2018","471010000, Мангистауская область, Актау Г.А., г.Актау, \"Мангистауская область, г. Актау, промзона, ТОО \"\"МАЭК-Казатомпром\"\", здание 201\"","471010000, Мангистауская область, Актау Г.А., г.Актау, \"Мангистауская область, г. Актау, промзона, ТОО \"\"МАЭК-Казатомпром\"\"\"","DDP","С даты подписания договора в течение 45 календарных дней","Окончательный платеж - 100% , Промежуточный платеж - 0% , Предоплата - 0% ","Килограмм",{"v":387,"d":"387.000"},{"v":730,"d":"730.000"},{"v":282510,"d":"282,510.000"},{"v":316411.2,"d":"316,411.200"},"ТПХ","Товарищество с ограниченной ответственностью \"Мангистауский атомный энергетический комбинат-Казатомпром\""]
[null,"1536666","567 Т","259412.100.000055","Шайба пружинная","стальная, диаметр 2,5 мм","46:размер: 33  d=33  65Г: 33  d=33  65Г \\ 79:ГОСТ: 6402-70: 6402-70","ОИ","137-2 (не превышает тысячекратного МРП)","100","01.2018","471010000, Мангистауская область, Актау Г.А., г.Актау, \"Мангистауская область, г. Актау, промзона, ТОО \"\"МАЭК-Казатомпром\"\", здание 201\"","471010000, Мангистауская область, Актау Г.А., г.Актау, \"Мангистауская область, г. Актау, промзона, ТОО \"\"МАЭК-Казатомпром\"\"\"","DDP","С даты подписания договора в течение 30 календарных дней","Предоплата - 0% , Промежуточный платеж - 0% , Окончательный платеж - 100% ","Килограмм",{"v":15,"d":"15.000"},{"v":864,"d":"864.000"},{"v":12960,"d":"12,960.000"},{"v":14515.2,"d":"14,515.200"},"-","Товарищество с ограниченной ответственностью \"Мангистауский атомный энергетический комбинат-Казатомпром\""]
[null,"1530655","568-1 Т","259411.390.000020","Рым-болт","стальной, резьба М48","46:размер: М24 : М24  \\ 79:ГОСТ:4751-73:4751-73","ЦПП","-","0","02.2018","471000000, Мангистауская область, Актау Г.А., Промзона, ТОО \"МАЭК-Казатомпром\", здание 201","471000000, Мангистауская область, Актау Г.А., Промзона, склад ТОО \"МАЭК-Казатомпром\"","DDP","С даты подписания договора в течение 45 календарных дней","Окончательный платеж - 100% , Промежуточный платеж - 0% , Предоплата - 0% ","Штука",{"v":64,"d":"64.000"},{"v":1296,"d":"1,296.000"},{"v":82944,"d":"82,944.000"},{"v":92897.28,"d":"92,897.280"},"-","Товарищество с ограниченной ответственностью \"Мангистауский атомный энергетический комбинат-Казатомпром\""]
[null,"1530245","569-1 Т","259411.300.000039","Болт с шестигранной головкой","стальной, диаметр 12 мм, с гайкой/шайбой","46:размер: М 12х60 : М 12х60  \\ 79:ГОСТ: 7798-70: 7798-70","ЦПП","-","100","02.2018","471010000, Мангистауская область, Актау Г.А., г.Актау, \"Мангистауская область, г. Актау, промзона, ТОО \"\"МАЭК-Казатомпром\"\", здание 201\"","471010000, Мангистауская область, Актау Г.А., г.Актау, \"Мангистауская область, г. Актау, промзона, ТОО \"\"МАЭК-Казатомпром\"\"\"","DDP","С даты подписания договора в течение 45 календарных дней","Окончательный платеж - 100% , Промежуточный платеж - 0% , Предоплата - 0% ","Килограмм",{"v":120,"d":"120.000"},{"v":625,"d":"625.000"},{"v":75000,"d":"75,000.000"},{"v":84000,"d":"84,000.000"},"ТПХ","Товарищество с ограниченной ответственностью \"Мангистауский атомный энергетический комбинат-Казатомпром\""]
[null,"1530530","570-1 Т","259411.300.000060","Болт с шестигранной головкой","стальной, диаметр 27 мм, с гайкой/шайбой","46:размер: М 27х130: М 27х130 \\ 79:ГОСТ: 7798-70: 7798-70","ЦПП","-","100","02.2018","471010000, Мангистауская область, Актау Г.А., г.Актау, \"Мангистауская область, г. Актау, промзона, ТОО \"\"МАЭК-Казатомпром\"\", здание 201\"","471000000, Мангистауская область, Актау Г.А., Промзона, склад ТОО \"МАЭК-Казатомпром\"","DDP","С даты подписания договора в течение 45 календарных дней","Окончательный платеж - 100% , Промежуточный платеж - 0% , Предоплата - 0% ","Килограмм",{"v":220,"d":"220.000"},{"v":685,"d":"685.000"},{"v":150700,"d":"150,700.000"},{"v":168784,"d":"168,784.000"},"ТПХ","Товарищество с ограниченной ответственностью \"Мангистауский атомный энергетический комбинат-Казатомпром\""]
[null,"1530488","571-1 Т","259411.300.000057","Болт с шестигранной головкой","стальной, диаметр 24 мм, с гайкой/шайбой","46:размер: М 24х90 : М 24х90  \\ 79:ГОСТ: 7798-70: 7798-70","ЦПП","-","100","02.2018","471010000, Мангистауская область, Актау Г.А., г.Актау, \"Мангистауская область, г. Актау, промзона, ТОО \"\"МАЭК-Казатомпром\"\", здание 201\"","471010000, Мангистауская область, Актау Г.А., г.Актау, \"Мангистауская область, г. Актау, промзона, ТОО \"\"МАЭК-Казатомпром\"\"\"","DDP","С даты подписания договора в течение 45 календарных дней","Окончательный платеж - 100% , Промежуточный платеж - 0% , Предоплата - 0% ","Килограмм",{"v":160,"d":"160.000"},{"v":665,"d":"665.000"},{"v":106400,"d":"106,400.000"},{"v":119168,"d":"119,168.000"},"ТПХ","Товарищество с ограниченной ответственностью \"Мангистауский атомный энергетический комбинат-Казатомпром\""]
[null,"1530345","572-1 Т","259411.300.000045","Болт с шестигранной головкой","стальной, диаметр 16 мм, с гайкой/шайбой","46:размер: М 16х120 : М 16х120  \\ 79:ГОСТ: 7798-70: 7798-70","ЦПП","-","100","02.2018","471010000, Мангистауская область, Актау Г.А., г.Актау, \"Мангистауская область, г. Актау, промзона, ТОО \"\"МАЭК-Казатомпром\"\", здание 201\"","471010000, Мангистауская область, Актау Г.А., г.Актау, \"Мангистауская область, г. Актау, промзона, ТОО \"\"МАЭК-Казатомпром\"\"\"","DDP","С даты подписания договора в течение 45 календарных дней","Окончательный платеж - 100% , Промежуточный платеж - 0% , Предоплата - 0% ","Килограмм",{"v":320,"d":"320.000"},{"v":578.57,"d":"578.570"},{"v":185142.4,"d":"185,142.400"},{"v":207359.49,"d":"207,359.490"},"ТПХ","Товарищество с ограниченной ответственностью \"Мангистауский атомный энергетический комбинат-Казатомпром\""]
[null,"1536654","573 Т","259412.100.000058","Шайба пружинная","стальная, диаметр 4 мм","46:размер: 7   d=7  65Г: 7   d=7  65Г \\ 79:ГОСТ: 6402-70: 6402-70","ОИ","137-2 (не превышает тысячекратного МРП)","100","03.2018","471010000, Мангистауская область, Актау Г.А., г.Актау, \"Мангистауская область, г. Актау, промзона, ТОО \"\"МАЭК-Казатомпром\"\", здание 201\"","471010000, Мангистауская область, Актау Г.А., г.Актау, \"Мангистауская область, г. Актау, промзона, ТОО \"\"МАЭК-Казатомпром\"\"\"","DDP","С даты подписания договора в течение 30 календарных дней","Предоплата - 0% , Промежуточный платеж - 0% , Окончательный платеж - 100% ","Килограмм",{"v":2,"d":"2.000"},{"v":1100,"d":"1,100.000"},{"v":2200,"d":"2,200.000"},{"v":2464,"d":"2,464.000"},"-","Товарищество с ограниченной ответственностью \"Мангистауский атомный энергетический комбинат-Казатомпром\""]
[null,"1530159","574 Т","259411.300.000033","Болт с шестигранной головкой","стальной, диаметр 8 мм, с гайкой/шайбой","46:размер:Болт М 8х10 (ГОСТ 7798-70): М 8х10  \\ 79:ГОСТ: 7798-70: 7798-70","ЦПП","-","100","03.2018","471010000, Мангистауская область, Актау Г.А., г.Актау, \"Мангистауская область, г. Актау, промзона, ТОО \"\"МАЭК-Казатомпром\"\", здание 201\"","471010000, Мангистауская область, Актау Г.А., г.Актау, \"Мангистауская область, г. Актау, промзона, ТОО \"\"МАЭК-Казатомпром\"\"\"","DDP","С даты подписания договора в течение 45 календарных дней","Предоплата - 0% , Промежуточный платеж - 0% , Окончательный платеж - 100% ","Килограмм",{"v":5,"d":"5.000"},{"v":690,"d":"690.000"},{"v":3450,"d":"3,450.000"},{"v":3864,"d":"3,864.000"},"ТПХ","Товарищество с ограниченной ответственностью \"Мангистауский атомный энергетический комбинат-Казатомпром\""]
[null,"1536662","575 Т","259412.100.000062","Шайба пружинная","стальная, диаметр 8 мм","46:размер: 22  d=22  65Г: 22  d=22  65Г \\ 79:ГОСТ: 6402-70: 6402-70","ОИ","137-2 (не превышает тысячекратного МРП)","100","01.2018","471010000, Мангистауская область, Актау Г.А., г.Актау, \"Мангистауская область, г. Актау, промзона, ТОО \"\"МАЭК-Казатомпром\"\", здание 201\"","471010000, Мангистауская область, Актау Г.А., г.Актау, \"Мангистауская область, г. Актау, промзона, ТОО \"\"МАЭК-Казатомпром\"\"\"","DDP","С даты подписания договора в течение 30 календарных дней","Предоплата - 0% , Промежуточный платеж - 0% , Окончательный платеж - 100% ","Килограмм",{"v":17,"d":"17.000"},{"v":862.5,"d":"862.500"},{"v":14662.5,"d":"14,662.500"},{"v":16422,"d":"16,422.000"},"-","Товарищество с ограниченной ответственностью \"Мангистауский атомный энергетический комбинат-Казатомпром\""]
[null,"1530652","576 Т","259411.390.000020","Рым-болт","стальной, резьба М48","46:размер:М12 :М12  \\ 79:ГОСТ: 4751-73: 4751-73","ЦПП","-","0","01.2018","471010000, Мангистауская область, Актау Г.А., г.Актау, \"Мангистауская область, г. Актау, промзона, ТОО \"\"МАЭК-Казатомпром\"\", здание 201\"","471010000, Мангистауская область, Актау Г.А., г.Актау, \"Мангистауская область, г. Актау, промзона, ТОО \"\"МАЭК-Казатомпром\"\"\"","DDP","С даты подписания договора в течение 45 календарных дней","Предоплата - 0% , Промежуточный платеж - 0% , Окончательный платеж - 100% ","Штука",{"v":50,"d":"50.000"},{"v":540,"d":"540.000"},{"v":27000,"d":"27,000.000"},{"v":30240,"d":"30,240.000"},"-","Товарищество с ограниченной ответственностью \"Мангистауский атомный энергетический комбинат-Казатомпром\""]
[null,"1530414","577-1 Т","259411.300.000051","Болт с шестигранной головкой","стальной, диаметр 20 мм, с гайкой/шайбой","46:размер: М 20х80 : М 20х80  \\ 79:ГОСТ: 7798-70: 7798-70","ЦПП","-","100","02.2018","471010000, Мангистауская область, Актау Г.А., г.Актау, \"Мангистауская область, г. Актау, промзона, ТОО \"\"МАЭК-Казатомпром\"\", здание 201\"","471010000, Мангистауская область, Актау Г.А., г.Актау, \"Мангистауская область, г. Актау, промзона, ТОО \"\"МАЭК-Казатомпром\"\"\"","DDP","С даты подписания договора в течение 45 календарных дней","Окончательный платеж - 100% , Промежуточный платеж - 0% , Предоплата - 0% ","Килограмм",{"v":200,"d":"200.000"},{"v":620,"d":"620.000"},{"v":124000,"d":"124,000.000"},{"v":138880,"d":"138,880.000"},"ТПХ","Товарищество с ограниченной ответственностью \"Мангистауский атомный энергетический комбинат-Казатомпром\""]
[null,"1539984","578 Т","259411.390.000038","Болт фундаментный","стальной, тип 2, диаметр 56-140 мм","46:размер:   16/100:   16/100","ОИ","137-2 (не превышает тысячекратного МРП)","0","01.2018","471010000, Мангистауская область, Актау Г.А., г.Актау, \"Мангистауская область, г. Актау, промзона, ТОО \"\"МАЭК-Казатомпром\"\", здание 201\"","471010000, Мангистауская область, Актау Г.А., г.Актау, \"Мангистауская область, г. Актау, промзона, ТОО \"\"МАЭК-Казатомпром\"\"\"","DDP","С даты подписания договора в течение 45 календарных дней","Предоплата - 0% , Промежуточный платеж - 0% , Окончательный платеж - 100% ","Штука",{"v":330,"d":"330.000"},{"v":151.2,"d":"151.200"},{"v":49896,"d":"49,896.000"},{"v":55883.52,"d":"55,883.520"},"-","Товарищество с ограниченной ответственностью \"Мангистауский атомный энергетический комбинат-Казатомпром\""]
[null,"1530603","579-1 Т","259411.300.000064","Болт с шестигранной головкой","стальной, диаметр 36 мм, без гайки","46:размер:М 36х200 :М 36х200  \\ 79:ГОСТ: 7798-70: 7798-70","ЦПП","-","100","02.2018","471010000, Мангистауская область, Актау Г.А., г.Актау, \"Мангистауская область, г. Актау, промзона, ТОО \"\"МАЭК-Казатомпром\"\", здание 201\"","471010000, Мангистауская область, Актау Г.А., г.Актау, \"Мангистауская область, г. Актау, промзона, ТОО \"\"МАЭК-Казатомпром\"\"\"","DDP","С даты подписания договора в течение 45 календарных дней","Окончательный платеж - 100% , Промежуточный платеж - 0% , Предоплата - 0% ","Килограмм",{"v":200,"d":"200.000"},{"v":841,"d":"841.000"},{"v":168200,"d":"168,200.000"},{"v":188384,"d":"188,384.000"},"ТПХ","Товарищество с ограниченной ответственностью \"Мангистауский атомный энергетический комбинат-Казатомпром\""]
[null,"1530431","580 Т","259411.300.000051","Болт с шестигранной головкой","стальной, диаметр 20 мм, с гайкой/шайбой","46:размер: М 20х200 : М 20х200  \\ 79:ГОСТ: 7798-70: 7798-70","ЦПП","-","100","04.2018","471010000, Мангистауская область, Актау Г.А., г.Актау, \"Мангистауская область, г. Актау, промзона, ТОО \"\"МАЭК-Казатомпром\"\", здание 201\"","471010000, Мангистауская область, Актау Г.А., г.Актау, \"Мангистауская область, г. Актау, промзона, ТОО \"\"МАЭК-Казатомпром\"\"\"","DDP","С даты подписания договора в течение 45 календарных дней","Предоплата - 0% , Промежуточный платеж - 0% , Окончательный платеж - 100% ","Килограмм",{"v":108,"d":"108.000"},{"v":620,"d":"620.000"},{"v":66960,"d":"66,960.000"},{"v":74995.2,"d":"74,995.200"},"ТПХ","Товарищество с ограниченной ответственностью \"Мангистауский атомный энергетический комбинат-Казатомпром\""]
[null,"1536614","581 Т","259412.300.000062","Шайба плоская","стальная, диаметр 18 мм","46:размер:27:27 \\ 79:ГОСТ:11371-78:11371-78","ОИ","137-2 (не превышает тысячекратного МРП)","100","01.2018","471010000, Мангистауская область, Актау Г.А., г.Актау, \"Мангистауская область, г. Актау, промзона, ТОО \"\"МАЭК-Казатомпром\"\", здание 201\"","471010000, Мангистауская область, Актау Г.А., г.Актау, \"Мангистауская область, г. Актау, промзона, ТОО \"\"МАЭК-Казатомпром\"\"\"","DDP","С даты подписания договора в течение 30 календарных дней","Предоплата - 0% , Промежуточный платеж - 0% , Окончательный платеж - 100% ","Килограмм",{"v":25,"d":"25.000"},{"v":790.62,"d":"790.620"},{"v":19765.5,"d":"19,765.500"},{"v":22137.36,"d":"22,137.360"},"-","Товарищество с ограниченной ответственностью \"Мангистауский атомный энергетический комбинат-Казатомпром\""]
[null,"1530659","582-1 Т","259411.390.000020","Рым-болт","стальной, резьба М48","46:размер: М48 : М48  \\ 79:ГОСТ:4751-73:4751-73","ЦПП","-","0","02.2018","471010000, Мангистауская область, Актау Г.А., г.Актау, \"Мангистауская область, г. Актау, промзона, ТОО \"\"МАЭК-Казатомпром\"\", здание 201\"","471010000, Мангистауская область, Актау Г.А., г.Актау, \"Мангистауская область, г. Актау, промзона, ТОО \"\"МАЭК-Казатомпром\"\"\"","DDP","С даты подписания договора в течение 45 календарных дней","Окончательный платеж - 100% , Промежуточный платеж - 0% , Предоплата - 0% ","Штука",{"v":4,"d":"4.000"},{"v":75000,"d":"75,000.000"},{"v":300000,"d":"300,000.000"},{"v":336000,"d":"336,000.000"},"-","Товарищество с ограниченной ответственностью \"Мангистауский атомный энергетический комбинат-Казатомпром\""]
[null,"1539955","583 Т","259413.900.000049","Анкер","забивной, без гайки","46:размер: 10/115: 10/115","ОИ","137-2 (не превышает тысячекратного МРП)","0","07.2018","471010000, Мангистауская область, Актау Г.А., г.Актау, \"Мангистауская область, г. Актау, промзона, ТОО \"\"МАЭК-Казатомпром\"\", здание 201\"","471010000, Мангистауская область, Актау Г.А., г.Актау, \"Мангистауская область, г. Актау, промзона, ТОО \"\"МАЭК-Казатомпром\"\"\"","DDP","С даты подписания договора в течение 45 календарных дней","Предоплата - 0% , Промежуточный платеж - 0% , Окончательный платеж - 100% ","Штука",{"v":29,"d":"29.000"},{"v":91.61,"d":"91.610"},{"v":2656.69,"d":"2,656.690"},{"v":2975.49,"d":"2,975.490"},"-","Товарищество с ограниченной ответственностью \"Мангистауский атомный энергетический комбинат-Казатомпром\""]
[null,"1539940","584 Т","259413.900.000048","Анкер","втулочный, с гайкой","46:размер: 8/40*90: 8/40*90","ОИ","137-2 (не превышает тысячекратного МРП)","0","07.2018","471010000, Мангистауская область, Актау Г.А., г.Актау, \"Мангистауская область, г. Актау, промзона, ТОО \"\"МАЭК-Казатомпром\"\", здание 201\"","471010000, Мангистауская область, Актау Г.А., г.Актау, \"Мангистауская область, г. Актау, промзона, ТОО \"\"МАЭК-Казатомпром\"\"\"","DDP","С даты подписания договора в течение 45 календарных дней","Предоплата - 0% , Промежуточный платеж - 0% , Окончательный платеж - 100% ","Штука",{"v":30,"d":"30.000"},{"v":64.61,"d":"64.610"},{"v":1938.3,"d":"1,938.300"},{"v":2170.9,"d":"2,170.900"},"-","Товарищество с ограниченной ответственностью \"Мангистауский атомный энергетический комбинат-Казатомпром\""]
[null,"1539953","585 Т","259411.900.000096","Шпилька упорная","стальная, диаметр 8 мм, без гайки","46:размер: М8*115/50/63: М8*115/50/63","ОИ","137-2 (не превышает тысячекратного МРП)","0","07.2018","471010000, Мангистауская область, Актау Г.А., г.Актау, \"Мангистауская область, г. Актау, промзона, ТОО \"\"МАЭК-Казатомпром\"\", здание 201\"","471010000, Мангистауская область, Актау Г.А., г.Актау, \"Мангистауская область, г. Актау, промзона, ТОО \"\"МАЭК-Казатомпром\"\"\"","DDP","С даты подписания договора в течение 45 календарных дней","Предоплата - 0% , Промежуточный платеж - 0% , Окончательный платеж - 100% ","Штука",{"v":60,"d":"60.000"},{"v":216,"d":"216.000"},{"v":12960,"d":"12,960.000"},{"v":14515.2,"d":"14,515.200"},"-","Товарищество с ограниченной ответственностью \"Мангистауский атомный энергетический комбинат-Казатомпром\""]
[null,"1530532","586 Т","259411.300.000060","Болт с шестигранной головкой","стальной, диаметр 27 мм, с гайкой/шайбой","46:размер: М 27х150 : М 27х150  \\ 79:ГОСТ:7798-70:7798-70","ЦПП","-","100","06.2018","471010000, Мангистауская область, Актау Г.А., г.Актау, \"Мангистауская область, г. Актау, промзона, ТОО \"\"МАЭК-Казатомпром\"\", здание 201\"","471010000, Мангистауская область, Актау Г.А., г.Актау, \"Мангистауская область, г. Актау, промзона, ТОО \"\"МАЭК-Казатомпром\"\"\"","DDP","С даты подписания договора в течение 45 календарных дней","Предоплата - 0% , Промежуточный платеж - 0% , Окончательный платеж - 100% ","Килограмм",{"v":50,"d":"50.000"},{"v":685,"d":"685.000"},{"v":34250,"d":"34,250.000"},{"v":38360,"d":"38,360.000"},"ТПХ","Товарищество с ограниченной ответственностью \"Мангистауский атомный энергетический комбинат-Казатомпром\""]
[null,"1530198","587 Т","259411.300.000035","Болт с шестигранной головкой","стальной, диаметр 10 мм, с гайкой","46:размер: М 10х40 : М 10х40  \\ 79:ГОСТ:7798-70:7798-70","ЦПП","-","100","06.2018","471010000, Мангистауская область, Актау Г.А., г.Актау, \"Мангистауская область, г. Актау, промзона, ТОО \"\"МАЭК-Казатомпром\"\", здание 201\"","471010000, Мангистауская область, Актау Г.А., г.Актау, \"Мангистауская область, г. Актау, промзона, ТОО \"\"МАЭК-Казатомпром\"\"\"","DDP","С даты подписания договора в течение 45 календарных дней","Предоплата - 0% , Промежуточный платеж - 0% , Окончательный платеж - 100% ","Килограмм",{"v":20,"d":"20.000"},{"v":682,"d":"682.000"},{"v":13640,"d":"13,640.000"},{"v":15276.8,"d":"15,276.800"},"ТПХ","Товарищество с ограниченной ответственностью \"Мангистауский атомный энергетический комбинат-Казатомпром\""]
[null,"1530294","588 Т","259411.300.000040","Болт с шестигранной головкой","стальной, диаметр 14 мм, без гайки","46:размер: М 14х90 : М 14х90  \\ 79:ГОСТ:7798-70:7798-70","ЦПП","-","100","06.2018","471010000, Мангистауская область, Актау Г.А., г.Актау, \"Мангистауская область, г. Актау, промзона, ТОО \"\"МАЭК-Казатомпром\"\", здание 201\"","471010000, Мангистауская область, Актау Г.А., г.Актау, \"Мангистауская область, г. Актау, промзона, ТОО \"\"МАЭК-Казатомпром\"\"\"","DDP","С даты подписания договора в течение 45 календарных дней","Предоплата - 0% , Промежуточный платеж - 0% , Окончательный платеж - 100% ","Килограмм",{"v":20,"d":"20.000"},{"v":630,"d":"630.000"},{"v":12600,"d":"12,600.000"},{"v":14112,"d":"14,112.000"},"ТПХ","Товарищество с ограниченной ответственностью \"Мангистауский атомный энергетический комбинат-Казатомпром\""]
[null,"1530172","589 Т","259411.300.000031","Болт с шестигранной головкой","стальной, диаметр 8 мм, без гайки","46:размер: М 8х40 : М 8х40  \\ 79:ГОСТ:7798-70:7798-70","ЦПП","-","100","06.2018","471010000, Мангистауская область, Актау Г.А., г.Актау, \"Мангистауская область, г. Актау, промзона, ТОО \"\"МАЭК-Казатомпром\"\", здание 201\"","471010000, Мангистауская область, Актау Г.А., г.Актау, \"Мангистауская область, г. Актау, промзона, ТОО \"\"МАЭК-Казатомпром\"\"\"","DDP","С даты подписания договора в течение 45 календарных дней","Предоплата - 0% , Промежуточный платеж - 0% , Окончательный платеж - 100% ","Килограмм",{"v":20,"d":"20.000"},{"v":690,"d":"690.000"},{"v":13800,"d":"13,800.000"},{"v":15456,"d":"15,456.000"},"ТПХ","Товарищество с ограниченной ответственностью \"Мангистауский атомный энергетический комбинат-Казатомпром\""]
[null,"1530419","590 Т","259411.300.000051","Болт с шестигранной головкой","стальной, диаметр 20 мм, с гайкой/шайбой","46:размер: М 20х105 : М 20х105  \\ 79:ГОСТ:7798-70:7798-70","ЦПП","-","100","06.2018","471010000, Мангистауская область, Актау Г.А., г.Актау, \"Мангистауская область, г. Актау, промзона, ТОО \"\"МАЭК-Казатомпром\"\", здание 201\"","471010000, Мангистауская область, Актау Г.А., г.Актау, \"Мангистауская область, г. Актау, промзона, ТОО \"\"МАЭК-Казатомпром\"\"\"","DDP","С даты подписания договора в течение 45 календарных дней","Предоплата - 0% , Промежуточный платеж - 0% , Окончательный платеж - 100% ","Килограмм",{"v":50,"d":"50.000"},{"v":620,"d":"620.000"},{"v":31000,"d":"31,000.000"},{"v":34720,"d":"34,720.000"},"ТПХ","Товарищество с ограниченной ответственностью \"Мангистауский атомный энергетический комбинат-Казатомпром\""]
[null,"1530260","591 Т","259411.300.000039","Болт с шестигранной головкой","стальной, диаметр 12 мм, с гайкой/шайбой","46:размер: М 12х140 : М 12х140  \\ 79:ГОСТ:7798-70:7798-70","ЦПП","-","100","01.2018","471010000, Мангистауская область, Актау Г.А., г.Актау, \"Мангистауская область, г. Актау, промзона, ТОО \"\"МАЭК-Казатомпром\"\", здание 201\"","471010000, Мангистауская область, Актау Г.А., г.Актау, \"Мангистауская область, г. Актау, промзона, ТОО \"\"МАЭК-Казатомпром\"\"\"","DDP","С даты подписания договора в течение 45 календарных дней","Предоплата - 0% , Промежуточный платеж - 0% , Окончательный платеж - 100% ","Килограмм",{"v":30,"d":"30.000"},{"v":640,"d":"640.000"},{"v":19200,"d":"19,200.000"},{"v":21504,"d":"21,504.000"},"ТПХ","Товарищество с ограниченной ответственностью \"Мангистауский атомный энергетический комбинат-Казатомпром\""]
[null,"1536611","592 Т","259412.300.000060","Шайба плоская","стальная, диаметр 14 мм","46:размер:20:20 \\ 79:ГОСТ:11371-78:11371-78","ОИ","137-2 (не превышает тысячекратного МРП)","100","04.2018","471010000, Мангистауская область, Актау Г.А., г.Актау, \"Мангистауская область, г. Актау, промзона, ТОО \"\"МАЭК-Казатомпром\"\", здание 201\"","471010000, Мангистауская область, Актау Г.А., г.Актау, \"Мангистауская область, г. Актау, промзона, ТОО \"\"МАЭК-Казатомпром\"\"\"","DDP","С даты подписания договора в течение 30 календарных дней","Предоплата - 0% , Промежуточный платеж - 0% , Окончательный платеж - 100% ","Килограмм",{"v":50,"d":"50.000"},{"v":790.62,"d":"790.620"},{"v":39531,"d":"39,531.000"},{"v":44274.72,"d":"44,274.720"},"-","Товарищество с ограниченной ответственностью \"Мангистауский атомный энергетический комбинат-Казатомпром\""]
[null,"1530654","593 Т","259411.390.000015","Рым-болт","стальной, резьба М20","46:размер: М20 : М20  \\ 79:ГОСТ:4751-73:4751-73","ЦПП","-","0","01.2018","471010000, Мангистауская область, Актау Г.А., г.Актау, \"Мангистауская область, г. Актау, промзона, ТОО \"\"МАЭК-Казатомпром\"\", здание 201\"","471010000, Мангистауская область, Актау Г.А., г.Актау, \"Мангистауская область, г. Актау, промзона, ТОО \"\"МАЭК-Казатомпром\"\"\"","DDP","С даты подписания договора в течение 45 календарных дней","Предоплата - 0% , Промежуточный платеж - 0% , Окончательный платеж - 100% ","Штука",{"v":42,"d":"42.000"},{"v":972,"d":"972.000"},{"v":40824,"d":"40,824.000"},{"v":45722.88,"d":"45,722.880"},"-","Товарищество с ограниченной ответственностью \"Мангистауский атомный энергетический комбинат-Казатомпром\""]
[null,"1530422","594-1 Т","259411.300.000051","Болт с шестигранной головкой","стальной, диаметр 20 мм, с гайкой/шайбой","46:размер: М 20х120 : М 20х120  \\ 79:ГОСТ:7798-70:7798-70","ЦПП","-","100","02.2018","471010000, Мангистауская область, Актау Г.А., г.Актау, \"Мангистауская область, г. Актау, промзона, ТОО \"\"МАЭК-Казатомпром\"\", здание 201\"","471000000, Мангистауская область, Актау Г.А., Промзона, склад ТОО \"МАЭК-Казатомпром\"","DDP","С даты подписания договора в течение 45 календарных дней","Окончательный платеж - 100% , Промежуточный платеж - 0% , Предоплата - 0% ","Килограмм",{"v":260,"d":"260.000"},{"v":620,"d":"620.000"},{"v":161200,"d":"161,200.000"},{"v":180544,"d":"180,544.000"},"ТПХ","Товарищество с ограниченной ответственностью \"Мангистауский атомный энергетический комбинат-Казатомпром\""]
[null,"1530460","595 Т","259411.300.000053","Болт с шестигранной головкой","стальной, диаметр 22 мм, с гайкой","46:размер: М 22х120 : М 22х120  \\ 79:ГОСТ:7798-70:7798-70","ЦПП","-","100","03.2018","471010000, Мангистауская область, Актау Г.А., г.Актау, \"Мангистауская область, г. Актау, промзона, ТОО \"\"МАЭК-Казатомпром\"\", здание 201\"","471010000, Мангистауская область, Актау Г.А., г.Актау, \"Мангистауская область, г. Актау, промзона, ТОО \"\"МАЭК-Казатомпром\"\"\"","DDP","С даты подписания договора в течение 45 календарных дней","Предоплата - 0% , Промежуточный платеж - 0% , Окончательный платеж - 100% ","Килограмм",{"v":90,"d":"90.000"},{"v":665,"d":"665.000"},{"v":59850,"d":"59,850.000"},{"v":67032,"d":"67,032.000"},"ТПХ","Товарищество с ограниченной ответственностью \"Мангистауский атомный энергетический комбинат-Казатомпром\""]
[null,"1530651","596 Т","259411.390.000012","Рым-болт","стальной, резьба М10","46:размер: М10 : М10  \\ 79:ГОСТ:4751-73:4751-73","ЦПП","-","0","01.2018","471010000, Мангистауская область, Актау Г.А., г.Актау, \"Мангистауская область, г. Актау, промзона, ТОО \"\"МАЭК-Казатомпром\"\", здание 201\"","471010000, Мангистауская область, Актау Г.А., г.Актау, \"Мангистауская область, г. Актау, промзона, ТОО \"\"МАЭК-Казатомпром\"\"\"","DDP","С даты подписания договора в течение 45 календарных дней","Предоплата - 0% , Промежуточный платеж - 0% , Окончательный платеж - 100% ","Штука",{"v":30,"d":"30.000"},{"v":432,"d":"432.000"},{"v":12960,"d":"12,960.000"},{"v":14515.2,"d":"14,515.200"},"-","Товарищество с ограниченной ответственностью \"Мангистауский атомный энергетический комбинат-Казатомпром\""]
[null,"1530653","597-1 Т","259411.390.000014","Рым-болт","стальной, резьба М16","46:размер:М16 :М16  \\ 79:ГОСТ:4751-73:4751-73","ЦПП","-","0","02.2018","471010000, Мангистауская область, Актау Г.А., г.Актау, \"Мангистауская область, г. Актау, промзона, ТОО \"\"МАЭК-Казатомпром\"\", здание 201\"","471010000, Мангистауская область, Актау Г.А., г.Актау, \"Мангистауская область, г. Актау, промзона, ТОО \"\"МАЭК-Казатомпром\"\"\"","DDP","С даты подписания договора в течение 45 календарных дней","Окончательный платеж - 100% , Промежуточный платеж - 0% , Предоплата - 0% ","Штука",{"v":70,"d":"70.000"},{"v":702,"d":"702.000"},{"v":49140,"d":"49,140.000"},{"v":55036.8,"d":"55,036.800"},"-","Товарищество с ограниченной ответственностью \"Мангистауский атомный энергетический комбинат-Казатомпром\""]
[null,"1530601","598 Т","259411.300.000064","Болт с шестигранной головкой","стальной, диаметр 36 мм, без гайки","46:размер: М 36х180 : М 36х180  \\ 79:ГОСТ:7798-70:7798-70","ЦПП","-","100","01.2018","471010000, Мангистауская область, Актау Г.А., г.Актау, \"Мангистауская область, г. Актау, промзона, ТОО \"\"МАЭК-Казатомпром\"\", здание 201\"","471010000, Мангистауская область, Актау Г.А., г.Актау, \"Мангистауская область, г. Актау, промзона, ТОО \"\"МАЭК-Казатомпром\"\"\"","DDP","С даты подписания договора в течение 45 календарных дней","Предоплата - 0% , Промежуточный платеж - 0% , Окончательный платеж - 100% ","Килограмм",{"v":160,"d":"160.000"},{"v":841,"d":"841.000"},{"v":134560,"d":"134,560.000"},{"v":150707.2,"d":"150,707.200"},"ТПХ","Товарищество с ограниченной ответственностью \"Мангистауский атомный энергетический комбинат-Казатомпром\""]
[null,"1530497","599-1 Т","259411.300.000057","Болт с шестигранной головкой","стальной, диаметр 24 мм, с гайкой/шайбой","46:размер: М 24х140 : М 24х140  \\ 79:ГОСТ:7798-70:7798-70","ЦПП","-","100","02.2018","471000000, Мангистауская область, Актау Г.А., Промзона, ТОО \"МАЭК-Казатомпром\", здание 201","471000000, Мангистауская область, Актау Г.А., Промзона, склад ТОО \"МАЭК-Казатомпром\"","DDP","С даты подписания договора в течение 45 календарных дней","Окончательный платеж - 100% , Промежуточный платеж - 0% , Предоплата - 0% ","Килограмм",{"v":410,"d":"410.000"},{"v":665,"d":"665.000"},{"v":272650,"d":"272,650.000"},{"v":305368,"d":"305,368.000"},"ТПХ","Товарищество с ограниченной ответственностью \"Мангистауский атомный энергетический комбинат-Казатомпром\""]
[null,"1530658","600-1 Т","259411.390.000019","Рым-болт","стальной, резьба М42","46:размер: М42 : М42  \\ 79:ГОСТ:4751-73:4751-73","ЦПП","-","0","02.2018","471010000, Мангистауская область, Актау Г.А., г.Актау, \"Мангистауская область, г. Актау, промзона, ТОО \"\"МАЭК-Казатомпром\"\", здание 201\"","471010000, Мангистауская область, Актау Г.А., г.Актау, \"Мангистауская область, г. Актау, промзона, ТОО \"\"МАЭК-Казатомпром\"\"\"","DDP","С даты подписания договора в течение 45 календарных дней","Окончательный платеж - 100% , Промежуточный платеж - 0% , Предоплата - 0% ","Штука",{"v":12,"d":"12.000"},{"v":7200,"d":"7,200.000"},{"v":86400,"d":"86,400.000"},{"v":96768,"d":"96,768.000"},"-","Товарищество с ограниченной ответственностью \"Мангистауский атомный энергетический комбинат-Казатомпром\""]
[null,"1530343","601-1 Т","259411.300.000045","Болт с шестигранной головкой","стальной, диаметр 16 мм, с гайкой/шайбой","46:размер: М 16х110 : М 16х110  \\ 79:ГОСТ:7798-70:7798-70","ЦПП","-","100","02.2018","471010000, Мангистауская область, Актау Г.А., г.Актау, \"Мангистауская область, г. Актау, промзона, ТОО \"\"МАЭК-Казатомпром\"\", здание 201\"","471010000, Мангистауская область, Актау Г.А., г.Актау, \"Мангистауская область, г. Актау, промзона, ТОО \"\"МАЭК-Казатомпром\"\"\"","DDP","С даты подписания договора в течение 45 календарных дней","Окончательный платеж - 100% , Промежуточный платеж - 0% , Предоплата - 0% ","Килограмм",{"v":240,"d":"240.000"},{"v":578.57,"d":"578.570"},{"v":138856.8,"d":"138,856.800"},{"v":155519.62,"d":"155,519.620"},"ТПХ","Товарищество с ограниченной ответственностью \"Мангистауский атомный энергетический комбинат-Казатомпром\""]
[null,"1536664","602 Т","259412.100.000071","Шайба пружинная","стальная, диаметр 27 мм","46:размер: 27   d=27  65Г: 27   d=27  65Г \\ 79:ГОСТ:6402-70:6402-70","ОИ","137-2 (не превышает тысячекратного МРП)","100","01.2018","471010000, Мангистауская область, Актау Г.А., г.Актау, \"Мангистауская область, г. Актау, промзона, ТОО \"\"МАЭК-Казатомпром\"\", здание 201\"","471010000, Мангистауская область, Актау Г.А., г.Актау, \"Мангистауская область, г. Актау, промзона, ТОО \"\"МАЭК-Казатомпром\"\"\"","DDP","С даты подписания договора в течение 30 календарных дней","Предоплата - 0% , Промежуточный платеж - 0% , Окончательный платеж - 100% ","Килограмм",{"v":18,"d":"18.000"},{"v":862.5,"d":"862.500"},{"v":15525,"d":"15,525.000"},{"v":17388,"d":"17,388.000"},"-","Товарищество с ограниченной ответственностью \"Мангистауский атомный энергетический комбинат-Казатомпром\""]
[null,"1536615","603 Т","259412.300.000067","Шайба плоская","стальная, диаметр 30 мм","46:размер:30:30 \\ 79:ГОСТ:11371-78:11371-78","ОИ","137-2 (не превышает тысячекратного МРП)","100","01.2018","471010000, Мангистауская область, Актау Г.А., г.Актау, \"Мангистауская область, г. Актау, промзона, ТОО \"\"МАЭК-Казатомпром\"\", здание 201\"","471010000, Мангистауская область, Актау Г.А., г.Актау, \"Мангистауская область, г. Актау, промзона, ТОО \"\"МАЭК-Казатомпром\"\"\"","DDP","С даты подписания договора в течение 30 календарных дней","Предоплата - 0% , Промежуточный платеж - 0% , Окончательный платеж - 100% ","Килограмм",{"v":28,"d":"28.000"},{"v":790.62,"d":"790.620"},{"v":22137.36,"d":"22,137.360"},{"v":24793.84,"d":"24,793.840"},"-","Товарищество с ограниченной ответственностью \"Мангистауский атомный энергетический комбинат-Казатомпром\""]
[null,"1530243","604-1 Т","259411.300.000039","Болт с шестигранной головкой","стальной, диаметр 12 мм, с гайкой/шайбой","46:размер: М 12х50 : М 12х50  \\ 79:ГОСТ:7798-70:7798-70","ЦПП","-","100","02.2018","471010000, Мангистауская область, Актау Г.А., г.Актау, \"Мангистауская область, г. Актау, промзона, ТОО \"\"МАЭК-Казатомпром\"\", здание 201\"","471000000, Мангистауская область, Актау Г.А., Промзона, склад ТОО \"МАЭК-Казатомпром\"","DDP","С даты подписания договора в течение 45 календарных дней","Окончательный платеж - 100% , Промежуточный платеж - 0% , Предоплата - 0% ","Килограмм",{"v":120,"d":"120.000"},{"v":640,"d":"640.000"},{"v":76800,"d":"76,800.000"},{"v":86016,"d":"86,016.000"},"ТПХ","Товарищество с ограниченной ответственностью \"Мангистауский атомный энергетический комбинат-Казатомпром\""]
[null,"1530598","605-1 Т","259411.300.000064","Болт с шестигранной головкой","стальной, диаметр 36 мм, без гайки","46:размер: М 36х150 : М 36х150  \\ 79:ГОСТ:7798-70:7798-70","ЦПП","-","100","02.2018","471010000, Мангистауская область, Актау Г.А., г.Актау, \"Мангистауская область, г. Актау, промзона, ТОО \"\"МАЭК-Казатомпром\"\", здание 201\"","471010000, Мангистауская область, Актау Г.А., г.Актау, \"Мангистауская область, г. Актау, промзона, ТОО \"\"МАЭК-Казатомпром\"\"\"","DDP","С даты подписания договора в течение 45 календарных дней","Окончательный платеж - 100% , Промежуточный платеж - 0% , Предоплата - 0% ","Килограмм",{"v":200,"d":"200.000"},{"v":841,"d":"841.000"},{"v":168200,"d":"168,200.000"},{"v":188384,"d":"188,384.000"},"ТПХ","Товарищество с ограниченной ответственностью \"Мангистауский атомный энергетический комбинат-Казатомпром\""]
[null,"1530147","606-1 Т","259411.300.000028","Болт с шестигранной головкой","стальной, диаметр 6 мм, без гайки","46:размер: М6х55 : М6х55  \\ 79:ГОСТ:7798-70:7798-70","ЦПП","-","100","02.2018","471010000, Мангистауская область, Актау Г.А., г.Актау, \"Мангистауская область, г. Актау, промзона, ТОО \"\"МАЭК-Казатомпром\"\", здание 201\"","471010000, Мангистауская область, Актау Г.А., г.Актау, \"Мангистауская область, г. Актау, промзона, ТОО \"\"МАЭК-Казатомпром\"\"\"","DDP","С даты подписания договора в течение 45 календарных дней","Окончательный платеж - 100% , Промежуточный платеж - 0% , Предоплата - 0% ","Килограмм",{"v":70,"d":"70.000"},{"v":757.62,"d":"757.620"},{"v":53033.4,"d":"53,033.400"},{"v":59397.41,"d":"59,397.410"},"ТПХ","Товарищество с ограниченной ответственностью \"Мангистауский атомный энергетический комбинат-Казатомпром\""]
[null,"1530249","607-1 Т","259411.300.000039","Болт с шестигранной головкой","стальной, диаметр 12 мм, с гайкой/шайбой","46:размер: М 12х80 : М 12х80  \\ 79:ГОСТ:7798-70:7798-70","ЦПП","-","100","02.2018","471010000, Мангистауская область, Актау Г.А., г.Актау, \"Мангистауская область, г. Актау, промзона, ТОО \"\"МАЭК-Казатомпром\"\", здание 201\"","471010000, Мангистауская область, Актау Г.А., г.Актау, \"Мангистауская область, г. Актау, промзона, ТОО \"\"МАЭК-Казатомпром\"\"\"","DDP","С даты подписания договора в течение 45 календарных дней","Окончательный платеж - 100% , Промежуточный платеж - 0% , Предоплата - 0% ","Килограмм",{"v":60,"d":"60.000"},{"v":640,"d":"640.000"},{"v":38400,"d":"38,400.000"},{"v":43008,"d":"43,008.000"},"ТПХ","Товарищество с ограниченной ответственностью \"Мангистауский атомный энергетический комбинат-Казатомпром\""]
[null,"1530561","608-1 Т","259411.300.000062","Болт с шестигранной головкой","стальной, диаметр 30 мм, с гайкой","46:размер: М 30х120 : М 30х120  \\ 79:ГОСТ:7798-70:7798-70","ЦПП","-","100","02.2018","471010000, Мангистауская область, Актау Г.А., г.Актау, \"Мангистауская область, г. Актау, промзона, ТОО \"\"МАЭК-Казатомпром\"\", здание 201\"","471000000, Мангистауская область, Актау Г.А., Промзона, склад ТОО \"МАЭК-Казатомпром\"","DDP","С даты подписания договора в течение 45 календарных дней","Окончательный платеж - 100% , Промежуточный платеж - 0% , Предоплата - 0% ","Килограмм",{"v":244,"d":"244.000"},{"v":650,"d":"650.000"},{"v":158600,"d":"158,600.000"},{"v":177632,"d":"177,632.000"},"ТПХ","Товарищество с ограниченной ответственностью \"Мангистауский атомный энергетический комбинат-Казатомпром\""]
[null,"1536663","609 Т","259412.100.000070","Шайба пружинная","стальная, диаметр 24 мм","46:размер: 24  d=24  65Г: 24  d=24  65Г \\ 79:ГОСТ:6402-70:6402-70","ОИ","137-2 (не превышает тысячекратного МРП)","100","01.2018","471010000, Мангистауская область, Актау Г.А., г.Актау, \"Мангистауская область, г. Актау, промзона, ТОО \"\"МАЭК-Казатомпром\"\", здание 201\"","471010000, Мангистауская область, Актау Г.А., г.Актау, \"Мангистауская область, г. Актау, промзона, ТОО \"\"МАЭК-Казатомпром\"\"\"","DDP","С даты подписания договора в течение 30 календарных дней","Предоплата - 0% , Промежуточный платеж - 0% , Окончательный платеж - 100% ","Килограмм",{"v":18,"d":"18.000"},{"v":862.5,"d":"862.500"},{"v":15525,"d":"15,525.000"},{"v":17388,"d":"17,388.000"},"-","Товарищество с ограниченной ответственностью \"Мангистауский атомный энергетический комбинат-Казатомпром\""]
[null,"1533127","610 Т","259411.800.000108","Гайка шестигранная","стальная, диаметр 36 мм","46:размер: М 36 : М 36  \\ 79:ГОСТ:5915-70:5915-70","ЦПП","-","100","01.2018","471010000, Мангистауская область, Актау Г.А., г.Актау, \"Мангистауская область, г. Актау, промзона, ТОО \"\"МАЭК-Казатомпром\"\", здание 201\"","471010000, Мангистауская область, Актау Г.А., г.Актау, \"Мангистауская область, г. Актау, промзона, ТОО \"\"МАЭК-Казатомпром\"\"\"","DDP","С даты подписания договора в течение 45 календарных дней","Предоплата - 0% , Промежуточный платеж - 0% , Окончательный платеж - 100% ","Килограмм",{"v":200,"d":"200.000"},{"v":900,"d":"900.000"},{"v":180000,"d":"180,000.000"},{"v":201600,"d":"201,600.000"},"ТПХ","Товарищество с ограниченной ответственностью \"Мангистауский атомный энергетический комбинат-Казатомпром\""]
[null,"1536613","611 Т","259412.300.000065","Шайба плоская","стальная, диаметр 24 мм","46:размер:24:24 \\ 79:ГОСТ:11371-78:11371-78","ОИ","137-2 (не превышает тысячекратного МРП)","100","01.2018","471010000, Мангистауская область, Актау Г.А., г.Актау, \"Мангистауская область, г. Актау, промзона, ТОО \"\"МАЭК-Казатомпром\"\", здание 201\"","471010000, Мангистауская область, Актау Г.А., г.Актау, \"Мангистауская область, г. Актау, промзона, ТОО \"\"МАЭК-Казатомпром\"\"\"","DDP","С даты подписания договора в течение 30 календарных дней","Предоплата - 0% , Промежуточный платеж - 0% , Окончательный платеж - 100% ","Килограмм",{"v":60,"d":"60.000"},{"v":790.62,"d":"790.620"},{"v":47437.2,"d":"47,437.200"},{"v":53129.66,"d":"53,129.660"},"-","Товарищество с ограниченной ответственностью \"Мангистауский атомный энергетический комбинат-Казатомпром\""]
[null,"1530657","612-1 Т","259411.390.000018","Рым-болт","стальной, резьба М36","46:размер: М36: М36 \\ 79:ГОСТ: 4751-73: 4751-73","ЦПП","-","0","02.2018","471010000, Мангистауская область, Актау Г.А., г.Актау, \"Мангистауская область, г. Актау, промзона, ТОО \"\"МАЭК-Казатомпром\"\", здание 201\"","471010000, Мангистауская область, Актау Г.А., г.Актау, \"Мангистауская область, г. Актау, промзона, ТОО \"\"МАЭК-Казатомпром\"\"\"","DDP","С даты подписания договора в течение 45 календарных дней","Окончательный платеж - 100% , Промежуточный платеж - 0% , Предоплата - 0% ","Штука",{"v":20,"d":"20.000"},{"v":4600,"d":"4,600.000"},{"v":92000,"d":"92,000.000"},{"v":103040,"d":"103,040.000"},"-","Товарищество с ограниченной ответственностью \"Мангистауский атомный энергетический комбинат-Казатомпром\""]
[null,"1530420","613-1 Т","259411.300.000051","Болт с шестигранной головкой","стальной, диаметр 20 мм, с гайкой/шайбой","46:размер: М 20х110 : М 20х110  \\ 79:ГОСТ:7798-70:7798-70","ЦПП","-","100","02.2018","471010000, Мангистауская область, Актау Г.А., г.Актау, \"Мангистауская область, г. Актау, промзона, ТОО \"\"МАЭК-Казатомпром\"\", здание 201\"","471010000, Мангистауская область, Актау Г.А., г.Актау, \"Мангистауская область, г. Актау, промзона, ТОО \"\"МАЭК-Казатомпром\"\"\"","DDP","С даты подписания договора в течение 45 календарных дней","Окончательный платеж - 100% , Промежуточный платеж - 0% , Предоплата - 0% ","Килограмм",{"v":160,"d":"160.000"},{"v":620,"d":"620.000"},{"v":99200,"d":"99,200.000"},{"v":111104,"d":"111,104.000"},"ТПХ","Товарищество с ограниченной ответственностью \"Мангистауский атомный энергетический комбинат-Казатомпром\""]
[null,"1530418","614-1 Т","259411.300.000051","Болт с шестигранной головкой","стальной, диаметр 20 мм, с гайкой/шайбой","46:размер: М 20х100 : М 20х100  \\ 79:ГОСТ:7798-70:7798-70","ЦПП","-","100","02.2018","471010000, Мангистауская область, Актау Г.А., г.Актау, \"Мангистауская область, г. Актау, промзона, ТОО \"\"МАЭК-Казатомпром\"\", здание 201\"","471010000, Мангистауская область, Актау Г.А., г.Актау, \"Мангистауская область, г. Актау, промзона, ТОО \"\"МАЭК-Казатомпром\"\"\"","DDP","С даты подписания договора в течение 45 календарных дней","Окончательный платеж - 100% , Промежуточный платеж - 0% , Предоплата - 0% ","Килограмм",{"v":200,"d":"200.000"},{"v":607.14,"d":"607.140"},{"v":121428,"d":"121,428.000"},{"v":135999.36,"d":"135,999.360"},"ТПХ","Товарищество с ограниченной ответственностью \"Мангистауский атомный энергетический комбинат-Казатомпром\""]
[null,"1530335","615-1 Т","259411.300.000045","Болт с шестигранной головкой","стальной, диаметр 16 мм, с гайкой/шайбой","46:размер: М 16х70: М 16х70 \\ 79:ГОСТ:7798-70:7798-70","ЦПП","-","100","02.2018","471010000, Мангистауская область, Актау Г.А., г.Актау, \"Мангистауская область, г. Актау, промзона, ТОО \"\"МАЭК-Казатомпром\"\", здание 201\"","471010000, Мангистауская область, Актау Г.А., г.Актау, \"Мангистауская область, г. Актау, промзона, ТОО \"\"МАЭК-Казатомпром\"\"\"","DDP","С даты подписания договора в течение 45 календарных дней","Окончательный платеж - 100% , Промежуточный платеж - 0% , Предоплата - 0% ","Килограмм",{"v":150,"d":"150.000"},{"v":578.57,"d":"578.570"},{"v":86785.5,"d":"86,785.500"},{"v":97199.76,"d":"97,199.760"},"ТПХ","Товарищество с ограниченной ответственностью \"Мангистауский атомный энергетический комбинат-Казатомпром\""]
[null,"1536604","616 Т","259412.300.000056","Шайба плоская","стальная, диаметр 6 мм","46:размер:6:6 \\ 79:ГОСТ:11371-78:11371-78","ОИ","137-2 (не превышает тысячекратного МРП)","100","01.2018","471010000, Мангистауская область, Актау Г.А., г.Актау, \"Мангистауская область, г. Актау, промзона, ТОО \"\"МАЭК-Казатомпром\"\", здание 201\"","471010000, Мангистауская область, Актау Г.А., г.Актау, \"Мангистауская область, г. Актау, промзона, ТОО \"\"МАЭК-Казатомпром\"\"\"","DDP","С даты подписания договора в течение 30 календарных дней","Предоплата - 0% , Промежуточный платеж - 0% , Окончательный платеж - 100% ","Килограмм",{"v":17,"d":"17.000"},{"v":1365.63,"d":"1,365.630"},{"v":23215.71,"d":"23,215.710"},{"v":26001.6,"d":"26,001.600"},"-","Товарищество с ограниченной ответственностью \"Мангистауский атомный энергетический комбинат-Казатомпром\""]
[null,"1530152","617 Т","259411.300.000028","Болт с шестигранной головкой","стальной, диаметр 6 мм, без гайки","46:размер: М6х80 : М6х80  \\ 79:ГОСТ:7798-70:7798-70","ЦПП","-","100","03.2018","471010000, Мангистауская область, Актау Г.А., г.Актау, \"Мангистауская область, г. Актау, промзона, ТОО \"\"МАЭК-Казатомпром\"\", здание 201\"","471010000, Мангистауская область, Актау Г.А., г.Актау, \"Мангистауская область, г. Актау, промзона, ТОО \"\"МАЭК-Казатомпром\"\"\"","DDP","С даты подписания договора в течение 45 календарных дней","Предоплата - 0% , Промежуточный платеж - 0% , Окончательный платеж - 100% ","Килограмм",{"v":75,"d":"75.000"},{"v":757.62,"d":"757.620"},{"v":56821.5,"d":"56,821.500"},{"v":63640.08,"d":"63,640.080"},"ТПХ","Товарищество с ограниченной ответственностью \"Мангистауский атомный энергетический комбинат-Казатомпром\""]
[null,"1530174","618 Т","259411.300.000031","Болт с шестигранной головкой","стальной, диаметр 8 мм, без гайки","46:размер: М 8х50 : М 8х50  \\ 79:ГОСТ:7798-70:7798-70","ЦПП","-","100","03.2018","471010000, Мангистауская область, Актау Г.А., г.Актау, \"Мангистауская область, г. Актау, промзона, ТОО \"\"МАЭК-Казатомпром\"\", здание 201\"","471010000, Мангистауская область, Актау Г.А., г.Актау, \"Мангистауская область, г. Актау, промзона, ТОО \"\"МАЭК-Казатомпром\"\"\"","DDP","С даты подписания договора в течение 45 календарных дней","Предоплата - 0% , Промежуточный платеж - 0% , Окончательный платеж - 100% ","Килограмм",{"v":55,"d":"55.000"},{"v":690,"d":"690.000"},{"v":37950,"d":"37,950.000"},{"v":42504,"d":"42,504.000"},"ТПХ","Товарищество с ограниченной ответственностью \"Мангистауский атомный энергетический комбинат-Казатомпром\""]
[null,"1530337","619 Т","259411.300.000045","Болт с шестигранной головкой","стальной, диаметр 16 мм, с гайкой/шайбой","46:размер: М 16х80 : М 16х80  \\ 79:ГОСТ:7798-70:7798-70","ЦПП","-","100","03.2018","471010000, Мангистауская область, Актау Г.А., г.Актау, \"Мангистауская область, г. Актау, промзона, ТОО \"\"МАЭК-Казатомпром\"\", здание 201\"","471010000, Мангистауская область, Актау Г.А., г.Актау, \"Мангистауская область, г. Актау, промзона, ТОО \"\"МАЭК-Казатомпром\"\"\"","DDP","С даты подписания договора в течение 45 календарных дней","Предоплата - 0% , Промежуточный платеж - 0% , Окончательный платеж - 100% ","Килограмм",{"v":5,"d":"5.000"},{"v":544.64,"d":"544.640"},{"v":2723.2,"d":"2,723.200"},{"v":3049.98,"d":"3,049.980"},"ТПХ","Товарищество с ограниченной ответственностью \"Мангистауский атомный энергетический комбинат-Казатомпром\""]
[null,"1530204","620-1 Т","259411.300.000035","Болт с шестигранной головкой","стальной, диаметр 10 мм, с гайкой","46:размер: М 10х70 : М 10х70  \\ 79:ГОСТ:7798-70:7798-70","ЦПП","-","100","02.2018","471010000, Мангистауская область, Актау Г.А., г.Актау, \"Мангистауская область, г. Актау, промзона, ТОО \"\"МАЭК-Казатомпром\"\", здание 201\"","471010000, Мангистауская область, Актау Г.А., г.Актау, \"Мангистауская область, г. Актау, промзона, ТОО \"\"МАЭК-Казатомпром\"\"\"","DDP","С даты подписания договора в течение 45 календарных дней","Окончательный платеж - 100% , Промежуточный платеж - 0% , Предоплата - 0% ","Килограмм",{"v":77,"d":"77.000"},{"v":682,"d":"682.000"},{"v":52514,"d":"52,514.000"},{"v":58815.68,"d":"58,815.680"},"ТПХ","Товарищество с ограниченной ответственностью \"Мангистауский атомный энергетический комбинат-Казатомпром\""]
[null,"1536610","621 Т","259412.300.000062","Шайба плоская","стальная, диаметр 18 мм","46:размер:18:18 \\ 79:ГОСТ:11371-78:11371-78","ОИ","137-2 (не превышает тысячекратного МРП)","100","03.2018","471010000, Мангистауская область, Актау Г.А., г.Актау, \"Мангистауская область, г. Актау, промзона, ТОО \"\"МАЭК-Казатомпром\"\", здание 201\"","471010000, Мангистауская область, Актау Г.А., г.Актау, \"Мангистауская область, г. Актау, промзона, ТОО \"\"МАЭК-Казатомпром\"\"\"","DDP","С даты подписания договора в течение 30 календарных дней","Предоплата - 0% , Промежуточный платеж - 0% , Окончательный платеж - 100% ","Килограмм",{"v":30,"d":"30.000"},{"v":790.62,"d":"790.620"},{"v":23718.6,"d":"23,718.600"},{"v":26564.83,"d":"26,564.830"},"-","Товарищество с ограниченной ответственностью \"Мангистауский атомный энергетический комбинат-Казатомпром\""]
[null,"1537851","622 Т","257330.370.000005","Набор сменных головок","тип А","230:Набор: 28 предметов: 28 предметов","ОИ","137-2 (не превышает тысячекратного МРП)","0","01.2018","471010000, Мангистауская область, Актау Г.А., г.Актау, \"Мангистауская область, г. Актау, промзона, ТОО \"\"МАЭК-Казатомпром\"\", здание 201\"","471010000, Мангистауская область, Актау Г.А., г.Актау, \"Мангистауская область, г. Актау, промзона, ТОО \"\"МАЭК-Казатомпром\"\"\"","DDP","С даты подписания договора в течение 45 календарных дней","Предоплата - 0% , Промежуточный платеж - 0% , Окончательный платеж - 100% ","Штука",{"v":9,"d":"9.000"},{"v":14040,"d":"14,040.000"},{"v":126360,"d":"126,360.000"},{"v":141523.2,"d":"141,523.200"},"-","Товарищество с ограниченной ответственностью \"Мангистауский атомный энергетический комбинат-Казатомпром\""]
[null,"1537856","623 Т","257330.370.000005","Набор сменных головок","тип А","230:Набор:\" 1/2\"\" от 14 до 32 \":\" 1/2\"\" от 14 до 32 \"","ОИ","137-2 (не превышает тысячекратного МРП)","0","01.2018","471010000, Мангистауская область, Актау Г.А., г.Актау, \"Мангистауская область, г. Актау, промзона, ТОО \"\"МАЭК-Казатомпром\"\", здание 201\"","471010000, Мангистауская область, Актау Г.А., г.Актау, \"Мангистауская область, г. Актау, промзона, ТОО \"\"МАЭК-Казатомпром\"\"\"","DDP","С даты подписания договора в течение 45 календарных дней","Предоплата - 0% , Промежуточный платеж - 0% , Окончательный платеж - 100% ","Набор",{"v":15,"d":"15.000"},{"v":22464,"d":"22,464.000"},{"v":336960,"d":"336,960.000"},{"v":377395.2,"d":"377,395.200"},"-","Товарищество с ограниченной ответственностью \"Мангистауский атомный энергетический комбинат-Казатомпром\""]
[null,"1533124","624-1 Т","259411.800.000095","Гайка шестигранная","стальная, диаметр 24 мм","46:размер: М 24 : М 24  \\ 79:ГОСТ:5915-70:5915-70","ЦПП","-","100","02.2018","471010000, Мангистауская область, Актау Г.А., г.Актау, \"Мангистауская область, г. Актау, промзона, ТОО \"\"МАЭК-Казатомпром\"\", здание 201\"","471010000, Мангистауская область, Актау Г.А., г.Актау, \"Мангистауская область, г. Актау, промзона, ТОО \"\"МАЭК-Казатомпром\"\"\"","DDP","С даты подписания договора в течение 45 календарных дней","Окончательный платеж - 100% , Промежуточный платеж - 0% , Предоплата - 0% ","Килограмм",{"v":690,"d":"690.000"},{"v":730,"d":"730.000"},{"v":503700,"d":"503,700.000"},{"v":564144,"d":"564,144.000"},"ТПХ","Товарищество с ограниченной ответственностью \"Мангистауский атомный энергетический комбинат-Казатомпром\""]
[null,"1533118","625-1 Т","259411.800.000093","Гайка шестигранная","стальная, диаметр 12 мм","46:размер: М 12 : М 12  \\ 79:ГОСТ:5915-70:5915-70","ЦПП","-","100","02.2018","471010000, Мангистауская область, Актау Г.А., г.Актау, \"Мангистауская область, г. Актау, промзона, ТОО \"\"МАЭК-Казатомпром\"\", здание 201\"","471010000, Мангистауская область, Актау Г.А., г.Актау, \"Мангистауская область, г. Актау, промзона, ТОО \"\"МАЭК-Казатомпром\"\"\"","DDP","С даты подписания договора в течение 45 календарных дней","Окончательный платеж - 100% , Промежуточный платеж - 0% , Предоплата - 0% ","Килограмм",{"v":144,"d":"144.000"},{"v":750,"d":"750.000"},{"v":108000,"d":"108,000.000"},{"v":120960,"d":"120,960.000"},"ТПХ","Товарищество с ограниченной ответственностью \"Мангистауский атомный энергетический комбинат-Казатомпром\""]
[null,"1530528","626 Т","259411.300.000060","Болт с шестигранной головкой","стальной, диаметр 27 мм, с гайкой/шайбой","46:размер: М 27х120: М 27х120 \\ 79:ГОСТ:7798-70:7798-70","ЦПП","-","100","01.2018","471010000, Мангистауская область, Актау Г.А., г.Актау, \"Мангистауская область, г. Актау, промзона, ТОО \"\"МАЭК-Казатомпром\"\", здание 201\"","471010000, Мангистауская область, Актау Г.А., г.Актау, \"Мангистауская область, г. Актау, промзона, ТОО \"\"МАЭК-Казатомпром\"\"\"","DDP","С даты подписания договора в течение 45 календарных дней","Предоплата - 0% , Промежуточный платеж - 0% , Окончательный платеж - 100% ","Килограмм",{"v":527,"d":"527.000"},{"v":607.14,"d":"607.140"},{"v":319962.78,"d":"319,962.780"},{"v":358358.31,"d":"358,358.310"},"ТПХ","Товарищество с ограниченной ответственностью \"Мангистауский атомный энергетический комбинат-Казатомпром\""]
[null,"1533122","627-1 Т","259411.800.000105","Гайка шестигранная","стальная, диаметр 20 мм","46:размер:М 20 :М 20  \\ 79:ГОСТ:5915-70:5915-70","ЦПП","-","100","02.2018","471010000, Мангистауская область, Актау Г.А., г.Актау, \"Мангистауская область, г. Актау, промзона, ТОО \"\"МАЭК-Казатомпром\"\", здание 201\"","471010000, Мангистауская область, Актау Г.А., г.Актау, \"Мангистауская область, г. Актау, промзона, ТОО \"\"МАЭК-Казатомпром\"\"\"","DDP","С даты подписания договора в течение 45 календарных дней","Окончательный платеж - 100% , Промежуточный платеж - 0% , Предоплата - 0% ","Килограмм",{"v":294,"d":"294.000"},{"v":730,"d":"730.000"},{"v":214620,"d":"214,620.000"},{"v":240374.4,"d":"240,374.400"},"ТПХ","Товарищество с ограниченной ответственностью \"Мангистауский атомный энергетический комбинат-Казатомпром\""]
[null,"1530289","628-1 Т","259411.300.000040","Болт с шестигранной головкой","стальной, диаметр 14 мм, без гайки","46:размер:М 14х60 :М 14х60  \\ 79:ГОСТ:7798-70:7798-70","ЦПП","-","100","02.2018","471000000, Мангистауская область, Актау Г.А., Промзона, ТОО \"МАЭК-Казатомпром\", здание 201","471000000, Мангистауская область, Актау Г.А., Промзона, склад ТОО \"МАЭК-Казатомпром\"","DDP","С даты подписания договора в течение 45 календарных дней","Окончательный платеж - 100% , Промежуточный платеж - 0% , Предоплата - 0% ","Килограмм",{"v":180,"d":"180.000"},{"v":630,"d":"630.000"},{"v":113400,"d":"113,400.000"},{"v":127008,"d":"127,008.000"},"ТПХ","Товарищество с ограниченной ответственностью \"Мангистауский атомный энергетический комбинат-Казатомпром\""]
[null,"1533120","629-1 Т","259411.800.000102","Гайка шестигранная","стальная, диаметр 16 мм","46:размер: М 16 : М 16  \\ 79:ГОСТ:5915-70:5915-70","ЦПП","-","100","02.2018","471010000, Мангистауская область, Актау Г.А., г.Актау, \"Мангистауская область, г. Актау, промзона, ТОО \"\"МАЭК-Казатомпром\"\", здание 201\"","471010000, Мангистауская область, Актау Г.А., г.Актау, \"Мангистауская область, г. Актау, промзона, ТОО \"\"МАЭК-Казатомпром\"\"\"","DDP","С даты подписания договора в течение 45 календарных дней","Окончательный платеж - 100% , Промежуточный платеж - 0% , Предоплата - 0% ","Килограмм",{"v":403,"d":"403.000"},{"v":730,"d":"730.000"},{"v":294190,"d":"294,190.000"},{"v":329492.8,"d":"329,492.800"},"ТПХ","Товарищество с ограниченной ответственностью \"Мангистауский атомный энергетический комбинат-Казатомпром\""]
[null,"1533125","630-1 Т","259411.800.000107","Гайка шестигранная","стальная, диаметр 27 мм","46:размер: М 27 : М 27  \\ 79:ГОСТ:5915-70:5915-70","ЦПП","-","100","02.2018","471010000, Мангистауская область, Актау Г.А., г.Актау, \"Мангистауская область, г. Актау, промзона, ТОО \"\"МАЭК-Казатомпром\"\", здание 201\"","471010000, Мангистауская область, Актау Г.А., г.Актау, \"Мангистауская область, г. Актау, промзона, ТОО \"\"МАЭК-Казатомпром\"\"\"","DDP","С даты подписания договора в течение 45 календарных дней","Окончательный платеж - 100% , Промежуточный платеж - 0% , Предоплата - 0% ","Килограмм",{"v":615,"d":"615.000"},{"v":730,"d":"730.000"},{"v":448950,"d":"448,950.000"},{"v":502824,"d":"502,824.000"},"ТПХ","Товарищество с ограниченной ответственностью \"Мангистауский атомный энергетический комбинат-Казатомпром\""]
[null,"1530494","631-1 Т","259411.300.000057","Болт с шестигранной головкой","стальной, диаметр 24 мм, с гайкой/шайбой","46:размер: М 24х120 : М 24х120  \\ 79:ГОСТ:7798-70:7798-70","ЦПП","-","100","02.2018","471010000, Мангистауская область, Актау Г.А., г.Актау, \"Мангистауская область, г. Актау, промзона, ТОО \"\"МАЭК-Казатомпром\"\", здание 201\"","471010000, Мангистауская область, Актау Г.А., г.Актау, \"Мангистауская область, г. Актау, промзона, ТОО \"\"МАЭК-Казатомпром\"\"\"","DDP","С даты подписания договора в течение 45 календарных дней","Окончательный платеж - 100% , Промежуточный платеж - 0% , Предоплата - 0% ","Килограмм",{"v":380,"d":"380.000"},{"v":607.14,"d":"607.140"},{"v":230713.2,"d":"230,713.200"},{"v":258398.78,"d":"258,398.780"},"ТПХ","Товарищество с ограниченной ответственностью \"Мангистауский атомный энергетический комбинат-Казатомпром\""]
[null,"1533117","632-1 Т","259411.800.000092","Гайка шестигранная","стальная, диаметр 10 мм","46:размер: М 10 : М 10  \\ 79:ГОСТ:5915-70:5915-70","ЦПП","-","100","02.2018","471010000, Мангистауская область, Актау Г.А., г.Актау, \"Мангистауская область, г. Актау, промзона, ТОО \"\"МАЭК-Казатомпром\"\", здание 201\"","471010000, Мангистауская область, Актау Г.А., г.Актау, \"Мангистауская область, г. Актау, промзона, ТОО \"\"МАЭК-Казатомпром\"\"\"","DDP","С даты подписания договора в течение 45 календарных дней","Окончательный платеж - 100% , Промежуточный платеж - 0% , Предоплата - 0% ","Килограмм",{"v":84,"d":"84.000"},{"v":780,"d":"780.000"},{"v":65520,"d":"65,520.000"},{"v":73382.4,"d":"73,382.400"},"ТПХ","Товарищество с ограниченной ответственностью \"Мангистауский атомный энергетический комбинат-Казатомпром\""]
[null,"1533119","633-1 Т","259411.800.000106","Гайка шестигранная","стальная, диаметр 14 мм","46:размер: М 14 : М 14  \\ 79:ГОСТ:5915-70:5915-70","ЦПП","-","100","02.2018","471010000, Мангистауская область, Актау Г.А., г.Актау, \"Мангистауская область, г. Актау, промзона, ТОО \"\"МАЭК-Казатомпром\"\", здание 201\"","471010000, Мангистауская область, Актау Г.А., г.Актау, \"Мангистауская область, г. Актау, промзона, ТОО \"\"МАЭК-Казатомпром\"\"\"","DDP","С даты подписания договора в течение 45 календарных дней","Окончательный платеж - 100% , Промежуточный платеж - 0% , Предоплата - 0% ","Килограмм",{"v":249,"d":"249.000"},{"v":780,"d":"780.000"},{"v":194220,"d":"194,220.000"},{"v":217526.4,"d":"217,526.400"},"ТПХ","Товарищество с ограниченной ответственностью \"Мангистауский атомный энергетический комбинат-Казатомпром\""]
[null,"1530341","634 Т","259411.300.000045","Болт с шестигранной головкой","стальной, диаметр 16 мм, с гайкой/шайбой","46:размер: М 16х100 : М 16х100  \\ 79:ГОСТ:7798-70:7798-70","ЦПП","-","100","03.2018","471010000, Мангистауская область, Актау Г.А., г.Актау, \"Мангистауская область, г. Актау, промзона, ТОО \"\"МАЭК-Казатомпром\"\", здание 201\"","471010000, Мангистауская область, Актау Г.А., г.Актау, \"Мангистауская область, г. Актау, промзона, ТОО \"\"МАЭК-Казатомпром\"\"\"","DDP","С даты подписания договора в течение 45 календарных дней","Предоплата - 0% , Промежуточный платеж - 0% , Окончательный платеж - 100% ","Килограмм",{"v":50,"d":"50.000"},{"v":578.57,"d":"578.570"},{"v":28928.5,"d":"28,928.500"},{"v":32399.92,"d":"32,399.920"},"ТПХ","Товарищество с ограниченной ответственностью \"Мангистауский атомный энергетический комбинат-Казатомпром\""]
[null,"1539983","635 Т","259413.900.000049","Анкер","забивной, без гайки","46:размер: WAM 6/40: WAM 6/40","ОИ","137-2 (не превышает тысячекратного МРП)","0","01.2018","471010000, Мангистауская область, Актау Г.А., г.Актау, \"Мангистауская область, г. Актау, промзона, ТОО \"\"МАЭК-Казатомпром\"\", здание 201\"","471010000, Мангистауская область, Актау Г.А., г.Актау, \"Мангистауская область, г. Актау, промзона, ТОО \"\"МАЭК-Казатомпром\"\"\"","DDP","С даты подписания договора в течение 45 календарных дней","Предоплата - 0% , Промежуточный платеж - 0% , Окончательный платеж - 100% ","Штука",{"v":400,"d":"400.000"},{"v":30.81,"d":"30.810"},{"v":12324,"d":"12,324.000"},{"v":13802.88,"d":"13,802.880"},"-","Товарищество с ограниченной ответственностью \"Мангистауский атомный энергетический комбинат-Казатомпром\""]
[null,"1536660","636 Т","259412.100.000067","Шайба пружинная","стальная, диаметр 18 мм","46:размер:18  d=18  65Г:18  d=18  65Г \\ 79:ГОСТ: 6402-70: 6402-70","ОИ","137-2 (не превышает тысячекратного МРП)","100","02.2018","471010000, Мангистауская область, Актау Г.А., г.Актау, \"Мангистауская область, г. Актау, промзона, ТОО \"\"МАЭК-Казатомпром\"\", здание 201\"","471010000, Мангистауская область, Актау Г.А., г.Актау, \"Мангистауская область, г. Актау, промзона, ТОО \"\"МАЭК-Казатомпром\"\"\"","DDP","С даты подписания договора в течение 30 календарных дней","Предоплата - 0% , Промежуточный платеж - 0% , Окончательный платеж - 100% ","Килограмм",{"v":19,"d":"19.000"},{"v":913.85,"d":"913.850"},{"v":17363.15,"d":"17,363.150"},{"v":19446.73,"d":"19,446.730"},"-","Товарищество с ограниченной ответственностью \"Мангистауский атомный энергетический комбинат-Казатомпром\""]
[null,"1530241","637-1 Т","259411.300.000039","Болт с шестигранной головкой","стальной, диаметр 12 мм, с гайкой/шайбой","46:размер: М 12х40 : М 12х40  \\ 79:ГОСТ:7798-70:7798-70","ЦПП","-","100","02.2018","471000000, Мангистауская область, Актау Г.А., Промзона, ТОО \"МАЭК-Казатомпром\", здание 201","471010000, Мангистауская область, Актау Г.А., г.Актау, \"Мангистауская область, г. Актау, промзона, ТОО \"\"МАЭК-Казатомпром\"\"\"","DDP","С даты подписания договора в течение 45 календарных дней","Окончательный платеж - 100% , Промежуточный платеж - 0% , Предоплата - 0% ","Килограмм",{"v":110,"d":"110.000"},{"v":640,"d":"640.000"},{"v":70400,"d":"70,400.000"},{"v":78848,"d":"78,848.000"},"ТПХ","Товарищество с ограниченной ответственностью \"Мангистауский атомный энергетический комбинат-Казатомпром\""]
[null,"1530531","638-1 Т","259411.300.000060","Болт с шестигранной головкой","стальной, диаметр 27 мм, с гайкой/шайбой","46:размер: М 27х140 : М 27х140  \\ 79:ГОСТ:7798-70:7798-70","ЦПП","-","100","02.2018","471010000, Мангистауская область, Актау Г.А., г.Актау, \"Мангистауская область, г. Актау, промзона, ТОО \"\"МАЭК-Казатомпром\"\", здание 201\"","471010000, Мангистауская область, Актау Г.А., г.Актау, \"Мангистауская область, г. Актау, промзона, ТОО \"\"МАЭК-Казатомпром\"\"\"","DDP","С даты подписания договора в течение 45 календарных дней","Окончательный платеж - 100% , Промежуточный платеж - 0% , Предоплата - 0% ","Килограмм",{"v":1000,"d":"1,000.000"},{"v":685,"d":"685.000"},{"v":685000,"d":"685,000.000"},{"v":767200,"d":"767,200.000"},"ТПХ","Товарищество с ограниченной ответственностью \"Мангистауский атомный энергетический комбинат-Казатомпром\""]
[null,"1530490","639-1 Т","259411.300.000057","Болт с шестигранной головкой","стальной, диаметр 24 мм, с гайкой/шайбой","46:размер: М 24х100 : М 24х100  \\ 79:ГОСТ:7798-70:7798-70","ЦПП","-","100","02.2018","471010000, Мангистауская область, Актау Г.А., г.Актау, \"Мангистауская область, г. Актау, промзона, ТОО \"\"МАЭК-Казатомпром\"\", здание 201\"","471010000, Мангистауская область, Актау Г.А., г.Актау, \"Мангистауская область, г. Актау, промзона, ТОО \"\"МАЭК-Казатомпром\"\"\"","DDP","С даты подписания договора в течение 45 календарных дней","Окончательный платеж - 100% , Промежуточный платеж - 0% , Предоплата - 0% ","Килограмм",{"v":285,"d":"285.000"},{"v":665,"d":"665.000"},{"v":189525,"d":"189,525.000"},{"v":212268,"d":"212,268.000"},"ТПХ","Товарищество с ограниченной ответственностью \"Мангистауский атомный энергетический комбинат-Казатомпром\""]
[null,"1530378","640-1 Т","259411.300.000046","Болт с шестигранной головкой","стальной, диаметр 18 мм, без гайки","46:размер: М 18х90 : М 18х90  \\ 79:ГОСТ:7798-70:7798-70","ЦПП","-","100","02.2018","471000000, Мангистауская область, Актау Г.А., Промзона, ТОО \"МАЭК-Казатомпром\", здание 201","471000000, Мангистауская область, Актау Г.А., Промзона, склад ТОО \"МАЭК-Казатомпром\"","DDP","С даты подписания договора в течение 45 календарных дней","Окончательный платеж - 100% , Промежуточный платеж - 0% , Предоплата - 0% ","Килограмм",{"v":540,"d":"540.000"},{"v":675,"d":"675.000"},{"v":364500,"d":"364,500.000"},{"v":408240,"d":"408,240.000"},"ТПХ","Товарищество с ограниченной ответственностью \"Мангистауский атомный энергетический комбинат-Казатомпром\""]
[null,"1536607","641 Т","259412.300.000062","Шайба плоская","стальная, диаметр 18 мм","46:размер:12:12 \\ 79:ГОСТ:11371-78:11371-78","ОИ","137-2 (не превышает тысячекратного МРП)","100","01.2018","471010000, Мангистауская область, Актау Г.А., г.Актау, \"Мангистауская область, г. Актау, промзона, ТОО \"\"МАЭК-Казатомпром\"\", здание 201\"","471010000, Мангистауская область, Актау Г.А., г.Актау, \"Мангистауская область, г. Актау, промзона, ТОО \"\"МАЭК-Казатомпром\"\"\"","DDP","С даты подписания договора в течение 30 календарных дней","Предоплата - 0% , Промежуточный платеж - 0% , Окончательный платеж - 100% ","Килограмм",{"v":51,"d":"51.000"},{"v":790.62,"d":"790.620"},{"v":40321.62,"d":"40,321.620"},{"v":45160.21,"d":"45,160.210"},"-","Товарищество с ограниченной ответственностью \"Мангистауский атомный энергетический комбинат-Казатомпром\""]
[null,"1530179","642 Т","259411.300.000031","Болт с шестигранной головкой","стальной, диаметр 8 мм, без гайки","46:размер: М 8х75 : М 8х75  \\ 79:ГОСТ:7798-70:7798-70","ЦПП","-","100","01.2018","471010000, Мангистауская область, Актау Г.А., г.Актау, \"Мангистауская область, г. Актау, промзона, ТОО \"\"МАЭК-Казатомпром\"\", здание 201\"","471010000, Мангистауская область, Актау Г.А., г.Актау, \"Мангистауская область, г. Актау, промзона, ТОО \"\"МАЭК-Казатомпром\"\"\"","DDP","С даты подписания договора в течение 45 календарных дней","Предоплата - 0% , Промежуточный платеж - 0% , Окончательный платеж - 100% ","Килограмм",{"v":20,"d":"20.000"},{"v":690,"d":"690.000"},{"v":13800,"d":"13,800.000"},{"v":15456,"d":"15,456.000"},"ТПХ","Товарищество с ограниченной ответственностью \"Мангистауский атомный энергетический комбинат-Казатомпром\""]
[null,"1533126","643-1 Т","259411.800.000103","Гайка шестигранная","стальная, диаметр 30 мм","46:размер: М 30 : М 30  \\ 79:ГОСТ:5915-70:5915-70","ЦПП","-","100","02.2018","471000000, Мангистауская область, Актау Г.А., Промзона, ТОО \"МАЭК-Казатомпром\", здание 201","471010000, Мангистауская область, Актау Г.А., г.Актау, \"Мангистауская область, г. Актау, промзона, ТОО \"\"МАЭК-Казатомпром\"\"\"","DDP","С даты подписания договора в течение 45 календарных дней","Окончательный платеж - 100% , Промежуточный платеж - 0% , Предоплата - 0% ","Килограмм",{"v":330,"d":"330.000"},{"v":730,"d":"730.000"},{"v":240900,"d":"240,900.000"},{"v":269808,"d":"269,808.000"},"ТПХ","Товарищество с ограниченной ответственностью \"Мангистауский атомный энергетический комбинат-Казатомпром\""]
[null,"1530498","644 Т","259411.300.000057","Болт с шестигранной головкой","стальной, диаметр 24 мм, с гайкой/шайбой","46:размер: М 24х160 : М 24х160  \\ 79:ГОСТ:7798-70:7798-70","ЦПП","-","100","01.2018","471010000, Мангистауская область, Актау Г.А., г.Актау, \"Мангистауская область, г. Актау, промзона, ТОО \"\"МАЭК-Казатомпром\"\", здание 201\"","471010000, Мангистауская область, Актау Г.А., г.Актау, \"Мангистауская область, г. Актау, промзона, ТОО \"\"МАЭК-Казатомпром\"\"\"","DDP","С даты подписания договора в течение 45 календарных дней","Предоплата - 0% , Промежуточный платеж - 0% , Окончательный платеж - 100% ","Килограмм",{"v":80,"d":"80.000"},{"v":665,"d":"665.000"},{"v":53200,"d":"53,200.000"},{"v":59584,"d":"59,584.000"},"ТПХ","Товарищество с ограниченной ответственностью \"Мангистауский атомный энергетический комбинат-Казатомпром\""]
[null,"1530456","645-1 Т","259411.300.000053","Болт с шестигранной головкой","стальной, диаметр 22 мм, с гайкой","46:размер: М 22х100 : М 22х100  \\ 79:ГОСТ:7798-70:7798-70","ЦПП","-","100","02.2018","471010000, Мангистауская область, Актау Г.А., г.Актау, \"Мангистауская область, г. Актау, промзона, ТОО \"\"МАЭК-Казатомпром\"\", здание 201\"","471010000, Мангистауская область, Актау Г.А., г.Актау, \"Мангистауская область, г. Актау, промзона, ТОО \"\"МАЭК-Казатомпром\"\"\"","DDP","С даты подписания договора в течение 45 календарных дней","Окончательный платеж - 100% , Промежуточный платеж - 0% , Предоплата - 0% ","Килограмм",{"v":750,"d":"750.000"},{"v":607.14,"d":"607.140"},{"v":455355,"d":"455,355.000"},{"v":509997.6,"d":"509,997.600"},"ТПХ","Товарищество с ограниченной ответственностью \"Мангистауский атомный энергетический комбинат-Казатомпром\""]
[null,"1536667","646 Т","259412.100.000074","Шайба пружинная","стальная, диаметр 36 мм","46:размер: 36   d=36  65Г: 36   d=36  65Г \\ 79:ГОСТ:6402-70:6402-70","ОИ","137-2 (не превышает тысячекратного МРП)","100","01.2018","471010000, Мангистауская область, Актау Г.А., г.Актау, \"Мангистауская область, г. Актау, промзона, ТОО \"\"МАЭК-Казатомпром\"\", здание 201\"","471010000, Мангистауская область, Актау Г.А., г.Актау, \"Мангистауская область, г. Актау, промзона, ТОО \"\"МАЭК-Казатомпром\"\"\"","DDP","С даты подписания договора в течение 30 календарных дней","Предоплата - 0% , Промежуточный платеж - 0% , Окончательный платеж - 100% ","Килограмм",{"v":15,"d":"15.000"},{"v":864,"d":"864.000"},{"v":12960,"d":"12,960.000"},{"v":14515.2,"d":"14,515.200"},"-","Товарищество с ограниченной ответственностью \"Мангистауский атомный энергетический комбинат-Казатомпром\""]
[null,"1530291","647-1 Т","259411.300.000040","Болт с шестигранной головкой","стальной, диаметр 14 мм, без гайки","46:размер: М 14х70 : М 14х70  \\ 79:ГОСТ:7798-70:7798-70","ЦПП","-","100","02.2018","471010000, Мангистауская область, Актау Г.А., г.Актау, \"Мангистауская область, г. Актау, промзона, ТОО \"\"МАЭК-Казатомпром\"\", здание 201\"","471010000, Мангистауская область, Актау Г.А., г.Актау, \"Мангистауская область, г. Актау, промзона, ТОО \"\"МАЭК-Казатомпром\"\"\"","DDP","С даты подписания договора в течение 45 календарных дней","Окончательный платеж - 100% , Промежуточный платеж - 0% , Предоплата - 0% ","Килограмм",{"v":140,"d":"140.000"},{"v":630,"d":"630.000"},{"v":88200,"d":"88,200.000"},{"v":98784,"d":"98,784.000"},"ТПХ","Товарищество с ограниченной ответственностью \"Мангистауский атомный энергетический комбинат-Казатомпром\""]
[null,"1530136","648-1 Т","259411.300.000028","Болт с шестигранной головкой","стальной, диаметр 6 мм, без гайки","46:размер: М6х20 : М6х20  \\ 79:ГОСТ:7798-70:7798-70","ЦПП","-","100","02.2018","471010000, Мангистауская область, Актау Г.А., г.Актау, \"Мангистауская область, г. Актау, промзона, ТОО \"\"МАЭК-Казатомпром\"\", здание 201\"","471010000, Мангистауская область, Актау Г.А., г.Актау, \"Мангистауская область, г. Актау, промзона, ТОО \"\"МАЭК-Казатомпром\"\"\"","DDP","С даты подписания договора в течение 45 календарных дней","Окончательный платеж - 100% , Промежуточный платеж - 0% , Предоплата - 0% ","Килограмм",{"v":50,"d":"50.000"},{"v":757.62,"d":"757.620"},{"v":37881,"d":"37,881.000"},{"v":42426.72,"d":"42,426.720"},"ТПХ","Товарищество с ограниченной ответственностью \"Мангистауский атомный энергетический комбинат-Казатомпром\""]
[null,"1536657","649 Т","259412.100.000064","Шайба пружинная","стальная, диаметр 12 мм","46:размер:12   d=12  65Г:12   d=12  65Г \\ 79:ГОСТ:6402-70:6402-70","ОИ","137-2 (не превышает тысячекратного МРП)","100","03.2018","471010000, Мангистауская область, Актау Г.А., г.Актау, \"Мангистауская область, г. Актау, промзона, ТОО \"\"МАЭК-Казатомпром\"\", здание 201\"","471010000, Мангистауская область, Актау Г.А., г.Актау, \"Мангистауская область, г. Актау, промзона, ТОО \"\"МАЭК-Казатомпром\"\"\"","DDP","С даты подписания договора в течение 30 календарных дней","Предоплата - 0% , Промежуточный платеж - 0% , Окончательный платеж - 100% ","Килограмм",{"v":18,"d":"18.000"},{"v":944.64,"d":"944.640"},{"v":17003.52,"d":"17,003.520"},{"v":19043.94,"d":"19,043.940"},"-","Товарищество с ограниченной ответственностью \"Мангистауский атомный энергетический комбинат-Казатомпром\""]
[null,"1536616","650 Т","259412.300.000069","Шайба плоская","стальная, диаметр 36 мм","46:размер:36:36 \\ 79:ГОСТ:11371-78:11371-78","ОИ","137-2 (не превышает тысячекратного МРП)","100","04.2018","471010000, Мангистауская область, Актау Г.А., г.Актау, \"Мангистауская область, г. Актау, промзона, ТОО \"\"МАЭК-Казатомпром\"\", здание 201\"","471010000, Мангистауская область, Актау Г.А., г.Актау, \"Мангистауская область, г. Актау, промзона, ТОО \"\"МАЭК-Казатомпром\"\"\"","DDP","С даты подписания договора в течение 30 календарных дней","Предоплата - 0% , Промежуточный платеж - 0% , Окончательный платеж - 100% ","Килограмм",{"v":20,"d":"20.000"},{"v":810,"d":"810.000"},{"v":16200,"d":"16,200.000"},{"v":18144,"d":"18,144.000"},"-","Товарищество с ограниченной ответственностью \"Мангистауский атомный энергетический комбинат-Казатомпром\""]
[null,"1530656","651-1 Т","259411.390.000017","Рым-болт","стальной, резьба М30","46:размер: М30 : М30  \\ 79:ГОСТ:4751-73:4751-73","ЦПП","-","0","02.2018","471010000, Мангистауская область, Актау Г.А., г.Актау, \"Мангистауская область, г. Актау, промзона, ТОО \"\"МАЭК-Казатомпром\"\", здание 201\"","471010000, Мангистауская область, Актау Г.А., г.Актау, \"Мангистауская область, г. Актау, промзона, ТОО \"\"МАЭК-Казатомпром\"\"\"","DDP","С даты подписания договора в течение 45 календарных дней","Окончательный платеж - 100% , Промежуточный платеж - 0% , Предоплата - 0% ","Штука",{"v":40,"d":"40.000"},{"v":3564,"d":"3,564.000"},{"v":142560,"d":"142,560.000"},{"v":159667.2,"d":"159,667.200"},"-","Товарищество с ограниченной ответственностью \"Мангистауский атомный энергетический комбинат-Казатомпром\""]
[null,"1530244","652 Т","259411.300.000039","Болт с шестигранной головкой","стальной, диаметр 12 мм, с гайкой/шайбой","46:размер: М 12х55: М 12х55  \\ 79:ГОСТ:7798-70:7798-70","ЦПП","-","100","01.2018","471010000, Мангистауская область, Актау Г.А., г.Актау, \"Мангистауская область, г. Актау, промзона, ТОО \"\"МАЭК-Казатомпром\"\", здание 201\"","471010000, Мангистауская область, Актау Г.А., г.Актау, \"Мангистауская область, г. Актау, промзона, ТОО \"\"МАЭК-Казатомпром\"\"\"","DDP","С даты подписания договора в течение 45 календарных дней","Предоплата - 0% , Промежуточный платеж - 0% , Окончательный платеж - 100% ","Килограмм",{"v":30,"d":"30.000"},{"v":640,"d":"640.000"},{"v":19200,"d":"19,200.000"},{"v":21504,"d":"21,504.000"},"ТПХ","Товарищество с ограниченной ответственностью \"Мангистауский атомный энергетический комбинат-Казатомпром\""]
[null,"1530633","653-1 Т","259411.300.000068","Болт с шестигранной головкой","стальной, диаметр 42 мм, с гайкой","46:размер: М 42х200 : М 42х200  \\ 79:ГОСТ:7798-70:7798-70","ЦПП","-","100","02.2018","471010000, Мангистауская область, Актау Г.А., г.Актау, \"Мангистауская область, г. Актау, промзона, ТОО \"\"МАЭК-Казатомпром\"\", здание 201\"","471010000, Мангистауская область, Актау Г.А., г.Актау, \"Мангистауская область, г. Актау, промзона, ТОО \"\"МАЭК-Казатомпром\"\"\"","DDP","С даты подписания договора в течение 45 календарных дней","Окончательный платеж - 100% , Промежуточный платеж - 0% , Предоплата - 0% ","Килограмм",{"v":200,"d":"200.000"},{"v":867.86,"d":"867.860"},{"v":173572,"d":"173,572.000"},{"v":194400.64,"d":"194,400.640"},"ТПХ","Товарищество с ограниченной ответственностью \"Мангистауский атомный энергетический комбинат-Казатомпром\""]
[null,"1530600","654 Т","259411.300.000064","Болт с шестигранной головкой","стальной, диаметр 36 мм, без гайки","46:размер: М 36х170 : М 36х170  \\ 79:ГОСТ:7798-70:7798-70","ЦПП","-","100","01.2018","471010000, Мангистауская область, Актау Г.А., г.Актау, \"Мангистауская область, г. Актау, промзона, ТОО \"\"МАЭК-Казатомпром\"\", здание 201\"","471010000, Мангистауская область, Актау Г.А., г.Актау, \"Мангистауская область, г. Актау, промзона, ТОО \"\"МАЭК-Казатомпром\"\"\"","DDP","С даты подписания договора в течение 45 календарных дней","Предоплата - 0% , Промежуточный платеж - 0% , Окончательный платеж - 100% ","Килограмм",{"v":160,"d":"160.000"},{"v":841,"d":"841.000"},{"v":134560,"d":"134,560.000"},{"v":150707.2,"d":"150,707.200"},"ТПХ","Товарищество с ограниченной ответственностью \"Мангистауский атомный энергетический комбинат-Казатомпром\""]
[null,"1530564","655-1 Т","259411.300.000062","Болт с шестигранной головкой","стальной, диаметр 30 мм, с гайкой","46:размер: М 30х140 : М 30х140  \\ 79:ГОСТ:7798-70:7798-70","ЦПП","-","100","02.2018","471010000, Мангистауская область, Актау Г.А., г.Актау, \"Мангистауская область, г. Актау, промзона, ТОО \"\"МАЭК-Казатомпром\"\", здание 201\"","471010000, Мангистауская область, Актау Г.А., г.Актау, \"Мангистауская область, г. Актау, промзона, ТОО \"\"МАЭК-Казатомпром\"\"\"","DDP","С даты подписания договора в течение 45 календарных дней","Окончательный платеж - 100% , Промежуточный платеж - 0% , Предоплата - 0% ","Килограмм",{"v":800,"d":"800.000"},{"v":650,"d":"650.000"},{"v":520000,"d":"520,000.000"},{"v":582400,"d":"582,400.000"},"ТПХ","Товарищество с ограниченной ответственностью \"Мангистауский атомный энергетический комбинат-Казатомпром\""]
[null,"1530496","656-1 Т","259411.300.000057","Болт с шестигранной головкой","стальной, диаметр 24 мм, с гайкой/шайбой","46:размер: М 24х130 : М 24х130  \\ 79:ГОСТ:7798-70:7798-70","ЦПП","-","100","02.2018","471010000, Мангистауская область, Актау Г.А., г.Актау, \"Мангистауская область, г. Актау, промзона, ТОО \"\"МАЭК-Казатомпром\"\", здание 201\"","471010000, Мангистауская область, Актау Г.А., г.Актау, \"Мангистауская область, г. Актау, промзона, ТОО \"\"МАЭК-Казатомпром\"\"\"","DDP","С даты подписания договора в течение 45 календарных дней","Окончательный платеж - 100% , Промежуточный платеж - 0% , Предоплата - 0% ","Килограмм",{"v":200,"d":"200.000"},{"v":665,"d":"665.000"},{"v":133000,"d":"133,000.000"},{"v":148960,"d":"148,960.000"},"ТПХ","Товарищество с ограниченной ответственностью \"Мангистауский атомный энергетический комбинат-Казатомпром\""]
[null,"1530424","657 Т","259411.300.000051","Болт с шестигранной головкой","стальной, диаметр 20 мм, с гайкой/шайбой","46:размер: М 20х130 : М 20х130  \\ 79:ГОСТ:7798-70:7798-70","ЦПП","-","100","01.2018","471010000, Мангистауская область, Актау Г.А., г.Актау, \"Мангистауская область, г. Актау, промзона, ТОО \"\"МАЭК-Казатомпром\"\", здание 201\"","471010000, Мангистауская область, Актау Г.А., г.Актау, \"Мангистауская область, г. Актау, промзона, ТОО \"\"МАЭК-Казатомпром\"\"\"","DDP","С даты подписания договора в течение 45 календарных дней","Предоплата - 0% , Промежуточный платеж - 0% , Окончательный платеж - 100% ","Килограмм",{"v":160,"d":"160.000"},{"v":620,"d":"620.000"},{"v":99200,"d":"99,200.000"},{"v":111104,"d":"111,104.000"},"ТПХ","Товарищество с ограниченной ответственностью \"Мангистауский атомный энергетический комбинат-Казатомпром\""]
[null,"1530374","658-1 Т","259411.300.000046","Болт с шестигранной головкой","стальной, диаметр 18 мм, без гайки","46:размер: М 18х70 : М 18х70  \\ 79:ГОСТ:7798-70:7798-70","ЦПП","-","100","02.2018","471010000, Мангистауская область, Актау Г.А., г.Актау, \"Мангистауская область, г. Актау, промзона, ТОО \"\"МАЭК-Казатомпром\"\", здание 201\"","471010000, Мангистауская область, Актау Г.А., г.Актау, \"Мангистауская область, г. Актау, промзона, ТОО \"\"МАЭК-Казатомпром\"\"\"","DDP","С даты подписания договора в течение 45 календарных дней","Окончательный платеж - 100% , Промежуточный платеж - 0% , Предоплата - 0% ","Килограмм",{"v":208,"d":"208.000"},{"v":675,"d":"675.000"},{"v":140400,"d":"140,400.000"},{"v":157248,"d":"157,248.000"},"ТПХ","Товарищество с ограниченной ответственностью \"Мангистауский атомный энергетический комбинат-Казатомпром\""]
[null,"1536661","659 Т","259412.100.000077","Шайба пружинная","стальная, диаметр 45 мм","46:размер:Шайба пружинная 20 (ГОСТ 6402-70  d=20  65Г):Шайба пружинная 20 (ГОСТ 6402-70  d=20  65Г)","ОИ","137-2 (не превышает тысячекратного МРП)","100","01.2018","471010000, Мангистауская область, Актау Г.А., г.Актау, \"Мангистауская область, г. Актау, промзона, ТОО \"\"МАЭК-Казатомпром\"\", здание 201\"","471010000, Мангистауская область, Актау Г.А., г.Актау, \"Мангистауская область, г. Актау, промзона, ТОО \"\"МАЭК-Казатомпром\"\"\"","DDP","С даты подписания договора в течение 30 календарных дней","Предоплата - 0% , Промежуточный платеж - 0% , Окончательный платеж - 100% ","Килограмм",{"v":17,"d":"17.000"},{"v":913.85,"d":"913.850"},{"v":15535.45,"d":"15,535.450"},{"v":17399.7,"d":"17,399.700"},"-","Товарищество с ограниченной ответственностью \"Мангистауский атомный энергетический комбинат-Казатомпром\""]
[null,"1530176","660-1 Т","259411.300.000031","Болт с шестигранной головкой","стальной, диаметр 8 мм, без гайки","46:размер: М 8х60: М 8х60 \\ 79:ГОСТ:7798-70:7798-70","ЦПП","-","100","02.2018","471010000, Мангистауская область, Актау Г.А., г.Актау, \"Мангистауская область, г. Актау, промзона, ТОО \"\"МАЭК-Казатомпром\"\", здание 201\"","471010000, Мангистауская область, Актау Г.А., г.Актау, \"Мангистауская область, г. Актау, промзона, ТОО \"\"МАЭК-Казатомпром\"\"\"","DDP","С даты подписания договора в течение 45 календарных дней","Окончательный платеж - 100% , Промежуточный платеж - 0% , Предоплата - 0% ","Килограмм",{"v":70,"d":"70.000"},{"v":690,"d":"690.000"},{"v":48300,"d":"48,300.000"},{"v":54096,"d":"54,096.000"},"ТПХ","Товарищество с ограниченной ответственностью \"Мангистауский атомный энергетический комбинат-Казатомпром\""]
[null,"1530247","661-1 Т","259411.300.000039","Болт с шестигранной головкой","стальной, диаметр 12 мм, с гайкой/шайбой","46:размер: М 12х70 : М 12х70  \\ 79:ГОСТ:7798-70:7798-70","ЦПП","-","100","02.2018","471010000, Мангистауская область, Актау Г.А., г.Актау, \"Мангистауская область, г. Актау, промзона, ТОО \"\"МАЭК-Казатомпром\"\", здание 201\"","471010000, Мангистауская область, Актау Г.А., г.Актау, \"Мангистауская область, г. Актау, промзона, ТОО \"\"МАЭК-Казатомпром\"\"\"","DDP","С даты подписания договора в течение 45 календарных дней","Окончательный платеж - 100% , Промежуточный платеж - 0% , Предоплата - 0% ","Килограмм",{"v":87,"d":"87.000"},{"v":640,"d":"640.000"},{"v":55680,"d":"55,680.000"},{"v":62361.6,"d":"62,361.600"},"ТПХ","Товарищество с ограниченной ответственностью \"Мангистауский атомный энергетический комбинат-Казатомпром\""]
[null,"1536659","662 Т","259412.100.000054","Шайба пружинная","стальная, диаметр 2 мм","46:размер:Шайба пружинная 16 (ГОСТ 6402-70  d=16  65Г):Шайба пружинная 16 (ГОСТ 6402-70  d=16  65Г)","ОИ","137-2 (не превышает тысячекратного МРП)","100","01.2018","471010000, Мангистауская область, Актау Г.А., г.Актау, \"Мангистауская область, г. Актау, промзона, ТОО \"\"МАЭК-Казатомпром\"\", здание 201\"","471010000, Мангистауская область, Актау Г.А., г.Актау, \"Мангистауская область, г. Актау, промзона, ТОО \"\"МАЭК-Казатомпром\"\"\"","DDP","С даты подписания договора в течение 30 календарных дней","Предоплата - 0% , Промежуточный платеж - 0% , Окончательный платеж - 100% ","Килограмм",{"v":19,"d":"19.000"},{"v":913.85,"d":"913.850"},{"v":17363.15,"d":"17,363.150"},{"v":19446.73,"d":"19,446.730"},"-","Товарищество с ограниченной ответственностью \"Мангистауский атомный энергетический комбинат-Казатомпром\""]
[null,"1530339","663-1 Т","259411.300.000045","Болт с шестигранной головкой","стальной, диаметр 16 мм, с гайкой/шайбой","46:размер: М 16х90 : М 16х90  \\ 79:ГОСТ:7798-70:7798-70","ЦПП","-","100","02.2018","471010000, Мангистауская область, Актау Г.А., г.Актау, \"Мангистауская область, г. Актау, промзона, ТОО \"\"МАЭК-Казатомпром\"\", здание 201\"","471010000, Мангистауская область, Актау Г.А., г.Актау, \"Мангистауская область, г. Актау, промзона, ТОО \"\"МАЭК-Казатомпром\"\"\"","DDP","С даты подписания договора в течение 45 календарных дней","Окончательный платеж - 100% , Промежуточный платеж - 0% , Предоплата - 0% ","Килограмм",{"v":1227,"d":"1,227.000"},{"v":578.57,"d":"578.570"},{"v":709905.39,"d":"709,905.390"},{"v":795094.04,"d":"795,094.040"},"ТПХ","Товарищество с ограниченной ответственностью \"Мангистауский атомный энергетический комбинат-Казатомпром\""]
[null,"1530333","664-1 Т","259411.300.000045","Болт с шестигранной головкой","стальной, диаметр 16 мм, с гайкой/шайбой","46:размер: М 16х60 : М 16х60  \\ 79:ГОСТ:7798-70:7798-70","ЦПП","-","100","02.2018","471010000, Мангистауская область, Актау Г.А., г.Актау, \"Мангистауская область, г. Актау, промзона, ТОО \"\"МАЭК-Казатомпром\"\", здание 201\"","471010000, Мангистауская область, Актау Г.А., г.Актау, \"Мангистауская область, г. Актау, промзона, ТОО \"\"МАЭК-Казатомпром\"\"\"","DDP","С даты подписания договора в течение 45 календарных дней","Окончательный платеж - 100% , Промежуточный платеж - 0% , Предоплата - 0% ","Килограмм",{"v":420,"d":"420.000"},{"v":578.57,"d":"578.570"},{"v":242999.4,"d":"242,999.400"},{"v":272159.33,"d":"272,159.330"},"ТПХ","Товарищество с ограниченной ответственностью \"Мангистауский атомный энергетический комбинат-Казатомпром\""]
[null,"1536658","665 Т","259412.100.000060","Шайба пружинная","стальная, диаметр 6 мм","46:размер:Шайба пружинная 14 (ГОСТ 6402-70  d=14  65Г):Шайба пружинная 14 (ГОСТ 6402-70  d=14  65Г)","ОИ","137-2 (не превышает тысячекратного МРП)","100","02.2018","471010000, Мангистауская область, Актау Г.А., г.Актау, \"Мангистауская область, г. Актау, промзона, ТОО \"\"МАЭК-Казатомпром\"\", здание 201\"","471010000, Мангистауская область, Актау Г.А., г.Актау, \"Мангистауская область, г. Актау, промзона, ТОО \"\"МАЭК-Казатомпром\"\"\"","DDP","С даты подписания договора в течение 30 календарных дней","Предоплата - 0% , Промежуточный платеж - 0% , Окончательный платеж - 100% ","Килограмм",{"v":18,"d":"18.000"},{"v":892.86,"d":"892.860"},{"v":16071.48,"d":"16,071.480"},{"v":18000.06,"d":"18,000.060"},"-","Товарищество с ограниченной ответственностью \"Мангистауский атомный энергетический комбинат-Казатомпром\""]
[null,"1536665","666 Т","259412.100.000065","Шайба пружинная","стальная, диаметр 14 мм","46:размер:Шайба пружинная 30 (ГОСТ 6402-70  d=30  65Г):Шайба пружинная 30 (ГОСТ 6402-70  d=30  65Г)","ОИ","137-2 (не превышает тысячекратного МРП)","100","01.2018","471010000, Мангистауская область, Актау Г.А., г.Актау, \"Мангистауская область, г. Актау, промзона, ТОО \"\"МАЭК-Казатомпром\"\", здание 201\"","471010000, Мангистауская область, Актау Г.А., г.Актау, \"Мангистауская область, г. Актау, промзона, ТОО \"\"МАЭК-Казатомпром\"\"\"","DDP","С даты подписания договора в течение 30 календарных дней","Предоплата - 0% , Промежуточный платеж - 0% , Окончательный платеж - 100% ","Килограмм",{"v":17,"d":"17.000"},{"v":862.5,"d":"862.500"},{"v":14662.5,"d":"14,662.500"},{"v":16422,"d":"16,422.000"},"-","Товарищество с ограниченной ответственностью \"Мангистауский атомный энергетический комбинат-Казатомпром\""]
[null,"1533115","667-1 Т","259411.800.000100","Гайка шестигранная","стальная, диаметр 6 мм","46:размер: М 6: М 6 \\ 79:ГОСТ:5915-70:5915-70","ЦПП","-","100","02.2018","471010000, Мангистауская область, Актау Г.А., г.Актау, \"Мангистауская область, г. Актау, промзона, ТОО \"\"МАЭК-Казатомпром\"\", здание 201\"","471010000, Мангистауская область, Актау Г.А., г.Актау, \"Мангистауская область, г. Актау, промзона, ТОО \"\"МАЭК-Казатомпром\"\"\"","DDP","С даты подписания договора в течение 45 календарных дней","Окончательный платеж - 100% , Промежуточный платеж - 0% , Предоплата - 0% ","Килограмм",{"v":61,"d":"61.000"},{"v":1034,"d":"1,034.000"},{"v":63074,"d":"63,074.000"},{"v":70642.88,"d":"70,642.880"},"ТПХ","Товарищество с ограниченной ответственностью \"Мангистауский атомный энергетический комбинат-Казатомпром\""]
[null,"1530634","668-1 Т","259411.300.000068","Болт с шестигранной головкой","стальной, диаметр 42 мм, с гайкой","46:размер: М 42х220 : М 42х220  \\ 79:ГОСТ:7798-70:7798-70","ЦПП","-","100","02.2018","471010000, Мангистауская область, Актау Г.А., г.Актау, \"Мангистауская область, г. Актау, промзона, ТОО \"\"МАЭК-Казатомпром\"\", здание 201\"","471010000, Мангистауская область, Актау Г.А., г.Актау, \"Мангистауская область, г. Актау, промзона, ТОО \"\"МАЭК-Казатомпром\"\"\"","DDP","С даты подписания договора в течение 45 календарных дней","Окончательный платеж - 100% , Промежуточный платеж - 0% , Предоплата - 0% ","Килограмм",{"v":500,"d":"500.000"},{"v":875,"d":"875.000"},{"v":437500,"d":"437,500.000"},{"v":490000,"d":"490,000.000"},"ТПХ","Товарищество с ограниченной ответственностью \"Мангистауский атомный энергетический комбинат-Казатомпром\""]
[null,"1536612","669 Т","259412.300.000064","Шайба плоская","стальная, диаметр 22 мм","46:размер:Шайба плоская 22 (ГОСТ 11371-78):Шайба плоская 22 (ГОСТ 11371-78)","ОИ","137-2 (не превышает тысячекратного МРП)","100","04.2018","471010000, Мангистауская область, Актау Г.А., г.Актау, \"Мангистауская область, г. Актау, промзона, ТОО \"\"МАЭК-Казатомпром\"\", здание 201\"","471010000, Мангистауская область, Актау Г.А., г.Актау, \"Мангистауская область, г. Актау, промзона, ТОО \"\"МАЭК-Казатомпром\"\"\"","DDP","С даты подписания договора в течение 30 календарных дней","Предоплата - 0% , Промежуточный платеж - 0% , Окончательный платеж - 100% ","Килограмм",{"v":25,"d":"25.000"},{"v":790.62,"d":"790.620"},{"v":19765.5,"d":"19,765.500"},{"v":22137.36,"d":"22,137.360"},"-","Товарищество с ограниченной ответственностью \"Мангистауский атомный энергетический комбинат-Казатомпром\""]
[null,"1536609","670 Т","259314.800.000178","Шайба плоская","из алюминия/алюминиевого сплава, диаметр 16 мм","46:размер:Шайба плоская 16 (ГОСТ 11371-78):Шайба плоская 16 (ГОСТ 11371-78)","ОИ","137-2 (не превышает тысячекратного МРП)","100","03.2018","471010000, Мангистауская область, Актау Г.А., г.Актау, \"Мангистауская область, г. Актау, промзона, ТОО \"\"МАЭК-Казатомпром\"\", здание 201\"","471010000, Мангистауская область, Актау Г.А., г.Актау, \"Мангистауская область, г. Актау, промзона, ТОО \"\"МАЭК-Казатомпром\"\"\"","DDP","С даты подписания договора в течение 30 календарных дней","Предоплата - 0% , Промежуточный платеж - 0% , Окончательный платеж - 100% ","Килограмм",{"v":48,"d":"48.000"},{"v":790.62,"d":"790.620"},{"v":37949.76,"d":"37,949.760"},{"v":42503.73,"d":"42,503.730"},"-","Товарищество с ограниченной ответственностью \"Мангистауский атомный энергетический комбинат-Казатомпром\""]
[null,"1536606","671 Т","259412.300.000047","Шайба плоская","стальная, диаметр 1,2 мм","46:размер:Шайба плоская 10 (ГОСТ 11371-78):Шайба плоская 10 (ГОСТ 11371-78)","ОИ","137-2 (не превышает тысячекратного МРП)","100","03.2018","471010000, Мангистауская область, Актау Г.А., г.Актау, \"Мангистауская область, г. Актау, промзона, ТОО \"\"МАЭК-Казатомпром\"\", здание 201\"","471010000, Мангистауская область, Актау Г.А., г.Актау, \"Мангистауская область, г. Актау, промзона, ТОО \"\"МАЭК-Казатомпром\"\"\"","DDP","С даты подписания договора в течение 30 календарных дней","Предоплата - 0% , Промежуточный платеж - 0% , Окончательный платеж - 100% ","Килограмм",{"v":2,"d":"2.000"},{"v":852.24,"d":"852.240"},{"v":1704.48,"d":"1,704.480"},{"v":1909.02,"d":"1,909.020"},"-","Товарищество с ограниченной ответственностью \"Мангистауский атомный энергетический комбинат-Казатомпром\""]
[null,"1536608","672 Т","259412.300.000054","Шайба плоская","стальная, диаметр 4 мм","46:размер:Шайба плоская 14 (ГОСТ 11371-78):Шайба плоская 14 (ГОСТ 11371-78)","ОИ","137-2 (не превышает тысячекратного МРП)","100","03.2018","471010000, Мангистауская область, Актау Г.А., г.Актау, \"Мангистауская область, г. Актау, промзона, ТОО \"\"МАЭК-Казатомпром\"\", здание 201\"","471010000, Мангистауская область, Актау Г.А., г.Актау, \"Мангистауская область, г. Актау, промзона, ТОО \"\"МАЭК-Казатомпром\"\"\"","DDP","С даты подписания договора в течение 30 календарных дней","Предоплата - 0% , Промежуточный платеж - 0% , Окончательный платеж - 100% ","Килограмм",{"v":48,"d":"48.000"},{"v":790.62,"d":"790.620"},{"v":37949.76,"d":"37,949.760"},{"v":42503.73,"d":"42,503.730"},"-","Товарищество с ограниченной ответственностью \"Мангистауский атомный энергетический комбинат-Казатомпром\""]
[null,"1530253","673 Т","259411.300.000039","Болт с шестигранной головкой","стальной, диаметр 12 мм, с гайкой/шайбой","46:размер:М 12х100 :М 12х100  \\ 79:ГОСТ:7798-70:7798-70","ЦПП","-","100","03.2018","471010000, Мангистауская область, Актау Г.А., г.Актау, \"Мангистауская область, г. Актау, промзона, ТОО \"\"МАЭК-Казатомпром\"\", здание 201\"","471010000, Мангистауская область, Актау Г.А., г.Актау, \"Мангистауская область, г. Актау, промзона, ТОО \"\"МАЭК-Казатомпром\"\"\"","DDP","С даты подписания договора в течение 45 календарных дней","Предоплата - 0% , Промежуточный платеж - 0% , Окончательный платеж - 100% ","Килограмм",{"v":37,"d":"37.000"},{"v":640,"d":"640.000"},{"v":23680,"d":"23,680.000"},{"v":26521.6,"d":"26,521.600"},"ТПХ","Товарищество с ограниченной ответственностью \"Мангистауский атомный энергетический комбинат-Казатомпром\""]
[null,"1530154","674 Т","259411.300.000028","Болт с шестигранной головкой","стальной, диаметр 6 мм, без гайки","46:размер: М6х90 : М6х90  \\ 79:ГОСТ:7798-70:7798-70","ЦПП","-","100","03.2018","471010000, Мангистауская область, Актау Г.А., г.Актау, \"Мангистауская область, г. Актау, промзона, ТОО \"\"МАЭК-Казатомпром\"\", здание 201\"","471010000, Мангистауская область, Актау Г.А., г.Актау, \"Мангистауская область, г. Актау, промзона, ТОО \"\"МАЭК-Казатомпром\"\"\"","DDP","С даты подписания договора в течение 45 календарных дней","Предоплата - 0% , Промежуточный платеж - 0% , Окончательный платеж - 100% ","Килограмм",{"v":5,"d":"5.000"},{"v":757.62,"d":"757.620"},{"v":3788.1,"d":"3,788.100"},{"v":4242.67,"d":"4,242.670"},"ТПХ","Товарищество с ограниченной ответственностью \"Мангистауский атомный энергетический комбинат-Казатомпром\""]
[null,"1530218","675 Т","259411.300.000035","Болт с шестигранной головкой","стальной, диаметр 10 мм, с гайкой","46:размер: М 10х150 : М 10х150  \\ 79:ГОСТ:7798-70:7798-70","ЦПП","-","100","03.2018","471010000, Мангистауская область, Актау Г.А., г.Актау, \"Мангистауская область, г. Актау, промзона, ТОО \"\"МАЭК-Казатомпром\"\", здание 201\"","471010000, Мангистауская область, Актау Г.А., г.Актау, \"Мангистауская область, г. Актау, промзона, ТОО \"\"МАЭК-Казатомпром\"\"\"","DDP","С даты подписания договора в течение 45 календарных дней","Предоплата - 0% , Промежуточный платеж - 0% , Окончательный платеж - 100% ","Килограмм",{"v":7,"d":"7.000"},{"v":682,"d":"682.000"},{"v":4774,"d":"4,774.000"},{"v":5346.88,"d":"5,346.880"},"ТПХ","Товарищество с ограниченной ответственностью \"Мангистауский атомный энергетический комбинат-Казатомпром\""]
[null,"1536656","676 Т","259412.100.000074","Шайба пружинная","стальная, диаметр 36 мм","46:размер:Шайба пружинная 10 (ГОСТ 6402-70  d=10  65Г):Шайба пружинная 10 (ГОСТ 6402-70  d=10  65Г)","ОИ","137-2 (не превышает тысячекратного МРП)","100","01.2018","471010000, Мангистауская область, Актау Г.А., г.Актау, \"Мангистауская область, г. Актау, промзона, ТОО \"\"МАЭК-Казатомпром\"\", здание 201\"","471010000, Мангистауская область, Актау Г.А., г.Актау, \"Мангистауская область, г. Актау, промзона, ТОО \"\"МАЭК-Казатомпром\"\"\"","DDP","С даты подписания договора в течение 30 календарных дней","Предоплата - 0% , Промежуточный платеж - 0% , Окончательный платеж - 100% ","Килограмм",{"v":18,"d":"18.000"},{"v":944.64,"d":"944.640"},{"v":17003.52,"d":"17,003.520"},{"v":19043.94,"d":"19,043.940"},"-","Товарищество с ограниченной ответственностью \"Мангистауский атомный энергетический комбинат-Казатомпром\""]
[null,"1530178","677 Т","259411.300.000031","Болт с шестигранной головкой","стальной, диаметр 8 мм, без гайки","46:размер: М 8х70 : М 8х70  \\ 79:ГОСТ:7798-70:7798-70","ЦПП","-","100","03.2018","471010000, Мангистауская область, Актау Г.А., г.Актау, \"Мангистауская область, г. Актау, промзона, ТОО \"\"МАЭК-Казатомпром\"\", здание 201\"","471010000, Мангистауская область, Актау Г.А., г.Актау, \"Мангистауская область, г. Актау, промзона, ТОО \"\"МАЭК-Казатомпром\"\"\"","DDP","С даты подписания договора в течение 45 календарных дней","Предоплата - 0% , Промежуточный платеж - 0% , Окончательный платеж - 100% ","Килограмм",{"v":6,"d":"6.000"},{"v":690,"d":"690.000"},{"v":4140,"d":"4,140.000"},{"v":4636.8,"d":"4,636.800"},"ТПХ","Товарищество с ограниченной ответственностью \"Мангистауский атомный энергетический комбинат-Казатомпром\""]
[null,"1530184","678 Т","259411.300.000031","Болт с шестигранной головкой","стальной, диаметр 8 мм, без гайки","46:размер: М 8х100 : М 8х100  \\ 79:ГОСТ:7798-70:7798-70","ЦПП","-","100","03.2018","471010000, Мангистауская область, Актау Г.А., г.Актау, \"Мангистауская область, г. Актау, промзона, ТОО \"\"МАЭК-Казатомпром\"\", здание 201\"","471010000, Мангистауская область, Актау Г.А., г.Актау, \"Мангистауская область, г. Актау, промзона, ТОО \"\"МАЭК-Казатомпром\"\"\"","DDP","С даты подписания договора в течение 45 календарных дней","Предоплата - 0% , Промежуточный платеж - 0% , Окончательный платеж - 100% ","Килограмм",{"v":6,"d":"6.000"},{"v":690,"d":"690.000"},{"v":4140,"d":"4,140.000"},{"v":4636.8,"d":"4,636.800"},"ТПХ","Товарищество с ограниченной ответственностью \"Мангистауский атомный энергетический комбинат-Казатомпром\""]
[null,"1540892","679 Т","259411.700.000004","Винт самонарезающий","стальной, диаметр 2,5 мм","46:размер:\"Винт 6*20 (6*20; ГОСТ 1491-80)\":\"Винт 6*20 (6*20; ГОСТ 1491-80)\"","ОИ","137-2 (не превышает тысячекратного МРП)","0","01.2018","471010000, Мангистауская область, Актау Г.А., г.Актау, \"Мангистауская область, г. Актау, промзона, ТОО \"\"МАЭК-Казатомпром\"\", здание 201\"","471010000, Мангистауская область, Актау Г.А., г.Актау, \"Мангистауская область, г. Актау, промзона, ТОО \"\"МАЭК-Казатомпром\"\"\"","DDP","С даты подписания договора в течение 30 календарных дней","Предоплата - 0% , Промежуточный платеж - 0% , Окончательный платеж - 100% ","Килограмм",{"v":10.8,"d":"10.800"},{"v":1832.14,"d":"1,832.140"},{"v":19787.11,"d":"19,787.110"},{"v":22161.57,"d":"22,161.570"},"-","Товарищество с ограниченной ответственностью \"Мангистауский атомный энергетический комбинат-Казатомпром\""]
[null,"1540215","680 Т","259411.700.000004","Винт самонарезающий","стальной, диаметр 2,5 мм","46:размер:\"Винт 12х29 (12*29; ГОСТ 1491-80)\":\"Винт 12х29 (12*29; ГОСТ 1491-80)\"","ОИ","137-2 (не превышает тысячекратного МРП)","0","01.2018","471010000, Мангистауская область, Актау Г.А., г.Актау, \"Мангистауская область, г. Актау, промзона, ТОО \"\"МАЭК-Казатомпром\"\", здание 201\"","471010000, Мангистауская область, Актау Г.А., г.Актау, \"Мангистауская область, г. Актау, промзона, ТОО \"\"МАЭК-Казатомпром\"\"\"","DDP","С даты подписания договора в течение 30 календарных дней","Предоплата - 0% , Промежуточный платеж - 0% , Окончательный платеж - 100% ","Килограмм",{"v":40,"d":"40.000"},{"v":1832.14,"d":"1,832.140"},{"v":73285.6,"d":"73,285.600"},{"v":82079.87,"d":"82,079.870"},"-","Товарищество с ограниченной ответственностью \"Мангистауский атомный энергетический комбинат-Казатомпром\""]
[null,"1540199","681 Т","259411.700.000004","Винт самонарезающий","стальной, диаметр 2,5 мм","46:размер:\"Винт 5х24 (5*24; ГОСТ 1491-80)\":\"Винт 5х24 (5*24; ГОСТ 1491-80)\"","ОИ","137-2 (не превышает тысячекратного МРП)","0","01.2018","471010000, Мангистауская область, Актау Г.А., г.Актау, \"Мангистауская область, г. Актау, промзона, ТОО \"\"МАЭК-Казатомпром\"\", здание 201\"","471010000, Мангистауская область, Актау Г.А., г.Актау, \"Мангистауская область, г. Актау, промзона, ТОО \"\"МАЭК-Казатомпром\"\"\"","DDP","С даты подписания договора в течение 30 календарных дней","Предоплата - 0% , Промежуточный платеж - 0% , Окончательный платеж - 100% ","Килограмм",{"v":10,"d":"10.000"},{"v":1832.14,"d":"1,832.140"},{"v":18321.4,"d":"18,321.400"},{"v":20519.97,"d":"20,519.970"},"-","Товарищество с ограниченной ответственностью \"Мангистауский атомный энергетический комбинат-Казатомпром\""]
[null,"1710313","682 Т","243411.300.000001","Проволока","стальная, полиграфическая, диаметр 0,7-1,2 мм","36:Диаметр:0,7:0,7 \\ 79:ГОСТ:3282-74:3282-74","ОИ","137-2 (не превышает тысячекратного МРП)","0","02.2018","471010000, Мангистауская область, Актау Г.А., г.Актау, \"Мангистауская область, г. Актау, промзона, ТОО \"\"МАЭК-Казатомпром\"\", здание 201\"","471010000, Мангистауская область, Актау Г.А., г.Актау, \"Мангистауская область, г. Актау, промзона, ТОО \"\"МАЭК-Казатомпром\"\"\"","DDP","С даты подписания договора в течение 30 календарных дней","Предоплата - 0% , Промежуточный платеж - 0% , Окончательный платеж - 100% ","Килограмм",{"v":10,"d":"10.000"},{"v":4968,"d":"4,968.000"},{"v":49680,"d":"49,680.000"},{"v":55641.6,"d":"55,641.600"},"-","Товарищество с ограниченной ответственностью \"Мангистауский атомный энергетический комбинат-Казатомпром\""]
[null,"1710107","683 Т","243411.310.000005","Проволока","из низкоуглеродистой стали, общего назначения, диаметр 1,8-2,5 мм","36:Диаметр:1,8:1,8 \\ 79:ГОСТ:2246-78:2246-78","ОИ","137-2 (не превышает тысячекратного МРП)","0","02.2018","471010000, Мангистауская область, Актау Г.А., г.Актау, \"Мангистауская область, г. Актау, промзона, ТОО \"\"МАЭК-Казатомпром\"\", здание 201\"","471010000, Мангистауская область, Актау Г.А., г.Актау, \"Мангистауская область, г. Актау, промзона, ТОО \"\"МАЭК-Казатомпром\"\"\"","DDP","С даты подписания договора в течение 30 календарных дней","Предоплата - 0% , Промежуточный платеж - 0% , Окончательный платеж - 100% ","Килограмм",{"v":10,"d":"10.000"},{"v":545,"d":"545.000"},{"v":5450,"d":"5,450.000"},{"v":6104,"d":"6,104.000"},"-","Товарищество с ограниченной ответственностью \"Мангистауский атомный энергетический комбинат-Казатомпром\""]
[null,"1710244","684 Т","259312.300.000001","Проволока колючая","одноосная, рифленая, оцинкованная","36:Диаметр:600:600","ЦПП","-","0","01.2018","471010000, Мангистауская область, Актау Г.А., г.Актау, \"Мангистауская область, г. Актау, промзона, ТОО \"\"МАЭК-Казатомпром\"\", здание 201\"","471010000, Мангистауская область, Актау Г.А., г.Актау, \"Мангистауская область, г. Актау, промзона, ТОО \"\"МАЭК-Казатомпром\"\"\"","DDP","С даты подписания договора в течение 30 календарных дней","Предоплата - 0% , Промежуточный платеж - 0% , Окончательный платеж - 100% ","Метр",{"v":3000,"d":"3,000.000"},{"v":1071.42,"d":"1,071.420"},{"v":3214260,"d":"3,214,260.000"},{"v":3599971.2,"d":"3,599,971.200"},"-","Товарищество с ограниченной ответственностью \"Мангистауский атомный энергетический комбинат-Казатомпром\""]
[null,"1710110","685-1 Т","243411.310.000004","Проволока","из низкоуглеродистой стали, общего назначения, диаметр 1,1-1,6 мм","36:Диаметр:1,6:1,6","ОИ","137-2 (не превышает тысячекратного МРП)","0","02.2018","471000000, Мангистауская область, Актау Г.А., Промзона, ТОО \"МАЭК-Казатомпром\", здание 201","471000000, Мангистауская область, Актау Г.А., Промзона, склад ТОО \"МАЭК-Казатомпром\"","DDP","С даты подписания договора в течение 30 календарных дней","Окончательный платеж - 100% , Промежуточный платеж - 0% , Предоплата - 0% ","Килограмм",{"v":750,"d":"750.000"},{"v":324,"d":"324.000"},{"v":243000,"d":"243,000.000"},{"v":272160,"d":"272,160.000"},"-","Товарищество с ограниченной ответственностью \"Мангистауский атомный энергетический комбинат-Казатомпром\""]
[null,"1710351","686-1 Т","243411.310.000007","Проволока","из низкоуглеродистой стали, общего назначения, диаметр 3,5-6 мм","36:Диаметр:6:6","ОИ","137-2 (не превышает тысячекратного МРП)","0","02.2018","471010000, Мангистауская область, Актау Г.А., г.Актау, \"Мангистауская область, г. Актау, промзона, ТОО \"\"МАЭК-Казатомпром\"\", здание 201\"","471000000, Мангистауская область, Актау Г.А., Промзона, склад ТОО \"МАЭК-Казатомпром\"","DDP","С даты подписания договора в течение 30 календарных дней","Окончательный платеж - 100% , Промежуточный платеж - 0% , Предоплата - 0% ","Тонна (метрическая)",{"v":2.65,"d":"2.650"},{"v":237600,"d":"237,600.000"},{"v":629640,"d":"629,640.000"},{"v":705196.8,"d":"705,196.800"},"-","Товарищество с ограниченной ответственностью \"Мангистауский атомный энергетический комбинат-Казатомпром\""]
[null,"1710104","687-1 Т","243411.310.000007","Проволока","из низкоуглеродистой стали, общего назначения, диаметр 3,5-6 мм","46:размер:5:5","ОИ","137-2 (не превышает тысячекратного МРП)","0","02.2018","471010000, Мангистауская область, Актау Г.А., г.Актау, \"Мангистауская область, г. Актау, промзона, ТОО \"\"МАЭК-Казатомпром\"\", здание 201\"","471010000, Мангистауская область, Актау Г.А., г.Актау, \"Мангистауская область, г. Актау, промзона, ТОО \"\"МАЭК-Казатомпром\"\"\"","DDP","С даты подписания договора в течение 30 календарных дней","Окончательный платеж - 100% , Промежуточный платеж - 0% , Предоплата - 0% ","Килограмм",{"v":400,"d":"400.000"},{"v":400,"d":"400.000"},{"v":160000,"d":"160,000.000"},{"v":179200,"d":"179,200.000"},"-","Товарищество с ограниченной ответственностью \"Мангистауский атомный энергетический комбинат-Казатомпром\""]
[null,"1710106","688-1 Т","243411.310.000005","Проволока","из низкоуглеродистой стали, общего назначения, диаметр 1,8-2,5 мм","36:Диаметр:2:2 \\ 79:ГОСТ:2246-78:2246-78","ОИ","137-2 (не превышает тысячекратного МРП)","0","02.2018","471000000, Мангистауская область, Актау Г.А., Промзона, ТОО \"МАЭК-Казатомпром\", здание 201","471000000, Мангистауская область, Актау Г.А., Промзона, склад ТОО \"МАЭК-Казатомпром\"","DDP","С даты подписания договора в течение 30 календарных дней","Окончательный платеж - 100% , Промежуточный платеж - 0% , Предоплата - 0% ","Килограмм",{"v":1500,"d":"1,500.000"},{"v":496.8,"d":"496.800"},{"v":745200,"d":"745,200.000"},{"v":834624,"d":"834,624.000"},"-","Товарищество с ограниченной ответственностью \"Мангистауский атомный энергетический комбинат-Казатомпром\""]
[null,"1720165","689 Т","259315.500.000014","Проволока","стальная, сварочная, диаметр 1,6-3 мм","235:Наименование:св-08 :св-08  \\ 36:Диаметр:3:3","ЦПП","-","0","02.2018","471010000, Мангистауская область, Актау Г.А., г.Актау, \"Мангистауская область, г. Актау, промзона, ТОО \"\"МАЭК-Казатомпром\"\", здание 201\"","471010000, Мангистауская область, Актау Г.А., г.Актау, \"Мангистауская область, г. Актау, промзона, ТОО \"\"МАЭК-Казатомпром\"\"\"","DDP","С даты подписания договора в течение 30 календарных дней","Предоплата - 0% , Промежуточный платеж - 0% , Окончательный платеж - 100% ","Килограмм",{"v":10,"d":"10.000"},{"v":540,"d":"540.000"},{"v":5400,"d":"5,400.000"},{"v":6048,"d":"6,048.000"},"-","Товарищество с ограниченной ответственностью \"Мангистауский атомный энергетический комбинат-Казатомпром\""]
[null,"1720182","690 Т","244223.300.000014","Проволока","из алюминия и алюминиевых сплавов, для холодной высадки, диаметр до 2 мм","36:Диаметр:1,2:1,2","ЦПП","-","0","02.2018","471010000, Мангистауская область, Актау Г.А., г.Актау, \"Мангистауская область, г. Актау, промзона, ТОО \"\"МАЭК-Казатомпром\"\", здание 201\"","471010000, Мангистауская область, Актау Г.А., г.Актау, \"Мангистауская область, г. Актау, промзона, ТОО \"\"МАЭК-Казатомпром\"\"\"","DDP","С даты подписания договора в течение 30 календарных дней","Предоплата - 0% , Промежуточный платеж - 0% , Окончательный платеж - 100% ","Килограмм",{"v":40,"d":"40.000"},{"v":2970,"d":"2,970.000"},{"v":118800,"d":"118,800.000"},{"v":133056,"d":"133,056.000"},"-","Товарищество с ограниченной ответственностью \"Мангистауский атомный энергетический комбинат-Казатомпром\""]
[null,"1720184","691 Т","244223.300.000014","Проволока","из алюминия и алюминиевых сплавов, для холодной высадки, диаметр до 2 мм","36:Диаметр:1,6:1,6","ЦПП","-","0","02.2018","471010000, Мангистауская область, Актау Г.А., г.Актау, \"Мангистауская область, г. Актау, промзона, ТОО \"\"МАЭК-Казатомпром\"\", здание 201\"","471010000, Мангистауская область, Актау Г.А., г.Актау, \"Мангистауская область, г. Актау, промзона, ТОО \"\"МАЭК-Казатомпром\"\"\"","DDP","С даты подписания договора в течение 30 календарных дней","Предоплата - 0% , Промежуточный платеж - 0% , Окончательный платеж - 100% ","Килограмм",{"v":40,"d":"40.000"},{"v":2808,"d":"2,808.000"},{"v":112320,"d":"112,320.000"},{"v":125798.4,"d":"125,798.400"},"-","Товарищество с ограниченной ответственностью \"Мангистауский атомный энергетический комбинат-Казатомпром\""]
[null,"1720187","692 Т","259315.500.000014","Проволока","стальная, сварочная, диаметр 1,6-3 мм","301:Состав:08Г2С :08Г2С  \\ 36:Диаметр:1,6:1,6 \\ 79:ГОСТ:2246-78:2246-78","ЦПП","-","0","01.2018","471010000, Мангистауская область, Актау Г.А., г.Актау, \"Мангистауская область, г. Актау, промзона, ТОО \"\"МАЭК-Казатомпром\"\", здание 201\"","471010000, Мангистауская область, Актау Г.А., г.Актау, \"Мангистауская область, г. Актау, промзона, ТОО \"\"МАЭК-Казатомпром\"\"\"","DDP","С даты подписания договора в течение 30 календарных дней","Предоплата - 0% , Промежуточный платеж - 0% , Окончательный платеж - 100% ","Килограмм",{"v":300,"d":"300.000"},{"v":432,"d":"432.000"},{"v":129600,"d":"129,600.000"},{"v":145152,"d":"145,152.000"},"-","Товарищество с ограниченной ответственностью \"Мангистауский атомный энергетический комбинат-Казатомпром\""]
[null,"1720185","693 Т","259315.500.000014","Проволока","стальная, сварочная, диаметр 1,6-3 мм","301:Состав:08ХГСМФА :08ХГСМФА  \\ 36:Диаметр:1,6:1,6 \\ 79:ГОСТ:2246-78:2246-78","ЦПП","-","0","01.2018","471010000, Мангистауская область, Актау Г.А., г.Актау, \"Мангистауская область, г. Актау, промзона, ТОО \"\"МАЭК-Казатомпром\"\", здание 201\"","471010000, Мангистауская область, Актау Г.А., г.Актау, \"Мангистауская область, г. Актау, промзона, ТОО \"\"МАЭК-Казатомпром\"\"\"","DDP","С даты подписания договора в течение 30 календарных дней","Предоплата - 0% , Промежуточный платеж - 0% , Окончательный платеж - 100% ","Килограмм",{"v":200,"d":"200.000"},{"v":1944,"d":"1,944.000"},{"v":388800,"d":"388,800.000"},{"v":435456,"d":"435,456.000"},"-","Товарищество с ограниченной ответственностью \"Мангистауский атомный энергетический комбинат-Казатомпром\""]
[null,"1720168","694 Т","259315.500.000014","Проволока","стальная, сварочная, диаметр 1,6-3 мм","301:Состав:08г2с д.2 :08г2с д.2  \\ 36:Диаметр:2:2 \\ 79:ГОСТ:2246-78:2246-78","ЦПП","-","0","01.2018","471010000, Мангистауская область, Актау Г.А., г.Актау, \"Мангистауская область, г. Актау, промзона, ТОО \"\"МАЭК-Казатомпром\"\", здание 201\"","471010000, Мангистауская область, Актау Г.А., г.Актау, \"Мангистауская область, г. Актау, промзона, ТОО \"\"МАЭК-Казатомпром\"\"\"","DDP","С даты подписания договора в течение 30 календарных дней","Предоплата - 0% , Промежуточный платеж - 0% , Окончательный платеж - 100% ","Килограмм",{"v":420,"d":"420.000"},{"v":432,"d":"432.000"},{"v":181440,"d":"181,440.000"},{"v":203212.8,"d":"203,212.800"},"-","Товарищество с ограниченной ответственностью \"Мангистауский атомный энергетический комбинат-Казатомпром\""]
[null,"1730138","695 Т","243411.700.000022","Проволока","из углеродистой стали, холоднотянутая, диаметр 6,1-10 мм","301:Состав:пружинная  сталь 50ХФА :пружинная  сталь 50ХФА  \\ 36:Диаметр:7:7 \\ 79:ГОСТ:9389-75:9389-75","ЦПП","-","0","01.2018","471010000, Мангистауская область, Актау Г.А., г.Актау, \"Мангистауская область, г. Актау, промзона, ТОО \"\"МАЭК-Казатомпром\"\", здание 201\"","471010000, Мангистауская область, Актау Г.А., г.Актау, \"Мангистауская область, г. Актау, промзона, ТОО \"\"МАЭК-Казатомпром\"\"\"","DDP","С даты подписания договора в течение 30 календарных дней","Предоплата - 0% , Промежуточный платеж - 0% , Окончательный платеж - 100% ","Килограмм",{"v":10,"d":"10.000"},{"v":621,"d":"621.000"},{"v":6210,"d":"6,210.000"},{"v":6955.2,"d":"6,955.200"},"-","Товарищество с ограниченной ответственностью \"Мангистауский атомный энергетический комбинат-Казатомпром\""]
[null,"1730136","696 Т","243411.700.000021","Проволока","из углеродистой стали, холоднотянутая, диаметр 3,1-6 мм","301:Состав: пружинная  сталь 50ХФА : пружинная  сталь 50ХФА  \\ 36:Диаметр:5:5 \\ 79:ГОСТ:9389-75:9389-75","ЦПП","-","0","02.2018","471010000, Мангистауская область, Актау Г.А., г.Актау, \"Мангистауская область, г. Актау, промзона, ТОО \"\"МАЭК-Казатомпром\"\", здание 201\"","471010000, Мангистауская область, Актау Г.А., г.Актау, \"Мангистауская область, г. Актау, промзона, ТОО \"\"МАЭК-Казатомпром\"\"\"","DDP","С даты подписания договора в течение 30 календарных дней","Предоплата - 0% , Промежуточный платеж - 0% , Окончательный платеж - 100% ","Килограмм",{"v":10,"d":"10.000"},{"v":621,"d":"621.000"},{"v":6210,"d":"6,210.000"},{"v":6955.2,"d":"6,955.200"},"-","Товарищество с ограниченной ответственностью \"Мангистауский атомный энергетический комбинат-Казатомпром\""]
[null,"1730132","697 Т","243411.700.000024","Проволока","из углеродистой стали, холоднотянутая, диаметр свыше 17 мм","301:Состав: пружинная  сталь 50ХФА : пружинная  сталь 50ХФА  \\ 36:Диаметр:3:3 \\ 79:ГОСТ:9389-75:9389-75","ЦПП","-","0","02.2018","471010000, Мангистауская область, Актау Г.А., г.Актау, \"Мангистауская область, г. Актау, промзона, ТОО \"\"МАЭК-Казатомпром\"\", здание 201\"","471010000, Мангистауская область, Актау Г.А., г.Актау, \"Мангистауская область, г. Актау, промзона, ТОО \"\"МАЭК-Казатомпром\"\"\"","DDP","С даты подписания договора в течение 30 календарных дней","Предоплата - 0% , Промежуточный платеж - 0% , Окончательный платеж - 100% ","Килограмм",{"v":10,"d":"10.000"},{"v":621,"d":"621.000"},{"v":6210,"d":"6,210.000"},{"v":6955.2,"d":"6,955.200"},"-","Товарищество с ограниченной ответственностью \"Мангистауский атомный энергетический комбинат-Казатомпром\""]
[null,"1730134","698 Т","243411.700.000024","Проволока","из углеродистой стали, холоднотянутая, диаметр свыше 17 мм","301:Состав:пружинная  сталь 50ХФА :пружинная  сталь 50ХФА  \\ 36:Диаметр:4:4 \\ 79:ГОСТ:9389-75:9389-75","ЦПП","-","0","02.2018","471010000, Мангистауская область, Актау Г.А., г.Актау, \"Мангистауская область, г. Актау, промзона, ТОО \"\"МАЭК-Казатомпром\"\", здание 201\"","471010000, Мангистауская область, Актау Г.А., г.Актау, \"Мангистауская область, г. Актау, промзона, ТОО \"\"МАЭК-Казатомпром\"\"\"","DDP","С даты подписания договора в течение 30 календарных дней","Предоплата - 0% , Промежуточный платеж - 0% , Окончательный платеж - 100% ","Килограмм",{"v":10,"d":"10.000"},{"v":621,"d":"621.000"},{"v":6210,"d":"6,210.000"},{"v":6955.2,"d":"6,955.200"},"-","Товарищество с ограниченной ответственностью \"Мангистауский атомный энергетический комбинат-Казатомпром\""]
[null,"1740998","699 Т","259315.500.000015","Проволока","стальная, сварочная, диаметр 4-6 мм","235:Наименование: мнжкт5 : мнжкт5  \\ 36:Диаметр:2:2","ЦПП","-","0","02.2018","471010000, Мангистауская область, Актау Г.А., г.Актау, \"Мангистауская область, г. Актау, промзона, ТОО \"\"МАЭК-Казатомпром\"\", здание 201\"","471010000, Мангистауская область, Актау Г.А., г.Актау, \"Мангистауская область, г. Актау, промзона, ТОО \"\"МАЭК-Казатомпром\"\"\"","DDP","С даты подписания договора в течение 30 календарных дней","Предоплата - 0% , Промежуточный платеж - 0% , Окончательный платеж - 100% ","Килограмм",{"v":55,"d":"55.000"},{"v":2235.6,"d":"2,235.600"},{"v":122958,"d":"122,958.000"},{"v":137712.96,"d":"137,712.960"},"-","Товарищество с ограниченной ответственностью \"Мангистауский атомный энергетический комбинат-Казатомпром\""]
[null,"1741042","700 Т","259315.500.000012","Проволока","стальная, сварочная, диаметр 0,3-0,8 мм","301:Состав:ст.12х18н10т :ст.12х18н10т  \\ 36:Диаметр:6:6 \\ 79:ГОСТ:18143-72:18143-72","ЦПП","-","0","01.2018","471010000, Мангистауская область, Актау Г.А., г.Актау, \"Мангистауская область, г. Актау, промзона, ТОО \"\"МАЭК-Казатомпром\"\", здание 201\"","471010000, Мангистауская область, Актау Г.А., г.Актау, \"Мангистауская область, г. Актау, промзона, ТОО \"\"МАЭК-Казатомпром\"\"\"","DDP","С даты подписания договора в течение 30 календарных дней","Предоплата - 0% , Промежуточный платеж - 0% , Окончательный платеж - 100% ","Килограмм",{"v":50,"d":"50.000"},{"v":2235.6,"d":"2,235.600"},{"v":111780,"d":"111,780.000"},{"v":125193.6,"d":"125,193.600"},"-","Товарищество с ограниченной ответственностью \"Мангистауский атомный энергетический комбинат-Казатомпром\""]
[null,"1741030","701 Т","259315.500.000015","Проволока","стальная, сварочная, диаметр 4-6 мм","301:Состав:04х19н11м3 :04х19н11м3  \\ 36:Диаметр:2:2 \\ 79:ГОСТ:2246-70:2246-70","ЦПП","-","0","01.2018","471010000, Мангистауская область, Актау Г.А., г.Актау, \"Мангистауская область, г. Актау, промзона, ТОО \"\"МАЭК-Казатомпром\"\", здание 201\"","471010000, Мангистауская область, Актау Г.А., г.Актау, \"Мангистауская область, г. Актау, промзона, ТОО \"\"МАЭК-Казатомпром\"\"\"","DDP","С даты подписания договора в течение 30 календарных дней","Предоплата - 0% , Промежуточный платеж - 0% , Окончательный платеж - 100% ","Килограмм",{"v":700,"d":"700.000"},{"v":6831,"d":"6,831.000"},{"v":4781700,"d":"4,781,700.000"},{"v":5355504,"d":"5,355,504.000"},"-","Товарищество с ограниченной ответственностью \"Мангистауский атомный энергетический комбинат-Казатомпром\""]
[null,"1740120","702 Т","259315.500.000015","Проволока","стальная, сварочная, диаметр 4-6 мм","301:Состав:30хгса:30хгса \\ 36:Диаметр:2:2","ЦПП","-","0","02.2018","471010000, Мангистауская область, Актау Г.А., г.Актау, \"Мангистауская область, г. Актау, промзона, ТОО \"\"МАЭК-Казатомпром\"\", здание 201\"","471010000, Мангистауская область, Актау Г.А., г.Актау, \"Мангистауская область, г. Актау, промзона, ТОО \"\"МАЭК-Казатомпром\"\"\"","DDP","С даты подписания договора в течение 30 календарных дней","Предоплата - 0% , Промежуточный платеж - 0% , Окончательный платеж - 100% ","Килограмм",{"v":200,"d":"200.000"},{"v":1242,"d":"1,242.000"},{"v":248400,"d":"248,400.000"},{"v":278208,"d":"278,208.000"},"-","Товарищество с ограниченной ответственностью \"Мангистауский атомный энергетический комбинат-Казатомпром\""]
[null,"1763225","703 Т","259311.330.000017","Канат","тип ЛК-Р, свивка двойная, стальной","36:Диаметр:32:32 \\ 79:ГОСТ:2688-80:2688-80","ЦПП","-","0","02.2018","471010000, Мангистауская область, Актау Г.А., г.Актау, \"Мангистауская область, г. Актау, промзона, ТОО \"\"МАЭК-Казатомпром\"\", здание 201\"","471010000, Мангистауская область, Актау Г.А., г.Актау, \"Мангистауская область, г. Актау, промзона, ТОО \"\"МАЭК-Казатомпром\"\"\"","DDP","С даты подписания договора в течение 30 календарных дней","Предоплата - 0% , Промежуточный платеж - 0% , Окончательный платеж - 100% ","Метр",{"v":200,"d":"200.000"},{"v":2980,"d":"2,980.000"},{"v":596000,"d":"596,000.000"},{"v":667520,"d":"667,520.000"},"-","Товарищество с ограниченной ответственностью \"Мангистауский атомный энергетический комбинат-Казатомпром\""]
[null,"1760532","704-1 Т","259311.330.000015","Канат","тип ЛК-О, свивка двойная, стальной","36:Диаметр:8,1:8,1 \\ 79:ГОСТ:3071-80:3071-80","ЦПП","-","0","02.2018","471010000, Мангистауская область, Актау Г.А., г.Актау, \"Мангистауская область, г. Актау, промзона, ТОО \"\"МАЭК-Казатомпром\"\", здание 201\"","471010000, Мангистауская область, Актау Г.А., г.Актау, \"Мангистауская область, г. Актау, промзона, ТОО \"\"МАЭК-Казатомпром\"\"\"","DDP","С даты подписания договора в течение 30 календарных дней","Окончательный платеж - 100% , Промежуточный платеж - 0% , Предоплата - 0% ","Метр",{"v":50,"d":"50.000"},{"v":1300,"d":"1,300.000"},{"v":65000,"d":"65,000.000"},{"v":72800,"d":"72,800.000"},"-","Товарищество с ограниченной ответственностью \"Мангистауский атомный энергетический комбинат-Казатомпром\""]
[null,"1760533","705-1 Т","259311.330.000015","Канат","тип ЛК-О, свивка двойная, стальной","36:Диаметр:14:14 \\ 79:ГОСТ:3071-80:3071-80","ЦПП","-","0","02.2018","471010000, Мангистауская область, Актау Г.А., г.Актау, \"Мангистауская область, г. Актау, промзона, ТОО \"\"МАЭК-Казатомпром\"\", здание 201\"","471010000, Мангистауская область, Актау Г.А., г.Актау, \"Мангистауская область, г. Актау, промзона, ТОО \"\"МАЭК-Казатомпром\"\"\"","DDP","С даты подписания договора в течение 30 календарных дней","Окончательный платеж - 100% , Промежуточный платеж - 0% , Предоплата - 0% ","Метр",{"v":50,"d":"50.000"},{"v":1800,"d":"1,800.000"},{"v":90000,"d":"90,000.000"},{"v":100800,"d":"100,800.000"},"-","Товарищество с ограниченной ответственностью \"Мангистауский атомный энергетический комбинат-Казатомпром\""]
[null,"1763215","706 Т","259311.330.000017","Канат","тип ЛК-Р, свивка двойная, стальной","36:Диаметр:22,5:22,5 \\ 79:ГОСТ:2688-80:2688-80","ЦПП","-","0","02.2018","471010000, Мангистауская область, Актау Г.А., г.Актау, \"Мангистауская область, г. Актау, промзона, ТОО \"\"МАЭК-Казатомпром\"\", здание 201\"","471010000, Мангистауская область, Актау Г.А., г.Актау, \"Мангистауская область, г. Актау, промзона, ТОО \"\"МАЭК-Казатомпром\"\"\"","DDP","С даты подписания договора в течение 30 календарных дней","Предоплата - 0% , Промежуточный платеж - 0% , Окончательный платеж - 100% ","Метр",{"v":130,"d":"130.000"},{"v":1416,"d":"1,416.000"},{"v":184080,"d":"184,080.000"},{"v":206169.6,"d":"206,169.600"},"-","Товарищество с ограниченной ответственностью \"Мангистауский атомный энергетический комбинат-Казатомпром\""]
[null,"1760543","708-1 Т","259311.330.000015","Канат","тип ЛК-О, свивка двойная, стальной","36:Диаметр:13:13 \\ 79:ГОСТ:3071-80:3071-80","ЦПП","-","0","02.2018","471010000, Мангистауская область, Актау Г.А., г.Актау, \"Мангистауская область, г. Актау, промзона, ТОО \"\"МАЭК-Казатомпром\"\", здание 201\"","471000000, Мангистауская область, Актау Г.А., Промзона, склад ТОО \"МАЭК-Казатомпром\"","DDP","С даты подписания договора в течение 30 календарных дней","Окончательный платеж - 100% , Промежуточный платеж - 0% , Предоплата - 0% ","Метр",{"v":200,"d":"200.000"},{"v":1800,"d":"1,800.000"},{"v":360000,"d":"360,000.000"},{"v":403200,"d":"403,200.000"},"-","Товарищество с ограниченной ответственностью \"Мангистауский атомный энергетический комбинат-Казатомпром\""]
[null,"1760538","709-1 Т","259311.330.000016","Канат","тип ЛК-О, свивка одинарная, стальной","36:Диаметр:9,9:9,9 \\ 79:ГОСТ:3071-80:3071-80","ЦПП","-","0","02.2018","471010000, Мангистауская область, Актау Г.А., г.Актау, \"Мангистауская область, г. Актау, промзона, ТОО \"\"МАЭК-Казатомпром\"\", здание 201\"","471010000, Мангистауская область, Актау Г.А., г.Актау, \"Мангистауская область, г. Актау, промзона, ТОО \"\"МАЭК-Казатомпром\"\"\"","DDP","С даты подписания договора в течение 30 календарных дней","Окончательный платеж - 100% , Промежуточный платеж - 0% , Предоплата - 0% ","Метр",{"v":100,"d":"100.000"},{"v":1350,"d":"1,350.000"},{"v":135000,"d":"135,000.000"},{"v":151200,"d":"151,200.000"},"-","Товарищество с ограниченной ответственностью \"Мангистауский атомный энергетический комбинат-Казатомпром\""]
[null,"1760523","710-1 Т","259311.330.000015","Канат","тип ЛК-О, свивка двойная, стальной","36:Диаметр:8,5:8,5 \\ 79:ГОСТ:3071-80:3071-80","ЦПП","-","0","02.2018","471010000, Мангистауская область, Актау Г.А., г.Актау, \"Мангистауская область, г. Актау, промзона, ТОО \"\"МАЭК-Казатомпром\"\", здание 201\"","471010000, Мангистауская область, Актау Г.А., г.Актау, \"Мангистауская область, г. Актау, промзона, ТОО \"\"МАЭК-Казатомпром\"\"\"","DDP","С даты подписания договора в течение 30 календарных дней","Окончательный платеж - 100% , Промежуточный платеж - 0% , Предоплата - 0% ","Метр",{"v":50,"d":"50.000"},{"v":1300,"d":"1,300.000"},{"v":65000,"d":"65,000.000"},{"v":72800,"d":"72,800.000"},"-","Товарищество с ограниченной ответственностью \"Мангистауский атомный энергетический комбинат-Казатомпром\""]
[null,"1760535","713-1 Т","259311.330.000015","Канат","тип ЛК-О, свивка двойная, стальной","36:Диаметр:18:18 \\ 79:ГОСТ:2688-80:2688-80","ЦПП","-","0","02.2018","471010000, Мангистауская область, Актау Г.А., г.Актау, \"Мангистауская область, г. Актау, промзона, ТОО \"\"МАЭК-Казатомпром\"\", здание 201\"","471010000, Мангистауская область, Актау Г.А., г.Актау, \"Мангистауская область, г. Актау, промзона, ТОО \"\"МАЭК-Казатомпром\"\"\"","DDP","С даты подписания договора в течение 30 календарных дней","Окончательный платеж - 100% , Промежуточный платеж - 0% , Предоплата - 0% ","Метр",{"v":15,"d":"15.000"},{"v":1600,"d":"1,600.000"},{"v":24000,"d":"24,000.000"},{"v":26880,"d":"26,880.000"},"-","Товарищество с ограниченной ответственностью \"Мангистауский атомный энергетический комбинат-Казатомпром\""]
[null,"1760541","716-1 Т","259311.330.000021","Канат","тип ТК, свивка двойная, стальной","36:Диаметр:7,6:7,6 \\ 79:ГОСТ:3071-80:3071-80","ЦПП","-","0","02.2018","471000000, Мангистауская область, Актау Г.А., Промзона, ТОО \"МАЭК-Казатомпром\", здание 201","471000000, Мангистауская область, Актау Г.А., Промзона, склад ТОО \"МАЭК-Казатомпром\"","DDP","С даты подписания договора в течение 30 календарных дней","Окончательный платеж - 100% , Промежуточный платеж - 0% , Предоплата - 0% ","Метр",{"v":350,"d":"350.000"},{"v":1200,"d":"1,200.000"},{"v":420000,"d":"420,000.000"},{"v":470400,"d":"470,400.000"},"-","Товарищество с ограниченной ответственностью \"Мангистауский атомный энергетический комбинат-Казатомпром\""]
[null,"1760510","717-1 Т","259311.330.000015","Канат","тип ЛК-О, свивка двойная, стальной","36:Диаметр:5,4:5,4 \\ 79:ГОСТ:3071-80:3071-80","ЦПП","-","0","02.2018","471010000, Мангистауская область, Актау Г.А., г.Актау, \"Мангистауская область, г. Актау, промзона, ТОО \"\"МАЭК-Казатомпром\"\", здание 201\"","471010000, Мангистауская область, Актау Г.А., г.Актау, \"Мангистауская область, г. Актау, промзона, ТОО \"\"МАЭК-Казатомпром\"\"\"","DDP","С даты подписания договора в течение 30 календарных дней","Окончательный платеж - 100% , Промежуточный платеж - 0% , Предоплата - 0% ","Метр",{"v":60,"d":"60.000"},{"v":1000,"d":"1,000.000"},{"v":60000,"d":"60,000.000"},{"v":67200,"d":"67,200.000"},"-","Товарищество с ограниченной ответственностью \"Мангистауский атомный энергетический комбинат-Казатомпром\""]
[null,"1770117","718 Т","242013.900.001543","Рукав гибкий","металлический, негерметичный, диаметр 41-50 мм","235:Наименование:Металлорукав рз-цх-ш :Металлорукав рз-цх-ш  \\ 163:Номер:32:32","ОИ","137-2 (не превышает тысячекратного МРП)","0","05.2018","471010000, Мангистауская область, Актау Г.А., г.Актау, \"Мангистауская область, г. Актау, промзона, ТОО \"\"МАЭК-Казатомпром\"\", здание 201\"","471010000, Мангистауская область, Актау Г.А., г.Актау, \"Мангистауская область, г. Актау, промзона, ТОО \"\"МАЭК-Казатомпром\"\"\"","DDP","С даты подписания договора в течение 30 календарных дней","Предоплата - 0% , Промежуточный платеж - 0% , Окончательный платеж - 100% ","Метр",{"v":30,"d":"30.000"},{"v":540,"d":"540.000"},{"v":16200,"d":"16,200.000"},{"v":18144,"d":"18,144.000"},"-","Товарищество с ограниченной ответственностью \"Мангистауский атомный энергетический комбинат-Казатомпром\""]
[null,"1771429","719 Т","259313.190.000009","Сетка","стальная, плетеная одинарная, номер сетки 50","235:Наименование: рабица : рабица  \\ 163:Номер:30*30*1,0:30*30*1,0","ОИ","137-2 (не превышает тысячекратного МРП)","0","02.2018","471010000, Мангистауская область, Актау Г.А., г.Актау, \"Мангистауская область, г. Актау, промзона, ТОО \"\"МАЭК-Казатомпром\"\", здание 201\"","471010000, Мангистауская область, Актау Г.А., г.Актау, \"Мангистауская область, г. Актау, промзона, ТОО \"\"МАЭК-Казатомпром\"\"\"","DDP","С даты подписания договора в течение 30 календарных дней","Предоплата - 0% , Промежуточный платеж - 0% , Окончательный платеж - 100% ","Рулон",{"v":5,"d":"5.000"},{"v":12420,"d":"12,420.000"},{"v":62100,"d":"62,100.000"},{"v":69552,"d":"69,552.000"},"-","Товарищество с ограниченной ответственностью \"Мангистауский атомный энергетический комбинат-Казатомпром\""]
[null,"1771424","720 Т","259313.900.000018","Сетка","кирпичной кладки","46:размер: рабица : рабица  \\ 163:Номер: 25*25*2: 25*25*2","ОИ","137-2 (не превышает тысячекратного МРП)","0","02.2018","471010000, Мангистауская область, Актау Г.А., г.Актау, \"Мангистауская область, г. Актау, промзона, ТОО \"\"МАЭК-Казатомпром\"\", здание 201\"","471010000, Мангистауская область, Актау Г.А., г.Актау, \"Мангистауская область, г. Актау, промзона, ТОО \"\"МАЭК-Казатомпром\"\"\"","DDP","С даты подписания договора в течение 30 календарных дней","Предоплата - 0% , Промежуточный платеж - 0% , Окончательный платеж - 100% ","Штука",{"v":14,"d":"14.000"},{"v":11630,"d":"11,630.000"},{"v":162820,"d":"162,820.000"},{"v":182358.4,"d":"182,358.400"},"-","Товарищество с ограниченной ответственностью \"Мангистауский атомный энергетический комбинат-Казатомпром\""]
[null,"1770119","721 Т","242013.900.001543","Рукав гибкий","металлический, негерметичный, диаметр 41-50 мм","235:Наименование:Металлорукав рз-цх-ш :Металлорукав рз-цх-ш  \\ 163:Номер:50:50","ОИ","137-2 (не превышает тысячекратного МРП)","0","05.2018","471010000, Мангистауская область, Актау Г.А., г.Актау, \"Мангистауская область, г. Актау, промзона, ТОО \"\"МАЭК-Казатомпром\"\", здание 201\"","471010000, Мангистауская область, Актау Г.А., г.Актау, \"Мангистауская область, г. Актау, промзона, ТОО \"\"МАЭК-Казатомпром\"\"\"","DDP","С даты подписания договора в течение 30 календарных дней","Предоплата - 0% , Промежуточный платеж - 0% , Окончательный платеж - 100% ","Метр",{"v":10,"d":"10.000"},{"v":596,"d":"596.000"},{"v":5960,"d":"5,960.000"},{"v":6675.2,"d":"6,675.200"},"-","Товарищество с ограниченной ответственностью \"Мангистауский атомный энергетический комбинат-Казатомпром\""]
[null,"1771423","722-1 Т","259313.900.000018","Сетка","кирпичной кладки","235:Наименование: рабица : рабица  \\ 163:Номер:20*20*2,0:20*20*2,0","ОИ","137-2 (не превышает тысячекратного МРП)","0","02.2018","471010000, Мангистауская область, Актау Г.А., г.Актау, \"Мангистауская область, г. Актау, промзона, ТОО \"\"МАЭК-Казатомпром\"\", здание 201\"","471010000, Мангистауская область, Актау Г.А., г.Актау, \"Мангистауская область, г. Актау, промзона, ТОО \"\"МАЭК-Казатомпром\"\"\"","DDP","С даты подписания договора в течение 30 календарных дней","Окончательный платеж - 100% , Промежуточный платеж - 0% , Предоплата - 0% ","Рулон",{"v":150,"d":"150.000"},{"v":12420,"d":"12,420.000"},{"v":1863000,"d":"1,863,000.000"},{"v":2086560,"d":"2,086,560.000"},"-","Товарищество с ограниченной ответственностью \"Мангистауский атомный энергетический комбинат-Казатомпром\""]
[null,"1770116","723 Т","242013.900.001545","Рукав гибкий","металлический, негерметичный, диаметр 11-20 мм","235:Наименование:Металлорукав рз-цх-ш :Металлорукав рз-цх-ш  \\ 163:Номер:20:20","ОИ","137-2 (не превышает тысячекратного МРП)","0","05.2018","471010000, Мангистауская область, Актау Г.А., г.Актау, \"Мангистауская область, г. Актау, промзона, ТОО \"\"МАЭК-Казатомпром\"\", здание 201\"","471010000, Мангистауская область, Актау Г.А., г.Актау, \"Мангистауская область, г. Актау, промзона, ТОО \"\"МАЭК-Казатомпром\"\"\"","DDP","С даты подписания договора в течение 30 календарных дней","Предоплата - 0% , Промежуточный платеж - 0% , Окончательный платеж - 100% ","Метр",{"v":180,"d":"180.000"},{"v":794,"d":"794.000"},{"v":142920,"d":"142,920.000"},{"v":160070.4,"d":"160,070.400"},"-","Товарищество с ограниченной ответственностью \"Мангистауский атомный энергетический комбинат-Казатомпром\""]
[null,"1770113","724 Т","242013.900.001545","Рукав гибкий","металлический, негерметичный, диаметр 11-20 мм","235:Наименование:Металлорукав рз-цх-ш :Металлорукав рз-цх-ш  \\ 163:Номер:12:12","ОИ","137-2 (не превышает тысячекратного МРП)","0","05.2018","471010000, Мангистауская область, Актау Г.А., г.Актау, \"Мангистауская область, г. Актау, промзона, ТОО \"\"МАЭК-Казатомпром\"\", здание 201\"","471010000, Мангистауская область, Актау Г.А., г.Актау, \"Мангистауская область, г. Актау, промзона, ТОО \"\"МАЭК-Казатомпром\"\"\"","DDP","С даты подписания договора в течение 30 календарных дней","Предоплата - 0% , Промежуточный платеж - 0% , Окончательный платеж - 100% ","Метр",{"v":175,"d":"175.000"},{"v":202.4,"d":"202.400"},{"v":35420,"d":"35,420.000"},{"v":39670.4,"d":"39,670.400"},"-","Товарищество с ограниченной ответственностью \"Мангистауский атомный энергетический комбинат-Казатомпром\""]
[null,"1770115","725 Т","242013.900.001545","Рукав гибкий","металлический, негерметичный, диаметр 11-20 мм","163:Номер:18:18 \\ 235:Наименование:Металлорукав рз-цх-ш :Металлорукав рз-цх-ш ","ОИ","137-2 (не превышает тысячекратного МРП)","0","05.2018","471010000, Мангистауская область, Актау Г.А., г.Актау, \"Мангистауская область, г. Актау, промзона, ТОО \"\"МАЭК-Казатомпром\"\", здание 201\"","471010000, Мангистауская область, Актау Г.А., г.Актау, \"Мангистауская область, г. Актау, промзона, ТОО \"\"МАЭК-Казатомпром\"\"\"","DDP","С даты подписания договора в течение 30 календарных дней","Предоплата - 0% , Промежуточный платеж - 0% , Окончательный платеж - 100% ","Метр",{"v":135,"d":"135.000"},{"v":360,"d":"360.000"},{"v":48600,"d":"48,600.000"},{"v":54432,"d":"54,432.000"},"-","Товарищество с ограниченной ответственностью \"Мангистауский атомный энергетический комбинат-Казатомпром\""]
[null,"1770114","726 Т","242013.900.001545","Рукав гибкий","металлический, негерметичный, диаметр 11-20 мм","235:Наименование:Металлорукав рз-цх-ш :Металлорукав рз-цх-ш  \\ 163:Номер:15:15","ОИ","137-2 (не превышает тысячекратного МРП)","0","05.2018","471010000, Мангистауская область, Актау Г.А., г.Актау, \"Мангистауская область, г. Актау, промзона, ТОО \"\"МАЭК-Казатомпром\"\", здание 201\"","471010000, Мангистауская область, Актау Г.А., г.Актау, \"Мангистауская область, г. Актау, промзона, ТОО \"\"МАЭК-Казатомпром\"\"\"","DDP","С даты подписания договора в течение 30 календарных дней","Предоплата - 0% , Промежуточный платеж - 0% , Окончательный платеж - 100% ","Метр",{"v":185,"d":"185.000"},{"v":268,"d":"268.000"},{"v":49580,"d":"49,580.000"},{"v":55529.6,"d":"55,529.600"},"-","Товарищество с ограниченной ответственностью \"Мангистауский атомный энергетический комбинат-Казатомпром\""]
[null,"1770112","727 Т","242013.900.001544","Рукав гибкий","металлический, негерметичный, диаметр до 10 мм","235:Наименование:Металлорукав рз-цх-ш :Металлорукав рз-цх-ш  \\ 163:Номер:10:10","ОИ","137-2 (не превышает тысячекратного МРП)","0","05.2018","471010000, Мангистауская область, Актау Г.А., г.Актау, \"Мангистауская область, г. Актау, промзона, ТОО \"\"МАЭК-Казатомпром\"\", здание 201\"","471010000, Мангистауская область, Актау Г.А., г.Актау, \"Мангистауская область, г. Актау, промзона, ТОО \"\"МАЭК-Казатомпром\"\"\"","DDP","С даты подписания договора в течение 30 календарных дней","Предоплата - 0% , Промежуточный платеж - 0% , Окончательный платеж - 100% ","Метр",{"v":155,"d":"155.000"},{"v":164,"d":"164.000"},{"v":25420,"d":"25,420.000"},{"v":28470.4,"d":"28,470.400"},"-","Товарищество с ограниченной ответственностью \"Мангистауский атомный энергетический комбинат-Казатомпром\""]
[null,"1771997","728 Т","259313.190.000016","Сетка","стальная, плетеная одинарная, номер сетки 65","46:размер:60*60*3 :60*60*3 ","ОИ","137-2 (не превышает тысячекратного МРП)","0","01.2018","471010000, Мангистауская область, Актау Г.А., г.Актау, \"Мангистауская область, г. Актау, промзона, ТОО \"\"МАЭК-Казатомпром\"\", здание 201\"","471010000, Мангистауская область, Актау Г.А., г.Актау, \"Мангистауская область, г. Актау, промзона, ТОО \"\"МАЭК-Казатомпром\"\"\"","DDP","С даты подписания договора в течение 30 календарных дней","Предоплата - 0% , Промежуточный платеж - 0% , Окончательный платеж - 100% ","Метр квадратный",{"v":1200,"d":"1,200.000"},{"v":690,"d":"690.000"},{"v":828000,"d":"828,000.000"},{"v":927360,"d":"927,360.000"},"-","Товарищество с ограниченной ответственностью \"Мангистауский атомный энергетический комбинат-Казатомпром\""]
[null,"1782534","729 Т","259315.100.000001","Электрод сварочный","металлический, плавящийся, с покрытием","235:Наименование: тмл-3у : тмл-3у  \\ 36:Диаметр:4:4 \\ 79:ГОСТ:9466-75:9466-75","ОТП","-","0","01.2018","471010000, Мангистауская область, Актау Г.А., г.Актау, \"Мангистауская область, г. Актау, промзона, ТОО \"\"МАЭК-Казатомпром\"\", здание 201\"","471010000, Мангистауская область, Актау Г.А., г.Актау, \"Мангистауская область, г. Актау, промзона, ТОО \"\"МАЭК-Казатомпром\"\"\"","DDP","С даты подписания договора в течение 30 календарных дней","Предоплата - 0% , Промежуточный платеж - 0% , Окончательный платеж - 100% ","Килограмм",{"v":80,"d":"80.000"},{"v":2850,"d":"2,850.000"},{"v":228000,"d":"228,000.000"},{"v":255360,"d":"255,360.000"},"-","Товарищество с ограниченной ответственностью \"Мангистауский атомный энергетический комбинат-Казатомпром\""]
[null,"1787015","730 Т","259315.100.000001","Электрод сварочный","металлический, плавящийся, с покрытием","235:Наименование:цт-15 :цт-15  \\ 36:Диаметр:3:3","ОТП","-","0","01.2018","471010000, Мангистауская область, Актау Г.А., г.Актау, \"Мангистауская область, г. Актау, промзона, ТОО \"\"МАЭК-Казатомпром\"\", здание 201\"","471010000, Мангистауская область, Актау Г.А., г.Актау, \"Мангистауская область, г. Актау, промзона, ТОО \"\"МАЭК-Казатомпром\"\"\"","DDP","С даты подписания договора в течение 30 календарных дней","Предоплата - 0% , Промежуточный платеж - 0% , Окончательный платеж - 100% ","Килограмм",{"v":30,"d":"30.000"},{"v":4000,"d":"4,000.000"},{"v":120000,"d":"120,000.000"},{"v":134400,"d":"134,400.000"},"-","Товарищество с ограниченной ответственностью \"Мангистауский атомный энергетический комбинат-Казатомпром\""]
[null,"1782532","731 Т","259315.100.000001","Электрод сварочный","металлический, плавящийся, с покрытием","235:Наименование: тмл-3у : тмл-3у  \\ 36:Диаметр:3:3 \\ 79:ГОСТ:9466-75:9466-75","ОТП","-","0","01.2018","471010000, Мангистауская область, Актау Г.А., г.Актау, \"Мангистауская область, г. Актау, промзона, ТОО \"\"МАЭК-Казатомпром\"\", здание 201\"","471010000, Мангистауская область, Актау Г.А., г.Актау, \"Мангистауская область, г. Актау, промзона, ТОО \"\"МАЭК-Казатомпром\"\"\"","DDP","С даты подписания договора в течение 30 календарных дней","Предоплата - 0% , Промежуточный платеж - 0% , Окончательный платеж - 100% ","Килограмм",{"v":170,"d":"170.000"},{"v":2900,"d":"2,900.000"},{"v":493000,"d":"493,000.000"},{"v":552160,"d":"552,160.000"},"-","Товарищество с ограниченной ответственностью \"Мангистауский атомный энергетический комбинат-Казатомпром\""]
[null,"1782537","732 Т","259315.100.000001","Электрод сварочный","металлический, плавящийся, с покрытием","235:Наименование: ТМЛ-5 : ТМЛ-5  \\ 36:Диаметр:3:3 \\ 79:ГОСТ:9466-75:9466-75","ОТП","-","100","01.2018","471010000, Мангистауская область, Актау Г.А., г.Актау, \"Мангистауская область, г. Актау, промзона, ТОО \"\"МАЭК-Казатомпром\"\", здание 201\"","471010000, Мангистауская область, Актау Г.А., г.Актау, \"Мангистауская область, г. Актау, промзона, ТОО \"\"МАЭК-Казатомпром\"\"\"","DDP","С даты подписания договора в течение 30 календарных дней","Предоплата - 0% , Промежуточный платеж - 0% , Окончательный платеж - 100% ","Килограмм",{"v":30,"d":"30.000"},{"v":2700,"d":"2,700.000"},{"v":81000,"d":"81,000.000"},{"v":90720,"d":"90,720.000"},"-","Товарищество с ограниченной ответственностью \"Мангистауский атомный энергетический комбинат-Казатомпром\""]
[null,"1782513","733 Т","259315.100.000001","Электрод сварочный","металлический, плавящийся, с покрытием","235:Наименование: Цл-39 : Цл-39  \\ 36:Диаметр:2,5:2,5 \\ 79:ГОСТ:9466-75:9466-75","ОТП","-","100","01.2018","471010000, Мангистауская область, Актау Г.А., г.Актау, \"Мангистауская область, г. Актау, промзона, ТОО \"\"МАЭК-Казатомпром\"\", здание 201\"","471010000, Мангистауская область, Актау Г.А., г.Актау, \"Мангистауская область, г. Актау, промзона, ТОО \"\"МАЭК-Казатомпром\"\"\"","DDP","С даты подписания договора в течение 30 календарных дней","Предоплата - 0% , Промежуточный платеж - 0% , Окончательный платеж - 100% ","Килограмм",{"v":150,"d":"150.000"},{"v":4860,"d":"4,860.000"},{"v":729000,"d":"729,000.000"},{"v":816480,"d":"816,480.000"},"-","Товарищество с ограниченной ответственностью \"Мангистауский атомный энергетический комбинат-Казатомпром\""]
[null,"1782591","734 Т","259315.100.000001","Электрод сварочный","металлический, плавящийся, с покрытием","235:Наименование:МНЧ-2:МНЧ-2 \\ 36:Диаметр:3:3 \\ 468:ТУ:14-4-780-76:14-4-780-76","ОТП","-","100","01.2018","471010000, Мангистауская область, Актау Г.А., г.Актау, \"Мангистауская область, г. Актау, промзона, ТОО \"\"МАЭК-Казатомпром\"\", здание 201\"","471010000, Мангистауская область, Актау Г.А., г.Актау, \"Мангистауская область, г. Актау, промзона, ТОО \"\"МАЭК-Казатомпром\"\"\"","DDP","С даты подписания договора в течение 30 календарных дней","Предоплата - 0% , Промежуточный платеж - 0% , Окончательный платеж - 100% ","Килограмм",{"v":10,"d":"10.000"},{"v":11053.8,"d":"11,053.800"},{"v":110538,"d":"110,538.000"},{"v":123802.56,"d":"123,802.560"},"-","Товарищество с ограниченной ответственностью \"Мангистауский атомный энергетический комбинат-Казатомпром\""]
[null,"1782518","735 Т","259315.100.000001","Электрод сварочный","металлический, плавящийся, с покрытием","235:Наименование: ЦУ-5 : ЦУ-5  \\ 36:Диаметр:2,5:2,5 \\ 79:ГОСТ:9466-75:9466-75","ОТП","-","100","01.2018","471010000, Мангистауская область, Актау Г.А., г.Актау, \"Мангистауская область, г. Актау, промзона, ТОО \"\"МАЭК-Казатомпром\"\", здание 201\"","471010000, Мангистауская область, Актау Г.А., г.Актау, \"Мангистауская область, г. Актау, промзона, ТОО \"\"МАЭК-Казатомпром\"\"\"","DDP","С даты подписания договора в течение 30 календарных дней","Предоплата - 0% , Промежуточный платеж - 0% , Окончательный платеж - 100% ","Килограмм",{"v":240,"d":"240.000"},{"v":1620,"d":"1,620.000"},{"v":388800,"d":"388,800.000"},{"v":435456,"d":"435,456.000"},"-","Товарищество с ограниченной ответственностью \"Мангистауский атомный энергетический комбинат-Казатомпром\""]
[null,"1780608","736-1 Т","259315.100.000001","Электрод сварочный","металлический, плавящийся, с покрытием","235:Наименование:УОНИ 13/45 :УОНИ 13/45  \\ 36:Диаметр:2,5:2,5 \\ 79:ГОСТ:9466-75:9466-75","ОИ","137-30 (приобретение товара в рамках реализации Проекта по созданию новых производств)","100","02.2018","471010000, Мангистауская область, Актау Г.А., г.Актау, \"Мангистауская область, г. Актау, промзона, ТОО \"\"МАЭК-Казатомпром\"\", здание 201\"","471010000, Мангистауская область, Актау Г.А., г.Актау, \"Мангистауская область, г. Актау, промзона, ТОО \"\"МАЭК-Казатомпром\"\"\"","DDP","С даты подписания договора в течение 30 календарных дней","Окончательный платеж - 100% , Промежуточный платеж - 0% , Предоплата - 0% ","Килограмм",{"v":115,"d":"115.000"},{"v":699.87,"d":"699.870"},{"v":80485.05,"d":"80,485.050"},{"v":90143.26,"d":"90,143.260"},"-","Товарищество с ограниченной ответственностью \"Мангистауский атомный энергетический комбинат-Казатомпром\""]
[null,"1780624","737-1 Т","259315.100.000001","Электрод сварочный","металлический, плавящийся, с покрытием","235:Наименование: уони 13/45а : уони 13/45а  \\ 36:Диаметр:3:3 \\ 79:ГОСТ:9466-75:9466-75","ОИ","137-30 (приобретение товара в рамках реализации Проекта по созданию новых производств)","100","02.2018","471010000, Мангистауская область, Актау Г.А., г.Актау, \"Мангистауская область, г. Актау, промзона, ТОО \"\"МАЭК-Казатомпром\"\", здание 201\"","471010000, Мангистауская область, Актау Г.А., г.Актау, \"Мангистауская область, г. Актау, промзона, ТОО \"\"МАЭК-Казатомпром\"\"\"","DDP","С даты подписания договора в течение 30 календарных дней","Окончательный платеж - 100% , Промежуточный платеж - 0% , Предоплата - 0% ","Килограмм",{"v":205,"d":"205.000"},{"v":699.87,"d":"699.870"},{"v":143473.35,"d":"143,473.350"},{"v":160690.15,"d":"160,690.150"},"-","Товарищество с ограниченной ответственностью \"Мангистауский атомный энергетический комбинат-Казатомпром\""]
[null,"1780505","738-1 Т","259315.100.000001","Электрод сварочный","металлический, плавящийся, с покрытием","235:Наименование: уони13/55 : уони13/55  \\ 36:Диаметр:4:4 \\ 79:ГОСТ:9466-75:9466-75","ОИ","137-30 (приобретение товара в рамках реализации Проекта по созданию новых производств)","100","02.2018","471010000, Мангистауская область, Актау Г.А., г.Актау, \"Мангистауская область, г. Актау, промзона, ТОО \"\"МАЭК-Казатомпром\"\", здание 201\"","471000000, Мангистауская область, Актау Г.А., Промзона, склад ТОО \"МАЭК-Казатомпром\"","DDP","С даты подписания договора в течение 30 календарных дней","Окончательный платеж - 100% , Промежуточный платеж - 0% , Предоплата - 0% ","Килограмм",{"v":5415,"d":"5,415.000"},{"v":842.7,"d":"842.700"},{"v":4563220.5,"d":"4,563,220.500"},{"v":5110806.96,"d":"5,110,806.960"},"-","Товарищество с ограниченной ответственностью \"Мангистауский атомный энергетический комбинат-Казатомпром\""]
[null,"1780502","739-1 Т","259315.100.000001","Электрод сварочный","металлический, плавящийся, с покрытием","235:Наименование: уони13/55 : уони13/55  \\ 36:Диаметр:2,5:2,5 \\ 79:ГОСТ:9466-75:9466-75","ОИ","137-30 (приобретение товара в рамках реализации Проекта по созданию новых производств)","100","02.2018","471010000, Мангистауская область, Актау Г.А., г.Актау, \"Мангистауская область, г. Актау, промзона, ТОО \"\"МАЭК-Казатомпром\"\", здание 201\"","471000000, Мангистауская область, Актау Г.А., Промзона, склад ТОО \"МАЭК-Казатомпром\"","DDP","С даты подписания договора в течение 30 календарных дней","Окончательный платеж - 100% , Промежуточный платеж - 0% , Предоплата - 0% ","Килограмм",{"v":460,"d":"460.000"},{"v":885.55,"d":"885.550"},{"v":407353,"d":"407,353.000"},{"v":456235.36,"d":"456,235.360"},"-","Товарищество с ограниченной ответственностью \"Мангистауский атомный энергетический комбинат-Казатомпром\""]
[null,"1780504","740-1 Т","259315.100.000001","Электрод сварочный","металлический, плавящийся, с покрытием","235:Наименование: уони13/55 : уони13/55  \\ 36:Диаметр:3:3 \\ 79:ГОСТ:9466-75:9466-75","ОИ","137-30 (приобретение товара в рамках реализации Проекта по созданию новых производств)","100","02.2018","471000000, Мангистауская область, Актау Г.А., Промзона, ТОО \"МАЭК-Казатомпром\", здание 201","471000000, Мангистауская область, Актау Г.А., Промзона, склад ТОО \"МАЭК-Казатомпром\"","DDP","С даты подписания договора в течение 30 календарных дней","Окончательный платеж - 100% , Промежуточный платеж - 0% , Предоплата - 0% ","Килограмм",{"v":5580,"d":"5,580.000"},{"v":842.7,"d":"842.700"},{"v":4702266,"d":"4,702,266.000"},{"v":5266537.92,"d":"5,266,537.920"},"-","Товарищество с ограниченной ответственностью \"Мангистауский атомный энергетический комбинат-Казатомпром\""]
[null,"1795050","741 Т","259315.100.000001","Электрод сварочный","металлический, плавящийся, с покрытием","235:Наименование: ЦЛ-11 : ЦЛ-11  \\ 36:Диаметр:2,5:2,5 \\ 79:ГОСТ:10052-75:10052-75","ОТП","-","100","01.2018","471010000, Мангистауская область, Актау Г.А., г.Актау, \"Мангистауская область, г. Актау, промзона, ТОО \"\"МАЭК-Казатомпром\"\", здание 201\"","471010000, Мангистауская область, Актау Г.А., г.Актау, \"Мангистауская область, г. Актау, промзона, ТОО \"\"МАЭК-Казатомпром\"\"\"","DDP","С даты подписания договора в течение 30 календарных дней","Предоплата - 0% , Промежуточный платеж - 0% , Окончательный платеж - 100% ","Килограмм",{"v":40,"d":"40.000"},{"v":6912,"d":"6,912.000"},{"v":276480,"d":"276,480.000"},{"v":309657.6,"d":"309,657.600"},"-","Товарищество с ограниченной ответственностью \"Мангистауский атомный энергетический комбинат-Казатомпром\""]
[null,"1795033","742 Т","259315.100.000001","Электрод сварочный","металлический, плавящийся, с покрытием","235:Наименование:Анжр-1 :Анжр-1  \\ 36:Диаметр:3:3 \\ 79:ГОСТ:10051-75:10051-75","ОТП","-","100","01.2018","471010000, Мангистауская область, Актау Г.А., г.Актау, \"Мангистауская область, г. Актау, промзона, ТОО \"\"МАЭК-Казатомпром\"\", здание 201\"","471010000, Мангистауская область, Актау Г.А., г.Актау, \"Мангистауская область, г. Актау, промзона, ТОО \"\"МАЭК-Казатомпром\"\"\"","DDP","С даты подписания договора в течение 30 календарных дней","Предоплата - 0% , Промежуточный платеж - 0% , Окончательный платеж - 100% ","Килограмм",{"v":10,"d":"10.000"},{"v":35640,"d":"35,640.000"},{"v":356400,"d":"356,400.000"},{"v":399168,"d":"399,168.000"},"-","Товарищество с ограниченной ответственностью \"Мангистауский атомный энергетический комбинат-Казатомпром\""]
[null,"1795035","743 Т","259315.100.000001","Электрод сварочный","металлический, плавящийся, с покрытием","235:Наименование:Анжр-1 :Анжр-1  \\ 36:Диаметр:4:4 \\ 79:ГОСТ:10051-75:10051-75","ОТП","-","100","01.2018","471010000, Мангистауская область, Актау Г.А., г.Актау, \"Мангистауская область, г. Актау, промзона, ТОО \"\"МАЭК-Казатомпром\"\", здание 201\"","471010000, Мангистауская область, Актау Г.А., г.Актау, \"Мангистауская область, г. Актау, промзона, ТОО \"\"МАЭК-Казатомпром\"\"\"","DDP","С даты подписания договора в течение 30 календарных дней","Предоплата - 0% , Промежуточный платеж - 0% , Окончательный платеж - 100% ","Килограмм",{"v":10,"d":"10.000"},{"v":34560,"d":"34,560.000"},{"v":345600,"d":"345,600.000"},{"v":387072,"d":"387,072.000"},"-","Товарищество с ограниченной ответственностью \"Мангистауский атомный энергетический комбинат-Казатомпром\""]
[null,"1794030","744 Т","259315.100.000001","Электрод сварочный","металлический, плавящийся, с покрытием","235:Наименование: Цт-15 : Цт-15  \\ 36:Диаметр:4:4 \\ 79:ГОСТ:10052-75:10052-75","ОТП","-","100","01.2018","471010000, Мангистауская область, Актау Г.А., г.Актау, \"Мангистауская область, г. Актау, промзона, ТОО \"\"МАЭК-Казатомпром\"\", здание 201\"","471010000, Мангистауская область, Актау Г.А., г.Актау, \"Мангистауская область, г. Актау, промзона, ТОО \"\"МАЭК-Казатомпром\"\"\"","DDP","С даты подписания договора в течение 30 календарных дней","Предоплата - 0% , Промежуточный платеж - 0% , Окончательный платеж - 100% ","Килограмм",{"v":50,"d":"50.000"},{"v":5832,"d":"5,832.000"},{"v":291600,"d":"291,600.000"},{"v":326592,"d":"326,592.000"},"-","Товарищество с ограниченной ответственностью \"Мангистауский атомный энергетический комбинат-Казатомпром\""]
[null,"1794525","745 Т","259315.100.000001","Электрод сварочный","металлический, плавящийся, с покрытием","235:Наименование:Эа-400/10у :Эа-400/10у  \\ 36:Диаметр:4:4 \\ 79:ГОСТ:10052-75:10052-75","ОТП","-","100","01.2018","471010000, Мангистауская область, Актау Г.А., г.Актау, \"Мангистауская область, г. Актау, промзона, ТОО \"\"МАЭК-Казатомпром\"\", здание 201\"","471010000, Мангистауская область, Актау Г.А., г.Актау, \"Мангистауская область, г. Актау, промзона, ТОО \"\"МАЭК-Казатомпром\"\"\"","DDP","С даты подписания договора в течение 30 календарных дней","Предоплата - 0% , Промежуточный платеж - 0% , Окончательный платеж - 100% ","Килограмм",{"v":180,"d":"180.000"},{"v":6955.2,"d":"6,955.200"},{"v":1251936,"d":"1,251,936.000"},{"v":1402168.32,"d":"1,402,168.320"},"-","Товарищество с ограниченной ответственностью \"Мангистауский атомный энергетический комбинат-Казатомпром\""]
[null,"1794507","746 Т","259315.100.000001","Электрод сварочный","металлический, плавящийся, с покрытием","235:Наименование: цт-28 : цт-28  \\ 36:Диаметр:4:4 \\ 79:ГОСТ:10052-75:10052-75","ОТП","-","100","03.2018","471010000, Мангистауская область, Актау Г.А., г.Актау, \"Мангистауская область, г. Актау, промзона, ТОО \"\"МАЭК-Казатомпром\"\", здание 201\"","471010000, Мангистауская область, Актау Г.А., г.Актау, \"Мангистауская область, г. Актау, промзона, ТОО \"\"МАЭК-Казатомпром\"\"\"","DDP","С даты подписания договора в течение 30 календарных дней","Предоплата - 0% , Промежуточный платеж - 0% , Окончательный платеж - 100% ","Килограмм",{"v":21,"d":"21.000"},{"v":41040,"d":"41,040.000"},{"v":861840,"d":"861,840.000"},{"v":965260.8,"d":"965,260.800"},"-","Товарищество с ограниченной ответственностью \"Мангистауский атомный энергетический комбинат-Казатомпром\""]
[null,"1794028","747 Т","259315.100.000001","Электрод сварочный","металлический, плавящийся, с покрытием","235:Наименование: ЦТ-15: ЦТ-15 \\ 36:Диаметр:2,5:2,5","ОТП","-","0","03.2018","471010000, Мангистауская область, Актау Г.А., г.Актау, \"Мангистауская область, г. Актау, промзона, ТОО \"\"МАЭК-Казатомпром\"\", здание 201\"","471010000, Мангистауская область, Актау Г.А., г.Актау, \"Мангистауская область, г. Актау, промзона, ТОО \"\"МАЭК-Казатомпром\"\"\"","DDP","С даты подписания договора в течение 30 календарных дней","Предоплата - 0% , Промежуточный платеж - 0% , Окончательный платеж - 100% ","Килограмм",{"v":30,"d":"30.000"},{"v":3800,"d":"3,800.000"},{"v":114000,"d":"114,000.000"},{"v":127680,"d":"127,680.000"},"-","Товарищество с ограниченной ответственностью \"Мангистауский атомный энергетический комбинат-Казатомпром\""]
[null,"1796141","748 Т","259315.100.000001","Электрод сварочный","металлический, плавящийся, с покрытием","235:Наименование: Цн-12м : Цн-12м  \\ 36:Диаметр:4:4","ОТП","-","0","01.2018","471010000, Мангистауская область, Актау Г.А., г.Актау, \"Мангистауская область, г. Актау, промзона, ТОО \"\"МАЭК-Казатомпром\"\", здание 201\"","471010000, Мангистауская область, Актау Г.А., г.Актау, \"Мангистауская область, г. Актау, промзона, ТОО \"\"МАЭК-Казатомпром\"\"\"","DDP","С даты подписания договора в течение 30 календарных дней","Предоплата - 0% , Промежуточный платеж - 0% , Окончательный платеж - 100% ","Килограмм",{"v":30,"d":"30.000"},{"v":7146.2,"d":"7,146.200"},{"v":214386,"d":"214,386.000"},{"v":240112.32,"d":"240,112.320"},"-","Товарищество с ограниченной ответственностью \"Мангистауский атомный энергетический комбинат-Казатомпром\""]
[null,"1791554","749 Т","259315.100.000001","Электрод сварочный","металлический, плавящийся, с покрытием","235:Наименование:озл-8 :озл-8  \\ 36:Диаметр:4:4 \\ 79:ГОСТ:10052-75:10052-75","ОТП","-","0","01.2018","471010000, Мангистауская область, Актау Г.А., г.Актау, \"Мангистауская область, г. Актау, промзона, ТОО \"\"МАЭК-Казатомпром\"\", здание 201\"","471010000, Мангистауская область, Актау Г.А., г.Актау, \"Мангистауская область, г. Актау, промзона, ТОО \"\"МАЭК-Казатомпром\"\"\"","DDP","С даты подписания договора в течение 30 календарных дней","Предоплата - 0% , Промежуточный платеж - 0% , Окончательный платеж - 100% ","Килограмм",{"v":300,"d":"300.000"},{"v":3458.93,"d":"3,458.930"},{"v":1037679,"d":"1,037,679.000"},{"v":1162200.48,"d":"1,162,200.480"},"-","Товарищество с ограниченной ответственностью \"Мангистауский атомный энергетический комбинат-Казатомпром\""]
[null,"1795051","750 Т","259315.100.000001","Электрод сварочный","металлический, плавящийся, с покрытием","235:Наименование:н/ж цл 11.:н/ж цл 11. \\ 36:Диаметр:3:3 \\ 79:ГОСТ:10052-75:10052-75","ОТП","-","100","03.2018","471010000, Мангистауская область, Актау Г.А., г.Актау, \"Мангистауская область, г. Актау, промзона, ТОО \"\"МАЭК-Казатомпром\"\", здание 201\"","471010000, Мангистауская область, Актау Г.А., г.Актау, \"Мангистауская область, г. Актау, промзона, ТОО \"\"МАЭК-Казатомпром\"\"\"","DDP","С даты подписания договора в течение 30 календарных дней","Предоплата - 0% , Промежуточный платеж - 0% , Окончательный платеж - 100% ","Килограмм",{"v":5,"d":"5.000"},{"v":5940,"d":"5,940.000"},{"v":29700,"d":"29,700.000"},{"v":33264,"d":"33,264.000"},"-","Товарищество с ограниченной ответственностью \"Мангистауский атомный энергетический комбинат-Казатомпром\""]
[null,"1794523","751 Т","259315.100.000001","Электрод сварочный","металлический, плавящийся, с покрытием","235:Наименование:Эа-400/10у :Эа-400/10у  \\ 36:Диаметр:2,5:2,5 \\ 79:ГОСТ:10052-75:10052-75","ОТП","-","100","01.2018","471010000, Мангистауская область, Актау Г.А., г.Актау, \"Мангистауская область, г. Актау, промзона, ТОО \"\"МАЭК-Казатомпром\"\", здание 201\"","471010000, Мангистауская область, Актау Г.А., г.Актау, \"Мангистауская область, г. Актау, промзона, ТОО \"\"МАЭК-Казатомпром\"\"\"","DDP","С даты подписания договора в течение 30 календарных дней","Предоплата - 0% , Промежуточный платеж - 0% , Окончательный платеж - 100% ","Килограмм",{"v":20,"d":"20.000"},{"v":7079.4,"d":"7,079.400"},{"v":141588,"d":"141,588.000"},{"v":158578.56,"d":"158,578.560"},"-","Товарищество с ограниченной ответственностью \"Мангистауский атомный энергетический комбинат-Казатомпром\""]
[null,"1794526","752 Т","259315.100.000001","Электрод сварочный","металлический, плавящийся, с покрытием","36:Диаметр:4:4 \\ 235:Наименование:эа-395/9:эа-395/9 \\ 79:ГОСТ:10052-75:10052-75","ОТП","-","100","01.2018","471010000, Мангистауская область, Актау Г.А., г.Актау, \"Мангистауская область, г. Актау, промзона, ТОО \"\"МАЭК-Казатомпром\"\", здание 201\"","471010000, Мангистауская область, Актау Г.А., г.Актау, \"Мангистауская область, г. Актау, промзона, ТОО \"\"МАЭК-Казатомпром\"\"\"","DDP","С даты подписания договора в течение 30 календарных дней","Предоплата - 0% , Промежуточный платеж - 0% , Окончательный платеж - 100% ","Килограмм",{"v":230,"d":"230.000"},{"v":10432.8,"d":"10,432.800"},{"v":2399544,"d":"2,399,544.000"},{"v":2687489.28,"d":"2,687,489.280"},"-","Товарищество с ограниченной ответственностью \"Мангистауский атомный энергетический комбинат-Казатомпром\""]
[null,"1795052","753 Т","259315.100.000001","Электрод сварочный","металлический, плавящийся, с покрытием","235:Наименование: ЦЛ-11 : ЦЛ-11  \\ 36:Диаметр:4:4 \\ 79:ГОСТ:10052-75:10052-75","ОТП","-","100","01.2018","471010000, Мангистауская область, Актау Г.А., г.Актау, \"Мангистауская область, г. Актау, промзона, ТОО \"\"МАЭК-Казатомпром\"\", здание 201\"","471010000, Мангистауская область, Актау Г.А., г.Актау, \"Мангистауская область, г. Актау, промзона, ТОО \"\"МАЭК-Казатомпром\"\"\"","DDP","С даты подписания договора в течение 30 календарных дней","Предоплата - 0% , Промежуточный платеж - 0% , Окончательный платеж - 100% ","Килограмм",{"v":64,"d":"64.000"},{"v":5940,"d":"5,940.000"},{"v":380160,"d":"380,160.000"},{"v":425779.2,"d":"425,779.200"},"-","Товарищество с ограниченной ответственностью \"Мангистауский атомный энергетический комбинат-Казатомпром\""]
[null,"1791553","754 Т","259315.100.000001","Электрод сварочный","металлический, плавящийся, с покрытием","235:Наименование:озл-8 :озл-8  \\ 36:Диаметр:3:3 \\ 79:ГОСТ:10052-75:10052-75","ОТП","-","0","01.2018","471010000, Мангистауская область, Актау Г.А., г.Актау, \"Мангистауская область, г. Актау, промзона, ТОО \"\"МАЭК-Казатомпром\"\", здание 201\"","471010000, Мангистауская область, Актау Г.А., г.Актау, \"Мангистауская область, г. Актау, промзона, ТОО \"\"МАЭК-Казатомпром\"\"\"","DDP","С даты подписания договора в течение 30 календарных дней","Предоплата - 0% , Промежуточный платеж - 0% , Окончательный платеж - 100% ","Килограмм",{"v":300,"d":"300.000"},{"v":4623.4,"d":"4,623.400"},{"v":1387020,"d":"1,387,020.000"},{"v":1553462.4,"d":"1,553,462.400"},"-","Товарищество с ограниченной ответственностью \"Мангистауский атомный энергетический комбинат-Казатомпром\""]
[null,"1791549","755 Т","259315.100.000001","Электрод сварочный","металлический, плавящийся, с покрытием","235:Наименование:озл-6 :озл-6  \\ 36:Диаметр:4:4 \\ 79:ГОСТ:10052-75:10052-75","ОТП","-","100","01.2018","471010000, Мангистауская область, Актау Г.А., г.Актау, \"Мангистауская область, г. Актау, промзона, ТОО \"\"МАЭК-Казатомпром\"\", здание 201\"","471010000, Мангистауская область, Актау Г.А., г.Актау, \"Мангистауская область, г. Актау, промзона, ТОО \"\"МАЭК-Казатомпром\"\"\"","DDP","С даты подписания договора в течение 30 календарных дней","Предоплата - 0% , Промежуточный платеж - 0% , Окончательный платеж - 100% ","Килограмм",{"v":380,"d":"380.000"},{"v":6428.57,"d":"6,428.570"},{"v":2442856.6,"d":"2,442,856.600"},{"v":2735999.39,"d":"2,735,999.390"},"-","Товарищество с ограниченной ответственностью \"Мангистауский атомный энергетический комбинат-Казатомпром\""]
[null,"1794521","756 Т","259315.100.000001","Электрод сварочный","металлический, плавящийся, с покрытием","235:Наименование:эа-395/9:эа-395/9 \\ 36:Диаметр:3:3 \\ 79:ГОСТ:10052-75:10052-75","ОТП","-","100","01.2018","471010000, Мангистауская область, Актау Г.А., г.Актау, \"Мангистауская область, г. Актау, промзона, ТОО \"\"МАЭК-Казатомпром\"\", здание 201\"","471010000, Мангистауская область, Актау Г.А., г.Актау, \"Мангистауская область, г. Актау, промзона, ТОО \"\"МАЭК-Казатомпром\"\"\"","DDP","С даты подписания договора в течение 30 календарных дней","Предоплата - 0% , Промежуточный платеж - 0% , Окончательный платеж - 100% ","Килограмм",{"v":300,"d":"300.000"},{"v":13382.19,"d":"13,382.190"},{"v":4014657,"d":"4,014,657.000"},{"v":4496415.84,"d":"4,496,415.840"},"-","Товарищество с ограниченной ответственностью \"Мангистауский атомный энергетический комбинат-Казатомпром\""]
[null,"1794517","757 Т","259315.100.000001","Электрод сварочный","металлический, плавящийся, с покрытием","235:Наименование: цн-6л : цн-6л  \\ 36:Диаметр:3:3 \\ 79:ГОСТ:10052-75:10052-75","ОТП","-","100","01.2018","471010000, Мангистауская область, Актау Г.А., г.Актау, \"Мангистауская область, г. Актау, промзона, ТОО \"\"МАЭК-Казатомпром\"\", здание 201\"","471010000, Мангистауская область, Актау Г.А., г.Актау, \"Мангистауская область, г. Актау, промзона, ТОО \"\"МАЭК-Казатомпром\"\"\"","DDP","С даты подписания договора в течение 30 календарных дней","Предоплата - 0% , Промежуточный платеж - 0% , Окончательный платеж - 100% ","Килограмм",{"v":120,"d":"120.000"},{"v":6099.46,"d":"6,099.460"},{"v":731935.2,"d":"731,935.200"},{"v":819767.42,"d":"819,767.420"},"-","Товарищество с ограниченной ответственностью \"Мангистауский атомный энергетический комбинат-Казатомпром\""]
[null,"1794029","758 Т","259315.100.000001","Электрод сварочный","металлический, плавящийся, с покрытием","235:Наименование: цт-15 : цт-15  \\ 36:Диаметр:3:3 \\ 79:ГОСТ:10052-75:10052-75","ОТП","-","100","01.2018","471010000, Мангистауская область, Актау Г.А., г.Актау, \"Мангистауская область, г. Актау, промзона, ТОО \"\"МАЭК-Казатомпром\"\", здание 201\"","471010000, Мангистауская область, Актау Г.А., г.Актау, \"Мангистауская область, г. Актау, промзона, ТОО \"\"МАЭК-Казатомпром\"\"\"","DDP","С даты подписания договора в течение 30 календарных дней","Предоплата - 0% , Промежуточный платеж - 0% , Окончательный платеж - 100% ","Килограмм",{"v":40,"d":"40.000"},{"v":5940,"d":"5,940.000"},{"v":237600,"d":"237,600.000"},{"v":266112,"d":"266,112.000"},"-","Товарищество с ограниченной ответственностью \"Мангистауский атомный энергетический комбинат-Казатомпром\""]
[null,"1791548","759 Т","259315.100.000001","Электрод сварочный","металлический, плавящийся, с покрытием","235:Наименование:озл-6 :озл-6  \\ 36:Диаметр:3:3 \\ 79:ГОСТ:10052-75:10052-75","ОТП","-","100","01.2018","471010000, Мангистауская область, Актау Г.А., г.Актау, \"Мангистауская область, г. Актау, промзона, ТОО \"\"МАЭК-Казатомпром\"\", здание 201\"","471010000, Мангистауская область, Актау Г.А., г.Актау, \"Мангистауская область, г. Актау, промзона, ТОО \"\"МАЭК-Казатомпром\"\"\"","DDP","С даты подписания договора в течение 30 календарных дней","Предоплата - 0% , Промежуточный платеж - 0% , Окончательный платеж - 100% ","Килограмм",{"v":400,"d":"400.000"},{"v":6120.25,"d":"6,120.250"},{"v":2448100,"d":"2,448,100.000"},{"v":2741872,"d":"2,741,872.000"},"-","Товарищество с ограниченной ответственностью \"Мангистауский атомный энергетический комбинат-Казатомпром\""]
[null,"1794524","760 Т","259315.100.000001","Электрод сварочный","металлический, плавящийся, с покрытием","235:Наименование:Эа-400/10у :Эа-400/10у  \\ 36:Диаметр:3:3 \\ 79:ГОСТ:10052-75:10052-75","ОТП","-","100","01.2018","471010000, Мангистауская область, Актау Г.А., г.Актау, \"Мангистауская область, г. Актау, промзона, ТОО \"\"МАЭК-Казатомпром\"\", здание 201\"","471010000, Мангистауская область, Актау Г.А., г.Актау, \"Мангистауская область, г. Актау, промзона, ТОО \"\"МАЭК-Казатомпром\"\"\"","DDP","С даты подписания договора в течение 30 календарных дней","Предоплата - 0% , Промежуточный платеж - 0% , Окончательный платеж - 100% ","Килограмм",{"v":165,"d":"165.000"},{"v":10714.29,"d":"10,714.290"},{"v":1767857.85,"d":"1,767,857.850"},{"v":1980000.79,"d":"1,980,000.790"},"-","Товарищество с ограниченной ответственностью \"Мангистауский атомный энергетический комбинат-Казатомпром\""]
[null,"1794520","761 Т","259315.100.000001","Электрод сварочный","металлический, плавящийся, с покрытием","235:Наименование:эа-395/9:эа-395/9 \\ 36:Диаметр:2,5:2,5 \\ 79:ГОСТ:10052-75:10052-75","ОТП","-","0","01.2018","471010000, Мангистауская область, Актау Г.А., г.Актау, \"Мангистауская область, г. Актау, промзона, ТОО \"\"МАЭК-Казатомпром\"\", здание 201\"","471010000, Мангистауская область, Актау Г.А., г.Актау, \"Мангистауская область, г. Актау, промзона, ТОО \"\"МАЭК-Казатомпром\"\"\"","DDP","С даты подписания договора в течение 30 календарных дней","Предоплата - 0% , Промежуточный платеж - 0% , Окончательный платеж - 100% ","Килограмм",{"v":30,"d":"30.000"},{"v":10805.4,"d":"10,805.400"},{"v":324162,"d":"324,162.000"},{"v":363061.44,"d":"363,061.440"},"-","Товарищество с ограниченной ответственностью \"Мангистауский атомный энергетический комбинат-Казатомпром\""]
[null,"1794516","762 Т","259315.100.000001","Электрод сварочный","металлический, плавящийся, с покрытием","235:Наименование: цн-6л : цн-6л  \\ 36:Диаметр:4:4","ОТП","-","0","02.2018","471010000, Мангистауская область, Актау Г.А., г.Актау, \"Мангистауская область, г. Актау, промзона, ТОО \"\"МАЭК-Казатомпром\"\", здание 201\"","471010000, Мангистауская область, Актау Г.А., г.Актау, \"Мангистауская область, г. Актау, промзона, ТОО \"\"МАЭК-Казатомпром\"\"\"","DDP","С даты подписания договора в течение 30 календарных дней","Предоплата - 0% , Промежуточный платеж - 0% , Окончательный платеж - 100% ","Килограмм",{"v":20,"d":"20.000"},{"v":5508,"d":"5,508.000"},{"v":110160,"d":"110,160.000"},{"v":123379.2,"d":"123,379.200"},"-","Товарищество с ограниченной ответственностью \"Мангистауский атомный энергетический комбинат-Казатомпром\""]
[null,"1800018","763 Т","242013.900.000638","Труба горячедеформированная","стальная, диаметр 32 мм, толщина стенки 3 мм","36:Диаметр:32х3:32х3 \\ 301:Состав:20:20 \\ 79:ГОСТ:8732-76:8732-76","ОТП","-","70","01.2018","471010000, Мангистауская область, Актау Г.А., г.Актау, \"Мангистауская область, г. Актау, промзона, ТОО \"\"МАЭК-Казатомпром\"\", здание 201\"","471010000, Мангистауская область, Актау Г.А., г.Актау, \"Мангистауская область, г. Актау, промзона, ТОО \"\"МАЭК-Казатомпром\"\"\"","DDP","С даты подписания договора в течение 60 календарных дней","Предоплата - 0% , Промежуточный платеж - 0% , Окончательный платеж - 100% ","Тонна (метрическая)",{"v":0.95,"d":"0.950"},{"v":233496,"d":"233,496.000"},{"v":221821.2,"d":"221,821.200"},{"v":248439.74,"d":"248,439.740"},"-","Товарищество с ограниченной ответственностью \"Мангистауский атомный энергетический комбинат-Казатомпром\""]
[null,"1801132","764 Т","242034.000.000313","Труба электросварная","стальная, квадратная, диаметр 100 мм, толщина стенки 6,0 мм","235:Наименование:Труба квадратная :Труба квадратная  \\ 36:Диаметр:100*100*4:100*100*4","ОИ","137-2 (не превышает тысячекратного МРП)","0","04.2018","471010000, Мангистауская область, Актау Г.А., г.Актау, \"Мангистауская область, г. Актау, промзона, ТОО \"\"МАЭК-Казатомпром\"\", здание 201\"","471010000, Мангистауская область, Актау Г.А., г.Актау, \"Мангистауская область, г. Актау, промзона, ТОО \"\"МАЭК-Казатомпром\"\"\"","DDP","С даты подписания договора в течение 30 календарных дней","Предоплата - 0% , Промежуточный платеж - 0% , Окончательный платеж - 100% ","Тонна (метрическая)",{"v":2,"d":"2.000"},{"v":211000,"d":"211,000.000"},{"v":422000,"d":"422,000.000"},{"v":472640,"d":"472,640.000"},"-","Товарищество с ограниченной ответственностью \"Мангистауский атомный энергетический комбинат-Казатомпром\""]
[null,"1801104","765 Т","242034.000.000250","Труба электросварная","стальная, квадратная, диаметр 20 мм, толщина стенки 2,0 мм","235:Наименование:Труба квадратная :Труба квадратная  \\ 36:Диаметр:20*20*2:20*20*2","ОИ","137-2 (не превышает тысячекратного МРП)","0","04.2018","471010000, Мангистауская область, Актау Г.А., г.Актау, \"Мангистауская область, г. Актау, промзона, ТОО \"\"МАЭК-Казатомпром\"\", здание 201\"","471010000, Мангистауская область, Актау Г.А., г.Актау, \"Мангистауская область, г. Актау, промзона, ТОО \"\"МАЭК-Казатомпром\"\"\"","DDP","С даты подписания договора в течение 30 календарных дней","Предоплата - 0% , Промежуточный платеж - 0% , Окончательный платеж - 100% ","Тонна (метрическая)",{"v":0.01,"d":"0.010"},{"v":211000,"d":"211,000.000"},{"v":2110,"d":"2,110.000"},{"v":2363.2,"d":"2,363.200"},"-","Товарищество с ограниченной ответственностью \"Мангистауский атомный энергетический комбинат-Казатомпром\""]
[null,"1800011","766 Т","242013.900.000041","Труба горячедеформированная","стальная, диаметр 57 мм, толщина стенки 4 мм","235:Наименование:Труба бесшовная:Труба бесшовная \\ 36:Диаметр:57х3,5:57х3,5 \\ 79:ГОСТ:8732-76:8732-76","ОТП","-","70","01.2018","471010000, Мангистауская область, Актау Г.А., г.Актау, \"Мангистауская область, г. Актау, промзона, ТОО \"\"МАЭК-Казатомпром\"\", здание 201\"","471010000, Мангистауская область, Актау Г.А., г.Актау, \"Мангистауская область, г. Актау, промзона, ТОО \"\"МАЭК-Казатомпром\"\"\"","DDP","С даты подписания договора в течение 30 календарных дней","Предоплата - 0% , Промежуточный платеж - 0% , Окончательный платеж - 100% ","Тонна (метрическая)",{"v":3,"d":"3.000"},{"v":235980,"d":"235,980.000"},{"v":707940,"d":"707,940.000"},{"v":792892.8,"d":"792,892.800"},"-","Товарищество с ограниченной ответственностью \"Мангистауский атомный энергетический комбинат-Казатомпром\""]
[null,"1801114","767 Т","242034.000.000267","Труба электросварная","стальная, квадратная, диаметр 40 мм, толщина стенки 2,0 мм","235:Наименование:Труба квадратная :Труба квадратная  \\ 36:Диаметр:40*40*2,0:40*40*2,0","ОИ","137-2 (не превышает тысячекратного МРП)","0","01.2018","471010000, Мангистауская область, Актау Г.А., г.Актау, \"Мангистауская область, г. Актау, промзона, ТОО \"\"МАЭК-Казатомпром\"\", здание 201\"","471010000, Мангистауская область, Актау Г.А., г.Актау, \"Мангистауская область, г. Актау, промзона, ТОО \"\"МАЭК-Казатомпром\"\"\"","DDP","С даты подписания договора в течение 30 календарных дней","Предоплата - 0% , Промежуточный платеж - 0% , Окончательный платеж - 100% ","Тонна (метрическая)",{"v":2,"d":"2.000"},{"v":211000,"d":"211,000.000"},{"v":422000,"d":"422,000.000"},{"v":472640,"d":"472,640.000"},"-","Товарищество с ограниченной ответственностью \"Мангистауский атомный энергетический комбинат-Казатомпром\""]
[null,"1800006","768 Т","242013.900.000721","Труба холоднодеформированная","стальная, бесшовная, диаметр 48 мм, толщина стенки от 1 мм до 5 мм и более","36:Диаметр:48*3,5 :48*3,5 ","ОТП","-","0","02.2018","471010000, Мангистауская область, Актау Г.А., г.Актау, \"Мангистауская область, г. Актау, промзона, ТОО \"\"МАЭК-Казатомпром\"\", здание 201\"","471010000, Мангистауская область, Актау Г.А., г.Актау, \"Мангистауская область, г. Актау, промзона, ТОО \"\"МАЭК-Казатомпром\"\"\"","DDP","С даты подписания договора в течение 60 календарных дней","Предоплата - 0% , Промежуточный платеж - 0% , Окончательный платеж - 100% ","Тонна (метрическая)",{"v":1,"d":"1.000"},{"v":291600,"d":"291,600.000"},{"v":291600,"d":"291,600.000"},{"v":326592,"d":"326,592.000"},"-","Товарищество с ограниченной ответственностью \"Мангистауский атомный энергетический комбинат-Казатомпром\""]
[null,"1801214","769 Т","242034.000.000267","Труба электросварная","стальная, квадратная, диаметр 40 мм, толщина стенки 2,0 мм","235:Наименование:Труба прямоугольная:Труба прямоугольная \\ 36:Диаметр:40х20:40х20","ОИ","137-2 (не превышает тысячекратного МРП)","0","01.2018","471010000, Мангистауская область, Актау Г.А., г.Актау, \"Мангистауская область, г. Актау, промзона, ТОО \"\"МАЭК-Казатомпром\"\", здание 201\"","471010000, Мангистауская область, Актау Г.А., г.Актау, \"Мангистауская область, г. Актау, промзона, ТОО \"\"МАЭК-Казатомпром\"\"\"","DDP","С даты подписания договора в течение 30 календарных дней","Предоплата - 0% , Промежуточный платеж - 0% , Окончательный платеж - 100% ","Тонна (метрическая)",{"v":1.5,"d":"1.500"},{"v":211000,"d":"211,000.000"},{"v":316500,"d":"316,500.000"},{"v":354480,"d":"354,480.000"},"-","Товарищество с ограниченной ответственностью \"Мангистауский атомный энергетический комбинат-Казатомпром\""]
[null,"1800112","770-1 Т","242013.900.000043","Труба горячедеформированная","стальная, диаметр 57 мм, толщина стенки 5 мм","79:ГОСТ:8732-76:8732-76 \\ 36:Диаметр:57х5 :57х5  \\ 235:Наименование:Труба бесшовная:Труба бесшовная","ОТП","-","70","02.2018","471010000, Мангистауская область, Актау Г.А., г.Актау, \"Мангистауская область, г. Актау, промзона, ТОО \"\"МАЭК-Казатомпром\"\", здание 201\"","471000000, Мангистауская область, Актау Г.А., Промзона, склад ТОО \"МАЭК-Казатомпром\"","DDP","С даты подписания договора в течение 30 календарных дней","Окончательный платеж - 100% , Промежуточный платеж - 0% , Предоплата - 0% ","Тонна (метрическая)",{"v":1.98,"d":"1.980"},{"v":427000,"d":"427,000.000"},{"v":845460,"d":"845,460.000"},{"v":946915.2,"d":"946,915.200"},"-","Товарищество с ограниченной ответственностью \"Мангистауский атомный энергетический комбинат-Казатомпром\""]
[null,"1810720","771 Т","242013.900.000728","Труба холоднодеформированная","стальная, бесшовная, диаметр 60 мм, толщина стенки от 1 мм до 5 мм и более","36:Диаметр:60х4 :60х4  \\ 301:Состав:ст.20:ст.20 \\ 468:ТУ: 14 3 460 75: 14 3 460 75","ОТП","-","0","02.2018","471010000, Мангистауская область, Актау Г.А., г.Актау, \"Мангистауская область, г. Актау, промзона, ТОО \"\"МАЭК-Казатомпром\"\", здание 201\"","471010000, Мангистауская область, Актау Г.А., г.Актау, \"Мангистауская область, г. Актау, промзона, ТОО \"\"МАЭК-Казатомпром\"\"\"","DDP","С даты подписания договора в течение 60 календарных дней","Предоплата - 0% , Промежуточный платеж - 0% , Окончательный платеж - 100% ","Тонна (метрическая)",{"v":0.3,"d":"0.300"},{"v":1055700,"d":"1,055,700.000"},{"v":316710,"d":"316,710.000"},{"v":354715.2,"d":"354,715.200"},"-","Товарищество с ограниченной ответственностью \"Мангистауский атомный энергетический комбинат-Казатомпром\""]
[null,"1810219","772 Т","242013.900.000728","Труба холоднодеформированная","стальная, бесшовная, диаметр 60 мм, толщина стенки от 1 мм до 5 мм и более","36:Диаметр:60*5 :60*5  \\ 301:Состав:ст.20:ст.20 \\ 468:ТУ: 14 3 460 75: 14 3 460 75","ОТП","-","0","02.2018","471010000, Мангистауская область, Актау Г.А., г.Актау, \"Мангистауская область, г. Актау, промзона, ТОО \"\"МАЭК-Казатомпром\"\", здание 201\"","471010000, Мангистауская область, Актау Г.А., г.Актау, \"Мангистауская область, г. Актау, промзона, ТОО \"\"МАЭК-Казатомпром\"\"\"","DDP","С даты подписания договора в течение 60 календарных дней","Предоплата - 0% , Промежуточный платеж - 0% , Окончательный платеж - 100% ","Тонна (метрическая)",{"v":0.52,"d":"0.520"},{"v":1055700,"d":"1,055,700.000"},{"v":548964,"d":"548,964.000"},{"v":614839.68,"d":"614,839.680"},"-","Товарищество с ограниченной ответственностью \"Мангистауский атомный энергетический комбинат-Казатомпром\""]
[null,"1810204","773 Т","242013.900.000728","Труба холоднодеформированная","стальная, бесшовная, диаметр 60 мм, толщина стенки от 1 мм до 5 мм и более","36:Диаметр:60х6 :60х6  \\ 301:Состав:ст.20:ст.20 \\ 468:ТУ: 14 3 460 75: 14 3 460 75","ОТП","-","0","02.2018","471010000, Мангистауская область, Актау Г.А., г.Актау, \"Мангистауская область, г. Актау, промзона, ТОО \"\"МАЭК-Казатомпром\"\", здание 201\"","471010000, Мангистауская область, Актау Г.А., г.Актау, \"Мангистауская область, г. Актау, промзона, ТОО \"\"МАЭК-Казатомпром\"\"\"","DDP","С даты подписания договора в течение 60 календарных дней","Предоплата - 0% , Промежуточный платеж - 0% , Окончательный платеж - 100% ","Тонна (метрическая)",{"v":0.72,"d":"0.720"},{"v":1055700,"d":"1,055,700.000"},{"v":760104,"d":"760,104.000"},{"v":851316.48,"d":"851,316.480"},"-","Товарищество с ограниченной ответственностью \"Мангистауский атомный энергетический комбинат-Казатомпром\""]
[null,"1810205","774 Т","242013.900.000632","Труба горячедеформированная","стальная, диаметр 16 мм, толщина стенки 2 мм","36:Диаметр:16*2,0 :16*2,0  \\ 301:Состав:ст.20:ст.20 \\ 79:ГОСТ:8734:8734","ОТП","-","70","01.2018","471010000, Мангистауская область, Актау Г.А., г.Актау, \"Мангистауская область, г. Актау, промзона, ТОО \"\"МАЭК-Казатомпром\"\", здание 201\"","471010000, Мангистауская область, Актау Г.А., г.Актау, \"Мангистауская область, г. Актау, промзона, ТОО \"\"МАЭК-Казатомпром\"\"\"","DDP","С даты подписания договора в течение 60 календарных дней","Предоплата - 0% , Промежуточный платеж - 0% , Окончательный платеж - 100% ","Тонна (метрическая)",{"v":0.4,"d":"0.400"},{"v":842400,"d":"842,400.000"},{"v":336960,"d":"336,960.000"},{"v":377395.2,"d":"377,395.200"},"-","Товарищество с ограниченной ответственностью \"Мангистауский атомный энергетический комбинат-Казатомпром\""]
[null,"1810002","775 Т","242013.900.000905","Труба для паровых котлов и трубопроводов","холодно-тепло-горячедеформированная, диаметр 28 мм, толщина стенки 4 мм","36:Диаметр:28*4 :28*4  \\ 301:Состав:ст.20:ст.20 \\ 468:ТУ: 14 3 460 75: 14 3 460 75","ОТП","-","0","01.2018","471010000, Мангистауская область, Актау Г.А., г.Актау, \"Мангистауская область, г. Актау, промзона, ТОО \"\"МАЭК-Казатомпром\"\", здание 201\"","471010000, Мангистауская область, Актау Г.А., г.Актау, \"Мангистауская область, г. Актау, промзона, ТОО \"\"МАЭК-Казатомпром\"\"\"","DDP","С даты подписания договора в течение 60 календарных дней","Предоплата - 0% , Промежуточный платеж - 0% , Окончательный платеж - 100% ","Тонна (метрическая)",{"v":0.5,"d":"0.500"},{"v":1055700,"d":"1,055,700.000"},{"v":527850,"d":"527,850.000"},{"v":591192,"d":"591,192.000"},"-","Товарищество с ограниченной ответственностью \"Мангистауский атомный энергетический комбинат-Казатомпром\""]
[null,"1810210","776 Т","242013.900.000717","Труба холоднодеформированная","стальная, бесшовная, диаметр 38 мм, толщина стенки от 1 мм до 5 мм и более","36:Диаметр:38*4 :38*4  \\ 301:Состав:ст.20:ст.20 \\ 468:ТУ: 14 3 460 75: 14 3 460 75","ОТП","-","0","02.2018","471010000, Мангистауская область, Актау Г.А., г.Актау, \"Мангистауская область, г. Актау, промзона, ТОО \"\"МАЭК-Казатомпром\"\", здание 201\"","471010000, Мангистауская область, Актау Г.А., г.Актау, \"Мангистауская область, г. Актау, промзона, ТОО \"\"МАЭК-Казатомпром\"\"\"","DDP","С даты подписания договора в течение 60 календарных дней","Предоплата - 0% , Промежуточный платеж - 0% , Окончательный платеж - 100% ","Тонна (метрическая)",{"v":0.32,"d":"0.320"},{"v":931500,"d":"931,500.000"},{"v":298080,"d":"298,080.000"},{"v":333849.6,"d":"333,849.600"},"-","Товарищество с ограниченной ответственностью \"Мангистауский атомный энергетический комбинат-Казатомпром\""]
[null,"1810208","777 Т","242013.900.000713","Труба холоднодеформированная","стальная, бесшовная, диаметр 32 мм, толщина стенки от 1 мм до 5 мм и более","36:Диаметр:32х4 :32х4  \\ 301:Состав: ст.12х1мф: ст.12х1мф \\ 468:ТУ: 14 3 460 75: 14 3 460 75","ОТП","-","0","01.2018","471010000, Мангистауская область, Актау Г.А., г.Актау, \"Мангистауская область, г. Актау, промзона, ТОО \"\"МАЭК-Казатомпром\"\", здание 201\"","471010000, Мангистауская область, Актау Г.А., г.Актау, \"Мангистауская область, г. Актау, промзона, ТОО \"\"МАЭК-Казатомпром\"\"\"","DDP","С даты подписания договора в течение 60 календарных дней","Предоплата - 0% , Промежуточный платеж - 0% , Окончательный платеж - 100% ","Тонна (метрическая)",{"v":0.27,"d":"0.270"},{"v":1217160,"d":"1,217,160.000"},{"v":328633.2,"d":"328,633.200"},{"v":368069.18,"d":"368,069.180"},"-","Товарищество с ограниченной ответственностью \"Мангистауский атомный энергетический комбинат-Казатомпром\""]
[null,"1810200","778 Т","242013.900.000902","Труба для паровых котлов и трубопроводов","холодно-тепло-горячедеформированная, диаметр 32 мм, толщина стенки 4 мм","36:Диаметр: 32х4 : 32х4  \\ 301:Состав:сталь 20:сталь 20 \\ 468:ТУ: 14 3 460 75: 14 3 460 75","ОТП","-","0","01.2018","471010000, Мангистауская область, Актау Г.А., г.Актау, \"Мангистауская область, г. Актау, промзона, ТОО \"\"МАЭК-Казатомпром\"\", здание 201\"","471010000, Мангистауская область, Актау Г.А., г.Актау, \"Мангистауская область, г. Актау, промзона, ТОО \"\"МАЭК-Казатомпром\"\"\"","DDP","С даты подписания договора в течение 60 календарных дней","Предоплата - 0% , Промежуточный платеж - 0% , Окончательный платеж - 100% ","Тонна (метрическая)",{"v":0.72,"d":"0.720"},{"v":1055700,"d":"1,055,700.000"},{"v":760104,"d":"760,104.000"},{"v":851316.48,"d":"851,316.480"},"-","Товарищество с ограниченной ответственностью \"Мангистауский атомный энергетический комбинат-Казатомпром\""]
[null,"1810312","779 Т","242013.900.000699","Труба холоднодеформированная","стальная, бесшовная, диаметр 16 мм, толщина стенки от 1 мм до 5 мм и более","36:Диаметр: 16*2: 16*2 \\ 301:Состав:12Х1МФ:12Х1МФ","ОТП","-","70","02.2018","471010000, Мангистауская область, Актау Г.А., г.Актау, \"Мангистауская область, г. Актау, промзона, ТОО \"\"МАЭК-Казатомпром\"\", здание 201\"","471010000, Мангистауская область, Актау Г.А., г.Актау, \"Мангистауская область, г. Актау, промзона, ТОО \"\"МАЭК-Казатомпром\"\"\"","DDP","С даты подписания договора в течение 60 календарных дней","Предоплата - 0% , Промежуточный платеж - 0% , Окончательный платеж - 100% ","Тонна (метрическая)",{"v":0.5,"d":"0.500"},{"v":1217160,"d":"1,217,160.000"},{"v":608580,"d":"608,580.000"},{"v":681609.6,"d":"681,609.600"},"-","Товарищество с ограниченной ответственностью \"Мангистауский атомный энергетический комбинат-Казатомпром\""]
[null,"1810201","780 Т","242013.900.000000","Труба холодно и теплодеформированная","стальная, бесшовная, диаметр 25 мм, толщина стенки 2,5 мм","36:Диаметр:25х2,5 :25х2,5  \\ 468:ТУ: 14 3 460 75: 14 3 460 75","ОТП","-","70","04.2018","471010000, Мангистауская область, Актау Г.А., г.Актау, \"Мангистауская область, г. Актау, промзона, ТОО \"\"МАЭК-Казатомпром\"\", здание 201\"","471010000, Мангистауская область, Актау Г.А., г.Актау, \"Мангистауская область, г. Актау, промзона, ТОО \"\"МАЭК-Казатомпром\"\"\"","DDP","С даты подписания договора в течение 60 календарных дней","Предоплата - 0% , Промежуточный платеж - 0% , Окончательный платеж - 100% ","Тонна (метрическая)",{"v":0.57,"d":"0.570"},{"v":1055700,"d":"1,055,700.000"},{"v":601749,"d":"601,749.000"},{"v":673958.88,"d":"673,958.880"},"-","Товарищество с ограниченной ответственностью \"Мангистауский атомный энергетический комбинат-Казатомпром\""]
[null,"1810022","781 Т","242013.900.000713","Труба холоднодеформированная","стальная, бесшовная, диаметр 32 мм, толщина стенки от 1 мм до 5 мм и более","36:Диаметр:32*4,5 :32*4,5  \\ 301:Состав:12Х18Н10Т:12Х18Н10Т \\ 468:ТУ:14-3Р-55-2001:14-3Р-55-2001","ОТП","-","70","01.2018","471010000, Мангистауская область, Актау Г.А., г.Актау, \"Мангистауская область, г. Актау, промзона, ТОО \"\"МАЭК-Казатомпром\"\", здание 201\"","471010000, Мангистауская область, Актау Г.А., г.Актау, \"Мангистауская область, г. Актау, промзона, ТОО \"\"МАЭК-Казатомпром\"\"\"","DDP","С даты подписания договора в течение 60 календарных дней","Предоплата - 0% , Промежуточный платеж - 0% , Окончательный платеж - 100% ","Тонна (метрическая)",{"v":0.3,"d":"0.300"},{"v":2111400,"d":"2,111,400.000"},{"v":633420,"d":"633,420.000"},{"v":709430.4,"d":"709,430.400"},"-","Товарищество с ограниченной ответственностью \"Мангистауский атомный энергетический комбинат-Казатомпром\""]
[null,"1810036","782 Т","242013.900.000727","Труба холоднодеформированная","стальная, бесшовная, диаметр 57 мм, толщина стенки от 1 мм до 5 мм и более","36:Диаметр:57*4,0 :57*4,0  \\ 301:Состав:12Х18Н10Т:12Х18Н10Т","ОТП","-","0","04.2018","471010000, Мангистауская область, Актау Г.А., г.Актау, \"Мангистауская область, г. Актау, промзона, ТОО \"\"МАЭК-Казатомпром\"\", здание 201\"","471010000, Мангистауская область, Актау Г.А., г.Актау, \"Мангистауская область, г. Актау, промзона, ТОО \"\"МАЭК-Казатомпром\"\"\"","DDP","С даты подписания договора в течение 60 календарных дней","Предоплата - 0% , Промежуточный платеж - 0% , Окончательный платеж - 100% ","Тонна (метрическая)",{"v":240,"d":"240.000"},{"v":2111.4,"d":"2,111.400"},{"v":506736,"d":"506,736.000"},{"v":567544.32,"d":"567,544.320"},"-","Товарищество с ограниченной ответственностью \"Мангистауский атомный энергетический комбинат-Казатомпром\""]
[null,"1810220","783 Т","242013.900.000000","Труба холодно и теплодеформированная","стальная, бесшовная, диаметр 25 мм, толщина стенки 2,5 мм","36:Диаметр: 25*2,5*6000: 25*2,5*6000","ОТП","-","0","04.2018","471010000, Мангистауская область, Актау Г.А., г.Актау, \"Мангистауская область, г. Актау, промзона, ТОО \"\"МАЭК-Казатомпром\"\", здание 201\"","471010000, Мангистауская область, Актау Г.А., г.Актау, \"Мангистауская область, г. Актау, промзона, ТОО \"\"МАЭК-Казатомпром\"\"\"","DDP","С даты подписания договора в течение 60 календарных дней","Предоплата - 0% , Промежуточный платеж - 0% , Окончательный платеж - 100% ","Тонна (метрическая)",{"v":0.5,"d":"0.500"},{"v":842400,"d":"842,400.000"},{"v":421200,"d":"421,200.000"},{"v":471744,"d":"471,744.000"},"-","Товарищество с ограниченной ответственностью \"Мангистауский атомный энергетический комбинат-Казатомпром\""]
[null,"1810217","784 Т","242013.900.000719","Труба холоднодеформированная","стальная, бесшовная, диаметр 42 мм, толщина стенки от 1 мм до 5 мм и более","36:Диаметр:42*5,0:42*5,0 \\ 301:Состав:12Х1МФ :12Х1МФ  \\ 468:ТУ:14-3-460-75:14-3-460-75","ОТП","-","0","01.2018","471010000, Мангистауская область, Актау Г.А., г.Актау, \"Мангистауская область, г. Актау, промзона, ТОО \"\"МАЭК-Казатомпром\"\", здание 201\"","471010000, Мангистауская область, Актау Г.А., г.Актау, \"Мангистауская область, г. Актау, промзона, ТОО \"\"МАЭК-Казатомпром\"\"\"","DDP","С даты подписания договора в течение 60 календарных дней","Предоплата - 0% , Промежуточный платеж - 0% , Окончательный платеж - 100% ","Тонна (метрическая)",{"v":0.3,"d":"0.300"},{"v":1217160,"d":"1,217,160.000"},{"v":365148,"d":"365,148.000"},{"v":408965.76,"d":"408,965.760"},"-","Товарищество с ограниченной ответственностью \"Мангистауский атомный энергетический комбинат-Казатомпром\""]
[null,"1810216","785-1 Т","242013.900.000717","Труба холоднодеформированная","стальная, бесшовная, диаметр 38 мм, толщина стенки от 1 мм до 5 мм и более","36:Диаметр: 38*3*11000 : 38*3*11000  \\ 301:Состав:сталь 20:сталь 20 \\ 468:ТУ:14-3-460-75:14-3-460-75","ОТП","-","0","02.2018","471010000, Мангистауская область, Актау Г.А., г.Актау, \"Мангистауская область, г. Актау, промзона, ТОО \"\"МАЭК-Казатомпром\"\", здание 201\"","471010000, Мангистауская область, Актау Г.А., г.Актау, \"Мангистауская область, г. Актау, промзона, ТОО \"\"МАЭК-Казатомпром\"\"\"","DDP","С даты подписания договора в течение 60 календарных дней","Окончательный платеж - 100% , Промежуточный платеж - 0% , Предоплата - 0% ","Тонна (метрическая)",{"v":0.6,"d":"0.600"},{"v":1055700,"d":"1,055,700.000"},{"v":633420,"d":"633,420.000"},{"v":709430.4,"d":"709,430.400"},"-","Товарищество с ограниченной ответственностью \"Мангистауский атомный энергетический комбинат-Казатомпром\""]
[null,"1810203","786 Т","242013.900.000708","Труба холоднодеформированная","стальная, бесшовная, диаметр 25 мм, толщина стенки от 1 мм до 5 мм и более","36:Диаметр:25*4,0 ст.20:25*4,0 ст.20 \\ 301:Состав:сталь 20:сталь 20","ОТП","-","0","01.2018","471010000, Мангистауская область, Актау Г.А., г.Актау, \"Мангистауская область, г. Актау, промзона, ТОО \"\"МАЭК-Казатомпром\"\", здание 201\"","471010000, Мангистауская область, Актау Г.А., г.Актау, \"Мангистауская область, г. Актау, промзона, ТОО \"\"МАЭК-Казатомпром\"\"\"","DDP","С даты подписания договора в течение 60 календарных дней","Предоплата - 0% , Промежуточный платеж - 0% , Окончательный платеж - 100% ","Тонна (метрическая)",{"v":0.7,"d":"0.700"},{"v":950400,"d":"950,400.000"},{"v":665280,"d":"665,280.000"},{"v":745113.6,"d":"745,113.600"},"-","Товарищество с ограниченной ответственностью \"Мангистауский атомный энергетический комбинат-Казатомпром\""]
[null,"1810202","787 Т","242013.900.001076","Труба электросварная","стальная, диаметр 38 мм, толщина стенки 2,5 мм","36:Диаметр:38х2,5 :38х2,5  \\ 301:Состав:сталь 20:сталь 20","ОТП","-","0","01.2018","471010000, Мангистауская область, Актау Г.А., г.Актау, \"Мангистауская область, г. Актау, промзона, ТОО \"\"МАЭК-Казатомпром\"\", здание 201\"","471010000, Мангистауская область, Актау Г.А., г.Актау, \"Мангистауская область, г. Актау, промзона, ТОО \"\"МАЭК-Казатомпром\"\"\"","DDP","С даты подписания договора в течение 60 календарных дней","Предоплата - 0% , Промежуточный платеж - 0% , Окончательный платеж - 100% ","Тонна (метрическая)",{"v":0.8,"d":"0.800"},{"v":950400,"d":"950,400.000"},{"v":760320,"d":"760,320.000"},{"v":851558.4,"d":"851,558.400"},"-","Товарищество с ограниченной ответственностью \"Мангистауский атомный энергетический комбинат-Казатомпром\""]
[null,"1810224","788 Т","242013.900.000719","Труба холоднодеформированная","стальная, бесшовная, диаметр 42 мм, толщина стенки от 1 мм до 5 мм и более","36:Диаметр:42*5 :42*5  \\ 301:Состав:сталь 20:сталь 20","ОТП","-","0","04.2018","471010000, Мангистауская область, Актау Г.А., г.Актау, \"Мангистауская область, г. Актау, промзона, ТОО \"\"МАЭК-Казатомпром\"\", здание 201\"","471010000, Мангистауская область, Актау Г.А., г.Актау, \"Мангистауская область, г. Актау, промзона, ТОО \"\"МАЭК-Казатомпром\"\"\"","DDP","С даты подписания договора в течение 60 календарных дней","Предоплата - 0% , Промежуточный платеж - 0% , Окончательный платеж - 100% ","Тонна (метрическая)",{"v":0.17,"d":"0.170"},{"v":842400,"d":"842,400.000"},{"v":143208,"d":"143,208.000"},{"v":160392.96,"d":"160,392.960"},"-","Товарищество с ограниченной ответственностью \"Мангистауский атомный энергетический комбинат-Казатомпром\""]
[null,"1810234","789 Т","242013.900.000716","Труба холоднодеформированная","стальная, бесшовная, диаметр 36 мм, толщина стенки от 1 мм до 5 мм и более","36:Диаметр:36*6 :36*6  \\ 301:Состав:12Х1МФ :12Х1МФ  \\ 468:ТУ:14-3-460-75:14-3-460-75","ОТП","-","0","04.2018","471010000, Мангистауская область, Актау Г.А., г.Актау, \"Мангистауская область, г. Актау, промзона, ТОО \"\"МАЭК-Казатомпром\"\", здание 201\"","471010000, Мангистауская область, Актау Г.А., г.Актау, \"Мангистауская область, г. Актау, промзона, ТОО \"\"МАЭК-Казатомпром\"\"\"","DDP","С даты подписания договора в течение 60 календарных дней","Предоплата - 0% , Промежуточный платеж - 0% , Окончательный платеж - 100% ","Тонна (метрическая)",{"v":0.3,"d":"0.300"},{"v":1217160,"d":"1,217,160.000"},{"v":365148,"d":"365,148.000"},{"v":408965.76,"d":"408,965.760"},"-","Товарищество с ограниченной ответственностью \"Мангистауский атомный энергетический комбинат-Казатомпром\""]
[null,"1810034","790 Т","242013.900.000727","Труба холоднодеформированная","стальная, бесшовная, диаметр 57 мм, толщина стенки от 1 мм до 5 мм и более","36:Диаметр:57*4:57*4 \\ 301:Состав:сталь 20:сталь 20 \\ 468:ТУ:14-3-460-75:14-3-460-75","ОТП","-","70","01.2018","471010000, Мангистауская область, Актау Г.А., г.Актау, \"Мангистауская область, г. Актау, промзона, ТОО \"\"МАЭК-Казатомпром\"\", здание 201\"","471010000, Мангистауская область, Актау Г.А., г.Актау, \"Мангистауская область, г. Актау, промзона, ТОО \"\"МАЭК-Казатомпром\"\"\"","DDP","С даты подписания договора в течение 60 календарных дней","Предоплата - 0% , Промежуточный платеж - 0% , Окончательный платеж - 100% ","Тонна (метрическая)",{"v":0.16,"d":"0.160"},{"v":931500,"d":"931,500.000"},{"v":149040,"d":"149,040.000"},{"v":166924.8,"d":"166,924.800"},"-","Товарищество с ограниченной ответственностью \"Мангистауский атомный энергетический комбинат-Казатомпром\""]
[null,"1810206","791 Т","242013.900.000699","Труба холоднодеформированная","стальная, бесшовная, диаметр 16 мм, толщина стенки от 1 мм до 5 мм и более","36:Диаметр:16х2,5:16х2,5 \\ 301:Состав:сталь 20:сталь 20 \\ 468:ТУ:14-3-460-75:14-3-460-75","ОТП","-","0","01.2018","471010000, Мангистауская область, Актау Г.А., г.Актау, \"Мангистауская область, г. Актау, промзона, ТОО \"\"МАЭК-Казатомпром\"\", здание 201\"","471010000, Мангистауская область, Актау Г.А., г.Актау, \"Мангистауская область, г. Актау, промзона, ТОО \"\"МАЭК-Казатомпром\"\"\"","DDP","С даты подписания договора в течение 60 календарных дней","Предоплата - 0% , Промежуточный платеж - 0% , Окончательный платеж - 100% ","Тонна (метрическая)",{"v":0.8,"d":"0.800"},{"v":1055700,"d":"1,055,700.000"},{"v":844560,"d":"844,560.000"},{"v":945907.2,"d":"945,907.200"},"-","Товарищество с ограниченной ответственностью \"Мангистауский атомный энергетический комбинат-Казатомпром\""]
[null,"1822301","792 Т","242013.900.000514","Труба горячедеформированная","стальная, диаметр 273 мм, толщина стенки 20 мм","36:Диаметр:273*20 :273*20  \\ 301:Состав:12Х1МФ:12Х1МФ","ОТП","-","0","01.2018","471010000, Мангистауская область, Актау Г.А., г.Актау, \"Мангистауская область, г. Актау, промзона, ТОО \"\"МАЭК-Казатомпром\"\", здание 201\"","471010000, Мангистауская область, Актау Г.А., г.Актау, \"Мангистауская область, г. Актау, промзона, ТОО \"\"МАЭК-Казатомпром\"\"\"","DDP","С даты подписания договора в течение 60 календарных дней","Предоплата - 0% , Промежуточный платеж - 0% , Окончательный платеж - 100% ","Тонна (метрическая)",{"v":0.4,"d":"0.400"},{"v":1188000,"d":"1,188,000.000"},{"v":475200,"d":"475,200.000"},{"v":532224,"d":"532,224.000"},"-","Товарищество с ограниченной ответственностью \"Мангистауский атомный энергетический комбинат-Казатомпром\""]
[null,"1820116","793 Т","242013.900.000142","Труба горячедеформированная","стальная, диаметр 76 мм, толщина стенки 9 мм","36:Диаметр:76*9 :76*9  \\ 301:Состав:12Х1МФ:12Х1МФ","ОТП","-","0","01.2018","471010000, Мангистауская область, Актау Г.А., г.Актау, \"Мангистауская область, г. Актау, промзона, ТОО \"\"МАЭК-Казатомпром\"\", здание 201\"","471010000, Мангистауская область, Актау Г.А., г.Актау, \"Мангистауская область, г. Актау, промзона, ТОО \"\"МАЭК-Казатомпром\"\"\"","DDP","С даты подписания договора в течение 60 календарных дней","Предоплата - 0% , Промежуточный платеж - 0% , Окончательный платеж - 100% ","Тонна (метрическая)",{"v":0.5,"d":"0.500"},{"v":1134000,"d":"1,134,000.000"},{"v":567000,"d":"567,000.000"},{"v":635040,"d":"635,040.000"},"-","Товарищество с ограниченной ответственностью \"Мангистауский атомный энергетический комбинат-Казатомпром\""]
[null,"1820202","794 Т","242013.900.000290","Труба горячедеформированная","стальная, диаметр 133 мм, толщина стенки 6,5 мм","36:Диаметр:133*13 :133*13  \\ 468:ТУ: 14 3 460 75: 14 3 460 75","ОТП","-","0","02.2018","471010000, Мангистауская область, Актау Г.А., г.Актау, \"Мангистауская область, г. Актау, промзона, ТОО \"\"МАЭК-Казатомпром\"\", здание 201\"","471010000, Мангистауская область, Актау Г.А., г.Актау, \"Мангистауская область, г. Актау, промзона, ТОО \"\"МАЭК-Казатомпром\"\"\"","DDP","С даты подписания договора в течение 60 календарных дней","Предоплата - 0% , Промежуточный платеж - 0% , Окончательный платеж - 100% ","Тонна (метрическая)",{"v":0.15,"d":"0.150"},{"v":1092960,"d":"1,092,960.000"},{"v":163944,"d":"163,944.000"},{"v":183617.28,"d":"183,617.280"},"-","Товарищество с ограниченной ответственностью \"Мангистауский атомный энергетический комбинат-Казатомпром\""]
[null,"1821248","795 Т","242013.900.000297","Труба горячедеформированная","стальная, диаметр 133 мм, толщина стенки 10 мм","36:Диаметр:133*10 :133*10  \\ 301:Состав:ст.20:ст.20","ОТП","-","0","02.2018","471010000, Мангистауская область, Актау Г.А., г.Актау, \"Мангистауская область, г. Актау, промзона, ТОО \"\"МАЭК-Казатомпром\"\", здание 201\"","471010000, Мангистауская область, Актау Г.А., г.Актау, \"Мангистауская область, г. Актау, промзона, ТОО \"\"МАЭК-Казатомпром\"\"\"","DDP","С даты подписания договора в течение 60 календарных дней","Предоплата - 0% , Промежуточный платеж - 0% , Окончательный платеж - 100% ","Тонна (метрическая)",{"v":1.2,"d":"1.200"},{"v":850000,"d":"850,000.000"},{"v":1020000,"d":"1,020,000.000"},{"v":1142400,"d":"1,142,400.000"},"-","Товарищество с ограниченной ответственностью \"Мангистауский атомный энергетический комбинат-Казатомпром\""]
[null,"1821258","796 Т","242013.900.000014","Труба холодно и теплодеформированная","стальная, бесшовная, диаметр 219 мм, толщина стенки 10,0 мм","36:Диаметр:219*16:219*16 \\ 468:ТУ:14-3-460-75:14-3-460-75","ОТП","-","70","04.2018","471010000, Мангистауская область, Актау Г.А., г.Актау, \"Мангистауская область, г. Актау, промзона, ТОО \"\"МАЭК-Казатомпром\"\", здание 201\"","471010000, Мангистауская область, Актау Г.А., г.Актау, \"Мангистауская область, г. Актау, промзона, ТОО \"\"МАЭК-Казатомпром\"\"\"","DDP","С даты подписания договора в течение 60 календарных дней","Предоплата - 0% , Промежуточный платеж - 0% , Окончательный платеж - 100% ","Тонна (метрическая)",{"v":0.5,"d":"0.500"},{"v":1055700,"d":"1,055,700.000"},{"v":527850,"d":"527,850.000"},{"v":591192,"d":"591,192.000"},"-","Товарищество с ограниченной ответственностью \"Мангистауский атомный энергетический комбинат-Казатомпром\""]
[null,"1820130","797 Т","242013.900.000744","Труба холоднодеформированная","стальная, бесшовная, диаметр 108 мм, толщина стенки от 1 мм до 5 мм и более","36:Диаметр:108*10:108*10 \\ 301:Состав:сталь 20пв:сталь 20пв","ОТП","-","0","01.2018","471010000, Мангистауская область, Актау Г.А., г.Актау, \"Мангистауская область, г. Актау, промзона, ТОО \"\"МАЭК-Казатомпром\"\", здание 201\"","471010000, Мангистауская область, Актау Г.А., г.Актау, \"Мангистауская область, г. Актау, промзона, ТОО \"\"МАЭК-Казатомпром\"\"\"","DDP","С даты подписания договора в течение 60 календарных дней","Предоплата - 0% , Промежуточный платеж - 0% , Окончательный платеж - 100% ","Тонна (метрическая)",{"v":0.88,"d":"0.880"},{"v":950400,"d":"950,400.000"},{"v":836352,"d":"836,352.000"},{"v":936714.24,"d":"936,714.240"},"-","Товарищество с ограниченной ответственностью \"Мангистауский атомный энергетический комбинат-Казатомпром\""]
[null,"1820110","798 Т","242013.900.000735","Труба холоднодеформированная","стальная, бесшовная, диаметр 76 мм, толщина стенки от 1 мм до 5 мм и более","36:Диаметр:76*8 :76*8  \\ 301:Состав:сталь 20пв:сталь 20пв \\ 468:ТУ: 14-3-460-75: 14-3-460-75","ОТП","-","0","01.2018","471010000, Мангистауская область, Актау Г.А., г.Актау, \"Мангистауская область, г. Актау, промзона, ТОО \"\"МАЭК-Казатомпром\"\", здание 201\"","471010000, Мангистауская область, Актау Г.А., г.Актау, \"Мангистауская область, г. Актау, промзона, ТОО \"\"МАЭК-Казатомпром\"\"\"","DDP","С даты подписания договора в течение 60 календарных дней","Предоплата - 0% , Промежуточный платеж - 0% , Окончательный платеж - 100% ","Тонна (метрическая)",{"v":0.28,"d":"0.280"},{"v":931500,"d":"931,500.000"},{"v":260820,"d":"260,820.000"},{"v":292118.4,"d":"292,118.400"},"-","Товарищество с ограниченной ответственностью \"Мангистауский атомный энергетический комбинат-Казатомпром\""]
[null,"1834307","799 Т","242013.900.000705","Труба холоднодеформированная","стальная, бесшовная, диаметр 22 мм, толщина стенки от 1 мм до 5 мм и более","36:Диаметр: 89*6 : 89*6  \\ 301:Состав:12Х18Н10Т:12Х18Н10Т","ОТП","-","0","01.2018","471010000, Мангистауская область, Актау Г.А., г.Актау, \"Мангистауская область, г. Актау, промзона, ТОО \"\"МАЭК-Казатомпром\"\", здание 201\"","471010000, Мангистауская область, Актау Г.А., г.Актау, \"Мангистауская область, г. Актау, промзона, ТОО \"\"МАЭК-Казатомпром\"\"\"","DDP","С даты подписания договора в течение 60 календарных дней","Предоплата - 0% , Промежуточный платеж - 0% , Окончательный платеж - 100% ","Тонна (метрическая)",{"v":0.2,"d":"0.200"},{"v":2052000,"d":"2,052,000.000"},{"v":410400,"d":"410,400.000"},{"v":459648,"d":"459,648.000"},"-","Товарищество с ограниченной ответственностью \"Мангистауский атомный энергетический комбинат-Казатомпром\""]
[null,"1830418","800 Т","242013.900.000943","Труба электросварная","стальная, диаметр 12 мм, толщина стенки 2,0 мм","36:Диаметр:12*2 :12*2  \\ 301:Состав:12Х18Н10Т:12Х18Н10Т","ОТП","-","0","01.2018","471010000, Мангистауская область, Актау Г.А., г.Актау, \"Мангистауская область, г. Актау, промзона, ТОО \"\"МАЭК-Казатомпром\"\", здание 201\"","471010000, Мангистауская область, Актау Г.А., г.Актау, \"Мангистауская область, г. Актау, промзона, ТОО \"\"МАЭК-Казатомпром\"\"\"","DDP","С даты подписания договора в течение 60 календарных дней","Предоплата - 0% , Промежуточный платеж - 0% , Окончательный платеж - 100% ","Метр",{"v":200,"d":"200.000"},{"v":1080,"d":"1,080.000"},{"v":216000,"d":"216,000.000"},{"v":241920,"d":"241,920.000"},"-","Товарищество с ограниченной ответственностью \"Мангистауский атомный энергетический комбинат-Казатомпром\""]
[null,"1831089","801 Т","242013.900.000705","Труба холоднодеформированная","стальная, бесшовная, диаметр 22 мм, толщина стенки от 1 мм до 5 мм и более","36:Диаметр:22*3,0 :22*3,0  \\ 301:Состав:12Х18Н10Т:12Х18Н10Т","ОТП","-","0","01.2018","471010000, Мангистауская область, Актау Г.А., г.Актау, \"Мангистауская область, г. Актау, промзона, ТОО \"\"МАЭК-Казатомпром\"\", здание 201\"","471010000, Мангистауская область, Актау Г.А., г.Актау, \"Мангистауская область, г. Актау, промзона, ТОО \"\"МАЭК-Казатомпром\"\"\"","DDP","С даты подписания договора в течение 60 календарных дней","Предоплата - 0% , Промежуточный платеж - 0% , Окончательный платеж - 100% ","Тонна (метрическая)",{"v":0.06,"d":"0.060"},{"v":2073000.6,"d":"2,073,000.600"},{"v":124380.04,"d":"124,380.040"},{"v":139305.64,"d":"139,305.640"},"-","Товарищество с ограниченной ответственностью \"Мангистауский атомный энергетический комбинат-Казатомпром\""]
[null,"1831496","802-1 Т","242013.900.001003","Труба электросварная","стальная, диаметр 25 мм, толщина стенки 2,0 мм","36:Диаметр:25*2*4100 :25*2*4100  \\ 301:Состав:12Х18Н10Т:12Х18Н10Т","ОТП","-","0","02.2018","471000000, Мангистауская область, Актау Г.А., Промзона, ТОО \"МАЭК-Казатомпром\", здание 201","471000000, Мангистауская область, Актау Г.А., Промзона, склад ТОО \"МАЭК-Казатомпром\"","DDP","С даты подписания договора в течение 60 календарных дней","Окончательный платеж - 100% , Промежуточный платеж - 0% , Предоплата - 0% ","Тонна (метрическая)",{"v":6.23,"d":"6.230"},{"v":2456300,"d":"2,456,300.000"},{"v":15302749,"d":"15,302,749.000"},{"v":17139078.88,"d":"17,139,078.880"},"-","Товарищество с ограниченной ответственностью \"Мангистауский атомный энергетический комбинат-Казатомпром\""]
[null,"1830824","803 Т","242013.900.000961","Труба электросварная","стальная, диаметр 16 мм, толщина стенки 2,0 мм","36:Диаметр:16х2 :16х2  \\ 301:Состав:12Х18Н10Т:12Х18Н10Т \\ 79:ГОСТ:9940-72:9940-72","ОТП","-","70","01.2018","471010000, Мангистауская область, Актау Г.А., г.Актау, \"Мангистауская область, г. Актау, промзона, ТОО \"\"МАЭК-Казатомпром\"\", здание 201\"","471010000, Мангистауская область, Актау Г.А., г.Актау, \"Мангистауская область, г. Актау, промзона, ТОО \"\"МАЭК-Казатомпром\"\"\"","DDP","С даты подписания договора в течение 60 календарных дней","Предоплата - 0% , Промежуточный платеж - 0% , Окончательный платеж - 100% ","Тонна (метрическая)",{"v":0.03,"d":"0.030"},{"v":2111400,"d":"2,111,400.000"},{"v":63342,"d":"63,342.000"},{"v":70943.04,"d":"70,943.040"},"-","Товарищество с ограниченной ответственностью \"Мангистауский атомный энергетический комбинат-Казатомпром\""]
[null,"1830392","804 Т","242013.900.001308","Труба электросварная","стальная, диаметр 10 мм, толщина стенки 2 мм","36:Диаметр:10х2:10х2 \\ 301:Состав:12Х18Н10Т:12Х18Н10Т","ОТП","-","0","01.2018","471010000, Мангистауская область, Актау Г.А., г.Актау, \"Мангистауская область, г. Актау, промзона, ТОО \"\"МАЭК-Казатомпром\"\", здание 201\"","471010000, Мангистауская область, Актау Г.А., г.Актау, \"Мангистауская область, г. Актау, промзона, ТОО \"\"МАЭК-Казатомпром\"\"\"","DDP","С даты подписания договора в течение 60 календарных дней","Предоплата - 0% , Промежуточный платеж - 0% , Окончательный платеж - 100% ","Метр",{"v":0.04,"d":"0.040"},{"v":918,"d":"918.000"},{"v":36.72,"d":"36.720"},{"v":41.13,"d":"41.130"},"-","Товарищество с ограниченной ответственностью \"Мангистауский атомный энергетический комбинат-Казатомпром\""]
[null,"1830825","805 Т","242013.900.000699","Труба холоднодеформированная","стальная, бесшовная, диаметр 16 мм, толщина стенки от 1 мм до 5 мм и более","36:Диаметр:16*2,5 :16*2,5  \\ 301:Состав:12Х18Н10Т:12Х18Н10Т \\ 79:ГОСТ:9940-72:9940-72","ОТП","-","0","02.2018","471010000, Мангистауская область, Актау Г.А., г.Актау, \"Мангистауская область, г. Актау, промзона, ТОО \"\"МАЭК-Казатомпром\"\", здание 201\"","471010000, Мангистауская область, Актау Г.А., г.Актау, \"Мангистауская область, г. Актау, промзона, ТОО \"\"МАЭК-Казатомпром\"\"\"","DDP","С даты подписания договора в течение 60 календарных дней","Предоплата - 0% , Промежуточный платеж - 0% , Окончательный платеж - 100% ","Килограмм",{"v":10,"d":"10.000"},{"v":2111.4,"d":"2,111.400"},{"v":21114,"d":"21,114.000"},{"v":23647.68,"d":"23,647.680"},"-","Товарищество с ограниченной ответственностью \"Мангистауский атомный энергетический комбинат-Казатомпром\""]
[null,"1830422","806 Т","242013.900.000697","Труба холоднодеформированная","стальная, бесшовная, диаметр 14 мм, толщина стенки от 1 мм до 5 мм","36:Диаметр: 14х2: 14х2 \\ 301:Состав:12Х18Н10Т:12Х18Н10Т","ОТП","-","0","02.2018","471010000, Мангистауская область, Актау Г.А., г.Актау, \"Мангистауская область, г. Актау, промзона, ТОО \"\"МАЭК-Казатомпром\"\", здание 201\"","471010000, Мангистауская область, Актау Г.А., г.Актау, \"Мангистауская область, г. Актау, промзона, ТОО \"\"МАЭК-Казатомпром\"\"\"","DDP","С даты подписания договора в течение 60 календарных дней","Предоплата - 0% , Промежуточный платеж - 0% , Окончательный платеж - 100% ","Тонна (метрическая)",{"v":0.03,"d":"0.030"},{"v":2052000,"d":"2,052,000.000"},{"v":61560,"d":"61,560.000"},{"v":68947.2,"d":"68,947.200"},"-","Товарищество с ограниченной ответственностью \"Мангистауский атомный энергетический комбинат-Казатомпром\""]
[null,"1831081","807 Т","242013.900.000703","Труба холоднодеформированная","стальная, бесшовная, диаметр 20 мм, толщина стенки от 1 мм до 5 мм и более","36:Диаметр:20х2:20х2 \\ 301:Состав:12Х18Н10Т:12Х18Н10Т \\ 79:ГОСТ:9941-81:9941-81","ОТП","-","0","02.2018","471010000, Мангистауская область, Актау Г.А., г.Актау, \"Мангистауская область, г. Актау, промзона, ТОО \"\"МАЭК-Казатомпром\"\", здание 201\"","471010000, Мангистауская область, Актау Г.А., г.Актау, \"Мангистауская область, г. Актау, промзона, ТОО \"\"МАЭК-Казатомпром\"\"\"","DDP","С даты подписания договора в течение 60 календарных дней","Предоплата - 0% , Промежуточный платеж - 0% , Окончательный платеж - 100% ","Тонна (метрическая)",{"v":0.01,"d":"0.010"},{"v":2073000.6,"d":"2,073,000.600"},{"v":20730.01,"d":"20,730.010"},{"v":23217.61,"d":"23,217.610"},"-","Товарищество с ограниченной ответственностью \"Мангистауский атомный энергетический комбинат-Казатомпром\""]
[null,"1843080","808 Т","242013.900.000366","Труба горячедеформированная","стальная, диаметр 159 мм, толщина стенки 7 мм","36:Диаметр:159*7 :159*7  \\ 301:Состав:12Х18Н10Т:12Х18Н10Т \\ 79:ГОСТ:9940-72:9940-72","ОТП","-","70","01.2018","471010000, Мангистауская область, Актау Г.А., г.Актау, \"Мангистауская область, г. Актау, промзона, ТОО \"\"МАЭК-Казатомпром\"\", здание 201\"","471010000, Мангистауская область, Актау Г.А., г.Актау, \"Мангистауская область, г. Актау, промзона, ТОО \"\"МАЭК-Казатомпром\"\"\"","DDP","С даты подписания договора в течение 60 календарных дней","Предоплата - 0% , Промежуточный платеж - 0% , Окончательный платеж - 100% ","Тонна (метрическая)",{"v":0.5,"d":"0.500"},{"v":2111400,"d":"2,111,400.000"},{"v":1055700,"d":"1,055,700.000"},{"v":1182384,"d":"1,182,384.000"},"-","Товарищество с ограниченной ответственностью \"Мангистауский атомный энергетический комбинат-Казатомпром\""]
[null,"1840114","809 Т","242013.900.000224","Труба горячедеформированная","стальная, диаметр 108 мм, толщина стенки 6,5 мм","36:Диаметр:108х6,0 :108х6,0  \\ 301:Состав:12Х18Н10Т:12Х18Н10Т \\ 79:ГОСТ:9940-72:9940-72","ОТП","-","70","01.2018","471010000, Мангистауская область, Актау Г.А., г.Актау, \"Мангистауская область, г. Актау, промзона, ТОО \"\"МАЭК-Казатомпром\"\", здание 201\"","471010000, Мангистауская область, Актау Г.А., г.Актау, \"Мангистауская область, г. Актау, промзона, ТОО \"\"МАЭК-Казатомпром\"\"\"","DDP","С даты подписания договора в течение 60 календарных дней","Предоплата - 0% , Промежуточный платеж - 0% , Окончательный платеж - 100% ","Тонна (метрическая)",{"v":0.8,"d":"0.800"},{"v":2111400,"d":"2,111,400.000"},{"v":1689120,"d":"1,689,120.000"},{"v":1891814.4,"d":"1,891,814.400"},"-","Товарищество с ограниченной ответственностью \"Мангистауский атомный энергетический комбинат-Казатомпром\""]
[null,"1853020","810-1 Т","242013.900.001346","Труба электросварная","стальная, диаметр 426 мм, толщина стенки 8 мм","36:Диаметр:426*8,0 :426*8,0  \\ 301:Состав:Ст.20 :Ст.20  \\ 79:ГОСТ:8733-76:8733-76","ОТП","-","70","02.2018","471000000, Мангистауская область, Актау Г.А., Промзона, ТОО \"МАЭК-Казатомпром\", здание 201","471000000, Мангистауская область, Актау Г.А., Промзона, склад ТОО \"МАЭК-Казатомпром\"","DDP","С даты подписания договора в течение 60 календарных дней","Окончательный платеж - 100% , Промежуточный платеж - 0% , Предоплата - 0% ","Тонна (метрическая)",{"v":9.07,"d":"9.070"},{"v":438625,"d":"438,625.000"},{"v":3978328.75,"d":"3,978,328.750"},{"v":4455728.2,"d":"4,455,728.200"},"-","Товарищество с ограниченной ответственностью \"Мангистауский атомный энергетический комбинат-Казатомпром\""]
[null,"1852940","811-1 Т","242013.900.000543","Труба горячедеформированная","стальная, диаметр 325 мм, толщина стенки 8 мм","36:Диаметр: 325х8-10: 325х8-10 \\ 79:ГОСТ:8733-76:8733-76","ОТП","-","70","02.2018","471010000, Мангистауская область, Актау Г.А., г.Актау, \"Мангистауская область, г. Актау, промзона, ТОО \"\"МАЭК-Казатомпром\"\", здание 201\"","471010000, Мангистауская область, Актау Г.А., г.Актау, \"Мангистауская область, г. Актау, промзона, ТОО \"\"МАЭК-Казатомпром\"\"\"","DDP","С даты подписания договора в течение 60 календарных дней","Окончательный платеж - 100% , Промежуточный платеж - 0% , Предоплата - 0% ","Тонна (метрическая)",{"v":4.12,"d":"4.120"},{"v":427000,"d":"427,000.000"},{"v":1759240,"d":"1,759,240.000"},{"v":1970348.8,"d":"1,970,348.800"},"-","Товарищество с ограниченной ответственностью \"Мангистауский атомный энергетический комбинат-Казатомпром\""]
[null,"1853451","812 Т","242013.900.001326","Труба электросварная","стальная, диаметр 426 мм, толщина стенки 7 мм","36:Диаметр: 426х7 : 426х7  \\ 301:Состав:Ст.20 :Ст.20 ","ОТП","-","0","01.2018","471010000, Мангистауская область, Актау Г.А., г.Актау, \"Мангистауская область, г. Актау, промзона, ТОО \"\"МАЭК-Казатомпром\"\", здание 201\"","471010000, Мангистауская область, Актау Г.А., г.Актау, \"Мангистауская область, г. Актау, промзона, ТОО \"\"МАЭК-Казатомпром\"\"\"","DDP","С даты подписания договора в течение 60 календарных дней","Предоплата - 0% , Промежуточный платеж - 0% , Окончательный платеж - 100% ","Тонна (метрическая)",{"v":0.01,"d":"0.010"},{"v":267300,"d":"267,300.000"},{"v":2673,"d":"2,673.000"},{"v":2993.76,"d":"2,993.760"},"-","Товарищество с ограниченной ответственностью \"Мангистауский атомный энергетический комбинат-Казатомпром\""]
[null,"1851004","813-1 Т","242013.900.001284","Труба электросварная","стальная, диаметр 219 мм, толщина стенки 8 мм","36:Диаметр:219х8,0:219х8,0","ОТП","-","0","02.2018","471010000, Мангистауская область, Актау Г.А., г.Актау, \"Мангистауская область, г. Актау, промзона, ТОО \"\"МАЭК-Казатомпром\"\", здание 201\"","471010000, Мангистауская область, Актау Г.А., г.Актау, \"Мангистауская область, г. Актау, промзона, ТОО \"\"МАЭК-Казатомпром\"\"\"","DDP","С даты подписания договора в течение 60 календарных дней","Окончательный платеж - 100% , Промежуточный платеж - 0% , Предоплата - 0% ","Тонна (метрическая)",{"v":5.49,"d":"5.490"},{"v":410000,"d":"410,000.000"},{"v":2250900,"d":"2,250,900.000"},{"v":2521008,"d":"2,521,008.000"},"-","Товарищество с ограниченной ответственностью \"Мангистауский атомный энергетический комбинат-Казатомпром\""]
[null,"1854248","814-1 Т","242013.900.001328","Труба электросварная","стальная, диаметр 630 мм, толщина стенки 10 мм","36:Диаметр: 630*10 : 630*10  \\ 79:ГОСТ:10704-76,20295-76:10704-76,20295-76","ОТП","-","70","02.2018","471010000, Мангистауская область, Актау Г.А., г.Актау, \"Мангистауская область, г. Актау, промзона, ТОО \"\"МАЭК-Казатомпром\"\", здание 201\"","471010000, Мангистауская область, Актау Г.А., г.Актау, \"Мангистауская область, г. Актау, промзона, ТОО \"\"МАЭК-Казатомпром\"\"\"","DDP","С даты подписания договора в течение 60 календарных дней","Окончательный платеж - 100% , Промежуточный платеж - 0% , Предоплата - 0% ","Тонна (метрическая)",{"v":12.84,"d":"12.840"},{"v":370000,"d":"370,000.000"},{"v":4750800,"d":"4,750,800.000"},{"v":5320896,"d":"5,320,896.000"},"-","Товарищество с ограниченной ответственностью \"Мангистауский атомный энергетический комбинат-Казатомпром\""]
[null,"1853513","815 Т","242013.900.000608","Труба горячедеформированная","стальная, диаметр 426 мм, толщина стенки 14 мм","36:Диаметр:426х14:426х14 \\ 301:Состав:Сталь 20 :Сталь 20 ","ОТП","-","0","02.2018","471010000, Мангистауская область, Актау Г.А., г.Актау, \"Мангистауская область, г. Актау, промзона, ТОО \"\"МАЭК-Казатомпром\"\", здание 201\"","471010000, Мангистауская область, Актау Г.А., г.Актау, \"Мангистауская область, г. Актау, промзона, ТОО \"\"МАЭК-Казатомпром\"\"\"","DDP","С даты подписания договора в течение 60 календарных дней","Предоплата - 0% , Промежуточный платеж - 0% , Окончательный платеж - 100% ","Тонна (метрическая)",{"v":0.1,"d":"0.100"},{"v":267300,"d":"267,300.000"},{"v":26730,"d":"26,730.000"},{"v":29937.6,"d":"29,937.600"},"-","Товарищество с ограниченной ответственностью \"Мангистауский атомный энергетический комбинат-Казатомпром\""]
[null,"1854281","816 Т","242013.900.001419","Труба электросварная","стальная, диаметр 820 мм, толщина стенки 10 мм","36:Диаметр:820 :820  \\ 301:Состав:сталь 3:сталь 3","ОТП","-","0","01.2018","471010000, Мангистауская область, Актау Г.А., г.Актау, \"Мангистауская область, г. Актау, промзона, ТОО \"\"МАЭК-Казатомпром\"\", здание 201\"","471010000, Мангистауская область, Актау Г.А., г.Актау, \"Мангистауская область, г. Актау, промзона, ТОО \"\"МАЭК-Казатомпром\"\"\"","DDP","С даты подписания договора в течение 60 календарных дней","Предоплата - 0% , Промежуточный платеж - 0% , Окончательный платеж - 100% ","Тонна (метрическая)",{"v":6,"d":"6.000"},{"v":304020,"d":"304,020.000"},{"v":1824120,"d":"1,824,120.000"},{"v":2043014.4,"d":"2,043,014.400"},"-","Товарищество с ограниченной ответственностью \"Мангистауский атомный энергетический комбинат-Казатомпром\""]
[null,"1851002","817 Т","242013.900.000463","Труба горячедеформированная","стальная, диаметр 219 мм, толщина стенки 8 мм","235:Наименование:бесшовная:бесшовная \\ 79:ГОСТ:8732-78:8732-78","ОТП","-","70","01.2018","471010000, Мангистауская область, Актау Г.А., г.Актау, \"Мангистауская область, г. Актау, промзона, ТОО \"\"МАЭК-Казатомпром\"\", здание 201\"","471010000, Мангистауская область, Актау Г.А., г.Актау, \"Мангистауская область, г. Актау, промзона, ТОО \"\"МАЭК-Казатомпром\"\"\"","DDP","С даты подписания договора в течение 60 календарных дней","Предоплата - 0% , Промежуточный платеж - 0% , Окончательный платеж - 100% ","Тонна (метрическая)",{"v":2,"d":"2.000"},{"v":242190,"d":"242,190.000"},{"v":484380,"d":"484,380.000"},{"v":542505.6,"d":"542,505.600"},"-","Товарищество с ограниченной ответственностью \"Мангистауский атомный энергетический комбинат-Казатомпром\""]
[null,"1851021","818 Т","242011.100.000094","Труба для нефтеперерабатывающей и нефтехимической промышленности","стальная, бесшовная, диаметр 219 мм, толщина стенки 16,0 мм","36:Диаметр:219*16 :219*16  \\ 301:Состав:20:20","ОТП","-","0","03.2018","471010000, Мангистауская область, Актау Г.А., г.Актау, \"Мангистауская область, г. Актау, промзона, ТОО \"\"МАЭК-Казатомпром\"\", здание 201\"","471010000, Мангистауская область, Актау Г.А., г.Актау, \"Мангистауская область, г. Актау, промзона, ТОО \"\"МАЭК-Казатомпром\"\"\"","DDP","С даты подписания договора в течение 60 календарных дней","Предоплата - 0% , Промежуточный платеж - 0% , Окончательный платеж - 100% ","Тонна (метрическая)",{"v":0.6,"d":"0.600"},{"v":280800,"d":"280,800.000"},{"v":168480,"d":"168,480.000"},{"v":188697.6,"d":"188,697.600"},"-","Товарищество с ограниченной ответственностью \"Мангистауский атомный энергетический комбинат-Казатомпром\""]
[null,"1853008","819-1 Т","242013.900.000547","Труба горячедеформированная","стальная, диаметр 325 мм, толщина стенки 10 мм","36:Диаметр:325*10:325*10","ОТП","-","0","02.2018","471010000, Мангистауская область, Актау Г.А., г.Актау, \"Мангистауская область, г. Актау, промзона, ТОО \"\"МАЭК-Казатомпром\"\", здание 201\"","471010000, Мангистауская область, Актау Г.А., г.Актау, \"Мангистауская область, г. Актау, промзона, ТОО \"\"МАЭК-Казатомпром\"\"\"","DDP","С даты подписания договора в течение 60 календарных дней","Окончательный платеж - 100% , Промежуточный платеж - 0% , Предоплата - 0% ","Тонна (метрическая)",1.787,{"v":430000,"d":"430,000.000"},{"v":768410,"d":"768,410.000"},{"v":860619.2,"d":"860,619.200"},"-","Товарищество с ограниченной ответственностью \"Мангистауский атомный энергетический комбинат-Казатомпром\""]
[null,"1854515","820-1 Т","242013.900.001419","Труба электросварная","стальная, диаметр 820 мм, толщина стенки 10 мм","235:Наименование: спиральношовная : спиральношовная ","ОТП","-","0","02.2018","471010000, Мангистауская область, Актау Г.А., г.Актау, \"Мангистауская область, г. Актау, промзона, ТОО \"\"МАЭК-Казатомпром\"\", здание 201\"","471010000, Мангистауская область, Актау Г.А., г.Актау, \"Мангистауская область, г. Актау, промзона, ТОО \"\"МАЭК-Казатомпром\"\"\"","DDP","С даты подписания договора в течение 60 календарных дней","Окончательный платеж - 100% , Промежуточный платеж - 0% , Предоплата - 0% ","Тонна (метрическая)",{"v":5.6,"d":"5.600"},{"v":304020,"d":"304,020.000"},{"v":1702512,"d":"1,702,512.000"},{"v":1906813.44,"d":"1,906,813.440"},"-","Товарищество с ограниченной ответственностью \"Мангистауский атомный энергетический комбинат-Казатомпром\""]
[null,"1852017","821 Т","242013.900.000501","Труба горячедеформированная","стальная, диаметр 273 мм, толщина стенки 8 мм","301:Состав:сталь 20:сталь 20 \\ 79:ГОСТ:8733-76:8733-76","ОТП","-","70","01.2018","471010000, Мангистауская область, Актау Г.А., г.Актау, \"Мангистауская область, г. Актау, промзона, ТОО \"\"МАЭК-Казатомпром\"\", здание 201\"","471010000, Мангистауская область, Актау Г.А., г.Актау, \"Мангистауская область, г. Актау, промзона, ТОО \"\"МАЭК-Казатомпром\"\"\"","DDP","С даты подписания договора в течение 60 календарных дней","Предоплата - 0% , Промежуточный платеж - 0% , Окончательный платеж - 100% ","Тонна (метрическая)",{"v":5.6,"d":"5.600"},{"v":242190,"d":"242,190.000"},{"v":1356264,"d":"1,356,264.000"},{"v":1519015.68,"d":"1,519,015.680"},"-","Товарищество с ограниченной ответственностью \"Мангистауский атомный энергетический комбинат-Казатомпром\""]
[null,"1854255","822 Т","242013.900.001400","Труба электросварная","стальная, диаметр 720 мм, толщина стенки 14 мм","36:Диаметр:720*10 :720*10  \\ 79:ГОСТ:20295-74:20295-74","ОТП","-","70","01.2018","471010000, Мангистауская область, Актау Г.А., г.Актау, \"Мангистауская область, г. Актау, промзона, ТОО \"\"МАЭК-Казатомпром\"\", здание 201\"","471010000, Мангистауская область, Актау Г.А., г.Актау, \"Мангистауская область, г. Актау, промзона, ТОО \"\"МАЭК-Казатомпром\"\"\"","DDP","С даты подписания договора в течение 60 календарных дней","Предоплата - 0% , Промежуточный платеж - 0% , Окончательный платеж - 100% ","Тонна (метрическая)",{"v":12,"d":"12.000"},{"v":316710,"d":"316,710.000"},{"v":3800520,"d":"3,800,520.000"},{"v":4256582.4,"d":"4,256,582.400"},"-","Товарищество с ограниченной ответственностью \"Мангистауский атомный энергетический комбинат-Казатомпром\""]
[null,"1853019","823 Т","242013.900.001326","Труба электросварная","стальная, диаметр 426 мм, толщина стенки 7 мм","36:Диаметр: 426*6,0: 426*6,0","ОТП","-","0","01.2018","471010000, Мангистауская область, Актау Г.А., г.Актау, \"Мангистауская область, г. Актау, промзона, ТОО \"\"МАЭК-Казатомпром\"\", здание 201\"","471010000, Мангистауская область, Актау Г.А., г.Актау, \"Мангистауская область, г. Актау, промзона, ТОО \"\"МАЭК-Казатомпром\"\"\"","DDP","С даты подписания договора в течение 60 календарных дней","Предоплата - 0% , Промежуточный платеж - 0% , Окончательный платеж - 100% ","Тонна (метрическая)",{"v":2,"d":"2.000"},{"v":241920,"d":"241,920.000"},{"v":483840,"d":"483,840.000"},{"v":541900.8,"d":"541,900.800"},"-","Товарищество с ограниченной ответственностью \"Мангистауский атомный энергетический комбинат-Казатомпром\""]
[null,"1853810","824-1 Т","242013.900.000021","Труба холодно и теплодеформированная","стальная, бесшовная, диаметр 530 мм, толщина стенки 10,0 мм","36:Диаметр:530*10 :530*10  \\ 79:ГОСТ:20295-74:20295-74","ОТП","-","70","02.2018","471010000, Мангистауская область, Актау Г.А., г.Актау, \"Мангистауская область, г. Актау, промзона, ТОО \"\"МАЭК-Казатомпром\"\", здание 201\"","471010000, Мангистауская область, Актау Г.А., г.Актау, \"Мангистауская область, г. Актау, промзона, ТОО \"\"МАЭК-Казатомпром\"\"\"","DDP","С даты подписания договора в течение 60 календарных дней","Окончательный платеж - 100% , Промежуточный платеж - 0% , Предоплата - 0% ","Тонна (метрическая)",{"v":11.28,"d":"11.280"},{"v":375000,"d":"375,000.000"},{"v":4230000,"d":"4,230,000.000"},{"v":4737600,"d":"4,737,600.000"},"-","Товарищество с ограниченной ответственностью \"Мангистауский атомный энергетический комбинат-Казатомпром\""]
[null,"1860140","825 Т","242013.900.001307","Труба электросварная","стальная, диаметр 40 мм, толщина стенки 3,5мм","235:Наименование: вгп : вгп  \\ 36:Диаметр: 40*4,0: 40*4,0","ОТП","-","0","03.2018","471010000, Мангистауская область, Актау Г.А., г.Актау, \"Мангистауская область, г. Актау, промзона, ТОО \"\"МАЭК-Казатомпром\"\", здание 201\"","471010000, Мангистауская область, Актау Г.А., г.Актау, \"Мангистауская область, г. Актау, промзона, ТОО \"\"МАЭК-Казатомпром\"\"\"","DDP","С даты подписания договора в течение 60 календарных дней","Предоплата - 0% , Промежуточный платеж - 0% , Окончательный платеж - 100% ","Тонна (метрическая)",{"v":0.8,"d":"0.800"},{"v":167400,"d":"167,400.000"},{"v":133920,"d":"133,920.000"},{"v":149990.4,"d":"149,990.400"},"-","Товарищество с ограниченной ответственностью \"Мангистауский атомный энергетический комбинат-Казатомпром\""]
[null,"1860156","826 Т","242013.900.000773","Труба водогазопроводная","стальная, диаметр 33,5 мм, толщина стенки 2,8 мм, условный проход 25 мм","36:Диаметр:32*2,8 :32*2,8  \\ 79:ГОСТ:3262-75:3262-75","ОТП","-","0","01.2018","471010000, Мангистауская область, Актау Г.А., г.Актау, \"Мангистауская область, г. Актау, промзона, ТОО \"\"МАЭК-Казатомпром\"\", здание 201\"","471010000, Мангистауская область, Актау Г.А., г.Актау, \"Мангистауская область, г. Актау, промзона, ТОО \"\"МАЭК-Казатомпром\"\"\"","DDP","С даты подписания договора в течение 60 календарных дней","Предоплата - 0% , Промежуточный платеж - 0% , Окончательный платеж - 100% ","Тонна (метрическая)",{"v":1,"d":"1.000"},{"v":167670,"d":"167,670.000"},{"v":167670,"d":"167,670.000"},{"v":187790.4,"d":"187,790.400"},"-","Товарищество с ограниченной ответственностью \"Мангистауский атомный энергетический комбинат-Казатомпром\""]
[null,"1860142","827 Т","242013.900.000813","Труба водогазопроводная","стальная, диаметр 20 мм, толщина стенки 2,8 мм, условный проход 15 мм","36:Диаметр:20х2,8:20х2,8","ОТП","-","0","01.2018","471010000, Мангистауская область, Актау Г.А., г.Актау, \"Мангистауская область, г. Актау, промзона, ТОО \"\"МАЭК-Казатомпром\"\", здание 201\"","471010000, Мангистауская область, Актау Г.А., г.Актау, \"Мангистауская область, г. Актау, промзона, ТОО \"\"МАЭК-Казатомпром\"\"\"","DDP","С даты подписания договора в течение 60 календарных дней","Предоплата - 0% , Промежуточный платеж - 0% , Окончательный платеж - 100% ","Метр",{"v":0.07,"d":"0.070"},{"v":167400,"d":"167,400.000"},{"v":11718,"d":"11,718.000"},{"v":13124.16,"d":"13,124.160"},"-","Товарищество с ограниченной ответственностью \"Мангистауский атомный энергетический комбинат-Казатомпром\""]
[null,"1860174","828 Т","242013.900.001270","Труба электросварная","стальная, диаметр 32 мм, толщина стенки 4 мм","235:Наименование: вгп : вгп  \\ 36:Диаметр:32*4,0:32*4,0","ОТП","-","0","03.2018","471010000, Мангистауская область, Актау Г.А., г.Актау, \"Мангистауская область, г. Актау, промзона, ТОО \"\"МАЭК-Казатомпром\"\", здание 201\"","471010000, Мангистауская область, Актау Г.А., г.Актау, \"Мангистауская область, г. Актау, промзона, ТОО \"\"МАЭК-Казатомпром\"\"\"","DDP","С даты подписания договора в течение 60 календарных дней","Предоплата - 0% , Промежуточный платеж - 0% , Окончательный платеж - 100% ","Тонна (метрическая)",{"v":0.3,"d":"0.300"},{"v":167400,"d":"167,400.000"},{"v":50220,"d":"50,220.000"},{"v":56246.4,"d":"56,246.400"},"-","Товарищество с ограниченной ответственностью \"Мангистауский атомный энергетический комбинат-Казатомпром\""]
[null,"1860173","829 Т","242013.900.001029","Труба электросварная","стальная, диаметр 32 мм, толщина стенки 3,2 мм","235:Наименование: вгп : вгп  \\ 36:Диаметр:32х3,2:32х3,2","ОТП","-","0","03.2018","471010000, Мангистауская область, Актау Г.А., г.Актау, \"Мангистауская область, г. Актау, промзона, ТОО \"\"МАЭК-Казатомпром\"\", здание 201\"","471010000, Мангистауская область, Актау Г.А., г.Актау, \"Мангистауская область, г. Актау, промзона, ТОО \"\"МАЭК-Казатомпром\"\"\"","DDP","С даты подписания договора в течение 60 календарных дней","Предоплата - 0% , Промежуточный платеж - 0% , Окончательный платеж - 100% ","Тонна (метрическая)",{"v":0.65,"d":"0.650"},{"v":167400,"d":"167,400.000"},{"v":108810,"d":"108,810.000"},{"v":121867.2,"d":"121,867.200"},"-","Товарищество с ограниченной ответственностью \"Мангистауский атомный энергетический комбинат-Казатомпром\""]
[null,"1860150","830 Т","242013.900.000822","Труба водогазопроводная","стальная, диаметр 25 мм, толщина стенки 3,2 мм, условный проход 21,8 мм","36:Диаметр:25:25","ОТП","-","0","01.2018","471010000, Мангистауская область, Актау Г.А., г.Актау, \"Мангистауская область, г. Актау, промзона, ТОО \"\"МАЭК-Казатомпром\"\", здание 201\"","471010000, Мангистауская область, Актау Г.А., г.Актау, \"Мангистауская область, г. Актау, промзона, ТОО \"\"МАЭК-Казатомпром\"\"\"","DDP","С даты подписания договора в течение 60 календарных дней","Предоплата - 0% , Промежуточный платеж - 0% , Окончательный платеж - 100% ","Тонна (метрическая)",{"v":0.05,"d":"0.050"},{"v":167400,"d":"167,400.000"},{"v":8370,"d":"8,370.000"},{"v":9374.4,"d":"9,374.400"},"-","Товарищество с ограниченной ответственностью \"Мангистауский атомный энергетический комбинат-Казатомпром\""]
[null,"1860001","831 Т","242013.900.000770","Труба водогазопроводная","стальная, диаметр 21,3 мм, толщина стенки 2,5 мм, условный проход 15 мм","485:Условный проход, мм:15*2.5 :15*2.5  \\ 79:ГОСТ:3262-76:3262-76","ОТП","-","0","01.2018","471010000, Мангистауская область, Актау Г.А., г.Актау, \"Мангистауская область, г. Актау, промзона, ТОО \"\"МАЭК-Казатомпром\"\", здание 201\"","471010000, Мангистауская область, Актау Г.А., г.Актау, \"Мангистауская область, г. Актау, промзона, ТОО \"\"МАЭК-Казатомпром\"\"\"","DDP","С даты подписания договора в течение 60 календарных дней","Предоплата - 0% , Промежуточный платеж - 0% , Окончательный платеж - 100% ","Тонна (метрическая)",{"v":1,"d":"1.000"},{"v":167670,"d":"167,670.000"},{"v":167670,"d":"167,670.000"},{"v":187790.4,"d":"187,790.400"},"-","Товарищество с ограниченной ответственностью \"Мангистауский атомный энергетический комбинат-Казатомпром\""]
[null,"1860121","832 Т","242013.900.000786","Труба водогазопроводная","стальная, диаметр 26,8 мм, толщина стенки 2,8 мм, условный проход 20 мм","485:Условный проход, мм:20*2,5 :20*2,5  \\ 79:ГОСТ:3262-76:3262-76","ОТП","-","0","01.2018","471010000, Мангистауская область, Актау Г.А., г.Актау, \"Мангистауская область, г. Актау, промзона, ТОО \"\"МАЭК-Казатомпром\"\", здание 201\"","471010000, Мангистауская область, Актау Г.А., г.Актау, \"Мангистауская область, г. Актау, промзона, ТОО \"\"МАЭК-Казатомпром\"\"\"","DDP","С даты подписания договора в течение 60 календарных дней","Предоплата - 0% , Промежуточный платеж - 0% , Окончательный платеж - 100% ","Тонна (метрическая)",{"v":1.1,"d":"1.100"},{"v":167670,"d":"167,670.000"},{"v":184437,"d":"184,437.000"},{"v":206569.44,"d":"206,569.440"},"-","Товарищество с ограниченной ответственностью \"Мангистауский атомный энергетический комбинат-Казатомпром\""]
[null,"1860201","833 Т","242013.900.000790","Труба водогазопроводная","стальная, диаметр 60,0 мм, толщина стенки 3,5 мм, условный проход 50 мм","485:Условный проход, мм: 50*3,5: 50*3,5","ОТП","-","0","01.2018","471010000, Мангистауская область, Актау Г.А., г.Актау, \"Мангистауская область, г. Актау, промзона, ТОО \"\"МАЭК-Казатомпром\"\", здание 201\"","471010000, Мангистауская область, Актау Г.А., г.Актау, \"Мангистауская область, г. Актау, промзона, ТОО \"\"МАЭК-Казатомпром\"\"\"","DDP","С даты подписания договора в течение 60 календарных дней","Предоплата - 0% , Промежуточный платеж - 0% , Окончательный платеж - 100% ","Тонна (метрическая)",{"v":0.55,"d":"0.550"},{"v":167400,"d":"167,400.000"},{"v":92070,"d":"92,070.000"},{"v":103118.4,"d":"103,118.400"},"-","Товарищество с ограниченной ответственностью \"Мангистауский атомный энергетический комбинат-Казатомпром\""]
[null,"1860138","834 Т","242013.900.001307","Труба электросварная","стальная, диаметр 40 мм, толщина стенки 3,5мм","235:Наименование: вгп : вгп  \\ 36:Диаметр:40х3,5:40х3,5","ОТП","-","0","03.2018","471010000, Мангистауская область, Актау Г.А., г.Актау, \"Мангистауская область, г. Актау, промзона, ТОО \"\"МАЭК-Казатомпром\"\", здание 201\"","471010000, Мангистауская область, Актау Г.А., г.Актау, \"Мангистауская область, г. Актау, промзона, ТОО \"\"МАЭК-Казатомпром\"\"\"","DDP","С даты подписания договора в течение 60 календарных дней","Предоплата - 0% , Промежуточный платеж - 0% , Окончательный платеж - 100% ","Тонна (метрическая)",{"v":0.25,"d":"0.250"},{"v":167400,"d":"167,400.000"},{"v":41850,"d":"41,850.000"},{"v":46872,"d":"46,872.000"},"-","Товарищество с ограниченной ответственностью \"Мангистауский атомный энергетический комбинат-Казатомпром\""]
[null,"1860146","835 Т","242013.900.000787","Труба водогазопроводная","стальная, диаметр 33,5 мм, толщина стенки 3,2 мм, условный проход 25 мм","485:Условный проход, мм: 25*2.8 : 25*2.8  \\ 79:ГОСТ:3262-76:3262-76","ОТП","-","0","01.2018","471010000, Мангистауская область, Актау Г.А., г.Актау, \"Мангистауская область, г. Актау, промзона, ТОО \"\"МАЭК-Казатомпром\"\", здание 201\"","471010000, Мангистауская область, Актау Г.А., г.Актау, \"Мангистауская область, г. Актау, промзона, ТОО \"\"МАЭК-Казатомпром\"\"\"","DDP","С даты подписания договора в течение 60 календарных дней","Предоплата - 0% , Промежуточный платеж - 0% , Окончательный платеж - 100% ","Тонна (метрическая)",{"v":0.84,"d":"0.840"},{"v":167670,"d":"167,670.000"},{"v":140842.8,"d":"140,842.800"},{"v":157743.94,"d":"157,743.940"},"-","Товарищество с ограниченной ответственностью \"Мангистауский атомный энергетический комбинат-Казатомпром\""]
[null,"1860200","836 Т","242013.900.000777","Труба водогазопроводная","стальная, диаметр 75,5 мм, толщина стенки 3,2 мм, условный проход 65 мм","485:Условный проход, мм:50*3 :50*3  \\ 79:ГОСТ:3262-76:3262-76","ОТП","-","0","01.2018","471010000, Мангистауская область, Актау Г.А., г.Актау, \"Мангистауская область, г. Актау, промзона, ТОО \"\"МАЭК-Казатомпром\"\", здание 201\"","471010000, Мангистауская область, Актау Г.А., г.Актау, \"Мангистауская область, г. Актау, промзона, ТОО \"\"МАЭК-Казатомпром\"\"\"","DDP","С даты подписания договора в течение 60 календарных дней","Предоплата - 0% , Промежуточный платеж - 0% , Окончательный платеж - 100% ","Тонна (метрическая)",{"v":2.3,"d":"2.300"},{"v":167670,"d":"167,670.000"},{"v":385641,"d":"385,641.000"},{"v":431917.92,"d":"431,917.920"},"-","Товарищество с ограниченной ответственностью \"Мангистауский атомный энергетический комбинат-Казатомпром\""]
[null,"1890088","837-1 Т","242013.900.000370","Труба горячедеформированная","стальная, диаметр 159 мм, толщина стенки 9 мм","36:Диаметр:159*9 :159*9  \\ 301:Состав:сталь 20:сталь 20","ОТП","-","0","02.2018","471010000, Мангистауская область, Актау Г.А., г.Актау, \"Мангистауская область, г. Актау, промзона, ТОО \"\"МАЭК-Казатомпром\"\", здание 201\"","471010000, Мангистауская область, Актау Г.А., г.Актау, \"Мангистауская область, г. Актау, промзона, ТОО \"\"МАЭК-Казатомпром\"\"\"","DDP","С даты подписания договора в течение 60 календарных дней","Окончательный платеж - 100% , Промежуточный платеж - 0% , Предоплата - 0% ","Тонна (метрическая)",{"v":8,"d":"8.000"},{"v":415000,"d":"415,000.000"},{"v":3320000,"d":"3,320,000.000"},{"v":3718400,"d":"3,718,400.000"},"-","Товарищество с ограниченной ответственностью \"Мангистауский атомный энергетический комбинат-Казатомпром\""]
[null,"1890086","838 Т","242013.900.001294","Труба электросварная","стальная, диаметр 159 мм, толщина стенки 6 мм","235:Наименование:бесшовная:бесшовная \\ 79:ГОСТ:8732-76:8732-76","ОТП","-","70","01.2018","471010000, Мангистауская область, Актау Г.А., г.Актау, \"Мангистауская область, г. Актау, промзона, ТОО \"\"МАЭК-Казатомпром\"\", здание 201\"","471010000, Мангистауская область, Актау Г.А., г.Актау, \"Мангистауская область, г. Актау, промзона, ТОО \"\"МАЭК-Казатомпром\"\"\"","DDP","С даты подписания договора в течение 60 календарных дней","Предоплата - 0% , Промежуточный платеж - 0% , Окончательный платеж - 100% ","Тонна (метрическая)",{"v":5,"d":"5.000"},{"v":235980,"d":"235,980.000"},{"v":1179900,"d":"1,179,900.000"},{"v":1321488,"d":"1,321,488.000"},"-","Товарищество с ограниченной ответственностью \"Мангистауский атомный энергетический комбинат-Казатомпром\""]
[null,"1890003","839 Т","242013.900.000132","Труба горячедеформированная","стальная, диаметр 76 мм, толщина стенки 4 мм","301:Состав:сталь 20:сталь 20 \\ 79:ГОСТ:8732-76:8732-76","ОТП","-","70","02.2018","471010000, Мангистауская область, Актау Г.А., г.Актау, \"Мангистауская область, г. Актау, промзона, ТОО \"\"МАЭК-Казатомпром\"\", здание 201\"","471010000, Мангистауская область, Актау Г.А., г.Актау, \"Мангистауская область, г. Актау, промзона, ТОО \"\"МАЭК-Казатомпром\"\"\"","DDP","С даты подписания договора в течение 60 календарных дней","Предоплата - 0% , Промежуточный платеж - 0% , Окончательный платеж - 100% ","Тонна (метрическая)",{"v":0.6,"d":"0.600"},{"v":235980,"d":"235,980.000"},{"v":141588,"d":"141,588.000"},{"v":158578.56,"d":"158,578.560"},"-","Товарищество с ограниченной ответственностью \"Мангистауский атомный энергетический комбинат-Казатомпром\""]
[null,"1890008","840-1 Т","242013.900.000132","Труба горячедеформированная","стальная, диаметр 76 мм, толщина стенки 4 мм","235:Наименование:бесшовная:бесшовная \\ 36:Диаметр: 76х6 : 76х6 ","ОТП","-","70","02.2018","471000000, Мангистауская область, Актау Г.А., Промзона, ТОО \"МАЭК-Казатомпром\", здание 201","471010000, Мангистауская область, Актау Г.А., г.Актау, \"Мангистауская область, г. Актау, промзона, ТОО \"\"МАЭК-Казатомпром\"\"\"","DDP","С даты подписания договора в течение 60 календарных дней","Окончательный платеж - 100% , Промежуточный платеж - 0% , Предоплата - 0% ","Тонна (метрическая)",1.238,{"v":430000,"d":"430,000.000"},{"v":532340,"d":"532,340.000"},{"v":596220.8,"d":"596,220.800"},"-","Товарищество с ограниченной ответственностью \"Мангистауский атомный энергетический комбинат-Казатомпром\""]
[null,"1890010","841-1 Т","242013.900.000170","Труба горячедеформированная","стальная, диаметр 89 мм, толщина стенки 6 мм","36:Диаметр:89х5 :89х5  \\ 301:Состав:сталь 20:сталь 20","ОТП","-","70","02.2018","471010000, Мангистауская область, Актау Г.А., г.Актау, \"Мангистауская область, г. Актау, промзона, ТОО \"\"МАЭК-Казатомпром\"\", здание 201\"","471000000, Мангистауская область, Актау Г.А., Промзона, склад ТОО \"МАЭК-Казатомпром\"","DDP","С даты подписания договора в течение 60 календарных дней","Окончательный платеж - 100% , Промежуточный платеж - 0% , Предоплата - 0% ","Тонна (метрическая)",{"v":1,"d":"1.000"},{"v":427000,"d":"427,000.000"},{"v":427000,"d":"427,000.000"},{"v":478240,"d":"478,240.000"},"-","Товарищество с ограниченной ответственностью \"Мангистауский атомный энергетический комбинат-Казатомпром\""]
[null,"1890020","842 Т","242013.900.000170","Труба горячедеформированная","стальная, диаметр 89 мм, толщина стенки 6 мм","235:Наименование:бесшовная:бесшовная","ОТП","-","0","01.2018","471010000, Мангистауская область, Актау Г.А., г.Актау, \"Мангистауская область, г. Актау, промзона, ТОО \"\"МАЭК-Казатомпром\"\", здание 201\"","471010000, Мангистауская область, Актау Г.А., г.Актау, \"Мангистауская область, г. Актау, промзона, ТОО \"\"МАЭК-Казатомпром\"\"\"","DDP","С даты подписания договора в течение 60 календарных дней","Предоплата - 0% , Промежуточный платеж - 0% , Окончательный платеж - 100% ","Тонна (метрическая)",{"v":0.4,"d":"0.400"},{"v":235980,"d":"235,980.000"},{"v":94392,"d":"94,392.000"},{"v":105719.04,"d":"105,719.040"},"-","Товарищество с ограниченной ответственностью \"Мангистауский атомный энергетический комбинат-Казатомпром\""]
[null,"1890038","843 Т","242013.900.001291","Труба электросварная","стальная, диаметр 108 мм, толщина стенки 6 мм","301:Состав:сталь 20:сталь 20","ОТП","-","0","01.2018","471010000, Мангистауская область, Актау Г.А., г.Актау, \"Мангистауская область, г. Актау, промзона, ТОО \"\"МАЭК-Казатомпром\"\", здание 201\"","471010000, Мангистауская область, Актау Г.А., г.Актау, \"Мангистауская область, г. Актау, промзона, ТОО \"\"МАЭК-Казатомпром\"\"\"","DDP","С даты подписания договора в течение 60 календарных дней","Предоплата - 0% , Промежуточный платеж - 0% , Окончательный платеж - 100% ","Тонна (метрическая)",{"v":1.5,"d":"1.500"},{"v":235980,"d":"235,980.000"},{"v":353970,"d":"353,970.000"},{"v":396446.4,"d":"396,446.400"},"-","Товарищество с ограниченной ответственностью \"Мангистауский атомный энергетический комбинат-Казатомпром\""]
[null,"1890058","844 Т","242013.900.000011","Труба холодно и теплодеформированная","стальная, бесшовная, диаметр 159 мм, толщина стенки 8,0 мм","-","ОТП","-","0","01.2018","471010000, Мангистауская область, Актау Г.А., г.Актау, \"Мангистауская область, г. Актау, промзона, ТОО \"\"МАЭК-Казатомпром\"\", здание 201\"","471010000, Мангистауская область, Актау Г.А., г.Актау, \"Мангистауская область, г. Актау, промзона, ТОО \"\"МАЭК-Казатомпром\"\"\"","DDP","С даты подписания договора в течение 60 календарных дней","Предоплата - 0% , Промежуточный платеж - 0% , Окончательный платеж - 100% ","Тонна (метрическая)",{"v":0.5,"d":"0.500"},{"v":235980,"d":"235,980.000"},{"v":117990,"d":"117,990.000"},{"v":132148.8,"d":"132,148.800"},"-","Товарищество с ограниченной ответственностью \"Мангистауский атомный энергетический комбинат-Казатомпром\""]
[null,"1890001","845 Т","242013.900.001232","Труба электросварная","стальная, диаметр 76 мм, толщина стенки 3,5 мм","-","ОТП","-","0","03.2018","471010000, Мангистауская область, Актау Г.А., г.Актау, \"Мангистауская область, г. Актау, промзона, ТОО \"\"МАЭК-Казатомпром\"\", здание 201\"","471010000, Мангистауская область, Актау Г.А., г.Актау, \"Мангистауская область, г. Актау, промзона, ТОО \"\"МАЭК-Казатомпром\"\"\"","DDP","С даты подписания договора в течение 60 календарных дней","Предоплата - 0% , Промежуточный платеж - 0% , Окончательный платеж - 100% ","Тонна (метрическая)",{"v":2,"d":"2.000"},{"v":194400,"d":"194,400.000"},{"v":388800,"d":"388,800.000"},{"v":435456,"d":"435,456.000"},"-","Товарищество с ограниченной ответственностью \"Мангистауский атомный энергетический комбинат-Казатомпром\""]
[null,"1890028","846 Т","242013.900.000221","Труба горячедеформированная","стальная, диаметр 108 мм, толщина стенки 5 мм","79:ГОСТ:8732-76:8732-76","ОТП","-","70","01.2018","471010000, Мангистауская область, Актау Г.А., г.Актау, \"Мангистауская область, г. Актау, промзона, ТОО \"\"МАЭК-Казатомпром\"\", здание 201\"","471010000, Мангистауская область, Актау Г.А., г.Актау, \"Мангистауская область, г. Актау, промзона, ТОО \"\"МАЭК-Казатомпром\"\"\"","DDP","С даты подписания договора в течение 60 календарных дней","Предоплата - 0% , Промежуточный платеж - 0% , Окончательный платеж - 100% ","Тонна (метрическая)",{"v":6.3,"d":"6.300"},{"v":245535.71,"d":"245,535.710"},{"v":1546874.97,"d":"1,546,874.970"},{"v":1732499.97,"d":"1,732,499.970"},"-","Товарищество с ограниченной ответственностью \"Мангистауский атомный энергетический комбинат-Казатомпром\""]
[null,"1890021","847 Т","242013.900.000006","Труба холодно и теплодеформированная","стальная, бесшовная, диаметр 108 мм, толщина стенки 6,0 мм","301:Состав:сталь 20:сталь 20","ОТП","-","0","01.2018","471010000, Мангистауская область, Актау Г.А., г.Актау, \"Мангистауская область, г. Актау, промзона, ТОО \"\"МАЭК-Казатомпром\"\", здание 201\"","471010000, Мангистауская область, Актау Г.А., г.Актау, \"Мангистауская область, г. Актау, промзона, ТОО \"\"МАЭК-Казатомпром\"\"\"","DDP","С даты подписания договора в течение 60 календарных дней","Предоплата - 0% , Промежуточный платеж - 0% , Окончательный платеж - 100% ","Тонна (метрическая)",{"v":2.62,"d":"2.620"},{"v":235980,"d":"235,980.000"},{"v":618267.6,"d":"618,267.600"},{"v":692459.71,"d":"692,459.710"},"-","Товарищество с ограниченной ответственностью \"Мангистауский атомный энергетический комбинат-Казатомпром\""]
[null,"1890042","848 Т","242013.900.000289","Труба горячедеформированная","стальная, диаметр 133 мм, толщина стенки 6 мм","301:Состав:сталь 20:сталь 20","ОТП","-","0","02.2018","471010000, Мангистауская область, Актау Г.А., г.Актау, \"Мангистауская область, г. Актау, промзона, ТОО \"\"МАЭК-Казатомпром\"\", здание 201\"","471010000, Мангистауская область, Актау Г.А., г.Актау, \"Мангистауская область, г. Актау, промзона, ТОО \"\"МАЭК-Казатомпром\"\"\"","DDP","С даты подписания договора в течение 60 календарных дней","Предоплата - 0% , Промежуточный платеж - 0% , Окончательный платеж - 100% ","Тонна (метрическая)",{"v":0.57,"d":"0.570"},{"v":235980,"d":"235,980.000"},{"v":134508.6,"d":"134,508.600"},{"v":150649.63,"d":"150,649.630"},"-","Товарищество с ограниченной ответственностью \"Мангистауский атомный энергетический комбинат-Казатомпром\""]
[null,"2171021","849-1 Т","244521.000.000000","Порошок","для напыления/наплавки, из самофлюсующихся сплавов","235:Наименование:Флюс ФК-235 :Флюс ФК-235  \\ 79:ГОСТ:4960-71:4960-71","ОИ","137-2 (не превышает тысячекратного МРП)","0","02.2018","471000000, Мангистауская область, Актау Г.А., Промзона, ТОО \"МАЭК-Казатомпром\", здание 201","471000000, Мангистауская область, Актау Г.А., Промзона, склад ТОО \"МАЭК-Казатомпром\"","DDP","С даты подписания договора в течение 30 календарных дней","Окончательный платеж - 100% , Промежуточный платеж - 0% , Предоплата - 0% ","Упаковка",{"v":4,"d":"4.000"},{"v":2086,"d":"2,086.000"},{"v":8344,"d":"8,344.000"},{"v":9345.28,"d":"9,345.280"},"-","Товарищество с ограниченной ответственностью \"Мангистауский атомный энергетический комбинат-Казатомпром\""]
[null,"2171013","850-1 Т","205956.200.000002","Флюс","сварочный","301:Состав:Флюс ан-26 с :Флюс ан-26 с  \\ 79:ГОСТ:4960-71:4960-71","ОИ","137-2 (не превышает тысячекратного МРП)","0","02.2018","471010000, Мангистауская область, Актау Г.А., г.Актау, \"Мангистауская область, г. Актау, промзона, ТОО \"\"МАЭК-Казатомпром\"\", здание 201\"","471010000, Мангистауская область, Актау Г.А., г.Актау, \"Мангистауская область, г. Актау, промзона, ТОО \"\"МАЭК-Казатомпром\"\"\"","DDP","С даты подписания договора в течение 30 календарных дней","Окончательный платеж - 100% , Промежуточный платеж - 0% , Предоплата - 0% ","Килограмм",{"v":400,"d":"400.000"},{"v":2086,"d":"2,086.000"},{"v":834400,"d":"834,400.000"},{"v":934528,"d":"934,528.000"},"-","Товарищество с ограниченной ответственностью \"Мангистауский атомный энергетический комбинат-Казатомпром\""]
[null,"2170001","851 Т","244221.000.000005","Пудра","алюминиевая, марка ПАП-1","-","ОИ","137-2 (не превышает тысячекратного МРП)","0","02.2018","471010000, Мангистауская область, Актау Г.А., г.Актау, \"Мангистауская область, г. Актау, промзона, ТОО \"\"МАЭК-Казатомпром\"\", здание 201\"","471010000, Мангистауская область, Актау Г.А., г.Актау, \"Мангистауская область, г. Актау, промзона, ТОО \"\"МАЭК-Казатомпром\"\"\"","DDP","С даты подписания договора в течение 30 календарных дней","Предоплата - 0% , Промежуточный платеж - 0% , Окончательный платеж - 100% ","Килограмм",{"v":31,"d":"31.000"},{"v":2086,"d":"2,086.000"},{"v":64666,"d":"64,666.000"},{"v":72425.92,"d":"72,425.920"},"-","Товарищество с ограниченной ответственностью \"Мангистауский атомный энергетический комбинат-Казатомпром\""]
[null,"2191201","852 Т","244324.000.000003","Припой","оловянно-свинцовый, марка ПОС 40","79:ГОСТ:21931-76:21931-76","ОИ","137-2 (не превышает тысячекратного МРП)","0","02.2018","471010000, Мангистауская область, Актау Г.А., г.Актау, \"Мангистауская область, г. Актау, промзона, ТОО \"\"МАЭК-Казатомпром\"\", здание 201\"","471010000, Мангистауская область, Актау Г.А., г.Актау, \"Мангистауская область, г. Актау, промзона, ТОО \"\"МАЭК-Казатомпром\"\"\"","DDP","С даты подписания договора в течение 30 календарных дней","Предоплата - 0% , Промежуточный платеж - 0% , Окончательный платеж - 100% ","Килограмм",{"v":78.9,"d":"78.900"},{"v":3730,"d":"3,730.000"},{"v":294297,"d":"294,297.000"},{"v":329612.64,"d":"329,612.640"},"-","Товарищество с ограниченной ответственностью \"Мангистауский атомный энергетический комбинат-Казатомпром\""]
[null,"2191244","853 Т","279032.000.000025","Припой","для пайки металлов","235:Наименование:МФ-9:МФ-9 \\ 251:Ширина:3:3 \\ 104:Толщина:1:1","ОИ","137-2 (не превышает тысячекратного МРП)","0","02.2018","471010000, Мангистауская область, Актау Г.А., г.Актау, \"Мангистауская область, г. Актау, промзона, ТОО \"\"МАЭК-Казатомпром\"\", здание 201\"","471010000, Мангистауская область, Актау Г.А., г.Актау, \"Мангистауская область, г. Актау, промзона, ТОО \"\"МАЭК-Казатомпром\"\"\"","DDP","С даты подписания договора в течение 30 календарных дней","Предоплата - 0% , Промежуточный платеж - 0% , Окончательный платеж - 100% ","Килограмм",{"v":15,"d":"15.000"},{"v":12960,"d":"12,960.000"},{"v":194400,"d":"194,400.000"},{"v":217728,"d":"217,728.000"},"-","Товарищество с ограниченной ответственностью \"Мангистауский атомный энергетический комбинат-Казатомпром\""]
[null,"2191376","854 Т","279032.000.000025","Припой","для пайки металлов","235:Наименование:Sn60Pb40 :Sn60Pb40  \\ 36:Диаметр:1:1","ОИ","137-2 (не превышает тысячекратного МРП)","0","02.2018","471010000, Мангистауская область, Актау Г.А., г.Актау, \"Мангистауская область, г. Актау, промзона, ТОО \"\"МАЭК-Казатомпром\"\", здание 201\"","471010000, Мангистауская область, Актау Г.А., г.Актау, \"Мангистауская область, г. Актау, промзона, ТОО \"\"МАЭК-Казатомпром\"\"\"","DDP","С даты подписания договора в течение 30 календарных дней","Предоплата - 0% , Промежуточный платеж - 0% , Окончательный платеж - 100% ","Штука",{"v":13,"d":"13.000"},{"v":3890,"d":"3,890.000"},{"v":50570,"d":"50,570.000"},{"v":56638.4,"d":"56,638.400"},"-","Товарищество с ограниченной ответственностью \"Мангистауский атомный энергетический комбинат-Казатомпром\""]
[null,"2191001","855 Т","279032.000.000025","Припой","для пайки металлов","235:Наименование:пос-61 :пос-61  \\ 79:ГОСТ:21931-76:21931-76","ОИ","137-2 (не превышает тысячекратного МРП)","0","02.2018","471010000, Мангистауская область, Актау Г.А., г.Актау, \"Мангистауская область, г. Актау, промзона, ТОО \"\"МАЭК-Казатомпром\"\", здание 201\"","471010000, Мангистауская область, Актау Г.А., г.Актау, \"Мангистауская область, г. Актау, промзона, ТОО \"\"МАЭК-Казатомпром\"\"\"","DDP","С даты подписания договора в течение 30 календарных дней","Предоплата - 0% , Промежуточный платеж - 0% , Окончательный платеж - 100% ","Килограмм",{"v":17,"d":"17.000"},{"v":3105,"d":"3,105.000"},{"v":52785,"d":"52,785.000"},{"v":59119.2,"d":"59,119.200"},"-","Товарищество с ограниченной ответственностью \"Мангистауский атомный энергетический комбинат-Казатомпром\""]
[null,"2191211","856 Т","244324.000.000004","Припой","оловянно-свинцовый, марка ПОС 30","79:ГОСТ:21931-76:21931-76","ОИ","137-2 (не превышает тысячекратного МРП)","0","02.2018","471010000, Мангистауская область, Актау Г.А., г.Актау, \"Мангистауская область, г. Актау, промзона, ТОО \"\"МАЭК-Казатомпром\"\", здание 201\"","471010000, Мангистауская область, Актау Г.А., г.Актау, \"Мангистауская область, г. Актау, промзона, ТОО \"\"МАЭК-Казатомпром\"\"\"","DDP","С даты подписания договора в течение 30 календарных дней","Предоплата - 0% , Промежуточный платеж - 0% , Окончательный платеж - 100% ","Килограмм",{"v":5,"d":"5.000"},{"v":3730,"d":"3,730.000"},{"v":18650,"d":"18,650.000"},{"v":20888,"d":"20,888.000"},"-","Товарищество с ограниченной ответственностью \"Мангистауский атомный энергетический комбинат-Казатомпром\""]
[null,"2190301","857-1 Т","244313.500.000000","Баббит оловянный","марка Б88","235:Наименование:б-83:б-83 \\ 79:ГОСТ:1320-74:1320-74","ОТП","-","0","02.2018","471000000, Мангистауская область, Актау Г.А., Промзона, ТОО \"МАЭК-Казатомпром\", здание 201","471000000, Мангистауская область, Актау Г.А., Промзона, склад ТОО \"МАЭК-Казатомпром\"","DDP","С даты подписания договора в течение 30 календарных дней","Окончательный платеж - 100% , Промежуточный платеж - 0% , Предоплата - 0% ","Килограмм",{"v":1650,"d":"1,650.000"},{"v":9285,"d":"9,285.000"},{"v":15320250,"d":"15,320,250.000"},{"v":17158680,"d":"17,158,680.000"},"-","Товарищество с ограниченной ответственностью \"Мангистауский атомный энергетический комбинат-Казатомпром\""]
[null,"2191377","858 Т","279032.000.000025","Припой","для пайки металлов","235:Наименование: алюминиевый : алюминиевый  \\ 46:размер: 3*300 мм: 3*300 мм","ОИ","137-2 (не превышает тысячекратного МРП)","0","02.2018","471010000, Мангистауская область, Актау Г.А., г.Актау, \"Мангистауская область, г. Актау, промзона, ТОО \"\"МАЭК-Казатомпром\"\", здание 201\"","471010000, Мангистауская область, Актау Г.А., г.Актау, \"Мангистауская область, г. Актау, промзона, ТОО \"\"МАЭК-Казатомпром\"\"\"","DDP","С даты подписания договора в течение 30 календарных дней","Предоплата - 0% , Промежуточный платеж - 0% , Окончательный платеж - 100% ","Штука",{"v":48,"d":"48.000"},{"v":2530,"d":"2,530.000"},{"v":121440,"d":"121,440.000"},{"v":136012.8,"d":"136,012.800"},"-","Товарищество с ограниченной ответственностью \"Мангистауский атомный энергетический комбинат-Казатомпром\""]
[null,"2410357","859-1 Т","244424.100.000004","Лист медный","марка М1, толщина 0,05-12 мм","104:Толщина:5:5","ОИ","137-2 (не превышает тысячекратного МРП)","0","02.2018","471000000, Мангистауская область, Актау Г.А., Промзона, ТОО \"МАЭК-Казатомпром\", здание 201","471000000, Мангистауская область, Актау Г.А., Промзона, склад ТОО \"МАЭК-Казатомпром\"","DDP","С даты подписания договора в течение 30 календарных дней","Окончательный платеж - 100% , Промежуточный платеж - 0% , Предоплата - 0% ","Килограмм",{"v":20,"d":"20.000"},{"v":3670,"d":"3,670.000"},{"v":73400,"d":"73,400.000"},{"v":82208,"d":"82,208.000"},"-","Товарищество с ограниченной ответственностью \"Мангистауский атомный энергетический комбинат-Казатомпром\""]
[null,"2410300","860 Т","244425.110.000009","Фольга","медная, толщина 0,5 мм","104:Толщина:0,5:0,5 \\ 79:ГОСТ:5638-75:5638-75","ОИ","137-2 (не превышает тысячекратного МРП)","0","02.2018","471010000, Мангистауская область, Актау Г.А., г.Актау, \"Мангистауская область, г. Актау, промзона, ТОО \"\"МАЭК-Казатомпром\"\", здание 201\"","471010000, Мангистауская область, Актау Г.А., г.Актау, \"Мангистауская область, г. Актау, промзона, ТОО \"\"МАЭК-Казатомпром\"\"\"","DDP","С даты подписания договора в течение 30 календарных дней","Предоплата - 0% , Промежуточный платеж - 0% , Окончательный платеж - 100% ","Килограмм",{"v":10.5,"d":"10.500"},{"v":3280,"d":"3,280.000"},{"v":34440,"d":"34,440.000"},{"v":38572.8,"d":"38,572.800"},"-","Товарищество с ограниченной ответственностью \"Мангистауский атомный энергетический комбинат-Казатомпром\""]
[null,"2410307","861-1 Т","244424.100.000010","Лист медный","марка М2, толщина 0,05-12 мм","235:Наименование:0,5:104 Толщина \\ 0,5:495-77:79 ГОСТ","ОИ","137-2 (не превышает тысячекратного МРП)","0","02.2018","471000000, Мангистауская область, Актау Г.А., Промзона, ТОО \"МАЭК-Казатомпром\", здание 201","471000000, Мангистауская область, Актау Г.А., Промзона, склад ТОО \"МАЭК-Казатомпром\"","DDP","С даты подписания договора в течение 30 календарных дней","Окончательный платеж - 100% , Промежуточный платеж - 0% , Предоплата - 0% ","Килограмм",{"v":17,"d":"17.000"},{"v":3430,"d":"3,430.000"},{"v":58310,"d":"58,310.000"},{"v":65307.2,"d":"65,307.200"},"-","Товарищество с ограниченной ответственностью \"Мангистауский атомный энергетический комбинат-Казатомпром\""]
[null,"2410206","862 Т","244425.110.000006","Фольга","медная, толщина 0,2 мм","79:ГОСТ:5638-75:5638-75","ОИ","137-2 (не превышает тысячекратного МРП)","0","02.2018","471010000, Мангистауская область, Актау Г.А., г.Актау, \"Мангистауская область, г. Актау, промзона, ТОО \"\"МАЭК-Казатомпром\"\", здание 201\"","471010000, Мангистауская область, Актау Г.А., г.Актау, \"Мангистауская область, г. Актау, промзона, ТОО \"\"МАЭК-Казатомпром\"\"\"","DDP","С даты подписания договора в течение 30 календарных дней","Предоплата - 0% , Промежуточный платеж - 0% , Окончательный платеж - 100% ","Килограмм",{"v":10,"d":"10.000"},{"v":3280,"d":"3,280.000"},{"v":32800,"d":"32,800.000"},{"v":36736,"d":"36,736.000"},"-","Товарищество с ограниченной ответственностью \"Мангистауский атомный энергетический комбинат-Казатомпром\""]
[null,"2410212","863 Т","244425.110.000008","Фольга","медная, толщина 0,3 мм","79:ГОСТ:5638-75:5638-75","ОИ","137-2 (не превышает тысячекратного МРП)","0","04.2018","471010000, Мангистауская область, Актау Г.А., г.Актау, \"Мангистауская область, г. Актау, промзона, ТОО \"\"МАЭК-Казатомпром\"\", здание 201\"","471010000, Мангистауская область, Актау Г.А., г.Актау, \"Мангистауская область, г. Актау, промзона, ТОО \"\"МАЭК-Казатомпром\"\"\"","DDP","С даты подписания договора в течение 30 календарных дней","Предоплата - 0% , Промежуточный платеж - 0% , Окончательный платеж - 100% ","Килограмм",{"v":10.5,"d":"10.500"},{"v":3280,"d":"3,280.000"},{"v":34440,"d":"34,440.000"},{"v":38572.8,"d":"38,572.800"},"-","Товарищество с ограниченной ответственностью \"Мангистауский атомный энергетический комбинат-Казатомпром\""]
[null,"2410208","864 Т","244425.110.000007","Фольга","медная, толщина 0,25 мм","79:ГОСТ:5638-75:5638-75","ОИ","137-2 (не превышает тысячекратного МРП)","0","04.2018","471010000, Мангистауская область, Актау Г.А., г.Актау, \"Мангистауская область, г. Актау, промзона, ТОО \"\"МАЭК-Казатомпром\"\", здание 201\"","471010000, Мангистауская область, Актау Г.А., г.Актау, \"Мангистауская область, г. Актау, промзона, ТОО \"\"МАЭК-Казатомпром\"\"\"","DDP","С даты подписания договора в течение 30 календарных дней","Предоплата - 0% , Промежуточный платеж - 0% , Окончательный платеж - 100% ","Килограмм",{"v":10,"d":"10.000"},{"v":3280,"d":"3,280.000"},{"v":32800,"d":"32,800.000"},{"v":36736,"d":"36,736.000"},"-","Товарищество с ограниченной ответственностью \"Мангистауский атомный энергетический комбинат-Казатомпром\""]
[null,"2410341","865-1 Т","244424.100.000010","Лист медный","марка М2, толщина 0,05-12 мм","104:Толщина:2:2 \\ 79:ГОСТ:495-77:495-77","ОИ","137-2 (не превышает тысячекратного МРП)","0","02.2018","471010000, Мангистауская область, Актау Г.А., г.Актау, \"Мангистауская область, г. Актау, промзона, ТОО \"\"МАЭК-Казатомпром\"\", здание 201\"","471010000, Мангистауская область, Актау Г.А., г.Актау, \"Мангистауская область, г. Актау, промзона, ТОО \"\"МАЭК-Казатомпром\"\"\"","DDP","С даты подписания договора в течение 30 календарных дней","Окончательный платеж - 100% , Промежуточный платеж - 0% , Предоплата - 0% ","Тонна (метрическая)",{"v":45.22,"d":"45.220"},{"v":3430,"d":"3,430.000"},{"v":155104.6,"d":"155,104.600"},{"v":173717.15,"d":"173,717.150"},"-","Товарищество с ограниченной ответственностью \"Мангистауский атомный энергетический комбинат-Казатомпром\""]
[null,"2410355","866-1 Т","244424.100.000010","Лист медный","марка М2, толщина 0,05-12 мм","104:Толщина:3:3 \\ 79:ГОСТ:495-77:495-77","ОИ","137-2 (не превышает тысячекратного МРП)","0","02.2018","471010000, Мангистауская область, Актау Г.А., г.Актау, \"Мангистауская область, г. Актау, промзона, ТОО \"\"МАЭК-Казатомпром\"\", здание 201\"","471010000, Мангистауская область, Актау Г.А., г.Актау, \"Мангистауская область, г. Актау, промзона, ТОО \"\"МАЭК-Казатомпром\"\"\"","DDP","С даты подписания договора в течение 30 календарных дней","Окончательный платеж - 100% , Промежуточный платеж - 0% , Предоплата - 0% ","Килограмм",{"v":205,"d":"205.000"},{"v":3430,"d":"3,430.000"},{"v":703150,"d":"703,150.000"},{"v":787528,"d":"787,528.000"},"-","Товарищество с ограниченной ответственностью \"Мангистауский атомный энергетический комбинат-Казатомпром\""]
[null,"2450311","867-1 Т","244422.110.000001","Круг","медный, марка М1, диаметр 11-50 мм, тянутый","36:Диаметр:30:30 \\ 79:ГОСТ:1535-91:1535-91","ОТП","-","70","02.2018","471010000, Мангистауская область, Актау Г.А., г.Актау, \"Мангистауская область, г. Актау, промзона, ТОО \"\"МАЭК-Казатомпром\"\", здание 201\"","471010000, Мангистауская область, Актау Г.А., г.Актау, \"Мангистауская область, г. Актау, промзона, ТОО \"\"МАЭК-Казатомпром\"\"\"","DDP","С даты подписания договора в течение 30 календарных дней","Окончательный платеж - 100% , Промежуточный платеж - 0% , Предоплата - 0% ","Килограмм",{"v":3167,"d":"3,167.000"},{"v":3875,"d":"3,875.000"},{"v":12272125,"d":"12,272,125.000"},{"v":13744780,"d":"13,744,780.000"},"ТПХ","Товарищество с ограниченной ответственностью \"Мангистауский атомный энергетический комбинат-Казатомпром\""]
[null,"2450306","868-1 Т","244422.110.000001","Круг","медный, марка М1, диаметр 11-50 мм, тянутый","235:Наименование:м2:м2 \\ 36:Диаметр:20:20 \\ 79:ГОСТ:1535-91:1535-91","ОТП","-","70","02.2018","471010000, Мангистауская область, Актау Г.А., г.Актау, \"Мангистауская область, г. Актау, промзона, ТОО \"\"МАЭК-Казатомпром\"\", здание 201\"","471010000, Мангистауская область, Актау Г.А., г.Актау, \"Мангистауская область, г. Актау, промзона, ТОО \"\"МАЭК-Казатомпром\"\"\"","DDP","С даты подписания договора в течение 30 календарных дней","Окончательный платеж - 100% , Промежуточный платеж - 0% , Предоплата - 0% ","Килограмм",{"v":27,"d":"27.000"},{"v":3875,"d":"3,875.000"},{"v":104625,"d":"104,625.000"},{"v":117180,"d":"117,180.000"},"ТПХ","Товарищество с ограниченной ответственностью \"Мангистауский атомный энергетический комбинат-Казатомпром\""]
[null,"2450362","870-1 Т","244422.110.000001","Круг","медный, марка М1, диаметр 11-50 мм, тянутый","36:Диаметр:40:40 \\ 79:ГОСТ:1535-91:1535-91","ОТП","-","70","02.2018","471010000, Мангистауская область, Актау Г.А., г.Актау, \"Мангистауская область, г. Актау, промзона, ТОО \"\"МАЭК-Казатомпром\"\", здание 201\"","471010000, Мангистауская область, Актау Г.А., г.Актау, \"Мангистауская область, г. Актау, промзона, ТОО \"\"МАЭК-Казатомпром\"\"\"","DDP","С даты подписания договора в течение 30 календарных дней","Окончательный платеж - 100% , Промежуточный платеж - 0% , Предоплата - 0% ","Килограмм",{"v":1000,"d":"1,000.000"},{"v":3875,"d":"3,875.000"},{"v":3875000,"d":"3,875,000.000"},{"v":4340000,"d":"4,340,000.000"},"ТПХ","Товарищество с ограниченной ответственностью \"Мангистауский атомный энергетический комбинат-Казатомпром\""]
[null,"2450328","871 Т","244422.110.000001","Круг","медный, марка М1, диаметр 11-50 мм, тянутый","36:Диаметр:45:45","ОТП","-","0","01.2018","471010000, Мангистауская область, Актау Г.А., г.Актау, \"Мангистауская область, г. Актау, промзона, ТОО \"\"МАЭК-Казатомпром\"\", здание 201\"","471010000, Мангистауская область, Актау Г.А., г.Актау, \"Мангистауская область, г. Актау, промзона, ТОО \"\"МАЭК-Казатомпром\"\"\"","DDP","С даты подписания договора в течение 30 календарных дней","Предоплата - 0% , Промежуточный платеж - 0% , Окончательный платеж - 100% ","Килограмм",{"v":10,"d":"10.000"},{"v":3875,"d":"3,875.000"},{"v":38750,"d":"38,750.000"},{"v":43400,"d":"43,400.000"},"-","Товарищество с ограниченной ответственностью \"Мангистауский атомный энергетический комбинат-Казатомпром\""]
[null,"2460023","872 Т","244423.100.000012","Проволока","медная, крешерная, диаметр 8 мм","36:Диаметр:0,8:0,8","ОИ","137-2 (не превышает тысячекратного МРП)","0","02.2018","471010000, Мангистауская область, Актау Г.А., г.Актау, \"Мангистауская область, г. Актау, промзона, ТОО \"\"МАЭК-Казатомпром\"\", здание 201\"","471010000, Мангистауская область, Актау Г.А., г.Актау, \"Мангистауская область, г. Актау, промзона, ТОО \"\"МАЭК-Казатомпром\"\"\"","DDP","С даты подписания договора в течение 30 календарных дней","Предоплата - 0% , Промежуточный платеж - 0% , Окончательный платеж - 100% ","Килограмм",{"v":5,"d":"5.000"},{"v":32000,"d":"32,000.000"},{"v":160000,"d":"160,000.000"},{"v":179200,"d":"179,200.000"},"-","Товарищество с ограниченной ответственностью \"Мангистауский атомный энергетический комбинат-Казатомпром\""]
[null,"2470402","873-1 Т","244426.300.000010","Труба медная","круглая, диаметр 6 мм, толщина 1,0 мм","36:Диаметр:6*0,8: 6*0,8","ОИ","137-2 (не превышает тысячекратного МРП)","0","02.2018","471010000, Мангистауская область, Актау Г.А., г.Актау, \"Мангистауская область, г. Актау, промзона, ТОО \"\"МАЭК-Казатомпром\"\", здание 201\"","471000000, Мангистауская область, Актау Г.А., Промзона, склад ТОО \"МАЭК-Казатомпром\"","DDP","С даты подписания договора в течение 30 календарных дней","Окончательный платеж - 100% , Промежуточный платеж - 0% , Предоплата - 0% ","Метр",{"v":250,"d":"250.000"},{"v":500,"d":"500.000"},{"v":125000,"d":"125,000.000"},{"v":140000,"d":"140,000.000"},"-","Товарищество с ограниченной ответственностью \"Мангистауский атомный энергетический комбинат-Казатомпром\""]
[null,"2470406","874 Т","244426.300.000024","Труба медная","круглая, диаметр 15,9 мм, толщина 0,9 мм","36:Диаметр:16*0,8:16*0,8","ОИ","137-2 (не превышает тысячекратного МРП)","0","02.2018","471010000, Мангистауская область, Актау Г.А., г.Актау, \"Мангистауская область, г. Актау, промзона, ТОО \"\"МАЭК-Казатомпром\"\", здание 201\"","471010000, Мангистауская область, Актау Г.А., г.Актау, \"Мангистауская область, г. Актау, промзона, ТОО \"\"МАЭК-Казатомпром\"\"\"","DDP","С даты подписания договора в течение 30 календарных дней","Предоплата - 0% , Промежуточный платеж - 0% , Окончательный платеж - 100% ","Метр",{"v":50,"d":"50.000"},{"v":1530,"d":"1,530.000"},{"v":76500,"d":"76,500.000"},{"v":85680,"d":"85,680.000"},"-","Товарищество с ограниченной ответственностью \"Мангистауский атомный энергетический комбинат-Казатомпром\""]
[null,"2470404","875 Т","244426.300.000023","Труба медная","круглая, диаметр 9,53 мм, толщина 0,81 мм","36:Диаметр:9,53*0,81:9,53*0,81","ОИ","137-2 (не превышает тысячекратного МРП)","0","02.2018","471010000, Мангистауская область, Актау Г.А., г.Актау, \"Мангистауская область, г. Актау, промзона, ТОО \"\"МАЭК-Казатомпром\"\", здание 201\"","471010000, Мангистауская область, Актау Г.А., г.Актау, \"Мангистауская область, г. Актау, промзона, ТОО \"\"МАЭК-Казатомпром\"\"\"","DDP","С даты подписания договора в течение 30 календарных дней","Предоплата - 0% , Промежуточный платеж - 0% , Окончательный платеж - 100% ","Метр",{"v":300,"d":"300.000"},{"v":954.63,"d":"954.630"},{"v":286389,"d":"286,389.000"},{"v":320755.68,"d":"320,755.680"},"-","Товарищество с ограниченной ответственностью \"Мангистауский атомный энергетический комбинат-Казатомпром\""]
[null,"2470405","876 Т","244426.300.000004","Труба медная","круглая, диаметр 12 мм, толщина 2,0 мм","36:Диаметр:12,0*0,8:12,0*0,8","ОИ","137-2 (не превышает тысячекратного МРП)","0","02.2018","471010000, Мангистауская область, Актау Г.А., г.Актау, \"Мангистауская область, г. Актау, промзона, ТОО \"\"МАЭК-Казатомпром\"\", здание 201\"","471010000, Мангистауская область, Актау Г.А., г.Актау, \"Мангистауская область, г. Актау, промзона, ТОО \"\"МАЭК-Казатомпром\"\"\"","DDP","С даты подписания договора в течение 30 календарных дней","Предоплата - 0% , Промежуточный платеж - 0% , Окончательный платеж - 100% ","Метр",{"v":100,"d":"100.000"},{"v":1717.2,"d":"1,717.200"},{"v":171720,"d":"171,720.000"},{"v":192326.4,"d":"192,326.400"},"-","Товарищество с ограниченной ответственностью \"Мангистауский атомный энергетический комбинат-Казатомпром\""]
[null,"2470408","877 Т","244426.300.000025","Труба медная","круглая, диаметр 19,1 мм, толщина 1,1 мм","36:Диаметр:19*0,8:19*0,8","ОИ","137-2 (не превышает тысячекратного МРП)","0","02.2018","471010000, Мангистауская область, Актау Г.А., г.Актау, \"Мангистауская область, г. Актау, промзона, ТОО \"\"МАЭК-Казатомпром\"\", здание 201\"","471010000, Мангистауская область, Актау Г.А., г.Актау, \"Мангистауская область, г. Актау, промзона, ТОО \"\"МАЭК-Казатомпром\"\"\"","DDP","С даты подписания договора в течение 30 календарных дней","Предоплата - 0% , Промежуточный платеж - 0% , Окончательный платеж - 100% ","Метр",{"v":50,"d":"50.000"},{"v":2600,"d":"2,600.000"},{"v":130000,"d":"130,000.000"},{"v":145600,"d":"145,600.000"},"-","Товарищество с ограниченной ответственностью \"Мангистауский атомный энергетический комбинат-Казатомпром\""]
[null,"2471220","878 Т","244426.300.000007","Труба медная","круглая, диаметр 14 мм, толщина 2,0 мм","36:Диаметр:14х1:14х1","ОИ","137-2 (не превышает тысячекратного МРП)","0","02.2018","471010000, Мангистауская область, Актау Г.А., г.Актау, \"Мангистауская область, г. Актау, промзона, ТОО \"\"МАЭК-Казатомпром\"\", здание 201\"","471010000, Мангистауская область, Актау Г.А., г.Актау, \"Мангистауская область, г. Актау, промзона, ТОО \"\"МАЭК-Казатомпром\"\"\"","DDP","С даты подписания договора в течение 30 календарных дней","Предоплата - 0% , Промежуточный платеж - 0% , Окончательный платеж - 100% ","Метр",{"v":40,"d":"40.000"},{"v":2732.4,"d":"2,732.400"},{"v":109296,"d":"109,296.000"},{"v":122411.52,"d":"122,411.520"},"-","Товарищество с ограниченной ответственностью \"Мангистауский атомный энергетический комбинат-Казатомпром\""]
[null,"2510142","879 Т","244424.200.000019","Лист латунный","марка Л63, толщина 0,05-12 мм","235:Наименование:Л92 :Л92  \\ 36:Диаметр:2:2 \\ 79:ГОСТ:931-90:931-90","ОИ","137-2 (не превышает тысячекратного МРП)","0","04.2018","471010000, Мангистауская область, Актау Г.А., г.Актау, \"Мангистауская область, г. Актау, промзона, ТОО \"\"МАЭК-Казатомпром\"\", здание 201\"","471010000, Мангистауская область, Актау Г.А., г.Актау, \"Мангистауская область, г. Актау, промзона, ТОО \"\"МАЭК-Казатомпром\"\"\"","DDP","С даты подписания договора в течение 30 календарных дней","Предоплата - 0% , Промежуточный платеж - 0% , Окончательный платеж - 100% ","Килограмм",{"v":103,"d":"103.000"},{"v":3280,"d":"3,280.000"},{"v":337840,"d":"337,840.000"},{"v":378380.8,"d":"378,380.800"},"-","Товарищество с ограниченной ответственностью \"Мангистауский атомный энергетический комбинат-Казатомпром\""]
[null,"2510155","880 Т","244424.200.000044","Полоса латунная","марка Л63, толщина 2,1-4 мм","235:Наименование:Л92 :Л92  \\ 36:Диаметр:3:3 \\ 79:ГОСТ:931-90:931-90","ОИ","137-2 (не превышает тысячекратного МРП)","0","04.2018","471010000, Мангистауская область, Актау Г.А., г.Актау, \"Мангистауская область, г. Актау, промзона, ТОО \"\"МАЭК-Казатомпром\"\", здание 201\"","471010000, Мангистауская область, Актау Г.А., г.Актау, \"Мангистауская область, г. Актау, промзона, ТОО \"\"МАЭК-Казатомпром\"\"\"","DDP","С даты подписания договора в течение 30 календарных дней","Предоплата - 0% , Промежуточный платеж - 0% , Окончательный платеж - 100% ","Килограмм",{"v":5,"d":"5.000"},{"v":2732.4,"d":"2,732.400"},{"v":13662,"d":"13,662.000"},{"v":15301.44,"d":"15,301.440"},"-","Товарищество с ограниченной ответственностью \"Мангистауский атомный энергетический комбинат-Казатомпром\""]
[null,"2510130","881 Т","244424.200.000019","Лист латунный","марка Л63, толщина 0,05-12 мм","235:Наименование:Л92 :Л92  \\ 36:Диаметр:1,5:1,5 \\ 79:ГОСТ:931-90:931-90","ОИ","137-2 (не превышает тысячекратного МРП)","0","03.2018","471010000, Мангистауская область, Актау Г.А., г.Актау, \"Мангистауская область, г. Актау, промзона, ТОО \"\"МАЭК-Казатомпром\"\", здание 201\"","471010000, Мангистауская область, Актау Г.А., г.Актау, \"Мангистауская область, г. Актау, промзона, ТОО \"\"МАЭК-Казатомпром\"\"\"","DDP","С даты подписания договора в течение 30 календарных дней","Предоплата - 0% , Промежуточный платеж - 0% , Окончательный платеж - 100% ","Килограмм",{"v":35,"d":"35.000"},{"v":3280,"d":"3,280.000"},{"v":114800,"d":"114,800.000"},{"v":128576,"d":"128,576.000"},"-","Товарищество с ограниченной ответственностью \"Мангистауский атомный энергетический комбинат-Казатомпром\""]
[null,"2510110","882 Т","244424.200.000019","Лист латунный","марка Л63, толщина 0,05-12 мм","104:Толщина:0,5:0,5 \\ 79:ГОСТ:931-90:931-90","ОИ","137-2 (не превышает тысячекратного МРП)","0","03.2018","471010000, Мангистауская область, Актау Г.А., г.Актау, \"Мангистауская область, г. Актау, промзона, ТОО \"\"МАЭК-Казатомпром\"\", здание 201\"","471010000, Мангистауская область, Актау Г.А., г.Актау, \"Мангистауская область, г. Актау, промзона, ТОО \"\"МАЭК-Казатомпром\"\"\"","DDP","С даты подписания договора в течение 30 календарных дней","Предоплата - 0% , Промежуточный платеж - 0% , Окончательный платеж - 100% ","Килограмм",{"v":8,"d":"8.000"},{"v":2732.4,"d":"2,732.400"},{"v":21859.2,"d":"21,859.200"},{"v":24482.3,"d":"24,482.300"},"-","Товарищество с ограниченной ответственностью \"Мангистауский атомный энергетический комбинат-Казатомпром\""]
[null,"2510140","883 Т","244424.200.000019","Лист латунный","марка Л63, толщина 0,05-12 мм","104:Толщина:2:2","ОИ","137-2 (не превышает тысячекратного МРП)","0","03.2018","471010000, Мангистауская область, Актау Г.А., г.Актау, \"Мангистауская область, г. Актау, промзона, ТОО \"\"МАЭК-Казатомпром\"\", здание 201\"","471010000, Мангистауская область, Актау Г.А., г.Актау, \"Мангистауская область, г. Актау, промзона, ТОО \"\"МАЭК-Казатомпром\"\"\"","DDP","С даты подписания договора в течение 30 календарных дней","Предоплата - 0% , Промежуточный платеж - 0% , Окончательный платеж - 100% ","Килограмм",{"v":5,"d":"5.000"},{"v":5211,"d":"5,211.000"},{"v":26055,"d":"26,055.000"},{"v":29181.6,"d":"29,181.600"},"-","Товарищество с ограниченной ответственностью \"Мангистауский атомный энергетический комбинат-Казатомпром\""]
[null,"2550017","884-1 Т","244422.210.000000","Круг","латунный, марка Л63, диаметр 3-50 мм, тянутый","46:размер:40:40 \\ 79:ГОСТ:1595-71:1595-71","ОИ","137-2 (не превышает тысячекратного МРП)","0","02.2018","471010000, Мангистауская область, Актау Г.А., г.Актау, \"Мангистауская область, г. Актау, промзона, ТОО \"\"МАЭК-Казатомпром\"\", здание 201\"","471010000, Мангистауская область, Актау Г.А., г.Актау, \"Мангистауская область, г. Актау, промзона, ТОО \"\"МАЭК-Казатомпром\"\"\"","DDP","С даты подписания договора в течение 30 календарных дней","Окончательный платеж - 100% , Промежуточный платеж - 0% , Предоплата - 0% ","Килограмм",{"v":99,"d":"99.000"},{"v":3280,"d":"3,280.000"},{"v":324720,"d":"324,720.000"},{"v":363686.4,"d":"363,686.400"},"-","Товарищество с ограниченной ответственностью \"Мангистауский атомный энергетический комбинат-Казатомпром\""]
[null,"2550012","885 Т","244422.210.000000","Круг","латунный, марка Л63, диаметр 3-50 мм, тянутый","36:Диаметр:20:20 \\ 79:ГОСТ:2060-2006:2060-2006","ОИ","137-2 (не превышает тысячекратного МРП)","0","02.2018","471010000, Мангистауская область, Актау Г.А., г.Актау, \"Мангистауская область, г. Актау, промзона, ТОО \"\"МАЭК-Казатомпром\"\", здание 201\"","471010000, Мангистауская область, Актау Г.А., г.Актау, \"Мангистауская область, г. Актау, промзона, ТОО \"\"МАЭК-Казатомпром\"\"\"","DDP","С даты подписания договора в течение 30 календарных дней","Предоплата - 0% , Промежуточный платеж - 0% , Окончательный платеж - 100% ","Тонна (метрическая)",{"v":0.11,"d":"0.110"},{"v":3240000,"d":"3,240,000.000"},{"v":356400,"d":"356,400.000"},{"v":399168,"d":"399,168.000"},"-","Товарищество с ограниченной ответственностью \"Мангистауский атомный энергетический комбинат-Казатомпром\""]
[null,"2550016","886 Т","244422.210.000001","Круг","латунный, марка Л63, диаметр 10-180 мм, прессованный","36:Диаметр:80:80","ОИ","137-2 (не превышает тысячекратного МРП)","0","02.2018","471010000, Мангистауская область, Актау Г.А., г.Актау, \"Мангистауская область, г. Актау, промзона, ТОО \"\"МАЭК-Казатомпром\"\", здание 201\"","471010000, Мангистауская область, Актау Г.А., г.Актау, \"Мангистауская область, г. Актау, промзона, ТОО \"\"МАЭК-Казатомпром\"\"\"","DDP","С даты подписания договора в течение 30 календарных дней","Предоплата - 0% , Промежуточный платеж - 0% , Окончательный платеж - 100% ","Тонна (метрическая)",{"v":0.02,"d":"0.020"},{"v":2700000,"d":"2,700,000.000"},{"v":54000,"d":"54,000.000"},{"v":60480,"d":"60,480.000"},"-","Товарищество с ограниченной ответственностью \"Мангистауский атомный энергетический комбинат-Казатомпром\""]
[null,"2550015","887 Т","244422.210.000000","Круг","латунный, марка Л63, диаметр 3-50 мм, тянутый","36:Диаметр:30:30 \\ 79:ГОСТ:2060-2006:2060-2006","ОИ","137-2 (не превышает тысячекратного МРП)","0","02.2018","471010000, Мангистауская область, Актау Г.А., г.Актау, \"Мангистауская область, г. Актау, промзона, ТОО \"\"МАЭК-Казатомпром\"\", здание 201\"","471010000, Мангистауская область, Актау Г.А., г.Актау, \"Мангистауская область, г. Актау, промзона, ТОО \"\"МАЭК-Казатомпром\"\"\"","DDP","С даты подписания договора в течение 30 календарных дней","Предоплата - 0% , Промежуточный платеж - 0% , Окончательный платеж - 100% ","Тонна (метрическая)",{"v":0.01,"d":"0.010"},{"v":3240000,"d":"3,240,000.000"},{"v":32400,"d":"32,400.000"},{"v":36288,"d":"36,288.000"},"-","Товарищество с ограниченной ответственностью \"Мангистауский атомный энергетический комбинат-Казатомпром\""]
[null,"2590120","888-1 Т","259929.590.000000","Сетка","тканая, латунная","46:размер:№04:№04 \\ 79:ГОСТ:6613-53:6613-53","ОИ","137-2 (не превышает тысячекратного МРП)","0","02.2018","471010000, Мангистауская область, Актау Г.А., г.Актау, \"Мангистауская область, г. Актау, промзона, ТОО \"\"МАЭК-Казатомпром\"\", здание 201\"","471010000, Мангистауская область, Актау Г.А., г.Актау, \"Мангистауская область, г. Актау, промзона, ТОО \"\"МАЭК-Казатомпром\"\"\"","DDP","С даты подписания договора в течение 30 календарных дней","Окончательный платеж - 100% , Промежуточный платеж - 0% , Предоплата - 0% ","Метр квадратный",{"v":20,"d":"20.000"},{"v":2981,"d":"2,981.000"},{"v":59620,"d":"59,620.000"},{"v":66774.4,"d":"66,774.400"},"-","Товарищество с ограниченной ответственностью \"Мангистауский атомный энергетический комбинат-Казатомпром\""]
[null,"2650020","889-2 Т","244422.240.000008","Круг","бронзовый, марка БрАЖ9-4, диаметр 16-160 мм, прессованный","36:Диаметр:80:80","ЦПП","-","70","02.2018","471010000, Мангистауская область, Актау Г.А., г.Актау, \"Мангистауская область, г. Актау, промзона, ТОО \"\"МАЭК-Казатомпром\"\", здание 201\"","471010000, Мангистауская область, Актау Г.А., г.Актау, \"Мангистауская область, г. Актау, промзона, ТОО \"\"МАЭК-Казатомпром\"\"\"","DDP","С даты подписания договора в течение 30 календарных дней","Предоплата - 0% , Промежуточный платеж - 0% , Окончательный платеж - 100% ","Килограмм",{"v":260,"d":"260.000"},{"v":5730,"d":"5,730.000"},{"v":1489800,"d":"1,489,800.000"},{"v":1668576,"d":"1,668,576.000"},"ТПХ","Товарищество с ограниченной ответственностью \"Мангистауский атомный энергетический комбинат-Казатомпром\""]
[null,"2650027","890-2 Т","244422.240.000008","Круг","бронзовый, марка БрАЖ9-4, диаметр 16-160 мм, прессованный","36:Диаметр:90:90 \\ 79:ГОСТ:1628-78:1628-78","ЦПП","-","70","02.2018","471010000, Мангистауская область, Актау Г.А., г.Актау, \"Мангистауская область, г. Актау, промзона, ТОО \"\"МАЭК-Казатомпром\"\", здание 201\"","471010000, Мангистауская область, Актау Г.А., г.Актау, \"Мангистауская область, г. Актау, промзона, ТОО \"\"МАЭК-Казатомпром\"\"\"","DDP","С даты подписания договора в течение 30 календарных дней","Предоплата - 0% , Промежуточный платеж - 0% , Окончательный платеж - 100% ","Килограмм",{"v":490,"d":"490.000"},{"v":4369,"d":"4,369.000"},{"v":2140810,"d":"2,140,810.000"},{"v":2397707.2,"d":"2,397,707.200"},"ТПХ","Товарищество с ограниченной ответственностью \"Мангистауский атомный энергетический комбинат-Казатомпром\""]
[null,"2650030","891-2 Т","244422.240.000008","Круг","бронзовый, марка БрАЖ9-4, диаметр 16-160 мм, прессованный","36:Диаметр:140:140 \\ 79:ГОСТ:1628-78:1628-78","ЦПП","-","70","02.2018","471010000, Мангистауская область, Актау Г.А., г.Актау, \"Мангистауская область, г. Актау, промзона, ТОО \"\"МАЭК-Казатомпром\"\", здание 201\"","471010000, Мангистауская область, Актау Г.А., г.Актау, \"Мангистауская область, г. Актау, промзона, ТОО \"\"МАЭК-Казатомпром\"\"\"","DDP","С даты подписания договора в течение 30 календарных дней","Предоплата - 0% , Промежуточный платеж - 0% , Окончательный платеж - 100% ","Килограмм",{"v":440,"d":"440.000"},{"v":5309,"d":"5,309.000"},{"v":2335960,"d":"2,335,960.000"},{"v":2616275.2,"d":"2,616,275.200"},"ТПХ","Товарищество с ограниченной ответственностью \"Мангистауский атомный энергетический комбинат-Казатомпром\""]
[null,"2650024","892-2 Т","244422.240.000008","Круг","бронзовый, марка БрАЖ9-4, диаметр 16-160 мм, прессованный","36:Диаметр:70:70 \\ 79:ГОСТ:1628-78:1628-78","ЦПП","-","70","02.2018","471000000, Мангистауская область, Актау Г.А., Промзона, ТОО \"МАЭК-Казатомпром\", здание 201","471000000, Мангистауская область, Актау Г.А., Промзона, склад ТОО \"МАЭК-Казатомпром\"","DDP","С даты подписания договора в течение 30 календарных дней","Предоплата - 0% , Промежуточный платеж - 0% , Окончательный платеж - 100% ","Килограмм",{"v":430,"d":"430.000"},{"v":3622,"d":"3,622.000"},{"v":1557460,"d":"1,557,460.000"},{"v":1744355.2,"d":"1,744,355.200"},"ТПХ","Товарищество с ограниченной ответственностью \"Мангистауский атомный энергетический комбинат-Казатомпром\""]
[null,"2650232","893-2 Т","244422.240.000008","Круг","бронзовый, марка БрАЖ9-4, диаметр 16-160 мм, прессованный","36:Диаметр:50:50","ЦПП","-","70","02.2018","471010000, Мангистауская область, Актау Г.А., г.Актау, \"Мангистауская область, г. Актау, промзона, ТОО \"\"МАЭК-Казатомпром\"\", здание 201\"","471010000, Мангистауская область, Актау Г.А., г.Актау, \"Мангистауская область, г. Актау, промзона, ТОО \"\"МАЭК-Казатомпром\"\"\"","DDP","С даты подписания договора в течение 30 календарных дней","Предоплата - 0% , Промежуточный платеж - 0% , Окончательный платеж - 100% ","Килограмм",{"v":30,"d":"30.000"},{"v":3000,"d":"3,000.000"},{"v":90000,"d":"90,000.000"},{"v":100800,"d":"100,800.000"},"ТПХ","Товарищество с ограниченной ответственностью \"Мангистауский атомный энергетический комбинат-Казатомпром\""]
[null,"2650015","894 Т","244422.240.000009","Круг","бронзовый, марка БрАЖН10-4-4, диаметр 16-160 мм, прессованный","36:Диаметр:30:30 \\ 235:Наименование: БрАЖМц : БрАЖМц ","ЦПП","-","0","01.2018","471010000, Мангистауская область, Актау Г.А., г.Актау, \"Мангистауская область, г. Актау, промзона, ТОО \"\"МАЭК-Казатомпром\"\", здание 201\"","471010000, Мангистауская область, Актау Г.А., г.Актау, \"Мангистауская область, г. Актау, промзона, ТОО \"\"МАЭК-Казатомпром\"\"\"","DDP","С даты подписания договора в течение 30 календарных дней","Предоплата - 0% , Промежуточный платеж - 0% , Окончательный платеж - 100% ","Килограмм",{"v":20,"d":"20.000"},{"v":2981,"d":"2,981.000"},{"v":59620,"d":"59,620.000"},{"v":66774.4,"d":"66,774.400"},"-","Товарищество с ограниченной ответственностью \"Мангистауский атомный энергетический комбинат-Казатомпром\""]
[null,"2710125","895 Т","244323.300.000001","Анод","цинковый, марка Ц1С","79:ГОСТ:1180-91:1180-91","ЦПП","-","0","01.2018","471010000, Мангистауская область, Актау Г.А., г.Актау, \"Мангистауская область, г. Актау, промзона, ТОО \"\"МАЭК-Казатомпром\"\", здание 201\"","471010000, Мангистауская область, Актау Г.А., г.Актау, \"Мангистауская область, г. Актау, промзона, ТОО \"\"МАЭК-Казатомпром\"\"\"","DDP","С даты подписания договора в течение 30 календарных дней","Предоплата - 0% , Промежуточный платеж - 0% , Окончательный платеж - 100% ","Килограмм",{"v":1000,"d":"1,000.000"},{"v":3240,"d":"3,240.000"},{"v":3240000,"d":"3,240,000.000"},{"v":3628800,"d":"3,628,800.000"},"-","Товарищество с ограниченной ответственностью \"Мангистауский атомный энергетический комбинат-Казатомпром\""]
[null,"2770895","896 Т","242013.900.000629","Труба горячедеформированная","стальная, диаметр 25 мм, толщина стенки 3 мм","36:Диаметр: 25*1*6000 : 25*1*6000  \\ 301:Состав: МНЖМц: МНЖМц \\ 79:ГОСТ:10092-75:10092-75","ОТП","-","0","01.2018","471010000, Мангистауская область, Актау Г.А., г.Актау, \"Мангистауская область, г. Актау, промзона, ТОО \"\"МАЭК-Казатомпром\"\", здание 201\"","471010000, Мангистауская область, Актау Г.А., г.Актау, \"Мангистауская область, г. Актау, промзона, ТОО \"\"МАЭК-Казатомпром\"\"\"","DDP","С даты подписания договора в течение 30 календарных дней","Предоплата - 0% , Промежуточный платеж - 0% , Окончательный платеж - 100% ","Тонна (метрическая)",{"v":0.63,"d":"0.630"},{"v":3663000,"d":"3,663,000.000"},{"v":2307690,"d":"2,307,690.000"},{"v":2584612.8,"d":"2,584,612.800"},"-","Товарищество с ограниченной ответственностью \"Мангистауский атомный энергетический комбинат-Казатомпром\""]
[null,"2820130","897 Т","244110.500.000009","Припой","серебрянный, марка ПСр 45","-","ОИ","137-2 (не превышает тысячекратного МРП)","0","02.2018","471010000, Мангистауская область, Актау Г.А., г.Актау, \"Мангистауская область, г. Актау, промзона, ТОО \"\"МАЭК-Казатомпром\"\", здание 201\"","471010000, Мангистауская область, Актау Г.А., г.Актау, \"Мангистауская область, г. Актау, промзона, ТОО \"\"МАЭК-Казатомпром\"\"\"","DDP","С даты подписания договора в течение 30 календарных дней","Предоплата - 0% , Промежуточный платеж - 0% , Окончательный платеж - 100% ","Килограмм",{"v":7,"d":"7.000"},{"v":150000,"d":"150,000.000"},{"v":1050000,"d":"1,050,000.000"},{"v":1176000,"d":"1,176,000.000"},"-","Товарищество с ограниченной ответственностью \"Мангистауский атомный энергетический комбинат-Казатомпром\""]
[null,"2820111","898 Т","244110.500.000015","Припой","серебрянный, марка ПСр 15","36:Диаметр:2:2","ОИ","137-2 (не превышает тысячекратного МРП)","0","02.2018","471010000, Мангистауская область, Актау Г.А., г.Актау, \"Мангистауская область, г. Актау, промзона, ТОО \"\"МАЭК-Казатомпром\"\", здание 201\"","471010000, Мангистауская область, Актау Г.А., г.Актау, \"Мангистауская область, г. Актау, промзона, ТОО \"\"МАЭК-Казатомпром\"\"\"","DDP","С даты подписания договора в течение 30 календарных дней","Предоплата - 0% , Промежуточный платеж - 0% , Окончательный платеж - 100% ","Килограмм",{"v":1,"d":"1.000"},{"v":24000,"d":"24,000.000"},{"v":24000,"d":"24,000.000"},{"v":26880,"d":"26,880.000"},"-","Товарищество с ограниченной ответственностью \"Мангистауский атомный энергетический комбинат-Казатомпром\""]
[null,"3110110","899 Т","257340.390.000008","Сверло спиральное","с коническим хвостовиком, диаметр 30,1-50 мм","46:размер:  d 30,0 :  d 30,0  \\ 79:ГОСТ:10903-77:10903-77","ЦПП","-","0","04.2018","471010000, Мангистауская область, Актау Г.А., г.Актау, \"Мангистауская область, г. Актау, промзона, ТОО \"\"МАЭК-Казатомпром\"\", здание 201\"","471010000, Мангистауская область, Актау Г.А., г.Актау, \"Мангистауская область, г. Актау, промзона, ТОО \"\"МАЭК-Казатомпром\"\"\"","DDP","С даты подписания договора в течение 30 календарных дней","Предоплата - 0% , Промежуточный платеж - 0% , Окончательный платеж - 100% ","Штука",{"v":15,"d":"15.000"},{"v":7020,"d":"7,020.000"},{"v":105300,"d":"105,300.000"},{"v":117936,"d":"117,936.000"},"-","Товарищество с ограниченной ответственностью \"Мангистауский атомный энергетический комбинат-Казатомпром\""]
[null,"3110086","900 Т","257340.390.000010","Сверло спиральное","с коническим хвостовиком, диаметр 5-30 мм","46:размер:  d 24,0 :  d 24,0  \\ 79:ГОСТ:10903-77:10903-77","ЦПП","-","0","04.2018","471010000, Мангистауская область, Актау Г.А., г.Актау, \"Мангистауская область, г. Актау, промзона, ТОО \"\"МАЭК-Казатомпром\"\", здание 201\"","471010000, Мангистауская область, Актау Г.А., г.Актау, \"Мангистауская область, г. Актау, промзона, ТОО \"\"МАЭК-Казатомпром\"\"\"","DDP","С даты подписания договора в течение 30 календарных дней","Предоплата - 0% , Промежуточный платеж - 0% , Окончательный платеж - 100% ","Штука",{"v":15,"d":"15.000"},{"v":3780,"d":"3,780.000"},{"v":56700,"d":"56,700.000"},{"v":63504,"d":"63,504.000"},"-","Товарищество с ограниченной ответственностью \"Мангистауский атомный энергетический комбинат-Казатомпром\""]
[null,"3110079","901 Т","257340.390.000010","Сверло спиральное","с коническим хвостовиком, диаметр 5-30 мм","46:размер:   d 22,0 :   d 22,0  \\ 79:ГОСТ:10903-77:10903-77","ЦПП","-","0","04.2018","471010000, Мангистауская область, Актау Г.А., г.Актау, \"Мангистауская область, г. Актау, промзона, ТОО \"\"МАЭК-Казатомпром\"\", здание 201\"","471010000, Мангистауская область, Актау Г.А., г.Актау, \"Мангистауская область, г. Актау, промзона, ТОО \"\"МАЭК-Казатомпром\"\"\"","DDP","С даты подписания договора в течение 30 календарных дней","Предоплата - 0% , Промежуточный платеж - 0% , Окончательный платеж - 100% ","Штука",{"v":15,"d":"15.000"},{"v":3240,"d":"3,240.000"},{"v":48600,"d":"48,600.000"},{"v":54432,"d":"54,432.000"},"-","Товарищество с ограниченной ответственностью \"Мангистауский атомный энергетический комбинат-Казатомпром\""]
[null,"3116021","902 Т","257340.390.000013","Сверло спиральное","с цилиндрическим хвостовиком, диаметр 1,1- 2 мм","46:размер:  d 1,2 :  d 1,2  \\ 79:ГОСТ:10902-77:10902-77","ЦПП","-","0","04.2018","471010000, Мангистауская область, Актау Г.А., г.Актау, \"Мангистауская область, г. Актау, промзона, ТОО \"\"МАЭК-Казатомпром\"\", здание 201\"","471010000, Мангистауская область, Актау Г.А., г.Актау, \"Мангистауская область, г. Актау, промзона, ТОО \"\"МАЭК-Казатомпром\"\"\"","DDP","С даты подписания договора в течение 30 календарных дней","Предоплата - 0% , Промежуточный платеж - 0% , Окончательный платеж - 100% ","Штука",{"v":5,"d":"5.000"},{"v":32.4,"d":"32.400"},{"v":162,"d":"162.000"},{"v":181.44,"d":"181.440"},"-","Товарищество с ограниченной ответственностью \"Мангистауский атомный энергетический комбинат-Казатомпром\""]
[null,"3110070","903 Т","257340.390.000010","Сверло спиральное","с коническим хвостовиком, диаметр 5-30 мм","46:размер:  d 20,0 :  d 20,0  \\ 79:ГОСТ:10903-77:10903-77","ЦПП","-","0","04.2018","471010000, Мангистауская область, Актау Г.А., г.Актау, \"Мангистауская область, г. Актау, промзона, ТОО \"\"МАЭК-Казатомпром\"\", здание 201\"","471010000, Мангистауская область, Актау Г.А., г.Актау, \"Мангистауская область, г. Актау, промзона, ТОО \"\"МАЭК-Казатомпром\"\"\"","DDP","С даты подписания договора в течение 30 календарных дней","Предоплата - 0% , Промежуточный платеж - 0% , Окончательный платеж - 100% ","Штука",{"v":15,"d":"15.000"},{"v":2484,"d":"2,484.000"},{"v":37260,"d":"37,260.000"},{"v":41731.2,"d":"41,731.200"},"-","Товарищество с ограниченной ответственностью \"Мангистауский атомный энергетический комбинат-Казатомпром\""]
[null,"3116018","904 Т","257340.390.000012","Сверло спиральное","с цилиндрическим хвостовиком, диаметр 0,1-1 мм","46:размер:   d 0,9 :   d 0,9  \\ 79:ГОСТ:10902-77:10902-77","ЦПП","-","0","04.2018","471010000, Мангистауская область, Актау Г.А., г.Актау, \"Мангистауская область, г. Актау, промзона, ТОО \"\"МАЭК-Казатомпром\"\", здание 201\"","471010000, Мангистауская область, Актау Г.А., г.Актау, \"Мангистауская область, г. Актау, промзона, ТОО \"\"МАЭК-Казатомпром\"\"\"","DDP","С даты подписания договора в течение 30 календарных дней","Предоплата - 0% , Промежуточный платеж - 0% , Окончательный платеж - 100% ","Штука",{"v":5,"d":"5.000"},{"v":27,"d":"27.000"},{"v":135,"d":"135.000"},{"v":151.2,"d":"151.200"},"-","Товарищество с ограниченной ответственностью \"Мангистауский атомный энергетический комбинат-Казатомпром\""]
[null,"3114007","905 Т","257340.390.000008","Сверло спиральное","с коническим хвостовиком, диаметр 30,1-50 мм","46:размер:   d 38,00 :   d 38,00  \\ 79:ГОСТ:10903-77:10903-77","ЦПП","-","0","04.2018","471010000, Мангистауская область, Актау Г.А., г.Актау, \"Мангистауская область, г. Актау, промзона, ТОО \"\"МАЭК-Казатомпром\"\", здание 201\"","471010000, Мангистауская область, Актау Г.А., г.Актау, \"Мангистауская область, г. Актау, промзона, ТОО \"\"МАЭК-Казатомпром\"\"\"","DDP","С даты подписания договора в течение 30 календарных дней","Предоплата - 0% , Промежуточный платеж - 0% , Окончательный платеж - 100% ","Штука",{"v":5,"d":"5.000"},{"v":13500,"d":"13,500.000"},{"v":67500,"d":"67,500.000"},{"v":75600,"d":"75,600.000"},"-","Товарищество с ограниченной ответственностью \"Мангистауский атомный энергетический комбинат-Казатомпром\""]
[null,"3116053","906-1 Т","257340.390.000014","Сверло спиральное","с цилиндрическим хвостовиком, диаметр 2,01-4.99 мм","46:размер: d 3,2 : d 3,2  \\ 79:ГОСТ:10902-77:10902-77","ЦПП","-","0","02.2018","471010000, Мангистауская область, Актау Г.А., г.Актау, \"Мангистауская область, г. Актау, промзона, ТОО \"\"МАЭК-Казатомпром\"\", здание 201\"","471010000, Мангистауская область, Актау Г.А., г.Актау, \"Мангистауская область, г. Актау, промзона, ТОО \"\"МАЭК-Казатомпром\"\"\"","DDP","С даты подписания договора в течение 30 календарных дней","Окончательный платеж - 100% , Промежуточный платеж - 0% , Предоплата - 0% ","Штука",{"v":15,"d":"15.000"},{"v":43.2,"d":"43.200"},{"v":648,"d":"648.000"},{"v":725.76,"d":"725.760"},"-","Товарищество с ограниченной ответственностью \"Мангистауский атомный энергетический комбинат-Казатомпром\""]
[null,"3116026","907 Т","257340.390.000013","Сверло спиральное","с цилиндрическим хвостовиком, диаметр 1,1- 2 мм","46:размер:  d 1,7 :  d 1,7  \\ 79:ГОСТ:10902-77:10902-77","ЦПП","-","0","04.2018","471010000, Мангистауская область, Актау Г.А., г.Актау, \"Мангистауская область, г. Актау, промзона, ТОО \"\"МАЭК-Казатомпром\"\", здание 201\"","471010000, Мангистауская область, Актау Г.А., г.Актау, \"Мангистауская область, г. Актау, промзона, ТОО \"\"МАЭК-Казатомпром\"\"\"","DDP","С даты подписания договора в течение 30 календарных дней","Предоплата - 0% , Промежуточный платеж - 0% , Окончательный платеж - 100% ","Штука",{"v":5,"d":"5.000"},{"v":32.4,"d":"32.400"},{"v":162,"d":"162.000"},{"v":181.44,"d":"181.440"},"-","Товарищество с ограниченной ответственностью \"Мангистауский атомный энергетический комбинат-Казатомпром\""]
[null,"3110094","908 Т","257340.390.000008","Сверло спиральное","с коническим хвостовиком, диаметр 30,1-50 мм","46:размер:   d 26,0 :   d 26,0  \\ 79:ГОСТ:10903-77:10903-77","ЦПП","-","0","01.2018","471010000, Мангистауская область, Актау Г.А., г.Актау, \"Мангистауская область, г. Актау, промзона, ТОО \"\"МАЭК-Казатомпром\"\", здание 201\"","471010000, Мангистауская область, Актау Г.А., г.Актау, \"Мангистауская область, г. Актау, промзона, ТОО \"\"МАЭК-Казатомпром\"\"\"","DDP","С даты подписания договора в течение 30 календарных дней","Предоплата - 0% , Промежуточный платеж - 0% , Окончательный платеж - 100% ","Штука",{"v":10,"d":"10.000"},{"v":4428,"d":"4,428.000"},{"v":44280,"d":"44,280.000"},{"v":49593.6,"d":"49,593.600"},"-","Товарищество с ограниченной ответственностью \"Мангистауский атомный энергетический комбинат-Казатомпром\""]
[null,"3110065","909 Т","257340.390.000010","Сверло спиральное","с коническим хвостовиком, диаметр 5-30 мм","46:размер:  d 19,0 :  d 19,0  \\ 79:ГОСТ:10903-77:10903-77","ЦПП","-","0","04.2018","471010000, Мангистауская область, Актау Г.А., г.Актау, \"Мангистауская область, г. Актау, промзона, ТОО \"\"МАЭК-Казатомпром\"\", здание 201\"","471010000, Мангистауская область, Актау Г.А., г.Актау, \"Мангистауская область, г. Актау, промзона, ТОО \"\"МАЭК-Казатомпром\"\"\"","DDP","С даты подписания договора в течение 30 календарных дней","Предоплата - 0% , Промежуточный платеж - 0% , Окончательный платеж - 100% ","Штука",{"v":5,"d":"5.000"},{"v":2268,"d":"2,268.000"},{"v":11340,"d":"11,340.000"},{"v":12700.8,"d":"12,700.800"},"-","Товарищество с ограниченной ответственностью \"Мангистауский атомный энергетический комбинат-Казатомпром\""]
[null,"3110301","910 Т","257340.390.000010","Сверло спиральное","с коническим хвостовиком, диаметр 5-30 мм","46:размер: 25*520: 25*520","ЦПП","-","0","04.2018","471010000, Мангистауская область, Актау Г.А., г.Актау, \"Мангистауская область, г. Актау, промзона, ТОО \"\"МАЭК-Казатомпром\"\", здание 201\"","471010000, Мангистауская область, Актау Г.А., г.Актау, \"Мангистауская область, г. Актау, промзона, ТОО \"\"МАЭК-Казатомпром\"\"\"","DDP","С даты подписания договора в течение 30 календарных дней","Предоплата - 0% , Промежуточный платеж - 0% , Окончательный платеж - 100% ","Штука",{"v":5,"d":"5.000"},{"v":7800,"d":"7,800.000"},{"v":39000,"d":"39,000.000"},{"v":43680,"d":"43,680.000"},"-","Товарищество с ограниченной ответственностью \"Мангистауский атомный энергетический комбинат-Казатомпром\""]
[null,"3115060","911 Т","257340.900.000008","Бита","двусторонняя","230:Набор:Набор битов для шуруповерта:Набор битов для шуруповерта","ОИ","137-2 (не превышает тысячекратного МРП)","0","01.2018","471010000, Мангистауская область, Актау Г.А., г.Актау, \"Мангистауская область, г. Актау, промзона, ТОО \"\"МАЭК-Казатомпром\"\", здание 201\"","471010000, Мангистауская область, Актау Г.А., г.Актау, \"Мангистауская область, г. Актау, промзона, ТОО \"\"МАЭК-Казатомпром\"\"\"","DDP","С даты подписания договора в течение 45 календарных дней","Предоплата - 0% , Промежуточный платеж - 0% , Окончательный платеж - 100% ","Штука",{"v":2,"d":"2.000"},{"v":3571.42,"d":"3,571.420"},{"v":7142.84,"d":"7,142.840"},{"v":7999.98,"d":"7,999.980"},"-","Товарищество с ограниченной ответственностью \"Мангистауский атомный энергетический комбинат-Казатомпром\""]
[null,"3117014","912-1 Т","257340.390.000025","Набор сверл","по металлу","230:Набор: от 3,0 до 8,0 (12шт): от 3,0 до 8,0 (12шт)","ЦПП","-","0","02.2018","471010000, Мангистауская область, Актау Г.А., г.Актау, \"Мангистауская область, г. Актау, промзона, ТОО \"\"МАЭК-Казатомпром\"\", здание 201\"","471010000, Мангистауская область, Актау Г.А., г.Актау, \"Мангистауская область, г. Актау, промзона, ТОО \"\"МАЭК-Казатомпром\"\"\"","DDP","С даты подписания договора в течение 45 календарных дней","Окончательный платеж - 100% , Промежуточный платеж - 0% , Предоплата - 0% ","Штука",{"v":7,"d":"7.000"},{"v":5000,"d":"5,000.000"},{"v":35000,"d":"35,000.000"},{"v":39200,"d":"39,200.000"},"-","Товарищество с ограниченной ответственностью \"Мангистауский атомный энергетический комбинат-Казатомпром\""]
[null,"3116073","913-1 Т","257340.390.000016","Сверло спиральное","с цилиндрическим хвостовиком, диаметр 5-30 мм","46:размер:  d 5,0 :  d 5,0  \\ 79:ГОСТ:10902-77:10902-77","ЦПП","-","0","02.2018","471010000, Мангистауская область, Актау Г.А., г.Актау, \"Мангистауская область, г. Актау, промзона, ТОО \"\"МАЭК-Казатомпром\"\", здание 201\"","471010000, Мангистауская область, Актау Г.А., г.Актау, \"Мангистауская область, г. Актау, промзона, ТОО \"\"МАЭК-Казатомпром\"\"\"","DDP","С даты подписания договора в течение 30 календарных дней","Окончательный платеж - 100% , Промежуточный платеж - 0% , Предоплата - 0% ","Штука",{"v":44,"d":"44.000"},{"v":64.8,"d":"64.800"},{"v":2851.2,"d":"2,851.200"},{"v":3193.34,"d":"3,193.340"},"-","Товарищество с ограниченной ответственностью \"Мангистауский атомный энергетический комбинат-Казатомпром\""]
[null,"3116123","914-1 Т","257340.390.000016","Сверло спиральное","с цилиндрическим хвостовиком, диаметр 5-30 мм","46:размер:  d 10,0 :  d 10,0  \\ 79:ГОСТ:10902-77:10902-77","ЦПП","-","0","02.2018","471010000, Мангистауская область, Актау Г.А., г.Актау, \"Мангистауская область, г. Актау, промзона, ТОО \"\"МАЭК-Казатомпром\"\", здание 201\"","471010000, Мангистауская область, Актау Г.А., г.Актау, \"Мангистауская область, г. Актау, промзона, ТОО \"\"МАЭК-Казатомпром\"\"\"","DDP","С даты подписания договора в течение 30 календарных дней","Окончательный платеж - 100% , Промежуточный платеж - 0% , Предоплата - 0% ","Штука",{"v":44,"d":"44.000"},{"v":216,"d":"216.000"},{"v":9504,"d":"9,504.000"},{"v":10644.48,"d":"10,644.480"},"-","Товарищество с ограниченной ответственностью \"Мангистауский атомный энергетический комбинат-Казатомпром\""]
[null,"3116192","915 Т","257340.390.000016","Сверло спиральное","с цилиндрическим хвостовиком, диаметр 5-30 мм","46:размер:  d 19,00 :  d 19,00  \\ 79:ГОСТ:10902-77:10902-77","ЦПП","-","0","06.2018","471010000, Мангистауская область, Актау Г.А., г.Актау, \"Мангистауская область, г. Актау, промзона, ТОО \"\"МАЭК-Казатомпром\"\", здание 201\"","471010000, Мангистауская область, Актау Г.А., г.Актау, \"Мангистауская область, г. Актау, промзона, ТОО \"\"МАЭК-Казатомпром\"\"\"","DDP","С даты подписания договора в течение 30 календарных дней","Предоплата - 0% , Промежуточный платеж - 0% , Окончательный платеж - 100% ","Штука",{"v":4,"d":"4.000"},{"v":972,"d":"972.000"},{"v":3888,"d":"3,888.000"},{"v":4354.56,"d":"4,354.560"},"-","Товарищество с ограниченной ответственностью \"Мангистауский атомный энергетический комбинат-Казатомпром\""]
[null,"3116093","916-1 Т","257340.390.000016","Сверло спиральное","с цилиндрическим хвостовиком, диаметр 5-30 мм","46:размер:  d 7,0 :  d 7,0  \\ 79:ГОСТ:10902-77:10902-77","ЦПП","-","0","02.2018","471010000, Мангистауская область, Актау Г.А., г.Актау, \"Мангистауская область, г. Актау, промзона, ТОО \"\"МАЭК-Казатомпром\"\", здание 201\"","471010000, Мангистауская область, Актау Г.А., г.Актау, \"Мангистауская область, г. Актау, промзона, ТОО \"\"МАЭК-Казатомпром\"\"\"","DDP","С даты подписания договора в течение 30 календарных дней","Окончательный платеж - 100% , Промежуточный платеж - 0% , Предоплата - 0% ","Штука",{"v":24,"d":"24.000"},{"v":108,"d":"108.000"},{"v":2592,"d":"2,592.000"},{"v":2903.04,"d":"2,903.040"},"-","Товарищество с ограниченной ответственностью \"Мангистауский атомный энергетический комбинат-Казатомпром\""]
[null,"3116103","917-1 Т","257340.390.000016","Сверло спиральное","с цилиндрическим хвостовиком, диаметр 5-30 мм","46:размер: d 8,0 : d 8,0  \\ 79:ГОСТ:10902-77:10902-77","ЦПП","-","0","02.2018","471010000, Мангистауская область, Актау Г.А., г.Актау, \"Мангистауская область, г. Актау, промзона, ТОО \"\"МАЭК-Казатомпром\"\", здание 201\"","471010000, Мангистауская область, Актау Г.А., г.Актау, \"Мангистауская область, г. Актау, промзона, ТОО \"\"МАЭК-Казатомпром\"\"\"","DDP","С даты подписания договора в течение 30 календарных дней","Окончательный платеж - 100% , Промежуточный платеж - 0% , Предоплата - 0% ","Штука",{"v":14,"d":"14.000"},{"v":140.4,"d":"140.400"},{"v":1965.6,"d":"1,965.600"},{"v":2201.47,"d":"2,201.470"},"-","Товарищество с ограниченной ответственностью \"Мангистауский атомный энергетический комбинат-Казатомпром\""]
[null,"3116163","918 Т","257340.390.000016","Сверло спиральное","с цилиндрическим хвостовиком, диаметр 5-30 мм","46:размер:  d 14,0 :  d 14,0  \\ 79:ГОСТ:10902-77:10902-77","ЦПП","-","0","02.2018","471010000, Мангистауская область, Актау Г.А., г.Актау, \"Мангистауская область, г. Актау, промзона, ТОО \"\"МАЭК-Казатомпром\"\", здание 201\"","471010000, Мангистауская область, Актау Г.А., г.Актау, \"Мангистауская область, г. Актау, промзона, ТОО \"\"МАЭК-Казатомпром\"\"\"","DDP","С даты подписания договора в течение 30 календарных дней","Предоплата - 0% , Промежуточный платеж - 0% , Окончательный платеж - 100% ","Штука",{"v":29,"d":"29.000"},{"v":486,"d":"486.000"},{"v":14094,"d":"14,094.000"},{"v":15785.28,"d":"15,785.280"},"-","Товарищество с ограниченной ответственностью \"Мангистауский атомный энергетический комбинат-Казатомпром\""]
[null,"3116174","919-1 Т","257340.390.000016","Сверло спиральное","с цилиндрическим хвостовиком, диаметр 5-30 мм","46:размер:   d 15,0 :   d 15,0  \\ 79:ГОСТ:10902-77:10902-77","ЦПП","-","0","02.2018","471010000, Мангистауская область, Актау Г.А., г.Актау, \"Мангистауская область, г. Актау, промзона, ТОО \"\"МАЭК-Казатомпром\"\", здание 201\"","471010000, Мангистауская область, Актау Г.А., г.Актау, \"Мангистауская область, г. Актау, промзона, ТОО \"\"МАЭК-Казатомпром\"\"\"","DDP","С даты подписания договора в течение 30 календарных дней","Окончательный платеж - 100% , Промежуточный платеж - 0% , Предоплата - 0% ","Штука",{"v":29,"d":"29.000"},{"v":594,"d":"594.000"},{"v":17226,"d":"17,226.000"},{"v":19293.12,"d":"19,293.120"},"-","Товарищество с ограниченной ответственностью \"Мангистауский атомный энергетический комбинат-Казатомпром\""]
[null,"3116179","920-1 Т","257340.390.000016","Сверло спиральное","с цилиндрическим хвостовиком, диаметр 5-30 мм","46:размер:   d 16,00 :   d 16,00  \\ 79:ГОСТ:10902-77:10902-77","ЦПП","-","0","02.2018","471010000, Мангистауская область, Актау Г.А., г.Актау, \"Мангистауская область, г. Актау, промзона, ТОО \"\"МАЭК-Казатомпром\"\", здание 201\"","471010000, Мангистауская область, Актау Г.А., г.Актау, \"Мангистауская область, г. Актау, промзона, ТОО \"\"МАЭК-Казатомпром\"\"\"","DDP","С даты подписания договора в течение 30 календарных дней","Окончательный платеж - 100% , Промежуточный платеж - 0% , Предоплата - 0% ","Штука",{"v":24,"d":"24.000"},{"v":669.6,"d":"669.600"},{"v":16070.4,"d":"16,070.400"},{"v":17998.85,"d":"17,998.850"},"-","Товарищество с ограниченной ответственностью \"Мангистауский атомный энергетический комбинат-Казатомпром\""]
[null,"3116188","921 Т","257340.390.000016","Сверло спиральное","с цилиндрическим хвостовиком, диаметр 5-30 мм","46:размер:  d 18,00 :  d 18,00  \\ 79:ГОСТ:10902-77:10902-77","ЦПП","-","0","04.2018","471010000, Мангистауская область, Актау Г.А., г.Актау, \"Мангистауская область, г. Актау, промзона, ТОО \"\"МАЭК-Казатомпром\"\", здание 201\"","471010000, Мангистауская область, Актау Г.А., г.Актау, \"Мангистауская область, г. Актау, промзона, ТОО \"\"МАЭК-Казатомпром\"\"\"","DDP","С даты подписания договора в течение 30 календарных дней","Предоплата - 0% , Промежуточный платеж - 0% , Окончательный платеж - 100% ","Штука",{"v":9,"d":"9.000"},{"v":810,"d":"810.000"},{"v":7290,"d":"7,290.000"},{"v":8164.8,"d":"8,164.800"},"-","Товарищество с ограниченной ответственностью \"Мангистауский атомный энергетический комбинат-Казатомпром\""]
[null,"3116037","922 Т","257340.390.000014","Сверло спиральное","с цилиндрическим хвостовиком, диаметр 2,01-4.99 мм","46:размер:  d 2,40 :  d 2,40  \\ 79:ГОСТ:10902-77:10902-77","ЦПП","-","0","04.2018","471010000, Мангистауская область, Актау Г.А., г.Актау, \"Мангистауская область, г. Актау, промзона, ТОО \"\"МАЭК-Казатомпром\"\", здание 201\"","471010000, Мангистауская область, Актау Г.А., г.Актау, \"Мангистауская область, г. Актау, промзона, ТОО \"\"МАЭК-Казатомпром\"\"\"","DDP","С даты подписания договора в течение 30 календарных дней","Предоплата - 0% , Промежуточный платеж - 0% , Окончательный платеж - 100% ","Штука",{"v":5,"d":"5.000"},{"v":43.2,"d":"43.200"},{"v":216,"d":"216.000"},{"v":241.92,"d":"241.920"},"-","Товарищество с ограниченной ответственностью \"Мангистауский атомный энергетический комбинат-Казатомпром\""]
[null,"3116022","923 Т","257340.390.000013","Сверло спиральное","с цилиндрическим хвостовиком, диаметр 1,1- 2 мм","46:размер:  d 1,3 :  d 1,3  \\ 79:ГОСТ:10902-77:10902-77","ЦПП","-","0","04.2018","471010000, Мангистауская область, Актау Г.А., г.Актау, \"Мангистауская область, г. Актау, промзона, ТОО \"\"МАЭК-Казатомпром\"\", здание 201\"","471010000, Мангистауская область, Актау Г.А., г.Актау, \"Мангистауская область, г. Актау, промзона, ТОО \"\"МАЭК-Казатомпром\"\"\"","DDP","С даты подписания договора в течение 30 календарных дней","Предоплата - 0% , Промежуточный платеж - 0% , Окончательный платеж - 100% ","Штука",{"v":5,"d":"5.000"},{"v":32.4,"d":"32.400"},{"v":162,"d":"162.000"},{"v":181.44,"d":"181.440"},"-","Товарищество с ограниченной ответственностью \"Мангистауский атомный энергетический комбинат-Казатомпром\""]
[null,"3114013","924 Т","257340.390.000008","Сверло спиральное","с коническим хвостовиком, диаметр 30,1-50 мм","46:размер:  d 40,0 :  d 40,0  \\ 79:ГОСТ:10903-77:10903-77","ЦПП","-","0","04.2018","471010000, Мангистауская область, Актау Г.А., г.Актау, \"Мангистауская область, г. Актау, промзона, ТОО \"\"МАЭК-Казатомпром\"\", здание 201\"","471010000, Мангистауская область, Актау Г.А., г.Актау, \"Мангистауская область, г. Актау, промзона, ТОО \"\"МАЭК-Казатомпром\"\"\"","DDP","С даты подписания договора в течение 30 календарных дней","Предоплата - 0% , Промежуточный платеж - 0% , Окончательный платеж - 100% ","Штука",{"v":5,"d":"5.000"},{"v":14580,"d":"14,580.000"},{"v":72900,"d":"72,900.000"},{"v":81648,"d":"81,648.000"},"-","Товарищество с ограниченной ответственностью \"Мангистауский атомный энергетический комбинат-Казатомпром\""]
[null,"3110052","925 Т","257340.390.000010","Сверло спиральное","с коническим хвостовиком, диаметр 5-30 мм","46:размер:  d 16,0 :  d 16,0  \\ 79:ГОСТ:10903-77:10903-77","ЦПП","-","0","04.2018","471010000, Мангистауская область, Актау Г.А., г.Актау, \"Мангистауская область, г. Актау, промзона, ТОО \"\"МАЭК-Казатомпром\"\", здание 201\"","471010000, Мангистауская область, Актау Г.А., г.Актау, \"Мангистауская область, г. Актау, промзона, ТОО \"\"МАЭК-Казатомпром\"\"\"","DDP","С даты подписания договора в течение 30 календарных дней","Предоплата - 0% , Промежуточный платеж - 0% , Окончательный платеж - 100% ","Штука",{"v":15,"d":"15.000"},{"v":1836,"d":"1,836.000"},{"v":27540,"d":"27,540.000"},{"v":30844.8,"d":"30,844.800"},"-","Товарищество с ограниченной ответственностью \"Мангистауский атомный энергетический комбинат-Казатомпром\""]
[null,"3110126","926 Т","257340.390.000008","Сверло спиральное","с коническим хвостовиком, диаметр 30,1-50 мм","46:размер:  d 35,0 :  d 35,0  \\ 79:ГОСТ:10903-77:10903-77","ЦПП","-","0","04.2018","471010000, Мангистауская область, Актау Г.А., г.Актау, \"Мангистауская область, г. Актау, промзона, ТОО \"\"МАЭК-Казатомпром\"\", здание 201\"","471010000, Мангистауская область, Актау Г.А., г.Актау, \"Мангистауская область, г. Актау, промзона, ТОО \"\"МАЭК-Казатомпром\"\"\"","DDP","С даты подписания договора в течение 30 календарных дней","Предоплата - 0% , Промежуточный платеж - 0% , Окончательный платеж - 100% ","Штука",{"v":10,"d":"10.000"},{"v":11880,"d":"11,880.000"},{"v":118800,"d":"118,800.000"},{"v":133056,"d":"133,056.000"},"-","Товарищество с ограниченной ответственностью \"Мангистауский атомный энергетический комбинат-Казатомпром\""]
[null,"3110068","927 Т","257340.390.000010","Сверло спиральное","с коническим хвостовиком, диаметр 5-30 мм","46:размер:  d 19,5 :  d 19,5  \\ 79:ГОСТ:10903-77:10903-77","ЦПП","-","0","04.2018","471010000, Мангистауская область, Актау Г.А., г.Актау, \"Мангистауская область, г. Актау, промзона, ТОО \"\"МАЭК-Казатомпром\"\", здание 201\"","471010000, Мангистауская область, Актау Г.А., г.Актау, \"Мангистауская область, г. Актау, промзона, ТОО \"\"МАЭК-Казатомпром\"\"\"","DDP","С даты подписания договора в течение 30 календарных дней","Предоплата - 0% , Промежуточный платеж - 0% , Окончательный платеж - 100% ","Штука",{"v":10,"d":"10.000"},{"v":2268,"d":"2,268.000"},{"v":22680,"d":"22,680.000"},{"v":25401.6,"d":"25,401.600"},"-","Товарищество с ограниченной ответственностью \"Мангистауский атомный энергетический комбинат-Казатомпром\""]
[null,"3110053","928 Т","257340.390.000010","Сверло спиральное","с коническим хвостовиком, диаметр 5-30 мм","46:размер:  d 16,25:  d 16,25 \\ 79:ГОСТ:10903-77:10903-77","ЦПП","-","0","04.2018","471010000, Мангистауская область, Актау Г.А., г.Актау, \"Мангистауская область, г. Актау, промзона, ТОО \"\"МАЭК-Казатомпром\"\", здание 201\"","471010000, Мангистауская область, Актау Г.А., г.Актау, \"Мангистауская область, г. Актау, промзона, ТОО \"\"МАЭК-Казатомпром\"\"\"","DDP","С даты подписания договора в течение 30 календарных дней","Предоплата - 0% , Промежуточный платеж - 0% , Окончательный платеж - 100% ","Штука",{"v":5,"d":"5.000"},{"v":1836,"d":"1,836.000"},{"v":9180,"d":"9,180.000"},{"v":10281.6,"d":"10,281.600"},"-","Товарищество с ограниченной ответственностью \"Мангистауский атомный энергетический комбинат-Казатомпром\""]
[null,"3116015","929 Т","257340.390.000012","Сверло спиральное","с цилиндрическим хвостовиком, диаметр 0,1-1 мм","46:размер:  d 0,3 :  d 0,3  \\ 79:ГОСТ:10902-77:10902-77","ЦПП","-","0","04.2018","471010000, Мангистауская область, Актау Г.А., г.Актау, \"Мангистауская область, г. Актау, промзона, ТОО \"\"МАЭК-Казатомпром\"\", здание 201\"","471010000, Мангистауская область, Актау Г.А., г.Актау, \"Мангистауская область, г. Актау, промзона, ТОО \"\"МАЭК-Казатомпром\"\"\"","DDP","С даты подписания договора в течение 30 календарных дней","Предоплата - 0% , Промежуточный платеж - 0% , Окончательный платеж - 100% ","Штука",{"v":5,"d":"5.000"},{"v":27,"d":"27.000"},{"v":135,"d":"135.000"},{"v":151.2,"d":"151.200"},"-","Товарищество с ограниченной ответственностью \"Мангистауский атомный энергетический комбинат-Казатомпром\""]
[null,"3110090","930 Т","257340.390.000010","Сверло спиральное","с коническим хвостовиком, диаметр 5-30 мм","46:размер:  d 25,0 :  d 25,0  \\ 79:ГОСТ:10903-77:10903-77","ЦПП","-","0","04.2018","471010000, Мангистауская область, Актау Г.А., г.Актау, \"Мангистауская область, г. Актау, промзона, ТОО \"\"МАЭК-Казатомпром\"\", здание 201\"","471010000, Мангистауская область, Актау Г.А., г.Актау, \"Мангистауская область, г. Актау, промзона, ТОО \"\"МАЭК-Казатомпром\"\"\"","DDP","С даты подписания договора в течение 30 календарных дней","Предоплата - 0% , Промежуточный платеж - 0% , Окончательный платеж - 100% ","Штука",{"v":10,"d":"10.000"},{"v":4104,"d":"4,104.000"},{"v":41040,"d":"41,040.000"},{"v":45964.8,"d":"45,964.800"},"-","Товарищество с ограниченной ответственностью \"Мангистауский атомный энергетический комбинат-Казатомпром\""]
[null,"3110059","931 Т","257340.390.000010","Сверло спиральное","с коническим хвостовиком, диаметр 5-30 мм","46:размер:  d 17,5 :  d 17,5  \\ 79:ГОСТ:10903-77:10903-77","ЦПП","-","0","01.2018","471010000, Мангистауская область, Актау Г.А., г.Актау, \"Мангистауская область, г. Актау, промзона, ТОО \"\"МАЭК-Казатомпром\"\", здание 201\"","471010000, Мангистауская область, Актау Г.А., г.Актау, \"Мангистауская область, г. Актау, промзона, ТОО \"\"МАЭК-Казатомпром\"\"\"","DDP","С даты подписания договора в течение 30 календарных дней","Предоплата - 0% , Промежуточный платеж - 0% , Окончательный платеж - 100% ","Штука",{"v":15,"d":"15.000"},{"v":1836,"d":"1,836.000"},{"v":27540,"d":"27,540.000"},{"v":30844.8,"d":"30,844.800"},"-","Товарищество с ограниченной ответственностью \"Мангистауский атомный энергетический комбинат-Казатомпром\""]
[null,"3116030","932 Т","257340.390.000013","Сверло спиральное","с цилиндрическим хвостовиком, диаметр 1,1- 2 мм","46:размер:  d 2,0 :  d 2,0  \\ 79:ГОСТ:10902-77:10902-77","ЦПП","-","0","02.2018","471010000, Мангистауская область, Актау Г.А., г.Актау, \"Мангистауская область, г. Актау, промзона, ТОО \"\"МАЭК-Казатомпром\"\", здание 201\"","471010000, Мангистауская область, Актау Г.А., г.Актау, \"Мангистауская область, г. Актау, промзона, ТОО \"\"МАЭК-Казатомпром\"\"\"","DDP","С даты подписания договора в течение 30 календарных дней","Предоплата - 0% , Промежуточный платеж - 0% , Окончательный платеж - 100% ","Штука",{"v":30,"d":"30.000"},{"v":43.2,"d":"43.200"},{"v":1296,"d":"1,296.000"},{"v":1451.52,"d":"1,451.520"},"-","Товарищество с ограниченной ответственностью \"Мангистауский атомный энергетический комбинат-Казатомпром\""]
[null,"3116999","933 Т","257340.900.000003","Коронка","биметаллическая","46:размер:Коронка по бетону 80 мм:Коронка по бетону 80 мм","ОИ","137-2 (не превышает тысячекратного МРП)","0","01.2018","471010000, Мангистауская область, Актау Г.А., г.Актау, \"Мангистауская область, г. Актау, промзона, ТОО \"\"МАЭК-Казатомпром\"\", здание 201\"","471010000, Мангистауская область, Актау Г.А., г.Актау, \"Мангистауская область, г. Актау, промзона, ТОО \"\"МАЭК-Казатомпром\"\"\"","DDP","С даты подписания договора в течение 45 календарных дней","Предоплата - 0% , Промежуточный платеж - 0% , Окончательный платеж - 100% ","Штука",{"v":2,"d":"2.000"},{"v":4213.93,"d":"4,213.930"},{"v":8427.86,"d":"8,427.860"},{"v":9439.2,"d":"9,439.200"},"-","Товарищество с ограниченной ответственностью \"Мангистауский атомный энергетический комбинат-Казатомпром\""]
[null,"3116016","934 Т","257340.390.000012","Сверло спиральное","с цилиндрическим хвостовиком, диаметр 0,1-1 мм","46:размер:  d 0,5:  d 0,5 \\ 79:ГОСТ:10902-77:10902-77","ЦПП","-","0","04.2018","471010000, Мангистауская область, Актау Г.А., г.Актау, \"Мангистауская область, г. Актау, промзона, ТОО \"\"МАЭК-Казатомпром\"\", здание 201\"","471010000, Мангистауская область, Актау Г.А., г.Актау, \"Мангистауская область, г. Актау, промзона, ТОО \"\"МАЭК-Казатомпром\"\"\"","DDP","С даты подписания договора в течение 30 календарных дней","Предоплата - 0% , Промежуточный платеж - 0% , Окончательный платеж - 100% ","Штука",{"v":5,"d":"5.000"},{"v":27,"d":"27.000"},{"v":135,"d":"135.000"},{"v":151.2,"d":"151.200"},"-","Товарищество с ограниченной ответственностью \"Мангистауский атомный энергетический комбинат-Казатомпром\""]
[null,"3116020","935 Т","257340.390.000013","Сверло спиральное","с цилиндрическим хвостовиком, диаметр 1,1- 2 мм","46:размер:  d 1,1 :  d 1,1  \\ 79:ГОСТ:10902-77:10902-77","ЦПП","-","0","04.2018","471010000, Мангистауская область, Актау Г.А., г.Актау, \"Мангистауская область, г. Актау, промзона, ТОО \"\"МАЭК-Казатомпром\"\", здание 201\"","471010000, Мангистауская область, Актау Г.А., г.Актау, \"Мангистауская область, г. Актау, промзона, ТОО \"\"МАЭК-Казатомпром\"\"\"","DDP","С даты подписания договора в течение 30 календарных дней","Предоплата - 0% , Промежуточный платеж - 0% , Окончательный платеж - 100% ","Штука",{"v":5,"d":"5.000"},{"v":32.4,"d":"32.400"},{"v":162,"d":"162.000"},{"v":181.44,"d":"181.440"},"-","Товарищество с ограниченной ответственностью \"Мангистауский атомный энергетический комбинат-Казатомпром\""]
[null,"3110130","936 Т","257340.390.000008","Сверло спиральное","с коническим хвостовиком, диаметр 30,1-50 мм","46:размер: d 36,0 : d 36,0  \\ 79:ГОСТ:10903-77:10903-77","ЦПП","-","0","04.2018","471010000, Мангистауская область, Актау Г.А., г.Актау, \"Мангистауская область, г. Актау, промзона, ТОО \"\"МАЭК-Казатомпром\"\", здание 201\"","471010000, Мангистауская область, Актау Г.А., г.Актау, \"Мангистауская область, г. Актау, промзона, ТОО \"\"МАЭК-Казатомпром\"\"\"","DDP","С даты подписания договора в течение 30 календарных дней","Предоплата - 0% , Промежуточный платеж - 0% , Окончательный платеж - 100% ","Штука",{"v":5,"d":"5.000"},{"v":12960,"d":"12,960.000"},{"v":64800,"d":"64,800.000"},{"v":72576,"d":"72,576.000"},"-","Товарищество с ограниченной ответственностью \"Мангистауский атомный энергетический комбинат-Казатомпром\""]
[null,"3110100","937 Т","257340.390.000008","Сверло спиральное","с коническим хвостовиком, диаметр 30,1-50 мм","46:размер:  d 27,5 :  d 27,5  \\ 79:ГОСТ:10903-77:10903-77","ЦПП","-","0","04.2018","471010000, Мангистауская область, Актау Г.А., г.Актау, \"Мангистауская область, г. Актау, промзона, ТОО \"\"МАЭК-Казатомпром\"\", здание 201\"","471010000, Мангистауская область, Актау Г.А., г.Актау, \"Мангистауская область, г. Актау, промзона, ТОО \"\"МАЭК-Казатомпром\"\"\"","DDP","С даты подписания договора в течение 30 календарных дней","Предоплата - 0% , Промежуточный платеж - 0% , Окончательный платеж - 100% ","Штука",{"v":6,"d":"6.000"},{"v":5184,"d":"5,184.000"},{"v":31104,"d":"31,104.000"},{"v":34836.48,"d":"34,836.480"},"-","Товарищество с ограниченной ответственностью \"Мангистауский атомный энергетический комбинат-Казатомпром\""]
[null,"3110098","938 Т","257340.390.000008","Сверло спиральное","с коническим хвостовиком, диаметр 30,1-50 мм","46:размер:  d 27,0 :  d 27,0  \\ 79:ГОСТ:10903-77:10903-77","ЦПП","-","0","01.2018","471010000, Мангистауская область, Актау Г.А., г.Актау, \"Мангистауская область, г. Актау, промзона, ТОО \"\"МАЭК-Казатомпром\"\", здание 201\"","471010000, Мангистауская область, Актау Г.А., г.Актау, \"Мангистауская область, г. Актау, промзона, ТОО \"\"МАЭК-Казатомпром\"\"\"","DDP","С даты подписания договора в течение 30 календарных дней","Предоплата - 0% , Промежуточный платеж - 0% , Окончательный платеж - 100% ","Штука",{"v":5.05,"d":"5.050"},{"v":5184,"d":"5,184.000"},{"v":26179.2,"d":"26,179.200"},{"v":29320.7,"d":"29,320.700"},"-","Товарищество с ограниченной ответственностью \"Мангистауский атомный энергетический комбинат-Казатомпром\""]
[null,"3116197","939-1 Т","257340.390.000016","Сверло спиральное","с цилиндрическим хвостовиком, диаметр 5-30 мм","46:размер:  d 20,0 :  d 20,0  \\ 79:ГОСТ:10902-77:10902-77","ЦПП","-","0","02.2018","471010000, Мангистауская область, Актау Г.А., г.Актау, \"Мангистауская область, г. Актау, промзона, ТОО \"\"МАЭК-Казатомпром\"\", здание 201\"","471010000, Мангистауская область, Актау Г.А., г.Актау, \"Мангистауская область, г. Актау, промзона, ТОО \"\"МАЭК-Казатомпром\"\"\"","DDP","С даты подписания договора в течение 30 календарных дней","Окончательный платеж - 100% , Промежуточный платеж - 0% , Предоплата - 0% ","Штука",{"v":10,"d":"10.000"},{"v":1188,"d":"1,188.000"},{"v":11880,"d":"11,880.000"},{"v":13305.6,"d":"13,305.600"},"-","Товарищество с ограниченной ответственностью \"Мангистауский атомный энергетический комбинат-Казатомпром\""]
[null,"3110038","940 Т","257340.390.000010","Сверло спиральное","с коническим хвостовиком, диаметр 5-30 мм","46:размер:  d 13,0 :  d 13,0  \\ 79:ГОСТ:10903-77:10903-77","ЦПП","-","0","04.2018","471010000, Мангистауская область, Актау Г.А., г.Актау, \"Мангистауская область, г. Актау, промзона, ТОО \"\"МАЭК-Казатомпром\"\", здание 201\"","471010000, Мангистауская область, Актау Г.А., г.Актау, \"Мангистауская область, г. Актау, промзона, ТОО \"\"МАЭК-Казатомпром\"\"\"","DDP","С даты подписания договора в течение 30 календарных дней","Предоплата - 0% , Промежуточный платеж - 0% , Окончательный платеж - 100% ","Штука",{"v":10,"d":"10.000"},{"v":1512,"d":"1,512.000"},{"v":15120,"d":"15,120.000"},{"v":16934.4,"d":"16,934.400"},"-","Товарищество с ограниченной ответственностью \"Мангистауский атомный энергетический комбинат-Казатомпром\""]
[null,"3116085","941 Т","257340.390.000016","Сверло спиральное","с цилиндрическим хвостовиком, диаметр 5-30 мм","46:размер:  d 6,2 :  d 6,2  \\ 79:ГОСТ:10902-77:10902-77","ЦПП","-","0","04.2018","471010000, Мангистауская область, Актау Г.А., г.Актау, \"Мангистауская область, г. Актау, промзона, ТОО \"\"МАЭК-Казатомпром\"\", здание 201\"","471010000, Мангистауская область, Актау Г.А., г.Актау, \"Мангистауская область, г. Актау, промзона, ТОО \"\"МАЭК-Казатомпром\"\"\"","DDP","С даты подписания договора в течение 30 календарных дней","Предоплата - 0% , Промежуточный платеж - 0% , Окончательный платеж - 100% ","Штука",{"v":5,"d":"5.000"},{"v":75.6,"d":"75.600"},{"v":378,"d":"378.000"},{"v":423.36,"d":"423.360"},"-","Товарищество с ограниченной ответственностью \"Мангистауский атомный энергетический комбинат-Казатомпром\""]
[null,"3110121","942 Т","257340.390.000008","Сверло спиральное","с коническим хвостовиком, диаметр 30,1-50 мм","46:размер:  d 33,0 :  d 33,0  \\ 79:ГОСТ:10903-77:10903-77","ЦПП","-","0","04.2018","471010000, Мангистауская область, Актау Г.А., г.Актау, \"Мангистауская область, г. Актау, промзона, ТОО \"\"МАЭК-Казатомпром\"\", здание 201\"","471010000, Мангистауская область, Актау Г.А., г.Актау, \"Мангистауская область, г. Актау, промзона, ТОО \"\"МАЭК-Казатомпром\"\"\"","DDP","С даты подписания договора в течение 30 календарных дней","Предоплата - 0% , Промежуточный платеж - 0% , Окончательный платеж - 100% ","Штука",{"v":10,"d":"10.000"},{"v":10800,"d":"10,800.000"},{"v":108000,"d":"108,000.000"},{"v":120960,"d":"120,960.000"},"-","Товарищество с ограниченной ответственностью \"Мангистауский атомный энергетический комбинат-Казатомпром\""]
[null,"3116028","943 Т","257340.390.000013","Сверло спиральное","с цилиндрическим хвостовиком, диаметр 1,1- 2 мм","46:размер: d 1,9 : d 1,9  \\ 79:ГОСТ:10902-77:10902-77","ЦПП","-","0","04.2018","471010000, Мангистауская область, Актау Г.А., г.Актау, \"Мангистауская область, г. Актау, промзона, ТОО \"\"МАЭК-Казатомпром\"\", здание 201\"","471010000, Мангистауская область, Актау Г.А., г.Актау, \"Мангистауская область, г. Актау, промзона, ТОО \"\"МАЭК-Казатомпром\"\"\"","DDP","С даты подписания договора в течение 30 календарных дней","Предоплата - 0% , Промежуточный платеж - 0% , Окончательный платеж - 100% ","Штука",{"v":5,"d":"5.000"},{"v":32.4,"d":"32.400"},{"v":162,"d":"162.000"},{"v":181.44,"d":"181.440"},"-","Товарищество с ограниченной ответственностью \"Мангистауский атомный энергетический комбинат-Казатомпром\""]
[null,"3116125","944 Т","257340.390.000016","Сверло спиральное","с цилиндрическим хвостовиком, диаметр 5-30 мм","46:размер: d 10,2 : d 10,2  \\ 79:ГОСТ:10902-77:10902-77","ЦПП","-","0","04.2018","471010000, Мангистауская область, Актау Г.А., г.Актау, \"Мангистауская область, г. Актау, промзона, ТОО \"\"МАЭК-Казатомпром\"\", здание 201\"","471010000, Мангистауская область, Актау Г.А., г.Актау, \"Мангистауская область, г. Актау, промзона, ТОО \"\"МАЭК-Казатомпром\"\"\"","DDP","С даты подписания договора в течение 30 календарных дней","Предоплата - 0% , Промежуточный платеж - 0% , Окончательный платеж - 100% ","Штука",{"v":60,"d":"60.000"},{"v":216,"d":"216.000"},{"v":12960,"d":"12,960.000"},{"v":14515.2,"d":"14,515.200"},"-","Товарищество с ограниченной ответственностью \"Мангистауский атомный энергетический комбинат-Казатомпром\""]
[null,"3116133","945 Т","257340.390.000016","Сверло спиральное","с цилиндрическим хвостовиком, диаметр 5-30 мм","46:размер:  d 11,0 :  d 11,0  \\ 79:ГОСТ:10902-77:10902-77","ЦПП","-","0","02.2018","471010000, Мангистауская область, Актау Г.А., г.Актау, \"Мангистауская область, г. Актау, промзона, ТОО \"\"МАЭК-Казатомпром\"\", здание 201\"","471010000, Мангистауская область, Актау Г.А., г.Актау, \"Мангистауская область, г. Актау, промзона, ТОО \"\"МАЭК-Казатомпром\"\"\"","DDP","С даты подписания договора в течение 30 календарных дней","Предоплата - 0% , Промежуточный платеж - 0% , Окончательный платеж - 100% ","Штука",{"v":19,"d":"19.000"},{"v":270,"d":"270.000"},{"v":5130,"d":"5,130.000"},{"v":5745.6,"d":"5,745.600"},"-","Товарищество с ограниченной ответственностью \"Мангистауский атомный энергетический комбинат-Казатомпром\""]
[null,"3116023","946 Т","257340.390.000013","Сверло спиральное","с цилиндрическим хвостовиком, диаметр 1,1- 2 мм","46:размер: d 1,4 : d 1,4  \\ 79:ГОСТ:10902-77:10902-77","ЦПП","-","0","04.2018","471010000, Мангистауская область, Актау Г.А., г.Актау, \"Мангистауская область, г. Актау, промзона, ТОО \"\"МАЭК-Казатомпром\"\", здание 201\"","471010000, Мангистауская область, Актау Г.А., г.Актау, \"Мангистауская область, г. Актау, промзона, ТОО \"\"МАЭК-Казатомпром\"\"\"","DDP","С даты подписания договора в течение 30 календарных дней","Предоплата - 0% , Промежуточный платеж - 0% , Окончательный платеж - 100% ","Штука",{"v":5,"d":"5.000"},{"v":32.4,"d":"32.400"},{"v":162,"d":"162.000"},{"v":181.44,"d":"181.440"},"-","Товарищество с ограниченной ответственностью \"Мангистауский атомный энергетический комбинат-Казатомпром\""]
[null,"3114025","947 Т","257340.390.000008","Сверло спиральное","с коническим хвостовиком, диаметр 30,1-50 мм","46:размер: d 45,00 : d 45,00  \\ 79:ГОСТ:10903-77:10903-77","ЦПП","-","0","04.2018","471010000, Мангистауская область, Актау Г.А., г.Актау, \"Мангистауская область, г. Актау, промзона, ТОО \"\"МАЭК-Казатомпром\"\", здание 201\"","471010000, Мангистауская область, Актау Г.А., г.Актау, \"Мангистауская область, г. Актау, промзона, ТОО \"\"МАЭК-Казатомпром\"\"\"","DDP","С даты подписания договора в течение 30 календарных дней","Предоплата - 0% , Промежуточный платеж - 0% , Окончательный платеж - 100% ","Штука",{"v":5,"d":"5.000"},{"v":18360,"d":"18,360.000"},{"v":91800,"d":"91,800.000"},{"v":102816,"d":"102,816.000"},"-","Товарищество с ограниченной ответственностью \"Мангистауский атомный энергетический комбинат-Казатомпром\""]
[null,"3110124","948 Т","257340.390.000008","Сверло спиральное","с коническим хвостовиком, диаметр 30,1-50 мм","46:размер: d 34,0 : d 34,0  \\ 79:ГОСТ:10903-77:10903-77","ЦПП","-","0","04.2018","471010000, Мангистауская область, Актау Г.А., г.Актау, \"Мангистауская область, г. Актау, промзона, ТОО \"\"МАЭК-Казатомпром\"\", здание 201\"","471010000, Мангистауская область, Актау Г.А., г.Актау, \"Мангистауская область, г. Актау, промзона, ТОО \"\"МАЭК-Казатомпром\"\"\"","DDP","С даты подписания договора в течение 30 календарных дней","Предоплата - 0% , Промежуточный платеж - 0% , Окончательный платеж - 100% ","Штука",{"v":5,"d":"5.000"},{"v":11340,"d":"11,340.000"},{"v":56700,"d":"56,700.000"},{"v":63504,"d":"63,504.000"},"-","Товарищество с ограниченной ответственностью \"Мангистауский атомный энергетический комбинат-Казатомпром\""]
[null,"3110102","949 Т","257340.390.000008","Сверло спиральное","с коническим хвостовиком, диаметр 30,1-50 мм","46:размер:  d 28,0 :  d 28,0  \\ 79:ГОСТ:10903-77:10903-77","ЦПП","-","0","04.2018","471010000, Мангистауская область, Актау Г.А., г.Актау, \"Мангистауская область, г. Актау, промзона, ТОО \"\"МАЭК-Казатомпром\"\", здание 201\"","471010000, Мангистауская область, Актау Г.А., г.Актау, \"Мангистауская область, г. Актау, промзона, ТОО \"\"МАЭК-Казатомпром\"\"\"","DDP","С даты подписания договора в течение 30 календарных дней","Предоплата - 0% , Промежуточный платеж - 0% , Окончательный платеж - 100% ","Штука",{"v":6,"d":"6.000"},{"v":5184,"d":"5,184.000"},{"v":31104,"d":"31,104.000"},{"v":34836.48,"d":"34,836.480"},"-","Товарищество с ограниченной ответственностью \"Мангистауский атомный энергетический комбинат-Казатомпром\""]
[null,"3116113","950-1 Т","257340.390.000016","Сверло спиральное","с цилиндрическим хвостовиком, диаметр 5-30 мм","46:размер:  d 9,0 :  d 9,0  \\ 79:ГОСТ:10902-77:10902-77","ЦПП","-","0","02.2018","471010000, Мангистауская область, Актау Г.А., г.Актау, \"Мангистауская область, г. Актау, промзона, ТОО \"\"МАЭК-Казатомпром\"\", здание 201\"","471010000, Мангистауская область, Актау Г.А., г.Актау, \"Мангистауская область, г. Актау, промзона, ТОО \"\"МАЭК-Казатомпром\"\"\"","DDP","С даты подписания договора в течение 30 календарных дней","Окончательный платеж - 100% , Промежуточный платеж - 0% , Предоплата - 0% ","Штука",{"v":24,"d":"24.000"},{"v":183.6,"d":"183.600"},{"v":4406.4,"d":"4,406.400"},{"v":4935.17,"d":"4,935.170"},"-","Товарищество с ограниченной ответственностью \"Мангистауский атомный энергетический комбинат-Казатомпром\""]
[null,"3116088","951 Т","257340.390.000016","Сверло спиральное","с цилиндрическим хвостовиком, диаметр 5-30 мм","46:размер:  d 6,5 :  d 6,5  \\ 79:ГОСТ:10902-77:10902-77","ЦПП","-","0","05.2018","471010000, Мангистауская область, Актау Г.А., г.Актау, \"Мангистауская область, г. Актау, промзона, ТОО \"\"МАЭК-Казатомпром\"\", здание 201\"","471010000, Мангистауская область, Актау Г.А., г.Актау, \"Мангистауская область, г. Актау, промзона, ТОО \"\"МАЭК-Казатомпром\"\"\"","DDP","С даты подписания договора в течение 30 календарных дней","Предоплата - 0% , Промежуточный платеж - 0% , Окончательный платеж - 100% ","Штука",{"v":13,"d":"13.000"},{"v":75.6,"d":"75.600"},{"v":982.8,"d":"982.800"},{"v":1100.74,"d":"1,100.740"},"-","Товарищество с ограниченной ответственностью \"Мангистауский атомный энергетический комбинат-Казатомпром\""]
[null,"3116153","952-1 Т","257340.390.000016","Сверло спиральное","с цилиндрическим хвостовиком, диаметр 5-30 мм","46:размер: d 13,0 : d 13,0  \\ 79:ГОСТ:10902-77:10902-77","ЦПП","-","0","02.2018","471010000, Мангистауская область, Актау Г.А., г.Актау, \"Мангистауская область, г. Актау, промзона, ТОО \"\"МАЭК-Казатомпром\"\", здание 201\"","471010000, Мангистауская область, Актау Г.А., г.Актау, \"Мангистауская область, г. Актау, промзона, ТОО \"\"МАЭК-Казатомпром\"\"\"","DDP","С даты подписания договора в течение 30 календарных дней","Окончательный платеж - 100% , Промежуточный платеж - 0% , Предоплата - 0% ","Штука",{"v":27,"d":"27.000"},{"v":486,"d":"486.000"},{"v":13122,"d":"13,122.000"},{"v":14696.64,"d":"14,696.640"},"-","Товарищество с ограниченной ответственностью \"Мангистауский атомный энергетический комбинат-Казатомпром\""]
[null,"3116068","953 Т","257340.390.000014","Сверло спиральное","с цилиндрическим хвостовиком, диаметр 2,01-4.99 мм","46:размер:  d 4,50 :  d 4,50  \\ 79:ГОСТ:10902-77:10902-77","ЦПП","-","0","02.2018","471010000, Мангистауская область, Актау Г.А., г.Актау, \"Мангистауская область, г. Актау, промзона, ТОО \"\"МАЭК-Казатомпром\"\", здание 201\"","471010000, Мангистауская область, Актау Г.А., г.Актау, \"Мангистауская область, г. Актау, промзона, ТОО \"\"МАЭК-Казатомпром\"\"\"","DDP","С даты подписания договора в течение 30 календарных дней","Предоплата - 0% , Промежуточный платеж - 0% , Окончательный платеж - 100% ","Штука",{"v":18,"d":"18.000"},{"v":48.6,"d":"48.600"},{"v":874.8,"d":"874.800"},{"v":979.78,"d":"979.780"},"-","Товарищество с ограниченной ответственностью \"Мангистауский атомный энергетический комбинат-Казатомпром\""]
[null,"3116057","954 Т","257340.390.000014","Сверло спиральное","с цилиндрическим хвостовиком, диаметр 2,01-4.99 мм","46:размер:  d 3,5 :  d 3,5  \\ 79:ГОСТ:10902-77:10902-77","ЦПП","-","0","02.2018","471010000, Мангистауская область, Актау Г.А., г.Актау, \"Мангистауская область, г. Актау, промзона, ТОО \"\"МАЭК-Казатомпром\"\", здание 201\"","471010000, Мангистауская область, Актау Г.А., г.Актау, \"Мангистауская область, г. Актау, промзона, ТОО \"\"МАЭК-Казатомпром\"\"\"","DDP","С даты подписания договора в течение 30 календарных дней","Предоплата - 0% , Промежуточный платеж - 0% , Окончательный платеж - 100% ","Штука",{"v":23,"d":"23.000"},{"v":43.2,"d":"43.200"},{"v":993.6,"d":"993.600"},{"v":1112.83,"d":"1,112.830"},"-","Товарищество с ограниченной ответственностью \"Мангистауский атомный энергетический комбинат-Казатомпром\""]
[null,"3116138","955 Т","257340.390.000016","Сверло спиральное","с цилиндрическим хвостовиком, диаметр 5-30 мм","46:размер:  d 11,5 :  d 11,5  \\ 79:ГОСТ:10902-77:10902-77","ЦПП","-","0","04.2018","471010000, Мангистауская область, Актау Г.А., г.Актау, \"Мангистауская область, г. Актау, промзона, ТОО \"\"МАЭК-Казатомпром\"\", здание 201\"","471010000, Мангистауская область, Актау Г.А., г.Актау, \"Мангистауская область, г. Актау, промзона, ТОО \"\"МАЭК-Казатомпром\"\"\"","DDP","С даты подписания договора в течение 30 календарных дней","Предоплата - 0% , Промежуточный платеж - 0% , Окончательный платеж - 100% ","Штука",{"v":13,"d":"13.000"},{"v":270,"d":"270.000"},{"v":3510,"d":"3,510.000"},{"v":3931.2,"d":"3,931.200"},"-","Товарищество с ограниченной ответственностью \"Мангистауский атомный энергетический комбинат-Казатомпром\""]
[null,"3116024","956 Т","257340.390.000013","Сверло спиральное","с цилиндрическим хвостовиком, диаметр 1,1- 2 мм","46:размер:  d 1,5 :  d 1,5  \\ 79:ГОСТ:10902-77:10902-77","ЦПП","-","0","02.2018","471010000, Мангистауская область, Актау Г.А., г.Актау, \"Мангистауская область, г. Актау, промзона, ТОО \"\"МАЭК-Казатомпром\"\", здание 201\"","471010000, Мангистауская область, Актау Г.А., г.Актау, \"Мангистауская область, г. Актау, промзона, ТОО \"\"МАЭК-Казатомпром\"\"\"","DDP","С даты подписания договора в течение 30 календарных дней","Предоплата - 0% , Промежуточный платеж - 0% , Окончательный платеж - 100% ","Штука",{"v":23,"d":"23.000"},{"v":32.4,"d":"32.400"},{"v":745.2,"d":"745.200"},{"v":834.62,"d":"834.620"},"-","Товарищество с ограниченной ответственностью \"Мангистауский атомный энергетический комбинат-Казатомпром\""]
[null,"3116019","957 Т","257340.390.000012","Сверло спиральное","с цилиндрическим хвостовиком, диаметр 0,1-1 мм","46:размер:  d 1,0 :  d 1,0  \\ 79:ГОСТ:10902-77:10902-77","ЦПП","-","0","02.2018","471010000, Мангистауская область, Актау Г.А., г.Актау, \"Мангистауская область, г. Актау, промзона, ТОО \"\"МАЭК-Казатомпром\"\", здание 201\"","471010000, Мангистауская область, Актау Г.А., г.Актау, \"Мангистауская область, г. Актау, промзона, ТОО \"\"МАЭК-Казатомпром\"\"\"","DDP","С даты подписания договора в течение 30 календарных дней","Предоплата - 0% , Промежуточный платеж - 0% , Окончательный платеж - 100% ","Штука",{"v":38,"d":"38.000"},{"v":32.4,"d":"32.400"},{"v":1231.2,"d":"1,231.200"},{"v":1378.94,"d":"1,378.940"},"-","Товарищество с ограниченной ответственностью \"Мангистауский атомный энергетический комбинат-Казатомпром\""]
[null,"3116078","958 Т","257340.390.000016","Сверло спиральное","с цилиндрическим хвостовиком, диаметр 5-30 мм","46:размер:  d 5,5 :  d 5,5  \\ 79:ГОСТ:10902-77:10902-77","ЦПП","-","0","04.2018","471010000, Мангистауская область, Актау Г.А., г.Актау, \"Мангистауская область, г. Актау, промзона, ТОО \"\"МАЭК-Казатомпром\"\", здание 201\"","471010000, Мангистауская область, Актау Г.А., г.Актау, \"Мангистауская область, г. Актау, промзона, ТОО \"\"МАЭК-Казатомпром\"\"\"","DDP","С даты подписания договора в течение 30 календарных дней","Предоплата - 0% , Промежуточный платеж - 0% , Окончательный платеж - 100% ","Штука",{"v":8,"d":"8.000"},{"v":64.8,"d":"64.800"},{"v":518.4,"d":"518.400"},{"v":580.61,"d":"580.610"},"-","Товарищество с ограниченной ответственностью \"Мангистауский атомный энергетический комбинат-Казатомпром\""]
[null,"3116128","959 Т","257340.390.000016","Сверло спиральное","с цилиндрическим хвостовиком, диаметр 5-30 мм","46:размер:  d 10,5 :  d 10,5  \\ 79:ГОСТ:10902-77:10902-77","ЦПП","-","0","04.2018","471010000, Мангистауская область, Актау Г.А., г.Актау, \"Мангистауская область, г. Актау, промзона, ТОО \"\"МАЭК-Казатомпром\"\", здание 201\"","471010000, Мангистауская область, Актау Г.А., г.Актау, \"Мангистауская область, г. Актау, промзона, ТОО \"\"МАЭК-Казатомпром\"\"\"","DDP","С даты подписания договора в течение 30 календарных дней","Предоплата - 0% , Промежуточный платеж - 0% , Окончательный платеж - 100% ","Штука",{"v":13,"d":"13.000"},{"v":216,"d":"216.000"},{"v":2808,"d":"2,808.000"},{"v":3144.96,"d":"3,144.960"},"-","Товарищество с ограниченной ответственностью \"Мангистауский атомный энергетический комбинат-Казатомпром\""]
[null,"3116040","960 Т","257340.390.000014","Сверло спиральное","с цилиндрическим хвостовиком, диаметр 2,01-4.99 мм","46:размер:  d 2,50 :  d 2,50  \\ 79:ГОСТ:10902-77:10902-77","ЦПП","-","0","02.2018","471010000, Мангистауская область, Актау Г.А., г.Актау, \"Мангистауская область, г. Актау, промзона, ТОО \"\"МАЭК-Казатомпром\"\", здание 201\"","471010000, Мангистауская область, Актау Г.А., г.Актау, \"Мангистауская область, г. Актау, промзона, ТОО \"\"МАЭК-Казатомпром\"\"\"","DDP","С даты подписания договора в течение 30 календарных дней","Предоплата - 0% , Промежуточный платеж - 0% , Окончательный платеж - 100% ","Штука",{"v":23,"d":"23.000"},{"v":43.2,"d":"43.200"},{"v":993.6,"d":"993.600"},{"v":1112.83,"d":"1,112.830"},"-","Товарищество с ограниченной ответственностью \"Мангистауский атомный энергетический комбинат-Казатомпром\""]
[null,"3116118","961-1 Т","257340.390.000016","Сверло спиральное","с цилиндрическим хвостовиком, диаметр 5-30 мм","46:размер:  d 9,5 :  d 9,5  \\ 79:ГОСТ:10902-77:10902-77","ЦПП","-","0","02.2018","471010000, Мангистауская область, Актау Г.А., г.Актау, \"Мангистауская область, г. Актау, промзона, ТОО \"\"МАЭК-Казатомпром\"\", здание 201\"","471010000, Мангистауская область, Актау Г.А., г.Актау, \"Мангистауская область, г. Актау, промзона, ТОО \"\"МАЭК-Казатомпром\"\"\"","DDP","С даты подписания договора в течение 30 календарных дней","Окончательный платеж - 100% , Промежуточный платеж - 0% , Предоплата - 0% ","Штука",{"v":23,"d":"23.000"},{"v":216,"d":"216.000"},{"v":4968,"d":"4,968.000"},{"v":5564.16,"d":"5,564.160"},"-","Товарищество с ограниченной ответственностью \"Мангистауский атомный энергетический комбинат-Казатомпром\""]
[null,"3116148","962 Т","257340.390.000016","Сверло спиральное","с цилиндрическим хвостовиком, диаметр 5-30 мм","46:размер:  d 12,5 :  d 12,5  \\ 79:ГОСТ:10902-77:10902-77","ЦПП","-","0","04.2018","471010000, Мангистауская область, Актау Г.А., г.Актау, \"Мангистауская область, г. Актау, промзона, ТОО \"\"МАЭК-Казатомпром\"\", здание 201\"","471010000, Мангистауская область, Актау Г.А., г.Актау, \"Мангистауская область, г. Актау, промзона, ТОО \"\"МАЭК-Казатомпром\"\"\"","DDP","С даты подписания договора в течение 30 календарных дней","Предоплата - 0% , Промежуточный платеж - 0% , Окончательный платеж - 100% ","Штука",{"v":13,"d":"13.000"},{"v":345.6,"d":"345.600"},{"v":4492.8,"d":"4,492.800"},{"v":5031.94,"d":"5,031.940"},"-","Товарищество с ограниченной ответственностью \"Мангистауский атомный энергетический комбинат-Казатомпром\""]
[null,"3116098","963-1 Т","257340.390.000016","Сверло спиральное","с цилиндрическим хвостовиком, диаметр 5-30 мм","46:размер:  d 7,5 :  d 7,5  \\ 79:ГОСТ:10902-77:10902-77","ЦПП","-","0","02.2018","471010000, Мангистауская область, Актау Г.А., г.Актау, \"Мангистауская область, г. Актау, промзона, ТОО \"\"МАЭК-Казатомпром\"\", здание 201\"","471010000, Мангистауская область, Актау Г.А., г.Актау, \"Мангистауская область, г. Актау, промзона, ТОО \"\"МАЭК-Казатомпром\"\"\"","DDP","С даты подписания договора в течение 30 календарных дней","Окончательный платеж - 100% , Промежуточный платеж - 0% , Предоплата - 0% ","Штука",{"v":13,"d":"13.000"},{"v":108,"d":"108.000"},{"v":1404,"d":"1,404.000"},{"v":1572.48,"d":"1,572.480"},"-","Товарищество с ограниченной ответственностью \"Мангистауский атомный энергетический комбинат-Казатомпром\""]
[null,"3116108","964 Т","257340.390.000016","Сверло спиральное","с цилиндрическим хвостовиком, диаметр 5-30 мм","46:размер:  d 8,5 :  d 8,5  \\ 79:ГОСТ:10902-77:10902-77","ЦПП","-","0","04.2018","471010000, Мангистауская область, Актау Г.А., г.Актау, \"Мангистауская область, г. Актау, промзона, ТОО \"\"МАЭК-Казатомпром\"\", здание 201\"","471010000, Мангистауская область, Актау Г.А., г.Актау, \"Мангистауская область, г. Актау, промзона, ТОО \"\"МАЭК-Казатомпром\"\"\"","DDP","С даты подписания договора в течение 30 календарных дней","Предоплата - 0% , Промежуточный платеж - 0% , Окончательный платеж - 100% ","Штука",{"v":23,"d":"23.000"},{"v":140.4,"d":"140.400"},{"v":3229.2,"d":"3,229.200"},{"v":3616.7,"d":"3,616.700"},"-","Товарищество с ограниченной ответственностью \"Мангистауский атомный энергетический комбинат-Казатомпром\""]
[null,"3117035","965 Т","257360.100.000004","Бур","БД2","46:размер:  25*540/600:  25*540/600","ОИ","137-2 (не превышает тысячекратного МРП)","0","05.2018","471010000, Мангистауская область, Актау Г.А., г.Актау, \"Мангистауская область, г. Актау, промзона, ТОО \"\"МАЭК-Казатомпром\"\", здание 201\"","471010000, Мангистауская область, Актау Г.А., г.Актау, \"Мангистауская область, г. Актау, промзона, ТОО \"\"МАЭК-Казатомпром\"\"\"","DDP","С даты подписания договора в течение 30 календарных дней","Предоплата - 0% , Промежуточный платеж - 0% , Окончательный платеж - 100% ","Штука",{"v":3,"d":"3.000"},{"v":5940,"d":"5,940.000"},{"v":17820,"d":"17,820.000"},{"v":19958.4,"d":"19,958.400"},"-","Товарищество с ограниченной ответственностью \"Мангистауский атомный энергетический комбинат-Казатомпром\""]
[null,"3115063","966 Т","257340.900.000008","Бита","двусторонняя","46:размер:Бита двухсторонняя (диаметр 8):Бита двухсторонняя (диаметр 8)","ОИ","137-2 (не превышает тысячекратного МРП)","0","05.2018","471010000, Мангистауская область, Актау Г.А., г.Актау, \"Мангистауская область, г. Актау, промзона, ТОО \"\"МАЭК-Казатомпром\"\", здание 201\"","471010000, Мангистауская область, Актау Г.А., г.Актау, \"Мангистауская область, г. Актау, промзона, ТОО \"\"МАЭК-Казатомпром\"\"\"","DDP","С даты подписания договора в течение 45 календарных дней","Предоплата - 0% , Промежуточный платеж - 0% , Окончательный платеж - 100% ","Штука",{"v":3,"d":"3.000"},{"v":810,"d":"810.000"},{"v":2430,"d":"2,430.000"},{"v":2721.6,"d":"2,721.600"},"-","Товарищество с ограниченной ответственностью \"Мангистауский атомный энергетический комбинат-Казатомпром\""]
[null,"3115062","967 Т","257340.900.000026","Набор бит","для шуруповерта","230:Набор:Набор бит с адаптером для шуруповерта:Набор бит с адаптером для шуруповерта","ОИ","137-2 (не превышает тысячекратного МРП)","0","01.2018","471010000, Мангистауская область, Актау Г.А., г.Актау, \"Мангистауская область, г. Актау, промзона, ТОО \"\"МАЭК-Казатомпром\"\", здание 201\"","471010000, Мангистауская область, Актау Г.А., г.Актау, \"Мангистауская область, г. Актау, промзона, ТОО \"\"МАЭК-Казатомпром\"\"\"","DDP","С даты подписания договора в течение 45 календарных дней","Предоплата - 0% , Промежуточный платеж - 0% , Окончательный платеж - 100% ","Набор",{"v":16,"d":"16.000"},{"v":5500,"d":"5,500.000"},{"v":88000,"d":"88,000.000"},{"v":98560,"d":"98,560.000"},"-","Товарищество с ограниченной ответственностью \"Мангистауский атомный энергетический комбинат-Казатомпром\""]
[null,"3116027","968-1 Т","257340.390.000013","Сверло спиральное","с цилиндрическим хвостовиком, диаметр 1,1- 2 мм","46:размер: d 1,8 : d 1,8  \\ 79:ГОСТ:10902-77:10902-77","ЦПП","-","0","02.2018","471010000, Мангистауская область, Актау Г.А., г.Актау, \"Мангистауская область, г. Актау, промзона, ТОО \"\"МАЭК-Казатомпром\"\", здание 201\"","471010000, Мангистауская область, Актау Г.А., г.Актау, \"Мангистауская область, г. Актау, промзона, ТОО \"\"МАЭК-Казатомпром\"\"\"","DDP","С даты подписания договора в течение 30 календарных дней","Окончательный платеж - 100% , Промежуточный платеж - 0% , Предоплата - 0% ","Штука",{"v":15,"d":"15.000"},{"v":32.4,"d":"32.400"},{"v":486,"d":"486.000"},{"v":544.32,"d":"544.320"},"-","Товарищество с ограниченной ответственностью \"Мангистауский атомный энергетический комбинат-Казатомпром\""]
[null,"3116183","969 Т","257340.390.000016","Сверло спиральное","с цилиндрическим хвостовиком, диаметр 5-30 мм","46:размер: d 17,00 : d 17,00  \\ 79:ГОСТ:10902-77:10902-77","ЦПП","-","0","06.2018","471010000, Мангистауская область, Актау Г.А., г.Актау, \"Мангистауская область, г. Актау, промзона, ТОО \"\"МАЭК-Казатомпром\"\", здание 201\"","471010000, Мангистауская область, Актау Г.А., г.Актау, \"Мангистауская область, г. Актау, промзона, ТОО \"\"МАЭК-Казатомпром\"\"\"","DDP","С даты подписания договора в течение 30 календарных дней","Предоплата - 0% , Промежуточный платеж - 0% , Окончательный платеж - 100% ","Штука",{"v":4,"d":"4.000"},{"v":756,"d":"756.000"},{"v":3024,"d":"3,024.000"},{"v":3386.88,"d":"3,386.880"},"-","Товарищество с ограниченной ответственностью \"Мангистауский атомный энергетический комбинат-Казатомпром\""]
[null,"3116034","970-1 Т","257340.390.000014","Сверло спиральное","с цилиндрическим хвостовиком, диаметр 2,01-4.99 мм","46:размер:  d 2,20 :  d 2,20  \\ 79:ГОСТ:10902-77:10902-77","ЦПП","-","0","02.2018","471010000, Мангистауская область, Актау Г.А., г.Актау, \"Мангистауская область, г. Актау, промзона, ТОО \"\"МАЭК-Казатомпром\"\", здание 201\"","471010000, Мангистауская область, Актау Г.А., г.Актау, \"Мангистауская область, г. Актау, промзона, ТОО \"\"МАЭК-Казатомпром\"\"\"","DDP","С даты подписания договора в течение 30 календарных дней","Окончательный платеж - 100% , Промежуточный платеж - 0% , Предоплата - 0% ","Штука",{"v":10,"d":"10.000"},{"v":43.2,"d":"43.200"},{"v":432,"d":"432.000"},{"v":483.84,"d":"483.840"},"-","Товарищество с ограниченной ответственностью \"Мангистауский атомный энергетический комбинат-Казатомпром\""]
[null,"3117015","971-1 Т","257340.390.000025","Набор сверл","по металлу","230:Набор: от 5,0 до 8,0 (9 шт)  : от 5,0 до 8,0 (9 шт)  ","ЦПП","-","0","02.2018","471010000, Мангистауская область, Актау Г.А., г.Актау, \"Мангистауская область, г. Актау, промзона, ТОО \"\"МАЭК-Казатомпром\"\", здание 201\"","471010000, Мангистауская область, Актау Г.А., г.Актау, \"Мангистауская область, г. Актау, промзона, ТОО \"\"МАЭК-Казатомпром\"\"\"","DDP","С даты подписания договора в течение 45 календарных дней","Окончательный платеж - 100% , Промежуточный платеж - 0% , Предоплата - 0% ","Штука",{"v":13,"d":"13.000"},{"v":7500,"d":"7,500.000"},{"v":97500,"d":"97,500.000"},{"v":109200,"d":"109,200.000"},"-","Товарищество с ограниченной ответственностью \"Мангистауский атомный энергетический комбинат-Казатомпром\""]
[null,"3110047","972 Т","257340.390.000010","Сверло спиральное","с коническим хвостовиком, диаметр 5-30 мм","46:размер: d 15,0 : d 15,0  \\ 79:ГОСТ:10903-77:10903-77","ЦПП","-","0","04.2018","471010000, Мангистауская область, Актау Г.А., г.Актау, \"Мангистауская область, г. Актау, промзона, ТОО \"\"МАЭК-Казатомпром\"\", здание 201\"","471010000, Мангистауская область, Актау Г.А., г.Актау, \"Мангистауская область, г. Актау, промзона, ТОО \"\"МАЭК-Казатомпром\"\"\"","DDP","С даты подписания договора в течение 30 календарных дней","Предоплата - 0% , Промежуточный платеж - 0% , Окончательный платеж - 100% ","Штука",{"v":15,"d":"15.000"},{"v":1728,"d":"1,728.000"},{"v":25920,"d":"25,920.000"},{"v":29030.4,"d":"29,030.400"},"-","Товарищество с ограниченной ответственностью \"Мангистауский атомный энергетический комбинат-Казатомпром\""]
[null,"3116064","973-1 Т","257340.390.000014","Сверло спиральное","с цилиндрическим хвостовиком, диаметр 2,01-4.99 мм","46:размер:  d 4,2 :  d 4,2  \\ 79:ГОСТ:10902-77:10902-77","ЦПП","-","0","02.2018","471010000, Мангистауская область, Актау Г.А., г.Актау, \"Мангистауская область, г. Актау, промзона, ТОО \"\"МАЭК-Казатомпром\"\", здание 201\"","471010000, Мангистауская область, Актау Г.А., г.Актау, \"Мангистауская область, г. Актау, промзона, ТОО \"\"МАЭК-Казатомпром\"\"\"","DDP","С даты подписания договора в течение 30 календарных дней","Окончательный платеж - 100% , Промежуточный платеж - 0% , Предоплата - 0% ","Штука",{"v":10,"d":"10.000"},{"v":48.6,"d":"48.600"},{"v":486,"d":"486.000"},{"v":544.32,"d":"544.320"},"-","Товарищество с ограниченной ответственностью \"Мангистауский атомный энергетический комбинат-Казатомпром\""]
[null,"3116181","974-1 Т","257340.390.000016","Сверло спиральное","с цилиндрическим хвостовиком, диаметр 5-30 мм","46:размер:  d 16,50 :  d 16,50  \\ 79:ГОСТ:10902-77:10902-77","ЦПП","-","0","02.2018","471010000, Мангистауская область, Актау Г.А., г.Актау, \"Мангистауская область, г. Актау, промзона, ТОО \"\"МАЭК-Казатомпром\"\", здание 201\"","471000000, Мангистауская область, Актау Г.А., Промзона, склад ТОО \"МАЭК-Казатомпром\"","DDP","С даты подписания договора в течение 30 календарных дней","Окончательный платеж - 100% , Промежуточный платеж - 0% , Предоплата - 0% ","Штука",{"v":10,"d":"10.000"},{"v":669.6,"d":"669.600"},{"v":6696,"d":"6,696.000"},{"v":7499.52,"d":"7,499.520"},"-","Товарищество с ограниченной ответственностью \"Мангистауский атомный энергетический комбинат-Казатомпром\""]
[null,"3116177","975 Т","257340.390.000016","Сверло спиральное","с цилиндрическим хвостовиком, диаметр 5-30 мм","46:размер:  d 15,50 :  d 15,50  \\ 79:ГОСТ:10902-77:10902-77","ЦПП","-","0","07.2018","471010000, Мангистауская область, Актау Г.А., г.Актау, \"Мангистауская область, г. Актау, промзона, ТОО \"\"МАЭК-Казатомпром\"\", здание 201\"","471010000, Мангистауская область, Актау Г.А., г.Актау, \"Мангистауская область, г. Актау, промзона, ТОО \"\"МАЭК-Казатомпром\"\"\"","DDP","С даты подписания договора в течение 30 календарных дней","Предоплата - 0% , Промежуточный платеж - 0% , Окончательный платеж - 100% ","Штука",{"v":5,"d":"5.000"},{"v":594,"d":"594.000"},{"v":2970,"d":"2,970.000"},{"v":3326.4,"d":"3,326.400"},"-","Товарищество с ограниченной ответственностью \"Мангистауский атомный энергетический комбинат-Казатомпром\""]
[null,"3116025","976 Т","257340.390.000013","Сверло спиральное","с цилиндрическим хвостовиком, диаметр 1,1- 2 мм","46:размер:  d 1,6 :  d 1,6  \\ 79:ГОСТ:10902-77:10902-77","ЦПП","-","0","04.2018","471010000, Мангистауская область, Актау Г.А., г.Актау, \"Мангистауская область, г. Актау, промзона, ТОО \"\"МАЭК-Казатомпром\"\", здание 201\"","471010000, Мангистауская область, Актау Г.А., г.Актау, \"Мангистауская область, г. Актау, промзона, ТОО \"\"МАЭК-Казатомпром\"\"\"","DDP","С даты подписания договора в течение 30 календарных дней","Предоплата - 0% , Промежуточный платеж - 0% , Окончательный платеж - 100% ","Штука",{"v":5,"d":"5.000"},{"v":32.4,"d":"32.400"},{"v":162,"d":"162.000"},{"v":181.44,"d":"181.440"},"-","Товарищество с ограниченной ответственностью \"Мангистауский атомный энергетический комбинат-Казатомпром\""]
[null,"3116090","977 Т","257340.390.000016","Сверло спиральное","с цилиндрическим хвостовиком, диаметр 5-30 мм","46:размер:  d 6,7 :  d 6,7  \\ 79:ГОСТ:10902-77:10902-77","ЦПП","-","0","04.2018","471010000, Мангистауская область, Актау Г.А., г.Актау, \"Мангистауская область, г. Актау, промзона, ТОО \"\"МАЭК-Казатомпром\"\", здание 201\"","471010000, Мангистауская область, Актау Г.А., г.Актау, \"Мангистауская область, г. Актау, промзона, ТОО \"\"МАЭК-Казатомпром\"\"\"","DDP","С даты подписания договора в течение 30 календарных дней","Предоплата - 0% , Промежуточный платеж - 0% , Окончательный платеж - 100% ","Штука",{"v":5,"d":"5.000"},{"v":75.6,"d":"75.600"},{"v":378,"d":"378.000"},{"v":423.36,"d":"423.360"},"-","Товарищество с ограниченной ответственностью \"Мангистауский атомный энергетический комбинат-Казатомпром\""]
[null,"3116054","978 Т","257340.390.000014","Сверло спиральное","с цилиндрическим хвостовиком, диаметр 2,01-4.99 мм","46:размер:  d 3,3 :  d 3,3  \\ 79:ГОСТ:10902-77:10902-77","ЦПП","-","0","01.2018","471010000, Мангистауская область, Актау Г.А., г.Актау, \"Мангистауская область, г. Актау, промзона, ТОО \"\"МАЭК-Казатомпром\"\", здание 201\"","471010000, Мангистауская область, Актау Г.А., г.Актау, \"Мангистауская область, г. Актау, промзона, ТОО \"\"МАЭК-Казатомпром\"\"\"","DDP","С даты подписания договора в течение 30 календарных дней","Предоплата - 0% , Промежуточный платеж - 0% , Окончательный платеж - 100% ","Штука",{"v":5,"d":"5.000"},{"v":43.2,"d":"43.200"},{"v":216,"d":"216.000"},{"v":241.92,"d":"241.920"},"-","Товарищество с ограниченной ответственностью \"Мангистауский атомный энергетический комбинат-Казатомпром\""]
[null,"3110114","979 Т","257340.390.000008","Сверло спиральное","с коническим хвостовиком, диаметр 30,1-50 мм","46:размер: d 31,00 : d 31,00  \\ 79:ГОСТ:10903-77:10903-77","ЦПП","-","0","04.2018","471010000, Мангистауская область, Актау Г.А., г.Актау, \"Мангистауская область, г. Актау, промзона, ТОО \"\"МАЭК-Казатомпром\"\", здание 201\"","471010000, Мангистауская область, Актау Г.А., г.Актау, \"Мангистауская область, г. Актау, промзона, ТОО \"\"МАЭК-Казатомпром\"\"\"","DDP","С даты подписания договора в течение 30 календарных дней","Предоплата - 0% , Промежуточный платеж - 0% , Окончательный платеж - 100% ","Штука",{"v":5,"d":"5.000"},{"v":7020,"d":"7,020.000"},{"v":35100,"d":"35,100.000"},{"v":39312,"d":"39,312.000"},"-","Товарищество с ограниченной ответственностью \"Мангистауский атомный энергетический комбинат-Казатомпром\""]
[null,"3116050","980-1 Т","257340.390.000014","Сверло спиральное","с цилиндрическим хвостовиком, диаметр 2,01-4.99 мм","46:размер:  d 3,0 :  d 3,0  \\ 79:ГОСТ:10902-77:10902-77","ЦПП","-","0","02.2018","471010000, Мангистауская область, Актау Г.А., г.Актау, \"Мангистауская область, г. Актау, промзона, ТОО \"\"МАЭК-Казатомпром\"\", здание 201\"","471010000, Мангистауская область, Актау Г.А., г.Актау, \"Мангистауская область, г. Актау, промзона, ТОО \"\"МАЭК-Казатомпром\"\"\"","DDP","С даты подписания договора в течение 30 календарных дней","Окончательный платеж - 100% , Промежуточный платеж - 0% , Предоплата - 0% ","Штука",{"v":39,"d":"39.000"},{"v":43.2,"d":"43.200"},{"v":1684.8,"d":"1,684.800"},{"v":1886.98,"d":"1,886.980"},"-","Товарищество с ограниченной ответственностью \"Мангистауский атомный энергетический комбинат-Казатомпром\""]
[null,"3116086","981 Т","257340.390.000016","Сверло спиральное","с цилиндрическим хвостовиком, диаметр 5-30 мм","46:размер:  d 6,3 :  d 6,3  \\ 79:ГОСТ:10902-77:10902-77","ЦПП","-","0","04.2018","471010000, Мангистауская область, Актау Г.А., г.Актау, \"Мангистауская область, г. Актау, промзона, ТОО \"\"МАЭК-Казатомпром\"\", здание 201\"","471010000, Мангистауская область, Актау Г.А., г.Актау, \"Мангистауская область, г. Актау, промзона, ТОО \"\"МАЭК-Казатомпром\"\"\"","DDP","С даты подписания договора в течение 30 календарных дней","Предоплата - 0% , Промежуточный платеж - 0% , Окончательный платеж - 100% ","Штука",{"v":5,"d":"5.000"},{"v":75.6,"d":"75.600"},{"v":378,"d":"378.000"},{"v":423.36,"d":"423.360"},"-","Товарищество с ограниченной ответственностью \"Мангистауский атомный энергетический комбинат-Казатомпром\""]
[null,"3110043","982 Т","257340.390.000010","Сверло спиральное","с коническим хвостовиком, диаметр 5-30 мм","46:размер: d 14,0 : d 14,0  \\ 79:ГОСТ:10903-77:10903-77","ЦПП","-","0","04.2018","471010000, Мангистауская область, Актау Г.А., г.Актау, \"Мангистауская область, г. Актау, промзона, ТОО \"\"МАЭК-Казатомпром\"\", здание 201\"","471010000, Мангистауская область, Актау Г.А., г.Актау, \"Мангистауская область, г. Актау, промзона, ТОО \"\"МАЭК-Казатомпром\"\"\"","DDP","С даты подписания договора в течение 30 календарных дней","Предоплата - 0% , Промежуточный платеж - 0% , Окончательный платеж - 100% ","Штука",{"v":15,"d":"15.000"},{"v":1674,"d":"1,674.000"},{"v":25110,"d":"25,110.000"},{"v":28123.2,"d":"28,123.200"},"-","Товарищество с ограниченной ответственностью \"Мангистауский атомный энергетический комбинат-Казатомпром\""]
[null,"3110063","983 Т","257340.390.000010","Сверло спиральное","с коническим хвостовиком, диаметр 5-30 мм","46:размер: d 18,5 : d 18,5  \\ 79:ГОСТ:10903-77:10903-77","ЦПП","-","0","04.2018","471010000, Мангистауская область, Актау Г.А., г.Актау, \"Мангистауская область, г. Актау, промзона, ТОО \"\"МАЭК-Казатомпром\"\", здание 201\"","471010000, Мангистауская область, Актау Г.А., г.Актау, \"Мангистауская область, г. Актау, промзона, ТОО \"\"МАЭК-Казатомпром\"\"\"","DDP","С даты подписания договора в течение 30 календарных дней","Предоплата - 0% , Промежуточный платеж - 0% , Окончательный платеж - 100% ","Штука",{"v":10,"d":"10.000"},{"v":1998,"d":"1,998.000"},{"v":19980,"d":"19,980.000"},{"v":22377.6,"d":"22,377.600"},"-","Товарищество с ограниченной ответственностью \"Мангистауский атомный энергетический комбинат-Казатомпром\""]
[null,"3116017","984 Т","257340.390.000012","Сверло спиральное","с цилиндрическим хвостовиком, диаметр 0,1-1 мм","46:размер: d 0,8 : d 0,8  \\ 79:ГОСТ:10902-77:10902-77","ЦПП","-","0","04.2018","471010000, Мангистауская область, Актау Г.А., г.Актау, \"Мангистауская область, г. Актау, промзона, ТОО \"\"МАЭК-Казатомпром\"\", здание 201\"","471010000, Мангистауская область, Актау Г.А., г.Актау, \"Мангистауская область, г. Актау, промзона, ТОО \"\"МАЭК-Казатомпром\"\"\"","DDP","С даты подписания договора в течение 30 календарных дней","Предоплата - 0% , Промежуточный платеж - 0% , Окончательный платеж - 100% ","Штука",{"v":5,"d":"5.000"},{"v":27,"d":"27.000"},{"v":135,"d":"135.000"},{"v":151.2,"d":"151.200"},"-","Товарищество с ограниченной ответственностью \"Мангистауский атомный энергетический комбинат-Казатомпром\""]
[null,"3116062","985-1 Т","257340.390.000014","Сверло спиральное","с цилиндрическим хвостовиком, диаметр 2,01-4.99 мм","46:размер:  d 4,0 :  d 4,0  \\ 79:ГОСТ:10902-77:10902-77","ЦПП","-","0","02.2018","471010000, Мангистауская область, Актау Г.А., г.Актау, \"Мангистауская область, г. Актау, промзона, ТОО \"\"МАЭК-Казатомпром\"\", здание 201\"","471010000, Мангистауская область, Актау Г.А., г.Актау, \"Мангистауская область, г. Актау, промзона, ТОО \"\"МАЭК-Казатомпром\"\"\"","DDP","С даты подписания договора в течение 30 календарных дней","Окончательный платеж - 100% , Промежуточный платеж - 0% , Предоплата - 0% ","Штука",{"v":50,"d":"50.000"},{"v":48.6,"d":"48.600"},{"v":2430,"d":"2,430.000"},{"v":2721.6,"d":"2,721.600"},"-","Товарищество с ограниченной ответственностью \"Мангистауский атомный энергетический комбинат-Казатомпром\""]
[null,"3116083","986-1 Т","257340.390.000016","Сверло спиральное","с цилиндрическим хвостовиком, диаметр 5-30 мм","46:размер:  d 6,0 :  d 6,0  \\ 79:ГОСТ:10902-77:10902-77","ЦПП","-","0","02.2018","471010000, Мангистауская область, Актау Г.А., г.Актау, \"Мангистауская область, г. Актау, промзона, ТОО \"\"МАЭК-Казатомпром\"\", здание 201\"","471010000, Мангистауская область, Актау Г.А., г.Актау, \"Мангистауская область, г. Актау, промзона, ТОО \"\"МАЭК-Казатомпром\"\"\"","DDP","С даты подписания договора в течение 30 календарных дней","Окончательный платеж - 100% , Промежуточный платеж - 0% , Предоплата - 0% ","Штука",{"v":55,"d":"55.000"},{"v":75.6,"d":"75.600"},{"v":4158,"d":"4,158.000"},{"v":4656.96,"d":"4,656.960"},"-","Товарищество с ограниченной ответственностью \"Мангистауский атомный энергетический комбинат-Казатомпром\""]
[null,"3116143","987 Т","257340.390.000016","Сверло спиральное","с цилиндрическим хвостовиком, диаметр 5-30 мм","46:размер:  d 12,0 :  d 12,0  \\ 79:ГОСТ:10902-77:10902-77","ЦПП","-","0","02.2018","471010000, Мангистауская область, Актау Г.А., г.Актау, \"Мангистауская область, г. Актау, промзона, ТОО \"\"МАЭК-Казатомпром\"\", здание 201\"","471010000, Мангистауская область, Актау Г.А., г.Актау, \"Мангистауская область, г. Актау, промзона, ТОО \"\"МАЭК-Казатомпром\"\"\"","DDP","С даты подписания договора в течение 30 календарных дней","Предоплата - 0% , Промежуточный платеж - 0% , Окончательный платеж - 100% ","Штука",{"v":29,"d":"29.000"},{"v":345.6,"d":"345.600"},{"v":10022.4,"d":"10,022.400"},{"v":11225.09,"d":"11,225.090"},"-","Товарищество с ограниченной ответственностью \"Мангистауский атомный энергетический комбинат-Казатомпром\""]
[null,"3116158","988 Т","257340.390.000016","Сверло спиральное","с цилиндрическим хвостовиком, диаметр 5-30 мм","46:размер: d 13,5 : d 13,5  \\ 79:ГОСТ:10902-77:10902-77","ЦПП","-","0","01.2018","471010000, Мангистауская область, Актау Г.А., г.Актау, \"Мангистауская область, г. Актау, промзона, ТОО \"\"МАЭК-Казатомпром\"\", здание 201\"","471010000, Мангистауская область, Актау Г.А., г.Актау, \"Мангистауская область, г. Актау, промзона, ТОО \"\"МАЭК-Казатомпром\"\"\"","DDP","С даты подписания договора в течение 30 календарных дней","Предоплата - 0% , Промежуточный платеж - 0% , Окончательный платеж - 100% ","Штука",{"v":10,"d":"10.000"},{"v":486,"d":"486.000"},{"v":4860,"d":"4,860.000"},{"v":5443.2,"d":"5,443.200"},"-","Товарищество с ограниченной ответственностью \"Мангистауский атомный энергетический комбинат-Казатомпром\""]
[null,"3110061","989 Т","257340.390.000010","Сверло спиральное","с коническим хвостовиком, диаметр 5-30 мм","46:размер: d 18,0 : d 18,0  \\ 79:ГОСТ:10903-77:10903-77","ЦПП","-","0","04.2018","471010000, Мангистауская область, Актау Г.А., г.Актау, \"Мангистауская область, г. Актау, промзона, ТОО \"\"МАЭК-Казатомпром\"\", здание 201\"","471010000, Мангистауская область, Актау Г.А., г.Актау, \"Мангистауская область, г. Актау, промзона, ТОО \"\"МАЭК-Казатомпром\"\"\"","DDP","С даты подписания договора в течение 30 календарных дней","Предоплата - 0% , Промежуточный платеж - 0% , Окончательный платеж - 100% ","Штука",{"v":5,"d":"5.000"},{"v":1998,"d":"1,998.000"},{"v":9990,"d":"9,990.000"},{"v":11188.8,"d":"11,188.800"},"-","Товарищество с ограниченной ответственностью \"Мангистауский атомный энергетический комбинат-Казатомпром\""]
[null,"3110075","990 Т","257340.390.000010","Сверло спиральное","с коническим хвостовиком, диаметр 5-30 мм","46:размер:  d 21,0 :  d 21,0  \\ 79:ГОСТ:10903-77:10903-77","ЦПП","-","0","04.2018","471010000, Мангистауская область, Актау Г.А., г.Актау, \"Мангистауская область, г. Актау, промзона, ТОО \"\"МАЭК-Казатомпром\"\", здание 201\"","471010000, Мангистауская область, Актау Г.А., г.Актау, \"Мангистауская область, г. Актау, промзона, ТОО \"\"МАЭК-Казатомпром\"\"\"","DDP","С даты подписания договора в течение 30 календарных дней","Предоплата - 0% , Промежуточный платеж - 0% , Окончательный платеж - 100% ","Штука",{"v":15,"d":"15.000"},{"v":2592,"d":"2,592.000"},{"v":38880,"d":"38,880.000"},{"v":43545.6,"d":"43,545.600"},"-","Товарищество с ограниченной ответственностью \"Мангистауский атомный энергетический комбинат-Казатомпром\""]
[null,"3116168","991 Т","257340.390.000016","Сверло спиральное","с цилиндрическим хвостовиком, диаметр 5-30 мм","46:размер: d 14,5 : d 14,5  \\ 79:ГОСТ:10902-77:10902-77","ЦПП","-","0","04.2018","471010000, Мангистауская область, Актау Г.А., г.Актау, \"Мангистауская область, г. Актау, промзона, ТОО \"\"МАЭК-Казатомпром\"\", здание 201\"","471010000, Мангистауская область, Актау Г.А., г.Актау, \"Мангистауская область, г. Актау, промзона, ТОО \"\"МАЭК-Казатомпром\"\"\"","DDP","С даты подписания договора в течение 30 календарных дней","Предоплата - 0% , Промежуточный платеж - 0% , Окончательный платеж - 100% ","Штука",{"v":5,"d":"5.000"},{"v":486,"d":"486.000"},{"v":2430,"d":"2,430.000"},{"v":2721.6,"d":"2,721.600"},"-","Товарищество с ограниченной ответственностью \"Мангистауский атомный энергетический комбинат-Казатомпром\""]
[null,"3130289","992-1 Т","257340.100.000006","Метчик","для трубной цилиндрической резьбы","46:размер: 3/4 : 3/4  \\ 79:ГОСТ:3266-81:3266-81","ЦПП","-","0","02.2018","471010000, Мангистауская область, Актау Г.А., г.Актау, \"Мангистауская область, г. Актау, промзона, ТОО \"\"МАЭК-Казатомпром\"\", здание 201\"","471000000, Мангистауская область, Актау Г.А., Промзона, склад ТОО \"МАЭК-Казатомпром\"","DDP","С даты подписания договора в течение 30 календарных дней","Окончательный платеж - 100% , Промежуточный платеж - 0% , Предоплата - 0% ","Штука",{"v":10,"d":"10.000"},{"v":3500,"d":"3,500.000"},{"v":35000,"d":"35,000.000"},{"v":39200,"d":"39,200.000"},"-","Товарищество с ограниченной ответственностью \"Мангистауский атомный энергетический комбинат-Казатомпром\""]
[null,"3130288","993 Т","257340.100.000006","Метчик","для трубной цилиндрической резьбы","46:размер: 1/4: 1/4","ЦПП","-","0","01.2018","471010000, Мангистауская область, Актау Г.А., г.Актау, \"Мангистауская область, г. Актау, промзона, ТОО \"\"МАЭК-Казатомпром\"\", здание 201\"","471010000, Мангистауская область, Актау Г.А., г.Актау, \"Мангистауская область, г. Актау, промзона, ТОО \"\"МАЭК-Казатомпром\"\"\"","DDP","С даты подписания договора в течение 30 календарных дней","Предоплата - 0% , Промежуточный платеж - 0% , Окончательный платеж - 100% ","Штука",{"v":10,"d":"10.000"},{"v":1200,"d":"1,200.000"},{"v":12000,"d":"12,000.000"},{"v":13440,"d":"13,440.000"},"-","Товарищество с ограниченной ответственностью \"Мангистауский атомный энергетический комбинат-Казатомпром\""]
[null,"3130293","994 Т","257340.100.000006","Метчик","для трубной цилиндрической резьбы","46:размер: 5/8: 5/8","ЦПП","-","0","01.2018","471010000, Мангистауская область, Актау Г.А., г.Актау, \"Мангистауская область, г. Актау, промзона, ТОО \"\"МАЭК-Казатомпром\"\", здание 201\"","471010000, Мангистауская область, Актау Г.А., г.Актау, \"Мангистауская область, г. Актау, промзона, ТОО \"\"МАЭК-Казатомпром\"\"\"","DDP","С даты подписания договора в течение 30 календарных дней","Предоплата - 0% , Промежуточный платеж - 0% , Окончательный платеж - 100% ","Штука",{"v":10,"d":"10.000"},{"v":3500,"d":"3,500.000"},{"v":35000,"d":"35,000.000"},{"v":39200,"d":"39,200.000"},"-","Товарищество с ограниченной ответственностью \"Мангистауский атомный энергетический комбинат-Казатомпром\""]
[null,"3130210","995-1 Т","257340.100.000010","Метчик","машинный","46:размер: М8 : М8  \\ 79:ГОСТ:3266-81:3266-81","ЦПП","-","0","02.2018","471010000, Мангистауская область, Актау Г.А., г.Актау, \"Мангистауская область, г. Актау, промзона, ТОО \"\"МАЭК-Казатомпром\"\", здание 201\"","471010000, Мангистауская область, Актау Г.А., г.Актау, \"Мангистауская область, г. Актау, промзона, ТОО \"\"МАЭК-Казатомпром\"\"\"","DDP","С даты подписания договора в течение 30 календарных дней","Окончательный платеж - 100% , Промежуточный платеж - 0% , Предоплата - 0% ","Штука",{"v":50,"d":"50.000"},{"v":1490.4,"d":"1,490.400"},{"v":74520,"d":"74,520.000"},{"v":83462.4,"d":"83,462.400"},"-","Товарищество с ограниченной ответственностью \"Мангистауский атомный энергетический комбинат-Казатомпром\""]
[null,"3139862","996 Т","257340.100.000010","Метчик","машинный","46:размер:М42 :М42  \\ 79:ГОСТ:3266-81:3266-81","ЦПП","-","0","04.2018","471010000, Мангистауская область, Актау Г.А., г.Актау, \"Мангистауская область, г. Актау, промзона, ТОО \"\"МАЭК-Казатомпром\"\", здание 201\"","471010000, Мангистауская область, Актау Г.А., г.Актау, \"Мангистауская область, г. Актау, промзона, ТОО \"\"МАЭК-Казатомпром\"\"\"","DDP","С даты подписания договора в течение 30 календарных дней","Предоплата - 0% , Промежуточный платеж - 0% , Окончательный платеж - 100% ","Штука",{"v":5,"d":"5.000"},{"v":42228,"d":"42,228.000"},{"v":211140,"d":"211,140.000"},{"v":236476.8,"d":"236,476.800"},"-","Товарищество с ограниченной ответственностью \"Мангистауский атомный энергетический комбинат-Казатомпром\""]
[null,"3130306","997 Т","257340.100.000010","Метчик","машинный","46:размер: м14 : м14  \\ 79:ГОСТ:3266-81:3266-81","ЦПП","-","0","07.2018","471010000, Мангистауская область, Актау Г.А., г.Актау, \"Мангистауская область, г. Актау, промзона, ТОО \"\"МАЭК-Казатомпром\"\", здание 201\"","471010000, Мангистауская область, Актау Г.А., г.Актау, \"Мангистауская область, г. Актау, промзона, ТОО \"\"МАЭК-Казатомпром\"\"\"","DDP","С даты подписания договора в течение 30 календарных дней","Предоплата - 0% , Промежуточный платеж - 0% , Окончательный платеж - 100% ","Штука",{"v":10,"d":"10.000"},{"v":2732.4,"d":"2,732.400"},{"v":27324,"d":"27,324.000"},{"v":30602.88,"d":"30,602.880"},"-","Товарищество с ограниченной ответственностью \"Мангистауский атомный энергетический комбинат-Казатомпром\""]
[null,"3131231","1001-1 Т","257340.100.000010","Метчик","машинный","46:размер: м 4 : м 4  \\ 79:ГОСТ:3266-81:3266-81","ЦПП","-","0","02.2018","471010000, Мангистауская область, Актау Г.А., г.Актау, \"Мангистауская область, г. Актау, промзона, ТОО \"\"МАЭК-Казатомпром\"\", здание 201\"","471000000, Мангистауская область, Актау Г.А., Промзона, склад ТОО \"МАЭК-Казатомпром\"","DDP","С даты подписания договора в течение 30 календарных дней","Окончательный платеж - 100% , Промежуточный платеж - 0% , Предоплата - 0% ","Штука",{"v":20,"d":"20.000"},{"v":1490.4,"d":"1,490.400"},{"v":29808,"d":"29,808.000"},{"v":33384.96,"d":"33,384.960"},"-","Товарищество с ограниченной ответственностью \"Мангистауский атомный энергетический комбинат-Казатомпром\""]
[null,"3130228","1006-1 Т","257340.100.000010","Метчик","машинный","46:размер: м16 : м16  \\ 79:ГОСТ:3266-81:3266-81","ЦПП","-","0","02.2018","471010000, Мангистауская область, Актау Г.А., г.Актау, \"Мангистауская область, г. Актау, промзона, ТОО \"\"МАЭК-Казатомпром\"\", здание 201\"","471010000, Мангистауская область, Актау Г.А., г.Актау, \"Мангистауская область, г. Актау, промзона, ТОО \"\"МАЭК-Казатомпром\"\"\"","DDP","С даты подписания договора в течение 30 календарных дней","Окончательный платеж - 100% , Промежуточный платеж - 0% , Предоплата - 0% ","Штука",{"v":50,"d":"50.000"},{"v":3353.4,"d":"3,353.400"},{"v":167670,"d":"167,670.000"},{"v":187790.4,"d":"187,790.400"},"-","Товарищество с ограниченной ответственностью \"Мангистауский атомный энергетический комбинат-Казатомпром\""]
[null,"3130256","1009 Т","257340.100.000010","Метчик","машинный","46:размер: м12 : м12  \\ 79:ГОСТ:3266-81:3266-81","ЦПП","-","0","04.2018","471010000, Мангистауская область, Актау Г.А., г.Актау, \"Мангистауская область, г. Актау, промзона, ТОО \"\"МАЭК-Казатомпром\"\", здание 201\"","471010000, Мангистауская область, Актау Г.А., г.Актау, \"Мангистауская область, г. Актау, промзона, ТОО \"\"МАЭК-Казатомпром\"\"\"","DDP","С даты подписания договора в течение 30 календарных дней","Предоплата - 0% , Промежуточный платеж - 0% , Окончательный платеж - 100% ","Штука",{"v":20,"d":"20.000"},{"v":2484,"d":"2,484.000"},{"v":49680,"d":"49,680.000"},{"v":55641.6,"d":"55,641.600"},"-","Товарищество с ограниченной ответственностью \"Мангистауский атомный энергетический комбинат-Казатомпром\""]
[null,"3140174","1012 Т","257340.160.000000","Плашка","для нарезания трубной цилиндрической резьбы, круглая","46:размер:Плашка 30*3,5 (ГОСТ9740-71):Плашка 30*3,5 (ГОСТ9740-71)","ОИ","137-2 (не превышает тысячекратного МРП)","0","01.2018","471010000, Мангистауская область, Актау Г.А., г.Актау, \"Мангистауская область, г. Актау, промзона, ТОО \"\"МАЭК-Казатомпром\"\", здание 201\"","471010000, Мангистауская область, Актау Г.А., г.Актау, \"Мангистауская область, г. Актау, промзона, ТОО \"\"МАЭК-Казатомпром\"\"\"","DDP","С даты подписания договора в течение 45 календарных дней","Предоплата - 0% , Промежуточный платеж - 0% , Окончательный платеж - 100% ","Штука",{"v":20,"d":"20.000"},{"v":8928.57,"d":"8,928.570"},{"v":178571.4,"d":"178,571.400"},{"v":199999.97,"d":"199,999.970"},"-","Товарищество с ограниченной ответственностью \"Мангистауский атомный энергетический комбинат-Казатомпром\""]
[null,"3140144","1015 Т","257340.160.000002","Плашка","для метрической резьбы, круглая","46:размер:Плашка м14х1,5:Плашка м14х1,5","ОИ","137-2 (не превышает тысячекратного МРП)","0","05.2018","471010000, Мангистауская область, Актау Г.А., г.Актау, \"Мангистауская область, г. Актау, промзона, ТОО \"\"МАЭК-Казатомпром\"\", здание 201\"","471010000, Мангистауская область, Актау Г.А., г.Актау, \"Мангистауская область, г. Актау, промзона, ТОО \"\"МАЭК-Казатомпром\"\"\"","DDP","С даты подписания договора в течение 45 календарных дней","Предоплата - 0% , Промежуточный платеж - 0% , Окончательный платеж - 100% ","Штука",{"v":2,"d":"2.000"},{"v":918,"d":"918.000"},{"v":1836,"d":"1,836.000"},{"v":2056.32,"d":"2,056.320"},"-","Товарищество с ограниченной ответственностью \"Мангистауский атомный энергетический комбинат-Казатомпром\""]
[null,"3140146","1017 Т","257340.160.000000","Плашка","для нарезания трубной цилиндрической резьбы, круглая","46:размер:Плашка м16х1,5:Плашка м16х1,5","ОИ","137-2 (не превышает тысячекратного МРП)","0","02.2018","471010000, Мангистауская область, Актау Г.А., г.Актау, \"Мангистауская область, г. Актау, промзона, ТОО \"\"МАЭК-Казатомпром\"\", здание 201\"","471010000, Мангистауская область, Актау Г.А., г.Актау, \"Мангистауская область, г. Актау, промзона, ТОО \"\"МАЭК-Казатомпром\"\"\"","DDP","С даты подписания договора в течение 45 календарных дней","Предоплата - 0% , Промежуточный платеж - 0% , Окончательный платеж - 100% ","Штука",{"v":2,"d":"2.000"},{"v":1566,"d":"1,566.000"},{"v":3132,"d":"3,132.000"},{"v":3507.84,"d":"3,507.840"},"-","Товарищество с ограниченной ответственностью \"Мангистауский атомный энергетический комбинат-Казатомпром\""]
[null,"3140162","1020 Т","257340.160.000002","Плашка","для метрической резьбы, круглая","46:размер:Плашка м6 (ГОСТ9740-71):Плашка м6 (ГОСТ9740-71)","ОИ","137-2 (не превышает тысячекратного МРП)","0","01.2018","471010000, Мангистауская область, Актау Г.А., г.Актау, \"Мангистауская область, г. Актау, промзона, ТОО \"\"МАЭК-Казатомпром\"\", здание 201\"","471010000, Мангистауская область, Актау Г.А., г.Актау, \"Мангистауская область, г. Актау, промзона, ТОО \"\"МАЭК-Казатомпром\"\"\"","DDP","С даты подписания договора в течение 45 календарных дней","Предоплата - 0% , Промежуточный платеж - 0% , Окончательный платеж - 100% ","Штука",{"v":50,"d":"50.000"},{"v":1339.28,"d":"1,339.280"},{"v":66964,"d":"66,964.000"},{"v":74999.68,"d":"74,999.680"},"-","Товарищество с ограниченной ответственностью \"Мангистауский атомный энергетический комбинат-Казатомпром\""]
[null,"3140181","1024 Т","257340.160.000002","Плашка","для метрической резьбы, круглая","46:размер:Плашка м10 (ГОСТ9740-71):Плашка м10 (ГОСТ9740-71)","ОИ","137-2 (не превышает тысячекратного МРП)","0","01.2018","471010000, Мангистауская область, Актау Г.А., г.Актау, \"Мангистауская область, г. Актау, промзона, ТОО \"\"МАЭК-Казатомпром\"\", здание 201\"","471010000, Мангистауская область, Актау Г.А., г.Актау, \"Мангистауская область, г. Актау, промзона, ТОО \"\"МАЭК-Казатомпром\"\"\"","DDP","С даты подписания договора в течение 45 календарных дней","Предоплата - 0% , Промежуточный платеж - 0% , Окончательный платеж - 100% ","Штука",{"v":40,"d":"40.000"},{"v":892.85,"d":"892.850"},{"v":35714,"d":"35,714.000"},{"v":39999.68,"d":"39,999.680"},"-","Товарищество с ограниченной ответственностью \"Мангистауский атомный энергетический комбинат-Казатомпром\""]
[null,"3140149","1028 Т","257340.160.000000","Плашка","для нарезания трубной цилиндрической резьбы, круглая","46:размер:Плашка м18*2,5 (ГОСТ9740-71):Плашка м18*2,5 (ГОСТ9740-71)","ОИ","137-2 (не превышает тысячекратного МРП)","0","07.2018","471010000, Мангистауская область, Актау Г.А., г.Актау, \"Мангистауская область, г. Актау, промзона, ТОО \"\"МАЭК-Казатомпром\"\", здание 201\"","471010000, Мангистауская область, Актау Г.А., г.Актау, \"Мангистауская область, г. Актау, промзона, ТОО \"\"МАЭК-Казатомпром\"\"\"","DDP","С даты подписания договора в течение 45 календарных дней","Предоплата - 0% , Промежуточный платеж - 0% , Окончательный платеж - 100% ","Штука",{"v":10,"d":"10.000"},{"v":2500,"d":"2,500.000"},{"v":25000,"d":"25,000.000"},{"v":28000,"d":"28,000.000"},"-","Товарищество с ограниченной ответственностью \"Мангистауский атомный энергетический комбинат-Казатомпром\""]
[null,"3148093","1031 Т","257340.160.000002","Плашка","для метрической резьбы, круглая","46:размер:Плашки М36 (ГОСТ9740-71):Плашки М36 (ГОСТ9740-71)","ОИ","137-2 (не превышает тысячекратного МРП)","0","07.2018","471010000, Мангистауская область, Актау Г.А., г.Актау, \"Мангистауская область, г. Актау, промзона, ТОО \"\"МАЭК-Казатомпром\"\", здание 201\"","471010000, Мангистауская область, Актау Г.А., г.Актау, \"Мангистауская область, г. Актау, промзона, ТОО \"\"МАЭК-Казатомпром\"\"\"","DDP","С даты подписания договора в течение 45 календарных дней","Предоплата - 0% , Промежуточный платеж - 0% , Окончательный платеж - 100% ","Штука",{"v":10,"d":"10.000"},{"v":3125,"d":"3,125.000"},{"v":31250,"d":"31,250.000"},{"v":35000,"d":"35,000.000"},"-","Товарищество с ограниченной ответственностью \"Мангистауский атомный энергетический комбинат-Казатомпром\""]
[null,"3140907","1033 Т","257340.160.000002","Плашка","для метрической резьбы, круглая","46:размер:Плашка м 4 (ГОСТ9740-71):Плашка м 4 (ГОСТ9740-71)","ОИ","137-2 (не превышает тысячекратного МРП)","0","01.2018","471010000, Мангистауская область, Актау Г.А., г.Актау, \"Мангистауская область, г. Актау, промзона, ТОО \"\"МАЭК-Казатомпром\"\", здание 201\"","471010000, Мангистауская область, Актау Г.А., г.Актау, \"Мангистауская область, г. Актау, промзона, ТОО \"\"МАЭК-Казатомпром\"\"\"","DDP","С даты подписания договора в течение 45 календарных дней","Предоплата - 0% , Промежуточный платеж - 0% , Окончательный платеж - 100% ","Штука",{"v":30,"d":"30.000"},{"v":714.28,"d":"714.280"},{"v":21428.4,"d":"21,428.400"},{"v":23999.81,"d":"23,999.810"},"-","Товарищество с ограниченной ответственностью \"Мангистауский атомный энергетический комбинат-Казатомпром\""]
[null,"3140221","1039 Т","257340.160.000002","Плашка","для метрической резьбы, круглая","46:размер:Плашка трубная 1 1/4 (ГОСТ9740-71):Плашка трубная 1 1/4 (ГОСТ9740-71)","ОИ","137-2 (не превышает тысячекратного МРП)","0","04.2018","471010000, Мангистауская область, Актау Г.А., г.Актау, \"Мангистауская область, г. Актау, промзона, ТОО \"\"МАЭК-Казатомпром\"\", здание 201\"","471010000, Мангистауская область, Актау Г.А., г.Актау, \"Мангистауская область, г. Актау, промзона, ТОО \"\"МАЭК-Казатомпром\"\"\"","DDP","С даты подписания договора в течение 45 календарных дней","Предоплата - 0% , Промежуточный платеж - 0% , Окончательный платеж - 100% ","Штука",{"v":15,"d":"15.000"},{"v":4464.28,"d":"4,464.280"},{"v":66964.2,"d":"66,964.200"},{"v":74999.9,"d":"74,999.900"},"-","Товарищество с ограниченной ответственностью \"Мангистауский атомный энергетический комбинат-Казатомпром\""]
[null,"3167032","1042 Т","257330.930.000001","Развертка","ручная, стальная","46:размер: 1:50 D=8,0 lобщ=180 lраб=145 lo=5 : 1:50 D=8,0 lобщ=180 lраб=145 lo=5  \\ 79:ГОСТ:11177-84:11177-84","ОИ","137-2 (не превышает тысячекратного МРП)","0","01.2018","471010000, Мангистауская область, Актау Г.А., г.Актау, \"Мангистауская область, г. Актау, промзона, ТОО \"\"МАЭК-Казатомпром\"\", здание 201\"","471010000, Мангистауская область, Актау Г.А., г.Актау, \"Мангистауская область, г. Актау, промзона, ТОО \"\"МАЭК-Казатомпром\"\"\"","DDP","С даты подписания договора в течение 45 календарных дней","Предоплата - 0% , Промежуточный платеж - 0% , Окончательный платеж - 100% ","Штука",{"v":2,"d":"2.000"},{"v":2750,"d":"2,750.000"},{"v":5500,"d":"5,500.000"},{"v":6160,"d":"6,160.000"},"-","Товарищество с ограниченной ответственностью \"Мангистауский атомный энергетический комбинат-Казатомпром\""]
[null,"3160126","1046 Т","257330.930.000002","Развертка","машинная, стальная","46:размер:Разветрка машинная с к/х 20 (ГОСТ1672-80.):Разветрка машинная с к/х 20 (ГОСТ1672-80.)","ОИ","137-2 (не превышает тысячекратного МРП)","0","01.2018","471010000, Мангистауская область, Актау Г.А., г.Актау, \"Мангистауская область, г. Актау, промзона, ТОО \"\"МАЭК-Казатомпром\"\", здание 201\"","471010000, Мангистауская область, Актау Г.А., г.Актау, \"Мангистауская область, г. Актау, промзона, ТОО \"\"МАЭК-Казатомпром\"\"\"","DDP","С даты подписания договора в течение 45 календарных дней","Предоплата - 0% , Промежуточный платеж - 0% , Окончательный платеж - 100% ","Штука",{"v":20,"d":"20.000"},{"v":5357.14,"d":"5,357.140"},{"v":107142.8,"d":"107,142.800"},{"v":119999.94,"d":"119,999.940"},"-","Товарищество с ограниченной ответственностью \"Мангистауский атомный энергетический комбинат-Казатомпром\""]
[null,"3167030","1047 Т","257330.930.000001","Развертка","ручная, стальная","46:размер:Развертка ручная конусностью 1:50 с цилиндрическим хвостовиком D=5,0 lобщ=100 lраб=58 lo=5 (ГОСТ 11177-84.):Развертка ручная конусностью 1:50 с цилиндрическим хвостовиком D=5,0 lобщ=100 lраб=58 lo=5 (ГОСТ 11177-84.)","ОИ","137-2 (не превышает тысячекратного МРП)","0","01.2018","471010000, Мангистауская область, Актау Г.А., г.Актау, \"Мангистауская область, г. Актау, промзона, ТОО \"\"МАЭК-Казатомпром\"\", здание 201\"","471010000, Мангистауская область, Актау Г.А., г.Актау, \"Мангистауская область, г. Актау, промзона, ТОО \"\"МАЭК-Казатомпром\"\"\"","DDP","С даты подписания договора в течение 45 календарных дней","Предоплата - 0% , Промежуточный платеж - 0% , Окончательный платеж - 100% ","Штука",{"v":2,"d":"2.000"},{"v":2500,"d":"2,500.000"},{"v":5000,"d":"5,000.000"},{"v":5600,"d":"5,600.000"},"-","Товарищество с ограниченной ответственностью \"Мангистауский атомный энергетический комбинат-Казатомпром\""]
[null,"3167033","1051 Т","257330.930.000001","Развертка","ручная, стальная","46:размер:Развертка ручная конусностью 1:50 с цилиндрическим хвостовиком D=10,0 lобщ=215 lраб=175 lo=5 (ГОСТ 11177-84.):Развертка ручная конусностью 1:50 с цилиндрическим хвостовиком D=10,0 lобщ=215 lраб=175 lo=5 (ГОСТ 11177-84.)","ОИ","137-2 (не превышает тысячекратного МРП)","0","04.2018","471010000, Мангистауская область, Актау Г.А., г.Актау, \"Мангистауская область, г. Актау, промзона, ТОО \"\"МАЭК-Казатомпром\"\", здание 201\"","471010000, Мангистауская область, Актау Г.А., г.Актау, \"Мангистауская область, г. Актау, промзона, ТОО \"\"МАЭК-Казатомпром\"\"\"","DDP","С даты подписания договора в течение 45 календарных дней","Предоплата - 0% , Промежуточный платеж - 0% , Окончательный платеж - 100% ","Штука",{"v":2,"d":"2.000"},{"v":2678.57,"d":"2,678.570"},{"v":5357.14,"d":"5,357.140"},{"v":6000,"d":"6,000.000"},"-","Товарищество с ограниченной ответственностью \"Мангистауский атомный энергетический комбинат-Казатомпром\""]
[null,"3219169","1055 Т","257340.670.000003","Фреза","концевая с коническим хвостовиком","46:размер: D=40,0 lраб=63 lобщ=188 тип1 или 2 КМ4: D=40,0 lраб=63 lобщ=188 тип1 или 2 КМ4 \\ 79:ГОСТ:17026-71:17026-71","ЦПП","-","0","01.2018","471010000, Мангистауская область, Актау Г.А., г.Актау, \"Мангистауская область, г. Актау, промзона, ТОО \"\"МАЭК-Казатомпром\"\", здание 201\"","471010000, Мангистауская область, Актау Г.А., г.Актау, \"Мангистауская область, г. Актау, промзона, ТОО \"\"МАЭК-Казатомпром\"\"\"","DDP","С даты подписания договора в течение 30 календарных дней","Предоплата - 0% , Промежуточный платеж - 0% , Окончательный платеж - 100% ","Штука",{"v":5,"d":"5.000"},{"v":11426.4,"d":"11,426.400"},{"v":57132,"d":"57,132.000"},{"v":63987.84,"d":"63,987.840"},"-","Товарищество с ограниченной ответственностью \"Мангистауский атомный энергетический комбинат-Казатомпром\""]
[null,"3212237","1058 Т","257340.670.000000","Фреза","дисковая","46:размер: 160*2,5 тип2: 160*2,5 тип2 \\ 79:ГОСТ:2679-93:2679-93","ЦПП","-","0","01.2018","471010000, Мангистауская область, Актау Г.А., г.Актау, \"Мангистауская область, г. Актау, промзона, ТОО \"\"МАЭК-Казатомпром\"\", здание 201\"","471010000, Мангистауская область, Актау Г.А., г.Актау, \"Мангистауская область, г. Актау, промзона, ТОО \"\"МАЭК-Казатомпром\"\"\"","DDP","С даты подписания договора в течение 30 календарных дней","Предоплата - 0% , Промежуточный платеж - 0% , Окончательный платеж - 100% ","Штука",{"v":5,"d":"5.000"},{"v":19440,"d":"19,440.000"},{"v":97200,"d":"97,200.000"},{"v":108864,"d":"108,864.000"},"-","Товарищество с ограниченной ответственностью \"Мангистауский атомный энергетический комбинат-Казатомпром\""]
[null,"3219156","1060 Т","257340.670.000003","Фреза","концевая с коническим хвостовиком","46:размер: D=16,0 lраб=32 lобщ=117 тип1 или 2 КМ2: D=16,0 lраб=32 lобщ=117 тип1 или 2 КМ2 \\ 79:ГОСТ:17026-71:17026-71","ЦПП","-","0","04.2018","471010000, Мангистауская область, Актау Г.А., г.Актау, \"Мангистауская область, г. Актау, промзона, ТОО \"\"МАЭК-Казатомпром\"\", здание 201\"","471010000, Мангистауская область, Актау Г.А., г.Актау, \"Мангистауская область, г. Актау, промзона, ТОО \"\"МАЭК-Казатомпром\"\"\"","DDP","С даты подписания договора в течение 30 календарных дней","Предоплата - 0% , Промежуточный платеж - 0% , Окончательный платеж - 100% ","Штука",{"v":5,"d":"5.000"},{"v":2732.4,"d":"2,732.400"},{"v":13662,"d":"13,662.000"},{"v":15301.44,"d":"15,301.440"},"-","Товарищество с ограниченной ответственностью \"Мангистауский атомный энергетический комбинат-Казатомпром\""]
[null,"3227486","1066 Т","257340.600.000003","Фреза","шпоночная с цилиндрическим хвостовиком","46:размер: D=6,00 d1=6,00 lобщ=52 lраб=8: D=6,00 d1=6,00 lобщ=52 lраб=8 \\ 79:ГОСТ:9140-78:9140-78","ЦПП","-","0","04.2018","471010000, Мангистауская область, Актау Г.А., г.Актау, \"Мангистауская область, г. Актау, промзона, ТОО \"\"МАЭК-Казатомпром\"\", здание 201\"","471010000, Мангистауская область, Актау Г.А., г.Актау, \"Мангистауская область, г. Актау, промзона, ТОО \"\"МАЭК-Казатомпром\"\"\"","DDP","С даты подписания договора в течение 30 календарных дней","Предоплата - 0% , Промежуточный платеж - 0% , Окончательный платеж - 100% ","Штука",{"v":20,"d":"20.000"},{"v":807.3,"d":"807.300"},{"v":16146,"d":"16,146.000"},{"v":18083.52,"d":"18,083.520"},"-","Товарищество с ограниченной ответственностью \"Мангистауский атомный энергетический комбинат-Казатомпром\""]
[null,"3227485","1067 Т","257340.600.000003","Фреза","шпоночная с цилиндрическим хвостовиком","46:размер: D=5,00 d1=5,00 lобщ=42 lраб=8 : D=5,00 d1=5,00 lобщ=42 lраб=8  \\ 79:ГОСТ:9140-78:9140-78","ЦПП","-","0","04.2018","471010000, Мангистауская область, Актау Г.А., г.Актау, \"Мангистауская область, г. Актау, промзона, ТОО \"\"МАЭК-Казатомпром\"\", здание 201\"","471010000, Мангистауская область, Актау Г.А., г.Актау, \"Мангистауская область, г. Актау, промзона, ТОО \"\"МАЭК-Казатомпром\"\"\"","DDP","С даты подписания договора в течение 30 календарных дней","Предоплата - 0% , Промежуточный платеж - 0% , Окончательный платеж - 100% ","Штука",{"v":20,"d":"20.000"},{"v":558.9,"d":"558.900"},{"v":11178,"d":"11,178.000"},{"v":12519.36,"d":"12,519.360"},"-","Товарищество с ограниченной ответственностью \"Мангистауский атомный энергетический комбинат-Казатомпром\""]
[null,"3227490","1073 Т","257340.600.000003","Фреза","шпоночная с цилиндрическим хвостовиком","46:размер: D=10,00 d1=10,00 lобщ=63 lраб=13 : D=5,00 d1=5,00 lобщ=42 lраб=8  \\ 79:ГОСТ:9140-78:9140-78","ЦПП","-","0","04.2018","471010000, Мангистауская область, Актау Г.А., г.Актау, \"Мангистауская область, г. Актау, промзона, ТОО \"\"МАЭК-Казатомпром\"\", здание 201\"","471010000, Мангистауская область, Актау Г.А., г.Актау, \"Мангистауская область, г. Актау, промзона, ТОО \"\"МАЭК-Казатомпром\"\"\"","DDP","С даты подписания договора в течение 30 календарных дней","Предоплата - 0% , Промежуточный платеж - 0% , Окончательный платеж - 100% ","Штука",{"v":20,"d":"20.000"},{"v":1117.8,"d":"1,117.800"},{"v":22356,"d":"22,356.000"},{"v":25038.72,"d":"25,038.720"},"-","Товарищество с ограниченной ответственностью \"Мангистауский атомный энергетический комбинат-Казатомпром\""]
[null,"3230013","1074 Т","257340.190.000004","Резец токарный","проходной отогнутый, из быстрорежущей стали","46:размер: 25*16 ВК8 : 25*16 ВК8  \\ 79:ГОСТ:18868-73:18868-73","ЦПП","-","0","03.2018","471010000, Мангистауская область, Актау Г.А., г.Актау, \"Мангистауская область, г. Актау, промзона, ТОО \"\"МАЭК-Казатомпром\"\", здание 201\"","471010000, Мангистауская область, Актау Г.А., г.Актау, \"Мангистауская область, г. Актау, промзона, ТОО \"\"МАЭК-Казатомпром\"\"\"","DDP","С даты подписания договора в течение 30 календарных дней","Предоплата - 0% , Промежуточный платеж - 0% , Окончательный платеж - 100% ","Штука",{"v":2,"d":"2.000"},{"v":807.3,"d":"807.300"},{"v":1614.6,"d":"1,614.600"},{"v":1808.35,"d":"1,808.350"},"-","Товарищество с ограниченной ответственностью \"Мангистауский атомный энергетический комбинат-Казатомпром\""]
[null,"3249833","1078 Т","257340.190.000006","Резец токарный","подрезной, из твердого сплава","46:размер: 25*20 Т5К10 : 25*20 Т5К10  \\ 79:ГОСТ:18880-73:18880-73","ЦПП","-","0","03.2018","471010000, Мангистауская область, Актау Г.А., г.Актау, \"Мангистауская область, г. Актау, промзона, ТОО \"\"МАЭК-Казатомпром\"\", здание 201\"","471010000, Мангистауская область, Актау Г.А., г.Актау, \"Мангистауская область, г. Актау, промзона, ТОО \"\"МАЭК-Казатомпром\"\"\"","DDP","С даты подписания договора в течение 30 календарных дней","Предоплата - 0% , Промежуточный платеж - 0% , Окончательный платеж - 100% ","Штука",{"v":2,"d":"2.000"},{"v":1738.8,"d":"1,738.800"},{"v":3477.6,"d":"3,477.600"},{"v":3894.91,"d":"3,894.910"},"-","Товарищество с ограниченной ответственностью \"Мангистауский атомный энергетический комбинат-Казатомпром\""]
[null,"3249931","1082 Т","257340.190.000007","Резец токарный","отрезной, из твердого сплава","46:размер: 32*20 *170 Т5К10 : 32*20 *170 Т5К10  \\ 79:ГОСТ: 18884-73: 18884-73","ЦПП","-","0","09.2018","471010000, Мангистауская область, Актау Г.А., г.Актау, \"Мангистауская область, г. Актау, промзона, ТОО \"\"МАЭК-Казатомпром\"\", здание 201\"","471010000, Мангистауская область, Актау Г.А., г.Актау, \"Мангистауская область, г. Актау, промзона, ТОО \"\"МАЭК-Казатомпром\"\"\"","DDP","С даты подписания договора в течение 30 календарных дней","Предоплата - 0% , Промежуточный платеж - 0% , Окончательный платеж - 100% ","Штука",{"v":2,"d":"2.000"},{"v":1018.44,"d":"1,018.440"},{"v":2036.88,"d":"2,036.880"},{"v":2281.31,"d":"2,281.310"},"-","Товарищество с ограниченной ответственностью \"Мангистауский атомный энергетический комбинат-Казатомпром\""]
[null,"3249923","1085 Т","257340.190.000007","Резец токарный","отрезной, из твердого сплава","46:размер:Резец отрезной 20*12 ВК8 (ГОСТ 18884-73.):Резец отрезной 20*12 ВК8 (ГОСТ 18884-73.)","ОИ","137-2 (не превышает тысячекратного МРП)","0","06.2018","471010000, Мангистауская область, Актау Г.А., г.Актау, \"Мангистауская область, г. Актау, промзона, ТОО \"\"МАЭК-Казатомпром\"\", здание 201\"","471010000, Мангистауская область, Актау Г.А., г.Актау, \"Мангистауская область, г. Актау, промзона, ТОО \"\"МАЭК-Казатомпром\"\"\"","DDP","С даты подписания договора в течение 30 календарных дней","Предоплата - 0% , Промежуточный платеж - 0% , Окончательный платеж - 100% ","Штука",{"v":2,"d":"2.000"},{"v":600,"d":"600.000"},{"v":1200,"d":"1,200.000"},{"v":1344,"d":"1,344.000"},"-","Товарищество с ограниченной ответственностью \"Мангистауский атомный энергетический комбинат-Казатомпром\""]
[null,"3249819","1089 Т","257340.190.000012","Резец токарный","проходной прямой, из твердого сплава","46:размер:  32*20*140 Т5К10 :  32*20*140 Т5К10  \\ 79:ГОСТ:18879-73:18879-73","ЦПП","-","0","03.2018","471010000, Мангистауская область, Актау Г.А., г.Актау, \"Мангистауская область, г. Актау, промзона, ТОО \"\"МАЭК-Казатомпром\"\", здание 201\"","471010000, Мангистауская область, Актау Г.А., г.Актау, \"Мангистауская область, г. Актау, промзона, ТОО \"\"МАЭК-Казатомпром\"\"\"","DDP","С даты подписания договора в течение 30 календарных дней","Предоплата - 0% , Промежуточный платеж - 0% , Окончательный платеж - 100% ","Штука",{"v":6,"d":"6.000"},{"v":1300,"d":"1,300.000"},{"v":7800,"d":"7,800.000"},{"v":8736,"d":"8,736.000"},"-","Товарищество с ограниченной ответственностью \"Мангистауский атомный энергетический комбинат-Казатомпром\""]
[null,"3249823","1091 Т","257340.190.000006","Резец токарный","подрезной, из твердого сплава","46:размер:16*10 Т15К6 :16*10 Т15К6  \\ 79:ГОСТ:18880-73:18880-73","ЦПП","-","0","03.2018","471010000, Мангистауская область, Актау Г.А., г.Актау, \"Мангистауская область, г. Актау, промзона, ТОО \"\"МАЭК-Казатомпром\"\", здание 201\"","471010000, Мангистауская область, Актау Г.А., г.Актау, \"Мангистауская область, г. Актау, промзона, ТОО \"\"МАЭК-Казатомпром\"\"\"","DDP","С даты подписания договора в течение 30 календарных дней","Предоплата - 0% , Промежуточный платеж - 0% , Окончательный платеж - 100% ","Штука",{"v":8,"d":"8.000"},{"v":750,"d":"750.000"},{"v":6000,"d":"6,000.000"},{"v":6720,"d":"6,720.000"},"-","Товарищество с ограниченной ответственностью \"Мангистауский атомный энергетический комбинат-Казатомпром\""]
[null,"3249156","1094 Т","257340.900.000007","Пластина твердосплавная","напаиваемая","462:Тип: 01392  Т510К : 01392  Т510К  \\ 79:ГОСТ:23395-90:23395-90","ЦПП","-","0","01.2018","471010000, Мангистауская область, Актау Г.А., г.Актау, \"Мангистауская область, г. Актау, промзона, ТОО \"\"МАЭК-Казатомпром\"\", здание 201\"","471010000, Мангистауская область, Актау Г.А., г.Актау, \"Мангистауская область, г. Актау, промзона, ТОО \"\"МАЭК-Казатомпром\"\"\"","DDP","С даты подписания договора в течение 45 календарных дней","Предоплата - 0% , Промежуточный платеж - 0% , Окончательный платеж - 100% ","Штука",{"v":400,"d":"400.000"},{"v":1242,"d":"1,242.000"},{"v":496800,"d":"496,800.000"},{"v":556416,"d":"556,416.000"},"-","Товарищество с ограниченной ответственностью \"Мангистауский атомный энергетический комбинат-Казатомпром\""]
[null,"3249898","1097 Т","257340.190.000003","Резец токарный","расточный, из быстрорежущей стали","46:размер:20*20*170 ВК8 :20*20*170 ВК8  \\ 79:ГОСТ:18883-73:18883-73","ЦПП","-","0","05.2018","471010000, Мангистауская область, Актау Г.А., г.Актау, \"Мангистауская область, г. Актау, промзона, ТОО \"\"МАЭК-Казатомпром\"\", здание 201\"","471010000, Мангистауская область, Актау Г.А., г.Актау, \"Мангистауская область, г. Актау, промзона, ТОО \"\"МАЭК-Казатомпром\"\"\"","DDP","С даты подписания договора в течение 30 календарных дней","Предоплата - 0% , Промежуточный платеж - 0% , Окончательный платеж - 100% ","Штука",{"v":2,"d":"2.000"},{"v":1987.2,"d":"1,987.200"},{"v":3974.4,"d":"3,974.400"},{"v":4451.33,"d":"4,451.330"},"-","Товарищество с ограниченной ответственностью \"Мангистауский атомный энергетический комбинат-Казатомпром\""]
[null,"3249832","1100 Т","257340.190.000006","Резец токарный","подрезной, из твердого сплава","46:размер: 25*20 ВК8 : 25*20 ВК8  \\ 79:ГОСТ:18880-73:18880-73","ЦПП","-","0","09.2018","471010000, Мангистауская область, Актау Г.А., г.Актау, \"Мангистауская область, г. Актау, промзона, ТОО \"\"МАЭК-Казатомпром\"\", здание 201\"","471010000, Мангистауская область, Актау Г.А., г.Актау, \"Мангистауская область, г. Актау, промзона, ТОО \"\"МАЭК-Казатомпром\"\"\"","DDP","С даты подписания договора в течение 30 календарных дней","Предоплата - 0% , Промежуточный платеж - 0% , Окончательный платеж - 100% ","Штука",{"v":2,"d":"2.000"},{"v":1738.8,"d":"1,738.800"},{"v":3477.6,"d":"3,477.600"},{"v":3894.91,"d":"3,894.910"},"-","Товарищество с ограниченной ответственностью \"Мангистауский атомный энергетический комбинат-Казатомпром\""]
[null,"3249967","1105 Т","257340.190.000005","Резец токарный","проходной прямой, из быстрорежущей стали","46:размер: H=32 b=20 l=170 l=60 m=12 : H=32 b=20 l=170 l=60 m=12  \\ 79:ГОСТ:18869-73:18869-73","ЦПП","-","0","05.2018","471010000, Мангистауская область, Актау Г.А., г.Актау, \"Мангистауская область, г. Актау, промзона, ТОО \"\"МАЭК-Казатомпром\"\", здание 201\"","471010000, Мангистауская область, Актау Г.А., г.Актау, \"Мангистауская область, г. Актау, промзона, ТОО \"\"МАЭК-Казатомпром\"\"\"","DDP","С даты подписания договора в течение 30 календарных дней","Предоплата - 0% , Промежуточный платеж - 0% , Окончательный платеж - 100% ","Штука",{"v":3,"d":"3.000"},{"v":1614.6,"d":"1,614.600"},{"v":4843.8,"d":"4,843.800"},{"v":5425.06,"d":"5,425.060"},"-","Товарищество с ограниченной ответственностью \"Мангистауский атомный энергетический комбинат-Казатомпром\""]
[null,"3249990","1109 Т","257340.190.000001","Резец токарный","отрезной, из быстрорежущей стали","46:размер: H=16 b=10 l=100 l=20 l1=50 m=3 : H=16 b=10 l=100 l=20 l1=50 m=3  \\ 79:ГОСТ:18874-73:18874-73","ЦПП","-","0","06.2018","471010000, Мангистауская область, Актау Г.А., г.Актау, \"Мангистауская область, г. Актау, промзона, ТОО \"\"МАЭК-Казатомпром\"\", здание 201\"","471010000, Мангистауская область, Актау Г.А., г.Актау, \"Мангистауская область, г. Актау, промзона, ТОО \"\"МАЭК-Казатомпром\"\"\"","DDP","С даты подписания договора в течение 30 календарных дней","Предоплата - 0% , Промежуточный платеж - 0% , Окончательный платеж - 100% ","Штука",{"v":10,"d":"10.000"},{"v":745.2,"d":"745.200"},{"v":7452,"d":"7,452.000"},{"v":8346.24,"d":"8,346.240"},"-","Товарищество с ограниченной ответственностью \"Мангистауский атомный энергетический комбинат-Казатомпром\""]
[null,"3249929","1112-1 Т","257340.190.000007","Резец токарный","отрезной, из твердого сплава","46:размер: 32*20*170 ВК8 : 32*20*170 ВК8  \\ 79:ГОСТ:18884-73:18884-73","ЦПП","-","0","02.2018","471000000, Мангистауская область, Актау Г.А., Промзона, ТОО \"МАЭК-Казатомпром\", здание 201","471010000, Мангистауская область, Актау Г.А., г.Актау, \"Мангистауская область, г. Актау, промзона, ТОО \"\"МАЭК-Казатомпром\"\"\"","DDP","С даты подписания договора в течение 30 календарных дней","Окончательный платеж - 100% , Промежуточный платеж - 0% , Предоплата - 0% ","Штука",{"v":102,"d":"102.000"},{"v":1018.44,"d":"1,018.440"},{"v":103880.88,"d":"103,880.880"},{"v":116346.59,"d":"116,346.590"},"-","Товарищество с ограниченной ответственностью \"Мангистауский атомный энергетический комбинат-Казатомпром\""]
[null,"3249890","1116 Т","257340.190.000003","Резец токарный","расточный, из быстрорежущей стали","46:размер: 12*12 ВК8 : 12*12 ВК8  \\ 79:ГОСТ:18883-73:18883-73","ЦПП","-","0","03.2018","471010000, Мангистауская область, Актау Г.А., г.Актау, \"Мангистауская область, г. Актау, промзона, ТОО \"\"МАЭК-Казатомпром\"\", здание 201\"","471010000, Мангистауская область, Актау Г.А., г.Актау, \"Мангистауская область, г. Актау, промзона, ТОО \"\"МАЭК-Казатомпром\"\"\"","DDP","С даты подписания договора в течение 30 календарных дней","Предоплата - 0% , Промежуточный платеж - 0% , Окончательный платеж - 100% ","Штука",{"v":6,"d":"6.000"},{"v":1366.2,"d":"1,366.200"},{"v":8197.2,"d":"8,197.200"},{"v":9180.86,"d":"9,180.860"},"-","Товарищество с ограниченной ответственностью \"Мангистауский атомный энергетический комбинат-Казатомпром\""]
[null,"3249821","1118 Т","257340.190.000006","Резец токарный","подрезной, из твердого сплава","46:размер: 12*12 Т5К10 : 12*12 Т5К10  \\ 79:ГОСТ:18880-73:18880-73","ЦПП","-","0","03.2018","471010000, Мангистауская область, Актау Г.А., г.Актау, \"Мангистауская область, г. Актау, промзона, ТОО \"\"МАЭК-Казатомпром\"\", здание 201\"","471010000, Мангистауская область, Актау Г.А., г.Актау, \"Мангистауская область, г. Актау, промзона, ТОО \"\"МАЭК-Казатомпром\"\"\"","DDP","С даты подписания договора в течение 30 календарных дней","Предоплата - 0% , Промежуточный платеж - 0% , Окончательный платеж - 100% ","Штука",{"v":8,"d":"8.000"},{"v":1200,"d":"1,200.000"},{"v":9600,"d":"9,600.000"},{"v":10752,"d":"10,752.000"},"-","Товарищество с ограниченной ответственностью \"Мангистауский атомный энергетический комбинат-Казатомпром\""]
[null,"3249804","1121 Т","257340.190.000012","Резец токарный","проходной прямой, из твердого сплава","46:размер: 32*20*170 Т5К10 : 32*20*170 Т5К10  \\ 79:ГОСТ:18878-73:18878-73","ЦПП","-","0","03.2018","471010000, Мангистауская область, Актау Г.А., г.Актау, \"Мангистауская область, г. Актау, промзона, ТОО \"\"МАЭК-Казатомпром\"\", здание 201\"","471010000, Мангистауская область, Актау Г.А., г.Актау, \"Мангистауская область, г. Актау, промзона, ТОО \"\"МАЭК-Казатомпром\"\"\"","DDP","С даты подписания договора в течение 30 календарных дней","Предоплата - 0% , Промежуточный платеж - 0% , Окончательный платеж - 100% ","Штука",{"v":8,"d":"8.000"},{"v":1863,"d":"1,863.000"},{"v":14904,"d":"14,904.000"},{"v":16692.48,"d":"16,692.480"},"-","Товарищество с ограниченной ответственностью \"Мангистауский атомный энергетический комбинат-Казатомпром\""]
[null,"3249907","1124 Т","257340.190.000003","Резец токарный","расточный, из быстрорежущей стали","46:размер: 25*25*240 Т5К10 : 25*25*240 Т5К10  \\ 79:ГОСТ:18883-73:18883-73","ЦПП","-","0","05.2018","471010000, Мангистауская область, Актау Г.А., г.Актау, \"Мангистауская область, г. Актау, промзона, ТОО \"\"МАЭК-Казатомпром\"\", здание 201\"","471010000, Мангистауская область, Актау Г.А., г.Актау, \"Мангистауская область, г. Актау, промзона, ТОО \"\"МАЭК-Казатомпром\"\"\"","DDP","С даты подписания договора в течение 30 календарных дней","Предоплата - 0% , Промежуточный платеж - 0% , Окончательный платеж - 100% ","Штука",{"v":2,"d":"2.000"},{"v":2359.8,"d":"2,359.800"},{"v":4719.6,"d":"4,719.600"},{"v":5285.95,"d":"5,285.950"},"-","Товарищество с ограниченной ответственностью \"Мангистауский атомный энергетический комбинат-Казатомпром\""]
[null,"3249805","1127 Т","257340.190.000012","Резец токарный","проходной прямой, из твердого сплава","46:размер: 32*20 Т15К6 : 32*20 Т15К6  \\ 79:ГОСТ:18878-73:18878-73","ЦПП","-","0","03.2018","471010000, Мангистауская область, Актау Г.А., г.Актау, \"Мангистауская область, г. Актау, промзона, ТОО \"\"МАЭК-Казатомпром\"\", здание 201\"","471010000, Мангистауская область, Актау Г.А., г.Актау, \"Мангистауская область, г. Актау, промзона, ТОО \"\"МАЭК-Казатомпром\"\"\"","DDP","С даты подписания договора в течение 30 календарных дней","Предоплата - 0% , Промежуточный платеж - 0% , Окончательный платеж - 100% ","Штука",{"v":6,"d":"6.000"},{"v":1863,"d":"1,863.000"},{"v":11178,"d":"11,178.000"},{"v":12519.36,"d":"12,519.360"},"-","Товарищество с ограниченной ответственностью \"Мангистауский атомный энергетический комбинат-Казатомпром\""]
[null,"3250610","1132 Т","257320.100.000003","Полотно","для ножовки по металлу","46:размер: 300 мм : 300 мм  \\ 79:ГОСТ:6645-86:6645-86","ОИ","137-2 (не превышает тысячекратного МРП)","0","01.2018","471010000, Мангистауская область, Актау Г.А., г.Актау, \"Мангистауская область, г. Актау, промзона, ТОО \"\"МАЭК-Казатомпром\"\", здание 201\"","471010000, Мангистауская область, Актау Г.А., г.Актау, \"Мангистауская область, г. Актау, промзона, ТОО \"\"МАЭК-Казатомпром\"\"\"","DDP","С даты подписания договора в течение 45 календарных дней","Предоплата - 0% , Промежуточный платеж - 0% , Окончательный платеж - 100% ","Штука",{"v":3299,"d":"3,299.000"},{"v":140.4,"d":"140.400"},{"v":463179.6,"d":"463,179.600"},{"v":518761.15,"d":"518,761.150"},"-","Товарищество с ограниченной ответственностью \"Мангистауский атомный энергетический комбинат-Казатомпром\""]
[null,"3312986","1135 Т","257330.100.000001","Плоскогубцы","с диэлектрическими ручками","46:размер:  180 до 1000В:  180 до 1000В \\ 79:ГОСТ:5547-93:5547-93","ОИ","137-2 (не превышает тысячекратного МРП)","0","01.2018","471010000, Мангистауская область, Актау Г.А., г.Актау, \"Мангистауская область, г. Актау, промзона, ТОО \"\"МАЭК-Казатомпром\"\", здание 201\"","471010000, Мангистауская область, Актау Г.А., г.Актау, \"Мангистауская область, г. Актау, промзона, ТОО \"\"МАЭК-Казатомпром\"\"\"","DDP","С даты подписания договора в течение 45 календарных дней","Предоплата - 0% , Промежуточный платеж - 0% , Окончательный платеж - 100% ","Штука",{"v":10,"d":"10.000"},{"v":1607.14,"d":"1,607.140"},{"v":16071.4,"d":"16,071.400"},{"v":17999.97,"d":"17,999.970"},"-","Товарищество с ограниченной ответственностью \"Мангистауский атомный энергетический комбинат-Казатомпром\""]
[null,"3316056","1140 Т","257330.200.000000","Ножницы","болторезные","46:размер: 900 мм: 900 мм","ОИ","137-2 (не превышает тысячекратного МРП)","0","03.2018","471010000, Мангистауская область, Актау Г.А., г.Актау, \"Мангистауская область, г. Актау, промзона, ТОО \"\"МАЭК-Казатомпром\"\", здание 201\"","471010000, Мангистауская область, Актау Г.А., г.Актау, \"Мангистауская область, г. Актау, промзона, ТОО \"\"МАЭК-Казатомпром\"\"\"","DDP","С даты подписания договора в течение 45 календарных дней","Предоплата - 0% , Промежуточный платеж - 0% , Окончательный платеж - 100% ","Штука",{"v":2,"d":"2.000"},{"v":12000,"d":"12,000.000"},{"v":24000,"d":"24,000.000"},{"v":26880,"d":"26,880.000"},"-","Товарищество с ограниченной ответственностью \"Мангистауский атомный энергетический комбинат-Казатомпром\""]
[null,"3315095","1143 Т","257330.100.000003","Плоскогубцы","перекрестные","46:размер:  250  тип1 или тип2:  250  тип1 или тип2 \\ 79:ГОСТ:17439-72:17439-72","ОИ","137-2 (не превышает тысячекратного МРП)","0","01.2018","471010000, Мангистауская область, Актау Г.А., г.Актау, \"Мангистауская область, г. Актау, промзона, ТОО \"\"МАЭК-Казатомпром\"\", здание 201\"","471010000, Мангистауская область, Актау Г.А., г.Актау, \"Мангистауская область, г. Актау, промзона, ТОО \"\"МАЭК-Казатомпром\"\"\"","DDP","С даты подписания договора в течение 45 календарных дней","Предоплата - 0% , Промежуточный платеж - 0% , Окончательный платеж - 100% ","Штука",{"v":2,"d":"2.000"},{"v":1782,"d":"1,782.000"},{"v":3564,"d":"3,564.000"},{"v":3991.68,"d":"3,991.680"},"-","Товарищество с ограниченной ответственностью \"Мангистауский атомный энергетический комбинат-Казатомпром\""]
[null,"3316002","1146 Т","257330.100.000055","Съемник","для стопорных колец","46:размер:Съемник внутренних стопорных колец прямой 160 мм:Съемник внутренних стопорных колец прямой 160 мм","ОИ","137-2 (не превышает тысячекратного МРП)","0","01.2018","471010000, Мангистауская область, Актау Г.А., г.Актау, \"Мангистауская область, г. Актау, промзона, ТОО \"\"МАЭК-Казатомпром\"\", здание 201\"","471010000, Мангистауская область, Актау Г.А., г.Актау, \"Мангистауская область, г. Актау, промзона, ТОО \"\"МАЭК-Казатомпром\"\"\"","DDP","С даты подписания договора в течение 45 календарных дней","Предоплата - 0% , Промежуточный платеж - 0% , Окончательный платеж - 100% ","Штука",{"v":2,"d":"2.000"},{"v":2678.57,"d":"2,678.570"},{"v":5357.14,"d":"5,357.140"},{"v":6000,"d":"6,000.000"},"-","Товарищество с ограниченной ответственностью \"Мангистауский атомный энергетический комбинат-Казатомпром\""]
[null,"3312984","1149 Т","257330.100.000002","Плоскогубцы","комбинированные","46:размер:Плоскогубцы комбин.125:Плоскогубцы комбин.125","ОИ","137-2 (не превышает тысячекратного МРП)","0","06.2018","471010000, Мангистауская область, Актау Г.А., г.Актау, \"Мангистауская область, г. Актау, промзона, ТОО \"\"МАЭК-Казатомпром\"\", здание 201\"","471010000, Мангистауская область, Актау Г.А., г.Актау, \"Мангистауская область, г. Актау, промзона, ТОО \"\"МАЭК-Казатомпром\"\"\"","DDP","С даты подписания договора в течение 45 календарных дней","Предоплата - 0% , Промежуточный платеж - 0% , Окончательный платеж - 100% ","Штука",{"v":16,"d":"16.000"},{"v":1160.71,"d":"1,160.710"},{"v":18571.36,"d":"18,571.360"},{"v":20799.92,"d":"20,799.920"},"-","Товарищество с ограниченной ответственностью \"Мангистауский атомный энергетический комбинат-Казатомпром\""]
[null,"3315070","1151 Т","257111.920.000006","Ножницы","для резки металла","46:размер: 320-330мм : 320-330мм  \\ 79:ГОСТ:7210-75:7210-75","ОИ","137-2 (не превышает тысячекратного МРП)","0","01.2018","471010000, Мангистауская область, Актау Г.А., г.Актау, \"Мангистауская область, г. Актау, промзона, ТОО \"\"МАЭК-Казатомпром\"\", здание 201\"","471010000, Мангистауская область, Актау Г.А., г.Актау, \"Мангистауская область, г. Актау, промзона, ТОО \"\"МАЭК-Казатомпром\"\"\"","DDP","С даты подписания договора в течение 45 календарных дней","Предоплата - 0% , Промежуточный платеж - 0% , Окончательный платеж - 100% ","Штука",{"v":44,"d":"44.000"},{"v":4464.28,"d":"4,464.280"},{"v":196428.32,"d":"196,428.320"},{"v":219999.72,"d":"219,999.720"},"-","Товарищество с ограниченной ответственностью \"Мангистауский атомный энергетический комбинат-Казатомпром\""]
[null,"3315094","1154 Т","257330.100.000003","Плоскогубцы","перекрестные","46:размер:Плоскогубцы     переставные  160 (ГОСТ 17439-72 тип1 или тип2):Плоскогубцы     переставные  160 (ГОСТ 17439-72 тип1 или тип2)","ОИ","137-2 (не превышает тысячекратного МРП)","0","01.2018","471010000, Мангистауская область, Актау Г.А., г.Актау, \"Мангистауская область, г. Актау, промзона, ТОО \"\"МАЭК-Казатомпром\"\", здание 201\"","471010000, Мангистауская область, Актау Г.А., г.Актау, \"Мангистауская область, г. Актау, промзона, ТОО \"\"МАЭК-Казатомпром\"\"\"","DDP","С даты подписания договора в течение 45 календарных дней","Предоплата - 0% , Промежуточный платеж - 0% , Окончательный платеж - 100% ","Штука",{"v":60,"d":"60.000"},{"v":1607.14,"d":"1,607.140"},{"v":96428.4,"d":"96,428.400"},{"v":107999.81,"d":"107,999.810"},"-","Товарищество с ограниченной ответственностью \"Мангистауский атомный энергетический комбинат-Казатомпром\""]
[null,"3313009","1158 Т","257330.230.000000","Кусачки","боковые","46:размер:Кусачки боковые 200:Кусачки боковые 200","ОИ","137-2 (не превышает тысячекратного МРП)","0","01.2018","471010000, Мангистауская область, Актау Г.А., г.Актау, \"Мангистауская область, г. Актау, промзона, ТОО \"\"МАЭК-Казатомпром\"\", здание 201\"","471010000, Мангистауская область, Актау Г.А., г.Актау, \"Мангистауская область, г. Актау, промзона, ТОО \"\"МАЭК-Казатомпром\"\"\"","DDP","С даты подписания договора в течение 45 календарных дней","Предоплата - 0% , Промежуточный платеж - 0% , Окончательный платеж - 100% ","Штука",{"v":25,"d":"25.000"},{"v":1785.71,"d":"1,785.710"},{"v":44642.75,"d":"44,642.750"},{"v":49999.88,"d":"49,999.880"},"-","Товарищество с ограниченной ответственностью \"Мангистауский атомный энергетический комбинат-Казатомпром\""]
[null,"3313010","1162 Т","257330.230.000001","Кусачки","торцовые","46:размер:Кусачки торц. 125 окс из./руч.:Кусачки торц. 125 окс из./руч.","ОИ","137-2 (не превышает тысячекратного МРП)","0","06.2018","471010000, Мангистауская область, Актау Г.А., г.Актау, \"Мангистауская область, г. Актау, промзона, ТОО \"\"МАЭК-Казатомпром\"\", здание 201\"","471010000, Мангистауская область, Актау Г.А., г.Актау, \"Мангистауская область, г. Актау, промзона, ТОО \"\"МАЭК-Казатомпром\"\"\"","DDP","С даты подписания договора в течение 45 календарных дней","Предоплата - 0% , Промежуточный платеж - 0% , Окончательный платеж - 100% ","Штука",{"v":5,"d":"5.000"},{"v":1428.57,"d":"1,428.570"},{"v":7142.85,"d":"7,142.850"},{"v":7999.99,"d":"7,999.990"},"-","Товарищество с ограниченной ответственностью \"Мангистауский атомный энергетический комбинат-Казатомпром\""]
[null,"3315083","1167 Т","257111.920.000006","Ножницы","для резки металла","462:Тип:Ножницы ручные 250 тип1:Ножницы ручные 250 тип1","ОИ","137-2 (не превышает тысячекратного МРП)","0","06.2018","471010000, Мангистауская область, Актау Г.А., г.Актау, \"Мангистауская область, г. Актау, промзона, ТОО \"\"МАЭК-Казатомпром\"\", здание 201\"","471010000, Мангистауская область, Актау Г.А., г.Актау, \"Мангистауская область, г. Актау, промзона, ТОО \"\"МАЭК-Казатомпром\"\"\"","DDP","С даты подписания договора в течение 45 календарных дней","Предоплата - 0% , Промежуточный платеж - 0% , Окончательный платеж - 100% ","Штука",{"v":5,"d":"5.000"},{"v":1785.71,"d":"1,785.710"},{"v":8928.55,"d":"8,928.550"},{"v":9999.98,"d":"9,999.980"},"-","Товарищество с ограниченной ответственностью \"Мангистауский атомный энергетический комбинат-Казатомпром\""]
[null,"3320372","1170 Т","257330.300.000007","Ключ","технический, универсальный","46:размер:  18*21 :  18*21  \\ 79:ГОСТ:2906-80:2906-80","ЦПП","-","0","06.2018","471010000, Мангистауская область, Актау Г.А., г.Актау, \"Мангистауская область, г. Актау, промзона, ТОО \"\"МАЭК-Казатомпром\"\", здание 201\"","471010000, Мангистауская область, Актау Г.А., г.Актау, \"Мангистауская область, г. Актау, промзона, ТОО \"\"МАЭК-Казатомпром\"\"\"","DDP","С даты подписания договора в течение 45 календарных дней","Предоплата - 0% , Промежуточный платеж - 0% , Окончательный платеж - 100% ","Штука",{"v":2,"d":"2.000"},{"v":594,"d":"594.000"},{"v":1188,"d":"1,188.000"},{"v":1330.56,"d":"1,330.560"},"-","Товарищество с ограниченной ответственностью \"Мангистауский атомный энергетический комбинат-Казатомпром\""]
[null,"3326657","1173 Т","257330.300.000002","Ключ","гаечный, разводной","46:размер: 21 х 24 : 21 х 24  \\ 79:ГОСТ:2839-80:2839-80","ЦПП","-","0","06.2018","471010000, Мангистауская область, Актау Г.А., г.Актау, \"Мангистауская область, г. Актау, промзона, ТОО \"\"МАЭК-Казатомпром\"\", здание 201\"","471010000, Мангистауская область, Актау Г.А., г.Актау, \"Мангистауская область, г. Актау, промзона, ТОО \"\"МАЭК-Казатомпром\"\"\"","DDP","С даты подписания договора в течение 45 календарных дней","Предоплата - 0% , Промежуточный платеж - 0% , Окончательный платеж - 100% ","Штука",{"v":2,"d":"2.000"},{"v":324,"d":"324.000"},{"v":648,"d":"648.000"},{"v":725.76,"d":"725.760"},"-","Товарищество с ограниченной ответственностью \"Мангистауский атомный энергетический комбинат-Казатомпром\""]
[null,"3320357","1176-1 Т","257330.300.000007","Ключ","технический, универсальный","46:размер: 10*12 : 10*12  \\ 79:ГОСТ:2906-80:2906-80","ЦПП","-","0","02.2018","471010000, Мангистауская область, Актау Г.А., г.Актау, \"Мангистауская область, г. Актау, промзона, ТОО \"\"МАЭК-Казатомпром\"\", здание 201\"","471010000, Мангистауская область, Актау Г.А., г.Актау, \"Мангистауская область, г. Актау, промзона, ТОО \"\"МАЭК-Казатомпром\"\"\"","DDP","С даты подписания договора в течение 45 календарных дней","Окончательный платеж - 100% , Промежуточный платеж - 0% , Предоплата - 0% ","Штука",{"v":2,"d":"2.000"},{"v":1250,"d":"1,250.000"},{"v":2500,"d":"2,500.000"},{"v":2800,"d":"2,800.000"},"-","Товарищество с ограниченной ответственностью \"Мангистауский атомный энергетический комбинат-Казатомпром\""]
[null,"3320354","1178-1 Т","257330.300.000007","Ключ","технический, универсальный","46:размер:  8*10 :  8*10  \\ 79:ГОСТ:2906-80:2906-80","ЦПП","-","0","02.2018","471010000, Мангистауская область, Актау Г.А., г.Актау, \"Мангистауская область, г. Актау, промзона, ТОО \"\"МАЭК-Казатомпром\"\", здание 201\"","471010000, Мангистауская область, Актау Г.А., г.Актау, \"Мангистауская область, г. Актау, промзона, ТОО \"\"МАЭК-Казатомпром\"\"\"","DDP","С даты подписания договора в течение 45 календарных дней","Окончательный платеж - 100% , Промежуточный платеж - 0% , Предоплата - 0% ","Штука",{"v":8,"d":"8.000"},{"v":357.14,"d":"357.140"},{"v":2857.12,"d":"2,857.120"},{"v":3199.97,"d":"3,199.970"},"-","Товарищество с ограниченной ответственностью \"Мангистауский атомный энергетический комбинат-Казатомпром\""]
[null,"3320369","1182 Т","257330.300.000007","Ключ","технический, универсальный","46:размер:  17*19 :  17*19  \\ 79:ГОСТ:2906-80:2906-80","ЦПП","-","0","03.2018","471010000, Мангистауская область, Актау Г.А., г.Актау, \"Мангистауская область, г. Актау, промзона, ТОО \"\"МАЭК-Казатомпром\"\", здание 201\"","471010000, Мангистауская область, Актау Г.А., г.Актау, \"Мангистауская область, г. Актау, промзона, ТОО \"\"МАЭК-Казатомпром\"\"\"","DDP","С даты подписания договора в течение 45 календарных дней","Предоплата - 0% , Промежуточный платеж - 0% , Окончательный платеж - 100% ","Штука",{"v":17,"d":"17.000"},{"v":1785.71,"d":"1,785.710"},{"v":30357.07,"d":"30,357.070"},{"v":33999.92,"d":"33,999.920"},"-","Товарищество с ограниченной ответственностью \"Мангистауский атомный энергетический комбинат-Казатомпром\""]
[null,"3326632","1185-1 Т","257330.300.000007","Ключ","технический, универсальный","46:размер: 7 х 8 : 7 х 8  \\ 79:ГОСТ:2839-80:2839-80","ЦПП","-","0","02.2018","471010000, Мангистауская область, Актау Г.А., г.Актау, \"Мангистауская область, г. Актау, промзона, ТОО \"\"МАЭК-Казатомпром\"\", здание 201\"","471010000, Мангистауская область, Актау Г.А., г.Актау, \"Мангистауская область, г. Актау, промзона, ТОО \"\"МАЭК-Казатомпром\"\"\"","DDP","С даты подписания договора в течение 45 календарных дней","Окончательный платеж - 100% , Промежуточный платеж - 0% , Предоплата - 0% ","Штука",{"v":10,"d":"10.000"},{"v":160.71,"d":"160.710"},{"v":1607.1,"d":"1,607.100"},{"v":1799.95,"d":"1,799.950"},"-","Товарищество с ограниченной ответственностью \"Мангистауский атомный энергетический комбинат-Казатомпром\""]
[null,"3326669","1189-1 Т","257330.300.000007","Ключ","технический, универсальный","46:размер: 36 х 41 : 36 х 41  \\ 79:ГОСТ:2839-80:2839-80","ЦПП","-","0","02.2018","471010000, Мангистауская область, Актау Г.А., г.Актау, \"Мангистауская область, г. Актау, промзона, ТОО \"\"МАЭК-Казатомпром\"\", здание 201\"","471010000, Мангистауская область, Актау Г.А., г.Актау, \"Мангистауская область, г. Актау, промзона, ТОО \"\"МАЭК-Казатомпром\"\"\"","DDP","С даты подписания договора в течение 45 календарных дней","Окончательный платеж - 100% , Промежуточный платеж - 0% , Предоплата - 0% ","Штука",{"v":15,"d":"15.000"},{"v":5357.14,"d":"5,357.140"},{"v":80357.1,"d":"80,357.100"},{"v":89999.95,"d":"89,999.950"},"-","Товарищество с ограниченной ответственностью \"Мангистауский атомный энергетический комбинат-Казатомпром\""]
[null,"3320365","1193 Т","257330.300.000007","Ключ","технический, универсальный","46:размер: 13*17 : 13*17  \\ 79:ГОСТ:2906-80:2906-80","ЦПП","-","0","07.2018","471010000, Мангистауская область, Актау Г.А., г.Актау, \"Мангистауская область, г. Актау, промзона, ТОО \"\"МАЭК-Казатомпром\"\", здание 201\"","471010000, Мангистауская область, Актау Г.А., г.Актау, \"Мангистауская область, г. Актау, промзона, ТОО \"\"МАЭК-Казатомпром\"\"\"","DDP","С даты подписания договора в течение 45 календарных дней","Предоплата - 0% , Промежуточный платеж - 0% , Окончательный платеж - 100% ","Штука",{"v":10,"d":"10.000"},{"v":1339.28,"d":"1,339.280"},{"v":13392.8,"d":"13,392.800"},{"v":14999.94,"d":"14,999.940"},"-","Товарищество с ограниченной ответственностью \"Мангистауский атомный энергетический комбинат-Казатомпром\""]
[null,"3320548","1194 Т","257330.300.000028","Ключ","для винтов с внутренним шестигранником","46:размер:4:4 \\ 79:ГОСТ:11737-93:11737-93","ЦПП","-","0","06.2018","471010000, Мангистауская область, Актау Г.А., г.Актау, \"Мангистауская область, г. Актау, промзона, ТОО \"\"МАЭК-Казатомпром\"\", здание 201\"","471010000, Мангистауская область, Актау Г.А., г.Актау, \"Мангистауская область, г. Актау, промзона, ТОО \"\"МАЭК-Казатомпром\"\"\"","DDP","С даты подписания договора в течение 45 календарных дней","Предоплата - 0% , Промежуточный платеж - 0% , Окончательный платеж - 100% ","Штука",{"v":2,"d":"2.000"},{"v":95,"d":"95.000"},{"v":190,"d":"190.000"},{"v":212.8,"d":"212.800"},"-","Товарищество с ограниченной ответственностью \"Мангистауский атомный энергетический комбинат-Казатомпром\""]
[null,"3320554","1200-1 Т","257330.300.000028","Ключ","для винтов с внутренним шестигранником","46:размер:10:10 \\ 79:ГОСТ:11737-93:11737-93","ЦПП","-","0","02.2018","471010000, Мангистауская область, Актау Г.А., г.Актау, \"Мангистауская область, г. Актау, промзона, ТОО \"\"МАЭК-Казатомпром\"\", здание 201\"","471010000, Мангистауская область, Актау Г.А., г.Актау, \"Мангистауская область, г. Актау, промзона, ТОО \"\"МАЭК-Казатомпром\"\"\"","DDP","С даты подписания договора в течение 45 календарных дней","Окончательный платеж - 100% , Промежуточный платеж - 0% , Предоплата - 0% ","Штука",{"v":2,"d":"2.000"},{"v":175,"d":"175.000"},{"v":350,"d":"350.000"},{"v":392,"d":"392.000"},"-","Товарищество с ограниченной ответственностью \"Мангистауский атомный энергетический комбинат-Казатомпром\""]
[null,"3320552","1201 Т","257330.300.000028","Ключ","для винтов с внутренним шестигранником","46:размер:8:8 \\ 79:ГОСТ:11737-93:11737-93","ЦПП","-","0","09.2018","471010000, Мангистауская область, Актау Г.А., г.Актау, \"Мангистауская область, г. Актау, промзона, ТОО \"\"МАЭК-Казатомпром\"\", здание 201\"","471010000, Мангистауская область, Актау Г.А., г.Актау, \"Мангистауская область, г. Актау, промзона, ТОО \"\"МАЭК-Казатомпром\"\"\"","DDP","С даты подписания договора в течение 45 календарных дней","Предоплата - 0% , Промежуточный платеж - 0% , Окончательный платеж - 100% ","Штука",{"v":2,"d":"2.000"},{"v":120,"d":"120.000"},{"v":240,"d":"240.000"},{"v":268.8,"d":"268.800"},"-","Товарищество с ограниченной ответственностью \"Мангистауский атомный энергетический комбинат-Казатомпром\""]
[null,"3320359","1207 Т","257330.300.000001","Ключ","гаечный, монолитный","46:размер:  11*13 :  11*13  \\ 79:ГОСТ:2906-80:2906-80","ЦПП","-","0","03.2018","471010000, Мангистауская область, Актау Г.А., г.Актау, \"Мангистауская область, г. Актау, промзона, ТОО \"\"МАЭК-Казатомпром\"\", здание 201\"","471010000, Мангистауская область, Актау Г.А., г.Актау, \"Мангистауская область, г. Актау, промзона, ТОО \"\"МАЭК-Казатомпром\"\"\"","DDP","С даты подписания договора в течение 45 календарных дней","Предоплата - 0% , Промежуточный платеж - 0% , Окончательный платеж - 100% ","Штука",{"v":6,"d":"6.000"},{"v":4464.28,"d":"4,464.280"},{"v":26785.68,"d":"26,785.680"},{"v":29999.96,"d":"29,999.960"},"-","Товарищество с ограниченной ответственностью \"Мангистауский атомный энергетический комбинат-Казатомпром\""]
[null,"3320370","1209 Т","257330.300.000001","Ключ","гаечный, монолитный","46:размер:  17*22 :  17*22  \\ 79:ГОСТ:2906-80:2906-80","ЦПП","-","0","02.2018","471010000, Мангистауская область, Актау Г.А., г.Актау, \"Мангистауская область, г. Актау, промзона, ТОО \"\"МАЭК-Казатомпром\"\", здание 201\"","471010000, Мангистауская область, Актау Г.А., г.Актау, \"Мангистауская область, г. Актау, промзона, ТОО \"\"МАЭК-Казатомпром\"\"\"","DDP","С даты подписания договора в течение 45 календарных дней","Предоплата - 0% , Промежуточный платеж - 0% , Окончательный платеж - 100% ","Штука",{"v":60,"d":"60.000"},{"v":892.85,"d":"892.850"},{"v":53571,"d":"53,571.000"},{"v":59999.52,"d":"59,999.520"},"-","Товарищество с ограниченной ответственностью \"Мангистауский атомный энергетический комбинат-Казатомпром\""]
[null,"3325656","1212 Т","257330.300.000002","Ключ","гаечный, разводной","46:размер:46:46 \\ 79:ГОСТ:7275-75:7275-75","ЦПП","-","0","01.2018","471010000, Мангистауская область, Актау Г.А., г.Актау, \"Мангистауская область, г. Актау, промзона, ТОО \"\"МАЭК-Казатомпром\"\", здание 201\"","471010000, Мангистауская область, Актау Г.А., г.Актау, \"Мангистауская область, г. Актау, промзона, ТОО \"\"МАЭК-Казатомпром\"\"\"","DDP","С даты подписания договора в течение 45 календарных дней","Предоплата - 0% , Промежуточный платеж - 0% , Окончательный платеж - 100% ","Штука",{"v":2,"d":"2.000"},{"v":4017.85,"d":"4,017.850"},{"v":8035.7,"d":"8,035.700"},{"v":8999.98,"d":"8,999.980"},"-","Товарищество с ограниченной ответственностью \"Мангистауский атомный энергетический комбинат-Казатомпром\""]
[null,"3320408","1216-1 Т","257330.300.000001","Ключ","гаечный, монолитный","46:размер: 14*14: 14*14 \\ 79:ГОСТ:16983-80:16983-80","ЦПП","-","0","02.2018","471000000, Мангистауская область, Актау Г.А., Промзона, ТОО \"МАЭК-Казатомпром\", здание 201","471010000, Мангистауская область, Актау Г.А., г.Актау, \"Мангистауская область, г. Актау, промзона, ТОО \"\"МАЭК-Казатомпром\"\"\"","DDP","С даты подписания договора в течение 45 календарных дней","Окончательный платеж - 100% , Промежуточный платеж - 0% , Предоплата - 0% ","Штука",{"v":45,"d":"45.000"},{"v":446.42,"d":"446.420"},{"v":20088.9,"d":"20,088.900"},{"v":22499.57,"d":"22,499.570"},"-","Товарищество с ограниченной ответственностью \"Мангистауский атомный энергетический комбинат-Казатомпром\""]
[null,"3320404","1220 Т","257330.300.000001","Ключ","гаечный, монолитный","46:размер: 10*10 : 10*10  \\ 79:ГОСТ:16983-80:16983-80","ЦПП","-","0","03.2018","471010000, Мангистауская область, Актау Г.А., г.Актау, \"Мангистауская область, г. Актау, промзона, ТОО \"\"МАЭК-Казатомпром\"\", здание 201\"","471010000, Мангистауская область, Актау Г.А., г.Актау, \"Мангистауская область, г. Актау, промзона, ТОО \"\"МАЭК-Казатомпром\"\"\"","DDP","С даты подписания договора в течение 45 календарных дней","Предоплата - 0% , Промежуточный платеж - 0% , Окончательный платеж - 100% ","Штука",{"v":15,"d":"15.000"},{"v":446.42,"d":"446.420"},{"v":6696.3,"d":"6,696.300"},{"v":7499.86,"d":"7,499.860"},"-","Товарищество с ограниченной ответственностью \"Мангистауский атомный энергетический комбинат-Казатомпром\""]
[null,"3326563","1221 Т","257330.300.000027","Набор ключей","гаечные","230:Набор:Набор ключей торцевых трубчатых (12шт):Набор ключей торцевых трубчатых (12шт)","ОИ","137-2 (не превышает тысячекратного МРП)","0","02.2018","471010000, Мангистауская область, Актау Г.А., г.Актау, \"Мангистауская область, г. Актау, промзона, ТОО \"\"МАЭК-Казатомпром\"\", здание 201\"","471010000, Мангистауская область, Актау Г.А., г.Актау, \"Мангистауская область, г. Актау, промзона, ТОО \"\"МАЭК-Казатомпром\"\"\"","DDP","С даты подписания договора в течение 45 календарных дней","Предоплата - 0% , Промежуточный платеж - 0% , Окончательный платеж - 100% ","Штука",{"v":4,"d":"4.000"},{"v":10714.28,"d":"10,714.280"},{"v":42857.12,"d":"42,857.120"},{"v":47999.97,"d":"47,999.970"},"-","Товарищество с ограниченной ответственностью \"Мангистауский атомный энергетический комбинат-Казатомпром\""]
[null,"3320373","1227 Т","257330.300.000001","Ключ","гаечный, монолитный","46:размер: 19*22 : 19*22  \\ 79:ГОСТ:2906-80:2906-80","ЦПП","-","0","03.2018","471010000, Мангистауская область, Актау Г.А., г.Актау, \"Мангистауская область, г. Актау, промзона, ТОО \"\"МАЭК-Казатомпром\"\", здание 201\"","471010000, Мангистауская область, Актау Г.А., г.Актау, \"Мангистауская область, г. Актау, промзона, ТОО \"\"МАЭК-Казатомпром\"\"\"","DDP","С даты подписания договора в течение 45 календарных дней","Предоплата - 0% , Промежуточный платеж - 0% , Окончательный платеж - 100% ","Штука",{"v":36,"d":"36.000"},{"v":1785.71,"d":"1,785.710"},{"v":64285.56,"d":"64,285.560"},{"v":71999.83,"d":"71,999.830"},"-","Товарищество с ограниченной ответственностью \"Мангистауский атомный энергетический комбинат-Казатомпром\""]
[null,"3326668","1228 Т","257330.300.000001","Ключ","гаечный, монолитный","46:размер:32 х 36 :32 х 36  \\ 79:ГОСТ:2839-80:2839-80","ЦПП","-","0","04.2018","471010000, Мангистауская область, Актау Г.А., г.Актау, \"Мангистауская область, г. Актау, промзона, ТОО \"\"МАЭК-Казатомпром\"\", здание 201\"","471010000, Мангистауская область, Актау Г.А., г.Актау, \"Мангистауская область, г. Актау, промзона, ТОО \"\"МАЭК-Казатомпром\"\"\"","DDP","С даты подписания договора в течение 45 календарных дней","Предоплата - 0% , Промежуточный платеж - 0% , Окончательный платеж - 100% ","Штука",{"v":20,"d":"20.000"},{"v":3125,"d":"3,125.000"},{"v":62500,"d":"62,500.000"},{"v":70000,"d":"70,000.000"},"-","Товарищество с ограниченной ответственностью \"Мангистауский атомный энергетический комбинат-Казатомпром\""]
[null,"3320412","1234-1 Т","257330.300.000001","Ключ","гаечный, монолитный","46:размер: 19*19 : 19*19  \\ 79:ГОСТ:16983-80:16983-80","ЦПП","-","0","02.2018","471010000, Мангистауская область, Актау Г.А., г.Актау, \"Мангистауская область, г. Актау, промзона, ТОО \"\"МАЭК-Казатомпром\"\", здание 201\"","471010000, Мангистауская область, Актау Г.А., г.Актау, \"Мангистауская область, г. Актау, промзона, ТОО \"\"МАЭК-Казатомпром\"\"\"","DDP","С даты подписания договора в течение 45 календарных дней","Окончательный платеж - 100% , Промежуточный платеж - 0% , Предоплата - 0% ","Штука",{"v":53,"d":"53.000"},{"v":1071.42,"d":"1,071.420"},{"v":56785.26,"d":"56,785.260"},{"v":63599.49,"d":"63,599.490"},"-","Товарищество с ограниченной ответственностью \"Мангистауский атомный энергетический комбинат-Казатомпром\""]
[null,"3326653","1236-1 Т","257330.300.000001","Ключ","гаечный, монолитный","46:размер:19 х 22 :19 х 22  \\ 79:ГОСТ:2839-80:2839-80","ЦПП","-","0","02.2018","471010000, Мангистауская область, Актау Г.А., г.Актау, \"Мангистауская область, г. Актау, промзона, ТОО \"\"МАЭК-Казатомпром\"\", здание 201\"","471010000, Мангистауская область, Актау Г.А., г.Актау, \"Мангистауская область, г. Актау, промзона, ТОО \"\"МАЭК-Казатомпром\"\"\"","DDP","С даты подписания договора в течение 45 календарных дней","Окончательный платеж - 100% , Промежуточный платеж - 0% , Предоплата - 0% ","Штука",{"v":42,"d":"42.000"},{"v":714.28,"d":"714.280"},{"v":29999.76,"d":"29,999.760"},{"v":33599.73,"d":"33,599.730"},"-","Товарищество с ограниченной ответственностью \"Мангистауский атомный энергетический комбинат-Казатомпром\""]
[null,"3320213","1239-1 Т","257330.300.000001","Ключ","гаечный, монолитный","46:размер:32:32 \\ 468:ТУ:3926-020-53581936-2013 | КГКУ:3926-020-53581936-2013 | КГКУ","ЦПП","-","0","02.2018","471010000, Мангистауская область, Актау Г.А., г.Актау, \"Мангистауская область, г. Актау, промзона, ТОО \"\"МАЭК-Казатомпром\"\", здание 201\"","471010000, Мангистауская область, Актау Г.А., г.Актау, \"Мангистауская область, г. Актау, промзона, ТОО \"\"МАЭК-Казатомпром\"\"\"","DDP","С даты подписания договора в течение 45 календарных дней","Окончательный платеж - 100% , Промежуточный платеж - 0% , Предоплата - 0% ","Штука",{"v":15,"d":"15.000"},{"v":4464.28,"d":"4,464.280"},{"v":66964.2,"d":"66,964.200"},{"v":74999.9,"d":"74,999.900"},"-","Товарищество с ограниченной ответственностью \"Мангистауский атомный энергетический комбинат-Казатомпром\""]
[null,"3320418","1243-1 Т","257330.300.000001","Ключ","гаечный, монолитный","46:размер: 32*32 : 32*32  \\ 79:ГОСТ:16983-80:16983-80","ЦПП","-","0","02.2018","471010000, Мангистауская область, Актау Г.А., г.Актау, \"Мангистауская область, г. Актау, промзона, ТОО \"\"МАЭК-Казатомпром\"\", здание 201\"","471010000, Мангистауская область, Актау Г.А., г.Актау, \"Мангистауская область, г. Актау, промзона, ТОО \"\"МАЭК-Казатомпром\"\"\"","DDP","С даты подписания договора в течение 45 календарных дней","Окончательный платеж - 100% , Промежуточный платеж - 0% , Предоплата - 0% ","Штука",{"v":30,"d":"30.000"},{"v":2678.57,"d":"2,678.570"},{"v":80357.1,"d":"80,357.100"},{"v":89999.95,"d":"89,999.950"},"-","Товарищество с ограниченной ответственностью \"Мангистауский атомный энергетический комбинат-Казатомпром\""]
[null,"3326011","1247-1 Т","257330.300.000014","Ключ","трубный, рычажный","462:Тип: №1 : №1  \\ 79:ГОСТ:18981-73:18981-73","ЦПП","-","0","02.2018","471010000, Мангистауская область, Актау Г.А., г.Актау, \"Мангистауская область, г. Актау, промзона, ТОО \"\"МАЭК-Казатомпром\"\", здание 201\"","471010000, Мангистауская область, Актау Г.А., г.Актау, \"Мангистауская область, г. Актау, промзона, ТОО \"\"МАЭК-Казатомпром\"\"\"","DDP","С даты подписания договора в течение 45 календарных дней","Окончательный платеж - 100% , Промежуточный платеж - 0% , Предоплата - 0% ","Штука",{"v":18,"d":"18.000"},{"v":2678.57,"d":"2,678.570"},{"v":48214.26,"d":"48,214.260"},{"v":53999.97,"d":"53,999.970"},"-","Товарищество с ограниченной ответственностью \"Мангистауский атомный энергетический комбинат-Казатомпром\""]
[null,"3320363","1250-1 Т","257330.300.000001","Ключ","гаечный, монолитный","46:размер:  13*14 :  13*14  \\ 79:ГОСТ:2906-80:2906-80","ЦПП","-","0","02.2018","471010000, Мангистауская область, Актау Г.А., г.Актау, \"Мангистауская область, г. Актау, промзона, ТОО \"\"МАЭК-Казатомпром\"\", здание 201\"","471010000, Мангистауская область, Актау Г.А., г.Актау, \"Мангистауская область, г. Актау, промзона, ТОО \"\"МАЭК-Казатомпром\"\"\"","DDP","С даты подписания договора в течение 45 календарных дней","Окончательный платеж - 100% , Промежуточный платеж - 0% , Предоплата - 0% ","Штука",{"v":43,"d":"43.000"},{"v":982.14,"d":"982.140"},{"v":42232.02,"d":"42,232.020"},{"v":47299.86,"d":"47,299.860"},"-","Товарищество с ограниченной ответственностью \"Мангистауский атомный энергетический комбинат-Казатомпром\""]
[null,"3320415","1252 Т","257330.300.000001","Ключ","гаечный, монолитный","46:размер: 24*24 : 24*24  \\ 79:ГОСТ:16983-80:16983-80","ЦПП","-","0","03.2018","471010000, Мангистауская область, Актау Г.А., г.Актау, \"Мангистауская область, г. Актау, промзона, ТОО \"\"МАЭК-Казатомпром\"\", здание 201\"","471010000, Мангистауская область, Актау Г.А., г.Актау, \"Мангистауская область, г. Актау, промзона, ТОО \"\"МАЭК-Казатомпром\"\"\"","DDP","С даты подписания договора в течение 45 календарных дней","Предоплата - 0% , Промежуточный платеж - 0% , Окончательный платеж - 100% ","Штука",{"v":53,"d":"53.000"},{"v":1785.71,"d":"1,785.710"},{"v":94642.63,"d":"94,642.630"},{"v":105999.75,"d":"105,999.750"},"-","Товарищество с ограниченной ответственностью \"Мангистауский атомный энергетический комбинат-Казатомпром\""]
[null,"3320417","1255 Т","257330.300.000001","Ключ","гаечный, монолитный","46:размер: 30*30 : 30*30  \\ 79:ГОСТ:16983-80:16983-80","ЦПП","-","0","01.2018","471010000, Мангистауская область, Актау Г.А., г.Актау, \"Мангистауская область, г. Актау, промзона, ТОО \"\"МАЭК-Казатомпром\"\", здание 201\"","471010000, Мангистауская область, Актау Г.А., г.Актау, \"Мангистауская область, г. Актау, промзона, ТОО \"\"МАЭК-Казатомпром\"\"\"","DDP","С даты подписания договора в течение 45 календарных дней","Предоплата - 0% , Промежуточный платеж - 0% , Окончательный платеж - 100% ","Штука",{"v":30,"d":"30.000"},{"v":2678.57,"d":"2,678.570"},{"v":80357.1,"d":"80,357.100"},{"v":89999.95,"d":"89,999.950"},"-","Товарищество с ограниченной ответственностью \"Мангистауский атомный энергетический комбинат-Казатомпром\""]
[null,"3326637","1258-1 Т","257330.300.000001","Ключ","гаечный, монолитный","46:размер: 10 х 12 : 10 х 12  \\ 79:ГОСТ:2839-80:2839-80","ЦПП","-","0","02.2018","471010000, Мангистауская область, Актау Г.А., г.Актау, \"Мангистауская область, г. Актау, промзона, ТОО \"\"МАЭК-Казатомпром\"\", здание 201\"","471010000, Мангистауская область, Актау Г.А., г.Актау, \"Мангистауская область, г. Актау, промзона, ТОО \"\"МАЭК-Казатомпром\"\"\"","DDP","С даты подписания договора в течение 45 календарных дней","Окончательный платеж - 100% , Промежуточный платеж - 0% , Предоплата - 0% ","Штука",{"v":17,"d":"17.000"},{"v":267.85,"d":"267.850"},{"v":4553.45,"d":"4,553.450"},{"v":5099.86,"d":"5,099.860"},"-","Товарищество с ограниченной ответственностью \"Мангистауский атомный энергетический комбинат-Казатомпром\""]
[null,"3333232","1261 Т","259413.900.000022","Набор инструментов","для слесарных работ","230:Набор: №5А (13 предметов): №5А (13 предметов)","ОИ","137-2 (не превышает тысячекратного МРП)","0","03.2018","471010000, Мангистауская область, Актау Г.А., г.Актау, \"Мангистауская область, г. Актау, промзона, ТОО \"\"МАЭК-Казатомпром\"\", здание 201\"","471010000, Мангистауская область, Актау Г.А., г.Актау, \"Мангистауская область, г. Актау, промзона, ТОО \"\"МАЭК-Казатомпром\"\"\"","DDP","С даты подписания договора в течение 45 календарных дней","Предоплата - 0% , Промежуточный платеж - 0% , Окончательный платеж - 100% ","Штука",{"v":8,"d":"8.000"},{"v":14285.71,"d":"14,285.710"},{"v":114285.68,"d":"114,285.680"},{"v":127999.96,"d":"127,999.960"},"-","Товарищество с ограниченной ответственностью \"Мангистауский атомный энергетический комбинат-Казатомпром\""]
[null,"3330319","1266 Т","257330.930.000037","Набор слесарный","профессиональный","230:Набор:Набор слесарно-монтажный № 15 (ТУ 2.035.641-78):Набор слесарно-монтажный № 15 (ТУ 2.035.641-78)","ОИ","137-2 (не превышает тысячекратного МРП)","0","06.2018","471010000, Мангистауская область, Актау Г.А., г.Актау, \"Мангистауская область, г. Актау, промзона, ТОО \"\"МАЭК-Казатомпром\"\", здание 201\"","471010000, Мангистауская область, Актау Г.А., г.Актау, \"Мангистауская область, г. Актау, промзона, ТОО \"\"МАЭК-Казатомпром\"\"\"","DDP","С даты подписания договора в течение 45 календарных дней","Предоплата - 0% , Промежуточный платеж - 0% , Окончательный платеж - 100% ","Штука",{"v":10,"d":"10.000"},{"v":11000,"d":"11,000.000"},{"v":110000,"d":"110,000.000"},{"v":123200,"d":"123,200.000"},"-","Товарищество с ограниченной ответственностью \"Мангистауский атомный энергетический комбинат-Казатомпром\""]
[null,"3330627","1269 Т","257330.630.000006","Отвертка","слесарно-монтажная, с изолирующей ручкой","46:размер: пр.230 : пр.230  \\ 79:ГОСТ:17199-88:17199-88","ОИ","137-2 (не превышает тысячекратного МРП)","0","03.2018","471010000, Мангистауская область, Актау Г.А., г.Актау, \"Мангистауская область, г. Актау, промзона, ТОО \"\"МАЭК-Казатомпром\"\", здание 201\"","471010000, Мангистауская область, Актау Г.А., г.Актау, \"Мангистауская область, г. Актау, промзона, ТОО \"\"МАЭК-Казатомпром\"\"\"","DDP","С даты подписания договора в течение 45 календарных дней","Предоплата - 0% , Промежуточный платеж - 0% , Окончательный платеж - 100% ","Штука",{"v":20,"d":"20.000"},{"v":1071.42,"d":"1,071.420"},{"v":21428.4,"d":"21,428.400"},{"v":23999.81,"d":"23,999.810"},"-","Товарищество с ограниченной ответственностью \"Мангистауский атомный энергетический комбинат-Казатомпром\""]
[null,"3330321","1274 Т","259413.900.000031","Набор инструментов","для электромеханика","230:Набор:(45 предметов) :(45 предметов) ","ЦПП","-","0","03.2018","471010000, Мангистауская область, Актау Г.А., г.Актау, \"Мангистауская область, г. Актау, промзона, ТОО \"\"МАЭК-Казатомпром\"\", здание 201\"","471010000, Мангистауская область, Актау Г.А., г.Актау, \"Мангистауская область, г. Актау, промзона, ТОО \"\"МАЭК-Казатомпром\"\"\"","DDP","С даты подписания договора в течение 45 календарных дней","Предоплата - 0% , Промежуточный платеж - 0% , Окончательный платеж - 100% ","Набор",{"v":7,"d":"7.000"},{"v":16071.42,"d":"16,071.420"},{"v":112499.94,"d":"112,499.940"},{"v":125999.93,"d":"125,999.930"},"-","Товарищество с ограниченной ответственностью \"Мангистауский атомный энергетический комбинат-Казатомпром\""]
[null,"3330585","1277 Т","257330.630.000004","Отвертка","прямая","46:размер:Отвертка 125*6,0:Отвертка 125*6,0","ОИ","137-2 (не превышает тысячекратного МРП)","0","03.2018","471010000, Мангистауская область, Актау Г.А., г.Актау, \"Мангистауская область, г. Актау, промзона, ТОО \"\"МАЭК-Казатомпром\"\", здание 201\"","471010000, Мангистауская область, Актау Г.А., г.Актау, \"Мангистауская область, г. Актау, промзона, ТОО \"\"МАЭК-Казатомпром\"\"\"","DDP","С даты подписания договора в течение 45 календарных дней","Предоплата - 0% , Промежуточный платеж - 0% , Окончательный платеж - 100% ","Штука",{"v":5,"d":"5.000"},{"v":357.14,"d":"357.140"},{"v":1785.7,"d":"1,785.700"},{"v":1999.98,"d":"1,999.980"},"-","Товарищество с ограниченной ответственностью \"Мангистауский атомный энергетический комбинат-Казатомпром\""]
[null,"3330311","1279 Т","259413.900.000015","Набор инструментов","для автомобиля","230:Набор:Набор шоферской (ТУ РБ 00222901.018-94):Набор шоферской (ТУ РБ 00222901.018-94)","ЦПП","-","0","04.2018","471010000, Мангистауская область, Актау Г.А., г.Актау, \"Мангистауская область, г. Актау, промзона, ТОО \"\"МАЭК-Казатомпром\"\", здание 201\"","471010000, Мангистауская область, Актау Г.А., г.Актау, \"Мангистауская область, г. Актау, промзона, ТОО \"\"МАЭК-Казатомпром\"\"\"","DDP","С даты подписания договора в течение 45 календарных дней","Предоплата - 0% , Промежуточный платеж - 0% , Окончательный платеж - 100% ","Набор",{"v":6,"d":"6.000"},{"v":13392.85,"d":"13,392.850"},{"v":80357.1,"d":"80,357.100"},{"v":89999.95,"d":"89,999.950"},"-","Товарищество с ограниченной ответственностью \"Мангистауский атомный энергетический комбинат-Казатомпром\""]
[null,"3330583","1282 Т","257330.630.000004","Отвертка","прямая","46:размер:Отвертка 125*2:Отвертка 125*2","ОИ","137-2 (не превышает тысячекратного МРП)","0","04.2018","471010000, Мангистауская область, Актау Г.А., г.Актау, \"Мангистауская область, г. Актау, промзона, ТОО \"\"МАЭК-Казатомпром\"\", здание 201\"","471010000, Мангистауская область, Актау Г.А., г.Актау, \"Мангистауская область, г. Актау, промзона, ТОО \"\"МАЭК-Казатомпром\"\"\"","DDP","С даты подписания договора в течение 45 календарных дней","Предоплата - 0% , Промежуточный платеж - 0% , Окончательный платеж - 100% ","Штука",{"v":10,"d":"10.000"},{"v":357.14,"d":"357.140"},{"v":3571.4,"d":"3,571.400"},{"v":3999.97,"d":"3,999.970"},"-","Товарищество с ограниченной ответственностью \"Мангистауский атомный энергетический комбинат-Казатомпром\""]
[null,"3330315","1285 Т","257330.930.000037","Набор слесарный","профессиональный","230:Набор:Набор слесарный инструментный электрический (ТУ2 035 1802569 004 88):Набор слесарный инструментный электрический (ТУ2 035 1802569 004 88)","ОИ","137-2 (не превышает тысячекратного МРП)","0","02.2018","471010000, Мангистауская область, Актау Г.А., г.Актау, \"Мангистауская область, г. Актау, промзона, ТОО \"\"МАЭК-Казатомпром\"\", здание 201\"","471010000, Мангистауская область, Актау Г.А., г.Актау, \"Мангистауская область, г. Актау, промзона, ТОО \"\"МАЭК-Казатомпром\"\"\"","DDP","С даты подписания договора в течение 45 календарных дней","Предоплата - 0% , Промежуточный платеж - 0% , Окончательный платеж - 100% ","Штука",{"v":11,"d":"11.000"},{"v":13392.85,"d":"13,392.850"},{"v":147321.35,"d":"147,321.350"},{"v":164999.91,"d":"164,999.910"},"-","Товарищество с ограниченной ответственностью \"Мангистауский атомный энергетический комбинат-Казатомпром\""]
[null,"3331727","1288 Т","257330.630.000004","Отвертка","прямая","46:размер:Отвертка 190х1,0 (ГОСТ 17199-88):Отвертка 190х1,0 (ГОСТ 17199-88)","ОИ","137-2 (не превышает тысячекратного МРП)","0","01.2018","471010000, Мангистауская область, Актау Г.А., г.Актау, \"Мангистауская область, г. Актау, промзона, ТОО \"\"МАЭК-Казатомпром\"\", здание 201\"","471010000, Мангистауская область, Актау Г.А., г.Актау, \"Мангистауская область, г. Актау, промзона, ТОО \"\"МАЭК-Казатомпром\"\"\"","DDP","С даты подписания договора в течение 45 календарных дней","Предоплата - 0% , Промежуточный платеж - 0% , Окончательный платеж - 100% ","Штука",{"v":50,"d":"50.000"},{"v":535.71,"d":"535.710"},{"v":26785.5,"d":"26,785.500"},{"v":29999.76,"d":"29,999.760"},"-","Товарищество с ограниченной ответственностью \"Мангистауский атомный энергетический комбинат-Казатомпром\""]
[null,"3331179","1293 Т","257330.630.000003","Отвертка","крестообразная","46:размер:Отвертка крестовая РН 1*200 мм:Отвертка крестовая РН 1*200 мм","ОИ","137-2 (не превышает тысячекратного МРП)","0","06.2018","471010000, Мангистауская область, Актау Г.А., г.Актау, \"Мангистауская область, г. Актау, промзона, ТОО \"\"МАЭК-Казатомпром\"\", здание 201\"","471010000, Мангистауская область, Актау Г.А., г.Актау, \"Мангистауская область, г. Актау, промзона, ТОО \"\"МАЭК-Казатомпром\"\"\"","DDP","С даты подписания договора в течение 45 календарных дней","Предоплата - 0% , Промежуточный платеж - 0% , Окончательный платеж - 100% ","Штука",{"v":15,"d":"15.000"},{"v":750,"d":"750.000"},{"v":11250,"d":"11,250.000"},{"v":12600,"d":"12,600.000"},"-","Товарищество с ограниченной ответственностью \"Мангистауский атомный энергетический комбинат-Казатомпром\""]
[null,"3330626","1296 Т","257330.630.000004","Отвертка","прямая","46:размер:Отвертка пр.205 (ГОСТ 17199-88):Отвертка пр.205 (ГОСТ 17199-88)","ОИ","137-2 (не превышает тысячекратного МРП)","0","07.2018","471010000, Мангистауская область, Актау Г.А., г.Актау, \"Мангистауская область, г. Актау, промзона, ТОО \"\"МАЭК-Казатомпром\"\", здание 201\"","471010000, Мангистауская область, Актау Г.А., г.Актау, \"Мангистауская область, г. Актау, промзона, ТОО \"\"МАЭК-Казатомпром\"\"\"","DDP","С даты подписания договора в течение 45 календарных дней","Предоплата - 0% , Промежуточный платеж - 0% , Окончательный платеж - 100% ","Штука",{"v":10,"d":"10.000"},{"v":580.35,"d":"580.350"},{"v":5803.5,"d":"5,803.500"},{"v":6499.92,"d":"6,499.920"},"-","Товарищество с ограниченной ответственностью \"Мангистауский атомный энергетический комбинат-Казатомпром\""]
[null,"3330558","1301 Т","257330.630.000000","Набор отверток","универсальный","230:Набор:Набор отверток (6 шт):Набор отверток (6 шт)","ОИ","137-2 (не превышает тысячекратного МРП)","0","01.2018","471010000, Мангистауская область, Актау Г.А., г.Актау, \"Мангистауская область, г. Актау, промзона, ТОО \"\"МАЭК-Казатомпром\"\", здание 201\"","471010000, Мангистауская область, Актау Г.А., г.Актау, \"Мангистауская область, г. Актау, промзона, ТОО \"\"МАЭК-Казатомпром\"\"\"","DDP","С даты подписания договора в течение 45 календарных дней","Предоплата - 0% , Промежуточный платеж - 0% , Окончательный платеж - 100% ","Штука",{"v":23,"d":"23.000"},{"v":3200,"d":"3,200.000"},{"v":73600,"d":"73,600.000"},{"v":82432,"d":"82,432.000"},"-","Товарищество с ограниченной ответственностью \"Мангистауский атомный энергетический комбинат-Казатомпром\""]
[null,"3330624","1304 Т","257330.630.000004","Отвертка","прямая","46:размер:Отвертка пр.155 (ГОСТ 17199-88):Отвертка пр.155 (ГОСТ 17199-88)","ОИ","137-2 (не превышает тысячекратного МРП)","0","01.2018","471010000, Мангистауская область, Актау Г.А., г.Актау, \"Мангистауская область, г. Актау, промзона, ТОО \"\"МАЭК-Казатомпром\"\", здание 201\"","471010000, Мангистауская область, Актау Г.А., г.Актау, \"Мангистауская область, г. Актау, промзона, ТОО \"\"МАЭК-Казатомпром\"\"\"","DDP","С даты подписания договора в течение 45 календарных дней","Предоплата - 0% , Промежуточный платеж - 0% , Окончательный платеж - 100% ","Штука",{"v":25,"d":"25.000"},{"v":1071.42,"d":"1,071.420"},{"v":26785.5,"d":"26,785.500"},{"v":29999.76,"d":"29,999.760"},"-","Товарищество с ограниченной ответственностью \"Мангистауский атомный энергетический комбинат-Казатомпром\""]
[null,"3330620","1305 Т","257330.630.000004","Отвертка","прямая","46:размер:Отвертка пр.95 (ГОСТ 17199-88):Отвертка пр.95 (ГОСТ 17199-88)","ОИ","137-2 (не превышает тысячекратного МРП)","0","04.2018","471010000, Мангистауская область, Актау Г.А., г.Актау, \"Мангистауская область, г. Актау, промзона, ТОО \"\"МАЭК-Казатомпром\"\", здание 201\"","471010000, Мангистауская область, Актау Г.А., г.Актау, \"Мангистауская область, г. Актау, промзона, ТОО \"\"МАЭК-Казатомпром\"\"\"","DDP","С даты подписания договора в течение 45 календарных дней","Предоплата - 0% , Промежуточный платеж - 0% , Окончательный платеж - 100% ","Штука",{"v":16,"d":"16.000"},{"v":267.85,"d":"267.850"},{"v":4285.6,"d":"4,285.600"},{"v":4799.87,"d":"4,799.870"},"-","Товарищество с ограниченной ответственностью \"Мангистауский атомный энергетический комбинат-Казатомпром\""]
[null,"3347035","1310 Т","251123.600.000013","Хомут","червячный, стальной","46:размер:Хомут червячный 28-35 (ГОСТ 28191-89):Хомут червячный 28-35 (ГОСТ 28191-89)","ОИ","137-2 (не превышает тысячекратного МРП)","0","01.2018","471010000, Мангистауская область, Актау Г.А., г.Актау, \"Мангистауская область, г. Актау, промзона, ТОО \"\"МАЭК-Казатомпром\"\", здание 201\"","471010000, Мангистауская область, Актау Г.А., г.Актау, \"Мангистауская область, г. Актау, промзона, ТОО \"\"МАЭК-Казатомпром\"\"\"","DDP","С даты подписания договора в течение 45 календарных дней","Предоплата - 0% , Промежуточный платеж - 0% , Окончательный платеж - 100% ","Штука",{"v":200,"d":"200.000"},{"v":125,"d":"125.000"},{"v":25000,"d":"25,000.000"},{"v":28000,"d":"28,000.000"},"-","Товарищество с ограниченной ответственностью \"Мангистауский атомный энергетический комбинат-Казатомпром\""]
[null,"3347034","1312 Т","251123.600.000013","Хомут","червячный, стальной","46:размер:Хомут червячный 18-25 (ГОСТ 28191-89):Хомут червячный 18-25 (ГОСТ 28191-89)","ОИ","137-2 (не превышает тысячекратного МРП)","0","01.2018","471010000, Мангистауская область, Актау Г.А., г.Актау, \"Мангистауская область, г. Актау, промзона, ТОО \"\"МАЭК-Казатомпром\"\", здание 201\"","471010000, Мангистауская область, Актау Г.А., г.Актау, \"Мангистауская область, г. Актау, промзона, ТОО \"\"МАЭК-Казатомпром\"\"\"","DDP","С даты подписания договора в течение 45 календарных дней","Предоплата - 0% , Промежуточный платеж - 0% , Окончательный платеж - 100% ","Штука",{"v":200,"d":"200.000"},{"v":105,"d":"105.000"},{"v":21000,"d":"21,000.000"},{"v":23520,"d":"23,520.000"},"-","Товарищество с ограниченной ответственностью \"Мангистауский атомный энергетический комбинат-Казатомпром\""]
[null,"3347014","1316 Т","282411.510.000000","Аппарат","углошлифовальный, ручной, Косвенная доказательнная база ГОСТ 15518-87","462:Тип:Углошлифовальная машинка:Углошлифовальная машинка","ОИ","137-2 (не превышает тысячекратного МРП)","0","04.2018","471010000, Мангистауская область, Актау Г.А., г.Актау, \"Мангистауская область, г. Актау, промзона, ТОО \"\"МАЭК-Казатомпром\"\", здание 201\"","471010000, Мангистауская область, Актау Г.А., г.Актау, \"Мангистауская область, г. Актау, промзона, ТОО \"\"МАЭК-Казатомпром\"\"\"","DDP","С даты подписания договора в течение 45 календарных дней","Предоплата - 0% , Промежуточный платеж - 0% , Окончательный платеж - 100% ","Штука",{"v":5,"d":"5.000"},{"v":68280,"d":"68,280.000"},{"v":341400,"d":"341,400.000"},{"v":382368,"d":"382,368.000"},"-","Товарищество с ограниченной ответственностью \"Мангистауский атомный энергетический комбинат-Казатомпром\""]
[null,"3346868","1319 Т","257330.650.000023","Шуруповерт","ручной","462:Тип:Шуруповерт 12в, аккумукляторный:Шуруповерт 12в, аккумукляторный","ОИ","137-2 (не превышает тысячекратного МРП)","0","06.2018","471010000, Мангистауская область, Актау Г.А., г.Актау, \"Мангистауская область, г. Актау, промзона, ТОО \"\"МАЭК-Казатомпром\"\", здание 201\"","471010000, Мангистауская область, Актау Г.А., г.Актау, \"Мангистауская область, г. Актау, промзона, ТОО \"\"МАЭК-Казатомпром\"\"\"","DDP","С даты подписания договора в течение 30 календарных дней","Предоплата - 0% , Промежуточный платеж - 0% , Окончательный платеж - 100% ","Штука",{"v":5,"d":"5.000"},{"v":26500,"d":"26,500.000"},{"v":132500,"d":"132,500.000"},{"v":148400,"d":"148,400.000"},"-","Товарищество с ограниченной ответственностью \"Мангистауский атомный энергетический комбинат-Казатомпром\""]
[null,"3347036","1324 Т","251123.600.000013","Хомут","червячный, стальной","46:размер:Хомут червячный 19-44 (ГОСТ 28191-89):Хомут червячный 19-44 (ГОСТ 28191-89)","ОИ","137-2 (не превышает тысячекратного МРП)","0","01.2018","471010000, Мангистауская область, Актау Г.А., г.Актау, \"Мангистауская область, г. Актау, промзона, ТОО \"\"МАЭК-Казатомпром\"\", здание 201\"","471010000, Мангистауская область, Актау Г.А., г.Актау, \"Мангистауская область, г. Актау, промзона, ТОО \"\"МАЭК-Казатомпром\"\"\"","DDP","С даты подписания договора в течение 45 календарных дней","Предоплата - 0% , Промежуточный платеж - 0% , Окончательный платеж - 100% ","Штука",{"v":50,"d":"50.000"},{"v":110,"d":"110.000"},{"v":5500,"d":"5,500.000"},{"v":6160,"d":"6,160.000"},"-","Товарищество с ограниченной ответственностью \"Мангистауский атомный энергетический комбинат-Казатомпром\""]
[null,"3340571","1327 Т","257330.930.000033","Дрель","магнитная","462:Тип:Дрель электрическая удар/ревер 780В 2800об:Дрель электрическая удар/ревер 780В 2800об","ОИ","137-2 (не превышает тысячекратного МРП)","0","01.2018","471010000, Мангистауская область, Актау Г.А., г.Актау, \"Мангистауская область, г. Актау, промзона, ТОО \"\"МАЭК-Казатомпром\"\", здание 201\"","471010000, Мангистауская область, Актау Г.А., г.Актау, \"Мангистауская область, г. Актау, промзона, ТОО \"\"МАЭК-Казатомпром\"\"\"","DDP","С даты подписания договора в течение 45 календарных дней","Предоплата - 0% , Промежуточный платеж - 0% , Окончательный платеж - 100% ","Штука",{"v":3,"d":"3.000"},{"v":22321.42,"d":"22,321.420"},{"v":66964.26,"d":"66,964.260"},{"v":74999.97,"d":"74,999.970"},"-","Товарищество с ограниченной ответственностью \"Мангистауский атомный энергетический комбинат-Казатомпром\""]
[null,"3347037","1328 Т","251123.600.000013","Хомут","червячный, стальной","46:размер:Хомут червячный 13-26 (ГОСТ 28191-89):Хомут червячный 13-26 (ГОСТ 28191-89)","ОИ","137-2 (не превышает тысячекратного МРП)","0","01.2018","471010000, Мангистауская область, Актау Г.А., г.Актау, \"Мангистауская область, г. Актау, промзона, ТОО \"\"МАЭК-Казатомпром\"\", здание 201\"","471010000, Мангистауская область, Актау Г.А., г.Актау, \"Мангистауская область, г. Актау, промзона, ТОО \"\"МАЭК-Казатомпром\"\"\"","DDP","С даты подписания договора в течение 45 календарных дней","Предоплата - 0% , Промежуточный платеж - 0% , Окончательный платеж - 100% ","Штука",{"v":70,"d":"70.000"},{"v":110,"d":"110.000"},{"v":7700,"d":"7,700.000"},{"v":8624,"d":"8,624.000"},"-","Товарищество с ограниченной ответственностью \"Мангистауский атомный энергетический комбинат-Казатомпром\""]
[null,"3347040","1332 Т","282411.900.000019","Перфоратор","электрический","462:Тип:Перфоратор c пылеотсосом HR2610 (800Вт, 1200об/мин, 2,9Дж, 4600 уд/мин, SDS+):Перфоратор c пылеотсосом HR2610 (800Вт, 1200об/мин, 2,9Дж, 4600 уд/мин, SDS+)","ОИ","137-2 (не превышает тысячекратного МРП)","0","06.2018","471010000, Мангистауская область, Актау Г.А., г.Актау, \"Мангистауская область, г. Актау, промзона, ТОО \"\"МАЭК-Казатомпром\"\", здание 201\"","471010000, Мангистауская область, Актау Г.А., г.Актау, \"Мангистауская область, г. Актау, промзона, ТОО \"\"МАЭК-Казатомпром\"\"\"","DDP","С даты подписания договора в течение 30 календарных дней","Предоплата - 0% , Промежуточный платеж - 0% , Окончательный платеж - 100% ","Штука",{"v":3,"d":"3.000"},{"v":89285.71,"d":"89,285.710"},{"v":267857.13,"d":"267,857.130"},{"v":299999.99,"d":"299,999.990"},"-","Товарищество с ограниченной ответственностью \"Мангистауский атомный энергетический комбинат-Казатомпром\""]
[null,"3350342","1337 Т","257330.100.000010","Напильник","01-60 HRC, трехгранный","462:Тип:Напильник трехгранний №3  300 (ГОСТ 1465-80):Напильник трехгранний №3  300 (ГОСТ 1465-80)","ОИ","137-2 (не превышает тысячекратного МРП)","0","01.2018","471010000, Мангистауская область, Актау Г.А., г.Актау, \"Мангистауская область, г. Актау, промзона, ТОО \"\"МАЭК-Казатомпром\"\", здание 201\"","471010000, Мангистауская область, Актау Г.А., г.Актау, \"Мангистауская область, г. Актау, промзона, ТОО \"\"МАЭК-Казатомпром\"\"\"","DDP","С даты подписания договора в течение 45 календарных дней","Предоплата - 0% , Промежуточный платеж - 0% , Окончательный платеж - 100% ","Штука",{"v":65,"d":"65.000"},{"v":2053.57,"d":"2,053.570"},{"v":133482.05,"d":"133,482.050"},{"v":149499.9,"d":"149,499.900"},"-","Товарищество с ограниченной ответственностью \"Мангистауский атомный энергетический комбинат-Казатомпром\""]
[null,"3350348","1339 Т","257330.100.000007","Напильник","01-60 HRC, квадратный","462:Тип:Напильгик квадр.№1 400 (ГОСТ 1465-80):Напильгик квадр.№1 400 (ГОСТ 1465-80)","ОИ","137-2 (не превышает тысячекратного МРП)","0","01.2018","471010000, Мангистауская область, Актау Г.А., г.Актау, \"Мангистауская область, г. Актау, промзона, ТОО \"\"МАЭК-Казатомпром\"\", здание 201\"","471010000, Мангистауская область, Актау Г.А., г.Актау, \"Мангистауская область, г. Актау, промзона, ТОО \"\"МАЭК-Казатомпром\"\"\"","DDP","С даты подписания договора в течение 45 календарных дней","Предоплата - 0% , Промежуточный платеж - 0% , Окончательный платеж - 100% ","Штука",{"v":95,"d":"95.000"},{"v":1428.57,"d":"1,428.570"},{"v":135714.15,"d":"135,714.150"},{"v":151999.85,"d":"151,999.850"},"-","Товарищество с ограниченной ответственностью \"Мангистауский атомный энергетический комбинат-Казатомпром\""]
[null,"3350340","1343 Т","257330.100.000010","Напильник","01-60 HRC, трехгранный","462:Тип:Напильник трехгранний №1  300 (ГОСТ 1465-80):Напильник трехгранний №1  300 (ГОСТ 1465-80)","ОИ","137-2 (не превышает тысячекратного МРП)","0","01.2018","471010000, Мангистауская область, Актау Г.А., г.Актау, \"Мангистауская область, г. Актау, промзона, ТОО \"\"МАЭК-Казатомпром\"\", здание 201\"","471010000, Мангистауская область, Актау Г.А., г.Актау, \"Мангистауская область, г. Актау, промзона, ТОО \"\"МАЭК-Казатомпром\"\"\"","DDP","С даты подписания договора в течение 45 календарных дней","Предоплата - 0% , Промежуточный платеж - 0% , Окончательный платеж - 100% ","Штука",{"v":65,"d":"65.000"},{"v":1428.57,"d":"1,428.570"},{"v":92857.05,"d":"92,857.050"},{"v":103999.9,"d":"103,999.900"},"-","Товарищество с ограниченной ответственностью \"Мангистауский атомный энергетический комбинат-Казатомпром\""]
[null,"3350323","1346 Т","257330.100.000019","Напильник","01-60 HRC, круглый","462:Тип:Напильник кругл. №1 l400 (ГОСТ 1465-80):Напильник кругл. №1 l400 (ГОСТ 1465-80)","ОИ","137-2 (не превышает тысячекратного МРП)","0","01.2018","471010000, Мангистауская область, Актау Г.А., г.Актау, \"Мангистауская область, г. Актау, промзона, ТОО \"\"МАЭК-Казатомпром\"\", здание 201\"","471010000, Мангистауская область, Актау Г.А., г.Актау, \"Мангистауская область, г. Актау, промзона, ТОО \"\"МАЭК-Казатомпром\"\"\"","DDP","С даты подписания договора в течение 45 календарных дней","Предоплата - 0% , Промежуточный платеж - 0% , Окончательный платеж - 100% ","Штука",{"v":45,"d":"45.000"},{"v":2232.14,"d":"2,232.140"},{"v":100446.3,"d":"100,446.300"},{"v":112499.86,"d":"112,499.860"},"-","Товарищество с ограниченной ответственностью \"Мангистауский атомный энергетический комбинат-Казатомпром\""]
[null,"3350322","1351 Т","257330.100.000007","Напильник","01-60 HRC, квадратный","462:Тип:Напильник квадр. №2 l400 (ГОСТ 1465-80):Напильник квадр. №2 l400 (ГОСТ 1465-80)","ОИ","137-2 (не превышает тысячекратного МРП)","0","01.2018","471010000, Мангистауская область, Актау Г.А., г.Актау, \"Мангистауская область, г. Актау, промзона, ТОО \"\"МАЭК-Казатомпром\"\", здание 201\"","471010000, Мангистауская область, Актау Г.А., г.Актау, \"Мангистауская область, г. Актау, промзона, ТОО \"\"МАЭК-Казатомпром\"\"\"","DDP","С даты подписания договора в течение 45 календарных дней","Предоплата - 0% , Промежуточный платеж - 0% , Окончательный платеж - 100% ","Штука",{"v":70,"d":"70.000"},{"v":1428.57,"d":"1,428.570"},{"v":99999.9,"d":"99,999.900"},{"v":111999.89,"d":"111,999.890"},"-","Товарищество с ограниченной ответственностью \"Мангистауский атомный энергетический комбинат-Казатомпром\""]
[null,"3356505","1354 Т","257330.100.000031","Надфиль","круглый","46:размер:Надфиль круг.4*160 80 n 0 (ГОСТ 1513-77):Надфиль круг.4*160 80 n 0 (ГОСТ 1513-77)","ОИ","137-2 (не превышает тысячекратного МРП)","0","01.2018","471010000, Мангистауская область, Актау Г.А., г.Актау, \"Мангистауская область, г. Актау, промзона, ТОО \"\"МАЭК-Казатомпром\"\", здание 201\"","471010000, Мангистауская область, Актау Г.А., г.Актау, \"Мангистауская область, г. Актау, промзона, ТОО \"\"МАЭК-Казатомпром\"\"\"","DDP","С даты подписания договора в течение 45 календарных дней","Предоплата - 0% , Промежуточный платеж - 0% , Окончательный платеж - 100% ","Штука",{"v":10,"d":"10.000"},{"v":550,"d":"550.000"},{"v":5500,"d":"5,500.000"},{"v":6160,"d":"6,160.000"},"-","Товарищество с ограниченной ответственностью \"Мангистауский атомный энергетический комбинат-Казатомпром\""]
[null,"3350327","1355 Т","257330.100.000007","Напильник","01-60 HRC, квадратный","46:размер:Напильник квадр. №3 400 (ГОСТ 1465-80):Напильник квадр. №3 400 (ГОСТ 1465-80)","ОИ","137-2 (не превышает тысячекратного МРП)","0","01.2018","471010000, Мангистауская область, Актау Г.А., г.Актау, \"Мангистауская область, г. Актау, промзона, ТОО \"\"МАЭК-Казатомпром\"\", здание 201\"","471010000, Мангистауская область, Актау Г.А., г.Актау, \"Мангистауская область, г. Актау, промзона, ТОО \"\"МАЭК-Казатомпром\"\"\"","DDP","С даты подписания договора в течение 45 календарных дней","Предоплата - 0% , Промежуточный платеж - 0% , Окончательный платеж - 100% ","Штука",{"v":95,"d":"95.000"},{"v":1428.57,"d":"1,428.570"},{"v":135714.15,"d":"135,714.150"},{"v":151999.85,"d":"151,999.850"},"-","Товарищество с ограниченной ответственностью \"Мангистауский атомный энергетический комбинат-Казатомпром\""]
[null,"3419398","1359 Т","265133.900.000048","Рулетка","из нержавеющей стали","110:Длина:Рулетки 20метр (ГОСТ 7502-89):Рулетки 20метр (ГОСТ 7502-89)","ОИ","137-2 (не превышает тысячекратного МРП)","0","07.2018","471010000, Мангистауская область, Актау Г.А., г.Актау, \"Мангистауская область, г. Актау, промзона, ТОО \"\"МАЭК-Казатомпром\"\", здание 201\"","471010000, Мангистауская область, Актау Г.А., г.Актау, \"Мангистауская область, г. Актау, промзона, ТОО \"\"МАЭК-Казатомпром\"\"\"","DDP","С даты подписания договора в течение 45 календарных дней","Предоплата - 0% , Промежуточный платеж - 0% , Окончательный платеж - 100% ","Штука",{"v":1,"d":"1.000"},{"v":4347,"d":"4,347.000"},{"v":4347,"d":"4,347.000"},{"v":4868.64,"d":"4,868.640"},"-","Товарищество с ограниченной ответственностью \"Мангистауский атомный энергетический комбинат-Казатомпром\""]
[null,"3417826","1362 Т","265182.500.000119","Щуп","измерительный","230:Набор:Набор щупов  №2 (ГОСТ 882-75):Набор щупов  №2 (ГОСТ 882-75)","ОИ","137-2 (не превышает тысячекратного МРП)","0","01.2018","471010000, Мангистауская область, Актау Г.А., г.Актау, \"Мангистауская область, г. Актау, промзона, ТОО \"\"МАЭК-Казатомпром\"\", здание 201\"","471010000, Мангистауская область, Актау Г.А., г.Актау, \"Мангистауская область, г. Актау, промзона, ТОО \"\"МАЭК-Казатомпром\"\"\"","DDP","С даты подписания договора в течение 45 календарных дней","Предоплата - 0% , Промежуточный платеж - 0% , Окончательный платеж - 100% ","Штука",{"v":50,"d":"50.000"},{"v":2678.57,"d":"2,678.570"},{"v":133928.5,"d":"133,928.500"},{"v":149999.92,"d":"149,999.920"},"-","Товарищество с ограниченной ответственностью \"Мангистауский атомный энергетический комбинат-Казатомпром\""]
[null,"3419696","1368 Т","265132.500.000007","Линейка-уровень","металлическая","462:Тип:Уровень строительный УС5-1 L300 мм (ГОСТ 9416-83):Уровень строительный УС5-1 L300 мм (ГОСТ 9416-83)","ОИ","137-2 (не превышает тысячекратного МРП)","0","01.2018","471010000, Мангистауская область, Актау Г.А., г.Актау, \"Мангистауская область, г. Актау, промзона, ТОО \"\"МАЭК-Казатомпром\"\", здание 201\"","471010000, Мангистауская область, Актау Г.А., г.Актау, \"Мангистауская область, г. Актау, промзона, ТОО \"\"МАЭК-Казатомпром\"\"\"","DDP","С даты подписания договора в течение 45 календарных дней","Предоплата - 0% , Промежуточный платеж - 0% , Окончательный платеж - 100% ","Штука",{"v":6,"d":"6.000"},{"v":4464.28,"d":"4,464.280"},{"v":26785.68,"d":"26,785.680"},{"v":29999.96,"d":"29,999.960"},"-","Товарищество с ограниченной ответственностью \"Мангистауский атомный энергетический комбинат-Казатомпром\""]
[null,"3418612","1370 Т","265132.500.000000","Линейка","измерительная","110:Длина:Линейка 300мм (ГОСТ 427-75):Линейка 300мм (ГОСТ 427-75)","ОИ","137-2 (не превышает тысячекратного МРП)","0","01.2018","471010000, Мангистауская область, Актау Г.А., г.Актау, \"Мангистауская область, г. Актау, промзона, ТОО \"\"МАЭК-Казатомпром\"\", здание 201\"","471010000, Мангистауская область, Актау Г.А., г.Актау, \"Мангистауская область, г. Актау, промзона, ТОО \"\"МАЭК-Казатомпром\"\"\"","DDP","С даты подписания договора в течение 45 календарных дней","Предоплата - 0% , Промежуточный платеж - 0% , Окончательный платеж - 100% ","Штука",{"v":5,"d":"5.000"},{"v":434.7,"d":"434.700"},{"v":2173.5,"d":"2,173.500"},{"v":2434.32,"d":"2,434.320"},"-","Товарищество с ограниченной ответственностью \"Мангистауский атомный энергетический комбинат-Казатомпром\""]
[null,"3418851","1373 Т","265132.500.000000","Линейка","измерительная","462:Тип:Линейка  металлическая 1000 (ГОСТ 427):Линейка  металлическая 1000 (ГОСТ 427)","ОИ","137-2 (не превышает тысячекратного МРП)","0","04.2018","471010000, Мангистауская область, Актау Г.А., г.Актау, \"Мангистауская область, г. Актау, промзона, ТОО \"\"МАЭК-Казатомпром\"\", здание 201\"","471010000, Мангистауская область, Актау Г.А., г.Актау, \"Мангистауская область, г. Актау, промзона, ТОО \"\"МАЭК-Казатомпром\"\"\"","DDP","С даты подписания договора в течение 45 календарных дней","Предоплата - 0% , Промежуточный платеж - 0% , Окончательный платеж - 100% ","Штука",{"v":1,"d":"1.000"},{"v":2000,"d":"2,000.000"},{"v":2000,"d":"2,000.000"},{"v":2240,"d":"2,240.000"},"-","Товарищество с ограниченной ответственностью \"Мангистауский атомный энергетический комбинат-Казатомпром\""]
[null,"3419341","1377 Т","265133.900.000048","Рулетка","из нержавеющей стали","110:Длина:Рулетка 10 м (ГОСТ 7502-89):Рулетка 10 м (ГОСТ 7502-89)","ОИ","137-2 (не превышает тысячекратного МРП)","0","01.2018","471010000, Мангистауская область, Актау Г.А., г.Актау, \"Мангистауская область, г. Актау, промзона, ТОО \"\"МАЭК-Казатомпром\"\", здание 201\"","471010000, Мангистауская область, Актау Г.А., г.Актау, \"Мангистауская область, г. Актау, промзона, ТОО \"\"МАЭК-Казатомпром\"\"\"","DDP","С даты подписания договора в течение 45 календарных дней","Предоплата - 0% , Промежуточный платеж - 0% , Окончательный платеж - 100% ","Штука",{"v":22,"d":"22.000"},{"v":5803.57,"d":"5,803.570"},{"v":127678.54,"d":"127,678.540"},{"v":142999.96,"d":"142,999.960"},"-","Товарищество с ограниченной ответственностью \"Мангистауский атомный энергетический комбинат-Казатомпром\""]
[null,"3431653","1381 Т","282970.300.000018","Паяльник","для низкотемпературной пайки, электрический","462:Тип:ЭЛЕКТРОПАЯЛЬНИК 40/220 (ГОСТ 7219-83):ЭЛЕКТРОПАЯЛЬНИК 40/220 (ГОСТ 7219-83)","ОИ","137-2 (не превышает тысячекратного МРП)","0","01.2018","471010000, Мангистауская область, Актау Г.А., г.Актау, \"Мангистауская область, г. Актау, промзона, ТОО \"\"МАЭК-Казатомпром\"\", здание 201\"","471010000, Мангистауская область, Актау Г.А., г.Актау, \"Мангистауская область, г. Актау, промзона, ТОО \"\"МАЭК-Казатомпром\"\"\"","DDP","С даты подписания договора в течение 45 календарных дней","Предоплата - 0% , Промежуточный платеж - 0% , Окончательный платеж - 100% ","Штука",{"v":43,"d":"43.000"},{"v":1620,"d":"1,620.000"},{"v":69660,"d":"69,660.000"},{"v":78019.2,"d":"78,019.200"},"-","Товарищество с ограниченной ответственностью \"Мангистауский атомный энергетический комбинат-Казатомпром\""]
[null,"3450520","1384 Т","265133.900.000006","Индикатор часовой","обыкновенного типа","462:Тип:Индикатор ич10 кл.0 бу (ГОСТ 5584-75):Индикатор ич10 кл.0 бу (ГОСТ 5584-75)","ОИ","137-2 (не превышает тысячекратного МРП)","0","01.2018","471010000, Мангистауская область, Актау Г.А., г.Актау, \"Мангистауская область, г. Актау, промзона, ТОО \"\"МАЭК-Казатомпром\"\", здание 201\"","471010000, Мангистауская область, Актау Г.А., г.Актау, \"Мангистауская область, г. Актау, промзона, ТОО \"\"МАЭК-Казатомпром\"\"\"","DDP","С даты подписания договора в течение 45 календарных дней","Предоплата - 0% , Промежуточный платеж - 0% , Окончательный платеж - 100% ","Комплект",{"v":22,"d":"22.000"},{"v":12500,"d":"12,500.000"},{"v":275000,"d":"275,000.000"},{"v":308000,"d":"308,000.000"},"-","Товарищество с ограниченной ответственностью \"Мангистауский атомный энергетический комбинат-Казатомпром\""]
[null,"3453810","1386 Т","265133.900.000004","Шаблон","слесарный, универсальный","462:Тип:Резьбомер метрический (ГОСТ 519-77):Резьбомер метрический (ГОСТ 519-77)","ОИ","137-2 (не превышает тысячекратного МРП)","0","07.2018","471010000, Мангистауская область, Актау Г.А., г.Актау, \"Мангистауская область, г. Актау, промзона, ТОО \"\"МАЭК-Казатомпром\"\", здание 201\"","471010000, Мангистауская область, Актау Г.А., г.Актау, \"Мангистауская область, г. Актау, промзона, ТОО \"\"МАЭК-Казатомпром\"\"\"","DDP","С даты подписания договора в течение 30 календарных дней","Предоплата - 0% , Промежуточный платеж - 0% , Окончательный платеж - 100% ","Штука",{"v":10,"d":"10.000"},{"v":3840,"d":"3,840.000"},{"v":38400,"d":"38,400.000"},{"v":43008,"d":"43,008.000"},"-","Товарищество с ограниченной ответственностью \"Мангистауский атомный энергетический комбинат-Казатомпром\""]
[null,"3530693","1389 Т","201364.500.000002","Карбид бора","кристаллы","462:Тип:Карбид бора с зернами 0,4-0,5 (ГОСТ 5744-85):Карбид бора с зернами 0,4-0,5 (ГОСТ 5744-85)","ОИ","137-2 (не превышает тысячекратного МРП)","0","01.2018","471010000, Мангистауская область, Актау Г.А., г.Актау, \"Мангистауская область, г. Актау, промзона, ТОО \"\"МАЭК-Казатомпром\"\", здание 201\"","471010000, Мангистауская область, Актау Г.А., г.Актау, \"Мангистауская область, г. Актау, промзона, ТОО \"\"МАЭК-Казатомпром\"\"\"","DDP","С даты подписания договора в течение 45 календарных дней","Предоплата - 0% , Промежуточный платеж - 0% , Окончательный платеж - 100% ","Килограмм",{"v":50,"d":"50.000"},{"v":9936,"d":"9,936.000"},{"v":496800,"d":"496,800.000"},{"v":556416,"d":"556,416.000"},"-","Товарищество с ограниченной ответственностью \"Мангистауский атомный энергетический комбинат-Казатомпром\""]
[null,"3540934","1395 Т","239111.700.000000","Круг","шлифматериал алмаз, на бакелитовой связке, отрезной","46:размер:Круг отрезной алмазный 230х3 (ГОСТ 16615-88):Круг отрезной алмазный 230х3 (ГОСТ 16615-88)","ЦПП","-","0","04.2018","471010000, Мангистауская область, Актау Г.А., г.Актау, \"Мангистауская область, г. Актау, промзона, ТОО \"\"МАЭК-Казатомпром\"\", здание 201\"","471010000, Мангистауская область, Актау Г.А., г.Актау, \"Мангистауская область, г. Актау, промзона, ТОО \"\"МАЭК-Казатомпром\"\"\"","DDP","С даты подписания договора в течение 45 календарных дней","Предоплата - 0% , Промежуточный платеж - 0% , Окончательный платеж - 100% ","Штука",{"v":5,"d":"5.000"},{"v":3456,"d":"3,456.000"},{"v":17280,"d":"17,280.000"},{"v":19353.6,"d":"19,353.600"},"-","Товарищество с ограниченной ответственностью \"Мангистауский атомный энергетический комбинат-Казатомпром\""]
[null,"3540143","1397 Т","257330.900.000004","Карандаш алмазный","тип 3","462:Тип:Карандаш алмазный 3908-0090 (ГОСТ 607-80, тип 3):Карандаш алмазный 3908-0090 (ГОСТ 607-80, тип 3)","ОИ","137-2 (не превышает тысячекратного МРП)","0","05.2018","471010000, Мангистауская область, Актау Г.А., г.Актау, \"Мангистауская область, г. Актау, промзона, ТОО \"\"МАЭК-Казатомпром\"\", здание 201\"","471010000, Мангистауская область, Актау Г.А., г.Актау, \"Мангистауская область, г. Актау, промзона, ТОО \"\"МАЭК-Казатомпром\"\"\"","DDP","С даты подписания договора в течение 45 календарных дней","Предоплата - 0% , Промежуточный платеж - 0% , Окончательный платеж - 100% ","Штука",{"v":1,"d":"1.000"},{"v":7452,"d":"7,452.000"},{"v":7452,"d":"7,452.000"},{"v":8346.24,"d":"8,346.240"},"-","Товарищество с ограниченной ответственностью \"Мангистауский атомный энергетический комбинат-Казатомпром\""]
[null,"3550146","1400 Т","222141.200.000002","Круг","полировочный, поролон","46:размер:Круг шлифовальный войлочный  250*40-50 ТПрА (ГОСТ 17620-72):Круг шлифовальный войлочный  250*40-50 ТПрА (ГОСТ 17620-72)","ЦПП","-","100","04.2018","471010000, Мангистауская область, Актау Г.А., г.Актау, \"Мангистауская область, г. Актау, промзона, ТОО \"\"МАЭК-Казатомпром\"\", здание 201\"","471010000, Мангистауская область, Актау Г.А., г.Актау, \"Мангистауская область, г. Актау, промзона, ТОО \"\"МАЭК-Казатомпром\"\"\"","DDP","С даты подписания договора в течение 45 календарных дней","Предоплата - 0% , Промежуточный платеж - 0% , Окончательный платеж - 100% ","Штука",{"v":4,"d":"4.000"},{"v":7203.6,"d":"7,203.600"},{"v":28814.4,"d":"28,814.400"},{"v":32272.13,"d":"32,272.130"},"-","Товарищество с ограниченной ответственностью \"Мангистауский атомный энергетический комбинат-Казатомпром\""]
[null,"3551101","1404 Т","239111.600.000019","Круг","шлифматериал электрокорунд, на синтетической связке, шлифовальный","46:размер:Круг  лепестковый КЛТ 125*22  14А25 (ГОСТ 22775-77):Круг  лепестковый КЛТ 125*22  14А25 (ГОСТ 22775-77)","ЦПП","-","0","01.2018","471010000, Мангистауская область, Актау Г.А., г.Актау, \"Мангистауская область, г. Актау, промзона, ТОО \"\"МАЭК-Казатомпром\"\", здание 201\"","471010000, Мангистауская область, Актау Г.А., г.Актау, \"Мангистауская область, г. Актау, промзона, ТОО \"\"МАЭК-Казатомпром\"\"\"","DDP","С даты подписания договора в течение 45 календарных дней","Предоплата - 0% , Промежуточный платеж - 0% , Окончательный платеж - 100% ","Штука",{"v":70,"d":"70.000"},{"v":540,"d":"540.000"},{"v":37800,"d":"37,800.000"},{"v":42336,"d":"42,336.000"},"-","Товарищество с ограниченной ответственностью \"Мангистауский атомный энергетический комбинат-Казатомпром\""]
[null,"3552144","1408 Т","239111.600.000012","Круг","шлифматериал электрокорунд, на керамической связке, шлифовальный","46:размер:Круг шлифовальный ЧЦ (6) 150*52*22 25А16С-25А40С (ГОСТР 52780-2007):Круг шлифовальный ЧЦ (6) 150*52*22 25А16С-25А40С (ГОСТР 52780-2007)","ЦПП","-","100","01.2018","471010000, Мангистауская область, Актау Г.А., г.Актау, \"Мангистауская область, г. Актау, промзона, ТОО \"\"МАЭК-Казатомпром\"\", здание 201\"","471010000, Мангистауская область, Актау Г.А., г.Актау, \"Мангистауская область, г. Актау, промзона, ТОО \"\"МАЭК-Казатомпром\"\"\"","DDP","С даты подписания договора в течение 45 календарных дней","Предоплата - 0% , Промежуточный платеж - 0% , Окончательный платеж - 100% ","Штука",{"v":10,"d":"10.000"},{"v":2600,"d":"2,600.000"},{"v":26000,"d":"26,000.000"},{"v":29120,"d":"29,120.000"},"-","Товарищество с ограниченной ответственностью \"Мангистауский атомный энергетический комбинат-Казатомпром\""]
[null,"3552121","1411 Т","239111.600.000012","Круг","шлифматериал электрокорунд, на керамической связке, шлифовальный","46:размер:Круг шлифовальный 6 150*80*32 25А40СМ (ЧЦ) (ГОСТ2424-83):Круг шлифовальный 6 150*80*32 25А40СМ (ЧЦ) (ГОСТ2424-83)","ЦПП","-","100","01.2018","471010000, Мангистауская область, Актау Г.А., г.Актау, \"Мангистауская область, г. Актау, промзона, ТОО \"\"МАЭК-Казатомпром\"\", здание 201\"","471010000, Мангистауская область, Актау Г.А., г.Актау, \"Мангистауская область, г. Актау, промзона, ТОО \"\"МАЭК-Казатомпром\"\"\"","DDP","С даты подписания договора в течение 45 календарных дней","Предоплата - 0% , Промежуточный платеж - 0% , Окончательный платеж - 100% ","Штука",{"v":10,"d":"10.000"},{"v":3200,"d":"3,200.000"},{"v":32000,"d":"32,000.000"},{"v":35840,"d":"35,840.000"},"-","Товарищество с ограниченной ответственностью \"Мангистауский атомный энергетический комбинат-Казатомпром\""]
[null,"3550134","1413-1 Т","239111.700.000000","Круг","шлифматериал алмаз, на бакелитовой связке, отрезной","46:размер:\"Круг отрезной 180х3х22 (отрезный  армированный на бакелитовой связке 14А80ОТ1БУ803 180*3*22(32); ГОСТ 21963-2002)\":\"Круг отрезной 180х3х22 (отрезный  армированный на бакелитовой связке 14А80ОТ1БУ803 180*3*22(32); ГОСТ 21963-2002)\"","ЦПП","-","100","02.2018","471010000, Мангистауская область, Актау Г.А., г.Актау, \"Мангистауская область, г. Актау, промзона, ТОО \"\"МАЭК-Казатомпром\"\", здание 201\"","471000000, Мангистауская область, Актау Г.А., Промзона, склад ТОО \"МАЭК-Казатомпром\"","DDP","С даты подписания договора в течение 45 календарных дней","Окончательный платеж - 100% , Промежуточный платеж - 0% , Предоплата - 0% ","Штука",{"v":2387,"d":"2,387.000"},{"v":397.44,"d":"397.440"},{"v":948689.28,"d":"948,689.280"},{"v":1062531.99,"d":"1,062,531.990"},"ТПХ","Товарищество с ограниченной ответственностью \"Мангистауский атомный энергетический комбинат-Казатомпром\""]
[null,"3552062","1416 Т","239111.600.000015","Круг","шлифматериал карбид кремния, на бакелитовой связке, шлифовальный","46:размер:Круг шлифовальный на бакелит. связке ПП 400*40*127 63С 40 (ГОСТ 2424-83):Круг шлифовальный на бакелит. связке ПП 400*40*127 63С 40 (ГОСТ 2424-83)","ЦПП","-","0","01.2018","471010000, Мангистауская область, Актау Г.А., г.Актау, \"Мангистауская область, г. Актау, промзона, ТОО \"\"МАЭК-Казатомпром\"\", здание 201\"","471010000, Мангистауская область, Актау Г.А., г.Актау, \"Мангистауская область, г. Актау, промзона, ТОО \"\"МАЭК-Казатомпром\"\"\"","DDP","С даты подписания договора в течение 45 календарных дней","Предоплата - 0% , Промежуточный платеж - 0% , Окончательный платеж - 100% ","Штука",{"v":26,"d":"26.000"},{"v":10607.14,"d":"10,607.140"},{"v":275785.64,"d":"275,785.640"},{"v":308879.92,"d":"308,879.920"},"-","Товарищество с ограниченной ответственностью \"Мангистауский атомный энергетический комбинат-Казатомпром\""]
[null,"3550064","1420-1 Т","239111.700.000000","Круг","шлифматериал алмаз, на бакелитовой связке, отрезной","46:размер:\"Круг отрез.  армир. на бакелит. связке 230*6*22 14А 50 (отрезный  армированный на бакелитовой связке 230*6*22; ГОСТ 21963-2002)\":\"Круг отрез.  армир. на бакелит. связке 230*6*22 14А 50 (отрезный  армированный на бакелитовой связке 230*6*22; ГОСТ 21963-2002)\"","ЦПП","-","100","02.2018","471010000, Мангистауская область, Актау Г.А., г.Актау, \"Мангистауская область, г. Актау, промзона, ТОО \"\"МАЭК-Казатомпром\"\", здание 201\"","471010000, Мангистауская область, Актау Г.А., г.Актау, \"Мангистауская область, г. Актау, промзона, ТОО \"\"МАЭК-Казатомпром\"\"\"","DDP","С даты подписания договора в течение 45 календарных дней","Окончательный платеж - 100% , Промежуточный платеж - 0% , Предоплата - 0% ","Штука",{"v":180,"d":"180.000"},{"v":575,"d":"575.000"},{"v":103500,"d":"103,500.000"},{"v":115920,"d":"115,920.000"},"ТПХ","Товарищество с ограниченной ответственностью \"Мангистауский атомный энергетический комбинат-Казатомпром\""]
[null,"3550053","1422 Т","239111.600.000012","Круг","шлифматериал электрокорунд, на керамической связке, шлифовальный","46:размер:Круг шлиф. на керамич. связке ПП 300*40*127 14А 16 (ГОСТ 2424-83):Круг шлиф. на керамич. связке ПП 300*40*127 14А 16 (ГОСТ 2424-83)","ЦПП","-","100","01.2018","471010000, Мангистауская область, Актау Г.А., г.Актау, \"Мангистауская область, г. Актау, промзона, ТОО \"\"МАЭК-Казатомпром\"\", здание 201\"","471010000, Мангистауская область, Актау Г.А., г.Актау, \"Мангистауская область, г. Актау, промзона, ТОО \"\"МАЭК-Казатомпром\"\"\"","DDP","С даты подписания договора в течение 45 календарных дней","Предоплата - 0% , Промежуточный платеж - 0% , Окончательный платеж - 100% ","Штука",{"v":16,"d":"16.000"},{"v":6250,"d":"6,250.000"},{"v":100000,"d":"100,000.000"},{"v":112000,"d":"112,000.000"},"-","Товарищество с ограниченной ответственностью \"Мангистауский атомный энергетический комбинат-Казатомпром\""]
[null,"3552061","1427 Т","239111.600.000015","Круг","шлифматериал карбид кремния, на бакелитовой связке, шлифовальный","46:размер:Круг шлифовальный на бакелит. связке ПП 400*40*127 63С 32 (ГОСТ 2424-83):Круг шлифовальный на бакелит. связке ПП 400*40*127 63С 32 (ГОСТ 2424-83)","ЦПП","-","0","01.2018","471010000, Мангистауская область, Актау Г.А., г.Актау, \"Мангистауская область, г. Актау, промзона, ТОО \"\"МАЭК-Казатомпром\"\", здание 201\"","471010000, Мангистауская область, Актау Г.А., г.Актау, \"Мангистауская область, г. Актау, промзона, ТОО \"\"МАЭК-Казатомпром\"\"\"","DDP","С даты подписания договора в течение 45 календарных дней","Предоплата - 0% , Промежуточный платеж - 0% , Окончательный платеж - 100% ","Штука",{"v":20,"d":"20.000"},{"v":8678.57,"d":"8,678.570"},{"v":173571.4,"d":"173,571.400"},{"v":194399.97,"d":"194,399.970"},"-","Товарищество с ограниченной ответственностью \"Мангистауский атомный энергетический комбинат-Казатомпром\""]
[null,"3560216","1431-1 Т","239112.300.000000","Шкурка шлифовальная","на текстильной основе, водостойкая","46:размер:Шлифшкурка на ткан.осн.водост.700*30 М50 14А (ГОСТ 13344-79):Шлифшкурка на ткан.осн.водост.700*30 М50 14А (ГОСТ 13344-79)","ЦПП","-","0","02.2018","471010000, Мангистауская область, Актау Г.А., г.Актау, \"Мангистауская область, г. Актау, промзона, ТОО \"\"МАЭК-Казатомпром\"\", здание 201\"","471010000, Мангистауская область, Актау Г.А., г.Актау, \"Мангистауская область, г. Актау, промзона, ТОО \"\"МАЭК-Казатомпром\"\"\"","DDP","С даты подписания договора в течение 30 календарных дней","Окончательный платеж - 100% , Промежуточный платеж - 0% , Предоплата - 0% ","Метр погонный",{"v":140,"d":"140.000"},{"v":1117.8,"d":"1,117.800"},{"v":156492,"d":"156,492.000"},{"v":175271.04,"d":"175,271.040"},"-","Товарищество с ограниченной ответственностью \"Мангистауский атомный энергетический комбинат-Казатомпром\""]
[null,"3560193","1435-1 Т","239112.300.000001","Шкурка шлифовальная","на текстильной основе, неводостойкая","46:размер:Шлифшкурка на ткан.осн.неводост. 700*30 12 14А (ГОСТ 5009-82):Шлифшкурка на ткан.осн.неводост. 700*30 12 14А (ГОСТ 5009-82)","ЦПП","-","0","02.2018","471010000, Мангистауская область, Актау Г.А., г.Актау, \"Мангистауская область, г. Актау, промзона, ТОО \"\"МАЭК-Казатомпром\"\", здание 201\"","471010000, Мангистауская область, Актау Г.А., г.Актау, \"Мангистауская область, г. Актау, промзона, ТОО \"\"МАЭК-Казатомпром\"\"\"","DDP","С даты подписания договора в течение 30 календарных дней","Окончательный платеж - 100% , Промежуточный платеж - 0% , Предоплата - 0% ","Метр погонный",{"v":50,"d":"50.000"},{"v":1117.8,"d":"1,117.800"},{"v":55890,"d":"55,890.000"},{"v":62596.8,"d":"62,596.800"},"-","Товарищество с ограниченной ответственностью \"Мангистауский атомный энергетический комбинат-Казатомпром\""]
[null,"3560192","1436-1 Т","239112.300.000001","Шкурка шлифовальная","на текстильной основе, неводостойкая","46:размер:Шлифшкурка на ткан.осн.неводост. 700*30 10 14А (ГОСТ 5009-82):Шлифшкурка на ткан.осн.неводост. 700*30 10 14А (ГОСТ 5009-82)","ЦПП","-","0","02.2018","471010000, Мангистауская область, Актау Г.А., г.Актау, \"Мангистауская область, г. Актау, промзона, ТОО \"\"МАЭК-Казатомпром\"\", здание 201\"","471010000, Мангистауская область, Актау Г.А., г.Актау, \"Мангистауская область, г. Актау, промзона, ТОО \"\"МАЭК-Казатомпром\"\"\"","DDP","С даты подписания договора в течение 30 календарных дней","Окончательный платеж - 100% , Промежуточный платеж - 0% , Предоплата - 0% ","Метр погонный",{"v":25,"d":"25.000"},{"v":1117.8,"d":"1,117.800"},{"v":27945,"d":"27,945.000"},{"v":31298.4,"d":"31,298.400"},"-","Товарищество с ограниченной ответственностью \"Мангистауский атомный энергетический комбинат-Казатомпром\""]
[null,"3560224","1439 Т","239112.500.000001","Шкурка шлифовальная","на бумажной основе, неводостойкая","46:размер:Шлифшкурка бумаж.неводост.1200*30 14А 6М (ГОСТ 6456-82):Шлифшкурка бумаж.неводост.1200*30 14А 6М (ГОСТ 6456-82)","ЦПП","-","0","01.2018","471010000, Мангистауская область, Актау Г.А., г.Актау, \"Мангистауская область, г. Актау, промзона, ТОО \"\"МАЭК-Казатомпром\"\", здание 201\"","471010000, Мангистауская область, Актау Г.А., г.Актау, \"Мангистауская область, г. Актау, промзона, ТОО \"\"МАЭК-Казатомпром\"\"\"","DDP","С даты подписания договора в течение 30 календарных дней","Предоплата - 0% , Промежуточный платеж - 0% , Окончательный платеж - 100% ","Метр погонный",{"v":40,"d":"40.000"},{"v":1404,"d":"1,404.000"},{"v":56160,"d":"56,160.000"},{"v":62899.2,"d":"62,899.200"},"-","Товарищество с ограниченной ответственностью \"Мангистауский атомный энергетический комбинат-Казатомпром\""]
[null,"3560209","1444 Т","239112.300.000000","Шкурка шлифовальная","на текстильной основе, водостойкая","46:размер:Шлифшкурка на ткан.осн.водост.700*30 20 14А (ГОСТ 13344-79):Шлифшкурка на ткан.осн.водост.700*30 20 14А (ГОСТ 13344-79)","ЦПП","-","0","09.2018","471010000, Мангистауская область, Актау Г.А., г.Актау, \"Мангистауская область, г. Актау, промзона, ТОО \"\"МАЭК-Казатомпром\"\", здание 201\"","471010000, Мангистауская область, Актау Г.А., г.Актау, \"Мангистауская область, г. Актау, промзона, ТОО \"\"МАЭК-Казатомпром\"\"\"","DDP","С даты подписания договора в течение 30 календарных дней","Предоплата - 0% , Промежуточный платеж - 0% , Окончательный платеж - 100% ","Метр погонный",{"v":4,"d":"4.000"},{"v":2200,"d":"2,200.000"},{"v":8800,"d":"8,800.000"},{"v":9856,"d":"9,856.000"},"-","Товарищество с ограниченной ответственностью \"Мангистауский атомный энергетический комбинат-Казатомпром\""]
[null,"3560215","1447-1 Т","239112.300.000000","Шкурка шлифовальная","на текстильной основе, водостойкая","46:размер:Шлифшкурка на ткан.осн.водост.700*30 М40 14А (ГОСТ 13344-79):Шлифшкурка на ткан.осн.водост.700*30 М40 14А (ГОСТ 13344-79)","ЦПП","-","0","02.2018","471010000, Мангистауская область, Актау Г.А., г.Актау, \"Мангистауская область, г. Актау, промзона, ТОО \"\"МАЭК-Казатомпром\"\", здание 201\"","471010000, Мангистауская область, Актау Г.А., г.Актау, \"Мангистауская область, г. Актау, промзона, ТОО \"\"МАЭК-Казатомпром\"\"\"","DDP","С даты подписания договора в течение 30 календарных дней","Окончательный платеж - 100% , Промежуточный платеж - 0% , Предоплата - 0% ","Метр погонный",{"v":140,"d":"140.000"},{"v":1117.8,"d":"1,117.800"},{"v":156492,"d":"156,492.000"},{"v":175271.04,"d":"175,271.040"},"-","Товарищество с ограниченной ответственностью \"Мангистауский атомный энергетический комбинат-Казатомпром\""]
[null,"3560220","1449 Т","239112.500.000001","Шкурка шлифовальная","на бумажной основе, неводостойкая","46:размер:Шлифшкурка бумаж.неводост.1000*30 14А П8.32М (ГОСТ 6456-82):Шлифшкурка бумаж.неводост.1000*30 14А П8.32М (ГОСТ 6456-82)","ЦПП","-","0","01.2018","471010000, Мангистауская область, Актау Г.А., г.Актау, \"Мангистауская область, г. Актау, промзона, ТОО \"\"МАЭК-Казатомпром\"\", здание 201\"","471010000, Мангистауская область, Актау Г.А., г.Актау, \"Мангистауская область, г. Актау, промзона, ТОО \"\"МАЭК-Казатомпром\"\"\"","DDP","С даты подписания договора в течение 30 календарных дней","Предоплата - 0% , Промежуточный платеж - 0% , Окончательный платеж - 100% ","Метр погонный",{"v":63,"d":"63.000"},{"v":869.4,"d":"869.400"},{"v":54772.2,"d":"54,772.200"},{"v":61344.86,"d":"61,344.860"},"-","Товарищество с ограниченной ответственностью \"Мангистауский атомный энергетический комбинат-Казатомпром\""]
[null,"3560348","1454 Т","239112.300.000000","Шкурка шлифовальная","на текстильной основе, водостойкая","46:размер:Шлиф.шкурка на ткан.осн.водост. 760*30 08 14А (ГОСТ 13344-79):Шлиф.шкурка на ткан.осн.водост. 760*30 08 14А (ГОСТ 13344-79)","ЦПП","-","0","09.2018","471010000, Мангистауская область, Актау Г.А., г.Актау, \"Мангистауская область, г. Актау, промзона, ТОО \"\"МАЭК-Казатомпром\"\", здание 201\"","471010000, Мангистауская область, Актау Г.А., г.Актау, \"Мангистауская область, г. Актау, промзона, ТОО \"\"МАЭК-Казатомпром\"\"\"","DDP","С даты подписания договора в течение 30 календарных дней","Предоплата - 0% , Промежуточный платеж - 0% , Окончательный платеж - 100% ","Метр погонный",{"v":5,"d":"5.000"},{"v":1458,"d":"1,458.000"},{"v":7290,"d":"7,290.000"},{"v":8164.8,"d":"8,164.800"},"-","Товарищество с ограниченной ответственностью \"Мангистауский атомный энергетический комбинат-Казатомпром\""]
[null,"3560389","1458 Т","239112.500.000000","Шкурка шлифовальная","на бумажной основе, водостойкая","46:размер:Шлифшкурка Р 3000:Шлифшкурка Р 3000","ЦПП","-","0","01.2018","471010000, Мангистауская область, Актау Г.А., г.Актау, \"Мангистауская область, г. Актау, промзона, ТОО \"\"МАЭК-Казатомпром\"\", здание 201\"","471010000, Мангистауская область, Актау Г.А., г.Актау, \"Мангистауская область, г. Актау, промзона, ТОО \"\"МАЭК-Казатомпром\"\"\"","DDP","С даты подписания договора в течение 30 календарных дней","Предоплата - 0% , Промежуточный платеж - 0% , Окончательный платеж - 100% ","Лист",{"v":200,"d":"200.000"},{"v":220,"d":"220.000"},{"v":44000,"d":"44,000.000"},{"v":49280,"d":"49,280.000"},"-","Товарищество с ограниченной ответственностью \"Мангистауский атомный энергетический комбинат-Казатомпром\""]
[null,"3611641","1462 Т","257330.100.000051","Пинцет технический","для крепления обрабатываемых деталей и изделий","462:Тип:Пинцет п7824 (ГОСТ 21241-89):Пинцет п7824 (ГОСТ 21241-89)","ОИ","137-2 (не превышает тысячекратного МРП)","0","06.2018","471010000, Мангистауская область, Актау Г.А., г.Актау, \"Мангистауская область, г. Актау, промзона, ТОО \"\"МАЭК-Казатомпром\"\", здание 201\"","471010000, Мангистауская область, Актау Г.А., г.Актау, \"Мангистауская область, г. Актау, промзона, ТОО \"\"МАЭК-Казатомпром\"\"\"","DDP","С даты подписания договора в течение 45 календарных дней","Предоплата - 0% , Промежуточный платеж - 0% , Окончательный платеж - 100% ","Штука",{"v":15,"d":"15.000"},{"v":540,"d":"540.000"},{"v":8100,"d":"8,100.000"},{"v":9072,"d":"9,072.000"},"-","Товарищество с ограниченной ответственностью \"Мангистауский атомный энергетический комбинат-Казатомпром\""]
[null,"3611645","1463 Т","257330.100.000051","Пинцет технический","для крепления обрабатываемых деталей и изделий","462:Тип:Пинцет (ГОСТ 21241-89):Пинцет (ГОСТ 21241-89)","ОИ","137-2 (не превышает тысячекратного МРП)","0","04.2018","471010000, Мангистауская область, Актау Г.А., г.Актау, \"Мангистауская область, г. Актау, промзона, ТОО \"\"МАЭК-Казатомпром\"\", здание 201\"","471010000, Мангистауская область, Актау Г.А., г.Актау, \"Мангистауская область, г. Актау, промзона, ТОО \"\"МАЭК-Казатомпром\"\"\"","DDP","С даты подписания договора в течение 45 календарных дней","Предоплата - 0% , Промежуточный платеж - 0% , Окончательный платеж - 100% ","Штука",{"v":22,"d":"22.000"},{"v":2000,"d":"2,000.000"},{"v":44000,"d":"44,000.000"},{"v":49280,"d":"49,280.000"},"-","Товарищество с ограниченной ответственностью \"Мангистауский атомный энергетический комбинат-Казатомпром\""]
[null,"3716022","1466 Т","259929.490.000092","Стремянка","3-секционная, алюминиевая","439:Ступень:Лестница 3-х секционная 9 ступ:Лестница 3-х секционная 9 ступ","ОИ","137-2 (не превышает тысячекратного МРП)","0","03.2018","471010000, Мангистауская область, Актау Г.А., г.Актау, \"Мангистауская область, г. Актау, промзона, ТОО \"\"МАЭК-Казатомпром\"\", здание 201\"","471010000, Мангистауская область, Актау Г.А., г.Актау, \"Мангистауская область, г. Актау, промзона, ТОО \"\"МАЭК-Казатомпром\"\"\"","DDP","С даты подписания договора в течение 45 календарных дней","Предоплата - 0% , Промежуточный платеж - 0% , Окончательный платеж - 100% ","Штука",{"v":4,"d":"4.000"},{"v":37800,"d":"37,800.000"},{"v":151200,"d":"151,200.000"},{"v":169344,"d":"169,344.000"},"-","Товарищество с ограниченной ответственностью \"Мангистауский атомный энергетический комбинат-Казатомпром\""]
[null,"3717010","1471 Т","293123.100.000002","Лампа подкапотная","для специального и специализированного автомобиля","462:Тип:Лампа переносная 220В:Лампа переносная 220В","ОИ","137-2 (не превышает тысячекратного МРП)","0","02.2018","471010000, Мангистауская область, Актау Г.А., г.Актау, \"Мангистауская область, г. Актау, промзона, ТОО \"\"МАЭК-Казатомпром\"\", здание 201\"","471010000, Мангистауская область, Актау Г.А., г.Актау, \"Мангистауская область, г. Актау, промзона, ТОО \"\"МАЭК-Казатомпром\"\"\"","DDP","С даты подписания договора в течение 45 календарных дней","Предоплата - 0% , Промежуточный платеж - 0% , Окончательный платеж - 100% ","Штука",{"v":5,"d":"5.000"},{"v":3200,"d":"3,200.000"},{"v":16000,"d":"16,000.000"},{"v":17920,"d":"17,920.000"},"-","Товарищество с ограниченной ответственностью \"Мангистауский атомный энергетический комбинат-Казатомпром\""]
[null,"3710105","1474 Т","329111.900.000005","Щетка","для разных нужд","46:размер:Щетка металлическая дисковая диаметр 178 мм (посадоч 22 мм, стальная закаленная проволока 0,5 мм):Щетка металлическая дисковая диаметр 178 мм (посадоч 22 мм, стальная закаленная проволока 0,5 мм)","ОИ","137-2 (не превышает тысячекратного МРП)","0","01.2018","471010000, Мангистауская область, Актау Г.А., г.Актау, \"Мангистауская область, г. Актау, промзона, ТОО \"\"МАЭК-Казатомпром\"\", здание 201\"","471010000, Мангистауская область, Актау Г.А., г.Актау, \"Мангистауская область, г. Актау, промзона, ТОО \"\"МАЭК-Казатомпром\"\"\"","DDP","С даты подписания договора в течение 45 календарных дней","Предоплата - 0% , Промежуточный платеж - 0% , Окончательный платеж - 100% ","Штука",{"v":101,"d":"101.000"},{"v":6264,"d":"6,264.000"},{"v":632664,"d":"632,664.000"},{"v":708583.68,"d":"708,583.680"},"-","Товарищество с ограниченной ответственностью \"Мангистауский атомный энергетический комбинат-Казатомпром\""]
[null,"3710107","1477 Т","329111.900.000005","Щетка","для разных нужд","46:размер:Щетка металлическая жгутовая  диаметр 125*6*22*0,5 мм (посадоч 22 мм, стальная закаленная проволока 0,5 мм):Щетка металлическая жгутовая  диаметр 125*6*22*0,5 мм (посадоч 22 мм, стальная закаленная проволока 0,5 мм)","ОИ","137-2 (не превышает тысячекратного МРП)","0","01.2018","471010000, Мангистауская область, Актау Г.А., г.Актау, \"Мангистауская область, г. Актау, промзона, ТОО \"\"МАЭК-Казатомпром\"\", здание 201\"","471010000, Мангистауская область, Актау Г.А., г.Актау, \"Мангистауская область, г. Актау, промзона, ТОО \"\"МАЭК-Казатомпром\"\"\"","DDP","С даты подписания договора в течение 45 календарных дней","Предоплата - 0% , Промежуточный платеж - 0% , Окончательный платеж - 100% ","Штука",{"v":75,"d":"75.000"},{"v":3500,"d":"3,500.000"},{"v":262500,"d":"262,500.000"},{"v":294000,"d":"294,000.000"},"-","Товарищество с ограниченной ответственностью \"Мангистауский атомный энергетический комбинат-Казатомпром\""]
[null,"3711040","1480 Т","257310.300.000003","Грабли","садовые, 8-зубовые с круглым сечением зуба, металлические","462:Тип:Грабли ГП-14 (ГОСТ 19597-74):Грабли ГП-14 (ГОСТ 19597-74)","ОИ","137-2 (не превышает тысячекратного МРП)","0","01.2018","471010000, Мангистауская область, Актау Г.А., г.Актау, \"Мангистауская область, г. Актау, промзона, ТОО \"\"МАЭК-Казатомпром\"\", здание 201\"","471010000, Мангистауская область, Актау Г.А., г.Актау, \"Мангистауская область, г. Актау, промзона, ТОО \"\"МАЭК-Казатомпром\"\"\"","DDP","С даты подписания договора в течение 45 календарных дней","Предоплата - 0% , Промежуточный платеж - 0% , Окончательный платеж - 100% ","Штука",{"v":30,"d":"30.000"},{"v":2415,"d":"2,415.000"},{"v":72450,"d":"72,450.000"},{"v":81144,"d":"81,144.000"},"-","Товарищество с ограниченной ответственностью \"Мангистауский атомный энергетический комбинат-Казатомпром\""]
[null,"3715748","1485 Т","259929.600.000000","Пломба контрольная","свинцовая","36:Диаметр:Пломбы свинцовые диаметр 8 (ГОСТ 18680-73 диаметр 8):Пломбы свинцовые диаметр 8 (ГОСТ 18680-73 диаметр 8)","ОИ","137-2 (не превышает тысячекратного МРП)","0","06.2018","471010000, Мангистауская область, Актау Г.А., г.Актау, \"Мангистауская область, г. Актау, промзона, ТОО \"\"МАЭК-Казатомпром\"\", здание 201\"","471010000, Мангистауская область, Актау Г.А., г.Актау, \"Мангистауская область, г. Актау, промзона, ТОО \"\"МАЭК-Казатомпром\"\"\"","DDP","С даты подписания договора в течение 45 календарных дней","Предоплата - 0% , Промежуточный платеж - 0% , Окончательный платеж - 100% ","Килограмм",{"v":2,"d":"2.000"},{"v":1987.2,"d":"1,987.200"},{"v":3974.4,"d":"3,974.400"},{"v":4451.33,"d":"4,451.330"},"-","Товарищество с ограниченной ответственностью \"Мангистауский атомный энергетический комбинат-Казатомпром\""]
[null,"3710461","1488 Т","257330.550.000000","Кувалда","кузнечная, тупоносая","462:Тип:Кувалда с фибергласовой ручкой  5 кг (ГОСТ 11401-75):Кувалда с фибергласовой ручкой  5 кг (ГОСТ 11401-75)","ОИ","137-2 (не превышает тысячекратного МРП)","0","06.2018","471010000, Мангистауская область, Актау Г.А., г.Актау, \"Мангистауская область, г. Актау, промзона, ТОО \"\"МАЭК-Казатомпром\"\", здание 201\"","471010000, Мангистауская область, Актау Г.А., г.Актау, \"Мангистауская область, г. Актау, промзона, ТОО \"\"МАЭК-Казатомпром\"\"\"","DDP","С даты подписания договора в течение 45 календарных дней","Предоплата - 0% , Промежуточный платеж - 0% , Окончательный платеж - 100% ","Штука",{"v":3,"d":"3.000"},{"v":8208,"d":"8,208.000"},{"v":24624,"d":"24,624.000"},{"v":27578.88,"d":"27,578.880"},"-","Товарищество с ограниченной ответственностью \"Мангистауский атомный энергетический комбинат-Казатомпром\""]
[null,"3711655","1489 Т","257330.650.000018","Лом","строительный","462:Тип:Лом ЛО-24 (Остроконечный):Лом ЛО-24 (Остроконечный)","ОИ","137-2 (не превышает тысячекратного МРП)","0","06.2018","471010000, Мангистауская область, Актау Г.А., г.Актау, \"Мангистауская область, г. Актау, промзона, ТОО \"\"МАЭК-Казатомпром\"\", здание 201\"","471010000, Мангистауская область, Актау Г.А., г.Актау, \"Мангистауская область, г. Актау, промзона, ТОО \"\"МАЭК-Казатомпром\"\"\"","DDP","С даты подписания договора в течение 45 календарных дней","Предоплата - 0% , Промежуточный платеж - 0% , Окончательный платеж - 100% ","Штука",{"v":8,"d":"8.000"},{"v":2500,"d":"2,500.000"},{"v":20000,"d":"20,000.000"},{"v":22400,"d":"22,400.000"},"-","Товарищество с ограниченной ответственностью \"Мангистауский атомный энергетический комбинат-Казатомпром\""]
[null,"3713576","1493 Т","162911.100.000003","Черенок","деревянный, для лопаты","462:Тип:Черенок для тяпки (мотыги):Черенок для тяпки (мотыги)","ОИ","137-2 (не превышает тысячекратного МРП)","0","02.2018","471010000, Мангистауская область, Актау Г.А., г.Актау, \"Мангистауская область, г. Актау, промзона, ТОО \"\"МАЭК-Казатомпром\"\", здание 201\"","471010000, Мангистауская область, Актау Г.А., г.Актау, \"Мангистауская область, г. Актау, промзона, ТОО \"\"МАЭК-Казатомпром\"\"\"","DDP","С даты подписания договора в течение 45 календарных дней","Предоплата - 0% , Промежуточный платеж - 0% , Окончательный платеж - 100% ","Штука",{"v":75,"d":"75.000"},{"v":409.4,"d":"409.400"},{"v":30705,"d":"30,705.000"},{"v":34389.6,"d":"34,389.600"},"-","Товарищество с ограниченной ответственностью \"Мангистауский атомный энергетический комбинат-Казатомпром\""]
[null,"3710464","1496 Т","257330.550.000001","Кувалда","универсальная, остроносая","462:Тип:Кувалда 5 кг (ГОСТ 11401-75):Кувалда 5 кг (ГОСТ 11401-75)","ОИ","137-2 (не превышает тысячекратного МРП)","0","01.2018","471010000, Мангистауская область, Актау Г.А., г.Актау, \"Мангистауская область, г. Актау, промзона, ТОО \"\"МАЭК-Казатомпром\"\", здание 201\"","471010000, Мангистауская область, Актау Г.А., г.Актау, \"Мангистауская область, г. Актау, промзона, ТОО \"\"МАЭК-Казатомпром\"\"\"","DDP","С даты подписания договора в течение 45 календарных дней","Предоплата - 0% , Промежуточный платеж - 0% , Окончательный платеж - 100% ","Штука",{"v":70,"d":"70.000"},{"v":8200,"d":"8,200.000"},{"v":574000,"d":"574,000.000"},{"v":642880,"d":"642,880.000"},"-","Товарищество с ограниченной ответственностью \"Мангистауский атомный энергетический комбинат-Казатомпром\""]
[null,"3715573","1502 Т","257310.500.000000","Секатор","садово-огородный, двухстороннего резания","46:размер:Секатор с храповым механизмом (габариты, мм: 257 x 21 x 95):Секатор с храповым механизмом (габариты, мм: 257 x 21 x 95)","ОИ","137-2 (не превышает тысячекратного МРП)","0","02.2018","471010000, Мангистауская область, Актау Г.А., г.Актау, \"Мангистауская область, г. Актау, промзона, ТОО \"\"МАЭК-Казатомпром\"\", здание 201\"","471010000, Мангистауская область, Актау Г.А., г.Актау, \"Мангистауская область, г. Актау, промзона, ТОО \"\"МАЭК-Казатомпром\"\"\"","DDP","С даты подписания договора в течение 30 календарных дней","Предоплата - 0% , Промежуточный платеж - 0% , Окончательный платеж - 100% ","Штука",{"v":14,"d":"14.000"},{"v":4025,"d":"4,025.000"},{"v":56350,"d":"56,350.000"},{"v":63112,"d":"63,112.000"},"-","Товарищество с ограниченной ответственностью \"Мангистауский атомный энергетический комбинат-Казатомпром\""]
[null,"3713565","1504 Т","257310.100.000000","Лопата","копальная","462:Тип:Лопата  штыковая    ЛКО-1 (ГОСТ 19596-87):Лопата  штыковая    ЛКО-1 (ГОСТ 19596-87)","ОИ","137-2 (не превышает тысячекратного МРП)","0","01.2018","471010000, Мангистауская область, Актау Г.А., г.Актау, \"Мангистауская область, г. Актау, промзона, ТОО \"\"МАЭК-Казатомпром\"\", здание 201\"","471010000, Мангистауская область, Актау Г.А., г.Актау, \"Мангистауская область, г. Актау, промзона, ТОО \"\"МАЭК-Казатомпром\"\"\"","DDP","С даты подписания договора в течение 45 календарных дней","Предоплата - 0% , Промежуточный платеж - 0% , Окончательный платеж - 100% ","Штука",{"v":144,"d":"144.000"},{"v":1955,"d":"1,955.000"},{"v":281520,"d":"281,520.000"},{"v":315302.4,"d":"315,302.400"},"-","Товарищество с ограниченной ответственностью \"Мангистауский атомный энергетический комбинат-Казатомпром\""]
[null,"3713600","1507 Т","257310.300.000002","Мотыга","садово-огородная, металлическая","462:Тип:Мотыга:Мотыга","ОИ","137-2 (не превышает тысячекратного МРП)","0","02.2018","471010000, Мангистауская область, Актау Г.А., г.Актау, \"Мангистауская область, г. Актау, промзона, ТОО \"\"МАЭК-Казатомпром\"\", здание 201\"","471010000, Мангистауская область, Актау Г.А., г.Актау, \"Мангистауская область, г. Актау, промзона, ТОО \"\"МАЭК-Казатомпром\"\"\"","DDP","С даты подписания договора в течение 30 календарных дней","Предоплата - 0% , Промежуточный платеж - 0% , Окончательный платеж - 100% ","Штука",{"v":10,"d":"10.000"},{"v":1598.4,"d":"1,598.400"},{"v":15984,"d":"15,984.000"},{"v":17902.08,"d":"17,902.080"},"-","Товарищество с ограниченной ответственностью \"Мангистауский атомный энергетический комбинат-Казатомпром\""]
[null,"3716031","1512 Т","259929.490.000092","Стремянка","3-секционная, алюминиевая","462:Тип:Лестница с площадкой Л-312 из алюминиевого сплава (ТУ 36-869-74):Лестница с площадкой Л-312 из алюминиевого сплава (ТУ 36-869-74)","ОИ","137-2 (не превышает тысячекратного МРП)","0","06.2018","471010000, Мангистауская область, Актау Г.А., г.Актау, \"Мангистауская область, г. Актау, промзона, ТОО \"\"МАЭК-Казатомпром\"\", здание 201\"","471010000, Мангистауская область, Актау Г.А., г.Актау, \"Мангистауская область, г. Актау, промзона, ТОО \"\"МАЭК-Казатомпром\"\"\"","DDP","С даты подписания договора в течение 45 календарных дней","Предоплата - 0% , Промежуточный платеж - 0% , Окончательный платеж - 100% ","Штука",{"v":2,"d":"2.000"},{"v":99360,"d":"99,360.000"},{"v":198720,"d":"198,720.000"},{"v":222566.4,"d":"222,566.400"},"-","Товарищество с ограниченной ответственностью \"Мангистауский атомный энергетический комбинат-Казатомпром\""]
[null,"3715574","1515 Т","257310.500.000000","Секатор","садово-огородный, двухстороннего резания","462:Тип:Секатор:Секатор","ОИ","137-2 (не превышает тысячекратного МРП)","0","01.2018","471010000, Мангистауская область, Актау Г.А., г.Актау, \"Мангистауская область, г. Актау, промзона, ТОО \"\"МАЭК-Казатомпром\"\", здание 201\"","471010000, Мангистауская область, Актау Г.А., г.Актау, \"Мангистауская область, г. Актау, промзона, ТОО \"\"МАЭК-Казатомпром\"\"\"","DDP","С даты подписания договора в течение 30 календарных дней","Предоплата - 0% , Промежуточный платеж - 0% , Окончательный платеж - 100% ","Штука",{"v":28,"d":"28.000"},{"v":3322.35,"d":"3,322.350"},{"v":93025.8,"d":"93,025.800"},{"v":104188.9,"d":"104,188.900"},"-","Товарищество с ограниченной ответственностью \"Мангистауский атомный энергетический комбинат-Казатомпром\""]
[null,"3713579","1516 Т","162911.100.000003","Черенок","деревянный, для лопаты","462:Тип:Черенок для грабель:Черенок для грабель","ОИ","137-2 (не превышает тысячекратного МРП)","0","02.2018","471010000, Мангистауская область, Актау Г.А., г.Актау, \"Мангистауская область, г. Актау, промзона, ТОО \"\"МАЭК-Казатомпром\"\", здание 201\"","471010000, Мангистауская область, Актау Г.А., г.Актау, \"Мангистауская область, г. Актау, промзона, ТОО \"\"МАЭК-Казатомпром\"\"\"","DDP","С даты подписания договора в течение 45 календарных дней","Предоплата - 0% , Промежуточный платеж - 0% , Окончательный платеж - 100% ","Штука",{"v":75,"d":"75.000"},{"v":409.4,"d":"409.400"},{"v":30705,"d":"30,705.000"},{"v":34389.6,"d":"34,389.600"},"-","Товарищество с ограниченной ответственностью \"Мангистауский атомный энергетический комбинат-Казатомпром\""]
[null,"3710468","1520 Т","257330.550.000001","Кувалда","универсальная, остроносая","462:Тип:Кувалда с деревянной ручкой  2 кг кованная (ГОСТ 11401-75):Кувалда с деревянной ручкой  2 кг кованная (ГОСТ 11401-75)","ОИ","137-2 (не превышает тысячекратного МРП)","0","01.2018","471010000, Мангистауская область, Актау Г.А., г.Актау, \"Мангистауская область, г. Актау, промзона, ТОО \"\"МАЭК-Казатомпром\"\", здание 201\"","471010000, Мангистауская область, Актау Г.А., г.Актау, \"Мангистауская область, г. Актау, промзона, ТОО \"\"МАЭК-Казатомпром\"\"\"","DDP","С даты подписания договора в течение 45 календарных дней","Предоплата - 0% , Промежуточный платеж - 0% , Окончательный платеж - 100% ","Штука",{"v":1,"d":"1.000"},{"v":2862,"d":"2,862.000"},{"v":2862,"d":"2,862.000"},{"v":3205.44,"d":"3,205.440"},"-","Товарищество с ограниченной ответственностью \"Мангистауский атомный энергетический комбинат-Казатомпром\""]
[null,"3770041","1523 Т","257340.390.000026","Набор сверл","с цилиндрическим хвостовиком","230:Набор:Набор сверл по металлу HSS-TIN (по металлу (13 штук) ,135 градусов, DIN338):Набор сверл по металлу HSS-TIN (по металлу (13 штук) ,135 градусов, DIN338)","ЦПП","-","0","06.2018","471010000, Мангистауская область, Актау Г.А., г.Актау, \"Мангистауская область, г. Актау, промзона, ТОО \"\"МАЭК-Казатомпром\"\", здание 201\"","471010000, Мангистауская область, Актау Г.А., г.Актау, \"Мангистауская область, г. Актау, промзона, ТОО \"\"МАЭК-Казатомпром\"\"\"","DDP","С даты подписания договора в течение 45 календарных дней","Предоплата - 0% , Промежуточный платеж - 0% , Окончательный платеж - 100% ","Штука",{"v":8,"d":"8.000"},{"v":15428.57,"d":"15,428.570"},{"v":123428.56,"d":"123,428.560"},{"v":138239.99,"d":"138,239.990"},"-","Товарищество с ограниченной ответственностью \"Мангистауский атомный энергетический комбинат-Казатомпром\""]
[null,"3770106","1529 Т","259413.900.000047","Набор инструментов","для разделки оптического волокна","230:Набор:Набор ТК015:Набор ТК015","ЦПП","-","0","06.2018","471010000, Мангистауская область, Актау Г.А., г.Актау, \"Мангистауская область, г. Актау, промзона, ТОО \"\"МАЭК-Казатомпром\"\", здание 201\"","471010000, Мангистауская область, Актау Г.А., г.Актау, \"Мангистауская область, г. Актау, промзона, ТОО \"\"МАЭК-Казатомпром\"\"\"","DDP","С даты подписания договора в течение 45 календарных дней","Предоплата - 0% , Промежуточный платеж - 0% , Окончательный платеж - 100% ","Набор",{"v":5,"d":"5.000"},{"v":7500,"d":"7,500.000"},{"v":37500,"d":"37,500.000"},{"v":42000,"d":"42,000.000"},"-","Товарищество с ограниченной ответственностью \"Мангистауский атомный энергетический комбинат-Казатомпром\""]
[null,"3770101","1531 Т","259413.900.000047","Набор инструментов","для разделки оптического волокна","230:Набор:Набор инструментов ТС-1115 (31/35 предметов):Набор инструментов ТС-1115 (31/35 предметов)","ЦПП","-","0","06.2018","471010000, Мангистауская область, Актау Г.А., г.Актау, \"Мангистауская область, г. Актау, промзона, ТОО \"\"МАЭК-Казатомпром\"\", здание 201\"","471010000, Мангистауская область, Актау Г.А., г.Актау, \"Мангистауская область, г. Актау, промзона, ТОО \"\"МАЭК-Казатомпром\"\"\"","DDP","С даты подписания договора в течение 45 календарных дней","Предоплата - 0% , Промежуточный платеж - 0% , Окончательный платеж - 100% ","Набор",{"v":5,"d":"5.000"},{"v":23214.28,"d":"23,214.280"},{"v":116071.4,"d":"116,071.400"},{"v":129999.97,"d":"129,999.970"},"-","Товарищество с ограниченной ответственностью \"Мангистауский атомный энергетический комбинат-Казатомпром\""]
[null,"3770030","1535 Т","257330.100.000048","Набор напильников","для столярно-слесарных работ","230:Набор:Набор напильников (с быстросъемной рукояткой А100 мм Н2 100 мм (6 штук)):Набор напильников (с быстросъемной рукояткой А100 мм Н2 100 мм (6 штук))","ОИ","137-2 (не превышает тысячекратного МРП)","0","06.2018","471010000, Мангистауская область, Актау Г.А., г.Актау, \"Мангистауская область, г. Актау, промзона, ТОО \"\"МАЭК-Казатомпром\"\", здание 201\"","471010000, Мангистауская область, Актау Г.А., г.Актау, \"Мангистауская область, г. Актау, промзона, ТОО \"\"МАЭК-Казатомпром\"\"\"","DDP","С даты подписания договора в течение 45 календарных дней","Предоплата - 0% , Промежуточный платеж - 0% , Окончательный платеж - 100% ","Набор",{"v":5,"d":"5.000"},{"v":4200,"d":"4,200.000"},{"v":21000,"d":"21,000.000"},{"v":23520,"d":"23,520.000"},"-","Товарищество с ограниченной ответственностью \"Мангистауский атомный энергетический комбинат-Казатомпром\""]
[null,"3770005","1538 Т","257330.650.000032","Набор очистки оптоволокна","для очистки оптических разъемов и коннекторов","462:Тип:Обжимной инструмент E-9Y (соединения Scotchlok UY2):Обжимной инструмент E-9Y (соединения Scotchlok UY2)","ОИ","137-2 (не превышает тысячекратного МРП)","0","06.2018","471010000, Мангистауская область, Актау Г.А., г.Актау, \"Мангистауская область, г. Актау, промзона, ТОО \"\"МАЭК-Казатомпром\"\", здание 201\"","471010000, Мангистауская область, Актау Г.А., г.Актау, \"Мангистауская область, г. Актау, промзона, ТОО \"\"МАЭК-Казатомпром\"\"\"","DDP","С даты подписания договора в течение 45 календарных дней","Предоплата - 0% , Промежуточный платеж - 0% , Окончательный платеж - 100% ","Комплект",{"v":5,"d":"5.000"},{"v":9200,"d":"9,200.000"},{"v":46000,"d":"46,000.000"},{"v":51520,"d":"51,520.000"},"-","Товарищество с ограниченной ответственностью \"Мангистауский атомный энергетический комбинат-Казатомпром\""]
[null,"3770125","1542 Т","259413.900.000047","Набор инструментов","для разделки оптического волокна","46:размер:Инструмент для оконечивания кабеля 4З/6З/8З 200 мм:Инструмент для оконечивания кабеля 4З/6З/8З 200 мм","ЦПП","-","0","06.2018","471010000, Мангистауская область, Актау Г.А., г.Актау, \"Мангистауская область, г. Актау, промзона, ТОО \"\"МАЭК-Казатомпром\"\", здание 201\"","471010000, Мангистауская область, Актау Г.А., г.Актау, \"Мангистауская область, г. Актау, промзона, ТОО \"\"МАЭК-Казатомпром\"\"\"","DDP","С даты подписания договора в течение 45 календарных дней","Предоплата - 0% , Промежуточный платеж - 0% , Окончательный платеж - 100% ","Штука",{"v":2,"d":"2.000"},{"v":16040,"d":"16,040.000"},{"v":32080,"d":"32,080.000"},{"v":35929.6,"d":"35,929.600"},"-","Товарищество с ограниченной ответственностью \"Мангистауский атомный энергетический комбинат-Казатомпром\""]
[null,"3770120","1543 Т","257330.630.000006","Отвертка","слесарно-монтажная, с изолирующей ручкой","462:Тип:Отвертка реверсная 25-в-1 SD-2314М:Отвертка реверсная 25-в-1 SD-2314М","ОИ","137-2 (не превышает тысячекратного МРП)","0","06.2018","471010000, Мангистауская область, Актау Г.А., г.Актау, \"Мангистауская область, г. Актау, промзона, ТОО \"\"МАЭК-Казатомпром\"\", здание 201\"","471010000, Мангистауская область, Актау Г.А., г.Актау, \"Мангистауская область, г. Актау, промзона, ТОО \"\"МАЭК-Казатомпром\"\"\"","DDP","С даты подписания договора в течение 45 календарных дней","Предоплата - 0% , Промежуточный платеж - 0% , Окончательный платеж - 100% ","Штука",{"v":5,"d":"5.000"},{"v":15178.57,"d":"15,178.570"},{"v":75892.85,"d":"75,892.850"},{"v":84999.99,"d":"84,999.990"},"-","Товарищество с ограниченной ответственностью \"Мангистауский атомный энергетический комбинат-Казатомпром\""]
[null,"3770038","1547 Т","259413.900.000004","Набор отверток","слесарно-монтажная","462:Тип:Отвертка с набором бит  РК-3018 В (РК-3018В):Отвертка с набором бит  РК-3018 В (РК-3018В)","ОИ","137-2 (не превышает тысячекратного МРП)","0","06.2018","471010000, Мангистауская область, Актау Г.А., г.Актау, \"Мангистауская область, г. Актау, промзона, ТОО \"\"МАЭК-Казатомпром\"\", здание 201\"","471010000, Мангистауская область, Актау Г.А., г.Актау, \"Мангистауская область, г. Актау, промзона, ТОО \"\"МАЭК-Казатомпром\"\"\"","DDP","С даты подписания договора в течение 45 календарных дней","Предоплата - 0% , Промежуточный платеж - 0% , Окончательный платеж - 100% ","Штука",{"v":5,"d":"5.000"},{"v":7500,"d":"7,500.000"},{"v":37500,"d":"37,500.000"},{"v":42000,"d":"42,000.000"},"-","Товарищество с ограниченной ответственностью \"Мангистауский атомный энергетический комбинат-Казатомпром\""]
[null,"3770100","1551 Т","259413.900.000047","Набор инструментов","для разделки оптического волокна","230:Набор:Набор инструментов для работ с компьютерами (6 предметов):Набор инструментов для работ с компьютерами (6 предметов)","ЦПП","-","0","06.2018","471010000, Мангистауская область, Актау Г.А., г.Актау, \"Мангистауская область, г. Актау, промзона, ТОО \"\"МАЭК-Казатомпром\"\", здание 201\"","471010000, Мангистауская область, Актау Г.А., г.Актау, \"Мангистауская область, г. Актау, промзона, ТОО \"\"МАЭК-Казатомпром\"\"\"","DDP","С даты подписания договора в течение 45 календарных дней","Предоплата - 0% , Промежуточный платеж - 0% , Окончательный платеж - 100% ","Набор",{"v":5,"d":"5.000"},{"v":6250,"d":"6,250.000"},{"v":31250,"d":"31,250.000"},{"v":35000,"d":"35,000.000"},"-","Товарищество с ограниченной ответственностью \"Мангистауский атомный энергетический комбинат-Казатомпром\""]
[null,"3770116","1554 Т","259413.900.000047","Набор инструментов","для разделки оптического волокна","230:Набор:Набор инструмента HT-1451:Набор инструмента HT-1451","ЦПП","-","0","06.2018","471010000, Мангистауская область, Актау Г.А., г.Актау, \"Мангистауская область, г. Актау, промзона, ТОО \"\"МАЭК-Казатомпром\"\", здание 201\"","471010000, Мангистауская область, Актау Г.А., г.Актау, \"Мангистауская область, г. Актау, промзона, ТОО \"\"МАЭК-Казатомпром\"\"\"","DDP","С даты подписания договора в течение 45 календарных дней","Предоплата - 0% , Промежуточный платеж - 0% , Окончательный платеж - 100% ","Набор",{"v":10,"d":"10.000"},{"v":65000,"d":"65,000.000"},{"v":650000,"d":"650,000.000"},{"v":728000,"d":"728,000.000"},"-","Товарищество с ограниченной ответственностью \"Мангистауский атомный энергетический комбинат-Казатомпром\""]
[null,"3770102","1556 Т","259413.900.000047","Набор инструментов","для разделки оптического волокна","230:Набор:Набор инструментов НТ-330К (6 предметов для работы с коаксиальным кабелем):Набор инструментов НТ-330К (6 предметов для работы с коаксиальным кабелем)","ЦПП","-","0","06.2018","471010000, Мангистауская область, Актау Г.А., г.Актау, \"Мангистауская область, г. Актау, промзона, ТОО \"\"МАЭК-Казатомпром\"\", здание 201\"","471010000, Мангистауская область, Актау Г.А., г.Актау, \"Мангистауская область, г. Актау, промзона, ТОО \"\"МАЭК-Казатомпром\"\"\"","DDP","С даты подписания договора в течение 45 календарных дней","Предоплата - 0% , Промежуточный платеж - 0% , Окончательный платеж - 100% ","Набор",{"v":5,"d":"5.000"},{"v":53571.42,"d":"53,571.420"},{"v":267857.1,"d":"267,857.100"},{"v":299999.95,"d":"299,999.950"},"-","Товарищество с ограниченной ответственностью \"Мангистауский атомный энергетический комбинат-Казатомпром\""]
[null,"3770110","1562 Т","259413.900.000047","Набор инструментов","для разделки оптического волокна","230:Набор:Набор инструмента STF-6651:Набор инструмента STF-6651","ЦПП","-","0","06.2018","471010000, Мангистауская область, Актау Г.А., г.Актау, \"Мангистауская область, г. Актау, промзона, ТОО \"\"МАЭК-Казатомпром\"\", здание 201\"","471010000, Мангистауская область, Актау Г.А., г.Актау, \"Мангистауская область, г. Актау, промзона, ТОО \"\"МАЭК-Казатомпром\"\"\"","DDP","С даты подписания договора в течение 45 календарных дней","Предоплата - 0% , Промежуточный платеж - 0% , Окончательный платеж - 100% ","Набор",{"v":2,"d":"2.000"},{"v":65000,"d":"65,000.000"},{"v":130000,"d":"130,000.000"},{"v":145600,"d":"145,600.000"},"-","Товарищество с ограниченной ответственностью \"Мангистауский атомный энергетический комбинат-Казатомпром\""]
[null,"3770062","1565 Т","205941.990.000019","Паста","паяльная","103:объем:Паяльный жир нейтральный (20гр):Паяльный жир нейтральный (20гр)","ОИ","137-2 (не превышает тысячекратного МРП)","0","04.2018","471010000, Мангистауская область, Актау Г.А., г.Актау, \"Мангистауская область, г. Актау, промзона, ТОО \"\"МАЭК-Казатомпром\"\", здание 201\"","471010000, Мангистауская область, Актау Г.А., г.Актау, \"Мангистауская область, г. Актау, промзона, ТОО \"\"МАЭК-Казатомпром\"\"\"","DDP","С даты подписания договора в течение 30 календарных дней","Предоплата - 0% , Промежуточный платеж - 0% , Окончательный платеж - 100% ","Штука",{"v":32,"d":"32.000"},{"v":223.21,"d":"223.210"},{"v":7142.72,"d":"7,142.720"},{"v":7999.85,"d":"7,999.850"},"-","Товарищество с ограниченной ответственностью \"Мангистауский атомный энергетический комбинат-Казатомпром\""]
[null,"3770108","1569 Т","259413.900.000047","Набор инструментов","для разделки оптического волокна","230:Набор:Набор ТК-110INS до 1000В (из 11 предметов):Набор ТК-110INS до 1000В (из 11 предметов)","ЦПП","-","0","06.2018","471010000, Мангистауская область, Актау Г.А., г.Актау, \"Мангистауская область, г. Актау, промзона, ТОО \"\"МАЭК-Казатомпром\"\", здание 201\"","471010000, Мангистауская область, Актау Г.А., г.Актау, \"Мангистауская область, г. Актау, промзона, ТОО \"\"МАЭК-Казатомпром\"\"\"","DDP","С даты подписания договора в течение 45 календарных дней","Предоплата - 0% , Промежуточный платеж - 0% , Окончательный платеж - 100% ","Набор",{"v":5,"d":"5.000"},{"v":70000,"d":"70,000.000"},{"v":350000,"d":"350,000.000"},{"v":392000,"d":"392,000.000"},"-","Товарищество с ограниченной ответственностью \"Мангистауский атомный энергетический комбинат-Казатомпром\""]
[null,"3770052","1570 Т","282970.300.000018","Паяльник","для низкотемпературной пайки, электрический","462:Тип:Паяльник КS-60R (с керамическим жалом 220В/60 Ватт):Паяльник КS-60R (с керамическим жалом 220В/60 Ватт)","ОИ","137-2 (не превышает тысячекратного МРП)","0","06.2018","471010000, Мангистауская область, Актау Г.А., г.Актау, \"Мангистауская область, г. Актау, промзона, ТОО \"\"МАЭК-Казатомпром\"\", здание 201\"","471010000, Мангистауская область, Актау Г.А., г.Актау, \"Мангистауская область, г. Актау, промзона, ТОО \"\"МАЭК-Казатомпром\"\"\"","DDP","С даты подписания договора в течение 45 календарных дней","Предоплата - 0% , Промежуточный платеж - 0% , Окончательный платеж - 100% ","Штука",{"v":5,"d":"5.000"},{"v":9981,"d":"9,981.000"},{"v":49905,"d":"49,905.000"},{"v":55893.6,"d":"55,893.600"},"-","Товарищество с ограниченной ответственностью \"Мангистауский атомный энергетический комбинат-Казатомпром\""]
[null,"3770001","1574 Т","257330.100.000024","Клещи","электроизмерительные","462:Тип:Пресс-клещи CТК-08 (СТК-08 длина 230 мм):Пресс-клещи CТК-08 (СТК-08 длина 230 мм)","ОИ","137-2 (не превышает тысячекратного МРП)","0","06.2018","471010000, Мангистауская область, Актау Г.А., г.Актау, \"Мангистауская область, г. Актау, промзона, ТОО \"\"МАЭК-Казатомпром\"\", здание 201\"","471010000, Мангистауская область, Актау Г.А., г.Актау, \"Мангистауская область, г. Актау, промзона, ТОО \"\"МАЭК-Казатомпром\"\"\"","DDP","С даты подписания договора в течение 45 календарных дней","Предоплата - 0% , Промежуточный платеж - 0% , Окончательный платеж - 100% ","Штука",{"v":5,"d":"5.000"},{"v":6099,"d":"6,099.000"},{"v":30495,"d":"30,495.000"},{"v":34154.4,"d":"34,154.400"},"-","Товарищество с ограниченной ответственностью \"Мангистауский атомный энергетический комбинат-Казатомпром\""]
[null,"3830505","1578 Т","281510.530.000000","Подшипник качения","роликовый конический, радиально-упорный","163:Номер:180612:180612 \\ 79:ГОСТ:520-2011:520-2011","ОТП","-","0","01.2018","471010000, Мангистауская область, Актау Г.А., г.Актау, \"Мангистауская область, г. Актау, промзона, ТОО \"\"МАЭК-Казатомпром\"\", здание 201\"","471010000, Мангистауская область, Актау Г.А., г.Актау, \"Мангистауская область, г. Актау, промзона, ТОО \"\"МАЭК-Казатомпром\"\"\"","DDP","С даты подписания договора в течение 30 календарных дней","Предоплата - 0% , Промежуточный платеж - 0% , Окончательный платеж - 100% ","Штука",{"v":20,"d":"20.000"},{"v":4968,"d":"4,968.000"},{"v":99360,"d":"99,360.000"},{"v":111283.2,"d":"111,283.200"},"-","Товарищество с ограниченной ответственностью \"Мангистауский атомный энергетический комбинат-Казатомпром\""]
[null,"3830130","1581 Т","281510.700.000001","Подшипник качения","роликовый цилиндрический, упорный","163:Номер:2319:2319 \\ 79:ГОСТ:520-2011:520-2011","ОТП","-","0","01.2018","471010000, Мангистауская область, Актау Г.А., г.Актау, \"Мангистауская область, г. Актау, промзона, ТОО \"\"МАЭК-Казатомпром\"\", здание 201\"","471010000, Мангистауская область, Актау Г.А., г.Актау, \"Мангистауская область, г. Актау, промзона, ТОО \"\"МАЭК-Казатомпром\"\"\"","DDP","С даты подписания договора в течение 30 календарных дней","Предоплата - 0% , Промежуточный платеж - 0% , Окончательный платеж - 100% ","Штука",{"v":20,"d":"20.000"},{"v":14136.69,"d":"14,136.690"},{"v":282733.8,"d":"282,733.800"},{"v":316661.86,"d":"316,661.860"},"-","Товарищество с ограниченной ответственностью \"Мангистауский атомный энергетический комбинат-Казатомпром\""]
[null,"3830028","1583 Т","281510.530.000001","Подшипник качения","роликовый конический, упорный","163:Номер:205:205 \\ 79:ГОСТ:520-2011:520-2011","ОТП","-","0","04.2018","471010000, Мангистауская область, Актау Г.А., г.Актау, \"Мангистауская область, г. Актау, промзона, ТОО \"\"МАЭК-Казатомпром\"\", здание 201\"","471010000, Мангистауская область, Актау Г.А., г.Актау, \"Мангистауская область, г. Актау, промзона, ТОО \"\"МАЭК-Казатомпром\"\"\"","DDP","С даты подписания договора в течение 30 календарных дней","Предоплата - 0% , Промежуточный платеж - 0% , Окончательный платеж - 100% ","Штука",{"v":3,"d":"3.000"},{"v":486,"d":"486.000"},{"v":1458,"d":"1,458.000"},{"v":1632.96,"d":"1,632.960"},"-","Товарищество с ограниченной ответственностью \"Мангистауский атомный энергетический комбинат-Казатомпром\""]
[null,"3830229","1589-1 Т","281510.530.000001","Подшипник качения","роликовый конический, упорный","163:Номер:8103:8103 \\ 79:ГОСТ:520-2011:520-2011","ОТП","-","0","02.2018","471010000, Мангистауская область, Актау Г.А., г.Актау, \"Мангистауская область, г. Актау, промзона, ТОО \"\"МАЭК-Казатомпром\"\", здание 201\"","471010000, Мангистауская область, Актау Г.А., г.Актау, \"Мангистауская область, г. Актау, промзона, ТОО \"\"МАЭК-Казатомпром\"\"\"","DDP","С даты подписания договора в течение 30 календарных дней","Окончательный платеж - 100% , Промежуточный платеж - 0% , Предоплата - 0% ","Штука",{"v":19,"d":"19.000"},{"v":237.6,"d":"237.600"},{"v":4514.4,"d":"4,514.400"},{"v":5056.13,"d":"5,056.130"},"-","Товарищество с ограниченной ответственностью \"Мангистауский атомный энергетический комбинат-Казатомпром\""]
[null,"3830184","1592-1 Т","281510.530.000000","Подшипник качения","роликовый конический, радиально-упорный","163:Номер:7218:7218 \\ 79:ГОСТ: 333-79: 333-79","ОТП","-","0","02.2018","471000000, Мангистауская область, Актау Г.А., Промзона, ТОО \"МАЭК-Казатомпром\", здание 201","471010000, Мангистауская область, Актау Г.А., г.Актау, \"Мангистауская область, г. Актау, промзона, ТОО \"\"МАЭК-Казатомпром\"\"\"","DDP","С даты подписания договора в течение 30 календарных дней","Окончательный платеж - 100% , Промежуточный платеж - 0% , Предоплата - 0% ","Штука",{"v":17,"d":"17.000"},{"v":9821.43,"d":"9,821.430"},{"v":166964.31,"d":"166,964.310"},{"v":187000.03,"d":"187,000.030"},"-","Товарищество с ограниченной ответственностью \"Мангистауский атомный энергетический комбинат-Казатомпром\""]
[null,"3830319","1596 Т","281510.530.000001","Подшипник качения","роликовый конический, упорный","163:Номер:46118:46118 \\ 79:ГОСТ:520-2011:520-2011","ОТП","-","0","01.2018","471010000, Мангистауская область, Актау Г.А., г.Актау, \"Мангистауская область, г. Актау, промзона, ТОО \"\"МАЭК-Казатомпром\"\", здание 201\"","471010000, Мангистауская область, Актау Г.А., г.Актау, \"Мангистауская область, г. Актау, промзона, ТОО \"\"МАЭК-Казатомпром\"\"\"","DDP","С даты подписания договора в течение 30 календарных дней","Предоплата - 0% , Промежуточный платеж - 0% , Окончательный платеж - 100% ","Штука",{"v":16,"d":"16.000"},{"v":3888,"d":"3,888.000"},{"v":62208,"d":"62,208.000"},{"v":69672.96,"d":"69,672.960"},"-","Товарищество с ограниченной ответственностью \"Мангистауский атомный энергетический комбинат-Казатомпром\""]
[null,"3830231","1597 Т","281510.530.000001","Подшипник качения","роликовый конический, упорный","79:ГОСТ:520-2011:520-2011 \\ 163:Номер:8105:8105","ОТП","-","0","01.2018","471010000, Мангистауская область, Актау Г.А., г.Актау, \"Мангистауская область, г. Актау, промзона, ТОО \"\"МАЭК-Казатомпром\"\", здание 201\"","471010000, Мангистауская область, Актау Г.А., г.Актау, \"Мангистауская область, г. Актау, промзона, ТОО \"\"МАЭК-Казатомпром\"\"\"","DDP","С даты подписания договора в течение 30 календарных дней","Предоплата - 0% , Промежуточный платеж - 0% , Окончательный платеж - 100% ","Штука",{"v":15,"d":"15.000"},{"v":313.2,"d":"313.200"},{"v":4698,"d":"4,698.000"},{"v":5261.76,"d":"5,261.760"},"-","Товарищество с ограниченной ответственностью \"Мангистауский атомный энергетический комбинат-Казатомпром\""]
[null,"3830113","1600 Т","281510.700.000001","Подшипник качения","роликовый цилиндрический, упорный","163:Номер:2217:2217 \\ 79:ГОСТ:520-2011:520-2011","ОТП","-","0","01.2018","471010000, Мангистауская область, Актау Г.А., г.Актау, \"Мангистауская область, г. Актау, промзона, ТОО \"\"МАЭК-Казатомпром\"\", здание 201\"","471010000, Мангистауская область, Актау Г.А., г.Актау, \"Мангистауская область, г. Актау, промзона, ТОО \"\"МАЭК-Казатомпром\"\"\"","DDP","С даты подписания договора в течение 30 календарных дней","Предоплата - 0% , Промежуточный платеж - 0% , Окончательный платеж - 100% ","Штука",{"v":10,"d":"10.000"},{"v":5076,"d":"5,076.000"},{"v":50760,"d":"50,760.000"},{"v":56851.2,"d":"56,851.200"},"-","Товарищество с ограниченной ответственностью \"Мангистауский атомный энергетический комбинат-Казатомпром\""]
[null,"3830190","1605-1 Т","281510.530.000000","Подшипник качения","роликовый конический, радиально-упорный","163:Номер:7309:7309 \\ 79:ГОСТ:520-2011:520-2011","ОТП","-","0","02.2018","471010000, Мангистауская область, Актау Г.А., г.Актау, \"Мангистауская область, г. Актау, промзона, ТОО \"\"МАЭК-Казатомпром\"\", здание 201\"","471010000, Мангистауская область, Актау Г.А., г.Актау, \"Мангистауская область, г. Актау, промзона, ТОО \"\"МАЭК-Казатомпром\"\"\"","DDP","С даты подписания договора в течение 30 календарных дней","Окончательный платеж - 100% , Промежуточный платеж - 0% , Предоплата - 0% ","Штука",{"v":10,"d":"10.000"},{"v":1863,"d":"1,863.000"},{"v":18630,"d":"18,630.000"},{"v":20865.6,"d":"20,865.600"},"-","Товарищество с ограниченной ответственностью \"Мангистауский атомный энергетический комбинат-Казатомпром\""]
[null,"3833018","1608-2 Т","281510.530.000001","Подшипник качения","роликовый конический, упорный","79:ГОСТ:520-2011:520-2011 \\ 163:Номер:9019436 К:9019436 К","ОТП","-","0","02.2018","471010000, Мангистауская область, Актау Г.А., г.Актау, \"Мангистауская область, г. Актау, промзона, ТОО \"\"МАЭК-Казатомпром\"\", здание 201\"","471010000, Мангистауская область, Актау Г.А., г.Актау, \"Мангистауская область, г. Актау, промзона, ТОО \"\"МАЭК-Казатомпром\"\"\"","DDP","С даты подписания договора в течение 30 календарных дней","Предоплата - 0% , Промежуточный платеж - 0% , Окончательный платеж - 100% ","Штука",{"v":2,"d":"2.000"},{"v":404352,"d":"404,352.000"},{"v":808704,"d":"808,704.000"},{"v":905748.48,"d":"905,748.480"},"-","Товарищество с ограниченной ответственностью \"Мангистауский атомный энергетический комбинат-Казатомпром\""]
[null,"3830052","1611 Т","281510.530.000001","Подшипник качения","роликовый конический, упорный","163:Номер:302 (60302) :302 (60302)  \\ 79:ГОСТ:520-2011:520-2011","ОТП","-","0","04.2018","471010000, Мангистауская область, Актау Г.А., г.Актау, \"Мангистауская область, г. Актау, промзона, ТОО \"\"МАЭК-Казатомпром\"\", здание 201\"","471010000, Мангистауская область, Актау Г.А., г.Актау, \"Мангистауская область, г. Актау, промзона, ТОО \"\"МАЭК-Казатомпром\"\"\"","DDP","С даты подписания договора в течение 30 календарных дней","Предоплата - 0% , Промежуточный платеж - 0% , Окончательный платеж - 100% ","Штука",{"v":3,"d":"3.000"},{"v":1863,"d":"1,863.000"},{"v":5589,"d":"5,589.000"},{"v":6259.68,"d":"6,259.680"},"-","Товарищество с ограниченной ответственностью \"Мангистауский атомный энергетический комбинат-Казатомпром\""]
[null,"3830685","1614 Т","281510.530.000000","Подшипник качения","роликовый конический, радиально-упорный","163:Номер:7205:7205 \\ 79:ГОСТ:520-2011:520-2011","ОТП","-","0","03.2018","471010000, Мангистауская область, Актау Г.А., г.Актау, \"Мангистауская область, г. Актау, промзона, ТОО \"\"МАЭК-Казатомпром\"\", здание 201\"","471010000, Мангистауская область, Актау Г.А., г.Актау, \"Мангистауская область, г. Актау, промзона, ТОО \"\"МАЭК-Казатомпром\"\"\"","DDP","С даты подписания договора в течение 30 календарных дней","Предоплата - 0% , Промежуточный платеж - 0% , Окончательный платеж - 100% ","Штука",{"v":4,"d":"4.000"},{"v":2391.48,"d":"2,391.480"},{"v":9565.92,"d":"9,565.920"},{"v":10713.83,"d":"10,713.830"},"-","Товарищество с ограниченной ответственностью \"Мангистауский атомный энергетический комбинат-Казатомпром\""]
[null,"3830129","1619 Т","281510.700.000001","Подшипник качения","роликовый цилиндрический, упорный","163:Номер:2318:2318 \\ 79:ГОСТ:520-2011:520-2011","ОТП","-","0","05.2018","471010000, Мангистауская область, Актау Г.А., г.Актау, \"Мангистауская область, г. Актау, промзона, ТОО \"\"МАЭК-Казатомпром\"\", здание 201\"","471010000, Мангистауская область, Актау Г.А., г.Актау, \"Мангистауская область, г. Актау, промзона, ТОО \"\"МАЭК-Казатомпром\"\"\"","DDP","С даты подписания договора в течение 30 календарных дней","Предоплата - 0% , Промежуточный платеж - 0% , Окончательный платеж - 100% ","Штука",{"v":8,"d":"8.000"},{"v":12420,"d":"12,420.000"},{"v":99360,"d":"99,360.000"},{"v":111283.2,"d":"111,283.200"},"-","Товарищество с ограниченной ответственностью \"Мангистауский атомный энергетический комбинат-Казатомпром\""]
[null,"3830378","1623 Т","281510.530.000001","Подшипник качения","роликовый конический, упорный","163:Номер:60304(180304) :60304(180304)  \\ 79:ГОСТ:520-2011:520-2011","ОТП","-","0","03.2018","471010000, Мангистауская область, Актау Г.А., г.Актау, \"Мангистауская область, г. Актау, промзона, ТОО \"\"МАЭК-Казатомпром\"\", здание 201\"","471010000, Мангистауская область, Актау Г.А., г.Актау, \"Мангистауская область, г. Актау, промзона, ТОО \"\"МАЭК-Казатомпром\"\"\"","DDP","С даты подписания договора в течение 30 календарных дней","Предоплата - 0% , Промежуточный платеж - 0% , Окончательный платеж - 100% ","Штука",{"v":6,"d":"6.000"},{"v":447.12,"d":"447.120"},{"v":2682.72,"d":"2,682.720"},{"v":3004.65,"d":"3,004.650"},"-","Товарищество с ограниченной ответственностью \"Мангистауский атомный энергетический комбинат-Казатомпром\""]
[null,"3830064","1624 Т","281510.530.000001","Подшипник качения","роликовый конический, упорный","163:Номер:314:314 \\ 79:ГОСТ:520-2011:520-2011","ОТП","-","0","01.2018","471010000, Мангистауская область, Актау Г.А., г.Актау, \"Мангистауская область, г. Актау, промзона, ТОО \"\"МАЭК-Казатомпром\"\", здание 201\"","471010000, Мангистауская область, Актау Г.А., г.Актау, \"Мангистауская область, г. Актау, промзона, ТОО \"\"МАЭК-Казатомпром\"\"\"","DDP","С даты подписания договора в течение 30 календарных дней","Предоплата - 0% , Промежуточный платеж - 0% , Окончательный платеж - 100% ","Штука",{"v":86,"d":"86.000"},{"v":4008.74,"d":"4,008.740"},{"v":344751.64,"d":"344,751.640"},{"v":386121.84,"d":"386,121.840"},"-","Товарищество с ограниченной ответственностью \"Мангистауский атомный энергетический комбинат-Казатомпром\""]
[null,"3830115","1627 Т","281510.700.000001","Подшипник качения","роликовый цилиндрический, упорный","163:Номер:2222:2222 \\ 79:ГОСТ:520-2011:520-2011","ОТП","-","0","04.2018","471010000, Мангистауская область, Актау Г.А., г.Актау, \"Мангистауская область, г. Актау, промзона, ТОО \"\"МАЭК-Казатомпром\"\", здание 201\"","471010000, Мангистауская область, Актау Г.А., г.Актау, \"Мангистауская область, г. Актау, промзона, ТОО \"\"МАЭК-Казатомпром\"\"\"","DDP","С даты подписания договора в течение 30 календарных дней","Предоплата - 0% , Промежуточный платеж - 0% , Окончательный платеж - 100% ","Штука",{"v":3,"d":"3.000"},{"v":10681.2,"d":"10,681.200"},{"v":32043.6,"d":"32,043.600"},{"v":35888.83,"d":"35,888.830"},"-","Товарищество с ограниченной ответственностью \"Мангистауский атомный энергетический комбинат-Казатомпром\""]
[null,"3830390","1632-1 Т","281510.530.000001","Подшипник качения","роликовый конический, упорный","163:Номер:66322(7322):66322(7322) \\ 79:ГОСТ:520-2011:520-2011","ОТП","-","0","02.2018","471010000, Мангистауская область, Актау Г.А., г.Актау, \"Мангистауская область, г. Актау, промзона, ТОО \"\"МАЭК-Казатомпром\"\", здание 201\"","471010000, Мангистауская область, Актау Г.А., г.Актау, \"Мангистауская область, г. Актау, промзона, ТОО \"\"МАЭК-Казатомпром\"\"\"","DDP","С даты подписания договора в течение 30 календарных дней","Окончательный платеж - 100% , Промежуточный платеж - 0% , Предоплата - 0% ","Штука",{"v":11,"d":"11.000"},{"v":44374.5,"d":"44,374.500"},{"v":488119.5,"d":"488,119.500"},{"v":546693.84,"d":"546,693.840"},"-","Товарищество с ограниченной ответственностью \"Мангистауский атомный энергетический комбинат-Казатомпром\""]
[null,"3833004","1635 Т","281510.530.000001","Подшипник качения","роликовый конический, упорный","163:Номер: SKF 6205Z: SKF 6205Z","ОТП","-","0","01.2018","471010000, Мангистауская область, Актау Г.А., г.Актау, \"Мангистауская область, г. Актау, промзона, ТОО \"\"МАЭК-Казатомпром\"\", здание 201\"","471010000, Мангистауская область, Актау Г.А., г.Актау, \"Мангистауская область, г. Актау, промзона, ТОО \"\"МАЭК-Казатомпром\"\"\"","DDP","С даты подписания договора в течение 30 календарных дней","Предоплата - 0% , Промежуточный платеж - 0% , Окончательный платеж - 100% ","Штука",{"v":4,"d":"4.000"},{"v":5247.45,"d":"5,247.450"},{"v":20989.8,"d":"20,989.800"},{"v":23508.58,"d":"23,508.580"},"-","Товарищество с ограниченной ответственностью \"Мангистауский атомный энергетический комбинат-Казатомпром\""]
[null,"3833003","1638 Т","281510.530.000001","Подшипник качения","роликовый конический, упорный","163:Номер:SKF 6204Z :SKF 6204Z ","ОТП","-","0","01.2018","471010000, Мангистауская область, Актау Г.А., г.Актау, \"Мангистауская область, г. Актау, промзона, ТОО \"\"МАЭК-Казатомпром\"\", здание 201\"","471010000, Мангистауская область, Актау Г.А., г.Актау, \"Мангистауская область, г. Актау, промзона, ТОО \"\"МАЭК-Казатомпром\"\"\"","DDP","С даты подписания договора в течение 30 календарных дней","Предоплата - 0% , Промежуточный платеж - 0% , Окончательный платеж - 100% ","Штука",{"v":4,"d":"4.000"},{"v":4359.42,"d":"4,359.420"},{"v":17437.68,"d":"17,437.680"},{"v":19530.2,"d":"19,530.200"},"-","Товарищество с ограниченной ответственностью \"Мангистауский атомный энергетический комбинат-Казатомпром\""]
[null,"3830024","1641-1 Т","281510.530.000001","Подшипник качения","роликовый конический, упорный","163:Номер:\"201; 60201 \":\"201;60201 \" \\ 79:ГОСТ:520-2011:520-2011","ОТП","-","0","02.2018","471000000, Мангистауская область, Актау Г.А., Промзона, ТОО \"МАЭК-Казатомпром\", здание 201","471000000, Мангистауская область, Актау Г.А., Промзона, склад ТОО \"МАЭК-Казатомпром\"","DDP","С даты подписания договора в течение 30 календарных дней","Окончательный платеж - 100% , Промежуточный платеж - 0% , Предоплата - 0% ","Штука",{"v":5,"d":"5.000"},{"v":524.16,"d":"524.160"},{"v":2620.8,"d":"2,620.800"},{"v":2935.3,"d":"2,935.300"},"-","Товарищество с ограниченной ответственностью \"Мангистауский атомный энергетический комбинат-Казатомпром\""]
[null,"3830163","1646 Т","281510.530.000002","Подшипник качения","роликовый сферический, радиальный самоустанавливающийся","163:Номер:3640:3640 \\ 79:ГОСТ:520-2011:520-2011","ОТП","-","0","01.2018","471010000, Мангистауская область, Актау Г.А., г.Актау, \"Мангистауская область, г. Актау, промзона, ТОО \"\"МАЭК-Казатомпром\"\", здание 201\"","471010000, Мангистауская область, Актау Г.А., г.Актау, \"Мангистауская область, г. Актау, промзона, ТОО \"\"МАЭК-Казатомпром\"\"\"","DDP","С даты подписания договора в течение 30 календарных дней","Предоплата - 0% , Промежуточный платеж - 0% , Окончательный платеж - 100% ","Штука",{"v":5,"d":"5.000"},{"v":192510,"d":"192,510.000"},{"v":962550,"d":"962,550.000"},{"v":1078056,"d":"1,078,056.000"},"-","Товарищество с ограниченной ответственностью \"Мангистауский атомный энергетический комбинат-Казатомпром\""]
[null,"3830643","1647 Т","281510.530.000002","Подшипник качения","роликовый сферический, радиальный самоустанавливающийся","163:Номер:943/50:943/50 \\ 79:ГОСТ: 4060-78: 4060-78","ОТП","-","0","01.2018","471010000, Мангистауская область, Актау Г.А., г.Актау, \"Мангистауская область, г. Актау, промзона, ТОО \"\"МАЭК-Казатомпром\"\", здание 201\"","471010000, Мангистауская область, Актау Г.А., г.Актау, \"Мангистауская область, г. Актау, промзона, ТОО \"\"МАЭК-Казатомпром\"\"\"","DDP","С даты подписания договора в течение 30 календарных дней","Предоплата - 0% , Промежуточный платеж - 0% , Окончательный платеж - 100% ","Штука",{"v":10,"d":"10.000"},{"v":993.6,"d":"993.600"},{"v":9936,"d":"9,936.000"},{"v":11128.32,"d":"11,128.320"},"-","Товарищество с ограниченной ответственностью \"Мангистауский атомный энергетический комбинат-Казатомпром\""]
[null,"3830187","1650 Т","281510.530.000000","Подшипник качения","роликовый конический, радиально-упорный","163:Номер:7306:7306 \\ 79:ГОСТ:333-79:333-79","ОТП","-","0","01.2018","471010000, Мангистауская область, Актау Г.А., г.Актау, \"Мангистауская область, г. Актау, промзона, ТОО \"\"МАЭК-Казатомпром\"\", здание 201\"","471010000, Мангистауская область, Актау Г.А., г.Актау, \"Мангистауская область, г. Актау, промзона, ТОО \"\"МАЭК-Казатомпром\"\"\"","DDP","С даты подписания договора в течение 30 календарных дней","Предоплата - 0% , Промежуточный платеж - 0% , Окончательный платеж - 100% ","Штука",{"v":5,"d":"5.000"},{"v":896.4,"d":"896.400"},{"v":4482,"d":"4,482.000"},{"v":5019.84,"d":"5,019.840"},"-","Товарищество с ограниченной ответственностью \"Мангистауский атомный энергетический комбинат-Казатомпром\""]
[null,"3830342","1654-1 Т","281510.530.000001","Подшипник качения","роликовый конический, упорный","163:Номер:50205:50205 \\ 79:ГОСТ:520-2011:520-2011","ОТП","-","0","02.2018","471010000, Мангистауская область, Актау Г.А., г.Актау, \"Мангистауская область, г. Актау, промзона, ТОО \"\"МАЭК-Казатомпром\"\", здание 201\"","471010000, Мангистауская область, Актау Г.А., г.Актау, \"Мангистауская область, г. Актау, промзона, ТОО \"\"МАЭК-Казатомпром\"\"\"","DDP","С даты подписания договора в течение 30 календарных дней","Окончательный платеж - 100% , Промежуточный платеж - 0% , Предоплата - 0% ","Штука",{"v":20,"d":"20.000"},{"v":729.73,"d":"729.730"},{"v":14594.6,"d":"14,594.600"},{"v":16345.95,"d":"16,345.950"},"-","Товарищество с ограниченной ответственностью \"Мангистауский атомный энергетический комбинат-Казатомпром\""]
[null,"3830191","1658-1 Т","281510.530.000000","Подшипник качения","роликовый конический, радиально-упорный","163:Номер:7310:7310 \\ 79:ГОСТ:520-2011:520-2011","ОТП","-","0","02.2018","471010000, Мангистауская область, Актау Г.А., г.Актау, \"Мангистауская область, г. Актау, промзона, ТОО \"\"МАЭК-Казатомпром\"\", здание 201\"","471010000, Мангистауская область, Актау Г.А., г.Актау, \"Мангистауская область, г. Актау, промзона, ТОО \"\"МАЭК-Казатомпром\"\"\"","DDP","С даты подписания договора в течение 30 календарных дней","Окончательный платеж - 100% , Промежуточный платеж - 0% , Предоплата - 0% ","Штука",{"v":10,"d":"10.000"},{"v":1614.6,"d":"1,614.600"},{"v":16146,"d":"16,146.000"},{"v":18083.52,"d":"18,083.520"},"-","Товарищество с ограниченной ответственностью \"Мангистауский атомный энергетический комбинат-Казатомпром\""]
[null,"3830197","1663-1 Т","281510.530.000000","Подшипник качения","роликовый конический, радиально-упорный","163:Номер:7508:7508 \\ 79:ГОСТ:520-2011:520-2011","ОТП","-","0","02.2018","471010000, Мангистауская область, Актау Г.А., г.Актау, \"Мангистауская область, г. Актау, промзона, ТОО \"\"МАЭК-Казатомпром\"\", здание 201\"","471010000, Мангистауская область, Актау Г.А., г.Актау, \"Мангистауская область, г. Актау, промзона, ТОО \"\"МАЭК-Казатомпром\"\"\"","DDP","С даты подписания договора в течение 30 календарных дней","Окончательный платеж - 100% , Промежуточный платеж - 0% , Предоплата - 0% ","Штука",{"v":18,"d":"18.000"},{"v":1242,"d":"1,242.000"},{"v":22356,"d":"22,356.000"},{"v":25038.72,"d":"25,038.720"},"-","Товарищество с ограниченной ответственностью \"Мангистауский атомный энергетический комбинат-Казатомпром\""]
[null,"3830259","1666-1 Т","281510.530.000001","Подшипник качения","роликовый конический, упорный","163:Номер:8216:8216 \\ 79:ГОСТ:520-2011:520-2011","ОТП","-","0","02.2018","471000000, Мангистауская область, Актау Г.А., Промзона, ТОО \"МАЭК-Казатомпром\", здание 201","471010000, Мангистауская область, Актау Г.А., г.Актау, \"Мангистауская область, г. Актау, промзона, ТОО \"\"МАЭК-Казатомпром\"\"\"","DDP","С даты подписания договора в течение 30 календарных дней","Окончательный платеж - 100% , Промежуточный платеж - 0% , Предоплата - 0% ","Штука",{"v":30,"d":"30.000"},{"v":2700,"d":"2,700.000"},{"v":81000,"d":"81,000.000"},{"v":90720,"d":"90,720.000"},"-","Товарищество с ограниченной ответственностью \"Мангистауский атомный энергетический комбинат-Казатомпром\""]
[null,"3830140","1669 Т","281510.530.000002","Подшипник качения","роликовый сферический, радиальный самоустанавливающийся","163:Номер:3520(22220) :3520(22220)  \\ 79:ГОСТ:520-2011:520-2011","ОТП","-","0","01.2018","471010000, Мангистауская область, Актау Г.А., г.Актау, \"Мангистауская область, г. Актау, промзона, ТОО \"\"МАЭК-Казатомпром\"\", здание 201\"","471010000, Мангистауская область, Актау Г.А., г.Актау, \"Мангистауская область, г. Актау, промзона, ТОО \"\"МАЭК-Казатомпром\"\"\"","DDP","С даты подписания договора в течение 30 календарных дней","Предоплата - 0% , Промежуточный платеж - 0% , Окончательный платеж - 100% ","Штука",{"v":22,"d":"22.000"},{"v":11968.95,"d":"11,968.950"},{"v":263316.9,"d":"263,316.900"},{"v":294914.93,"d":"294,914.930"},"-","Товарищество с ограниченной ответственностью \"Мангистауский атомный энергетический комбинат-Казатомпром\""]
[null,"3830840","1672 Т","281510.700.000001","Подшипник качения","роликовый цилиндрический, упорный","163:Номер:12208:12208 \\ 79:ГОСТ:520-2011:520-2011","ОТП","-","0","01.2018","471010000, Мангистауская область, Актау Г.А., г.Актау, \"Мангистауская область, г. Актау, промзона, ТОО \"\"МАЭК-Казатомпром\"\", здание 201\"","471010000, Мангистауская область, Актау Г.А., г.Актау, \"Мангистауская область, г. Актау, промзона, ТОО \"\"МАЭК-Казатомпром\"\"\"","DDP","С даты подписания договора в течение 30 календарных дней","Предоплата - 0% , Промежуточный платеж - 0% , Окончательный платеж - 100% ","Штука",{"v":20,"d":"20.000"},{"v":2732.4,"d":"2,732.400"},{"v":54648,"d":"54,648.000"},{"v":61205.76,"d":"61,205.760"},"-","Товарищество с ограниченной ответственностью \"Мангистауский атомный энергетический комбинат-Казатомпром\""]
[null,"3830402","1674 Т","281510.530.000001","Подшипник качения","роликовый конический, упорный","163:Номер:80018:80018 \\ 79:ГОСТ:520-2011:520-2011","ОТП","-","0","01.2018","471010000, Мангистауская область, Актау Г.А., г.Актау, \"Мангистауская область, г. Актау, промзона, ТОО \"\"МАЭК-Казатомпром\"\", здание 201\"","471010000, Мангистауская область, Актау Г.А., г.Актау, \"Мангистауская область, г. Актау, промзона, ТОО \"\"МАЭК-Казатомпром\"\"\"","DDP","С даты подписания договора в течение 30 календарных дней","Предоплата - 0% , Промежуточный платеж - 0% , Окончательный платеж - 100% ","Штука",{"v":10,"d":"10.000"},{"v":248.4,"d":"248.400"},{"v":2484,"d":"2,484.000"},{"v":2782.08,"d":"2,782.080"},"-","Товарищество с ограниченной ответственностью \"Мангистауский атомный энергетический комбинат-Казатомпром\""]
[null,"3830395","1677 Т","281510.530.000001","Подшипник качения","роликовый конический, упорный","163:Номер:66412:66412 \\ 79:ГОСТ:520-2011:520-2011","ОТП","-","0","05.2018","471010000, Мангистауская область, Актау Г.А., г.Актау, \"Мангистауская область, г. Актау, промзона, ТОО \"\"МАЭК-Казатомпром\"\", здание 201\"","471010000, Мангистауская область, Актау Г.А., г.Актау, \"Мангистауская область, г. Актау, промзона, ТОО \"\"МАЭК-Казатомпром\"\"\"","DDP","С даты подписания договора в течение 30 календарных дней","Предоплата - 0% , Промежуточный платеж - 0% , Окончательный платеж - 100% ","Штука",{"v":2,"d":"2.000"},{"v":7079.4,"d":"7,079.400"},{"v":14158.8,"d":"14,158.800"},{"v":15857.86,"d":"15,857.860"},"-","Товарищество с ограниченной ответственностью \"Мангистауский атомный энергетический комбинат-Казатомпром\""]
[null,"3830026","1681 Т","281510.530.000001","Подшипник качения","роликовый конический, упорный","163:Номер:203 (6203):203 (6203) \\ 79:ГОСТ:520-2011:520-2011","ОТП","-","0","01.2018","471010000, Мангистауская область, Актау Г.А., г.Актау, \"Мангистауская область, г. Актау, промзона, ТОО \"\"МАЭК-Казатомпром\"\", здание 201\"","471010000, Мангистауская область, Актау Г.А., г.Актау, \"Мангистауская область, г. Актау, промзона, ТОО \"\"МАЭК-Казатомпром\"\"\"","DDP","С даты подписания договора в течение 30 календарных дней","Предоплата - 0% , Промежуточный платеж - 0% , Окончательный платеж - 100% ","Штука",{"v":20,"d":"20.000"},{"v":196.56,"d":"196.560"},{"v":3931.2,"d":"3,931.200"},{"v":4402.94,"d":"4,402.940"},"-","Товарищество с ограниченной ответственностью \"Мангистауский атомный энергетический комбинат-Казатомпром\""]
[null,"3830170","1685 Т","281510.530.000001","Подшипник качения","роликовый конический, упорный","163:Номер:6015:6015 \\ 79:ГОСТ:520-2011:520-2011","ОТП","-","0","04.2018","471010000, Мангистауская область, Актау Г.А., г.Актау, \"Мангистауская область, г. Актау, промзона, ТОО \"\"МАЭК-Казатомпром\"\", здание 201\"","471010000, Мангистауская область, Актау Г.А., г.Актау, \"Мангистауская область, г. Актау, промзона, ТОО \"\"МАЭК-Казатомпром\"\"\"","DDP","С даты подписания договора в течение 30 календарных дней","Предоплата - 0% , Промежуточный платеж - 0% , Окончательный платеж - 100% ","Штука",{"v":6,"d":"6.000"},{"v":1863,"d":"1,863.000"},{"v":11178,"d":"11,178.000"},{"v":12519.36,"d":"12,519.360"},"-","Товарищество с ограниченной ответственностью \"Мангистауский атомный энергетический комбинат-Казатомпром\""]
[null,"3830263","1690-1 Т","281510.530.000001","Подшипник качения","роликовый конический, упорный","163:Номер:8222:8222 \\ 79:ГОСТ:520-2011:520-2011","ОТП","-","0","02.2018","471010000, Мангистауская область, Актау Г.А., г.Актау, \"Мангистауская область, г. Актау, промзона, ТОО \"\"МАЭК-Казатомпром\"\", здание 201\"","471010000, Мангистауская область, Актау Г.А., г.Актау, \"Мангистауская область, г. Актау, промзона, ТОО \"\"МАЭК-Казатомпром\"\"\"","DDP","С даты подписания договора в течение 30 календарных дней","Окончательный платеж - 100% , Промежуточный платеж - 0% , Предоплата - 0% ","Штука",{"v":45,"d":"45.000"},{"v":6879.6,"d":"6,879.600"},{"v":309582,"d":"309,582.000"},{"v":346731.84,"d":"346,731.840"},"-","Товарищество с ограниченной ответственностью \"Мангистауский атомный энергетический комбинат-Казатомпром\""]
[null,"3830210","1693 Т","281510.530.000000","Подшипник качения","роликовый конический, радиально-упорный","163:Номер:7605:7605 \\ 79:ГОСТ:520-2011:520-2011","ОТП","-","0","01.2018","471010000, Мангистауская область, Актау Г.А., г.Актау, \"Мангистауская область, г. Актау, промзона, ТОО \"\"МАЭК-Казатомпром\"\", здание 201\"","471010000, Мангистауская область, Актау Г.А., г.Актау, \"Мангистауская область, г. Актау, промзона, ТОО \"\"МАЭК-Казатомпром\"\"\"","DDP","С даты подписания договора в течение 30 календарных дней","Предоплата - 0% , Промежуточный платеж - 0% , Окончательный платеж - 100% ","Штука",{"v":5,"d":"5.000"},{"v":1512,"d":"1,512.000"},{"v":7560,"d":"7,560.000"},{"v":8467.2,"d":"8,467.200"},"-","Товарищество с ограниченной ответственностью \"Мангистауский атомный энергетический комбинат-Казатомпром\""]
[null,"3830012","1696 Т","281510.530.000001","Подшипник качения","роликовый конический, упорный","163:Номер:108:108","ОТП","-","0","01.2018","471010000, Мангистауская область, Актау Г.А., г.Актау, \"Мангистауская область, г. Актау, промзона, ТОО \"\"МАЭК-Казатомпром\"\", здание 201\"","471010000, Мангистауская область, Актау Г.А., г.Актау, \"Мангистауская область, г. Актау, промзона, ТОО \"\"МАЭК-Казатомпром\"\"\"","DDP","С даты подписания договора в течение 30 календарных дней","Предоплата - 0% , Промежуточный платеж - 0% , Окончательный платеж - 100% ","Штука",{"v":16,"d":"16.000"},{"v":1550,"d":"1,550.000"},{"v":24800,"d":"24,800.000"},{"v":27776,"d":"27,776.000"},"-","Товарищество с ограниченной ответственностью \"Мангистауский атомный энергетический комбинат-Казатомпром\""]
[null,"3830232","1699 Т","281510.530.000001","Подшипник качения","роликовый конический, упорный","163:Номер:8106:8106 \\ 79:ГОСТ:520-2011:520-2011","ОТП","-","0","01.2018","471010000, Мангистауская область, Актау Г.А., г.Актау, \"Мангистауская область, г. Актау, промзона, ТОО \"\"МАЭК-Казатомпром\"\", здание 201\"","471010000, Мангистауская область, Актау Г.А., г.Актау, \"Мангистауская область, г. Актау, промзона, ТОО \"\"МАЭК-Казатомпром\"\"\"","DDP","С даты подписания договора в течение 30 календарных дней","Предоплата - 0% , Промежуточный платеж - 0% , Окончательный платеж - 100% ","Штука",{"v":10,"d":"10.000"},{"v":378,"d":"378.000"},{"v":3780,"d":"3,780.000"},{"v":4233.6,"d":"4,233.600"},"-","Товарищество с ограниченной ответственностью \"Мангистауский атомный энергетический комбинат-Казатомпром\""]
[null,"3830149","1701 Т","281510.530.000002","Подшипник качения","роликовый сферический, радиальный самоустанавливающийся","163:Номер:3608(53608):3608(53608) \\ 79:ГОСТ:520-2011:520-2011","ОТП","-","0","01.2018","471010000, Мангистауская область, Актау Г.А., г.Актау, \"Мангистауская область, г. Актау, промзона, ТОО \"\"МАЭК-Казатомпром\"\", здание 201\"","471010000, Мангистауская область, Актау Г.А., г.Актау, \"Мангистауская область, г. Актау, промзона, ТОО \"\"МАЭК-Казатомпром\"\"\"","DDP","С даты подписания договора в течение 30 календарных дней","Предоплата - 0% , Промежуточный платеж - 0% , Окончательный платеж - 100% ","Штука",{"v":9,"d":"9.000"},{"v":9811.8,"d":"9,811.800"},{"v":88306.2,"d":"88,306.200"},{"v":98902.94,"d":"98,902.940"},"-","Товарищество с ограниченной ответственностью \"Мангистауский атомный энергетический комбинат-Казатомпром\""]
[null,"3830601","1704-1 Т","281510.700.000001","Подшипник качения","роликовый цилиндрический, упорный","163:Номер:4024108:4024108 \\ 79:ГОСТ:7634:7634","ОТП","-","0","02.2018","471010000, Мангистауская область, Актау Г.А., г.Актау, \"Мангистауская область, г. Актау, промзона, ТОО \"\"МАЭК-Казатомпром\"\", здание 201\"","471000000, Мангистауская область, Актау Г.А., Промзона, склад ТОО \"МАЭК-Казатомпром\"","DDP","С даты подписания договора в течение 30 календарных дней","Окончательный платеж - 100% , Промежуточный платеж - 0% , Предоплата - 0% ","Штука",{"v":9,"d":"9.000"},{"v":5600,"d":"5,600.000"},{"v":50400,"d":"50,400.000"},{"v":56448,"d":"56,448.000"},"-","Товарищество с ограниченной ответственностью \"Мангистауский атомный энергетический комбинат-Казатомпром\""]
[null,"3830248","1708-1 Т","281510.530.000001","Подшипник качения","роликовый конический, упорный","163:Номер:8202:8202 \\ 79:ГОСТ:520-2011:520-2011","ОТП","-","0","02.2018","471010000, Мангистауская область, Актау Г.А., г.Актау, \"Мангистауская область, г. Актау, промзона, ТОО \"\"МАЭК-Казатомпром\"\", здание 201\"","471010000, Мангистауская область, Актау Г.А., г.Актау, \"Мангистауская область, г. Актау, промзона, ТОО \"\"МАЭК-Казатомпром\"\"\"","DDP","С даты подписания договора в течение 30 календарных дней","Окончательный платеж - 100% , Промежуточный платеж - 0% , Предоплата - 0% ","Штука",{"v":10,"d":"10.000"},{"v":324,"d":"324.000"},{"v":3240,"d":"3,240.000"},{"v":3628.8,"d":"3,628.800"},"-","Товарищество с ограниченной ответственностью \"Мангистауский атомный энергетический комбинат-Казатомпром\""]
[null,"3830138","1712-1 Т","281510.530.000002","Подшипник качения","роликовый сферический, радиальный самоустанавливающийся","163:Номер:\"3518(113518;53518;222 \":\"3518(113518;53518;222 \" \\ 79:ГОСТ:520-2011:520-2011","ОТП","-","0","02.2018","471010000, Мангистауская область, Актау Г.А., г.Актау, \"Мангистауская область, г. Актау, промзона, ТОО \"\"МАЭК-Казатомпром\"\", здание 201\"","471000000, Мангистауская область, Актау Г.А., Промзона, склад ТОО \"МАЭК-Казатомпром\"","DDP","С даты подписания договора в течение 30 календарных дней","Окончательный платеж - 100% , Промежуточный платеж - 0% , Предоплата - 0% ","Штука",{"v":17,"d":"17.000"},{"v":10880.86,"d":"10,880.860"},{"v":184974.62,"d":"184,974.620"},{"v":207171.57,"d":"207,171.570"},"-","Товарищество с ограниченной ответственностью \"Мангистауский атомный энергетический комбинат-Казатомпром\""]
[null,"3830040","1715-1 Т","281510.530.000001","Подшипник качения","роликовый конический, упорный","163:Номер:218:218 \\ 79:ГОСТ:520-2011:520-2011","ОТП","-","0","02.2018","471010000, Мангистауская область, Актау Г.А., г.Актау, \"Мангистауская область, г. Актау, промзона, ТОО \"\"МАЭК-Казатомпром\"\", здание 201\"","471010000, Мангистауская область, Актау Г.А., г.Актау, \"Мангистауская область, г. Актау, промзона, ТОО \"\"МАЭК-Казатомпром\"\"\"","DDP","С даты подписания договора в течение 30 календарных дней","Окончательный платеж - 100% , Промежуточный платеж - 0% , Предоплата - 0% ","Штука",{"v":17,"d":"17.000"},{"v":7505.78,"d":"7,505.780"},{"v":127598.26,"d":"127,598.260"},{"v":142910.05,"d":"142,910.050"},"-","Товарищество с ограниченной ответственностью \"Мангистауский атомный энергетический комбинат-Казатомпром\""]
[null,"3830070","1717-1 Т","281510.530.000001","Подшипник качения","роликовый конический, упорный","163:Номер:320( 2320):320( 2320) \\ 79:ГОСТ:520-2011:520-2011","ОТП","-","0","02.2018","471010000, Мангистауская область, Актау Г.А., г.Актау, \"Мангистауская область, г. Актау, промзона, ТОО \"\"МАЭК-Казатомпром\"\", здание 201\"","471010000, Мангистауская область, Актау Г.А., г.Актау, \"Мангистауская область, г. Актау, промзона, ТОО \"\"МАЭК-Казатомпром\"\"\"","DDP","С даты подписания договора в течение 30 календарных дней","Окончательный платеж - 100% , Промежуточный платеж - 0% , Предоплата - 0% ","Штука",{"v":67,"d":"67.000"},{"v":17280,"d":"17,280.000"},{"v":1157760,"d":"1,157,760.000"},{"v":1296691.2,"d":"1,296,691.200"},"-","Товарищество с ограниченной ответственностью \"Мангистауский атомный энергетический комбинат-Казатомпром\""]
[null,"3830752","1723 Т","281510.530.000001","Подшипник качения","роликовый конический, упорный","163:Номер:60306:60306 \\ 79:ГОСТ:520-2011:520-2011","ОТП","-","0","04.2018","471010000, Мангистауская область, Актау Г.А., г.Актау, \"Мангистауская область, г. Актау, промзона, ТОО \"\"МАЭК-Казатомпром\"\", здание 201\"","471010000, Мангистауская область, Актау Г.А., г.Актау, \"Мангистауская область, г. Актау, промзона, ТОО \"\"МАЭК-Казатомпром\"\"\"","DDP","С даты подписания договора в течение 30 календарных дней","Предоплата - 0% , Промежуточный платеж - 0% , Окончательный платеж - 100% ","Штука",{"v":2,"d":"2.000"},{"v":869.4,"d":"869.400"},{"v":1738.8,"d":"1,738.800"},{"v":1947.46,"d":"1,947.460"},"-","Товарищество с ограниченной ответственностью \"Мангистауский атомный энергетический комбинат-Казатомпром\""]
[null,"3830238","1726 Т","281510.530.000001","Подшипник качения","роликовый конический, упорный","163:Номер:8112:8112 \\ 79:ГОСТ:520-2011:520-2011","ОТП","-","0","01.2018","471010000, Мангистауская область, Актау Г.А., г.Актау, \"Мангистауская область, г. Актау, промзона, ТОО \"\"МАЭК-Казатомпром\"\", здание 201\"","471010000, Мангистауская область, Актау Г.А., г.Актау, \"Мангистауская область, г. Актау, промзона, ТОО \"\"МАЭК-Казатомпром\"\"\"","DDP","С даты подписания договора в течение 30 календарных дней","Предоплата - 0% , Промежуточный платеж - 0% , Окончательный платеж - 100% ","Штука",{"v":18,"d":"18.000"},{"v":1987.2,"d":"1,987.200"},{"v":35769.6,"d":"35,769.600"},{"v":40061.95,"d":"40,061.950"},"-","Товарищество с ограниченной ответственностью \"Мангистауский атомный энергетический комбинат-Казатомпром\""]
[null,"3830644","1730 Т","281510.900.000003","Подшипник скольжения","шарнирный, тип ШС","163:Номер:шс12 :шс12  \\ 79:ГОСТ: 3635-78: 3635-78","ОТП","-","0","04.2018","471010000, Мангистауская область, Актау Г.А., г.Актау, \"Мангистауская область, г. Актау, промзона, ТОО \"\"МАЭК-Казатомпром\"\", здание 201\"","471010000, Мангистауская область, Актау Г.А., г.Актау, \"Мангистауская область, г. Актау, промзона, ТОО \"\"МАЭК-Казатомпром\"\"\"","DDP","С даты подписания договора в течение 30 календарных дней","Предоплата - 0% , Промежуточный платеж - 0% , Окончательный платеж - 100% ","Штука",{"v":10,"d":"10.000"},{"v":393.12,"d":"393.120"},{"v":3931.2,"d":"3,931.200"},{"v":4402.94,"d":"4,402.940"},"-","Товарищество с ограниченной ответственностью \"Мангистауский атомный энергетический комбинат-Казатомпром\""]
[null,"3830455","1731 Т","281510.530.000001","Подшипник качения","роликовый конический, упорный","163:Номер:180605(62305) :180605(62305)  \\ 79:ГОСТ:520-2011:520-2011","ОТП","-","0","05.2018","471010000, Мангистауская область, Актау Г.А., г.Актау, \"Мангистауская область, г. Актау, промзона, ТОО \"\"МАЭК-Казатомпром\"\", здание 201\"","471010000, Мангистауская область, Актау Г.А., г.Актау, \"Мангистауская область, г. Актау, промзона, ТОО \"\"МАЭК-Казатомпром\"\"\"","DDP","С даты подписания договора в течение 30 календарных дней","Предоплата - 0% , Промежуточный платеж - 0% , Окончательный платеж - 100% ","Штука",{"v":17,"d":"17.000"},{"v":1863,"d":"1,863.000"},{"v":31671,"d":"31,671.000"},{"v":35471.52,"d":"35,471.520"},"-","Товарищество с ограниченной ответственностью \"Мангистауский атомный энергетический комбинат-Казатомпром\""]
[null,"3830147","1735 Т","281510.530.000002","Подшипник качения","роликовый сферический, радиальный самоустанавливающийся","163:Номер:3530:3530 \\ 79:ГОСТ:520-2011:520-2011","ОТП","-","0","01.2018","471010000, Мангистауская область, Актау Г.А., г.Актау, \"Мангистауская область, г. Актау, промзона, ТОО \"\"МАЭК-Казатомпром\"\", здание 201\"","471010000, Мангистауская область, Актау Г.А., г.Актау, \"Мангистауская область, г. Актау, промзона, ТОО \"\"МАЭК-Казатомпром\"\"\"","DDP","С даты подписания договора в течение 30 календарных дней","Предоплата - 0% , Промежуточный платеж - 0% , Окончательный платеж - 100% ","Штука",{"v":16,"d":"16.000"},{"v":51071.43,"d":"51,071.430"},{"v":817142.88,"d":"817,142.880"},{"v":915200.03,"d":"915,200.030"},"-","Товарищество с ограниченной ответственностью \"Мангистауский атомный энергетический комбинат-Казатомпром\""]
[null,"3830436","1739-1 Т","281510.530.000000","Подшипник качения","роликовый конический, радиально-упорный","163:Номер:180208:180208 \\ 79:ГОСТ:520-2011:520-2011","ОТП","-","0","02.2018","471010000, Мангистауская область, Актау Г.А., г.Актау, \"Мангистауская область, г. Актау, промзона, ТОО \"\"МАЭК-Казатомпром\"\", здание 201\"","471010000, Мангистауская область, Актау Г.А., г.Актау, \"Мангистауская область, г. Актау, промзона, ТОО \"\"МАЭК-Казатомпром\"\"\"","DDP","С даты подписания договора в течение 30 календарных дней","Окончательный платеж - 100% , Промежуточный платеж - 0% , Предоплата - 0% ","Штука",{"v":22,"d":"22.000"},{"v":1458,"d":"1,458.000"},{"v":32076,"d":"32,076.000"},{"v":35925.12,"d":"35,925.120"},"-","Товарищество с ограниченной ответственностью \"Мангистауский атомный энергетический комбинат-Казатомпром\""]
[null,"3830161","1742 Т","281510.530.000003","Подшипник качения","роликовый сферический, упорный самоустанавливающийся","163:Номер:3632:3632 \\ 79:ГОСТ:520-2011:520-2011","ОТП","-","0","01.2018","471010000, Мангистауская область, Актау Г.А., г.Актау, \"Мангистауская область, г. Актау, промзона, ТОО \"\"МАЭК-Казатомпром\"\", здание 201\"","471010000, Мангистауская область, Актау Г.А., г.Актау, \"Мангистауская область, г. Актау, промзона, ТОО \"\"МАЭК-Казатомпром\"\"\"","DDP","С даты подписания договора в течение 30 календарных дней","Предоплата - 0% , Промежуточный платеж - 0% , Окончательный платеж - 100% ","Штука",{"v":6,"d":"6.000"},{"v":157248,"d":"157,248.000"},{"v":943488,"d":"943,488.000"},{"v":1056706.56,"d":"1,056,706.560"},"-","Товарищество с ограниченной ответственностью \"Мангистауский атомный энергетический комбинат-Казатомпром\""]
[null,"3830159","1744-1 Т","281510.530.000002","Подшипник качения","роликовый сферический, радиальный самоустанавливающийся","163:Номер:3630:3630 \\ 79:ГОСТ:520-2011:520-2011","ОТП","-","0","02.2018","471010000, Мангистауская область, Актау Г.А., г.Актау, \"Мангистауская область, г. Актау, промзона, ТОО \"\"МАЭК-Казатомпром\"\", здание 201\"","471010000, Мангистауская область, Актау Г.А., г.Актау, \"Мангистауская область, г. Актау, промзона, ТОО \"\"МАЭК-Казатомпром\"\"\"","DDP","С даты подписания договора в течение 30 календарных дней","Окончательный платеж - 100% , Промежуточный платеж - 0% , Предоплата - 0% ","Штука",{"v":30,"d":"30.000"},{"v":432432,"d":"432,432.000"},{"v":12972960,"d":"12,972,960.000"},{"v":14529715.2,"d":"14,529,715.200"},"-","Товарищество с ограниченной ответственностью \"Мангистауский атомный энергетический комбинат-Казатомпром\""]
[null,"3830336","1750 Т","281510.530.000001","Подшипник качения","роликовый конический, упорный","163:Номер:46312:46312 \\ 79:ГОСТ:520-2011:520-2011","ОТП","-","0","03.2018","471010000, Мангистауская область, Актау Г.А., г.Актау, \"Мангистауская область, г. Актау, промзона, ТОО \"\"МАЭК-Казатомпром\"\", здание 201\"","471010000, Мангистауская область, Актау Г.А., г.Актау, \"Мангистауская область, г. Актау, промзона, ТОО \"\"МАЭК-Казатомпром\"\"\"","DDP","С даты подписания договора в течение 30 календарных дней","Предоплата - 0% , Промежуточный платеж - 0% , Окончательный платеж - 100% ","Штука",{"v":11,"d":"11.000"},{"v":3756.24,"d":"3,756.240"},{"v":41318.64,"d":"41,318.640"},{"v":46276.88,"d":"46,276.880"},"-","Товарищество с ограниченной ответственностью \"Мангистауский атомный энергетический комбинат-Казатомпром\""]
[null,"3830838","1753 Т","281510.530.000001","Подшипник качения","роликовый конический, упорный","163:Номер:8213:8213 \\ 79:ГОСТ:520-2011:520-2011","ОТП","-","0","01.2018","471010000, Мангистауская область, Актау Г.А., г.Актау, \"Мангистауская область, г. Актау, промзона, ТОО \"\"МАЭК-Казатомпром\"\", здание 201\"","471010000, Мангистауская область, Актау Г.А., г.Актау, \"Мангистауская область, г. Актау, промзона, ТОО \"\"МАЭК-Казатомпром\"\"\"","DDP","С даты подписания договора в течение 30 календарных дней","Предоплата - 0% , Промежуточный платеж - 0% , Окончательный платеж - 100% ","Штука",{"v":40,"d":"40.000"},{"v":2135.16,"d":"2,135.160"},{"v":85406.4,"d":"85,406.400"},{"v":95655.17,"d":"95,655.170"},"-","Товарищество с ограниченной ответственностью \"Мангистауский атомный энергетический комбинат-Казатомпром\""]
[null,"3830155","1757 Т","281510.530.000002","Подшипник качения","роликовый сферический, радиальный самоустанавливающийся","163:Номер:3622 (22322):3622 (22322) \\ 79:ГОСТ:520-2011:520-2011","ОТП","-","0","01.2018","471010000, Мангистауская область, Актау Г.А., г.Актау, \"Мангистауская область, г. Актау, промзона, ТОО \"\"МАЭК-Казатомпром\"\", здание 201\"","471010000, Мангистауская область, Актау Г.А., г.Актау, \"Мангистауская область, г. Актау, промзона, ТОО \"\"МАЭК-Казатомпром\"\"\"","DDP","С даты подписания договора в течение 30 календарных дней","Предоплата - 0% , Промежуточный платеж - 0% , Окончательный платеж - 100% ","Штука",{"v":6,"d":"6.000"},{"v":50544,"d":"50,544.000"},{"v":303264,"d":"303,264.000"},{"v":339655.68,"d":"339,655.680"},"-","Товарищество с ограниченной ответственностью \"Мангистауский атомный энергетический комбинат-Казатомпром\""]
[null,"3830068","1758 Т","281510.530.000001","Подшипник качения","роликовый конический, упорный","163:Номер:318:318 \\ 79:ГОСТ:520-2011:520-2011","ОТП","-","0","01.2018","471010000, Мангистауская область, Актау Г.А., г.Актау, \"Мангистауская область, г. Актау, промзона, ТОО \"\"МАЭК-Казатомпром\"\", здание 201\"","471010000, Мангистауская область, Актау Г.А., г.Актау, \"Мангистауская область, г. Актау, промзона, ТОО \"\"МАЭК-Казатомпром\"\"\"","DDP","С даты подписания договора в течение 30 календарных дней","Предоплата - 0% , Промежуточный платеж - 0% , Окончательный платеж - 100% ","Штука",{"v":190,"d":"190.000"},{"v":33022.98,"d":"33,022.980"},{"v":6274366.2,"d":"6,274,366.200"},{"v":7027290.14,"d":"7,027,290.140"},"-","Товарищество с ограниченной ответственностью \"Мангистауский атомный энергетический комбинат-Казатомпром\""]
[null,"3830059","1762 Т","281510.530.000001","Подшипник качения","роликовый конический, упорный","163:Номер:309(6309):309(6309) \\ 79:ГОСТ:520-2011:520-2011","ОТП","-","0","01.2018","471010000, Мангистауская область, Актау Г.А., г.Актау, \"Мангистауская область, г. Актау, промзона, ТОО \"\"МАЭК-Казатомпром\"\", здание 201\"","471010000, Мангистауская область, Актау Г.А., г.Актау, \"Мангистауская область, г. Актау, промзона, ТОО \"\"МАЭК-Казатомпром\"\"\"","DDP","С даты подписания договора в течение 30 календарных дней","Предоплата - 0% , Промежуточный платеж - 0% , Окончательный платеж - 100% ","Штука",{"v":121,"d":"121.000"},{"v":1543.1,"d":"1,543.100"},{"v":186715.1,"d":"186,715.100"},{"v":209120.91,"d":"209,120.910"},"-","Товарищество с ограниченной ответственностью \"Мангистауский атомный энергетический комбинат-Казатомпром\""]
[null,"3830065","1766-1 Т","281510.530.000001","Подшипник качения","роликовый конический, упорный","163:Номер:315:315 \\ 79:ГОСТ:520-2011:520-2011","ОТП","-","0","02.2018","471010000, Мангистауская область, Актау Г.А., г.Актау, \"Мангистауская область, г. Актау, промзона, ТОО \"\"МАЭК-Казатомпром\"\", здание 201\"","471010000, Мангистауская область, Актау Г.А., г.Актау, \"Мангистауская область, г. Актау, промзона, ТОО \"\"МАЭК-Казатомпром\"\"\"","DDP","С даты подписания договора в течение 30 календарных дней","Окончательный платеж - 100% , Промежуточный платеж - 0% , Предоплата - 0% ","Штука",{"v":15,"d":"15.000"},{"v":8694,"d":"8,694.000"},{"v":130410,"d":"130,410.000"},{"v":146059.2,"d":"146,059.200"},"-","Товарищество с ограниченной ответственностью \"Мангистауский атомный энергетический комбинат-Казатомпром\""]
[null,"3830148","1769-1 Т","281510.530.000002","Подшипник качения","роликовый сферический, радиальный самоустанавливающийся","163:Номер:3536:3536 \\ 79:ГОСТ:520-2011:520-2011","ОТП","-","0","02.2018","471010000, Мангистауская область, Актау Г.А., г.Актау, \"Мангистауская область, г. Актау, промзона, ТОО \"\"МАЭК-Казатомпром\"\", здание 201\"","471010000, Мангистауская область, Актау Г.А., г.Актау, \"Мангистауская область, г. Актау, промзона, ТОО \"\"МАЭК-Казатомпром\"\"\"","DDP","С даты подписания договора в течение 30 календарных дней","Окончательный платеж - 100% , Промежуточный платеж - 0% , Предоплата - 0% ","Штука",{"v":12,"d":"12.000"},{"v":393120,"d":"393,120.000"},{"v":4717440,"d":"4,717,440.000"},{"v":5283532.8,"d":"5,283,532.800"},"-","Товарищество с ограниченной ответственностью \"Мангистауский атомный энергетический комбинат-Казатомпром\""]
[null,"3830815","1773 Т","281510.530.000001","Подшипник качения","роликовый конический, упорный","163:Номер:126:126 \\ 79:ГОСТ:8338-75:8338-75","ОТП","-","0","04.2018","471010000, Мангистауская область, Актау Г.А., г.Актау, \"Мангистауская область, г. Актау, промзона, ТОО \"\"МАЭК-Казатомпром\"\", здание 201\"","471010000, Мангистауская область, Актау Г.А., г.Актау, \"Мангистауская область, г. Актау, промзона, ТОО \"\"МАЭК-Казатомпром\"\"\"","DDP","С даты подписания договора в течение 30 календарных дней","Предоплата - 0% , Промежуточный платеж - 0% , Окончательный платеж - 100% ","Штука",{"v":5,"d":"5.000"},{"v":16200,"d":"16,200.000"},{"v":81000,"d":"81,000.000"},{"v":90720,"d":"90,720.000"},"-","Товарищество с ограниченной ответственностью \"Мангистауский атомный энергетический комбинат-Казатомпром\""]
[null,"3830382","1775 Т","281510.530.000001","Подшипник качения","роликовый конический, упорный","163:Номер:60310:60310 \\ 79:ГОСТ:520-2011:520-2011","ОТП","-","0","01.2018","471010000, Мангистауская область, Актау Г.А., г.Актау, \"Мангистауская область, г. Актау, промзона, ТОО \"\"МАЭК-Казатомпром\"\", здание 201\"","471010000, Мангистауская область, Актау Г.А., г.Актау, \"Мангистауская область, г. Актау, промзона, ТОО \"\"МАЭК-Казатомпром\"\"\"","DDP","С даты подписания договора в течение 30 календарных дней","Предоплата - 0% , Промежуточный платеж - 0% , Окончательный платеж - 100% ","Штука",{"v":5,"d":"5.000"},{"v":2235.6,"d":"2,235.600"},{"v":11178,"d":"11,178.000"},{"v":12519.36,"d":"12,519.360"},"-","Товарищество с ограниченной ответственностью \"Мангистауский атомный энергетический комбинат-Казатомпром\""]
[null,"3830586","1780-1 Т","281510.530.000001","Подшипник качения","роликовый конический, упорный","163:Номер:3086313:3086313 \\ 79:ГОСТ:520-2011:520-2011","ОТП","-","0","02.2018","471010000, Мангистауская область, Актау Г.А., г.Актау, \"Мангистауская область, г. Актау, промзона, ТОО \"\"МАЭК-Казатомпром\"\", здание 201\"","471010000, Мангистауская область, Актау Г.А., г.Актау, \"Мангистауская область, г. Актау, промзона, ТОО \"\"МАЭК-Казатомпром\"\"\"","DDP","С даты подписания договора в течение 30 календарных дней","Окончательный платеж - 100% , Промежуточный платеж - 0% , Предоплата - 0% ","Штука",{"v":32,"d":"32.000"},{"v":31050,"d":"31,050.000"},{"v":993600,"d":"993,600.000"},{"v":1112832,"d":"1,112,832.000"},"-","Товарищество с ограниченной ответственностью \"Мангистауский атомный энергетический комбинат-Казатомпром\""]
[null,"3830381","1781-1 Т","281510.530.000001","Подшипник качения","роликовый конический, упорный","163:Номер:60309:60309 \\ 79:ГОСТ:520-2011:520-2011","ОТП","-","0","02.2018","471010000, Мангистауская область, Актау Г.А., г.Актау, \"Мангистауская область, г. Актау, промзона, ТОО \"\"МАЭК-Казатомпром\"\", здание 201\"","471010000, Мангистауская область, Актау Г.А., г.Актау, \"Мангистауская область, г. Актау, промзона, ТОО \"\"МАЭК-Казатомпром\"\"\"","DDP","С даты подписания договора в течение 30 календарных дней","Окончательный платеж - 100% , Промежуточный платеж - 0% , Предоплата - 0% ","Штука",{"v":4,"d":"4.000"},{"v":1728,"d":"1,728.000"},{"v":6912,"d":"6,912.000"},{"v":7741.44,"d":"7,741.440"},"-","Товарищество с ограниченной ответственностью \"Мангистауский атомный энергетический комбинат-Казатомпром\""]
[null,"3830450","1784 Т","281510.530.000000","Подшипник качения","роликовый конический, радиально-упорный","163:Номер:180505:180505 \\ 79:ГОСТ:520-2011:520-2011","ОТП","-","0","01.2018","471010000, Мангистауская область, Актау Г.А., г.Актау, \"Мангистауская область, г. Актау, промзона, ТОО \"\"МАЭК-Казатомпром\"\", здание 201\"","471010000, Мангистауская область, Актау Г.А., г.Актау, \"Мангистауская область, г. Актау, промзона, ТОО \"\"МАЭК-Казатомпром\"\"\"","DDP","С даты подписания договора в течение 30 календарных дней","Предоплата - 0% , Промежуточный платеж - 0% , Окончательный платеж - 100% ","Штука",{"v":2,"d":"2.000"},{"v":484.38,"d":"484.380"},{"v":968.76,"d":"968.760"},{"v":1085.01,"d":"1,085.010"},"-","Товарищество с ограниченной ответственностью \"Мангистауский атомный энергетический комбинат-Казатомпром\""]
[null,"3830438","1789 Т","281510.530.000000","Подшипник качения","роликовый конический, радиально-упорный","163:Номер:180306:180306 \\ 79:ГОСТ:520-2011:520-2011","ОТП","-","0","04.2018","471010000, Мангистауская область, Актау Г.А., г.Актау, \"Мангистауская область, г. Актау, промзона, ТОО \"\"МАЭК-Казатомпром\"\", здание 201\"","471010000, Мангистауская область, Актау Г.А., г.Актау, \"Мангистауская область, г. Актау, промзона, ТОО \"\"МАЭК-Казатомпром\"\"\"","DDP","С даты подписания договора в течение 30 календарных дней","Предоплата - 0% , Промежуточный платеж - 0% , Окончательный платеж - 100% ","Штука",{"v":4,"d":"4.000"},{"v":941.76,"d":"941.760"},{"v":3767.04,"d":"3,767.040"},{"v":4219.08,"d":"4,219.080"},"-","Товарищество с ограниченной ответственностью \"Мангистауский атомный энергетический комбинат-Казатомпром\""]
[null,"3830143","1793 Т","281510.530.000002","Подшипник качения","роликовый сферический, радиальный самоустанавливающийся","163:Номер:3524(53524):3524(53524) \\ 79:ГОСТ:520-2011:520-2011","ОТП","-","0","01.2018","471010000, Мангистауская область, Актау Г.А., г.Актау, \"Мангистауская область, г. Актау, промзона, ТОО \"\"МАЭК-Казатомпром\"\", здание 201\"","471010000, Мангистауская область, Актау Г.А., г.Актау, \"Мангистауская область, г. Актау, промзона, ТОО \"\"МАЭК-Казатомпром\"\"\"","DDP","С даты подписания договора в течение 30 календарных дней","Предоплата - 0% , Промежуточный платеж - 0% , Окончательный платеж - 100% ","Штука",{"v":10,"d":"10.000"},{"v":111384,"d":"111,384.000"},{"v":1113840,"d":"1,113,840.000"},{"v":1247500.8,"d":"1,247,500.800"},"-","Товарищество с ограниченной ответственностью \"Мангистауский атомный энергетический комбинат-Казатомпром\""]
[null,"3830795","1796 Т","281510.530.000001","Подшипник качения","роликовый конический, упорный","163:Номер:180214:180214","ОТП","-","0","02.2018","471010000, Мангистауская область, Актау Г.А., г.Актау, \"Мангистауская область, г. Актау, промзона, ТОО \"\"МАЭК-Казатомпром\"\", здание 201\"","471010000, Мангистауская область, Актау Г.А., г.Актау, \"Мангистауская область, г. Актау, промзона, ТОО \"\"МАЭК-Казатомпром\"\"\"","DDP","С даты подписания договора в течение 30 календарных дней","Предоплата - 0% , Промежуточный платеж - 0% , Окончательный платеж - 100% ","Штука",{"v":2,"d":"2.000"},{"v":4200,"d":"4,200.000"},{"v":8400,"d":"8,400.000"},{"v":9408,"d":"9,408.000"},"-","Товарищество с ограниченной ответственностью \"Мангистауский атомный энергетический комбинат-Казатомпром\""]
[null,"3830241","1800-1 Т","281510.530.000001","Подшипник качения","роликовый конический, упорный","163:Номер:8116:8116 \\ 79:ГОСТ:520-2011:520-2011","ОТП","-","0","02.2018","471010000, Мангистауская область, Актау Г.А., г.Актау, \"Мангистауская область, г. Актау, промзона, ТОО \"\"МАЭК-Казатомпром\"\", здание 201\"","471010000, Мангистауская область, Актау Г.А., г.Актау, \"Мангистауская область, г. Актау, промзона, ТОО \"\"МАЭК-Казатомпром\"\"\"","DDP","С даты подписания договора в течение 30 календарных дней","Окончательный платеж - 100% , Промежуточный платеж - 0% , Предоплата - 0% ","Штука",{"v":23,"d":"23.000"},{"v":1512,"d":"1,512.000"},{"v":34776,"d":"34,776.000"},{"v":38949.12,"d":"38,949.120"},"-","Товарищество с ограниченной ответственностью \"Мангистауский атомный энергетический комбинат-Казатомпром\""]
[null,"3830132","1802-1 Т","281510.530.000001","Подшипник качения","роликовый конический, упорный","163:Номер:2322:2322 \\ 79:ГОСТ:520-2011:520-2011","ОТП","-","0","02.2018","471010000, Мангистауская область, Актау Г.А., г.Актау, \"Мангистауская область, г. Актау, промзона, ТОО \"\"МАЭК-Казатомпром\"\", здание 201\"","471010000, Мангистауская область, Актау Г.А., г.Актау, \"Мангистауская область, г. Актау, промзона, ТОО \"\"МАЭК-Казатомпром\"\"\"","DDP","С даты подписания договора в течение 30 календарных дней","Окончательный платеж - 100% , Промежуточный платеж - 0% , Предоплата - 0% ","Штука",{"v":34,"d":"34.000"},{"v":58968,"d":"58,968.000"},{"v":2004912,"d":"2,004,912.000"},{"v":2245501.44,"d":"2,245,501.440"},"-","Товарищество с ограниченной ответственностью \"Мангистауский атомный энергетический комбинат-Казатомпром\""]
[null,"3830032","1805 Т","281510.530.000001","Подшипник качения","роликовый конический, упорный","163:Номер:209:209 \\ 79:ГОСТ:520-2011:520-2011","ОТП","-","0","03.2018","471010000, Мангистауская область, Актау Г.А., г.Актау, \"Мангистауская область, г. Актау, промзона, ТОО \"\"МАЭК-Казатомпром\"\", здание 201\"","471010000, Мангистауская область, Актау Г.А., г.Актау, \"Мангистауская область, г. Актау, промзона, ТОО \"\"МАЭК-Казатомпром\"\"\"","DDP","С даты подписания договора в течение 30 календарных дней","Предоплата - 0% , Промежуточный платеж - 0% , Окончательный платеж - 100% ","Штука",{"v":9,"d":"9.000"},{"v":1696.43,"d":"1,696.430"},{"v":15267.87,"d":"15,267.870"},{"v":17100.01,"d":"17,100.010"},"-","Товарищество с ограниченной ответственностью \"Мангистауский атомный энергетический комбинат-Казатомпром\""]
[null,"3831420","1808-1 Т","281510.700.000001","Подшипник качения","роликовый цилиндрический, упорный","163:Номер:4024107:4024107 \\ 79:ГОСТ:520-2011:520-2011","ОТП","-","0","02.2018","471010000, Мангистауская область, Актау Г.А., г.Актау, \"Мангистауская область, г. Актау, промзона, ТОО \"\"МАЭК-Казатомпром\"\", здание 201\"","471010000, Мангистауская область, Актау Г.А., г.Актау, \"Мангистауская область, г. Актау, промзона, ТОО \"\"МАЭК-Казатомпром\"\"\"","DDP","С даты подписания договора в течение 30 календарных дней","Окончательный платеж - 100% , Промежуточный платеж - 0% , Предоплата - 0% ","Штука",{"v":8,"d":"8.000"},{"v":2376,"d":"2,376.000"},{"v":19008,"d":"19,008.000"},{"v":21288.96,"d":"21,288.960"},"-","Товарищество с ограниченной ответственностью \"Мангистауский атомный энергетический комбинат-Казатомпром\""]
[null,"3830791","1811 Т","281510.530.000000","Подшипник качения","роликовый конический, радиально-упорный","163:Номер:180207:180207 \\ 79:ГОСТ:520-2011:520-2011","ОТП","-","0","01.2018","471010000, Мангистауская область, Актау Г.А., г.Актау, \"Мангистауская область, г. Актау, промзона, ТОО \"\"МАЭК-Казатомпром\"\", здание 201\"","471010000, Мангистауская область, Актау Г.А., г.Актау, \"Мангистауская область, г. Актау, промзона, ТОО \"\"МАЭК-Казатомпром\"\"\"","DDP","С даты подписания договора в течение 30 календарных дней","Предоплата - 0% , Промежуточный платеж - 0% , Окончательный платеж - 100% ","Штука",{"v":12,"d":"12.000"},{"v":648,"d":"648.000"},{"v":7776,"d":"7,776.000"},{"v":8709.12,"d":"8,709.120"},"-","Товарищество с ограниченной ответственностью \"Мангистауский атомный энергетический комбинат-Казатомпром\""]
[null,"3830054","1816 Т","281510.530.000001","Подшипник качения","роликовый конический, упорный","163:Номер:304:304 \\ 79:ГОСТ:520-2011:520-2011","ОТП","-","0","01.2018","471010000, Мангистауская область, Актау Г.А., г.Актау, \"Мангистауская область, г. Актау, промзона, ТОО \"\"МАЭК-Казатомпром\"\", здание 201\"","471010000, Мангистауская область, Актау Г.А., г.Актау, \"Мангистауская область, г. Актау, промзона, ТОО \"\"МАЭК-Казатомпром\"\"\"","DDP","С даты подписания договора в течение 30 календарных дней","Предоплата - 0% , Промежуточный платеж - 0% , Окончательный платеж - 100% ","Штука",{"v":31,"d":"31.000"},{"v":648,"d":"648.000"},{"v":20088,"d":"20,088.000"},{"v":22498.56,"d":"22,498.560"},"-","Товарищество с ограниченной ответственностью \"Мангистауский атомный энергетический комбинат-Казатомпром\""]
[null,"3830508","1819-1 Т","281510.530.000001","Подшипник качения","роликовый конический, упорный","163:Номер:236206:236206 \\ 79:ГОСТ:520-2011:520-2011","ОТП","-","0","02.2018","471010000, Мангистауская область, Актау Г.А., г.Актау, \"Мангистауская область, г. Актау, промзона, ТОО \"\"МАЭК-Казатомпром\"\", здание 201\"","471010000, Мангистауская область, Актау Г.А., г.Актау, \"Мангистауская область, г. Актау, промзона, ТОО \"\"МАЭК-Казатомпром\"\"\"","DDP","С даты подписания договора в течение 30 календарных дней","Окончательный платеж - 100% , Промежуточный платеж - 0% , Предоплата - 0% ","Штука",{"v":2,"d":"2.000"},{"v":6480,"d":"6,480.000"},{"v":12960,"d":"12,960.000"},{"v":14515.2,"d":"14,515.200"},"-","Товарищество с ограниченной ответственностью \"Мангистауский атомный энергетический комбинат-Казатомпром\""]
[null,"3830077","1824 Т","281510.530.000001","Подшипник качения","роликовый конический, упорный","163:Номер:408:408 \\ 79:ГОСТ:520-2011:520-2011","ОТП","-","0","01.2018","471010000, Мангистауская область, Актау Г.А., г.Актау, \"Мангистауская область, г. Актау, промзона, ТОО \"\"МАЭК-Казатомпром\"\", здание 201\"","471010000, Мангистауская область, Актау Г.А., г.Актау, \"Мангистауская область, г. Актау, промзона, ТОО \"\"МАЭК-Казатомпром\"\"\"","DDP","С даты подписания договора в течение 30 календарных дней","Предоплата - 0% , Промежуточный платеж - 0% , Окончательный платеж - 100% ","Штука",{"v":5,"d":"5.000"},{"v":2608.2,"d":"2,608.200"},{"v":13041,"d":"13,041.000"},{"v":14605.92,"d":"14,605.920"},"-","Товарищество с ограниченной ответственностью \"Мангистауский атомный энергетический комбинат-Казатомпром\""]
[null,"3830354","1827 Т","281510.530.000002","Подшипник качения","роликовый сферический, радиальный самоустанавливающийся","163:Номер:53516 (3516):53516 (3516) \\ 79:ГОСТ:520-2011:520-2011","ОТП","-","0","01.2018","471010000, Мангистауская область, Актау Г.А., г.Актау, \"Мангистауская область, г. Актау, промзона, ТОО \"\"МАЭК-Казатомпром\"\", здание 201\"","471010000, Мангистауская область, Актау Г.А., г.Актау, \"Мангистауская область, г. Актау, промзона, ТОО \"\"МАЭК-Казатомпром\"\"\"","DDP","С даты подписания договора в течение 30 календарных дней","Предоплата - 0% , Промежуточный платеж - 0% , Окончательный платеж - 100% ","Штука",{"v":2,"d":"2.000"},{"v":12171.6,"d":"12,171.600"},{"v":24343.2,"d":"24,343.200"},{"v":27264.38,"d":"27,264.380"},"-","Товарищество с ограниченной ответственностью \"Мангистауский атомный энергетический комбинат-Казатомпром\""]
[null,"3830252","1830-1 Т","281510.530.000001","Подшипник качения","роликовый конический, упорный","163:Номер:8207:8207 \\ 79:ГОСТ:520-2011:520-2011","ОТП","-","0","02.2018","471010000, Мангистауская область, Актау Г.А., г.Актау, \"Мангистауская область, г. Актау, промзона, ТОО \"\"МАЭК-Казатомпром\"\", здание 201\"","471010000, Мангистауская область, Актау Г.А., г.Актау, \"Мангистауская область, г. Актау, промзона, ТОО \"\"МАЭК-Казатомпром\"\"\"","DDP","С даты подписания договора в течение 30 календарных дней","Окончательный платеж - 100% , Промежуточный платеж - 0% , Предоплата - 0% ","Штука",{"v":20,"d":"20.000"},{"v":745.2,"d":"745.200"},{"v":14904,"d":"14,904.000"},{"v":16692.48,"d":"16,692.480"},"-","Товарищество с ограниченной ответственностью \"Мангистауский атомный энергетический комбинат-Казатомпром\""]
[null,"3830638","1833-1 Т","281510.530.000002","Подшипник качения","роликовый сферический, радиальный самоустанавливающийся","163:Номер:943/25 :943/25  \\ 79:ГОСТ:520-2011:520-2011","ОТП","-","0","02.2018","471000000, Мангистауская область, Актау Г.А., Промзона, ТОО \"МАЭК-Казатомпром\", здание 201","471010000, Мангистауская область, Актау Г.А., г.Актау, \"Мангистауская область, г. Актау, промзона, ТОО \"\"МАЭК-Казатомпром\"\"\"","DDP","С даты подписания договора в течение 30 календарных дней","Окончательный платеж - 100% , Промежуточный платеж - 0% , Предоплата - 0% ","Штука",{"v":4,"d":"4.000"},{"v":572.4,"d":"572.400"},{"v":2289.6,"d":"2,289.600"},{"v":2564.35,"d":"2,564.350"},"-","Товарищество с ограниченной ответственностью \"Мангистауский атомный энергетический комбинат-Казатомпром\""]
[null,"3830649","1835-1 Т","281510.900.000000","Подшипник скольжения","шарнирный, тип Ш","163:Номер:шс-40:шс-40","ОТП","-","0","02.2018","471010000, Мангистауская область, Актау Г.А., г.Актау, \"Мангистауская область, г. Актау, промзона, ТОО \"\"МАЭК-Казатомпром\"\", здание 201\"","471010000, Мангистауская область, Актау Г.А., г.Актау, \"Мангистауская область, г. Актау, промзона, ТОО \"\"МАЭК-Казатомпром\"\"\"","DDP","С даты подписания договора в течение 30 календарных дней","Окончательный платеж - 100% , Промежуточный платеж - 0% , Предоплата - 0% ","Штука",{"v":20,"d":"20.000"},{"v":1015.56,"d":"1,015.560"},{"v":20311.2,"d":"20,311.200"},{"v":22748.54,"d":"22,748.540"},"-","Товарищество с ограниченной ответственностью \"Мангистауский атомный энергетический комбинат-Казатомпром\""]
[null,"3830338","1838-1 Т","281510.530.000001","Подшипник качения","роликовый конический, упорный","163:Номер:46330:46330 \\ 79:ГОСТ:520-2011:520-2011","ОТП","-","0","02.2018","471010000, Мангистауская область, Актау Г.А., г.Актау, \"Мангистауская область, г. Актау, промзона, ТОО \"\"МАЭК-Казатомпром\"\", здание 201\"","471010000, Мангистауская область, Актау Г.А., г.Актау, \"Мангистауская область, г. Актау, промзона, ТОО \"\"МАЭК-Казатомпром\"\"\"","DDP","С даты подписания договора в течение 30 календарных дней","Окончательный платеж - 100% , Промежуточный платеж - 0% , Предоплата - 0% ","Штука",{"v":10,"d":"10.000"},{"v":380016,"d":"380,016.000"},{"v":3800160,"d":"3,800,160.000"},{"v":4256179.2,"d":"4,256,179.200"},"-","Товарищество с ограниченной ответственностью \"Мангистауский атомный энергетический комбинат-Казатомпром\""]
[null,"3830372","1842 Т","281510.530.000001","Подшипник качения","роликовый конический, упорный","163:Номер:60207:60207 \\ 79:ГОСТ:520-2011:520-2011","ОТП","-","0","01.2018","471010000, Мангистауская область, Актау Г.А., г.Актау, \"Мангистауская область, г. Актау, промзона, ТОО \"\"МАЭК-Казатомпром\"\", здание 201\"","471010000, Мангистауская область, Актау Г.А., г.Актау, \"Мангистауская область, г. Актау, промзона, ТОО \"\"МАЭК-Казатомпром\"\"\"","DDP","С даты подписания договора в течение 30 календарных дней","Предоплата - 0% , Промежуточный платеж - 0% , Окончательный платеж - 100% ","Штука",{"v":5,"d":"5.000"},{"v":745.2,"d":"745.200"},{"v":3726,"d":"3,726.000"},{"v":4173.12,"d":"4,173.120"},"-","Товарищество с ограниченной ответственностью \"Мангистауский атомный энергетический комбинат-Казатомпром\""]
[null,"3830066","1846 Т","281510.530.000001","Подшипник качения","роликовый конический, упорный","163:Номер:316:316 \\ 79:ГОСТ:520-2011:520-2011","ОТП","-","0","01.2018","471010000, Мангистауская область, Актау Г.А., г.Актау, \"Мангистауская область, г. Актау, промзона, ТОО \"\"МАЭК-Казатомпром\"\", здание 201\"","471010000, Мангистауская область, Актау Г.А., г.Актау, \"Мангистауская область, г. Актау, промзона, ТОО \"\"МАЭК-Казатомпром\"\"\"","DDP","С даты подписания договора в течение 30 календарных дней","Предоплата - 0% , Промежуточный платеж - 0% , Окончательный платеж - 100% ","Штука",{"v":16,"d":"16.000"},{"v":12109.5,"d":"12,109.500"},{"v":193752,"d":"193,752.000"},{"v":217002.24,"d":"217,002.240"},"-","Товарищество с ограниченной ответственностью \"Мангистауский атомный энергетический комбинат-Казатомпром\""]
[null,"4165355","1851 Т","274015.990.000220","Лампа металлогалогенная","мощность 250 Вт","196:Лампа:Лампа ДНАТ250 :Лампа ДНАТ250 ","ОТП","-","0","02.2018","471010000, Мангистауская область, Актау Г.А., г.Актау, \"Мангистауская область, г. Актау, промзона, ТОО \"\"МАЭК-Казатомпром\"\", здание 201\"","471010000, Мангистауская область, Актау Г.А., г.Актау, \"Мангистауская область, г. Актау, промзона, ТОО \"\"МАЭК-Казатомпром\"\"\"","DDP","С даты подписания договора в течение 30 календарных дней","Предоплата - 0% , Промежуточный платеж - 0% , Окончательный платеж - 100% ","Штука",{"v":40,"d":"40.000"},{"v":3702.72,"d":"3,702.720"},{"v":148108.8,"d":"148,108.800"},{"v":165881.86,"d":"165,881.860"},"-","Товарищество с ограниченной ответственностью \"Мангистауский атомный энергетический комбинат-Казатомпром\""]
[null,"4166253","1854 Т","271240.300.000009","Дроссель","для люминисцентных ламп","462:Тип:Устройство зажигания  80С-220:Устройство зажигания  80С-220","ОИ","137-2 (не превышает тысячекратного МРП)","0","02.2018","471010000, Мангистауская область, Актау Г.А., г.Актау, \"Мангистауская область, г. Актау, промзона, ТОО \"\"МАЭК-Казатомпром\"\", здание 201\"","471010000, Мангистауская область, Актау Г.А., г.Актау, \"Мангистауская область, г. Актау, промзона, ТОО \"\"МАЭК-Казатомпром\"\"\"","DDP","С даты подписания договора в течение 30 календарных дней","Предоплата - 0% , Промежуточный платеж - 0% , Окончательный платеж - 100% ","Штука",{"v":10,"d":"10.000"},{"v":108,"d":"108.000"},{"v":1080,"d":"1,080.000"},{"v":1209.6,"d":"1,209.600"},"-","Товарищество с ограниченной ответственностью \"Мангистауский атомный энергетический комбинат-Казатомпром\""]
[null,"4164058","1857 Т","274014.900.000040","Лампа накаливания","общего назначения, тип Б230-240-100-1, мощность 100 Вт","196:Лампа:Лампа МО36-100:Лампа МО36-100","ОТП","-","0","02.2018","471010000, Мангистауская область, Актау Г.А., г.Актау, \"Мангистауская область, г. Актау, промзона, ТОО \"\"МАЭК-Казатомпром\"\", здание 201\"","471010000, Мангистауская область, Актау Г.А., г.Актау, \"Мангистауская область, г. Актау, промзона, ТОО \"\"МАЭК-Казатомпром\"\"\"","DDP","С даты подписания договора в течение 30 календарных дней","Предоплата - 0% , Промежуточный платеж - 0% , Окончательный платеж - 100% ","Штука",{"v":450,"d":"450.000"},{"v":93.15,"d":"93.150"},{"v":41917.5,"d":"41,917.500"},{"v":46947.6,"d":"46,947.600"},"-","Товарищество с ограниченной ответственностью \"Мангистауский атомный энергетический комбинат-Казатомпром\""]
[null,"4166146","1860 Т","271240.300.000009","Дроссель","для люминисцентных ламп","462:Тип:Дроссель ПРА 1И400ДРЛ44-003УХЛ1 220В:Дроссель ПРА 1И400ДРЛ44-003УХЛ1 220В","ОИ","137-2 (не превышает тысячекратного МРП)","0","02.2018","471010000, Мангистауская область, Актау Г.А., г.Актау, \"Мангистауская область, г. Актау, промзона, ТОО \"\"МАЭК-Казатомпром\"\", здание 201\"","471010000, Мангистауская область, Актау Г.А., г.Актау, \"Мангистауская область, г. Актау, промзона, ТОО \"\"МАЭК-Казатомпром\"\"\"","DDP","С даты подписания договора в течение 30 календарных дней","Предоплата - 0% , Промежуточный платеж - 0% , Окончательный платеж - 100% ","Штука",{"v":20,"d":"20.000"},{"v":7430,"d":"7,430.000"},{"v":148600,"d":"148,600.000"},{"v":166432,"d":"166,432.000"},"-","Товарищество с ограниченной ответственностью \"Мангистауский атомный энергетический комбинат-Казатомпром\""]
[null,"4165356","1862 Т","274015.990.000221","Лампа металлогалогенная","мощность 400 Вт","196:Лампа:Лампа ДНАТ400 (ТУ 16-92 ИФМР.675650.003 ТУ):Лампа ДНАТ400 (ТУ 16-92 ИФМР.675650.003 ТУ)","ОТП","-","0","02.2018","471010000, Мангистауская область, Актау Г.А., г.Актау, \"Мангистауская область, г. Актау, промзона, ТОО \"\"МАЭК-Казатомпром\"\", здание 201\"","471010000, Мангистауская область, Актау Г.А., г.Актау, \"Мангистауская область, г. Актау, промзона, ТОО \"\"МАЭК-Казатомпром\"\"\"","DDP","С даты подписания договора в течение 30 календарных дней","Предоплата - 0% , Промежуточный платеж - 0% , Окончательный платеж - 100% ","Штука",{"v":140,"d":"140.000"},{"v":4444.8,"d":"4,444.800"},{"v":622272,"d":"622,272.000"},{"v":696944.64,"d":"696,944.640"},"-","Товарищество с ограниченной ответственностью \"Мангистауский атомный энергетический комбинат-Казатомпром\""]
[null,"4166143","1865 Т","271240.300.000009","Дроссель","для люминисцентных ламп","462:Тип:Дроссель1И40/220 :Дроссель1И40/220 ","ОИ","137-2 (не превышает тысячекратного МРП)","0","02.2018","471010000, Мангистауская область, Актау Г.А., г.Актау, \"Мангистауская область, г. Актау, промзона, ТОО \"\"МАЭК-Казатомпром\"\", здание 201\"","471010000, Мангистауская область, Актау Г.А., г.Актау, \"Мангистауская область, г. Актау, промзона, ТОО \"\"МАЭК-Казатомпром\"\"\"","DDP","С даты подписания договора в течение 30 календарных дней","Предоплата - 0% , Промежуточный платеж - 0% , Окончательный платеж - 100% ","Штука",{"v":160,"d":"160.000"},{"v":2500,"d":"2,500.000"},{"v":400000,"d":"400,000.000"},{"v":448000,"d":"448,000.000"},"-","Товарищество с ограниченной ответственностью \"Мангистауский атомный энергетический комбинат-Казатомпром\""]
[null,"4166005","1869 Т","271240.300.000009","Дроссель","для люминисцентных ламп","462:Тип:Дроссель 1И20/220 :Дроссель 1И20/220 ","ОИ","137-2 (не превышает тысячекратного МРП)","0","02.2018","471010000, Мангистауская область, Актау Г.А., г.Актау, \"Мангистауская область, г. Актау, промзона, ТОО \"\"МАЭК-Казатомпром\"\", здание 201\"","471010000, Мангистауская область, Актау Г.А., г.Актау, \"Мангистауская область, г. Актау, промзона, ТОО \"\"МАЭК-Казатомпром\"\"\"","DDP","С даты подписания договора в течение 30 календарных дней","Предоплата - 0% , Промежуточный платеж - 0% , Окончательный платеж - 100% ","Штука",{"v":110,"d":"110.000"},{"v":2500,"d":"2,500.000"},{"v":275000,"d":"275,000.000"},{"v":308000,"d":"308,000.000"},"-","Товарищество с ограниченной ответственностью \"Мангистауский атомный энергетический комбинат-Казатомпром\""]
[null,"4165104","1873 Т","274015.700.000006","Лампа дуговая","ртутная, ДРЛ-1000","196:Лампа:Лампа ДРЛ1000:Лампа ДРЛ1000","ОТП","-","0","02.2018","471010000, Мангистауская область, Актау Г.А., г.Актау, \"Мангистауская область, г. Актау, промзона, ТОО \"\"МАЭК-Казатомпром\"\", здание 201\"","471010000, Мангистауская область, Актау Г.А., г.Актау, \"Мангистауская область, г. Актау, промзона, ТОО \"\"МАЭК-Казатомпром\"\"\"","DDP","С даты подписания договора в течение 30 календарных дней","Предоплата - 0% , Промежуточный платеж - 0% , Окончательный платеж - 100% ","Штука",{"v":8,"d":"8.000"},{"v":5700,"d":"5,700.000"},{"v":45600,"d":"45,600.000"},{"v":51072,"d":"51,072.000"},"-","Товарищество с ограниченной ответственностью \"Мангистауский атомный энергетический комбинат-Казатомпром\""]
[null,"4166167","1877 Т","271240.300.000009","Дроссель","для люминисцентных ламп","462:Тип:Дроссель 1И250-ДРЛ:Дроссель 1И250-ДРЛ","ОИ","137-2 (не превышает тысячекратного МРП)","0","02.2018","471010000, Мангистауская область, Актау Г.А., г.Актау, \"Мангистауская область, г. Актау, промзона, ТОО \"\"МАЭК-Казатомпром\"\", здание 201\"","471010000, Мангистауская область, Актау Г.А., г.Актау, \"Мангистауская область, г. Актау, промзона, ТОО \"\"МАЭК-Казатомпром\"\"\"","DDP","С даты подписания договора в течение 30 календарных дней","Предоплата - 0% , Промежуточный платеж - 0% , Окончательный платеж - 100% ","Штука",{"v":30,"d":"30.000"},{"v":8800,"d":"8,800.000"},{"v":264000,"d":"264,000.000"},{"v":295680,"d":"295,680.000"},"-","Товарищество с ограниченной ответственностью \"Мангистауский атомный энергетический комбинат-Казатомпром\""]
[null,"4167527","1878 Т","274042.500.000001","Аппарат пускорегулирующий","для газоразрядных источников света","462:Тип:ЭПРА 1*36W Т8:ЭПРА 1*36W Т8","ОИ","137-2 (не превышает тысячекратного МРП)","0","02.2018","471010000, Мангистауская область, Актау Г.А., г.Актау, \"Мангистауская область, г. Актау, промзона, ТОО \"\"МАЭК-Казатомпром\"\", здание 201\"","471010000, Мангистауская область, Актау Г.А., г.Актау, \"Мангистауская область, г. Актау, промзона, ТОО \"\"МАЭК-Казатомпром\"\"\"","DDP","С даты подписания договора в течение 30 календарных дней","Предоплата - 0% , Промежуточный платеж - 0% , Окончательный платеж - 100% ","Штука",{"v":20,"d":"20.000"},{"v":4000,"d":"4,000.000"},{"v":80000,"d":"80,000.000"},{"v":89600,"d":"89,600.000"},"-","Товарищество с ограниченной ответственностью \"Мангистауский атомный энергетический комбинат-Казатомпром\""]
[null,"4166205","1886 Т","271240.300.000009","Дроссель","для люминисцентных ламп","462:Тип:Дроссель 1ДБИ700-ДРЛ :Дроссель 1ДБИ700-ДРЛ","ОИ","137-2 (не превышает тысячекратного МРП)","0","02.2018","471010000, Мангистауская область, Актау Г.А., г.Актау, \"Мангистауская область, г. Актау, промзона, ТОО \"\"МАЭК-Казатомпром\"\", здание 201\"","471010000, Мангистауская область, Актау Г.А., г.Актау, \"Мангистауская область, г. Актау, промзона, ТОО \"\"МАЭК-Казатомпром\"\"\"","DDP","С даты подписания договора в течение 30 календарных дней","Предоплата - 0% , Промежуточный платеж - 0% , Окончательный платеж - 100% ","Штука",{"v":20,"d":"20.000"},{"v":10000,"d":"10,000.000"},{"v":200000,"d":"200,000.000"},{"v":224000,"d":"224,000.000"},"-","Товарищество с ограниченной ответственностью \"Мангистауский атомный энергетический комбинат-Казатомпром\""]
[null,"4166145","1887 Т","271240.300.000009","Дроссель","для люминисцентных ламп","462:Тип:Дроссель 1И400-ДРЛ :Дроссель 1И400-ДРЛ","ОИ","137-2 (не превышает тысячекратного МРП)","0","02.2018","471010000, Мангистауская область, Актау Г.А., г.Актау, \"Мангистауская область, г. Актау, промзона, ТОО \"\"МАЭК-Казатомпром\"\", здание 201\"","471010000, Мангистауская область, Актау Г.А., г.Актау, \"Мангистауская область, г. Актау, промзона, ТОО \"\"МАЭК-Казатомпром\"\"\"","DDP","С даты подписания договора в течение 30 календарных дней","Предоплата - 0% , Промежуточный платеж - 0% , Окончательный платеж - 100% ","Штука",{"v":40,"d":"40.000"},{"v":8800,"d":"8,800.000"},{"v":352000,"d":"352,000.000"},{"v":394240,"d":"394,240.000"},"-","Товарищество с ограниченной ответственностью \"Мангистауский атомный энергетический комбинат-Казатомпром\""]
[null,"4167552","1896 Т","274015.990.000178","Лампа люминесцентная","тип цоколя Е-27, мощность 11 Вт","462:Тип:Лампа энергосберегающая 11w:Лампа энергосберегающая 11w","ОТП","-","0","02.2018","471010000, Мангистауская область, Актау Г.А., г.Актау, \"Мангистауская область, г. Актау, промзона, ТОО \"\"МАЭК-Казатомпром\"\", здание 201\"","471010000, Мангистауская область, Актау Г.А., г.Актау, \"Мангистауская область, г. Актау, промзона, ТОО \"\"МАЭК-Казатомпром\"\"\"","DDP","С даты подписания договора в течение 30 календарных дней","Предоплата - 0% , Промежуточный платеж - 0% , Окончательный платеж - 100% ","Штука",{"v":120,"d":"120.000"},{"v":860,"d":"860.000"},{"v":103200,"d":"103,200.000"},{"v":115584,"d":"115,584.000"},"-","Товарищество с ограниченной ответственностью \"Мангистауский атомный энергетический комбинат-Казатомпром\""]
[null,"4167538","1898 Т","274039.900.000014","Лампа светодиодная","тип цоколя Е27, мощность 5 Вт","196:Лампа:Лампа светодиодная LED E27F A60 8W 5000K:Лампа светодиодная LED E27F A60 8W 5000K","ОТП","-","0","02.2018","471010000, Мангистауская область, Актау Г.А., г.Актау, \"Мангистауская область, г. Актау, промзона, ТОО \"\"МАЭК-Казатомпром\"\", здание 201\"","471010000, Мангистауская область, Актау Г.А., г.Актау, \"Мангистауская область, г. Актау, промзона, ТОО \"\"МАЭК-Казатомпром\"\"\"","DDP","С даты подписания договора в течение 30 календарных дней","Предоплата - 0% , Промежуточный платеж - 0% , Окончательный платеж - 100% ","Штука",{"v":300,"d":"300.000"},{"v":864,"d":"864.000"},{"v":259200,"d":"259,200.000"},{"v":290304,"d":"290,304.000"},"-","Товарищество с ограниченной ответственностью \"Мангистауский атомный энергетический комбинат-Казатомпром\""]
[null,"4164949","1903 Т","274015.700.000004","Лампа дуговая","ртутная, ДРЛ-400","196:Лампа:Лампа ДРЛ400:Лампа ДРЛ400","ОТП","-","0","02.2018","471010000, Мангистауская область, Актау Г.А., г.Актау, \"Мангистауская область, г. Актау, промзона, ТОО \"\"МАЭК-Казатомпром\"\", здание 201\"","471010000, Мангистауская область, Актау Г.А., г.Актау, \"Мангистауская область, г. Актау, промзона, ТОО \"\"МАЭК-Казатомпром\"\"\"","DDP","С даты подписания договора в течение 30 календарных дней","Предоплата - 0% , Промежуточный платеж - 0% , Окончательный платеж - 100% ","Штука",{"v":1104,"d":"1,104.000"},{"v":1676.7,"d":"1,676.700"},{"v":1851076.8,"d":"1,851,076.800"},{"v":2073206.02,"d":"2,073,206.020"},"-","Товарищество с ограниченной ответственностью \"Мангистауский атомный энергетический комбинат-Казатомпром\""]
[null,"4162770","1911 Т","274014.900.000038","Лампа накаливания","общего назначения, тип Б220-230-100-1, мощность 100 Вт","196:Лампа:Лампа Б230-240-95:Лампа Б230-240-95","ОТП","-","0","02.2018","471010000, Мангистауская область, Актау Г.А., г.Актау, \"Мангистауская область, г. Актау, промзона, ТОО \"\"МАЭК-Казатомпром\"\", здание 201\"","471010000, Мангистауская область, Актау Г.А., г.Актау, \"Мангистауская область, г. Актау, промзона, ТОО \"\"МАЭК-Казатомпром\"\"\"","DDP","С даты подписания договора в течение 30 календарных дней","Предоплата - 0% , Промежуточный платеж - 0% , Окончательный платеж - 100% ","Штука",{"v":6130,"d":"6,130.000"},{"v":162,"d":"162.000"},{"v":993060,"d":"993,060.000"},{"v":1112227.2,"d":"1,112,227.200"},"-","Товарищество с ограниченной ответственностью \"Мангистауский атомный энергетический комбинат-Казатомпром\""]
[null,"4162020","1921 Т","274033.000.000025","Лампа накаливания","кварцево-галогенная, тип КГ-2000, мощность 2000 Вт","196:Лампа:Лампа КГ220-2000-4:Лампа КГ220-2000-4","ОТП","-","0","02.2018","471010000, Мангистауская область, Актау Г.А., г.Актау, \"Мангистауская область, г. Актау, промзона, ТОО \"\"МАЭК-Казатомпром\"\", здание 201\"","471010000, Мангистауская область, Актау Г.А., г.Актау, \"Мангистауская область, г. Актау, промзона, ТОО \"\"МАЭК-Казатомпром\"\"\"","DDP","С даты подписания договора в течение 30 календарных дней","Предоплата - 0% , Промежуточный платеж - 0% , Окончательный платеж - 100% ","Штука",{"v":104,"d":"104.000"},{"v":3025,"d":"3,025.000"},{"v":314600,"d":"314,600.000"},{"v":352352,"d":"352,352.000"},"-","Товарищество с ограниченной ответственностью \"Мангистауский атомный энергетический комбинат-Казатомпром\""]
[null,"4162004","1922 Т","274033.000.000023","Лампа накаливания","кварцево-галогенная, тип КГ-1000, мощность 1000 Вт","196:Лампа:Лампа КГ220-1000-5:Лампа КГ220-1000-5","ОТП","-","0","02.2018","471010000, Мангистауская область, Актау Г.А., г.Актау, \"Мангистауская область, г. Актау, промзона, ТОО \"\"МАЭК-Казатомпром\"\", здание 201\"","471010000, Мангистауская область, Актау Г.А., г.Актау, \"Мангистауская область, г. Актау, промзона, ТОО \"\"МАЭК-Казатомпром\"\"\"","DDP","С даты подписания договора в течение 30 календарных дней","Предоплата - 0% , Промежуточный платеж - 0% , Окончательный платеж - 100% ","Штука",{"v":124,"d":"124.000"},{"v":1620,"d":"1,620.000"},{"v":200880,"d":"200,880.000"},{"v":224985.6,"d":"224,985.600"},"-","Товарищество с ограниченной ответственностью \"Мангистауский атомный энергетический комбинат-Казатомпром\""]
[null,"4180001","1934 Т","274015.990.000170","Лампа люминесцентная","тип цоколя Е-27, мощность 20 Вт","196:Лампа:Лампа тип SМ-20 Е27 3000К 20Вт L=110 d60 1280лм:Лампа тип SМ-20 Е27 3000К 20Вт L=110 d60 1280лм","ОТП","-","0","02.2018","471010000, Мангистауская область, Актау Г.А., г.Актау, \"Мангистауская область, г. Актау, промзона, ТОО \"\"МАЭК-Казатомпром\"\", здание 201\"","471010000, Мангистауская область, Актау Г.А., г.Актау, \"Мангистауская область, г. Актау, промзона, ТОО \"\"МАЭК-Казатомпром\"\"\"","DDP","С даты подписания договора в течение 30 календарных дней","Предоплата - 0% , Промежуточный платеж - 0% , Окончательный платеж - 100% ","Штука",{"v":500,"d":"500.000"},{"v":912,"d":"912.000"},{"v":456000,"d":"456,000.000"},{"v":510720,"d":"510,720.000"},"-","Товарищество с ограниченной ответственностью \"Мангистауский атомный энергетический комбинат-Казатомпром\""]
[null,"4180004","1935 Т","274015.990.000177","Лампа люминесцентная","тип цоколя Е40, мощность 105 Вт","196:Лампа:Лампа тип 6U-105 Е40 6500К 105Вт L=305 d106 5400лм:Лампа тип 6U-105 Е40 6500К 105Вт L=305 d106 5400лм","ОТП","-","0","02.2018","471010000, Мангистауская область, Актау Г.А., г.Актау, \"Мангистауская область, г. Актау, промзона, ТОО \"\"МАЭК-Казатомпром\"\", здание 201\"","471010000, Мангистауская область, Актау Г.А., г.Актау, \"Мангистауская область, г. Актау, промзона, ТОО \"\"МАЭК-Казатомпром\"\"\"","DDP","С даты подписания договора в течение 30 календарных дней","Предоплата - 0% , Промежуточный платеж - 0% , Окончательный платеж - 100% ","Штука",{"v":300,"d":"300.000"},{"v":6224.96,"d":"6,224.960"},{"v":1867488,"d":"1,867,488.000"},{"v":2091586.56,"d":"2,091,586.560"},"-","Товарищество с ограниченной ответственностью \"Мангистауский атомный энергетический комбинат-Казатомпром\""]
[null,"4211725","1941 Т","201434.700.000001","Кислота лимонная моногидрат и безводная","чистый","79:ГОСТ:3652-69:3652-69","ОИ","137-2 (не превышает тысячекратного МРП)","0","03.2018","471010000, Мангистауская область, Актау Г.А., г.Актау, \"Мангистауская область, г. Актау, промзона, ТОО \"\"МАЭК-Казатомпром\"\", здание 201\"","471010000, Мангистауская область, Актау Г.А., г.Актау, \"Мангистауская область, г. Актау, промзона, ТОО \"\"МАЭК-Казатомпром\"\"\"","DDP","С даты подписания договора в течение 150 календарных дней","Предоплата - 0% , Промежуточный платеж - 0% , Окончательный платеж - 100% ","Тонна (метрическая)",{"v":0.88,"d":"0.880"},{"v":800000,"d":"800,000.000"},{"v":704000,"d":"704,000.000"},{"v":788480,"d":"788,480.000"},"-","Товарищество с ограниченной ответственностью \"Мангистауский атомный энергетический комбинат-Казатомпром\""]
[null,"4210471","1943 Т","201659.700.000001","Смола ионообменная","катионит","235:Наименование:C-100-H:C-100-H","ОТП","-","0","04.2018","471010000, Мангистауская область, Актау Г.А., г.Актау, \"Мангистауская область, г. Актау, промзона, ТОО \"\"МАЭК-Казатомпром\"\", здание 201\"","471010000, Мангистауская область, Актау Г.А., г.Актау, \"Мангистауская область, г. Актау, промзона, ТОО \"\"МАЭК-Казатомпром\"\"\"","DDP","с 07.2018 по 07.2018","Предоплата - 0% , Промежуточный платеж - 0% , Окончательный платеж - 100% ","Тонна (метрическая)",{"v":1.92,"d":"1.920"},{"v":1305068.27,"d":"1,305,068.270"},{"v":2505731.08,"d":"2,505,731.080"},{"v":2806418.81,"d":"2,806,418.810"},"-","Товарищество с ограниченной ответственностью \"Мангистауский атомный энергетический комбинат-Казатомпром\""]
[null,"4210003","1946 Т","139616.900.000014","Материал","фильтрующий, из антрацита","235:Наименование:Гидроантрацит-А (зернистость 0,6-1,6мм):Гидроантрацит-А (зернистость 0,6-1,6мм) \\ 134:Зернистость:0,6-1,6мм:0,6-1,6мм","ЦПП","-","0","02.2018","471010000, Мангистауская область, Актау Г.А., г.Актау, \"Мангистауская область, г. Актау, промзона, ТОО \"\"МАЭК-Казатомпром\"\", здание 201\"","471010000, Мангистауская область, Актау Г.А., г.Актау, \"Мангистауская область, г. Актау, промзона, ТОО \"\"МАЭК-Казатомпром\"\"\"","DDP","С даты подписания договора в течение 30 календарных дней","Предоплата - 0% , Промежуточный платеж - 0% , Окончательный платеж - 100% ","Тонна (метрическая)",{"v":19.9,"d":"19.900"},{"v":252312,"d":"252,312.000"},{"v":5021008.8,"d":"5,021,008.800"},{"v":5623529.86,"d":"5,623,529.860"},"-","Товарищество с ограниченной ответственностью \"Мангистауский атомный энергетический комбинат-Казатомпром\""]
[null,"4210570","1950 Т","201342.800.000041","Фосфат натрия","трехзамещенный","79:ГОСТ:201-76 с изм.1-6:201-76 с изм.1-6","ЦПП","-","0","01.2018","471010000, Мангистауская область, Актау Г.А., г.Актау, \"Мангистауская область, г. Актау, промзона, ТОО \"\"МАЭК-Казатомпром\"\", здание 201\"","471010000, Мангистауская область, Актау Г.А., г.Актау, \"Мангистауская область, г. Актау, промзона, ТОО \"\"МАЭК-Казатомпром\"\"\"","DDP","с 03.2018 по 03.2018","Предоплата - 0% , Промежуточный платеж - 0% , Окончательный платеж - 100% ","Тонна (метрическая)",{"v":9.82,"d":"9.820"},{"v":387563,"d":"387,563.000"},{"v":3805868.66,"d":"3,805,868.660"},{"v":4262572.9,"d":"4,262,572.900"},"-","Товарищество с ограниченной ответственностью \"Мангистауский атомный энергетический комбинат-Казатомпром\""]
[null,"4210240","1954 Т","201431.300.000001","Кислота олеиновая","промышленная (техническая), марка Б14","79:ГОСТ:7580-91:7580-91","ОИ","137-2 (не превышает тысячекратного МРП)","0","03.2018","471010000, Мангистауская область, Актау Г.А., г.Актау, \"Мангистауская область, г. Актау, промзона, ТОО \"\"МАЭК-Казатомпром\"\", здание 201\"","471010000, Мангистауская область, Актау Г.А., г.Актау, \"Мангистауская область, г. Актау, промзона, ТОО \"\"МАЭК-Казатомпром\"\"\"","DDP","С даты подписания договора в течение 150 календарных дней","Предоплата - 0% , Промежуточный платеж - 0% , Окончательный платеж - 100% ","Килограмм",{"v":40,"d":"40.000"},{"v":2081.34,"d":"2,081.340"},{"v":83253.6,"d":"83,253.600"},{"v":93244.03,"d":"93,244.030"},"-","Товарищество с ограниченной ответственностью \"Мангистауский атомный энергетический комбинат-Казатомпром\""]
[null,"4219005","1958 Т","201324.130.000000","Водород хлорид (кислота соляная)","синтетический технический, марка А","235:Наименование:Кислота соляная техническая синтетическая:Кислота соляная техническая синтетическая \\ 79:ГОСТ:857-95:857-95","ОИ","137-4 (внутрихолдинговая кооперация)","100","03.2018","471010000, Мангистауская область, Актау Г.А., г.Актау, \"Мангистауская область, г. Актау, промзона, ТОО \"\"МАЭК-Казатомпром\"\", здание 201\"","471010000, Мангистауская область, Актау Г.А., г.Актау, \"Мангистауская область, г. Актау, промзона, ТОО \"\"МАЭК-Казатомпром\"\"\"","DDP","с 04.2018 по 04.2018","Предоплата - 30% , Промежуточный платеж - 0% , Окончательный платеж - 70% ","Тонна (метрическая)",{"v":70,"d":"70.000"},{"v":54255.37,"d":"54,255.370"},{"v":3797875.9,"d":"3,797,875.900"},{"v":4253621.01,"d":"4,253,621.010"},"ОВХ","Товарищество с ограниченной ответственностью \"Мангистауский атомный энергетический комбинат-Казатомпром\""]
[null,"4219003","1960-1 Т","205959.200.000000","Ингибитор","коррозии","235:Наименование:Ингибитор кислотной коррозии ПКУ-Э:Ингибитор кислотной коррозии ПКУ-Э","ЦПП","-","0","02.2018","471010000, Мангистауская область, Актау Г.А., г.Актау, \"Мангистауская область, г. Актау, промзона, ТОО \"\"МАЭК-Казатомпром\"\", здание 201\"","471010000, Мангистауская область, Актау Г.А., г.Актау, \"Мангистауская область, г. Актау, промзона, ТОО \"\"МАЭК-Казатомпром\"\"\"","DDP","с 04.2018 по 04.2018","Окончательный платеж - 100% , Промежуточный платеж - 0% , Предоплата - 0% ","Килограмм",{"v":803,"d":"803.000"},{"v":4480.63,"d":"4,480.630"},{"v":3597945.89,"d":"3,597,945.890"},{"v":4029699.4,"d":"4,029,699.400"},"-","Товарищество с ограниченной ответственностью \"Мангистауский атомный энергетический комбинат-Казатомпром\""]
[null,"4210186","1963 Т","201471.500.000003","Канифоль","сосновая, 1 сорт","79:ГОСТ:19113-84:19113-84","ОИ","137-2 (не превышает тысячекратного МРП)","0","03.2018","471010000, Мангистауская область, Актау Г.А., г.Актау, \"Мангистауская область, г. Актау, промзона, ТОО \"\"МАЭК-Казатомпром\"\", здание 201\"","471010000, Мангистауская область, Актау Г.А., г.Актау, \"Мангистауская область, г. Актау, промзона, ТОО \"\"МАЭК-Казатомпром\"\"\"","DDP","С даты подписания договора в течение 150 календарных дней","Предоплата - 0% , Промежуточный платеж - 0% , Окончательный платеж - 100% ","Килограмм",{"v":15,"d":"15.000"},{"v":2079.56,"d":"2,079.560"},{"v":31193.4,"d":"31,193.400"},{"v":34936.61,"d":"34,936.610"},"-","Товарищество с ограниченной ответственностью \"Мангистауский атомный энергетический комбинат-Казатомпром\""]
[null,"4210470","1966 Т","201640.300.000006","Смола","эпоксидно-диановая, неотвержденная, марка ЭД-20","79:ГОСТ:10587-84:10587-84","ОИ","137-2 (не превышает тысячекратного МРП)","0","03.2018","471010000, Мангистауская область, Актау Г.А., г.Актау, \"Мангистауская область, г. Актау, промзона, ТОО \"\"МАЭК-Казатомпром\"\", здание 201\"","471010000, Мангистауская область, Актау Г.А., г.Актау, \"Мангистауская область, г. Актау, промзона, ТОО \"\"МАЭК-Казатомпром\"\"\"","DDP","С даты подписания договора в течение 150 календарных дней","Предоплата - 0% , Промежуточный платеж - 0% , Окончательный платеж - 100% ","Килограмм",{"v":221,"d":"221.000"},{"v":2861.78,"d":"2,861.780"},{"v":632453.38,"d":"632,453.380"},{"v":708347.79,"d":"708,347.790"},"-","Товарищество с ограниченной ответственностью \"Мангистауский атомный энергетический комбинат-Казатомпром\""]
[null,"4210445","1969 Т","201362.900.000003","Силикагель","марка КСКГ","79:ГОСТ: 3956-76: 3956-76","ОИ","137-2 (не превышает тысячекратного МРП)","0","03.2018","471010000, Мангистауская область, Актау Г.А., г.Актау, \"Мангистауская область, г. Актау, промзона, ТОО \"\"МАЭК-Казатомпром\"\", здание 201\"","471010000, Мангистауская область, Актау Г.А., г.Актау, \"Мангистауская область, г. Актау, промзона, ТОО \"\"МАЭК-Казатомпром\"\"\"","DDP","С даты подписания договора в течение 150 календарных дней","Предоплата - 0% , Промежуточный платеж - 0% , Окончательный платеж - 100% ","Килограмм",{"v":750,"d":"750.000"},{"v":595.54,"d":"595.540"},{"v":446655,"d":"446,655.000"},{"v":500253.6,"d":"500,253.600"},"-","Товарищество с ограниченной ответственностью \"Мангистауский атомный энергетический комбинат-Казатомпром\""]
[null,"4210605","1974-1 Т","205959.200.000000","Ингибитор","коррозии","235:Наименование:Хеламин 90 Н-Турб (90Н ТУРБО):Хеламин 90 Н-Турб (90Н ТУРБО)","ЦПП","-","0","02.2018","471010000, Мангистауская область, Актау Г.А., г.Актау, \"Мангистауская область, г. Актау, промзона, ТОО \"\"МАЭК-Казатомпром\"\", здание 201\"","471010000, Мангистауская область, Актау Г.А., г.Актау, \"Мангистауская область, г. Актау, промзона, ТОО \"\"МАЭК-Казатомпром\"\"\"","DDP","с 04.2018 по 04.2018","Окончательный платеж - 100% , Промежуточный платеж - 0% , Предоплата - 0% ","Килограмм",{"v":630,"d":"630.000"},{"v":7370,"d":"7,370.000"},{"v":4643100,"d":"4,643,100.000"},{"v":5200272,"d":"5,200,272.000"},"-","Товарищество с ограниченной ответственностью \"Мангистауский атомный энергетический комбинат-Казатомпром\""]
[null,"4211741","1977 Т","201620.400.000000","Сополимер стирола","с 8% дивинилбензола, пластмасса","235:Наименование:Сополимер-8:Сополимер-8","ОТП","-","0","05.2018","471010000, Мангистауская область, Актау Г.А., г.Актау, \"Мангистауская область, г. Актау, промзона, ТОО \"\"МАЭК-Казатомпром\"\", здание 201\"","471010000, Мангистауская область, Актау Г.А., г.Актау, \"Мангистауская область, г. Актау, промзона, ТОО \"\"МАЭК-Казатомпром\"\"\"","DDP","с 09.2018 по 09.2018","Предоплата - 0% , Промежуточный платеж - 0% , Окончательный платеж - 100% ","Тонна (метрическая)",{"v":4.55,"d":"4.550"},{"v":3303571.43,"d":"3,303,571.430"},{"v":15031250.01,"d":"15,031,250.010"},{"v":16835000.01,"d":"16,835,000.010"},"-","Товарищество с ограниченной ответственностью \"Мангистауский атомный энергетический комбинат-Казатомпром\""]
[null,"4210475","1982 Т","201659.700.000001","Смола ионообменная","катионит","235:Наименование:C-100-MBH:C-100-MBH","ОТП","-","0","04.2018","471010000, Мангистауская область, Актау Г.А., г.Актау, \"Мангистауская область, г. Актау, промзона, ТОО \"\"МАЭК-Казатомпром\"\", здание 201\"","471010000, Мангистауская область, Актау Г.А., г.Актау, \"Мангистауская область, г. Актау, промзона, ТОО \"\"МАЭК-Казатомпром\"\"\"","DDP","с 07.2018 по 07.2018","Предоплата - 0% , Промежуточный платеж - 0% , Окончательный платеж - 100% ","Тонна (метрическая)",{"v":1.7,"d":"1.700"},{"v":1305068.27,"d":"1,305,068.270"},{"v":2218616.06,"d":"2,218,616.060"},{"v":2484849.99,"d":"2,484,849.990"},"-","Товарищество с ограниченной ответственностью \"Мангистауский атомный энергетический комбинат-Казатомпром\""]
[null,"4220060","1985 Т","222922.300.000000","Лента изоляционная","для трубопровода, поливинилхлоридная, ширина 50-150 мм","38:Вид:Лента пил (ТУ 2245-001-00203312-2003 изм 1-3,Рулон плёнки пвх липкой цилиндрической формы, без гофр и морщин. Клеевой слой при перемотке рулона не отслаивается и не переходит на другую сторону плёнки:Лента пил (ТУ 2245-001-00203312-2003 изм 1-3,Рулон плёнки пвх липкой цилиндрической формы, без гофр и морщин. Клеевой слой при перемотке рулона не отслаивается и не переходит на другую сторону плёнки","ОИ","137-2 (не превышает тысячекратного МРП)","0","04.2018","471010000, Мангистауская область, Актау Г.А., г.Актау, \"Мангистауская область, г. Актау, промзона, ТОО \"\"МАЭК-Казатомпром\"\", здание 201\"","471010000, Мангистауская область, Актау Г.А., г.Актау, \"Мангистауская область, г. Актау, промзона, ТОО \"\"МАЭК-Казатомпром\"\"\"","DDP","С даты подписания договора по 12.2018","Предоплата - 0% , Промежуточный платеж - 0% , Окончательный платеж - 100% ","Килограмм",{"v":105,"d":"105.000"},{"v":3277.5,"d":"3,277.500"},{"v":344137.5,"d":"344,137.500"},{"v":385434,"d":"385,434.000"},"-","Товарищество с ограниченной ответственностью \"Мангистауский атомный энергетический комбинат-Казатомпром\""]
[null,"4220354","1987 Т","222142.700.000001","Фторопласт","листовой, толщина более 0,5 мм, но не более 8 мм","38:Вид:Фторопласт пластина 6мм,Фторопласт марка Ф-4 ТУ 6-05-810-88. Фторопласт–4–политетрафторэтилен получают полимеризацией тетрафторэтилена. Ширина 500мм, длина от 500-1100мм:Фторопласт пластина 6мм,Фторопласт марка Ф-4 ТУ 6-05-810-88. Фторопласт–4–политетрафторэтилен получают полимеризацией тетрафторэтилена. Ширина 500мм, длина от 500-1100мм","ОИ","137-2 (не превышает тысячекратного МРП)","0","04.2018","471010000, Мангистауская область, Актау Г.А., г.Актау, \"Мангистауская область, г. Актау, промзона, ТОО \"\"МАЭК-Казатомпром\"\", здание 201\"","471010000, Мангистауская область, Актау Г.А., г.Актау, \"Мангистауская область, г. Актау, промзона, ТОО \"\"МАЭК-Казатомпром\"\"\"","DDP","С даты подписания договора по 12.2018","Предоплата - 0% , Промежуточный платеж - 0% , Окончательный платеж - 100% ","Килограмм",{"v":10,"d":"10.000"},{"v":5400,"d":"5,400.000"},{"v":54000,"d":"54,000.000"},{"v":60480,"d":"60,480.000"},"-","Товарищество с ограниченной ответственностью \"Мангистауский атомный энергетический комбинат-Казатомпром\""]
[null,"4227013","1990 Т","222142.700.000000","Фторопласт","круглый, толщина более 8 мм, но не более 150 мм","38:Вид:\"Графитофторопласт КВ диаметр 100мм (Для деталей из графитофторопласта КВ ТУ48-20-102-87 рекомендуемый материал контртела - чугун, стали (марок 95Х18, 40Х13 и др.), бронза, хромовое покрытие; предельно допустимая нагрузка 45 кгс/см2; предельно допустимая скорость до 20 м/с\":\"Графитофторопласт КВ диаметр 100мм (Для деталей из графитофторопласта КВ ТУ48-20-102-87 рекомендуемый материал контртела - чугун, стали (марок 95Х18, 40Х13 и др.), бронза, хромовое покрытие; предельно допустимая нагрузка 45 кгс/см2; предельно допустимая скорость до 20 м/с\"","ОИ","137-2 (не превышает тысячекратного МРП)","0","04.2018","471010000, Мангистауская область, Актау Г.А., г.Актау, \"Мангистауская область, г. Актау, промзона, ТОО \"\"МАЭК-Казатомпром\"\", здание 201\"","471010000, Мангистауская область, Актау Г.А., г.Актау, \"Мангистауская область, г. Актау, промзона, ТОО \"\"МАЭК-Казатомпром\"\"\"","DDP","С даты подписания договора по 12.2018","Предоплата - 0% , Промежуточный платеж - 0% , Окончательный платеж - 100% ","Килограмм",{"v":100,"d":"100.000"},{"v":12581,"d":"12,581.000"},{"v":1258100,"d":"1,258,100.000"},{"v":1409072,"d":"1,409,072.000"},"-","Товарищество с ограниченной ответственностью \"Мангистауский атомный энергетический комбинат-Казатомпром\""]
[null,"4220375","1993 Т","222110.900.000011","Стержень","диаметр более 55 мм, но не более 100 мм, из фторопласта","38:Вид:Фторопласт ф-4 стержень 60 , Фторопласт марка Ф-4 ТУ 6-05-810-88. Фторопласт–4–политетрафторэтилен получают полимеризацией тетрафторэтилена. Минимальная длинна 400мм:Фторопласт ф-4 стержень 60 , Фторопласт марка Ф-4 ТУ 6-05-810-88. Фторопласт–4–политетрафторэтилен получают полимеризацией тетрафторэтилена. Минимальная длинна 400мм","ОИ","137-2 (не превышает тысячекратного МРП)","0","04.2018","471010000, Мангистауская область, Актау Г.А., г.Актау, \"Мангистауская область, г. Актау, промзона, ТОО \"\"МАЭК-Казатомпром\"\", здание 201\"","471010000, Мангистауская область, Актау Г.А., г.Актау, \"Мангистауская область, г. Актау, промзона, ТОО \"\"МАЭК-Казатомпром\"\"\"","DDP","С даты подписания договора по 12.2018","Предоплата - 0% , Промежуточный платеж - 0% , Окончательный платеж - 100% ","Килограмм",{"v":55,"d":"55.000"},{"v":5400,"d":"5,400.000"},{"v":297000,"d":"297,000.000"},{"v":332640,"d":"332,640.000"},"-","Товарищество с ограниченной ответственностью \"Мангистауский атомный энергетический комбинат-Казатомпром\""]
[null,"4220381","1996 Т","222110.900.000017","Диск","графитофторопластовый","38:Вид:Фторопластографит АФМГ круг Ф 50-60 (ГОСТ 10007-80, ТУ 48-8020-150-97):Фторопластографит АФМГ круг Ф 50-60 (ГОСТ 10007-80, ТУ 48-8020-150-97)","ОИ","137-2 (не превышает тысячекратного МРП)","0","04.2018","471010000, Мангистауская область, Актау Г.А., г.Актау, \"Мангистауская область, г. Актау, промзона, ТОО \"\"МАЭК-Казатомпром\"\", здание 201\"","471010000, Мангистауская область, Актау Г.А., г.Актау, \"Мангистауская область, г. Актау, промзона, ТОО \"\"МАЭК-Казатомпром\"\"\"","DDP","С даты подписания договора по 12.2018","Предоплата - 0% , Промежуточный платеж - 0% , Окончательный платеж - 100% ","Килограмм",{"v":5,"d":"5.000"},{"v":21438,"d":"21,438.000"},{"v":107190,"d":"107,190.000"},{"v":120052.8,"d":"120,052.800"},"-","Товарищество с ограниченной ответственностью \"Мангистауский атомный энергетический комбинат-Казатомпром\""]
[null,"4220022","2001 Т","222110.900.000014","Жгут","фторопластовый, диаметр 1-50мм","38:Вид:Жгутфум 10*10 (Лента фум ТУ 6-05-1388-88  для сантехнических работ, в машиностроении, быту. :Жгутфум 10*10 (Лента фум ТУ 6-05-1388-88  для сантехнических работ, в машиностроении, быту. ","ОИ","137-2 (не превышает тысячекратного МРП)","0","04.2018","471010000, Мангистауская область, Актау Г.А., г.Актау, \"Мангистауская область, г. Актау, промзона, ТОО \"\"МАЭК-Казатомпром\"\", здание 201\"","471010000, Мангистауская область, Актау Г.А., г.Актау, \"Мангистауская область, г. Актау, промзона, ТОО \"\"МАЭК-Казатомпром\"\"\"","DDP","С даты подписания договора по 12.2018","Предоплата - 0% , Промежуточный платеж - 0% , Окончательный платеж - 100% ","Килограмм",{"v":2,"d":"2.000"},{"v":6325,"d":"6,325.000"},{"v":12650,"d":"12,650.000"},{"v":14168,"d":"14,168.000"},"-","Товарищество с ограниченной ответственностью \"Мангистауский атомный энергетический комбинат-Казатомпром\""]
[null,"4220023","2004 Т","222130.100.000053","Лента специальная","из фторопласта, ширина 10-100 мм","38:Вид:Лента фум 10*20 (ТУ 6-05-1388-86 изм 1-3, Лента фум-2 20мм ширина 0,1мм толщина. Маслобензостойкий, антикоррозийный, самосмазывающийся, не токсичный изготавливаемый из  фторопласта-40):Лента фум 10*20 (ТУ 6-05-1388-86 изм 1-3, Лента фум-2 20мм ширина 0,1мм толщина. Маслобензостойкий, антикоррозийный, самосмазывающийся, не токсичный изготавливаемый из  фторопласта-40)","ОИ","137-2 (не превышает тысячекратного МРП)","0","04.2018","471010000, Мангистауская область, Актау Г.А., г.Актау, \"Мангистауская область, г. Актау, промзона, ТОО \"\"МАЭК-Казатомпром\"\", здание 201\"","471010000, Мангистауская область, Актау Г.А., г.Актау, \"Мангистауская область, г. Актау, промзона, ТОО \"\"МАЭК-Казатомпром\"\"\"","DDP","С даты подписания договора по 12.2018","Предоплата - 0% , Промежуточный платеж - 0% , Окончательный платеж - 100% ","Килограмм",{"v":1,"d":"1.000"},{"v":6325,"d":"6,325.000"},{"v":6325,"d":"6,325.000"},{"v":7084,"d":"7,084.000"},"-","Товарищество с ограниченной ответственностью \"Мангистауский атомный энергетический комбинат-Казатомпром\""]
[null,"4220396","2009 Т","222130.100.000048","Пленка","полиэтиленовая, высокого давления","38:Вид:Фторопластовая пленка ф-4 ЭО (ГОСТ 242222-80, ТУ 6-05-2004-86 (т.0,04мм, ш.25мм)):Фторопластовая пленка ф-4 ЭО (ГОСТ 242222-80, ТУ 6-05-2004-86 (т.0,04мм, ш.25мм))","ОИ","137-2 (не превышает тысячекратного МРП)","0","04.2018","471010000, Мангистауская область, Актау Г.А., г.Актау, \"Мангистауская область, г. Актау, промзона, ТОО \"\"МАЭК-Казатомпром\"\", здание 201\"","471010000, Мангистауская область, Актау Г.А., г.Актау, \"Мангистауская область, г. Актау, промзона, ТОО \"\"МАЭК-Казатомпром\"\"\"","DDP","С даты подписания договора по 12.2018","Предоплата - 0% , Промежуточный платеж - 0% , Окончательный платеж - 100% ","Метр погонный",{"v":110,"d":"110.000"},{"v":56.46,"d":"56.460"},{"v":6210.6,"d":"6,210.600"},{"v":6955.87,"d":"6,955.870"},"-","Товарищество с ограниченной ответственностью \"Мангистауский атомный энергетический комбинат-Казатомпром\""]
[null,"4222526","2012 Т","222922.300.000000","Лента изоляционная","для трубопровода, поливинилхлоридная, ширина 50-150 мм","38:Вид:Лента пил пхвл:Лента пил пхвл","ОИ","137-2 (не превышает тысячекратного МРП)","0","04.2018","471010000, Мангистауская область, Актау Г.А., г.Актау, \"Мангистауская область, г. Актау, промзона, ТОО \"\"МАЭК-Казатомпром\"\", здание 201\"","471010000, Мангистауская область, Актау Г.А., г.Актау, \"Мангистауская область, г. Актау, промзона, ТОО \"\"МАЭК-Казатомпром\"\"\"","DDP","С даты подписания договора по 12.2018","Предоплата - 0% , Промежуточный платеж - 0% , Окончательный платеж - 100% ","Килограмм",{"v":10,"d":"10.000"},{"v":750,"d":"750.000"},{"v":7500,"d":"7,500.000"},{"v":8400,"d":"8,400.000"},"-","Товарищество с ограниченной ответственностью \"Мангистауский атомный энергетический комбинат-Казатомпром\""]
[null,"4220373","2013 Т","222110.900.000010","Стержень","диаметр более 5 мм, но не более 50 мм, из фторопласта","38:Вид:Фторопласт стержень д=20мм ,Фторопласт марка Ф-4 ТУ 6-05-810-88.:Фторопласт стержень д=20мм ,Фторопласт марка Ф-4 ТУ 6-05-810-88.","ОИ","137-2 (не превышает тысячекратного МРП)","0","04.2018","471010000, Мангистауская область, Актау Г.А., г.Актау, \"Мангистауская область, г. Актау, промзона, ТОО \"\"МАЭК-Казатомпром\"\", здание 201\"","471010000, Мангистауская область, Актау Г.А., г.Актау, \"Мангистауская область, г. Актау, промзона, ТОО \"\"МАЭК-Казатомпром\"\"\"","DDP","С даты подписания договора по 12.2018","Предоплата - 0% , Промежуточный платеж - 0% , Окончательный платеж - 100% ","Килограмм",{"v":35,"d":"35.000"},{"v":6210,"d":"6,210.000"},{"v":217350,"d":"217,350.000"},{"v":243432,"d":"243,432.000"},"-","Товарищество с ограниченной ответственностью \"Мангистауский атомный энергетический комбинат-Казатомпром\""]
[null,"4230101","2018 Т","089929.920.000001","Цеолит","твердость 3,5-5,5","468:ТУ: 38-10281-88: 38-10281-88","ОИ","137-2 (не превышает тысячекратного МРП)","0","03.2018","471010000, Мангистауская область, Актау Г.А., г.Актау, \"Мангистауская область, г. Актау, промзона, ТОО \"\"МАЭК-Казатомпром\"\", здание 201\"","471010000, Мангистауская область, Актау Г.А., г.Актау, \"Мангистауская область, г. Актау, промзона, ТОО \"\"МАЭК-Казатомпром\"\"\"","DDP","С даты подписания договора в течение 150 календарных дней","Предоплата - 0% , Промежуточный платеж - 0% , Окончательный платеж - 100% ","Килограмм",{"v":25,"d":"25.000"},{"v":2454.77,"d":"2,454.770"},{"v":61369.25,"d":"61,369.250"},{"v":68733.56,"d":"68,733.560"},"-","Товарищество с ограниченной ответственностью \"Мангистауский атомный энергетический комбинат-Казатомпром\""]
[null,"4311566","2020 Т","274025.300.000002","Светильник","подвесной","462:Тип:Светильник :Светильник  \\ 468:ТУ:36-14-24-65:36-14-24-65 \\ 208:Маркировка: взг : взг ","ОТП","-","0","03.2018","471010000, Мангистауская область, Актау Г.А., г.Актау, \"Мангистауская область, г. Актау, промзона, ТОО \"\"МАЭК-Казатомпром\"\", здание 201\"","471010000, Мангистауская область, Актау Г.А., г.Актау, \"Мангистауская область, г. Актау, промзона, ТОО \"\"МАЭК-Казатомпром\"\"\"","DDP","С даты подписания договора в течение 30 календарных дней","Предоплата - 0% , Промежуточный платеж - 0% , Окончательный платеж - 100% ","Штука",{"v":100,"d":"100.000"},{"v":16956,"d":"16,956.000"},{"v":1695600,"d":"1,695,600.000"},{"v":1899072,"d":"1,899,072.000"},"-","Товарищество с ограниченной ответственностью \"Мангистауский атомный энергетический комбинат-Казатомпром\""]
[null,"4311530","2024 Т","274022.900.000001","Светильник","настенный","462:Тип:Светильник :Светильник \\ 468:ТУ:16-535-360-70:16-535-360-70 \\ 208:Маркировка:псх-60:псх-60","ОТП","-","0","03.2018","471010000, Мангистауская область, Актау Г.А., г.Актау, \"Мангистауская область, г. Актау, промзона, ТОО \"\"МАЭК-Казатомпром\"\", здание 201\"","471010000, Мангистауская область, Актау Г.А., г.Актау, \"Мангистауская область, г. Актау, промзона, ТОО \"\"МАЭК-Казатомпром\"\"\"","DDP","С даты подписания договора в течение 30 календарных дней","Предоплата - 0% , Промежуточный платеж - 0% , Окончательный платеж - 100% ","Штука",{"v":52,"d":"52.000"},{"v":2484,"d":"2,484.000"},{"v":129168,"d":"129,168.000"},{"v":144668.16,"d":"144,668.160"},"-","Товарищество с ограниченной ответственностью \"Мангистауский атомный энергетический комбинат-Казатомпром\""]
[null,"4311544","2027 Т","274022.900.000001","Светильник","настенный","462:Тип:Светильник:Светильник \\ 208:Маркировка:нбб таблетка:нбб таблетка","ОТП","-","0","03.2018","471010000, Мангистауская область, Актау Г.А., г.Актау, \"Мангистауская область, г. Актау, промзона, ТОО \"\"МАЭК-Казатомпром\"\", здание 201\"","471010000, Мангистауская область, Актау Г.А., г.Актау, \"Мангистауская область, г. Актау, промзона, ТОО \"\"МАЭК-Казатомпром\"\"\"","DDP","С даты подписания договора в течение 30 календарных дней","Предоплата - 0% , Промежуточный платеж - 0% , Окончательный платеж - 100% ","Штука",{"v":10,"d":"10.000"},{"v":2200,"d":"2,200.000"},{"v":22000,"d":"22,000.000"},{"v":24640,"d":"24,640.000"},"-","Товарищество с ограниченной ответственностью \"Мангистауский атомный энергетический комбинат-Казатомпром\""]
[null,"4311550","2031 Т","274033.000.000006","Прожектор","металлогалогенный, мощность 700-1000 Вт","462:Тип:Прожектор :Прожектор  \\ 79:ГОСТ:6047-51:6047-51 \\ 208:Маркировка:пзс35-500 :пзс35-500 ","ОТП","-","0","03.2018","471010000, Мангистауская область, Актау Г.А., г.Актау, \"Мангистауская область, г. Актау, промзона, ТОО \"\"МАЭК-Казатомпром\"\", здание 201\"","471010000, Мангистауская область, Актау Г.А., г.Актау, \"Мангистауская область, г. Актау, промзона, ТОО \"\"МАЭК-Казатомпром\"\"\"","DDP","С даты подписания договора в течение 30 календарных дней","Предоплата - 0% , Промежуточный платеж - 0% , Окончательный платеж - 100% ","Штука",{"v":20,"d":"20.000"},{"v":20000,"d":"20,000.000"},{"v":400000,"d":"400,000.000"},{"v":448000,"d":"448,000.000"},"-","Товарищество с ограниченной ответственностью \"Мангистауский атомный энергетический комбинат-Казатомпром\""]
[null,"4311521","2035 Т","274025.300.000002","Светильник","подвесной","462:Тип:Светильник :Светильник  \\ 79:ГОСТ:8045-82:8045-82 \\ 208:Маркировка:рку 400 :рку 400 ","ОТП","-","0","03.2018","471010000, Мангистауская область, Актау Г.А., г.Актау, \"Мангистауская область, г. Актау, промзона, ТОО \"\"МАЭК-Казатомпром\"\", здание 201\"","471010000, Мангистауская область, Актау Г.А., г.Актау, \"Мангистауская область, г. Актау, промзона, ТОО \"\"МАЭК-Казатомпром\"\"\"","DDP","С даты подписания договора в течение 30 календарных дней","Предоплата - 0% , Промежуточный платеж - 0% , Окончательный платеж - 100% ","Штука",{"v":90,"d":"90.000"},{"v":5357.14,"d":"5,357.140"},{"v":482142.6,"d":"482,142.600"},{"v":539999.71,"d":"539,999.710"},"-","Товарищество с ограниченной ответственностью \"Мангистауский атомный энергетический комбинат-Казатомпром\""]
[null,"4311532","2036 Т","274022.900.000004","Светильник","пристраиваемый","462:Тип:Светильник :Светильник  \\ 79:ГОСТ:598-2-1-97:598-2-1-97 \\ 208:Маркировка:армстронг :армстронг ","ОТП","-","0","03.2018","471010000, Мангистауская область, Актау Г.А., г.Актау, \"Мангистауская область, г. Актау, промзона, ТОО \"\"МАЭК-Казатомпром\"\", здание 201\"","471010000, Мангистауская область, Актау Г.А., г.Актау, \"Мангистауская область, г. Актау, промзона, ТОО \"\"МАЭК-Казатомпром\"\"\"","DDP","С даты подписания договора в течение 30 календарных дней","Предоплата - 0% , Промежуточный платеж - 0% , Окончательный платеж - 100% ","Штука",{"v":80,"d":"80.000"},{"v":9936,"d":"9,936.000"},{"v":794880,"d":"794,880.000"},{"v":890265.6,"d":"890,265.600"},"-","Товарищество с ограниченной ответственностью \"Мангистауский атомный энергетический комбинат-Казатомпром\""]
[null,"4321073","2040-1 Т","231412.990.000003","Лента специальная","из стеклянных крученых комплексных нитей, марка ЛЭСБ","462:Тип:Лента лэсб 0,2*25:Лента лэсб 0,2*25","ОИ","137-2 (не превышает тысячекратного МРП)","0","01.2018","471000000, Мангистауская область, Актау Г.А., Промзона, ТОО \"МАЭК-Казатомпром\", здание 201","471000000, Мангистауская область, Актау Г.А., Промзона, склад ТОО \"МАЭК-Казатомпром\"","DDP","С даты подписания договора в течение 30 календарных дней","Окончательный платеж - 100% , Промежуточный платеж - 0% , Предоплата - 0% ","Метр",{"v":200,"d":"200.000"},{"v":15,"d":"15.000"},{"v":3000,"d":"3,000.000"},{"v":3360,"d":"3,360.000"},"-","Товарищество с ограниченной ответственностью \"Мангистауский атомный энергетический комбинат-Казатомпром\""]
[null,"4321057","2045 Т","329959.900.000181","Стеклотекстолит","марка СТЭФ-1","462:Тип:Стеклотекстолит СТЭФ1 б=10мм:Стеклотекстолит СТЭФ1 б=10мм","ОИ","137-2 (не превышает тысячекратного МРП)","0","05.2018","471010000, Мангистауская область, Актау Г.А., г.Актау, \"Мангистауская область, г. Актау, промзона, ТОО \"\"МАЭК-Казатомпром\"\", здание 201\"","471010000, Мангистауская область, Актау Г.А., г.Актау, \"Мангистауская область, г. Актау, промзона, ТОО \"\"МАЭК-Казатомпром\"\"\"","DDP","С даты подписания договора в течение 30 календарных дней","Предоплата - 0% , Промежуточный платеж - 0% , Окончательный платеж - 100% ","Килограмм",{"v":5,"d":"5.000"},{"v":4300,"d":"4,300.000"},{"v":21500,"d":"21,500.000"},{"v":24080,"d":"24,080.000"},"-","Товарищество с ограниченной ответственностью \"Мангистауский атомный энергетический комбинат-Казатомпром\""]
[null,"4321059","2047 Т","329959.900.000181","Стеклотекстолит","марка СТЭФ-1","462:Тип:Стеклотекстолит СТЭФ1 б=30мм:Стеклотекстолит СТЭФ1 б=30мм","ОИ","137-2 (не превышает тысячекратного МРП)","0","05.2018","471010000, Мангистауская область, Актау Г.А., г.Актау, \"Мангистауская область, г. Актау, промзона, ТОО \"\"МАЭК-Казатомпром\"\", здание 201\"","471010000, Мангистауская область, Актау Г.А., г.Актау, \"Мангистауская область, г. Актау, промзона, ТОО \"\"МАЭК-Казатомпром\"\"\"","DDP","С даты подписания договора в течение 30 календарных дней","Предоплата - 0% , Промежуточный платеж - 0% , Окончательный платеж - 100% ","Килограмм",{"v":25,"d":"25.000"},{"v":6500,"d":"6,500.000"},{"v":162500,"d":"162,500.000"},{"v":182000,"d":"182,000.000"},"-","Товарищество с ограниченной ответственностью \"Мангистауский атомный энергетический комбинат-Казатомпром\""]
[null,"4321051","2051 Т","329959.900.000181","Стеклотекстолит","марка СТЭФ-1","462:Тип:Стеклотекстолит СТЭФ1 б=2мм:Стеклотекстолит СТЭФ1 б=2мм","ОИ","137-2 (не превышает тысячекратного МРП)","0","05.2018","471010000, Мангистауская область, Актау Г.А., г.Актау, \"Мангистауская область, г. Актау, промзона, ТОО \"\"МАЭК-Казатомпром\"\", здание 201\"","471010000, Мангистауская область, Актау Г.А., г.Актау, \"Мангистауская область, г. Актау, промзона, ТОО \"\"МАЭК-Казатомпром\"\"\"","DDP","С даты подписания договора в течение 30 календарных дней","Предоплата - 0% , Промежуточный платеж - 0% , Окончательный платеж - 100% ","Килограмм",{"v":31,"d":"31.000"},{"v":6500,"d":"6,500.000"},{"v":201500,"d":"201,500.000"},{"v":225680,"d":"225,680.000"},"-","Товарищество с ограниченной ответственностью \"Мангистауский атомный энергетический комбинат-Казатомпром\""]
[null,"4320168","2054 Т","329959.900.000146","Гетинакс","марка V","462:Тип:Гетинакс М1 б=5мм:Гетинакс М1 б=5мм","ОИ","137-2 (не превышает тысячекратного МРП)","0","05.2018","471010000, Мангистауская область, Актау Г.А., г.Актау, \"Мангистауская область, г. Актау, промзона, ТОО \"\"МАЭК-Казатомпром\"\", здание 201\"","471010000, Мангистауская область, Актау Г.А., г.Актау, \"Мангистауская область, г. Актау, промзона, ТОО \"\"МАЭК-Казатомпром\"\"\"","DDP","С даты подписания договора в течение 30 календарных дней","Предоплата - 0% , Промежуточный платеж - 0% , Окончательный платеж - 100% ","Килограмм",{"v":10,"d":"10.000"},{"v":4200,"d":"4,200.000"},{"v":42000,"d":"42,000.000"},{"v":47040,"d":"47,040.000"},"-","Товарищество с ограниченной ответственностью \"Мангистауский атомный энергетический комбинат-Казатомпром\""]
[null,"4321174","2059 Т","222121.900.000008","Трубка электроизоляционная гибкая","марка ТУТ","462:Тип:Трубка ТУТ10мм:Трубка ТУТ10мм","ОИ","137-2 (не превышает тысячекратного МРП)","0","02.2018","471010000, Мангистауская область, Актау Г.А., г.Актау, \"Мангистауская область, г. Актау, промзона, ТОО \"\"МАЭК-Казатомпром\"\", здание 201\"","471010000, Мангистауская область, Актау Г.А., г.Актау, \"Мангистауская область, г. Актау, промзона, ТОО \"\"МАЭК-Казатомпром\"\"\"","DDP","С даты подписания договора в течение 30 календарных дней","Предоплата - 0% , Промежуточный платеж - 0% , Окончательный платеж - 100% ","Метр",{"v":30,"d":"30.000"},{"v":450,"d":"450.000"},{"v":13500,"d":"13,500.000"},{"v":15120,"d":"15,120.000"},"-","Товарищество с ограниченной ответственностью \"Мангистауский атомный энергетический комбинат-Казатомпром\""]
[null,"4321162","2062 Т","222121.900.000008","Трубка электроизоляционная гибкая","марка ТУТ","462:Тип:Трубка тут 60х30 (ТУ ТФ. 207.05-2003):Трубка тут 60х30 (ТУ ТФ. 207.05-2003)","ОИ","137-2 (не превышает тысячекратного МРП)","0","04.2018","471010000, Мангистауская область, Актау Г.А., г.Актау, \"Мангистауская область, г. Актау, промзона, ТОО \"\"МАЭК-Казатомпром\"\", здание 201\"","471010000, Мангистауская область, Актау Г.А., г.Актау, \"Мангистауская область, г. Актау, промзона, ТОО \"\"МАЭК-Казатомпром\"\"\"","DDP","С даты подписания договора в течение 30 календарных дней","Предоплата - 0% , Промежуточный платеж - 0% , Окончательный платеж - 100% ","Метр погонный",{"v":10,"d":"10.000"},{"v":1370,"d":"1,370.000"},{"v":13700,"d":"13,700.000"},{"v":15344,"d":"15,344.000"},"-","Товарищество с ограниченной ответственностью \"Мангистауский атомный энергетический комбинат-Казатомпром\""]
[null,"4320166","2063 Т","329959.900.000146","Гетинакс","марка V","462:Тип:Гетинакс М1 б=3мм:Гетинакс М1 б=3мм","ОИ","137-2 (не превышает тысячекратного МРП)","0","05.2018","471010000, Мангистауская область, Актау Г.А., г.Актау, \"Мангистауская область, г. Актау, промзона, ТОО \"\"МАЭК-Казатомпром\"\", здание 201\"","471010000, Мангистауская область, Актау Г.А., г.Актау, \"Мангистауская область, г. Актау, промзона, ТОО \"\"МАЭК-Казатомпром\"\"\"","DDP","С даты подписания договора в течение 30 календарных дней","Предоплата - 0% , Промежуточный платеж - 0% , Окончательный платеж - 100% ","Килограмм",{"v":10,"d":"10.000"},{"v":3600,"d":"3,600.000"},{"v":36000,"d":"36,000.000"},{"v":40320,"d":"40,320.000"},"-","Товарищество с ограниченной ответственностью \"Мангистауский атомный энергетический комбинат-Казатомпром\""]
[null,"4321200","2067 Т","139919.900.000025","Изолента","хлопчатобумажная, односторонняя","462:Тип:Изолента   х/б :Изолента   х/б  \\ 468:ТУ:38.1052000-91:38.1052000-91 \\ 301:Состав:х/б:х/б","ОИ","137-2 (не превышает тысячекратного МРП)","0","05.2018","471010000, Мангистауская область, Актау Г.А., г.Актау, \"Мангистауская область, г. Актау, промзона, ТОО \"\"МАЭК-Казатомпром\"\", здание 201\"","471010000, Мангистауская область, Актау Г.А., г.Актау, \"Мангистауская область, г. Актау, промзона, ТОО \"\"МАЭК-Казатомпром\"\"\"","DDP","С даты подписания договора в течение 30 календарных дней","Предоплата - 0% , Промежуточный платеж - 0% , Окончательный платеж - 100% ","Килограмм",{"v":277,"d":"277.000"},{"v":3500,"d":"3,500.000"},{"v":969500,"d":"969,500.000"},{"v":1085840,"d":"1,085,840.000"},"-","Товарищество с ограниченной ответственностью \"Мангистауский атомный энергетический комбинат-Казатомпром\""]
[null,"4321123","2070 Т","221973.100.000014","Трубка электроизоляционная","для защиты и дополнительной изоляции проводов и кабелей, из поливинилхлоридного пластиката","462:Тип:Трубка :Трубка  \\ 301:Состав:ПХВ:ПХВ \\ 46:размер:д.16:д.16","ЦПП","-","0","02.2018","471010000, Мангистауская область, Актау Г.А., г.Актау, \"Мангистауская область, г. Актау, промзона, ТОО \"\"МАЭК-Казатомпром\"\", здание 201\"","471010000, Мангистауская область, Актау Г.А., г.Актау, \"Мангистауская область, г. Актау, промзона, ТОО \"\"МАЭК-Казатомпром\"\"\"","DDP","С даты подписания договора в течение 30 календарных дней","Предоплата - 0% , Промежуточный платеж - 0% , Окончательный платеж - 100% ","Метр",{"v":20,"d":"20.000"},{"v":250,"d":"250.000"},{"v":5000,"d":"5,000.000"},{"v":5600,"d":"5,600.000"},"-","Товарищество с ограниченной ответственностью \"Мангистауский атомный энергетический комбинат-Казатомпром\""]
[null,"4321028","2076 Т","139614.000.000022","Текстолит","электротехнический, листовой","462:Тип:Текстолит:Текстолит \\ 208:Маркировка:А:А \\ 46:размер:б=3мм:б=3мм","ЦПП","-","0","05.2018","471010000, Мангистауская область, Актау Г.А., г.Актау, \"Мангистауская область, г. Актау, промзона, ТОО \"\"МАЭК-Казатомпром\"\", здание 201\"","471010000, Мангистауская область, Актау Г.А., г.Актау, \"Мангистауская область, г. Актау, промзона, ТОО \"\"МАЭК-Казатомпром\"\"\"","DDP","С даты подписания договора в течение 30 календарных дней","Предоплата - 0% , Промежуточный платеж - 0% , Окончательный платеж - 100% ","Килограмм",{"v":35,"d":"35.000"},{"v":6000,"d":"6,000.000"},{"v":210000,"d":"210,000.000"},{"v":235200,"d":"235,200.000"},"-","Товарищество с ограниченной ответственностью \"Мангистауский атомный энергетический комбинат-Казатомпром\""]
[null,"4321030","2078 Т","139614.000.000023","Текстолит","электротехнический, круглый","462:Тип:Стержень текстолитовый :Стержень текстолитовый \\ 79:ГОСТ: 2910-74: 2910-74","ЦПП","-","0","05.2018","471010000, Мангистауская область, Актау Г.А., г.Актау, \"Мангистауская область, г. Актау, промзона, ТОО \"\"МАЭК-Казатомпром\"\", здание 201\"","471010000, Мангистауская область, Актау Г.А., г.Актау, \"Мангистауская область, г. Актау, промзона, ТОО \"\"МАЭК-Казатомпром\"\"\"","DDP","С даты подписания договора в течение 30 календарных дней","Предоплата - 0% , Промежуточный платеж - 0% , Окончательный платеж - 100% ","Килограмм",{"v":60,"d":"60.000"},{"v":6000,"d":"6,000.000"},{"v":360000,"d":"360,000.000"},{"v":403200,"d":"403,200.000"},"-","Товарищество с ограниченной ответственностью \"Мангистауский атомный энергетический комбинат-Казатомпром\""]
[null,"4321166","2081 Т","222121.900.000008","Трубка электроизоляционная гибкая","марка ТУТ","462:Тип:Трубка тут 6/3:Трубка тут 6/3","ОИ","137-2 (не превышает тысячекратного МРП)","0","08.2018","471010000, Мангистауская область, Актау Г.А., г.Актау, \"Мангистауская область, г. Актау, промзона, ТОО \"\"МАЭК-Казатомпром\"\", здание 201\"","471010000, Мангистауская область, Актау Г.А., г.Актау, \"Мангистауская область, г. Актау, промзона, ТОО \"\"МАЭК-Казатомпром\"\"\"","DDP","С даты подписания договора в течение 30 календарных дней","Предоплата - 0% , Промежуточный платеж - 0% , Окончательный платеж - 100% ","Метр",{"v":40,"d":"40.000"},{"v":350,"d":"350.000"},{"v":14000,"d":"14,000.000"},{"v":15680,"d":"15,680.000"},"-","Товарищество с ограниченной ответственностью \"Мангистауский атомный энергетический комбинат-Казатомпром\""]
[null,"4321010","2085 Т","329959.900.000146","Гетинакс","марка V","462:Тип:Гетинакс листовой:Гетинакс листовой \\ 79:ГОСТ:2718-74:2718-74","ОИ","137-2 (не превышает тысячекратного МРП)","0","05.2018","471010000, Мангистауская область, Актау Г.А., г.Актау, \"Мангистауская область, г. Актау, промзона, ТОО \"\"МАЭК-Казатомпром\"\", здание 201\"","471010000, Мангистауская область, Актау Г.А., г.Актау, \"Мангистауская область, г. Актау, промзона, ТОО \"\"МАЭК-Казатомпром\"\"\"","DDP","С даты подписания договора в течение 30 календарных дней","Предоплата - 0% , Промежуточный платеж - 0% , Окончательный платеж - 100% ","Килограмм",{"v":140,"d":"140.000"},{"v":6500,"d":"6,500.000"},{"v":910000,"d":"910,000.000"},{"v":1019200,"d":"1,019,200.000"},"-","Товарищество с ограниченной ответственностью \"Мангистауский атомный энергетический комбинат-Казатомпром\""]
[null,"4321395","2089 Т","222121.900.000012","Трубка электроизоляционная гибкая","марка ТВ-40, внутренний диаметр до 10 мм","462:Тип:Трубка ТВ40 (ПХВ) 10мм :Трубка ТВ40 (ПХВ) 10мм  \\ 79:ГОСТ:19034-82:19034-82","ОИ","137-2 (не превышает тысячекратного МРП)","0","02.2018","471010000, Мангистауская область, Актау Г.А., г.Актау, \"Мангистауская область, г. Актау, промзона, ТОО \"\"МАЭК-Казатомпром\"\", здание 201\"","471010000, Мангистауская область, Актау Г.А., г.Актау, \"Мангистауская область, г. Актау, промзона, ТОО \"\"МАЭК-Казатомпром\"\"\"","DDP","С даты подписания договора в течение 30 календарных дней","Предоплата - 0% , Промежуточный платеж - 0% , Окончательный платеж - 100% ","Метр погонный",{"v":60,"d":"60.000"},{"v":450,"d":"450.000"},{"v":27000,"d":"27,000.000"},{"v":30240,"d":"30,240.000"},"-","Товарищество с ограниченной ответственностью \"Мангистауский атомный энергетический комбинат-Казатомпром\""]
[null,"4350009","2092 Т","273311.100.000007","Розетка","штепсельная, двухместная","462:Тип:Розетка открытой установки на 2-пары гнезд:Розетка открытой установки на 2-пары гнезд","ОИ","137-2 (не превышает тысячекратного МРП)","0","08.2018","471010000, Мангистауская область, Актау Г.А., г.Актау, \"Мангистауская область, г. Актау, промзона, ТОО \"\"МАЭК-Казатомпром\"\", здание 201\"","471010000, Мангистауская область, Актау Г.А., г.Актау, \"Мангистауская область, г. Актау, промзона, ТОО \"\"МАЭК-Казатомпром\"\"\"","DDP","С даты подписания договора в течение 30 календарных дней","Предоплата - 0% , Промежуточный платеж - 0% , Окончательный платеж - 100% ","Штука",{"v":85,"d":"85.000"},{"v":377.78,"d":"377.780"},{"v":32111.3,"d":"32,111.300"},{"v":35964.66,"d":"35,964.660"},"-","Товарищество с ограниченной ответственностью \"Мангистауский атомный энергетический комбинат-Казатомпром\""]
[null,"4350066","2094 Т","222213.000.000024","Коробка распределительная","электрическая","462:Тип:Коробка монтажная (Коробка монтажная металлическая ):Коробка монтажная (Коробка монтажная металлическая) \\ 79:ГОСТ:12.2.007.0-75:12.2.007.0-75","ОИ","137-2 (не превышает тысячекратного МРП)","0","03.2018","471010000, Мангистауская область, Актау Г.А., г.Актау, \"Мангистауская область, г. Актау, промзона, ТОО \"\"МАЭК-Казатомпром\"\", здание 201\"","471010000, Мангистауская область, Актау Г.А., г.Актау, \"Мангистауская область, г. Актау, промзона, ТОО \"\"МАЭК-Казатомпром\"\"\"","DDP","С даты подписания договора в течение 30 календарных дней","Предоплата - 0% , Промежуточный платеж - 0% , Окончательный платеж - 100% ","Штука",{"v":55,"d":"55.000"},{"v":1366.2,"d":"1,366.200"},{"v":75141,"d":"75,141.000"},{"v":84157.92,"d":"84,157.920"},"-","Товарищество с ограниченной ответственностью \"Мангистауский атомный энергетический комбинат-Казатомпром\""]
[null,"4355077","2097 Т","274042.500.000024","Патрон","для электрических ламп","462:Тип:Электропатрон керамический Е40:Электропатрон керамический Е40 \\ 301:Состав:керамический:керамический \\ 46:размер:Е40:Е40","ОИ","137-2 (не превышает тысячекратного МРП)","0","08.2018","471010000, Мангистауская область, Актау Г.А., г.Актау, \"Мангистауская область, г. Актау, промзона, ТОО \"\"МАЭК-Казатомпром\"\", здание 201\"","471010000, Мангистауская область, Актау Г.А., г.Актау, \"Мангистауская область, г. Актау, промзона, ТОО \"\"МАЭК-Казатомпром\"\"\"","DDP","С даты подписания договора в течение 30 календарных дней","Предоплата - 0% , Промежуточный платеж - 0% , Окончательный платеж - 100% ","Штука",{"v":200,"d":"200.000"},{"v":450,"d":"450.000"},{"v":90000,"d":"90,000.000"},{"v":100800,"d":"100,800.000"},"-","Товарищество с ограниченной ответственностью \"Мангистауский атомный энергетический комбинат-Казатомпром\""]
[null,"4350060","2103 Т","222213.000.000024","Коробка распределительная","электрическая","462:Тип:\"Коробка распаячная у-410; у-411 \":\"Коробка распаячная у-410; у-411 \" \\ 79:ГОСТ:12.2.007.0-75:12.2.007.0-75","ОИ","137-2 (не превышает тысячекратного МРП)","0","03.2018","471010000, Мангистауская область, Актау Г.А., г.Актау, \"Мангистауская область, г. Актау, промзона, ТОО \"\"МАЭК-Казатомпром\"\", здание 201\"","471010000, Мангистауская область, Актау Г.А., г.Актау, \"Мангистауская область, г. Актау, промзона, ТОО \"\"МАЭК-Казатомпром\"\"\"","DDP","С даты подписания договора в течение 30 календарных дней","Предоплата - 0% , Промежуточный платеж - 0% , Окончательный платеж - 100% ","Штука",{"v":30,"d":"30.000"},{"v":1473.12,"d":"1,473.120"},{"v":44193.6,"d":"44,193.600"},{"v":49496.83,"d":"49,496.830"},"-","Товарищество с ограниченной ответственностью \"Мангистауский атомный энергетический комбинат-Казатомпром\""]
[null,"4351036","2105 Т","222314.700.000002","Кабель-канал","парапетный","462:Тип:Кабельный канал100*40:Кабельный канал100*40 \\ 79:ГОСТ:19034-82:19034-82 \\ 46:размер:100х40:100х40","ОИ","137-2 (не превышает тысячекратного МРП)","0","05.2018","471010000, Мангистауская область, Актау Г.А., г.Актау, \"Мангистауская область, г. Актау, промзона, ТОО \"\"МАЭК-Казатомпром\"\", здание 201\"","471010000, Мангистауская область, Актау Г.А., г.Актау, \"Мангистауская область, г. Актау, промзона, ТОО \"\"МАЭК-Казатомпром\"\"\"","DDP","С даты подписания договора в течение 30 календарных дней","Предоплата - 0% , Промежуточный платеж - 0% , Окончательный платеж - 100% ","Метр",{"v":15,"d":"15.000"},{"v":630.82,"d":"630.820"},{"v":9462.3,"d":"9,462.300"},{"v":10597.78,"d":"10,597.780"},"-","Товарищество с ограниченной ответственностью \"Мангистауский атомный энергетический комбинат-Казатомпром\""]
[null,"4350053","2108 Т","254013.100.000004","Патрон","осветительный","462:Тип:Электропатрон Е40:Электропатрон Е40","ОИ","137-2 (не превышает тысячекратного МРП)","0","08.2018","471010000, Мангистауская область, Актау Г.А., г.Актау, \"Мангистауская область, г. Актау, промзона, ТОО \"\"МАЭК-Казатомпром\"\", здание 201\"","471010000, Мангистауская область, Актау Г.А., г.Актау, \"Мангистауская область, г. Актау, промзона, ТОО \"\"МАЭК-Казатомпром\"\"\"","DDP","С даты подписания договора в течение 30 календарных дней","Предоплата - 0% , Промежуточный платеж - 0% , Окончательный платеж - 100% ","Штука",{"v":130,"d":"130.000"},{"v":534,"d":"534.000"},{"v":69420,"d":"69,420.000"},{"v":77750.4,"d":"77,750.400"},"-","Товарищество с ограниченной ответственностью \"Мангистауский атомный энергетический комбинат-Казатомпром\""]
[null,"4350000","2112 Т","261140.500.000007","Электророзетка","штепсельная","462:Тип:Розетка скрытой установки :Розетка скрытой установки \\ 79:ГОСТ:8810-81:8810-81","ОИ","137-2 (не превышает тысячекратного МРП)","0","08.2018","471010000, Мангистауская область, Актау Г.А., г.Актау, \"Мангистауская область, г. Актау, промзона, ТОО \"\"МАЭК-Казатомпром\"\", здание 201\"","471010000, Мангистауская область, Актау Г.А., г.Актау, \"Мангистауская область, г. Актау, промзона, ТОО \"\"МАЭК-Казатомпром\"\"\"","DDP","С даты подписания договора в течение 30 календарных дней","Предоплата - 0% , Промежуточный платеж - 0% , Окончательный платеж - 100% ","Штука",{"v":120,"d":"120.000"},{"v":359.79,"d":"359.790"},{"v":43174.8,"d":"43,174.800"},{"v":48355.78,"d":"48,355.780"},"-","Товарищество с ограниченной ответственностью \"Мангистауский атомный энергетический комбинат-Казатомпром\""]
[null,"4350015","2116-1 Т","273311.100.000006","Розетка","штепсельная, одноместная","462:Тип:Розетка брызгонепроницаемая :Розетка брызгонепроницаемая  \\ 79:ГОСТ:12642-74:12642-74","ОИ","137-2 (не превышает тысячекратного МРП)","0","08.2018","471000000, Мангистауская область, Актау Г.А., Промзона, ТОО \"МАЭК-Казатомпром\", здание 201","471010000, Мангистауская область, Актау Г.А., г.Актау, \"Мангистауская область, г. Актау, промзона, ТОО \"\"МАЭК-Казатомпром\"\"\"","DDP","С даты подписания договора в течение 30 календарных дней","Окончательный платеж - 100% , Промежуточный платеж - 0% , Предоплата - 0% ","Штука",{"v":120,"d":"120.000"},{"v":1485,"d":"1,485.000"},{"v":178200,"d":"178,200.000"},{"v":199584,"d":"199,584.000"},"-","Товарищество с ограниченной ответственностью \"Мангистауский атомный энергетический комбинат-Казатомпром\""]
[null,"4350198","2119 Т","273313.900.000042","Удлинитель","электрический, на катушке","462:Тип:Удлинитель 15м:Удлинитель 15м","ОИ","137-2 (не превышает тысячекратного МРП)","0","08.2018","471010000, Мангистауская область, Актау Г.А., г.Актау, \"Мангистауская область, г. Актау, промзона, ТОО \"\"МАЭК-Казатомпром\"\", здание 201\"","471010000, Мангистауская область, Актау Г.А., г.Актау, \"Мангистауская область, г. Актау, промзона, ТОО \"\"МАЭК-Казатомпром\"\"\"","DDP","С даты подписания договора в течение 30 календарных дней","Предоплата - 0% , Промежуточный платеж - 0% , Окончательный платеж - 100% ","Штука",{"v":33,"d":"33.000"},{"v":3520,"d":"3,520.000"},{"v":116160,"d":"116,160.000"},{"v":130099.2,"d":"130,099.200"},"-","Товарищество с ограниченной ответственностью \"Мангистауский атомный энергетический комбинат-Казатомпром\""]
[null,"4350004","2121 Т","273313.520.000000","Вилка-розетка","трехполюсная","462:Тип:Вилка силовая IP44 16А 3Р+Е:Вилка силовая IP44 16А 3Р+Е","ОИ","137-2 (не превышает тысячекратного МРП)","0","08.2018","471010000, Мангистауская область, Актау Г.А., г.Актау, \"Мангистауская область, г. Актау, промзона, ТОО \"\"МАЭК-Казатомпром\"\", здание 201\"","471010000, Мангистауская область, Актау Г.А., г.Актау, \"Мангистауская область, г. Актау, промзона, ТОО \"\"МАЭК-Казатомпром\"\"\"","DDP","С даты подписания договора в течение 30 календарных дней","Предоплата - 0% , Промежуточный платеж - 0% , Окончательный платеж - 100% ","Штука",{"v":50,"d":"50.000"},{"v":357.5,"d":"357.500"},{"v":17875,"d":"17,875.000"},{"v":20020,"d":"20,020.000"},"-","Товарищество с ограниченной ответственностью \"Мангистауский атомный энергетический комбинат-Казатомпром\""]
[null,"4370001","2124 Т","271161.000.000007","Токоэлемент","графитный","462:Тип:Электрощетка эг-14  :Электрощетка эг-14   \\ 468:ТУ:303-93:303-93 \\ 46:размер:16*25*40:16*25*40","ЦПП","-","0","03.2018","471010000, Мангистауская область, Актау Г.А., г.Актау, \"Мангистауская область, г. Актау, промзона, ТОО \"\"МАЭК-Казатомпром\"\", здание 201\"","471010000, Мангистауская область, Актау Г.А., г.Актау, \"Мангистауская область, г. Актау, промзона, ТОО \"\"МАЭК-Казатомпром\"\"\"","DDP","С даты подписания договора в течение 30 календарных дней","Предоплата - 0% , Промежуточный платеж - 0% , Окончательный платеж - 100% ","Штука",{"v":42,"d":"42.000"},{"v":1080,"d":"1,080.000"},{"v":45360,"d":"45,360.000"},{"v":50803.2,"d":"50,803.200"},"-","Товарищество с ограниченной ответственностью \"Мангистауский атомный энергетический комбинат-Казатомпром\""]
[null,"4370008","2128 Т","271161.000.000007","Токоэлемент","графитный","462:Тип:Электрощетка ЭГ-4 :Электрощетка ЭГ-4  \\ 468:ТУ:16-88.ИЛЕА 685.211.037ТУ:16-88.ИЛЕА 685.211.037ТУ \\ 46:размер:2/12,5*32*40:2/12,5*32*40","ЦПП","-","0","03.2018","471010000, Мангистауская область, Актау Г.А., г.Актау, \"Мангистауская область, г. Актау, промзона, ТОО \"\"МАЭК-Казатомпром\"\", здание 201\"","471010000, Мангистауская область, Актау Г.А., г.Актау, \"Мангистауская область, г. Актау, промзона, ТОО \"\"МАЭК-Казатомпром\"\"\"","DDP","С даты подписания договора в течение 30 календарных дней","Предоплата - 0% , Промежуточный платеж - 0% , Окончательный платеж - 100% ","Штука",{"v":25,"d":"25.000"},{"v":1080,"d":"1,080.000"},{"v":27000,"d":"27,000.000"},{"v":30240,"d":"30,240.000"},"-","Товарищество с ограниченной ответственностью \"Мангистауский атомный энергетический комбинат-Казатомпром\""]
[null,"4382041","2130 Т","259929.190.000059","Зажим","соединительный","462:Тип:Зажим поддерживающий ПГН-3-5 (ТУ 3449-126-00111120-97):Зажим поддерживающий ПГН-3-5 (ТУ 3449-126-00111120-97)","ОИ","137-2 (не превышает тысячекратного МРП)","0","05.2018","471010000, Мангистауская область, Актау Г.А., г.Актау, \"Мангистауская область, г. Актау, промзона, ТОО \"\"МАЭК-Казатомпром\"\", здание 201\"","471010000, Мангистауская область, Актау Г.А., г.Актау, \"Мангистауская область, г. Актау, промзона, ТОО \"\"МАЭК-Казатомпром\"\"\"","DDP","С даты подписания договора в течение 30 календарных дней","Предоплата - 0% , Промежуточный платеж - 0% , Окончательный платеж - 100% ","Штука",{"v":20,"d":"20.000"},{"v":6831,"d":"6,831.000"},{"v":136620,"d":"136,620.000"},{"v":153014.4,"d":"153,014.400"},"-","Товарищество с ограниченной ответственностью \"Мангистауский атомный энергетический комбинат-Казатомпром\""]
[null,"4384024","2135 Т","257360.900.000007","Наконечник","кабельный, луженый","462:Тип:Наконечник ТА50:Наконечник ТА50","ОИ","137-2 (не превышает тысячекратного МРП)","0","08.2018","471010000, Мангистауская область, Актау Г.А., г.Актау, \"Мангистауская область, г. Актау, промзона, ТОО \"\"МАЭК-Казатомпром\"\", здание 201\"","471010000, Мангистауская область, Актау Г.А., г.Актау, \"Мангистауская область, г. Актау, промзона, ТОО \"\"МАЭК-Казатомпром\"\"\"","DDP","С даты подписания договора в течение 30 календарных дней","Предоплата - 0% , Промежуточный платеж - 0% , Окончательный платеж - 100% ","Штука",{"v":50,"d":"50.000"},{"v":295,"d":"295.000"},{"v":14750,"d":"14,750.000"},{"v":16520,"d":"16,520.000"},"-","Товарищество с ограниченной ответственностью \"Мангистауский атомный энергетический комбинат-Казатомпром\""]
[null,"4386005","2139 Т","257360.900.000007","Наконечник","кабельный, луженый","462:Тип:Наконечник НШП от 10 до 95 (ГОСТ 617-90):Наконечник НШП от 10 до 95 \\ 79:ГОСТ: 617-90: 617-90","ОИ","137-2 (не превышает тысячекратного МРП)","0","08.2018","471010000, Мангистауская область, Актау Г.А., г.Актау, \"Мангистауская область, г. Актау, промзона, ТОО \"\"МАЭК-Казатомпром\"\", здание 201\"","471010000, Мангистауская область, Актау Г.А., г.Актау, \"Мангистауская область, г. Актау, промзона, ТОО \"\"МАЭК-Казатомпром\"\"\"","DDP","С даты подписания договора в течение 30 календарных дней","Предоплата - 0% , Промежуточный платеж - 0% , Окончательный платеж - 100% ","Штука",{"v":30,"d":"30.000"},{"v":409.86,"d":"409.860"},{"v":12295.8,"d":"12,295.800"},{"v":13771.3,"d":"13,771.300"},"-","Товарищество с ограниченной ответственностью \"Мангистауский атомный энергетический комбинат-Казатомпром\""]
[null,"4382040","2143 Т","259929.190.000059","Зажим","соединительный","462:Тип:Зажим поддерживающий ПГН-2-6 (ТУ 3449-126-00111120-97):Зажим поддерживающий ПГН-2-6 (ТУ 3449-126-00111120-97)","ОИ","137-2 (не превышает тысячекратного МРП)","0","05.2018","471010000, Мангистауская область, Актау Г.А., г.Актау, \"Мангистауская область, г. Актау, промзона, ТОО \"\"МАЭК-Казатомпром\"\", здание 201\"","471010000, Мангистауская область, Актау Г.А., г.Актау, \"Мангистауская область, г. Актау, промзона, ТОО \"\"МАЭК-Казатомпром\"\"\"","DDP","С даты подписания договора в течение 30 календарных дней","Предоплата - 0% , Промежуточный платеж - 0% , Окончательный платеж - 100% ","Штука",{"v":30,"d":"30.000"},{"v":2732.4,"d":"2,732.400"},{"v":81972,"d":"81,972.000"},{"v":91808.64,"d":"91,808.640"},"-","Товарищество с ограниченной ответственностью \"Мангистауский атомный энергетический комбинат-Казатомпром\""]
[null,"4383037","2146 Т","259929.490.000028","Ушко","тип У1, металлическое","462:Тип:Ушко:Ушко  \\ 468:ТУ:3449-111-00111120-95:3449-111-00111120-95 \\ 208:Маркировка: У1-7-16: У1-7-16","ЦПП","-","0","05.2018","471010000, Мангистауская область, Актау Г.А., г.Актау, \"Мангистауская область, г. Актау, промзона, ТОО \"\"МАЭК-Казатомпром\"\", здание 201\"","471010000, Мангистауская область, Актау Г.А., г.Актау, \"Мангистауская область, г. Актау, промзона, ТОО \"\"МАЭК-Казатомпром\"\"\"","DDP","С даты подписания договора в течение 30 календарных дней","Предоплата - 0% , Промежуточный платеж - 0% , Окончательный платеж - 100% ","Штука",{"v":30,"d":"30.000"},{"v":1092.96,"d":"1,092.960"},{"v":32788.8,"d":"32,788.800"},{"v":36723.46,"d":"36,723.460"},"-","Товарищество с ограниченной ответственностью \"Мангистауский атомный энергетический комбинат-Казатомпром\""]
[null,"4384020","2147 Т","257360.900.000007","Наконечник","кабельный, луженый","462:Тип:Наконечник ТА-25-8:Наконечник ТА-25-8","ОИ","137-2 (не превышает тысячекратного МРП)","0","08.2018","471010000, Мангистауская область, Актау Г.А., г.Актау, \"Мангистауская область, г. Актау, промзона, ТОО \"\"МАЭК-Казатомпром\"\", здание 201\"","471010000, Мангистауская область, Актау Г.А., г.Актау, \"Мангистауская область, г. Актау, промзона, ТОО \"\"МАЭК-Казатомпром\"\"\"","DDP","С даты подписания договора в течение 30 календарных дней","Предоплата - 0% , Промежуточный платеж - 0% , Окончательный платеж - 100% ","Штука",{"v":50,"d":"50.000"},{"v":120,"d":"120.000"},{"v":6000,"d":"6,000.000"},{"v":6720,"d":"6,720.000"},"-","Товарищество с ограниченной ответственностью \"Мангистауский атомный энергетический комбинат-Казатомпром\""]
[null,"4380007","2152 Т","257360.900.000007","Наконечник","кабельный, луженый","462:Тип:Кабелиный наконечник мед. 10 луж.:Кабелиный наконечник мед. 10 луж.","ОИ","137-2 (не превышает тысячекратного МРП)","0","08.2018","471010000, Мангистауская область, Актау Г.А., г.Актау, \"Мангистауская область, г. Актау, промзона, ТОО \"\"МАЭК-Казатомпром\"\", здание 201\"","471010000, Мангистауская область, Актау Г.А., г.Актау, \"Мангистауская область, г. Актау, промзона, ТОО \"\"МАЭК-Казатомпром\"\"\"","DDP","С даты подписания договора в течение 30 календарных дней","Предоплата - 0% , Промежуточный платеж - 0% , Окончательный платеж - 100% ","Штука",{"v":30,"d":"30.000"},{"v":163.94,"d":"163.940"},{"v":4918.2,"d":"4,918.200"},{"v":5508.38,"d":"5,508.380"},"-","Товарищество с ограниченной ответственностью \"Мангистауский атомный энергетический комбинат-Казатомпром\""]
[null,"4383179","2155 Т","222929.900.000146","Муфта","для кабеля, поливинилхлоридная, соединительная","462:Тип:Муфта :Муфта  \\ 468:ТУ:ТУ16-538.280-79:ТУ16-538.280-79 \\ 208:Маркировка:3(4)СТП10(70-120)(150-240):3(4)СТП10(70-120)(150-240)","ОИ","137-2 (не превышает тысячекратного МРП)","0","05.2018","471010000, Мангистауская область, Актау Г.А., г.Актау, \"Мангистауская область, г. Актау, промзона, ТОО \"\"МАЭК-Казатомпром\"\", здание 201\"","471010000, Мангистауская область, Актау Г.А., г.Актау, \"Мангистауская область, г. Актау, промзона, ТОО \"\"МАЭК-Казатомпром\"\"\"","DDP","С даты подписания договора в течение 30 календарных дней","Предоплата - 0% , Промежуточный платеж - 0% , Окончательный платеж - 100% ","Комплект",{"v":16,"d":"16.000"},{"v":36590.4,"d":"36,590.400"},{"v":585446.4,"d":"585,446.400"},{"v":655699.97,"d":"655,699.970"},"-","Товарищество с ограниченной ответственностью \"Мангистауский атомный энергетический комбинат-Казатомпром\""]
[null,"4384003","2157 Т","222929.900.000147","Муфта","кабельная, концевая, поливинилхлоридная","462:Тип:Муфта 3КНТп-10(70-120):Муфта 3КНТп-10(70-120)","ОИ","137-2 (не превышает тысячекратного МРП)","0","05.2018","471010000, Мангистауская область, Актау Г.А., г.Актау, \"Мангистауская область, г. Актау, промзона, ТОО \"\"МАЭК-Казатомпром\"\", здание 201\"","471010000, Мангистауская область, Актау Г.А., г.Актау, \"Мангистауская область, г. Актау, промзона, ТОО \"\"МАЭК-Казатомпром\"\"\"","DDP","С даты подписания договора в течение 30 календарных дней","Предоплата - 0% , Промежуточный платеж - 0% , Окончательный платеж - 100% ","Штука",{"v":4,"d":"4.000"},{"v":178.57,"d":"178.570"},{"v":714.28,"d":"714.280"},{"v":799.99,"d":"799.990"},"-","Товарищество с ограниченной ответственностью \"Мангистауский атомный энергетический комбинат-Казатомпром\""]
[null,"4384001","2162 Т","222929.900.000147","Муфта","кабельная, концевая, поливинилхлоридная","462:Тип:Муфта 3квтп 70:Муфта 3квтп 70","ОИ","137-2 (не превышает тысячекратного МРП)","0","05.2018","471010000, Мангистауская область, Актау Г.А., г.Актау, \"Мангистауская область, г. Актау, промзона, ТОО \"\"МАЭК-Казатомпром\"\", здание 201\"","471010000, Мангистауская область, Актау Г.А., г.Актау, \"Мангистауская область, г. Актау, промзона, ТОО \"\"МАЭК-Казатомпром\"\"\"","DDP","С даты подписания договора в течение 30 календарных дней","Предоплата - 0% , Промежуточный платеж - 0% , Окончательный платеж - 100% ","Штука",{"v":2,"d":"2.000"},{"v":178.57,"d":"178.570"},{"v":357.14,"d":"357.140"},{"v":400,"d":"400.000"},"-","Товарищество с ограниченной ответственностью \"Мангистауский атомный энергетический комбинат-Казатомпром\""]
[null,"4385064","2166 Т","257360.900.000007","Наконечник","кабельный, луженый","462:Тип:Наконечник ТА 95-12:Наконечник ТА 95-12","ОИ","137-2 (не превышает тысячекратного МРП)","0","08.2018","471010000, Мангистауская область, Актау Г.А., г.Актау, \"Мангистауская область, г. Актау, промзона, ТОО \"\"МАЭК-Казатомпром\"\", здание 201\"","471010000, Мангистауская область, Актау Г.А., г.Актау, \"Мангистауская область, г. Актау, промзона, ТОО \"\"МАЭК-Казатомпром\"\"\"","DDP","С даты подписания договора в течение 30 календарных дней","Предоплата - 0% , Промежуточный платеж - 0% , Окончательный платеж - 100% ","Штука",{"v":50,"d":"50.000"},{"v":360,"d":"360.000"},{"v":18000,"d":"18,000.000"},{"v":20160,"d":"20,160.000"},"-","Товарищество с ограниченной ответственностью \"Мангистауский атомный энергетический комбинат-Казатомпром\""]
[null,"4383069","2170 Т","257360.900.000007","Наконечник","кабельный, луженый","462:Тип:Наконечник АМ35 :Наконечник АМ35 \\ 79:ГОСТ:9581-80:9581-80","ОИ","137-2 (не превышает тысячекратного МРП)","0","08.2018","471010000, Мангистауская область, Актау Г.А., г.Актау, \"Мангистауская область, г. Актау, промзона, ТОО \"\"МАЭК-Казатомпром\"\", здание 201\"","471010000, Мангистауская область, Актау Г.А., г.Актау, \"Мангистауская область, г. Актау, промзона, ТОО \"\"МАЭК-Казатомпром\"\"\"","DDP","С даты подписания договора в течение 30 календарных дней","Предоплата - 0% , Промежуточный платеж - 0% , Окончательный платеж - 100% ","Штука",{"v":50,"d":"50.000"},{"v":163.94,"d":"163.940"},{"v":8197,"d":"8,197.000"},{"v":9180.64,"d":"9,180.640"},"-","Товарищество с ограниченной ответственностью \"Мангистауский атомный энергетический комбинат-Казатомпром\""]
[null,"4385059","2171 Т","265182.400.000000","Гильза","для термопреобразователя","462:Тип:Гильза 16 :Гильза 16  \\ 79:ГОСТ:23469.3-79:23469.3-79","ОИ","137-2 (не превышает тысячекратного МРП)","0","05.2018","471010000, Мангистауская область, Актау Г.А., г.Актау, \"Мангистауская область, г. Актау, промзона, ТОО \"\"МАЭК-Казатомпром\"\", здание 201\"","471010000, Мангистауская область, Актау Г.А., г.Актау, \"Мангистауская область, г. Актау, промзона, ТОО \"\"МАЭК-Казатомпром\"\"\"","DDP","С даты подписания договора в течение 30 календарных дней","Предоплата - 0% , Промежуточный платеж - 0% , Окончательный платеж - 100% ","Штука",{"v":30,"d":"30.000"},{"v":1104.84,"d":"1,104.840"},{"v":33145.2,"d":"33,145.200"},{"v":37122.62,"d":"37,122.620"},"-","Товарищество с ограниченной ответственностью \"Мангистауский атомный энергетический комбинат-Казатомпром\""]
[null,"4386004","2174 Т","257360.900.000007","Наконечник","кабельный, луженый","462:Тип:Наконечник ТМЛ от2,5 до 35 :Наконечник ТМЛ от2,5 до 35  \\ 79:ГОСТ: 9688-82: 9688-82","ОИ","137-2 (не превышает тысячекратного МРП)","0","08.2018","471010000, Мангистауская область, Актау Г.А., г.Актау, \"Мангистауская область, г. Актау, промзона, ТОО \"\"МАЭК-Казатомпром\"\", здание 201\"","471010000, Мангистауская область, Актау Г.А., г.Актау, \"Мангистауская область, г. Актау, промзона, ТОО \"\"МАЭК-Казатомпром\"\"\"","DDP","С даты подписания договора в течение 30 календарных дней","Предоплата - 0% , Промежуточный платеж - 0% , Окончательный платеж - 100% ","Штука",{"v":350,"d":"350.000"},{"v":136.62,"d":"136.620"},{"v":47817,"d":"47,817.000"},{"v":53555.04,"d":"53,555.040"},"-","Товарищество с ограниченной ответственностью \"Мангистауский атомный энергетический комбинат-Казатомпром\""]
[null,"4383058","2179 Т","257360.900.000007","Наконечник","кабельный, луженый","462:Тип:Наконечник медный ТМ 4-5-3 :Наконечник медный ТМ 4-5-3  \\ 79:ГОСТ:9688-82:9688-82","ОИ","137-2 (не превышает тысячекратного МРП)","0","08.2018","471010000, Мангистауская область, Актау Г.А., г.Актау, \"Мангистауская область, г. Актау, промзона, ТОО \"\"МАЭК-Казатомпром\"\", здание 201\"","471010000, Мангистауская область, Актау Г.А., г.Актау, \"Мангистауская область, г. Актау, промзона, ТОО \"\"МАЭК-Казатомпром\"\"\"","DDP","С даты подписания договора в течение 30 календарных дней","Предоплата - 0% , Промежуточный платеж - 0% , Окончательный платеж - 100% ","Штука",{"v":30,"d":"30.000"},{"v":163.9,"d":"163.900"},{"v":4917,"d":"4,917.000"},{"v":5507.04,"d":"5,507.040"},"-","Товарищество с ограниченной ответственностью \"Мангистауский атомный энергетический комбинат-Казатомпром\""]
[null,"4430001","2182 Т","201221.700.000003","Краситель","лак","462:Тип:Лак:Лак \\ 208:Маркировка:ПФ:ПФ","ОИ","137-2 (не превышает тысячекратного МРП)","100","06.2018","471010000, Мангистауская область, Актау Г.А., г.Актау, \"Мангистауская область, г. Актау, промзона, ТОО \"\"МАЭК-Казатомпром\"\", здание 201\"","471010000, Мангистауская область, Актау Г.А., г.Актау, \"Мангистауская область, г. Актау, промзона, ТОО \"\"МАЭК-Казатомпром\"\"\"","DDP","С даты подписания договора в течение 30 календарных дней","Предоплата - 0% , Промежуточный платеж - 0% , Окончательный платеж - 100% ","Килограмм",{"v":40,"d":"40.000"},{"v":675,"d":"675.000"},{"v":27000,"d":"27,000.000"},{"v":30240,"d":"30,240.000"},"-","Товарищество с ограниченной ответственностью \"Мангистауский атомный энергетический комбинат-Казатомпром\""]
[null,"4430621","2185 Т","203012.700.000021","Лак","марка БТ-99","462:Тип:Лак электроизоляционный БТ99 :Лак электроизоляционный БТ99 \\ 79:ГОСТ: 8017-74: 8017-74","ОИ","137-2 (не превышает тысячекратного МРП)","80","06.2018","471010000, Мангистауская область, Актау Г.А., г.Актау, \"Мангистауская область, г. Актау, промзона, ТОО \"\"МАЭК-Казатомпром\"\", здание 201\"","471010000, Мангистауская область, Актау Г.А., г.Актау, \"Мангистауская область, г. Актау, промзона, ТОО \"\"МАЭК-Казатомпром\"\"\"","DDP","С даты подписания договора в течение 30 календарных дней","Предоплата - 0% , Промежуточный платеж - 0% , Окончательный платеж - 100% ","Килограмм",{"v":149,"d":"149.000"},{"v":579.24,"d":"579.240"},{"v":86306.76,"d":"86,306.760"},{"v":96663.57,"d":"96,663.570"},"-","Товарищество с ограниченной ответственностью \"Мангистауский атомный энергетический комбинат-Казатомпром\""]
[null,"4440361","2188-1 Т","203012.700.000104","Эмаль","МЛ-12","462:Тип:Лак электроизоляционный БТ99 :Лак электроизоляционный БТ99 \\ 208:Маркировка:МЛ-12:МЛ-12 \\ 380:Цвет:Қара:Чёрный","ОТП","-","100","02.2018","471010000, Мангистауская область, Актау Г.А., г.Актау, \"Мангистауская область, г. Актау, промзона, ТОО \"\"МАЭК-Казатомпром\"\", здание 201\"","471010000, Мангистауская область, Актау Г.А., г.Актау, \"Мангистауская область, г. Актау, промзона, ТОО \"\"МАЭК-Казатомпром\"\"\"","DDP","С даты подписания договора в течение 30 календарных дней","Окончательный платеж - 100% , Промежуточный платеж - 0% , Предоплата - 0% ","Килограмм",{"v":50,"d":"50.000"},{"v":2232.14,"d":"2,232.140"},{"v":111607,"d":"111,607.000"},{"v":124999.84,"d":"124,999.840"},"ТПХ","Товарищество с ограниченной ответственностью \"Мангистауский атомный энергетический комбинат-Казатомпром\""]
[null,"4440628","2193-1 Т","203012.550.000000","Краска","на основе полиакрилатов акриловых","462:Тип:Краска автомобильная красная:Краска автомобильная красная \\ 341:Применение:автомобильная:автомобильная \\ 380:Цвет:қызыл:красный","ОТП","-","100","02.2018","471010000, Мангистауская область, Актау Г.А., г.Актау, \"Мангистауская область, г. Актау, промзона, ТОО \"\"МАЭК-Казатомпром\"\", здание 201\"","471010000, Мангистауская область, Актау Г.А., г.Актау, \"Мангистауская область, г. Актау, промзона, ТОО \"\"МАЭК-Казатомпром\"\"\"","DDP","С даты подписания договора в течение 30 календарных дней","Окончательный платеж - 100% , Промежуточный платеж - 0% , Предоплата - 0% ","Килограмм",{"v":60,"d":"60.000"},{"v":2678.57,"d":"2,678.570"},{"v":160714.2,"d":"160,714.200"},{"v":179999.9,"d":"179,999.900"},"ТПХ","Товарищество с ограниченной ответственностью \"Мангистауский атомный энергетический комбинат-Казатомпром\""]
[null,"4440627","2196-1 Т","203012.550.000000","Краска","на основе полиакрилатов акриловых","462:Тип:Краска автомобильная голубая:Краска автомобильная голубая \\ 341:Применение:автомобильная:автомобильная \\ 380:Цвет:көгілдір:голубой","ОТП","-","100","02.2018","471000000, Мангистауская область, Актау Г.А., Промзона, ТОО \"МАЭК-Казатомпром\", здание 201","471010000, Мангистауская область, Актау Г.А., г.Актау, \"Мангистауская область, г. Актау, промзона, ТОО \"\"МАЭК-Казатомпром\"\"\"","DDP","С даты подписания договора в течение 30 календарных дней","Окончательный платеж - 100% , Промежуточный платеж - 0% , Предоплата - 0% ","Килограмм",{"v":60,"d":"60.000"},{"v":3029.02,"d":"3,029.020"},{"v":181741.2,"d":"181,741.200"},{"v":203550.14,"d":"203,550.140"},"ТПХ","Товарищество с ограниченной ответственностью \"Мангистауский атомный энергетический комбинат-Казатомпром\""]
[null,"4440622","2197-1 Т","203012.550.000000","Краска","на основе полиакрилатов акриловых","462:Тип:Краска автомобильная белая:Краска автомобильная белая \\ 341:Применение:автомобильная:автомобильная \\ 380:Цвет:ақ:белый","ОТП","-","100","02.2018","471010000, Мангистауская область, Актау Г.А., г.Актау, \"Мангистауская область, г. Актау, промзона, ТОО \"\"МАЭК-Казатомпром\"\", здание 201\"","471010000, Мангистауская область, Актау Г.А., г.Актау, \"Мангистауская область, г. Актау, промзона, ТОО \"\"МАЭК-Казатомпром\"\"\"","DDP","С даты подписания договора в течение 30 календарных дней","Окончательный платеж - 100% , Промежуточный платеж - 0% , Предоплата - 0% ","Килограмм",{"v":100,"d":"100.000"},{"v":3029.02,"d":"3,029.020"},{"v":302902,"d":"302,902.000"},{"v":339250.24,"d":"339,250.240"},"ТПХ","Товарищество с ограниченной ответственностью \"Мангистауский атомный энергетический комбинат-Казатомпром\""]
[null,"4440144","2201 Т","201219.100.000002","Оксид железа","порошок","462:Тип:Сурик свинцовый:Сурик свинцовый","ОИ","137-2 (не превышает тысячекратного МРП)","0","05.2018","471010000, Мангистауская область, Актау Г.А., г.Актау, \"Мангистауская область, г. Актау, промзона, ТОО \"\"МАЭК-Казатомпром\"\", здание 201\"","471010000, Мангистауская область, Актау Г.А., г.Актау, \"Мангистауская область, г. Актау, промзона, ТОО \"\"МАЭК-Казатомпром\"\"\"","DDP","С даты подписания договора в течение 30 календарных дней","Предоплата - 0% , Промежуточный платеж - 0% , Окончательный платеж - 100% ","Килограмм",{"v":2,"d":"2.000"},{"v":3800,"d":"3,800.000"},{"v":7600,"d":"7,600.000"},{"v":8512,"d":"8,512.000"},"-","Товарищество с ограниченной ответственностью \"Мангистауский атомный энергетический комбинат-Казатомпром\""]
[null,"4440340","2204-1 Т","203012.700.000090","Эмаль","ГФ-92ХС","462:Тип:Эмаль (Эмали холодной сушки (ГФ-92 ХС) применяют для покрытия неподвижных обмоток электрических машин):Эмаль (Эмали холодной сушки (ГФ-92 ХС) применяют для покрытия неподвижных обмоток электрических машин) \\ 208:Маркировка:ГФ 92хс:ГФ 92хс \\ 341:Применение:для покрытия неподвижных обмоток электрических машин:для покрытия неподвижных обмоток электрических машин","ОТП","-","100","02.2018","471000000, Мангистауская область, Актау Г.А., Промзона, ТОО \"МАЭК-Казатомпром\", здание 201","471000000, Мангистауская область, Актау Г.А., Промзона, склад ТОО \"МАЭК-Казатомпром\"","DDP","С даты подписания договора в течение 30 календарных дней","Окончательный платеж - 100% , Промежуточный платеж - 0% , Предоплата - 0% ","Килограмм",{"v":311,"d":"311.000"},{"v":1725,"d":"1,725.000"},{"v":536475,"d":"536,475.000"},{"v":600852,"d":"600,852.000"},"ТПХ","Товарищество с ограниченной ответственностью \"Мангистауский атомный энергетический комбинат-Казатомпром\""]
[null,"4440275","2210-1 Т","203012.700.000124","Эмаль","ПФ-115","462:Тип:кг:\"Эмаль ПФ 115 серая (Эмаль ПФ-115 для окрашивания любых деревянных и металлических конструкций. ¶Фасовка \\  2.5, 12, 24, 60¶)\":кг:\"Эмаль ПФ 115 серая (Эмаль ПФ-115 для окрашивания любых деревянных и металлических конструкций. ¶Фасовка \\  2.5, 12, 24, 60¶)\":ПФ 115:208 Маркировка \\ ПФ 115:серый:380 Цвет","ОТП","-","100","02.2018","471010000, Мангистауская область, Актау Г.А., г.Актау, \"Мангистауская область, г. Актау, промзона, ТОО \"\"МАЭК-Казатомпром\"\", здание 201\"","471010000, Мангистауская область, Актау Г.А., г.Актау, \"Мангистауская область, г. Актау, промзона, ТОО \"\"МАЭК-Казатомпром\"\"\"","DDP","С даты подписания договора в течение 30 календарных дней","Окончательный платеж - 100% , Промежуточный платеж - 0% , Предоплата - 0% ","Килограмм",{"v":1020,"d":"1,020.000"},{"v":401.79,"d":"401.790"},{"v":409825.8,"d":"409,825.800"},{"v":459004.9,"d":"459,004.900"},"ТПХ","Товарищество с ограниченной ответственностью \"Мангистауский атомный энергетический комбинат-Казатомпром\""]
[null,"4440269","2212-1 Т","203012.700.000124","Эмаль","ПФ-115","462:Тип:кг:\"Эмаль ПФ 115 ярко голубая (Эмаль ПФ-115 для окрашивания любых деревянных и металлических конструкций¶Фасовка \\  2.5, 12, 24, 60¶)\":кг:\"Эмаль ПФ 115 ярко голубая (Эмаль ПФ-115 для окрашивания любых деревянных и металлических конструкций¶Фасовка \\  2.5, 12, 24, 60¶)\":ПФ 115:208 Маркировка \\ ПФ 115:ярко голубой:380 Цвет","ОТП","-","100","02.2018","471010000, Мангистауская область, Актау Г.А., г.Актау, \"Мангистауская область, г. Актау, промзона, ТОО \"\"МАЭК-Казатомпром\"\", здание 201\"","471010000, Мангистауская область, Актау Г.А., г.Актау, \"Мангистауская область, г. Актау, промзона, ТОО \"\"МАЭК-Казатомпром\"\"\"","DDP","С даты подписания договора в течение 30 календарных дней","Окончательный платеж - 100% , Промежуточный платеж - 0% , Предоплата - 0% ","Килограмм",{"v":40,"d":"40.000"},{"v":401.79,"d":"401.790"},{"v":16071.6,"d":"16,071.600"},{"v":18000.19,"d":"18,000.190"},"ТПХ","Товарищество с ограниченной ответственностью \"Мангистауский атомный энергетический комбинат-Казатомпром\""]
[null,"4440317","2215-1 Т","203012.700.000118","Эмаль","НЦ-132","462:Тип:\"Краска  , Фасовка в банках по 1,9; 2,5 кг.¶)\":\"Краска  , Фасовка в банках по 1,9; 2,5 кг.¶)\" \\ 208:Маркировка:НЦ:НЦ \\ 380:Цвет:қызыл:красный","ОТП","-","100","02.2018","471010000, Мангистауская область, Актау Г.А., г.Актау, \"Мангистауская область, г. Актау, промзона, ТОО \"\"МАЭК-Казатомпром\"\", здание 201\"","471010000, Мангистауская область, Актау Г.А., г.Актау, \"Мангистауская область, г. Актау, промзона, ТОО \"\"МАЭК-Казатомпром\"\"\"","DDP","С даты подписания договора в течение 30 календарных дней","Окончательный платеж - 100% , Промежуточный платеж - 0% , Предоплата - 0% ","Килограмм",{"v":56,"d":"56.000"},{"v":848.21,"d":"848.210"},{"v":47499.76,"d":"47,499.760"},{"v":53199.73,"d":"53,199.730"},"ТПХ","Товарищество с ограниченной ответственностью \"Мангистауский атомный энергетический комбинат-Казатомпром\""]
[null,"4440299","2220-1 Т","203012.700.000124","Эмаль","ПФ-115","462:Тип:кг:\"Эмаль, Фасовка \\  2.5, 12, 24, 60¶)\":кг:\"Эмаль, Фасовка \\  2.5, 12, 24, 60¶)\":ПФ 115:208 Маркировка \\ ПФ 115:коричневый:380 Цвет","ОТП","-","100","02.2018","471010000, Мангистауская область, Актау Г.А., г.Актау, \"Мангистауская область, г. Актау, промзона, ТОО \"\"МАЭК-Казатомпром\"\", здание 201\"","471010000, Мангистауская область, Актау Г.А., г.Актау, \"Мангистауская область, г. Актау, промзона, ТОО \"\"МАЭК-Казатомпром\"\"\"","DDP","С даты подписания договора в течение 30 календарных дней","Окончательный платеж - 100% , Промежуточный платеж - 0% , Предоплата - 0% ","Килограмм",{"v":200,"d":"200.000"},{"v":401.79,"d":"401.790"},{"v":80358,"d":"80,358.000"},{"v":90000.96,"d":"90,000.960"},"ТПХ","Товарищество с ограниченной ответственностью \"Мангистауский атомный энергетический комбинат-Казатомпром\""]
[null,"4460200","2223-1 Т","203022.200.000000","Олифа","оксоль, марка В","462:Тип:\"Олифа \"\"оксоль\"\" \":\"Олифа \"\"оксоль\"\" \" \\ 208:Маркировка:оксоль:оксоль","ОИ","137-2 (не превышает тысячекратного МРП)","0","02.2018","471010000, Мангистауская область, Актау Г.А., г.Актау, \"Мангистауская область, г. Актау, промзона, ТОО \"\"МАЭК-Казатомпром\"\", здание 201\"","471010000, Мангистауская область, Актау Г.А., г.Актау, \"Мангистауская область, г. Актау, промзона, ТОО \"\"МАЭК-Казатомпром\"\"\"","DDP","С даты подписания договора в течение 30 календарных дней","Окончательный платеж - 100% , Промежуточный платеж - 0% , Предоплата - 0% ","Литр (куб. дм.)",{"v":1510,"d":"1,510.000"},{"v":559.29,"d":"559.290"},{"v":844527.9,"d":"844,527.900"},{"v":945871.25,"d":"945,871.250"},"-","Товарищество с ограниченной ответственностью \"Мангистауский атомный энергетический комбинат-Казатомпром\""]
[null,"4460210","2224-1 Т","205920.000.000000","Олифа","натуральная, из льняного/конопляного масла, сорт высший","462:Тип:Олифа натуральная , Фасовка  по 5 кг.в пластиковых ёмкостях.):Олифа натуральная , Фасовка  по 5 кг.в пластиковых ёмкостях.) \\ 208:Маркировка:натуральная:натуральная","ОИ","137-2 (не превышает тысячекратного МРП)","0","02.2018","471010000, Мангистауская область, Актау Г.А., г.Актау, \"Мангистауская область, г. Актау, промзона, ТОО \"\"МАЭК-Казатомпром\"\", здание 201\"","471010000, Мангистауская область, Актау Г.А., г.Актау, \"Мангистауская область, г. Актау, промзона, ТОО \"\"МАЭК-Казатомпром\"\"\"","DDP","С даты подписания договора в течение 30 календарных дней","Окончательный платеж - 100% , Промежуточный платеж - 0% , Предоплата - 0% ","Килограмм",{"v":50,"d":"50.000"},{"v":3857.14,"d":"3,857.140"},{"v":192857,"d":"192,857.000"},{"v":215999.84,"d":"215,999.840"},"-","Товарищество с ограниченной ответственностью \"Мангистауский атомный энергетический комбинат-Казатомпром\""]
[null,"4470029","2228-1 Т","203012.700.000070","Колер","жидкость","462:Тип:Колер , Фасовка 0,1л, 0,5л. ):Колер , Фасовка 0,1л, 0,5л. ) \\ 79:ГОСТ:52020-2003:52020-2003","ОИ","137-2 (не превышает тысячекратного МРП)","0","02.2018","471010000, Мангистауская область, Актау Г.А., г.Актау, \"Мангистауская область, г. Актау, промзона, ТОО \"\"МАЭК-Казатомпром\"\", здание 201\"","471010000, Мангистауская область, Актау Г.А., г.Актау, \"Мангистауская область, г. Актау, промзона, ТОО \"\"МАЭК-Казатомпром\"\"\"","DDP","С даты подписания договора в течение 30 календарных дней","Окончательный платеж - 100% , Промежуточный платеж - 0% , Предоплата - 0% ","Килограмм",{"v":361,"d":"361.000"},{"v":2361.61,"d":"2,361.610"},{"v":852541.21,"d":"852,541.210"},{"v":954846.16,"d":"954,846.160"},"-","Товарищество с ограниченной ответственностью \"Мангистауский атомный энергетический комбинат-Казатомпром\""]
[null,"4470452","2231 Т","244221.000.000005","Пудра","алюминиевая, марка ПАП-1","462:Тип:Порошок алюминиевый ПАП1:Порошок алюминиевый ПАП1","ОИ","137-2 (не превышает тысячекратного МРП)","0","06.2018","471010000, Мангистауская область, Актау Г.А., г.Актау, \"Мангистауская область, г. Актау, промзона, ТОО \"\"МАЭК-Казатомпром\"\", здание 201\"","471010000, Мангистауская область, Актау Г.А., г.Актау, \"Мангистауская область, г. Актау, промзона, ТОО \"\"МАЭК-Казатомпром\"\"\"","DDP","С даты подписания договора в течение 30 календарных дней","Предоплата - 0% , Промежуточный платеж - 0% , Окончательный платеж - 100% ","Килограмм",{"v":200,"d":"200.000"},{"v":2106,"d":"2,106.000"},{"v":421200,"d":"421,200.000"},{"v":471744,"d":"471,744.000"},"-","Товарищество с ограниченной ответственностью \"Мангистауский атомный энергетический комбинат-Казатомпром\""]
[null,"4510055","2237 Т","201432.790.000011","Уксуснокислый аммоний (ацетат аммония)","особой чистоты","468:ТУ:6-09-1766-64:6-09-1766-64","ОИ","137-2 (не превышает тысячекратного МРП)","0","04.2018","471010000, Мангистауская область, Актау Г.А., г.Актау, \"Мангистауская область, г. Актау, промзона, ТОО \"\"МАЭК-Казатомпром\"\", здание 201\"","471010000, Мангистауская область, Актау Г.А., г.Актау, \"Мангистауская область, г. Актау, промзона, ТОО \"\"МАЭК-Казатомпром\"\"\"","DDP","С даты подписания договора в течение 150 календарных дней","Предоплата - 0% , Промежуточный платеж - 0% , Окончательный платеж - 100% ","Килограмм",{"v":0.2,"d":"0.200"},{"v":375000,"d":"375,000.000"},{"v":75000,"d":"75,000.000"},{"v":84000,"d":"84,000.000"},"-","Товарищество с ограниченной ответственностью \"Мангистауский атомный энергетический комбинат-Казатомпром\""]
[null,"4513054","2239 Т","205959.690.000001","Стандартный образец","водного раствора ионов металлов","235:Наименование:Гсо гидрокарбонат-ион:Гсо гидрокарбонат-ион \\ 360:Прочие характеристики:ГСО 8403-2003:ГСО 8403-2003","ОИ","137-2 (не превышает тысячекратного МРП)","0","03.2018","471010000, Мангистауская область, Актау Г.А., г.Актау, \"Мангистауская область, г. Актау, промзона, ТОО \"\"МАЭК-Казатомпром\"\", здание 201\"","471010000, Мангистауская область, Актау Г.А., г.Актау, \"Мангистауская область, г. Актау, промзона, ТОО \"\"МАЭК-Казатомпром\"\"\"","DDP","С даты подписания договора в течение 150 календарных дней","Предоплата - 0% , Промежуточный платеж - 0% , Окончательный платеж - 100% ","Штука",{"v":5,"d":"5.000"},{"v":2725,"d":"2,725.000"},{"v":13625,"d":"13,625.000"},{"v":15260,"d":"15,260.000"},"-","Товарищество с ограниченной ответственностью \"Мангистауский атомный энергетический комбинат-Казатомпром\""]
[null,"4513105","2243 Т","205959.690.000000","Стандартный образец","ионов металлов (веществ)","235:Наименование:ГСО свинец:ГСО свинец \\ 360:Прочие характеристики:ГСО 6077-91:ГСО 6077-91","ОИ","137-2 (не превышает тысячекратного МРП)","0","03.2018","471010000, Мангистауская область, Актау Г.А., г.Актау, \"Мангистауская область, г. Актау, промзона, ТОО \"\"МАЭК-Казатомпром\"\", здание 201\"","471010000, Мангистауская область, Актау Г.А., г.Актау, \"Мангистауская область, г. Актау, промзона, ТОО \"\"МАЭК-Казатомпром\"\"\"","DDP","С даты подписания договора в течение 150 календарных дней","Предоплата - 0% , Промежуточный платеж - 0% , Окончательный платеж - 100% ","Штука",{"v":3,"d":"3.000"},{"v":1929.62,"d":"1,929.620"},{"v":5788.86,"d":"5,788.860"},{"v":6483.52,"d":"6,483.520"},"-","Товарищество с ограниченной ответственностью \"Мангистауский атомный энергетический комбинат-Казатомпром\""]
[null,"4510449","2246 Т","205959.900.000003","Индикатор","8,8 1-дихинолилдисульфид","468:ТУ:6-09-16-907-84:6-09-16-907-84","ОИ","137-2 (не превышает тысячекратного МРП)","0","04.2018","471010000, Мангистауская область, Актау Г.А., г.Актау, \"Мангистауская область, г. Актау, промзона, ТОО \"\"МАЭК-Казатомпром\"\", здание 201\"","471010000, Мангистауская область, Актау Г.А., г.Актау, \"Мангистауская область, г. Актау, промзона, ТОО \"\"МАЭК-Казатомпром\"\"\"","DDP","С даты подписания договора в течение 150 календарных дней","Предоплата - 0% , Промежуточный платеж - 0% , Окончательный платеж - 100% ","Грамм",{"v":10,"d":"10.000"},{"v":88970,"d":"88,970.000"},{"v":889700,"d":"889,700.000"},{"v":996464,"d":"996,464.000"},"-","Товарищество с ограниченной ответственностью \"Мангистауский атомный энергетический комбинат-Казатомпром\""]
[null,"4514003","2250 Т","201331.300.000012","Хлорид железа (III)","6-водный, чистый для анализа","79:ГОСТ:4147-74:4147-74","ОИ","137-2 (не превышает тысячекратного МРП)","0","04.2018","471010000, Мангистауская область, Актау Г.А., г.Актау, \"Мангистауская область, г. Актау, промзона, ТОО \"\"МАЭК-Казатомпром\"\", здание 201\"","471010000, Мангистауская область, Актау Г.А., г.Актау, \"Мангистауская область, г. Актау, промзона, ТОО \"\"МАЭК-Казатомпром\"\"\"","DDP","С даты подписания договора в течение 150 календарных дней","Предоплата - 0% , Промежуточный платеж - 0% , Окончательный платеж - 100% ","Килограмм",{"v":0.1,"d":"0.100"},{"v":3465,"d":"3,465.000"},{"v":346.5,"d":"346.500"},{"v":388.08,"d":"388.080"},"-","Товарищество с ограниченной ответственностью \"Мангистауский атомный энергетический комбинат-Казатомпром\""]
[null,"4510220","2251 Т","171213.100.000000","Бумага индикаторная","для определения рН","468:ТУ:6-09-3104-79:6-09-3104-79","ОИ","137-2 (не превышает тысячекратного МРП)","0","04.2018","471010000, Мангистауская область, Актау Г.А., г.Актау, \"Мангистауская область, г. Актау, промзона, ТОО \"\"МАЭК-Казатомпром\"\", здание 201\"","471010000, Мангистауская область, Актау Г.А., г.Актау, \"Мангистауская область, г. Актау, промзона, ТОО \"\"МАЭК-Казатомпром\"\"\"","DDP","С даты подписания договора в течение 150 календарных дней","Предоплата - 0% , Промежуточный платеж - 0% , Окончательный платеж - 100% ","Упаковка",{"v":12,"d":"12.000"},{"v":3272,"d":"3,272.000"},{"v":39264,"d":"39,264.000"},{"v":43975.68,"d":"43,975.680"},"-","Товарищество с ограниченной ответственностью \"Мангистауский атомный энергетический комбинат-Казатомпром\""]
[null,"4513125","2255 Т","205959.690.000001","Стандартный образец","водного раствора ионов металлов","235:Наименование:ГСО водной вытяжки нефтепродуктов ВКЩ-2 :ГСО водной вытяжки нефтепродуктов ВКЩ-2 ","ОИ","137-2 (не превышает тысячекратного МРП)","0","03.2018","471010000, Мангистауская область, Актау Г.А., г.Актау, \"Мангистауская область, г. Актау, промзона, ТОО \"\"МАЭК-Казатомпром\"\", здание 201\"","471010000, Мангистауская область, Актау Г.А., г.Актау, \"Мангистауская область, г. Актау, промзона, ТОО \"\"МАЭК-Казатомпром\"\"\"","DDP","С даты подписания договора в течение 150 календарных дней","Предоплата - 0% , Промежуточный платеж - 0% , Окончательный платеж - 100% ","Штука",{"v":2,"d":"2.000"},{"v":45071.79,"d":"45,071.790"},{"v":90143.58,"d":"90,143.580"},{"v":100960.81,"d":"100,960.810"},"-","Товарищество с ограниченной ответственностью \"Мангистауский атомный энергетический комбинат-Казатомпром\""]
[null,"4513056","2258 Т","205959.690.000000","Стандартный образец","ионов металлов (веществ)","235:Наименование:Гсо ионов натрия 17К :Гсо ионов натрия 17К  \\ 360:Прочие характеристики:\"ГСО 8062-94; ГСО 8064-94 МСО 0018:1998\":\"ГСО 8062-94; ГСО 8064-94 МСО 0018:1998\"","ОИ","137-2 (не превышает тысячекратного МРП)","0","03.2018","471010000, Мангистауская область, Актау Г.А., г.Актау, \"Мангистауская область, г. Актау, промзона, ТОО \"\"МАЭК-Казатомпром\"\", здание 201\"","471010000, Мангистауская область, Актау Г.А., г.Актау, \"Мангистауская область, г. Актау, промзона, ТОО \"\"МАЭК-Казатомпром\"\"\"","DDP","С даты подписания договора в течение 30 календарных дней","Предоплата - 0% , Промежуточный платеж - 0% , Окончательный платеж - 100% ","Штука",{"v":19,"d":"19.000"},{"v":936.1,"d":"936.100"},{"v":17785.9,"d":"17,785.900"},{"v":19920.21,"d":"19,920.210"},"-","Товарищество с ограниченной ответственностью \"Мангистауский атомный энергетический комбинат-Казатомпром\""]
[null,"4510232","2262 Т","201325.600.000000","Гидроксид бария","химически чистый","79:ГОСТ: 4107-78: 4107-78","ОИ","137-2 (не превышает тысячекратного МРП)","0","04.2018","471010000, Мангистауская область, Актау Г.А., г.Актау, \"Мангистауская область, г. Актау, промзона, ТОО \"\"МАЭК-Казатомпром\"\", здание 201\"","471010000, Мангистауская область, Актау Г.А., г.Актау, \"Мангистауская область, г. Актау, промзона, ТОО \"\"МАЭК-Казатомпром\"\"\"","DDP","С даты подписания договора в течение 150 календарных дней","Предоплата - 0% , Промежуточный платеж - 0% , Окончательный платеж - 100% ","Килограмм",{"v":5,"d":"5.000"},{"v":3600,"d":"3,600.000"},{"v":18000,"d":"18,000.000"},{"v":20160,"d":"20,160.000"},"-","Товарищество с ограниченной ответственностью \"Мангистауский атомный энергетический комбинат-Казатомпром\""]
[null,"4510315","2264 Т","201325.800.000003","Гидразин сернокислый (гидразин сульфат)","чистый для анализа","79:ГОСТ:5841-74:5841-74","ОИ","137-2 (не превышает тысячекратного МРП)","0","04.2018","471010000, Мангистауская область, Актау Г.А., г.Актау, \"Мангистауская область, г. Актау, промзона, ТОО \"\"МАЭК-Казатомпром\"\", здание 201\"","471010000, Мангистауская область, Актау Г.А., г.Актау, \"Мангистауская область, г. Актау, промзона, ТОО \"\"МАЭК-Казатомпром\"\"\"","DDP","С даты подписания договора в течение 150 календарных дней","Предоплата - 0% , Промежуточный платеж - 0% , Окончательный платеж - 100% ","Килограмм",{"v":0.52,"d":"0.520"},{"v":14637,"d":"14,637.000"},{"v":7611.24,"d":"7,611.240"},{"v":8524.59,"d":"8,524.590"},"-","Товарищество с ограниченной ответственностью \"Мангистауский атомный энергетический комбинат-Казатомпром\""]
[null,"4513114","2270 Т","205959.600.000000","Стандартный образец","водный раствор додецилсульфата натрия","235:Наименование:ГСО Общая (карбонатная) щелочность воды 1000ммоль/дм3:ГСО Общая (карбонатная) щелочность воды 1000ммоль/дм3 \\ 360:Прочие характеристики: ГСО 9285-2009 МСО 1584:2009: ГСО 9285-2009 МСО 1584:2009","ОИ","137-2 (не превышает тысячекратного МРП)","0","03.2018","471010000, Мангистауская область, Актау Г.А., г.Актау, \"Мангистауская область, г. Актау, промзона, ТОО \"\"МАЭК-Казатомпром\"\", здание 201\"","471010000, Мангистауская область, Актау Г.А., г.Актау, \"Мангистауская область, г. Актау, промзона, ТОО \"\"МАЭК-Казатомпром\"\"\"","DDP","С даты подписания договора в течение 150 календарных дней","Предоплата - 0% , Промежуточный платеж - 0% , Окончательный платеж - 100% ","Штука",{"v":50,"d":"50.000"},{"v":2074.6,"d":"2,074.600"},{"v":103730,"d":"103,730.000"},{"v":116177.6,"d":"116,177.600"},"-","Товарищество с ограниченной ответственностью \"Мангистауский атомный энергетический комбинат-Казатомпром\""]
[null,"4513032","2273 Т","205959.900.000001","Межгосударственный стандартный образец","раствор ион бария, кальций, магний, стронции","235:Наименование:Гсо ионов стронция:Гсо ионов стронция \\ 360:Прочие характеристики:ГСО 0083-99 25К-1:ГСО 0083-99 25К-1","ОИ","137-2 (не превышает тысячекратного МРП)","0","03.2018","471010000, Мангистауская область, Актау Г.А., г.Актау, \"Мангистауская область, г. Актау, промзона, ТОО \"\"МАЭК-Казатомпром\"\", здание 201\"","471010000, Мангистауская область, Актау Г.А., г.Актау, \"Мангистауская область, г. Актау, промзона, ТОО \"\"МАЭК-Казатомпром\"\"\"","DDP","С даты подписания договора в течение 150 календарных дней","Предоплата - 0% , Промежуточный платеж - 0% , Окончательный платеж - 100% ","Штука",{"v":3,"d":"3.000"},{"v":4400,"d":"4,400.000"},{"v":13200,"d":"13,200.000"},{"v":14784,"d":"14,784.000"},"-","Товарищество с ограниченной ответственностью \"Мангистауский атомный энергетический комбинат-Казатомпром\""]
[null,"4510262","2277 Т","201432.100.000000","Бутилацетат (бутиловый эфир уксусной кислоты)","химически чистый","79:ГОСТ:22300-76 с изм. 1,2,3:22300-76 с изм. 1,2,3","ОИ","137-2 (не превышает тысячекратного МРП)","0","04.2018","471010000, Мангистауская область, Актау Г.А., г.Актау, \"Мангистауская область, г. Актау, промзона, ТОО \"\"МАЭК-Казатомпром\"\", здание 201\"","471010000, Мангистауская область, Актау Г.А., г.Актау, \"Мангистауская область, г. Актау, промзона, ТОО \"\"МАЭК-Казатомпром\"\"\"","DDP","С даты подписания договора в течение 150 календарных дней","Предоплата - 0% , Промежуточный платеж - 0% , Окончательный платеж - 100% ","Килограмм",{"v":7,"d":"7.000"},{"v":5920,"d":"5,920.000"},{"v":41440,"d":"41,440.000"},{"v":46412.8,"d":"46,412.800"},"-","Товарищество с ограниченной ответственностью \"Мангистауский атомный энергетический комбинат-Казатомпром\""]
[null,"4510012","2278 Т","201510.500.000004","Кислота азотная","особой чистоты","79:ГОСТ:22300-76 с изм. 1,2,3:22300-76 с изм. 1,2,3","ОИ","137-2 (не превышает тысячекратного МРП)","0","04.2018","471010000, Мангистауская область, Актау Г.А., г.Актау, \"Мангистауская область, г. Актау, промзона, ТОО \"\"МАЭК-Казатомпром\"\", здание 201\"","471010000, Мангистауская область, Актау Г.А., г.Актау, \"Мангистауская область, г. Актау, промзона, ТОО \"\"МАЭК-Казатомпром\"\"\"","DDP","С даты подписания договора в течение 150 календарных дней","Предоплата - 0% , Промежуточный платеж - 0% , Окончательный платеж - 100% ","Килограмм",{"v":2,"d":"2.000"},{"v":2850,"d":"2,850.000"},{"v":5700,"d":"5,700.000"},{"v":6384,"d":"6,384.000"},"-","Товарищество с ограниченной ответственностью \"Мангистауский атомный энергетический комбинат-Казатомпром\""]
[null,"4513008","2282 Т","205959.900.000002","Межгосударственный стандартный образец","раствор ион ванадия, молибден, титан, хром","235:Наименование:Гсо ионов хрома:Гсо ионов хрома \\ 360:Прочие характеристики:\"ГСО 7018-93; ГСО 0011-98\":\"ГСО 7018-93; ГСО 0011-98\"","ОИ","137-2 (не превышает тысячекратного МРП)","0","03.2018","471010000, Мангистауская область, Актау Г.А., г.Актау, \"Мангистауская область, г. Актау, промзона, ТОО \"\"МАЭК-Казатомпром\"\", здание 201\"","471010000, Мангистауская область, Актау Г.А., г.Актау, \"Мангистауская область, г. Актау, промзона, ТОО \"\"МАЭК-Казатомпром\"\"\"","DDP","С даты подписания договора в течение 150 календарных дней","Предоплата - 0% , Промежуточный платеж - 0% , Окончательный платеж - 100% ","Штука",{"v":3,"d":"3.000"},{"v":727.38,"d":"727.380"},{"v":2182.14,"d":"2,182.140"},{"v":2444,"d":"2,444.000"},"-","Товарищество с ограниченной ответственностью \"Мангистауский атомный энергетический комбинат-Казатомпром\""]
[null,"4510065","2286 Т","201433.800.000007","Оксалат аммония (щавелевокислый аммоний)","химически чистый, 1-водный","79:ГОСТ:5712-78:5712-78","ОИ","137-2 (не превышает тысячекратного МРП)","0","04.2018","471010000, Мангистауская область, Актау Г.А., г.Актау, \"Мангистауская область, г. Актау, промзона, ТОО \"\"МАЭК-Казатомпром\"\", здание 201\"","471010000, Мангистауская область, Актау Г.А., г.Актау, \"Мангистауская область, г. Актау, промзона, ТОО \"\"МАЭК-Казатомпром\"\"\"","DDP","С даты подписания договора в течение 150 календарных дней","Предоплата - 0% , Промежуточный платеж - 0% , Окончательный платеж - 100% ","Килограмм",{"v":0.1,"d":"0.100"},{"v":3330.06,"d":"3,330.060"},{"v":333.01,"d":"333.010"},{"v":372.97,"d":"372.970"},"-","Товарищество с ограниченной ответственностью \"Мангистауский атомный энергетический комбинат-Казатомпром\""]
[null,"4510415","2289 Т","205959.900.000013","Диметилглиоксим","чистый для анализа, кристаллы","79:ГОСТ:5828-77:5828-77","ОИ","137-2 (не превышает тысячекратного МРП)","0","04.2018","471010000, Мангистауская область, Актау Г.А., г.Актау, \"Мангистауская область, г. Актау, промзона, ТОО \"\"МАЭК-Казатомпром\"\", здание 201\"","471010000, Мангистауская область, Актау Г.А., г.Актау, \"Мангистауская область, г. Актау, промзона, ТОО \"\"МАЭК-Казатомпром\"\"\"","DDP","С даты подписания договора в течение 150 календарных дней","Предоплата - 0% , Промежуточный платеж - 0% , Окончательный платеж - 100% ","Грамм",{"v":20,"d":"20.000"},{"v":74,"d":"74.000"},{"v":1480,"d":"1,480.000"},{"v":1657.6,"d":"1,657.600"},"-","Товарищество с ограниченной ответственностью \"Мангистауский атомный энергетический комбинат-Казатомпром\""]
[null,"4510052","2291 Т","201341.800.000002","Персульфат аммония (надсернокислый аммоний)","чистый для анализа","79:ГОСТ:20478-75:20478-75","ОИ","137-2 (не превышает тысячекратного МРП)","0","04.2018","471010000, Мангистауская область, Актау Г.А., г.Актау, \"Мангистауская область, г. Актау, промзона, ТОО \"\"МАЭК-Казатомпром\"\", здание 201\"","471010000, Мангистауская область, Актау Г.А., г.Актау, \"Мангистауская область, г. Актау, промзона, ТОО \"\"МАЭК-Казатомпром\"\"\"","DDP","С даты подписания договора в течение 150 календарных дней","Предоплата - 0% , Промежуточный платеж - 0% , Окончательный платеж - 100% ","Килограмм",{"v":1,"d":"1.000"},{"v":2610.81,"d":"2,610.810"},{"v":2610.81,"d":"2,610.810"},{"v":2924.11,"d":"2,924.110"},"-","Товарищество с ограниченной ответственностью \"Мангистауский атомный энергетический комбинат-Казатомпром\""]
[null,"4510299","2297 Т","201411.200.000007","Гексан","жидкость","468:ТУ: 2631-003-05807999-98: 2631-003-05807999-98","ОИ","137-2 (не превышает тысячекратного МРП)","0","04.2018","471010000, Мангистауская область, Актау Г.А., г.Актау, \"Мангистауская область, г. Актау, промзона, ТОО \"\"МАЭК-Казатомпром\"\", здание 201\"","471010000, Мангистауская область, Актау Г.А., г.Актау, \"Мангистауская область, г. Актау, промзона, ТОО \"\"МАЭК-Казатомпром\"\"\"","DDP","С даты подписания договора в течение 150 календарных дней","Предоплата - 0% , Промежуточный платеж - 0% , Окончательный платеж - 100% ","Литр (куб. дм.)",{"v":44,"d":"44.000"},{"v":6571.45,"d":"6,571.450"},{"v":289143.8,"d":"289,143.800"},{"v":323841.06,"d":"323,841.060"},"-","Товарищество с ограниченной ответственностью \"Мангистауский атомный энергетический комбинат-Казатомпром\""]
[null,"4510031","2300 Т","201434.750.000004","Аммоний","лимоннокислый 2-замещенный, чистый для анализа","468:ТУ:6-09-01-755-89:6-09-01-755-89","ОИ","137-2 (не превышает тысячекратного МРП)","0","04.2018","471010000, Мангистауская область, Актау Г.А., г.Актау, \"Мангистауская область, г. Актау, промзона, ТОО \"\"МАЭК-Казатомпром\"\", здание 201\"","471010000, Мангистауская область, Актау Г.А., г.Актау, \"Мангистауская область, г. Актау, промзона, ТОО \"\"МАЭК-Казатомпром\"\"\"","DDP","С даты подписания договора в течение 150 календарных дней","Предоплата - 0% , Промежуточный платеж - 0% , Окончательный платеж - 100% ","Килограмм",{"v":13.6,"d":"13.600"},{"v":9238,"d":"9,238.000"},{"v":125636.8,"d":"125,636.800"},{"v":140713.22,"d":"140,713.220"},"-","Товарищество с ограниченной ответственностью \"Мангистауский атомный энергетический комбинат-Казатомпром\""]
[null,"4510000","2304 Т","205952.100.000037","Среда питательная","для культивирования микроорганизмов, сухая","235:Наименование:Агар питательный сухой (ГРМ-агар):Агар питательный сухой (ГРМ-агар) \\ 468:ТУ:9398-020-78095326-2006:9398-020-78095326-2006","ОИ","137-2 (не превышает тысячекратного МРП)","0","04.2018","471010000, Мангистауская область, Актау Г.А., г.Актау, \"Мангистауская область, г. Актау, промзона, ТОО \"\"МАЭК-Казатомпром\"\", здание 201\"","471010000, Мангистауская область, Актау Г.А., г.Актау, \"Мангистауская область, г. Актау, промзона, ТОО \"\"МАЭК-Казатомпром\"\"\"","DDP","С даты подписания договора в течение 150 календарных дней","Предоплата - 0% , Промежуточный платеж - 0% , Окончательный платеж - 100% ","Килограмм",{"v":9,"d":"9.000"},{"v":34500,"d":"34,500.000"},{"v":310500,"d":"310,500.000"},{"v":347760,"d":"347,760.000"},"-","Товарищество с ограниченной ответственностью \"Мангистауский атомный энергетический комбинат-Казатомпром\""]
[null,"4510261","2305 Т","205956.900.000012","Бромтимоловый синий","порошок","468:ТУ:6-09-5423-90:6-09-5423-90","ОИ","137-2 (не превышает тысячекратного МРП)","0","04.2018","471010000, Мангистауская область, Актау Г.А., г.Актау, \"Мангистауская область, г. Актау, промзона, ТОО \"\"МАЭК-Казатомпром\"\", здание 201\"","471010000, Мангистауская область, Актау Г.А., г.Актау, \"Мангистауская область, г. Актау, промзона, ТОО \"\"МАЭК-Казатомпром\"\"\"","DDP","С даты подписания договора в течение 150 календарных дней","Предоплата - 0% , Промежуточный платеж - 0% , Окончательный платеж - 100% ","Килограмм",{"v":0.02,"d":"0.020"},{"v":233500,"d":"233,500.000"},{"v":4670,"d":"4,670.000"},{"v":5230.4,"d":"5,230.400"},"-","Товарищество с ограниченной ответственностью \"Мангистауский атомный энергетический комбинат-Казатомпром\""]
[null,"4513149","2308 Т","205959.630.000001","Стандартный образец","вспышки в закрытом тигле","235:Наименование:ГСО ТВЗТ-140-ЭК :ГСО ТВЗТ-140-ЭК  \\ 360:Прочие характеристики:ГСО ТВЗТ-140-ЭК  ГСО 8137-2002:ГСО ТВЗТ-140-ЭК  ГСО 8137-2002","ОИ","137-2 (не превышает тысячекратного МРП)","0","03.2018","471010000, Мангистауская область, Актау Г.А., г.Актау, \"Мангистауская область, г. Актау, промзона, ТОО \"\"МАЭК-Казатомпром\"\", здание 201\"","471010000, Мангистауская область, Актау Г.А., г.Актау, \"Мангистауская область, г. Актау, промзона, ТОО \"\"МАЭК-Казатомпром\"\"\"","DDP","С даты подписания договора в течение 150 календарных дней","Предоплата - 0% , Промежуточный платеж - 0% , Окончательный платеж - 100% ","Штука",{"v":4,"d":"4.000"},{"v":21600,"d":"21,600.000"},{"v":86400,"d":"86,400.000"},{"v":96768,"d":"96,768.000"},"-","Товарищество с ограниченной ответственностью \"Мангистауский атомный энергетический комбинат-Казатомпром\""]
[null,"4513022","2313 Т","205959.600.000000","Стандартный образец","водный раствор додецилсульфата натрия","235:Наименование:Гсо нефтепродукты в чху:Гсо нефтепродукты в чху \\ 360:Прочие характеристики:ГСО 7248-96 50 г/дм³ МСО 0186:2000:ГСО 7248-96 50 г/дм³ МСО 0186:2000","ОИ","137-2 (не превышает тысячекратного МРП)","0","03.2018","471010000, Мангистауская область, Актау Г.А., г.Актау, \"Мангистауская область, г. Актау, промзона, ТОО \"\"МАЭК-Казатомпром\"\", здание 201\"","471010000, Мангистауская область, Актау Г.А., г.Актау, \"Мангистауская область, г. Актау, промзона, ТОО \"\"МАЭК-Казатомпром\"\"\"","DDP","С даты подписания договора в течение 150 календарных дней","Предоплата - 0% , Промежуточный платеж - 0% , Окончательный платеж - 100% ","Штука",{"v":10,"d":"10.000"},{"v":2049.3,"d":"2,049.300"},{"v":20493,"d":"20,493.000"},{"v":22952.16,"d":"22,952.160"},"-","Товарищество с ограниченной ответственностью \"Мангистауский атомный энергетический комбинат-Казатомпром\""]
[null,"4513012","2316 Т","205959.600.000000","Стандартный образец","водный раствор додецилсульфата натрия","235:Наименование:Гсо фосфат-ионов:Гсо фосфат-ионов \\ 360:Прочие характеристики:\"ГСО 7748-99 МСО 0201:2001; ГСО 7018-93-7020-93 МСО 0026:1998\":\"ГСО 7748-99 МСО 0201:2001; ГСО 7018-93-7020-93 МСО 0026:1998\"","ОИ","137-2 (не превышает тысячекратного МРП)","0","03.2018","471010000, Мангистауская область, Актау Г.А., г.Актау, \"Мангистауская область, г. Актау, промзона, ТОО \"\"МАЭК-Казатомпром\"\", здание 201\"","471010000, Мангистауская область, Актау Г.А., г.Актау, \"Мангистауская область, г. Актау, промзона, ТОО \"\"МАЭК-Казатомпром\"\"\"","DDP","С даты подписания договора в течение 150 календарных дней","Предоплата - 0% , Промежуточный платеж - 0% , Окончательный платеж - 100% ","Штука",{"v":16,"d":"16.000"},{"v":708.4,"d":"708.400"},{"v":11334.4,"d":"11,334.400"},{"v":12694.53,"d":"12,694.530"},"-","Товарищество с ограниченной ответственностью \"Мангистауский атомный энергетический комбинат-Казатомпром\""]
[null,"4510301","2319 Т","201411.200.000007","Гексан","жидкость","468:ТУ:2631-001-54260861-2013:2631-001-54260861-2013 \\ 360:Прочие характеристики:осч:осч","ОИ","137-2 (не превышает тысячекратного МРП)","0","04.2018","471010000, Мангистауская область, Актау Г.А., г.Актау, \"Мангистауская область, г. Актау, промзона, ТОО \"\"МАЭК-Казатомпром\"\", здание 201\"","471010000, Мангистауская область, Актау Г.А., г.Актау, \"Мангистауская область, г. Актау, промзона, ТОО \"\"МАЭК-Казатомпром\"\"\"","DDP","С даты подписания договора в течение 150 календарных дней","Предоплата - 0% , Промежуточный платеж - 0% , Окончательный платеж - 100% ","Килограмм",{"v":44,"d":"44.000"},{"v":16700,"d":"16,700.000"},{"v":734800,"d":"734,800.000"},{"v":822976,"d":"822,976.000"},"-","Товарищество с ограниченной ответственностью \"Мангистауский атомный энергетический комбинат-Казатомпром\""]
[null,"4513107","2322 Т","205959.630.000004","Стандартный образец","нефтепродукта в гексане (четыреххлористом углероде)","235:Наименование:СО нефтепродукты (гексан) 1мг/см3:СО нефтепродукты (гексан) 1мг/см3 \\ 360:Прочие характеристики: ГСО 7950-2001 KZ 03.02.01.288-2011/7950-2001: ГСО 7950-2001 KZ 03.02.01.288-2011/7950-2001","ОИ","137-2 (не превышает тысячекратного МРП)","0","03.2018","471010000, Мангистауская область, Актау Г.А., г.Актау, \"Мангистауская область, г. Актау, промзона, ТОО \"\"МАЭК-Казатомпром\"\", здание 201\"","471010000, Мангистауская область, Актау Г.А., г.Актау, \"Мангистауская область, г. Актау, промзона, ТОО \"\"МАЭК-Казатомпром\"\"\"","DDP","С даты подписания договора в течение 150 календарных дней","Предоплата - 0% , Промежуточный платеж - 0% , Окончательный платеж - 100% ","Штука",{"v":27,"d":"27.000"},{"v":10689.25,"d":"10,689.250"},{"v":288609.75,"d":"288,609.750"},{"v":323242.92,"d":"323,242.920"},"-","Товарищество с ограниченной ответственностью \"Мангистауский атомный энергетический комбинат-Казатомпром\""]
[null,"4513102","2327 Т","205959.600.000000","Стандартный образец","водный раствор додецилсульфата натрия","235:Наименование:Гсо общей жесткости воды 100 ммоль/дм3:Гсо общей жесткости воды 100 ммоль/дм3 \\ 360:Прочие характеристики:ГСО 7680-99 МСО 0194:2000:ГСО 7680-99 МСО 0194:2000","ОИ","137-2 (не превышает тысячекратного МРП)","0","03.2018","471010000, Мангистауская область, Актау Г.А., г.Актау, \"Мангистауская область, г. Актау, промзона, ТОО \"\"МАЭК-Казатомпром\"\", здание 201\"","471010000, Мангистауская область, Актау Г.А., г.Актау, \"Мангистауская область, г. Актау, промзона, ТОО \"\"МАЭК-Казатомпром\"\"\"","DDP","С даты подписания договора в течение 150 календарных дней","Предоплата - 0% , Промежуточный платеж - 0% , Окончательный платеж - 100% ","Штука",{"v":23,"d":"23.000"},{"v":830.3,"d":"830.300"},{"v":19096.9,"d":"19,096.900"},{"v":21388.53,"d":"21,388.530"},"-","Товарищество с ограниченной ответственностью \"Мангистауский атомный энергетический комбинат-Казатомпром\""]
[null,"4510222","2331 Т","171213.100.000000","Бумага индикаторная","для определения рН","468:ТУ: 6-09-3104-79: 6-09-3104-79","ОИ","137-2 (не превышает тысячекратного МРП)","0","04.2018","471010000, Мангистауская область, Актау Г.А., г.Актау, \"Мангистауская область, г. Актау, промзона, ТОО \"\"МАЭК-Казатомпром\"\", здание 201\"","471010000, Мангистауская область, Актау Г.А., г.Актау, \"Мангистауская область, г. Актау, промзона, ТОО \"\"МАЭК-Казатомпром\"\"\"","DDP","С даты подписания договора в течение 150 календарных дней","Предоплата - 0% , Промежуточный платеж - 0% , Окончательный платеж - 100% ","Упаковка",{"v":21,"d":"21.000"},{"v":3300,"d":"3,300.000"},{"v":69300,"d":"69,300.000"},{"v":77616,"d":"77,616.000"},"-","Товарищество с ограниченной ответственностью \"Мангистауский атомный энергетический комбинат-Казатомпром\""]
[null,"4513038","2332 Т","205959.690.000000","Стандартный образец","ионов металлов (веществ)","235:Наименование:Гсо ионов алюминия:Гсо ионов алюминия \\ 360:Прочие характеристики:ГСО 7927-2001 МСО 0306:2002:ГСО 7927-2001 МСО 0306:2002","ОИ","137-2 (не превышает тысячекратного МРП)","0","03.2018","471010000, Мангистауская область, Актау Г.А., г.Актау, \"Мангистауская область, г. Актау, промзона, ТОО \"\"МАЭК-Казатомпром\"\", здание 201\"","471010000, Мангистауская область, Актау Г.А., г.Актау, \"Мангистауская область, г. Актау, промзона, ТОО \"\"МАЭК-Казатомпром\"\"\"","DDP","С даты подписания договора в течение 150 календарных дней","Предоплата - 0% , Промежуточный платеж - 0% , Окончательный платеж - 100% ","Штука",{"v":20,"d":"20.000"},{"v":950,"d":"950.000"},{"v":19000,"d":"19,000.000"},{"v":21280,"d":"21,280.000"},"-","Товарищество с ограниченной ответственностью \"Мангистауский атомный энергетический комбинат-Казатомпром\""]
[null,"4513021","2335 Т","205959.600.000000","Стандартный образец","водный раствор додецилсульфата натрия","235:Наименование:Гсо нитрит ионов:Гсо нитрит ионов \\ 360:Прочие характеристики:ГСО 7753-2000 МСО 0202:200:ГСО 7753-2000 МСО 0202:200","ОИ","137-2 (не превышает тысячекратного МРП)","0","03.2018","471010000, Мангистауская область, Актау Г.А., г.Актау, \"Мангистауская область, г. Актау, промзона, ТОО \"\"МАЭК-Казатомпром\"\", здание 201\"","471010000, Мангистауская область, Актау Г.А., г.Актау, \"Мангистауская область, г. Актау, промзона, ТОО \"\"МАЭК-Казатомпром\"\"\"","DDP","С даты подписания договора в течение 150 календарных дней","Предоплата - 0% , Промежуточный платеж - 0% , Окончательный платеж - 100% ","Штука",{"v":34,"d":"34.000"},{"v":727.38,"d":"727.380"},{"v":24730.92,"d":"24,730.920"},{"v":27698.63,"d":"27,698.630"},"-","Товарищество с ограниченной ответственностью \"Мангистауский атомный энергетический комбинат-Казатомпром\""]
[null,"4513001","2340 Т","205959.630.000010","Стандартный образец","температура застывания (текучести)","235:Наименование:Гсо цветность:Гсо цветность \\ 360:Прочие характеристики:ГСО 7853-2000 МСО 0254:2001:ГСО 7853-2000 МСО 0254:2001","ОИ","137-2 (не превышает тысячекратного МРП)","0","03.2018","471010000, Мангистауская область, Актау Г.А., г.Актау, \"Мангистауская область, г. Актау, промзона, ТОО \"\"МАЭК-Казатомпром\"\", здание 201\"","471010000, Мангистауская область, Актау Г.А., г.Актау, \"Мангистауская область, г. Актау, промзона, ТОО \"\"МАЭК-Казатомпром\"\"\"","DDP","С даты подписания договора в течение 150 календарных дней","Предоплата - 0% , Промежуточный платеж - 0% , Окончательный платеж - 100% ","Штука",{"v":20,"d":"20.000"},{"v":1960.75,"d":"1,960.750"},{"v":39215,"d":"39,215.000"},{"v":43920.8,"d":"43,920.800"},"-","Товарищество с ограниченной ответственностью \"Мангистауский атомный энергетический комбинат-Казатомпром\""]
[null,"4513019","2343 Т","205959.600.000000","Стандартный образец","водный раствор додецилсульфата натрия","235:Наименование:Гсо хлорид ионов:Гсо хлорид ионов \\ 360:Прочие характеристики:ГСО 7616-99 МСО 0189:2000, ГСО 7436-98 МСО 1125:2005:ГСО 7616-99 МСО 0189:2000, ГСО 7436-98 МСО 1125:2005","ОИ","137-2 (не превышает тысячекратного МРП)","0","03.2018","471010000, Мангистауская область, Актау Г.А., г.Актау, \"Мангистауская область, г. Актау, промзона, ТОО \"\"МАЭК-Казатомпром\"\", здание 201\"","471010000, Мангистауская область, Актау Г.А., г.Актау, \"Мангистауская область, г. Актау, промзона, ТОО \"\"МАЭК-Казатомпром\"\"\"","DDP","С даты подписания договора в течение 150 календарных дней","Предоплата - 0% , Промежуточный платеж - 0% , Окончательный платеж - 100% ","Штука",{"v":29,"d":"29.000"},{"v":657.8,"d":"657.800"},{"v":19076.2,"d":"19,076.200"},{"v":21365.34,"d":"21,365.340"},"-","Товарищество с ограниченной ответственностью \"Мангистауский атомный энергетический комбинат-Казатомпром\""]
[null,"4513020","2346 Т","205959.600.000000","Стандартный образец","водный раствор додецилсульфата натрия","235:Наименование:Гсо нитрат ионов:Гсо нитрат ионов \\ 360:Прочие характеристики:ГСО 7820-2000 МСО 0292:2002:ГСО 7820-2000 МСО 0292:2002","ОИ","137-2 (не превышает тысячекратного МРП)","0","03.2018","471010000, Мангистауская область, Актау Г.А., г.Актау, \"Мангистауская область, г. Актау, промзона, ТОО \"\"МАЭК-Казатомпром\"\", здание 201\"","471010000, Мангистауская область, Актау Г.А., г.Актау, \"Мангистауская область, г. Актау, промзона, ТОО \"\"МАЭК-Казатомпром\"\"\"","DDP","С даты подписания договора в течение 150 календарных дней","Предоплата - 0% , Промежуточный платеж - 0% , Окончательный платеж - 100% ","Штука",{"v":26,"d":"26.000"},{"v":670.45,"d":"670.450"},{"v":17431.7,"d":"17,431.700"},{"v":19523.5,"d":"19,523.500"},"-","Товарищество с ограниченной ответственностью \"Мангистауский атомный энергетический комбинат-Казатомпром\""]
[null,"4510040","2349 Т","201351.500.000002","Молибдат аммония","чистый для анализа","79:ГОСТ:3765-78:3765-78","ОИ","137-2 (не превышает тысячекратного МРП)","0","04.2018","471010000, Мангистауская область, Актау Г.А., г.Актау, \"Мангистауская область, г. Актау, промзона, ТОО \"\"МАЭК-Казатомпром\"\", здание 201\"","471010000, Мангистауская область, Актау Г.А., г.Актау, \"Мангистауская область, г. Актау, промзона, ТОО \"\"МАЭК-Казатомпром\"\"\"","DDP","С даты подписания договора в течение 150 календарных дней","Предоплата - 0% , Промежуточный платеж - 0% , Окончательный платеж - 100% ","Килограмм",{"v":16,"d":"16.000"},{"v":18975,"d":"18,975.000"},{"v":303600,"d":"303,600.000"},{"v":340032,"d":"340,032.000"},"-","Товарищество с ограниченной ответственностью \"Мангистауский атомный энергетический комбинат-Казатомпром\""]
[null,"4513016","2354 Т","205959.690.000000","Стандартный образец","ионов металлов (веществ)","235:Наименование:Гсо ионов железа (iii) 1 г/дм3:Гсо ионов железа (iii) 1 г/дм3 \\ 360:Прочие характеристики:ГСО 7835-2000 МСО 0294:2002:ГСО 7835-2000 МСО 0294:2002","ОИ","137-2 (не превышает тысячекратного МРП)","0","03.2018","471010000, Мангистауская область, Актау Г.А., г.Актау, \"Мангистауская область, г. Актау, промзона, ТОО \"\"МАЭК-Казатомпром\"\", здание 201\"","471010000, Мангистауская область, Актау Г.А., г.Актау, \"Мангистауская область, г. Актау, промзона, ТОО \"\"МАЭК-Казатомпром\"\"\"","DDP","С даты подписания договора в течение 150 календарных дней","Предоплата - 0% , Промежуточный платеж - 0% , Окончательный платеж - 100% ","Штука",{"v":33,"d":"33.000"},{"v":771.65,"d":"771.650"},{"v":25464.45,"d":"25,464.450"},{"v":28520.18,"d":"28,520.180"},"-","Товарищество с ограниченной ответственностью \"Мангистауский атомный энергетический комбинат-Казатомпром\""]
[null,"4513090","2355 Т","205959.600.000000","Стандартный образец","водный раствор додецилсульфата натрия","235:Наименование:ГСО УЭП-4 0,029 См/м:ГСО УЭП-4 0,029 См/м \\ 360:Прочие характеристики:ГСО 7377-97 МСО 1120:2005:ГСО 7377-97 МСО 1120:2005","ОИ","137-2 (не превышает тысячекратного МРП)","0","03.2018","471010000, Мангистауская область, Актау Г.А., г.Актау, \"Мангистауская область, г. Актау, промзона, ТОО \"\"МАЭК-Казатомпром\"\", здание 201\"","471010000, Мангистауская область, Актау Г.А., г.Актау, \"Мангистауская область, г. Актау, промзона, ТОО \"\"МАЭК-Казатомпром\"\"\"","DDP","С даты подписания договора в течение 150 календарных дней","Предоплата - 0% , Промежуточный платеж - 0% , Окончательный платеж - 100% ","Штука",{"v":10,"d":"10.000"},{"v":2080.93,"d":"2,080.930"},{"v":20809.3,"d":"20,809.300"},{"v":23306.42,"d":"23,306.420"},"-","Товарищество с ограниченной ответственностью \"Мангистауский атомный энергетический комбинат-Казатомпром\""]
[null,"4513113","2358 Т","205959.100.000010","Стандартный образец","кислотности","235:Наименование:ГСО кислотного числа нефтепродуктов КЧ-0,1-ЭК (КЧ-0,1-ЭК (0,09-0,11 мг КОН/г) ):ГСО кислотного числа нефтепродуктов КЧ-0,1-ЭК (КЧ-0,1-ЭК (0,09-0,11 мг КОН/г) ) \\ 360:Прочие характеристики:ГСО 8501-2003 МСО 1089:2004:ГСО 8501-2003 МСО 1089:2004","ОИ","137-2 (не превышает тысячекратного МРП)","0","03.2018","471010000, Мангистауская область, Актау Г.А., г.Актау, \"Мангистауская область, г. Актау, промзона, ТОО \"\"МАЭК-Казатомпром\"\", здание 201\"","471010000, Мангистауская область, Актау Г.А., г.Актау, \"Мангистауская область, г. Актау, промзона, ТОО \"\"МАЭК-Казатомпром\"\"\"","DDP","С даты подписания договора в течение 150 календарных дней","Предоплата - 0% , Промежуточный платеж - 0% , Окончательный платеж - 100% ","Штука",{"v":4,"d":"4.000"},{"v":6736.12,"d":"6,736.120"},{"v":26944.48,"d":"26,944.480"},{"v":30177.82,"d":"30,177.820"},"-","Товарищество с ограниченной ответственностью \"Мангистауский атомный энергетический комбинат-Казатомпром\""]
[null,"4513128","2362 Т","205959.100.000016","Стандартный образец","гексана в нефтепродуктах","235:Наименование:ГСО вязкости нефтепродуктов :ГСО вязкости нефтепродуктов  \\ 360:Прочие характеристики:РЭВ-1000-НС ГСО 10079-2012 МСО 1840:2013 100см³ или РЭВ-1000-ЭК ГСО 9508-2009 МСО 1734:2011:РЭВ-1000-НС ГСО 10079-2012 МСО 1840:2013 100см³ или РЭВ-1000-ЭК ГСО 9508-2009 МСО 1734:2011","ОИ","137-2 (не превышает тысячекратного МРП)","0","03.2018","471010000, Мангистауская область, Актау Г.А., г.Актау, \"Мангистауская область, г. Актау, промзона, ТОО \"\"МАЭК-Казатомпром\"\", здание 201\"","471010000, Мангистауская область, Актау Г.А., г.Актау, \"Мангистауская область, г. Актау, промзона, ТОО \"\"МАЭК-Казатомпром\"\"\"","DDP","С даты подписания договора в течение 150 календарных дней","Предоплата - 0% , Промежуточный платеж - 0% , Окончательный платеж - 100% ","Штука",{"v":2,"d":"2.000"},{"v":9152.28,"d":"9,152.280"},{"v":18304.56,"d":"18,304.560"},{"v":20501.11,"d":"20,501.110"},"-","Товарищество с ограниченной ответственностью \"Мангистауский атомный энергетический комбинат-Казатомпром\""]
[null,"4513121","2366 Т","205959.600.000000","Стандартный образец","водный раствор додецилсульфата натрия","235:Наименование:ГСО зольности:ГСО зольности \\ 360:Прочие характеристики:ГСО 8576-2004 МСО 1411:2007 значение 0,16 30см3:ГСО 8576-2004 МСО 1411:2007 значение 0,16 30см3","ОИ","137-2 (не превышает тысячекратного МРП)","0","03.2018","471010000, Мангистауская область, Актау Г.А., г.Актау, \"Мангистауская область, г. Актау, промзона, ТОО \"\"МАЭК-Казатомпром\"\", здание 201\"","471010000, Мангистауская область, Актау Г.А., г.Актау, \"Мангистауская область, г. Актау, промзона, ТОО \"\"МАЭК-Казатомпром\"\"\"","DDP","С даты подписания договора в течение 150 календарных дней","Предоплата - 0% , Промежуточный платеж - 0% , Окончательный платеж - 100% ","Штука",{"v":2,"d":"2.000"},{"v":31291.07,"d":"31,291.070"},{"v":62582.14,"d":"62,582.140"},{"v":70092,"d":"70,092.000"},"-","Товарищество с ограниченной ответственностью \"Мангистауский атомный энергетический комбинат-Казатомпром\""]
[null,"4510105","2371 Т","201325.700.000000","Гидроокись алюминия","чистый для анализа","79:ГОСТ:11841-76:11841-76","ОИ","137-2 (не превышает тысячекратного МРП)","0","04.2018","471010000, Мангистауская область, Актау Г.А., г.Актау, \"Мангистауская область, г. Актау, промзона, ТОО \"\"МАЭК-Казатомпром\"\", здание 201\"","471010000, Мангистауская область, Актау Г.А., г.Актау, \"Мангистауская область, г. Актау, промзона, ТОО \"\"МАЭК-Казатомпром\"\"\"","DDP","С даты подписания договора в течение 150 календарных дней","Предоплата - 0% , Промежуточный платеж - 0% , Окончательный платеж - 100% ","Килограмм",{"v":0.3,"d":"0.300"},{"v":6500,"d":"6,500.000"},{"v":1950,"d":"1,950.000"},{"v":2184,"d":"2,184.000"},"-","Товарищество с ограниченной ответственностью \"Мангистауский атомный энергетический комбинат-Казатомпром\""]
[null,"4513129","2373 Т","205959.600.000000","Стандартный образец","водный раствор додецилсульфата натрия","235:Наименование:ГСО температура текучести и застывания  ТТЗ 30 ЭК:ГСО температура текучести и застывания  ТТЗ 30 ЭК \\ 360:Прочие характеристики:ГСО 8928-2008 МСО 1718:2011:ГСО 8928-2008 МСО 1718:2011","ОИ","137-2 (не превышает тысячекратного МРП)","0","03.2018","471010000, Мангистауская область, Актау Г.А., г.Актау, \"Мангистауская область, г. Актау, промзона, ТОО \"\"МАЭК-Казатомпром\"\", здание 201\"","471010000, Мангистауская область, Актау Г.А., г.Актау, \"Мангистауская область, г. Актау, промзона, ТОО \"\"МАЭК-Казатомпром\"\"\"","DDP","С даты подписания договора в течение 150 календарных дней","Предоплата - 0% , Промежуточный платеж - 0% , Окончательный платеж - 100% ","Штука",{"v":2,"d":"2.000"},{"v":6128.92,"d":"6,128.920"},{"v":12257.84,"d":"12,257.840"},{"v":13728.78,"d":"13,728.780"},"-","Товарищество с ограниченной ответственностью \"Мангистауский атомный энергетический комбинат-Казатомпром\""]
[null,"4513052","2377 Т","205959.630.000023","Стандартный образец","для титрования по методу К.Фишера","235:Наименование:ГСО t вспышки в открытом тигле ТВОТ-150-ЭК :ГСО t вспышки в открытом тигле ТВОТ-150-ЭК  \\ 360:Прочие характеристики:ТВОТ-150-ЭК ГСО 8152-2002 (145-160) МСО 0607:2003 100см³:ТВОТ-150-ЭК ГСО 8152-2002 (145-160) МСО 0607:2003 100см³","ОИ","137-2 (не превышает тысячекратного МРП)","0","03.2018","471010000, Мангистауская область, Актау Г.А., г.Актау, \"Мангистауская область, г. Актау, промзона, ТОО \"\"МАЭК-Казатомпром\"\", здание 201\"","471010000, Мангистауская область, Актау Г.А., г.Актау, \"Мангистауская область, г. Актау, промзона, ТОО \"\"МАЭК-Казатомпром\"\"\"","DDP","С даты подписания договора в течение 150 календарных дней","Предоплата - 0% , Промежуточный платеж - 0% , Окончательный платеж - 100% ","Штука",{"v":7,"d":"7.000"},{"v":7552.05,"d":"7,552.050"},{"v":52864.35,"d":"52,864.350"},{"v":59208.07,"d":"59,208.070"},"-","Товарищество с ограниченной ответственностью \"Мангистауский атомный энергетический комбинат-Казатомпром\""]
[null,"4510154","2380 Т","201532.000.000000","Сульфат аммония (сернокислый аммоний)","химически чистый","79:ГОСТ:10873-73:10873-73","ОИ","137-2 (не превышает тысячекратного МРП)","0","04.2018","471010000, Мангистауская область, Актау Г.А., г.Актау, \"Мангистауская область, г. Актау, промзона, ТОО \"\"МАЭК-Казатомпром\"\", здание 201\"","471010000, Мангистауская область, Актау Г.А., г.Актау, \"Мангистауская область, г. Актау, промзона, ТОО \"\"МАЭК-Казатомпром\"\"\"","DDP","С даты подписания договора в течение 150 календарных дней","Предоплата - 0% , Промежуточный платеж - 0% , Окончательный платеж - 100% ","Килограмм",{"v":0.9,"d":"0.900"},{"v":1850,"d":"1,850.000"},{"v":1665,"d":"1,665.000"},{"v":1864.8,"d":"1,864.800"},"-","Товарищество с ограниченной ответственностью \"Мангистауский атомный энергетический комбинат-Казатомпром\""]
[null,"4514020","2382 Т","201341.700.000006","Сульфат аммония железа (железоаммонийные квасцы)","чистый для анализа","468:ТУ: 6-09-5359-88: 6-09-5359-88","ОИ","137-2 (не превышает тысячекратного МРП)","0","04.2018","471010000, Мангистауская область, Актау Г.А., г.Актау, \"Мангистауская область, г. Актау, промзона, ТОО \"\"МАЭК-Казатомпром\"\", здание 201\"","471010000, Мангистауская область, Актау Г.А., г.Актау, \"Мангистауская область, г. Актау, промзона, ТОО \"\"МАЭК-Казатомпром\"\"\"","DDP","С даты подписания договора в течение 150 календарных дней","Предоплата - 0% , Промежуточный платеж - 0% , Окончательный платеж - 100% ","Килограмм",{"v":0.4,"d":"0.400"},{"v":7500,"d":"7,500.000"},{"v":3000,"d":"3,000.000"},{"v":3360,"d":"3,360.000"},"-","Товарищество с ограниченной ответственностью \"Мангистауский атомный энергетический комбинат-Казатомпром\""]
[null,"4510201","2385 Т","201324.600.000000","Кислота борная","химически чистый","79:ГОСТ: 9656-75: 9656-75","ОИ","137-2 (не превышает тысячекратного МРП)","0","04.2018","471010000, Мангистауская область, Актау Г.А., г.Актау, \"Мангистауская область, г. Актау, промзона, ТОО \"\"МАЭК-Казатомпром\"\", здание 201\"","471010000, Мангистауская область, Актау Г.А., г.Актау, \"Мангистауская область, г. Актау, промзона, ТОО \"\"МАЭК-Казатомпром\"\"\"","DDP","С даты подписания договора в течение 150 календарных дней","Предоплата - 0% , Промежуточный платеж - 0% , Окончательный платеж - 100% ","Килограмм",{"v":13.8,"d":"13.800"},{"v":2150,"d":"2,150.000"},{"v":29670,"d":"29,670.000"},{"v":33230.4,"d":"33,230.400"},"-","Товарищество с ограниченной ответственностью \"Мангистауский атомный энергетический комбинат-Казатомпром\""]
[null,"4510330","2389 Т","205959.600.000012","D-Глюкоза","чистый для анализа","79:ГОСТ: 6038-79: 6038-79","ОИ","137-2 (не превышает тысячекратного МРП)","0","04.2018","471010000, Мангистауская область, Актау Г.А., г.Актау, \"Мангистауская область, г. Актау, промзона, ТОО \"\"МАЭК-Казатомпром\"\", здание 201\"","471010000, Мангистауская область, Актау Г.А., г.Актау, \"Мангистауская область, г. Актау, промзона, ТОО \"\"МАЭК-Казатомпром\"\"\"","DDP","С даты подписания договора в течение 150 календарных дней","Предоплата - 0% , Промежуточный платеж - 0% , Окончательный платеж - 100% ","Килограмм",{"v":1.3,"d":"1.300"},{"v":3700,"d":"3,700.000"},{"v":4810,"d":"4,810.000"},{"v":5387.2,"d":"5,387.200"},"-","Товарищество с ограниченной ответственностью \"Мангистауский атомный энергетический комбинат-Казатомпром\""]
[null,"4513033","2393 Т","205959.900.000001","Межгосударственный стандартный образец","раствор ион бария, кальций, магний, стронции","235:Наименование:Гсо ионов магния :Гсо ионов магния  \\ 360:Прочие характеристики:ГСО 7190-95 МСО 0085:1999 20К-1:ГСО 7190-95 МСО 0085:1999 20К-1","ОИ","137-2 (не превышает тысячекратного МРП)","0","03.2018","471010000, Мангистауская область, Актау Г.А., г.Актау, \"Мангистауская область, г. Актау, промзона, ТОО \"\"МАЭК-Казатомпром\"\", здание 201\"","471010000, Мангистауская область, Актау Г.А., г.Актау, \"Мангистауская область, г. Актау, промзона, ТОО \"\"МАЭК-Казатомпром\"\"\"","DDP","С даты подписания договора в течение 150 календарных дней","Предоплата - 0% , Промежуточный платеж - 0% , Окончательный платеж - 100% ","Штука",{"v":15,"d":"15.000"},{"v":948.75,"d":"948.750"},{"v":14231.25,"d":"14,231.250"},{"v":15939,"d":"15,939.000"},"-","Товарищество с ограниченной ответственностью \"Мангистауский атомный энергетический комбинат-Казатомпром\""]
[null,"4520101","2398 Т","201331.300.000016","Хлорид лантана","химически чистый, 6-водный","468:ТУ:6-09-4773:6-09-4773","ОИ","137-2 (не превышает тысячекратного МРП)","0","04.2018","471010000, Мангистауская область, Актау Г.А., г.Актау, \"Мангистауская область, г. Актау, промзона, ТОО \"\"МАЭК-Казатомпром\"\", здание 201\"","471010000, Мангистауская область, Актау Г.А., г.Актау, \"Мангистауская область, г. Актау, промзона, ТОО \"\"МАЭК-Казатомпром\"\"\"","DDP","С даты подписания договора в течение 150 календарных дней","Предоплата - 0% , Промежуточный платеж - 0% , Окончательный платеж - 100% ","Грамм",{"v":50,"d":"50.000"},{"v":282.15,"d":"282.150"},{"v":14107.5,"d":"14,107.500"},{"v":15800.4,"d":"15,800.400"},"-","Товарищество с ограниченной ответственностью \"Мангистауский атомный энергетический комбинат-Казатомпром\""]
[null,"4520046","2400 Т","201352.900.000000","Калий фталевокислый (Калий фталат)","чистый для анализа, порошок","468:ТУ: 6-09-09-270-74: 6-09-09-270-74","ОИ","137-2 (не превышает тысячекратного МРП)","0","04.2018","471010000, Мангистауская область, Актау Г.А., г.Актау, \"Мангистауская область, г. Актау, промзона, ТОО \"\"МАЭК-Казатомпром\"\", здание 201\"","471010000, Мангистауская область, Актау Г.А., г.Актау, \"Мангистауская область, г. Актау, промзона, ТОО \"\"МАЭК-Казатомпром\"\"\"","DDP","С даты подписания договора в течение 150 календарных дней","Предоплата - 0% , Промежуточный платеж - 0% , Окончательный платеж - 100% ","Килограмм",{"v":0.51,"d":"0.510"},{"v":144347.57,"d":"144,347.570"},{"v":73617.26,"d":"73,617.260"},{"v":82451.33,"d":"82,451.330"},"-","Товарищество с ограниченной ответственностью \"Мангистауский атомный энергетический комбинат-Казатомпром\""]
[null,"4520047","2404 Т","201362.300.000003","Тиоцианат калия (роданистый калий)","химически чистый","79:ГОСТ:4139-75:4139-75","ОИ","137-2 (не превышает тысячекратного МРП)","0","04.2018","471010000, Мангистауская область, Актау Г.А., г.Актау, \"Мангистауская область, г. Актау, промзона, ТОО \"\"МАЭК-Казатомпром\"\", здание 201\"","471010000, Мангистауская область, Актау Г.А., г.Актау, \"Мангистауская область, г. Актау, промзона, ТОО \"\"МАЭК-Казатомпром\"\"\"","DDP","С даты подписания договора в течение 150 календарных дней","Предоплата - 0% , Промежуточный платеж - 0% , Окончательный платеж - 100% ","Килограмм",{"v":0.4,"d":"0.400"},{"v":6650,"d":"6,650.000"},{"v":2660,"d":"2,660.000"},{"v":2979.2,"d":"2,979.200"},"-","Товарищество с ограниченной ответственностью \"Мангистауский атомный энергетический комбинат-Казатомпром\""]
[null,"4520021","2407 Т","201343.400.000002","Карбонат кальция","чистый для анализа","79:ГОСТ:4530-76:4530-76","ОИ","137-2 (не превышает тысячекратного МРП)","0","04.2018","471010000, Мангистауская область, Актау Г.А., г.Актау, \"Мангистауская область, г. Актау, промзона, ТОО \"\"МАЭК-Казатомпром\"\", здание 201\"","471010000, Мангистауская область, Актау Г.А., г.Актау, \"Мангистауская область, г. Актау, промзона, ТОО \"\"МАЭК-Казатомпром\"\"\"","DDP","С даты подписания договора в течение 150 календарных дней","Предоплата - 0% , Промежуточный платеж - 0% , Окончательный платеж - 100% ","Килограмм",{"v":1.3,"d":"1.300"},{"v":9789.91,"d":"9,789.910"},{"v":12726.88,"d":"12,726.880"},{"v":14254.11,"d":"14,254.110"},"-","Товарищество с ограниченной ответственностью \"Мангистауский атомный энергетический комбинат-Казатомпром\""]
[null,"4520061","2409 Т","201221.900.000005","Краситель","активный, порошок","235:Наименование:Краситель яркоголубой КХ:Краситель яркоголубой КХ","ОИ","137-2 (не превышает тысячекратного МРП)","0","04.2018","471010000, Мангистауская область, Актау Г.А., г.Актау, \"Мангистауская область, г. Актау, промзона, ТОО \"\"МАЭК-Казатомпром\"\", здание 201\"","471010000, Мангистауская область, Актау Г.А., г.Актау, \"Мангистауская область, г. Актау, промзона, ТОО \"\"МАЭК-Казатомпром\"\"\"","DDP","С даты подписания договора в течение 150 календарных дней","Предоплата - 0% , Промежуточный платеж - 0% , Окончательный платеж - 100% ","Килограмм",{"v":0.05,"d":"0.050"},{"v":569000,"d":"569,000.000"},{"v":28450,"d":"28,450.000"},{"v":31864,"d":"31,864.000"},"-","Товарищество с ограниченной ответственностью \"Мангистауский атомный энергетический комбинат-Казатомпром\""]
[null,"4523000","2412 Т","201341.700.000008","Сульфат калия хрома (III) (хромокалиевые квасцы)","чистый для анализа","79:ГОСТ: 4162-79: 4162-79","ОИ","137-2 (не превышает тысячекратного МРП)","0","04.2018","471010000, Мангистауская область, Актау Г.А., г.Актау, \"Мангистауская область, г. Актау, промзона, ТОО \"\"МАЭК-Казатомпром\"\", здание 201\"","471010000, Мангистауская область, Актау Г.А., г.Актау, \"Мангистауская область, г. Актау, промзона, ТОО \"\"МАЭК-Казатомпром\"\"\"","DDP","С даты подписания договора в течение 150 календарных дней","Предоплата - 0% , Промежуточный платеж - 0% , Окончательный платеж - 100% ","Килограмм",{"v":0.5,"d":"0.500"},{"v":6660,"d":"6,660.000"},{"v":3330,"d":"3,330.000"},{"v":3729.6,"d":"3,729.600"},"-","Товарищество с ограниченной ответственностью \"Мангистауский атомный энергетический комбинат-Казатомпром\""]
[null,"4520053","2416 Т","201434.700.000009","Кислота кальконкарбоновая","порошок","468:ТУ:6-09-07-501-77:6-09-07-501-77","ОИ","137-2 (не превышает тысячекратного МРП)","0","04.2018","471010000, Мангистауская область, Актау Г.А., г.Актау, \"Мангистауская область, г. Актау, промзона, ТОО \"\"МАЭК-Казатомпром\"\", здание 201\"","471010000, Мангистауская область, Актау Г.А., г.Актау, \"Мангистауская область, г. Актау, промзона, ТОО \"\"МАЭК-Казатомпром\"\"\"","DDP","С даты подписания договора в течение 150 календарных дней","Предоплата - 0% , Промежуточный платеж - 0% , Окончательный платеж - 100% ","Килограмм",{"v":0.1,"d":"0.100"},{"v":184095.45,"d":"184,095.450"},{"v":18409.55,"d":"18,409.550"},{"v":20618.69,"d":"20,618.690"},"-","Товарищество с ограниченной ответственностью \"Мангистауский атомный энергетический комбинат-Казатомпром\""]
[null,"4520020","2420 Т","201343.300.000000","Карбонат калия","химически чистый","235:Наименование:Калий углекислый хч :Калий углекислый хч  \\ 79:ГОСТ:4221-76:4221-76","ОИ","137-2 (не превышает тысячекратного МРП)","0","04.2018","471010000, Мангистауская область, Актау Г.А., г.Актау, \"Мангистауская область, г. Актау, промзона, ТОО \"\"МАЭК-Казатомпром\"\", здание 201\"","471010000, Мангистауская область, Актау Г.А., г.Актау, \"Мангистауская область, г. Актау, промзона, ТОО \"\"МАЭК-Казатомпром\"\"\"","DDP","С даты подписания договора в течение 150 календарных дней","Предоплата - 0% , Промежуточный платеж - 0% , Окончательный платеж - 100% ","Килограмм",{"v":0.5,"d":"0.500"},{"v":4350,"d":"4,350.000"},{"v":2175,"d":"2,175.000"},{"v":2436,"d":"2,436.000"},"-","Товарищество с ограниченной ответственностью \"Мангистауский атомный энергетический комбинат-Казатомпром\""]
[null,"4520060","2423 Т","205959.100.000027","Крахмал","чистый для анализа, порошок","79:ГОСТ:10163-76:10163-76","ОИ","137-2 (не превышает тысячекратного МРП)","0","04.2018","471010000, Мангистауская область, Актау Г.А., г.Актау, \"Мангистауская область, г. Актау, промзона, ТОО \"\"МАЭК-Казатомпром\"\", здание 201\"","471010000, Мангистауская область, Актау Г.А., г.Актау, \"Мангистауская область, г. Актау, промзона, ТОО \"\"МАЭК-Казатомпром\"\"\"","DDP","С даты подписания договора в течение 150 календарных дней","Предоплата - 0% , Промежуточный платеж - 0% , Окончательный платеж - 100% ","Килограмм",{"v":7,"d":"7.000"},{"v":4974,"d":"4,974.000"},{"v":34818,"d":"34,818.000"},{"v":38996.16,"d":"38,996.160"},"-","Товарищество с ограниченной ответственностью \"Мангистауский атомный энергетический комбинат-Казатомпром\""]
[null,"4520049","2425 Т","201342.800.000020","Фосфат калия","однозамещенный, чистый для анализа","79:ГОСТ: 4198: 4198","ОИ","137-2 (не превышает тысячекратного МРП)","0","04.2018","471010000, Мангистауская область, Актау Г.А., г.Актау, \"Мангистауская область, г. Актау, промзона, ТОО \"\"МАЭК-Казатомпром\"\", здание 201\"","471010000, Мангистауская область, Актау Г.А., г.Актау, \"Мангистауская область, г. Актау, промзона, ТОО \"\"МАЭК-Казатомпром\"\"\"","DDP","С даты подписания договора в течение 150 календарных дней","Предоплата - 0% , Промежуточный платеж - 0% , Окончательный платеж - 100% ","Килограмм",{"v":1.8,"d":"1.800"},{"v":2977.7,"d":"2,977.700"},{"v":5359.86,"d":"5,359.860"},{"v":6003.04,"d":"6,003.040"},"-","Товарищество с ограниченной ответственностью \"Мангистауский атомный энергетический комбинат-Казатомпром\""]
[null,"4520043","2431 Т","201325.300.000000","Гидроксид калия","химически чистый","79:ГОСТ:24363-80:24363-80","ОИ","137-2 (не превышает тысячекратного МРП)","0","04.2018","471010000, Мангистауская область, Актау Г.А., г.Актау, \"Мангистауская область, г. Актау, промзона, ТОО \"\"МАЭК-Казатомпром\"\", здание 201\"","471010000, Мангистауская область, Актау Г.А., г.Актау, \"Мангистауская область, г. Актау, промзона, ТОО \"\"МАЭК-Казатомпром\"\"\"","DDP","С даты подписания договора в течение 150 календарных дней","Предоплата - 0% , Промежуточный платеж - 0% , Окончательный платеж - 100% ","Килограмм",{"v":19.4,"d":"19.400"},{"v":2700.78,"d":"2,700.780"},{"v":52395.13,"d":"52,395.130"},{"v":58682.55,"d":"58,682.550"},"-","Товарищество с ограниченной ответственностью \"Мангистауский атомный энергетический комбинат-Казатомпром\""]
[null,"4520009","2434 Т","201576.000.000000","Нитрат калия","химически чистый","79:ГОСТ: 4217-77: 4217-77","ОИ","137-2 (не превышает тысячекратного МРП)","0","04.2018","471010000, Мангистауская область, Актау Г.А., г.Актау, \"Мангистауская область, г. Актау, промзона, ТОО \"\"МАЭК-Казатомпром\"\", здание 201\"","471010000, Мангистауская область, Актау Г.А., г.Актау, \"Мангистауская область, г. Актау, промзона, ТОО \"\"МАЭК-Казатомпром\"\"\"","DDP","С даты подписания договора в течение 150 календарных дней","Предоплата - 0% , Промежуточный платеж - 0% , Окончательный платеж - 100% ","Килограмм",{"v":0.76,"d":"0.760"},{"v":5950,"d":"5,950.000"},{"v":4522,"d":"4,522.000"},{"v":5064.64,"d":"5,064.640"},"-","Товарищество с ограниченной ответственностью \"Мангистауский атомный энергетический комбинат-Казатомпром\""]
[null,"4520121","2438 Т","201219.530.000000","Гидроксид лития","химический чистый, кристаллы","79:ГОСТ:8595-85:8595-85","ОИ","137-2 (не превышает тысячекратного МРП)","0","04.2018","471010000, Мангистауская область, Актау Г.А., г.Актау, \"Мангистауская область, г. Актау, промзона, ТОО \"\"МАЭК-Казатомпром\"\", здание 201\"","471010000, Мангистауская область, Актау Г.А., г.Актау, \"Мангистауская область, г. Актау, промзона, ТОО \"\"МАЭК-Казатомпром\"\"\"","DDP","С даты подписания договора в течение 150 календарных дней","Предоплата - 0% , Промежуточный платеж - 0% , Окончательный платеж - 100% ","Килограмм",{"v":0.5,"d":"0.500"},{"v":9995,"d":"9,995.000"},{"v":4997.5,"d":"4,997.500"},{"v":5597.2,"d":"5,597.200"},"-","Товарищество с ограниченной ответственностью \"Мангистауский атомный энергетический комбинат-Казатомпром\""]
[null,"4520031","2439 Т","201351.850.000007","Антимонилтартрат калия","порошок","235:Наименование:Калий-сурьма виннокислый чда:Калий-сурьма виннокислый чда \\ 468:ТУ:6-09-803-86:6-09-803-86","ОИ","137-2 (не превышает тысячекратного МРП)","0","04.2018","471010000, Мангистауская область, Актау Г.А., г.Актау, \"Мангистауская область, г. Актау, промзона, ТОО \"\"МАЭК-Казатомпром\"\", здание 201\"","471010000, Мангистауская область, Актау Г.А., г.Актау, \"Мангистауская область, г. Актау, промзона, ТОО \"\"МАЭК-Казатомпром\"\"\"","DDP","С даты подписания договора в течение 150 календарных дней","Предоплата - 0% , Промежуточный платеж - 0% , Окончательный платеж - 100% ","Килограмм",{"v":0.4,"d":"0.400"},{"v":18965,"d":"18,965.000"},{"v":7586,"d":"7,586.000"},{"v":8496.32,"d":"8,496.320"},"-","Товарищество с ограниченной ответственностью \"Мангистауский атомный энергетический комбинат-Казатомпром\""]
[null,"4520040","2443 Т","201331.300.000034","Хлорид кальция","кальцинированный, сорт высший","235:Наименование:Кальций хлористый б/в ч:Кальций хлористый б/в ч","ОИ","137-2 (не превышает тысячекратного МРП)","0","04.2018","471010000, Мангистауская область, Актау Г.А., г.Актау, \"Мангистауская область, г. Актау, промзона, ТОО \"\"МАЭК-Казатомпром\"\", здание 201\"","471010000, Мангистауская область, Актау Г.А., г.Актау, \"Мангистауская область, г. Актау, промзона, ТОО \"\"МАЭК-Казатомпром\"\"\"","DDP","С даты подписания договора в течение 150 календарных дней","Предоплата - 0% , Промежуточный платеж - 0% , Окончательный платеж - 100% ","Килограмм",{"v":0.7,"d":"0.700"},{"v":2037,"d":"2,037.000"},{"v":1425.9,"d":"1,425.900"},{"v":1597.01,"d":"1,597.010"},"-","Товарищество с ограниченной ответственностью \"Мангистауский атомный энергетический комбинат-Казатомпром\""]
[null,"4520071","2447 Т","201324.550.000000","Кислота ортофосфорная","химически чистый","79:ГОСТ:6552-80:6552-80","ОИ","137-2 (не превышает тысячекратного МРП)","0","04.2018","471010000, Мангистауская область, Актау Г.А., г.Актау, \"Мангистауская область, г. Актау, промзона, ТОО \"\"МАЭК-Казатомпром\"\", здание 201\"","471010000, Мангистауская область, Актау Г.А., г.Актау, \"Мангистауская область, г. Актау, промзона, ТОО \"\"МАЭК-Казатомпром\"\"\"","DDP","С даты подписания договора в течение 150 календарных дней","Предоплата - 0% , Промежуточный платеж - 0% , Окончательный платеж - 100% ","Килограмм",{"v":3,"d":"3.000"},{"v":1850,"d":"1,850.000"},{"v":5550,"d":"5,550.000"},{"v":6216,"d":"6,216.000"},"-","Товарищество с ограниченной ответственностью \"Мангистауский атомный энергетический комбинат-Казатомпром\""]
[null,"4520090","2450 Т","201324.330.000000","Кислота серная","химически чистый","79:ГОСТ:4204-77:4204-77","ОИ","137-2 (не превышает тысячекратного МРП)","0","04.2018","471010000, Мангистауская область, Актау Г.А., г.Актау, \"Мангистауская область, г. Актау, промзона, ТОО \"\"МАЭК-Казатомпром\"\", здание 201\"","471010000, Мангистауская область, Актау Г.А., г.Актау, \"Мангистауская область, г. Актау, промзона, ТОО \"\"МАЭК-Казатомпром\"\"\"","DDP","С даты подписания договора в течение 150 календарных дней","Предоплата - 0% , Промежуточный платеж - 0% , Окончательный платеж - 100% ","Килограмм",{"v":342.6,"d":"342.600"},{"v":1138.5,"d":"1,138.500"},{"v":390050.1,"d":"390,050.100"},{"v":436856.11,"d":"436,856.110"},"-","Товарищество с ограниченной ответственностью \"Мангистауский атомный энергетический комбинат-Казатомпром\""]
[null,"4520015","2452 Т","201331.700.000006","Йодид калия","химически чистый","79:ГОСТ:4232-74:4232-74","ЦПП","-","0","04.2018","471010000, Мангистауская область, Актау Г.А., г.Актау, \"Мангистауская область, г. Актау, промзона, ТОО \"\"МАЭК-Казатомпром\"\", здание 201\"","471010000, Мангистауская область, Актау Г.А., г.Актау, \"Мангистауская область, г. Актау, промзона, ТОО \"\"МАЭК-Казатомпром\"\"\"","DDP","С даты подписания договора в течение 30 календарных дней","Предоплата - 0% , Промежуточный платеж - 0% , Окончательный платеж - 100% ","Килограмм",{"v":68.3,"d":"68.300"},{"v":39700,"d":"39,700.000"},{"v":2711510,"d":"2,711,510.000"},{"v":3036891.2,"d":"3,036,891.200"},"-","Товарищество с ограниченной ответственностью \"Мангистауский атомный энергетический комбинат-Казатомпром\""]
[null,"4530151","2458 Т","201343.100.000002","Карбонат натрия","чистый для анализа","235:Наименование:Натрий двууглекислый чда:Натрий двууглекислый чда \\ 79:ГОСТ:2156-76:2156-76","ОИ","137-2 (не превышает тысячекратного МРП)","0","04.2018","471010000, Мангистауская область, Актау Г.А., г.Актау, \"Мангистауская область, г. Актау, промзона, ТОО \"\"МАЭК-Казатомпром\"\", здание 201\"","471010000, Мангистауская область, Актау Г.А., г.Актау, \"Мангистауская область, г. Актау, промзона, ТОО \"\"МАЭК-Казатомпром\"\"\"","DDP","С даты подписания договора в течение 150 календарных дней","Предоплата - 0% , Промежуточный платеж - 0% , Окончательный платеж - 100% ","Килограмм",{"v":6,"d":"6.000"},{"v":3030,"d":"3,030.000"},{"v":18180,"d":"18,180.000"},{"v":20361.6,"d":"20,361.600"},"-","Товарищество с ограниченной ответственностью \"Мангистауский атомный энергетический комбинат-Казатомпром\""]
[null,"4530031","2461 Т","205956.900.000031","Мурексид (аммониевая соль 5,5'-нитрилодибарбитуровой кислоты, пурпурат аммония)","кристаллы","468:ТУ:6-09-13-945-94:6-09-13-945-94","ОИ","137-2 (не превышает тысячекратного МРП)","0","04.2018","471010000, Мангистауская область, Актау Г.А., г.Актау, \"Мангистауская область, г. Актау, промзона, ТОО \"\"МАЭК-Казатомпром\"\", здание 201\"","471010000, Мангистауская область, Актау Г.А., г.Актау, \"Мангистауская область, г. Актау, промзона, ТОО \"\"МАЭК-Казатомпром\"\"\"","DDP","С даты подписания договора в течение 150 календарных дней","Предоплата - 0% , Промежуточный платеж - 0% , Окончательный платеж - 100% ","Килограмм",{"v":0.37,"d":"0.370"},{"v":164450,"d":"164,450.000"},{"v":60846.5,"d":"60,846.500"},{"v":68148.08,"d":"68,148.080"},"-","Товарищество с ограниченной ответственностью \"Мангистауский атомный энергетический комбинат-Казатомпром\""]
[null,"4530201","2465 Т","205952.100.000000","8-Меркаптохинолинат натрия","чистый для анализа","468:ТУ:6-09-4933-68:6-09-4933-68","ОИ","137-2 (не превышает тысячекратного МРП)","0","04.2018","471010000, Мангистауская область, Актау Г.А., г.Актау, \"Мангистауская область, г. Актау, промзона, ТОО \"\"МАЭК-Казатомпром\"\", здание 201\"","471010000, Мангистауская область, Актау Г.А., г.Актау, \"Мангистауская область, г. Актау, промзона, ТОО \"\"МАЭК-Казатомпром\"\"\"","DDP","С даты подписания договора в течение 150 календарных дней","Предоплата - 0% , Промежуточный платеж - 0% , Окончательный платеж - 100% ","Грамм",{"v":5,"d":"5.000"},{"v":1710,"d":"1,710.000"},{"v":8550,"d":"8,550.000"},{"v":9576,"d":"9,576.000"},"-","Товарищество с ограниченной ответственностью \"Мангистауский атомный энергетический комбинат-Казатомпром\""]
[null,"4530023","2466 Т","205959.900.000023","Морин","кристаллы","235:Наименование:Морин (чда):Морин (чда)","ОИ","137-2 (не превышает тысячекратного МРП)","0","04.2018","471010000, Мангистауская область, Актау Г.А., г.Актау, \"Мангистауская область, г. Актау, промзона, ТОО \"\"МАЭК-Казатомпром\"\", здание 201\"","471010000, Мангистауская область, Актау Г.А., г.Актау, \"Мангистауская область, г. Актау, промзона, ТОО \"\"МАЭК-Казатомпром\"\"\"","DDP","С даты подписания договора в течение 150 календарных дней","Предоплата - 0% , Промежуточный платеж - 0% , Окончательный платеж - 100% ","Грамм",{"v":5,"d":"5.000"},{"v":16895,"d":"16,895.000"},{"v":84475,"d":"84,475.000"},{"v":94612,"d":"94,612.000"},"-","Товарищество с ограниченной ответственностью \"Мангистауский атомный энергетический комбинат-Казатомпром\""]
[null,"4530202","2470 Т","201342.800.000029","Фосфат натрия","двузамещенный 12-водный, чистый для анализа","79:ГОСТ:4172-76:4172-76","ОИ","137-2 (не превышает тысячекратного МРП)","0","04.2018","471010000, Мангистауская область, Актау Г.А., г.Актау, \"Мангистауская область, г. Актау, промзона, ТОО \"\"МАЭК-Казатомпром\"\", здание 201\"","471010000, Мангистауская область, Актау Г.А., г.Актау, \"Мангистауская область, г. Актау, промзона, ТОО \"\"МАЭК-Казатомпром\"\"\"","DDP","С даты подписания договора в течение 150 календарных дней","Предоплата - 0% , Промежуточный платеж - 0% , Окончательный платеж - 100% ","Килограмм",{"v":1.5,"d":"1.500"},{"v":152763,"d":"152,763.000"},{"v":229144.5,"d":"229,144.500"},{"v":256641.84,"d":"256,641.840"},"-","Товарищество с ограниченной ответственностью \"Мангистауский атомный энергетический комбинат-Казатомпром\""]
[null,"4530175","2474 Т","201341.500.000025","Сульфат никеля","химически чистый, 7-водный","79:ГОСТ:4465-74:4465-74","ОИ","137-2 (не превышает тысячекратного МРП)","0","04.2018","471010000, Мангистауская область, Актау Г.А., г.Актау, \"Мангистауская область, г. Актау, промзона, ТОО \"\"МАЭК-Казатомпром\"\", здание 201\"","471010000, Мангистауская область, Актау Г.А., г.Актау, \"Мангистауская область, г. Актау, промзона, ТОО \"\"МАЭК-Казатомпром\"\"\"","DDP","С даты подписания договора в течение 150 календарных дней","Предоплата - 0% , Промежуточный платеж - 0% , Окончательный платеж - 100% ","Килограмм",{"v":0.5,"d":"0.500"},{"v":22800,"d":"22,800.000"},{"v":11400,"d":"11,400.000"},{"v":12768,"d":"12,768.000"},"-","Товарищество с ограниченной ответственностью \"Мангистауский атомный энергетический комбинат-Казатомпром\""]
[null,"4530145","2477 Т","201343.200.000000","Бикарбонат натрия (кислый углекислый натрий)","химически чистый","79:ГОСТ:4201-79:4201-79","ОИ","137-2 (не превышает тысячекратного МРП)","0","04.2018","471010000, Мангистауская область, Актау Г.А., г.Актау, \"Мангистауская область, г. Актау, промзона, ТОО \"\"МАЭК-Казатомпром\"\", здание 201\"","471010000, Мангистауская область, Актау Г.А., г.Актау, \"Мангистауская область, г. Актау, промзона, ТОО \"\"МАЭК-Казатомпром\"\"\"","DDP","С даты подписания договора в течение 150 календарных дней","Предоплата - 0% , Промежуточный платеж - 0% , Окончательный платеж - 100% ","Килограмм",{"v":11,"d":"11.000"},{"v":2750,"d":"2,750.000"},{"v":30250,"d":"30,250.000"},{"v":33880,"d":"33,880.000"},"-","Товарищество с ограниченной ответственностью \"Мангистауский атомный энергетический комбинат-Казатомпром\""]
[null,"4530004","2481 Т","201341.500.000015","Сульфат магния","чистый для анализа, 7-водный","79:ГОСТ: 4523-77: 4523-77","ОИ","137-2 (не превышает тысячекратного МРП)","0","04.2018","471010000, Мангистауская область, Актау Г.А., г.Актау, \"Мангистауская область, г. Актау, промзона, ТОО \"\"МАЭК-Казатомпром\"\", здание 201\"","471010000, Мангистауская область, Актау Г.А., г.Актау, \"Мангистауская область, г. Актау, промзона, ТОО \"\"МАЭК-Казатомпром\"\"\"","DDP","С даты подписания договора в течение 150 календарных дней","Предоплата - 0% , Промежуточный платеж - 0% , Окончательный платеж - 100% ","Килограмм",{"v":2.2,"d":"2.200"},{"v":1024.65,"d":"1,024.650"},{"v":2254.23,"d":"2,254.230"},{"v":2524.74,"d":"2,524.740"},"-","Товарищество с ограниченной ответственностью \"Мангистауский атомный энергетический комбинат-Казатомпром\""]
[null,"4530135","2483 Т","201341.330.000001","Сульфит натрия","чистый для анализа","235:Наименование:Натрий сернистокислый б/в чда:Натрий сернистокислый б/в чда \\ 468:ТУ:6-09-43-77-78:6-09-43-77-78","ОИ","137-2 (не превышает тысячекратного МРП)","0","04.2018","471010000, Мангистауская область, Актау Г.А., г.Актау, \"Мангистауская область, г. Актау, промзона, ТОО \"\"МАЭК-Казатомпром\"\", здание 201\"","471010000, Мангистауская область, Актау Г.А., г.Актау, \"Мангистауская область, г. Актау, промзона, ТОО \"\"МАЭК-Казатомпром\"\"\"","DDP","С даты подписания договора в течение 150 календарных дней","Предоплата - 0% , Промежуточный платеж - 0% , Окончательный платеж - 100% ","Килограмм",{"v":14,"d":"14.000"},{"v":1550,"d":"1,550.000"},{"v":21700,"d":"21,700.000"},{"v":24304,"d":"24,304.000"},"-","Товарищество с ограниченной ответственностью \"Мангистауский атомный энергетический комбинат-Казатомпром\""]
[null,"4530150","2488 Т","201362.500.000001","Тетраборат натрия (бура)","химически чистый, 10-водный","79:ГОСТ:4199-76:4199-76","ОИ","137-2 (не превышает тысячекратного МРП)","0","04.2018","471010000, Мангистауская область, Актау Г.А., г.Актау, \"Мангистауская область, г. Актау, промзона, ТОО \"\"МАЭК-Казатомпром\"\", здание 201\"","471010000, Мангистауская область, Актау Г.А., г.Актау, \"Мангистауская область, г. Актау, промзона, ТОО \"\"МАЭК-Казатомпром\"\"\"","DDP","С даты подписания договора в течение 150 календарных дней","Предоплата - 0% , Промежуточный платеж - 0% , Окончательный платеж - 100% ","Килограмм",{"v":18.5,"d":"18.500"},{"v":975.45,"d":"975.450"},{"v":18045.83,"d":"18,045.830"},{"v":20211.32,"d":"20,211.320"},"-","Товарищество с ограниченной ответственностью \"Мангистауский атомный энергетический комбинат-Казатомпром\""]
[null,"4530165","2489 Т","201424.100.000008","Нафтол","кристаллические иглы","468:ТУ: 6-09-5417-89: 6-09-5417-89","ОИ","137-2 (не превышает тысячекратного МРП)","0","04.2018","471010000, Мангистауская область, Актау Г.А., г.Актау, \"Мангистауская область, г. Актау, промзона, ТОО \"\"МАЭК-Казатомпром\"\", здание 201\"","471010000, Мангистауская область, Актау Г.А., г.Актау, \"Мангистауская область, г. Актау, промзона, ТОО \"\"МАЭК-Казатомпром\"\"\"","DDP","С даты подписания договора в течение 150 календарных дней","Предоплата - 0% , Промежуточный платеж - 0% , Окончательный платеж - 100% ","Килограмм",{"v":0.1,"d":"0.100"},{"v":36615.2,"d":"36,615.200"},{"v":3661.52,"d":"3,661.520"},{"v":4100.9,"d":"4,100.900"},"-","Товарищество с ограниченной ответственностью \"Мангистауский атомный энергетический комбинат-Казатомпром\""]
[null,"4530045","2492 Т","222130.770.000000","Мембрана","из смеси ацетата целлюлозы","235:Наименование:Мембрана владипор МФАС-ОС-2 d=35мм, d пор 0,45 мкм :Мембрана владипор МФАС-ОС-2 d=35мм, d пор 0,45 мкм ","ОИ","137-2 (не превышает тысячекратного МРП)","0","04.2018","471010000, Мангистауская область, Актау Г.А., г.Актау, \"Мангистауская область, г. Актау, промзона, ТОО \"\"МАЭК-Казатомпром\"\", здание 201\"","471010000, Мангистауская область, Актау Г.А., г.Актау, \"Мангистауская область, г. Актау, промзона, ТОО \"\"МАЭК-Казатомпром\"\"\"","DDP","С даты подписания договора в течение 150 календарных дней","Предоплата - 0% , Промежуточный платеж - 0% , Окончательный платеж - 100% ","Штука",{"v":8000,"d":"8,000.000"},{"v":65,"d":"65.000"},{"v":520000,"d":"520,000.000"},{"v":582400,"d":"582,400.000"},"-","Товарищество с ограниченной ответственностью \"Мангистауский атомный энергетический комбинат-Казатомпром\""]
[null,"4530019","2497 Т","201442.300.000000","Метол","химически чистый","79:ГОСТ:25664-83:25664-83","ОИ","137-2 (не превышает тысячекратного МРП)","0","04.2018","471010000, Мангистауская область, Актау Г.А., г.Актау, \"Мангистауская область, г. Актау, промзона, ТОО \"\"МАЭК-Казатомпром\"\", здание 201\"","471010000, Мангистауская область, Актау Г.А., г.Актау, \"Мангистауская область, г. Актау, промзона, ТОО \"\"МАЭК-Казатомпром\"\"\"","DDP","С даты подписания договора в течение 150 календарных дней","Предоплата - 0% , Промежуточный платеж - 0% , Окончательный платеж - 100% ","Килограмм",{"v":0.11,"d":"0.110"},{"v":8419.64,"d":"8,419.640"},{"v":926.16,"d":"926.160"},{"v":1037.3,"d":"1,037.300"},"-","Товарищество с ограниченной ответственностью \"Мангистауский атомный энергетический комбинат-Казатомпром\""]
[null,"4540002","2501 Т","244313.300.000001","Олово","гранулированное чистое для анализа","468:ТУ:6-09-2704-88:6-09-2704-88","ОИ","137-2 (не превышает тысячекратного МРП)","0","04.2018","471010000, Мангистауская область, Актау Г.А., г.Актау, \"Мангистауская область, г. Актау, промзона, ТОО \"\"МАЭК-Казатомпром\"\", здание 201\"","471010000, Мангистауская область, Актау Г.А., г.Актау, \"Мангистауская область, г. Актау, промзона, ТОО \"\"МАЭК-Казатомпром\"\"\"","DDP","С даты подписания договора в течение 150 календарных дней","Предоплата - 0% , Промежуточный платеж - 0% , Окончательный платеж - 100% ","Килограмм",{"v":0.2,"d":"0.200"},{"v":47600,"d":"47,600.000"},{"v":9520,"d":"9,520.000"},{"v":10662.4,"d":"10,662.400"},"-","Товарищество с ограниченной ответственностью \"Мангистауский атомный энергетический комбинат-Казатомпром\""]
[null,"4540352","2504 Т","205956.900.000027","Кислота сульфаминовая","кристаллы","468:ТУ:6-09-2437-79:6-09-2437-79","ОИ","137-2 (не превышает тысячекратного МРП)","0","04.2018","471010000, Мангистауская область, Актау Г.А., г.Актау, \"Мангистауская область, г. Актау, промзона, ТОО \"\"МАЭК-Казатомпром\"\", здание 201\"","471010000, Мангистауская область, Актау Г.А., г.Актау, \"Мангистауская область, г. Актау, промзона, ТОО \"\"МАЭК-Казатомпром\"\"\"","DDP","С даты подписания договора в течение 150 календарных дней","Предоплата - 0% , Промежуточный платеж - 0% , Окончательный платеж - 100% ","Килограмм",{"v":0.1,"d":"0.100"},{"v":5500,"d":"5,500.000"},{"v":550,"d":"550.000"},{"v":616,"d":"616.000"},"-","Товарищество с ограниченной ответственностью \"Мангистауский атомный энергетический комбинат-Казатомпром\""]
[null,"4540302","2508 Т","201342.100.000017","Нитрат свинца","химически чистый","79:ГОСТ:4236-77:4236-77","ОИ","137-2 (не превышает тысячекратного МРП)","0","04.2018","471010000, Мангистауская область, Актау Г.А., г.Актау, \"Мангистауская область, г. Актау, промзона, ТОО \"\"МАЭК-Казатомпром\"\", здание 201\"","471010000, Мангистауская область, Актау Г.А., г.Актау, \"Мангистауская область, г. Актау, промзона, ТОО \"\"МАЭК-Казатомпром\"\"\"","DDP","С даты подписания договора в течение 150 календарных дней","Предоплата - 0% , Промежуточный платеж - 0% , Окончательный платеж - 100% ","Килограмм",{"v":0.1,"d":"0.100"},{"v":9750,"d":"9,750.000"},{"v":975,"d":"975.000"},{"v":1092,"d":"1,092.000"},"-","Товарищество с ограниченной ответственностью \"Мангистауский атомный энергетический комбинат-Казатомпром\""]
[null,"4540429","2510 Т","231923.300.000183","Трубка","индикаторная, из стекла","235:Наименование:Трубка индикаторная на хлор ((0,5-200 МГ/М3)):Трубка индикаторная на хлор ((0,5-200 МГ/М3))","ОИ","137-2 (не превышает тысячекратного МРП)","0","03.2018","471010000, Мангистауская область, Актау Г.А., г.Актау, \"Мангистауская область, г. Актау, промзона, ТОО \"\"МАЭК-Казатомпром\"\", здание 201\"","471010000, Мангистауская область, Актау Г.А., г.Актау, \"Мангистауская область, г. Актау, промзона, ТОО \"\"МАЭК-Казатомпром\"\"\"","DDP","С даты подписания договора в течение 150 календарных дней","Предоплата - 0% , Промежуточный платеж - 0% , Окончательный платеж - 100% ","Штука",{"v":25,"d":"25.000"},{"v":1461.88,"d":"1,461.880"},{"v":36547,"d":"36,547.000"},{"v":40932.64,"d":"40,932.640"},"-","Товарищество с ограниченной ответственностью \"Мангистауский атомный энергетический комбинат-Казатомпром\""]
[null,"4540223","2515 Т","201341.500.000042","Сульфат ртути","порошок","468:ТУ:2624-004-48438881-07:2624-004-48438881-07","ОИ","137-2 (не превышает тысячекратного МРП)","0","04.2018","471010000, Мангистауская область, Актау Г.А., г.Актау, \"Мангистауская область, г. Актау, промзона, ТОО \"\"МАЭК-Казатомпром\"\", здание 201\"","471010000, Мангистауская область, Актау Г.А., г.Актау, \"Мангистауская область, г. Актау, промзона, ТОО \"\"МАЭК-Казатомпром\"\"\"","DDP","С даты подписания договора в течение 150 календарных дней","Предоплата - 0% , Промежуточный платеж - 0% , Окончательный платеж - 100% ","Грамм",{"v":10,"d":"10.000"},{"v":319,"d":"319.000"},{"v":3190,"d":"3,190.000"},{"v":3572.8,"d":"3,572.800"},"-","Товарищество с ограниченной ответственностью \"Мангистауский атомный энергетический комбинат-Казатомпром\""]
[null,"4540341","2516 Т","201434.700.000012","Сульфосалициловая кислота","кристаллы в виде тонких игл","79:ГОСТ: 4478-78: 4478-78","ОИ","137-2 (не превышает тысячекратного МРП)","0","04.2018","471010000, Мангистауская область, Актау Г.А., г.Актау, \"Мангистауская область, г. Актау, промзона, ТОО \"\"МАЭК-Казатомпром\"\", здание 201\"","471010000, Мангистауская область, Актау Г.А., г.Актау, \"Мангистауская область, г. Актау, промзона, ТОО \"\"МАЭК-Казатомпром\"\"\"","DDP","С даты подписания договора в течение 150 календарных дней","Предоплата - 0% , Промежуточный платеж - 0% , Окончательный платеж - 100% ","Килограмм",{"v":1.2,"d":"1.200"},{"v":9000,"d":"9,000.000"},{"v":10800,"d":"10,800.000"},{"v":12096,"d":"12,096.000"},"-","Товарищество с ограниченной ответственностью \"Мангистауский атомный энергетический комбинат-Казатомпром\""]
[null,"4540436","2519 Т","265153.100.000013","Трубка индикаторная","определяемый компонент - хлороформ","235:Наименование:Трубка индикаторная на хлороформ (25 шт):Трубка индикаторная на хлороформ (25 шт)","ОИ","137-2 (не превышает тысячекратного МРП)","0","03.2018","471010000, Мангистауская область, Актау Г.А., г.Актау, \"Мангистауская область, г. Актау, промзона, ТОО \"\"МАЭК-Казатомпром\"\", здание 201\"","471010000, Мангистауская область, Актау Г.А., г.Актау, \"Мангистауская область, г. Актау, промзона, ТОО \"\"МАЭК-Казатомпром\"\"\"","DDP","С даты подписания договора в течение 150 календарных дней","Предоплата - 0% , Промежуточный платеж - 0% , Окончательный платеж - 100% ","Упаковка",{"v":2,"d":"2.000"},{"v":49832.95,"d":"49,832.950"},{"v":99665.9,"d":"99,665.900"},{"v":111625.81,"d":"111,625.810"},"-","Товарищество с ограниченной ответственностью \"Мангистауский атомный энергетический комбинат-Казатомпром\""]
[null,"4540425","2524 Т","231923.300.000183","Трубка","индикаторная, из стекла","235:Наименование:Трубка индикаторная на аммиак ((5-100МГ/М3)):Трубка индикаторная на аммиак ((5-100МГ/М3))","ОИ","137-2 (не превышает тысячекратного МРП)","0","03.2018","471010000, Мангистауская область, Актау Г.А., г.Актау, \"Мангистауская область, г. Актау, промзона, ТОО \"\"МАЭК-Казатомпром\"\", здание 201\"","471010000, Мангистауская область, Актау Г.А., г.Актау, \"Мангистауская область, г. Актау, промзона, ТОО \"\"МАЭК-Казатомпром\"\"\"","DDP","С даты подписания договора в течение 150 календарных дней","Предоплата - 0% , Промежуточный платеж - 0% , Окончательный платеж - 100% ","Штука",{"v":75,"d":"75.000"},{"v":1242,"d":"1,242.000"},{"v":93150,"d":"93,150.000"},{"v":104328,"d":"104,328.000"},"-","Товарищество с ограниченной ответственностью \"Мангистауский атомный энергетический комбинат-Казатомпром\""]
[null,"4540420","2527 Т","231923.300.000183","Трубка","индикаторная, из стекла","235:Наименование:Трубка индикаторная на ацетон ((100-10000МГ/М3)):Трубка индикаторная на ацетон ((100-10000МГ/М3))","ОИ","137-2 (не превышает тысячекратного МРП)","0","03.2018","471010000, Мангистауская область, Актау Г.А., г.Актау, \"Мангистауская область, г. Актау, промзона, ТОО \"\"МАЭК-Казатомпром\"\", здание 201\"","471010000, Мангистауская область, Актау Г.А., г.Актау, \"Мангистауская область, г. Актау, промзона, ТОО \"\"МАЭК-Казатомпром\"\"\"","DDP","С даты подписания договора в течение 150 календарных дней","Предоплата - 0% , Промежуточный платеж - 0% , Окончательный платеж - 100% ","Штука",{"v":25,"d":"25.000"},{"v":1384.6,"d":"1,384.600"},{"v":34615,"d":"34,615.000"},{"v":38768.8,"d":"38,768.800"},"-","Товарищество с ограниченной ответственностью \"Мангистауский атомный энергетический комбинат-Казатомпром\""]
[null,"4540733","2532 Т","265153.900.000081","Фильтр аналитический","аэрозольный","235:Наименование:Фильтр афа-вп-20:Фильтр афа-вп-20 \\ 468:ТУ:ТУ 95-1892-89:ТУ 95-1892-89","ОИ","137-2 (не превышает тысячекратного МРП)","0","04.2018","471010000, Мангистауская область, Актау Г.А., г.Актау, \"Мангистауская область, г. Актау, промзона, ТОО \"\"МАЭК-Казатомпром\"\", здание 201\"","471010000, Мангистауская область, Актау Г.А., г.Актау, \"Мангистауская область, г. Актау, промзона, ТОО \"\"МАЭК-Казатомпром\"\"\"","DDP","С даты подписания договора в течение 150 календарных дней","Предоплата - 0% , Промежуточный платеж - 0% , Окончательный платеж - 100% ","Упаковка",{"v":1,"d":"1.000"},{"v":12523.5,"d":"12,523.500"},{"v":12523.5,"d":"12,523.500"},{"v":14026.32,"d":"14,026.320"},"-","Товарищество с ограниченной ответственностью \"Мангистауский атомный энергетический комбинат-Казатомпром\""]
[null,"4540001","2535 Т","201331.300.000024","Олово двухлористое (хлорид олова)","порошок","468:ТУ:6-09-5393-88:6-09-5393-88","ОИ","137-2 (не превышает тысячекратного МРП)","0","04.2018","471010000, Мангистауская область, Актау Г.А., г.Актау, \"Мангистауская область, г. Актау, промзона, ТОО \"\"МАЭК-Казатомпром\"\", здание 201\"","471010000, Мангистауская область, Актау Г.А., г.Актау, \"Мангистауская область, г. Актау, промзона, ТОО \"\"МАЭК-Казатомпром\"\"\"","DDP","С даты подписания договора в течение 150 календарных дней","Предоплата - 0% , Промежуточный платеж - 0% , Окончательный платеж - 100% ","Килограмм",{"v":0.5,"d":"0.500"},{"v":20821.9,"d":"20,821.900"},{"v":10410.95,"d":"10,410.950"},{"v":11660.26,"d":"11,660.260"},"-","Товарищество с ограниченной ответственностью \"Мангистауский атомный энергетический комбинат-Казатомпром\""]
[null,"4540811","2538 Т","201332.590.000001","Цирконий хлорокись","химически чистый","235:Наименование:Цирконий (IV) хлорокись 8-вод. чда:Цирконий (IV) хлорокись 8-вод. чда \\ 468:ТУ:6-09-3677-74:6-09-3677-74","ОИ","137-2 (не превышает тысячекратного МРП)","0","04.2018","471010000, Мангистауская область, Актау Г.А., г.Актау, \"Мангистауская область, г. Актау, промзона, ТОО \"\"МАЭК-Казатомпром\"\", здание 201\"","471010000, Мангистауская область, Актау Г.А., г.Актау, \"Мангистауская область, г. Актау, промзона, ТОО \"\"МАЭК-Казатомпром\"\"\"","DDP","С даты подписания договора в течение 150 календарных дней","Предоплата - 0% , Промежуточный платеж - 0% , Окончательный платеж - 100% ","Килограмм",{"v":0.2,"d":"0.200"},{"v":60294.61,"d":"60,294.610"},{"v":12058.92,"d":"12,058.920"},{"v":13505.99,"d":"13,505.990"},"-","Товарищество с ограниченной ответственностью \"Мангистауский атомный энергетический комбинат-Казатомпром\""]
[null,"4540730","2541 Т","265153.900.000081","Фильтр аналитический","аэрозольный","235:Наименование:Фильтр  афа-рмп-20:Фильтр  афа-рмп-20 \\ 468:ТУ: 95-1892-89: 95-1892-89","ОИ","137-2 (не превышает тысячекратного МРП)","0","04.2018","471010000, Мангистауская область, Актау Г.А., г.Актау, \"Мангистауская область, г. Актау, промзона, ТОО \"\"МАЭК-Казатомпром\"\", здание 201\"","471010000, Мангистауская область, Актау Г.А., г.Актау, \"Мангистауская область, г. Актау, промзона, ТОО \"\"МАЭК-Казатомпром\"\"\"","DDP","С даты подписания договора в течение 150 календарных дней","Предоплата - 0% , Промежуточный платеж - 0% , Окончательный платеж - 100% ","Упаковка",{"v":40,"d":"40.000"},{"v":25000,"d":"25,000.000"},{"v":1000000,"d":"1,000,000.000"},{"v":1120000,"d":"1,120,000.000"},"-","Товарищество с ограниченной ответственностью \"Мангистауский атомный энергетический комбинат-Казатомпром\""]
[null,"4540805","2543 Т","201331.300.000010","Цинк хлористый","чистый для анализа","79:ГОСТ:4529-78:4529-78","ОИ","137-2 (не превышает тысячекратного МРП)","0","04.2018","471010000, Мангистауская область, Актау Г.А., г.Актау, \"Мангистауская область, г. Актау, промзона, ТОО \"\"МАЭК-Казатомпром\"\", здание 201\"","471010000, Мангистауская область, Актау Г.А., г.Актау, \"Мангистауская область, г. Актау, промзона, ТОО \"\"МАЭК-Казатомпром\"\"\"","DDP","С даты подписания договора в течение 150 календарных дней","Предоплата - 0% , Промежуточный платеж - 0% , Окончательный платеж - 100% ","Килограмм",{"v":0.2,"d":"0.200"},{"v":3580,"d":"3,580.000"},{"v":716,"d":"716.000"},{"v":801.92,"d":"801.920"},"-","Товарищество с ограниченной ответственностью \"Мангистауский атомный энергетический комбинат-Казатомпром\""]
[null,"4540405","2546 Т","205952.100.000032","Среда питательная","для контроля стерильности различных биоматериалов, сухая","235:Наименование:Тиоглеколевая среда:Тиоглеколевая среда \\ 468:ТУ: 9398-040-78095326-2008: 9398-040-78095326-2008","ОИ","137-2 (не превышает тысячекратного МРП)","0","04.2018","471010000, Мангистауская область, Актау Г.А., г.Актау, \"Мангистауская область, г. Актау, промзона, ТОО \"\"МАЭК-Казатомпром\"\", здание 201\"","471010000, Мангистауская область, Актау Г.А., г.Актау, \"Мангистауская область, г. Актау, промзона, ТОО \"\"МАЭК-Казатомпром\"\"\"","DDP","С даты подписания договора в течение 150 календарных дней","Предоплата - 0% , Промежуточный платеж - 0% , Окончательный платеж - 100% ","Килограмм",{"v":2,"d":"2.000"},{"v":72000,"d":"72,000.000"},{"v":144000,"d":"144,000.000"},{"v":161280,"d":"161,280.000"},"-","Товарищество с ограниченной ответственностью \"Мангистауский атомный энергетический комбинат-Казатомпром\""]
[null,"4540133","2550 Т","205952.100.000029","Среда питательная","для выделения энтеробактерий, сухая","235:Наименование:Среда Кода:Среда Кода \\ 468:ТУ:9398-033-78095326-2007:9398-033-78095326-2007","ОИ","137-2 (не превышает тысячекратного МРП)","0","04.2018","471010000, Мангистауская область, Актау Г.А., г.Актау, \"Мангистауская область, г. Актау, промзона, ТОО \"\"МАЭК-Казатомпром\"\", здание 201\"","471010000, Мангистауская область, Актау Г.А., г.Актау, \"Мангистауская область, г. Актау, промзона, ТОО \"\"МАЭК-Казатомпром\"\"\"","DDP","С даты подписания договора в течение 150 календарных дней","Предоплата - 0% , Промежуточный платеж - 0% , Окончательный платеж - 100% ","Грамм",{"v":60,"d":"60.000"},{"v":36.8,"d":"36.800"},{"v":2208,"d":"2,208.000"},{"v":2472.96,"d":"2,472.960"},"-","Товарищество с ограниченной ответственностью \"Мангистауский атомный энергетический комбинат-Казатомпром\""]
[null,"4540220","2554 Т","201352.900.000005","Нитрат ртути (I)","2-водный, химически чистый","235:Наименование:Ртуть (I) азотнокислая 2-водная хч:Ртуть (I) азотнокислая 2-водная хч","ОИ","137-2 (не превышает тысячекратного МРП)","0","04.2018","471010000, Мангистауская область, Актау Г.А., г.Актау, \"Мангистауская область, г. Актау, промзона, ТОО \"\"МАЭК-Казатомпром\"\", здание 201\"","471010000, Мангистауская область, Актау Г.А., г.Актау, \"Мангистауская область, г. Актау, промзона, ТОО \"\"МАЭК-Казатомпром\"\"\"","DDP","С даты подписания договора в течение 150 календарных дней","Предоплата - 0% , Промежуточный платеж - 0% , Окончательный платеж - 100% ","Килограмм",{"v":0.5,"d":"0.500"},{"v":95000,"d":"95,000.000"},{"v":47500,"d":"47,500.000"},{"v":53200,"d":"53,200.000"},"-","Товарищество с ограниченной ответственностью \"Мангистауский атомный энергетический комбинат-Казатомпром\""]
[null,"4540801","2559 Т","244312.300.000008","Цинк","гранулированный чистый для анализа","468:ТУ:6-09-5294-86:6-09-5294-86","ОИ","137-2 (не превышает тысячекратного МРП)","0","04.2018","471010000, Мангистауская область, Актау Г.А., г.Актау, \"Мангистауская область, г. Актау, промзона, ТОО \"\"МАЭК-Казатомпром\"\", здание 201\"","471010000, Мангистауская область, Актау Г.А., г.Актау, \"Мангистауская область, г. Актау, промзона, ТОО \"\"МАЭК-Казатомпром\"\"\"","DDP","С даты подписания договора в течение 150 календарных дней","Предоплата - 0% , Промежуточный платеж - 0% , Окончательный платеж - 100% ","Килограмм",{"v":1.1,"d":"1.100"},{"v":7688,"d":"7,688.000"},{"v":8456.8,"d":"8,456.800"},{"v":9471.62,"d":"9,471.620"},"-","Товарищество с ограниченной ответственностью \"Мангистауский атомный энергетический комбинат-Казатомпром\""]
[null,"4540140","2562 Т","212013.990.000509","Перекись водорода  ","раствор","79:ГОСТ:177-88:177-88 \\ 1:Доля %:36-38:36-38","ОИ","137-2 (не превышает тысячекратного МРП)","0","04.2018","471010000, Мангистауская область, Актау Г.А., г.Актау, \"Мангистауская область, г. Актау, промзона, ТОО \"\"МАЭК-Казатомпром\"\", здание 201\"","471010000, Мангистауская область, Актау Г.А., г.Актау, \"Мангистауская область, г. Актау, промзона, ТОО \"\"МАЭК-Казатомпром\"\"\"","DDP","С даты подписания договора в течение 150 календарных дней","Предоплата - 0% , Промежуточный платеж - 0% , Окончательный платеж - 100% ","Килограмм",{"v":0.2,"d":"0.200"},{"v":1650,"d":"1,650.000"},{"v":330,"d":"330.000"},{"v":369.6,"d":"369.600"},"-","Товарищество с ограниченной ответственностью \"Мангистауский атомный энергетический комбинат-Казатомпром\""]
[null,"4540722","2565 Т","172919.900.000008","Фильтр","обеззоленный, лабораторный, среднефильтрирующий","235:Наименование:\"Фильтр \"\"синяя лента\"\" ф 12,5см\":\"Фильтр \"\"синяя лента\"\" ф 12,5см\" \\ 468:ТУ:6-09-1687-95:6-09-1687-95","ОИ","137-2 (не превышает тысячекратного МРП)","0","04.2018","471010000, Мангистауская область, Актау Г.А., г.Актау, \"Мангистауская область, г. Актау, промзона, ТОО \"\"МАЭК-Казатомпром\"\", здание 201\"","471010000, Мангистауская область, Актау Г.А., г.Актау, \"Мангистауская область, г. Актау, промзона, ТОО \"\"МАЭК-Казатомпром\"\"\"","DDP","С даты подписания договора в течение 150 календарных дней","Предоплата - 0% , Промежуточный платеж - 0% , Окончательный платеж - 100% ","Упаковка",{"v":39,"d":"39.000"},{"v":875,"d":"875.000"},{"v":34125,"d":"34,125.000"},{"v":38220,"d":"38,220.000"},"-","Товарищество с ограниченной ответственностью \"Мангистауский атомный энергетический комбинат-Казатомпром\""]
[null,"4540211","2568 Т","205959.600.000015","Грисса","чистый для анализа, реагент","468:ТУ:6-09-3569-86:6-09-3569-86","ОИ","137-2 (не превышает тысячекратного МРП)","0","04.2018","471010000, Мангистауская область, Актау Г.А., г.Актау, \"Мангистауская область, г. Актау, промзона, ТОО \"\"МАЭК-Казатомпром\"\", здание 201\"","471010000, Мангистауская область, Актау Г.А., г.Актау, \"Мангистауская область, г. Актау, промзона, ТОО \"\"МАЭК-Казатомпром\"\"\"","DDP","С даты подписания договора в течение 150 календарных дней","Предоплата - 0% , Промежуточный платеж - 0% , Окончательный платеж - 100% ","Килограмм",{"v":3.3,"d":"3.300"},{"v":10103.58,"d":"10,103.580"},{"v":33341.81,"d":"33,341.810"},{"v":37342.83,"d":"37,342.830"},"-","Товарищество с ограниченной ответственностью \"Мангистауский атомный энергетический комбинат-Казатомпром\""]
[null,"4541002","2570 Т","201341.800.000006","Персульфат аммония (надсернокислый аммоний)","стандарт-титр","235:Наименование:Фиксанал аммоний хлористый:Фиксанал аммоний хлористый \\ 468:ТУ:6-09-1678-64:6-09-1678-64","ОИ","137-2 (не превышает тысячекратного МРП)","0","03.2018","471010000, Мангистауская область, Актау Г.А., г.Актау, \"Мангистауская область, г. Актау, промзона, ТОО \"\"МАЭК-Казатомпром\"\", здание 201\"","471010000, Мангистауская область, Актау Г.А., г.Актау, \"Мангистауская область, г. Актау, промзона, ТОО \"\"МАЭК-Казатомпром\"\"\"","DDP","С даты подписания договора в течение 150 календарных дней","Предоплата - 0% , Промежуточный платеж - 0% , Окончательный платеж - 100% ","Упаковка",{"v":1,"d":"1.000"},{"v":2412.03,"d":"2,412.030"},{"v":2412.03,"d":"2,412.030"},{"v":2701.47,"d":"2,701.470"},"-","Товарищество с ограниченной ответственностью \"Мангистауский атомный энергетический комбинат-Казатомпром\""]
[null,"4541004","2573 Т","201331.700.000010","Йодид калия","стандарт-титр","468:ТУ: 6-09-2540-72: 6-09-2540-72","ОИ","137-2 (не превышает тысячекратного МРП)","0","03.2018","471010000, Мангистауская область, Актау Г.А., г.Актау, \"Мангистауская область, г. Актау, промзона, ТОО \"\"МАЭК-Казатомпром\"\", здание 201\"","471010000, Мангистауская область, Актау Г.А., г.Актау, \"Мангистауская область, г. Актау, промзона, ТОО \"\"МАЭК-Казатомпром\"\"\"","DDP","С даты подписания договора в течение 150 календарных дней","Предоплата - 0% , Промежуточный платеж - 0% , Окончательный платеж - 100% ","Упаковка",{"v":1,"d":"1.000"},{"v":11014.86,"d":"11,014.860"},{"v":11014.86,"d":"11,014.860"},{"v":12336.64,"d":"12,336.640"},"-","Товарищество с ограниченной ответственностью \"Мангистауский атомный энергетический комбинат-Казатомпром\""]
[null,"4540512","2577 Т","201442.900.000008","Уротропин технический","(гексаметилентетрамин, гексамин), марка М","79:ГОСТ:1381-73:1381-73","ОИ","137-2 (не превышает тысячекратного МРП)","0","04.2018","471010000, Мангистауская область, Актау Г.А., г.Актау, \"Мангистауская область, г. Актау, промзона, ТОО \"\"МАЭК-Казатомпром\"\", здание 201\"","471010000, Мангистауская область, Актау Г.А., г.Актау, \"Мангистауская область, г. Актау, промзона, ТОО \"\"МАЭК-Казатомпром\"\"\"","DDP","С даты подписания договора в течение 150 календарных дней","Предоплата - 0% , Промежуточный платеж - 0% , Окончательный платеж - 100% ","Килограмм",{"v":0.15,"d":"0.150"},{"v":1437.5,"d":"1,437.500"},{"v":215.63,"d":"215.630"},{"v":241.5,"d":"241.500"},"-","Товарищество с ограниченной ответственностью \"Мангистауский атомный энергетический комбинат-Казатомпром\""]
[null,"4541007","2581 Т","201341.500.000034","Сульфат магния","стандарт-титр","468:ТУ:6-09-2540-72:6-09-2540-72 \\ 468:ТУ:2642-001-33813273-97:2642-001-33813273-97","ОИ","137-2 (не превышает тысячекратного МРП)","0","03.2018","471010000, Мангистауская область, Актау Г.А., г.Актау, \"Мангистауская область, г. Актау, промзона, ТОО \"\"МАЭК-Казатомпром\"\", здание 201\"","471010000, Мангистауская область, Актау Г.А., г.Актау, \"Мангистауская область, г. Актау, промзона, ТОО \"\"МАЭК-Казатомпром\"\"\"","DDP","С даты подписания договора в течение 150 календарных дней","Предоплата - 0% , Промежуточный платеж - 0% , Окончательный платеж - 100% ","Упаковка",{"v":7,"d":"7.000"},{"v":4270,"d":"4,270.000"},{"v":29890,"d":"29,890.000"},{"v":33476.8,"d":"33,476.800"},"-","Товарищество с ограниченной ответственностью \"Мангистауский атомный энергетический комбинат-Казатомпром\""]
[null,"4540060","2584 Т","201452.500.000005","Фенолфталеин","порошок","235:Наименование:Фенолфталеин чда:Фенолфталеин чда","ОИ","137-2 (не превышает тысячекратного МРП)","0","04.2018","471010000, Мангистауская область, Актау Г.А., г.Актау, \"Мангистауская область, г. Актау, промзона, ТОО \"\"МАЭК-Казатомпром\"\", здание 201\"","471010000, Мангистауская область, Актау Г.А., г.Актау, \"Мангистауская область, г. Актау, промзона, ТОО \"\"МАЭК-Казатомпром\"\"\"","DDP","С даты подписания договора в течение 150 календарных дней","Предоплата - 0% , Промежуточный платеж - 0% , Окончательный платеж - 100% ","Килограмм",{"v":0.31,"d":"0.310"},{"v":33807.7,"d":"33,807.700"},{"v":10480.39,"d":"10,480.390"},{"v":11738.03,"d":"11,738.030"},"-","Товарищество с ограниченной ответственностью \"Мангистауский атомный энергетический комбинат-Казатомпром\""]
[null,"4540353","2586 Т","205959.900.000022","Металлоиндикатор","сульфарсазен","468:ТУ:6-09-4681-83:6-09-4681-83","ОИ","137-2 (не превышает тысячекратного МРП)","0","04.2018","471010000, Мангистауская область, Актау Г.А., г.Актау, \"Мангистауская область, г. Актау, промзона, ТОО \"\"МАЭК-Казатомпром\"\", здание 201\"","471010000, Мангистауская область, Актау Г.А., г.Актау, \"Мангистауская область, г. Актау, промзона, ТОО \"\"МАЭК-Казатомпром\"\"\"","DDP","С даты подписания договора в течение 150 календарных дней","Предоплата - 0% , Промежуточный платеж - 0% , Окончательный платеж - 100% ","Килограмм",{"v":0.14,"d":"0.140"},{"v":2226202.2,"d":"2,226,202.200"},{"v":311668.31,"d":"311,668.310"},{"v":349068.5,"d":"349,068.500"},"-","Товарищество с ограниченной ответственностью \"Мангистауский атомный энергетический комбинат-Казатомпром\""]
[null,"4541008","2592 Т","201325.200.000004","Гидроксид натрия","стандарт-титр","468:ТУ:2642-001-33813273-97:2642-001-33813273-97","ОИ","137-2 (не превышает тысячекратного МРП)","0","03.2018","471010000, Мангистауская область, Актау Г.А., г.Актау, \"Мангистауская область, г. Актау, промзона, ТОО \"\"МАЭК-Казатомпром\"\", здание 201\"","471010000, Мангистауская область, Актау Г.А., г.Актау, \"Мангистауская область, г. Актау, промзона, ТОО \"\"МАЭК-Казатомпром\"\"\"","DDP","С даты подписания договора в течение 150 календарных дней","Предоплата - 0% , Промежуточный платеж - 0% , Окончательный платеж - 100% ","Упаковка",{"v":14,"d":"14.000"},{"v":4250,"d":"4,250.000"},{"v":59500,"d":"59,500.000"},{"v":66640,"d":"66,640.000"},"-","Товарищество с ограниченной ответственностью \"Мангистауский атомный энергетический комбинат-Казатомпром\""]
[null,"4541005","2593 Т","201351.400.000005","Перманганат калия","стандарт-титр","468:ТУ:2642-001-33813273-97:2642-001-33813273-97 \\ 478:Упаковка:Ампула:Ампула","ОИ","137-2 (не превышает тысячекратного МРП)","0","03.2018","471010000, Мангистауская область, Актау Г.А., г.Актау, \"Мангистауская область, г. Актау, промзона, ТОО \"\"МАЭК-Казатомпром\"\", здание 201\"","471010000, Мангистауская область, Актау Г.А., г.Актау, \"Мангистауская область, г. Актау, промзона, ТОО \"\"МАЭК-Казатомпром\"\"\"","DDP","С даты подписания договора в течение 150 календарных дней","Предоплата - 0% , Промежуточный платеж - 0% , Окончательный платеж - 100% ","Штука",{"v":12,"d":"12.000"},{"v":616,"d":"616.000"},{"v":7392,"d":"7,392.000"},{"v":8279.04,"d":"8,279.040"},"-","Товарищество с ограниченной ответственностью \"Мангистауский атомный энергетический комбинат-Казатомпром\""]
[null,"4540705","2599 Т","172919.900.000008","Фильтр","обеззоленный, лабораторный, среднефильтрирующий","235:Наименование:\"Фильтр \"\"белая лента\"\" 5 см\":\"Фильтр \"\"белая лента\"\" 5 см\" \\ 468:ТУ:6-09-1678-95:6-09-1678-95","ОИ","137-2 (не превышает тысячекратного МРП)","0","04.2018","471010000, Мангистауская область, Актау Г.А., г.Актау, \"Мангистауская область, г. Актау, промзона, ТОО \"\"МАЭК-Казатомпром\"\", здание 201\"","471010000, Мангистауская область, Актау Г.А., г.Актау, \"Мангистауская область, г. Актау, промзона, ТОО \"\"МАЭК-Казатомпром\"\"\"","DDP","С даты подписания договора в течение 150 календарных дней","Предоплата - 0% , Промежуточный платеж - 0% , Окончательный платеж - 100% ","Упаковка",{"v":10,"d":"10.000"},{"v":427.9,"d":"427.900"},{"v":4279,"d":"4,279.000"},{"v":4792.48,"d":"4,792.480"},"-","Товарищество с ограниченной ответственностью \"Мангистауский атомный энергетический комбинат-Казатомпром\""]
[null,"4543010","2600 Т","201221.200.000000","Эозин К","чистый для анализа","468:ТУ:6-09-4185-76:6-09-4185-76","ОИ","137-2 (не превышает тысячекратного МРП)","0","04.2018","471010000, Мангистауская область, Актау Г.А., г.Актау, \"Мангистауская область, г. Актау, промзона, ТОО \"\"МАЭК-Казатомпром\"\", здание 201\"","471010000, Мангистауская область, Актау Г.А., г.Актау, \"Мангистауская область, г. Актау, промзона, ТОО \"\"МАЭК-Казатомпром\"\"\"","DDP","С даты подписания договора в течение 150 календарных дней","Предоплата - 0% , Промежуточный платеж - 0% , Окончательный платеж - 100% ","Грамм",{"v":50,"d":"50.000"},{"v":308.9,"d":"308.900"},{"v":15445,"d":"15,445.000"},{"v":17298.4,"d":"17,298.400"},"-","Товарищество с ограниченной ответственностью \"Мангистауский атомный энергетический комбинат-Казатомпром\""]
[null,"4540013","2604 Т","205959.900.000021","Металлоиндикатор","ортофенантролин гидрохлорид, порошок","235:Наименование:Ортофенантролин солянокислый чда:Ортофенантролин солянокислый чда","ОИ","137-2 (не превышает тысячекратного МРП)","0","04.2018","471010000, Мангистауская область, Актау Г.А., г.Актау, \"Мангистауская область, г. Актау, промзона, ТОО \"\"МАЭК-Казатомпром\"\", здание 201\"","471010000, Мангистауская область, Актау Г.А., г.Актау, \"Мангистауская область, г. Актау, промзона, ТОО \"\"МАЭК-Казатомпром\"\"\"","DDP","С даты подписания договора в течение 150 календарных дней","Предоплата - 0% , Промежуточный платеж - 0% , Окончательный платеж - 100% ","Килограмм",{"v":0.8,"d":"0.800"},{"v":429548,"d":"429,548.000"},{"v":343638.4,"d":"343,638.400"},{"v":384875.01,"d":"384,875.010"},"-","Товарищество с ограниченной ответственностью \"Мангистауский атомный энергетический комбинат-Казатомпром\""]
[null,"4543055","2608 Т","201221.900.000014","Щелочной голубой 6Б (кислый голубой 119)","порошок","235:Наименование:Щелочной голубой чда:Щелочной голубой чда","ОИ","137-2 (не превышает тысячекратного МРП)","0","04.2018","471010000, Мангистауская область, Актау Г.А., г.Актау, \"Мангистауская область, г. Актау, промзона, ТОО \"\"МАЭК-Казатомпром\"\", здание 201\"","471010000, Мангистауская область, Актау Г.А., г.Актау, \"Мангистауская область, г. Актау, промзона, ТОО \"\"МАЭК-Казатомпром\"\"\"","DDP","С даты подписания договора в течение 150 календарных дней","Предоплата - 0% , Промежуточный платеж - 0% , Окончательный платеж - 100% ","Грамм",{"v":20,"d":"20.000"},{"v":218.24,"d":"218.240"},{"v":4364.8,"d":"4,364.800"},{"v":4888.58,"d":"4,888.580"},"-","Товарищество с ограниченной ответственностью \"Мангистауский атомный энергетический комбинат-Казатомпром\""]
[null,"4541003","2612 Т","201321.130.000002","Йод","стандарт-титр","468:ТУ:2642-001-33813273-97:2642-001-33813273-97","ОИ","137-2 (не превышает тысячекратного МРП)","0","03.2018","471010000, Мангистауская область, Актау Г.А., г.Актау, \"Мангистауская область, г. Актау, промзона, ТОО \"\"МАЭК-Казатомпром\"\", здание 201\"","471010000, Мангистауская область, Актау Г.А., г.Актау, \"Мангистауская область, г. Актау, промзона, ТОО \"\"МАЭК-Казатомпром\"\"\"","DDP","С даты подписания договора в течение 150 календарных дней","Предоплата - 0% , Промежуточный платеж - 0% , Окончательный платеж - 100% ","Упаковка",{"v":22,"d":"22.000"},{"v":28800,"d":"28,800.000"},{"v":633600,"d":"633,600.000"},{"v":709632,"d":"709,632.000"},"-","Товарищество с ограниченной ответственностью \"Мангистауский атомный энергетический комбинат-Казатомпром\""]
[null,"4540702","2613 Т","172919.900.000008","Фильтр","обеззоленный, лабораторный, среднефильтрирующий","235:Наименование:\"Фильтр \"\"белая лента\"\" ф 15см\":\"Фильтр \"\"белая лента\"\" ф 15см\" \\ 468:ТУ:6-09-1678-95:6-09-1678-95","ОИ","137-2 (не превышает тысячекратного МРП)","0","04.2018","471010000, Мангистауская область, Актау Г.А., г.Актау, \"Мангистауская область, г. Актау, промзона, ТОО \"\"МАЭК-Казатомпром\"\", здание 201\"","471010000, Мангистауская область, Актау Г.А., г.Актау, \"Мангистауская область, г. Актау, промзона, ТОО \"\"МАЭК-Казатомпром\"\"\"","DDP","С даты подписания договора в течение 150 календарных дней","Предоплата - 0% , Промежуточный платеж - 0% , Окончательный платеж - 100% ","Упаковка",{"v":11,"d":"11.000"},{"v":1200,"d":"1,200.000"},{"v":13200,"d":"13,200.000"},{"v":14784,"d":"14,784.000"},"-","Товарищество с ограниченной ответственностью \"Мангистауский атомный энергетический комбинат-Казатомпром\""]
[null,"4540340","2619 Т","201434.700.000012","Сульфосалициловая кислота","кристаллы в виде тонких игл","79:ГОСТ:4478-78 изм.1:4478-78 изм.1","ОИ","137-2 (не превышает тысячекратного МРП)","0","04.2018","471010000, Мангистауская область, Актау Г.А., г.Актау, \"Мангистауская область, г. Актау, промзона, ТОО \"\"МАЭК-Казатомпром\"\", здание 201\"","471010000, Мангистауская область, Актау Г.А., г.Актау, \"Мангистауская область, г. Актау, промзона, ТОО \"\"МАЭК-Казатомпром\"\"\"","DDP","С даты подписания договора в течение 150 календарных дней","Предоплата - 0% , Промежуточный платеж - 0% , Окончательный платеж - 100% ","Килограмм",{"v":0.5,"d":"0.500"},{"v":8880,"d":"8,880.000"},{"v":4440,"d":"4,440.000"},{"v":4972.8,"d":"4,972.800"},"-","Товарищество с ограниченной ответственностью \"Мангистауский атомный энергетический комбинат-Казатомпром\""]
[null,"4540120","2620 Т","201463.990.000001","Эфир петролейный","жидкость","79:ГОСТ:11992-66:11992-66 \\ 468:ТУ:6-02-1244-63:6-02-1244-63 \\ 1:Доля %:70-100:70-100","ОИ","137-2 (не превышает тысячекратного МРП)","0","04.2018","471010000, Мангистауская область, Актау Г.А., г.Актау, \"Мангистауская область, г. Актау, промзона, ТОО \"\"МАЭК-Казатомпром\"\", здание 201\"","471010000, Мангистауская область, Актау Г.А., г.Актау, \"Мангистауская область, г. Актау, промзона, ТОО \"\"МАЭК-Казатомпром\"\"\"","DDP","С даты подписания договора в течение 150 календарных дней","Предоплата - 0% , Промежуточный платеж - 0% , Окончательный платеж - 100% ","Килограмм",{"v":1,"d":"1.000"},{"v":5670,"d":"5,670.000"},{"v":5670,"d":"5,670.000"},{"v":6350.4,"d":"6,350.400"},"-","Товарищество с ограниченной ответственностью \"Мангистауский атомный энергетический комбинат-Казатомпром\""]
[null,"4540450","2626 Т","205956.900.000006","Соль динатриевая этилендиамин-N,N,N',N'- тетрауксусной кислоты 2-водная (трилон Б)","чистый для анализа","79:ГОСТ:10652-73:10652-73","ОИ","137-2 (не превышает тысячекратного МРП)","0","04.2018","471010000, Мангистауская область, Актау Г.А., г.Актау, \"Мангистауская область, г. Актау, промзона, ТОО \"\"МАЭК-Казатомпром\"\", здание 201\"","471010000, Мангистауская область, Актау Г.А., г.Актау, \"Мангистауская область, г. Актау, промзона, ТОО \"\"МАЭК-Казатомпром\"\"\"","DDP","С даты подписания договора в течение 150 календарных дней","Предоплата - 0% , Промежуточный платеж - 0% , Окончательный платеж - 100% ","Килограмм",{"v":9.5,"d":"9.500"},{"v":4950,"d":"4,950.000"},{"v":47025,"d":"47,025.000"},{"v":52668,"d":"52,668.000"},"-","Товарищество с ограниченной ответственностью \"Мангистауский атомный энергетический комбинат-Казатомпром\""]
[null,"4540510","2627 Т","201432.710.000001","Кислота уксусная","химически чистая, ледяная","79:ГОСТ:61-75:61-75 \\ 79:ГОСТ:18270-72:18270-72","ОИ","137-2 (не превышает тысячекратного МРП)","0","04.2018","471010000, Мангистауская область, Актау Г.А., г.Актау, \"Мангистауская область, г. Актау, промзона, ТОО \"\"МАЭК-Казатомпром\"\", здание 201\"","471010000, Мангистауская область, Актау Г.А., г.Актау, \"Мангистауская область, г. Актау, промзона, ТОО \"\"МАЭК-Казатомпром\"\"\"","DDP","С даты подписания договора в течение 150 календарных дней","Предоплата - 0% , Промежуточный платеж - 0% , Окончательный платеж - 100% ","Килограмм",{"v":25.5,"d":"25.500"},{"v":1950.89,"d":"1,950.890"},{"v":49747.7,"d":"49,747.700"},{"v":55717.42,"d":"55,717.420"},"-","Товарищество с ограниченной ответственностью \"Мангистауский атомный энергетический комбинат-Казатомпром\""]
[null,"4580866","2631 Т","201111.900.000015","Смесь поверочная газовая","аргон в азоте","235:Наименование:Газовая смесь Н2-воздух(0,5):Газовая смесь Н2-воздух(0,5)","ЦПП","-","0","03.2018","471010000, Мангистауская область, Актау Г.А., г.Актау, \"Мангистауская область, г. Актау, промзона, ТОО \"\"МАЭК-Казатомпром\"\", здание 201\"","471010000, Мангистауская область, Актау Г.А., г.Актау, \"Мангистауская область, г. Актау, промзона, ТОО \"\"МАЭК-Казатомпром\"\"\"","DDP","С даты подписания договора в течение 30 календарных дней","Предоплата - 0% , Промежуточный платеж - 0% , Окончательный платеж - 100% ","Штука",{"v":1,"d":"1.000"},{"v":74773.61,"d":"74,773.610"},{"v":74773.61,"d":"74,773.610"},{"v":83746.44,"d":"83,746.440"},"-","Товарищество с ограниченной ответственностью \"Мангистауский атомный энергетический комбинат-Казатомпром\""]
[null,"4580825","2635 Т","201111.900.000020","Смесь поверочная газовая","этилмеркаптан в азоте","235:Наименование:Газовая смесь СО-N2(1,0):Газовая смесь СО-N2(1,0)","ЦПП","-","0","03.2018","471010000, Мангистауская область, Актау Г.А., г.Актау, \"Мангистауская область, г. Актау, промзона, ТОО \"\"МАЭК-Казатомпром\"\", здание 201\"","471010000, Мангистауская область, Актау Г.А., г.Актау, \"Мангистауская область, г. Актау, промзона, ТОО \"\"МАЭК-Казатомпром\"\"\"","DDP","С даты подписания договора в течение 30 календарных дней","Предоплата - 0% , Промежуточный платеж - 0% , Окончательный платеж - 100% ","Штука",{"v":1,"d":"1.000"},{"v":71687.89,"d":"71,687.890"},{"v":71687.89,"d":"71,687.890"},{"v":80290.44,"d":"80,290.440"},"-","Товарищество с ограниченной ответственностью \"Мангистауский атомный энергетический комбинат-Казатомпром\""]
[null,"4580867","2639 Т","201111.900.000016","Смесь поверочная газовая","сероводород в азоте","235:Наименование:Газовая смесь Н2-воздух(0,7):Газовая смесь Н2-воздух(0,7)","ЦПП","-","0","03.2018","471010000, Мангистауская область, Актау Г.А., г.Актау, \"Мангистауская область, г. Актау, промзона, ТОО \"\"МАЭК-Казатомпром\"\", здание 201\"","471010000, Мангистауская область, Актау Г.А., г.Актау, \"Мангистауская область, г. Актау, промзона, ТОО \"\"МАЭК-Казатомпром\"\"\"","DDP","С даты подписания договора в течение 30 календарных дней","Предоплата - 0% , Промежуточный платеж - 0% , Окончательный платеж - 100% ","Штука",{"v":1,"d":"1.000"},{"v":71687.89,"d":"71,687.890"},{"v":71687.89,"d":"71,687.890"},{"v":80290.44,"d":"80,290.440"},"-","Товарищество с ограниченной ответственностью \"Мангистауский атомный энергетический комбинат-Казатомпром\""]
[null,"4580846","2642 Т","201111.900.000020","Смесь поверочная газовая","этилмеркаптан в азоте","235:Наименование:Газовая смесь O2-N2(0.9%):Газовая смесь O2-N2(0.9%)","ЦПП","-","0","03.2018","471010000, Мангистауская область, Актау Г.А., г.Актау, \"Мангистауская область, г. Актау, промзона, ТОО \"\"МАЭК-Казатомпром\"\", здание 201\"","471010000, Мангистауская область, Актау Г.А., г.Актау, \"Мангистауская область, г. Актау, промзона, ТОО \"\"МАЭК-Казатомпром\"\"\"","DDP","С даты подписания договора в течение 30 календарных дней","Предоплата - 0% , Промежуточный платеж - 0% , Окончательный платеж - 100% ","Штука",{"v":2,"d":"2.000"},{"v":162540,"d":"162,540.000"},{"v":325080,"d":"325,080.000"},{"v":364089.6,"d":"364,089.600"},"-","Товарищество с ограниченной ответственностью \"Мангистауский атомный энергетический комбинат-Казатомпром\""]
[null,"4580810","2644 Т","201111.900.000008","Смесь поверочная газовая","пропан в азоте","235:Наименование:Газовая смесь Н2-N2 (62,0%):Газовая смесь Н2-N2 (62,0%)","ЦПП","-","0","03.2018","471010000, Мангистауская область, Актау Г.А., г.Актау, \"Мангистауская область, г. Актау, промзона, ТОО \"\"МАЭК-Казатомпром\"\", здание 201\"","471010000, Мангистауская область, Актау Г.А., г.Актау, \"Мангистауская область, г. Актау, промзона, ТОО \"\"МАЭК-Казатомпром\"\"\"","DDP","С даты подписания договора в течение 30 календарных дней","Предоплата - 0% , Промежуточный платеж - 0% , Окончательный платеж - 100% ","Штука",{"v":1,"d":"1.000"},{"v":74773.61,"d":"74,773.610"},{"v":74773.61,"d":"74,773.610"},{"v":83746.44,"d":"83,746.440"},"-","Товарищество с ограниченной ответственностью \"Мангистауский атомный энергетический комбинат-Казатомпром\""]
[null,"4580873","2647 Т","201111.900.000020","Смесь поверочная газовая","этилмеркаптан в азоте","235:Наименование:Газовая смесь O2-N2(9,5%):Газовая смесь O2-N2(9,5%)","ЦПП","-","0","03.2018","471010000, Мангистауская область, Актау Г.А., г.Актау, \"Мангистауская область, г. Актау, промзона, ТОО \"\"МАЭК-Казатомпром\"\", здание 201\"","471010000, Мангистауская область, Актау Г.А., г.Актау, \"Мангистауская область, г. Актау, промзона, ТОО \"\"МАЭК-Казатомпром\"\"\"","DDP","С даты подписания договора в течение 30 календарных дней","Предоплата - 0% , Промежуточный платеж - 0% , Окончательный платеж - 100% ","Штука",{"v":2,"d":"2.000"},{"v":162540,"d":"162,540.000"},{"v":325080,"d":"325,080.000"},{"v":364089.6,"d":"364,089.600"},"-","Товарищество с ограниченной ответственностью \"Мангистауский атомный энергетический комбинат-Казатомпром\""]
[null,"4580690","2650 Т","201111.900.000020","Смесь поверочная газовая","этилмеркаптан в азоте","235:Наименование:Газовая смесь СО-N2(0,7):Газовая смесь СО-N2(0,7)","ЦПП","-","0","03.2018","471010000, Мангистауская область, Актау Г.А., г.Актау, \"Мангистауская область, г. Актау, промзона, ТОО \"\"МАЭК-Казатомпром\"\", здание 201\"","471010000, Мангистауская область, Актау Г.А., г.Актау, \"Мангистауская область, г. Актау, промзона, ТОО \"\"МАЭК-Казатомпром\"\"\"","DDP","С даты подписания договора в течение 30 календарных дней","Предоплата - 0% , Промежуточный платеж - 0% , Окончательный платеж - 100% ","Штука",{"v":1,"d":"1.000"},{"v":71687.89,"d":"71,687.890"},{"v":71687.89,"d":"71,687.890"},{"v":80290.44,"d":"80,290.440"},"-","Товарищество с ограниченной ответственностью \"Мангистауский атомный энергетический комбинат-Казатомпром\""]
[null,"4580823","2653 Т","201111.900.000023","Смесь поверочная газовая","сероводород, метилмеркаптан, этилмеркаптан в гелии","235:Наименование:Газовая смесь Н2-О2(1,5):Газовая смесь Н2-О2(1,5)","ЦПП","-","100","03.2018","471010000, Мангистауская область, Актау Г.А., г.Актау, \"Мангистауская область, г. Актау, промзона, ТОО \"\"МАЭК-Казатомпром\"\", здание 201\"","471010000, Мангистауская область, Актау Г.А., г.Актау, \"Мангистауская область, г. Актау, промзона, ТОО \"\"МАЭК-Казатомпром\"\"\"","DDP","С даты подписания договора в течение 30 календарных дней","Предоплата - 0% , Промежуточный платеж - 0% , Окончательный платеж - 100% ","Штука",{"v":1,"d":"1.000"},{"v":155931.48,"d":"155,931.480"},{"v":155931.48,"d":"155,931.480"},{"v":174643.26,"d":"174,643.260"},"-","Товарищество с ограниченной ответственностью \"Мангистауский атомный энергетический комбинат-Казатомпром\""]
[null,"4580001","2658 Т","201111.250.000000","Аргон","газообразный, высокой чистоты","235:Наименование:Аргон 99,999%:Аргон 99,999% \\ 79:ГОСТ: ГОСТ 10157-80: ГОСТ 10157-79","ОИ","137-2 (не превышает тысячекратного МРП)","0","03.2018","471010000, Мангистауская область, Актау Г.А., г.Актау, \"Мангистауская область, г. Актау, промзона, ТОО \"\"МАЭК-Казатомпром\"\", здание 201\"","471010000, Мангистауская область, Актау Г.А., г.Актау, \"Мангистауская область, г. Актау, промзона, ТОО \"\"МАЭК-Казатомпром\"\"\"","DDP","С даты подписания договора в течение 30 календарных дней","Предоплата - 0% , Промежуточный платеж - 0% , Окончательный платеж - 100% ","Штука",{"v":79,"d":"79.000"},{"v":19873.01,"d":"19,873.010"},{"v":1569967.79,"d":"1,569,967.790"},{"v":1758363.92,"d":"1,758,363.920"},"-","Товарищество с ограниченной ответственностью \"Мангистауский атомный энергетический комбинат-Казатомпром\""]
[null,"4580710","2661 Т","205943.900.000003","Хладагент","R-22 (Фреон R-22), газ","235:Наименование:Хладон 22:Хладон 22  \\ 79:ГОСТ:ГОСТ 8502-57:ГОСТ 8502-57","ОИ","137-2 (не превышает тысячекратного МРП)","0","03.2018","471010000, Мангистауская область, Актау Г.А., г.Актау, \"Мангистауская область, г. Актау, промзона, ТОО \"\"МАЭК-Казатомпром\"\", здание 201\"","471010000, Мангистауская область, Актау Г.А., г.Актау, \"Мангистауская область, г. Актау, промзона, ТОО \"\"МАЭК-Казатомпром\"\"\"","DDP","С даты подписания договора в течение 30 календарных дней","Предоплата - 0% , Промежуточный платеж - 0% , Окончательный платеж - 100% ","Килограмм",{"v":136,"d":"136.000"},{"v":3208.71,"d":"3,208.710"},{"v":436384.56,"d":"436,384.560"},{"v":488750.71,"d":"488,750.710"},"-","Товарищество с ограниченной ответственностью \"Мангистауский атомный энергетический комбинат-Казатомпром\""]
[null,"4588021","2666 Т","201111.900.000020","Смесь поверочная газовая","этилмеркаптан в азоте","235:Наименование:Газовая смесь O2-N2-CO2-C2H6-C3H8-J-C4H10-C4H10-neo-C5H12-i-C5H12-C5H12-h-гексан-метан:Газовая смесь O2-N2-CO2-C2H6-C3H8-J-C4H10-C4H10-neo-C5H12-i-C5H12-C5H12-h-гексан-метан","ЦПП","-","0","03.2018","471010000, Мангистауская область, Актау Г.А., г.Актау, \"Мангистауская область, г. Актау, промзона, ТОО \"\"МАЭК-Казатомпром\"\", здание 201\"","471010000, Мангистауская область, Актау Г.А., г.Актау, \"Мангистауская область, г. Актау, промзона, ТОО \"\"МАЭК-Казатомпром\"\"\"","DDP","С даты подписания договора в течение 30 календарных дней","Предоплата - 0% , Промежуточный платеж - 0% , Окончательный платеж - 100% ","Штука",{"v":2,"d":"2.000"},{"v":548327.88,"d":"548,327.880"},{"v":1096655.76,"d":"1,096,655.760"},{"v":1228254.45,"d":"1,228,254.450"},"-","Товарищество с ограниченной ответственностью \"Мангистауский атомный энергетический комбинат-Казатомпром\""]
[null,"4580879","2669 Т","201111.600.000004","Азот","газзобразный, особой чистоты, сорт 1","235:Наименование:Газовая смесь N2(99,99):Газовая смесь N2(99,99) \\ 443:Тара:баллон 40 дм3:баллон 40 дм3","ЦПП","-","0","03.2018","471010000, Мангистауская область, Актау Г.А., г.Актау, \"Мангистауская область, г. Актау, промзона, ТОО \"\"МАЭК-Казатомпром\"\", здание 201\"","471010000, Мангистауская область, Актау Г.А., г.Актау, \"Мангистауская область, г. Актау, промзона, ТОО \"\"МАЭК-Казатомпром\"\"\"","DDP","С даты подписания договора в течение 30 календарных дней","Предоплата - 0% , Промежуточный платеж - 0% , Окончательный платеж - 100% ","Штука",{"v":1,"d":"1.000"},{"v":64285.71,"d":"64,285.710"},{"v":64285.71,"d":"64,285.710"},{"v":72000,"d":"72,000.000"},"-","Товарищество с ограниченной ответственностью \"Мангистауский атомный энергетический комбинат-Казатомпром\""]
[null,"4580862","2671 Т","201111.900.000009","Смесь поверочная газовая","пропан в аргоне","235:Наименование:Газовая смесь Н2-N2(81-82%):Газовая смесь Н2-N2(81-82%)","ЦПП","-","0","03.2018","471010000, Мангистауская область, Актау Г.А., г.Актау, \"Мангистауская область, г. Актау, промзона, ТОО \"\"МАЭК-Казатомпром\"\", здание 201\"","471010000, Мангистауская область, Актау Г.А., г.Актау, \"Мангистауская область, г. Актау, промзона, ТОО \"\"МАЭК-Казатомпром\"\"\"","DDP","С даты подписания договора в течение 30 календарных дней","Предоплата - 0% , Промежуточный платеж - 0% , Окончательный платеж - 100% ","Штука",{"v":1,"d":"1.000"},{"v":100091.89,"d":"100,091.890"},{"v":100091.89,"d":"100,091.890"},{"v":112102.92,"d":"112,102.920"},"-","Товарищество с ограниченной ответственностью \"Мангистауский атомный энергетический комбинат-Казатомпром\""]
[null,"4580805","2674 Т","201111.900.000020","Смесь поверочная газовая","этилмеркаптан в азоте","235:Наименование:Газовая смесь О2N2(51%):Газовая смесь О2N2(51%)","ЦПП","-","0","03.2018","471010000, Мангистауская область, Актау Г.А., г.Актау, \"Мангистауская область, г. Актау, промзона, ТОО \"\"МАЭК-Казатомпром\"\", здание 201\"","471010000, Мангистауская область, Актау Г.А., г.Актау, \"Мангистауская область, г. Актау, промзона, ТОО \"\"МАЭК-Казатомпром\"\"\"","DDP","С даты подписания договора в течение 30 календарных дней","Предоплата - 0% , Промежуточный платеж - 0% , Окончательный платеж - 100% ","Штука",{"v":1,"d":"1.000"},{"v":71687.89,"d":"71,687.890"},{"v":71687.89,"d":"71,687.890"},{"v":80290.44,"d":"80,290.440"},"-","Товарищество с ограниченной ответственностью \"Мангистауский атомный энергетический комбинат-Казатомпром\""]
[null,"4580650","2677 Т","201111.900.000020","Смесь поверочная газовая","этилмеркаптан в азоте","235:Наименование:СH4-N2 (2,3%):СH4-N2 (2,3%)","ЦПП","-","0","03.2018","471010000, Мангистауская область, Актау Г.А., г.Актау, \"Мангистауская область, г. Актау, промзона, ТОО \"\"МАЭК-Казатомпром\"\", здание 201\"","471010000, Мангистауская область, Актау Г.А., г.Актау, \"Мангистауская область, г. Актау, промзона, ТОО \"\"МАЭК-Казатомпром\"\"\"","DDP","С даты подписания договора в течение 30 календарных дней","Предоплата - 0% , Промежуточный платеж - 0% , Окончательный платеж - 100% ","Штука",{"v":1,"d":"1.000"},{"v":74773.61,"d":"74,773.610"},{"v":74773.61,"d":"74,773.610"},{"v":83746.44,"d":"83,746.440"},"-","Товарищество с ограниченной ответственностью \"Мангистауский атомный энергетический комбинат-Казатомпром\""]
[null,"4580872","2680 Т","201111.900.000020","Смесь поверочная газовая","этилмеркаптан в азоте","235:Наименование:Газовая смесь O2-N2(4,5%):Газовая смесь O2-N2(4,5%)","ЦПП","-","0","03.2018","471010000, Мангистауская область, Актау Г.А., г.Актау, \"Мангистауская область, г. Актау, промзона, ТОО \"\"МАЭК-Казатомпром\"\", здание 201\"","471010000, Мангистауская область, Актау Г.А., г.Актау, \"Мангистауская область, г. Актау, промзона, ТОО \"\"МАЭК-Казатомпром\"\"\"","DDP","С даты подписания договора в течение 30 календарных дней","Предоплата - 0% , Промежуточный платеж - 0% , Окончательный платеж - 100% ","Штука",{"v":2,"d":"2.000"},{"v":162540,"d":"162,540.000"},{"v":325080,"d":"325,080.000"},{"v":364089.6,"d":"364,089.600"},"-","Товарищество с ограниченной ответственностью \"Мангистауский атомный энергетический комбинат-Казатомпром\""]
[null,"4580711","2685 Т","205943.900.000005","Хладагент","R-407С (Фреон R-407С), холодный газ","235:Наименование:Хладон R410:Хладон R410","ОИ","137-2 (не превышает тысячекратного МРП)","0","03.2018","471010000, Мангистауская область, Актау Г.А., г.Актау, \"Мангистауская область, г. Актау, промзона, ТОО \"\"МАЭК-Казатомпром\"\", здание 201\"","471010000, Мангистауская область, Актау Г.А., г.Актау, \"Мангистауская область, г. Актау, промзона, ТОО \"\"МАЭК-Казатомпром\"\"\"","DDP","С даты подписания договора в течение 30 календарных дней","Предоплата - 0% , Промежуточный платеж - 0% , Окончательный платеж - 100% ","Килограмм",{"v":27.2,"d":"27.200"},{"v":3780,"d":"3,780.000"},{"v":102816,"d":"102,816.000"},{"v":115153.92,"d":"115,153.920"},"-","Товарищество с ограниченной ответственностью \"Мангистауский атомный энергетический комбинат-Казатомпром\""]
[null,"4610058","2688 Т","265151.100.000068","Термометр","ТТП №6","235:Наименование:Термометр ттп №6/163 :Термометр ттп №6/163  \\ 468:ТУ:25-2021.010-89:25-2021.010-89 \\ 71:температура:0+200:0+200","ОИ","137-2 (не превышает тысячекратного МРП)","0","05.2018","471010000, Мангистауская область, Актау Г.А., г.Актау, \"Мангистауская область, г. Актау, промзона, ТОО \"\"МАЭК-Казатомпром\"\", здание 201\"","471010000, Мангистауская область, Актау Г.А., г.Актау, \"Мангистауская область, г. Актау, промзона, ТОО \"\"МАЭК-Казатомпром\"\"\"","DDP","С даты подписания договора в течение 150 календарных дней","Предоплата - 0% , Промежуточный платеж - 0% , Окончательный платеж - 100% ","Штука",{"v":2,"d":"2.000"},{"v":5355.5,"d":"5,355.500"},{"v":10711,"d":"10,711.000"},{"v":11996.32,"d":"11,996.320"},"-","Товарищество с ограниченной ответственностью \"Мангистауский атомный энергетический комбинат-Казатомпром\""]
[null,"4610027","2693 Т","265151.100.000028","Термометр","ТЛ-4","235:Наименование:Термометр тл-4 №2 :Термометр тл-4 №2  \\ 468:ТУ:25-2021.003-88:25-2021.003-88 \\ 71:температура:0+55:0+55","ОИ","137-2 (не превышает тысячекратного МРП)","0","05.2018","471010000, Мангистауская область, Актау Г.А., г.Актау, \"Мангистауская область, г. Актау, промзона, ТОО \"\"МАЭК-Казатомпром\"\", здание 201\"","471010000, Мангистауская область, Актау Г.А., г.Актау, \"Мангистауская область, г. Актау, промзона, ТОО \"\"МАЭК-Казатомпром\"\"\"","DDP","С даты подписания договора в течение 150 календарных дней","Предоплата - 0% , Промежуточный платеж - 0% , Окончательный платеж - 100% ","Штука",{"v":5,"d":"5.000"},{"v":28272.75,"d":"28,272.750"},{"v":141363.75,"d":"141,363.750"},{"v":158327.4,"d":"158,327.400"},"-","Товарищество с ограниченной ответственностью \"Мангистауский атомный энергетический комбинат-Казатомпром\""]
[null,"4610065","2696 Т","265151.100.000070","Термометр","ТТП №4","235:Наименование:Термометр ттп №4/240 п.ч.103:Термометр ттп №4/240 п.ч.103 \\ 468:ТУ:25-2021.010-89:25-2021.010-89 \\ 71:температура:0+100:0+100","ОИ","137-2 (не превышает тысячекратного МРП)","0","05.2018","471010000, Мангистауская область, Актау Г.А., г.Актау, \"Мангистауская область, г. Актау, промзона, ТОО \"\"МАЭК-Казатомпром\"\", здание 201\"","471010000, Мангистауская область, Актау Г.А., г.Актау, \"Мангистауская область, г. Актау, промзона, ТОО \"\"МАЭК-Казатомпром\"\"\"","DDP","С даты подписания договора в течение 150 календарных дней","Предоплата - 0% , Промежуточный платеж - 0% , Окончательный платеж - 100% ","Штука",{"v":5,"d":"5.000"},{"v":5355.5,"d":"5,355.500"},{"v":26777.5,"d":"26,777.500"},{"v":29990.8,"d":"29,990.800"},"-","Товарищество с ограниченной ответственностью \"Мангистауский атомный энергетический комбинат-Казатомпром\""]
[null,"4620050","2699 Т","231923.300.000177","Чаша","лабораторная, выпаривания, из кварцевого стекла, вместимость 20-200 см3","79:ГОСТ:19908-90:19908-90 \\ 45:Вместимость: 100мл: 100мл","ОИ","137-2 (не превышает тысячекратного МРП)","0","05.2018","471010000, Мангистауская область, Актау Г.А., г.Актау, \"Мангистауская область, г. Актау, промзона, ТОО \"\"МАЭК-Казатомпром\"\", здание 201\"","471010000, Мангистауская область, Актау Г.А., г.Актау, \"Мангистауская область, г. Актау, промзона, ТОО \"\"МАЭК-Казатомпром\"\"\"","DDP","С даты подписания договора в течение 150 календарных дней","Предоплата - 0% , Промежуточный платеж - 0% , Окончательный платеж - 100% ","Штука",{"v":10,"d":"10.000"},{"v":8273,"d":"8,273.000"},{"v":82730,"d":"82,730.000"},{"v":92657.6,"d":"92,657.600"},"-","Товарищество с ограниченной ответственностью \"Мангистауский атомный энергетический комбинат-Казатомпром\""]
[null,"4620012","2702 Т","231923.300.000182","Трубка","лабораторная, из кварцевого стекла, с отводом","468:ТУ:21-54598235-560-2001, ТУ 5932-014-00288679-01:21-54598235-560-2001, ТУ 5932-014-00288679-01 \\ 360:Прочие характеристики:18х2х2000:18х2х2000","ОИ","137-2 (не превышает тысячекратного МРП)","0","05.2018","471010000, Мангистауская область, Актау Г.А., г.Актау, \"Мангистауская область, г. Актау, промзона, ТОО \"\"МАЭК-Казатомпром\"\", здание 201\"","471010000, Мангистауская область, Актау Г.А., г.Актау, \"Мангистауская область, г. Актау, промзона, ТОО \"\"МАЭК-Казатомпром\"\"\"","DDP","С даты подписания договора в течение 150 календарных дней","Предоплата - 0% , Промежуточный платеж - 0% , Окончательный платеж - 100% ","Штука",{"v":100,"d":"100.000"},{"v":8400,"d":"8,400.000"},{"v":840000,"d":"840,000.000"},{"v":940800,"d":"940,800.000"},"-","Товарищество с ограниченной ответственностью \"Мангистауский атомный энергетический комбинат-Казатомпром\""]
[null,"4631259","2704 Т","231923.300.000232","Пипетка","из стекла, с одной отметкой, вместимость 0,5-200 см3","79:ГОСТ:29227-91:29227-91 \\ 360:Прочие характеристики:ц.д. 0,01мл:ц.д. 0,01мл \\ 45:Вместимость:1 мл:1 мл","ОИ","137-2 (не превышает тысячекратного МРП)","0","05.2018","471010000, Мангистауская область, Актау Г.А., г.Актау, \"Мангистауская область, г. Актау, промзона, ТОО \"\"МАЭК-Казатомпром\"\", здание 201\"","471010000, Мангистауская область, Актау Г.А., г.Актау, \"Мангистауская область, г. Актау, промзона, ТОО \"\"МАЭК-Казатомпром\"\"\"","DDP","С даты подписания договора в течение 150 календарных дней","Предоплата - 0% , Промежуточный платеж - 0% , Окончательный платеж - 100% ","Штука",{"v":20,"d":"20.000"},{"v":1366,"d":"1,366.000"},{"v":27320,"d":"27,320.000"},{"v":30598.4,"d":"30,598.400"},"-","Товарищество с ограниченной ответственностью \"Мангистауский атомный энергетический комбинат-Казатомпром\""]
[null,"4630808","2708 Т","231923.300.000215","Колба","из стекла, тип Кн, вместимость 10-5000 см3","172:Колба:кн-3-250-34:кн-3-250-34 \\ 360:Прочие характеристики:внутренний диаметр горлышка 31мм:внутренний диаметр горлышка 31мм","ОИ","137-2 (не превышает тысячекратного МРП)","0","05.2018","471010000, Мангистауская область, Актау Г.А., г.Актау, \"Мангистауская область, г. Актау, промзона, ТОО \"\"МАЭК-Казатомпром\"\", здание 201\"","471010000, Мангистауская область, Актау Г.А., г.Актау, \"Мангистауская область, г. Актау, промзона, ТОО \"\"МАЭК-Казатомпром\"\"\"","DDP","С даты подписания договора в течение 150 календарных дней","Предоплата - 0% , Промежуточный платеж - 0% , Окончательный платеж - 100% ","Штука",{"v":50,"d":"50.000"},{"v":1259.25,"d":"1,259.250"},{"v":62962.5,"d":"62,962.500"},{"v":70518,"d":"70,518.000"},"-","Товарищество с ограниченной ответственностью \"Мангистауский атомный энергетический комбинат-Казатомпром\""]
[null,"4631232","2711 Т","231923.300.000155","Палочка","лабораторная, из стекла","79:ГОСТ:19808-86:19808-86 \\ 79:ГОСТ:21400-75:21400-75 \\ 360:Прочие характеристики:d=5 мм:d=5 мм","ОИ","137-2 (не превышает тысячекратного МРП)","0","05.2018","471010000, Мангистауская область, Актау Г.А., г.Актау, \"Мангистауская область, г. Актау, промзона, ТОО \"\"МАЭК-Казатомпром\"\", здание 201\"","471010000, Мангистауская область, Актау Г.А., г.Актау, \"Мангистауская область, г. Актау, промзона, ТОО \"\"МАЭК-Казатомпром\"\"\"","DDP","С даты подписания договора в течение 150 календарных дней","Предоплата - 0% , Промежуточный платеж - 0% , Окончательный платеж - 100% ","Штука",{"v":10,"d":"10.000"},{"v":800,"d":"800.000"},{"v":8000,"d":"8,000.000"},{"v":8960,"d":"8,960.000"},"-","Товарищество с ограниченной ответственностью \"Мангистауский атомный энергетический комбинат-Казатомпром\""]
[null,"4630833","2715 Т","231923.300.000205","Колба","из стекла, тип исполнение 2, вместимость 5-2000 см3","172:Колба:Колба мерная 2-250-2:Колба мерная 2-250-2 \\ 79:ГОСТ:1770-74:1770-74 \\ 360:Прочие характеристики:исполнение 2, стеклянная пробка КШ, 2 класс:исполнение 2, стеклянная пробка КШ, 2 класс","ОИ","137-2 (не превышает тысячекратного МРП)","0","05.2018","471010000, Мангистауская область, Актау Г.А., г.Актау, \"Мангистауская область, г. Актау, промзона, ТОО \"\"МАЭК-Казатомпром\"\", здание 201\"","471010000, Мангистауская область, Актау Г.А., г.Актау, \"Мангистауская область, г. Актау, промзона, ТОО \"\"МАЭК-Казатомпром\"\"\"","DDP","С даты подписания договора в течение 150 календарных дней","Предоплата - 0% , Промежуточный платеж - 0% , Окончательный платеж - 100% ","Штука",{"v":15,"d":"15.000"},{"v":1840,"d":"1,840.000"},{"v":27600,"d":"27,600.000"},{"v":30912,"d":"30,912.000"},"-","Товарищество с ограниченной ответственностью \"Мангистауский атомный энергетический комбинат-Казатомпром\""]
[null,"4630057","2719 Т","231923.300.000081","Аллонж","стеклянный","235:Наименование:Алонж АИО-14/23-14/23-50:Алонж АИО-14/23-14/23-50 \\ 79:ГОСТ:25336-82:25336-82","ОИ","137-2 (не превышает тысячекратного МРП)","0","05.2018","471010000, Мангистауская область, Актау Г.А., г.Актау, \"Мангистауская область, г. Актау, промзона, ТОО \"\"МАЭК-Казатомпром\"\", здание 201\"","471010000, Мангистауская область, Актау Г.А., г.Актау, \"Мангистауская область, г. Актау, промзона, ТОО \"\"МАЭК-Казатомпром\"\"\"","DDP","С даты подписания договора в течение 150 календарных дней","Предоплата - 0% , Промежуточный платеж - 0% , Окончательный платеж - 100% ","Штука",{"v":4,"d":"4.000"},{"v":4880.65,"d":"4,880.650"},{"v":19522.6,"d":"19,522.600"},{"v":21865.31,"d":"21,865.310"},"-","Товарищество с ограниченной ответственностью \"Мангистауский атомный энергетический комбинат-Казатомпром\""]
[null,"4631266","2720 Т","231923.300.000235","Пипетка Мора","из стекла, неградуированная, вместимость 1-500 мл","235:Наименование:Пипетка мора 2-2:Пипетка мора 2-2 \\ 79:ГОСТ:29169-91:29169-91 \\ 45:Вместимость:50мл:50мл","ОИ","137-2 (не превышает тысячекратного МРП)","0","05.2018","471010000, Мангистауская область, Актау Г.А., г.Актау, \"Мангистауская область, г. Актау, промзона, ТОО \"\"МАЭК-Казатомпром\"\", здание 201\"","471010000, Мангистауская область, Актау Г.А., г.Актау, \"Мангистауская область, г. Актау, промзона, ТОО \"\"МАЭК-Казатомпром\"\"\"","DDP","С даты подписания договора в течение 150 календарных дней","Предоплата - 0% , Промежуточный платеж - 0% , Окончательный платеж - 100% ","Штука",{"v":15,"d":"15.000"},{"v":1465,"d":"1,465.000"},{"v":21975,"d":"21,975.000"},{"v":24612,"d":"24,612.000"},"-","Товарищество с ограниченной ответственностью \"Мангистауский атомный энергетический комбинат-Казатомпром\""]
[null,"4634019","2724 Т","231923.300.000189","Стакан","лабораторный, из стекла, тип В, без носика, вместимость 5-5000 см3","235:Наименование:Стакан в-1 2000:Стакан в-1 2000 \\ 79:ГОСТ:25336-82:25336-82","ОИ","137-2 (не превышает тысячекратного МРП)","0","05.2018","471010000, Мангистауская область, Актау Г.А., г.Актау, \"Мангистауская область, г. Актау, промзона, ТОО \"\"МАЭК-Казатомпром\"\", здание 201\"","471010000, Мангистауская область, Актау Г.А., г.Актау, \"Мангистауская область, г. Актау, промзона, ТОО \"\"МАЭК-Казатомпром\"\"\"","DDP","С даты подписания договора в течение 150 календарных дней","Предоплата - 0% , Промежуточный платеж - 0% , Окончательный платеж - 100% ","Штука",{"v":1,"d":"1.000"},{"v":4200,"d":"4,200.000"},{"v":4200,"d":"4,200.000"},{"v":4704,"d":"4,704.000"},"-","Товарищество с ограниченной ответственностью \"Мангистауский атомный энергетический комбинат-Казатомпром\""]
[null,"4631114","2729 Т","231923.300.000147","Мензурка","из стекла, вместимость 50см3","235:Наименование:Мензурка 50мл:Мензурка 50мл \\ 79:ГОСТ:1770-74:1770-74","ОИ","137-2 (не превышает тысячекратного МРП)","0","05.2018","471010000, Мангистауская область, Актау Г.А., г.Актау, \"Мангистауская область, г. Актау, промзона, ТОО \"\"МАЭК-Казатомпром\"\", здание 201\"","471010000, Мангистауская область, Актау Г.А., г.Актау, \"Мангистауская область, г. Актау, промзона, ТОО \"\"МАЭК-Казатомпром\"\"\"","DDP","С даты подписания договора в течение 150 календарных дней","Предоплата - 0% , Промежуточный платеж - 0% , Окончательный платеж - 100% ","Штука",{"v":48,"d":"48.000"},{"v":1325.5,"d":"1,325.500"},{"v":63624,"d":"63,624.000"},{"v":71258.88,"d":"71,258.880"},"-","Товарищество с ограниченной ответственностью \"Мангистауский атомный энергетический комбинат-Казатомпром\""]
[null,"4631111","2731 Т","231923.300.000151","Мензурка","из стекла, вместимость 1000см3","235:Наименование:Мензурка 1000:Мензурка 1000 \\ 79:ГОСТ:1770-74:1770-74","ОИ","137-2 (не превышает тысячекратного МРП)","0","05.2018","471010000, Мангистауская область, Актау Г.А., г.Актау, \"Мангистауская область, г. Актау, промзона, ТОО \"\"МАЭК-Казатомпром\"\", здание 201\"","471010000, Мангистауская область, Актау Г.А., г.Актау, \"Мангистауская область, г. Актау, промзона, ТОО \"\"МАЭК-Казатомпром\"\"\"","DDP","С даты подписания договора в течение 150 календарных дней","Предоплата - 0% , Промежуточный платеж - 0% , Окончательный платеж - 100% ","Штука",{"v":5,"d":"5.000"},{"v":3520,"d":"3,520.000"},{"v":17600,"d":"17,600.000"},{"v":19712,"d":"19,712.000"},"-","Товарищество с ограниченной ответственностью \"Мангистауский атомный энергетический комбинат-Казатомпром\""]
[null,"4630210","2735 Т","231923.300.000197","Стаканчик","лабораторный, стеклянный, тип СН, размер 32-82 мм","235:Наименование:Бюкс сн-34/12:Бюкс сн-34/12 \\ 79:ГОСТ:25336-82:25336-82","ОИ","137-2 (не превышает тысячекратного МРП)","0","05.2018","471010000, Мангистауская область, Актау Г.А., г.Актау, \"Мангистауская область, г. Актау, промзона, ТОО \"\"МАЭК-Казатомпром\"\", здание 201\"","471010000, Мангистауская область, Актау Г.А., г.Актау, \"Мангистауская область, г. Актау, промзона, ТОО \"\"МАЭК-Казатомпром\"\"\"","DDP","С даты подписания договора в течение 150 календарных дней","Предоплата - 0% , Промежуточный платеж - 0% , Окончательный платеж - 100% ","Штука",{"v":5,"d":"5.000"},{"v":1500,"d":"1,500.000"},{"v":7500,"d":"7,500.000"},{"v":8400,"d":"8,400.000"},"-","Товарищество с ограниченной ответственностью \"Мангистауский атомный энергетический комбинат-Казатомпром\""]
[null,"4631256","2738 Т","231923.300.000235","Пипетка Мора","из стекла, неградуированная, вместимость 1-500 мл","235:Наименование:Пипетка мора 5 мл:Пипетка мора 5 мл \\ 79:ГОСТ: 29169-91: 29169-91","ОИ","137-2 (не превышает тысячекратного МРП)","0","05.2018","471010000, Мангистауская область, Актау Г.А., г.Актау, \"Мангистауская область, г. Актау, промзона, ТОО \"\"МАЭК-Казатомпром\"\", здание 201\"","471010000, Мангистауская область, Актау Г.А., г.Актау, \"Мангистауская область, г. Актау, промзона, ТОО \"\"МАЭК-Казатомпром\"\"\"","DDP","С даты подписания договора в течение 150 календарных дней","Предоплата - 0% , Промежуточный платеж - 0% , Окончательный платеж - 100% ","Штука",{"v":15,"d":"15.000"},{"v":1872,"d":"1,872.000"},{"v":28080,"d":"28,080.000"},{"v":31449.6,"d":"31,449.600"},"-","Товарищество с ограниченной ответственностью \"Мангистауский атомный энергетический комбинат-Казатомпром\""]
[null,"4634014","2742 Т","231923.300.000190","Стакан","лабораторный, из стекла, тип Н, с носиком, вместимость 5-5000 см3","235:Наименование:Стакан н-1 600:Стакан н-1 600 \\ 79:ГОСТ:25336-82:25336-82","ОИ","137-2 (не превышает тысячекратного МРП)","0","05.2018","471010000, Мангистауская область, Актау Г.А., г.Актау, \"Мангистауская область, г. Актау, промзона, ТОО \"\"МАЭК-Казатомпром\"\", здание 201\"","471010000, Мангистауская область, Актау Г.А., г.Актау, \"Мангистауская область, г. Актау, промзона, ТОО \"\"МАЭК-Казатомпром\"\"\"","DDP","С даты подписания договора в течение 150 календарных дней","Предоплата - 0% , Промежуточный платеж - 0% , Окончательный платеж - 100% ","Штука",{"v":15,"d":"15.000"},{"v":1450,"d":"1,450.000"},{"v":21750,"d":"21,750.000"},{"v":24360,"d":"24,360.000"},"-","Товарищество с ограниченной ответственностью \"Мангистауский атомный энергетический комбинат-Казатомпром\""]
[null,"4631152","2746 Т","231923.300.000144","Микробюретка","из стекла, объем 0,1- 5 мл","235:Наименование:Микробюретка 6-2:Микробюретка 6-2 \\ 79:ГОСТ:29251-91:29251-91 \\ 45:Вместимость:  5мл:  5мл","ОИ","137-2 (не превышает тысячекратного МРП)","0","05.2018","471010000, Мангистауская область, Актау Г.А., г.Актау, \"Мангистауская область, г. Актау, промзона, ТОО \"\"МАЭК-Казатомпром\"\", здание 201\"","471010000, Мангистауская область, Актау Г.А., г.Актау, \"Мангистауская область, г. Актау, промзона, ТОО \"\"МАЭК-Казатомпром\"\"\"","DDP","С даты подписания договора в течение 150 календарных дней","Предоплата - 0% , Промежуточный платеж - 0% , Окончательный платеж - 100% ","Штука",{"v":20,"d":"20.000"},{"v":13700,"d":"13,700.000"},{"v":274000,"d":"274,000.000"},{"v":306880,"d":"306,880.000"},"-","Товарищество с ограниченной ответственностью \"Мангистауский атомный энергетический комбинат-Казатомпром\""]
[null,"4634003","2747 Т","231923.300.000189","Стакан","лабораторный, из стекла, тип В, без носика, вместимость 5-5000 см3","235:Наименование:Стакан в-1 400:Стакан в-1 400 \\ 79:ГОСТ:25336-82:25336-82","ОИ","137-2 (не превышает тысячекратного МРП)","0","05.2018","471010000, Мангистауская область, Актау Г.А., г.Актау, \"Мангистауская область, г. Актау, промзона, ТОО \"\"МАЭК-Казатомпром\"\", здание 201\"","471010000, Мангистауская область, Актау Г.А., г.Актау, \"Мангистауская область, г. Актау, промзона, ТОО \"\"МАЭК-Казатомпром\"\"\"","DDP","С даты подписания договора в течение 150 календарных дней","Предоплата - 0% , Промежуточный платеж - 0% , Окончательный платеж - 100% ","Штука",{"v":5,"d":"5.000"},{"v":1325,"d":"1,325.000"},{"v":6625,"d":"6,625.000"},{"v":7420,"d":"7,420.000"},"-","Товарищество с ограниченной ответственностью \"Мангистауский атомный энергетический комбинат-Казатомпром\""]
[null,"4631287","2751 Т","231923.300.000237","Пробирка","из стекла, тип П-1, вместимость 5-25 см3","235:Наименование:Пробирка П-2-5-14/23 (мерн) с проб.:Пробирка П-2-5-14/23 (мерн) с проб. \\ 79:ГОСТ:25336-82:25336-82","ОИ","137-2 (не превышает тысячекратного МРП)","0","05.2018","471010000, Мангистауская область, Актау Г.А., г.Актау, \"Мангистауская область, г. Актау, промзона, ТОО \"\"МАЭК-Казатомпром\"\", здание 201\"","471010000, Мангистауская область, Актау Г.А., г.Актау, \"Мангистауская область, г. Актау, промзона, ТОО \"\"МАЭК-Казатомпром\"\"\"","DDP","С даты подписания договора в течение 150 календарных дней","Предоплата - 0% , Промежуточный платеж - 0% , Окончательный платеж - 100% ","Штука",{"v":20,"d":"20.000"},{"v":2231.55,"d":"2,231.550"},{"v":44631,"d":"44,631.000"},{"v":49986.72,"d":"49,986.720"},"-","Товарищество с ограниченной ответственностью \"Мангистауский атомный энергетический комбинат-Казатомпром\""]
[null,"4639004","2754 Т","282113.600.000017","Эксикатор","стеклянный, без крана","235:Наименование:Эксикатор с крышкой без крана d=500 мм:Эксикатор с крышкой без крана d=500 мм \\ 79:ГОСТ:23932-90:23932-90 \\ 468:ТУ: 25.11.1024-88: 25.11.1024-88","ОИ","137-2 (не превышает тысячекратного МРП)","0","05.2018","471010000, Мангистауская область, Актау Г.А., г.Актау, \"Мангистауская область, г. Актау, промзона, ТОО \"\"МАЭК-Казатомпром\"\", здание 201\"","471010000, Мангистауская область, Актау Г.А., г.Актау, \"Мангистауская область, г. Актау, промзона, ТОО \"\"МАЭК-Казатомпром\"\"\"","DDP","С даты подписания договора в течение 150 календарных дней","Предоплата - 0% , Промежуточный платеж - 0% , Окончательный платеж - 100% ","Штука",{"v":30,"d":"30.000"},{"v":30294,"d":"30,294.000"},{"v":908820,"d":"908,820.000"},{"v":1017878.4,"d":"1,017,878.400"},"-","Товарищество с ограниченной ответственностью \"Мангистауский атомный энергетический комбинат-Казатомпром\""]
[null,"4630510","2760 Т","231923.300.000131","Изгиб","лабораторный, из стекла","235:Наименование:Изгиб И угол75 2К-29/32-14/23 ТС:Изгиб И угол75 2К-29/32-14/23 ТС \\ 79:ГОСТ:25336-82:25336-82","ОИ","137-2 (не превышает тысячекратного МРП)","0","05.2018","471010000, Мангистауская область, Актау Г.А., г.Актау, \"Мангистауская область, г. Актау, промзона, ТОО \"\"МАЭК-Казатомпром\"\", здание 201\"","471010000, Мангистауская область, Актау Г.А., г.Актау, \"Мангистауская область, г. Актау, промзона, ТОО \"\"МАЭК-Казатомпром\"\"\"","DDP","С даты подписания договора в течение 150 календарных дней","Предоплата - 0% , Промежуточный платеж - 0% , Окончательный платеж - 100% ","Штука",{"v":10,"d":"10.000"},{"v":7708.8,"d":"7,708.800"},{"v":77088,"d":"77,088.000"},{"v":86338.56,"d":"86,338.560"},"-","Товарищество с ограниченной ответственностью \"Мангистауский атомный энергетический комбинат-Казатомпром\""]
[null,"4630255","2762 Т","231311.100.000001","Банка","для продуктов пищевых, из стекла, объем более 500 см3 ","235:Наименование:Банка для хранения растворов  ТС с винтовой пластиковой крышкой:Банка для хранения растворов  ТС с винтовой пластиковой крышкой \\ 79:ГОСТ:51477-99:51477-99 \\ 45:Вместимость:1000 мл:1000 мл","ОИ","137-2 (не превышает тысячекратного МРП)","0","05.2018","471010000, Мангистауская область, Актау Г.А., г.Актау, \"Мангистауская область, г. Актау, промзона, ТОО \"\"МАЭК-Казатомпром\"\", здание 201\"","471010000, Мангистауская область, Актау Г.А., г.Актау, \"Мангистауская область, г. Актау, промзона, ТОО \"\"МАЭК-Казатомпром\"\"\"","DDP","С даты подписания договора в течение 150 календарных дней","Предоплата - 0% , Промежуточный платеж - 0% , Окончательный платеж - 100% ","Штука",{"v":20,"d":"20.000"},{"v":1128.6,"d":"1,128.600"},{"v":22572,"d":"22,572.000"},{"v":25280.64,"d":"25,280.640"},"-","Товарищество с ограниченной ответственностью \"Мангистауский атомный энергетический комбинат-Казатомпром\""]
[null,"4639001","2765 Т","282113.600.000017","Эксикатор","стеклянный, без крана","235:Наименование:Эксикатор с крышкой без крана d=140 мм:Эксикатор с крышкой без крана d=140 мм \\ 79:ГОСТ:23932-90:23932-90 \\ 468:ТУ:25.11.1024-88:25.11.1024-88","ОИ","137-2 (не превышает тысячекратного МРП)","0","05.2018","471010000, Мангистауская область, Актау Г.А., г.Актау, \"Мангистауская область, г. Актау, промзона, ТОО \"\"МАЭК-Казатомпром\"\", здание 201\"","471010000, Мангистауская область, Актау Г.А., г.Актау, \"Мангистауская область, г. Актау, промзона, ТОО \"\"МАЭК-Казатомпром\"\"\"","DDP","С даты подписания договора в течение 150 календарных дней","Предоплата - 0% , Промежуточный платеж - 0% , Окончательный платеж - 100% ","Штука",{"v":2,"d":"2.000"},{"v":8500,"d":"8,500.000"},{"v":17000,"d":"17,000.000"},{"v":19040,"d":"19,040.000"},"-","Товарищество с ограниченной ответственностью \"Мангистауский атомный энергетический комбинат-Казатомпром\""]
[null,"4630256","2769 Т","231311.100.000001","Банка","для продуктов пищевых, из стекла, объем более 500 см3 ","235:Наименование:Банка для хранения растворов  ТС с винтовой пластиковой крышкой :Банка для хранения растворов  ТС с винтовой пластиковой крышкой  \\ 79:ГОСТ:51477-99:51477-99 \\ 45:Вместимость:500 мл:500 мл","ОИ","137-2 (не превышает тысячекратного МРП)","0","05.2018","471010000, Мангистауская область, Актау Г.А., г.Актау, \"Мангистауская область, г. Актау, промзона, ТОО \"\"МАЭК-Казатомпром\"\", здание 201\"","471010000, Мангистауская область, Актау Г.А., г.Актау, \"Мангистауская область, г. Актау, промзона, ТОО \"\"МАЭК-Казатомпром\"\"\"","DDP","С даты подписания договора в течение 150 календарных дней","Предоплата - 0% , Промежуточный платеж - 0% , Окончательный платеж - 100% ","Штука",{"v":2,"d":"2.000"},{"v":2200,"d":"2,200.000"},{"v":4400,"d":"4,400.000"},{"v":4928,"d":"4,928.000"},"-","Товарищество с ограниченной ответственностью \"Мангистауский атомный энергетический комбинат-Казатомпром\""]
[null,"4630775","2773 Т","231923.300.000205","Колба","из стекла, тип исполнение 2, вместимость 5-2000 см3","172:Колба:К-2-500-2:К-2-500-2 \\ 79:ГОСТ:1770-74:1770-74","ОИ","137-2 (не превышает тысячекратного МРП)","0","05.2018","471010000, Мангистауская область, Актау Г.А., г.Актау, \"Мангистауская область, г. Актау, промзона, ТОО \"\"МАЭК-Казатомпром\"\", здание 201\"","471010000, Мангистауская область, Актау Г.А., г.Актау, \"Мангистауская область, г. Актау, промзона, ТОО \"\"МАЭК-Казатомпром\"\"\"","DDP","С даты подписания договора в течение 150 календарных дней","Предоплата - 0% , Промежуточный платеж - 0% , Окончательный платеж - 100% ","Штука",{"v":5,"d":"5.000"},{"v":2200,"d":"2,200.000"},{"v":11000,"d":"11,000.000"},{"v":12320,"d":"12,320.000"},"-","Товарищество с ограниченной ответственностью \"Мангистауский атомный энергетический комбинат-Казатомпром\""]
[null,"4639002","2776 Т","282113.600.000017","Эксикатор","стеклянный, без крана","235:Наименование:Эксикатор с кышкой без крана d=250 мм:Эксикатор с кышкой без крана d=250 мм \\ 79:ГОСТ:23932-90:23932-90 \\ 468:ТУ:25.11.1024-88:25.11.1024-88","ОИ","137-2 (не превышает тысячекратного МРП)","0","05.2018","471010000, Мангистауская область, Актау Г.А., г.Актау, \"Мангистауская область, г. Актау, промзона, ТОО \"\"МАЭК-Казатомпром\"\", здание 201\"","471010000, Мангистауская область, Актау Г.А., г.Актау, \"Мангистауская область, г. Актау, промзона, ТОО \"\"МАЭК-Казатомпром\"\"\"","DDP","С даты подписания договора в течение 150 календарных дней","Предоплата - 0% , Промежуточный платеж - 0% , Окончательный платеж - 100% ","Штука",{"v":5,"d":"5.000"},{"v":24500,"d":"24,500.000"},{"v":122500,"d":"122,500.000"},{"v":137200,"d":"137,200.000"},"-","Товарищество с ограниченной ответственностью \"Мангистауский атомный энергетический комбинат-Казатомпром\""]
[null,"4630931","2778 Т","231923.300.000136","Кювета","из стекла, размер 1-50 мм","235:Наименование:Кювета 30 мм для КФК:Кювета 30 мм для КФК \\ 79:ГОСТ:25336-82:25336-82","ОИ","137-2 (не превышает тысячекратного МРП)","0","05.2018","471010000, Мангистауская область, Актау Г.А., г.Актау, \"Мангистауская область, г. Актау, промзона, ТОО \"\"МАЭК-Казатомпром\"\", здание 201\"","471010000, Мангистауская область, Актау Г.А., г.Актау, \"Мангистауская область, г. Актау, промзона, ТОО \"\"МАЭК-Казатомпром\"\"\"","DDP","С даты подписания договора в течение 150 календарных дней","Предоплата - 0% , Промежуточный платеж - 0% , Окончательный платеж - 100% ","Штука",{"v":20,"d":"20.000"},{"v":8200,"d":"8,200.000"},{"v":164000,"d":"164,000.000"},{"v":183680,"d":"183,680.000"},"-","Товарищество с ограниченной ответственностью \"Мангистауский атомный энергетический комбинат-Казатомпром\""]
[null,"4630230","2781 Т","231923.300.000119","Бюретка","из стекла, объем 1-100 мл","235:Наименование:Бюретка 1-1-2-25-0,1:Бюретка 1-1-2-25-0,1 \\ 79:ГОСТ:29251-91:29251-91","ОИ","137-2 (не превышает тысячекратного МРП)","0","05.2018","471010000, Мангистауская область, Актау Г.А., г.Актау, \"Мангистауская область, г. Актау, промзона, ТОО \"\"МАЭК-Казатомпром\"\", здание 201\"","471010000, Мангистауская область, Актау Г.А., г.Актау, \"Мангистауская область, г. Актау, промзона, ТОО \"\"МАЭК-Казатомпром\"\"\"","DDP","С даты подписания договора в течение 150 календарных дней","Предоплата - 0% , Промежуточный платеж - 0% , Окончательный платеж - 100% ","Штука",{"v":10,"d":"10.000"},{"v":5840,"d":"5,840.000"},{"v":58400,"d":"58,400.000"},{"v":65408,"d":"65,408.000"},"-","Товарищество с ограниченной ответственностью \"Мангистауский атомный энергетический комбинат-Казатомпром\""]
[null,"4630367","2787 Т","231923.300.000202","Воронка","лабораторная, из кварцевого стекла","235:Наименование:Воронка ВД-1-100:Воронка ВД-1-100 \\ 79:ГОСТ: 25336-82: 25336-82","ОИ","137-2 (не превышает тысячекратного МРП)","0","05.2018","471010000, Мангистауская область, Актау Г.А., г.Актау, \"Мангистауская область, г. Актау, промзона, ТОО \"\"МАЭК-Казатомпром\"\", здание 201\"","471010000, Мангистауская область, Актау Г.А., г.Актау, \"Мангистауская область, г. Актау, промзона, ТОО \"\"МАЭК-Казатомпром\"\"\"","DDP","С даты подписания договора в течение 150 календарных дней","Предоплата - 0% , Промежуточный платеж - 0% , Окончательный платеж - 100% ","Штука",{"v":15,"d":"15.000"},{"v":4915,"d":"4,915.000"},{"v":73725,"d":"73,725.000"},{"v":82572,"d":"82,572.000"},"-","Товарищество с ограниченной ответственностью \"Мангистауский атомный энергетический комбинат-Казатомпром\""]
[null,"4634012","2789 Т","231923.300.000190","Стакан","лабораторный, из стекла, тип Н, с носиком, вместимость 5-5000 см3","235:Наименование:Стакан н-1 50:Стакан н-1 50 \\ 79:ГОСТ:25336-82:25336-82","ОИ","137-2 (не превышает тысячекратного МРП)","0","05.2018","471010000, Мангистауская область, Актау Г.А., г.Актау, \"Мангистауская область, г. Актау, промзона, ТОО \"\"МАЭК-Казатомпром\"\", здание 201\"","471010000, Мангистауская область, Актау Г.А., г.Актау, \"Мангистауская область, г. Актау, промзона, ТОО \"\"МАЭК-Казатомпром\"\"\"","DDP","С даты подписания договора в течение 150 календарных дней","Предоплата - 0% , Промежуточный платеж - 0% , Окончательный платеж - 100% ","Штука",{"v":31,"d":"31.000"},{"v":560,"d":"560.000"},{"v":17360,"d":"17,360.000"},{"v":19443.2,"d":"19,443.200"},"-","Товарищество с ограниченной ответственностью \"Мангистауский атомный энергетический комбинат-Казатомпром\""]
[null,"4630244","2792 Т","231923.300.000119","Бюретка","из стекла, объем 1-100 мл","235:Наименование:Бюретка 1-2-2-10-0,05:Бюретка 1-2-2-10-0,05 \\ 79:ГОСТ:29251-91:29251-91","ОИ","137-2 (не превышает тысячекратного МРП)","0","05.2018","471010000, Мангистауская область, Актау Г.А., г.Актау, \"Мангистауская область, г. Актау, промзона, ТОО \"\"МАЭК-Казатомпром\"\", здание 201\"","471010000, Мангистауская область, Актау Г.А., г.Актау, \"Мангистауская область, г. Актау, промзона, ТОО \"\"МАЭК-Казатомпром\"\"\"","DDP","С даты подписания договора в течение 150 календарных дней","Предоплата - 0% , Промежуточный платеж - 0% , Окончательный платеж - 100% ","Штука",{"v":8,"d":"8.000"},{"v":5090,"d":"5,090.000"},{"v":40720,"d":"40,720.000"},{"v":45606.4,"d":"45,606.400"},"-","Товарищество с ограниченной ответственностью \"Мангистауский атомный энергетический комбинат-Казатомпром\""]
[null,"4631160","2796 Т","231923.300.000144","Микробюретка","из стекла, объем 0,1- 5 мл","235:Наименование:Микропипетка :Микропипетка  \\ 45:Вместимость:0.1мм:0.1мм","ОИ","137-2 (не превышает тысячекратного МРП)","0","05.2018","471010000, Мангистауская область, Актау Г.А., г.Актау, \"Мангистауская область, г. Актау, промзона, ТОО \"\"МАЭК-Казатомпром\"\", здание 201\"","471010000, Мангистауская область, Актау Г.А., г.Актау, \"Мангистауская область, г. Актау, промзона, ТОО \"\"МАЭК-Казатомпром\"\"\"","DDP","С даты подписания договора в течение 150 календарных дней","Предоплата - 0% , Промежуточный платеж - 0% , Окончательный платеж - 100% ","Штука",{"v":5,"d":"5.000"},{"v":800,"d":"800.000"},{"v":4000,"d":"4,000.000"},{"v":4480,"d":"4,480.000"},"-","Товарищество с ограниченной ответственностью \"Мангистауский атомный энергетический комбинат-Казатомпром\""]
[null,"4630785","2800 Т","231923.300.000215","Колба","из стекла, тип Кн, вместимость 10-5000 см3","172:Колба:Колба кн-1 29/32:Колба кн-1 29/32 \\ 79:ГОСТ:25336-82:25336-82 \\ 45:Вместимость:100мл:100мл","ОИ","137-2 (не превышает тысячекратного МРП)","0","05.2018","471010000, Мангистауская область, Актау Г.А., г.Актау, \"Мангистауская область, г. Актау, промзона, ТОО \"\"МАЭК-Казатомпром\"\", здание 201\"","471010000, Мангистауская область, Актау Г.А., г.Актау, \"Мангистауская область, г. Актау, промзона, ТОО \"\"МАЭК-Казатомпром\"\"\"","DDP","С даты подписания договора в течение 150 календарных дней","Предоплата - 0% , Промежуточный платеж - 0% , Окончательный платеж - 100% ","Штука",{"v":95,"d":"95.000"},{"v":1500,"d":"1,500.000"},{"v":142500,"d":"142,500.000"},{"v":159600,"d":"159,600.000"},"-","Товарищество с ограниченной ответственностью \"Мангистауский атомный энергетический комбинат-Казатомпром\""]
[null,"4630819","2803 Т","231923.300.000210","Колба","из стекла, тип П, вместимость 50-10000 см3","172:Колба:п-1-500 29/32:п-1-500 29/32 \\ 79:ГОСТ:25336-82:25336-82","ОИ","137-2 (не превышает тысячекратного МРП)","0","05.2018","471010000, Мангистауская область, Актау Г.А., г.Актау, \"Мангистауская область, г. Актау, промзона, ТОО \"\"МАЭК-Казатомпром\"\", здание 201\"","471010000, Мангистауская область, Актау Г.А., г.Актау, \"Мангистауская область, г. Актау, промзона, ТОО \"\"МАЭК-Казатомпром\"\"\"","DDP","С даты подписания договора в течение 150 календарных дней","Предоплата - 0% , Промежуточный платеж - 0% , Окончательный платеж - 100% ","Штука",{"v":30,"d":"30.000"},{"v":2700,"d":"2,700.000"},{"v":81000,"d":"81,000.000"},{"v":90720,"d":"90,720.000"},"-","Товарищество с ограниченной ответственностью \"Мангистауский атомный энергетический комбинат-Казатомпром\""]
[null,"4630811","2805 Т","231923.300.000204","Колба","из стекла, тип исполнение 1, вместимость 5-2000 см3","172:Колба:мерная:мерная \\ 79:ГОСТ: 1770-74: 1770-74 \\ 45:Вместимость:100 мл:100 мл","ОИ","137-2 (не превышает тысячекратного МРП)","0","05.2018","471010000, Мангистауская область, Актау Г.А., г.Актау, \"Мангистауская область, г. Актау, промзона, ТОО \"\"МАЭК-Казатомпром\"\", здание 201\"","471010000, Мангистауская область, Актау Г.А., г.Актау, \"Мангистауская область, г. Актау, промзона, ТОО \"\"МАЭК-Казатомпром\"\"\"","DDP","С даты подписания договора в течение 150 календарных дней","Предоплата - 0% , Промежуточный платеж - 0% , Окончательный платеж - 100% ","Штука",{"v":25,"d":"25.000"},{"v":1500,"d":"1,500.000"},{"v":37500,"d":"37,500.000"},{"v":42000,"d":"42,000.000"},"-","Товарищество с ограниченной ответственностью \"Мангистауский атомный энергетический комбинат-Казатомпром\""]
[null,"4635510","2808 Т","231923.300.000052","Цилиндр лабораторный","марка 2-100-2","513:Цилиндр:мерный:мерный \\ 79:ГОСТ: 1770-74: 1770-74 \\ 45:Вместимость:100м:100м","ОИ","137-2 (не превышает тысячекратного МРП)","0","05.2018","471010000, Мангистауская область, Актау Г.А., г.Актау, \"Мангистауская область, г. Актау, промзона, ТОО \"\"МАЭК-Казатомпром\"\", здание 201\"","471010000, Мангистауская область, Актау Г.А., г.Актау, \"Мангистауская область, г. Актау, промзона, ТОО \"\"МАЭК-Казатомпром\"\"\"","DDP","С даты подписания договора в течение 150 календарных дней","Предоплата - 0% , Промежуточный платеж - 0% , Окончательный платеж - 100% ","Штука",{"v":64,"d":"64.000"},{"v":1438.8,"d":"1,438.800"},{"v":92083.2,"d":"92,083.200"},{"v":103133.18,"d":"103,133.180"},"-","Товарищество с ограниченной ответственностью \"Мангистауский атомный энергетический комбинат-Казатомпром\""]
[null,"4630901","2811 Т","231923.300.000141","Кран лабораторный","из стекла, трехходовой","186:Кран:Кран 3-ходовой 1-40-2,5:Кран 3-ходовой 1-40-2,5 \\ 79:ГОСТ:7995-80:7995-80","ОИ","137-2 (не превышает тысячекратного МРП)","0","05.2018","471010000, Мангистауская область, Актау Г.А., г.Актау, \"Мангистауская область, г. Актау, промзона, ТОО \"\"МАЭК-Казатомпром\"\", здание 201\"","471010000, Мангистауская область, Актау Г.А., г.Актау, \"Мангистауская область, г. Актау, промзона, ТОО \"\"МАЭК-Казатомпром\"\"\"","DDP","С даты подписания договора в течение 150 календарных дней","Предоплата - 0% , Промежуточный платеж - 0% , Окончательный платеж - 100% ","Штука",{"v":15,"d":"15.000"},{"v":9809.5,"d":"9,809.500"},{"v":147142.5,"d":"147,142.500"},{"v":164799.6,"d":"164,799.600"},"-","Товарищество с ограниченной ответственностью \"Мангистауский атомный энергетический комбинат-Казатомпром\""]
[null,"4630930","2814 Т","231923.300.000136","Кювета","из стекла, размер 1-50 мм","235:Наименование:Кювета  для КФК:Кювета  для КФК \\ 79:ГОСТ:25336-82:25336-82 \\ 45:Вместимость:50 мм:50 мм","ЦПП","-","0","05.2018","471010000, Мангистауская область, Актау Г.А., г.Актау, \"Мангистауская область, г. Актау, промзона, ТОО \"\"МАЭК-Казатомпром\"\", здание 201\"","471010000, Мангистауская область, Актау Г.А., г.Актау, \"Мангистауская область, г. Актау, промзона, ТОО \"\"МАЭК-Казатомпром\"\"\"","DDP","С даты подписания договора в течение 150 календарных дней","Предоплата - 0% , Промежуточный платеж - 0% , Окончательный платеж - 100% ","Штука",{"v":34,"d":"34.000"},{"v":9550,"d":"9,550.000"},{"v":324700,"d":"324,700.000"},{"v":363664,"d":"363,664.000"},"-","Товарищество с ограниченной ответственностью \"Мангистауский атомный энергетический комбинат-Казатомпром\""]
[null,"4635512","2819 Т","231923.300.000054","Цилиндр лабораторный","марка 2-500-2","513:Цилиндр: мерный: мерный \\ 79:ГОСТ:1770-74:1770-74 \\ 45:Вместимость:500мл:500мл","ОИ","137-2 (не превышает тысячекратного МРП)","0","05.2018","471010000, Мангистауская область, Актау Г.А., г.Актау, \"Мангистауская область, г. Актау, промзона, ТОО \"\"МАЭК-Казатомпром\"\", здание 201\"","471010000, Мангистауская область, Актау Г.А., г.Актау, \"Мангистауская область, г. Актау, промзона, ТОО \"\"МАЭК-Казатомпром\"\"\"","DDP","С даты подписания договора в течение 150 календарных дней","Предоплата - 0% , Промежуточный платеж - 0% , Окончательный платеж - 100% ","Штука",{"v":12,"d":"12.000"},{"v":3245,"d":"3,245.000"},{"v":38940,"d":"38,940.000"},{"v":43612.8,"d":"43,612.800"},"-","Товарищество с ограниченной ответственностью \"Мангистауский атомный энергетический комбинат-Казатомпром\""]
[null,"4635515","2823 Т","231923.300.000010","Цилиндр лабораторный","марка 2-10-1","513:Цилиндр:Цилиндр 10мл:Цилиндр 10мл \\ 79:ГОСТ:1770-74:1770-74","ОИ","137-2 (не превышает тысячекратного МРП)","0","05.2018","471010000, Мангистауская область, Актау Г.А., г.Актау, \"Мангистауская область, г. Актау, промзона, ТОО \"\"МАЭК-Казатомпром\"\", здание 201\"","471010000, Мангистауская область, Актау Г.А., г.Актау, \"Мангистауская область, г. Актау, промзона, ТОО \"\"МАЭК-Казатомпром\"\"\"","DDP","С даты подписания договора в течение 150 календарных дней","Предоплата - 0% , Промежуточный платеж - 0% , Окончательный платеж - 100% ","Штука",{"v":5,"d":"5.000"},{"v":1320,"d":"1,320.000"},{"v":6600,"d":"6,600.000"},{"v":7392,"d":"7,392.000"},"-","Товарищество с ограниченной ответственностью \"Мангистауский атомный энергетический комбинат-Казатомпром\""]
[null,"4635511","2827 Т","231923.300.000053","Цилиндр лабораторный","марка 2-250-2","513:Цилиндр: мерный: мерный \\ 79:ГОСТ:1770-74:1770-74 \\ 45:Вместимость:250мл:250мл","ОИ","137-2 (не превышает тысячекратного МРП)","0","05.2018","471010000, Мангистауская область, Актау Г.А., г.Актау, \"Мангистауская область, г. Актау, промзона, ТОО \"\"МАЭК-Казатомпром\"\", здание 201\"","471010000, Мангистауская область, Актау Г.А., г.Актау, \"Мангистауская область, г. Актау, промзона, ТОО \"\"МАЭК-Казатомпром\"\"\"","DDP","С даты подписания договора в течение 150 календарных дней","Предоплата - 0% , Промежуточный платеж - 0% , Окончательный платеж - 100% ","Штука",{"v":20,"d":"20.000"},{"v":2200,"d":"2,200.000"},{"v":44000,"d":"44,000.000"},{"v":49280,"d":"49,280.000"},"-","Товарищество с ограниченной ответственностью \"Мангистауский атомный энергетический комбинат-Казатомпром\""]
[null,"4631264","2830 Т","231923.300.000235","Пипетка Мора","из стекла, неградуированная, вместимость 1-500 мл","235:Наименование:Пипетка мора 1-2:Пипетка мора 1-2 \\ 79:ГОСТ: 29169-91: 29169-91 \\ 45:Вместимость: 1мл: 1мл","ОИ","137-2 (не превышает тысячекратного МРП)","0","05.2018","471010000, Мангистауская область, Актау Г.А., г.Актау, \"Мангистауская область, г. Актау, промзона, ТОО \"\"МАЭК-Казатомпром\"\", здание 201\"","471010000, Мангистауская область, Актау Г.А., г.Актау, \"Мангистауская область, г. Актау, промзона, ТОО \"\"МАЭК-Казатомпром\"\"\"","DDP","С даты подписания договора в течение 150 календарных дней","Предоплата - 0% , Промежуточный платеж - 0% , Окончательный платеж - 100% ","Штука",{"v":5,"d":"5.000"},{"v":980,"d":"980.000"},{"v":4900,"d":"4,900.000"},{"v":5488,"d":"5,488.000"},"-","Товарищество с ограниченной ответственностью \"Мангистауский атомный энергетический комбинат-Казатомпром\""]
[null,"4630834","2831 Т","231923.300.000205","Колба","из стекла, тип исполнение 2, вместимость 5-2000 см3","172:Колба:мерная 2-500-2 ПС:мерная 2-500-2 ПС \\ 79:ГОСТ:ГОСТ 1770-74:ГОСТ 1770-74 \\ 360:Прочие характеристики:исполнение 2, стеклянная пробка КШ, 2 класс:исполнение 2, стеклянная пробка КШ, 2 класс","ОИ","137-2 (не превышает тысячекратного МРП)","0","05.2018","471010000, Мангистауская область, Актау Г.А., г.Актау, \"Мангистауская область, г. Актау, промзона, ТОО \"\"МАЭК-Казатомпром\"\", здание 201\"","471010000, Мангистауская область, Актау Г.А., г.Актау, \"Мангистауская область, г. Актау, промзона, ТОО \"\"МАЭК-Казатомпром\"\"\"","DDP","С даты подписания договора в течение 150 календарных дней","Предоплата - 0% , Промежуточный платеж - 0% , Окончательный платеж - 100% ","Штука",{"v":30,"d":"30.000"},{"v":2459.16,"d":"2,459.160"},{"v":73774.8,"d":"73,774.800"},{"v":82627.78,"d":"82,627.780"},"-","Товарищество с ограниченной ответственностью \"Мангистауский атомный энергетический комбинат-Казатомпром\""]
[null,"4630770","2836 Т","231923.300.000228","Колба","из стекла, тип К, вместимость 10-10000 см3","172:Колба:К-1-100 29/32:К-1-100 29/32 \\ 79:ГОСТ:25336-82:25336-82","ОИ","137-2 (не превышает тысячекратного МРП)","0","05.2018","471010000, Мангистауская область, Актау Г.А., г.Актау, \"Мангистауская область, г. Актау, промзона, ТОО \"\"МАЭК-Казатомпром\"\", здание 201\"","471010000, Мангистауская область, Актау Г.А., г.Актау, \"Мангистауская область, г. Актау, промзона, ТОО \"\"МАЭК-Казатомпром\"\"\"","DDP","С даты подписания договора в течение 150 календарных дней","Предоплата - 0% , Промежуточный платеж - 0% , Окончательный платеж - 100% ","Штука",{"v":5,"d":"5.000"},{"v":800,"d":"800.000"},{"v":4000,"d":"4,000.000"},{"v":4480,"d":"4,480.000"},"-","Товарищество с ограниченной ответственностью \"Мангистауский атомный энергетический комбинат-Казатомпром\""]
[null,"4630794","2839 Т","231923.300.000210","Колба","из стекла, тип П, вместимость 50-10000 см3","172:Колба:п-3 д-22мм:п-3 д-22мм \\ 468:ТУ:92.891.029-91:92.891.029-91 \\ 45:Вместимость:100мл:100мл","ОИ","137-2 (не превышает тысячекратного МРП)","0","05.2018","471010000, Мангистауская область, Актау Г.А., г.Актау, \"Мангистауская область, г. Актау, промзона, ТОО \"\"МАЭК-Казатомпром\"\", здание 201\"","471010000, Мангистауская область, Актау Г.А., г.Актау, \"Мангистауская область, г. Актау, промзона, ТОО \"\"МАЭК-Казатомпром\"\"\"","DDP","С даты подписания договора в течение 150 календарных дней","Предоплата - 0% , Промежуточный платеж - 0% , Окончательный платеж - 100% ","Штука",{"v":5,"d":"5.000"},{"v":1566.25,"d":"1,566.250"},{"v":7831.25,"d":"7,831.250"},{"v":8771,"d":"8,771.000"},"-","Товарищество с ограниченной ответственностью \"Мангистауский атомный энергетический комбинат-Казатомпром\""]
[null,"4635508","2841 Т","231923.300.000041","Цилиндр лабораторный","марка 1-25-2","513:Цилиндр: мерный: мерный \\ 79:ГОСТ:1770-74:1770-74 \\ 45:Вместимость:25мл:25мл","ОИ","137-2 (не превышает тысячекратного МРП)","0","05.2018","471010000, Мангистауская область, Актау Г.А., г.Актау, \"Мангистауская область, г. Актау, промзона, ТОО \"\"МАЭК-Казатомпром\"\", здание 201\"","471010000, Мангистауская область, Актау Г.А., г.Актау, \"Мангистауская область, г. Актау, промзона, ТОО \"\"МАЭК-Казатомпром\"\"\"","DDP","С даты подписания договора в течение 150 календарных дней","Предоплата - 0% , Промежуточный платеж - 0% , Окончательный платеж - 100% ","Штука",{"v":15,"d":"15.000"},{"v":1128.6,"d":"1,128.600"},{"v":16929,"d":"16,929.000"},{"v":18960.48,"d":"18,960.480"},"-","Товарищество с ограниченной ответственностью \"Мангистауский атомный энергетический комбинат-Казатомпром\""]
[null,"4630805","2846 Т","231923.300.000215","Колба","из стекла, тип Кн, вместимость 10-5000 см3","172:Колба:кн-1-500 29/32:кн-1-500 29/32 \\ 79:ГОСТ:25336-82:25336-82","ОИ","137-2 (не превышает тысячекратного МРП)","0","05.2018","471010000, Мангистауская область, Актау Г.А., г.Актау, \"Мангистауская область, г. Актау, промзона, ТОО \"\"МАЭК-Казатомпром\"\", здание 201\"","471010000, Мангистауская область, Актау Г.А., г.Актау, \"Мангистауская область, г. Актау, промзона, ТОО \"\"МАЭК-Казатомпром\"\"\"","DDP","С даты подписания договора в течение 150 календарных дней","Предоплата - 0% , Промежуточный платеж - 0% , Окончательный платеж - 100% ","Штука",{"v":40,"d":"40.000"},{"v":2800,"d":"2,800.000"},{"v":112000,"d":"112,000.000"},{"v":125440,"d":"125,440.000"},"-","Товарищество с ограниченной ответственностью \"Мангистауский атомный энергетический комбинат-Казатомпром\""]
[null,"4630246","2850 Т","231923.300.000119","Бюретка","из стекла, объем 1-100 мл","235:Наименование:Бюретка 1-3-2-100-0,2:Бюретка 1-3-2-100-0,2 \\ 79:ГОСТ:29251-91:29251-91 \\ 360:Прочие характеристики:тип 1, исп. 3, класс точности 2:тип 1, исп. 3, класс точности 2","ОИ","137-2 (не превышает тысячекратного МРП)","0","05.2018","471010000, Мангистауская область, Актау Г.А., г.Актау, \"Мангистауская область, г. Актау, промзона, ТОО \"\"МАЭК-Казатомпром\"\", здание 201\"","471010000, Мангистауская область, Актау Г.А., г.Актау, \"Мангистауская область, г. Актау, промзона, ТОО \"\"МАЭК-Казатомпром\"\"\"","DDP","С даты подписания договора в течение 150 календарных дней","Предоплата - 0% , Промежуточный платеж - 0% , Окончательный платеж - 100% ","Штука",{"v":12,"d":"12.000"},{"v":2690,"d":"2,690.000"},{"v":32280,"d":"32,280.000"},{"v":36153.6,"d":"36,153.600"},"-","Товарищество с ограниченной ответственностью \"Мангистауский атомный энергетический комбинат-Казатомпром\""]
[null,"4640123","2854 Т","234411.000.000057","Ложка","лабораторная, из фарфора","235:Наименование:Ложка №4 фарфор 250/50:Ложка №4 фарфор 250/50 \\ 79:ГОСТ:9147-80:9147-80","ОИ","137-2 (не превышает тысячекратного МРП)","100","05.2018","471010000, Мангистауская область, Актау Г.А., г.Актау, \"Мангистауская область, г. Актау, промзона, ТОО \"\"МАЭК-Казатомпром\"\", здание 201\"","471010000, Мангистауская область, Актау Г.А., г.Актау, \"Мангистауская область, г. Актау, промзона, ТОО \"\"МАЭК-Казатомпром\"\"\"","DDP","С даты подписания договора в течение 150 календарных дней","Предоплата - 0% , Промежуточный платеж - 0% , Окончательный платеж - 100% ","Штука",{"v":5,"d":"5.000"},{"v":4220,"d":"4,220.000"},{"v":21100,"d":"21,100.000"},{"v":23632,"d":"23,632.000"},"-","Товарищество с ограниченной ответственностью \"Мангистауский атомный энергетический комбинат-Казатомпром\""]
[null,"4640014","2857 Т","234411.000.000052","Кружка","фарфоровая, вместимость свыше 1000 см3","235:Наименование:Кружка фарфор №5 :Кружка фарфор №5  \\ 79:ГОСТ:9147-80:9147-80 \\ 45:Вместимость:2000мл:2000мл","ОИ","137-2 (не превышает тысячекратного МРП)","0","05.2018","471010000, Мангистауская область, Актау Г.А., г.Актау, \"Мангистауская область, г. Актау, промзона, ТОО \"\"МАЭК-Казатомпром\"\", здание 201\"","471010000, Мангистауская область, Актау Г.А., г.Актау, \"Мангистауская область, г. Актау, промзона, ТОО \"\"МАЭК-Казатомпром\"\"\"","DDP","С даты подписания договора в течение 150 календарных дней","Предоплата - 0% , Промежуточный платеж - 0% , Окончательный платеж - 100% ","Штука",{"v":4,"d":"4.000"},{"v":13500,"d":"13,500.000"},{"v":54000,"d":"54,000.000"},{"v":60480,"d":"60,480.000"},"-","Товарищество с ограниченной ответственностью \"Мангистауский атомный энергетический комбинат-Казатомпром\""]
[null,"4640304","2858 Т","234411.000.000047","Стакан","фарфоровый, № 7, номинальная вместимость 1000 см3","235:Наименование:Стакан фарфор №7:Стакан фарфор №7 \\ 79:ГОСТ:9147-80:9147-80 \\ 45:Вместимость: 1000мл: 1000мл","ОИ","137-2 (не превышает тысячекратного МРП)","100","05.2018","471010000, Мангистауская область, Актау Г.А., г.Актау, \"Мангистауская область, г. Актау, промзона, ТОО \"\"МАЭК-Казатомпром\"\", здание 201\"","471010000, Мангистауская область, Актау Г.А., г.Актау, \"Мангистауская область, г. Актау, промзона, ТОО \"\"МАЭК-Казатомпром\"\"\"","DDP","С даты подписания договора в течение 150 календарных дней","Предоплата - 0% , Промежуточный платеж - 0% , Окончательный платеж - 100% ","Штука",{"v":2,"d":"2.000"},{"v":5814.71,"d":"5,814.710"},{"v":11629.42,"d":"11,629.420"},{"v":13024.95,"d":"13,024.950"},"-","Товарищество с ограниченной ответственностью \"Мангистауский атомный энергетический комбинат-Казатомпром\""]
[null,"4640405","2863 Т","234411.000.000015","Тигель","фарфоровый","235:Наименование:Тигель фарфор низкий №5:Тигель фарфор низкий №5 \\ 79:ГОСТ:9147-80:9147-80","ОИ","137-2 (не превышает тысячекратного МРП)","0","05.2018","471010000, Мангистауская область, Актау Г.А., г.Актау, \"Мангистауская область, г. Актау, промзона, ТОО \"\"МАЭК-Казатомпром\"\", здание 201\"","471010000, Мангистауская область, Актау Г.А., г.Актау, \"Мангистауская область, г. Актау, промзона, ТОО \"\"МАЭК-Казатомпром\"\"\"","DDP","С даты подписания договора в течение 150 календарных дней","Предоплата - 0% , Промежуточный платеж - 0% , Окончательный платеж - 100% ","Штука",{"v":5,"d":"5.000"},{"v":1162.64,"d":"1,162.640"},{"v":5813.2,"d":"5,813.200"},{"v":6510.78,"d":"6,510.780"},"-","Товарищество с ограниченной ответственностью \"Мангистауский атомный энергетический комбинат-Казатомпром\""]
[null,"4640401","2866 Т","234411.000.000015","Тигель","фарфоровый","235:Наименование: (ГОСТ ):Тигель фарфор высокий №5 \\ 79:ГОСТ:9147-80:9147-80","ОИ","137-2 (не превышает тысячекратного МРП)","100","05.2018","471010000, Мангистауская область, Актау Г.А., г.Актау, \"Мангистауская область, г. Актау, промзона, ТОО \"\"МАЭК-Казатомпром\"\", здание 201\"","471010000, Мангистауская область, Актау Г.А., г.Актау, \"Мангистауская область, г. Актау, промзона, ТОО \"\"МАЭК-Казатомпром\"\"\"","DDP","С даты подписания договора в течение 150 календарных дней","Предоплата - 0% , Промежуточный платеж - 0% , Окончательный платеж - 100% ","Штука",{"v":2,"d":"2.000"},{"v":1076.57,"d":"1,076.570"},{"v":2153.14,"d":"2,153.140"},{"v":2411.52,"d":"2,411.520"},"-","Товарищество с ограниченной ответственностью \"Мангистауский атомный энергетический комбинат-Казатомпром\""]
[null,"4660125","2869 Т","231923.300.000126","Карандаш","для фарфора","235:Наименование:Карандаш по стеклу:Карандаш по стеклу \\ 468:ТУ:2389-007-03987647-97:2389-007-03987647-97","ОИ","137-2 (не превышает тысячекратного МРП)","0","05.2018","471010000, Мангистауская область, Актау Г.А., г.Актау, \"Мангистауская область, г. Актау, промзона, ТОО \"\"МАЭК-Казатомпром\"\", здание 201\"","471010000, Мангистауская область, Актау Г.А., г.Актау, \"Мангистауская область, г. Актау, промзона, ТОО \"\"МАЭК-Казатомпром\"\"\"","DDP","С даты подписания договора в течение 150 календарных дней","Предоплата - 0% , Промежуточный платеж - 0% , Окончательный платеж - 100% ","Штука",{"v":20,"d":"20.000"},{"v":139,"d":"139.000"},{"v":2780,"d":"2,780.000"},{"v":3113.6,"d":"3,113.600"},"-","Товарищество с ограниченной ответственностью \"Мангистауский атомный энергетический комбинат-Казатомпром\""]
[null,"4660130","2872 Т","265182.500.000046","Микрошприц","для хроматографа","235:Наименование:Микрошприц м-1 с направляющей:Микрошприц м-1 с направляющей \\ 79:ГОСТ: 29227-91: 29227-91 \\ 45:Вместимость:1см3 :1см3 ","ОИ","137-2 (не превышает тысячекратного МРП)","0","05.2018","471010000, Мангистауская область, Актау Г.А., г.Актау, \"Мангистауская область, г. Актау, промзона, ТОО \"\"МАЭК-Казатомпром\"\", здание 201\"","471010000, Мангистауская область, Актау Г.А., г.Актау, \"Мангистауская область, г. Актау, промзона, ТОО \"\"МАЭК-Казатомпром\"\"\"","DDP","С даты подписания договора в течение 150 календарных дней","Предоплата - 0% , Промежуточный платеж - 0% , Окончательный платеж - 100% ","Штука",{"v":5,"d":"5.000"},{"v":51562.5,"d":"51,562.500"},{"v":257812.5,"d":"257,812.500"},{"v":288750,"d":"288,750.000"},"-","Товарищество с ограниченной ответственностью \"Мангистауский атомный энергетический комбинат-Казатомпром\""]
[null,"4660163","2877 Т","221930.300.000006","Трубка техническая","кислотощелочестойкая, из резины","235:Наименование:Трубка резиновая тех д=10:Трубка резиновая тех д=10 \\ 79:ГОСТ:5496-78:5496-78","ОИ","137-2 (не превышает тысячекратного МРП)","0","05.2018","471010000, Мангистауская область, Актау Г.А., г.Актау, \"Мангистауская область, г. Актау, промзона, ТОО \"\"МАЭК-Казатомпром\"\", здание 201\"","471010000, Мангистауская область, Актау Г.А., г.Актау, \"Мангистауская область, г. Актау, промзона, ТОО \"\"МАЭК-Казатомпром\"\"\"","DDP","С даты подписания договора в течение 150 календарных дней","Предоплата - 0% , Промежуточный платеж - 0% , Окончательный платеж - 100% ","Килограмм",{"v":3,"d":"3.000"},{"v":5191.56,"d":"5,191.560"},{"v":15574.68,"d":"15,574.680"},{"v":17443.64,"d":"17,443.640"},"-","Товарищество с ограниченной ответственностью \"Мангистауский атомный энергетический комбинат-Казатомпром\""]
[null,"4661060","2880 Т","201342.100.000031","Нитрат палладия","жидкость","235:Наименование:\"Модификатор для анализа сложных проб фирмы \"\"Мерк\"\" (нитрат палладия) 50 мл (фирмы \"\"Мерк\"\")\":\"Модификатор для анализа сложных проб фирмы \"\"Мерк\"\" (нитрат палладия) 50 мл (фирмы \"\"Мерк\"\")\"","ОИ","137-2 (не превышает тысячекратного МРП)","0","05.2018","471010000, Мангистауская область, Актау Г.А., г.Актау, \"Мангистауская область, г. Актау, промзона, ТОО \"\"МАЭК-Казатомпром\"\", здание 201\"","471010000, Мангистауская область, Актау Г.А., г.Актау, \"Мангистауская область, г. Актау, промзона, ТОО \"\"МАЭК-Казатомпром\"\"\"","DDP","С даты подписания договора в течение 150 календарных дней","Предоплата - 0% , Промежуточный платеж - 0% , Окончательный платеж - 100% ","Штука",{"v":1,"d":"1.000"},{"v":158600,"d":"158,600.000"},{"v":158600,"d":"158,600.000"},{"v":177632,"d":"177,632.000"},"-","Товарищество с ограниченной ответственностью \"Мангистауский атомный энергетический комбинат-Казатомпром\""]
[null,"4660001","2881 Т","221971.900.000009","Груша","резиновая, объем 5-50 мл","235:Наименование:Груша:Груша \\ 468:ТУ:38-106003-95:38-106003-95 \\ 45:Вместимость:50 мл:50 мл","ОИ","137-2 (не превышает тысячекратного МРП)","0","05.2018","471010000, Мангистауская область, Актау Г.А., г.Актау, \"Мангистауская область, г. Актау, промзона, ТОО \"\"МАЭК-Казатомпром\"\", здание 201\"","471010000, Мангистауская область, Актау Г.А., г.Актау, \"Мангистауская область, г. Актау, промзона, ТОО \"\"МАЭК-Казатомпром\"\"\"","DDP","С даты подписания договора в течение 150 календарных дней","Предоплата - 0% , Промежуточный платеж - 0% , Окончательный платеж - 100% ","Штука",{"v":6,"d":"6.000"},{"v":306,"d":"306.000"},{"v":1836,"d":"1,836.000"},{"v":2056.32,"d":"2,056.320"},"-","Товарищество с ограниченной ответственностью \"Мангистауский атомный энергетический комбинат-Казатомпром\""]
[null,"4660150","2885 Т","221930.300.000004","Трубка медицинская","для хирургических целей, соединительная, из резины","235:Наименование:Трубка резиновая мед д=12:Трубка резиновая мед д=12 \\ 79:ГОСТ: 3399-76: 3399-76","ОИ","137-2 (не превышает тысячекратного МРП)","0","05.2018","471010000, Мангистауская область, Актау Г.А., г.Актау, \"Мангистауская область, г. Актау, промзона, ТОО \"\"МАЭК-Казатомпром\"\", здание 201\"","471010000, Мангистауская область, Актау Г.А., г.Актау, \"Мангистауская область, г. Актау, промзона, ТОО \"\"МАЭК-Казатомпром\"\"\"","DDP","С даты подписания договора в течение 150 календарных дней","Предоплата - 0% , Промежуточный платеж - 0% , Окончательный платеж - 100% ","Килограмм",{"v":5,"d":"5.000"},{"v":7100,"d":"7,100.000"},{"v":35500,"d":"35,500.000"},{"v":39760,"d":"39,760.000"},"-","Товарищество с ограниченной ответственностью \"Мангистауский атомный энергетический комбинат-Казатомпром\""]
[null,"4660020","2888 Т","259929.450.000002","Зажим Гофмана","винтовой","235:Наименование:Зажим гофмана:Зажим гофмана","ОИ","137-2 (не превышает тысячекратного МРП)","0","05.2018","471010000, Мангистауская область, Актау Г.А., г.Актау, \"Мангистауская область, г. Актау, промзона, ТОО \"\"МАЭК-Казатомпром\"\", здание 201\"","471010000, Мангистауская область, Актау Г.А., г.Актау, \"Мангистауская область, г. Актау, промзона, ТОО \"\"МАЭК-Казатомпром\"\"\"","DDP","С даты подписания договора в течение 150 календарных дней","Предоплата - 0% , Промежуточный платеж - 0% , Окончательный платеж - 100% ","Штука",{"v":10,"d":"10.000"},{"v":1294,"d":"1,294.000"},{"v":12940,"d":"12,940.000"},{"v":14492.8,"d":"14,492.800"},"-","Товарищество с ограниченной ответственностью \"Мангистауский атомный энергетический комбинат-Казатомпром\""]
[null,"4663053","2894 Т","221973.100.000033","Пробка","резиновая","235:Наименование:Пробка резиновая d=14:Пробка резиновая d=14 \\ 79:ГОСТ:7852-76:7852-76","ОИ","137-2 (не превышает тысячекратного МРП)","0","05.2018","471010000, Мангистауская область, Актау Г.А., г.Актау, \"Мангистауская область, г. Актау, промзона, ТОО \"\"МАЭК-Казатомпром\"\", здание 201\"","471010000, Мангистауская область, Актау Г.А., г.Актау, \"Мангистауская область, г. Актау, промзона, ТОО \"\"МАЭК-Казатомпром\"\"\"","DDP","С даты подписания договора в течение 150 календарных дней","Предоплата - 0% , Промежуточный платеж - 0% , Окончательный платеж - 100% ","Килограмм",{"v":0.5,"d":"0.500"},{"v":1776.06,"d":"1,776.060"},{"v":888.03,"d":"888.030"},{"v":994.59,"d":"994.590"},"-","Товарищество с ограниченной ответственностью \"Мангистауский атомный энергетический комбинат-Казатомпром\""]
[null,"4660161","2896 Т","221930.300.000006","Трубка техническая","кислотощелочестойкая, из резины","235:Наименование:Трубка резиновая тех д=5:Трубка резиновая тех д=5 \\ 79:ГОСТ: 5496-78: 5496-78","ОИ","137-2 (не превышает тысячекратного МРП)","0","05.2018","471010000, Мангистауская область, Актау Г.А., г.Актау, \"Мангистауская область, г. Актау, промзона, ТОО \"\"МАЭК-Казатомпром\"\", здание 201\"","471010000, Мангистауская область, Актау Г.А., г.Актау, \"Мангистауская область, г. Актау, промзона, ТОО \"\"МАЭК-Казатомпром\"\"\"","DDP","С даты подписания договора в течение 150 календарных дней","Предоплата - 0% , Промежуточный платеж - 0% , Окончательный платеж - 100% ","Килограмм",{"v":3,"d":"3.000"},{"v":6450,"d":"6,450.000"},{"v":19350,"d":"19,350.000"},{"v":21672,"d":"21,672.000"},"-","Товарищество с ограниченной ответственностью \"Мангистауский атомный энергетический комбинат-Казатомпром\""]
[null,"4660041","2899 Т","231923.300.000124","Дозатор","из стекла, однопозиционный сифонный","235:Наименование:Дозатор типа ДР:Дозатор типа ДР \\ 79:ГОСТ:6859:6859 \\ 45:Вместимость:1 мл:1 мл","ОИ","137-2 (не превышает тысячекратного МРП)","0","05.2018","471010000, Мангистауская область, Актау Г.А., г.Актау, \"Мангистауская область, г. Актау, промзона, ТОО \"\"МАЭК-Казатомпром\"\", здание 201\"","471010000, Мангистауская область, Актау Г.А., г.Актау, \"Мангистауская область, г. Актау, промзона, ТОО \"\"МАЭК-Казатомпром\"\"\"","DDP","С даты подписания договора в течение 150 календарных дней","Предоплата - 0% , Промежуточный платеж - 0% , Окончательный платеж - 100% ","Штука",{"v":5,"d":"5.000"},{"v":3850,"d":"3,850.000"},{"v":19250,"d":"19,250.000"},{"v":21560,"d":"21,560.000"},"-","Товарищество с ограниченной ответственностью \"Мангистауский атомный энергетический комбинат-Казатомпром\""]
[null,"4660011","2904 Т","329111.900.000001","Ерш","хозяйственный","235:Наименование:Ерш бутылочный:Ерш бутылочный \\ 79:ГОСТ:50962-96:50962-96","ОИ","137-2 (не превышает тысячекратного МРП)","0","05.2018","471010000, Мангистауская область, Актау Г.А., г.Актау, \"Мангистауская область, г. Актау, промзона, ТОО \"\"МАЭК-Казатомпром\"\", здание 201\"","471010000, Мангистауская область, Актау Г.А., г.Актау, \"Мангистауская область, г. Актау, промзона, ТОО \"\"МАЭК-Казатомпром\"\"\"","DDP","С даты подписания договора в течение 150 календарных дней","Предоплата - 0% , Промежуточный платеж - 0% , Окончательный платеж - 100% ","Штука",{"v":20,"d":"20.000"},{"v":450,"d":"450.000"},{"v":9000,"d":"9,000.000"},{"v":10080,"d":"10,080.000"},"-","Товарищество с ограниченной ответственностью \"Мангистауский атомный энергетический комбинат-Казатомпром\""]
[null,"4663058","2907 Т","221973.100.000033","Пробка","резиновая","235:Наименование:Пробка резиновая d=45:Пробка резиновая d=45 \\ 79:ГОСТ:7852-76:7852-76 \\ 360:Прочие характеристики:d=45мм, меньший d=40мм, больший d=50:d=45мм, меньший d=40мм, больший d=50","ОИ","137-2 (не превышает тысячекратного МРП)","0","05.2018","471010000, Мангистауская область, Актау Г.А., г.Актау, \"Мангистауская область, г. Актау, промзона, ТОО \"\"МАЭК-Казатомпром\"\", здание 201\"","471010000, Мангистауская область, Актау Г.А., г.Актау, \"Мангистауская область, г. Актау, промзона, ТОО \"\"МАЭК-Казатомпром\"\"\"","DDP","С даты подписания договора в течение 150 календарных дней","Предоплата - 0% , Промежуточный платеж - 0% , Окончательный платеж - 100% ","Штука",{"v":15,"d":"15.000"},{"v":667,"d":"667.000"},{"v":10005,"d":"10,005.000"},{"v":11205.6,"d":"11,205.600"},"-","Товарищество с ограниченной ответственностью \"Мангистауский атомный энергетический комбинат-Казатомпром\""]
[null,"4663014","2908 Т","222923.250.000003","Банка","для продуктов пищевых, из полиэтилена, объем не более 500 мл","235:Наименование:Банка п/э для хранения растворов :Банка п/э для хранения растворов  \\ 468:ТУ:6-19-110-78:6-19-110-78 \\ 45:Вместимость:250 мл:250 мл","ОИ","137-2 (не превышает тысячекратного МРП)","0","05.2018","471010000, Мангистауская область, Актау Г.А., г.Актау, \"Мангистауская область, г. Актау, промзона, ТОО \"\"МАЭК-Казатомпром\"\", здание 201\"","471010000, Мангистауская область, Актау Г.А., г.Актау, \"Мангистауская область, г. Актау, промзона, ТОО \"\"МАЭК-Казатомпром\"\"\"","DDP","С даты подписания договора в течение 150 календарных дней","Предоплата - 0% , Промежуточный платеж - 0% , Окончательный платеж - 100% ","Штука",{"v":35,"d":"35.000"},{"v":1950,"d":"1,950.000"},{"v":68250,"d":"68,250.000"},{"v":76440,"d":"76,440.000"},"-","Товарищество с ограниченной ответственностью \"Мангистауский атомный энергетический комбинат-Казатомпром\""]
[null,"4660152","2912 Т","221930.300.000004","Трубка медицинская","для хирургических целей, соединительная, из резины","235:Наименование:Трубка резиновая мед д=8:Трубка резиновая мед д=8 \\ 79:ГОСТ:3399-76:3399-76","ОИ","137-2 (не превышает тысячекратного МРП)","0","05.2018","471010000, Мангистауская область, Актау Г.А., г.Актау, \"Мангистауская область, г. Актау, промзона, ТОО \"\"МАЭК-Казатомпром\"\", здание 201\"","471010000, Мангистауская область, Актау Г.А., г.Актау, \"Мангистауская область, г. Актау, промзона, ТОО \"\"МАЭК-Казатомпром\"\"\"","DDP","С даты подписания договора в течение 150 календарных дней","Предоплата - 0% , Промежуточный платеж - 0% , Окончательный платеж - 100% ","Килограмм",{"v":12,"d":"12.000"},{"v":7100,"d":"7,100.000"},{"v":85200,"d":"85,200.000"},{"v":95424,"d":"95,424.000"},"-","Товарищество с ограниченной ответственностью \"Мангистауский атомный энергетический комбинат-Казатомпром\""]
[null,"4665002","2915 Т","222925.500.000012","Маркер","пластиковый, нестираемый","235:Наименование:Маркер по стеклу влагостойкий (перманентный):Маркер по стеклу влагостойкий (перманентный)","ОИ","137-2 (не превышает тысячекратного МРП)","0","05.2018","471010000, Мангистауская область, Актау Г.А., г.Актау, \"Мангистауская область, г. Актау, промзона, ТОО \"\"МАЭК-Казатомпром\"\", здание 201\"","471010000, Мангистауская область, Актау Г.А., г.Актау, \"Мангистауская область, г. Актау, промзона, ТОО \"\"МАЭК-Казатомпром\"\"\"","DDP","С даты подписания договора в течение 150 календарных дней","Предоплата - 0% , Промежуточный платеж - 0% , Окончательный платеж - 100% ","Штука",{"v":17,"d":"17.000"},{"v":1161.27,"d":"1,161.270"},{"v":19741.59,"d":"19,741.590"},{"v":22110.58,"d":"22,110.580"},"-","Товарищество с ограниченной ответственностью \"Мангистауский атомный энергетический комбинат-Казатомпром\""]
[null,"4660151","2921 Т","221930.300.000004","Трубка медицинская","для хирургических целей, соединительная, из резины","235:Наименование:Трубка резиновая мед д=14:Трубка резиновая мед д=14 \\ 79:ГОСТ: 3399-76: 3399-76","ОИ","137-2 (не превышает тысячекратного МРП)","0","05.2018","471010000, Мангистауская область, Актау Г.А., г.Актау, \"Мангистауская область, г. Актау, промзона, ТОО \"\"МАЭК-Казатомпром\"\", здание 201\"","471010000, Мангистауская область, Актау Г.А., г.Актау, \"Мангистауская область, г. Актау, промзона, ТОО \"\"МАЭК-Казатомпром\"\"\"","DDP","С даты подписания договора в течение 150 календарных дней","Предоплата - 0% , Промежуточный платеж - 0% , Окончательный платеж - 100% ","Килограмм",{"v":17,"d":"17.000"},{"v":7100,"d":"7,100.000"},{"v":120700,"d":"120,700.000"},{"v":135184,"d":"135,184.000"},"-","Товарищество с ограниченной ответственностью \"Мангистауский атомный энергетический комбинат-Казатомпром\""]
[null,"4667001","2923 Т","222929.900.000222","Стакан","лабораторный, фторопластовый, с носиком, объем 100-500 мл","235:Наименование:Стакан с носиком:Стакан с носиком \\ 468:ТУ:95-173-78:95-173-78 \\ 45:Вместимость:500мл:500мл","ОИ","137-2 (не превышает тысячекратного МРП)","0","05.2018","471010000, Мангистауская область, Актау Г.А., г.Актау, \"Мангистауская область, г. Актау, промзона, ТОО \"\"МАЭК-Казатомпром\"\", здание 201\"","471010000, Мангистауская область, Актау Г.А., г.Актау, \"Мангистауская область, г. Актау, промзона, ТОО \"\"МАЭК-Казатомпром\"\"\"","DDP","С даты подписания договора в течение 150 календарных дней","Предоплата - 0% , Промежуточный платеж - 0% , Окончательный платеж - 100% ","Штука",{"v":7,"d":"7.000"},{"v":11434.5,"d":"11,434.500"},{"v":80041.5,"d":"80,041.500"},{"v":89646.48,"d":"89,646.480"},"-","Товарищество с ограниченной ответственностью \"Мангистауский атомный энергетический комбинат-Казатомпром\""]
[null,"4664999","2926 Т","325013.200.000003","Дозатор","медицинский","235:Наименование:Автоматическая пипетка-дозатор:Автоматическая пипетка-дозатор \\ 468:ТУ:64-1-601-71:64-1-601-71 \\ 45:Вместимость: 10 мл: 10 мл","ОИ","137-2 (не превышает тысячекратного МРП)","0","05.2018","471010000, Мангистауская область, Актау Г.А., г.Актау, \"Мангистауская область, г. Актау, промзона, ТОО \"\"МАЭК-Казатомпром\"\", здание 201\"","471010000, Мангистауская область, Актау Г.А., г.Актау, \"Мангистауская область, г. Актау, промзона, ТОО \"\"МАЭК-Казатомпром\"\"\"","DDP","С даты подписания договора в течение 150 календарных дней","Предоплата - 0% , Промежуточный платеж - 0% , Окончательный платеж - 100% ","Штука",{"v":5,"d":"5.000"},{"v":165550,"d":"165,550.000"},{"v":827750,"d":"827,750.000"},{"v":927080,"d":"927,080.000"},"-","Товарищество с ограниченной ответственностью \"Мангистауский атомный энергетический комбинат-Казатомпром\""]
[null,"4666000","2930 Т","267023.990.000002","Лупа","измерительная","235:Наименование:Лупа измерительная ЛИ-3-10х:Лупа измерительная ЛИ-3-10х \\ 360:Прочие характеристики:шкала 0-15 мм, ц.д. шкалы 0,1 мм, увеличение крат: 10, фокусное расстояние 25мм:шкала 0-15 мм, ц.д. шкалы 0,1 мм, увеличение крат: 10, фокусное расстояние 25мм","ОИ","137-2 (не превышает тысячекратного МРП)","0","05.2018","471010000, Мангистауская область, Актау Г.А., г.Актау, \"Мангистауская область, г. Актау, промзона, ТОО \"\"МАЭК-Казатомпром\"\", здание 201\"","471010000, Мангистауская область, Актау Г.А., г.Актау, \"Мангистауская область, г. Актау, промзона, ТОО \"\"МАЭК-Казатомпром\"\"\"","DDP","С даты подписания договора в течение 150 календарных дней","Предоплата - 0% , Промежуточный платеж - 0% , Окончательный платеж - 100% ","Штука",{"v":2,"d":"2.000"},{"v":16400,"d":"16,400.000"},{"v":32800,"d":"32,800.000"},{"v":36736,"d":"36,736.000"},"-","Товарищество с ограниченной ответственностью \"Мангистауский атомный энергетический комбинат-Казатомпром\""]
[null,"4660164","2934 Т","221930.300.000006","Трубка техническая","кислотощелочестойкая, из резины","235:Наименование:Трубка резиновая тех д=12:Трубка резиновая тех д=12 \\ 79:ГОСТ: 5496-78: 5496-78","ОИ","137-2 (не превышает тысячекратного МРП)","0","05.2018","471010000, Мангистауская область, Актау Г.А., г.Актау, \"Мангистауская область, г. Актау, промзона, ТОО \"\"МАЭК-Казатомпром\"\", здание 201\"","471010000, Мангистауская область, Актау Г.А., г.Актау, \"Мангистауская область, г. Актау, промзона, ТОО \"\"МАЭК-Казатомпром\"\"\"","DDP","С даты подписания договора в течение 150 календарных дней","Предоплата - 0% , Промежуточный платеж - 0% , Окончательный платеж - 100% ","Килограмм",{"v":3,"d":"3.000"},{"v":5191.56,"d":"5,191.560"},{"v":15574.68,"d":"15,574.680"},{"v":17443.64,"d":"17,443.640"},"-","Товарищество с ограниченной ответственностью \"Мангистауский атомный энергетический комбинат-Казатомпром\""]
[null,"4665050","2935 Т","221971.900.000002","Пипетка","объем 1 мл","235:Наименование:Пипетка Пастера:Пипетка Пастера \\ 360:Прочие характеристики:п/э, одноразовая, нестерильная, с оттянутым носиком:п/э, одноразовая, нестерильная, с оттянутым носиком \\ 45:Вместимость:1 мл:1 мл","ОИ","137-2 (не превышает тысячекратного МРП)","0","05.2018","471010000, Мангистауская область, Актау Г.А., г.Актау, \"Мангистауская область, г. Актау, промзона, ТОО \"\"МАЭК-Казатомпром\"\", здание 201\"","471010000, Мангистауская область, Актау Г.А., г.Актау, \"Мангистауская область, г. Актау, промзона, ТОО \"\"МАЭК-Казатомпром\"\"\"","DDP","С даты подписания договора в течение 150 календарных дней","Предоплата - 0% , Промежуточный платеж - 0% , Окончательный платеж - 100% ","Штука",{"v":10,"d":"10.000"},{"v":53.46,"d":"53.460"},{"v":534.6,"d":"534.600"},{"v":598.75,"d":"598.750"},"-","Товарищество с ограниченной ответственностью \"Мангистауский атомный энергетический комбинат-Казатомпром\""]
[null,"4667000","2939 Т","222929.900.000222","Стакан","лабораторный, фторопластовый, с носиком, объем 100-500 мл","235:Наименование:Стакан с носиком  фторопласт-4:Стакан с носиком  фторопласт-4 \\ 468:ТУ:ТУ 95-173-78:ТУ 95-173-78 \\ 45:Вместимость:100мл:100мл","ОИ","137-2 (не превышает тысячекратного МРП)","0","05.2018","471010000, Мангистауская область, Актау Г.А., г.Актау, \"Мангистауская область, г. Актау, промзона, ТОО \"\"МАЭК-Казатомпром\"\", здание 201\"","471010000, Мангистауская область, Актау Г.А., г.Актау, \"Мангистауская область, г. Актау, промзона, ТОО \"\"МАЭК-Казатомпром\"\"\"","DDP","С даты подписания договора в течение 150 календарных дней","Предоплата - 0% , Промежуточный платеж - 0% , Окончательный платеж - 100% ","Штука",{"v":7,"d":"7.000"},{"v":5618.8,"d":"5,618.800"},{"v":39331.6,"d":"39,331.600"},{"v":44051.39,"d":"44,051.390"},"-","Товарищество с ограниченной ответственностью \"Мангистауский атомный энергетический комбинат-Казатомпром\""]
[null,"4665020","2942 Т","222929.100.000000","Промывалка","полипропиленовая, лабораторная","235:Наименование:Промывалка Integral PE-LD :Промывалка  (Integral PE-LD 500 мл) \\ 45:Вместимость:500 мл:500 мл","ОИ","137-2 (не превышает тысячекратного МРП)","0","05.2018","471010000, Мангистауская область, Актау Г.А., г.Актау, \"Мангистауская область, г. Актау, промзона, ТОО \"\"МАЭК-Казатомпром\"\", здание 201\"","471010000, Мангистауская область, Актау Г.А., г.Актау, \"Мангистауская область, г. Актау, промзона, ТОО \"\"МАЭК-Казатомпром\"\"\"","DDP","С даты подписания договора в течение 150 календарных дней","Предоплата - 0% , Промежуточный платеж - 0% , Окончательный платеж - 100% ","Штука",{"v":4,"d":"4.000"},{"v":3850,"d":"3,850.000"},{"v":15400,"d":"15,400.000"},{"v":17248,"d":"17,248.000"},"-","Товарищество с ограниченной ответственностью \"Мангистауский атомный энергетический комбинат-Казатомпром\""]
[null,"5112826","2946-1 Т","281420.000.000047","Техпластина тепломорозокислотнощелочестойкая","тип ТМКЩ","38:Вид:Пластина вакуумная  20мм (12х600х600 (51-2062):Пластина вакуумная  20мм (12х600х600 (51-2062)","ОИ","137-2 (не превышает тысячекратного МРП)","0","02.2018","471010000, Мангистауская область, Актау Г.А., г.Актау, \"Мангистауская область, г. Актау, промзона, ТОО \"\"МАЭК-Казатомпром\"\", здание 201\"","471010000, Мангистауская область, Актау Г.А., г.Актау, \"Мангистауская область, г. Актау, промзона, ТОО \"\"МАЭК-Казатомпром\"\"\"","DDP","С даты подписания договора по 12.2018","Окончательный платеж - 100% , Промежуточный платеж - 0% , Предоплата - 0% ","Килограмм",{"v":50,"d":"50.000"},{"v":1863,"d":"1,863.000"},{"v":93150,"d":"93,150.000"},{"v":104328,"d":"104,328.000"},"-","Товарищество с ограниченной ответственностью \"Мангистауский атомный энергетический комбинат-Казатомпром\""]
[null,"5112809","2948-1 Т","221920.700.000026","Пластина вулканизированная","тип ТМКЩ, толщина от 5,0 до 8,0 мм","38:Вид:Пластина тмкщ-10мм  ГОСТ 7338-90 :Пластина тмкщ-10мм  ГОСТ 7338-90 ","ЦПП","-","70","02.2018","471010000, Мангистауская область, Актау Г.А., г.Актау, \"Мангистауская область, г. Актау, промзона, ТОО \"\"МАЭК-Казатомпром\"\", здание 201\"","471010000, Мангистауская область, Актау Г.А., г.Актау, \"Мангистауская область, г. Актау, промзона, ТОО \"\"МАЭК-Казатомпром\"\"\"","DDP","С даты подписания договора по 12.2018","Окончательный платеж - 100% , Промежуточный платеж - 0% , Предоплата - 0% ","Килограмм",{"v":490,"d":"490.000"},{"v":756,"d":"756.000"},{"v":370440,"d":"370,440.000"},{"v":414892.8,"d":"414,892.800"},"ТПХ","Товарищество с ограниченной ответственностью \"Мангистауский атомный энергетический комбинат-Казатомпром\""]
[null,"5112800","2954-1 Т","221920.700.000026","Пластина вулканизированная","тип ТМКЩ, толщина от 5,0 до 8,0 мм","38:Вид:Пластина мбс- 1мм (ГОСТ 7338-90.):Пластина мбс- 1мм (ГОСТ 7338-90.)","ЦПП","-","0","02.2018","471000000, Мангистауская область, Актау Г.А., Промзона, ТОО \"МАЭК-Казатомпром\", здание 201","471000000, Мангистауская область, Актау Г.А., Промзона, склад ТОО \"МАЭК-Казатомпром\"","DDP","С даты подписания договора по 12.2018","Окончательный платеж - 100% , Промежуточный платеж - 0% , Предоплата - 0% ","Килограмм",{"v":30,"d":"30.000"},{"v":756,"d":"756.000"},{"v":22680,"d":"22,680.000"},{"v":25401.6,"d":"25,401.600"},"-","Товарищество с ограниченной ответственностью \"Мангистауский атомный энергетический комбинат-Казатомпром\""]
[null,"5112837","2957-1 Т","205210.900.000022","Клей","для приклеивания холодным способом резин на основе каучуков общего назначения к различным материалам","38:Вид:Клей 88-са,Бочки объемом: 28, 50, 100, 200 л):Клей 88-са,Бочки объемом: 28, 50, 100, 200 л)","ОИ","137-2 (не превышает тысячекратного МРП)","0","02.2018","471010000, Мангистауская область, Актау Г.А., г.Актау, \"Мангистауская область, г. Актау, промзона, ТОО \"\"МАЭК-Казатомпром\"\", здание 201\"","471010000, Мангистауская область, Актау Г.А., г.Актау, \"Мангистауская область, г. Актау, промзона, ТОО \"\"МАЭК-Казатомпром\"\"\"","DDP","С даты подписания договора по 12.2018","Окончательный платеж - 100% , Промежуточный платеж - 0% , Предоплата - 0% ","Килограмм",{"v":95,"d":"95.000"},{"v":1863,"d":"1,863.000"},{"v":176985,"d":"176,985.000"},{"v":198223.2,"d":"198,223.200"},"-","Товарищество с ограниченной ответственностью \"Мангистауский атомный энергетический комбинат-Казатомпром\""]
[null,"5112840","2961-1 Т","221972.000.000006","Коврик","диэлектрический, резиновый","38:Вид:Коврик  д/электрический , ГОСТ 4997-75,:Коврик  д/электрический , ГОСТ 4997-75,","ОИ","137-2 (не превышает тысячекратного МРП)","0","02.2018","471010000, Мангистауская область, Актау Г.А., г.Актау, \"Мангистауская область, г. Актау, промзона, ТОО \"\"МАЭК-Казатомпром\"\", здание 201\"","471010000, Мангистауская область, Актау Г.А., г.Актау, \"Мангистауская область, г. Актау, промзона, ТОО \"\"МАЭК-Казатомпром\"\"\"","DDP","С даты подписания договора по 12.2018","Окончательный платеж - 100% , Промежуточный платеж - 0% , Предоплата - 0% ","Штука",{"v":79,"d":"79.000"},{"v":3570.75,"d":"3,570.750"},{"v":282089.25,"d":"282,089.250"},{"v":315939.96,"d":"315,939.960"},"-","Товарищество с ограниченной ответственностью \"Мангистауский атомный энергетический комбинат-Казатомпром\""]
[null,"5112803","2962-1 Т","221920.700.000026","Пластина вулканизированная","тип ТМКЩ, толщина от 5,0 до 8,0 мм","38:Вид:Пластина тмкщ 2мм ,ГОСТ 7338-90 :Пластина тмкщ 2мм ,ГОСТ 7338-90 ","ЦПП","-","70","02.2018","471000000, Мангистауская область, Актау Г.А., Промзона, ТОО \"МАЭК-Казатомпром\", здание 201","471000000, Мангистауская область, Актау Г.А., Промзона, склад ТОО \"МАЭК-Казатомпром\"","DDP","С даты подписания договора по 12.2018","Окончательный платеж - 100% , Промежуточный платеж - 0% , Предоплата - 0% ","Килограмм",{"v":420,"d":"420.000"},{"v":756,"d":"756.000"},{"v":317520,"d":"317,520.000"},{"v":355622.4,"d":"355,622.400"},"ТПХ","Товарищество с ограниченной ответственностью \"Мангистауский атомный энергетический комбинат-Казатомпром\""]
[null,"5112813","2966-1 Т","221920.700.000026","Пластина вулканизированная","тип ТМКЩ, толщина от 5,0 до 8,0 мм","38:Вид:Пластина  мбс-2мм:Пластина  мбс-2мм","ЦПП","-","70","02.2018","471010000, Мангистауская область, Актау Г.А., г.Актау, \"Мангистауская область, г. Актау, промзона, ТОО \"\"МАЭК-Казатомпром\"\", здание 201\"","471010000, Мангистауская область, Актау Г.А., г.Актау, \"Мангистауская область, г. Актау, промзона, ТОО \"\"МАЭК-Казатомпром\"\"\"","DDP","С даты подписания договора по 12.2018","Окончательный платеж - 100% , Промежуточный платеж - 0% , Предоплата - 0% ","Килограмм",{"v":210,"d":"210.000"},{"v":1101,"d":"1,101.000"},{"v":231210,"d":"231,210.000"},{"v":258955.2,"d":"258,955.200"},"ТПХ","Товарищество с ограниченной ответственностью \"Мангистауский атомный энергетический комбинат-Казатомпром\""]
[null,"5112817","2969-1 Т","221920.700.000026","Пластина вулканизированная","тип ТМКЩ, толщина от 5,0 до 8,0 мм","38:Вид:Пластина мбс-6мм , ГОСТ 7338-90:Пластина мбс-6мм , ГОСТ 7338-90","ЦПП","-","70","02.2018","471010000, Мангистауская область, Актау Г.А., г.Актау, \"Мангистауская область, г. Актау, промзона, ТОО \"\"МАЭК-Казатомпром\"\", здание 201\"","471010000, Мангистауская область, Актау Г.А., г.Актау, \"Мангистауская область, г. Актау, промзона, ТОО \"\"МАЭК-Казатомпром\"\"\"","DDP","С даты подписания договора по 12.2018","Окончательный платеж - 100% , Промежуточный платеж - 0% , Предоплата - 0% ","Килограмм",{"v":605,"d":"605.000"},{"v":756,"d":"756.000"},{"v":457380,"d":"457,380.000"},{"v":512265.6,"d":"512,265.600"},"ТПХ","Товарищество с ограниченной ответственностью \"Мангистауский атомный энергетический комбинат-Казатомпром\""]
[null,"5120072","2973 Т","221113.500.000000","Шина","для автобуса или автомобиля грузового и троллейбуса, диагональная, диаметр обода 20","46:размер:Автошина 12.00 Р20 320х508 ИД-304 (ЗИЛ-131, 12.00 Р20, М-93):Автошина 12.00 Р20 320х508 ИД-304 (ЗИЛ-131, 12.00 Р20, М-93)","ОТП","-","0","03.2018","471010000, Мангистауская область, Актау Г.А., г.Актау, \"Мангистауская область, г. Актау, промзона, ТОО \"\"МАЭК-Казатомпром\"\", здание 201\"","471010000, Мангистауская область, Актау Г.А., г.Актау, \"Мангистауская область, г. Актау, промзона, ТОО \"\"МАЭК-Казатомпром\"\"\"","DDP","С даты подписания договора по 12.2018","Предоплата - 0% , Промежуточный платеж - 0% , Окончательный платеж - 100% ","Штука",{"v":30,"d":"30.000"},{"v":73224,"d":"73,224.000"},{"v":2196720,"d":"2,196,720.000"},{"v":2460326.4,"d":"2,460,326.400"},"-","Товарищество с ограниченной ответственностью \"Мангистауский атомный энергетический комбинат-Казатомпром\""]
[null,"5120159","2975 Т","221111.100.000002","Шина","для легкового автомобиля, летняя, радиальная, диаметр обода 15","46:размер:\"Автошина 195/65 R15 (Тайота Королла, 195/65 R15;)\":\"Автошина 195/65 R15 (Тайота Королла, 195/65 R15;)\"","ОТП","-","0","03.2018","471010000, Мангистауская область, Актау Г.А., г.Актау, \"Мангистауская область, г. Актау, промзона, ТОО \"\"МАЭК-Казатомпром\"\", здание 201\"","471010000, Мангистауская область, Актау Г.А., г.Актау, \"Мангистауская область, г. Актау, промзона, ТОО \"\"МАЭК-Казатомпром\"\"\"","DDP","С даты подписания договора по 12.2018","Предоплата - 0% , Промежуточный платеж - 0% , Окончательный платеж - 100% ","Штука",{"v":24,"d":"24.000"},{"v":25874.7,"d":"25,874.700"},{"v":620992.8,"d":"620,992.800"},{"v":695511.94,"d":"695,511.940"},"-","Товарищество с ограниченной ответственностью \"Мангистауский атомный энергетический комбинат-Казатомпром\""]
[null,"5120122","2981 Т","221113.500.000007","Шина","для автобуса или автомобиля грузового и троллейбуса, диагональная, диаметр обода 15","46:размер:Автошина 8.15 R15 (Автошина 8.15 R15 (28х9-15)):Автошина 8.15 R15 (Автошина 8.15 R15 (28х9-15))","ОТП","-","0","03.2018","471010000, Мангистауская область, Актау Г.А., г.Актау, \"Мангистауская область, г. Актау, промзона, ТОО \"\"МАЭК-Казатомпром\"\", здание 201\"","471010000, Мангистауская область, Актау Г.А., г.Актау, \"Мангистауская область, г. Актау, промзона, ТОО \"\"МАЭК-Казатомпром\"\"\"","DDP","С даты подписания договора по 12.2018","Предоплата - 0% , Промежуточный платеж - 0% , Окончательный платеж - 100% ","Штука",{"v":6,"d":"6.000"},{"v":55000,"d":"55,000.000"},{"v":330000,"d":"330,000.000"},{"v":369600,"d":"369,600.000"},"-","Товарищество с ограниченной ответственностью \"Мангистауский атомный энергетический комбинат-Казатомпром\""]
[null,"5128708","2984 Т","221111.100.000007","Шина","для легкового автомобиля, летняя, радиальная, диаметр обода 17","46:размер:Автошина 285/65 Р17 (Тайота Ланд Круизер 105, 285/65 Р17):Автошина 285/65 Р17 (Тайота Ланд Круизер 105, 285/65 Р17)","ОТП","-","0","03.2018","471010000, Мангистауская область, Актау Г.А., г.Актау, \"Мангистауская область, г. Актау, промзона, ТОО \"\"МАЭК-Казатомпром\"\", здание 201\"","471010000, Мангистауская область, Актау Г.А., г.Актау, \"Мангистауская область, г. Актау, промзона, ТОО \"\"МАЭК-Казатомпром\"\"\"","DDP","С даты подписания договора по 12.2018","Предоплата - 0% , Промежуточный платеж - 0% , Окончательный платеж - 100% ","Штука",{"v":4,"d":"4.000"},{"v":53500,"d":"53,500.000"},{"v":214000,"d":"214,000.000"},{"v":239680,"d":"239,680.000"},"-","Товарищество с ограниченной ответственностью \"Мангистауский атомный энергетический комбинат-Казатомпром\""]
[null,"5120097","2988 Т","221113.500.000018","Шина","для автобуса или автомобиля грузового и троллейбуса, радиальная, диаметр обода 22,5","46:размер:Автошины 275/70 Р22.5 (11.00 Р22,5 ЛИАЗ 275/70 Р22,5):Автошины 275/70 Р22.5 (11.00 Р22,5 ЛИАЗ 275/70 Р22,5)","ОТП","-","0","03.2018","471010000, Мангистауская область, Актау Г.А., г.Актау, \"Мангистауская область, г. Актау, промзона, ТОО \"\"МАЭК-Казатомпром\"\", здание 201\"","471010000, Мангистауская область, Актау Г.А., г.Актау, \"Мангистауская область, г. Актау, промзона, ТОО \"\"МАЭК-Казатомпром\"\"\"","DDP","С даты подписания договора по 12.2018","Предоплата - 0% , Промежуточный платеж - 0% , Окончательный платеж - 100% ","Штука",{"v":120,"d":"120.000"},{"v":73526.4,"d":"73,526.400"},{"v":8823168,"d":"8,823,168.000"},{"v":9881948.16,"d":"9,881,948.160"},"-","Товарищество с ограниченной ответственностью \"Мангистауский атомный энергетический комбинат-Казатомпром\""]
[null,"5130128","2989 Т","221930.500.000033","Шланг","газовый, I–6.3–0,63","38:Вид:Рукав ацетиленовый Д=6 мм,ГОСТ 9356-75, , Длина цельного рукава (30,0м)):Рукав ацетиленовый Д=6 мм,ГОСТ 9356-75, , Длина цельного рукава (30,0м))","ОИ","137-2 (не превышает тысячекратного МРП)","0","05.2018","471010000, Мангистауская область, Актау Г.А., г.Актау, \"Мангистауская область, г. Актау, промзона, ТОО \"\"МАЭК-Казатомпром\"\", здание 201\"","471010000, Мангистауская область, Актау Г.А., г.Актау, \"Мангистауская область, г. Актау, промзона, ТОО \"\"МАЭК-Казатомпром\"\"\"","DDP","С даты подписания договора по 12.2018","Предоплата - 0% , Промежуточный платеж - 0% , Окончательный платеж - 100% ","Метр",{"v":30,"d":"30.000"},{"v":237.6,"d":"237.600"},{"v":7128,"d":"7,128.000"},{"v":7983.36,"d":"7,983.360"},"-","Товарищество с ограниченной ответственностью \"Мангистауский атомный энергетический комбинат-Казатомпром\""]
[null,"5130781","2992 Т","139616.900.000007","Рукав","напорный, резиновый, класса ВГ","38:Вид:\"Рукав напорный д=25мм тип \"\"ВГ\"\" ,Класс ВГ Температура от -45 до +100 С , цвет черный, Текстильный каркас, давления 10 АТМ.)\":\"Рукав напорный д=25мм тип \"\"ВГ\"\" ,Класс ВГ Температура от -45 до +100 С , цвет черный, Текстильный каркас, давления 10 АТМ.)\"","ЦПП","-","90","05.2018","471010000, Мангистауская область, Актау Г.А., г.Актау, \"Мангистауская область, г. Актау, промзона, ТОО \"\"МАЭК-Казатомпром\"\", здание 201\"","471010000, Мангистауская область, Актау Г.А., г.Актау, \"Мангистауская область, г. Актау, промзона, ТОО \"\"МАЭК-Казатомпром\"\"\"","DDP","С даты подписания договора по 12.2018","Предоплата - 0% , Промежуточный платеж - 0% , Окончательный платеж - 100% ","Метр",{"v":100,"d":"100.000"},{"v":2024.46,"d":"2,024.460"},{"v":202446,"d":"202,446.000"},{"v":226739.52,"d":"226,739.520"},"ТПХ","Товарищество с ограниченной ответственностью \"Мангистауский атомный энергетический комбинат-Казатомпром\""]
[null,"5130785","2997 Т","221930.500.000053","Рукав","резиновый, с металлической спиралью","38:Вид:\"Рукав напорно-всасыв. д=32мм тип \"\"Б\"\" (ГОСТ 5398-76, для нефтепродуктов класс Б рабочий вакуум 0,8 АТМ, давления 10 АТМ диаметр 32мм, длина 10м)\":\"Рукав напорно-всасыв. д=32мм тип \"\"Б\"\" (ГОСТ 5398-76, для нефтепродуктов класс Б рабочий вакуум 0,8 АТМ, давления 10 АТМ диаметр 32мм, длина 10м)\"","ЦПП","-","90","05.2018","471010000, Мангистауская область, Актау Г.А., г.Актау, \"Мангистауская область, г. Актау, промзона, ТОО \"\"МАЭК-Казатомпром\"\", здание 201\"","471010000, Мангистауская область, Актау Г.А., г.Актау, \"Мангистауская область, г. Актау, промзона, ТОО \"\"МАЭК-Казатомпром\"\"\"","DDP","С даты подписания договора по 12.2018","Предоплата - 0% , Промежуточный платеж - 0% , Окончательный платеж - 100% ","Метр",{"v":50,"d":"50.000"},{"v":2538,"d":"2,538.000"},{"v":126900,"d":"126,900.000"},{"v":142128,"d":"142,128.000"},"ТПХ","Товарищество с ограниченной ответственностью \"Мангистауский атомный энергетический комбинат-Казатомпром\""]
[null,"5130798","3000 Т","139616.900.000010","Рукав","напорный, резиновый, класса КЩ","38:Вид:\"Рукав напорно-всасыв.д-75 тип \"\"КЩ\"\",Шланг всасывающий ГОСТ 5398-76 \":\"Рукав напорно-всасыв.д-75 тип \"\"КЩ\"\",Шланг всасывающий ГОСТ 5398-76 \"","ЦПП","-","90","05.2018","471010000, Мангистауская область, Актау Г.А., г.Актау, \"Мангистауская область, г. Актау, промзона, ТОО \"\"МАЭК-Казатомпром\"\", здание 201\"","471010000, Мангистауская область, Актау Г.А., г.Актау, \"Мангистауская область, г. Актау, промзона, ТОО \"\"МАЭК-Казатомпром\"\"\"","DDP","С даты подписания договора по 12.2018","Предоплата - 0% , Промежуточный платеж - 0% , Окончательный платеж - 100% ","Метр",{"v":60,"d":"60.000"},{"v":5216.4,"d":"5,216.400"},{"v":312984,"d":"312,984.000"},{"v":350542.08,"d":"350,542.080"},"ТПХ","Товарищество с ограниченной ответственностью \"Мангистауский атомный энергетический комбинат-Казатомпром\""]
[null,"5130800","3003 Т","139616.900.000006","Рукав","напорный, резиновый, класса Г","38:Вид:\"Рукав напорный д=18 мм тип \"\"Г\"\" (ГОСТ 18698-79, Рукава резиновые напорные с текстильным каркасом, применяются в качестве гибких трубопроводов для подачи под давлением жидкостей, насыщенного пара, газов и сыпучих материалов в районах холодного, умеренного и тропического климата,тип газ\":\"Рукав напорный д=18 мм тип \"\"Г\"\" (ГОСТ 18698-79, Рукава резиновые напорные с текстильным каркасом, применяются в качестве гибких трубопроводов для подачи под давлением жидкостей, насыщенного пара, газов и сыпучих материалов в районах холодного, умеренного и тропического климата,тип газ\"","ЦПП","-","90","05.2018","471010000, Мангистауская область, Актау Г.А., г.Актау, \"Мангистауская область, г. Актау, промзона, ТОО \"\"МАЭК-Казатомпром\"\", здание 201\"","471010000, Мангистауская область, Актау Г.А., г.Актау, \"Мангистауская область, г. Актау, промзона, ТОО \"\"МАЭК-Казатомпром\"\"\"","DDP","С даты подписания договора по 12.2018","Предоплата - 0% , Промежуточный платеж - 0% , Окончательный платеж - 100% ","Метр",{"v":500,"d":"500.000"},{"v":580.36,"d":"580.360"},{"v":290180,"d":"290,180.000"},{"v":325001.6,"d":"325,001.600"},"ТПХ","Товарищество с ограниченной ответственностью \"Мангистауский атомный энергетический комбинат-Казатомпром\""]
[null,"5130801","3006 Т","139616.900.000006","Рукав","напорный, резиновый, класса Г","38:Вид:, резиновые напорные с текстильным каркасом, применяются в качестве гибких трубопроводов для подачи под давлением жидкостей, насыщенного пара, газов и сыпучих материалов \":\"Рукав напорный д=25 мм тип \"\"Г\"\",ГОСТ 18698-79","ЦПП","-","90","05.2018","471010000, Мангистауская область, Актау Г.А., г.Актау, \"Мангистауская область, г. Актау, промзона, ТОО \"\"МАЭК-Казатомпром\"\", здание 201\"","471010000, Мангистауская область, Актау Г.А., г.Актау, \"Мангистауская область, г. Актау, промзона, ТОО \"\"МАЭК-Казатомпром\"\"\"","DDP","С даты подписания договора по 12.2018","Предоплата - 0% , Промежуточный платеж - 0% , Окончательный платеж - 100% ","Метр",{"v":100,"d":"100.000"},{"v":1925.1,"d":"1,925.100"},{"v":192510,"d":"192,510.000"},{"v":215611.2,"d":"215,611.200"},"ТПХ","Товарищество с ограниченной ответственностью \"Мангистауский атомный энергетический комбинат-Казатомпром\""]
[null,"5140151","3011 Т","221920.300.000005","Шнур","резиновый, круглого сечения, типа 4, диаметр 2,0-63,0 мм","38:Вид:Шнур резиновый  ф5мм (ГОСТ 6467-79.):Шнур резиновый  ф5мм (ГОСТ 6467-79.)","ЦПП","-","80","06.2018","471010000, Мангистауская область, Актау Г.А., г.Актау, \"Мангистауская область, г. Актау, промзона, ТОО \"\"МАЭК-Казатомпром\"\", здание 201\"","471010000, Мангистауская область, Актау Г.А., г.Актау, \"Мангистауская область, г. Актау, промзона, ТОО \"\"МАЭК-Казатомпром\"\"\"","DDP","С даты подписания договора по 12.2018","Предоплата - 0% , Промежуточный платеж - 0% , Окончательный платеж - 100% ","Килограмм",{"v":50,"d":"50.000"},{"v":1188,"d":"1,188.000"},{"v":59400,"d":"59,400.000"},{"v":66528,"d":"66,528.000"},"ТПХ","Товарищество с ограниченной ответственностью \"Мангистауский атомный энергетический комбинат-Казатомпром\""]
[null,"5140170","3015 Т","221920.300.000003","Шнур","резиновый, круглого сечения, типа 2, диаметр 2,0-63,0 мм","38:Вид:Шнур марки 5р-129 ф 8,5,Шнуры резиновые теплостойкие из резиновой смеси 5Р-129 диаметр 8,5мм. Бухта произвольной длины,используются для уплотнения вакуумных систем при температуре от +8°С до +70°С:Шнур марки 5р-129 ф 8,5,Шнуры резиновые теплостойкие из резиновой смеси 5Р-129 диаметр 8,5мм. Бухта произвольной длины,используются для уплотнения вакуумных систем при температуре от +8°С до +70°С","ЦПП","-","0","06.2018","471010000, Мангистауская область, Актау Г.А., г.Актау, \"Мангистауская область, г. Актау, промзона, ТОО \"\"МАЭК-Казатомпром\"\", здание 201\"","471010000, Мангистауская область, Актау Г.А., г.Актау, \"Мангистауская область, г. Актау, промзона, ТОО \"\"МАЭК-Казатомпром\"\"\"","DDP","С даты подписания договора по 12.2018","Предоплата - 0% , Промежуточный платеж - 0% , Окончательный платеж - 100% ","Килограмм",{"v":80,"d":"80.000"},{"v":10800,"d":"10,800.000"},{"v":864000,"d":"864,000.000"},{"v":967680,"d":"967,680.000"},"-","Товарищество с ограниченной ответственностью \"Мангистауский атомный энергетический комбинат-Казатомпром\""]
[null,"5140154","3016 Т","221920.300.000005","Шнур","резиновый, круглого сечения, типа 4, диаметр 2,0-63,0 мм","38:Вид:Шнур резиновый ф10 мм (ГОСТ 6467-79.):Шнур резиновый ф10 мм (ГОСТ 6467-79.)","ЦПП","-","80","06.2018","471010000, Мангистауская область, Актау Г.А., г.Актау, \"Мангистауская область, г. Актау, промзона, ТОО \"\"МАЭК-Казатомпром\"\", здание 201\"","471010000, Мангистауская область, Актау Г.А., г.Актау, \"Мангистауская область, г. Актау, промзона, ТОО \"\"МАЭК-Казатомпром\"\"\"","DDP","С даты подписания договора по 12.2018","Предоплата - 0% , Промежуточный платеж - 0% , Окончательный платеж - 100% ","Килограмм",{"v":340,"d":"340.000"},{"v":1188,"d":"1,188.000"},{"v":403920,"d":"403,920.000"},{"v":452390.4,"d":"452,390.400"},"ТПХ","Товарищество с ограниченной ответственностью \"Мангистауский атомный энергетический комбинат-Казатомпром\""]
[null,"5150573","3019 Т","239911.990.000029","Шнур асбестовый","марка ШАОН","38:Вид:Асбошнур  ШАОН ,ГОСТ 1779-83.  Диаметр асбестовых шнуров ШАОН: диаметр 20-30 поставляется в мешках или бухтах по 25 кг:Асбошнур  ШАОН ,ГОСТ 1779-83.  Диаметр асбестовых шнуров ШАОН: диаметр 20-30 поставляется в мешках или бухтах по 25 кг","ОИ","137-2 (не превышает тысячекратного МРП)","80","06.2018","471010000, Мангистауская область, Актау Г.А., г.Актау, \"Мангистауская область, г. Актау, промзона, ТОО \"\"МАЭК-Казатомпром\"\", здание 201\"","471010000, Мангистауская область, Актау Г.А., г.Актау, \"Мангистауская область, г. Актау, промзона, ТОО \"\"МАЭК-Казатомпром\"\"\"","DDP","С даты подписания договора по 12.2018","Предоплата - 0% , Промежуточный платеж - 0% , Окончательный платеж - 100% ","Килограмм",{"v":500,"d":"500.000"},{"v":2051.6,"d":"2,051.600"},{"v":1025800,"d":"1,025,800.000"},{"v":1148896,"d":"1,148,896.000"},"-","Товарищество с ограниченной ответственностью \"Мангистауский атомный энергетический комбинат-Казатомпром\""]
[null,"5150688","3024 Т","239911.990.000001","Набивка сальниковая","асбестовая, марка-АС","38:Вид:Набивка  ас 16х16 (ГОСТ 5152-84.):Набивка  ас 16х16 (ГОСТ 5152-84.)","ОТП","-","80","04.2018","471010000, Мангистауская область, Актау Г.А., г.Актау, \"Мангистауская область, г. Актау, промзона, ТОО \"\"МАЭК-Казатомпром\"\", здание 201\"","471010000, Мангистауская область, Актау Г.А., г.Актау, \"Мангистауская область, г. Актау, промзона, ТОО \"\"МАЭК-Казатомпром\"\"\"","DDP","С даты подписания договора по 12.2018","Предоплата - 0% , Промежуточный платеж - 0% , Окончательный платеж - 100% ","Килограмм",{"v":150,"d":"150.000"},{"v":2133.93,"d":"2,133.930"},{"v":320089.5,"d":"320,089.500"},{"v":358500.24,"d":"358,500.240"},"ТПХ","Товарищество с ограниченной ответственностью \"Мангистауский атомный энергетический комбинат-Казатомпром\""]
[null,"5150698","3027 Т","239911.990.000011","Набивка сальниковая","асбестовая, марка-АГИ","38:Вид:Набивка  аги 19х19 (ГОСТ 5152-84):Набивка  аги 19х19 (ГОСТ 5152-84)","ОТП","-","80","04.2018","471010000, Мангистауская область, Актау Г.А., г.Актау, \"Мангистауская область, г. Актау, промзона, ТОО \"\"МАЭК-Казатомпром\"\", здание 201\"","471010000, Мангистауская область, Актау Г.А., г.Актау, \"Мангистауская область, г. Актау, промзона, ТОО \"\"МАЭК-Казатомпром\"\"\"","DDP","С даты подписания договора по 12.2018","Предоплата - 0% , Промежуточный платеж - 0% , Окончательный платеж - 100% ","Килограмм",{"v":200,"d":"200.000"},{"v":2484,"d":"2,484.000"},{"v":496800,"d":"496,800.000"},{"v":556416,"d":"556,416.000"},"ТПХ","Товарищество с ограниченной ответственностью \"Мангистауский атомный энергетический комбинат-Казатомпром\""]
[null,"5150575","3030 Т","239911.990.000030","Шнур асбестовый","марка ШАП","38:Вид:Шнур ШАП (шнур асбестовый пуховый) (ГОСТ 1779-83.):Шнур ШАП (шнур асбестовый пуховый) (ГОСТ 1779-83.)","ОИ","137-2 (не превышает тысячекратного МРП)","80","06.2018","471010000, Мангистауская область, Актау Г.А., г.Актау, \"Мангистауская область, г. Актау, промзона, ТОО \"\"МАЭК-Казатомпром\"\", здание 201\"","471010000, Мангистауская область, Актау Г.А., г.Актау, \"Мангистауская область, г. Актау, промзона, ТОО \"\"МАЭК-Казатомпром\"\"\"","DDP","С даты подписания договора по 12.2018","Предоплата - 0% , Промежуточный платеж - 0% , Окончательный платеж - 100% ","Килограмм",{"v":200,"d":"200.000"},{"v":807.3,"d":"807.300"},{"v":161460,"d":"161,460.000"},{"v":180835.2,"d":"180,835.200"},"-","Товарищество с ограниченной ответственностью \"Мангистауский атомный энергетический комбинат-Казатомпром\""]
[null,"5150696","3033 Т","239911.990.000011","Набивка сальниковая","асбестовая, марка-АГИ","38:Вид:Набивка  аги 13х13 (ГОСТ 5152-84):Набивка  аги 13х13 (ГОСТ 5152-84)","ОТП","-","80","04.2018","471010000, Мангистауская область, Актау Г.А., г.Актау, \"Мангистауская область, г. Актау, промзона, ТОО \"\"МАЭК-Казатомпром\"\", здание 201\"","471010000, Мангистауская область, Актау Г.А., г.Актау, \"Мангистауская область, г. Актау, промзона, ТОО \"\"МАЭК-Казатомпром\"\"\"","DDP","С даты подписания договора по 12.2018","Предоплата - 0% , Промежуточный платеж - 0% , Окончательный платеж - 100% ","Килограмм",{"v":320,"d":"320.000"},{"v":2390.18,"d":"2,390.180"},{"v":764857.6,"d":"764,857.600"},{"v":856640.51,"d":"856,640.510"},"ТПХ","Товарищество с ограниченной ответственностью \"Мангистауский атомный энергетический комбинат-Казатомпром\""]
[null,"5150660","3038 Т","239911.990.000017","Набивка сальниковая","асбестовая, марка АП (АП-31)","38:Вид:Набивка АП 4х4,ГОСТ 5152-84, сальниковая   плетёная, пропитанная жировым антифрикционным составом на основе нефтяных экстрактов, графитированная, :Набивка АП 4х4,ГОСТ 5152-84, сальниковая   плетёная, пропитанная жировым антифрикционным составом на основе нефтяных экстрактов, графитированная, ","ОТП","-","0","04.2018","471010000, Мангистауская область, Актау Г.А., г.Актау, \"Мангистауская область, г. Актау, промзона, ТОО \"\"МАЭК-Казатомпром\"\", здание 201\"","471010000, Мангистауская область, Актау Г.А., г.Актау, \"Мангистауская область, г. Актау, промзона, ТОО \"\"МАЭК-Казатомпром\"\"\"","DDP","С даты подписания договора по 12.2018","Предоплата - 0% , Промежуточный платеж - 0% , Окончательный платеж - 100% ","Килограмм",{"v":3,"d":"3.000"},{"v":2359.8,"d":"2,359.800"},{"v":7079.4,"d":"7,079.400"},{"v":7928.93,"d":"7,928.930"},"-","Товарищество с ограниченной ответственностью \"Мангистауский атомный энергетический комбинат-Казатомпром\""]
[null,"5150692","3041 Т","239911.990.000011","Набивка сальниковая","асбестовая, марка-АГИ","38:Вид:Набивка  аги-5х5,сальниковая  плетёная, проклеенная с графитом, ингибированная, Отпускается в бухтах ≈15-20 килограмм, размер 4x4 мм, плотность не менее, 0.9 гр/см³:Набивка  аги-5х5,сальниковая  плетёная, проклеенная с графитом, ингибированная, Отпускается в бухтах ≈15-20 килограмм, размер 4x4 мм, плотность не менее, 0.9 гр/см³","ОТП","-","0","04.2018","471010000, Мангистауская область, Актау Г.А., г.Актау, \"Мангистауская область, г. Актау, промзона, ТОО \"\"МАЭК-Казатомпром\"\", здание 201\"","471010000, Мангистауская область, Актау Г.А., г.Актау, \"Мангистауская область, г. Актау, промзона, ТОО \"\"МАЭК-Казатомпром\"\"\"","DDP","С даты подписания договора по 12.2018","Предоплата - 0% , Промежуточный платеж - 0% , Окончательный платеж - 100% ","Килограмм",{"v":3,"d":"3.000"},{"v":2390.18,"d":"2,390.180"},{"v":7170.54,"d":"7,170.540"},{"v":8031,"d":"8,031.000"},"-","Товарищество с ограниченной ответственностью \"Мангистауский атомный энергетический комбинат-Казатомпром\""]
[null,"5150661","3042 Т","239911.990.000017","Набивка сальниковая","асбестовая, марка АП (АП-31)","38:Вид:Набивка АП 6х6,Сальниковая (АП-31) 6х6 ГОСТ 5152 84:Набивка АП 6х6,Сальниковая (АП-31) 6х6 ГОСТ 5152 84","ОТП","-","80","04.2018","471010000, Мангистауская область, Актау Г.А., г.Актау, \"Мангистауская область, г. Актау, промзона, ТОО \"\"МАЭК-Казатомпром\"\", здание 201\"","471010000, Мангистауская область, Актау Г.А., г.Актау, \"Мангистауская область, г. Актау, промзона, ТОО \"\"МАЭК-Казатомпром\"\"\"","DDP","С даты подписания договора по 12.2018","Предоплата - 0% , Промежуточный платеж - 0% , Окончательный платеж - 100% ","Килограмм",{"v":15,"d":"15.000"},{"v":2359.8,"d":"2,359.800"},{"v":35397,"d":"35,397.000"},{"v":39644.64,"d":"39,644.640"},"ТПХ","Товарищество с ограниченной ответственностью \"Мангистауский атомный энергетический комбинат-Казатомпром\""]
[null,"5150677","3046 Т","239911.990.000007","Набивка сальниковая","асбестовая, марка-АПР-31","38:Вид:Набивка  апр 16х16 , сальниковая АПР-31 ГОСТ 5152-84 :Набивка  апр 16х16 , сальниковая АПР-31 ГОСТ 5152-84 ","ОТП","-","80","04.2018","471010000, Мангистауская область, Актау Г.А., г.Актау, \"Мангистауская область, г. Актау, промзона, ТОО \"\"МАЭК-Казатомпром\"\", здание 201\"","471010000, Мангистауская область, Актау Г.А., г.Актау, \"Мангистауская область, г. Актау, промзона, ТОО \"\"МАЭК-Казатомпром\"\"\"","DDP","С даты подписания договора по 12.2018","Предоплата - 0% , Промежуточный платеж - 0% , Окончательный платеж - 100% ","Килограмм",{"v":950,"d":"950.000"},{"v":2328.75,"d":"2,328.750"},{"v":2212312.5,"d":"2,212,312.500"},{"v":2477790,"d":"2,477,790.000"},"ТПХ","Товарищество с ограниченной ответственностью \"Мангистауский атомный энергетический комбинат-Казатомпром\""]
[null,"5170576","3050 Т","221940.300.000000","Ремень","клиновый, приводный","38:Вид:Ремень а-1400:Ремень а-1400","ОИ","137-2 (не превышает тысячекратного МРП)","80","06.2018","471010000, Мангистауская область, Актау Г.А., г.Актау, \"Мангистауская область, г. Актау, промзона, ТОО \"\"МАЭК-Казатомпром\"\", здание 201\"","471010000, Мангистауская область, Актау Г.А., г.Актау, \"Мангистауская область, г. Актау, промзона, ТОО \"\"МАЭК-Казатомпром\"\"\"","DDP","С даты подписания договора по 12.2018","Предоплата - 0% , Промежуточный платеж - 0% , Окончательный платеж - 100% ","Штука",{"v":5,"d":"5.000"},{"v":918,"d":"918.000"},{"v":4590,"d":"4,590.000"},{"v":5140.8,"d":"5,140.800"},"-","Товарищество с ограниченной ответственностью \"Мангистауский атомный энергетический комбинат-Казатомпром\""]
[null,"5170569","3055 Т","221940.300.000000","Ремень","клиновый, приводный","38:Вид:Ремень а-1120:Ремень а-1120","ОИ","137-2 (не превышает тысячекратного МРП)","80","06.2018","471010000, Мангистауская область, Актау Г.А., г.Актау, \"Мангистауская область, г. Актау, промзона, ТОО \"\"МАЭК-Казатомпром\"\", здание 201\"","471010000, Мангистауская область, Актау Г.А., г.Актау, \"Мангистауская область, г. Актау, промзона, ТОО \"\"МАЭК-Казатомпром\"\"\"","DDP","С даты подписания договора по 12.2018","Предоплата - 0% , Промежуточный платеж - 0% , Окончательный платеж - 100% ","Штука",{"v":10,"d":"10.000"},{"v":432,"d":"432.000"},{"v":4320,"d":"4,320.000"},{"v":4838.4,"d":"4,838.400"},"-","Товарищество с ограниченной ответственностью \"Мангистауский атомный энергетический комбинат-Казатомпром\""]
[null,"5170584","3057 Т","221940.300.000000","Ремень","клиновый, приводный","38:Вид:Ремень в-1600:Ремень в-1600","ОИ","137-2 (не превышает тысячекратного МРП)","80","06.2018","471010000, Мангистауская область, Актау Г.А., г.Актау, \"Мангистауская область, г. Актау, промзона, ТОО \"\"МАЭК-Казатомпром\"\", здание 201\"","471010000, Мангистауская область, Актау Г.А., г.Актау, \"Мангистауская область, г. Актау, промзона, ТОО \"\"МАЭК-Казатомпром\"\"\"","DDP","С даты подписания договора по 12.2018","Предоплата - 0% , Промежуточный платеж - 0% , Окончательный платеж - 100% ","Штука",{"v":5,"d":"5.000"},{"v":972,"d":"972.000"},{"v":4860,"d":"4,860.000"},{"v":5443.2,"d":"5,443.200"},"-","Товарищество с ограниченной ответственностью \"Мангистауский атомный энергетический комбинат-Казатомпром\""]
[null,"5170589","3061 Т","221940.300.000000","Ремень","клиновый, приводный","38:Вид:Ремень  С-3350 (ГОСТ1284.1-89. Ремни приводные клиновые ГОСТ 1284-89 предназначены для приводов станков, промышленных установок. :Ремень  С-3350 (ГОСТ1284.1-89. Ремни приводные клиновые ГОСТ 1284-89 предназначены для приводов станков, промышленных установок. ","ОИ","137-2 (не превышает тысячекратного МРП)","80","06.2018","471010000, Мангистауская область, Актау Г.А., г.Актау, \"Мангистауская область, г. Актау, промзона, ТОО \"\"МАЭК-Казатомпром\"\", здание 201\"","471010000, Мангистауская область, Актау Г.А., г.Актау, \"Мангистауская область, г. Актау, промзона, ТОО \"\"МАЭК-Казатомпром\"\"\"","DDP","С даты подписания договора по 12.2018","Предоплата - 0% , Промежуточный платеж - 0% , Окончательный платеж - 100% ","Штука",{"v":20,"d":"20.000"},{"v":3105,"d":"3,105.000"},{"v":62100,"d":"62,100.000"},{"v":69552,"d":"69,552.000"},"-","Товарищество с ограниченной ответственностью \"Мангистауский атомный энергетический комбинат-Казатомпром\""]
[null,"5220371","3064 Т","239911.990.000019","Паронит","марка ПОН-А","38:Вид:Лист 1100х 1500 мм\":\"Паронит пон-0,8 мм, ГОСТ 481-80, Рабочая среда пресная перегретая вода,  перегретый пар, воздух, сухие нейтральные и инертные газы, давление 64 кгс/см², температура от минус 50 до плюс 450 С, ","ОТП","-","0","04.2018","471010000, Мангистауская область, Актау Г.А., г.Актау, \"Мангистауская область, г. Актау, промзона, ТОО \"\"МАЭК-Казатомпром\"\", здание 201\"","471010000, Мангистауская область, Актау Г.А., г.Актау, \"Мангистауская область, г. Актау, промзона, ТОО \"\"МАЭК-Казатомпром\"\"\"","DDP","С даты подписания договора по 12.2018","Предоплата - 0% , Промежуточный платеж - 0% , Окончательный платеж - 100% ","Килограмм",{"v":170,"d":"170.000"},{"v":1106.87,"d":"1,106.870"},{"v":188167.9,"d":"188,167.900"},{"v":210748.05,"d":"210,748.050"},"-","Товарищество с ограниченной ответственностью \"Мангистауский атомный энергетический комбинат-Казатомпром\""]
[null,"5220386","3068 Т","239911.990.000022","Паронит","марка ПМБ","38:Вид:Паронит пмб-1 мм (ГОСТ 481-80, Паронит ПМБ ГОСТ 481-80., размеры 1000х1500мм, максимальное давление использования 10 мпа, максимальная температура использования 300С, плотность1,5-2,0 г/см2:Паронит пмб-1 мм (ГОСТ 481-80, Паронит ПМБ ГОСТ 481-80., размеры 1000х1500мм, максимальное давление использования 10 мпа, максимальная температура использования 300С, плотность1,5-2,0 г/см2","ОТП","-","0","04.2018","471010000, Мангистауская область, Актау Г.А., г.Актау, \"Мангистауская область, г. Актау, промзона, ТОО \"\"МАЭК-Казатомпром\"\", здание 201\"","471010000, Мангистауская область, Актау Г.А., г.Актау, \"Мангистауская область, г. Актау, промзона, ТОО \"\"МАЭК-Казатомпром\"\"\"","DDP","С даты подписания договора по 12.2018","Предоплата - 0% , Промежуточный платеж - 0% , Окончательный платеж - 100% ","Килограмм",{"v":30,"d":"30.000"},{"v":1194.26,"d":"1,194.260"},{"v":35827.8,"d":"35,827.800"},{"v":40127.14,"d":"40,127.140"},"-","Товарищество с ограниченной ответственностью \"Мангистауский атомный энергетический комбинат-Казатомпром\""]
[null,"5220390","3069 Т","239911.990.000026","Паронит","марка ПЭ","38:Вид:Паронит пэ-6,0 мм:Паронит пэ-6,0 мм","ОТП","-","0","04.2018","471010000, Мангистауская область, Актау Г.А., г.Актау, \"Мангистауская область, г. Актау, промзона, ТОО \"\"МАЭК-Казатомпром\"\", здание 201\"","471010000, Мангистауская область, Актау Г.А., г.Актау, \"Мангистауская область, г. Актау, промзона, ТОО \"\"МАЭК-Казатомпром\"\"\"","DDP","С даты подписания договора по 12.2018","Предоплата - 0% , Промежуточный платеж - 0% , Окончательный платеж - 100% ","Килограмм",{"v":30,"d":"30.000"},{"v":1242,"d":"1,242.000"},{"v":37260,"d":"37,260.000"},{"v":41731.2,"d":"41,731.200"},"-","Товарищество с ограниченной ответственностью \"Мангистауский атомный энергетический комбинат-Казатомпром\""]
[null,"5220369","3073 Т","239911.990.000019","Паронит","марка ПОН-А","38:Вид:Паронит пон-0,5 мм (Паронит ГОСТ 481-80 ,Рабочая среда-пресная перегретая вода, насыщенный перегретый пар, воздух, сухие нейтральные и инертные газы, давление 64 кгс/см², температура от-50 до +450 С. Лист 1100х 1500 мм:Паронит пон-0,5 мм (Паронит ГОСТ 481-80 ,Рабочая среда-пресная перегретая вода, насыщенный перегретый пар, воздух, сухие нейтральные и инертные газы, давление 64 кгс/см², температура от-50 до +450 С. Лист 1100х 1500 мм","ОТП","-","0","04.2018","471010000, Мангистауская область, Актау Г.А., г.Актау, \"Мангистауская область, г. Актау, промзона, ТОО \"\"МАЭК-Казатомпром\"\", здание 201\"","471010000, Мангистауская область, Актау Г.А., г.Актау, \"Мангистауская область, г. Актау, промзона, ТОО \"\"МАЭК-Казатомпром\"\"\"","DDP","С даты подписания договора по 12.2018","Предоплата - 0% , Промежуточный платеж - 0% , Окончательный платеж - 100% ","Килограмм",{"v":393,"d":"393.000"},{"v":1157.85,"d":"1,157.850"},{"v":455035.05,"d":"455,035.050"},{"v":509639.26,"d":"509,639.260"},"-","Товарищество с ограниченной ответственностью \"Мангистауский атомный энергетический комбинат-Казатомпром\""]
[null,"5220389","3077 Т","239911.990.000022","Паронит","марка ПМБ","38:Вид:Паронит пмб-3мм, ГОСТ 481-80  размеры 1000х1500мм, максимальное давление использования 10 мпа, максимальная температура использования 300С, плотность 1,5-2,0 г/см2:Паронит пмб-3мм, ГОСТ 481-80  размеры 1000х1500мм, максимальное давление использования 10 мпа, максимальная температура использования 300С, плотность 1,5-2,0 г/см2","ОТП","-","0","04.2018","471010000, Мангистауская область, Актау Г.А., г.Актау, \"Мангистауская область, г. Актау, промзона, ТОО \"\"МАЭК-Казатомпром\"\", здание 201\"","471010000, Мангистауская область, Актау Г.А., г.Актау, \"Мангистауская область, г. Актау, промзона, ТОО \"\"МАЭК-Казатомпром\"\"\"","DDP","С даты подписания договора по 12.2018","Предоплата - 0% , Промежуточный платеж - 0% , Окончательный платеж - 100% ","Килограмм",{"v":125,"d":"125.000"},{"v":983.09,"d":"983.090"},{"v":122886.25,"d":"122,886.250"},{"v":137632.6,"d":"137,632.600"},"-","Товарищество с ограниченной ответственностью \"Мангистауский атомный энергетический комбинат-Казатомпром\""]
[null,"5270506","3082 Т","282922.100.000000","Огнетушитель","углекислотный","38:Вид:Огнетушитель ОУ-5 (ГОСТ Р 51057-2001):Огнетушитель ОУ-5 (ГОСТ Р 51057-2001)","ОИ","137-2 (не превышает тысячекратного МРП)","70","06.2018","471010000, Мангистауская область, Актау Г.А., г.Актау, \"Мангистауская область, г. Актау, промзона, ТОО \"\"МАЭК-Казатомпром\"\", здание 201\"","471010000, Мангистауская область, Актау Г.А., г.Актау, \"Мангистауская область, г. Актау, промзона, ТОО \"\"МАЭК-Казатомпром\"\"\"","DDP","С даты подписания договора по 12.2018","Предоплата - 0% , Промежуточный платеж - 0% , Окончательный платеж - 100% ","Штука",{"v":17,"d":"17.000"},{"v":14000,"d":"14,000.000"},{"v":238000,"d":"238,000.000"},{"v":266560,"d":"266,560.000"},"-","Товарищество с ограниченной ответственностью \"Мангистауский атомный энергетический комбинат-Казатомпром\""]
[null,"5272120","3084 Т","282922.100.000002","Огнетушитель","воздушно-пенный","38:Вид:Огнетушитель ОВП-8 (ТУ ВУЗ00376711031-2009):Огнетушитель ОВП-8 (ТУ ВУЗ00376711031-2009)","ОИ","137-2 (не превышает тысячекратного МРП)","0","06.2018","471010000, Мангистауская область, Актау Г.А., г.Актау, \"Мангистауская область, г. Актау, промзона, ТОО \"\"МАЭК-Казатомпром\"\", здание 201\"","471010000, Мангистауская область, Актау Г.А., г.Актау, \"Мангистауская область, г. Актау, промзона, ТОО \"\"МАЭК-Казатомпром\"\"\"","DDP","С даты подписания договора по 12.2018","Предоплата - 0% , Промежуточный платеж - 0% , Окончательный платеж - 100% ","Штука",{"v":8,"d":"8.000"},{"v":22977,"d":"22,977.000"},{"v":183816,"d":"183,816.000"},{"v":205873.92,"d":"205,873.920"},"-","Товарищество с ограниченной ответственностью \"Мангистауский атомный энергетический комбинат-Казатомпром\""]
[null,"5272104","3088 Т","244226.300.000002","Головка соединительная","пожарная, тип ГЦ","38:Вид:Головка муф.напор.соед. ГЦ-50 (ГОСТ 28352-89, Головка цапковая :Головка муф.напор.соед. ГЦ-50 (ГОСТ 28352-89, Головка цапковая ","ОИ","137-2 (не превышает тысячекратного МРП)","0","06.2018","471010000, Мангистауская область, Актау Г.А., г.Актау, \"Мангистауская область, г. Актау, промзона, ТОО \"\"МАЭК-Казатомпром\"\", здание 201\"","471010000, Мангистауская область, Актау Г.А., г.Актау, \"Мангистауская область, г. Актау, промзона, ТОО \"\"МАЭК-Казатомпром\"\"\"","DDP","С даты подписания договора по 12.2018","Предоплата - 0% , Промежуточный платеж - 0% , Окончательный платеж - 100% ","Штука",{"v":10,"d":"10.000"},{"v":999.35,"d":"999.350"},{"v":9993.5,"d":"9,993.500"},{"v":11192.72,"d":"11,192.720"},"-","Товарищество с ограниченной ответственностью \"Мангистауский атомный энергетический комбинат-Казатомпром\""]
[null,"5270512","3091 Т","244226.300.000001","Головка соединительная","пожарная, тип ГМ","38:Вид:Головка напорно-муфтовая ГМ-50 (ГОСТ 28352-89, Головка муфтовая :Головка напорно-муфтовая ГМ-50 (ГОСТ 28352-89, Головка муфтовая ","ОИ","137-2 (не превышает тысячекратного МРП)","0","06.2018","471010000, Мангистауская область, Актау Г.А., г.Актау, \"Мангистауская область, г. Актау, промзона, ТОО \"\"МАЭК-Казатомпром\"\", здание 201\"","471010000, Мангистауская область, Актау Г.А., г.Актау, \"Мангистауская область, г. Актау, промзона, ТОО \"\"МАЭК-Казатомпром\"\"\"","DDP","С даты подписания договора по 12.2018","Предоплата - 0% , Промежуточный платеж - 0% , Окончательный платеж - 100% ","Штука",{"v":20,"d":"20.000"},{"v":1138.5,"d":"1,138.500"},{"v":22770,"d":"22,770.000"},{"v":25502.4,"d":"25,502.400"},"-","Товарищество с ограниченной ответственностью \"Мангистауский атомный энергетический комбинат-Казатомпром\""]
[null,5510031,"3093-1 Т","205959.600.000010","Индикатор","пенетрант","235:Наименование:Пенетрант AEROPEN-KD RF-1:Пенетрант AEROPEN-KD RF-1","ОИ","137-2 (не превышает тысячекратного МРП)","0","02.2018","471010000, Мангистауская область, Актау Г.А., г.Актау, \"Мангистауская область, г. Актау, промзона, ТОО \"\"МАЭК-Казатомпром\"\", здание 201\"","471010000, Мангистауская область, Актау Г.А., г.Актау, \"Мангистауская область, г. Актау, промзона, ТОО \"\"МАЭК-Казатомпром\"\"\"","DDP","С даты подписания договора в течение 150 календарных дней","Окончательный платеж - 100% , Промежуточный платеж - 0% , Предоплата - 0% ","Штука",{"v":40,"d":"40.000"},{"v":4004.47,"d":"4,004.470"},{"v":160178.8,"d":"160,178.800"},{"v":179400.26,"d":"179,400.260"},"-","Товарищество с ограниченной ответственностью \"Мангистауский атомный энергетический комбинат-Казатомпром\""]
[null,"5510022","3096-1 Т","205912.000.000005","Проявитель","для пенетранта, суспензионный, аэрозоль","235:Наименование:Проявитель AEROPEN-KD NWE-1:Проявитель AEROPEN-KD NWE-1 \\ 360:Прочие характеристики:Суспензия из белого мелкодисперсного проявителя в органическом, не содержащем галогены, растворителе:Суспензия из белого мелкодисперсного проявителя в органическом, не содержащем галогены, растворителе","ОИ","137-2 (не превышает тысячекратного МРП)","0","02.2018","471000000, Мангистауская область, Актау Г.А., Промзона, ТОО \"МАЭК-Казатомпром\", здание 201","471000000, Мангистауская область, Актау Г.А., Промзона, склад ТОО \"МАЭК-Казатомпром\"","DDP","С даты подписания договора в течение 150 календарных дней","Окончательный платеж - 100% , Промежуточный платеж - 0% , Предоплата - 0% ","Штука",{"v":220,"d":"220.000"},{"v":4036,"d":"4,036.000"},{"v":887920,"d":"887,920.000"},{"v":994470.4,"d":"994,470.400"},"-","Товарищество с ограниченной ответственностью \"Мангистауский атомный энергетический комбинат-Казатомпром\""]
[null,"5510498","3100-1 Т","205912.000.000003","Проявитель","для обработки пленок","235:Наименование:Agfa Structurix G128:Agfa Structurix G128 \\ 478:Упаковка:Канистра:Канистра \\ 103:объем:5 л:5 л","ОИ","137-2 (не превышает тысячекратного МРП)","0","02.2018","471000000, Мангистауская область, Актау Г.А., Промзона, ТОО \"МАЭК-Казатомпром\", здание 201","471000000, Мангистауская область, Актау Г.А., Промзона, склад ТОО \"МАЭК-Казатомпром\"","DDP","С даты подписания договора в течение 150 календарных дней","Окончательный платеж - 100% , Промежуточный платеж - 0% , Предоплата - 0% ","Упаковка",{"v":5,"d":"5.000"},{"v":13840,"d":"13,840.000"},{"v":69200,"d":"69,200.000"},{"v":77504,"d":"77,504.000"},"-","Товарищество с ограниченной ответственностью \"Мангистауский атомный энергетический комбинат-Казатомпром\""]
[null,"5720052","3104-1 Т","161010.390.000004","Пиломатериал","из хвойных пород, необрезанный, сорт 4","462:Тип:Доска обрезная  (Обрезная доска из сосны должна иметь постоянное прямоугольное сечение по всей своей длине, может иметь обзол, но в минимальном количестве:Доска обрезная  (Обрезная доска из сосны должна иметь постоянное прямоугольное сечение по всей своей длине, может иметь обзол, но в минимальном количестве \\ 79:ГОСТ:8486-86:8486-86 \\ 46:размер:50 мм:50 мм","ОТП","-","100","02.2018","471010000, Мангистауская область, Актау Г.А., г.Актау, \"Мангистауская область, г. Актау, промзона, ТОО \"\"МАЭК-Казатомпром\"\", здание 201\"","471010000, Мангистауская область, Актау Г.А., г.Актау, \"Мангистауская область, г. Актау, промзона, ТОО \"\"МАЭК-Казатомпром\"\"\"","DDP","С даты подписания договора в течение 30 календарных дней","Окончательный платеж - 100% , Промежуточный платеж - 0% , Предоплата - 0% ","Метр кубический",{"v":143.5,"d":"143.500"},{"v":60991.07,"d":"60,991.070"},{"v":8752218.55,"d":"8,752,218.550"},{"v":9802484.77,"d":"9,802,484.770"},"ТПХ","Товарищество с ограниченной ответственностью \"Мангистауский атомный энергетический комбинат-Казатомпром\""]
[null,"5750005","3107 Т","162113.300.000004","Плита древесно-стружечная","марка П-1, многослойная","462:Тип:ДСП ламинированое:ДСП ламинированое","ОИ","137-2 (не превышает тысячекратного МРП)","0","05.2018","471010000, Мангистауская область, Актау Г.А., г.Актау, \"Мангистауская область, г. Актау, промзона, ТОО \"\"МАЭК-Казатомпром\"\", здание 201\"","471010000, Мангистауская область, Актау Г.А., г.Актау, \"Мангистауская область, г. Актау, промзона, ТОО \"\"МАЭК-Казатомпром\"\"\"","DDP","С даты подписания договора в течение 30 календарных дней","Предоплата - 0% , Промежуточный платеж - 0% , Окончательный платеж - 100% ","Метр квадратный",{"v":30,"d":"30.000"},{"v":17857.14,"d":"17,857.140"},{"v":535714.2,"d":"535,714.200"},{"v":599999.9,"d":"599,999.900"},"-","Товарищество с ограниченной ответственностью \"Мангистауский атомный энергетический комбинат-Казатомпром\""]
[null,"5760030","3109-1 Т","162114.190.000002","Покрытие напольное","ламинированное, класс 23","462:Тип:Ламинат :Ламинат  \\ 79:ГОСТ:30496-37:30496-37","ОИ","137-2 (не превышает тысячекратного МРП)","0","01.2018","471010000, Мангистауская область, Актау Г.А., г.Актау, \"Мангистауская область, г. Актау, промзона, ТОО \"\"МАЭК-Казатомпром\"\", здание 201\"","471010000, Мангистауская область, Актау Г.А., г.Актау, \"Мангистауская область, г. Актау, промзона, ТОО \"\"МАЭК-Казатомпром\"\"\"","DDP","С даты подписания договора в течение 30 календарных дней","Окончательный платеж - 100% , Промежуточный платеж - 0% , Предоплата - 0% ","Метр квадратный",{"v":240,"d":"240.000"},{"v":4000,"d":"4,000.000"},{"v":960000,"d":"960,000.000"},{"v":1075200,"d":"1,075,200.000"},"-","Товарищество с ограниченной ответственностью \"Мангистауский атомный энергетический комбинат-Казатомпром\""]
[null,"5770010","3115 Т","162112.990.000031","Фанера общего назначения","марка ФК, сорт E/III","462:Тип:Фанера  4 мм.   1,5 х 1,5 (пресованная слоённая фанера):Фанера  4 мм.   1,5 х 1,5 (пресованная слоённая фанера)","ОИ","137-2 (не превышает тысячекратного МРП)","0","05.2018","471010000, Мангистауская область, Актау Г.А., г.Актау, \"Мангистауская область, г. Актау, промзона, ТОО \"\"МАЭК-Казатомпром\"\", здание 201\"","471010000, Мангистауская область, Актау Г.А., г.Актау, \"Мангистауская область, г. Актау, промзона, ТОО \"\"МАЭК-Казатомпром\"\"\"","DDP","С даты подписания договора в течение 30 календарных дней","Предоплата - 0% , Промежуточный платеж - 0% , Окончательный платеж - 100% ","Лист",{"v":8,"d":"8.000"},{"v":3571.42,"d":"3,571.420"},{"v":28571.36,"d":"28,571.360"},{"v":31999.92,"d":"31,999.920"},"-","Товарищество с ограниченной ответственностью \"Мангистауский атомный энергетический комбинат-Казатомпром\""]
[null,"5810312","3118 Т","236310.000.000180","Бетон тяжелый","класс прочности В30","462:Тип:Бетон  :Бетон   \\ 79:ГОСТ: 26633-91: 26633-91 \\ 208:Маркировка:М400:М400","ОТП","-","100","06.2018","471010000, Мангистауская область, Актау Г.А., г.Актау, \"Мангистауская область, г. Актау, промзона, ТОО \"\"МАЭК-Казатомпром\"\", здание 201\"","471010000, Мангистауская область, Актау Г.А., г.Актау, \"Мангистауская область, г. Актау, промзона, ТОО \"\"МАЭК-Казатомпром\"\"\"","DDP","С даты подписания договора в течение 30 календарных дней","Предоплата - 0% , Промежуточный платеж - 0% , Окончательный платеж - 100% ","Метр кубический",{"v":85,"d":"85.000"},{"v":36018,"d":"36,018.000"},{"v":3061530,"d":"3,061,530.000"},{"v":3428913.6,"d":"3,428,913.600"},"ТПХ","Товарищество с ограниченной ответственностью \"Мангистауский атомный энергетический комбинат-Казатомпром\""]
[null,"5810330","3122 Т","081211.900.000000","Песок","природный","462:Тип:Карбонатный песок :Карбонатный песок  \\ 79:ГОСТ:СТ РК 2484-2014:СТ РК 2484-2014","ЦПП","-","100","08.2018","471010000, Мангистауская область, Актау Г.А., г.Актау, \"Мангистауская область, г. Актау, промзона, ТОО \"\"МАЭК-Казатомпром\"\", здание 201\"","471010000, Мангистауская область, Актау Г.А., г.Актау, \"Мангистауская область, г. Актау, промзона, ТОО \"\"МАЭК-Казатомпром\"\"\"","EXW","С даты подписания договора в течение 30 календарных дней","Предоплата - 0% , Промежуточный платеж - 0% , Окончательный платеж - 100% ","Тонна (метрическая)",{"v":1182.89,"d":"1,182.890"},{"v":2678.57,"d":"2,678.570"},{"v":3168453.67,"d":"3,168,453.670"},{"v":3548668.11,"d":"3,548,668.110"},"ТПХ","Товарищество с ограниченной ответственностью \"Мангистауский атомный энергетический комбинат-Казатомпром\""]
[null,"5810285","3123 Т","235112.500.000000","Цемент алинитовый","марка М-400","462:Тип:Цемент глиноземестый гц40:Цемент глиноземестый гц40 \\ 79:ГОСТ:969-91 :969-91  \\ 208:Маркировка:ГЦ-40:ГЦ-40","ОТП","-","0","08.2018","471010000, Мангистауская область, Актау Г.А., г.Актау, \"Мангистауская область, г. Актау, промзона, ТОО \"\"МАЭК-Казатомпром\"\", здание 201\"","471010000, Мангистауская область, Актау Г.А., г.Актау, \"Мангистауская область, г. Актау, промзона, ТОО \"\"МАЭК-Казатомпром\"\"\"","DDP","С даты подписания договора в течение 30 календарных дней","Предоплата - 0% , Промежуточный платеж - 0% , Окончательный платеж - 100% ","Тонна (метрическая)",{"v":70,"d":"70.000"},{"v":243964.29,"d":"243,964.290"},{"v":17077500.3,"d":"17,077,500.300"},{"v":19126800.34,"d":"19,126,800.340"},"-","Товарищество с ограниченной ответственностью \"Мангистауский атомный энергетический комбинат-Казатомпром\""]
[null,"5821846","3127-1 Т","257214.430.000000","Навес","дверной, стальной","92:Дверная фурнитура:Навес дверной универсальный (Универсальные петли представляют собой нераздельную конструкцию. Высота петель от 70-150мм):Навес дверной универсальный (Универсальные петли представляют собой нераздельную конструкцию. Высота петель от 70-150мм) \\ 79:ГОСТ:5088-2005:5088-2005","ОИ","137-2 (не превышает тысячекратного МРП)","0","01.2018","471010000, Мангистауская область, Актау Г.А., г.Актау, \"Мангистауская область, г. Актау, промзона, ТОО \"\"МАЭК-Казатомпром\"\", здание 201\"","471010000, Мангистауская область, Актау Г.А., г.Актау, \"Мангистауская область, г. Актау, промзона, ТОО \"\"МАЭК-Казатомпром\"\"\"","DDP","С даты подписания договора в течение 30 календарных дней","Окончательный платеж - 100% , Промежуточный платеж - 0% , Предоплата - 0% ","Штука",{"v":65,"d":"65.000"},{"v":892.85,"d":"892.850"},{"v":58035.25,"d":"58,035.250"},{"v":64999.48,"d":"64,999.480"},"-","Товарищество с ограниченной ответственностью \"Мангистауский атомный энергетический комбинат-Казатомпром\""]
[null,"5827054","3131 Т","251210.300.000011","Порог","для дверей, металлический","79:ГОСТ:18599-73:18599-73 \\ 462:Тип:Порог металлический:Порог металлический ","ОИ","137-2 (не превышает тысячекратного МРП)","0","05.2018","471010000, Мангистауская область, Актау Г.А., г.Актау, \"Мангистауская область, г. Актау, промзона, ТОО \"\"МАЭК-Казатомпром\"\", здание 201\"","471010000, Мангистауская область, Актау Г.А., г.Актау, \"Мангистауская область, г. Актау, промзона, ТОО \"\"МАЭК-Казатомпром\"\"\"","DDP","С даты подписания договора в течение 30 календарных дней","Предоплата - 0% , Промежуточный платеж - 0% , Окончательный платеж - 100% ","Штука",{"v":20,"d":"20.000"},{"v":1437.5,"d":"1,437.500"},{"v":28750,"d":"28,750.000"},{"v":32200,"d":"32,200.000"},"-","Товарищество с ограниченной ответственностью \"Мангистауский атомный энергетический комбинат-Казатомпром\""]
[null,"5827329","3134 Т","236410.900.000000","Добавка","для бетона и строительного раствора","462:Тип:Добавка для бетона пенетрон(гидрофобизирующая, для бетонов и строительных растворов):Добавка для бетона пенетрон(гидрофобизирующая, для бетонов и строительных растворов) \\ 79:ГОСТ:24211-2008:24211-2008 \\ 341:Применение:бетон:бетон","ЦПП","-","0","05.2018","471010000, Мангистауская область, Актау Г.А., г.Актау, \"Мангистауская область, г. Актау, промзона, ТОО \"\"МАЭК-Казатомпром\"\", здание 201\"","471010000, Мангистауская область, Актау Г.А., г.Актау, \"Мангистауская область, г. Актау, промзона, ТОО \"\"МАЭК-Казатомпром\"\"\"","DDP","С даты подписания договора в течение 30 календарных дней","Предоплата - 0% , Промежуточный платеж - 0% , Окончательный платеж - 100% ","Килограмм",{"v":1000,"d":"1,000.000"},{"v":1782.48,"d":"1,782.480"},{"v":1782480,"d":"1,782,480.000"},{"v":1996377.6,"d":"1,996,377.600"},"-","Товарищество с ограниченной ответственностью \"Мангистауский атомный энергетический комбинат-Казатомпром\""]
[null,"5822044","3136-1 Т","222314.700.000114","Заглушка для плинтуса","пластиковая","462:Тип:Заглушка(плинтус) левая , ГОСТ 19111-2001:Заглушка(плинтус) левая , ГОСТ 19111-2001","ОИ","137-2 (не превышает тысячекратного МРП)","0","01.2018","471000000, Мангистауская область, Актау Г.А., Промзона, ТОО \"МАЭК-Казатомпром\", здание 201","471000000, Мангистауская область, Актау Г.А., Промзона, склад ТОО \"МАЭК-Казатомпром\"","DDP","С даты подписания договора в течение 30 календарных дней","Окончательный платеж - 100% , Промежуточный платеж - 0% , Предоплата - 0% ","Штука",{"v":30,"d":"30.000"},{"v":103.5,"d":"103.500"},{"v":3105,"d":"3,105.000"},{"v":3477.6,"d":"3,477.600"},"-","Товарищество с ограниченной ответственностью \"Мангистауский атомный энергетический комбинат-Казатомпром\""]
[null,"5821645","3142 Т","222129.700.000084","Отвод","полипропиленовый, диаметр 50 мм","462:Тип:Отводы п/э :Отводы п/э  \\ 468:ТУ:6-19-359-97:6-19-359-97 \\ 36:Диаметр:50:50","ОИ","137-2 (не превышает тысячекратного МРП)","0","08.2018","471010000, Мангистауская область, Актау Г.А., г.Актау, \"Мангистауская область, г. Актау, промзона, ТОО \"\"МАЭК-Казатомпром\"\", здание 201\"","471010000, Мангистауская область, Актау Г.А., г.Актау, \"Мангистауская область, г. Актау, промзона, ТОО \"\"МАЭК-Казатомпром\"\"\"","DDP","С даты подписания договора в течение 30 календарных дней","Предоплата - 0% , Промежуточный платеж - 0% , Окончательный платеж - 100% ","Штука",{"v":61,"d":"61.000"},{"v":272.55,"d":"272.550"},{"v":16625.55,"d":"16,625.550"},{"v":18620.62,"d":"18,620.620"},"-","Товарищество с ограниченной ответственностью \"Мангистауский атомный энергетический комбинат-Казатомпром\""]
[null,"5827085","3145 Т","222129.700.000046","Кран шаровой","из поливинилхлорида","462:Тип:Вентиль (пластиковый):Вентиль (пластиковый) \\ 36:Диаметр:20:20","ЦПП","-","0","08.2018","471010000, Мангистауская область, Актау Г.А., г.Актау, \"Мангистауская область, г. Актау, промзона, ТОО \"\"МАЭК-Казатомпром\"\", здание 201\"","471010000, Мангистауская область, Актау Г.А., г.Актау, \"Мангистауская область, г. Актау, промзона, ТОО \"\"МАЭК-Казатомпром\"\"\"","DDP","С даты подписания договора в течение 30 календарных дней","Предоплата - 0% , Промежуточный платеж - 0% , Окончательный платеж - 100% ","Штука",{"v":69,"d":"69.000"},{"v":948.75,"d":"948.750"},{"v":65463.75,"d":"65,463.750"},{"v":73319.4,"d":"73,319.400"},"-","Товарищество с ограниченной ответственностью \"Мангистауский атомный энергетический комбинат-Казатомпром\""]
[null,"5822047","3149 Т","222314.700.000115","Заглушка для кабель-канала","пластиковая","462:Тип:Заглушка Д 25:Заглушка Д 25","ОИ","137-2 (не превышает тысячекратного МРП)","0","05.2018","471010000, Мангистауская область, Актау Г.А., г.Актау, \"Мангистауская область, г. Актау, промзона, ТОО \"\"МАЭК-Казатомпром\"\", здание 201\"","471010000, Мангистауская область, Актау Г.А., г.Актау, \"Мангистауская область, г. Актау, промзона, ТОО \"\"МАЭК-Казатомпром\"\"\"","DDP","С даты подписания договора в течение 30 календарных дней","Предоплата - 0% , Промежуточный платеж - 0% , Окончательный платеж - 100% ","Штука",{"v":20,"d":"20.000"},{"v":103.5,"d":"103.500"},{"v":2070,"d":"2,070.000"},{"v":2318.4,"d":"2,318.400"},"-","Товарищество с ограниченной ответственностью \"Мангистауский атомный энергетический комбинат-Казатомпром\""]
[null,"5827015","3150 Т","222121.500.000066","Труба гофрированная","электромонтажная, из поливинилхлорида","462:Тип:Гофрированный рукав д=100:Гофрированный рукав д=100","ОИ","137-2 (не превышает тысячекратного МРП)","0","08.2018","471010000, Мангистауская область, Актау Г.А., г.Актау, \"Мангистауская область, г. Актау, промзона, ТОО \"\"МАЭК-Казатомпром\"\", здание 201\"","471010000, Мангистауская область, Актау Г.А., г.Актау, \"Мангистауская область, г. Актау, промзона, ТОО \"\"МАЭК-Казатомпром\"\"\"","DDP","С даты подписания договора в течение 30 календарных дней","Предоплата - 0% , Промежуточный платеж - 0% , Окончательный платеж - 100% ","Штука",{"v":10,"d":"10.000"},{"v":1350,"d":"1,350.000"},{"v":13500,"d":"13,500.000"},{"v":15120,"d":"15,120.000"},"-","Товарищество с ограниченной ответственностью \"Мангистауский атомный энергетический комбинат-Казатомпром\""]
[null,"5827080","3153 Т","205210.900.000015","Герметик","силиконовый","462:Тип:Герметик :Герметик  \\ 301:Состав:силикон:силикон \\ 380:Цвет:ақ:белый","ЦПП","-","0","05.2018","471010000, Мангистауская область, Актау Г.А., г.Актау, \"Мангистауская область, г. Актау, промзона, ТОО \"\"МАЭК-Казатомпром\"\", здание 201\"","471010000, Мангистауская область, Актау Г.А., г.Актау, \"Мангистауская область, г. Актау, промзона, ТОО \"\"МАЭК-Казатомпром\"\"\"","DDP","С даты подписания договора в течение 30 календарных дней","Предоплата - 0% , Промежуточный платеж - 0% , Окончательный платеж - 100% ","Штука",{"v":44,"d":"44.000"},{"v":803.57,"d":"803.570"},{"v":35357.08,"d":"35,357.080"},{"v":39599.93,"d":"39,599.930"},"-","Товарищество с ограниченной ответственностью \"Мангистауский атомный энергетический комбинат-Казатомпром\""]
[null,"5822002","3158-1 Т","244222.500.000190","Профиль из алюминиевых сплавов","прессованный, диаметр 26-50 мм","462:Тип:Профиль 28/27:Профиль 28/27","ОИ","137-2 (не превышает тысячекратного МРП)","0","01.2018","471010000, Мангистауская область, Актау Г.А., г.Актау, \"Мангистауская область, г. Актау, промзона, ТОО \"\"МАЭК-Казатомпром\"\", здание 201\"","471010000, Мангистауская область, Актау Г.А., г.Актау, \"Мангистауская область, г. Актау, промзона, ТОО \"\"МАЭК-Казатомпром\"\"\"","DDP","С даты подписания договора в течение 30 календарных дней","Окончательный платеж - 100% , Промежуточный платеж - 0% , Предоплата - 0% ","Штука",{"v":160,"d":"160.000"},{"v":517.5,"d":"517.500"},{"v":82800,"d":"82,800.000"},{"v":92736,"d":"92,736.000"},"-","Товарищество с ограниченной ответственностью \"Мангистауский атомный энергетический комбинат-Казатомпром\""]
[null,"5821772","3161 Т","222129.700.000379","Задвижка","полипропиленовая, тип присоединения к трубопроводу","462:Тип:Ревизия прочистка д=100:Ревизия прочистка д=100","ОИ","137-2 (не превышает тысячекратного МРП)","0","05.2018","471010000, Мангистауская область, Актау Г.А., г.Актау, \"Мангистауская область, г. Актау, промзона, ТОО \"\"МАЭК-Казатомпром\"\", здание 201\"","471010000, Мангистауская область, Актау Г.А., г.Актау, \"Мангистауская область, г. Актау, промзона, ТОО \"\"МАЭК-Казатомпром\"\"\"","DDP","С даты подписания договора в течение 30 календарных дней","Предоплата - 0% , Промежуточный платеж - 0% , Окончательный платеж - 100% ","Штука",{"v":3,"d":"3.000"},{"v":868.31,"d":"868.310"},{"v":2604.93,"d":"2,604.930"},{"v":2917.52,"d":"2,917.520"},"-","Товарищество с ограниченной ответственностью \"Мангистауский атомный энергетический комбинат-Казатомпром\""]
[null,"5821646","3165 Т","222129.700.000120","Отвод","полиэтиленовый, диаметр 110 мм","462:Тип:Отводы ду=100   п/э (ТУ 6-19-359-97):Отводы ду=100   п/э (ТУ 6-19-359-97)","ОИ","137-2 (не превышает тысячекратного МРП)","0","08.2018","471010000, Мангистауская область, Актау Г.А., г.Актау, \"Мангистауская область, г. Актау, промзона, ТОО \"\"МАЭК-Казатомпром\"\", здание 201\"","471010000, Мангистауская область, Актау Г.А., г.Актау, \"Мангистауская область, г. Актау, промзона, ТОО \"\"МАЭК-Казатомпром\"\"\"","DDP","С даты подписания договора в течение 30 календарных дней","Предоплата - 0% , Промежуточный платеж - 0% , Окончательный платеж - 100% ","Штука",{"v":27,"d":"27.000"},{"v":575,"d":"575.000"},{"v":15525,"d":"15,525.000"},{"v":17388,"d":"17,388.000"},"-","Товарищество с ограниченной ответственностью \"Мангистауский атомный энергетический комбинат-Казатомпром\""]
[null,"5821673","3167 Т","222121.530.000296","Труба для водоснабжения","полиэтиленовая, диаметр 50 мм, толщина стенки 2,9 мм","462:Тип:Труба полиэтиленовая д=50    2м:Труба полиэтиленовая д=50    2м  \\ 79:ГОСТ:18599-73:18599-73 \\ 36:Диаметр:50:50","ОИ","137-2 (не превышает тысячекратного МРП)","100","08.2018","471010000, Мангистауская область, Актау Г.А., г.Актау, \"Мангистауская область, г. Актау, промзона, ТОО \"\"МАЭК-Казатомпром\"\", здание 201\"","471010000, Мангистауская область, Актау Г.А., г.Актау, \"Мангистауская область, г. Актау, промзона, ТОО \"\"МАЭК-Казатомпром\"\"\"","DDP","С даты подписания договора в течение 30 календарных дней","Предоплата - 0% , Промежуточный платеж - 0% , Окончательный платеж - 100% ","Штука",{"v":165,"d":"165.000"},{"v":549.56,"d":"549.560"},{"v":90677.4,"d":"90,677.400"},{"v":101558.69,"d":"101,558.690"},"-","Товарищество с ограниченной ответственностью \"Мангистауский атомный энергетический комбинат-Казатомпром\""]
[null,"5821935","3172 Т","222129.700.000357","Муфта","для трубопровода, полипропиленовая, компрессионная","462:Тип:Муфта :Муфта   \\ 301:Состав:полипропиленовая :полипропиленовая  \\ 36:Диаметр:32:32","ОИ","137-2 (не превышает тысячекратного МРП)","0","05.2018","471010000, Мангистауская область, Актау Г.А., г.Актау, \"Мангистауская область, г. Актау, промзона, ТОО \"\"МАЭК-Казатомпром\"\", здание 201\"","471010000, Мангистауская область, Актау Г.А., г.Актау, \"Мангистауская область, г. Актау, промзона, ТОО \"\"МАЭК-Казатомпром\"\"\"","DDP","С даты подписания договора в течение 30 календарных дней","Предоплата - 0% , Промежуточный платеж - 0% , Окончательный платеж - 100% ","Штука",{"v":10,"d":"10.000"},{"v":77.02,"d":"77.020"},{"v":770.2,"d":"770.200"},{"v":862.62,"d":"862.620"},"-","Товарищество с ограниченной ответственностью \"Мангистауский атомный энергетический комбинат-Казатомпром\""]
[null,"5821960","3173 Т","222129.700.000345","Держатель","из поливинилхлорида, диаметр 10-50 мм","462:Тип:Клипсы 50:Клипсы 50","ОИ","137-2 (не превышает тысячекратного МРП)","0","08.2018","471010000, Мангистауская область, Актау Г.А., г.Актау, \"Мангистауская область, г. Актау, промзона, ТОО \"\"МАЭК-Казатомпром\"\", здание 201\"","471010000, Мангистауская область, Актау Г.А., г.Актау, \"Мангистауская область, г. Актау, промзона, ТОО \"\"МАЭК-Казатомпром\"\"\"","DDP","С даты подписания договора в течение 30 календарных дней","Предоплата - 0% , Промежуточный платеж - 0% , Окончательный платеж - 100% ","Штука",{"v":150,"d":"150.000"},{"v":164.29,"d":"164.290"},{"v":24643.5,"d":"24,643.500"},{"v":27600.72,"d":"27,600.720"},"-","Товарищество с ограниченной ответственностью \"Мангистауский атомный энергетический комбинат-Казатомпром\""]
[null,"5821738","3176 Т","222129.700.000353","Муфта","для трубопровода, полиэтиленовая, компрессионная","462:Тип:Муфта 20/45 с наружн.резьбой :Муфта 20/45 с наружн.резьбой  \\ 468:ТУ: 6-19-359-97: 6-19-359-97 \\ 36:Диаметр:20/45:20/45","ОИ","137-2 (не превышает тысячекратного МРП)","0","05.2018","471010000, Мангистауская область, Актау Г.А., г.Актау, \"Мангистауская область, г. Актау, промзона, ТОО \"\"МАЭК-Казатомпром\"\", здание 201\"","471010000, Мангистауская область, Актау Г.А., г.Актау, \"Мангистауская область, г. Актау, промзона, ТОО \"\"МАЭК-Казатомпром\"\"\"","DDP","С даты подписания договора в течение 30 календарных дней","Предоплата - 0% , Промежуточный платеж - 0% , Окончательный платеж - 100% ","Штука",{"v":5,"d":"5.000"},{"v":329.73,"d":"329.730"},{"v":1648.65,"d":"1,648.650"},{"v":1846.49,"d":"1,846.490"},"-","Товарищество с ограниченной ответственностью \"Мангистауский атомный энергетический комбинат-Казатомпром\""]
[null,"5821910","3180 Т","222121.500.000027","Труба специального назначения","металлопластиковая, диаметр 50 мм","462:Тип:Труба армированная Д 40:Труба армированная Д 40 \\ 36:Диаметр:40:40","ОИ","137-2 (не превышает тысячекратного МРП)","100","08.2018","471010000, Мангистауская область, Актау Г.А., г.Актау, \"Мангистауская область, г. Актау, промзона, ТОО \"\"МАЭК-Казатомпром\"\", здание 201\"","471010000, Мангистауская область, Актау Г.А., г.Актау, \"Мангистауская область, г. Актау, промзона, ТОО \"\"МАЭК-Казатомпром\"\"\"","DDP","С даты подписания договора в течение 30 календарных дней","Предоплата - 0% , Промежуточный платеж - 0% , Окончательный платеж - 100% ","Метр",{"v":5,"d":"5.000"},{"v":993.21,"d":"993.210"},{"v":4966.05,"d":"4,966.050"},{"v":5561.98,"d":"5,561.980"},"-","Товарищество с ограниченной ответственностью \"Мангистауский атомный энергетический комбинат-Казатомпром\""]
[null,"5821674","3185 Т","222121.530.000211","Труба для водоснабжения","полипропиленовая, диаметр 50 мм, толщина стенки 4,6 мм","462:Тип:Труба п/э д=50 (для водоснабжения, полиэтиленовая ПЭ 100, SDR 11, диаметр 50 мм, толщина 3 мм, давление 10 атм):Труба п/э д=50 (для водоснабжения, полиэтиленовая ПЭ 100, SDR 11, диаметр 50 мм, толщина 3 мм, давление 10 атм) \\ 79:ГОСТ:18599-2001:18599-2001 \\ 6:SDR:11:11","ОИ","137-2 (не превышает тысячекратного МРП)","100","08.2018","471010000, Мангистауская область, Актау Г.А., г.Актау, \"Мангистауская область, г. Актау, промзона, ТОО \"\"МАЭК-Казатомпром\"\", здание 201\"","471010000, Мангистауская область, Актау Г.А., г.Актау, \"Мангистауская область, г. Актау, промзона, ТОО \"\"МАЭК-Казатомпром\"\"\"","DDP","С даты подписания договора в течение 30 календарных дней","Предоплата - 0% , Промежуточный платеж - 0% , Окончательный платеж - 100% ","Метр",{"v":100,"d":"100.000"},{"v":1301.03,"d":"1,301.030"},{"v":130103,"d":"130,103.000"},{"v":145715.36,"d":"145,715.360"},"-","Товарищество с ограниченной ответственностью \"Мангистауский атомный энергетический комбинат-Казатомпром\""]
[null,"5821652","3188 Т","222129.700.000088","Отвод","полипропиленовый, диаметр 110 мм","462:Тип:Полуотводы д=100 (ТУ 6-19-359-97):Полуотводы д=100 (ТУ 6-19-359-97)","ОИ","137-2 (не превышает тысячекратного МРП)","0","08.2018","471010000, Мангистауская область, Актау Г.А., г.Актау, \"Мангистауская область, г. Актау, промзона, ТОО \"\"МАЭК-Казатомпром\"\", здание 201\"","471010000, Мангистауская область, Актау Г.А., г.Актау, \"Мангистауская область, г. Актау, промзона, ТОО \"\"МАЭК-Казатомпром\"\"\"","DDP","С даты подписания договора в течение 30 календарных дней","Предоплата - 0% , Промежуточный платеж - 0% , Окончательный платеж - 100% ","Штука",{"v":3,"d":"3.000"},{"v":626.75,"d":"626.750"},{"v":1880.25,"d":"1,880.250"},{"v":2105.88,"d":"2,105.880"},"-","Товарищество с ограниченной ответственностью \"Мангистауский атомный энергетический комбинат-Казатомпром\""]
[null,"5821930","3192 Т","222129.700.000356","Муфта","для трубопровода, полипропиленовая, соединительная","462:Тип:Муфта Д-25 с наружней резьбой:Муфта Д-25 с наружней резьбой","ОИ","137-2 (не превышает тысячекратного МРП)","0","05.2018","471010000, Мангистауская область, Актау Г.А., г.Актау, \"Мангистауская область, г. Актау, промзона, ТОО \"\"МАЭК-Казатомпром\"\", здание 201\"","471010000, Мангистауская область, Актау Г.А., г.Актау, \"Мангистауская область, г. Актау, промзона, ТОО \"\"МАЭК-Казатомпром\"\"\"","DDP","С даты подписания договора в течение 30 календарных дней","Предоплата - 0% , Промежуточный платеж - 0% , Окончательный платеж - 100% ","Штука",{"v":30,"d":"30.000"},{"v":872.77,"d":"872.770"},{"v":26183.1,"d":"26,183.100"},{"v":29325.07,"d":"29,325.070"},"-","Товарищество с ограниченной ответственностью \"Мангистауский атомный энергетический комбинат-Казатомпром\""]
[null,"5821634","3194 Т","281412.300.000001","Арматура","для бачка унитаза, с боковым подводом","462:Тип:Сливной механизм для бочка :Сливной механизм для бочка \\ 79:ГОСТ: 25809-96: 25809-96","ОИ","137-2 (не превышает тысячекратного МРП)","0","03.2018","471010000, Мангистауская область, Актау Г.А., г.Актау, \"Мангистауская область, г. Актау, промзона, ТОО \"\"МАЭК-Казатомпром\"\", здание 201\"","471010000, Мангистауская область, Актау Г.А., г.Актау, \"Мангистауская область, г. Актау, промзона, ТОО \"\"МАЭК-Казатомпром\"\"\"","DDP","С даты подписания договора в течение 30 календарных дней","Предоплата - 0% , Промежуточный платеж - 0% , Окончательный платеж - 100% ","Штука",{"v":66,"d":"66.000"},{"v":2321.42,"d":"2,321.420"},{"v":153213.72,"d":"153,213.720"},{"v":171599.37,"d":"171,599.370"},"-","Товарищество с ограниченной ответственностью \"Мангистауский атомный энергетический комбинат-Казатомпром\""]
[null,"5827208","3199 Т","222129.700.000047","Кран шаровой","из полипропилена","462:Тип:Кран шаровый  вн-наруж 1/2 (бабочка):Кран шаровый  вн-наруж 1/2 (бабочка)","ЦПП","-","0","04.2018","471010000, Мангистауская область, Актау Г.А., г.Актау, \"Мангистауская область, г. Актау, промзона, ТОО \"\"МАЭК-Казатомпром\"\", здание 201\"","471010000, Мангистауская область, Актау Г.А., г.Актау, \"Мангистауская область, г. Актау, промзона, ТОО \"\"МАЭК-Казатомпром\"\"\"","DDP","С даты подписания договора в течение 30 календарных дней","Предоплата - 0% , Промежуточный платеж - 0% , Окончательный платеж - 100% ","Штука",{"v":20,"d":"20.000"},{"v":838.93,"d":"838.930"},{"v":16778.6,"d":"16,778.600"},{"v":18792.03,"d":"18,792.030"},"-","Товарищество с ограниченной ответственностью \"Мангистауский атомный энергетический комбинат-Казатомпром\""]
[null,"5821790","3200 Т","257211.300.000000","Замок","навесной","126:Замок:Замок контрольный ( Материал корпуса и дужки - сталь, покрытие - цинк. Механизм секрета - сувальдный, в комплекте 2 ключа.Проем дужки (ширина х высота), мм - 30х28.¶Диаметр дужки, мм - 8:Замок контрольный ( Материал корпуса и дужки - сталь, покрытие - цинк. Механизм секрета - сувальдный, в комплекте 2 ключа.Проем дужки (ширина х высота), мм - 30х28.¶Диаметр дужки, мм - 8 \\ 79:ГОСТ: 5089-97: 5089-97 \\ 46:размер:58х95х23:58х95х23","ЦПП","-","0","03.2018","471010000, Мангистауская область, Актау Г.А., г.Актау, \"Мангистауская область, г. Актау, промзона, ТОО \"\"МАЭК-Казатомпром\"\", здание 201\"","471010000, Мангистауская область, Актау Г.А., г.Актау, \"Мангистауская область, г. Актау, промзона, ТОО \"\"МАЭК-Казатомпром\"\"\"","DDP","С даты подписания договора в течение 30 календарных дней","Предоплата - 0% , Промежуточный платеж - 0% , Окончательный платеж - 100% ","Штука",{"v":10,"d":"10.000"},{"v":669.64,"d":"669.640"},{"v":6696.4,"d":"6,696.400"},{"v":7499.97,"d":"7,499.970"},"-","Товарищество с ограниченной ответственностью \"Мангистауский атомный энергетический комбинат-Казатомпром\""]
[null,"5821639","3203 Т","222129.300.000005","Шланг","для смесителя, гибкий","462:Тип:Подводка алюминевая  80 см.:Подводка алюминевая  80 см.","ОИ","137-2 (не превышает тысячекратного МРП)","0","04.2018","471010000, Мангистауская область, Актау Г.А., г.Актау, \"Мангистауская область, г. Актау, промзона, ТОО \"\"МАЭК-Казатомпром\"\", здание 201\"","471010000, Мангистауская область, Актау Г.А., г.Актау, \"Мангистауская область, г. Актау, промзона, ТОО \"\"МАЭК-Казатомпром\"\"\"","DDP","С даты подписания договора в течение 30 календарных дней","Предоплата - 0% , Промежуточный платеж - 0% , Окончательный платеж - 100% ","Штука",{"v":71,"d":"71.000"},{"v":658.95,"d":"658.950"},{"v":46785.45,"d":"46,785.450"},{"v":52399.7,"d":"52,399.700"},"-","Товарищество с ограниченной ответственностью \"Мангистауский атомный энергетический комбинат-Казатомпром\""]
[null,"5821679","3209 Т","222121.500.000078","Труба для внутренней канализации","полипропиленовая, диаметр 110 мм","462:Тип:Труба пластиковая Д=100:Труба пластиковая Д=100 \\ 36:Диаметр:100:100","ОИ","137-2 (не превышает тысячекратного МРП)","100","08.2018","471010000, Мангистауская область, Актау Г.А., г.Актау, \"Мангистауская область, г. Актау, промзона, ТОО \"\"МАЭК-Казатомпром\"\", здание 201\"","471010000, Мангистауская область, Актау Г.А., г.Актау, \"Мангистауская область, г. Актау, промзона, ТОО \"\"МАЭК-Казатомпром\"\"\"","DDP","С даты подписания договора в течение 30 календарных дней","Предоплата - 0% , Промежуточный платеж - 0% , Окончательный платеж - 100% ","Метр",{"v":10,"d":"10.000"},{"v":771.43,"d":"771.430"},{"v":7714.3,"d":"7,714.300"},{"v":8640.02,"d":"8,640.020"},"-","Товарищество с ограниченной ответственностью \"Мангистауский атомный энергетический комбинат-Казатомпром\""]
[null,"5821690","3212 Т","281412.330.000002","Кран водоразборный","набортный","462:Тип:\"Смеситель \"\"елочка\"\" \":\"Смеситель \"\"елочка\"\"\" \\ 79:ГОСТ: 25809-96: 25809-96","ЦПП","-","0","08.2018","471010000, Мангистауская область, Актау Г.А., г.Актау, \"Мангистауская область, г. Актау, промзона, ТОО \"\"МАЭК-Казатомпром\"\", здание 201\"","471010000, Мангистауская область, Актау Г.А., г.Актау, \"Мангистауская область, г. Актау, промзона, ТОО \"\"МАЭК-Казатомпром\"\"\"","DDP","С даты подписания договора в течение 30 календарных дней","Предоплата - 0% , Промежуточный платеж - 0% , Окончательный платеж - 100% ","Штука",{"v":85,"d":"85.000"},{"v":20883.18,"d":"20,883.180"},{"v":1775070.3,"d":"1,775,070.300"},{"v":1988078.74,"d":"1,988,078.740"},"-","Товарищество с ограниченной ответственностью \"Мангистауский атомный энергетический комбинат-Казатомпром\""]
[null,"5821786","3217 Т","257214.690.000027","Доводчик дверной","до 90 кг","92:Дверная фурнитура:доводчик  дверной:доводчик  дверной","ЦПП","-","0","05.2018","471010000, Мангистауская область, Актау Г.А., г.Актау, \"Мангистауская область, г. Актау, промзона, ТОО \"\"МАЭК-Казатомпром\"\", здание 201\"","471010000, Мангистауская область, Актау Г.А., г.Актау, \"Мангистауская область, г. Актау, промзона, ТОО \"\"МАЭК-Казатомпром\"\"\"","DDP","С даты подписания договора в течение 30 календарных дней","Предоплата - 0% , Промежуточный платеж - 0% , Окончательный платеж - 100% ","Штука",{"v":27,"d":"27.000"},{"v":12321.42,"d":"12,321.420"},{"v":332678.34,"d":"332,678.340"},{"v":372599.74,"d":"372,599.740"},"-","Товарищество с ограниченной ответственностью \"Мангистауский атомный энергетический комбинат-Казатомпром\""]
[null,"5821693","3220-1 Т","281412.330.000002","Кран водоразборный","набортный","462:Тип:Смеситель для душа :Смеситель для душа  \\ 79:ГОСТ: 25809-96: 25809-96","ЦПП","-","0","02.2018","471010000, Мангистауская область, Актау Г.А., г.Актау, \"Мангистауская область, г. Актау, промзона, ТОО \"\"МАЭК-Казатомпром\"\", здание 201\"","471010000, Мангистауская область, Актау Г.А., г.Актау, \"Мангистауская область, г. Актау, промзона, ТОО \"\"МАЭК-Казатомпром\"\"\"","DDP","С даты подписания договора в течение 30 календарных дней","Окончательный платеж - 100% , Промежуточный платеж - 0% , Предоплата - 0% ","Штука",{"v":127,"d":"127.000"},{"v":6696.42,"d":"6,696.420"},{"v":850445.34,"d":"850,445.340"},{"v":952498.78,"d":"952,498.780"},"-","Товарищество с ограниченной ответственностью \"Мангистауский атомный энергетический комбинат-Казатомпром\""]
[null,"5821509","3223-1 Т","205210.900.000046","Клей","резиновый, марка А","462:Тип:\"Клей \"\"момент\"\" (Клей \"\"момент\"\" универсальный 125 гр.)\":\"Клей \"\"момент\"\" (Клей \"\"момент\"\" универсальный 125 гр.)\"","ОИ","137-2 (не превышает тысячекратного МРП)","0","01.2018","471010000, Мангистауская область, Актау Г.А., г.Актау, \"Мангистауская область, г. Актау, промзона, ТОО \"\"МАЭК-Казатомпром\"\", здание 201\"","471010000, Мангистауская область, Актау Г.А., г.Актау, \"Мангистауская область, г. Актау, промзона, ТОО \"\"МАЭК-Казатомпром\"\"\"","DDP","С даты подписания договора в течение 30 календарных дней","Окончательный платеж - 100% , Промежуточный платеж - 0% , Предоплата - 0% ","Штука",{"v":130,"d":"130.000"},{"v":764.75,"d":"764.750"},{"v":99417.5,"d":"99,417.500"},{"v":111347.6,"d":"111,347.600"},"-","Товарищество с ограниченной ответственностью \"Мангистауский атомный энергетический комбинат-Казатомпром\""]
[null,"5821560","3226-2 Т","222315.000.000002","Линолеум","из поливинилхлорида, полукоммерческий, на тканой основе","462:Тип:Линолеум 3 м ,¶ширина – 3 м¶совокупный вес – 2,1 кг/м2,¶основа вспененная¶толщина защитного слоя – 0,25мм¶):Линолеум 3 м ,¶ширина – 3 м¶совокупный вес – 2,1 кг/м2,¶основа вспененная¶толщина защитного слоя – 0,25мм¶)","ЦПП","-","0","02.2018","471000000, Мангистауская область, Актау Г.А., Промзона, ТОО \"МАЭК-Казатомпром\", здание 201","471010000, Мангистауская область, Актау Г.А., г.Актау, \"Мангистауская область, г. Актау, промзона, ТОО \"\"МАЭК-Казатомпром\"\"\"","DDP","С даты подписания договора в течение 30 календарных дней","Предоплата - 0% , Промежуточный платеж - 0% , Окончательный платеж - 100% ","Метр квадратный",{"v":510,"d":"510.000"},{"v":1885.18,"d":"1,885.180"},{"v":961441.8,"d":"961,441.800"},{"v":1076814.82,"d":"1,076,814.820"},"-","Товарищество с ограниченной ответственностью \"Мангистауский атомный энергетический комбинат-Казатомпром\""]
[null,"5821871","3228-1 Т","222311.900.000000","Угол","для стеновой панели, внешний, из поливинилхлорида","462:Тип:Галтель вставка:Галтель вставка","ОИ","137-2 (не превышает тысячекратного МРП)","0","01.2018","471010000, Мангистауская область, Актау Г.А., г.Актау, \"Мангистауская область, г. Актау, промзона, ТОО \"\"МАЭК-Казатомпром\"\", здание 201\"","471010000, Мангистауская область, Актау Г.А., г.Актау, \"Мангистауская область, г. Актау, промзона, ТОО \"\"МАЭК-Казатомпром\"\"\"","DDP","С даты подписания договора в течение 30 календарных дней","Окончательный платеж - 100% , Промежуточный платеж - 0% , Предоплата - 0% ","Штука",{"v":150,"d":"150.000"},{"v":713.57,"d":"713.570"},{"v":107035.5,"d":"107,035.500"},{"v":119879.76,"d":"119,879.760"},"-","Товарищество с ограниченной ответственностью \"Мангистауский атомный энергетический комбинат-Казатомпром\""]
[null,"5822041","3231-1 Т","222314.700.000021","Угол","для пластикового плинтуса, наружный, из поливинилхлорида","462:Тип:Угол наружный  (плинтус):Угол наружный  (плинтус)","ОИ","137-2 (не превышает тысячекратного МРП)","0","01.2018","471010000, Мангистауская область, Актау Г.А., г.Актау, \"Мангистауская область, г. Актау, промзона, ТОО \"\"МАЭК-Казатомпром\"\", здание 201\"","471010000, Мангистауская область, Актау Г.А., г.Актау, \"Мангистауская область, г. Актау, промзона, ТОО \"\"МАЭК-Казатомпром\"\"\"","DDP","С даты подписания договора в течение 30 календарных дней","Окончательный платеж - 100% , Промежуточный платеж - 0% , Предоплата - 0% ","Штука",{"v":30,"d":"30.000"},{"v":126.5,"d":"126.500"},{"v":3795,"d":"3,795.000"},{"v":4250.4,"d":"4,250.400"},"-","Товарищество с ограниченной ответственностью \"Мангистауский атомный энергетический комбинат-Казатомпром\""]
[null,"5822016","3235-1 Т","244222.500.000190","Профиль из алюминиевых сплавов","прессованный, диаметр 26-50 мм","462:Тип:Профиль  ПН 50х40:Профиль  ПН 50х40","ОИ","137-2 (не превышает тысячекратного МРП)","0","01.2018","471010000, Мангистауская область, Актау Г.А., г.Актау, \"Мангистауская область, г. Актау, промзона, ТОО \"\"МАЭК-Казатомпром\"\", здание 201\"","471010000, Мангистауская область, Актау Г.А., г.Актау, \"Мангистауская область, г. Актау, промзона, ТОО \"\"МАЭК-Казатомпром\"\"\"","DDP","С даты подписания договора в течение 30 календарных дней","Окончательный платеж - 100% , Промежуточный платеж - 0% , Предоплата - 0% ","Штука",{"v":720,"d":"720.000"},{"v":816.5,"d":"816.500"},{"v":587880,"d":"587,880.000"},{"v":658425.6,"d":"658,425.600"},"-","Товарищество с ограниченной ответственностью \"Мангистауский атомный энергетический комбинат-Казатомпром\""]
[null,"5821985","3239 Т","222129.700.000080","Отвод","полипропиленовый, диаметр 20 мм","462:Тип:Адаптер-отвод Ду-20 (Отвод с внутр.резьб Д20х1/2 (полипропиленовый)):Адаптер-отвод Ду-20 (Отвод с внутр.резьб Д20х1/2 (полипропиленовый))","ОИ","137-2 (не превышает тысячекратного МРП)","0","08.2018","471010000, Мангистауская область, Актау Г.А., г.Актау, \"Мангистауская область, г. Актау, промзона, ТОО \"\"МАЭК-Казатомпром\"\", здание 201\"","471010000, Мангистауская область, Актау Г.А., г.Актау, \"Мангистауская область, г. Актау, промзона, ТОО \"\"МАЭК-Казатомпром\"\"\"","DDP","С даты подписания договора в течение 30 календарных дней","Предоплата - 0% , Промежуточный платеж - 0% , Окончательный платеж - 100% ","Штука",{"v":20,"d":"20.000"},{"v":471.5,"d":"471.500"},{"v":9430,"d":"9,430.000"},{"v":10561.6,"d":"10,561.600"},"-","Товарищество с ограниченной ответственностью \"Мангистауский атомный энергетический комбинат-Казатомпром\""]
[null,"5821958","3244 Т","222129.700.000345","Держатель","из поливинилхлорида, диаметр 10-50 мм","462:Тип:Клипсы Ду20:Клипсы Ду20","ОИ","137-2 (не превышает тысячекратного МРП)","0","08.2018","471010000, Мангистауская область, Актау Г.А., г.Актау, \"Мангистауская область, г. Актау, промзона, ТОО \"\"МАЭК-Казатомпром\"\", здание 201\"","471010000, Мангистауская область, Актау Г.А., г.Актау, \"Мангистауская область, г. Актау, промзона, ТОО \"\"МАЭК-Казатомпром\"\"\"","DDP","С даты подписания договора в течение 30 календарных дней","Предоплата - 0% , Промежуточный платеж - 0% , Окончательный платеж - 100% ","Штука",{"v":20,"d":"20.000"},{"v":41.07,"d":"41.070"},{"v":821.4,"d":"821.400"},{"v":919.97,"d":"919.970"},"-","Товарищество с ограниченной ответственностью \"Мангистауский атомный энергетический комбинат-Казатомпром\""]
[null,"5827083","3247 Т","222129.700.000005","Тройник полипропиленовый","переходной","462:Тип:Комплектующие к радиатору (Комплектующие к радиатору  ТУ 6-19-359-97):Комплектующие к радиатору (Комплектующие к радиатору  ТУ 6-19-359-97)","ОИ","137-2 (не превышает тысячекратного МРП)","0","08.2018","471010000, Мангистауская область, Актау Г.А., г.Актау, \"Мангистауская область, г. Актау, промзона, ТОО \"\"МАЭК-Казатомпром\"\", здание 201\"","471010000, Мангистауская область, Актау Г.А., г.Актау, \"Мангистауская область, г. Актау, промзона, ТОО \"\"МАЭК-Казатомпром\"\"\"","DDP","С даты подписания договора в течение 30 календарных дней","Предоплата - 0% , Промежуточный платеж - 0% , Окончательный платеж - 100% ","Штука",{"v":35,"d":"35.000"},{"v":1848.21,"d":"1,848.210"},{"v":64687.35,"d":"64,687.350"},{"v":72449.83,"d":"72,449.830"},"-","Товарищество с ограниченной ответственностью \"Мангистауский атомный энергетический комбинат-Казатомпром\""]
[null,"5821694","3250 Т","281412.330.000002","Кран водоразборный","набортный","462:Тип:Смеситель на мойку с одним краном (Смеситель на мойку с одним краном):Смеситель на мойку с одним краном (Смеситель на мойку с одним краном)","ЦПП","-","0","08.2018","471010000, Мангистауская область, Актау Г.А., г.Актау, \"Мангистауская область, г. Актау, промзона, ТОО \"\"МАЭК-Казатомпром\"\", здание 201\"","471010000, Мангистауская область, Актау Г.А., г.Актау, \"Мангистауская область, г. Актау, промзона, ТОО \"\"МАЭК-Казатомпром\"\"\"","DDP","С даты подписания договора в течение 30 календарных дней","Предоплата - 0% , Промежуточный платеж - 0% , Окончательный платеж - 100% ","Штука",{"v":49,"d":"49.000"},{"v":1656,"d":"1,656.000"},{"v":81144,"d":"81,144.000"},{"v":90881.28,"d":"90,881.280"},"-","Товарищество с ограниченной ответственностью \"Мангистауский атомный энергетический комбинат-Казатомпром\""]
[null,"5821620","3253 Т","259911.312.000000","Умывальник","эмалированный, стальной","462:Тип:Мойка эмалированная :Мойка эмалированная  \\ 79:ГОСТ: 24843-81: 24843-81","ОИ","137-2 (не превышает тысячекратного МРП)","0","05.2018","471010000, Мангистауская область, Актау Г.А., г.Актау, \"Мангистауская область, г. Актау, промзона, ТОО \"\"МАЭК-Казатомпром\"\", здание 201\"","471010000, Мангистауская область, Актау Г.А., г.Актау, \"Мангистауская область, г. Актау, промзона, ТОО \"\"МАЭК-Казатомпром\"\"\"","DDP","С даты подписания договора в течение 30 календарных дней","Предоплата - 0% , Промежуточный платеж - 0% , Окончательный платеж - 100% ","Штука",{"v":9,"d":"9.000"},{"v":9890,"d":"9,890.000"},{"v":89010,"d":"89,010.000"},{"v":99691.2,"d":"99,691.200"},"-","Товарищество с ограниченной ответственностью \"Мангистауский атомный энергетический комбинат-Казатомпром\""]
[null,"5827087","3255 Т","222129.700.000375","Вентиль","шаровый, полипропиленовый, диаметр условный до 50 мм","462:Тип:Вентиль 15 (пластиковый):Вентиль 15 (пластиковый)","ОИ","137-2 (не превышает тысячекратного МРП)","0","05.2018","471010000, Мангистауская область, Актау Г.А., г.Актау, \"Мангистауская область, г. Актау, промзона, ТОО \"\"МАЭК-Казатомпром\"\", здание 201\"","471010000, Мангистауская область, Актау Г.А., г.Актау, \"Мангистауская область, г. Актау, промзона, ТОО \"\"МАЭК-Казатомпром\"\"\"","DDP","С даты подписания договора в течение 30 календарных дней","Предоплата - 0% , Промежуточный платеж - 0% , Окончательный платеж - 100% ","Штука",{"v":77,"d":"77.000"},{"v":1765.25,"d":"1,765.250"},{"v":135924.25,"d":"135,924.250"},{"v":152235.16,"d":"152,235.160"},"-","Товарищество с ограниченной ответственностью \"Мангистауский атомный энергетический комбинат-Казатомпром\""]
[null,"5821632","3258 Т","222129.300.000003","Шланг","для сливного бачка унитаза, гибкий","462:Тип:Подводка к бочку :Подводка к бочку  \\ 110:Длина:60 см:60 см","ОИ","137-2 (не превышает тысячекратного МРП)","0","04.2018","471010000, Мангистауская область, Актау Г.А., г.Актау, \"Мангистауская область, г. Актау, промзона, ТОО \"\"МАЭК-Казатомпром\"\", здание 201\"","471010000, Мангистауская область, Актау Г.А., г.Актау, \"Мангистауская область, г. Актау, промзона, ТОО \"\"МАЭК-Казатомпром\"\"\"","DDP","С даты подписания договора в течение 30 календарных дней","Предоплата - 0% , Промежуточный платеж - 0% , Окончательный платеж - 100% ","Штука",{"v":69,"d":"69.000"},{"v":740.6,"d":"740.600"},{"v":51101.4,"d":"51,101.400"},{"v":57233.57,"d":"57,233.570"},"-","Товарищество с ограниченной ответственностью \"Мангистауский атомный энергетический комбинат-Казатомпром\""]
[null,"5831054","3262 Т","239919.100.000034","Цилиндр теплоизоляционный","из минеральной ваты, марка Ц 100","462:Тип:\"Теплоизоляционный цилиндр кашированный \"\"Isoroll\"\" d60х20\":\"Теплоизоляционный цилиндр кашированный \"\"Isoroll\"\" d60х20\"","ОИ","137-2 (не превышает тысячекратного МРП)","0","08.2018","471010000, Мангистауская область, Актау Г.А., г.Актау, \"Мангистауская область, г. Актау, промзона, ТОО \"\"МАЭК-Казатомпром\"\", здание 201\"","471010000, Мангистауская область, Актау Г.А., г.Актау, \"Мангистауская область, г. Актау, промзона, ТОО \"\"МАЭК-Казатомпром\"\"\"","DDP","С даты подписания договора в течение 30 календарных дней","Предоплата - 0% , Промежуточный платеж - 0% , Окончательный платеж - 100% ","Метр погонный",{"v":20,"d":"20.000"},{"v":2000,"d":"2,000.000"},{"v":40000,"d":"40,000.000"},{"v":44800,"d":"44,800.000"},"-","Товарищество с ограниченной ответственностью \"Мангистауский атомный энергетический комбинат-Казатомпром\""]
[null,"5830031","3266 Т","221973.230.000023","Материал изоляционный","из синтетического каучука","462:Тип:РСТ (ткань из стекловолокна):РСТ (ткань из стекловолокна) \\ 208:Маркировка:РСТ:РСТ","ОИ","137-2 (не превышает тысячекратного МРП)","0","05.2018","471010000, Мангистауская область, Актау Г.А., г.Актау, \"Мангистауская область, г. Актау, промзона, ТОО \"\"МАЭК-Казатомпром\"\", здание 201\"","471010000, Мангистауская область, Актау Г.А., г.Актау, \"Мангистауская область, г. Актау, промзона, ТОО \"\"МАЭК-Казатомпром\"\"\"","DDP","С даты подписания договора в течение 30 календарных дней","Предоплата - 0% , Промежуточный платеж - 0% , Окончательный платеж - 100% ","Метр",{"v":2000,"d":"2,000.000"},{"v":482.14,"d":"482.140"},{"v":964280,"d":"964,280.000"},{"v":1079993.6,"d":"1,079,993.600"},"-","Товарищество с ограниченной ответственностью \"Мангистауский атомный энергетический комбинат-Казатомпром\""]
[null,"5830042","3269 Т","239919.100.000030","Мат теплоизоляционный","из базальта, марка МТПЭ","462:Тип:Маты МТПЭ-2-100-2000х1000х100 с метал. сеткой :Маты МТПЭ-2-100-2000х1000х100 с метал. сеткой  \\ 46:размер:2000х1000х100:2000х1000х100 \\ 208:Маркировка:Маты МТПЭ-2-100:Маты МТПЭ-2-100","ЦПП","-","0","03.2018","471010000, Мангистауская область, Актау Г.А., г.Актау, \"Мангистауская область, г. Актау, промзона, ТОО \"\"МАЭК-Казатомпром\"\", здание 201\"","471010000, Мангистауская область, Актау Г.А., г.Актау, \"Мангистауская область, г. Актау, промзона, ТОО \"\"МАЭК-Казатомпром\"\"\"","DDP","С даты подписания договора в течение 30 календарных дней","Предоплата - 0% , Промежуточный платеж - 0% , Окончательный платеж - 100% ","Метр кубический",{"v":100,"d":"100.000"},{"v":17712,"d":"17,712.000"},{"v":1771200,"d":"1,771,200.000"},{"v":1983744,"d":"1,983,744.000"},"-","Товарищество с ограниченной ответственностью \"Мангистауский атомный энергетический комбинат-Казатомпром\""]
[null,"5830040","3271 Т","231412.100.000018","Мат теплоизоляционный","из минеральной ваты, марка МП-100","462:Тип:Плита теплоизоляционная пнтб-100:Плита теплоизоляционная пнтб-100 \\ 208:Маркировка:ПНТБ-100:ПНТБ-100","ЦПП","-","0","03.2018","471010000, Мангистауская область, Актау Г.А., г.Актау, \"Мангистауская область, г. Актау, промзона, ТОО \"\"МАЭК-Казатомпром\"\", здание 201\"","471010000, Мангистауская область, Актау Г.А., г.Актау, \"Мангистауская область, г. Актау, промзона, ТОО \"\"МАЭК-Казатомпром\"\"\"","DDP","С даты подписания договора в течение 30 календарных дней","Предоплата - 0% , Промежуточный платеж - 0% , Окончательный платеж - 100% ","Метр кубический",{"v":80,"d":"80.000"},{"v":17965.8,"d":"17,965.800"},{"v":1437264,"d":"1,437,264.000"},{"v":1609735.68,"d":"1,609,735.680"},"-","Товарищество с ограниченной ответственностью \"Мангистауский атомный энергетический комбинат-Казатомпром\""]
[null,"5840023","3277 Т","234210.300.000011","Умывальник","фарфоровый, полукруглый, со спинкой  ","462:Тип:Умывальник керамический (компл.):Умывальник керамический (компл.) \\ 79:ГОСТ:30493-96:30493-96","ЦПП","-","0","05.2018","471010000, Мангистауская область, Актау Г.А., г.Актау, \"Мангистауская область, г. Актау, промзона, ТОО \"\"МАЭК-Казатомпром\"\", здание 201\"","471010000, Мангистауская область, Актау Г.А., г.Актау, \"Мангистауская область, г. Актау, промзона, ТОО \"\"МАЭК-Казатомпром\"\"\"","DDP","С даты подписания договора в течение 30 календарных дней","Предоплата - 0% , Промежуточный платеж - 0% , Окончательный платеж - 100% ","Штука",{"v":8,"d":"8.000"},{"v":9012.75,"d":"9,012.750"},{"v":72102,"d":"72,102.000"},{"v":80754.24,"d":"80,754.240"},"-","Товарищество с ограниченной ответственностью \"Мангистауский атомный энергетический комбинат-Казатомпром\""]
[null,"5840015","3278 Т","234210.300.000011","Умывальник","фарфоровый, полукруглый, со спинкой  ","462:Тип:\"Раковина \"\"Тюльпан\"\" \":\"Раковина \"\"Тюльпан\"\" \" \\ 79:ГОСТ:30493-96:30493-96","ОИ","137-2 (не превышает тысячекратного МРП)","0","05.2018","471010000, Мангистауская область, Актау Г.А., г.Актау, \"Мангистауская область, г. Актау, промзона, ТОО \"\"МАЭК-Казатомпром\"\", здание 201\"","471010000, Мангистауская область, Актау Г.А., г.Актау, \"Мангистауская область, г. Актау, промзона, ТОО \"\"МАЭК-Казатомпром\"\"\"","DDP","С даты подписания договора в течение 30 календарных дней","Предоплата - 0% , Промежуточный платеж - 0% , Окончательный платеж - 100% ","Штука",{"v":2,"d":"2.000"},{"v":23575,"d":"23,575.000"},{"v":47150,"d":"47,150.000"},{"v":52808,"d":"52,808.000"},"-","Товарищество с ограниченной ответственностью \"Мангистауский атомный энергетический комбинат-Казатомпром\""]
[null,"5850030","3284 Т","239912.530.000008","Материал битумно-полимерный","марка ТКП","462:Тип:Кровельный и гидроиз. материал (Рукан 1, Биполь - ТПП 3.0) (Кровельный и гидроизоляционный материал. Температура размягчения 90-950 С, теплостойкость 75-800 С, масса 1кв.м. 3-4 кг.Т):Кровельный и гидроиз. материал (Рукан 1, Биполь - ТПП 3.0) (Кровельный и гидроизоляционный материал. Температура размягчения 90-950 С, теплостойкость 75-800 С, масса 1кв.м. 3-4 кг.Т) \\ 468:ТУ:5510 РК 15821945 ТОО-001-2005:5510 РК 15821945 ТОО-001-2005","ОТП","-","0","05.2018","471010000, Мангистауская область, Актау Г.А., г.Актау, \"Мангистауская область, г. Актау, промзона, ТОО \"\"МАЭК-Казатомпром\"\", здание 201\"","471010000, Мангистауская область, Актау Г.А., г.Актау, \"Мангистауская область, г. Актау, промзона, ТОО \"\"МАЭК-Казатомпром\"\"\"","DDP","С даты подписания договора в течение 30 календарных дней","Предоплата - 0% , Промежуточный платеж - 0% , Окончательный платеж - 100% ","Метр квадратный",{"v":9000,"d":"9,000.000"},{"v":776.25,"d":"776.250"},{"v":6986250,"d":"6,986,250.000"},{"v":7824600,"d":"7,824,600.000"},"-","Товарищество с ограниченной ответственностью \"Мангистауский атомный энергетический комбинат-Казатомпром\""]
[null,"5850001","3285 Т","239912.530.000007","Материал битумно-полимерный","марка ТПП","462:Тип:Рубероид :Рубероид  \\ 79:ГОСТ: 10923-82: 10923-82","ОТП","-","0","05.2018","471010000, Мангистауская область, Актау Г.А., г.Актау, \"Мангистауская область, г. Актау, промзона, ТОО \"\"МАЭК-Казатомпром\"\", здание 201\"","471010000, Мангистауская область, Актау Г.А., г.Актау, \"Мангистауская область, г. Актау, промзона, ТОО \"\"МАЭК-Казатомпром\"\"\"","DDP","С даты подписания договора в течение 30 календарных дней","Предоплата - 0% , Промежуточный платеж - 0% , Окончательный платеж - 100% ","Рулон",{"v":100,"d":"100.000"},{"v":2747.79,"d":"2,747.790"},{"v":274779,"d":"274,779.000"},{"v":307752.48,"d":"307,752.480"},"-","Товарищество с ограниченной ответственностью \"Мангистауский атомный энергетический комбинат-Казатомпром\""]
[null,"5860135","3289-1 Т","089929.510.000004","Слюда обрезная","чистый для анализа","462:Тип:\"Слюда \"\"смог\"\" 250х32 \":\"Слюда \"\"смог\"\" 250х32 \" \\ 79:ГОСТ:13752-86:13752-86 \\ 46:размер:250х32:250х32","ЦПП","-","0","02.2018","471010000, Мангистауская область, Актау Г.А., г.Актау, \"Мангистауская область, г. Актау, промзона, ТОО \"\"МАЭК-Казатомпром\"\", здание 201\"","471010000, Мангистауская область, Актау Г.А., г.Актау, \"Мангистауская область, г. Актау, промзона, ТОО \"\"МАЭК-Казатомпром\"\"\"","DDP","С даты подписания договора в течение 30 календарных дней","Окончательный платеж - 100% , Промежуточный платеж - 0% , Предоплата - 0% ","Штука",{"v":800,"d":"800.000"},{"v":1814.4,"d":"1,814.400"},{"v":1451520,"d":"1,451,520.000"},{"v":1625702.4,"d":"1,625,702.400"},"-","Товарищество с ограниченной ответственностью \"Мангистауский атомный энергетический комбинат-Казатомпром\""]
[null,"5870414","3293-1 Т","232012.900.000281","Кирпич","пенодиатомитовый, марка ПД-400","462:Тип:Кирпич пенодиатомовый (огнеупорный, марка ПД-400, размер К1, пенодиатомитовый):Кирпич пенодиатомовый (огнеупорный, марка ПД-400, размер К1, пенодиатомитовый) \\ 79:ГОСТ:2694-78:2694-78 \\ 208:Маркировка:ПД-400:ПД-400","ЦПП","-","0","02.2018","471010000, Мангистауская область, Актау Г.А., г.Актау, \"Мангистауская область, г. Актау, промзона, ТОО \"\"МАЭК-Казатомпром\"\", здание 201\"","471000000, Мангистауская область, Актау Г.А., Промзона, склад ТОО \"МАЭК-Казатомпром\"","DDP","С даты подписания договора в течение 30 календарных дней","Окончательный платеж - 100% , Промежуточный платеж - 0% , Предоплата - 0% ","Метр кубический",{"v":24,"d":"24.000"},{"v":180355,"d":"180,355.000"},{"v":4328520,"d":"4,328,520.000"},{"v":4847942.4,"d":"4,847,942.400"},"-","Товарищество с ограниченной ответственностью \"Мангистауский атомный энергетический комбинат-Казатомпром\""]
[null,"5870440","3296 Т","081221.200.000000","Глина","огнеупорная","462:Тип:Глина огнеупорная :Глина огнеупорная  \\ 79:ГОСТ: 3226-93: 3226-93","ОИ","137-2 (не превышает тысячекратного МРП)","0","08.2018","471010000, Мангистауская область, Актау Г.А., г.Актау, \"Мангистауская область, г. Актау, промзона, ТОО \"\"МАЭК-Казатомпром\"\", здание 201\"","471010000, Мангистауская область, Актау Г.А., г.Актау, \"Мангистауская область, г. Актау, промзона, ТОО \"\"МАЭК-Казатомпром\"\"\"","DDP","С даты подписания договора в течение 30 календарных дней","Предоплата - 0% , Промежуточный платеж - 0% , Окончательный платеж - 100% ","Тонна (метрическая)",{"v":1,"d":"1.000"},{"v":107142.85,"d":"107,142.850"},{"v":107142.85,"d":"107,142.850"},{"v":119999.99,"d":"119,999.990"},"-","Товарищество с ограниченной ответственностью \"Мангистауский атомный энергетический комбинат-Казатомпром\""]
[null,"5870438","3298-1 Т","081211.900.000021","Песок","шамотный","462:Тип:Шамотный щебень :Шамотный щебень  \\ 79:ГОСТ: 5578-94: 5578-94","ЦПП","-","0","02.2018","471010000, Мангистауская область, Актау Г.А., г.Актау, \"Мангистауская область, г. Актау, промзона, ТОО \"\"МАЭК-Казатомпром\"\", здание 201\"","471010000, Мангистауская область, Актау Г.А., г.Актау, \"Мангистауская область, г. Актау, промзона, ТОО \"\"МАЭК-Казатомпром\"\"\"","DDP","С даты подписания договора в течение 30 календарных дней","Окончательный платеж - 100% , Промежуточный платеж - 0% , Предоплата - 0% ","Тонна (метрическая)",{"v":21,"d":"21.000"},{"v":105348.21,"d":"105,348.210"},{"v":2212312.41,"d":"2,212,312.410"},{"v":2477789.9,"d":"2,477,789.900"},"-","Товарищество с ограниченной ответственностью \"Мангистауский атомный энергетический комбинат-Казатомпром\""]
[null,"5954030","3304 Т","192029.510.000023","Масло моторное","универсальное, синтетическое, всесезонное","235:Наименование:Масло м6з/10г :Масло м6з/10г  \\ 79:ГОСТ:(ГОСТ 10541-78):(ГОСТ 10541-78)","ОТП","-","0","02.2018","471010000, Мангистауская область, Актау Г.А., г.Актау, \"Мангистауская область, г. Актау, промзона, ТОО \"\"МАЭК-Казатомпром\"\", здание 201\"","471010000, Мангистауская область, Актау Г.А., г.Актау, \"Мангистауская область, г. Актау, промзона, ТОО \"\"МАЭК-Казатомпром\"\"\"","DDP","С даты подписания договора в течение 60 календарных дней","Предоплата - 0% , Промежуточный платеж - 0% , Окончательный платеж - 100% ","Литр (куб. дм.)",{"v":600,"d":"600.000"},{"v":1738.8,"d":"1,738.800"},{"v":1043280,"d":"1,043,280.000"},{"v":1168473.6,"d":"1,168,473.600"},"ТПХ","Товарищество с ограниченной ответственностью \"Мангистауский атомный энергетический комбинат-Казатомпром\""]
[null,"5954140","3305 Т","192029.550.000006","Масло трансмиссионное","минеральное, всесезонное","235:Наименование:Масло тад-17и (тм5-18):Масло тад-17и (тм5-18) \\ 79:ГОСТ: (ГОСТ 23652-79): (ГОСТ 23652-79)","ОТП","-","100","02.2018","471010000, Мангистауская область, Актау Г.А., г.Актау, \"Мангистауская область, г. Актау, промзона, ТОО \"\"МАЭК-Казатомпром\"\", здание 201\"","471010000, Мангистауская область, Актау Г.А., г.Актау, \"Мангистауская область, г. Актау, промзона, ТОО \"\"МАЭК-Казатомпром\"\"\"","DDP","С даты подписания договора в течение 60 календарных дней","Предоплата - 0% , Промежуточный платеж - 0% , Окончательный платеж - 100% ","Килограмм",{"v":600,"d":"600.000"},{"v":432.49,"d":"432.490"},{"v":259494,"d":"259,494.000"},{"v":290633.28,"d":"290,633.280"},"ТПХ","Товарищество с ограниченной ответственностью \"Мангистауский атомный энергетический комбинат-Казатомпром\""]
[null,"5954202","3311 Т","192029.570.000001","Масло смазочное","минеральное","235:Наименование:Масло компрессорное  (для винтовых компрессоров):Масло компрессорное  (для винтовых компрессоров)","ОТП","-","0","02.2018","471010000, Мангистауская область, Актау Г.А., г.Актау, \"Мангистауская область, г. Актау, промзона, ТОО \"\"МАЭК-Казатомпром\"\", здание 201\"","471010000, Мангистауская область, Актау Г.А., г.Актау, \"Мангистауская область, г. Актау, промзона, ТОО \"\"МАЭК-Казатомпром\"\"\"","DDP","С даты подписания договора в течение 60 календарных дней","Предоплата - 0% , Промежуточный платеж - 0% , Окончательный платеж - 100% ","Литр (куб. дм.)",{"v":300,"d":"300.000"},{"v":1268.38,"d":"1,268.380"},{"v":380514,"d":"380,514.000"},{"v":426175.68,"d":"426,175.680"},"-","Товарищество с ограниченной ответственностью \"Мангистауский атомный энергетический комбинат-Казатомпром\""]
[null,"5954120","3312 Т","192029.550.000021","Масло трансмиссионное","полусинтетическое, летнее","235:Наименование:Масло тсп15к :Масло тсп15к  \\ 79:ГОСТ:(ГОСТ 23652-79):(ГОСТ 23652-79)","ОТП","-","100","02.2018","471010000, Мангистауская область, Актау Г.А., г.Актау, \"Мангистауская область, г. Актау, промзона, ТОО \"\"МАЭК-Казатомпром\"\", здание 201\"","471010000, Мангистауская область, Актау Г.А., г.Актау, \"Мангистауская область, г. Актау, промзона, ТОО \"\"МАЭК-Казатомпром\"\"\"","DDP","С даты подписания договора в течение 60 календарных дней","Предоплата - 0% , Промежуточный платеж - 0% , Окончательный платеж - 100% ","Килограмм",{"v":600,"d":"600.000"},{"v":365.94,"d":"365.940"},{"v":219564,"d":"219,564.000"},{"v":245911.68,"d":"245,911.680"},"ТПХ","Товарищество с ограниченной ответственностью \"Мангистауский атомный энергетический комбинат-Казатомпром\""]
[null,"5957015","3316 Т","192029.510.000013","Масло моторное","для дизельных двигателей, синтетическое, летнее","235:Наименование:Масло  10w40 :Масло  10w40  \\ 79:ГОСТ:(ГОСТ 10541-78, ГОСТ 12337-84):(ГОСТ 10541-78, ГОСТ 12337-84)","ОТП","-","100","02.2018","471010000, Мангистауская область, Актау Г.А., г.Актау, \"Мангистауская область, г. Актау, промзона, ТОО \"\"МАЭК-Казатомпром\"\", здание 201\"","471010000, Мангистауская область, Актау Г.А., г.Актау, \"Мангистауская область, г. Актау, промзона, ТОО \"\"МАЭК-Казатомпром\"\"\"","DDP","С даты подписания договора в течение 60 календарных дней","Предоплата - 0% , Промежуточный платеж - 0% , Окончательный платеж - 100% ","Литр (куб. дм.)",{"v":30,"d":"30.000"},{"v":2118,"d":"2,118.000"},{"v":63540,"d":"63,540.000"},{"v":71164.8,"d":"71,164.800"},"ТПХ","Товарищество с ограниченной ответственностью \"Мангистауский атомный энергетический комбинат-Казатомпром\""]
[null,"5954205","3320 Т","192029.520.000000","Масло гидравлическое","минеральное, летнее","235:Наименование:Масло  427 ( компрессорное) :Масло  427 ( компрессорное)  \\ 79:ГОСТ:(ГОСТ 12337-84):(ГОСТ 12337-84)","ОТП","-","0","02.2018","471010000, Мангистауская область, Актау Г.А., г.Актау, \"Мангистауская область, г. Актау, промзона, ТОО \"\"МАЭК-Казатомпром\"\", здание 201\"","471010000, Мангистауская область, Актау Г.А., г.Актау, \"Мангистауская область, г. Актау, промзона, ТОО \"\"МАЭК-Казатомпром\"\"\"","DDP","С даты подписания договора в течение 60 календарных дней","Предоплата - 0% , Промежуточный платеж - 0% , Окончательный платеж - 100% ","Литр (куб. дм.)",{"v":40,"d":"40.000"},{"v":1481.41,"d":"1,481.410"},{"v":59256.4,"d":"59,256.400"},{"v":66367.17,"d":"66,367.170"},"-","Товарищество с ограниченной ответственностью \"Мангистауский атомный энергетический комбинат-Казатомпром\""]
[null,"5954260","3324 Т","192029.530.000019","Масло индустриальное","группа Н, класс вязкости 680-1500","235:Наименование:Масло индустриальное и50:Масло индустриальное и50 \\ 79:ГОСТ: (ГОСТ 20799-88): (ГОСТ 20799-88)","ОТП","-","100","02.2018","471010000, Мангистауская область, Актау Г.А., г.Актау, \"Мангистауская область, г. Актау, промзона, ТОО \"\"МАЭК-Казатомпром\"\", здание 201\"","471010000, Мангистауская область, Актау Г.А., г.Актау, \"Мангистауская область, г. Актау, промзона, ТОО \"\"МАЭК-Казатомпром\"\"\"","DDP","С даты подписания договора в течение 60 календарных дней","Предоплата - 0% , Промежуточный платеж - 0% , Окончательный платеж - 100% ","Килограмм",{"v":2900.4,"d":"2,900.400"},{"v":414.5,"d":"414.500"},{"v":1202215.8,"d":"1,202,215.800"},{"v":1346481.7,"d":"1,346,481.700"},"ТПХ","Товарищество с ограниченной ответственностью \"Мангистауский атомный энергетический комбинат-Казатомпром\""]
[null,"5957084","3327 Т","192029.570.000001","Масло смазочное","минеральное","235:Наименование:Roto Inject Fluid масло компрессорное:Roto Inject Fluid масло компрессорное","ОТП","-","0","02.2018","471010000, Мангистауская область, Актау Г.А., г.Актау, \"Мангистауская область, г. Актау, промзона, ТОО \"\"МАЭК-Казатомпром\"\", здание 201\"","471010000, Мангистауская область, Актау Г.А., г.Актау, \"Мангистауская область, г. Актау, промзона, ТОО \"\"МАЭК-Казатомпром\"\"\"","DDP","С даты подписания договора в течение 60 календарных дней","Предоплата - 0% , Промежуточный платеж - 0% , Окончательный платеж - 100% ","Литр (куб. дм.)",{"v":192,"d":"192.000"},{"v":6034.5,"d":"6,034.500"},{"v":1158624,"d":"1,158,624.000"},{"v":1297658.88,"d":"1,297,658.880"},"-","Товарищество с ограниченной ответственностью \"Мангистауский атомный энергетический комбинат-Казатомпром\""]
[null,"5950649","3329 Т","192029.510.000006","Масло моторное","для бензиновых двигателей, минеральное, зимнее","235:Наименование:Масло  10w40:Масло  10w40 \\ 79:ГОСТ: ГОСТ 10541-78, ГОСТ 12337-84: ГОСТ 10541-78, ГОСТ 12337-84","ОТП","-","0","02.2018","471010000, Мангистауская область, Актау Г.А., г.Актау, \"Мангистауская область, г. Актау, промзона, ТОО \"\"МАЭК-Казатомпром\"\", здание 201\"","471010000, Мангистауская область, Актау Г.А., г.Актау, \"Мангистауская область, г. Актау, промзона, ТОО \"\"МАЭК-Казатомпром\"\"\"","DDP","С даты подписания договора в течение 60 календарных дней","Предоплата - 0% , Промежуточный платеж - 0% , Окончательный платеж - 100% ","Литр (куб. дм.)",{"v":120,"d":"120.000"},{"v":1934,"d":"1,934.000"},{"v":232080,"d":"232,080.000"},{"v":259929.6,"d":"259,929.600"},"ТПХ","Товарищество с ограниченной ответственностью \"Мангистауский атомный энергетический комбинат-Казатомпром\""]
[null,"5954310","3332 Т","205943.960.000001","Жидкость охлаждающая","марка 40","235:Наименование:Тосол а40:Тосол а40 \\ 79:ГОСТ: (ГОСТ 28084-89): (ГОСТ 28084-89)","ОИ","137-2 (не превышает тысячекратного МРП)","0","04.2018","471010000, Мангистауская область, Актау Г.А., г.Актау, \"Мангистауская область, г. Актау, промзона, ТОО \"\"МАЭК-Казатомпром\"\", здание 201\"","471010000, Мангистауская область, Актау Г.А., г.Актау, \"Мангистауская область, г. Актау, промзона, ТОО \"\"МАЭК-Казатомпром\"\"\"","DDP","С даты подписания договора в течение 30 календарных дней","Предоплата - 0% , Промежуточный платеж - 0% , Окончательный платеж - 100% ","Килограмм",{"v":6203.5,"d":"6,203.500"},{"v":250.84,"d":"250.840"},{"v":1556085.94,"d":"1,556,085.940"},{"v":1742816.25,"d":"1,742,816.250"},"-","Товарищество с ограниченной ответственностью \"Мангистауский атомный энергетический комбинат-Казатомпром\""]
[null,"5954208","3335 Т","192029.560.000020","Масло компрессорное","полусинтетическое","268:Описание:Индустриальное редукторное масло, ISO VG 150 (ГПТИ для насосов):Индустриальное редукторное масло, ISO VG 150 (ГПТИ для насосов)","ОТП","-","0","02.2018","471010000, Мангистауская область, Актау Г.А., г.Актау, \"Мангистауская область, г. Актау, промзона, ТОО \"\"МАЭК-Казатомпром\"\", здание 201\"","471010000, Мангистауская область, Актау Г.А., г.Актау, \"Мангистауская область, г. Актау, промзона, ТОО \"\"МАЭК-Казатомпром\"\"\"","DDP","С даты подписания договора в течение 60 календарных дней","Предоплата - 0% , Промежуточный платеж - 0% , Окончательный платеж - 100% ","Литр (куб. дм.)",{"v":200,"d":"200.000"},{"v":1703.62,"d":"1,703.620"},{"v":340724,"d":"340,724.000"},{"v":381610.88,"d":"381,610.880"},"-","Товарищество с ограниченной ответственностью \"Мангистауский атомный энергетический комбинат-Казатомпром\""]
[null,"5954070","3338 Т","192029.510.000011","Масло моторное","для бензиновых двигателей, полусинтетическое, всесезонное","235:Наименование:Масло 5w40 :Масло 5w40  \\ 79:ГОСТ:(ГОСТ 13337-84):(ГОСТ 13337-84)","ОТП","-","0","02.2018","471010000, Мангистауская область, Актау Г.А., г.Актау, \"Мангистауская область, г. Актау, промзона, ТОО \"\"МАЭК-Казатомпром\"\", здание 201\"","471010000, Мангистауская область, Актау Г.А., г.Актау, \"Мангистауская область, г. Актау, промзона, ТОО \"\"МАЭК-Казатомпром\"\"\"","DDP","С даты подписания договора в течение 60 календарных дней","Предоплата - 0% , Промежуточный платеж - 0% , Окончательный платеж - 100% ","Литр (куб. дм.)",{"v":40,"d":"40.000"},{"v":3156.6,"d":"3,156.600"},{"v":126264,"d":"126,264.000"},{"v":141415.68,"d":"141,415.680"},"-","Товарищество с ограниченной ответственностью \"Мангистауский атомный энергетический комбинат-Казатомпром\""]
[null,"5962220","3343 Т","205941.990.000138","Смазка","индустриальная, минеральная","268:Описание:\"Многоцелевая смазка для тяжелых условий эксплуатации \":\"Многоцелевая смазка для тяжелых условий эксплуатации \"","ЦПП","-","0","02.2018","471010000, Мангистауская область, Актау Г.А., г.Актау, \"Мангистауская область, г. Актау, промзона, ТОО \"\"МАЭК-Казатомпром\"\", здание 201\"","471010000, Мангистауская область, Актау Г.А., г.Актау, \"Мангистауская область, г. Актау, промзона, ТОО \"\"МАЭК-Казатомпром\"\"\"","DDP","С даты подписания договора в течение 30 календарных дней","Предоплата - 0% , Промежуточный платеж - 0% , Окончательный платеж - 100% ","Килограмм",{"v":30,"d":"30.000"},{"v":77625,"d":"77,625.000"},{"v":2328750,"d":"2,328,750.000"},{"v":2608200,"d":"2,608,200.000"},"-","Товарищество с ограниченной ответственностью \"Мангистауский атомный энергетический комбинат-Казатомпром\""]
[null,"5962225","3346 Т","205941.990.000188","Смазка","пластичная, синтетическая, для смазки роликовых подшипников подвижного состава","235:Наименование:Смазка  UNIREX №3 (К-3 Р-20 по DIN 51825):Смазка  UNIREX №3 (К-3 Р-20 по DIN 51825)","ЦПП","-","0","02.2018","471010000, Мангистауская область, Актау Г.А., г.Актау, \"Мангистауская область, г. Актау, промзона, ТОО \"\"МАЭК-Казатомпром\"\", здание 201\"","471010000, Мангистауская область, Актау Г.А., г.Актау, \"Мангистауская область, г. Актау, промзона, ТОО \"\"МАЭК-Казатомпром\"\"\"","DDP","С даты подписания договора в течение 30 календарных дней","Предоплата - 0% , Промежуточный платеж - 0% , Окончательный платеж - 100% ","Килограмм",{"v":20,"d":"20.000"},{"v":6831,"d":"6,831.000"},{"v":136620,"d":"136,620.000"},{"v":153014.4,"d":"153,014.400"},"-","Товарищество с ограниченной ответственностью \"Мангистауский атомный энергетический комбинат-Казатомпром\""]
[null,"5962080","3351 Т","205941.990.000070","Смазка","авиационная, полусинтетическая","235:Наименование:Смазка графитная:Смазка графитная","ЦПП","-","0","02.2018","471010000, Мангистауская область, Актау Г.А., г.Актау, \"Мангистауская область, г. Актау, промзона, ТОО \"\"МАЭК-Казатомпром\"\", здание 201\"","471010000, Мангистауская область, Актау Г.А., г.Актау, \"Мангистауская область, г. Актау, промзона, ТОО \"\"МАЭК-Казатомпром\"\"\"","DDP","С даты подписания договора в течение 30 календарных дней","Предоплата - 0% , Промежуточный платеж - 0% , Окончательный платеж - 100% ","Килограмм",{"v":269,"d":"269.000"},{"v":870.87,"d":"870.870"},{"v":234264.03,"d":"234,264.030"},{"v":262375.71,"d":"262,375.710"},"-","Товарищество с ограниченной ответственностью \"Мангистауский атомный энергетический комбинат-Казатомпром\""]
[null,"5962100","3354 Т","205941.990.000025","Солидол","жировой, марка Ж","235:Наименование:Смазка солидол-ж :Смазка солидол-ж  \\ 79:ГОСТ:(ГОСТ 1033-79):(ГОСТ 1033-79)","ОИ","137-2 (не превышает тысячекратного МРП)","0","04.2018","471010000, Мангистауская область, Актау Г.А., г.Актау, \"Мангистауская область, г. Актау, промзона, ТОО \"\"МАЭК-Казатомпром\"\", здание 201\"","471010000, Мангистауская область, Актау Г.А., г.Актау, \"Мангистауская область, г. Актау, промзона, ТОО \"\"МАЭК-Казатомпром\"\"\"","DDP","С даты подписания договора в течение 30 календарных дней","Предоплата - 0% , Промежуточный платеж - 0% , Окончательный платеж - 100% ","Килограмм",{"v":250,"d":"250.000"},{"v":304.96,"d":"304.960"},{"v":76240,"d":"76,240.000"},{"v":85388.8,"d":"85,388.800"},"-","Товарищество с ограниченной ответственностью \"Мангистауский атомный энергетический комбинат-Казатомпром\""]
[null,"5962060","3356 Т","205941.990.000091","Смазка","насосная, полусинтетическая","268:Описание:Смазка 1-13 (работоспособность при температуре -20…+110°С.):Смазка 1-13 (работоспособность при температуре -20…+110°С.)","ЦПП","-","0","02.2018","471010000, Мангистауская область, Актау Г.А., г.Актау, \"Мангистауская область, г. Актау, промзона, ТОО \"\"МАЭК-Казатомпром\"\", здание 201\"","471010000, Мангистауская область, Актау Г.А., г.Актау, \"Мангистауская область, г. Актау, промзона, ТОО \"\"МАЭК-Казатомпром\"\"\"","DDP","С даты подписания договора в течение 30 календарных дней","Предоплата - 0% , Промежуточный платеж - 0% , Окончательный платеж - 100% ","Килограмм",{"v":460,"d":"460.000"},{"v":1580.85,"d":"1,580.850"},{"v":727191,"d":"727,191.000"},{"v":814453.92,"d":"814,453.920"},"-","Товарищество с ограниченной ответственностью \"Мангистауский атомный энергетический комбинат-Казатомпром\""]
[null,"5970020","3359 Т","192025.900.000000","Топливо реактивное","марка ТС-1","235:Наименование:Авиакеросин тс-1 :Авиакеросин тс-1  \\ 79:ГОСТ:(ГОСТ 10227-86):(ГОСТ 10227-86)","ОИ","137-2 (не превышает тысячекратного МРП)","0","01.2018","471010000, Мангистауская область, Актау Г.А., г.Актау, \"Мангистауская область, г. Актау, промзона, ТОО \"\"МАЭК-Казатомпром\"\", здание 201\"","471010000, Мангистауская область, Актау Г.А., г.Актау, \"Мангистауская область, г. Актау, промзона, ТОО \"\"МАЭК-Казатомпром\"\"\"","DDP","С даты подписания договора в течение 30 календарных дней","Предоплата - 0% , Промежуточный платеж - 0% , Окончательный платеж - 100% ","Килограмм",{"v":3050,"d":"3,050.000"},{"v":205.35,"d":"205.350"},{"v":626317.5,"d":"626,317.500"},{"v":701475.6,"d":"701,475.600"},"-","Товарищество с ограниченной ответственностью \"Мангистауский атомный энергетический комбинат-Казатомпром\""]
[null,"6512066","3362 Т","141211.290.000016","Костюм","для защиты от общих производственных загрязнений и механических воздействий, мужской, из хлопчатобумажной ткани с химическими волокнами","38:Вид:Костюм из вискозно-лавстановой ткани  ГОСТ 27575-87 либо ГОСТ 12.4.280-2014):Костюм из вискозно-лавстановой ткани  ГОСТ 27575-87 либо ГОСТ 12.4.280-2014)","ОТП","-","0","04.2018","471010000, Мангистауская область, Актау Г.А., г.Актау, \"Мангистауская область, г. Актау, промзона, ТОО \"\"МАЭК-Казатомпром\"\", здание 201\"","471010000, Мангистауская область, Актау Г.А., г.Актау, \"Мангистауская область, г. Актау, промзона, ТОО \"\"МАЭК-Казатомпром\"\"\"","DDP","С даты подписания договора по 12.2018","Предоплата - 0% , Промежуточный платеж - 0% , Окончательный платеж - 100% ","Комплект",{"v":46,"d":"46.000"},{"v":9288,"d":"9,288.000"},{"v":427248,"d":"427,248.000"},{"v":478517.76,"d":"478,517.760"},"-","Товарищество с ограниченной ответственностью \"Мангистауский атомный энергетический комбинат-Казатомпром\""]
[null,"6512065","3365 Т","141211.290.000012","Костюм","сигнальный, мужской, из световозвращающего и флуоресцентного материала","38:Вид:Костюм хб сигнальный ГОСТ 27575-87:Костюм хб сигнальный ГОСТ 27575-87","ОТП","-","0","04.2018","471010000, Мангистауская область, Актау Г.А., г.Актау, \"Мангистауская область, г. Актау, промзона, ТОО \"\"МАЭК-Казатомпром\"\", здание 201\"","471010000, Мангистауская область, Актау Г.А., г.Актау, \"Мангистауская область, г. Актау, промзона, ТОО \"\"МАЭК-Казатомпром\"\"\"","DDP","С даты подписания договора по 12.2018","Предоплата - 0% , Промежуточный платеж - 0% , Окончательный платеж - 100% ","Штука",{"v":25,"d":"25.000"},{"v":9234,"d":"9,234.000"},{"v":230850,"d":"230,850.000"},{"v":258552,"d":"258,552.000"},"-","Товарищество с ограниченной ответственностью \"Мангистауский атомный энергетический комбинат-Казатомпром\""]
[null,"6512064","3370 Т","141922.290.000006","Костюм","медицинский, универсальный, из  хлопчатобумажной  ткани","38:Вид:Костюм медицинский ГОСТ 9896-88,ГОСТ 24760-81 ,:Костюм медицинский ГОСТ 9896-88,ГОСТ 24760-81 ,","ОТП","-","0","04.2018","471010000, Мангистауская область, Актау Г.А., г.Актау, \"Мангистауская область, г. Актау, промзона, ТОО \"\"МАЭК-Казатомпром\"\", здание 201\"","471010000, Мангистауская область, Актау Г.А., г.Актау, \"Мангистауская область, г. Актау, промзона, ТОО \"\"МАЭК-Казатомпром\"\"\"","DDP","С даты подписания договора по 12.2018","Предоплата - 0% , Промежуточный платеж - 0% , Окончательный платеж - 100% ","Штука",{"v":52,"d":"52.000"},{"v":16200,"d":"16,200.000"},{"v":842400,"d":"842,400.000"},{"v":943488,"d":"943,488.000"},"-","Товарищество с ограниченной ответственностью \"Мангистауский атомный энергетический комбинат-Казатомпром\""]
[null,"6512072","3373 Т","141211.210.000013","Костюм","для защиты от повышенных температур, мужской, из хлопчатобумажной ткани","38:Вид:Костюм х/б пыленепроницаемый с защитой от повышенной темп и теплового излучения:Костюм х/б пыленепроницаемый с защитой от повышенной темп и теплового излучения","ОТП","-","0","04.2018","471010000, Мангистауская область, Актау Г.А., г.Актау, \"Мангистауская область, г. Актау, промзона, ТОО \"\"МАЭК-Казатомпром\"\", здание 201\"","471010000, Мангистауская область, Актау Г.А., г.Актау, \"Мангистауская область, г. Актау, промзона, ТОО \"\"МАЭК-Казатомпром\"\"\"","DDP","С даты подписания договора по 12.2018","Предоплата - 0% , Промежуточный платеж - 0% , Окончательный платеж - 100% ","Комплект",{"v":105,"d":"105.000"},{"v":18360,"d":"18,360.000"},{"v":1927800,"d":"1,927,800.000"},{"v":2159136,"d":"2,159,136.000"},"-","Товарищество с ограниченной ответственностью \"Мангистауский атомный энергетический комбинат-Казатомпром\""]
[null,"6520617","3378 Т","141212.510.000002","Комбинезон","для защиты от производственных загрязнений, мужской, из хлопчатобумажной ткани","38:Вид:Комбенизон х/б  ГОСТ Р 12.3.4.218-99, ГОСТ 12.4.100-80, ГОСТ 29122-91, ГОСТ 12.4.142-84, ГОСТ Р 504.60-90):Комбенизон х/б  ГОСТ Р 12.3.4.218-99, ГОСТ 12.4.100-80, ГОСТ 29122-91, ГОСТ 12.4.142-84, ГОСТ Р 504.60-90)","ЦПП","-","80","04.2018","471010000, Мангистауская область, Актау Г.А., г.Актау, \"Мангистауская область, г. Актау, промзона, ТОО \"\"МАЭК-Казатомпром\"\", здание 201\"","471010000, Мангистауская область, Актау Г.А., г.Актау, \"Мангистауская область, г. Актау, промзона, ТОО \"\"МАЭК-Казатомпром\"\"\"","DDP","С даты подписания договора по 12.2018","Предоплата - 0% , Промежуточный платеж - 0% , Окончательный платеж - 100% ","Штука",{"v":20,"d":"20.000"},{"v":7020,"d":"7,020.000"},{"v":140400,"d":"140,400.000"},{"v":157248,"d":"157,248.000"},"ТПХ","Товарищество с ограниченной ответственностью \"Мангистауский атомный энергетический комбинат-Казатомпром\""]
[null,"6520616","3381-1 Т","141212.410.000010","Брюки","униформа, мужские, из хлопчатобумажной ткани","38:Вид:Брюки утепленные с МВО пропиткой :Брюки утепленные с МВО пропиткой ","ОИ","137-2 (не превышает тысячекратного МРП)","0","02.2018","471010000, Мангистауская область, Актау Г.А., г.Актау, \"Мангистауская область, г. Актау, промзона, ТОО \"\"МАЭК-Казатомпром\"\", здание 201\"","471010000, Мангистауская область, Актау Г.А., г.Актау, \"Мангистауская область, г. Актау, промзона, ТОО \"\"МАЭК-Казатомпром\"\"\"","DDP","С даты подписания договора по 12.2018","Окончательный платеж - 100% , Промежуточный платеж - 0% , Предоплата - 0% ","Штука",{"v":99,"d":"99.000"},{"v":7820,"d":"7,820.000"},{"v":774180,"d":"774,180.000"},{"v":867081.6,"d":"867,081.600"},"-","Товарищество с ограниченной ответственностью \"Мангистауский атомный энергетический комбинат-Казатомпром\""]
[null,"6532026","3384-1 Т","141230.100.000025","Фартук","для защиты от повышенных температур, из брезентовой ткани","38:Вид:Фартук брезентовый (ткань брезент,ОП. цвет хаки. Длина 1000мм):Фартук брезентовый (ткань брезент,ОП. цвет хаки. Длина 1000мм)","ОИ","137-2 (не превышает тысячекратного МРП)","0","02.2018","471000000, Мангистауская область, Актау Г.А., Промзона, ТОО \"МАЭК-Казатомпром\", здание 201","471000000, Мангистауская область, Актау Г.А., Промзона, склад ТОО \"МАЭК-Казатомпром\"","DDP","С даты подписания договора по 12.2018","Окончательный платеж - 100% , Промежуточный платеж - 0% , Предоплата - 0% ","Штука",{"v":38,"d":"38.000"},{"v":2700,"d":"2,700.000"},{"v":102600,"d":"102,600.000"},{"v":114912,"d":"114,912.000"},"-","Товарищество с ограниченной ответственностью \"Мангистауский атомный энергетический комбинат-Казатомпром\""]
[null,"6532029","3387-1 Т","141230.110.000011","Халат","для защиты от производственных загрязнений, мужской, из смесовой ткани","38:Вид:Халат медицинский мужской (Материал: ткань смесовая (65% п/э, 35% хлопок), пл. 120 гр./кв.м. с антибактериальной и антистатической пропиткой.:Халат медицинский мужской (Материал: ткань смесовая (65% п/э, 35% хлопок), пл. 120 гр./кв.м. с антибактериальной и антистатической пропиткой.","ОИ","137-2 (не превышает тысячекратного МРП)","0","02.2018","471010000, Мангистауская область, Актау Г.А., г.Актау, \"Мангистауская область, г. Актау, промзона, ТОО \"\"МАЭК-Казатомпром\"\", здание 201\"","471000000, Мангистауская область, Актау Г.А., Промзона, склад ТОО \"МАЭК-Казатомпром\"","DDP","С даты подписания договора по 12.2018","Окончательный платеж - 100% , Промежуточный платеж - 0% , Предоплата - 0% ","Штука",{"v":20,"d":"20.000"},{"v":3384.64,"d":"3,384.640"},{"v":67692.8,"d":"67,692.800"},{"v":75815.94,"d":"75,815.940"},"-","Товарищество с ограниченной ответственностью \"Мангистауский атомный энергетический комбинат-Казатомпром\""]
[null,"6540124","3389-1 Т","141230.100.000012","Перчатки","для защиты рук, из синтетической ткани","38:Вид:Перчатки термостойкие :Перчатки термостойкие ","ЦПП","-","80","02.2018","471010000, Мангистауская область, Актау Г.А., г.Актау, \"Мангистауская область, г. Актау, промзона, ТОО \"\"МАЭК-Казатомпром\"\", здание 201\"","471010000, Мангистауская область, Актау Г.А., г.Актау, \"Мангистауская область, г. Актау, промзона, ТОО \"\"МАЭК-Казатомпром\"\"\"","DDP","С даты подписания договора по 12.2018","Окончательный платеж - 100% , Промежуточный платеж - 0% , Предоплата - 0% ","Пара",{"v":5,"d":"5.000"},{"v":8000,"d":"8,000.000"},{"v":40000,"d":"40,000.000"},{"v":44800,"d":"44,800.000"},"ТПХ","Товарищество с ограниченной ответственностью \"Мангистауский атомный энергетический комбинат-Казатомпром\""]
[null,"6540429","3393-1 Т","329911.300.000002","Рукавицы","для защиты от механических воздействий","38:Вид:Рукавицы х/б с точечным покрытием ПВХ :Рукавицы х/б с точечным покрытием ПВХ ","ЦПП","-","90","02.2018","471010000, Мангистауская область, Актау Г.А., г.Актау, \"Мангистауская область, г. Актау, промзона, ТОО \"\"МАЭК-Казатомпром\"\", здание 201\"","471010000, Мангистауская область, Актау Г.А., г.Актау, \"Мангистауская область, г. Актау, промзона, ТОО \"\"МАЭК-Казатомпром\"\"\"","DDP","С даты подписания договора по 12.2018","Окончательный платеж - 100% , Промежуточный платеж - 0% , Предоплата - 0% ","Пара",{"v":3374,"d":"3,374.000"},{"v":302.4,"d":"302.400"},{"v":1020297.6,"d":"1,020,297.600"},{"v":1142733.31,"d":"1,142,733.310"},"ТПХ","Товарищество с ограниченной ответственностью \"Мангистауский атомный энергетический комбинат-Казатомпром\""]
[null,"6540121","3396-1 Т","141230.100.000006","Перчатки","для защиты рук, с точечным покрытием ПВХ, хлопчатобумажные","38:Вид:Перчатки  х/б (Описание: – точечное полимерное покрытие – 7,5-й класс вязки Материалы: хлопчатобумажная ткань с покрытием ПВХ 4-нитка Стандарт: ТР ТС 019/2011):Перчатки  х/б (Описание: – точечное полимерное покрытие – 7,5-й класс вязки Материалы: хлопчатобумажная ткань с покрытием ПВХ 4-нитка Стандарт: ТР ТС 019/2011)","ЦПП","-","90","02.2018","471010000, Мангистауская область, Актау Г.А., г.Актау, \"Мангистауская область, г. Актау, промзона, ТОО \"\"МАЭК-Казатомпром\"\", здание 201\"","471010000, Мангистауская область, Актау Г.А., г.Актау, \"Мангистауская область, г. Актау, промзона, ТОО \"\"МАЭК-Казатомпром\"\"\"","DDP","С даты подписания договора по 12.2018","Окончательный платеж - 100% , Промежуточный платеж - 0% , Предоплата - 0% ","Пара",{"v":14745,"d":"14,745.000"},{"v":98.23,"d":"98.230"},{"v":1448401.35,"d":"1,448,401.350"},{"v":1622209.51,"d":"1,622,209.510"},"ОИН","Товарищество с ограниченной ответственностью \"Мангистауский атомный энергетический комбинат-Казатомпром\""]
[null,"6562277","3400 Т","141922.110.000003","Футболка","спортивная, мужская, из хлопчатобумажной ткани","38:Вид:Футболки камуфляжные с длинными рукавами (Цвет: КМФ зеленый, 100% хлопок.):Футболки камуфляжные с длинными рукавами (Цвет: КМФ зеленый, 100% хлопок.)","ЦПП","-","70","04.2018","471010000, Мангистауская область, Актау Г.А., г.Актау, \"Мангистауская область, г. Актау, промзона, ТОО \"\"МАЭК-Казатомпром\"\", здание 201\"","471010000, Мангистауская область, Актау Г.А., г.Актау, \"Мангистауская область, г. Актау, промзона, ТОО \"\"МАЭК-Казатомпром\"\"\"","DDP","С даты подписания договора по 12.2018","Предоплата - 0% , Промежуточный платеж - 0% , Окончательный платеж - 100% ","Штука",{"v":259,"d":"259.000"},{"v":5518,"d":"5,518.000"},{"v":1429162,"d":"1,429,162.000"},{"v":1600661.44,"d":"1,600,661.440"},"ТПХ","Товарищество с ограниченной ответственностью \"Мангистауский атомный энергетический комбинат-Казатомпром\""]
[null,"6560614","3404-1 Т","152013.510.000000","Туфли","общего назначения, мужские, кожанные","38:Вид:Туфли  мужские (Союзка: натуральная кожа. Метод крепления подошвы - литьевой. Особенности модели - устойчивая к скольжению подошва):Туфли  мужские (Союзка: натуральная кожа. Метод крепления подошвы - литьевой. Особенности модели - устойчивая к скольжению подошва)","ОИ","137-2 (не превышает тысячекратного МРП)","0","02.2018","471010000, Мангистауская область, Актау Г.А., г.Актау, \"Мангистауская область, г. Актау, промзона, ТОО \"\"МАЭК-Казатомпром\"\", здание 201\"","471000000, Мангистауская область, Актау Г.А., Промзона, склад ТОО \"МАЭК-Казатомпром\"","DDP","С даты подписания договора по 12.2018","Окончательный платеж - 100% , Промежуточный платеж - 0% , Предоплата - 0% ","Пара",{"v":60,"d":"60.000"},{"v":11270,"d":"11,270.000"},{"v":676200,"d":"676,200.000"},{"v":757344,"d":"757,344.000"},"-","Товарищество с ограниченной ответственностью \"Мангистауский атомный энергетический комбинат-Казатомпром\""]
[null,"6562276","3405 Т","141922.190.000028","Футболка","форменная, мужская, из хлопчатобумажной ткани","38:Вид:Футболки камуфляжные с короткими рукавами (Цвет: КМФ зеленый, 100% хлопок.):Футболки камуфляжные с короткими рукавами (Цвет: КМФ зеленый, 100% хлопок.)","ЦПП","-","70","04.2018","471010000, Мангистауская область, Актау Г.А., г.Актау, \"Мангистауская область, г. Актау, промзона, ТОО \"\"МАЭК-Казатомпром\"\", здание 201\"","471010000, Мангистауская область, Актау Г.А., г.Актау, \"Мангистауская область, г. Актау, промзона, ТОО \"\"МАЭК-Казатомпром\"\"\"","DDP","С даты подписания договора по 12.2018","Предоплата - 0% , Промежуточный платеж - 0% , Окончательный платеж - 100% ","Штука",{"v":259,"d":"259.000"},{"v":5250,"d":"5,250.000"},{"v":1359750,"d":"1,359,750.000"},{"v":1522920,"d":"1,522,920.000"},"ТПХ","Товарищество с ограниченной ответственностью \"Мангистауский атомный энергетический комбинат-Казатомпром\""]
[null,"6562268","3411-1 Т","141943.930.000003","Шапка-ушанка","для военнослужащих, меховая","38:Вид:Шапка ушанка,Верх шапки изготавливается из водонепроницаемого слоя. Технология изготовления швейных изделий массового производства (раскрой, пошив, ВТО, заключительная отделка)):Шапка ушанка,Верх шапки изготавливается из водонепроницаемого слоя. Технология изготовления швейных изделий массового производства (раскрой, пошив, ВТО, заключительная отделка))","ОИ","137-2 (не превышает тысячекратного МРП)","0","02.2018","471000000, Мангистауская область, Актау Г.А., Промзона, ТОО \"МАЭК-Казатомпром\", здание 201","471000000, Мангистауская область, Актау Г.А., Промзона, склад ТОО \"МАЭК-Казатомпром\"","DDP","С даты подписания договора по 12.2018","Окончательный платеж - 100% , Промежуточный платеж - 0% , Предоплата - 0% ","Штука",{"v":2,"d":"2.000"},{"v":10120,"d":"10,120.000"},{"v":20240,"d":"20,240.000"},{"v":22668.8,"d":"22,668.800"},"-","Товарищество с ограниченной ответственностью \"Мангистауский атомный энергетический комбинат-Казатомпром\""]
[null,"6560616","3414 Т","141922.190.000028","Футболка","форменная, мужская, из хлопчатобумажной ткани","38:Вид:\"Футболки рабочие). Рост: 158/164-194/200, в области левой груди накрое логотип ТОО \"\"МАЭК-Казатомпром\"\")\":\"Футболки рабочие). Рост: 158/164-194/200, в области левой груди накрое логотип ТОО \"\"МАЭК-Казатомпром\"\")\"","ЦПП","-","70","04.2018","471010000, Мангистауская область, Актау Г.А., г.Актау, \"Мангистауская область, г. Актау, промзона, ТОО \"\"МАЭК-Казатомпром\"\", здание 201\"","471010000, Мангистауская область, Актау Г.А., г.Актау, \"Мангистауская область, г. Актау, промзона, ТОО \"\"МАЭК-Казатомпром\"\"\"","DDP","С даты подписания договора по 12.2018","Предоплата - 0% , Промежуточный платеж - 0% , Окончательный платеж - 100% ","Штука",{"v":973,"d":"973.000"},{"v":2160,"d":"2,160.000"},{"v":2101680,"d":"2,101,680.000"},{"v":2353881.6,"d":"2,353,881.600"},"ТПХ","Товарищество с ограниченной ответственностью \"Мангистауский атомный энергетический комбинат-Казатомпром\""]
[null,"6560607","3416-1 Т","141230.100.000000","Краги","для защиты рук, из термостойкого материала","38:Вид:Краги спилковые (ГОСТ 12.4.010-75) , Длина посередине спилковых краг 26.0     26.0  28.0    30.0 Ширина по нижнему краю спилковых краг 13.5  14.5  15.5   16.5 Швы — нить кевлар:Краги спилковые (ГОСТ 12.4.010-75) , Длина посередине спилковых краг 26.0     26.0  28.0    30.0 Ширина по нижнему краю спилковых краг 13.5  14.5  15.5   16.5 Швы — нить кевлар","ОИ","137-2 (не превышает тысячекратного МРП)","0","02.2018","471010000, Мангистауская область, Актау Г.А., г.Актау, \"Мангистауская область, г. Актау, промзона, ТОО \"\"МАЭК-Казатомпром\"\", здание 201\"","471010000, Мангистауская область, Актау Г.А., г.Актау, \"Мангистауская область, г. Актау, промзона, ТОО \"\"МАЭК-Казатомпром\"\"\"","DDP","С даты подписания договора по 12.2018","Окончательный платеж - 100% , Промежуточный платеж - 0% , Предоплата - 0% ","Пара",{"v":146,"d":"146.000"},{"v":2990,"d":"2,990.000"},{"v":436540,"d":"436,540.000"},{"v":488924.8,"d":"488,924.800"},"-","Товарищество с ограниченной ответственностью \"Мангистауский атомный энергетический комбинат-Казатомпром\""]
[null,"6560613","3420-1 Т","141943.990.000001","Кепи","форменная, из полушерстяной ткани","38:Вид:Кепка (ОСТ 17-635-87, Цвет: КМФ зеленый. Ткань: (костюмная) смесовая с ВО пропиткой (50% -п/э, 50% -х/б).):Кепка (ОСТ 17-635-87, Цвет: КМФ зеленый. Ткань: (костюмная) смесовая с ВО пропиткой (50% -п/э, 50% -х/б).)","ОИ","137-2 (не превышает тысячекратного МРП)","0","02.2018","471000000, Мангистауская область, Актау Г.А., Промзона, ТОО \"МАЭК-Казатомпром\", здание 201","471000000, Мангистауская область, Актау Г.А., Промзона, склад ТОО \"МАЭК-Казатомпром\"","DDP","С даты подписания договора по 12.2018","Окончательный платеж - 100% , Промежуточный платеж - 0% , Предоплата - 0% ","Штука",{"v":200,"d":"200.000"},{"v":3795,"d":"3,795.000"},{"v":759000,"d":"759,000.000"},{"v":850080,"d":"850,080.000"},"-","Товарищество с ограниченной ответственностью \"Мангистауский атомный энергетический комбинат-Казатомпром\""]
[null,"6560633","3423-1 Т","141922.190.000017","Рубашка","форменная, мужская, из хлопчатобумажной ткани","38:Вид:Рубашка с длинными рукавами , 100% хлопок, вязки пике, который предотвращает зацепы на футболке, образование катышек и усадку после стирки, пуговицы из материала меламин:Рубашка с длинными рукавами , 100% хлопок, вязки пике, который предотвращает зацепы на футболке, образование катышек и усадку после стирки, пуговицы из материала меламин","ОИ","137-2 (не превышает тысячекратного МРП)","0","02.2018","471000000, Мангистауская область, Актау Г.А., Промзона, ТОО \"МАЭК-Казатомпром\", здание 201","471000000, Мангистауская область, Актау Г.А., Промзона, склад ТОО \"МАЭК-Казатомпром\"","DDP","С даты подписания договора по 12.2018","Окончательный платеж - 100% , Промежуточный платеж - 0% , Предоплата - 0% ","Штука",{"v":242,"d":"242.000"},{"v":4320,"d":"4,320.000"},{"v":1045440,"d":"1,045,440.000"},{"v":1170892.8,"d":"1,170,892.800"},"-","Товарищество с ограниченной ответственностью \"Мангистауский атомный энергетический комбинат-Казатомпром\""]
[null,"6575017","3427-1 Т","152032.990.000036","Сапоги","для военнослужащих, женские, кожаные, утепленные","38:Вид:Сапоги из кожи,ГОСТ 28507-90, Сапоги из натуральной кожи. Подкладка из плотных искусственного меха. Термоустойчивая подошва из полиуретана двойной плотности:Сапоги из кожи,ГОСТ 28507-90, Сапоги из натуральной кожи. Подкладка из плотных искусственного меха. Термоустойчивая подошва из полиуретана двойной плотности","ОИ","137-2 (не превышает тысячекратного МРП)","0","02.2018","471000000, Мангистауская область, Актау Г.А., Промзона, ТОО \"МАЭК-Казатомпром\", здание 201","471000000, Мангистауская область, Актау Г.А., Промзона, склад ТОО \"МАЭК-Казатомпром\"","DDP","С даты подписания договора по 12.2018","Окончательный платеж - 100% , Промежуточный платеж - 0% , Предоплата - 0% ","Пара",{"v":14,"d":"14.000"},{"v":16100,"d":"16,100.000"},{"v":225400,"d":"225,400.000"},{"v":252448,"d":"252,448.000"},"-","Товарищество с ограниченной ответственностью \"Мангистауский атомный энергетический комбинат-Казатомпром\""]
[null,"6570144","3431 Т","152012.100.000000","Сандалии","повседневные, мужские, резиновые","38:Вид:Сандалии (черные кожаные с защитным металлоподноском и металлостелькой):Сандалии (черные кожаные с защитным металлоподноском и металлостелькой)","ОИ","137-2 (не превышает тысячекратного МРП)","90","04.2018","471010000, Мангистауская область, Актау Г.А., г.Актау, \"Мангистауская область, г. Актау, промзона, ТОО \"\"МАЭК-Казатомпром\"\", здание 201\"","471010000, Мангистауская область, Актау Г.А., г.Актау, \"Мангистауская область, г. Актау, промзона, ТОО \"\"МАЭК-Казатомпром\"\"\"","DDP","С даты подписания договора по 12.2018","Предоплата - 0% , Промежуточный платеж - 0% , Окончательный платеж - 100% ","Пара",{"v":137,"d":"137.000"},{"v":11270,"d":"11,270.000"},{"v":1543990,"d":"1,543,990.000"},{"v":1729268.8,"d":"1,729,268.800"},"-","Товарищество с ограниченной ответственностью \"Мангистауский атомный энергетический комбинат-Казатомпром\""]
[null,"6570145","3432-1 Т","152032.990.000005","Тапочки","общего назначения, женские, из полимерных материалов","38:Вид:Тапочки кожаные (ГОСТ 1135-2005, :Тапочки кожаные (ГОСТ 1135-2005, ","ОИ","137-2 (не превышает тысячекратного МРП)","0","02.2018","471000000, Мангистауская область, Актау Г.А., Промзона, ТОО \"МАЭК-Казатомпром\", здание 201","471000000, Мангистауская область, Актау Г.А., Промзона, склад ТОО \"МАЭК-Казатомпром\"","DDP","С даты подписания договора по 12.2018","Окончательный платеж - 100% , Промежуточный платеж - 0% , Предоплата - 0% ","Пара",{"v":259,"d":"259.000"},{"v":8050,"d":"8,050.000"},{"v":2084950,"d":"2,084,950.000"},{"v":2335144,"d":"2,335,144.000"},"-","Товарищество с ограниченной ответственностью \"Мангистауский атомный энергетический комбинат-Казатомпром\""]
[null,"6575016","3436 Т","152032.920.000073","Сапоги","для защиты от механических воздействий, женские, из комбинированного материала, неутепленные","38:Вид:Сапоги кирзовые с металлическим подноском (сопротивление сквозному проколу - не менее 1200 Н:Сапоги кирзовые с металлическим подноском (сопротивление сквозному проколу - не менее 1200 Н","ОИ","137-2 (не превышает тысячекратного МРП)","0","04.2018","471010000, Мангистауская область, Актау Г.А., г.Актау, \"Мангистауская область, г. Актау, промзона, ТОО \"\"МАЭК-Казатомпром\"\", здание 201\"","471010000, Мангистауская область, Актау Г.А., г.Актау, \"Мангистауская область, г. Актау, промзона, ТОО \"\"МАЭК-Казатомпром\"\"\"","DDP","С даты подписания договора по 12.2018","Предоплата - 0% , Промежуточный платеж - 0% , Окончательный платеж - 100% ","Пара",{"v":28,"d":"28.000"},{"v":10925,"d":"10,925.000"},{"v":305900,"d":"305,900.000"},{"v":342608,"d":"342,608.000"},"-","Товарищество с ограниченной ответственностью \"Мангистауский атомный энергетический комбинат-Казатомпром\""]
[null,"6810274","3439 Т","329911.900.000016","Противогаз","шланговый","38:Вид:Лицевые части к противогазу (Лицевые части к противогазу):Лицевые части к противогазу (Лицевые части к противогазу)","ОИ","137-2 (не превышает тысячекратного МРП)","0","04.2018","471010000, Мангистауская область, Актау Г.А., г.Актау, \"Мангистауская область, г. Актау, промзона, ТОО \"\"МАЭК-Казатомпром\"\", здание 201\"","471010000, Мангистауская область, Актау Г.А., г.Актау, \"Мангистауская область, г. Актау, промзона, ТОО \"\"МАЭК-Казатомпром\"\"\"","DDP","С даты подписания договора по 12.2018","Предоплата - 0% , Промежуточный платеж - 0% , Окончательный платеж - 100% ","Штука",{"v":10,"d":"10.000"},{"v":5400,"d":"5,400.000"},{"v":54000,"d":"54,000.000"},{"v":60480,"d":"60,480.000"},"-","Товарищество с ограниченной ответственностью \"Мангистауский атомный энергетический комбинат-Казатомпром\""]
[null,"6810106","3445 Т","325042.900.000008","Очки","защитные","38:Вид:Очки защитные 3П-12У (закрытые) (ТР ТС 019/2011, ГОСТ Р12.4.013-97, Защита глаз от летящих частиц, пыли, брызг неагрессивных жидкостей, УФ-лучей:Очки защитные 3П-12У (закрытые) (ТР ТС 019/2011, ГОСТ Р12.4.013-97, Защита глаз от летящих частиц, пыли, брызг неагрессивных жидкостей, УФ-лучей","ОИ","137-2 (не превышает тысячекратного МРП)","0","04.2018","471010000, Мангистауская область, Актау Г.А., г.Актау, \"Мангистауская область, г. Актау, промзона, ТОО \"\"МАЭК-Казатомпром\"\", здание 201\"","471010000, Мангистауская область, Актау Г.А., г.Актау, \"Мангистауская область, г. Актау, промзона, ТОО \"\"МАЭК-Казатомпром\"\"\"","DDP","С даты подписания договора по 12.2018","Предоплата - 0% , Промежуточный платеж - 0% , Окончательный платеж - 100% ","Штука",{"v":586,"d":"586.000"},{"v":1500,"d":"1,500.000"},{"v":879000,"d":"879,000.000"},{"v":984480,"d":"984,480.000"},"-","Товарищество с ограниченной ответственностью \"Мангистауский атомный энергетический комбинат-Казатомпром\""]
[null,"6810451","3447 Т","329911.900.000015","Противогаз","изолирующий","462:Тип:Противогаз ППФ-5М с фильтром ФГ-5М марки В2 (ГОСТ 12.04.121-83, :Противогаз ППФ-5М с фильтром ФГ-5М марки В2 (ГОСТ 12.04.121-83, ","ОИ","137-2 (не превышает тысячекратного МРП)","0","04.2018","471010000, Мангистауская область, Актау Г.А., г.Актау, \"Мангистауская область, г. Актау, промзона, ТОО \"\"МАЭК-Казатомпром\"\", здание 201\"","471010000, Мангистауская область, Актау Г.А., г.Актау, \"Мангистауская область, г. Актау, промзона, ТОО \"\"МАЭК-Казатомпром\"\"\"","DDP","С даты подписания договора по 12.2018","Предоплата - 0% , Промежуточный платеж - 0% , Окончательный платеж - 100% ","Штука",{"v":56,"d":"56.000"},{"v":24150,"d":"24,150.000"},{"v":1352400,"d":"1,352,400.000"},{"v":1514688,"d":"1,514,688.000"},"-","Товарищество с ограниченной ответственностью \"Мангистауский атомный энергетический комбинат-Казатомпром\""]
[null,"6820125","3450-1 Т","141230.190.000003","Плащ","для защиты от влаги, мужской, из прорезиненной ткани","38:Вид:Плащ прорезиненный (ГОСТ 12.4.134-83, Плащ (куртка) прорезиненный с капюшоном, непромокаемый):Плащ прорезиненный (ГОСТ 12.4.134-83, Плащ (куртка) прорезиненный с капюшоном, непромокаемый)","ОИ","137-2 (не превышает тысячекратного МРП)","0","02.2018","471000000, Мангистауская область, Актау Г.А., Промзона, ТОО \"МАЭК-Казатомпром\", здание 201","471000000, Мангистауская область, Актау Г.А., Промзона, склад ТОО \"МАЭК-Казатомпром\"","DDP","С даты подписания договора по 12.2018","Окончательный платеж - 100% , Промежуточный платеж - 0% , Предоплата - 0% ","Штука",{"v":12,"d":"12.000"},{"v":12500,"d":"12,500.000"},{"v":150000,"d":"150,000.000"},{"v":168000,"d":"168,000.000"},"-","Товарищество с ограниченной ответственностью \"Мангистауский атомный энергетический комбинат-Казатомпром\""]
[null,"6820122","3454 Т","141230.100.000010","Перчатки","для защиты рук, из латекса","38:Вид:Перчатки резиновые бытовые (Перчатки резиновые бытовые цвет желтые):Перчатки резиновые бытовые (Перчатки резиновые бытовые цвет желтые)","ЦПП","-","0","04.2018","471010000, Мангистауская область, Актау Г.А., г.Актау, \"Мангистауская область, г. Актау, промзона, ТОО \"\"МАЭК-Казатомпром\"\", здание 201\"","471010000, Мангистауская область, Актау Г.А., г.Актау, \"Мангистауская область, г. Актау, промзона, ТОО \"\"МАЭК-Казатомпром\"\"\"","DDP","С даты подписания договора по 12.2018","Предоплата - 0% , Промежуточный платеж - 0% , Окончательный платеж - 100% ","Пара",{"v":3982,"d":"3,982.000"},{"v":128.81,"d":"128.810"},{"v":512921.42,"d":"512,921.420"},{"v":574471.99,"d":"574,471.990"},"-","Товарищество с ограниченной ответственностью \"Мангистауский атомный энергетический комбинат-Казатомпром\""]
[null,"6830238","3458 Т","329911.900.000024","Щиток","защитный","38:Вид:Щиток лицевой сетчатый 647-680:Щиток лицевой сетчатый 647-680","ОИ","137-2 (не превышает тысячекратного МРП)","70","04.2018","471010000, Мангистауская область, Актау Г.А., г.Актау, \"Мангистауская область, г. Актау, промзона, ТОО \"\"МАЭК-Казатомпром\"\", здание 201\"","471010000, Мангистауская область, Актау Г.А., г.Актау, \"Мангистауская область, г. Актау, промзона, ТОО \"\"МАЭК-Казатомпром\"\"\"","DDP","С даты подписания договора по 12.2018","Предоплата - 0% , Промежуточный платеж - 0% , Окончательный платеж - 100% ","Штука",{"v":4,"d":"4.000"},{"v":6000,"d":"6,000.000"},{"v":24000,"d":"24,000.000"},{"v":26880,"d":"26,880.000"},"-","Товарищество с ограниченной ответственностью \"Мангистауский атомный энергетический комбинат-Казатомпром\""]
[null,"6830237","3461 Т","329911.900.000023","Шлем","пожарного","38:Вид:Каска термостойкая с защитным экраном :Каска термостойкая с защитным экраном ","ОИ","137-2 (не превышает тысячекратного МРП)","70","04.2018","471010000, Мангистауская область, Актау Г.А., г.Актау, \"Мангистауская область, г. Актау, промзона, ТОО \"\"МАЭК-Казатомпром\"\", здание 201\"","471010000, Мангистауская область, Актау Г.А., г.Актау, \"Мангистауская область, г. Актау, промзона, ТОО \"\"МАЭК-Казатомпром\"\"\"","DDP","С даты подписания договора по 12.2018","Предоплата - 0% , Промежуточный платеж - 0% , Окончательный платеж - 100% ","Штука",{"v":37,"d":"37.000"},{"v":31625,"d":"31,625.000"},{"v":1170125,"d":"1,170,125.000"},{"v":1310540,"d":"1,310,540.000"},"-","Товарищество с ограниченной ответственностью \"Мангистауский атомный энергетический комбинат-Казатомпром\""]
[null,"6830123","3463 Т","329911.900.000036","Щиток","для электросварщиков","38:Вид:Щиток для сварщика (ГОСТ 12.4.035-84, :Щиток для сварщика (ГОСТ 12.4.035-84, ","ОИ","137-2 (не превышает тысячекратного МРП)","70","04.2018","471010000, Мангистауская область, Актау Г.А., г.Актау, \"Мангистауская область, г. Актау, промзона, ТОО \"\"МАЭК-Казатомпром\"\", здание 201\"","471010000, Мангистауская область, Актау Г.А., г.Актау, \"Мангистауская область, г. Актау, промзона, ТОО \"\"МАЭК-Казатомпром\"\"\"","DDP","С даты подписания договора по 12.2018","Предоплата - 0% , Промежуточный платеж - 0% , Окончательный платеж - 100% ","Штука",{"v":189,"d":"189.000"},{"v":3910,"d":"3,910.000"},{"v":738990,"d":"738,990.000"},{"v":827668.8,"d":"827,668.800"},"-","Товарищество с ограниченной ответственностью \"Мангистауский атомный энергетический комбинат-Казатомпром\""]
[null,"6840433","3466 Т","329911.900.000004","Вкладыш (беруши)","одноразовые","38:Вид:Беруши:Беруши","ОИ","137-2 (не превышает тысячекратного МРП)","0","04.2018","471010000, Мангистауская область, Актау Г.А., г.Актау, \"Мангистауская область, г. Актау, промзона, ТОО \"\"МАЭК-Казатомпром\"\", здание 201\"","471010000, Мангистауская область, Актау Г.А., г.Актау, \"Мангистауская область, г. Актау, промзона, ТОО \"\"МАЭК-Казатомпром\"\"\"","DDP","С даты подписания договора по 12.2018","Предоплата - 0% , Промежуточный платеж - 0% , Окончательный платеж - 100% ","Тысяча штук",{"v":302,"d":"302.000"},{"v":100,"d":"100.000"},{"v":30200,"d":"30,200.000"},{"v":33824,"d":"33,824.000"},"-","Товарищество с ограниченной ответственностью \"Мангистауский атомный энергетический комбинат-Казатомпром\""]
[null,"6840445","3472 Т","329911.900.000020","Респиратор","противогазоаэрозольный","462:Тип:\"Респиратор РПГ-67 с патроном \"\"Г\"\" (ГОСТ 12.4.041-74, \":\"Респиратор РПГ-67 с патроном \"\"Г\"\" (ГОСТ 12.4.041-74, \"","ЦПП","-","90","04.2018","471010000, Мангистауская область, Актау Г.А., г.Актау, \"Мангистауская область, г. Актау, промзона, ТОО \"\"МАЭК-Казатомпром\"\", здание 201\"","471010000, Мангистауская область, Актау Г.А., г.Актау, \"Мангистауская область, г. Актау, промзона, ТОО \"\"МАЭК-Казатомпром\"\"\"","DDP","С даты подписания договора по 12.2018","Предоплата - 0% , Промежуточный платеж - 0% , Окончательный платеж - 100% ","Штука",{"v":22,"d":"22.000"},{"v":3450,"d":"3,450.000"},{"v":75900,"d":"75,900.000"},{"v":85008,"d":"85,008.000"},"ТПХ","Товарищество с ограниченной ответственностью \"Мангистауский атомный энергетический комбинат-Казатомпром\""]
[null,"6840435","3474 Т","329911.900.000017","Респиратор","противогазовый","462:Тип:\"Респиратор ру-60 м c патроном \"\"В\"\" (ГОСТ 12.4.047-74.Респиратор ру-60 м c патроном \"\"В\"\" (ГОСТ 12.4.047-74.))\":\"Респиратор ру-60 м c патроном \"\"В\"\" (ГОСТ 12.4.047-74.Респиратор ру-60 м c патроном \"\"В\"\" (ГОСТ 12.4.047-74.))\"","ЦПП","-","90","04.2018","471010000, Мангистауская область, Актау Г.А., г.Актау, \"Мангистауская область, г. Актау, промзона, ТОО \"\"МАЭК-Казатомпром\"\", здание 201\"","471010000, Мангистауская область, Актау Г.А., г.Актау, \"Мангистауская область, г. Актау, промзона, ТОО \"\"МАЭК-Казатомпром\"\"\"","DDP","С даты подписания договора по 12.2018","Предоплата - 0% , Промежуточный платеж - 0% , Окончательный платеж - 100% ","Штука",{"v":6,"d":"6.000"},{"v":14950,"d":"14,950.000"},{"v":89700,"d":"89,700.000"},{"v":100464,"d":"100,464.000"},"ТПХ","Товарищество с ограниченной ответственностью \"Мангистауский атомный энергетический комбинат-Казатомпром\""]
[null,"6840434","3477 Т","329911.900.000018","Респиратор","пылезащитный","462:Тип:\"Респиратор \"\"лепесток-200\"\" (ГОСТ 12.4.028-76, \":\"Респиратор \"\"лепесток-200\"\" (ГОСТ 12.4.028-76, \"","ЦПП","-","90","04.2018","471010000, Мангистауская область, Актау Г.А., г.Актау, \"Мангистауская область, г. Актау, промзона, ТОО \"\"МАЭК-Казатомпром\"\", здание 201\"","471010000, Мангистауская область, Актау Г.А., г.Актау, \"Мангистауская область, г. Актау, промзона, ТОО \"\"МАЭК-Казатомпром\"\"\"","DDP","С даты подписания договора по 12.2018","Предоплата - 0% , Промежуточный платеж - 0% , Окончательный платеж - 100% ","Штука",{"v":36558,"d":"36,558.000"},{"v":90,"d":"90.000"},{"v":3290220,"d":"3,290,220.000"},{"v":3685046.4,"d":"3,685,046.400"},"ТПХ","Товарищество с ограниченной ответственностью \"Мангистауский атомный энергетический комбинат-Казатомпром\""]
[null,"6850000","3481 Т","141230.150.000000","Фартук","для защиты от радиоактивных веществ, пластикатовый","38:Вид:Фартук пластикатовый:Фартук пластикатовый","ОИ","137-2 (не превышает тысячекратного МРП)","0","04.2018","471010000, Мангистауская область, Актау Г.А., г.Актау, \"Мангистауская область, г. Актау, промзона, ТОО \"\"МАЭК-Казатомпром\"\", здание 201\"","471010000, Мангистауская область, Актау Г.А., г.Актау, \"Мангистауская область, г. Актау, промзона, ТОО \"\"МАЭК-Казатомпром\"\"\"","DDP","С даты подписания договора по 12.2018","Предоплата - 0% , Промежуточный платеж - 0% , Окончательный платеж - 100% ","Штука",{"v":25,"d":"25.000"},{"v":27600,"d":"27,600.000"},{"v":690000,"d":"690,000.000"},{"v":772800,"d":"772,800.000"},"-","Товарищество с ограниченной ответственностью \"Мангистауский атомный энергетический комбинат-Казатомпром\""]
[null,"6898031","3485 Т","221930.500.000053","Рукав","резиновый, с металлической спиралью","38:Вид:Рукав пожарный напорно-всасывающий d-75 ( 4-х  метровый) в сборе с головкой ГР-80 (ГОСТ 5398-76):Рукав пожарный напорно-всасывающий d-75 ( 4-х  метровый) в сборе с головкой ГР-80 (ГОСТ 5398-76)","ЦПП","-","0","05.2018","471010000, Мангистауская область, Актау Г.А., г.Актау, \"Мангистауская область, г. Актау, промзона, ТОО \"\"МАЭК-Казатомпром\"\", здание 201\"","471010000, Мангистауская область, Актау Г.А., г.Актау, \"Мангистауская область, г. Актау, промзона, ТОО \"\"МАЭК-Казатомпром\"\"\"","DDP","С даты подписания договора по 12.2018","Предоплата - 0% , Промежуточный платеж - 0% , Окончательный платеж - 100% ","Штука",{"v":4,"d":"4.000"},{"v":31050,"d":"31,050.000"},{"v":124200,"d":"124,200.000"},{"v":139104,"d":"139,104.000"},"-","Товарищество с ограниченной ответственностью \"Мангистауский атомный энергетический комбинат-Казатомпром\""]
[null,"6892157","3488 Т","274021.000.000006","Фонарь","сигнально-осветительный","38:Вид:Фонарь электрический групповой пожарный ФЭГ (ТУ 78.354-75):Фонарь электрический групповой пожарный ФЭГ (ТУ 78.354-75)","ОИ","137-2 (не превышает тысячекратного МРП)","0","04.2018","471010000, Мангистауская область, Актау Г.А., г.Актау, \"Мангистауская область, г. Актау, промзона, ТОО \"\"МАЭК-Казатомпром\"\", здание 201\"","471010000, Мангистауская область, Актау Г.А., г.Актау, \"Мангистауская область, г. Актау, промзона, ТОО \"\"МАЭК-Казатомпром\"\"\"","DDP","С даты подписания договора по 12.2018","Предоплата - 0% , Промежуточный платеж - 0% , Окончательный платеж - 100% ","Штука",{"v":2,"d":"2.000"},{"v":27723.21,"d":"27,723.210"},{"v":55446.42,"d":"55,446.420"},{"v":62099.99,"d":"62,099.990"},"-","Товарищество с ограниченной ответственностью \"Мангистауский атомный энергетический комбинат-Казатомпром\""]
[null,"6892154","3490 Т","139229.990.000049","Пояс","пожарный, страховочный, лямочный с амортизатором","38:Вид:Пояс спасательный из капроновой ленты (ТУ 78-457-79):Пояс спасательный из капроновой ленты (ТУ 78-457-79)","ОИ","137-2 (не превышает тысячекратного МРП)","0","04.2018","471010000, Мангистауская область, Актау Г.А., г.Актау, \"Мангистауская область, г. Актау, промзона, ТОО \"\"МАЭК-Казатомпром\"\", здание 201\"","471010000, Мангистауская область, Актау Г.А., г.Актау, \"Мангистауская область, г. Актау, промзона, ТОО \"\"МАЭК-Казатомпром\"\"\"","DDP","С даты подписания договора по 12.2018","Предоплата - 0% , Промежуточный платеж - 0% , Окончательный платеж - 100% ","Штука",{"v":12,"d":"12.000"},{"v":16633.93,"d":"16,633.930"},{"v":199607.16,"d":"199,607.160"},{"v":223560.02,"d":"223,560.020"},"-","Товарищество с ограниченной ответственностью \"Мангистауский атомный энергетический комбинат-Казатомпром\""]
[null,"6892129","3493 Т","281413.900.000138","Разветвление рукавное","трехходовое, условный проход 80 мм","38:Вид:Разветвление РТ-80 (ГОСТ 50400-92):Разветвление РТ-80 (ГОСТ 50400-92)","ОИ","137-2 (не превышает тысячекратного МРП)","0","04.2018","471010000, Мангистауская область, Актау Г.А., г.Актау, \"Мангистауская область, г. Актау, промзона, ТОО \"\"МАЭК-Казатомпром\"\", здание 201\"","471010000, Мангистауская область, Актау Г.А., г.Актау, \"Мангистауская область, г. Актау, промзона, ТОО \"\"МАЭК-Казатомпром\"\"\"","DDP","С даты подписания договора по 12.2018","Предоплата - 0% , Промежуточный платеж - 0% , Окончательный платеж - 100% ","Штука",{"v":2,"d":"2.000"},{"v":49901.8,"d":"49,901.800"},{"v":99803.6,"d":"99,803.600"},{"v":111780.03,"d":"111,780.030"},"-","Товарищество с ограниченной ответственностью \"Мангистауский атомный энергетический комбинат-Казатомпром\""]
[null,"6892112","3496 Т","244226.300.000001","Головка соединительная","пожарная, тип ГМ","38:Вид:Головка соединительная напорная муфтовая ГМ-50 (ГОСТ 28352-89, Головка муфтовая напорная Диаметр 43мм, давление 1,2 мПа):Головка соединительная напорная муфтовая ГМ-50 (ГОСТ 28352-89, Головка муфтовая напорная Диаметр 43мм, давление 1,2 мПа)","ОИ","137-2 (не превышает тысячекратного МРП)","0","04.2018","471010000, Мангистауская область, Актау Г.А., г.Актау, \"Мангистауская область, г. Актау, промзона, ТОО \"\"МАЭК-Казатомпром\"\", здание 201\"","471010000, Мангистауская область, Актау Г.А., г.Актау, \"Мангистауская область, г. Актау, промзона, ТОО \"\"МАЭК-Казатомпром\"\"\"","DDP","С даты подписания договора по 12.2018","Предоплата - 0% , Промежуточный платеж - 0% , Окончательный платеж - 100% ","Штука",{"v":20,"d":"20.000"},{"v":999.35,"d":"999.350"},{"v":19987,"d":"19,987.000"},{"v":22385.44,"d":"22,385.440"},"-","Товарищество с ограниченной ответственностью \"Мангистауский атомный энергетический комбинат-Казатомпром\""]
[null,"6892180","3499 Т","274021.000.000006","Фонарь","сигнально-осветительный","462:Тип:Фонарь электрический индивидуальный (с зарядным устройством) :Фонарь электрический индивидуальный (с зарядным устройством) ","ОИ","137-2 (не превышает тысячекратного МРП)","0","04.2018","471010000, Мангистауская область, Актау Г.А., г.Актау, \"Мангистауская область, г. Актау, промзона, ТОО \"\"МАЭК-Казатомпром\"\", здание 201\"","471010000, Мангистауская область, Актау Г.А., г.Актау, \"Мангистауская область, г. Актау, промзона, ТОО \"\"МАЭК-Казатомпром\"\"\"","DDP","С даты подписания договора по 12.2018","Предоплата - 0% , Промежуточный платеж - 0% , Окончательный платеж - 100% ","Штука",{"v":3,"d":"3.000"},{"v":21424.5,"d":"21,424.500"},{"v":64273.5,"d":"64,273.500"},{"v":71986.32,"d":"71,986.320"},"-","Товарищество с ограниченной ответственностью \"Мангистауский атомный энергетический комбинат-Казатомпром\""]
[null,"6890535","3504 Т","141211.290.000000","Костюм","для защиты от биологических факторов, мужской, из прорезиненной ткани","38:Вид:Костюм защитный КЗВУ:Костюм защитный КЗВУ","ОИ","137-2 (не превышает тысячекратного МРП)","0","04.2018","471010000, Мангистауская область, Актау Г.А., г.Актау, \"Мангистауская область, г. Актау, промзона, ТОО \"\"МАЭК-Казатомпром\"\", здание 201\"","471010000, Мангистауская область, Актау Г.А., г.Актау, \"Мангистауская область, г. Актау, промзона, ТОО \"\"МАЭК-Казатомпром\"\"\"","DDP","С даты подписания договора по 12.2018","Предоплата - 0% , Промежуточный платеж - 0% , Окончательный платеж - 100% ","Комплект",{"v":10,"d":"10.000"},{"v":40500,"d":"40,500.000"},{"v":405000,"d":"405,000.000"},{"v":453600,"d":"453,600.000"},"-","Товарищество с ограниченной ответственностью \"Мангистауский атомный энергетический комбинат-Казатомпром\""]
[null,"6892131","3508 Т","259929.300.000001","Лестница","пожарная, из нержавеющей стали","462:Тип:Лестница трехколенная выдвижная Л-60 (ТУ 22-4280-78):Лестница трехколенная выдвижная Л-60 (ТУ 22-4280-78)","ОИ","137-2 (не превышает тысячекратного МРП)","0","04.2018","471010000, Мангистауская область, Актау Г.А., г.Актау, \"Мангистауская область, г. Актау, промзона, ТОО \"\"МАЭК-Казатомпром\"\", здание 201\"","471010000, Мангистауская область, Актау Г.А., г.Актау, \"Мангистауская область, г. Актау, промзона, ТОО \"\"МАЭК-Казатомпром\"\"\"","DDP","С даты подписания договора по 12.2018","Предоплата - 0% , Промежуточный платеж - 0% , Окончательный платеж - 100% ","Штука",{"v":1,"d":"1.000"},{"v":182973.21,"d":"182,973.210"},{"v":182973.21,"d":"182,973.210"},{"v":204930,"d":"204,930.000"},"-","Товарищество с ограниченной ответственностью \"Мангистауский атомный энергетический комбинат-Казатомпром\""]
[null,"7228795","3512 Т","281332.000.000355","Обойма уплотнительная","для турбокомпрессора","163:Номер:Обойма №3 (ПТ60-90/13):Обойма №3 (ПТ60-90/13)","ОТП","-","0","01.2018","471010000, Мангистауская область, Актау Г.А., г.Актау, \"Мангистауская область, г. Актау, промзона, ТОО \"\"МАЭК-Казатомпром\"\", здание 201\"","471010000, Мангистауская область, Актау Г.А., г.Актау, \"Мангистауская область, г. Актау, промзона, ТОО \"\"МАЭК-Казатомпром\"\"\"","DDP","С даты подписания договора в течение 90 календарных дней","Предоплата - 0% , Промежуточный платеж - 0% , Окончательный платеж - 100% ","Комплект",{"v":1,"d":"1.000"},{"v":40800000,"d":"40,800,000.000"},{"v":40800000,"d":"40,800,000.000"},{"v":45696000,"d":"45,696,000.000"},"-","Товарищество с ограниченной ответственностью \"Мангистауский атомный энергетический комбинат-Казатомпром\""]
[null,"7228816","3515 Т","259412.910.000009","Шплинт разводной","стальной, диаметр 8 мм","36:Диаметр:Шплинт 8х50:Шплинт 8х50","ОИ","137-2 (не превышает тысячекратного МРП)","0","09.2018","471010000, Мангистауская область, Актау Г.А., г.Актау, \"Мангистауская область, г. Актау, промзона, ТОО \"\"МАЭК-Казатомпром\"\", здание 201\"","471010000, Мангистауская область, Актау Г.А., г.Актау, \"Мангистауская область, г. Актау, промзона, ТОО \"\"МАЭК-Казатомпром\"\"\"","DDP","С даты подписания договора в течение 30 календарных дней","Предоплата - 0% , Промежуточный платеж - 0% , Окончательный платеж - 100% ","Штука",{"v":12,"d":"12.000"},{"v":1224,"d":"1,224.000"},{"v":14688,"d":"14,688.000"},{"v":16450.56,"d":"16,450.560"},"-","Товарищество с ограниченной ответственностью \"Мангистауский атомный энергетический комбинат-Казатомпром\""]
[null,"7228815","3517 Т","281332.000.000272","Палец полумуфты","для компрессора","46:размер:Болт специальный М42:Болт специальный М42","ЦПП","-","0","01.2018","471010000, Мангистауская область, Актау Г.А., г.Актау, \"Мангистауская область, г. Актау, промзона, ТОО \"\"МАЭК-Казатомпром\"\", здание 201\"","471010000, Мангистауская область, Актау Г.А., г.Актау, \"Мангистауская область, г. Актау, промзона, ТОО \"\"МАЭК-Казатомпром\"\"\"","DDP","С даты подписания договора в течение 60 календарных дней","Предоплата - 0% , Промежуточный платеж - 0% , Окончательный платеж - 100% ","Штука",{"v":12,"d":"12.000"},{"v":183600,"d":"183,600.000"},{"v":2203200,"d":"2,203,200.000"},{"v":2467584,"d":"2,467,584.000"},"-","Товарищество с ограниченной ответственностью \"Мангистауский атомный энергетический комбинат-Казатомпром\""]
[null,"7228812","3526-1 Т","281131.000.000061","Муфта","для паровой турбины, зубчатая","462:Тип:Муфта зубчатая к масляному насосу:Муфта зубчатая к масляному насосу","ОИ","137-2 (не превышает тысячекратного МРП)","0","02.2018","471000000, Мангистауская область, Актау Г.А., Промзона, ТОО \"МАЭК-Казатомпром\", здание 201","471000000, Мангистауская область, Актау Г.А., Промзона, склад ТОО \"МАЭК-Казатомпром\"","DDP","С даты подписания договора в течение 90 календарных дней","Окончательный платеж - 100% , Промежуточный платеж - 0% , Предоплата - 0% ","Штука",{"v":1,"d":"1.000"},{"v":1428000,"d":"1,428,000.000"},{"v":1428000,"d":"1,428,000.000"},{"v":1599360,"d":"1,599,360.000"},"-","Товарищество с ограниченной ответственностью \"Мангистауский атомный энергетический комбинат-Казатомпром\""]
[null,"7228805","3528 Т","281131.000.000040","Комплект облопачивания","для паровой турбины","462:Тип:Лопатка рабочая 28 ст:Лопатка рабочая 28 ст","ОТП","-","0","01.2018","471010000, Мангистауская область, Актау Г.А., г.Актау, \"Мангистауская область, г. Актау, промзона, ТОО \"\"МАЭК-Казатомпром\"\", здание 201\"","471010000, Мангистауская область, Актау Г.А., г.Актау, \"Мангистауская область, г. Актау, промзона, ТОО \"\"МАЭК-Казатомпром\"\"\"","DDP","С даты подписания договора в течение 90 календарных дней","Предоплата - 0% , Промежуточный платеж - 0% , Окончательный платеж - 100% ","Комплект",{"v":1,"d":"1.000"},{"v":66361200,"d":"66,361,200.000"},{"v":66361200,"d":"66,361,200.000"},{"v":74324544,"d":"74,324,544.000"},"-","Товарищество с ограниченной ответственностью \"Мангистауский атомный энергетический комбинат-Казатомпром\""]
[null,"7228807","3532 Т","281131.000.000045","Пружина","для паровой турбины","462:Тип:Пружина 12-15 ст, 1х10х14,3:Пружина 12-15 ст, 1х10х14,3","ЦПП","-","0","01.2018","471010000, Мангистауская область, Актау Г.А., г.Актау, \"Мангистауская область, г. Актау, промзона, ТОО \"\"МАЭК-Казатомпром\"\", здание 201\"","471010000, Мангистауская область, Актау Г.А., г.Актау, \"Мангистауская область, г. Актау, промзона, ТОО \"\"МАЭК-Казатомпром\"\"\"","DDP","С даты подписания договора в течение 60 календарных дней","Предоплата - 0% , Промежуточный платеж - 0% , Окончательный платеж - 100% ","Штука",{"v":648,"d":"648.000"},{"v":2040,"d":"2,040.000"},{"v":1321920,"d":"1,321,920.000"},{"v":1480550.4,"d":"1,480,550.400"},"-","Товарищество с ограниченной ответственностью \"Мангистауский атомный энергетический комбинат-Казатомпром\""]
[null,"7228798","3539 Т","281131.000.000040","Комплект облопачивания","для паровой турбины","462:Тип:Лопатка рабочая 2 ст:Лопатка рабочая 2 ст","ОТП","-","0","01.2018","471010000, Мангистауская область, Актау Г.А., г.Актау, \"Мангистауская область, г. Актау, промзона, ТОО \"\"МАЭК-Казатомпром\"\", здание 201\"","471010000, Мангистауская область, Актау Г.А., г.Актау, \"Мангистауская область, г. Актау, промзона, ТОО \"\"МАЭК-Казатомпром\"\"\"","DDP","С даты подписания договора в течение 90 календарных дней","Предоплата - 0% , Промежуточный платеж - 0% , Окончательный платеж - 100% ","Комплект",{"v":1,"d":"1.000"},{"v":8867880,"d":"8,867,880.000"},{"v":8867880,"d":"8,867,880.000"},{"v":9932025.6,"d":"9,932,025.600"},"-","Товарищество с ограниченной ответственностью \"Мангистауский атомный энергетический комбинат-Казатомпром\""]
[null,"7418028","3543 Т","281332.000.000032","Лопасть","для компрессора","462:Тип:Лопасть рабочего колеса ОХГН-15-110Г:Лопасть рабочего колеса ОХГН-15-110Г","ЦПП","-","0","01.2018","471010000, Мангистауская область, Актау Г.А., г.Актау, \"Мангистауская область, г. Актау, промзона, ТОО \"\"МАЭК-Казатомпром\"\", здание 201\"","471010000, Мангистауская область, Актау Г.А., г.Актау, \"Мангистауская область, г. Актау, промзона, ТОО \"\"МАЭК-Казатомпром\"\"\"","DDP","С даты подписания договора в течение 90 календарных дней","Предоплата - 0% , Промежуточный платеж - 0% , Окончательный платеж - 100% ","Штука",{"v":84,"d":"84.000"},{"v":65000,"d":"65,000.000"},{"v":5460000,"d":"5,460,000.000"},{"v":6115200,"d":"6,115,200.000"},"-","Товарищество с ограниченной ответственностью \"Мангистауский атомный энергетический комбинат-Казатомпром\""]
[null,"7515003","3547 Т","265182.300.000017","Комплект ремонтный","для автоматических приборов электромеханического следящего уравновешивания","235:Наименование:Пружина У-03.600.66 :Пружина У-03.600.66 ","ЦПП","-","0","07.2018","471010000, Мангистауская область, Актау Г.А., г.Актау, \"Мангистауская область, г. Актау, промзона, ТОО \"\"МАЭК-Казатомпром\"\", здание 201\"","471010000, Мангистауская область, Актау Г.А., г.Актау, \"Мангистауская область, г. Актау, промзона, ТОО \"\"МАЭК-Казатомпром\"\"\"","DDP","С даты подписания договора в течение 60 календарных дней","Предоплата - 0% , Промежуточный платеж - 0% , Окончательный платеж - 100% ","Штука",{"v":50,"d":"50.000"},{"v":937.71,"d":"937.710"},{"v":46885.5,"d":"46,885.500"},{"v":52511.76,"d":"52,511.760"},"-","Товарищество с ограниченной ответственностью \"Мангистауский атомный энергетический комбинат-Казатомпром\""]
[null,"7515053","3550 Т","265182.300.000017","Комплект ремонтный","для автоматических приборов электромеханического следящего уравновешивания","235:Наименование:Кулачок линейный У-03.206.02:Кулачок линейный У-03.206.02","ЦПП","-","0","07.2018","471010000, Мангистауская область, Актау Г.А., г.Актау, \"Мангистауская область, г. Актау, промзона, ТОО \"\"МАЭК-Казатомпром\"\", здание 201\"","471010000, Мангистауская область, Актау Г.А., г.Актау, \"Мангистауская область, г. Актау, промзона, ТОО \"\"МАЭК-Казатомпром\"\"\"","DDP","С даты подписания договора в течение 60 календарных дней","Предоплата - 0% , Промежуточный платеж - 0% , Окончательный платеж - 100% ","Штука",{"v":30,"d":"30.000"},{"v":5500,"d":"5,500.000"},{"v":165000,"d":"165,000.000"},{"v":184800,"d":"184,800.000"},"-","Товарищество с ограниченной ответственностью \"Мангистауский атомный энергетический комбинат-Казатомпром\""]
[null,"7515032","3551 Т","265182.300.000017","Комплект ремонтный","для автоматических приборов электромеханического следящего уравновешивания","235:Наименование:Каретка печатающая  У-15.425.06-02:Каретка печатающая  У-15.425.06-02","ЦПП","-","0","07.2018","471010000, Мангистауская область, Актау Г.А., г.Актау, \"Мангистауская область, г. Актау, промзона, ТОО \"\"МАЭК-Казатомпром\"\", здание 201\"","471010000, Мангистауская область, Актау Г.А., г.Актау, \"Мангистауская область, г. Актау, промзона, ТОО \"\"МАЭК-Казатомпром\"\"\"","DDP","С даты подписания договора в течение 60 календарных дней","Предоплата - 0% , Промежуточный платеж - 0% , Окончательный платеж - 100% ","Штука",{"v":20,"d":"20.000"},{"v":30851.28,"d":"30,851.280"},{"v":617025.6,"d":"617,025.600"},{"v":691068.67,"d":"691,068.670"},"-","Товарищество с ограниченной ответственностью \"Мангистауский атомный энергетический комбинат-Казатомпром\""]
[null,"7515039","3556 Т","265182.300.000017","Комплект ремонтный","для автоматических приборов электромеханического следящего уравновешивания","462:Тип:Двигатель ДСМ-2П У-17.404.17:Двигатель ДСМ-2П У-17.404.17","ЦПП","-","0","07.2018","471010000, Мангистауская область, Актау Г.А., г.Актау, \"Мангистауская область, г. Актау, промзона, ТОО \"\"МАЭК-Казатомпром\"\", здание 201\"","471010000, Мангистауская область, Актау Г.А., г.Актау, \"Мангистауская область, г. Актау, промзона, ТОО \"\"МАЭК-Казатомпром\"\"\"","DDP","С даты подписания договора в течение 60 календарных дней","Предоплата - 0% , Промежуточный платеж - 0% , Окончательный платеж - 100% ","Штука",{"v":50,"d":"50.000"},{"v":14000,"d":"14,000.000"},{"v":700000,"d":"700,000.000"},{"v":784000,"d":"784,000.000"},"-","Товарищество с ограниченной ответственностью \"Мангистауский атомный энергетический комбинат-Казатомпром\""]
[null,"7515050","3559 Т","265182.300.000017","Комплект ремонтный","для автоматических приборов электромеханического следящего уравновешивания","462:Тип:Спираль реохорды КС-2 реохорд У-17.381.06:Спираль реохорды КС-2 реохорд У-17.381.06","ЦПП","-","0","07.2018","471010000, Мангистауская область, Актау Г.А., г.Актау, \"Мангистауская область, г. Актау, промзона, ТОО \"\"МАЭК-Казатомпром\"\", здание 201\"","471010000, Мангистауская область, Актау Г.А., г.Актау, \"Мангистауская область, г. Актау, промзона, ТОО \"\"МАЭК-Казатомпром\"\"\"","DDP","С даты подписания договора в течение 60 календарных дней","Предоплата - 0% , Промежуточный платеж - 0% , Окончательный платеж - 100% ","Штука",{"v":50,"d":"50.000"},{"v":11000,"d":"11,000.000"},{"v":550000,"d":"550,000.000"},{"v":616000,"d":"616,000.000"},"-","Товарищество с ограниченной ответственностью \"Мангистауский атомный энергетический комбинат-Казатомпром\""]
[null,"7515021","3562 Т","265182.300.000017","Комплект ремонтный","для автоматических приборов электромеханического следящего уравновешивания","235:Наименование:Валик с рычагом  У-17.302.06:Валик с рычагом  У-17.302.06","ЦПП","-","0","07.2018","471010000, Мангистауская область, Актау Г.А., г.Актау, \"Мангистауская область, г. Актау, промзона, ТОО \"\"МАЭК-Казатомпром\"\", здание 201\"","471010000, Мангистауская область, Актау Г.А., г.Актау, \"Мангистауская область, г. Актау, промзона, ТОО \"\"МАЭК-Казатомпром\"\"\"","DDP","С даты подписания договора в течение 60 календарных дней","Предоплата - 0% , Промежуточный платеж - 0% , Окончательный платеж - 100% ","Штука",{"v":50,"d":"50.000"},{"v":6500,"d":"6,500.000"},{"v":325000,"d":"325,000.000"},{"v":364000,"d":"364,000.000"},"-","Товарищество с ограниченной ответственностью \"Мангистауский атомный энергетический комбинат-Казатомпром\""]
[null,"8112004","3565 Т","271142.530.000000","Трансформатор тока","маслонаполненный, номинальное напряжение 27 кВ, номинальный первичный ток 200 А","462:Тип:  ТОП-0,66  УЗ:  ТОП-0,66  УЗ \\ 168:Класс:Класс точности 0,5 :Класс точности 0,5  \\ 34:ток:ном.первич. ток 100А:ном.первич. ток 100А","ЦПП","-","0","04.2018","471010000, Мангистауская область, Актау Г.А., г.Актау, \"Мангистауская область, г. Актау, промзона, ТОО \"\"МАЭК-Казатомпром\"\", здание 201\"","471010000, Мангистауская область, Актау Г.А., г.Актау, \"Мангистауская область, г. Актау, промзона, ТОО \"\"МАЭК-Казатомпром\"\"\"","DDP","С даты подписания договора в течение 30 календарных дней","Предоплата - 0% , Промежуточный платеж - 0% , Окончательный платеж - 100% ","Штука",{"v":2,"d":"2.000"},{"v":4860,"d":"4,860.000"},{"v":9720,"d":"9,720.000"},{"v":10886.4,"d":"10,886.400"},"-","Товарищество с ограниченной ответственностью \"Мангистауский атомный энергетический комбинат-Казатомпром\""]
[null,"8132006","3570 Т","271142.300.000005","Трансформатор сигнальный","однофазный, частота 50 Гц, мощность 25 ВА, напряжение первичной обмотки 110-220 В","462:Тип:ТСЗИ-2,5 380:ТСЗИ-2,5 380 \\ 79:ГОСТ: 19294-84: 19294-84 \\ 62:мощность:220/36в:220/36в","ЦПП","-","0","04.2018","471010000, Мангистауская область, Актау Г.А., г.Актау, \"Мангистауская область, г. Актау, промзона, ТОО \"\"МАЭК-Казатомпром\"\", здание 201\"","471010000, Мангистауская область, Актау Г.А., г.Актау, \"Мангистауская область, г. Актау, промзона, ТОО \"\"МАЭК-Казатомпром\"\"\"","DDP","С даты подписания договора в течение 30 календарных дней","Предоплата - 0% , Промежуточный платеж - 0% , Окончательный платеж - 100% ","Штука",{"v":2,"d":"2.000"},{"v":227700,"d":"227,700.000"},{"v":455400,"d":"455,400.000"},{"v":510048,"d":"510,048.000"},"-","Товарищество с ограниченной ответственностью \"Мангистауский атомный энергетический комбинат-Казатомпром\""]
[null,"8130504","3573 Т","271143.300.000000","Трансформатор понижающий","номинальная мощность 125 кВА, номинальная частота 500 Гц","462:Тип: ЯТП-0,25   : ЯТП-0,25    \\ 62:мощность:220/36в:220/36в","ЦПП","-","0","04.2018","471010000, Мангистауская область, Актау Г.А., г.Актау, \"Мангистауская область, г. Актау, промзона, ТОО \"\"МАЭК-Казатомпром\"\", здание 201\"","471010000, Мангистауская область, Актау Г.А., г.Актау, \"Мангистауская область, г. Актау, промзона, ТОО \"\"МАЭК-Казатомпром\"\"\"","DDP","С даты подписания договора в течение 30 календарных дней","Предоплата - 0% , Промежуточный платеж - 0% , Окончательный платеж - 100% ","Штука",{"v":13,"d":"13.000"},{"v":9200,"d":"9,200.000"},{"v":119600,"d":"119,600.000"},{"v":133952,"d":"133,952.000"},"-","Товарищество с ограниченной ответственностью \"Мангистауский атомный энергетический комбинат-Казатомпром\""]
[null,"8131055","3574 Т","271142.300.000113","Трансформатор понижающий","номинальная мощность 0,25 кВа, номинальная частота 50 Гц","462:Тип:ОСО-0,25  :ОСО-0,25   \\ 79:ГОСТ:19294-84:19294-84 \\ 62:мощность:220/12В:220/12В","ЦПП","-","0","04.2018","471010000, Мангистауская область, Актау Г.А., г.Актау, \"Мангистауская область, г. Актау, промзона, ТОО \"\"МАЭК-Казатомпром\"\", здание 201\"","471010000, Мангистауская область, Актау Г.А., г.Актау, \"Мангистауская область, г. Актау, промзона, ТОО \"\"МАЭК-Казатомпром\"\"\"","DDP","С даты подписания договора в течение 30 календарных дней","Предоплата - 0% , Промежуточный платеж - 0% , Окончательный платеж - 100% ","Штука",{"v":4,"d":"4.000"},{"v":42780,"d":"42,780.000"},{"v":171120,"d":"171,120.000"},{"v":191654.4,"d":"191,654.400"},"-","Товарищество с ограниченной ответственностью \"Мангистауский атомный энергетический комбинат-Казатомпром\""]
[null,"8160164","3578 Т","239914.000.000022","Прокладка графитовая","в оболочке из металлической фольги","462:Тип:8КА 371000 :8КА 371000 ","ОИ","137-2 (не превышает тысячекратного МРП)","0","05.2018","471010000, Мангистауская область, Актау Г.А., г.Актау, \"Мангистауская область, г. Актау, промзона, ТОО \"\"МАЭК-Казатомпром\"\", здание 201\"","471010000, Мангистауская область, Актау Г.А., г.Актау, \"Мангистауская область, г. Актау, промзона, ТОО \"\"МАЭК-Казатомпром\"\"\"","DDP","С даты подписания договора в течение 60 календарных дней","Предоплата - 0% , Промежуточный платеж - 0% , Окончательный платеж - 100% ","Штука",{"v":5,"d":"5.000"},{"v":8500,"d":"8,500.000"},{"v":42500,"d":"42,500.000"},{"v":47600,"d":"47,600.000"},"-","Товарищество с ограниченной ответственностью \"Мангистауский атомный энергетический комбинат-Казатомпром\""]
[null,"8160165","3581 Т","239914.000.000022","Прокладка графитовая","в оболочке из металлической фольги","462:Тип:8КА 371012 :8КА 371012 ","ОИ","137-2 (не превышает тысячекратного МРП)","0","05.2018","471010000, Мангистауская область, Актау Г.А., г.Актау, \"Мангистауская область, г. Актау, промзона, ТОО \"\"МАЭК-Казатомпром\"\", здание 201\"","471010000, Мангистауская область, Актау Г.А., г.Актау, \"Мангистауская область, г. Актау, промзона, ТОО \"\"МАЭК-Казатомпром\"\"\"","DDP","С даты подписания договора в течение 60 календарных дней","Предоплата - 0% , Промежуточный платеж - 0% , Окончательный платеж - 100% ","Штука",{"v":5,"d":"5.000"},{"v":7500,"d":"7,500.000"},{"v":37500,"d":"37,500.000"},{"v":42000,"d":"42,000.000"},"-","Товарищество с ограниченной ответственностью \"Мангистауский атомный энергетический комбинат-Казатомпром\""]
[null,"8171544","3587 Т","271231.900.000046","Щит освещения","для приёма и распределения электрической энергии трёхфазного переменного тока, навесной","462:Тип:Щит освещения ОЩВ-6:Щит освещения ОЩВ-6","ОИ","137-2 (не превышает тысячекратного МРП)","0","06.2018","471010000, Мангистауская область, Актау Г.А., г.Актау, \"Мангистауская область, г. Актау, промзона, ТОО \"\"МАЭК-Казатомпром\"\", здание 201\"","471010000, Мангистауская область, Актау Г.А., г.Актау, \"Мангистауская область, г. Актау, промзона, ТОО \"\"МАЭК-Казатомпром\"\"\"","DDP","С даты подписания договора в течение 30 календарных дней","Предоплата - 0% , Промежуточный платеж - 0% , Окончательный платеж - 100% ","Штука",{"v":1,"d":"1.000"},{"v":51069.48,"d":"51,069.480"},{"v":51069.48,"d":"51,069.480"},{"v":57197.82,"d":"57,197.820"},"-","Товарищество с ограниченной ответственностью \"Мангистауский атомный энергетический комбинат-Казатомпром\""]
[null,"8171560","3589 Т","271231.900.000046","Щит освещения","для приёма и распределения электрической энергии трёхфазного переменного тока, навесной","462:Тип:Щит ЩРН-12 IP54 :Щит ЩРН-12 IP54 ","ОИ","137-2 (не превышает тысячекратного МРП)","0","06.2018","471010000, Мангистауская область, Актау Г.А., г.Актау, \"Мангистауская область, г. Актау, промзона, ТОО \"\"МАЭК-Казатомпром\"\", здание 201\"","471010000, Мангистауская область, Актау Г.А., г.Актау, \"Мангистауская область, г. Актау, промзона, ТОО \"\"МАЭК-Казатомпром\"\"\"","DDP","С даты подписания договора в течение 30 календарных дней","Предоплата - 0% , Промежуточный платеж - 0% , Окончательный платеж - 100% ","Штука",{"v":3,"d":"3.000"},{"v":7500,"d":"7,500.000"},{"v":22500,"d":"22,500.000"},{"v":25200,"d":"25,200.000"},"-","Товарищество с ограниченной ответственностью \"Мангистауский атомный энергетический комбинат-Казатомпром\""]
[null,"8210112","3592-1 Т","271222.900.000012","Выключатель","автоматический, двухполюсный, напряжение более 1200 В","462:Тип: АП50-2МТ  : АП50-2МТ   \\ 468:ТУ:16-522.139-78:16-522.139-78 \\ 34:ток:1,6А.:1,6А.","ЦПП","-","0","02.2018","471010000, Мангистауская область, Актау Г.А., г.Актау, \"Мангистауская область, г. Актау, промзона, ТОО \"\"МАЭК-Казатомпром\"\", здание 201\"","471010000, Мангистауская область, Актау Г.А., г.Актау, \"Мангистауская область, г. Актау, промзона, ТОО \"\"МАЭК-Казатомпром\"\"\"","DDP","С даты подписания договора в течение 30 календарных дней","Окончательный платеж - 100% , Промежуточный платеж - 0% , Предоплата - 0% ","Штука",{"v":5,"d":"5.000"},{"v":5300.86,"d":"5,300.860"},{"v":26504.3,"d":"26,504.300"},{"v":29684.82,"d":"29,684.820"},"-","Товарищество с ограниченной ответственностью \"Мангистауский атомный энергетический комбинат-Казатомпром\""]
[null,"8211053","3597-1 Т","271222.900.000013","Выключатель","автоматический, трехполюсный, напряжение менее 230 В","462:Тип:А3163 :А3163  \\ 468:ТУ:16-522.064-82:16-522.064-82 \\ 34:ток:80 А:80 А","ЦПП","-","0","02.2018","471010000, Мангистауская область, Актау Г.А., г.Актау, \"Мангистауская область, г. Актау, промзона, ТОО \"\"МАЭК-Казатомпром\"\", здание 201\"","471000000, Мангистауская область, Актау Г.А., Промзона, склад ТОО \"МАЭК-Казатомпром\"","DDP","С даты подписания договора в течение 30 календарных дней","Окончательный платеж - 100% , Промежуточный платеж - 0% , Предоплата - 0% ","Штука",{"v":1,"d":"1.000"},{"v":15357.14,"d":"15,357.140"},{"v":15357.14,"d":"15,357.140"},{"v":17200,"d":"17,200.000"},"-","Товарищество с ограниченной ответственностью \"Мангистауский атомный энергетический комбинат-Казатомпром\""]
[null,"8210165","3600-1 Т","271222.900.000010","Выключатель","автоматический, двухполюсный, напряжение 400-750 В","462:Тип:АП50-3МТ :АП50-3МТ  \\ 34:ток:2,5А:2,5А","ЦПП","-","0","02.2018","471010000, Мангистауская область, Актау Г.А., г.Актау, \"Мангистауская область, г. Актау, промзона, ТОО \"\"МАЭК-Казатомпром\"\", здание 201\"","471010000, Мангистауская область, Актау Г.А., г.Актау, \"Мангистауская область, г. Актау, промзона, ТОО \"\"МАЭК-Казатомпром\"\"\"","DDP","С даты подписания договора в течение 30 календарных дней","Окончательный платеж - 100% , Промежуточный платеж - 0% , Предоплата - 0% ","Штука",{"v":3,"d":"3.000"},{"v":3005.64,"d":"3,005.640"},{"v":9016.92,"d":"9,016.920"},{"v":10098.95,"d":"10,098.950"},"-","Товарищество с ограниченной ответственностью \"Мангистауский атомный энергетический комбинат-Казатомпром\""]
[null,"8210726","3601-1 Т","271222.900.000013","Выключатель","автоматический, трехполюсный, напряжение менее 230 В","462:Тип:А3161 У3 :А3161 У3  \\ 468:ТУ:11-14060141-095-98:11-14060141-095-98 \\ 34:ток:40А:40А","ЦПП","-","0","02.2018","471010000, Мангистауская область, Актау Г.А., г.Актау, \"Мангистауская область, г. Актау, промзона, ТОО \"\"МАЭК-Казатомпром\"\", здание 201\"","471010000, Мангистауская область, Актау Г.А., г.Актау, \"Мангистауская область, г. Актау, промзона, ТОО \"\"МАЭК-Казатомпром\"\"\"","DDP","С даты подписания договора в течение 30 календарных дней","Окончательный платеж - 100% , Промежуточный платеж - 0% , Предоплата - 0% ","Штука",{"v":3,"d":"3.000"},{"v":2160,"d":"2,160.000"},{"v":6480,"d":"6,480.000"},{"v":7257.6,"d":"7,257.600"},"-","Товарищество с ограниченной ответственностью \"Мангистауский атомный энергетический комбинат-Казатомпром\""]
[null,"8210493","3605-1 Т","271222.900.000013","Выключатель","автоматический, трехполюсный, напряжение менее 230 В","462:Тип: АЕ1031М  : АЕ1031М   \\ 468:ТУ:16-522.064-82:16-522.064-82 \\ 34:ток:25А:25А","ЦПП","-","0","02.2018","471010000, Мангистауская область, Актау Г.А., г.Актау, \"Мангистауская область, г. Актау, промзона, ТОО \"\"МАЭК-Казатомпром\"\", здание 201\"","471010000, Мангистауская область, Актау Г.А., г.Актау, \"Мангистауская область, г. Актау, промзона, ТОО \"\"МАЭК-Казатомпром\"\"\"","DDP","С даты подписания договора в течение 30 календарных дней","Окончательный платеж - 100% , Промежуточный платеж - 0% , Предоплата - 0% ","Штука",{"v":21,"d":"21.000"},{"v":1728,"d":"1,728.000"},{"v":36288,"d":"36,288.000"},{"v":40642.56,"d":"40,642.560"},"-","Товарищество с ограниченной ответственностью \"Мангистауский атомный энергетический комбинат-Казатомпром\""]
[null,"8210801","3608-1 Т","273311.100.000001","Выключатель","трехклавишный","462:Тип:АВМ -15 :АВМ -15  \\ 34:ток:1500 А:1500 А","ЦПП","-","0","02.2018","471000000, Мангистауская область, Актау Г.А., Промзона, ТОО \"МАЭК-Казатомпром\", здание 201","471000000, Мангистауская область, Актау Г.А., Промзона, склад ТОО \"МАЭК-Казатомпром\"","DDP","С даты подписания договора в течение 30 календарных дней","Окончательный платеж - 100% , Промежуточный платеж - 0% , Предоплата - 0% ","Штука",{"v":1,"d":"1.000"},{"v":150000,"d":"150,000.000"},{"v":150000,"d":"150,000.000"},{"v":168000,"d":"168,000.000"},"-","Товарищество с ограниченной ответственностью \"Мангистауский атомный энергетический комбинат-Казатомпром\""]
[null,"8213386","3614-1 Т","271222.900.000005","Выключатель","автоматический, однополюсный, напряжение 400-750 В","462:Тип:ВА 47-63 1п (ЭКФ) :ВА 47-63 1п (ЭКФ)  \\ 468:ТУ:16-522.064-82:16-522.064-82 \\ 34:ток:25А:25А","ЦПП","-","0","02.2018","471010000, Мангистауская область, Актау Г.А., г.Актау, \"Мангистауская область, г. Актау, промзона, ТОО \"\"МАЭК-Казатомпром\"\", здание 201\"","471010000, Мангистауская область, Актау Г.А., г.Актау, \"Мангистауская область, г. Актау, промзона, ТОО \"\"МАЭК-Казатомпром\"\"\"","DDP","С даты подписания договора в течение 30 календарных дней","Окончательный платеж - 100% , Промежуточный платеж - 0% , Предоплата - 0% ","Штука",{"v":35,"d":"35.000"},{"v":429.12,"d":"429.120"},{"v":15019.2,"d":"15,019.200"},{"v":16821.5,"d":"16,821.500"},"-","Товарищество с ограниченной ответственностью \"Мангистауский атомный энергетический комбинат-Казатомпром\""]
[null,"8213389","3616-1 Т","271222.900.000005","Выключатель","автоматический, однополюсный, напряжение 400-750 В","462:Тип:ВА 47-63 1п:ВА 47-63 1п \\ 468:ТУ:16-522.064-82:16-522.064-82 \\ 34:ток:50А:50А","ЦПП","-","0","02.2018","471010000, Мангистауская область, Актау Г.А., г.Актау, \"Мангистауская область, г. Актау, промзона, ТОО \"\"МАЭК-Казатомпром\"\", здание 201\"","471010000, Мангистауская область, Актау Г.А., г.Актау, \"Мангистауская область, г. Актау, промзона, ТОО \"\"МАЭК-Казатомпром\"\"\"","DDP","С даты подписания договора в течение 30 календарных дней","Окончательный платеж - 100% , Промежуточный платеж - 0% , Предоплата - 0% ","Штука",{"v":13,"d":"13.000"},{"v":869.4,"d":"869.400"},{"v":11302.2,"d":"11,302.200"},{"v":12658.46,"d":"12,658.460"},"-","Товарищество с ограниченной ответственностью \"Мангистауский атомный энергетический комбинат-Казатомпром\""]
[null,"8210164","3619-1 Т","271222.900.000017","Выключатель","автоматический, трехполюсный, напряжение более 1200 В","462:Тип: АП50-3МТ  : АП50-3МТ   \\ 468:ТУ:16-522.139-78:16-522.139-78 \\ 34:ток:40А:40А","ЦПП","-","0","02.2018","471010000, Мангистауская область, Актау Г.А., г.Актау, \"Мангистауская область, г. Актау, промзона, ТОО \"\"МАЭК-Казатомпром\"\", здание 201\"","471010000, Мангистауская область, Актау Г.А., г.Актау, \"Мангистауская область, г. Актау, промзона, ТОО \"\"МАЭК-Казатомпром\"\"\"","DDP","С даты подписания договора в течение 30 календарных дней","Окончательный платеж - 100% , Промежуточный платеж - 0% , Предоплата - 0% ","Штука",{"v":14,"d":"14.000"},{"v":6175.22,"d":"6,175.220"},{"v":86453.08,"d":"86,453.080"},{"v":96827.45,"d":"96,827.450"},"-","Товарищество с ограниченной ответственностью \"Мангистауский атомный энергетический комбинат-Казатомпром\""]
[null,"8213388","3623-1 Т","271222.900.000005","Выключатель","автоматический, однополюсный, напряжение 400-750 В","462:Тип:ВА 47-63 1п. (ЭКФ) :ВА 47-63 1п. (ЭКФ)  \\ 468:ТУ:16-522.064-82:16-522.064-82 \\ 34:ток:32А:32А","ЦПП","-","0","02.2018","471010000, Мангистауская область, Актау Г.А., г.Актау, \"Мангистауская область, г. Актау, промзона, ТОО \"\"МАЭК-Казатомпром\"\", здание 201\"","471010000, Мангистауская область, Актау Г.А., г.Актау, \"Мангистауская область, г. Актау, промзона, ТОО \"\"МАЭК-Казатомпром\"\"\"","DDP","С даты подписания договора в течение 30 календарных дней","Окончательный платеж - 100% , Промежуточный платеж - 0% , Предоплата - 0% ","Штука",{"v":13,"d":"13.000"},{"v":466.72,"d":"466.720"},{"v":6067.36,"d":"6,067.360"},{"v":6795.44,"d":"6,795.440"},"-","Товарищество с ограниченной ответственностью \"Мангистауский атомный энергетический комбинат-Казатомпром\""]
[null,"8210123","3627-1 Т","271222.900.000013","Выключатель","автоматический, трехполюсный, напряжение менее 230 В","462:Тип:АП50-3МТ  :АП50-3МТ   \\ 468:ТУ:16-522.139-78:16-522.139-78 \\ 34:ток:63А:63А","ЦПП","-","0","02.2018","471010000, Мангистауская область, Актау Г.А., г.Актау, \"Мангистауская область, г. Актау, промзона, ТОО \"\"МАЭК-Казатомпром\"\", здание 201\"","471010000, Мангистауская область, Актау Г.А., г.Актау, \"Мангистауская область, г. Актау, промзона, ТОО \"\"МАЭК-Казатомпром\"\"\"","DDP","С даты подписания договора в течение 30 календарных дней","Окончательный платеж - 100% , Промежуточный платеж - 0% , Предоплата - 0% ","Штука",{"v":2,"d":"2.000"},{"v":8640,"d":"8,640.000"},{"v":17280,"d":"17,280.000"},{"v":19353.6,"d":"19,353.600"},"-","Товарищество с ограниченной ответственностью \"Мангистауский атомный энергетический комбинат-Казатомпром\""]
[null,"2712221","3628 Т","271222.900.000013","Выключатель","автоматический, трехполюсный, напряжение менее 230 В","462:Тип: А3124-100:А3124-100","ЦПП","-","0","06.2018","471010000, Мангистауская область, Актау Г.А., г.Актау, \"Мангистауская область, г. Актау, промзона, ТОО \"\"МАЭК-Казатомпром\"\", здание 201\"","471010000, Мангистауская область, Актау Г.А., г.Актау, \"Мангистауская область, г. Актау, промзона, ТОО \"\"МАЭК-Казатомпром\"\"\"","DDP","С даты подписания договора в течение 30 календарных дней","Предоплата - 0% , Промежуточный платеж - 0% , Окончательный платеж - 100% ","Штука",{"v":2,"d":"2.000"},{"v":3240,"d":"3,240.000"},{"v":6480,"d":"6,480.000"},{"v":7257.6,"d":"7,257.600"},"-","Товарищество с ограниченной ответственностью \"Мангистауский атомный энергетический комбинат-Казатомпром\""]
[null,"8216964","3632-1 Т","271222.900.000013","Выключатель","автоматический, трехполюсный, напряжение менее 230 В","462:Тип: АЕ-2063 : АЕ-2063  \\ 468:ТУ:16-522.064-82:16-522.064-82 \\ 34:ток:100А:100А","ЦПП","-","0","02.2018","471000000, Мангистауская область, Актау Г.А., Промзона, ТОО \"МАЭК-Казатомпром\", здание 201","471000000, Мангистауская область, Актау Г.А., Промзона, склад ТОО \"МАЭК-Казатомпром\"","DDP","С даты подписания договора в течение 30 календарных дней","Окончательный платеж - 100% , Промежуточный платеж - 0% , Предоплата - 0% ","Штука",{"v":4,"d":"4.000"},{"v":30615.3,"d":"30,615.300"},{"v":122461.2,"d":"122,461.200"},{"v":137156.54,"d":"137,156.540"},"-","Товарищество с ограниченной ответственностью \"Мангистауский атомный энергетический комбинат-Казатомпром\""]
[null,"8210119","3635-1 Т","271222.900.000013","Выключатель","автоматический, трехполюсный, напряжение менее 230 В","462:Тип:АП50-3МТ  :АП50-3МТ   \\ 468:ТУ:16-522.139-78:16-522.139-78 \\ 34:ток:1,6А:1,6А","ЦПП","-","0","02.2018","471010000, Мангистауская область, Актау Г.А., г.Актау, \"Мангистауская область, г. Актау, промзона, ТОО \"\"МАЭК-Казатомпром\"\", здание 201\"","471010000, Мангистауская область, Актау Г.А., г.Актау, \"Мангистауская область, г. Актау, промзона, ТОО \"\"МАЭК-Казатомпром\"\"\"","DDP","С даты подписания договора в течение 30 календарных дней","Окончательный платеж - 100% , Промежуточный платеж - 0% , Предоплата - 0% ","Штука",{"v":19,"d":"19.000"},{"v":5300.86,"d":"5,300.860"},{"v":100716.34,"d":"100,716.340"},{"v":112802.3,"d":"112,802.300"},"-","Товарищество с ограниченной ответственностью \"Мангистауский атомный энергетический комбинат-Казатомпром\""]
[null,"8229506","3639-1 Т","271223.700.000016","Контактор","полупроводниковый","462:Тип: ПБР-3А : ПБР-3А  \\ 468:ТУ:16-644.008-83:16-644.008-83","ЦПП","-","0","02.2018","471010000, Мангистауская область, Актау Г.А., г.Актау, \"Мангистауская область, г. Актау, промзона, ТОО \"\"МАЭК-Казатомпром\"\", здание 201\"","471010000, Мангистауская область, Актау Г.А., г.Актау, \"Мангистауская область, г. Актау, промзона, ТОО \"\"МАЭК-Казатомпром\"\"\"","DDP","С даты подписания договора в течение 30 календарных дней","Окончательный платеж - 100% , Промежуточный платеж - 0% , Предоплата - 0% ","Штука",{"v":1,"d":"1.000"},{"v":149536.8,"d":"149,536.800"},{"v":149536.8,"d":"149,536.800"},{"v":167481.22,"d":"167,481.220"},"-","Товарищество с ограниченной ответственностью \"Мангистауский атомный энергетический комбинат-Казатомпром\""]
[null,"8220485","3641-1 Т","271231.900.000008","Пускатель магнитный","нереверсивный, номинальный ток более 630 А","462:Тип:ПМА-3112 кат. 220 (ПМ12040-142):ПМА-3112 кат. 220 (ПМ12040-142) \\ 468:ТУ:16-644.058-95:16-644.058-95","ЦПП","-","0","02.2018","471010000, Мангистауская область, Актау Г.А., г.Актау, \"Мангистауская область, г. Актау, промзона, ТОО \"\"МАЭК-Казатомпром\"\", здание 201\"","471010000, Мангистауская область, Актау Г.А., г.Актау, \"Мангистауская область, г. Актау, промзона, ТОО \"\"МАЭК-Казатомпром\"\"\"","DDP","С даты подписания договора в течение 30 календарных дней","Окончательный платеж - 100% , Промежуточный платеж - 0% , Предоплата - 0% ","Штука",{"v":6,"d":"6.000"},{"v":18859.77,"d":"18,859.770"},{"v":113158.62,"d":"113,158.620"},{"v":126737.65,"d":"126,737.650"},"-","Товарищество с ограниченной ответственностью \"Мангистауский атомный энергетический комбинат-Казатомпром\""]
[null,"8221203","3646-1 Т","271231.900.000011","Пускатель магнитный","реверсивный, номинальный ток 250-630 А","462:Тип: ПМА-6212  : ПМА-6212   \\ 34:ток:220В:220В \\ 468:ТУ:16-644.058-95:16-644.058-95","ЦПП","-","0","02.2018","471010000, Мангистауская область, Актау Г.А., г.Актау, \"Мангистауская область, г. Актау, промзона, ТОО \"\"МАЭК-Казатомпром\"\", здание 201\"","471010000, Мангистауская область, Актау Г.А., г.Актау, \"Мангистауская область, г. Актау, промзона, ТОО \"\"МАЭК-Казатомпром\"\"\"","DDP","С даты подписания договора в течение 30 календарных дней","Окончательный платеж - 100% , Промежуточный платеж - 0% , Предоплата - 0% ","Штука",{"v":1,"d":"1.000"},{"v":80936.49,"d":"80,936.490"},{"v":80936.49,"d":"80,936.490"},{"v":90648.87,"d":"90,648.870"},"-","Товарищество с ограниченной ответственностью \"Мангистауский атомный энергетический комбинат-Казатомпром\""]
[null,"8220430","3650-1 Т","271231.900.000010","Пускатель магнитный","реверсивный, номинальный ток 125-250 А","462:Тип:  ПМЕ-211:  ПМЕ-211 \\ 79:ГОСТ:16.0.536.001-72:16.0.536.001-72 \\ 34:ток:380В:380В","ЦПП","-","0","02.2018","471010000, Мангистауская область, Актау Г.А., г.Актау, \"Мангистауская область, г. Актау, промзона, ТОО \"\"МАЭК-Казатомпром\"\", здание 201\"","471010000, Мангистауская область, Актау Г.А., г.Актау, \"Мангистауская область, г. Актау, промзона, ТОО \"\"МАЭК-Казатомпром\"\"\"","DDP","С даты подписания договора в течение 30 календарных дней","Окончательный платеж - 100% , Промежуточный платеж - 0% , Предоплата - 0% ","Штука",{"v":5,"d":"5.000"},{"v":19030.55,"d":"19,030.550"},{"v":95152.75,"d":"95,152.750"},{"v":106571.08,"d":"106,571.080"},"-","Товарищество с ограниченной ответственностью \"Мангистауский атомный энергетический комбинат-Казатомпром\""]
[null,"8220138","3654-1 Т","271231.900.000010","Пускатель магнитный","реверсивный, номинальный ток 125-250 А","462:Тип: ПМЕ-011  : ПМЕ-011   \\ 79:ГОСТ:16.0.536.001-72:16.0.536.001-72 \\ 34:ток:380В:380В","ЦПП","-","0","02.2018","471010000, Мангистауская область, Актау Г.А., г.Актау, \"Мангистауская область, г. Актау, промзона, ТОО \"\"МАЭК-Казатомпром\"\", здание 201\"","471010000, Мангистауская область, Актау Г.А., г.Актау, \"Мангистауская область, г. Актау, промзона, ТОО \"\"МАЭК-Казатомпром\"\"\"","DDP","С даты подписания договора в течение 30 календарных дней","Окончательный платеж - 100% , Промежуточный платеж - 0% , Предоплата - 0% ","Штука",{"v":4,"d":"4.000"},{"v":7649.16,"d":"7,649.160"},{"v":30596.64,"d":"30,596.640"},{"v":34268.24,"d":"34,268.240"},"-","Товарищество с ограниченной ответственностью \"Мангистауский атомный энергетический комбинат-Казатомпром\""]
[null,"8229509","3655 Т","271223.700.000016","Контактор","полупроводниковый","462:Тип:ПБР-3И:ПБР-3И","ЦПП","-","0","06.2018","471010000, Мангистауская область, Актау Г.А., г.Актау, \"Мангистауская область, г. Актау, промзона, ТОО \"\"МАЭК-Казатомпром\"\", здание 201\"","471010000, Мангистауская область, Актау Г.А., г.Актау, \"Мангистауская область, г. Актау, промзона, ТОО \"\"МАЭК-Казатомпром\"\"\"","DDP","С даты подписания договора в течение 30 календарных дней","Предоплата - 0% , Промежуточный платеж - 0% , Окончательный платеж - 100% ","Штука",{"v":1,"d":"1.000"},{"v":48600,"d":"48,600.000"},{"v":48600,"d":"48,600.000"},{"v":54432,"d":"54,432.000"},"-","Товарищество с ограниченной ответственностью \"Мангистауский атомный энергетический комбинат-Казатомпром\""]
[null,"8220649","3659-1 Т","271231.900.000008","Пускатель магнитный","нереверсивный, номинальный ток более 630 А","462:Тип:ПМА-3102 кат. 380 (ПМ12040-152):ПМА-3102 кат. 380 (ПМ12040-152) \\ 468:ТУ:16-644.058-95:16-644.058-95","ЦПП","-","0","02.2018","471010000, Мангистауская область, Актау Г.А., г.Актау, \"Мангистауская область, г. Актау, промзона, ТОО \"\"МАЭК-Казатомпром\"\", здание 201\"","471010000, Мангистауская область, Актау Г.А., г.Актау, \"Мангистауская область, г. Актау, промзона, ТОО \"\"МАЭК-Казатомпром\"\"\"","DDP","С даты подписания договора в течение 30 календарных дней","Окончательный платеж - 100% , Промежуточный платеж - 0% , Предоплата - 0% ","Штука",{"v":5,"d":"5.000"},{"v":18168.9,"d":"18,168.900"},{"v":90844.5,"d":"90,844.500"},{"v":101745.84,"d":"101,745.840"},"-","Товарищество с ограниченной ответственностью \"Мангистауский атомный энергетический комбинат-Казатомпром\""]
[null,"8230119","3662-1 Т","271223.700.000017","Контактор","электромагнитный","462:Тип: КТ-6023Б  160А. : КТ-6023Б  160А.  \\ 79:ГОСТ:16.0.524.001-72:16.0.524.001-72 \\ 34:ток:380В:380В","ЦПП","-","0","02.2018","471010000, Мангистауская область, Актау Г.А., г.Актау, \"Мангистауская область, г. Актау, промзона, ТОО \"\"МАЭК-Казатомпром\"\", здание 201\"","471010000, Мангистауская область, Актау Г.А., г.Актау, \"Мангистауская область, г. Актау, промзона, ТОО \"\"МАЭК-Казатомпром\"\"\"","DDP","С даты подписания договора в течение 30 календарных дней","Окончательный платеж - 100% , Промежуточный платеж - 0% , Предоплата - 0% ","Штука",{"v":1,"d":"1.000"},{"v":83710.8,"d":"83,710.800"},{"v":83710.8,"d":"83,710.800"},{"v":93756.1,"d":"93,756.100"},"-","Товарищество с ограниченной ответственностью \"Мангистауский атомный энергетический комбинат-Казатомпром\""]
[null,"8232002","3666-1 Т","271223.700.000017","Контактор","электромагнитный","462:Тип:КТ-6043Б  400А:КТ-6043Б  400А \\ 79:ГОСТ:16.0.524.001-72:16.0.524.001-72 \\ 34:ток:380В:380В","ЦПП","-","0","02.2018","471010000, Мангистауская область, Актау Г.А., г.Актау, \"Мангистауская область, г. Актау, промзона, ТОО \"\"МАЭК-Казатомпром\"\", здание 201\"","471010000, Мангистауская область, Актау Г.А., г.Актау, \"Мангистауская область, г. Актау, промзона, ТОО \"\"МАЭК-Казатомпром\"\"\"","DDP","С даты подписания договора в течение 30 календарных дней","Окончательный платеж - 100% , Промежуточный платеж - 0% , Предоплата - 0% ","Штука",{"v":1,"d":"1.000"},{"v":178692.75,"d":"178,692.750"},{"v":178692.75,"d":"178,692.750"},{"v":200135.88,"d":"200,135.880"},"-","Товарищество с ограниченной ответственностью \"Мангистауский атомный энергетический комбинат-Казатомпром\""]
[null,"8250120","3668-1 Т","271222.900.000003","Выключатель","автоматический, однополюсный, напряжение менее 230 В","462:Тип:РБ-36  бок. рукоятка :РБ-36  бок. рукоятка  \\ 34:ток:630А:630А","ЦПП","-","0","02.2018","471010000, Мангистауская область, Актау Г.А., г.Актау, \"Мангистауская область, г. Актау, промзона, ТОО \"\"МАЭК-Казатомпром\"\", здание 201\"","471010000, Мангистауская область, Актау Г.А., г.Актау, \"Мангистауская область, г. Актау, промзона, ТОО \"\"МАЭК-Казатомпром\"\"\"","DDP","С даты подписания договора в течение 30 календарных дней","Окончательный платеж - 100% , Промежуточный платеж - 0% , Предоплата - 0% ","Штука",{"v":1,"d":"1.000"},{"v":54933.04,"d":"54,933.040"},{"v":54933.04,"d":"54,933.040"},{"v":61525,"d":"61,525.000"},"-","Товарищество с ограниченной ответственностью \"Мангистауский атомный энергетический комбинат-Казатомпром\""]
[null,"8263999","3673 Т","263060.000.000044","Кнопка","с пружинным возвратом","462:Тип: ПКТ-66 IP54 6кн. : ПКТ-66 IP54 6кн.  \\ 79:ГОСТ:15543-70 и 15150-69:15543-70 и 15150-69","ОИ","137-2 (не превышает тысячекратного МРП)","0","07.2018","471010000, Мангистауская область, Актау Г.А., г.Актау, \"Мангистауская область, г. Актау, промзона, ТОО \"\"МАЭК-Казатомпром\"\", здание 201\"","471010000, Мангистауская область, Актау Г.А., г.Актау, \"Мангистауская область, г. Актау, промзона, ТОО \"\"МАЭК-Казатомпром\"\"\"","DDP","С даты подписания договора в течение 30 календарных дней","Предоплата - 0% , Промежуточный платеж - 0% , Окончательный платеж - 100% ","Штука",{"v":2,"d":"2.000"},{"v":24500,"d":"24,500.000"},{"v":49000,"d":"49,000.000"},{"v":54880,"d":"54,880.000"},"-","Товарищество с ограниченной ответственностью \"Мангистауский атомный энергетический комбинат-Казатомпром\""]
[null,"8260697","3677 Т","263060.000.000044","Кнопка","с пружинным возвратом","462:Тип: ПКЕ-212-2 : ПКЕ-212-2  \\ 468:ТУ:16-642.006-83:16-642.006-83","ОИ","137-2 (не превышает тысячекратного МРП)","0","07.2018","471010000, Мангистауская область, Актау Г.А., г.Актау, \"Мангистауская область, г. Актау, промзона, ТОО \"\"МАЭК-Казатомпром\"\", здание 201\"","471010000, Мангистауская область, Актау Г.А., г.Актау, \"Мангистауская область, г. Актау, промзона, ТОО \"\"МАЭК-Казатомпром\"\"\"","DDP","С даты подписания договора в течение 30 календарных дней","Предоплата - 0% , Промежуточный платеж - 0% , Окончательный платеж - 100% ","Штука",{"v":8,"d":"8.000"},{"v":9800,"d":"9,800.000"},{"v":78400,"d":"78,400.000"},{"v":87808,"d":"87,808.000"},"-","Товарищество с ограниченной ответственностью \"Мангистауский атомный энергетический комбинат-Казатомпром\""]
[null,"8264001","3681 Т","263060.000.000044","Кнопка","с пружинным возвратом","462:Тип:ПКТ-60 IP54 4кн.:ПКТ-60 IP54 4кн. \\ 79:ГОСТ:15543-70 и 15150-69:15543-70 и 15150-69","ОИ","137-2 (не превышает тысячекратного МРП)","0","07.2018","471010000, Мангистауская область, Актау Г.А., г.Актау, \"Мангистауская область, г. Актау, промзона, ТОО \"\"МАЭК-Казатомпром\"\", здание 201\"","471010000, Мангистауская область, Актау Г.А., г.Актау, \"Мангистауская область, г. Актау, промзона, ТОО \"\"МАЭК-Казатомпром\"\"\"","DDP","С даты подписания договора в течение 30 календарных дней","Предоплата - 0% , Промежуточный платеж - 0% , Окончательный платеж - 100% ","Штука",{"v":1,"d":"1.000"},{"v":23000,"d":"23,000.000"},{"v":23000,"d":"23,000.000"},{"v":25760,"d":"25,760.000"},"-","Товарищество с ограниченной ответственностью \"Мангистауский атомный энергетический комбинат-Казатомпром\""]
[null,"8260020","3682 Т","263060.000.000044","Кнопка","с пружинным возвратом","462:Тип:КЕ-011 красная 1з 1р:КЕ-011 красная 1з 1р","ОИ","137-2 (не превышает тысячекратного МРП)","0","07.2018","471010000, Мангистауская область, Актау Г.А., г.Актау, \"Мангистауская область, г. Актау, промзона, ТОО \"\"МАЭК-Казатомпром\"\", здание 201\"","471010000, Мангистауская область, Актау Г.А., г.Актау, \"Мангистауская область, г. Актау, промзона, ТОО \"\"МАЭК-Казатомпром\"\"\"","DDP","С даты подписания договора в течение 30 календарных дней","Предоплата - 0% , Промежуточный платеж - 0% , Окончательный платеж - 100% ","Штука",{"v":5,"d":"5.000"},{"v":2100,"d":"2,100.000"},{"v":10500,"d":"10,500.000"},{"v":11760,"d":"11,760.000"},"-","Товарищество с ограниченной ответственностью \"Мангистауский атомный энергетический комбинат-Казатомпром\""]
[null,"8260759","3685 Т","263060.000.000044","Кнопка","с пружинным возвратом","462:Тип:ПКЕ-122-3 :ПКЕ-122-3  \\ 468:ТУ:16-642.006-83):16-642.006-83)","ОИ","137-2 (не превышает тысячекратного МРП)","0","07.2018","471010000, Мангистауская область, Актау Г.А., г.Актау, \"Мангистауская область, г. Актау, промзона, ТОО \"\"МАЭК-Казатомпром\"\", здание 201\"","471010000, Мангистауская область, Актау Г.А., г.Актау, \"Мангистауская область, г. Актау, промзона, ТОО \"\"МАЭК-Казатомпром\"\"\"","DDP","С даты подписания договора в течение 30 календарных дней","Предоплата - 0% , Промежуточный платеж - 0% , Окончательный платеж - 100% ","Штука",{"v":5,"d":"5.000"},{"v":8800,"d":"8,800.000"},{"v":44000,"d":"44,000.000"},{"v":49280,"d":"49,280.000"},"-","Товарищество с ограниченной ответственностью \"Мангистауский атомный энергетический комбинат-Казатомпром\""]
[null,"8271123","3690-1 Т","273311.100.000005","Выключатель","путевой, напряжение 110-220 В","462:Тип:ВП-4  исполнение 3 (i=240) IP54:ВП-4  исполнение 3 (i=240) IP54 \\ 79:ГОСТ:14254-96:14254-96","ЦПП","-","0","02.2018","471000000, Мангистауская область, Актау Г.А., Промзона, ТОО \"МАЭК-Казатомпром\", здание 201","471010000, Мангистауская область, Актау Г.А., г.Актау, \"Мангистауская область, г. Актау, промзона, ТОО \"\"МАЭК-Казатомпром\"\"\"","DDP","С даты подписания договора в течение 30 календарных дней","Окончательный платеж - 100% , Промежуточный платеж - 0% , Предоплата - 0% ","Штука",{"v":13,"d":"13.000"},{"v":54399.6,"d":"54,399.600"},{"v":707194.8,"d":"707,194.800"},{"v":792058.18,"d":"792,058.180"},"-","Товарищество с ограниченной ответственностью \"Мангистауский атомный энергетический комбинат-Казатомпром\""]
[null,"8270292","3693 Т","273311.100.000005","Выключатель","путевой, напряжение 110-220 В","462:Тип:ВП16Г23Б231-55У23:ВП16Г23Б231-55У23","ЦПП","-","0","06.2018","471010000, Мангистауская область, Актау Г.А., г.Актау, \"Мангистауская область, г. Актау, промзона, ТОО \"\"МАЭК-Казатомпром\"\", здание 201\"","471010000, Мангистауская область, Актау Г.А., г.Актау, \"Мангистауская область, г. Актау, промзона, ТОО \"\"МАЭК-Казатомпром\"\"\"","DDP","С даты подписания договора в течение 30 календарных дней","Предоплата - 0% , Промежуточный платеж - 0% , Окончательный платеж - 100% ","Штука",{"v":3,"d":"3.000"},{"v":15152.4,"d":"15,152.400"},{"v":45457.2,"d":"45,457.200"},{"v":50912.06,"d":"50,912.060"},"-","Товарищество с ограниченной ответственностью \"Мангистауский атомный энергетический комбинат-Казатомпром\""]
[null,"8280008","3696 Т","273313.100.000000","Вилка","электрическая, однополюсная","462:Тип:Вилка  СШР55П30ЭГ1:Вилка  СШР55П30ЭГ1","ОИ","137-2 (не превышает тысячекратного МРП)","0","07.2018","471010000, Мангистауская область, Актау Г.А., г.Актау, \"Мангистауская область, г. Актау, промзона, ТОО \"\"МАЭК-Казатомпром\"\", здание 201\"","471010000, Мангистауская область, Актау Г.А., г.Актау, \"Мангистауская область, г. Актау, промзона, ТОО \"\"МАЭК-Казатомпром\"\"\"","DDP","С даты подписания договора в течение 30 календарных дней","Предоплата - 0% , Промежуточный платеж - 0% , Окончательный платеж - 100% ","Штука",{"v":39,"d":"39.000"},{"v":5230,"d":"5,230.000"},{"v":203970,"d":"203,970.000"},{"v":228446.4,"d":"228,446.400"},"-","Товарищество с ограниченной ответственностью \"Мангистауский атомный энергетический комбинат-Казатомпром\""]
[null,"8282624","3699 Т","259929.490.000298","Розетка","для кабеля","462:Тип:Розетка каб.ШР40П16НГ2:Розетка каб.ШР40П16НГ2","ОИ","137-2 (не превышает тысячекратного МРП)","0","07.2018","471010000, Мангистауская область, Актау Г.А., г.Актау, \"Мангистауская область, г. Актау, промзона, ТОО \"\"МАЭК-Казатомпром\"\", здание 201\"","471010000, Мангистауская область, Актау Г.А., г.Актау, \"Мангистауская область, г. Актау, промзона, ТОО \"\"МАЭК-Казатомпром\"\"\"","DDP","С даты подписания договора в течение 30 календарных дней","Предоплата - 0% , Промежуточный платеж - 0% , Окончательный платеж - 100% ","Штука",{"v":10,"d":"10.000"},{"v":5500,"d":"5,500.000"},{"v":55000,"d":"55,000.000"},{"v":61600,"d":"61,600.000"},"-","Товарищество с ограниченной ответственностью \"Мангистауский атомный энергетический комбинат-Казатомпром\""]
[null,"8321000","3704 Т","273311.400.000000","Микропереключатель","для своевременного замыкания/размыкания электрической сети, серия МИ","462:Тип:МИ-3А :МИ-3А  \\ 468:ТУ:3424-010-47945593-99:3424-010-47945593-99","ОИ","137-2 (не превышает тысячекратного МРП)","0","07.2018","471010000, Мангистауская область, Актау Г.А., г.Актау, \"Мангистауская область, г. Актау, промзона, ТОО \"\"МАЭК-Казатомпром\"\", здание 201\"","471010000, Мангистауская область, Актау Г.А., г.Актау, \"Мангистауская область, г. Актау, промзона, ТОО \"\"МАЭК-Казатомпром\"\"\"","DDP","С даты подписания договора в течение 30 календарных дней","Предоплата - 0% , Промежуточный платеж - 0% , Окончательный платеж - 100% ","Штука",{"v":3,"d":"3.000"},{"v":2036.88,"d":"2,036.880"},{"v":6110.64,"d":"6,110.640"},{"v":6843.92,"d":"6,843.920"},"-","Товарищество с ограниченной ответственностью \"Мангистауский атомный энергетический комбинат-Казатомпром\""]
[null,"8350220","3708 Т","272021.500.000029","Аккумулятор","стартерный, напряжение 12 В, емкость 90 А/ч, свинцово-кислотный","462:Тип:Аккумулятор 6ст-90 (6СТ-90):Аккумулятор 6ст-90 (6СТ-90)","ЦПП","-","50","02.2018","471010000, Мангистауская область, Актау Г.А., г.Актау, \"Мангистауская область, г. Актау, промзона, ТОО \"\"МАЭК-Казатомпром\"\", здание 201\"","471010000, Мангистауская область, Актау Г.А., г.Актау, \"Мангистауская область, г. Актау, промзона, ТОО \"\"МАЭК-Казатомпром\"\"\"","DDP","С даты подписания договора по 12.2018","Предоплата - 0% , Промежуточный платеж - 0% , Окончательный платеж - 100% ","Штука",{"v":12,"d":"12.000"},{"v":22400,"d":"22,400.000"},{"v":268800,"d":"268,800.000"},{"v":301056,"d":"301,056.000"},"-","Товарищество с ограниченной ответственностью \"Мангистауский атомный энергетический комбинат-Казатомпром\""]
[null,"8350234","3709 Т","272021.500.000025","Аккумулятор","стартерный, напряжение 12 В, емкость 60 А/ч, свинцово-кислотный","462:Тип:Аккумулятор 6ст-60 (6СТ-60):Аккумулятор 6ст-60 (6СТ-60)","ЦПП","-","50","02.2018","471010000, Мангистауская область, Актау Г.А., г.Актау, \"Мангистауская область, г. Актау, промзона, ТОО \"\"МАЭК-Казатомпром\"\", здание 201\"","471010000, Мангистауская область, Актау Г.А., г.Актау, \"Мангистауская область, г. Актау, промзона, ТОО \"\"МАЭК-Казатомпром\"\"\"","DDP","С даты подписания договора по 12.2018","Предоплата - 0% , Промежуточный платеж - 0% , Окончательный платеж - 100% ","Штука",{"v":20,"d":"20.000"},{"v":14300,"d":"14,300.000"},{"v":286000,"d":"286,000.000"},{"v":320320,"d":"320,320.000"},"-","Товарищество с ограниченной ответственностью \"Мангистауский атомный энергетический комбинат-Казатомпром\""]
[null,"8365041","3712 Т","271150.330.000002","Устройство зарядное","для аккумулятора радиостанции","462:Тип: BGA-1620 : BGA-1620  \\ 64:напряжение:19,2 V:19,2 V \\ 35:величина:2.0 Ah:2.0 Ah","ЦПП","-","0","08.2018","471010000, Мангистауская область, Актау Г.А., г.Актау, \"Мангистауская область, г. Актау, промзона, ТОО \"\"МАЭК-Казатомпром\"\", здание 201\"","471010000, Мангистауская область, Актау Г.А., г.Актау, \"Мангистауская область, г. Актау, промзона, ТОО \"\"МАЭК-Казатомпром\"\"\"","DDP","С даты подписания договора в течение 30 календарных дней","Предоплата - 0% , Промежуточный платеж - 0% , Окончательный платеж - 100% ","Штука",{"v":2,"d":"2.000"},{"v":54540,"d":"54,540.000"},{"v":109080,"d":"109,080.000"},{"v":122169.6,"d":"122,169.600"},"-","Товарищество с ограниченной ответственностью \"Мангистауский атомный энергетический комбинат-Казатомпром\""]
[null,"8361541","3717 Т","272023.200.000002","Аккумулятор","для ноутбука, напряжение 1,2 В, емкость 1500 мА/ч, никель-металлгидридный","462:Тип: Ni-MH ААА HR03 1350mAh: Ni-MH ААА HR03 1350mAh \\ 64:напряжение:1,2V:1,2V","ЦПП","-","0","08.2018","471010000, Мангистауская область, Актау Г.А., г.Актау, \"Мангистауская область, г. Актау, промзона, ТОО \"\"МАЭК-Казатомпром\"\", здание 201\"","471010000, Мангистауская область, Актау Г.А., г.Актау, \"Мангистауская область, г. Актау, промзона, ТОО \"\"МАЭК-Казатомпром\"\"\"","DDP","С даты подписания договора в течение 30 календарных дней","Предоплата - 0% , Промежуточный платеж - 0% , Окончательный платеж - 100% ","Штука",{"v":67,"d":"67.000"},{"v":1210,"d":"1,210.000"},{"v":81070,"d":"81,070.000"},{"v":90798.4,"d":"90,798.400"},"-","Товарищество с ограниченной ответственностью \"Мангистауский атомный энергетический комбинат-Казатомпром\""]
[null,"8363112","3720 Т","272023.200.000003","Аккумулятор","портативный, напряжение 1,2 В, емкость 2300 мА/ч, никель-металлгидридный","462:Тип: АА Ni-MH : АА Ni-MH  \\ 64:напряжение:1,2 В:1,2 В \\ 117:Ёмкость:2300 мА*ч:2300 мА*ч","ЦПП","-","0","08.2018","471010000, Мангистауская область, Актау Г.А., г.Актау, \"Мангистауская область, г. Актау, промзона, ТОО \"\"МАЭК-Казатомпром\"\", здание 201\"","471010000, Мангистауская область, Актау Г.А., г.Актау, \"Мангистауская область, г. Актау, промзона, ТОО \"\"МАЭК-Казатомпром\"\"\"","DDP","С даты подписания договора в течение 30 календарных дней","Предоплата - 0% , Промежуточный платеж - 0% , Окончательный платеж - 100% ","Штука",{"v":8,"d":"8.000"},{"v":3338.5,"d":"3,338.500"},{"v":26708,"d":"26,708.000"},{"v":29912.96,"d":"29,912.960"},"-","Товарищество с ограниченной ответственностью \"Мангистауский атомный энергетический комбинат-Казатомпром\""]
[null,"8365044","3723 Т","272011.900.000003","Батарейка","тип ААА","462:Тип:Р-03Е/4ВС 750 ААА:Р-03Е/4ВС 750 ААА","ЦПП","-","0","08.2018","471010000, Мангистауская область, Актау Г.А., г.Актау, \"Мангистауская область, г. Актау, промзона, ТОО \"\"МАЭК-Казатомпром\"\", здание 201\"","471010000, Мангистауская область, Актау Г.А., г.Актау, \"Мангистауская область, г. Актау, промзона, ТОО \"\"МАЭК-Казатомпром\"\"\"","DDP","С даты подписания договора в течение 30 календарных дней","Предоплата - 0% , Промежуточный платеж - 0% , Окончательный платеж - 100% ","Штука",{"v":3,"d":"3.000"},{"v":864,"d":"864.000"},{"v":2592,"d":"2,592.000"},{"v":2903.04,"d":"2,903.040"},"-","Товарищество с ограниченной ответственностью \"Мангистауский атомный энергетический комбинат-Казатомпром\""]
[null,"8361001","3726 Т","272011.900.000003","Батарейка","тип ААА","462:Тип: R03, BL-4 : R03, BL-4  \\ 64:напряжение:1.5 В:1.5 В","ЦПП","-","0","08.2018","471010000, Мангистауская область, Актау Г.А., г.Актау, \"Мангистауская область, г. Актау, промзона, ТОО \"\"МАЭК-Казатомпром\"\", здание 201\"","471010000, Мангистауская область, Актау Г.А., г.Актау, \"Мангистауская область, г. Актау, промзона, ТОО \"\"МАЭК-Казатомпром\"\"\"","DDP","С даты подписания договора в течение 30 календарных дней","Предоплата - 0% , Промежуточный платеж - 0% , Окончательный платеж - 100% ","Штука",{"v":908,"d":"908.000"},{"v":336.28,"d":"336.280"},{"v":305342.24,"d":"305,342.240"},{"v":341983.31,"d":"341,983.310"},"-","Товарищество с ограниченной ответственностью \"Мангистауский атомный энергетический комбинат-Казатомпром\""]
[null,"8365051","3731 Т","272011.900.000003","Батарейка","тип ААА","462:Тип: BL-1715 TC-320: BL-1715 TC-320","ЦПП","-","0","08.2018","471010000, Мангистауская область, Актау Г.А., г.Актау, \"Мангистауская область, г. Актау, промзона, ТОО \"\"МАЭК-Казатомпром\"\", здание 201\"","471010000, Мангистауская область, Актау Г.А., г.Актау, \"Мангистауская область, г. Актау, промзона, ТОО \"\"МАЭК-Казатомпром\"\"\"","DDP","С даты подписания договора в течение 30 календарных дней","Предоплата - 0% , Промежуточный платеж - 0% , Окончательный платеж - 100% ","Штука",{"v":2,"d":"2.000"},{"v":1404,"d":"1,404.000"},{"v":2808,"d":"2,808.000"},{"v":3144.96,"d":"3,144.960"},"-","Товарищество с ограниченной ответственностью \"Мангистауский атомный энергетический комбинат-Казатомпром\""]
[null,"8370536","3734 Т","271240.900.000018","Блок питания","для котрольно-измерительного прибора","462:Тип:Блок питания БП-10:Блок питания БП-10","ОИ","137-2 (не превышает тысячекратного МРП)","0","06.2018","471010000, Мангистауская область, Актау Г.А., г.Актау, \"Мангистауская область, г. Актау, промзона, ТОО \"\"МАЭК-Казатомпром\"\", здание 201\"","471010000, Мангистауская область, Актау Г.А., г.Актау, \"Мангистауская область, г. Актау, промзона, ТОО \"\"МАЭК-Казатомпром\"\"\"","DDP","С даты подписания договора в течение 30 календарных дней","Предоплата - 0% , Промежуточный платеж - 0% , Окончательный платеж - 100% ","Штука",{"v":1,"d":"1.000"},{"v":55000,"d":"55,000.000"},{"v":55000,"d":"55,000.000"},{"v":61600,"d":"61,600.000"},"-","Товарищество с ограниченной ответственностью \"Мангистауский атомный энергетический комбинат-Казатомпром\""]
[null,"8370525","3735 Т","263030.900.000001","Адаптер","для ТВ-разъемов","462:Тип:Адаптер АП-6121М:Адаптер АП-6121М","ОИ","137-2 (не превышает тысячекратного МРП)","0","06.2018","471010000, Мангистауская область, Актау Г.А., г.Актау, \"Мангистауская область, г. Актау, промзона, ТОО \"\"МАЭК-Казатомпром\"\", здание 201\"","471010000, Мангистауская область, Актау Г.А., г.Актау, \"Мангистауская область, г. Актау, промзона, ТОО \"\"МАЭК-Казатомпром\"\"\"","DDP","С даты подписания договора в течение 30 календарных дней","Предоплата - 0% , Промежуточный платеж - 0% , Окончательный платеж - 100% ","Штука",{"v":1,"d":"1.000"},{"v":20000,"d":"20,000.000"},{"v":20000,"d":"20,000.000"},{"v":22400,"d":"22,400.000"},"-","Товарищество с ограниченной ответственностью \"Мангистауский атомный энергетический комбинат-Казатомпром\""]
[null,"8380315","3739 Т","271224.500.000005","Реле защиты","промежуточное","462:Тип:Реле тока РТЗ-513:Реле тока РТЗ-513","ОИ","137-2 (не превышает тысячекратного МРП)","0","06.2018","471010000, Мангистауская область, Актау Г.А., г.Актау, \"Мангистауская область, г. Актау, промзона, ТОО \"\"МАЭК-Казатомпром\"\", здание 201\"","471010000, Мангистауская область, Актау Г.А., г.Актау, \"Мангистауская область, г. Актау, промзона, ТОО \"\"МАЭК-Казатомпром\"\"\"","DDP","С даты подписания договора в течение 30 календарных дней","Предоплата - 0% , Промежуточный платеж - 0% , Окончательный платеж - 100% ","Штука",{"v":2,"d":"2.000"},{"v":109000,"d":"109,000.000"},{"v":218000,"d":"218,000.000"},{"v":244160,"d":"244,160.000"},"-","Товарищество с ограниченной ответственностью \"Мангистауский атомный энергетический комбинат-Казатомпром\""]
[null,"8443592","3743 Т","271221.700.000017","Предохранитель","плавкие, напряжение 0,4 кВ, ток до 250 А","462:Тип:ПН-2 :ПН-2  \\ 468:ТУ:16.521113:16.521113 \\ 34:ток:250А:250А","ОИ","137-2 (не превышает тысячекратного МРП)","0","08.2018","471010000, Мангистауская область, Актау Г.А., г.Актау, \"Мангистауская область, г. Актау, промзона, ТОО \"\"МАЭК-Казатомпром\"\", здание 201\"","471010000, Мангистауская область, Актау Г.А., г.Актау, \"Мангистауская область, г. Актау, промзона, ТОО \"\"МАЭК-Казатомпром\"\"\"","DDP","С даты подписания договора в течение 30 календарных дней","Предоплата - 0% , Промежуточный платеж - 0% , Окончательный платеж - 100% ","Штука",{"v":6,"d":"6.000"},{"v":4950,"d":"4,950.000"},{"v":29700,"d":"29,700.000"},{"v":33264,"d":"33,264.000"},"-","Товарищество с ограниченной ответственностью \"Мангистауский атомный энергетический комбинат-Казатомпром\""]
[null,"8440099","3748 Т","271221.300.000009","Предохранитель","кварцевый, напряжение 10 кВ, ток до 10 А","462:Тип:ПКН 001-10 У3  L=22см:ПКН 001-10 У3  L=22см","ОИ","137-2 (не превышает тысячекратного МРП)","0","08.2018","471010000, Мангистауская область, Актау Г.А., г.Актау, \"Мангистауская область, г. Актау, промзона, ТОО \"\"МАЭК-Казатомпром\"\", здание 201\"","471010000, Мангистауская область, Актау Г.А., г.Актау, \"Мангистауская область, г. Актау, промзона, ТОО \"\"МАЭК-Казатомпром\"\"\"","DDP","С даты подписания договора в течение 30 календарных дней","Предоплата - 0% , Промежуточный платеж - 0% , Окончательный платеж - 100% ","Штука",{"v":6,"d":"6.000"},{"v":22300,"d":"22,300.000"},{"v":133800,"d":"133,800.000"},{"v":149856,"d":"149,856.000"},"-","Товарищество с ограниченной ответственностью \"Мангистауский атомный энергетический комбинат-Казатомпром\""]
[null,"8440098","3750 Т","271221.300.000009","Предохранитель","кварцевый, напряжение 10 кВ, ток до 10 А","462:Тип:ПКН 001-10 У3  L=32см:ПКН 001-10 У3  L=32см","ОИ","137-2 (не превышает тысячекратного МРП)","0","08.2018","471010000, Мангистауская область, Актау Г.А., г.Актау, \"Мангистауская область, г. Актау, промзона, ТОО \"\"МАЭК-Казатомпром\"\", здание 201\"","471010000, Мангистауская область, Актау Г.А., г.Актау, \"Мангистауская область, г. Актау, промзона, ТОО \"\"МАЭК-Казатомпром\"\"\"","DDP","С даты подписания договора в течение 30 календарных дней","Предоплата - 0% , Промежуточный платеж - 0% , Окончательный платеж - 100% ","Штука",{"v":6,"d":"6.000"},{"v":22300,"d":"22,300.000"},{"v":133800,"d":"133,800.000"},{"v":149856,"d":"149,856.000"},"-","Товарищество с ограниченной ответственностью \"Мангистауский атомный энергетический комбинат-Казатомпром\""]
[null,"8443844","3754 Т","271221.700.000016","Предохранитель","кварцевый, напряжение 0,4 кВ","235:Наименование:5*20мм :5*20мм  \\ 34:ток:3,15А:3,15А","ОИ","137-2 (не превышает тысячекратного МРП)","0","08.2018","471010000, Мангистауская область, Актау Г.А., г.Актау, \"Мангистауская область, г. Актау, промзона, ТОО \"\"МАЭК-Казатомпром\"\", здание 201\"","471010000, Мангистауская область, Актау Г.А., г.Актау, \"Мангистауская область, г. Актау, промзона, ТОО \"\"МАЭК-Казатомпром\"\"\"","DDP","С даты подписания договора в течение 30 календарных дней","Предоплата - 0% , Промежуточный платеж - 0% , Окончательный платеж - 100% ","Штука",{"v":10,"d":"10.000"},{"v":230,"d":"230.000"},{"v":2300,"d":"2,300.000"},{"v":2576,"d":"2,576.000"},"-","Товарищество с ограниченной ответственностью \"Мангистауский атомный энергетический комбинат-Казатомпром\""]
[null,"8450554","3757 Т","271223.700.000008","Катушка специализированная","электромагнитная","462:Тип:Электромагнит ЭМИС 5100 380В 50Гц :Электромагнит ЭМИС 5100 380В 50Гц ","ОИ","137-2 (не превышает тысячекратного МРП)","0","06.2018","471010000, Мангистауская область, Актау Г.А., г.Актау, \"Мангистауская область, г. Актау, промзона, ТОО \"\"МАЭК-Казатомпром\"\", здание 201\"","471010000, Мангистауская область, Актау Г.А., г.Актау, \"Мангистауская область, г. Актау, промзона, ТОО \"\"МАЭК-Казатомпром\"\"\"","DDP","С даты подписания договора в течение 30 календарных дней","Предоплата - 0% , Промежуточный платеж - 0% , Окончательный платеж - 100% ","Штука",{"v":1,"d":"1.000"},{"v":129000,"d":"129,000.000"},{"v":129000,"d":"129,000.000"},{"v":144480,"d":"144,480.000"},"-","Товарищество с ограниченной ответственностью \"Мангистауский атомный энергетический комбинат-Казатомпром\""]
[null,"8521203","3761 Т","271110.100.000002","Электродвигатель переменного тока","синхронный, однофазный, мощность до 0,75 кВт","462:Тип:Электродвигатель АИР(АДМ)63В4  0,37квт.1500об.исп.М3011:Электродвигатель АИР(АДМ)63В4  0,37квт.1500об.исп.М3011","ЦПП","-","0","05.2018","471010000, Мангистауская область, Актау Г.А., г.Актау, \"Мангистауская область, г. Актау, промзона, ТОО \"\"МАЭК-Казатомпром\"\", здание 201\"","471010000, Мангистауская область, Актау Г.А., г.Актау, \"Мангистауская область, г. Актау, промзона, ТОО \"\"МАЭК-Казатомпром\"\"\"","DDP","С даты подписания договора в течение 90 календарных дней","Предоплата - 0% , Промежуточный платеж - 0% , Окончательный платеж - 100% ","Штука",{"v":2,"d":"2.000"},{"v":23760,"d":"23,760.000"},{"v":47520,"d":"47,520.000"},{"v":53222.4,"d":"53,222.400"},"-","Товарищество с ограниченной ответственностью \"Мангистауский атомный энергетический комбинат-Казатомпром\""]
[null,"8520003","3762 Т","271110.100.000001","Электродвигатель переменного тока","асинхронный, многофазный, мощность до 0,75 кВт","462:Тип:Электродвигатель АИР56А4  0,12квт.1500об.исп.М3081:Электродвигатель АИР56А4  0,12квт.1500об.исп.М3081","ЦПП","-","0","05.2018","471010000, Мангистауская область, Актау Г.А., г.Актау, \"Мангистауская область, г. Актау, промзона, ТОО \"\"МАЭК-Казатомпром\"\", здание 201\"","471010000, Мангистауская область, Актау Г.А., г.Актау, \"Мангистауская область, г. Актау, промзона, ТОО \"\"МАЭК-Казатомпром\"\"\"","DDP","С даты подписания договора в течение 90 календарных дней","Предоплата - 0% , Промежуточный платеж - 0% , Окончательный платеж - 100% ","Штука",{"v":2,"d":"2.000"},{"v":32292,"d":"32,292.000"},{"v":64584,"d":"64,584.000"},{"v":72334.08,"d":"72,334.080"},"-","Товарищество с ограниченной ответственностью \"Мангистауский атомный энергетический комбинат-Казатомпром\""]
[null,"8520048","3766 Т","271124.300.000001","Электродвигатель переменного тока","асинхронный, многофазный, мощность более 0,75 кВт, но не более 7,5 кВт","462:Тип:Электродвигатель 5А80МА6  0,75квт.1000об.исп.М1011:Электродвигатель 5А80МА6  0,75квт.1000об.исп.М1011","ЦПП","-","0","05.2018","471010000, Мангистауская область, Актау Г.А., г.Актау, \"Мангистауская область, г. Актау, промзона, ТОО \"\"МАЭК-Казатомпром\"\", здание 201\"","471010000, Мангистауская область, Актау Г.А., г.Актау, \"Мангистауская область, г. Актау, промзона, ТОО \"\"МАЭК-Казатомпром\"\"\"","DDP","С даты подписания договора в течение 90 календарных дней","Предоплата - 0% , Промежуточный платеж - 0% , Окончательный платеж - 100% ","Штука",{"v":1,"d":"1.000"},{"v":45699.39,"d":"45,699.390"},{"v":45699.39,"d":"45,699.390"},{"v":51183.32,"d":"51,183.320"},"-","Товарищество с ограниченной ответственностью \"Мангистауский атомный энергетический комбинат-Казатомпром\""]
[null,"8523999","3770 Т","271124.300.000001","Электродвигатель переменного тока","асинхронный, многофазный, мощность более 0,75 кВт, но не более 7,5 кВт","462:Тип:Электродвигатель АД80В4  1,5 квт.1500об.исп.М3081 :Электродвигатель АД80В4  1,5 квт.1500об.исп.М3081 ","ЦПП","-","0","05.2018","471010000, Мангистауская область, Актау Г.А., г.Актау, \"Мангистауская область, г. Актау, промзона, ТОО \"\"МАЭК-Казатомпром\"\", здание 201\"","471010000, Мангистауская область, Актау Г.А., г.Актау, \"Мангистауская область, г. Актау, промзона, ТОО \"\"МАЭК-Казатомпром\"\"\"","DDP","С даты подписания договора в течение 90 календарных дней","Предоплата - 0% , Промежуточный платеж - 0% , Окончательный платеж - 100% ","Штука",{"v":3,"d":"3.000"},{"v":48098.01,"d":"48,098.010"},{"v":144294.03,"d":"144,294.030"},{"v":161609.31,"d":"161,609.310"},"-","Товарищество с ограниченной ответственностью \"Мангистауский атомный энергетический комбинат-Казатомпром\""]
[null,"8612063","3775 Т","279060.300.000019","Резистор","постоянный, для электронной аппаратуры","462:Тип:ПЭВ-50 100 Ом :ПЭВ-50 100 Ом  \\ 79:ГОСТ:24238-84:24238-84","ОИ","137-2 (не превышает тысячекратного МРП)","0","08.2018","471010000, Мангистауская область, Актау Г.А., г.Актау, \"Мангистауская область, г. Актау, промзона, ТОО \"\"МАЭК-Казатомпром\"\", здание 201\"","471010000, Мангистауская область, Актау Г.А., г.Актау, \"Мангистауская область, г. Актау, промзона, ТОО \"\"МАЭК-Казатомпром\"\"\"","DDP","С даты подписания договора в течение 30 календарных дней","Предоплата - 0% , Промежуточный платеж - 0% , Окончательный платеж - 100% ","Штука",{"v":15,"d":"15.000"},{"v":980,"d":"980.000"},{"v":14700,"d":"14,700.000"},{"v":16464,"d":"16,464.000"},"-","Товарищество с ограниченной ответственностью \"Мангистауский атомный энергетический комбинат-Казатомпром\""]
[null,"8640026","3777 Т","279052.790.000008","Конденсатор","специального назначения, переменный","462:Тип:К50-68  22мкФ:К50-68  22мкФ \\ 64:напряжение:25В:25В","ОИ","137-2 (не превышает тысячекратного МРП)","0","08.2018","471010000, Мангистауская область, Актау Г.А., г.Актау, \"Мангистауская область, г. Актау, промзона, ТОО \"\"МАЭК-Казатомпром\"\", здание 201\"","471010000, Мангистауская область, Актау Г.А., г.Актау, \"Мангистауская область, г. Актау, промзона, ТОО \"\"МАЭК-Казатомпром\"\"\"","DDP","С даты подписания договора в течение 30 календарных дней","Предоплата - 0% , Промежуточный платеж - 0% , Окончательный платеж - 100% ","Штука",{"v":15,"d":"15.000"},{"v":980,"d":"980.000"},{"v":14700,"d":"14,700.000"},{"v":16464,"d":"16,464.000"},"-","Товарищество с ограниченной ответственностью \"Мангистауский атомный энергетический комбинат-Казатомпром\""]
[null,"8640107","3781 Т","279052.790.000008","Конденсатор","специального назначения, переменный","462:Тип:К-50-35 100 мкФ:К-50-35 100 мкФ \\ 64:напряжение:63В:63В","ОИ","137-2 (не превышает тысячекратного МРП)","0","08.2018","471010000, Мангистауская область, Актау Г.А., г.Актау, \"Мангистауская область, г. Актау, промзона, ТОО \"\"МАЭК-Казатомпром\"\", здание 201\"","471010000, Мангистауская область, Актау Г.А., г.Актау, \"Мангистауская область, г. Актау, промзона, ТОО \"\"МАЭК-Казатомпром\"\"\"","DDP","С даты подписания договора в течение 30 календарных дней","Предоплата - 0% , Промежуточный платеж - 0% , Окончательный платеж - 100% ","Штука",{"v":150,"d":"150.000"},{"v":496.8,"d":"496.800"},{"v":74520,"d":"74,520.000"},{"v":83462.4,"d":"83,462.400"},"-","Товарищество с ограниченной ответственностью \"Мангистауский атомный энергетический комбинат-Казатомпром\""]
[null,"8719504","3784 Т","259929.190.000096","Заземление переносное","для распределительных устройств","462:Тип:Заземление переносное ЗПЛ-110М-3 (110кВ):Заземление переносное ЗПЛ-110М-3 (110кВ)","ОИ","137-2 (не превышает тысячекратного МРП)","0","05.2018","471010000, Мангистауская область, Актау Г.А., г.Актау, \"Мангистауская область, г. Актау, промзона, ТОО \"\"МАЭК-Казатомпром\"\", здание 201\"","471010000, Мангистауская область, Актау Г.А., г.Актау, \"Мангистауская область, г. Актау, промзона, ТОО \"\"МАЭК-Казатомпром\"\"\"","DDP","С даты подписания договора в течение 45 календарных дней","Предоплата - 0% , Промежуточный платеж - 0% , Окончательный платеж - 100% ","Штука",{"v":2,"d":"2.000"},{"v":101200,"d":"101,200.000"},{"v":202400,"d":"202,400.000"},{"v":226688,"d":"226,688.000"},"-","Товарищество с ограниченной ответственностью \"Мангистауский атомный энергетический комбинат-Казатомпром\""]
[null,"8710635","3788 Т","265143.590.000023","Амперметр","класс точности 0,05 А","462:Тип:Амперметр Ф1765.1-АД:Амперметр Ф1765.1-АД","ЦПП","-","0","05.2018","471010000, Мангистауская область, Актау Г.А., г.Актау, \"Мангистауская область, г. Актау, промзона, ТОО \"\"МАЭК-Казатомпром\"\", здание 201\"","471010000, Мангистауская область, Актау Г.А., г.Актау, \"Мангистауская область, г. Актау, промзона, ТОО \"\"МАЭК-Казатомпром\"\"\"","DDP","С даты подписания договора в течение 60 календарных дней","Предоплата - 0% , Промежуточный платеж - 0% , Окончательный платеж - 100% ","Штука",{"v":12,"d":"12.000"},{"v":211636.8,"d":"211,636.800"},{"v":2539641.6,"d":"2,539,641.600"},{"v":2844398.59,"d":"2,844,398.590"},"-","Товарищество с ограниченной ответственностью \"Мангистауский атомный энергетический комбинат-Казатомпром\""]
[null,"8712003","3789 Т","265145.200.000005","Индикатор напряжения","для проверки наличия или отсутствия напряжения между неизолированными токоведущими частями, а также между ними и заземленными частями в электроустановках переменного и постоянного тока","462:Тип:ПИН-90М Индикатор напряжения низковольтные :ПИН-90М Индикатор напряжения низковольтные ","ОИ","137-2 (не превышает тысячекратного МРП)","0","05.2018","471010000, Мангистауская область, Актау Г.А., г.Актау, \"Мангистауская область, г. Актау, промзона, ТОО \"\"МАЭК-Казатомпром\"\", здание 201\"","471010000, Мангистауская область, Актау Г.А., г.Актау, \"Мангистауская область, г. Актау, промзона, ТОО \"\"МАЭК-Казатомпром\"\"\"","DDP","С даты подписания договора в течение 45 календарных дней","Предоплата - 0% , Промежуточный платеж - 0% , Окончательный платеж - 100% ","Штука",{"v":83,"d":"83.000"},{"v":5300,"d":"5,300.000"},{"v":439900,"d":"439,900.000"},{"v":492688,"d":"492,688.000"},"-","Товарищество с ограниченной ответственностью \"Мангистауский атомный энергетический комбинат-Казатомпром\""]
[null,"8728082","3793 Т","265151.100.000077","Термометр","ТСП 100","462:Тип:Элемер ТС 1088 3 4 50М -50 +200 320 А АГ10 №2 ГП:Элемер ТС 1088 3 4 50М -50 +200 320 А АГ10 №2 ГП","ЦПП","-","0","04.2018","471010000, Мангистауская область, Актау Г.А., г.Актау, \"Мангистауская область, г. Актау, промзона, ТОО \"\"МАЭК-Казатомпром\"\", здание 201\"","471010000, Мангистауская область, Актау Г.А., г.Актау, \"Мангистауская область, г. Актау, промзона, ТОО \"\"МАЭК-Казатомпром\"\"\"","DDP","С даты подписания договора в течение 60 календарных дней","Предоплата - 0% , Промежуточный платеж - 0% , Окончательный платеж - 100% ","Штука",{"v":10,"d":"10.000"},{"v":23000,"d":"23,000.000"},{"v":230000,"d":"230,000.000"},{"v":257600,"d":"257,600.000"},"-","Товарищество с ограниченной ответственностью \"Мангистауский атомный энергетический комбинат-Казатомпром\""]
[null,"8721758","3797 Т","265151.700.000097","Преобразователь давления","измерительный","462:Тип:Элемер-100-ДИ-1151-11-МП1-t10(-40...+70)-05-2,5МПа-42-ШР14-М20-ГП:Элемер-100-ДИ-1151-11-МП1-t10(-40...+70)-05-2,5МПа-42-ШР14-М20-ГП","ОТП","-","0","04.2018","471010000, Мангистауская область, Актау Г.А., г.Актау, \"Мангистауская область, г. Актау, промзона, ТОО \"\"МАЭК-Казатомпром\"\", здание 201\"","471010000, Мангистауская область, Актау Г.А., г.Актау, \"Мангистауская область, г. Актау, промзона, ТОО \"\"МАЭК-Казатомпром\"\"\"","DDP","С даты подписания договора в течение 90 календарных дней","Предоплата - 0% , Промежуточный платеж - 0% , Окончательный платеж - 100% ","Штука",{"v":2,"d":"2.000"},{"v":250000,"d":"250,000.000"},{"v":500000,"d":"500,000.000"},{"v":560000,"d":"560,000.000"},"-","Товарищество с ограниченной ответственностью \"Мангистауский атомный энергетический комбинат-Казатомпром\""]
[null,"8721617","3800 Т","265151.700.000096","Преобразователь","термоэлектрический","462:Тип:Термопара ТХА-Метран 201-02-320-2-И-1-Н10-У1.1-ГП:Термопара ТХА-Метран 201-02-320-2-И-1-Н10-У1.1-ГП","ОТП","-","0","04.2018","471010000, Мангистауская область, Актау Г.А., г.Актау, \"Мангистауская область, г. Актау, промзона, ТОО \"\"МАЭК-Казатомпром\"\", здание 201\"","471010000, Мангистауская область, Актау Г.А., г.Актау, \"Мангистауская область, г. Актау, промзона, ТОО \"\"МАЭК-Казатомпром\"\"\"","DDP","С даты подписания договора в течение 90 календарных дней","Предоплата - 0% , Промежуточный платеж - 0% , Окончательный платеж - 100% ","Штука",{"v":10,"d":"10.000"},{"v":25000,"d":"25,000.000"},{"v":250000,"d":"250,000.000"},{"v":280000,"d":"280,000.000"},"-","Товарищество с ограниченной ответственностью \"Мангистауский атомный энергетический комбинат-Казатомпром\""]
[null,"8728083","3802 Т","265151.100.000077","Термометр","ТСП 100","462:Тип:Элемер ТС 1088 3 4 50П -100+450 320 А АГ10 №2 ГП:Элемер ТС 1088 3 4 50П -100+450 320 А АГ10 №2 ГП","ЦПП","-","0","04.2018","471010000, Мангистауская область, Актау Г.А., г.Актау, \"Мангистауская область, г. Актау, промзона, ТОО \"\"МАЭК-Казатомпром\"\", здание 201\"","471010000, Мангистауская область, Актау Г.А., г.Актау, \"Мангистауская область, г. Актау, промзона, ТОО \"\"МАЭК-Казатомпром\"\"\"","DDP","С даты подписания договора в течение 60 календарных дней","Предоплата - 0% , Промежуточный платеж - 0% , Окончательный платеж - 100% ","Штука",{"v":10,"d":"10.000"},{"v":25000,"d":"25,000.000"},{"v":250000,"d":"250,000.000"},{"v":280000,"d":"280,000.000"},"-","Товарищество с ограниченной ответственностью \"Мангистауский атомный энергетический комбинат-Казатомпром\""]
[null,"8730529","3808 Т","265151.700.000097","Преобразователь давления","измерительный","462:Тип:Преобразователь давления измерительный  Сапфир-22МПС-ДД-2440-02-У2(-30+50)-0,5-63кПа-16-42-М20-В-Р-:Преобразователь давления измерительный  Сапфир-22МПС-ДД-2440-02-У2(-30+50)-0,5-63кПа-16-42-М20-В-Р-","ОТП","-","0","04.2018","471010000, Мангистауская область, Актау Г.А., г.Актау, \"Мангистауская область, г. Актау, промзона, ТОО \"\"МАЭК-Казатомпром\"\", здание 201\"","471010000, Мангистауская область, Актау Г.А., г.Актау, \"Мангистауская область, г. Актау, промзона, ТОО \"\"МАЭК-Казатомпром\"\"\"","DDP","С даты подписания договора в течение 90 календарных дней","Предоплата - 0% , Промежуточный платеж - 0% , Окончательный платеж - 100% ","Штука",{"v":1,"d":"1.000"},{"v":434957.14,"d":"434,957.140"},{"v":434957.14,"d":"434,957.140"},{"v":487152,"d":"487,152.000"},"-","Товарищество с ограниченной ответственностью \"Мангистауский атомный энергетический комбинат-Казатомпром\""]
[null,"8737150","3811 Т","265151.700.000098","Ротаметр","РЭ","462:Тип:Ротаметр РМ-А-I-0.063-ГУЗ-К:Ротаметр РМ-А-I-0.063-ГУЗ-К","ОИ","137-2 (не превышает тысячекратного МРП)","0","05.2018","471010000, Мангистауская область, Актау Г.А., г.Актау, \"Мангистауская область, г. Актау, промзона, ТОО \"\"МАЭК-Казатомпром\"\", здание 201\"","471010000, Мангистауская область, Актау Г.А., г.Актау, \"Мангистауская область, г. Актау, промзона, ТОО \"\"МАЭК-Казатомпром\"\"\"","DDP","С даты подписания договора в течение 45 календарных дней","Предоплата - 0% , Промежуточный платеж - 0% , Окончательный платеж - 100% ","Штука",{"v":4,"d":"4.000"},{"v":79200,"d":"79,200.000"},{"v":316800,"d":"316,800.000"},{"v":354816,"d":"354,816.000"},"-","Товарищество с ограниченной ответственностью \"Мангистауский атомный энергетический комбинат-Казатомпром\""]
[null,"8734626","3815 Т","265152.700.000019","Манометр","технический","462:Тип:Манометр МТП-160, шкала 0-10 кгс/см2:Манометр МТП-160, шкала 0-10 кгс/см2","ОИ","137-2 (не превышает тысячекратного МРП)","0","05.2018","471010000, Мангистауская область, Актау Г.А., г.Актау, \"Мангистауская область, г. Актау, промзона, ТОО \"\"МАЭК-Казатомпром\"\", здание 201\"","471010000, Мангистауская область, Актау Г.А., г.Актау, \"Мангистауская область, г. Актау, промзона, ТОО \"\"МАЭК-Казатомпром\"\"\"","DDP","С даты подписания договора в течение 45 календарных дней","Предоплата - 0% , Промежуточный платеж - 0% , Окончательный платеж - 100% ","Штука",{"v":10,"d":"10.000"},{"v":7000,"d":"7,000.000"},{"v":70000,"d":"70,000.000"},{"v":78400,"d":"78,400.000"},"-","Товарищество с ограниченной ответственностью \"Мангистауский атомный энергетический комбинат-Казатомпром\""]
[null,"8739925","3816 Т","265151.700.000097","Преобразователь давления","измерительный","462:Тип:Элемер 100 ДИВ 1312 02 МП1 t8 05 0,2кПа 42 ШР14 М20 ГП:Элемер 100 ДИВ 1312 02 МП1 t8 05 0,2кПа 42 ШР14 М20 ГП","ОТП","-","0","04.2018","471010000, Мангистауская область, Актау Г.А., г.Актау, \"Мангистауская область, г. Актау, промзона, ТОО \"\"МАЭК-Казатомпром\"\", здание 201\"","471010000, Мангистауская область, Актау Г.А., г.Актау, \"Мангистауская область, г. Актау, промзона, ТОО \"\"МАЭК-Казатомпром\"\"\"","DDP","С даты подписания договора в течение 90 календарных дней","Предоплата - 0% , Промежуточный платеж - 0% , Окончательный платеж - 100% ","Штука",{"v":2,"d":"2.000"},{"v":378000,"d":"378,000.000"},{"v":756000,"d":"756,000.000"},{"v":846720,"d":"846,720.000"},"-","Товарищество с ограниченной ответственностью \"Мангистауский атомный энергетический комбинат-Казатомпром\""]
[null,"8737144","3820 Т","265152.350.000003","Расходомер","электромагнитный","462:Тип:Дифманометр ДМЭУ-МИ Р-1000 кгс/м2:Дифманометр ДМЭУ-МИ Р-1000 кгс/м2","ОИ","137-2 (не превышает тысячекратного МРП)","0","05.2018","471010000, Мангистауская область, Актау Г.А., г.Актау, \"Мангистауская область, г. Актау, промзона, ТОО \"\"МАЭК-Казатомпром\"\", здание 201\"","471010000, Мангистауская область, Актау Г.А., г.Актау, \"Мангистауская область, г. Актау, промзона, ТОО \"\"МАЭК-Казатомпром\"\"\"","DDP","С даты подписания договора в течение 45 календарных дней","Предоплата - 0% , Промежуточный платеж - 0% , Окончательный платеж - 100% ","Штука",{"v":2,"d":"2.000"},{"v":121716,"d":"121,716.000"},{"v":243432,"d":"243,432.000"},{"v":272643.84,"d":"272,643.840"},"-","Товарищество с ограниченной ответственностью \"Мангистауский атомный энергетический комбинат-Казатомпром\""]
[null,"8734190","3824 Т","265152.700.000019","Манометр","технический","462:Тип:Мановакууметр МВТП-160 -1-9кгс/см2 (ТУ 25-7310.0045-87 ГОСТ 24054-8):Мановакууметр МВТП-160 -1-9кгс/см2 (ТУ 25-7310.0045-87 ГОСТ 24054-8)","ОИ","137-2 (не превышает тысячекратного МРП)","0","05.2018","471010000, Мангистауская область, Актау Г.А., г.Актау, \"Мангистауская область, г. Актау, промзона, ТОО \"\"МАЭК-Казатомпром\"\", здание 201\"","471010000, Мангистауская область, Актау Г.А., г.Актау, \"Мангистауская область, г. Актау, промзона, ТОО \"\"МАЭК-Казатомпром\"\"\"","DDP","С даты подписания договора в течение 45 календарных дней","Предоплата - 0% , Промежуточный платеж - 0% , Окончательный платеж - 100% ","Штука",{"v":1,"d":"1.000"},{"v":9687.6,"d":"9,687.600"},{"v":9687.6,"d":"9,687.600"},{"v":10850.11,"d":"10,850.110"},"-","Товарищество с ограниченной ответственностью \"Мангистауский атомный энергетический комбинат-Казатомпром\""]
[null,"8730566","3827 Т","265143.590.000044","Преобразователь измерительный","разность давления","462:Тип:Преобразователь давления Сапфир 22МР-ДД-2440-02-У2(-40+80)-0,5-63кПа-25-42-В-Р (ГОСТ РФ № 21091-01):Преобразователь давления Сапфир 22МР-ДД-2440-02-У2(-40+80)-0,5-63кПа-25-42-В-Р (ГОСТ РФ № 21091-01)","ОТП","-","0","04.2018","471010000, Мангистауская область, Актау Г.А., г.Актау, \"Мангистауская область, г. Актау, промзона, ТОО \"\"МАЭК-Казатомпром\"\", здание 201\"","471010000, Мангистауская область, Актау Г.А., г.Актау, \"Мангистауская область, г. Актау, промзона, ТОО \"\"МАЭК-Казатомпром\"\"\"","DDP","С даты подписания договора в течение 90 календарных дней","Предоплата - 0% , Промежуточный платеж - 0% , Окончательный платеж - 100% ","Штука",{"v":2,"d":"2.000"},{"v":428239.29,"d":"428,239.290"},{"v":856478.58,"d":"856,478.580"},{"v":959256.01,"d":"959,256.010"},"-","Товарищество с ограниченной ответственностью \"Мангистауский атомный энергетический комбинат-Казатомпром\""]
[null,"8734621","3829 Т","265152.700.000019","Манометр","технический","462:Тип:Манометр МТП-100, шкала 0-16 кгс/см2:Манометр МТП-100, шкала 0-16 кгс/см2","ОИ","137-2 (не превышает тысячекратного МРП)","0","05.2018","471010000, Мангистауская область, Актау Г.А., г.Актау, \"Мангистауская область, г. Актау, промзона, ТОО \"\"МАЭК-Казатомпром\"\", здание 201\"","471010000, Мангистауская область, Актау Г.А., г.Актау, \"Мангистауская область, г. Актау, промзона, ТОО \"\"МАЭК-Казатомпром\"\"\"","DDP","С даты подписания договора в течение 45 календарных дней","Предоплата - 0% , Промежуточный платеж - 0% , Окончательный платеж - 100% ","Штука",{"v":20,"d":"20.000"},{"v":11000,"d":"11,000.000"},{"v":220000,"d":"220,000.000"},{"v":246400,"d":"246,400.000"},"-","Товарищество с ограниченной ответственностью \"Мангистауский атомный энергетический комбинат-Казатомпром\""]
[null,"8739923","3835 Т","265151.700.000097","Преобразователь давления","измерительный","462:Тип:Элемер 100 ДИ 1171 11 МП1 t8 05 25МПа 42 ШР14 М20 ГП:Элемер 100 ДИ 1171 11 МП1 t8 05 25МПа 42 ШР14 М20 ГП","ОТП","-","0","04.2018","471010000, Мангистауская область, Актау Г.А., г.Актау, \"Мангистауская область, г. Актау, промзона, ТОО \"\"МАЭК-Казатомпром\"\", здание 201\"","471010000, Мангистауская область, Актау Г.А., г.Актау, \"Мангистауская область, г. Актау, промзона, ТОО \"\"МАЭК-Казатомпром\"\"\"","DDP","С даты подписания договора в течение 90 календарных дней","Предоплата - 0% , Промежуточный платеж - 0% , Окончательный платеж - 100% ","Штука",{"v":2,"d":"2.000"},{"v":216000,"d":"216,000.000"},{"v":432000,"d":"432,000.000"},{"v":483840,"d":"483,840.000"},"-","Товарищество с ограниченной ответственностью \"Мангистауский атомный энергетический комбинат-Казатомпром\""]
[null,"8739918","3838 Т","265152.700.000024","Манометр","судовый","462:Тип:Манометр МТ-УХЛ3:Манометр МТ-УХЛ3","ОИ","137-2 (не превышает тысячекратного МРП)","0","04.2018","471010000, Мангистауская область, Актау Г.А., г.Актау, \"Мангистауская область, г. Актау, промзона, ТОО \"\"МАЭК-Казатомпром\"\", здание 201\"","471010000, Мангистауская область, Актау Г.А., г.Актау, \"Мангистауская область, г. Актау, промзона, ТОО \"\"МАЭК-Казатомпром\"\"\"","DDP","С даты подписания договора в течение 45 календарных дней","Предоплата - 0% , Промежуточный платеж - 0% , Окончательный платеж - 100% ","Штука",{"v":20,"d":"20.000"},{"v":4000,"d":"4,000.000"},{"v":80000,"d":"80,000.000"},{"v":89600,"d":"89,600.000"},"-","Товарищество с ограниченной ответственностью \"Мангистауский атомный энергетический комбинат-Казатомпром\""]
[null,"8742488","3842 Т","265166.300.000004","Датчик ДВТ","бесконтактный","462:Тип:Датчик к прибор ИП-78:Датчик к прибор ИП-78","ОИ","137-2 (не превышает тысячекратного МРП)","0","04.2018","471010000, Мангистауская область, Актау Г.А., г.Актау, \"Мангистауская область, г. Актау, промзона, ТОО \"\"МАЭК-Казатомпром\"\", здание 201\"","471010000, Мангистауская область, Актау Г.А., г.Актау, \"Мангистауская область, г. Актау, промзона, ТОО \"\"МАЭК-Казатомпром\"\"\"","DDP","С даты подписания договора в течение 45 календарных дней","Предоплата - 0% , Промежуточный платеж - 0% , Окончательный платеж - 100% ","Штука",{"v":1,"d":"1.000"},{"v":193752,"d":"193,752.000"},{"v":193752,"d":"193,752.000"},{"v":217002.24,"d":"217,002.240"},"-","Товарищество с ограниченной ответственностью \"Мангистауский атомный энергетический комбинат-Казатомпром\""]
[null,"8742511","3843 Т","265152.390.000003","Преобразователь ультразвуковой","для расходомера","462:Тип:Преобразователь П112:Преобразователь П112","ЦПП","-","0","11.2018","471010000, Мангистауская область, Актау Г.А., г.Актау, \"Мангистауская область, г. Актау, промзона, ТОО \"\"МАЭК-Казатомпром\"\", здание 201\"","471010000, Мангистауская область, Актау Г.А., г.Актау, \"Мангистауская область, г. Актау, промзона, ТОО \"\"МАЭК-Казатомпром\"\"\"","DDP","С даты подписания договора в течение 45 календарных дней","Предоплата - 0% , Промежуточный платеж - 0% , Окончательный платеж - 100% ","Штука",{"v":86,"d":"86.000"},{"v":54108,"d":"54,108.000"},{"v":4653288,"d":"4,653,288.000"},{"v":5211682.56,"d":"5,211,682.560"},"-","Товарищество с ограниченной ответственностью \"Мангистауский атомный энергетический комбинат-Казатомпром\""]
[null,"8750324","3846 Т","265151.700.000085","Датчик температуры","технологический","462:Тип:Комплект сменных элементов для ДК-402М:Комплект сменных элементов для ДК-402М","ОИ","137-2 (не превышает тысячекратного МРП)","0","09.2018","471010000, Мангистауская область, Актау Г.А., г.Актау, \"Мангистауская область, г. Актау, промзона, ТОО \"\"МАЭК-Казатомпром\"\", здание 201\"","471010000, Мангистауская область, Актау Г.А., г.Актау, \"Мангистауская область, г. Актау, промзона, ТОО \"\"МАЭК-Казатомпром\"\"\"","DDP","С даты подписания договора в течение 45 календарных дней","Предоплата - 0% , Промежуточный платеж - 0% , Окончательный платеж - 100% ","Штука",{"v":2,"d":"2.000"},{"v":75800,"d":"75,800.000"},{"v":151600,"d":"151,600.000"},{"v":169792,"d":"169,792.000"},"-","Товарищество с ограниченной ответственностью \"Мангистауский атомный энергетический комбинат-Казатомпром\""]
[null,"8750555","3851 Т","265152.700.000019","Манометр","технический","462:Тип:Манометр ТМ-210Р  (0-2,5МПа) (Манометр ТМ-210Р  (0-2,5МПа)):Манометр ТМ-210Р  (0-2,5МПа) (Манометр ТМ-210Р  (0-2,5МПа))","ОИ","137-2 (не превышает тысячекратного МРП)","0","05.2018","471010000, Мангистауская область, Актау Г.А., г.Актау, \"Мангистауская область, г. Актау, промзона, ТОО \"\"МАЭК-Казатомпром\"\", здание 201\"","471010000, Мангистауская область, Актау Г.А., г.Актау, \"Мангистауская область, г. Актау, промзона, ТОО \"\"МАЭК-Казатомпром\"\"\"","DDP","С даты подписания договора в течение 45 календарных дней","Предоплата - 0% , Промежуточный платеж - 0% , Окончательный платеж - 100% ","Штука",{"v":70,"d":"70.000"},{"v":4080,"d":"4,080.000"},{"v":285600,"d":"285,600.000"},{"v":319872,"d":"319,872.000"},"-","Товарищество с ограниченной ответственностью \"Мангистауский атомный энергетический комбинат-Казатомпром\""]
[null,"8750077","3854 Т","265153.910.000000","Датчик проводимости","для измерения концентраций кислот и щелочей","462:Тип:Датчик проводимости ДП-025С:Датчик проводимости ДП-025С","ОИ","137-2 (не превышает тысячекратного МРП)","0","06.2018","471010000, Мангистауская область, Актау Г.А., г.Актау, \"Мангистауская область, г. Актау, промзона, ТОО \"\"МАЭК-Казатомпром\"\", здание 201\"","471010000, Мангистауская область, Актау Г.А., г.Актау, \"Мангистауская область, г. Актау, промзона, ТОО \"\"МАЭК-Казатомпром\"\"\"","DDP","С даты подписания договора в течение 60 календарных дней","Предоплата - 0% , Промежуточный платеж - 0% , Окончательный платеж - 100% ","Штука",{"v":1,"d":"1.000"},{"v":101351.25,"d":"101,351.250"},{"v":101351.25,"d":"101,351.250"},{"v":113513.4,"d":"113,513.400"},"-","Товарищество с ограниченной ответственностью \"Мангистауский атомный энергетический комбинат-Казатомпром\""]
[null,"8755001","3857 Т","231923.300.000085","Электрод лабораторный","из стекла","462:Тип:Электрод PHED 112 SE рН 1 ...12 >150 µS/cm:Электрод PHED 112 SE рН 1 ...12 >150 µS/cm","ОИ","137-2 (не превышает тысячекратного МРП)","0","06.2018","471010000, Мангистауская область, Актау Г.А., г.Актау, \"Мангистауская область, г. Актау, промзона, ТОО \"\"МАЭК-Казатомпром\"\", здание 201\"","471010000, Мангистауская область, Актау Г.А., г.Актау, \"Мангистауская область, г. Актау, промзона, ТОО \"\"МАЭК-Казатомпром\"\"\"","DDP","С даты подписания договора в течение 60 календарных дней","Предоплата - 0% , Промежуточный платеж - 0% , Окончательный платеж - 100% ","Штука",{"v":3,"d":"3.000"},{"v":117442.85,"d":"117,442.850"},{"v":352328.55,"d":"352,328.550"},{"v":394607.98,"d":"394,607.980"},"-","Товарищество с ограниченной ответственностью \"Мангистауский атомный энергетический комбинат-Казатомпром\""]
[null,"8750093","3860 Т","231923.300.000085","Электрод лабораторный","из стекла","462:Тип:Электрод ЭЛИС-131 F (ЭК-12.01.01) F- ,10-1 :10-5М, 5 : 50 гр.С (замена ЭЛИТ221F R80.7):Электрод ЭЛИС-131 F (ЭК-12.01.01) F- ,10-1 :10-5М, 5 : 50 гр.С (замена ЭЛИТ221F R80.7)","ОИ","137-2 (не превышает тысячекратного МРП)","0","06.2018","471010000, Мангистауская область, Актау Г.А., г.Актау, \"Мангистауская область, г. Актау, промзона, ТОО \"\"МАЭК-Казатомпром\"\", здание 201\"","471010000, Мангистауская область, Актау Г.А., г.Актау, \"Мангистауская область, г. Актау, промзона, ТОО \"\"МАЭК-Казатомпром\"\"\"","DDP","С даты подписания договора в течение 60 календарных дней","Предоплата - 0% , Промежуточный платеж - 0% , Окончательный платеж - 100% ","Штука",{"v":2,"d":"2.000"},{"v":48438,"d":"48,438.000"},{"v":96876,"d":"96,876.000"},{"v":108501.12,"d":"108,501.120"},"-","Товарищество с ограниченной ответственностью \"Мангистауский атомный энергетический комбинат-Казатомпром\""]
[null,"8770002","3865 Т","259929.490.000298","Розетка","для кабеля","462:Тип:Розетка  СШР36П15ЭШ5:Розетка  СШР36П15ЭШ5","ОИ","137-2 (не превышает тысячекратного МРП)","0","06.2018","471010000, Мангистауская область, Актау Г.А., г.Актау, \"Мангистауская область, г. Актау, промзона, ТОО \"\"МАЭК-Казатомпром\"\", здание 201\"","471010000, Мангистауская область, Актау Г.А., г.Актау, \"Мангистауская область, г. Актау, промзона, ТОО \"\"МАЭК-Казатомпром\"\"\"","DDP","С даты подписания договора в течение 60 календарных дней","Предоплата - 0% , Промежуточный платеж - 0% , Окончательный платеж - 100% ","Штука",{"v":12,"d":"12.000"},{"v":6480,"d":"6,480.000"},{"v":77760,"d":"77,760.000"},{"v":87091.2,"d":"87,091.200"},"-","Товарищество с ограниченной ответственностью \"Мангистауский атомный энергетический комбинат-Казатомпром\""]
[null,"8770003","3866 Т","259929.490.000298","Розетка","для кабеля","462:Тип:Вилка  СШР36П15ЭШ5 (ГЕО.364.107 ТУ):Вилка  СШР36П15ЭШ5 (ГЕО.364.107 ТУ)","ОИ","137-2 (не превышает тысячекратного МРП)","0","06.2018","471010000, Мангистауская область, Актау Г.А., г.Актау, \"Мангистауская область, г. Актау, промзона, ТОО \"\"МАЭК-Казатомпром\"\", здание 201\"","471010000, Мангистауская область, Актау Г.А., г.Актау, \"Мангистауская область, г. Актау, промзона, ТОО \"\"МАЭК-Казатомпром\"\"\"","DDP","С даты подписания договора в течение 60 календарных дней","Предоплата - 0% , Промежуточный платеж - 0% , Окончательный платеж - 100% ","Штука",{"v":12,"d":"12.000"},{"v":7288.05,"d":"7,288.050"},{"v":87456.6,"d":"87,456.600"},{"v":97951.39,"d":"97,951.390"},"-","Товарищество с ограниченной ответственностью \"Мангистауский атомный энергетический комбинат-Казатомпром\""]
[null,"8789560","3869 Т","265182.500.000120","Ячейка","измерительная","462:Тип:Модуль (ячейка)  testo:Модуль (ячейка)  testo","ОИ","137-2 (не превышает тысячекратного МРП)","0","06.2018","471010000, Мангистауская область, Актау Г.А., г.Актау, \"Мангистауская область, г. Актау, промзона, ТОО \"\"МАЭК-Казатомпром\"\", здание 201\"","471010000, Мангистауская область, Актау Г.А., г.Актау, \"Мангистауская область, г. Актау, промзона, ТОО \"\"МАЭК-Казатомпром\"\"\"","DDP","С даты подписания договора в течение 120 календарных дней","Предоплата - 100% , Промежуточный платеж - 0% , Окончательный платеж - 0% ","Штука",{"v":6,"d":"6.000"},{"v":70869.21,"d":"70,869.210"},{"v":425215.26,"d":"425,215.260"},{"v":476241.09,"d":"476,241.090"},"-","Товарищество с ограниченной ответственностью \"Мангистауский атомный энергетический комбинат-Казатомпром\""]
[null,"8789678","3873 Т","265151.300.000019","Термометр","ТЕ","462:Тип:Термометр многоканальный ТМ 5103Д--В t1050-К8-ГП ТУ:Термометр многоканальный ТМ 5103Д--В t1050-К8-ГП ТУ","ЦПП","-","0","06.2018","471010000, Мангистауская область, Актау Г.А., г.Актау, \"Мангистауская область, г. Актау, промзона, ТОО \"\"МАЭК-Казатомпром\"\", здание 201\"","471010000, Мангистауская область, Актау Г.А., г.Актау, \"Мангистауская область, г. Актау, промзона, ТОО \"\"МАЭК-Казатомпром\"\"\"","DDP","С даты подписания договора в течение 30 календарных дней","Предоплата - 0% , Промежуточный платеж - 0% , Окончательный платеж - 100% ","Штука",{"v":2,"d":"2.000"},{"v":665689,"d":"665,689.000"},{"v":1331378,"d":"1,331,378.000"},{"v":1491143.36,"d":"1,491,143.360"},"-","Товарищество с ограниченной ответственностью \"Мангистауский атомный энергетический комбинат-Казатомпром\""]
[null,"8789531","3878 Т","265143.590.000012","Мультиметр","цифровой, точность обычно около 0,1 %","462:Тип:Мульметр АРРА 97:Мульметр АРРА 97","ОИ","137-2 (не превышает тысячекратного МРП)","0","06.2018","471010000, Мангистауская область, Актау Г.А., г.Актау, \"Мангистауская область, г. Актау, промзона, ТОО \"\"МАЭК-Казатомпром\"\", здание 201\"","471010000, Мангистауская область, Актау Г.А., г.Актау, \"Мангистауская область, г. Актау, промзона, ТОО \"\"МАЭК-Казатомпром\"\"\"","DDP","С даты подписания договора в течение 30 календарных дней","Предоплата - 0% , Промежуточный платеж - 0% , Окончательный платеж - 100% ","Штука",{"v":5,"d":"5.000"},{"v":25920,"d":"25,920.000"},{"v":129600,"d":"129,600.000"},{"v":145152,"d":"145,152.000"},"-","Товарищество с ограниченной ответственностью \"Мангистауский атомный энергетический комбинат-Казатомпром\""]
[null,"8785049","3881 Т","281420.000.000062","Блок","для дифманометра","462:Тип:Мембранный блок Фб5.892.013-63кПа:Мембранный блок Фб5.892.013-63кПа","ЦПП","-","0","08.2018","471010000, Мангистауская область, Актау Г.А., г.Актау, \"Мангистауская область, г. Актау, промзона, ТОО \"\"МАЭК-Казатомпром\"\", здание 201\"","471010000, Мангистауская область, Актау Г.А., г.Актау, \"Мангистауская область, г. Актау, промзона, ТОО \"\"МАЭК-Казатомпром\"\"\"","DDP","С даты подписания договора в течение 60 календарных дней","Предоплата - 0% , Промежуточный платеж - 0% , Окончательный платеж - 100% ","Штука",{"v":5,"d":"5.000"},{"v":76680,"d":"76,680.000"},{"v":383400,"d":"383,400.000"},{"v":429408,"d":"429,408.000"},"-","Товарищество с ограниченной ответственностью \"Мангистауский атомный энергетический комбинат-Казатомпром\""]
[null,"8785038","3885 Т","281420.000.000062","Блок","для дифманометра","462:Тип:Мембранный блок 3.6883.026-01-25 кПа:Мембранный блок 3.6883.026-01-25 кПа","ЦПП","-","0","08.2018","471010000, Мангистауская область, Актау Г.А., г.Актау, \"Мангистауская область, г. Актау, промзона, ТОО \"\"МАЭК-Казатомпром\"\", здание 201\"","471010000, Мангистауская область, Актау Г.А., г.Актау, \"Мангистауская область, г. Актау, промзона, ТОО \"\"МАЭК-Казатомпром\"\"\"","DDP","С даты подписания договора в течение 60 календарных дней","Предоплата - 0% , Промежуточный платеж - 0% , Окончательный платеж - 100% ","Штука",{"v":8,"d":"8.000"},{"v":85320,"d":"85,320.000"},{"v":682560,"d":"682,560.000"},{"v":764467.2,"d":"764,467.200"},"-","Товарищество с ограниченной ответственностью \"Мангистауский атомный энергетический комбинат-Казатомпром\""]
[null,"8785002","3887 Т","281420.000.000062","Блок","для дифманометра","462:Тип:Мембранный блок 008877338003 25кПа :Мембранный блок 008877338003 25кПа ","ЦПП","-","0","08.2018","471010000, Мангистауская область, Актау Г.А., г.Актау, \"Мангистауская область, г. Актау, промзона, ТОО \"\"МАЭК-Казатомпром\"\", здание 201\"","471010000, Мангистауская область, Актау Г.А., г.Актау, \"Мангистауская область, г. Актау, промзона, ТОО \"\"МАЭК-Казатомпром\"\"\"","DDP","С даты подписания договора в течение 90 календарных дней","Предоплата - 0% , Промежуточный платеж - 0% , Окончательный платеж - 100% ","Штука",{"v":12,"d":"12.000"},{"v":89620.54,"d":"89,620.540"},{"v":1075446.48,"d":"1,075,446.480"},{"v":1204500.06,"d":"1,204,500.060"},"-","Товарищество с ограниченной ответственностью \"Мангистауский атомный энергетический комбинат-Казатомпром\""]
[null,"8811090","3893 Т","273213.700.000076","Кабель","марка КВВГЭ, напряжение не более 1 000 В","462:Тип:КВВГЭ19х1,5 :КВВГЭ19х1,5  \\ 79:ГОСТ:1508-78:1508-78","ОТП","-","0","03.2018","471010000, Мангистауская область, Актау Г.А., г.Актау, \"Мангистауская область, г. Актау, промзона, ТОО \"\"МАЭК-Казатомпром\"\", здание 201\"","471010000, Мангистауская область, Актау Г.А., г.Актау, \"Мангистауская область, г. Актау, промзона, ТОО \"\"МАЭК-Казатомпром\"\"\"","DDP","С даты подписания договора в течение 30 календарных дней","Предоплата - 0% , Промежуточный платеж - 0% , Окончательный платеж - 100% ","Метр",{"v":50,"d":"50.000"},{"v":1487.81,"d":"1,487.810"},{"v":74390.5,"d":"74,390.500"},{"v":83317.36,"d":"83,317.360"},"-","Товарищество с ограниченной ответственностью \"Мангистауский атомный энергетический комбинат-Казатомпром\""]
[null,"8811148","3894 Т","273213.700.000076","Кабель","марка КВВГЭ, напряжение не более 1 000 В","462:Тип: КВВГЭ 37х1,5 : КВВГЭ 37х1,5  \\ 79:ГОСТ:1508-78:1508-78","ОТП","-","0","03.2018","471010000, Мангистауская область, Актау Г.А., г.Актау, \"Мангистауская область, г. Актау, промзона, ТОО \"\"МАЭК-Казатомпром\"\", здание 201\"","471010000, Мангистауская область, Актау Г.А., г.Актау, \"Мангистауская область, г. Актау, промзона, ТОО \"\"МАЭК-Казатомпром\"\"\"","DDP","С даты подписания договора в течение 30 календарных дней","Предоплата - 0% , Промежуточный платеж - 0% , Окончательный платеж - 100% ","Метр",{"v":60,"d":"60.000"},{"v":2794.5,"d":"2,794.500"},{"v":167670,"d":"167,670.000"},{"v":187790.4,"d":"187,790.400"},"-","Товарищество с ограниченной ответственностью \"Мангистауский атомный энергетический комбинат-Казатомпром\""]
[null,"8811049","3897 Т","273213.700.000076","Кабель","марка КВВГЭ, напряжение не более 1 000 В","462:Тип: КВВГЭ14х1,5: КВВГЭ14х1,5 \\ 79:ГОСТ:1508-78:1508-78","ОТП","-","0","03.2018","471010000, Мангистауская область, Актау Г.А., г.Актау, \"Мангистауская область, г. Актау, промзона, ТОО \"\"МАЭК-Казатомпром\"\", здание 201\"","471010000, Мангистауская область, Актау Г.А., г.Актау, \"Мангистауская область, г. Актау, промзона, ТОО \"\"МАЭК-Казатомпром\"\"\"","DDP","С даты подписания договора в течение 30 календарных дней","Предоплата - 0% , Промежуточный платеж - 0% , Окончательный платеж - 100% ","Метр погонный",{"v":50,"d":"50.000"},{"v":1203.55,"d":"1,203.550"},{"v":60177.5,"d":"60,177.500"},{"v":67398.8,"d":"67,398.800"},"-","Товарищество с ограниченной ответственностью \"Мангистауский атомный энергетический комбинат-Казатомпром\""]
[null,"8810530","3901 Т","273213.700.000084","Кабель","марка КГ, напряжение не более 1 000 В","462:Тип:КГ 1*16:КГ 1*16","ОТП","-","0","03.2018","471010000, Мангистауская область, Актау Г.А., г.Актау, \"Мангистауская область, г. Актау, промзона, ТОО \"\"МАЭК-Казатомпром\"\", здание 201\"","471010000, Мангистауская область, Актау Г.А., г.Актау, \"Мангистауская область, г. Актау, промзона, ТОО \"\"МАЭК-Казатомпром\"\"\"","DDP","С даты подписания договора в течение 30 календарных дней","Предоплата - 0% , Промежуточный платеж - 0% , Окончательный платеж - 100% ","Метр погонный",{"v":1600,"d":"1,600.000"},{"v":546.48,"d":"546.480"},{"v":874368,"d":"874,368.000"},{"v":979292.16,"d":"979,292.160"},"-","Товарищество с ограниченной ответственностью \"Мангистауский атомный энергетический комбинат-Казатомпром\""]
[null,"8810102","3905 Т","273213.700.000084","Кабель","марка КГ, напряжение не более 1 000 В","468:ТУ: 16.К73-05-93: 16.К73-05-93 \\ 462:Тип:КГ2х2,5 :КГ2х2,5 ","ОТП","-","0","03.2018","471010000, Мангистауская область, Актау Г.А., г.Актау, \"Мангистауская область, г. Актау, промзона, ТОО \"\"МАЭК-Казатомпром\"\", здание 201\"","471010000, Мангистауская область, Актау Г.А., г.Актау, \"Мангистауская область, г. Актау, промзона, ТОО \"\"МАЭК-Казатомпром\"\"\"","DDP","С даты подписания договора в течение 30 календарных дней","Предоплата - 0% , Промежуточный платеж - 0% , Окончательный платеж - 100% ","Метр",{"v":150,"d":"150.000"},{"v":275.72,"d":"275.720"},{"v":41358,"d":"41,358.000"},{"v":46320.96,"d":"46,320.960"},"-","Товарищество с ограниченной ответственностью \"Мангистауский атомный энергетический комбинат-Казатомпром\""]
[null,"8811028","3910 Т","273213.700.000067","Кабель","марка КВВГ, напряжение не более 1 000 В","462:Тип:КВВГ10х1,5:КВВГ10х1,5","ОТП","-","0","03.2018","471010000, Мангистауская область, Актау Г.А., г.Актау, \"Мангистауская область, г. Актау, промзона, ТОО \"\"МАЭК-Казатомпром\"\", здание 201\"","471010000, Мангистауская область, Актау Г.А., г.Актау, \"Мангистауская область, г. Актау, промзона, ТОО \"\"МАЭК-Казатомпром\"\"\"","DDP","С даты подписания договора в течение 30 календарных дней","Предоплата - 0% , Промежуточный платеж - 0% , Окончательный платеж - 100% ","Метр погонный",{"v":1000,"d":"1,000.000"},{"v":807.3,"d":"807.300"},{"v":807300,"d":"807,300.000"},{"v":904176,"d":"904,176.000"},"-","Товарищество с ограниченной ответственностью \"Мангистауский атомный энергетический комбинат-Казатомпром\""]
[null,"8811151","3913 Т","273213.700.000067","Кабель","марка КВВГ, напряжение не более 1 000 В","462:Тип: КВВГ27х1,5 : КВВГ27х1,5 ","ОТП","-","0","03.2018","471010000, Мангистауская область, Актау Г.А., г.Актау, \"Мангистауская область, г. Актау, промзона, ТОО \"\"МАЭК-Казатомпром\"\", здание 201\"","471010000, Мангистауская область, Актау Г.А., г.Актау, \"Мангистауская область, г. Актау, промзона, ТОО \"\"МАЭК-Казатомпром\"\"\"","DDP","С даты подписания договора в течение 30 календарных дней","Предоплата - 0% , Промежуточный платеж - 0% , Окончательный платеж - 100% ","Метр",{"v":150,"d":"150.000"},{"v":2173.5,"d":"2,173.500"},{"v":326025,"d":"326,025.000"},{"v":365148,"d":"365,148.000"},"-","Товарищество с ограниченной ответственностью \"Мангистауский атомный энергетический комбинат-Казатомпром\""]
[null,"8810005","3916 Т","273213.700.000084","Кабель","марка КГ, напряжение не более 1 000 В","462:Тип:КГ3х35+1х10:КГ3х35+1х10","ОТП","-","0","03.2018","471010000, Мангистауская область, Актау Г.А., г.Актау, \"Мангистауская область, г. Актау, промзона, ТОО \"\"МАЭК-Казатомпром\"\", здание 201\"","471010000, Мангистауская область, Актау Г.А., г.Актау, \"Мангистауская область, г. Актау, промзона, ТОО \"\"МАЭК-Казатомпром\"\"\"","DDP","С даты подписания договора в течение 30 календарных дней","Предоплата - 0% , Промежуточный платеж - 0% , Окончательный платеж - 100% ","Метр",{"v":200,"d":"200.000"},{"v":4843.8,"d":"4,843.800"},{"v":968760,"d":"968,760.000"},{"v":1085011.2,"d":"1,085,011.200"},"-","Товарищество с ограниченной ответственностью \"Мангистауский атомный энергетический комбинат-Казатомпром\""]
[null,"8820023","3919 Т","273213.700.000007","Кабель","марка АВВГ, напряжение не более 1 000 В","462:Тип:АВВГ4х10:АВВГ4х10","ОТП","-","0","03.2018","471010000, Мангистауская область, Актау Г.А., г.Актау, \"Мангистауская область, г. Актау, промзона, ТОО \"\"МАЭК-Казатомпром\"\", здание 201\"","471010000, Мангистауская область, Актау Г.А., г.Актау, \"Мангистауская область, г. Актау, промзона, ТОО \"\"МАЭК-Казатомпром\"\"\"","DDP","С даты подписания договора в течение 30 календарных дней","Предоплата - 0% , Промежуточный платеж - 0% , Окончательный платеж - 100% ","Метр",{"v":100,"d":"100.000"},{"v":250.89,"d":"250.890"},{"v":25089,"d":"25,089.000"},{"v":28099.68,"d":"28,099.680"},"-","Товарищество с ограниченной ответственностью \"Мангистауский атомный энергетический комбинат-Казатомпром\""]
[null,"8820106","3921 Т","273213.700.000007","Кабель","марка АВВГ, напряжение не более 1 000 В","462:Тип:АВВГ2х2,5 :АВВГ2х2,5 ","ОТП","-","0","03.2018","471010000, Мангистауская область, Актау Г.А., г.Актау, \"Мангистауская область, г. Актау, промзона, ТОО \"\"МАЭК-Казатомпром\"\", здание 201\"","471010000, Мангистауская область, Актау Г.А., г.Актау, \"Мангистауская область, г. Актау, промзона, ТОО \"\"МАЭК-Казатомпром\"\"\"","DDP","С даты подписания договора в течение 30 календарных дней","Предоплата - 0% , Промежуточный платеж - 0% , Окончательный платеж - 100% ","Метр",{"v":500,"d":"500.000"},{"v":136.62,"d":"136.620"},{"v":68310,"d":"68,310.000"},{"v":76507.2,"d":"76,507.200"},"-","Товарищество с ограниченной ответственностью \"Мангистауский атомный энергетический комбинат-Казатомпром\""]
[null,"8820085","3924 Т","273213.700.000007","Кабель","марка АВВГ, напряжение не более 1 000 В","462:Тип:АВВГ4х2,5:АВВГ4х2,5","ОТП","-","0","03.2018","471010000, Мангистауская область, Актау Г.А., г.Актау, \"Мангистауская область, г. Актау, промзона, ТОО \"\"МАЭК-Казатомпром\"\", здание 201\"","471010000, Мангистауская область, Актау Г.А., г.Актау, \"Мангистауская область, г. Актау, промзона, ТОО \"\"МАЭК-Казатомпром\"\"\"","DDP","С даты подписания договора в течение 30 календарных дней","Предоплата - 0% , Промежуточный платеж - 0% , Окончательный платеж - 100% ","Метр",{"v":550,"d":"550.000"},{"v":273.24,"d":"273.240"},{"v":150282,"d":"150,282.000"},{"v":168315.84,"d":"168,315.840"},"-","Товарищество с ограниченной ответственностью \"Мангистауский атомный энергетический комбинат-Казатомпром\""]
[null,"8840043","3928 Т","273213.700.000043","Кабель","марка ВВГ/NYY, напряжение не более 1 000 В","462:Тип:ВВГ 2х4 :ВВГ 2х4  \\ 79:ГОСТ:16442-80:16442-80","ОТП","-","0","03.2018","471010000, Мангистауская область, Актау Г.А., г.Актау, \"Мангистауская область, г. Актау, промзона, ТОО \"\"МАЭК-Казатомпром\"\", здание 201\"","471010000, Мангистауская область, Актау Г.А., г.Актау, \"Мангистауская область, г. Актау, промзона, ТОО \"\"МАЭК-Казатомпром\"\"\"","DDP","С даты подписания договора в течение 30 календарных дней","Предоплата - 0% , Промежуточный платеж - 0% , Окончательный платеж - 100% ","Метр",{"v":100,"d":"100.000"},{"v":273.24,"d":"273.240"},{"v":27324,"d":"27,324.000"},{"v":30602.88,"d":"30,602.880"},"-","Товарищество с ограниченной ответственностью \"Мангистауский атомный энергетический комбинат-Казатомпром\""]
[null,"8840040","3932-1 Т","273213.700.000043","Кабель","марка ВВГ/NYY, напряжение не более 1 000 В","462:Тип:ВВГ 3х1,5:ВВГ 3х1,5","ОТП","-","0","02.2018","471010000, Мангистауская область, Актау Г.А., г.Актау, \"Мангистауская область, г. Актау, промзона, ТОО \"\"МАЭК-Казатомпром\"\", здание 201\"","471010000, Мангистауская область, Актау Г.А., г.Актау, \"Мангистауская область, г. Актау, промзона, ТОО \"\"МАЭК-Казатомпром\"\"\"","DDP","С даты подписания договора в течение 30 календарных дней","Окончательный платеж - 100% , Промежуточный платеж - 0% , Предоплата - 0% ","Метр",{"v":1100,"d":"1,100.000"},{"v":255,"d":"255.000"},{"v":280500,"d":"280,500.000"},{"v":314160,"d":"314,160.000"},"-","Товарищество с ограниченной ответственностью \"Мангистауский атомный энергетический комбинат-Казатомпром\""]
[null,"8840050","3937 Т","273213.700.000043","Кабель","марка ВВГ/NYY, напряжение не более 1 000 В","462:Тип:ВВГ4х2,5 :ВВГ4х2,5 ","ОТП","-","0","03.2018","471010000, Мангистауская область, Актау Г.А., г.Актау, \"Мангистауская область, г. Актау, промзона, ТОО \"\"МАЭК-Казатомпром\"\", здание 201\"","471010000, Мангистауская область, Актау Г.А., г.Актау, \"Мангистауская область, г. Актау, промзона, ТОО \"\"МАЭК-Казатомпром\"\"\"","DDP","С даты подписания договора в течение 30 календарных дней","Предоплата - 0% , Промежуточный платеж - 0% , Окончательный платеж - 100% ","Метр погонный",{"v":750,"d":"750.000"},{"v":402.3,"d":"402.300"},{"v":301725,"d":"301,725.000"},{"v":337932,"d":"337,932.000"},"-","Товарищество с ограниченной ответственностью \"Мангистауский атомный энергетический комбинат-Казатомпром\""]
[null,"8862100","3940 Т","273213.700.000159","Кабель","марка МКШ, напряжение не более 1 000 В","462:Тип:МКШ3х0,75 :МКШ3х0,75  \\ 79:ГОСТ:10348-80:10348-80","ОТП","-","0","03.2018","471010000, Мангистауская область, Актау Г.А., г.Актау, \"Мангистауская область, г. Актау, промзона, ТОО \"\"МАЭК-Казатомпром\"\", здание 201\"","471010000, Мангистауская область, Актау Г.А., г.Актау, \"Мангистауская область, г. Актау, промзона, ТОО \"\"МАЭК-Казатомпром\"\"\"","DDP","С даты подписания договора в течение 30 календарных дней","Предоплата - 0% , Промежуточный платеж - 0% , Окончательный платеж - 100% ","Метр погонный",{"v":100,"d":"100.000"},{"v":990.19,"d":"990.190"},{"v":99019,"d":"99,019.000"},{"v":110901.28,"d":"110,901.280"},"-","Товарищество с ограниченной ответственностью \"Мангистауский атомный энергетический комбинат-Казатомпром\""]
[null,"8860921","3943 Т","273213.700.000254","Провод","марка ВПП, напряжение не более 1 000 В","462:Тип:ВПВ 25 (ВПП):ВПВ 25 (ВПП)","ОТП","-","0","03.2018","471010000, Мангистауская область, Актау Г.А., г.Актау, \"Мангистауская область, г. Актау, промзона, ТОО \"\"МАЭК-Казатомпром\"\", здание 201\"","471010000, Мангистауская область, Актау Г.А., г.Актау, \"Мангистауская область, г. Актау, промзона, ТОО \"\"МАЭК-Казатомпром\"\"\"","DDP","С даты подписания договора в течение 30 календарных дней","Предоплата - 0% , Промежуточный платеж - 0% , Окончательный платеж - 100% ","Метр",{"v":500,"d":"500.000"},{"v":855.74,"d":"855.740"},{"v":427870,"d":"427,870.000"},{"v":479214.4,"d":"479,214.400"},"-","Товарищество с ограниченной ответственностью \"Мангистауский атомный энергетический комбинат-Казатомпром\""]
[null,"8864609","3946 Т","273213.700.000278","Провод","марка ПВС, напряжение не более 1 000 В","462:Тип:ПВС 5*2,5:ПВС 5*2,5","ОТП","-","0","03.2018","471010000, Мангистауская область, Актау Г.А., г.Актау, \"Мангистауская область, г. Актау, промзона, ТОО \"\"МАЭК-Казатомпром\"\", здание 201\"","471010000, Мангистауская область, Актау Г.А., г.Актау, \"Мангистауская область, г. Актау, промзона, ТОО \"\"МАЭК-Казатомпром\"\"\"","DDP","С даты подписания договора в течение 30 календарных дней","Предоплата - 0% , Промежуточный платеж - 0% , Окончательный платеж - 100% ","Метр",{"v":200,"d":"200.000"},{"v":380,"d":"380.000"},{"v":76000,"d":"76,000.000"},{"v":85120,"d":"85,120.000"},"-","Товарищество с ограниченной ответственностью \"Мангистауский атомный энергетический комбинат-Казатомпром\""]
[null,"8860300","3948 Т","273213.700.000260","Провод","марка МГШВ, напряжение не более 1 000 В","462:Тип: МГШВ 0,75 з : МГШВ 0,75 з  \\ 468:ТУ:16-505.437-82:16-505.437-82","ОТП","-","0","03.2018","471010000, Мангистауская область, Актау Г.А., г.Актау, \"Мангистауская область, г. Актау, промзона, ТОО \"\"МАЭК-Казатомпром\"\", здание 201\"","471010000, Мангистауская область, Актау Г.А., г.Актау, \"Мангистауская область, г. Актау, промзона, ТОО \"\"МАЭК-Казатомпром\"\"\"","DDP","С даты подписания договора в течение 30 календарных дней","Предоплата - 0% , Промежуточный платеж - 0% , Окончательный платеж - 100% ","Метр погонный",{"v":100,"d":"100.000"},{"v":153.39,"d":"153.390"},{"v":15339,"d":"15,339.000"},{"v":17179.68,"d":"17,179.680"},"-","Товарищество с ограниченной ответственностью \"Мангистауский атомный энергетический комбинат-Казатомпром\""]
[null,"8862115","3951 Т","273213.700.000159","Кабель","марка МКШ, напряжение не более 1 000 В","462:Тип:МКШ10х0,75 :МКШ10х0,75  \\ 79:ГОСТ:10348-80:10348-80","ОТП","-","0","03.2018","471010000, Мангистауская область, Актау Г.А., г.Актау, \"Мангистауская область, г. Актау, промзона, ТОО \"\"МАЭК-Казатомпром\"\", здание 201\"","471010000, Мангистауская область, Актау Г.А., г.Актау, \"Мангистауская область, г. Актау, промзона, ТОО \"\"МАЭК-Казатомпром\"\"\"","DDP","С даты подписания договора в течение 30 календарных дней","Предоплата - 0% , Промежуточный платеж - 0% , Окончательный платеж - 100% ","Метр погонный",{"v":100,"d":"100.000"},{"v":653.29,"d":"653.290"},{"v":65329,"d":"65,329.000"},{"v":73168.48,"d":"73,168.480"},"-","Товарищество с ограниченной ответственностью \"Мангистауский атомный энергетический комбинат-Казатомпром\""]
[null,"8860150","3955 Т","273213.700.000272","Провод","марка ПВ3, напряжение не более 1 000 В","462:Тип:ПВ-3 2,5 :ПВ-3 2,5 ","ОТП","-","0","03.2018","471010000, Мангистауская область, Актау Г.А., г.Актау, \"Мангистауская область, г. Актау, промзона, ТОО \"\"МАЭК-Казатомпром\"\", здание 201\"","471010000, Мангистауская область, Актау Г.А., г.Актау, \"Мангистауская область, г. Актау, промзона, ТОО \"\"МАЭК-Казатомпром\"\"\"","DDP","С даты подписания договора в течение 30 календарных дней","Предоплата - 0% , Промежуточный платеж - 0% , Окончательный платеж - 100% ","Метр погонный",{"v":100,"d":"100.000"},{"v":124.2,"d":"124.200"},{"v":12420,"d":"12,420.000"},{"v":13910.4,"d":"13,910.400"},"-","Товарищество с ограниченной ответственностью \"Мангистауский атомный энергетический комбинат-Казатомпром\""]
[null,"8873881","3959 Т","273213.700.000162","Кабель","марка МКЭШ, напряжение не более 1 000 В","462:Тип:МКЭШ, 3*0,5 мм2:МКЭШ, 3*0,5 мм2","ОТП","-","0","03.2018","471010000, Мангистауская область, Актау Г.А., г.Актау, \"Мангистауская область, г. Актау, промзона, ТОО \"\"МАЭК-Казатомпром\"\", здание 201\"","471010000, Мангистауская область, Актау Г.А., г.Актау, \"Мангистауская область, г. Актау, промзона, ТОО \"\"МАЭК-Казатомпром\"\"\"","DDP","С даты подписания договора в течение 30 календарных дней","Предоплата - 0% , Промежуточный платеж - 0% , Окончательный платеж - 100% ","Метр",{"v":100,"d":"100.000"},{"v":240,"d":"240.000"},{"v":24000,"d":"24,000.000"},{"v":26880,"d":"26,880.000"},"-","Товарищество с ограниченной ответственностью \"Мангистауский атомный энергетический комбинат-Казатомпром\""]
[null,"8881008","3962 Т","273213.700.000289","Провод","марка ПТЛ200, напряжение не более 1 000 В","462:Тип:ПТЛ-200 0,75 :ПТЛ-200 0,75 ","ОТП","-","0","03.2018","471010000, Мангистауская область, Актау Г.А., г.Актау, \"Мангистауская область, г. Актау, промзона, ТОО \"\"МАЭК-Казатомпром\"\", здание 201\"","471010000, Мангистауская область, Актау Г.А., г.Актау, \"Мангистауская область, г. Актау, промзона, ТОО \"\"МАЭК-Казатомпром\"\"\"","DDP","С даты подписания договора в течение 30 календарных дней","Предоплата - 0% , Промежуточный платеж - 0% , Окончательный платеж - 100% ","Метр погонный",{"v":200,"d":"200.000"},{"v":171.95,"d":"171.950"},{"v":34390,"d":"34,390.000"},{"v":38516.8,"d":"38,516.800"},"-","Товарищество с ограниченной ответственностью \"Мангистауский атомный энергетический комбинат-Казатомпром\""]
[null,"8881030","3964 Т","273313.900.000054","Набор соединительный","для соединения греющего кабеля","462:Тип:РЕТК-2 Набор для кабеля BSX,CSR,FLX,HTSX и KSX:РЕТК-2 Набор для кабеля BSX,CSR,FLX,HTSX и KSX","ОИ","137-2 (не превышает тысячекратного МРП)","0","03.2018","471010000, Мангистауская область, Актау Г.А., г.Актау, \"Мангистауская область, г. Актау, промзона, ТОО \"\"МАЭК-Казатомпром\"\", здание 201\"","471010000, Мангистауская область, Актау Г.А., г.Актау, \"Мангистауская область, г. Актау, промзона, ТОО \"\"МАЭК-Казатомпром\"\"\"","DDP","С даты подписания договора в течение 30 календарных дней","Предоплата - 0% , Промежуточный платеж - 0% , Окончательный платеж - 100% ","Штука",{"v":1,"d":"1.000"},{"v":20000,"d":"20,000.000"},{"v":20000,"d":"20,000.000"},{"v":22400,"d":"22,400.000"},"-","Товарищество с ограниченной ответственностью \"Мангистауский атомный энергетический комбинат-Казатомпром\""]
[null,"8897500","3970 Т","273213.700.000330","Провод специализированный","для щеток электрических","462:Тип:ПЩ 10 :ПЩ 10 ","ОТП","-","0","03.2018","471010000, Мангистауская область, Актау Г.А., г.Актау, \"Мангистауская область, г. Актау, промзона, ТОО \"\"МАЭК-Казатомпром\"\", здание 201\"","471010000, Мангистауская область, Актау Г.А., г.Актау, \"Мангистауская область, г. Актау, промзона, ТОО \"\"МАЭК-Казатомпром\"\"\"","DDP","С даты подписания договора в течение 30 календарных дней","Предоплата - 0% , Промежуточный платеж - 0% , Окончательный платеж - 100% ","Километр (тысяча метров)",{"v":3,"d":"3.000"},{"v":3643.25,"d":"3,643.250"},{"v":10929.75,"d":"10,929.750"},{"v":12241.32,"d":"12,241.320"},"-","Товарищество с ограниченной ответственностью \"Мангистауский атомный энергетический комбинат-Казатомпром\""]
[null,"8890071","3973 Т","279032.000.000055","Проволокопровод","для сварочного оборудования","462:Тип:ПЭТВ-2 0,355:ПЭТВ-2 0,355","ОТП","-","0","03.2018","471010000, Мангистауская область, Актау Г.А., г.Актау, \"Мангистауская область, г. Актау, промзона, ТОО \"\"МАЭК-Казатомпром\"\", здание 201\"","471010000, Мангистауская область, Актау Г.А., г.Актау, \"Мангистауская область, г. Актау, промзона, ТОО \"\"МАЭК-Казатомпром\"\"\"","DDP","С даты подписания договора в течение 30 календарных дней","Предоплата - 0% , Промежуточный платеж - 0% , Окончательный платеж - 100% ","Килограмм",{"v":10.5,"d":"10.500"},{"v":5713.2,"d":"5,713.200"},{"v":59988.6,"d":"59,988.600"},{"v":67187.23,"d":"67,187.230"},"-","Товарищество с ограниченной ответственностью \"Мангистауский атомный энергетический комбинат-Казатомпром\""]
[null,"8890120","3977 Т","279032.000.000055","Проволокопровод","для сварочного оборудования","462:Тип:ПЭТВ-2 0,630:ПЭТВ-2 0,630","ОТП","-","0","03.2018","471010000, Мангистауская область, Актау Г.А., г.Актау, \"Мангистауская область, г. Актау, промзона, ТОО \"\"МАЭК-Казатомпром\"\", здание 201\"","471010000, Мангистауская область, Актау Г.А., г.Актау, \"Мангистауская область, г. Актау, промзона, ТОО \"\"МАЭК-Казатомпром\"\"\"","DDP","С даты подписания договора в течение 30 календарных дней","Предоплата - 0% , Промежуточный платеж - 0% , Окончательный платеж - 100% ","Килограмм",{"v":10,"d":"10.000"},{"v":3042.9,"d":"3,042.900"},{"v":30429,"d":"30,429.000"},{"v":34080.48,"d":"34,080.480"},"-","Товарищество с ограниченной ответственностью \"Мангистауский атомный энергетический комбинат-Казатомпром\""]
[null,"8890091","3978 Т","279032.000.000055","Проволокопровод","для сварочного оборудования","462:Тип:ПЭТВ-2 0,450 :ПЭТВ-2 0,450 ","ОТП","-","0","03.2018","471010000, Мангистауская область, Актау Г.А., г.Актау, \"Мангистауская область, г. Актау, промзона, ТОО \"\"МАЭК-Казатомпром\"\", здание 201\"","471010000, Мангистауская область, Актау Г.А., г.Актау, \"Мангистауская область, г. Актау, промзона, ТОО \"\"МАЭК-Казатомпром\"\"\"","DDP","С даты подписания договора в течение 30 календарных дней","Предоплата - 0% , Промежуточный платеж - 0% , Окончательный платеж - 100% ","Килограмм",{"v":20.5,"d":"20.500"},{"v":5713.2,"d":"5,713.200"},{"v":117120.6,"d":"117,120.600"},{"v":131175.07,"d":"131,175.070"},"-","Товарищество с ограниченной ответственностью \"Мангистауский атомный энергетический комбинат-Казатомпром\""]
[null,"9010002","3982 Т","281314.900.000090","Насос","битумный, шестеренный, подача до 30 м3/ч","462:Тип:Насосный агрегат  ЭЦВ 8-40-90 (ТУ 3631-001-00213865-98):Насосный агрегат  ЭЦВ 8-40-90 (ТУ 3631-001-00213865-98)","ОТП","-","0","02.2018","471010000, Мангистауская область, Актау Г.А., г.Актау, \"Мангистауская область, г. Актау, промзона, ТОО \"\"МАЭК-Казатомпром\"\", здание 201\"","471010000, Мангистауская область, Актау Г.А., г.Актау, \"Мангистауская область, г. Актау, промзона, ТОО \"\"МАЭК-Казатомпром\"\"\"","DDP","С даты подписания договора в течение 60 календарных дней","Предоплата - 0% , Промежуточный платеж - 0% , Окончательный платеж - 100% ","Штука",{"v":1,"d":"1.000"},{"v":299183.76,"d":"299,183.760"},{"v":299183.76,"d":"299,183.760"},{"v":335085.81,"d":"335,085.810"},"-","Товарищество с ограниченной ответственностью \"Мангистауский атомный энергетический комбинат-Казатомпром\""]
[null,"9181111","3986 Т","284133.200.000007","Пресс гидравлический","ковочный","462:Тип: ПГР-120 (КВТ): ПГР-120 (КВТ)","ОИ","137-2 (не превышает тысячекратного МРП)","0","07.2018","471010000, Мангистауская область, Актау Г.А., г.Актау, \"Мангистауская область, г. Актау, промзона, ТОО \"\"МАЭК-Казатомпром\"\", здание 201\"","471010000, Мангистауская область, Актау Г.А., г.Актау, \"Мангистауская область, г. Актау, промзона, ТОО \"\"МАЭК-Казатомпром\"\"\"","DDP","С даты подписания договора в течение 30 календарных дней","Предоплата - 0% , Промежуточный платеж - 0% , Окончательный платеж - 100% ","Штука",{"v":2,"d":"2.000"},{"v":48000,"d":"48,000.000"},{"v":96000,"d":"96,000.000"},{"v":107520,"d":"107,520.000"},"-","Товарищество с ограниченной ответственностью \"Мангистауский атомный энергетический комбинат-Казатомпром\""]
[null,"9210008","3989 Т","279032.000.000068","Редуктор","пропановый, баллонный","462:Тип:Редектор пропановый БПО-5-4:Редектор пропановый БПО-5-4","ОИ","137-2 (не превышает тысячекратного МРП)","0","03.2018","471010000, Мангистауская область, Актау Г.А., г.Актау, \"Мангистауская область, г. Актау, промзона, ТОО \"\"МАЭК-Казатомпром\"\", здание 201\"","471010000, Мангистауская область, Актау Г.А., г.Актау, \"Мангистауская область, г. Актау, промзона, ТОО \"\"МАЭК-Казатомпром\"\"\"","DDP","С даты подписания договора в течение 90 календарных дней","Предоплата - 0% , Промежуточный платеж - 0% , Окончательный платеж - 100% ","Штука",{"v":3,"d":"3.000"},{"v":12544.2,"d":"12,544.200"},{"v":37632.6,"d":"37,632.600"},{"v":42148.51,"d":"42,148.510"},"-","Товарищество с ограниченной ответственностью \"Мангистауский атомный энергетический комбинат-Казатомпром\""]
[null,"9210012","3991 Т","279032.000.000062","Редуктор","кислородный, баллонный","462:Тип:Редуктор кислородный  БКО-50МГ (ГОСТ 13861):Редуктор кислородный  БКО-50МГ (ГОСТ 13861)","ОИ","137-2 (не превышает тысячекратного МРП)","0","03.2018","471010000, Мангистауская область, Актау Г.А., г.Актау, \"Мангистауская область, г. Актау, промзона, ТОО \"\"МАЭК-Казатомпром\"\", здание 201\"","471010000, Мангистауская область, Актау Г.А., г.Актау, \"Мангистауская область, г. Актау, промзона, ТОО \"\"МАЭК-Казатомпром\"\"\"","DDP","С даты подписания договора в течение 90 календарных дней","Предоплата - 0% , Промежуточный платеж - 0% , Окончательный платеж - 100% ","Штука",{"v":7,"d":"7.000"},{"v":12282,"d":"12,282.000"},{"v":85974,"d":"85,974.000"},{"v":96290.88,"d":"96,290.880"},"-","Товарищество с ограниченной ответственностью \"Мангистауский атомный энергетический комбинат-Казатомпром\""]
[null,"9220010","3997 Т","279032.000.000056","Резак","пропановый","462:Тип:Резак универсальный  Р1-01АП (ГОСТ 5191-79):Резак универсальный  Р1-01АП (ГОСТ 5191-79)","ОИ","137-2 (не превышает тысячекратного МРП)","0","03.2018","471010000, Мангистауская область, Актау Г.А., г.Актау, \"Мангистауская область, г. Актау, промзона, ТОО \"\"МАЭК-Казатомпром\"\", здание 201\"","471010000, Мангистауская область, Актау Г.А., г.Актау, \"Мангистауская область, г. Актау, промзона, ТОО \"\"МАЭК-Казатомпром\"\"\"","DDP","С даты подписания договора в течение 30 календарных дней","Предоплата - 0% , Промежуточный платеж - 0% , Окончательный платеж - 100% ","Штука",{"v":25,"d":"25.000"},{"v":16445,"d":"16,445.000"},{"v":411125,"d":"411,125.000"},{"v":460460,"d":"460,460.000"},"-","Товарищество с ограниченной ответственностью \"Мангистауский атомный энергетический комбинат-Казатомпром\""]
[null,"9220004","3998 Т","279032.000.000056","Резак","пропановый","462:Тип:Резак пропановый  Р3-01П (ГОСТ 5191-79):Резак пропановый  Р3-01П (ГОСТ 5191-79)","ОИ","137-2 (не превышает тысячекратного МРП)","0","03.2018","471010000, Мангистауская область, Актау Г.А., г.Актау, \"Мангистауская область, г. Актау, промзона, ТОО \"\"МАЭК-Казатомпром\"\", здание 201\"","471010000, Мангистауская область, Актау Г.А., г.Актау, \"Мангистауская область, г. Актау, промзона, ТОО \"\"МАЭК-Казатомпром\"\"\"","DDP","С даты подписания договора в течение 30 календарных дней","Предоплата - 0% , Промежуточный платеж - 0% , Окончательный платеж - 100% ","Штука",{"v":26,"d":"26.000"},{"v":19550,"d":"19,550.000"},{"v":508300,"d":"508,300.000"},{"v":569296,"d":"569,296.000"},"-","Товарищество с ограниченной ответственностью \"Мангистауский атомный энергетический комбинат-Казатомпром\""]
[null,"9234537","4004 Т","265143.590.000045","Прибор для измерения силы тока, напряжения тока, сопротивления тока","аналоговый","462:Тип:Мегаомметр электронный ф-4100:Мегаомметр электронный ф-4100","ОИ","137-2 (не превышает тысячекратного МРП)","0","05.2018","471010000, Мангистауская область, Актау Г.А., г.Актау, \"Мангистауская область, г. Актау, промзона, ТОО \"\"МАЭК-Казатомпром\"\", здание 201\"","471010000, Мангистауская область, Актау Г.А., г.Актау, \"Мангистауская область, г. Актау, промзона, ТОО \"\"МАЭК-Казатомпром\"\"\"","DDP","С даты подписания договора в течение 45 календарных дней","Предоплата - 0% , Промежуточный платеж - 0% , Окончательный платеж - 100% ","Штука",{"v":1,"d":"1.000"},{"v":165000,"d":"165,000.000"},{"v":165000,"d":"165,000.000"},{"v":184800,"d":"184,800.000"},"-","Товарищество с ограниченной ответственностью \"Мангистауский атомный энергетический комбинат-Казатомпром\""]
[null,"9230004","4005 Т","282970.100.000000","Горелка","газовая, мощность менее 70 кВт","462:Тип:Горелка ацетиленовая ГС-2 (ГОСТ 29134-97):Горелка ацетиленовая ГС-2 (ГОСТ 29134-97)","ОИ","137-2 (не превышает тысячекратного МРП)","0","03.2018","471010000, Мангистауская область, Актау Г.А., г.Актау, \"Мангистауская область, г. Актау, промзона, ТОО \"\"МАЭК-Казатомпром\"\", здание 201\"","471010000, Мангистауская область, Актау Г.А., г.Актау, \"Мангистауская область, г. Актау, промзона, ТОО \"\"МАЭК-Казатомпром\"\"\"","DDP","С даты подписания договора в течение 30 календарных дней","Предоплата - 0% , Промежуточный платеж - 0% , Окончательный платеж - 100% ","Штука",{"v":2,"d":"2.000"},{"v":13995.5,"d":"13,995.500"},{"v":27991,"d":"27,991.000"},{"v":31349.92,"d":"31,349.920"},"-","Товарищество с ограниченной ответственностью \"Мангистауский атомный энергетический комбинат-Казатомпром\""]
[null,"9280034","4009 Т","281332.000.000016","Кольцо","для компрессора","462:Тип:Кольцо уплотнительное 365Р190180:Кольцо уплотнительное 365Р190180","ОИ","137-2 (не превышает тысячекратного МРП)","0","03.2018","471010000, Мангистауская область, Актау Г.А., г.Актау, \"Мангистауская область, г. Актау, промзона, ТОО \"\"МАЭК-Казатомпром\"\", здание 201\"","471010000, Мангистауская область, Актау Г.А., г.Актау, \"Мангистауская область, г. Актау, промзона, ТОО \"\"МАЭК-Казатомпром\"\"\"","DDP","С даты подписания договора в течение 30 календарных дней","Предоплата - 0% , Промежуточный платеж - 0% , Окончательный платеж - 100% ","Штука",{"v":40,"d":"40.000"},{"v":7130,"d":"7,130.000"},{"v":285200,"d":"285,200.000"},{"v":319424,"d":"319,424.000"},"-","Товарищество с ограниченной ответственностью \"Мангистауский атомный энергетический комбинат-Казатомпром\""]
[null,"9280028","4013 Т","279031.500.000004","Сопло","для плазменной горелки (плазмотрона)","36:Диаметр:Сопло диаметр 1,7мм:Сопло диаметр 1,7мм","ОИ","137-2 (не превышает тысячекратного МРП)","0","03.2018","471010000, Мангистауская область, Актау Г.А., г.Актау, \"Мангистауская область, г. Актау, промзона, ТОО \"\"МАЭК-Казатомпром\"\", здание 201\"","471010000, Мангистауская область, Актау Г.А., г.Актау, \"Мангистауская область, г. Актау, промзона, ТОО \"\"МАЭК-Казатомпром\"\"\"","DDP","С даты подписания договора в течение 30 календарных дней","Предоплата - 0% , Промежуточный платеж - 0% , Окончательный платеж - 100% ","Штука",{"v":40,"d":"40.000"},{"v":967.72,"d":"967.720"},{"v":38708.8,"d":"38,708.800"},{"v":43353.86,"d":"43,353.860"},"-","Товарищество с ограниченной ответственностью \"Мангистауский атомный энергетический комбинат-Казатомпром\""]
[null,"9280024","4016 Т","279031.500.000000","Головка","для плазменной горелки","235:Наименование:Головка плазмотрона  в сборе:Головка плазмотрона  в сборе","ОИ","137-2 (не превышает тысячекратного МРП)","0","03.2018","471010000, Мангистауская область, Актау Г.А., г.Актау, \"Мангистауская область, г. Актау, промзона, ТОО \"\"МАЭК-Казатомпром\"\", здание 201\"","471010000, Мангистауская область, Актау Г.А., г.Актау, \"Мангистауская область, г. Актау, промзона, ТОО \"\"МАЭК-Казатомпром\"\"\"","DDP","С даты подписания договора в течение 30 календарных дней","Предоплата - 0% , Промежуточный платеж - 0% , Окончательный платеж - 100% ","Штука",{"v":3,"d":"3.000"},{"v":196970,"d":"196,970.000"},{"v":590910,"d":"590,910.000"},{"v":661819.2,"d":"661,819.200"},"-","Товарищество с ограниченной ответственностью \"Мангистауский атомный энергетический комбинат-Казатомпром\""]
[null,"9310001","4020 Т","281413.350.000006","Задвижка","клиновая, стальная, условный проход 50-450 мм","462:Тип:Задвижка 30нж 41нж  Ду 100 Ру 16  ГОСТ 9544 :Задвижка 30нж 41нж  Ду 100 Ру 16  ГОСТ 9544 ","ОТП","-","65","04.2018","471010000, Мангистауская область, Актау Г.А., г.Актау, \"Мангистауская область, г. Актау, промзона, ТОО \"\"МАЭК-Казатомпром\"\", здание 201\"","471010000, Мангистауская область, Актау Г.А., г.Актау, \"Мангистауская область, г. Актау, промзона, ТОО \"\"МАЭК-Казатомпром\"\"\"","DDP","С даты подписания договора в течение 60 календарных дней","Предоплата - 0% , Промежуточный платеж - 0% , Окончательный платеж - 100% ","Штука",{"v":2,"d":"2.000"},{"v":443500,"d":"443,500.000"},{"v":887000,"d":"887,000.000"},{"v":993440,"d":"993,440.000"},"ТПХ","Товарищество с ограниченной ответственностью \"Мангистауский атомный энергетический комбинат-Казатомпром\""]
[null,"9310003","4022 Т","281413.350.000005","Задвижка","клиновая, стальная, условный проход до 50 мм","462:Тип:Задвижка 30нж 41нж Ду 50 Ру 16  ГОСТ 9544 :Задвижка 30нж 41нж Ду 50 Ру 16  ГОСТ 9544 ","ОТП","-","65","04.2018","471010000, Мангистауская область, Актау Г.А., г.Актау, \"Мангистауская область, г. Актау, промзона, ТОО \"\"МАЭК-Казатомпром\"\", здание 201\"","471010000, Мангистауская область, Актау Г.А., г.Актау, \"Мангистауская область, г. Актау, промзона, ТОО \"\"МАЭК-Казатомпром\"\"\"","DDP","С даты подписания договора в течение 60 календарных дней","Предоплата - 0% , Промежуточный платеж - 0% , Окончательный платеж - 100% ","Штука",{"v":6,"d":"6.000"},{"v":159840,"d":"159,840.000"},{"v":959040,"d":"959,040.000"},{"v":1074124.8,"d":"1,074,124.800"},"ТПХ","Товарищество с ограниченной ответственностью \"Мангистауский атомный энергетический комбинат-Казатомпром\""]
[null,"9340001","4026 Т","281413.900.000021","Клапан","запорный, нержавеющий, размер до 50 мм","462:Тип:Вентиль 15нж 54бк Ду 15 Ру 160по ГОСТ 12815-80):Вентиль 15нж 54бк Ду 15 Ру 160по ГОСТ 12815-80)","ОТП","-","65","03.2018","471010000, Мангистауская область, Актау Г.А., г.Актау, \"Мангистауская область, г. Актау, промзона, ТОО \"\"МАЭК-Казатомпром\"\", здание 201\"","471010000, Мангистауская область, Актау Г.А., г.Актау, \"Мангистауская область, г. Актау, промзона, ТОО \"\"МАЭК-Казатомпром\"\"\"","DDP","С даты подписания договора в течение 60 календарных дней","Предоплата - 0% , Промежуточный платеж - 0% , Окончательный платеж - 100% ","Штука",{"v":10,"d":"10.000"},{"v":29099.52,"d":"29,099.520"},{"v":290995.2,"d":"290,995.200"},{"v":325914.62,"d":"325,914.620"},"ТПХ","Товарищество с ограниченной ответственностью \"Мангистауский атомный энергетический комбинат-Казатомпром\""]
[null,"9340023","4029 Т","281413.900.000021","Клапан","запорный, нержавеющий, размер до 50 мм","462:Тип:Вентиль 15нж 65п Ду 15 Ру 16 :Вентиль 15нж 65п Ду 15 Ру 16 ","ОТП","-","65","03.2018","471010000, Мангистауская область, Актау Г.А., г.Актау, \"Мангистауская область, г. Актау, промзона, ТОО \"\"МАЭК-Казатомпром\"\", здание 201\"","471010000, Мангистауская область, Актау Г.А., г.Актау, \"Мангистауская область, г. Актау, промзона, ТОО \"\"МАЭК-Казатомпром\"\"\"","DDP","С даты подписания договора в течение 60 календарных дней","Предоплата - 0% , Промежуточный платеж - 0% , Окончательный платеж - 100% ","Штука",{"v":10,"d":"10.000"},{"v":23334.48,"d":"23,334.480"},{"v":233344.8,"d":"233,344.800"},{"v":261346.18,"d":"261,346.180"},"ТПХ","Товарищество с ограниченной ответственностью \"Мангистауский атомный энергетический комбинат-Казатомпром\""]
[null,"9410038","4034 Т","281413.350.000006","Задвижка","клиновая, стальная, условный проход 50-450 мм","462:Тип:Задвижка 30с 15нж  Ду 100 Ру 40:Задвижка 30с 15нж  Ду 100 Ру 40","ОТП","-","65","04.2018","471010000, Мангистауская область, Актау Г.А., г.Актау, \"Мангистауская область, г. Актау, промзона, ТОО \"\"МАЭК-Казатомпром\"\", здание 201\"","471010000, Мангистауская область, Актау Г.А., г.Актау, \"Мангистауская область, г. Актау, промзона, ТОО \"\"МАЭК-Казатомпром\"\"\"","DDP","С даты подписания договора в течение 60 календарных дней","Предоплата - 0% , Промежуточный платеж - 0% , Окончательный платеж - 100% ","Штука",{"v":2,"d":"2.000"},{"v":173880,"d":"173,880.000"},{"v":347760,"d":"347,760.000"},{"v":389491.2,"d":"389,491.200"},"ТПХ","Товарищество с ограниченной ответственностью \"Мангистауский атомный энергетический комбинат-Казатомпром\""]
[null,"9410303","4039 Т","281413.350.000007","Задвижка","клиновая, стальная, условный проход 450-2600 мм","462:Тип:Задвижка 30с 64нж Ду 200 Ру 25 :Задвижка 30с 64нж Ду 200 Ру 25 ","ОТП","-","65","04.2018","471010000, Мангистауская область, Актау Г.А., г.Актау, \"Мангистауская область, г. Актау, промзона, ТОО \"\"МАЭК-Казатомпром\"\", здание 201\"","471010000, Мангистауская область, Актау Г.А., г.Актау, \"Мангистауская область, г. Актау, промзона, ТОО \"\"МАЭК-Казатомпром\"\"\"","DDP","С даты подписания договора в течение 60 календарных дней","Предоплата - 0% , Промежуточный платеж - 0% , Окончательный платеж - 100% ","Штука",{"v":2,"d":"2.000"},{"v":193152,"d":"193,152.000"},{"v":386304,"d":"386,304.000"},{"v":432660.48,"d":"432,660.480"},"ТПХ","Товарищество с ограниченной ответственностью \"Мангистауский атомный энергетический комбинат-Казатомпром\""]
[null,"9410028","4042 Т","281413.350.000007","Задвижка","клиновая, стальная, условный проход 450-2600 мм","462:Тип:Задвижка 30с 41нж Ду 80 Ру 16:Задвижка 30с 41нж Ду 80 Ру 16","ОТП","-","65","04.2018","471010000, Мангистауская область, Актау Г.А., г.Актау, \"Мангистауская область, г. Актау, промзона, ТОО \"\"МАЭК-Казатомпром\"\", здание 201\"","471010000, Мангистауская область, Актау Г.А., г.Актау, \"Мангистауская область, г. Актау, промзона, ТОО \"\"МАЭК-Казатомпром\"\"\"","DDP","С даты подписания договора в течение 60 календарных дней","Предоплата - 0% , Промежуточный платеж - 0% , Окончательный платеж - 100% ","Штука",{"v":8,"d":"8.000"},{"v":57024,"d":"57,024.000"},{"v":456192,"d":"456,192.000"},{"v":510935.04,"d":"510,935.040"},"ТПХ","Товарищество с ограниченной ответственностью \"Мангистауский атомный энергетический комбинат-Казатомпром\""]
[null,"9440038","4048 Т","281413.550.000002","Клапан","запорный, стальной, размер 50-450 мм","462:Тип:Вентиль 15с 18п Ду 100 Ру 25 :Вентиль 15с 18п Ду 100 Ру 25 ","ОТП","-","65","03.2018","471010000, Мангистауская область, Актау Г.А., г.Актау, \"Мангистауская область, г. Актау, промзона, ТОО \"\"МАЭК-Казатомпром\"\", здание 201\"","471010000, Мангистауская область, Актау Г.А., г.Актау, \"Мангистауская область, г. Актау, промзона, ТОО \"\"МАЭК-Казатомпром\"\"\"","DDP","С даты подписания договора в течение 60 календарных дней","Предоплата - 0% , Промежуточный платеж - 0% , Окончательный платеж - 100% ","Штука",{"v":6,"d":"6.000"},{"v":58320,"d":"58,320.000"},{"v":349920,"d":"349,920.000"},{"v":391910.4,"d":"391,910.400"},"ТПХ","Товарищество с ограниченной ответственностью \"Мангистауский атомный энергетический комбинат-Казатомпром\""]
[null,"9440009","4051 Т","281413.550.000002","Клапан","запорный, стальной, размер 50-450 мм","462:Тип:Вентиль 15с 65нж Ду 80 Ру 16:Вентиль 15с 65нж Ду 80 Ру 16","ОТП","-","65","03.2018","471010000, Мангистауская область, Актау Г.А., г.Актау, \"Мангистауская область, г. Актау, промзона, ТОО \"\"МАЭК-Казатомпром\"\", здание 201\"","471010000, Мангистауская область, Актау Г.А., г.Актау, \"Мангистауская область, г. Актау, промзона, ТОО \"\"МАЭК-Казатомпром\"\"\"","DDP","С даты подписания договора в течение 60 календарных дней","Предоплата - 0% , Промежуточный платеж - 0% , Окончательный платеж - 100% ","Штука",{"v":4,"d":"4.000"},{"v":59875.2,"d":"59,875.200"},{"v":239500.8,"d":"239,500.800"},{"v":268240.9,"d":"268,240.900"},"ТПХ","Товарищество с ограниченной ответственностью \"Мангистауский атомный энергетический комбинат-Казатомпром\""]
[null,"9440006","4053 Т","281413.550.000003","Клапан","запорный, стальной, размер до 50 мм","462:Тип:Вентиль 15с 64нж Ду 50 Ру 16:Вентиль 15с 64нж Ду 50 Ру 16","ОТП","-","65","03.2018","471010000, Мангистауская область, Актау Г.А., г.Актау, \"Мангистауская область, г. Актау, промзона, ТОО \"\"МАЭК-Казатомпром\"\", здание 201\"","471010000, Мангистауская область, Актау Г.А., г.Актау, \"Мангистауская область, г. Актау, промзона, ТОО \"\"МАЭК-Казатомпром\"\"\"","DDP","С даты подписания договора в течение 60 календарных дней","Предоплата - 0% , Промежуточный платеж - 0% , Окончательный платеж - 100% ","Штука",{"v":3,"d":"3.000"},{"v":55945,"d":"55,945.000"},{"v":167835,"d":"167,835.000"},{"v":187975.2,"d":"187,975.200"},"ТПХ","Товарищество с ограниченной ответственностью \"Мангистауский атомный энергетический комбинат-Казатомпром\""]
[null,"9449970","4056 Т","281413.900.000100","Клапан","запорно-регулирующий, стальной, размер до 50 мм","462:Тип:Вентиль 15лс 96нж1 Ду 3 (Вентиль 15лс 96нж1 Ду 3):Вентиль 15лс 96нж1 Ду 3 (Вентиль 15лс 96нж1 Ду 3)","ОТП","-","0","03.2018","471010000, Мангистауская область, Актау Г.А., г.Актау, \"Мангистауская область, г. Актау, промзона, ТОО \"\"МАЭК-Казатомпром\"\", здание 201\"","471010000, Мангистауская область, Актау Г.А., г.Актау, \"Мангистауская область, г. Актау, промзона, ТОО \"\"МАЭК-Казатомпром\"\"\"","DDP","С даты подписания договора в течение 30 календарных дней","Предоплата - 0% , Промежуточный платеж - 0% , Окончательный платеж - 100% ","Штука",{"v":5,"d":"5.000"},{"v":12000,"d":"12,000.000"},{"v":60000,"d":"60,000.000"},{"v":67200,"d":"67,200.000"},"-","Товарищество с ограниченной ответственностью \"Мангистауский атомный энергетический комбинат-Казатомпром\""]
[null,"9440207","4059 Т","281413.900.000017","Клапан","игольчатый, стальной, номинальный до 50 мм","462:Тип:Вентиль игольчатый  Ду 5:Вентиль игольчатый  Ду 5","ОТП","-","0","03.2018","471010000, Мангистауская область, Актау Г.А., г.Актау, \"Мангистауская область, г. Актау, промзона, ТОО \"\"МАЭК-Казатомпром\"\", здание 201\"","471010000, Мангистауская область, Актау Г.А., г.Актау, \"Мангистауская область, г. Актау, промзона, ТОО \"\"МАЭК-Казатомпром\"\"\"","DDP","С даты подписания договора в течение 30 календарных дней","Предоплата - 0% , Промежуточный платеж - 0% , Окончательный платеж - 100% ","Штука",{"v":5,"d":"5.000"},{"v":14472,"d":"14,472.000"},{"v":72360,"d":"72,360.000"},{"v":81043.2,"d":"81,043.200"},"-","Товарищество с ограниченной ответственностью \"Мангистауский атомный энергетический комбинат-Казатомпром\""]
[null,"9440012","4062 Т","281413.550.000003","Клапан","запорный, стальной, размер до 50 мм","462:Тип:Вентиль 15с 54бк Ду 15 Ру 160:Вентиль 15с 54бк Ду 15 Ру 160","ОТП","-","65","03.2018","471010000, Мангистауская область, Актау Г.А., г.Актау, \"Мангистауская область, г. Актау, промзона, ТОО \"\"МАЭК-Казатомпром\"\", здание 201\"","471010000, Мангистауская область, Актау Г.А., г.Актау, \"Мангистауская область, г. Актау, промзона, ТОО \"\"МАЭК-Казатомпром\"\"\"","DDP","С даты подписания договора в течение 60 календарных дней","Предоплата - 0% , Промежуточный платеж - 0% , Окончательный платеж - 100% ","Штука",{"v":15,"d":"15.000"},{"v":9072,"d":"9,072.000"},{"v":136080,"d":"136,080.000"},{"v":152409.6,"d":"152,409.600"},"ТПХ","Товарищество с ограниченной ответственностью \"Мангистауский атомный энергетический комбинат-Казатомпром\""]
[null,"9540010","4067 Т","281413.390.000124","Клапан","запорный, бронзовый, размер до 50 мм","462:Тип:Вентиль 15б 1п Ду 32 Ру 16 (ТУ 26-07-1392-86):Вентиль 15б 1п Ду 32 Ру 16 (ТУ 26-07-1392-86)","ОТП","-","65","03.2018","471010000, Мангистауская область, Актау Г.А., г.Актау, \"Мангистауская область, г. Актау, промзона, ТОО \"\"МАЭК-Казатомпром\"\", здание 201\"","471010000, Мангистауская область, Актау Г.А., г.Актау, \"Мангистауская область, г. Актау, промзона, ТОО \"\"МАЭК-Казатомпром\"\"\"","DDP","С даты подписания договора в течение 0 календарных дней","Предоплата - 0% , Промежуточный платеж - 0% , Окончательный платеж - 100% ","Штука",{"v":5,"d":"5.000"},{"v":2863.93,"d":"2,863.930"},{"v":14319.65,"d":"14,319.650"},{"v":16038.01,"d":"16,038.010"},"-","Товарищество с ограниченной ответственностью \"Мангистауский атомный энергетический комбинат-Казатомпром\""]
[null,"9540025","4070 Т","281413.350.000002","Вентиль","балонный, на балонн малого объема","462:Тип:Шпиндель к ВК 94-01:Шпиндель к ВК 94-01","ОИ","137-2 (не превышает тысячекратного МРП)","0","05.2018","471010000, Мангистауская область, Актау Г.А., г.Актау, \"Мангистауская область, г. Актау, промзона, ТОО \"\"МАЭК-Казатомпром\"\", здание 201\"","471010000, Мангистауская область, Актау Г.А., г.Актау, \"Мангистауская область, г. Актау, промзона, ТОО \"\"МАЭК-Казатомпром\"\"\"","DDP","С даты подписания договора в течение 30 календарных дней","Предоплата - 0% , Промежуточный платеж - 0% , Окончательный платеж - 100% ","Штука",{"v":50,"d":"50.000"},{"v":300,"d":"300.000"},{"v":15000,"d":"15,000.000"},{"v":16800,"d":"16,800.000"},"-","Товарищество с ограниченной ответственностью \"Мангистауский атомный энергетический комбинат-Казатомпром\""]
[null,"9540017","4075 Т","281413.390.000125","Клапан","запорный, бронзовый, размер 50-450 мм","462:Тип:Вентиль 15б 3р Ду 15 Ру 10 (ТУ 26-07-1392-86):Вентиль 15б 3р Ду 15 Ру 10 (ТУ 26-07-1392-86)","ОТП","-","65","03.2018","471010000, Мангистауская область, Актау Г.А., г.Актау, \"Мангистауская область, г. Актау, промзона, ТОО \"\"МАЭК-Казатомпром\"\", здание 201\"","471010000, Мангистауская область, Актау Г.А., г.Актау, \"Мангистауская область, г. Актау, промзона, ТОО \"\"МАЭК-Казатомпром\"\"\"","DDP","С даты подписания договора в течение 0 календарных дней","Предоплата - 0% , Промежуточный платеж - 0% , Окончательный платеж - 100% ","Штука",{"v":112,"d":"112.000"},{"v":1220.4,"d":"1,220.400"},{"v":136684.8,"d":"136,684.800"},{"v":153086.98,"d":"153,086.980"},"-","Товарищество с ограниченной ответственностью \"Мангистауский атомный энергетический комбинат-Казатомпром\""]
[null,"9540007","4078 Т","281413.390.000125","Клапан","запорный, бронзовый, размер 50-450 мм","462:Тип:Вентиль 15б 1п Ду 15 Ру 16:Вентиль 15б 1п Ду 15 Ру 16","ОТП","-","65","03.2018","471010000, Мангистауская область, Актау Г.А., г.Актау, \"Мангистауская область, г. Актау, промзона, ТОО \"\"МАЭК-Казатомпром\"\", здание 201\"","471010000, Мангистауская область, Актау Г.А., г.Актау, \"Мангистауская область, г. Актау, промзона, ТОО \"\"МАЭК-Казатомпром\"\"\"","DDP","С даты подписания договора в течение 0 календарных дней","Предоплата - 0% , Промежуточный платеж - 0% , Окончательный платеж - 100% ","Штука",{"v":75,"d":"75.000"},{"v":1252.68,"d":"1,252.680"},{"v":93951,"d":"93,951.000"},{"v":105225.12,"d":"105,225.120"},"-","Товарищество с ограниченной ответственностью \"Мангистауский атомный энергетический комбинат-Казатомпром\""]
[null,"9560020","4081 Т","281413.730.000007","Кран шаровой","латунный, условное давление 0-420 Мпа, диаметр 10-1400 мм, ручной","462:Тип:Кран 11б 27п1 Ду 50 Ру 16:Кран 11б 27п1 Ду 50 Ру 16","ОИ","137-2 (не превышает тысячекратного МРП)","65","06.2018","471010000, Мангистауская область, Актау Г.А., г.Актау, \"Мангистауская область, г. Актау, промзона, ТОО \"\"МАЭК-Казатомпром\"\", здание 201\"","471010000, Мангистауская область, Актау Г.А., г.Актау, \"Мангистауская область, г. Актау, промзона, ТОО \"\"МАЭК-Казатомпром\"\"\"","DDP","С даты подписания договора в течение 60 календарных дней","Предоплата - 0% , Промежуточный платеж - 0% , Окончательный платеж - 100% ","Штука",{"v":5,"d":"5.000"},{"v":13945,"d":"13,945.000"},{"v":69725,"d":"69,725.000"},{"v":78092,"d":"78,092.000"},"-","Товарищество с ограниченной ответственностью \"Мангистауский атомный энергетический комбинат-Казатомпром\""]
[null,"9630210","4084 Т","281413.350.000006","Задвижка","клиновая, стальная, условный проход 50-450 мм","462:Тип:Клапан регулирующий 1086-100-Э:Клапан регулирующий 1086-100-Э","ОТП","-","65","04.2018","471010000, Мангистауская область, Актау Г.А., г.Актау, \"Мангистауская область, г. Актау, промзона, ТОО \"\"МАЭК-Казатомпром\"\", здание 201\"","471010000, Мангистауская область, Актау Г.А., г.Актау, \"Мангистауская область, г. Актау, промзона, ТОО \"\"МАЭК-Казатомпром\"\"\"","DDP","С даты подписания договора в течение 60 календарных дней","Предоплата - 0% , Промежуточный платеж - 0% , Окончательный платеж - 100% ","Штука",{"v":1,"d":"1.000"},{"v":3967488,"d":"3,967,488.000"},{"v":3967488,"d":"3,967,488.000"},{"v":4443586.56,"d":"4,443,586.560"},"ТПХ","Товарищество с ограниченной ответственностью \"Мангистауский атомный энергетический комбинат-Казатомпром\""]
[null,"9630214","4086 Т","281411.390.000004","Клапан","регулирующий, стальной, размер до 50 мм","462:Тип:Клапан запорный сильфонный фланцевый Ду-40 Ру-10 14НЖ917СТ:Клапан запорный сильфонный фланцевый Ду-40 Ру-10 14НЖ917СТ","ОТП","-","65","03.2018","471010000, Мангистауская область, Актау Г.А., г.Актау, \"Мангистауская область, г. Актау, промзона, ТОО \"\"МАЭК-Казатомпром\"\", здание 201\"","471010000, Мангистауская область, Актау Г.А., г.Актау, \"Мангистауская область, г. Актау, промзона, ТОО \"\"МАЭК-Казатомпром\"\"\"","DDP","С даты подписания договора в течение 60 календарных дней","Предоплата - 0% , Промежуточный платеж - 0% , Окончательный платеж - 100% ","Штука",{"v":4,"d":"4.000"},{"v":145800,"d":"145,800.000"},{"v":583200,"d":"583,200.000"},{"v":653184,"d":"653,184.000"},"ТПХ","Товарищество с ограниченной ответственностью \"Мангистауский атомный энергетический комбинат-Казатомпром\""]
[null,"9640214","4089 Т","281413.900.000100","Клапан","запорно-регулирующий, стальной, размер до 50 мм","462:Тип:Вентиль 999-20-0:Вентиль 999-20-0","ОТП","-","65","03.2018","471010000, Мангистауская область, Актау Г.А., г.Актау, \"Мангистауская область, г. Актау, промзона, ТОО \"\"МАЭК-Казатомпром\"\", здание 201\"","471010000, Мангистауская область, Актау Г.А., г.Актау, \"Мангистауская область, г. Актау, промзона, ТОО \"\"МАЭК-Казатомпром\"\"\"","DDP","С даты подписания договора в течение 60 календарных дней","Предоплата - 0% , Промежуточный платеж - 0% , Окончательный платеж - 100% ","Штука",{"v":10,"d":"10.000"},{"v":51785.71,"d":"51,785.710"},{"v":517857.1,"d":"517,857.100"},{"v":579999.95,"d":"579,999.950"},"ТПХ","Товарищество с ограниченной ответственностью \"Мангистауский атомный энергетический комбинат-Казатомпром\""]
[null,"9710013","4093 Т","281413.350.000006","Задвижка","клиновая, стальная, условный проход 50-450 мм","462:Тип:Задвижка  30ч 6бр  Ду 400 Ру 10 :Задвижка  30ч 6бр  Ду 400 Ру 10 ","ОТП","-","65","04.2018","471010000, Мангистауская область, Актау Г.А., г.Актау, \"Мангистауская область, г. Актау, промзона, ТОО \"\"МАЭК-Казатомпром\"\", здание 201\"","471010000, Мангистауская область, Актау Г.А., г.Актау, \"Мангистауская область, г. Актау, промзона, ТОО \"\"МАЭК-Казатомпром\"\"\"","DDP","С даты подписания договора в течение 60 календарных дней","Предоплата - 0% , Промежуточный платеж - 0% , Окончательный платеж - 100% ","Штука",{"v":1,"d":"1.000"},{"v":630720,"d":"630,720.000"},{"v":630720,"d":"630,720.000"},{"v":706406.4,"d":"706,406.400"},"ТПХ","Товарищество с ограниченной ответственностью \"Мангистауский атомный энергетический комбинат-Казатомпром\""]
[null,"9710030","4097 Т","281413.330.000001","Задвижка","клиновая, чугунная, условный проход 50-450 мм","462:Тип:Задвижка 30ч 6бр Ду 100 Ру 16 :Задвижка 30ч 6бр Ду 100 Ру 16 ","ОТП","-","65","04.2018","471010000, Мангистауская область, Актау Г.А., г.Актау, \"Мангистауская область, г. Актау, промзона, ТОО \"\"МАЭК-Казатомпром\"\", здание 201\"","471010000, Мангистауская область, Актау Г.А., г.Актау, \"Мангистауская область, г. Актау, промзона, ТОО \"\"МАЭК-Казатомпром\"\"\"","DDP","С даты подписания договора в течение 60 календарных дней","Предоплата - 0% , Промежуточный платеж - 0% , Окончательный платеж - 100% ","Штука",{"v":9,"d":"9.000"},{"v":33048,"d":"33,048.000"},{"v":297432,"d":"297,432.000"},{"v":333123.84,"d":"333,123.840"},"ТПХ","Товарищество с ограниченной ответственностью \"Мангистауский атомный энергетический комбинат-Казатомпром\""]
[null,"9710048","4101 Т","281413.330.000001","Задвижка","клиновая, чугунная, условный проход 50-450 мм","462:Тип:Клиновая задвижка DN100/PN10-16:Клиновая задвижка DN100/PN10-16","ОТП","-","65","04.2018","471010000, Мангистауская область, Актау Г.А., г.Актау, \"Мангистауская область, г. Актау, промзона, ТОО \"\"МАЭК-Казатомпром\"\", здание 201\"","471010000, Мангистауская область, Актау Г.А., г.Актау, \"Мангистауская область, г. Актау, промзона, ТОО \"\"МАЭК-Казатомпром\"\"\"","DDP","С даты подписания договора в течение 60 календарных дней","Предоплата - 0% , Промежуточный платеж - 0% , Окончательный платеж - 100% ","Штука",{"v":2,"d":"2.000"},{"v":73146.24,"d":"73,146.240"},{"v":146292.48,"d":"146,292.480"},{"v":163847.58,"d":"163,847.580"},"ТПХ","Товарищество с ограниченной ответственностью \"Мангистауский атомный энергетический комбинат-Казатомпром\""]
[null,"9710026","4102 Т","281413.330.000001","Задвижка","клиновая, чугунная, условный проход 50-450 мм","462:Тип:Задвижка 30ч 6бр Ду 80 Ру 10 :Задвижка 30ч 6бр Ду 80 Ру 10 ","ОТП","-","65","04.2018","471010000, Мангистауская область, Актау Г.А., г.Актау, \"Мангистауская область, г. Актау, промзона, ТОО \"\"МАЭК-Казатомпром\"\", здание 201\"","471010000, Мангистауская область, Актау Г.А., г.Актау, \"Мангистауская область, г. Актау, промзона, ТОО \"\"МАЭК-Казатомпром\"\"\"","DDP","С даты подписания договора в течение 60 календарных дней","Предоплата - 0% , Промежуточный платеж - 0% , Окончательный платеж - 100% ","Штука",{"v":30,"d":"30.000"},{"v":14988,"d":"14,988.000"},{"v":449640,"d":"449,640.000"},{"v":503596.8,"d":"503,596.800"},"ТПХ","Товарищество с ограниченной ответственностью \"Мангистауский атомный энергетический комбинат-Казатомпром\""]
[null,"9710017","4108 Т","281413.330.000001","Задвижка","клиновая, чугунная, условный проход 50-450 мм","462:Тип:Задвижка 31ч 6бр Ду 100 Ру 10 (Задвижка 31ч 6бр Ду 100 Ру 10):Задвижка 31ч 6бр Ду 100 Ру 10 (Задвижка 31ч 6бр Ду 100 Ру 10)","ОТП","-","65","04.2018","471010000, Мангистауская область, Актау Г.А., г.Актау, \"Мангистауская область, г. Актау, промзона, ТОО \"\"МАЭК-Казатомпром\"\", здание 201\"","471010000, Мангистауская область, Актау Г.А., г.Актау, \"Мангистауская область, г. Актау, промзона, ТОО \"\"МАЭК-Казатомпром\"\"\"","DDP","С даты подписания договора в течение 60 календарных дней","Предоплата - 0% , Промежуточный платеж - 0% , Окончательный платеж - 100% ","Штука",{"v":9,"d":"9.000"},{"v":33048,"d":"33,048.000"},{"v":297432,"d":"297,432.000"},{"v":333123.84,"d":"333,123.840"},"ТПХ","Товарищество с ограниченной ответственностью \"Мангистауский атомный энергетический комбинат-Казатомпром\""]
[null,"9720011","4111 Т","281413.750.000006","Затвор","дисковый, стальной, условный проход 50-450 мм","462:Тип:Дисковые затворы Ду-250 Ру-10 :Дисковые затворы Ду-250 Ру-10 ","ОТП","-","60","02.2018","471010000, Мангистауская область, Актау Г.А., г.Актау, \"Мангистауская область, г. Актау, промзона, ТОО \"\"МАЭК-Казатомпром\"\", здание 201\"","471010000, Мангистауская область, Актау Г.А., г.Актау, \"Мангистауская область, г. Актау, промзона, ТОО \"\"МАЭК-Казатомпром\"\"\"","DDP","С даты подписания договора в течение 60 календарных дней","Предоплата - 0% , Промежуточный платеж - 0% , Окончательный платеж - 100% ","Штука",{"v":2,"d":"2.000"},{"v":74900,"d":"74,900.000"},{"v":149800,"d":"149,800.000"},{"v":167776,"d":"167,776.000"},"ТПХ","Товарищество с ограниченной ответственностью \"Мангистауский атомный энергетический комбинат-Казатомпром\""]
[null,"9720008","4113 Т","281413.750.000006","Затвор","дисковый, стальной, условный проход 50-450 мм","462:Тип:Дисковые затворы Ду-100 Ру-10:Дисковые затворы Ду-100 Ру-10","ОТП","-","60","02.2018","471010000, Мангистауская область, Актау Г.А., г.Актау, \"Мангистауская область, г. Актау, промзона, ТОО \"\"МАЭК-Казатомпром\"\", здание 201\"","471010000, Мангистауская область, Актау Г.А., г.Актау, \"Мангистауская область, г. Актау, промзона, ТОО \"\"МАЭК-Казатомпром\"\"\"","DDP","С даты подписания договора в течение 60 календарных дней","Предоплата - 0% , Промежуточный платеж - 0% , Окончательный платеж - 100% ","Штука",{"v":2,"d":"2.000"},{"v":19800,"d":"19,800.000"},{"v":39600,"d":"39,600.000"},{"v":44352,"d":"44,352.000"},"ТПХ","Товарищество с ограниченной ответственностью \"Мангистауский атомный энергетический комбинат-Казатомпром\""]
[null,"9720010","4117 Т","281413.750.000006","Затвор","дисковый, стальной, условный проход 50-450 мм","462:Тип:Дисковые затворы Ду-200 Ру-10 :Дисковые затворы Ду-200 Ру-10 ","ОТП","-","60","02.2018","471010000, Мангистауская область, Актау Г.А., г.Актау, \"Мангистауская область, г. Актау, промзона, ТОО \"\"МАЭК-Казатомпром\"\", здание 201\"","471010000, Мангистауская область, Актау Г.А., г.Актау, \"Мангистауская область, г. Актау, промзона, ТОО \"\"МАЭК-Казатомпром\"\"\"","DDP","С даты подписания договора в течение 60 календарных дней","Предоплата - 0% , Промежуточный платеж - 0% , Окончательный платеж - 100% ","Штука",{"v":2,"d":"2.000"},{"v":46400,"d":"46,400.000"},{"v":92800,"d":"92,800.000"},{"v":103936,"d":"103,936.000"},"ТПХ","Товарищество с ограниченной ответственностью \"Мангистауский атомный энергетический комбинат-Казатомпром\""]
[null,"9730006","4120 Т","281413.900.000108","Клапан","обратный, чугунный, размер 50-100 мм  ","462:Тип:Клапан обратный 19ч 21бр Ду 80 Ру 16:Клапан обратный 19ч 21бр Ду 80 Ру 16","ОТП","-","65","03.2018","471010000, Мангистауская область, Актау Г.А., г.Актау, \"Мангистауская область, г. Актау, промзона, ТОО \"\"МАЭК-Казатомпром\"\", здание 201\"","471010000, Мангистауская область, Актау Г.А., г.Актау, \"Мангистауская область, г. Актау, промзона, ТОО \"\"МАЭК-Казатомпром\"\"\"","DDP","С даты подписания договора в течение 60 календарных дней","Предоплата - 0% , Промежуточный платеж - 0% , Окончательный платеж - 100% ","Штука",{"v":1,"d":"1.000"},{"v":19958.4,"d":"19,958.400"},{"v":19958.4,"d":"19,958.400"},{"v":22353.41,"d":"22,353.410"},"ТПХ","Товарищество с ограниченной ответственностью \"Мангистауский атомный энергетический комбинат-Казатомпром\""]
[null,"9740069","4124 Т","281413.530.000002","Клапан","запорный, чугунный, размер 50-450 мм","462:Тип:Вентиль 15ч 76п2 Ду 100 Ру 6,3 :Вентиль 15ч 76п2 Ду 100 Ру 6,3 ","ОТП","-","0","03.2018","471010000, Мангистауская область, Актау Г.А., г.Актау, \"Мангистауская область, г. Актау, промзона, ТОО \"\"МАЭК-Казатомпром\"\", здание 201\"","471010000, Мангистауская область, Актау Г.А., г.Актау, \"Мангистауская область, г. Актау, промзона, ТОО \"\"МАЭК-Казатомпром\"\"\"","DDP","С даты подписания договора в течение 0 календарных дней","Предоплата - 0% , Промежуточный платеж - 0% , Окончательный платеж - 100% ","Штука",{"v":15,"d":"15.000"},{"v":95040,"d":"95,040.000"},{"v":1425600,"d":"1,425,600.000"},{"v":1596672,"d":"1,596,672.000"},"-","Товарищество с ограниченной ответственностью \"Мангистауский атомный энергетический комбинат-Казатомпром\""]
[null,"9743018","4128 Т","281413.530.000002","Клапан","запорный, чугунный, размер 50-450 мм","462:Тип:Вентиль15ч 75п2м Dу 25 Pу 10:Вентиль15ч 75п2м Dу 25 Pу 10","ОТП","-","65","03.2018","471010000, Мангистауская область, Актау Г.А., г.Актау, \"Мангистауская область, г. Актау, промзона, ТОО \"\"МАЭК-Казатомпром\"\", здание 201\"","471010000, Мангистауская область, Актау Г.А., г.Актау, \"Мангистауская область, г. Актау, промзона, ТОО \"\"МАЭК-Казатомпром\"\"\"","DDP","С даты подписания договора в течение 0 календарных дней","Предоплата - 0% , Промежуточный платеж - 0% , Окончательный платеж - 100% ","Штука",{"v":10,"d":"10.000"},{"v":47088,"d":"47,088.000"},{"v":470880,"d":"470,880.000"},{"v":527385.6,"d":"527,385.600"},"-","Товарищество с ограниченной ответственностью \"Мангистауский атомный энергетический комбинат-Казатомпром\""]
[null,"9740010","4129 Т","281413.350.000015","Клапан","запорный, чугунный, размер до 50 мм","462:Тип:Вентиль 15кч 18п Ду 25 Ру 16:Вентиль 15кч 18п Ду 25 Ру 16","ОТП","-","65","03.2018","471010000, Мангистауская область, Актау Г.А., г.Актау, \"Мангистауская область, г. Актау, промзона, ТОО \"\"МАЭК-Казатомпром\"\", здание 201\"","471010000, Мангистауская область, Актау Г.А., г.Актау, \"Мангистауская область, г. Актау, промзона, ТОО \"\"МАЭК-Казатомпром\"\"\"","DDP","С даты подписания договора в течение 60 календарных дней","Предоплата - 0% , Промежуточный платеж - 0% , Окончательный платеж - 100% ","Штука",{"v":20,"d":"20.000"},{"v":1296,"d":"1,296.000"},{"v":25920,"d":"25,920.000"},{"v":29030.4,"d":"29,030.400"},"ТПХ","Товарищество с ограниченной ответственностью \"Мангистауский атомный энергетический комбинат-Казатомпром\""]
[null,"9740021","4136 Т","281413.350.000015","Клапан","запорный, чугунный, размер до 50 мм","462:Тип:Вентиль 15ч 18п  Ду 15 Ру 16:Вентиль 15ч 18п  Ду 15 Ру 16","ОТП","-","65","03.2018","471010000, Мангистауская область, Актау Г.А., г.Актау, \"Мангистауская область, г. Актау, промзона, ТОО \"\"МАЭК-Казатомпром\"\", здание 201\"","471010000, Мангистауская область, Актау Г.А., г.Актау, \"Мангистауская область, г. Актау, промзона, ТОО \"\"МАЭК-Казатомпром\"\"\"","DDP","С даты подписания договора в течение 60 календарных дней","Предоплата - 0% , Промежуточный платеж - 0% , Окончательный платеж - 100% ","Штука",{"v":8,"d":"8.000"},{"v":496.97,"d":"496.970"},{"v":3975.76,"d":"3,975.760"},{"v":4452.85,"d":"4,452.850"},"ТПХ","Товарищество с ограниченной ответственностью \"Мангистауский атомный энергетический комбинат-Казатомпром\""]
[null,"9850031","4137 Т","282213.500.000000","Домкрат","гидравлический","462:Тип: ДР5 : ДР5  \\ 87:Грузоподъемность:5тонн:5тонн","ОИ","137-2 (не превышает тысячекратного МРП)","0","07.2018","471010000, Мангистауская область, Актау Г.А., г.Актау, \"Мангистауская область, г. Актау, промзона, ТОО \"\"МАЭК-Казатомпром\"\", здание 201\"","471010000, Мангистауская область, Актау Г.А., г.Актау, \"Мангистауская область, г. Актау, промзона, ТОО \"\"МАЭК-Казатомпром\"\"\"","DDP","С даты подписания договора в течение 30 календарных дней","Предоплата - 0% , Промежуточный платеж - 0% , Окончательный платеж - 100% ","Штука",{"v":4,"d":"4.000"},{"v":97750,"d":"97,750.000"},{"v":391000,"d":"391,000.000"},{"v":437920,"d":"437,920.000"},"-","Товарищество с ограниченной ответственностью \"Мангистауский атомный энергетический комбинат-Казатомпром\""]
[null,"9860122","4143 Т","257330.650.000031","Машина пневматическая","для обработки труб","462:Тип:ИП 20150-1 :ИП 20150-1 ","ЦПП","-","0","07.2018","471010000, Мангистауская область, Актау Г.А., г.Актау, \"Мангистауская область, г. Актау, промзона, ТОО \"\"МАЭК-Казатомпром\"\", здание 201\"","471010000, Мангистауская область, Актау Г.А., г.Актау, \"Мангистауская область, г. Актау, промзона, ТОО \"\"МАЭК-Казатомпром\"\"\"","DDP","С даты подписания договора в течение 30 календарных дней","Предоплата - 0% , Промежуточный платеж - 0% , Окончательный платеж - 100% ","Штука",{"v":4,"d":"4.000"},{"v":52790,"d":"52,790.000"},{"v":211160,"d":"211,160.000"},{"v":236499.2,"d":"236,499.200"},"-","Товарищество с ограниченной ответственностью \"Мангистауский атомный энергетический комбинат-Казатомпром\""]
[null,"9860124","4145 Т","257330.300.000022","Гайковерт","пневматический","462:Тип:ИП-3106А :ИП-3106А ","ЦПП","-","0","07.2018","471010000, Мангистауская область, Актау Г.А., г.Актау, \"Мангистауская область, г. Актау, промзона, ТОО \"\"МАЭК-Казатомпром\"\", здание 201\"","471010000, Мангистауская область, Актау Г.А., г.Актау, \"Мангистауская область, г. Актау, промзона, ТОО \"\"МАЭК-Казатомпром\"\"\"","DDP","С даты подписания договора в течение 30 календарных дней","Предоплата - 0% , Промежуточный платеж - 0% , Окончательный платеж - 100% ","Комплект",{"v":2,"d":"2.000"},{"v":213840,"d":"213,840.000"},{"v":427680,"d":"427,680.000"},{"v":479001.6,"d":"479,001.600"},"-","Товарищество с ограниченной ответственностью \"Мангистауский атомный энергетический комбинат-Казатомпром\""]
[null,"9923040","4148 Т","284922.500.000040","Патрон токарный","трехкулачковый, спиральнореечный","462:Тип:Патрон токарный 3-х кулачковый:Патрон токарный 3-х кулачковый \\ 79:ГОСТ:2675-80:2675-80 \\ 46:размер:Ду 400мм:Ду 400мм","ОИ","137-2 (не превышает тысячекратного МРП)","0","07.2018","471010000, Мангистауская область, Актау Г.А., г.Актау, \"Мангистауская область, г. Актау, промзона, ТОО \"\"МАЭК-Казатомпром\"\", здание 201\"","471010000, Мангистауская область, Актау Г.А., г.Актау, \"Мангистауская область, г. Актау, промзона, ТОО \"\"МАЭК-Казатомпром\"\"\"","DDP","С даты подписания договора в течение 30 календарных дней","Предоплата - 0% , Промежуточный платеж - 0% , Окончательный платеж - 100% ","Штука",{"v":1,"d":"1.000"},{"v":245670,"d":"245,670.000"},{"v":245670,"d":"245,670.000"},{"v":275150.4,"d":"275,150.400"},"-","Товарищество с ограниченной ответственностью \"Мангистауский атомный энергетический комбинат-Казатомпром\""]
[null,"9923055","4152 Т","284922.500.000020","Патрон токарный","трехкулачковый, клиновый","462:Тип:Патрон токарный :Патрон токарный  \\ 79:ГОСТ:2675-80:2675-80","ОИ","137-2 (не превышает тысячекратного МРП)","0","07.2018","471010000, Мангистауская область, Актау Г.А., г.Актау, \"Мангистауская область, г. Актау, промзона, ТОО \"\"МАЭК-Казатомпром\"\", здание 201\"","471010000, Мангистауская область, Актау Г.А., г.Актау, \"Мангистауская область, г. Актау, промзона, ТОО \"\"МАЭК-Казатомпром\"\"\"","DDP","С даты подписания договора в течение 30 календарных дней","Предоплата - 0% , Промежуточный платеж - 0% , Окончательный платеж - 100% ","Штука",{"v":3,"d":"3.000"},{"v":217944,"d":"217,944.000"},{"v":653832,"d":"653,832.000"},{"v":732291.84,"d":"732,291.840"},"-","Товарищество с ограниченной ответственностью \"Мангистауский атомный энергетический комбинат-Казатомпром\""]
[null,"9950060","4158 Т","259311.500.000322","Коуш","для стального троса","163:Номер:КОУШ №30 (2224-72) (ГОСТ 2224-93):КОУШ №30 (2224-72) (ГОСТ 2224-93)","ОИ","137-2 (не превышает тысячекратного МРП)","0","10.2018","471010000, Мангистауская область, Актау Г.А., г.Актау, \"Мангистауская область, г. Актау, промзона, ТОО \"\"МАЭК-Казатомпром\"\", здание 201\"","471010000, Мангистауская область, Актау Г.А., г.Актау, \"Мангистауская область, г. Актау, промзона, ТОО \"\"МАЭК-Казатомпром\"\"\"","DDP","С даты подписания договора в течение 30 календарных дней","Предоплата - 0% , Промежуточный платеж - 0% , Окончательный платеж - 100% ","Штука",{"v":1,"d":"1.000"},{"v":1028.38,"d":"1,028.380"},{"v":1028.38,"d":"1,028.380"},{"v":1151.79,"d":"1,151.790"},"-","Товарищество с ограниченной ответственностью \"Мангистауский атомный энергетический комбинат-Казатомпром\""]
[null,"9951923","4162 Т","139411.900.000006","Полотенце грузоподъемное","из тканой ленты","87:Грузоподъемность:Строп текстильный петлевой СТП 1,0т 2,0м (30 мм):Строп текстильный петлевой СТП 1,0т 2,0м (30 мм)","ОИ","137-2 (не превышает тысячекратного МРП)","0","09.2018","471010000, Мангистауская область, Актау Г.А., г.Актау, \"Мангистауская область, г. Актау, промзона, ТОО \"\"МАЭК-Казатомпром\"\", здание 201\"","471010000, Мангистауская область, Актау Г.А., г.Актау, \"Мангистауская область, г. Актау, промзона, ТОО \"\"МАЭК-Казатомпром\"\"\"","DDP","С даты подписания договора в течение 30 календарных дней","Предоплата - 0% , Промежуточный платеж - 0% , Окончательный платеж - 100% ","Штука",{"v":4,"d":"4.000"},{"v":1920.87,"d":"1,920.870"},{"v":7683.48,"d":"7,683.480"},{"v":8605.5,"d":"8,605.500"},"-","Товарищество с ограниченной ответственностью \"Мангистауский атомный энергетический комбинат-Казатомпром\""]
[null,"9950068","4164 Т","259929.190.000061","Звено","промежуточное","87:Грузоподъемность:ЗВЕНО Рт3 г/п 3,2т. (ГОСТ 25573-82):3,2т. \\ 79:ГОСТ:ГОСТ 25573-82:ГОСТ 25573-82","ОИ","137-2 (не превышает тысячекратного МРП)","0","10.2018","471010000, Мангистауская область, Актау Г.А., г.Актау, \"Мангистауская область, г. Актау, промзона, ТОО \"\"МАЭК-Казатомпром\"\", здание 201\"","471010000, Мангистауская область, Актау Г.А., г.Актау, \"Мангистауская область, г. Актау, промзона, ТОО \"\"МАЭК-Казатомпром\"\"\"","DDP","С даты подписания договора в течение 30 календарных дней","Предоплата - 0% , Промежуточный платеж - 0% , Окончательный платеж - 100% ","Штука",{"v":2,"d":"2.000"},{"v":8122.68,"d":"8,122.680"},{"v":16245.36,"d":"16,245.360"},{"v":18194.8,"d":"18,194.800"},"-","Товарищество с ограниченной ответственностью \"Мангистауский атомный энергетический комбинат-Казатомпром\""]
[null,"9951925","4167 Т","139411.900.000006","Полотенце грузоподъемное","из тканой ленты","87:Грузоподъемность:Строп текстильный петлевой СТП 4,0т 4,0м:Строп текстильный петлевой СТП 4,0т 4,0м","ОИ","137-2 (не превышает тысячекратного МРП)","0","09.2018","471010000, Мангистауская область, Актау Г.А., г.Актау, \"Мангистауская область, г. Актау, промзона, ТОО \"\"МАЭК-Казатомпром\"\", здание 201\"","471010000, Мангистауская область, Актау Г.А., г.Актау, \"Мангистауская область, г. Актау, промзона, ТОО \"\"МАЭК-Казатомпром\"\"\"","DDP","С даты подписания договора в течение 30 календарных дней","Предоплата - 0% , Промежуточный платеж - 0% , Окончательный платеж - 100% ","Штука",{"v":2,"d":"2.000"},{"v":19780,"d":"19,780.000"},{"v":39560,"d":"39,560.000"},{"v":44307.2,"d":"44,307.200"},"-","Товарищество с ограниченной ответственностью \"Мангистауский атомный энергетический комбинат-Казатомпром\""]
[null,"9951112","4173 Т","282211.700.000007","Таль","ручная, шестеренная, грузоподъемность 0,5-3,2 т","87:Грузоподъемность:Таль ручная г/п 3т (Q=3тн ТРЩС):Таль ручная г/п 3т (Q=3тн ТРЩС)","ОИ","137-2 (не превышает тысячекратного МРП)","0","09.2018","471010000, Мангистауская область, Актау Г.А., г.Актау, \"Мангистауская область, г. Актау, промзона, ТОО \"\"МАЭК-Казатомпром\"\", здание 201\"","471010000, Мангистауская область, Актау Г.А., г.Актау, \"Мангистауская область, г. Актау, промзона, ТОО \"\"МАЭК-Казатомпром\"\"\"","DDP","С даты подписания договора в течение 30 календарных дней","Предоплата - 0% , Промежуточный платеж - 0% , Окончательный платеж - 100% ","Штука",{"v":3,"d":"3.000"},{"v":123750,"d":"123,750.000"},{"v":371250,"d":"371,250.000"},{"v":415800,"d":"415,800.000"},"-","Товарищество с ограниченной ответственностью \"Мангистауский атомный энергетический комбинат-Казатомпром\""]
[null,"9950078","4175 Т","259929.190.000009","Крюк","чалочный, металлический","87:Грузоподъемность:3,2т. :3,2т.  \\ 79:ГОСТ:ГОСТ 25573-82:ГОСТ 25573-82","ОИ","137-2 (не превышает тысячекратного МРП)","0","10.2018","471010000, Мангистауская область, Актау Г.А., г.Актау, \"Мангистауская область, г. Актау, промзона, ТОО \"\"МАЭК-Казатомпром\"\", здание 201\"","471010000, Мангистауская область, Актау Г.А., г.Актау, \"Мангистауская область, г. Актау, промзона, ТОО \"\"МАЭК-Казатомпром\"\"\"","DDP","С даты подписания договора в течение 30 календарных дней","Предоплата - 0% , Промежуточный платеж - 0% , Окончательный платеж - 100% ","Штука",{"v":2,"d":"2.000"},{"v":5551.74,"d":"5,551.740"},{"v":11103.48,"d":"11,103.480"},{"v":12435.9,"d":"12,435.900"},"-","Товарищество с ограниченной ответственностью \"Мангистауский атомный энергетический комбинат-Казатомпром\""]
[null,"9950050","4178 Т","282218.700.000008","Механизм тяговый","для фуникулера","87:Грузоподъемность: МТМ-1,6 : МТМ-1,6  \\ 79:ГОСТ:ГОСТ 28408-85:ГОСТ 28408-85","ОИ","137-2 (не превышает тысячекратного МРП)","0","05.2018","471010000, Мангистауская область, Актау Г.А., г.Актау, \"Мангистауская область, г. Актау, промзона, ТОО \"\"МАЭК-Казатомпром\"\", здание 201\"","471010000, Мангистауская область, Актау Г.А., г.Актау, \"Мангистауская область, г. Актау, промзона, ТОО \"\"МАЭК-Казатомпром\"\"\"","DDP","С даты подписания договора в течение 30 календарных дней","Предоплата - 0% , Промежуточный платеж - 0% , Окончательный платеж - 100% ","Штука",{"v":2,"d":"2.000"},{"v":80784,"d":"80,784.000"},{"v":161568,"d":"161,568.000"},{"v":180956.16,"d":"180,956.160"},"-","Товарищество с ограниченной ответственностью \"Мангистауский атомный энергетический комбинат-Казатомпром\""]
[null,"9951922","4182 Т","259929.190.000061","Звено","промежуточное","87:Грузоподъемность:Звено РТ1  Q=6,3т:6,3т \\ 79:ГОСТ:ГОСТ 25573-82:ГОСТ 25573-82","ОИ","137-2 (не превышает тысячекратного МРП)","0","10.2018","471010000, Мангистауская область, Актау Г.А., г.Актау, \"Мангистауская область, г. Актау, промзона, ТОО \"\"МАЭК-Казатомпром\"\", здание 201\"","471010000, Мангистауская область, Актау Г.А., г.Актау, \"Мангистауская область, г. Актау, промзона, ТОО \"\"МАЭК-Казатомпром\"\"\"","DDP","С даты подписания договора в течение 30 календарных дней","Предоплата - 0% , Промежуточный платеж - 0% , Окончательный платеж - 100% ","Штука",{"v":1,"d":"1.000"},{"v":18900,"d":"18,900.000"},{"v":18900,"d":"18,900.000"},{"v":21168,"d":"21,168.000"},"-","Товарищество с ограниченной ответственностью \"Мангистауский атомный энергетический комбинат-Казатомпром\""]
[null,"9980003","4186 Т","242040.500.000006","Отвод","стальной, крутоизогнутый, диаметр 201-450 мм, исполнение 1","36:Диаметр:Отводы цельнотянутые Ду 273 х10 (ГОСТ 17375-2001):Отводы цельнотянутые Ду 273 х10 (ГОСТ 17375-2001)","ОТП","-","62","02.2018","471010000, Мангистауская область, Актау Г.А., г.Актау, \"Мангистауская область, г. Актау, промзона, ТОО \"\"МАЭК-Казатомпром\"\", здание 201\"","471010000, Мангистауская область, Актау Г.А., г.Актау, \"Мангистауская область, г. Актау, промзона, ТОО \"\"МАЭК-Казатомпром\"\"\"","DDP","С даты подписания договора в течение 60 календарных дней","Предоплата - 0% , Промежуточный платеж - 0% , Окончательный платеж - 100% ","Штука",{"v":32,"d":"32.000"},{"v":39744,"d":"39,744.000"},{"v":1271808,"d":"1,271,808.000"},{"v":1424424.96,"d":"1,424,424.960"},"ТПХ","Товарищество с ограниченной ответственностью \"Мангистауский атомный энергетический комбинат-Казатомпром\""]
[null,"9980021","4189 Т","242040.500.000005","Отвод","стальной, крутоизогнутый, диаметр 66-200 мм, исполнение 1","36:Диаметр:Отводы Ду 76х3,5 (ГОСТ 17375-2001):Отводы Ду 76х3,5 (ГОСТ 17375-2001)","ОТП","-","62","02.2018","471010000, Мангистауская область, Актау Г.А., г.Актау, \"Мангистауская область, г. Актау, промзона, ТОО \"\"МАЭК-Казатомпром\"\", здание 201\"","471010000, Мангистауская область, Актау Г.А., г.Актау, \"Мангистауская область, г. Актау, промзона, ТОО \"\"МАЭК-Казатомпром\"\"\"","DDP","С даты подписания договора в течение 60 календарных дней","Предоплата - 0% , Промежуточный платеж - 0% , Окончательный платеж - 100% ","Штука",{"v":30,"d":"30.000"},{"v":837,"d":"837.000"},{"v":25110,"d":"25,110.000"},{"v":28123.2,"d":"28,123.200"},"ТПХ","Товарищество с ограниченной ответственностью \"Мангистауский атомный энергетический комбинат-Казатомпром\""]
[null,"9980014","4191 Т","242040.500.000005","Отвод","стальной, крутоизогнутый, диаметр 66-200 мм, исполнение 1","462:Тип:Отвод цельнотянутый Ду 108х5 (ГОСТ 17375-2001):Отвод цельнотянутый Ду 108х5 (ГОСТ 17375-2001)","ОТП","-","62","02.2018","471010000, Мангистауская область, Актау Г.А., г.Актау, \"Мангистауская область, г. Актау, промзона, ТОО \"\"МАЭК-Казатомпром\"\", здание 201\"","471010000, Мангистауская область, Актау Г.А., г.Актау, \"Мангистауская область, г. Актау, промзона, ТОО \"\"МАЭК-Казатомпром\"\"\"","DDP","С даты подписания договора в течение 60 календарных дней","Предоплата - 0% , Промежуточный платеж - 0% , Окончательный платеж - 100% ","Штука",{"v":59,"d":"59.000"},{"v":3353.4,"d":"3,353.400"},{"v":197850.6,"d":"197,850.600"},{"v":221592.67,"d":"221,592.670"},"ТПХ","Товарищество с ограниченной ответственностью \"Мангистауский атомный энергетический комбинат-Казатомпром\""]
[null,"9980010","4194 Т","242040.500.000005","Отвод","стальной, крутоизогнутый, диаметр 66-200 мм, исполнение 1","36:Диаметр:Отвод цельнотянутый Ду 159х10:Отвод цельнотянутый Ду 159х10","ОТП","-","62","02.2018","471010000, Мангистауская область, Актау Г.А., г.Актау, \"Мангистауская область, г. Актау, промзона, ТОО \"\"МАЭК-Казатомпром\"\", здание 201\"","471010000, Мангистауская область, Актау Г.А., г.Актау, \"Мангистауская область, г. Актау, промзона, ТОО \"\"МАЭК-Казатомпром\"\"\"","DDP","С даты подписания договора в течение 60 календарных дней","Предоплата - 0% , Промежуточный платеж - 0% , Окончательный платеж - 100% ","Штука",{"v":42,"d":"42.000"},{"v":11100.52,"d":"11,100.520"},{"v":466221.84,"d":"466,221.840"},{"v":522168.46,"d":"522,168.460"},"ТПХ","Товарищество с ограниченной ответственностью \"Мангистауский атомный энергетический комбинат-Казатомпром\""]
[null,"9980019","4197 Т","242040.500.000004","Отвод","стальной, крутоизогнутый, диаметр до 65 мм, исполнение 1","36:Диаметр:Отвод цельнотянутый Ду 57х5 (ГОСТ 17375-2001):Отвод цельнотянутый Ду 57х5 (ГОСТ 17375-2001)","ОТП","-","62","02.2018","471010000, Мангистауская область, Актау Г.А., г.Актау, \"Мангистауская область, г. Актау, промзона, ТОО \"\"МАЭК-Казатомпром\"\", здание 201\"","471010000, Мангистауская область, Актау Г.А., г.Актау, \"Мангистауская область, г. Актау, промзона, ТОО \"\"МАЭК-Казатомпром\"\"\"","DDP","С даты подписания договора в течение 60 календарных дней","Предоплата - 0% , Промежуточный платеж - 0% , Окончательный платеж - 100% ","Штука",{"v":82,"d":"82.000"},{"v":738,"d":"738.000"},{"v":60516,"d":"60,516.000"},{"v":67777.92,"d":"67,777.920"},"ТПХ","Товарищество с ограниченной ответственностью \"Мангистауский атомный энергетический комбинат-Казатомпром\""]
[null,"8900199","4200 Т","281328.000.000003","Установка компрессорная","винтовая","462:Тип: ВВ-32/8А1УЗ:ВВ-32/8А1УЗ","ОТП","-","0","02.2018","471010000, Мангистауская область, Актау Г.А., г.Актау, \"Мангистауская область, г. Актау, промзона, ТОО \"\"МАЭК-Казатомпром\"\", здание 201\"","471010000, Мангистауская область, Актау Г.А., г.Актау, \"Мангистауская область, г. Актау, промзона, ТОО \"\"МАЭК-Казатомпром\"\"\"","DDP","С даты подписания договора в течение 60 календарных дней","Предоплата - 0% , Промежуточный платеж - 0% , Окончательный платеж - 100% ","Штука",{"v":1,"d":"1.000"},{"v":20880000,"d":"20,880,000.000"},{"v":20880000,"d":"20,880,000.000"},{"v":23385600,"d":"23,385,600.000"},"-","Товарищество с ограниченной ответственностью \"Мангистауский атомный энергетический комбинат-Казатомпром\""]
[null,"9040054","4205 Т","281314.130.000002","Насос","для воды и других чистых, химически нейтральных жидкостей, вертикальный одноступенчатый подача, подача 5000-90000 м3/ч","462:Тип:\"Насос 6300-27-3 (старое название 32Д-19) Электродвигатель - А4-450-Y8 (630кВт,750об/мин, 6кВ) \":\"Насос 6300-27-3 (старое название 32Д-19) Электродвигатель - А4-450-Y8 (630кВт,750об/мин, 6кВ) \"","ОТП","-","0","02.2018","471010000, Мангистауская область, Актау Г.А., г.Актау, \"Мангистауская область, г. Актау, промзона, ТОО \"\"МАЭК-Казатомпром\"\", здание 201\"","471010000, Мангистауская область, Актау Г.А., г.Актау, \"Мангистауская область, г. Актау, промзона, ТОО \"\"МАЭК-Казатомпром\"\"\"","DDP","С даты подписания договора в течение 75 календарных дней","Предоплата - 0% , Промежуточный платеж - 0% , Окончательный платеж - 100% ","Штука",{"v":2,"d":"2.000"},{"v":16700000,"d":"16,700,000.000"},{"v":33400000,"d":"33,400,000.000"},{"v":37408000,"d":"37,408,000.000"},"-","Товарищество с ограниченной ответственностью \"Мангистауский атомный энергетический комбинат-Казатомпром\""]
[null,"9070009","4208 Т","281314.130.000000","Насос","для воды и других чистых, химически нейтральных жидкостей, консольный одноступенчатый, подача до 300 м3/ч","462:Тип:Насос 6НК 9х1 с эл. дв. 37КВт, подача 120м3/ч, напор 65м, диаметр рабочего колеса 240мм:Насос 6НК 9х1 с эл. дв. 37КВт, подача 120м3/ч, напор 65м, диаметр рабочего колеса 240мм","ОТП","-","0","02.2018","471010000, Мангистауская область, Актау Г.А., г.Актау, \"Мангистауская область, г. Актау, промзона, ТОО \"\"МАЭК-Казатомпром\"\", здание 201\"","471010000, Мангистауская область, Актау Г.А., г.Актау, \"Мангистауская область, г. Актау, промзона, ТОО \"\"МАЭК-Казатомпром\"\"\"","DDP","С даты подписания договора в течение 60 календарных дней","Предоплата - 0% , Промежуточный платеж - 0% , Окончательный платеж - 100% ","Штука",{"v":1,"d":"1.000"},{"v":1013720,"d":"1,013,720.000"},{"v":1013720,"d":"1,013,720.000"},{"v":1135366.4,"d":"1,135,366.400"},"-","Товарищество с ограниченной ответственностью \"Мангистауский атомный энергетический комбинат-Казатомпром\""]
[null,"9050017","4213 Т","281314.900.000071","Насос","для химически активных и агрессивных жидкостей, консольный одноступенчатый, подача до 500 м3/ч","462:Тип:Насос бочковой с эл.дв. 460Вт F 425 РР -50/34-1200:Насос бочковой с эл.дв. 460Вт F 425 РР -50/34-1200","ОТП","-","0","02.2018","471010000, Мангистауская область, Актау Г.А., г.Актау, \"Мангистауская область, г. Актау, промзона, ТОО \"\"МАЭК-Казатомпром\"\", здание 201\"","471010000, Мангистауская область, Актау Г.А., г.Актау, \"Мангистауская область, г. Актау, промзона, ТОО \"\"МАЭК-Казатомпром\"\"\"","DDP","С даты подписания договора в течение 60 календарных дней","Предоплата - 0% , Промежуточный платеж - 0% , Окончательный платеж - 100% ","Штука",{"v":1,"d":"1.000"},{"v":380000,"d":"380,000.000"},{"v":380000,"d":"380,000.000"},{"v":425600,"d":"425,600.000"},"-","Товарищество с ограниченной ответственностью \"Мангистауский атомный энергетический комбинат-Казатомпром\""]
[null,"9010012","4216 Т","281314.100.000002","Насос","артезианский, погружной нефтяной, подача 80-700 м3/ч","462:Тип:\"Насос погружной \"\"Pedrollo\"\"Vxm 15/35 220-240 V/50HZ\":\"Насос погружной \"\"Pedrollo\"\"Vxm 15/35 220-240 V/50HZ\"","ОТП","-","0","02.2018","471010000, Мангистауская область, Актау Г.А., г.Актау, \"Мангистауская область, г. Актау, промзона, ТОО \"\"МАЭК-Казатомпром\"\", здание 201\"","471010000, Мангистауская область, Актау Г.А., г.Актау, \"Мангистауская область, г. Актау, промзона, ТОО \"\"МАЭК-Казатомпром\"\"\"","DDP","С даты подписания договора в течение 60 календарных дней","Предоплата - 0% , Промежуточный платеж - 0% , Окончательный платеж - 100% ","Штука",{"v":4,"d":"4.000"},{"v":230000,"d":"230,000.000"},{"v":920000,"d":"920,000.000"},{"v":1030400,"d":"1,030,400.000"},"-","Товарищество с ограниченной ответственностью \"Мангистауский атомный энергетический комбинат-Казатомпром\""]
[null,"9090001","4217 Т","281314.900.000044","Мотопомпа","для перекачки опасных жидкостей и смесей","462:Тип:Honda KTN-80X:Honda KTN-80X","ОИ","137-2 (не превышает тысячекратного МРП)","0","02.2018","471010000, Мангистауская область, Актау Г.А., г.Актау, \"Мангистауская область, г. Актау, промзона, ТОО \"\"МАЭК-Казатомпром\"\", здание 201\"","471010000, Мангистауская область, Актау Г.А., г.Актау, \"Мангистауская область, г. Актау, промзона, ТОО \"\"МАЭК-Казатомпром\"\"\"","DDP","С даты подписания договора в течение 60 календарных дней","Предоплата - 0% , Промежуточный платеж - 0% , Окончательный платеж - 100% ","Штука",{"v":1,"d":"1.000"},{"v":700000,"d":"700,000.000"},{"v":700000,"d":"700,000.000"},{"v":784000,"d":"784,000.000"},"-","Товарищество с ограниченной ответственностью \"Мангистауский атомный энергетический комбинат-Казатомпром\""]
[null,"9031035","4222-1 Т","281314.130.000001","Насос","для воды и других чистых, химически нейтральных жидкостей, горизонтальный одноступенчатый с колесом двухстороннего входа, подача 100-12500 м3/ч","462:Тип:Насос охлаждения подшипников К 90/35\n:Насос охлаждения подшипников К 90/35\n","ОТП","-","0","02.2018","471010000, Мангистауская область, Актау Г.А., г.Актау, \"Мангистауская область, г. Актау, промзона, ТОО \"\"МАЭК-Казатомпром\"\", здание 201\"","471010000, Мангистауская область, Актау Г.А., г.Актау, \"Мангистауская область, г. Актау, промзона, ТОО \"\"МАЭК-Казатомпром\"\"\"","DDP","С даты подписания договора в течение 60 календарных дней","Окончательный платеж - 100% , Промежуточный платеж - 0% , Предоплата - 0% ","Штука",{"v":1,"d":"1.000"},{"v":720000,"d":"720,000.000"},{"v":720000,"d":"720,000.000"},{"v":806400,"d":"806,400.000"},"-","Товарищество с ограниченной ответственностью \"Мангистауский атомный энергетический комбинат-Казатомпром\""]
[null,"9070018","4224 Т","281314.900.000061","Насос","для нефтепродуктов с температурой до 400ОС, консольный одноступенчатый, подача до 600 м3/ч","462:Тип:Маслонасос 5Т-100/8:Маслонасос 5Т-100/8","ОТП","-","0","02.2018","471010000, Мангистауская область, Актау Г.А., г.Актау, \"Мангистауская область, г. Актау, промзона, ТОО \"\"МАЭК-Казатомпром\"\", здание 201\"","471010000, Мангистауская область, Актау Г.А., г.Актау, \"Мангистауская область, г. Актау, промзона, ТОО \"\"МАЭК-Казатомпром\"\"\"","DDP","С даты подписания договора в течение 60 календарных дней","Предоплата - 0% , Промежуточный платеж - 0% , Окончательный платеж - 100% ","Штука",{"v":1,"d":"1.000"},{"v":620000,"d":"620,000.000"},{"v":620000,"d":"620,000.000"},{"v":694400,"d":"694,400.000"},"-","Товарищество с ограниченной ответственностью \"Мангистауский атомный энергетический комбинат-Казатомпром\""]
[null,"9031005","4227 Т","281314.130.000000","Насос","для воды и других чистых, химически нейтральных жидкостей, консольный одноступенчатый, подача до 300 м3/ч","462:Тип:Насосный агрегат ВКС-4/24А:Насосный агрегат ВКС-4/24А","ОТП","-","0","02.2018","471010000, Мангистауская область, Актау Г.А., г.Актау, \"Мангистауская область, г. Актау, промзона, ТОО \"\"МАЭК-Казатомпром\"\", здание 201\"","471010000, Мангистауская область, Актау Г.А., г.Актау, \"Мангистауская область, г. Актау, промзона, ТОО \"\"МАЭК-Казатомпром\"\"\"","DDP","С даты подписания договора в течение 60 календарных дней","Предоплата - 0% , Промежуточный платеж - 0% , Окончательный платеж - 100% ","Штука",{"v":3,"d":"3.000"},{"v":430000,"d":"430,000.000"},{"v":1290000,"d":"1,290,000.000"},{"v":1444800,"d":"1,444,800.000"},"-","Товарищество с ограниченной ответственностью \"Мангистауский атомный энергетический комбинат-Казатомпром\""]
[null,"9114071","4232 Т","282520.300.000000","Вентилятор","осевой, одноступенчатый, диаметр менее 300 мм","462:Тип:\"Q=500...1500 м3  Р=50....400 Па эл.двиг АИР56В2(п=3000 об/минN=0,25 кВт  \":\"Q=500...1500 м3  Р=50....400 Па эл.двиг АИР56В2(п=3000 об/минN=0,25 кВт  \"","ОИ","137-2 (не превышает тысячекратного МРП)","0","04.2018","471010000, Мангистауская область, Актау Г.А., г.Актау, \"Мангистауская область, г. Актау, промзона, ТОО \"\"МАЭК-Казатомпром\"\", здание 201\"","471010000, Мангистауская область, Актау Г.А., г.Актау, \"Мангистауская область, г. Актау, промзона, ТОО \"\"МАЭК-Казатомпром\"\"\"","DDP","С даты подписания договора в течение 30 календарных дней","Предоплата - 0% , Промежуточный платеж - 0% , Окончательный платеж - 100% ","Штука",{"v":2,"d":"2.000"},{"v":93000,"d":"93,000.000"},{"v":186000,"d":"186,000.000"},{"v":208320,"d":"208,320.000"},"-","Товарищество с ограниченной ответственностью \"Мангистауский атомный энергетический комбинат-Казатомпром\""]
[null,"9964263","4236 Т","282218.790.000002","Тележка","гидравлическая, грузоподъемность 500-3200 кг","462:Тип:FORCE 361предмет 50217C361:FORCE 361предмет 50217C361","ОИ","137-2 (не превышает тысячекратного МРП)","0","05.2018","471010000, Мангистауская область, Актау Г.А., г.Актау, \"Мангистауская область, г. Актау, промзона, ТОО \"\"МАЭК-Казатомпром\"\", здание 201\"","471010000, Мангистауская область, Актау Г.А., г.Актау, \"Мангистауская область, г. Актау, промзона, ТОО \"\"МАЭК-Казатомпром\"\"\"","DDP","С даты подписания договора в течение 60 календарных дней","Предоплата - 0% , Промежуточный платеж - 0% , Окончательный платеж - 100% ","Штука",{"v":1,"d":"1.000"},{"v":1048543,"d":"1,048,543.000"},{"v":1048543,"d":"1,048,543.000"},{"v":1174368.16,"d":"1,174,368.160"},"-","Товарищество с ограниченной ответственностью \"Мангистауский атомный энергетический комбинат-Казатомпром\""]
[null,"-","4240 Т","279031.800.000000","Аппарат сварочный","инвентор","462:Тип:\"Сварочный инвертор \"\"Powerman\"\" (160А)\":\"Сварочный инвертор \"\"Powerman\"\" (160А)\"","ОИ","137-2 (не превышает тысячекратного МРП)","0","07.2018","471010000, Мангистауская область, Актау Г.А., г.Актау, \"Мангистауская область, г. Актау, промзона, ТОО \"\"МАЭК-Казатомпром\"\", здание 201\"","471010000, Мангистауская область, Актау Г.А., г.Актау, \"Мангистауская область, г. Актау, промзона, ТОО \"\"МАЭК-Казатомпром\"\"\"","DDP","С даты подписания договора в течение 30 календарных дней","Предоплата - 0% , Промежуточный платеж - 0% , Окончательный платеж - 100% ","Штука",{"v":1,"d":"1.000"},{"v":106327,"d":"106,327.000"},{"v":106327,"d":"106,327.000"},{"v":119086.24,"d":"119,086.240"},"-","Товарищество с ограниченной ответственностью \"Мангистауский атомный энергетический комбинат-Казатомпром\""]
[null,"7218107","4243 Т","282114.700.000022","Спираль","для подогревателя высокого давления","462:Тип:ПВ-350-230 (правые):ПВ-350-230 (правые)","ЦПП","-","0","07.2018","471010000, Мангистауская область, Актау Г.А., г.Актау, \"Мангистауская область, г. Актау, промзона, ТОО \"\"МАЭК-Казатомпром\"\", здание 201\"","471010000, Мангистауская область, Актау Г.А., г.Актау, \"Мангистауская область, г. Актау, промзона, ТОО \"\"МАЭК-Казатомпром\"\"\"","DDP","С даты подписания договора в течение 60 календарных дней","Предоплата - 0% , Промежуточный платеж - 0% , Окончательный платеж - 100% ","Штука",{"v":10,"d":"10.000"},{"v":150000,"d":"150,000.000"},{"v":1500000,"d":"1,500,000.000"},{"v":1680000,"d":"1,680,000.000"},"-","Товарищество с ограниченной ответственностью \"Мангистауский атомный энергетический комбинат-Казатомпром\""]
[null,"8564043","4244 Т","281332.000.000129","Генератор","для компрессора","235:Наименование:Дизельный генератор :Дизельный генератор  \\ 62:мощность:7,5 кВт:7,5 кВт","ЦПП","-","0","02.2018","471010000, Мангистауская область, Актау Г.А., г.Актау, \"Мангистауская область, г. Актау, промзона, ТОО \"\"МАЭК-Казатомпром\"\", здание 201\"","471010000, Мангистауская область, Актау Г.А., г.Актау, \"Мангистауская область, г. Актау, промзона, ТОО \"\"МАЭК-Казатомпром\"\"\"","DDP","С даты подписания договора в течение 60 календарных дней","Предоплата - 0% , Промежуточный платеж - 0% , Окончательный платеж - 100% ","Штука",{"v":1,"d":"1.000"},{"v":2337120,"d":"2,337,120.000"},{"v":2337120,"d":"2,337,120.000"},{"v":2617574.4,"d":"2,617,574.400"},"-","Товарищество с ограниченной ответственностью \"Мангистауский атомный энергетический комбинат-Казатомпром\""]
[null,"-","4249 Т","265151.700.000067","Гигрометр","психометрический","462:Тип:Гигрометр психрометрический ВИТ-2:Гигрометр психрометрический ВИТ-2","ЦПП","-","0","04.2018","471010000, Мангистауская область, Актау Г.А., г.Актау, \"Мангистауская область, г. Актау, промзона, ТОО \"\"МАЭК-Казатомпром\"\", здание 201\"","471010000, Мангистауская область, Актау Г.А., г.Актау, \"Мангистауская область, г. Актау, промзона, ТОО \"\"МАЭК-Казатомпром\"\"\"","DDP","С даты подписания договора в течение 90 календарных дней","Предоплата - 0% , Промежуточный платеж - 0% , Окончательный платеж - 100% ","Штука",{"v":2,"d":"2.000"},{"v":8000,"d":"8,000.000"},{"v":16000,"d":"16,000.000"},{"v":17920,"d":"17,920.000"},"-","Товарищество с ограниченной ответственностью \"Мангистауский атомный энергетический комбинат-Казатомпром\""]
[null,"-","4251 Т","265152.700.000025","Манометр","грузопоршневой","462:Тип:Манометр грузопоршневой гидравлический L1200/2 от 0 кгс/см до 70 кгс/см в комплекте с грузами:Манометр грузопоршневой гидравлический L1200/2 от 0 кгс/см до 70 кгс/см в комплекте с грузами","ЦПП","-","0","04.2018","471010000, Мангистауская область, Актау Г.А., г.Актау, \"Мангистауская область, г. Актау, промзона, ТОО \"\"МАЭК-Казатомпром\"\", здание 201\"","471010000, Мангистауская область, Актау Г.А., г.Актау, \"Мангистауская область, г. Актау, промзона, ТОО \"\"МАЭК-Казатомпром\"\"\"","DDP","С даты подписания договора в течение 90 календарных дней","Предоплата - 0% , Промежуточный платеж - 0% , Окончательный платеж - 100% ","Штука",{"v":1,"d":"1.000"},{"v":2900000,"d":"2,900,000.000"},{"v":2900000,"d":"2,900,000.000"},{"v":3248000,"d":"3,248,000.000"},"-","Товарищество с ограниченной ответственностью \"Мангистауский атомный энергетический комбинат-Казатомпром\""]
[null,"-","4255 Т","265153.930.000009","Титратор автоматический","лабораторный","462:Тип:Автоматизированный высокочастотный потенциометрический титратор  АТП-02:Автоматизированный высокочастотный потенциометрический титратор  АТП-02","ЦПП","-","0","04.2018","471010000, Мангистауская область, Актау Г.А., г.Актау, \"Мангистауская область, г. Актау, промзона, ТОО \"\"МАЭК-Казатомпром\"\", здание 201\"","471010000, Мангистауская область, Актау Г.А., г.Актау, \"Мангистауская область, г. Актау, промзона, ТОО \"\"МАЭК-Казатомпром\"\"\"","DDP","С даты подписания договора в течение 90 календарных дней","Предоплата - 0% , Промежуточный платеж - 0% , Окончательный платеж - 100% ","Штука",{"v":1,"d":"1.000"},{"v":2836417.5,"d":"2,836,417.500"},{"v":2836417.5,"d":"2,836,417.500"},{"v":3176787.6,"d":"3,176,787.600"},"-","Товарищество с ограниченной ответственностью \"Мангистауский атомный энергетический комбинат-Казатомпром\""]
[null,"-","4258 Т","265145.200.000016","Установка измерительная","для диагностирования, ремонта и поверки средств измерительной техники","462:Тип:Устройство для проверки простых защит Нептун-2:Устройство для проверки простых защит Нептун-2","ЦПП","-","0","04.2018","471010000, Мангистауская область, Актау Г.А., г.Актау, \"Мангистауская область, г. Актау, промзона, ТОО \"\"МАЭК-Казатомпром\"\", здание 201\"","471010000, Мангистауская область, Актау Г.А., г.Актау, \"Мангистауская область, г. Актау, промзона, ТОО \"\"МАЭК-Казатомпром\"\"\"","DDP","С даты подписания договора в течение 90 календарных дней","Предоплата - 0% , Промежуточный платеж - 0% , Окончательный платеж - 100% ","Штука",{"v":1,"d":"1.000"},{"v":668122,"d":"668,122.000"},{"v":668122,"d":"668,122.000"},{"v":748296.64,"d":"748,296.640"},"-","Товарищество с ограниченной ответственностью \"Мангистауский атомный энергетический комбинат-Казатомпром\""]
[null,"-","4263 Т","282113.600.000022","Плита нагревательная","для быстрого и равномерного нагрева стаканов, колб и других объектов, лабораторная","462:Тип:Плита нагревательная лабораторная  LH-402 (ЛАБ- ПН-01)         :Плита нагревательная лабораторная  LH-402 (ЛАБ- ПН-01)         ","ЦПП","-","0","04.2018","471010000, Мангистауская область, Актау Г.А., г.Актау, \"Мангистауская область, г. Актау, промзона, ТОО \"\"МАЭК-Казатомпром\"\", здание 201\"","471010000, Мангистауская область, Актау Г.А., г.Актау, \"Мангистауская область, г. Актау, промзона, ТОО \"\"МАЭК-Казатомпром\"\"\"","DDP","С даты подписания договора в течение 90 календарных дней","Предоплата - 0% , Промежуточный платеж - 0% , Окончательный платеж - 100% ","Штука",{"v":2,"d":"2.000"},{"v":1047840,"d":"1,047,840.000"},{"v":2095680,"d":"2,095,680.000"},{"v":2347161.6,"d":"2,347,161.600"},"-","Товарищество с ограниченной ответственностью \"Мангистауский атомный энергетический комбинат-Казатомпром\""]
[null,"-","4266 Т","265131.500.000016","Весы","лабораторные","462:Тип:Весы механические товарные ВТ 8908-100УС с увеличенной платформой (на 100 кг.):Весы механические товарные ВТ 8908-100УС с увеличенной платформой (на 100 кг.)","ЦПП","-","0","04.2018","471010000, Мангистауская область, Актау Г.А., г.Актау, \"Мангистауская область, г. Актау, промзона, ТОО \"\"МАЭК-Казатомпром\"\", здание 201\"","471010000, Мангистауская область, Актау Г.А., г.Актау, \"Мангистауская область, г. Актау, промзона, ТОО \"\"МАЭК-Казатомпром\"\"\"","DDP","С даты подписания договора в течение 90 календарных дней","Предоплата - 0% , Промежуточный платеж - 0% , Окончательный платеж - 100% ","Штука",{"v":1,"d":"1.000"},{"v":197150,"d":"197,150.000"},{"v":197150,"d":"197,150.000"},{"v":220808,"d":"220,808.000"},"-","Товарищество с ограниченной ответственностью \"Мангистауский атомный энергетический комбинат-Казатомпром\""]
[null,"-","4267 Т","266012.900.000002","Мешалка магнитная","для перемешивания жидкости","462:Тип:Мешалка магнитная лабораторная:Мешалка магнитная лабораторная","ЦПП","-","0","04.2018","471010000, Мангистауская область, Актау Г.А., г.Актау, \"Мангистауская область, г. Актау, промзона, ТОО \"\"МАЭК-Казатомпром\"\", здание 201\"","471010000, Мангистауская область, Актау Г.А., г.Актау, \"Мангистауская область, г. Актау, промзона, ТОО \"\"МАЭК-Казатомпром\"\"\"","DDP","С даты подписания договора в течение 90 календарных дней","Предоплата - 0% , Промежуточный платеж - 0% , Окончательный платеж - 100% ","Штука",{"v":1,"d":"1.000"},{"v":45724,"d":"45,724.000"},{"v":45724,"d":"45,724.000"},{"v":51210.88,"d":"51,210.880"},"-","Товарищество с ограниченной ответственностью \"Мангистауский атомный энергетический комбинат-Казатомпром\""]
[null,"-","4271 Т","282941.300.000003","Центрифуга","для химической промышленности","462:Тип:Центрифуга прибор для разделения твердой и жидкой фазы:Центрифуга прибор для разделения твердой и жидкой фазы","ЦПП","-","0","04.2018","471010000, Мангистауская область, Актау Г.А., г.Актау, \"Мангистауская область, г. Актау, промзона, ТОО \"\"МАЭК-Казатомпром\"\", здание 201\"","471010000, Мангистауская область, Актау Г.А., г.Актау, \"Мангистауская область, г. Актау, промзона, ТОО \"\"МАЭК-Казатомпром\"\"\"","DDP","С даты подписания договора в течение 90 календарных дней","Предоплата - 0% , Промежуточный платеж - 0% , Окончательный платеж - 100% ","Штука",{"v":2,"d":"2.000"},{"v":821400,"d":"821,400.000"},{"v":1642800,"d":"1,642,800.000"},{"v":1839936,"d":"1,839,936.000"},"-","Товарищество с ограниченной ответственностью \"Мангистауский атомный энергетический комбинат-Казатомпром\""]
[null,"-","4274 Т","265153.100.000000","Газоанализатор","для определения доли кислорода в инертных газах","462:Тип:Кислородомер ИКТС-11:Кислородомер ИКТС-11","ЦПП","-","0","04.2018","471010000, Мангистауская область, Актау Г.А., г.Актау, \"Мангистауская область, г. Актау, промзона, ТОО \"\"МАЭК-Казатомпром\"\", здание 201\"","471010000, Мангистауская область, Актау Г.А., г.Актау, \"Мангистауская область, г. Актау, промзона, ТОО \"\"МАЭК-Казатомпром\"\"\"","DDP","С даты подписания договора в течение 90 календарных дней","Предоплата - 0% , Промежуточный платеж - 0% , Окончательный платеж - 100% ","Штука",{"v":1,"d":"1.000"},{"v":1320000,"d":"1,320,000.000"},{"v":1320000,"d":"1,320,000.000"},{"v":1478400,"d":"1,478,400.000"},"-","Товарищество с ограниченной ответственностью \"Мангистауский атомный энергетический комбинат-Казатомпром\""]
[null,"-","4280 Т","265145.200.000004","Измеритель сопротивления, увлажненности и степени старения электроизоляции","для измерения сопротивления, увлажненности и степени старения электроизоляции","462:Тип:Прибор «MIC-5000»:Прибор «MIC-5000»","ЦПП","-","0","04.2018","471010000, Мангистауская область, Актау Г.А., г.Актау, \"Мангистауская область, г. Актау, промзона, ТОО \"\"МАЭК-Казатомпром\"\", здание 201\"","471010000, Мангистауская область, Актау Г.А., г.Актау, \"Мангистауская область, г. Актау, промзона, ТОО \"\"МАЭК-Казатомпром\"\"\"","DDP","С даты подписания договора в течение 90 календарных дней","Предоплата - 0% , Промежуточный платеж - 0% , Окончательный платеж - 100% ","Штука",{"v":1,"d":"1.000"},{"v":1100000,"d":"1,100,000.000"},{"v":1100000,"d":"1,100,000.000"},{"v":1232000,"d":"1,232,000.000"},"-","Товарищество с ограниченной ответственностью \"Мангистауский атомный энергетический комбинат-Казатомпром\""]
[null,"9946380","4282 Т","324031.510.000000","Велосипед","детский","462:Тип:М2:М2 \\ 173:Колесная:3-х колесный грузовой:3-х колесный грузовой","ОИ","137-2 (не превышает тысячекратного МРП)","0","05.2018","471010000, Мангистауская область, Актау Г.А., г.Актау, \"Мангистауская область, г. Актау, промзона, ТОО \"\"МАЭК-Казатомпром\"\", здание 201\"","471010000, Мангистауская область, Актау Г.А., г.Актау, \"Мангистауская область, г. Актау, промзона, ТОО \"\"МАЭК-Казатомпром\"\"\"","DDP","С даты подписания договора в течение 60 календарных дней","Предоплата - 0% , Промежуточный платеж - 0% , Окончательный платеж - 100% ","Штука",{"v":1,"d":"1.000"},{"v":133200,"d":"133,200.000"},{"v":133200,"d":"133,200.000"},{"v":149184,"d":"149,184.000"},"-","Товарищество с ограниченной ответственностью \"Мангистауский атомный энергетический комбинат-Казатомпром\""]
[null,"-","4285 Т","271141.530.000002","Трансформатор силовой","сухой, мощность 1000 кВА, первичное напряжение 6 кВ","462:Тип:Трансформатор сухой типа ТСЛЗ-1000/6-У3:Трансформатор сухой типа ТСЛЗ-1000/6-У3","ЦПП","-","0","04.2018","471010000, Мангистауская область, Актау Г.А., г.Актау, \"Мангистауская область, г. Актау, промзона, ТОО \"\"МАЭК-Казатомпром\"\", здание 201\"","471010000, Мангистауская область, Актау Г.А., г.Актау, \"Мангистауская область, г. Актау, промзона, ТОО \"\"МАЭК-Казатомпром\"\"\"","DDP","С даты подписания договора в течение 90 календарных дней","Предоплата - 0% , Промежуточный платеж - 0% , Окончательный платеж - 100% ","Штука",{"v":1,"d":"1.000"},{"v":6635358.04,"d":"6,635,358.040"},{"v":6635358.04,"d":"6,635,358.040"},{"v":7431601,"d":"7,431,601.000"},"-","Товарищество с ограниченной ответственностью \"Мангистауский атомный энергетический комбинат-Казатомпром\""]
[null,"9719024","4290 Т","281413.350.000006","Задвижка","клиновая, стальная, условный проход 50-450 мм","462:Тип:Задвижка 30ч906бр Ду 400:Задвижка 30ч906бр Ду 400","ОТП","-","65","04.2018","471010000, Мангистауская область, Актау Г.А., г.Актау, \"Мангистауская область, г. Актау, промзона, ТОО \"\"МАЭК-Казатомпром\"\", здание 201\"","471010000, Мангистауская область, Актау Г.А., г.Актау, \"Мангистауская область, г. Актау, промзона, ТОО \"\"МАЭК-Казатомпром\"\"\"","DDP","С даты подписания договора в течение 60 календарных дней","Предоплата - 0% , Промежуточный платеж - 0% , Окончательный платеж - 100% ","Штука",{"v":1,"d":"1.000"},{"v":525600,"d":"525,600.000"},{"v":525600,"d":"525,600.000"},{"v":588672,"d":"588,672.000"},"ТПХ","Товарищество с ограниченной ответственностью \"Мангистауский атомный энергетический комбинат-Казатомпром\""]
[null,"9719028","4293 Т","281413.330.000002","Задвижка","клиновая, чугунная, условный проход 450-2600 мм","462:Тип:Задвижка Ду/Ру -1200/2,5 30ч 925бр (ПТ 12001-1200), эл. привод ПТ 099004:Задвижка Ду/Ру -1200/2,5 30ч 925бр (ПТ 12001-1200), эл. привод ПТ 099004","ОТП","-","65","04.2018","471010000, Мангистауская область, Актау Г.А., г.Актау, \"Мангистауская область, г. Актау, промзона, ТОО \"\"МАЭК-Казатомпром\"\", здание 201\"","471010000, Мангистауская область, Актау Г.А., г.Актау, \"Мангистауская область, г. Актау, промзона, ТОО \"\"МАЭК-Казатомпром\"\"\"","DDP","С даты подписания договора в течение 60 календарных дней","Предоплата - 0% , Промежуточный платеж - 0% , Окончательный платеж - 100% ","Штука",{"v":2,"d":"2.000"},{"v":5050000,"d":"5,050,000.000"},{"v":10100000,"d":"10,100,000.000"},{"v":11312000,"d":"11,312,000.000"},"ТПХ","Товарищество с ограниченной ответственностью \"Мангистауский атомный энергетический комбинат-Казатомпром\""]
[null,"-","4295 Т","282511.300.000019","Калорифер","водяной","462:Тип:Калорифер КСк4-5:Калорифер КСк4-5","ОИ","137-2 (не превышает тысячекратного МРП)","0","05.2018","471010000, Мангистауская область, Актау Г.А., г.Актау, \"Мангистауская область, г. Актау, промзона, ТОО \"\"МАЭК-Казатомпром\"\", здание 201\"","471010000, Мангистауская область, Актау Г.А., г.Актау, \"Мангистауская область, г. Актау, промзона, ТОО \"\"МАЭК-Казатомпром\"\"\"","DDP","С даты подписания договора в течение 60 календарных дней","Предоплата - 0% , Промежуточный платеж - 0% , Окончательный платеж - 100% ","Штука",{"v":10,"d":"10.000"},{"v":155250,"d":"155,250.000"},{"v":1552500,"d":"1,552,500.000"},{"v":1738800,"d":"1,738,800.000"},"-","Товарищество с ограниченной ответственностью \"Мангистауский атомный энергетический комбинат-Казатомпром\""]
[null,"-","4299 Т","172312.700.000034","Бланк","конкретного вида документа","38:Вид:Бланк жировок сотрудников\n:Бланк жировок сотрудников\n","ОИ","137-2 (не превышает тысячекратного МРП)","0","02.2018","471000000, Мангистауская область, Актау Г.А., Промзона, ТОО \"МАЭК-Казатомпром\", здание 201","471000000, Мангистауская область, Актау Г.А., Промзона, склад ТОО \"МАЭК-Казатомпром\"","DDP","с 02.2018 по 12.2018","Окончательный платеж - 10% , Промежуточный платеж - 90% , Предоплата - 0% ","Штука",{"v":92400,"d":"92,400.000"},{"v":18,"d":"18.000"},{"v":1663200,"d":"1,663,200.000"},{"v":1862784,"d":"1,862,784.000"},"-","Товарищество с ограниченной ответственностью \"Мангистауский атомный энергетический комбинат-Казатомпром\""]
[null,"-","4302 Т","172313.500.000009","Папка","из мелованного картона, формат А5","38:Вид:Папка для документов мягкий переплет\n:Папка для документов мягкий переплет\n","ОИ","137-2 (не превышает тысячекратного МРП)","0","02.2018","471000000, Мангистауская область, Актау Г.А., Промзона, ТОО \"МАЭК-Казатомпром\", здание 201","471000000, Мангистауская область, Актау Г.А., Промзона, склад ТОО \"МАЭК-Казатомпром\"","DDP","с 02.2018 по 12.2018","Окончательный платеж - 10% , Промежуточный платеж - 90% , Предоплата - 0% ","Штука",{"v":6250,"d":"6,250.000"},{"v":80,"d":"80.000"},{"v":500000,"d":"500,000.000"},{"v":560000,"d":"560,000.000"},"-","Товарищество с ограниченной ответственностью \"Мангистауский атомный энергетический комбинат-Казатомпром\""]
[null,"-","4308 Т","274011.000.000000","Лампа направленного света","герметичная","196:Лампа:Лампа РН110-8 Б 15\n:Лампа РН110-8 Б 15\n","ОТП","-","0","02.2018","471000000, Мангистауская область, Актау Г.А., Промзона, ТОО \"МАЭК-Казатомпром\", здание 201","471000000, Мангистауская область, Актау Г.А., Промзона, склад ТОО \"МАЭК-Казатомпром\"","DDP","С даты подписания договора в течение 30 календарных дней","Окончательный платеж - 100% , Промежуточный платеж - 0% , Предоплата - 0% ","Штука",{"v":1000,"d":"1,000.000"},{"v":187.86,"d":"187.860"},{"v":187860,"d":"187,860.000"},{"v":210403.2,"d":"210,403.200"},"-","Товарищество с ограниченной ответственностью \"Мангистауский атомный энергетический комбинат-Казатомпром\""]
[null,"-","4310 Т","274011.000.000000","Лампа направленного света","герметичная","196:Лампа:Лампа МО24х25\n:Лампа МО24х25\n","ОТП","-","0","02.2018","471000000, Мангистауская область, Актау Г.А., Промзона, ТОО \"МАЭК-Казатомпром\", здание 201","471000000, Мангистауская область, Актау Г.А., Промзона, склад ТОО \"МАЭК-Казатомпром\"","DDP","С даты подписания договора в течение 30 календарных дней","Окончательный платеж - 100% , Промежуточный платеж - 0% , Предоплата - 0% ","Штука",{"v":10,"d":"10.000"},{"v":93.15,"d":"93.150"},{"v":931.5,"d":"931.500"},{"v":1043.28,"d":"1,043.280"},"-","Товарищество с ограниченной ответственностью \"Мангистауский атомный энергетический комбинат-Казатомпром\""]
[null,"-","4313 Т","274014.900.000016","Лампа накаливания","общего назначения, тип Б220-230-40-1, мощность 40 Вт","196:Лампа:Лампа Б220-230-40\n:Лампа Б220-230-40\n","ОТП","-","0","02.2018","471000000, Мангистауская область, Актау Г.А., Промзона, ТОО \"МАЭК-Казатомпром\", здание 201","471000000, Мангистауская область, Актау Г.А., Промзона, склад ТОО \"МАЭК-Казатомпром\"","DDP","С даты подписания договора в течение 30 календарных дней","Окончательный платеж - 100% , Промежуточный платеж - 0% , Предоплата - 0% ","Штука",{"v":50,"d":"50.000"},{"v":145,"d":"145.000"},{"v":7250,"d":"7,250.000"},{"v":8120,"d":"8,120.000"},"-","Товарищество с ограниченной ответственностью \"Мангистауский атомный энергетический комбинат-Казатомпром\""]
[null,"-","4317 Т","274014.900.000058","Лампа накаливания","общего назначения, тип Г220-230-300-2, мощность 300 Вт","196:Лампа:Лампа Г220-230-300-2\n:Лампа Г220-230-300-2\n","ОТП","-","0","02.2018","471000000, Мангистауская область, Актау Г.А., Промзона, ТОО \"МАЭК-Казатомпром\", здание 201","471000000, Мангистауская область, Актау Г.А., Промзона, склад ТОО \"МАЭК-Казатомпром\"","DDP","С даты подписания договора в течение 30 календарных дней","Окончательный платеж - 100% , Промежуточный платеж - 0% , Предоплата - 0% ","Штука",{"v":200,"d":"200.000"},{"v":240,"d":"240.000"},{"v":48000,"d":"48,000.000"},{"v":53760,"d":"53,760.000"},"-","Товарищество с ограниченной ответственностью \"Мангистауский атомный энергетический комбинат-Казатомпром\""]
[null,"-","4321 Т","274015.990.000142","Лампа люминесцентная","тип цоколя G13, мощность 18 Вт","196:Лампа:Лампа люминисцентная FL-18/765\n:Лампа люминисцентная FL-18/765\n","ОТП","-","0","02.2018","471000000, Мангистауская область, Актау Г.А., Промзона, ТОО \"МАЭК-Казатомпром\", здание 201","471000000, Мангистауская область, Актау Г.А., Промзона, склад ТОО \"МАЭК-Казатомпром\"","DDP","С даты подписания договора в течение 30 календарных дней","Окончательный платеж - 100% , Промежуточный платеж - 0% , Предоплата - 0% ","Штука",{"v":2050,"d":"2,050.000"},{"v":253.78,"d":"253.780"},{"v":520249,"d":"520,249.000"},{"v":582678.88,"d":"582,678.880"},"-","Товарищество с ограниченной ответственностью \"Мангистауский атомный энергетический комбинат-Казатомпром\""]
[null,"-","4324 Т","274015.990.000154","Лампа люминесцентная","тип цоколя G13, мощность 40 Вт","196:Лампа:Лампа люминисцентная FL-40-32/765\n:Лампа люминисцентная FL-40-32/765\n","ОТП","-","0","02.2018","471000000, Мангистауская область, Актау Г.А., Промзона, ТОО \"МАЭК-Казатомпром\", здание 201","471000000, Мангистауская область, Актау Г.А., Промзона, склад ТОО \"МАЭК-Казатомпром\"","DDP","С даты подписания договора в течение 30 календарных дней","Окончательный платеж - 100% , Промежуточный платеж - 0% , Предоплата - 0% ","Штука",{"v":7060,"d":"7,060.000"},{"v":307.6,"d":"307.600"},{"v":2171656,"d":"2,171,656.000"},{"v":2432254.72,"d":"2,432,254.720"},"-","Товарищество с ограниченной ответственностью \"Мангистауский атомный энергетический комбинат-Казатомпром\""]
[null,"-","4326 Т","281131.000.000020","Аппарат","для паровой турбины, направляющий","-","ОТП","-","0","01.2018","471000000, Мангистауская область, Актау Г.А., Промзона, ТОО \"МАЭК-Казатомпром\", здание 201","471000000, Мангистауская область, Актау Г.А., Промзона, склад ТОО \"МАЭК-Казатомпром\"","DDP","С даты подписания договора в течение 90 календарных дней","Окончательный платеж - 100% , Промежуточный платеж - 0% , Предоплата - 0% ","Комплект",{"v":1,"d":"1.000"},{"v":15300000,"d":"15,300,000.000"},{"v":15300000,"d":"15,300,000.000"},{"v":17136000,"d":"17,136,000.000"},"-","Товарищество с ограниченной ответственностью \"Мангистауский атомный энергетический комбинат-Казатомпром\""]
[null,"-","4329 Т","281131.000.000020","Аппарат","для паровой турбины, направляющий","-","ОТП","-","0","01.2018","471000000, Мангистауская область, Актау Г.А., Промзона, ТОО \"МАЭК-Казатомпром\", здание 201","471000000, Мангистауская область, Актау Г.А., Промзона, склад ТОО \"МАЭК-Казатомпром\"","DDP","С даты подписания договора в течение 90 календарных дней","Окончательный платеж - 100% , Промежуточный платеж - 0% , Предоплата - 0% ","Комплект",{"v":1,"d":"1.000"},{"v":21420000,"d":"21,420,000.000"},{"v":21420000,"d":"21,420,000.000"},{"v":23990400,"d":"23,990,400.000"},"-","Товарищество с ограниченной ответственностью \"Мангистауский атомный энергетический комбинат-Казатомпром\""]
[null,"-","4333 Т","281141.300.000000","Кольцо","для гильзы цилиндра, уплотнительное","-","ОТП","-","0","01.2018","471000000, Мангистауская область, Актау Г.А., Промзона, ТОО \"МАЭК-Казатомпром\", здание 201","471000000, Мангистауская область, Актау Г.А., Промзона, склад ТОО \"МАЭК-Казатомпром\"","DDP","С даты подписания договора в течение 90 календарных дней","Окончательный платеж - 100% , Промежуточный платеж - 0% , Предоплата - 0% ","Штука",{"v":9,"d":"9.000"},{"v":2000000,"d":"2,000,000.000"},{"v":18000000,"d":"18,000,000.000"},{"v":20160000,"d":"20,160,000.000"},"-","Товарищество с ограниченной ответственностью \"Мангистауский атомный энергетический комбинат-Казатомпром\""]
[null,"-","4335 Т","281413.750.000007","Затвор","дисковый, стальной, условный проход 450-2600 мм","462:Тип:303 тип/ Привод электроприводной в комплекте с ответным фланцем\n:303 тип/ Привод электроприводной в комплекте с ответным фланцем \\ 462:Тип:462 Тип/ 32с910бр\n\n:462 Тип/ 32с910бр","ОИ","140-1 (для локализации и/или ликвидации  последствий чрезвычайных ситуаций)","0","01.2018","471000000, Мангистауская область, Актау Г.А., Промзона, ТОО \"МАЭК-Казатомпром\", здание 201","471000000, Мангистауская область, Актау Г.А., Промзона, склад ТОО \"МАЭК-Казатомпром\"","DDP","С даты подписания договора в течение 20 календарных дней","Окончательный платеж - 100% , Промежуточный платеж - 0% , Предоплата - 0% ","Штука",{"v":2,"d":"2.000"},{"v":3700000,"d":"3,700,000.000"},{"v":7400000,"d":"7,400,000.000"},{"v":7400000,"d":"7,400,000.000"},"-","Товарищество с ограниченной ответственностью \"Мангистауский атомный энергетический комбинат-Казатомпром\""]
[null,"-","4340 Т","329959.900.000014","Визитка","фирменная","38:Вид:Визитки двусторонние\n:Визитки двусторонние\n","ОИ","137-2 (не превышает тысячекратного МРП)","0","02.2018","471000000, Мангистауская область, Актау Г.А., Промзона, ТОО \"МАЭК-Казатомпром\", здание 201","471000000, Мангистауская область, Актау Г.А., Промзона, склад ТОО \"МАЭК-Казатомпром\"","DDP","с 02.2018 по 12.2018","Окончательный платеж - 10% , Промежуточный платеж - 90% , Предоплата - 0% ","Штука",{"v":2000,"d":"2,000.000"},{"v":35,"d":"35.000"},{"v":70000,"d":"70,000.000"},{"v":78400,"d":"78,400.000"},"-","Товарищество с ограниченной ответственностью \"Мангистауский атомный энергетический комбинат-Казатомпром\""]
[null,"-","4344 Т","172211.500.000003","Клеенка","столовая, на тканевой основе","-","ОИ","137-2 (не превышает тысячекратного МРП)","0","02.2018","471000000, Мангистауская область, Актау Г.А., Промзона, ТОО \"МАЭК-Казатомпром\", здание 201","471000000, Мангистауская область, Актау Г.А., Промзона, склад ТОО \"МАЭК-Казатомпром\"","DDP","С даты подписания договора в течение 30 календарных дней","Окончательный платеж - 100% , Промежуточный платеж - 0% , Предоплата - 0% ","Штука",{"v":20,"d":"20.000"},{"v":4500,"d":"4,500.000"},{"v":90000,"d":"90,000.000"},{"v":100800,"d":"100,800.000"},"-","Товарищество с ограниченной ответственностью \"Мангистауский атомный энергетический комбинат-Казатомпром\""]
[null,"-","4348 Т","271223.700.000065","Переключатель","пакетный, номинальный ток 16 А","38:Вид:Б-группа коммут износостойкости, 2 полюса\n:Б-группа коммут износостойкости, 2 полюса\n \\ 188:Крепление:способ крепление базовое 1з+1р\n:способ крепление базовое 1з+1р\n \\ 339:Привод:рычаг с роликом\n:рычаг с роликом\n \\ 34:ток:Г-с резьбовым неуплотненным вводом, ном. Ток 16А\n:Г-с резьбовым неуплотненным вводом, ном. Ток 16А\n \\ 462:Тип:ВП16РГ 23Б-231-55 У2.3\n:ВП16РГ 23Б-231-55 У2.3\n","ОИ","137-2 (не превышает тысячекратного МРП)","0","02.2018","471000000, Мангистауская область, Актау Г.А., Промзона, ТОО \"МАЭК-Казатомпром\", здание 201","471000000, Мангистауская область, Актау Г.А., Промзона, склад ТОО \"МАЭК-Казатомпром\"","DDP","С даты подписания договора в течение 30 календарных дней","Окончательный платеж - 100% , Промежуточный платеж - 0% , Предоплата - 0% ","Штука",{"v":6,"d":"6.000"},{"v":21899.1,"d":"21,899.100"},{"v":131394.6,"d":"131,394.600"},{"v":147161.95,"d":"147,161.950"},"-","Товарищество с ограниченной ответственностью \"Мангистауский атомный энергетический комбинат-Казатомпром\""]
[null,"-","4349 Т","274032.000.000000","Гирлянда","светодиодная","-","ОИ","137-2 (не превышает тысячекратного МРП)","0","02.2018","471000000, Мангистауская область, Актау Г.А., Промзона, ТОО \"МАЭК-Казатомпром\", здание 201","471000000, Мангистауская область, Актау Г.А., Промзона, склад ТОО \"МАЭК-Казатомпром\"","DDP","С даты подписания договора в течение 30 календарных дней","Окончательный платеж - 100% , Промежуточный платеж - 0% , Предоплата - 0% ","Метр",{"v":150,"d":"150.000"},{"v":1100,"d":"1,100.000"},{"v":165000,"d":"165,000.000"},{"v":184800,"d":"184,800.000"},"-","Товарищество с ограниченной ответственностью \"Мангистауский атомный энергетический комбинат-Казатомпром\""]
[null,"-","4353 Т","241031.900.000016","Лист стальной","марка Ст.20, толщина 4-60 мм, горячекатаный","79:ГОСТ:19903-2015\n:19903-2015\n \\ 104:Толщина:6:6","ОТП","-","0","02.2018","471000000, Мангистауская область, Актау Г.А., Промзона, ТОО \"МАЭК-Казатомпром\", здание 201","471000000, Мангистауская область, Актау Г.А., Промзона, склад ТОО \"МАЭК-Казатомпром\"","DDP","С даты подписания договора в течение 30 календарных дней","Окончательный платеж - 100% , Промежуточный платеж - 0% , Предоплата - 0% ","Тонна (метрическая)",0.847,{"v":360000,"d":"360,000.000"},{"v":304920,"d":"304,920.000"},{"v":341510.4,"d":"341,510.400"},"-","Товарищество с ограниченной ответственностью \"Мангистауский атомный энергетический комбинат-Казатомпром\""]
[null,"-","4356 Т","265163.500.000009","Счетчик жидкости","холодной воды","417:Соединение:фланцевое\n:фланцевое\n \\ 379:Расход:400 м3/ч\n:400 м3/ч\n \\ 171:Код:+5...+50°С\n:+5...+50°С\n \\ 36:Диаметр:150\n:150\n \\ 462:Тип: ВСХН \n: ВСХН \n","ОИ","137-2 (не превышает тысячекратного МРП)","0","02.2018","471000000, Мангистауская область, Актау Г.А., Промзона, ТОО \"МАЭК-Казатомпром\", здание 201","471000000, Мангистауская область, Актау Г.А., Промзона, склад ТОО \"МАЭК-Казатомпром\"","DDP","С даты подписания договора в течение 30 календарных дней","Окончательный платеж - 100% , Промежуточный платеж - 0% , Предоплата - 0% ","Штука",{"v":2,"d":"2.000"},{"v":155324.1,"d":"155,324.100"},{"v":310648.2,"d":"310,648.200"},{"v":347925.98,"d":"347,925.980"},"-","Товарищество с ограниченной ответственностью \"Мангистауский атомный энергетический комбинат-Казатомпром\""]
[null,"-","4360 Т","265163.500.000010","Счетчик жидкости","горячей воды","417:Соединение:фланцевое\n:фланцевое\n \\ 379:Расход:25,0 м3/ч\n:25,0 м3/ч\n \\ 71:температура:+5...+150°С\n:+5...+150°С\n \\ 36:Диаметр:65\n:65\n \\ 462:Тип: ВСГН \n: ВСГН \n","ОИ","137-2 (не превышает тысячекратного МРП)","0","02.2018","471000000, Мангистауская область, Актау Г.А., Промзона, ТОО \"МАЭК-Казатомпром\", здание 201","471000000, Мангистауская область, Актау Г.А., Промзона, склад ТОО \"МАЭК-Казатомпром\"","DDP","С даты подписания договора в течение 30 календарных дней","Окончательный платеж - 100% , Промежуточный платеж - 0% , Предоплата - 0% ","Штука",{"v":1,"d":"1.000"},{"v":83687.5,"d":"83,687.500"},{"v":83687.5,"d":"83,687.500"},{"v":93730,"d":"93,730.000"},"-","Товарищество с ограниченной ответственностью \"Мангистауский атомный энергетический комбинат-Казатомпром\""]
[null,"-","4362 Т","271222.900.000003","Выключатель","автоматический, однополюсный, напряжение менее 230 В","462:Тип:ВА 47-29, 1P, 25 А \n:ВА 47-29, 1P, 25 А \n","ЦП","-","0","02.2018","471000000, Мангистауская область, Актау Г.А., Промзона, ТОО \"МАЭК-Казатомпром\", здание 201","471000000, Мангистауская область, Актау Г.А., Промзона, склад ТОО \"МАЭК-Казатомпром\"","DDP","С даты подписания договора в течение 30 календарных дней","Окончательный платеж - 100% , Промежуточный платеж - 0% , Предоплата - 0% ","Штука",{"v":6,"d":"6.000"},{"v":480,"d":"480.000"},{"v":2880,"d":"2,880.000"},{"v":3225.6,"d":"3,225.600"},"-","Товарищество с ограниченной ответственностью \"Мангистауский атомный энергетический комбинат-Казатомпром\""]
[null,"-","4367 Т","271231.900.000051","Щит учетно-распределительный","типа ЩРН","462:Тип:Щит распределительный на 6 групп ЩР8501С-0106 (корпус металлич.)\n:Щит распределительный на 6 групп ЩР8501С-0106 (корпус металлич.)\n","ОИ","137-2 (не превышает тысячекратного МРП)","0","02.2018","471000000, Мангистауская область, Актау Г.А., Промзона, ТОО \"МАЭК-Казатомпром\", здание 201","471000000, Мангистауская область, Актау Г.А., Промзона, склад ТОО \"МАЭК-Казатомпром\"","DDP","С даты подписания договора в течение 30 календарных дней","Окончательный платеж - 100% , Промежуточный платеж - 0% , Предоплата - 0% ","Штука",{"v":1,"d":"1.000"},{"v":19800,"d":"19,800.000"},{"v":19800,"d":"19,800.000"},{"v":22176,"d":"22,176.000"},"-","Товарищество с ограниченной ответственностью \"Мангистауский атомный энергетический комбинат-Казатомпром\""]
[null,"-","4371 Т","273313.700.000001","Колодка клеммная","разъемная","462:Тип:Колодка клеммная на 16мм2\n:Колодка клеммная на 16мм2\n","ОИ","137-2 (не превышает тысячекратного МРП)","0","02.2018","471000000, Мангистауская область, Актау Г.А., Промзона, ТОО \"МАЭК-Казатомпром\", здание 201","471000000, Мангистауская область, Актау Г.А., Промзона, склад ТОО \"МАЭК-Казатомпром\"","DDP","С даты подписания договора в течение 30 календарных дней","Окончательный платеж - 100% , Промежуточный платеж - 0% , Предоплата - 0% ","Штука",{"v":20,"d":"20.000"},{"v":725,"d":"725.000"},{"v":14500,"d":"14,500.000"},{"v":16240,"d":"16,240.000"},"-","Товарищество с ограниченной ответственностью \"Мангистауский атомный энергетический комбинат-Казатомпром\""]
[null,"-","4375 Т","282922.290.000004","Мойка портальная","для мойки легкового автотранспорта, автоматизированная","62:мощность:3000 Вт:3000 Вт \\ 46:размер:552x290x333 мм:552x290x333 мм \\ 351:Производительность:600 л/час:600 л/час \\ 63:давление:20-160 бар:20-160 бар","ОИ","137-2 (не превышает тысячекратного МРП)","0","03.2018","471000000, Мангистауская область, Актау Г.А., Промзона, ТОО \"МАЭК-Казатомпром\", здание 201","471000000, Мангистауская область, Актау Г.А., Промзона, склад ТОО \"МАЭК-Казатомпром\"","DDP","С даты подписания договора в течение 30 календарных дней","Окончательный платеж - 100% , Промежуточный платеж - 0% , Предоплата - 0% ","Штука",{"v":1,"d":"1.000"},{"v":169331,"d":"169,331.000"},{"v":169331,"d":"169,331.000"},{"v":189650.72,"d":"189,650.720"},"-","Товарищество с ограниченной ответственностью \"Мангистауский атомный энергетический комбинат-Казатомпром\""]
[null,5128694,"4376 Т","293230.400.000000","Диск колеса","для легкового автомобиля","38:Вид:Диск Р17 6х139.7:Диск Р17 6х139.7","ОИ","137-2 (не превышает тысячекратного МРП)","0","02.2018","471000000, Мангистауская область, Актау Г.А., Промзона, ТОО \"МАЭК-Казатомпром\", здание 201","471000000, Мангистауская область, Актау Г.А., Промзона, склад ТОО \"МАЭК-Казатомпром\"","DDP","С даты подписания договора по 12.2018","Окончательный платеж - 100% , Промежуточный платеж - 0% , Предоплата - 0% ","Штука",{"v":4,"d":"4.000"},{"v":45000,"d":"45,000.000"},{"v":180000,"d":"180,000.000"},{"v":201600,"d":"201,600.000"},"-","Товарищество с ограниченной ответственностью \"Мангистауский атомный энергетический комбинат-Казатомпром\""]
[null,"-","1 Р","711235.900.000000","Землеустроительные и земельно-кадастровые работы","Землеустроительные и земельно-кадастровые работы","-","ОИ","137-2 (не превышает тысячекратного МРП)","100","01.2018","471010000, Мангистауская область, Актау Г.А., г.Актау, \"Мангистауская область, г. Актау, промзона, ТОО \"\"МАЭК-Казатомпром\"\", здание 201\"","471010000, Мангистауская область, Актау Г.А., г.Актау, г. Актау","-","с 01.2018 по 12.2018","Предоплата - 100% , Промежуточный платеж - 0% , Окончательный платеж - 0% ","-",{"v":1,"d":"1.000"},{"v":1309440,"d":"1,309,440.000"},{"v":1309440,"d":"1,309,440.000"},{"v":1466572.8,"d":"1,466,572.800"},"-","Товарищество с ограниченной ответственностью \"Мангистауский атомный энергетический комбинат-Казатомпром\""]
[null,"-","6 Р","749019.000.000000","Работы по разработке/корректировке нормативной/технической документации/ технологических схем/паспортов","Работы по разработке/корректировке нормативной/технической документации/ технологических схем/паспортов и аналогичных документов","Разработка проекта нормативов ПДВ радиоактивных веществ \\ Радиоактивтік заттардың ШРШ нормативтер жобасын әзірлеу","ОТП","-","90","02.2018","470000000, Мангистауская область, \"Мангистауская область, г. Актау, промзона, ТОО \"\"МАЭК-Казатомпром\"\", здание 201\"","471010000, Мангистауская область, Актау Г.А., г.Актау, г. Актау","-","с 04.2018 по 07.2018","Предоплата - 0% , Промежуточный платеж - 0% , Окончательный платеж - 100% ","-",{"v":1,"d":"1.000"},{"v":4000000,"d":"4,000,000.000"},{"v":4000000,"d":"4,000,000.000"},{"v":4480000,"d":"4,480,000.000"},"-","Товарищество с ограниченной ответственностью \"Мангистауский атомный энергетический комбинат-Казатомпром\""]
[null,"-","9 Р","181310.000.000000","Работы по изготовлению печатных форм/печатей/трафаретов","Работы по изготовлению печатных форм/печатей/трафаретов и аналогичных изделий","Изготовление печатей и штампов \\ Изготовление печатей и штампов","ОИ","137-2 (не превышает тысячекратного МРП)","70","02.2018","471010000, Мангистауская область, Актау Г.А., г.Актау, \"Мангистауская область, г. Актау, промзона, ТОО \"\"МАЭК-Казатомпром\"\", здание 201\"","471010000, Мангистауская область, Актау Г.А., г.Актау, г. Актау","-","с 02.2018 по 10.2018","Предоплата - 0% , Промежуточный платеж - 0% , Окончательный платеж - 100% ","-",{"v":1,"d":"1.000"},{"v":267857.15,"d":"267,857.150"},{"v":267857.15,"d":"267,857.150"},{"v":300000.01,"d":"300,000.010"},"-","Товарищество с ограниченной ответственностью \"Мангистауский атомный энергетический комбинат-Казатомпром\""]
[null,"-","11-2 Р","591112.000.000004","Работы по производству (изготовлению) рекламы","Работы по производству (изготовлению) рекламы","изготовление баннеров \\ изготовление баннеров","ОИ","137-2 (не превышает тысячекратного МРП)","70","02.2018","471010000, Мангистауская область, Актау Г.А., г.Актау, \"Мангистауская область, г. Актау, промзона, ТОО \"\"МАЭК-Казатомпром\"\", здание 201\"","471010000, Мангистауская область, Актау Г.А., г.Актау, г. Актау","-","с 02.2018 по 12.2018","Предоплата - 0% , Промежуточный платеж - 0% , Окончательный платеж - 100% ","-",{"v":1,"d":"1.000"},{"v":1607142.86,"d":"1,607,142.860"},{"v":1607142.86,"d":"1,607,142.860"},{"v":1800000,"d":"1,800,000.000"},"-","Товарищество с ограниченной ответственностью \"Мангистауский атомный энергетический комбинат-Казатомпром\""]
[null,"-","15 Р","821913.000.000007","Работы по разработке/корректировке технико-экономического обоснования","Работы по разработке/корректировке технико-экономического обоснования и аналогичных документов","Строительство горизонтально-трубного пленочного испарителя ГТПИ-4 ЗПД и ПТВС (разработка ТЭО) \\ ДӨжӨЖСЖЗ көлденең-құбырлы пленкалы буландырғышының КҚПБ-4 құрылысы (ТЭН дайындау)","ОТ","-","100","01.2018","471010000, Мангистауская область, Актау Г.А., г.Актау, \"Мангистауская область, г. Актау, промзона, ТОО \"\"МАЭК-Казатомпром\"\", здание 201\"","471010000, Мангистауская область, Актау Г.А., г.Актау, г. Актау","-","С даты подписания договора в течение 180 календарных дней","Предоплата - 0% , Промежуточный платеж - 90% , Окончательный платеж - 10% ","-",{"v":1,"d":"1.000"},{"v":13069600,"d":"13,069,600.000"},{"v":13069600,"d":"13,069,600.000"},{"v":14637952,"d":"14,637,952.000"},"-","Товарищество с ограниченной ответственностью \"Мангистауский атомный энергетический комбинат-Казатомпром\""]
[null,"-","16 Р","821913.000.000007","Работы по разработке/корректировке технико-экономического обоснования","Работы по разработке/корректировке технико-экономического обоснования и аналогичных документов","Строительство водогрейного котла ТЭЦ-1 (разработка ТЭО) \\ ЖЭО-1 сужылыту қазандық құрылысы  (ТЭН дайындау)","ОТ","-","100","01.2018","471010000, Мангистауская область, Актау Г.А., г.Актау, \"Мангистауская область, г. Актау, промзона, ТОО \"\"МАЭК-Казатомпром\"\", здание 201\"","471010000, Мангистауская область, Актау Г.А., г.Актау, г. Актау","-","С даты подписания договора в течение 180 календарных дней","Предоплата - 0% , Промежуточный платеж - 90% , Окончательный платеж - 10% ","-",{"v":1,"d":"1.000"},{"v":11003570,"d":"11,003,570.000"},{"v":11003570,"d":"11,003,570.000"},{"v":12323998.4,"d":"12,323,998.400"},"-","Товарищество с ограниченной ответственностью \"Мангистауский атомный энергетический комбинат-Казатомпром\""]
[null,"-","17 Р","432110.100.000002","Электромонтажные работы","Электромонтажные работы","Реконструкция ячейки №5 ОРУ  220 кВ с заменой  выключателей   У-220Б-2000-25У1 на элегазовый колонковый выключатель, ТЭС \\ ЖЭС, №5 АТҚ 220 кВ У-220Б-2000-25У1 ажыратқыштарын элегаздық колонкалы ажыратқыштармен алмастыру арқылы қайта қалпына келтіру ","ОТ","-","15","01.2018","471010000, Мангистауская область, Актау Г.А., г.Актау, \"Мангистауская область, г. Актау, промзона, ТОО \"\"МАЭК-Казатомпром\"\", здание 201\"","471010000, Мангистауская область, Актау Г.А., г.Актау, г. Актау","-","С даты подписания договора в течение 270 календарных дней","Предоплата - 0% , Промежуточный платеж - 90% , Окончательный платеж - 10% ","-",{"v":1,"d":"1.000"},{"v":126122040,"d":"126,122,040.000"},{"v":126122040,"d":"126,122,040.000"},{"v":141256684.8,"d":"141,256,684.800"},"-","Товарищество с ограниченной ответственностью \"Мангистауский атомный энергетический комбинат-Казатомпром\""]
[null,"-","18 Р","432110.100.000002","Электромонтажные работы","Электромонтажные работы","Реконструкция щита постоянного тока ЩПТ-1, ТЭС \\ ЖЭС тұрақты ток қалқанын, ТТҚ-1 қайта қалпына келтіру ","ОТ","-","15","01.2018","471010000, Мангистауская область, Актау Г.А., г.Актау, \"Мангистауская область, г. Актау, промзона, ТОО \"\"МАЭК-Казатомпром\"\", здание 201\"","471010000, Мангистауская область, Актау Г.А., г.Актау, г. Актау","-","С даты подписания договора в течение 270 календарных дней","Предоплата - 0% , Промежуточный платеж - 90% , Окончательный платеж - 10% ","-",{"v":1,"d":"1.000"},{"v":56782316,"d":"56,782,316.000"},{"v":56782316,"d":"56,782,316.000"},{"v":63596193.92,"d":"63,596,193.920"},"-","Товарищество с ограниченной ответственностью \"Мангистауский атомный энергетический комбинат-Казатомпром\""]
[null,"-","19 Р","432110.100.000002","Электромонтажные работы","Электромонтажные работы","Реконструкция  главной схемы электроснабжения ЗПД  КРУ-4-6 кВ \\ ДӨЗ КБТҚ-4-6 кВ негізгі электрмен қамту сызбасын қайта қалпына келтіру","ОТ","-","15","01.2018","471010000, Мангистауская область, Актау Г.А., г.Актау, \"Мангистауская область, г. Актау, промзона, ТОО \"\"МАЭК-Казатомпром\"\", здание 201\"","471010000, Мангистауская область, Актау Г.А., г.Актау, г. Актау","-","С даты подписания договора в течение 210 календарных дней","Предоплата - 0% , Промежуточный платеж - 90% , Окончательный платеж - 10% ","-",{"v":1,"d":"1.000"},{"v":14249194,"d":"14,249,194.000"},{"v":14249194,"d":"14,249,194.000"},{"v":15959097.28,"d":"15,959,097.280"},"-","Товарищество с ограниченной ответственностью \"Мангистауский атомный энергетический комбинат-Казатомпром\""]
[null,"-","20-1 Р","711219.900.000000","Работы инженерные по проектированию в области энергетики и связанные с этим работы","Работы инженерные по проектированию в области энергетики и связанные с этим работы (кроме проектирования электростанций)","\"Корректировка проекта \"\"Реконструкция главной схемы эл.снабжения ЗПД КРУ-2-6кВ,КРУ-3-6кВ,КРУ-4-6кВ», (Том II. Кабельное хозяйство, Конструкции металлические, Том VI.  ГРУ ТЭЦ-2 Электротехнические решения) \" \\ \"\"\"ДӨЗ КБТҚ-2-6 кВ, КБТҚ-3-6кВ, КБТҚ-4-6кВ негізгі электрмен қамту сызбасын қайта қалпына келтіру\"\" жобасын түзету (II том. Кабель шаруашылығы, металл конструкциялары, VI том.  ЖЭО-2 ГРУ Электротехникалық шешімдер) \"","ОТ","-","100","01.2018","471010000, Мангистауская область, Актау Г.А., г.Актау, \"Мангистауская область, г. Актау, промзона, ТОО \"\"МАЭК-Казатомпром\"\", здание 201\"","471010000, Мангистауская область, Актау Г.А., г.Актау, г. Актау","-","С даты подписания договора в течение 180 календарных дней","Окончательный платеж - 10% , Промежуточный платеж - 90% , Предоплата - 0% ","-",{"v":1,"d":"1.000"},{"v":6108000,"d":"6,108,000.000"},{"v":6108000,"d":"6,108,000.000"},{"v":6840960,"d":"6,840,960.000"},"-","Товарищество с ограниченной ответственностью \"Мангистауский атомный энергетический комбинат-Казатомпром\""]
[null,"-","21 Р","432110.100.000002","Электромонтажные работы","Электромонтажные работы","Модернизация систем возбуждения электродвигателей циркуляционной насосной на электронную (тиристорную) 2 шт, ТЭЦ-2 \\ ЖЭО-2, 2 дана циркуляциялық сорғының электр қозғалтқыштарының қоздыру жүйелерін электрондыға (тористорлі) алмастыру арқылы қайта жаңғырту ","ОТ","-","25","01.2018","471010000, Мангистауская область, Актау Г.А., г.Актау, \"Мангистауская область, г. Актау, промзона, ТОО \"\"МАЭК-Казатомпром\"\", здание 201\"","471010000, Мангистауская область, Актау Г.А., г.Актау, г. Актау","-","С даты подписания договора в течение 210 календарных дней","Предоплата - 0% , Промежуточный платеж - 90% , Окончательный платеж - 10% ","-",{"v":1,"d":"1.000"},{"v":42483869,"d":"42,483,869.000"},{"v":42483869,"d":"42,483,869.000"},{"v":47581933.28,"d":"47,581,933.280"},"-","Товарищество с ограниченной ответственностью \"Мангистауский атомный энергетический комбинат-Казатомпром\""]
[null,"-","22 Р","432110.100.000002","Электромонтажные работы","Электромонтажные работы","Модернизация секции 6кВ С-ФСН-9,10 с заменой выключателей типа ВЭМ (электромагнитным гашением дуги)  на вакуумные, ТЭЦ-2 \\  ЖЭО-2, 6Кв С-ФСН-9,10 секцияларын жаңарту, ВЭМ түрі ажыратқыштарын (электр доғаны магниттік сөндіруімен) вакуумдықтарымен  алмастыру","ОТ","-","10","01.2018","471010000, Мангистауская область, Актау Г.А., г.Актау, \"Мангистауская область, г. Актау, промзона, ТОО \"\"МАЭК-Казатомпром\"\", здание 201\"","471010000, Мангистауская область, Актау Г.А., г.Актау, г. Актау","-","С даты подписания договора в течение 180 календарных дней","Предоплата - 0% , Промежуточный платеж - 90% , Окончательный платеж - 10% ","-",{"v":1,"d":"1.000"},{"v":33506440,"d":"33,506,440.000"},{"v":33506440,"d":"33,506,440.000"},{"v":37527212.8,"d":"37,527,212.800"},"-","Товарищество с ограниченной ответственностью \"Мангистауский атомный энергетический комбинат-Казатомпром\""]
[null,"-","23 Р","332060.000.000000","Работы по монтажу/внедрению автоматизированных систем управления/контроля/мониторинга/учета/диспетчеризации","Работы по монтажу/внедрению автоматизированных систем управления/контроля/мониторинга/учета/диспетчеризации и аналогичного оборудования","Создание автоматизированной системы контроля выбросов вредных веществ в атмосферу к/а ст.№11,12,13 ТЭЦ-2 \\ ЖЭО-2 ст.№11,12,13 к/а Атмосфераға зиянды заттар шығарындарды автоматтандырылған бақылау жүйесін құру  ","ОТ","-","50","01.2018","471010000, Мангистауская область, Актау Г.А., г.Актау, \"Мангистауская область, г. Актау, промзона, ТОО \"\"МАЭК-Казатомпром\"\", здание 201\"","471010000, Мангистауская область, Актау Г.А., г.Актау, г. Актау","-","С даты подписания договора в течение 180 календарных дней","Предоплата - 0% , Промежуточный платеж - 90% , Окончательный платеж - 10% ","-",{"v":1,"d":"1.000"},{"v":82937195,"d":"82,937,195.000"},{"v":82937195,"d":"82,937,195.000"},{"v":92889658.4,"d":"92,889,658.400"},"-","Товарищество с ограниченной ответственностью \"Мангистауский атомный энергетический комбинат-Казатомпром\""]
[null,"-","24-1 Р","711219.900.000000","Работы инженерные по проектированию в области энергетики и связанные с этим работы","Работы инженерные по проектированию в области энергетики и связанные с этим работы (кроме проектирования электростанций)","Корректировка проекта «Модернизация масляных выключателей МГ-10кВ на элегазовые  (станционное наименование оборудования В-Г-1, В-Г-2, В-Г-3,Т-1, Т-2, СВ-1-2, СВ-2,3) в количестве 7 шт.», ТЭЦ-2 \\ ЖЭО-2, «майлы ажыратқыштарды МГ -10 Кв  7 данада элекгаздық ажыратқыштармен  (станциялық жабдықтың атауы В-Г-1, В-Г-2, В-Г-3,Т-1, Т-2, СВ-1-2, СВ-2,3) жаңарту» жобасын түзету ","ОТ","-","100","01.2018","471010000, Мангистауская область, Актау Г.А., г.Актау, \"Мангистауская область, г. Актау, промзона, ТОО \"\"МАЭК-Казатомпром\"\", здание 201\"","471010000, Мангистауская область, Актау Г.А., г.Актау, г. Актау","-","С даты подписания договора в течение 180 календарных дней","Окончательный платеж - 10% , Промежуточный платеж - 90% , Предоплата - 0% ","-",{"v":1,"d":"1.000"},{"v":5230240,"d":"5,230,240.000"},{"v":5230240,"d":"5,230,240.000"},{"v":5857868.8,"d":"5,857,868.800"},"-","Товарищество с ограниченной ответственностью \"Мангистауский атомный энергетический комбинат-Казатомпром\""]
[null,"-","25-1 Р","432110.100.000002","Электромонтажные работы","Электромонтажные работы","Замена опор ВЛ-110кВ-3-1,2 в районе СКЗ, ЦСП \\ ЖҚСЦ , КҚЗ ауданда ВЛ-110кВ-3-1,2 тіректерді ауыстыру","ОТ","-","40","02.2018","471000000, Мангистауская область, Актау Г.А., Промзона, ТОО \"МАЭК-Казатомпром\", здание 201","471000000, Мангистауская область, Актау Г.А., Промзона, склад ТОО \"МАЭК-Казатомпром\"","-","С даты подписания договора в течение 180 календарных дней","Окончательный платеж - 10% , Промежуточный платеж - 90% , Предоплата - 0% ","-",{"v":1,"d":"1.000"},{"v":53497640,"d":"53,497,640.000"},{"v":53497640,"d":"53,497,640.000"},{"v":59917356.8,"d":"59,917,356.800"},"-","Товарищество с ограниченной ответственностью \"Мангистауский атомный энергетический комбинат-Казатомпром\""]
[null,"-","26-1 Р","331229.900.000004","Работы по ремонту/модернизации автоматизированных систем управления","Работы по ремонту/модернизации автоматизированных систем управления/контроля/мониторинга/учета/диспетчеризации и аналогичного оборудования","Модернизация основных, резервных защит и автоматики Л-110-С-1,2» первый этап \\ Негізгі, резервтегі қорғауды және автоматиканы Л-110-С-1,2 жаңарту» бірінші кезең","ОТ","-","15","02.2018","471000000, Мангистауская область, Актау Г.А., Промзона, ТОО \"МАЭК-Казатомпром\", здание 201","471010000, Мангистауская область, Актау Г.А., г.Актау, г. Актау","-","С даты подписания договора в течение 210 календарных дней","Окончательный платеж - 10% , Промежуточный платеж - 90% , Предоплата - 0% ","-",{"v":1,"d":"1.000"},{"v":75167470,"d":"75,167,470.000"},{"v":75167470,"d":"75,167,470.000"},{"v":84187566.4,"d":"84,187,566.400"},"-","Товарищество с ограниченной ответственностью \"Мангистауский атомный энергетический комбинат-Казатомпром\""]
[null,"-","27-1 Р","331229.900.000004","Работы по ремонту/модернизации автоматизированных систем управления","Работы по ремонту/модернизации автоматизированных систем управления/контроля/мониторинга/учета/диспетчеризации и аналогичного оборудования","\"Расширение системы функциональности и организация передачи данных Автоматической системы контроля и учета электроэнергии АСКУЭ с ЦДП ТОО \"\"МАЭК-Казатомпром\"\" в ЦБД СО, провайдеру баланса, энергопередающим организациям и данных телемеханической информации в Западный РДЦ АО \"\"KEGOC\"\", ЦЛ РЗАиТ», первый этап \" \\ \" Функционалдық жүйені кеңейту және \"\"МАЭК-Казатомөнеркәсіп\"\" ЖШС ОДП-дан  ЭКЕАЖ электр энергияларын коммерциялық есепке алу автоматты жүйесінің мәліметтерін СО ОДҚ-ға, баланс провайдеріне, энергия беруші ұйымдарға және де \"\"KEGOC\"\" АҚ Батыс АДО-қа, ОЗ РҚАӨТ\"\"-ке телемеханикалық ақпараттардың деректерінің  жіберілуін ұйымдастыру, бірінші кезең \"","ОТ","-","15","02.2018","471010000, Мангистауская область, Актау Г.А., г.Актау, \"Мангистауская область, г. Актау, промзона, ТОО \"\"МАЭК-Казатомпром\"\", здание 201\"","471000000, Мангистауская область, Актау Г.А., Промзона, склад ТОО \"МАЭК-Казатомпром\"","-","С даты подписания договора в течение 270 календарных дней","Окончательный платеж - 10% , Промежуточный платеж - 90% , Предоплата - 0% ","-",{"v":1,"d":"1.000"},{"v":89951359,"d":"89,951,359.000"},{"v":89951359,"d":"89,951,359.000"},{"v":100745522.08,"d":"100,745,522.080"},"-","Товарищество с ограниченной ответственностью \"Мангистауский атомный энергетический комбинат-Казатомпром\""]
[null,"-","28-1 Р","711219.900.000000","Работы инженерные по проектированию в области энергетики и связанные с этим работы","Работы инженерные по проектированию в области энергетики и связанные с этим работы (кроме проектирования электростанций)","\"Корректировка проекта \"\"Замена масляных выключателей 110кВ в-110-Ш-1,2, В-110-К-1,2 на ЦРП-1\"\", ЦСП\" \\ \"ЖҚСЦ \"\"ЦРП-1 110кВ в-110-Ш-1,2, В-110-К-1,2 майлы ажыратқыштарын алмастыру\"\" жобасын түзету \"","ОТ","-","100","01.2018","471010000, Мангистауская область, Актау Г.А., г.Актау, \"Мангистауская область, г. Актау, промзона, ТОО \"\"МАЭК-Казатомпром\"\", здание 201\"","471010000, Мангистауская область, Актау Г.А., г.Актау, г. Актау","-","С даты подписания договора в течение 180 календарных дней","Окончательный платеж - 10% , Промежуточный платеж - 90% , Предоплата - 0% ","-",{"v":1,"d":"1.000"},{"v":1651780,"d":"1,651,780.000"},{"v":1651780,"d":"1,651,780.000"},{"v":1849993.6,"d":"1,849,993.600"},"-","Товарищество с ограниченной ответственностью \"Мангистауский атомный энергетический комбинат-Казатомпром\""]
[null,"-","29 Р","711219.900.000000","Работы инженерные по проектированию в области энергетики и связанные с этим работы","Работы инженерные по проектированию в области энергетики и связанные с этим работы (кроме проектирования электростанций)","Модернизация средств измерения узлов учета газа ТЭЦ-1,2, ТЭС  (проектные работы) \\ ЖЭО-1,2, ЖЭС газды есептеу тораптарын өлшеу құралдарын жаңарту (жобалық жұмыс) ","ОТ","-","100","01.2018","471010000, Мангистауская область, Актау Г.А., г.Актау, \"Мангистауская область, г. Актау, промзона, ТОО \"\"МАЭК-Казатомпром\"\", здание 201\"","471010000, Мангистауская область, Актау Г.А., г.Актау, г. Актау","-","С даты подписания договора в течение 210 календарных дней","Предоплата - 0% , Промежуточный платеж - 90% , Окончательный платеж - 10% ","-",{"v":1,"d":"1.000"},{"v":12232130,"d":"12,232,130.000"},{"v":12232130,"d":"12,232,130.000"},{"v":13699985.6,"d":"13,699,985.600"},"-","Товарищество с ограниченной ответственностью \"Мангистауский атомный энергетический комбинат-Казатомпром\""]
[null,"-","30-1 Р","433420.900.000000","Работы стекольные","Работы стекольные","Капитальный ремонт остекления здания ГК ТЭЦ-1 \\ ЖЭО-1 ГК ғимаратын әйнектеу бойынша күрделі жөндеу","ЦП","-","50","05.2018","471010000, Мангистауская область, Актау Г.А., г.Актау, \"Мангистауская область, г. Актау, промзона, ТОО \"\"МАЭК-Казатомпром\"\", здание 201\"","471010000, Мангистауская область, Актау Г.А., г.Актау, г. Актау","-","С даты подписания договора в течение 60 календарных дней","Окончательный платеж - 10% , Промежуточный платеж - 90% , Предоплата - 0% ","-",{"v":1,"d":"1.000"},{"v":1497680,"d":"1,497,680.000"},{"v":1497680,"d":"1,497,680.000"},{"v":1677401.6,"d":"1,677,401.600"},"-","Товарищество с ограниченной ответственностью \"Мангистауский атомный энергетический комбинат-Казатомпром\""]
[null,"-","31 Р","256112.900.000002","Работы по нанесению антикоррозийных покрытий","Работы по нанесению антикоррозийных покрытий","Капитальный ремонт антикоррозионной защиты опорных металлоконструкций и площадок ПВД ТГ-3,4 ТЭЦ-1 \\ ЖЭО-1 ПВД ТГ-3,4 аландары және тіректік металл құрастырылымдарды коррозияға қарсы қорғау жөніндегі күрделі жөндеу ","ОТ","-","80","01.2018","471010000, Мангистауская область, Актау Г.А., г.Актау, \"Мангистауская область, г. Актау, промзона, ТОО \"\"МАЭК-Казатомпром\"\", здание 201\"","471010000, Мангистауская область, Актау Г.А., г.Актау, г. Актау","-","С даты подписания договора в течение 60 календарных дней","Предоплата - 0% , Промежуточный платеж - 90% , Окончательный платеж - 10% ","-",{"v":1,"d":"1.000"},{"v":1058475,"d":"1,058,475.000"},{"v":1058475,"d":"1,058,475.000"},{"v":1185492,"d":"1,185,492.000"},"-","Товарищество с ограниченной ответственностью \"Мангистауский атомный энергетический комбинат-Казатомпром\""]
[null,"-","32 Р","256112.900.000002","Работы по нанесению антикоррозийных покрытий","Работы по нанесению антикоррозийных покрытий","Капитальный ремонт антикоррозионной защиты газопровода высокого давления до ГРП ТЭЦ-1 \\ ЖЭО-1 ГБП  дейінгі жоғары қысым газ құбырын коррозияға қарсы қорғау бойынша күрделі жөндеу ","ОТ","-","55","01.2018","471010000, Мангистауская область, Актау Г.А., г.Актау, \"Мангистауская область, г. Актау, промзона, ТОО \"\"МАЭК-Казатомпром\"\", здание 201\"","471010000, Мангистауская область, Актау Г.А., г.Актау, г. Актау","-","С даты подписания договора в течение 90 календарных дней","Предоплата - 0% , Промежуточный платеж - 90% , Окончательный платеж - 10% ","-",{"v":1,"d":"1.000"},{"v":6061278,"d":"6,061,278.000"},{"v":6061278,"d":"6,061,278.000"},{"v":6788631.36,"d":"6,788,631.360"},"-","Товарищество с ограниченной ответственностью \"Мангистауский атомный энергетический комбинат-Казатомпром\""]
[null,"-","33 Р","256112.900.000002","Работы по нанесению антикоррозийных покрытий","Работы по нанесению антикоррозийных покрытий","Капитальний ремонт антикоррозионного покрытия бака-аккумулятора горячей воды (БАГВ) - 2000м3 ст.№1 ТЭЦ-1 \\ \" ЖЭО-1 №1 ст. ыстық сулы бак-аккумулятордың (ЫСБА)-2000м3 коррозияға қарсы жабын төсеу бойынша күрделі жөндеу    \"","ОТ","-","30","01.2018","471010000, Мангистауская область, Актау Г.А., г.Актау, \"Мангистауская область, г. Актау, промзона, ТОО \"\"МАЭК-Казатомпром\"\", здание 201\"","471010000, Мангистауская область, Актау Г.А., г.Актау, г. Актау","-","С даты подписания договора в течение 90 календарных дней","Предоплата - 0% , Промежуточный платеж - 90% , Окончательный платеж - 10% ","-",{"v":1,"d":"1.000"},{"v":11095085,"d":"11,095,085.000"},{"v":11095085,"d":"11,095,085.000"},{"v":12426495.2,"d":"12,426,495.200"},"-","Товарищество с ограниченной ответственностью \"Мангистауский атомный энергетический комбинат-Казатомпром\""]
[null,"-","34 Р","256112.900.000002","Работы по нанесению антикоррозийных покрытий","Работы по нанесению антикоррозийных покрытий","Капитальний ремонт антикоррозионного покрытия бака-аккумулятора горячей воды (БАГВ) - 2000м3 ст.№3 ТЭЦ-1 \\ \" ЖЭО-1 №3 ст. ыстық сулы бак-аккумуляторға (ЫСБА)-2000м3 коррозияға қарсы жабын төсеу бойынша күрделі жөндеу   \"","ОТ","-","30","01.2018","471010000, Мангистауская область, Актау Г.А., г.Актау, \"Мангистауская область, г. Актау, промзона, ТОО \"\"МАЭК-Казатомпром\"\", здание 201\"","471010000, Мангистауская область, Актау Г.А., г.Актау, г. Актау","-","С даты подписания договора в течение 90 календарных дней","Предоплата - 0% , Промежуточный платеж - 90% , Окончательный платеж - 10% ","-",{"v":1,"d":"1.000"},{"v":11095085,"d":"11,095,085.000"},{"v":11095085,"d":"11,095,085.000"},{"v":12426495.2,"d":"12,426,495.200"},"-","Товарищество с ограниченной ответственностью \"Мангистауский атомный энергетический комбинат-Казатомпром\""]
[null,"-","35 Р","256112.900.000002","Работы по нанесению антикоррозийных покрытий","Работы по нанесению антикоррозийных покрытий","Капитальный ремонт антикоррозионной защиты маслопровода от ТМХ до главного корпуса ТЭЦ-1 \\ \" ОМС-дан ЖЭО-1 бас кешеніне дейін май құбырын коррозияға қарсы қорғау бойынша күрделі жөндеу  \"","ОТ","-","45","01.2018","471010000, Мангистауская область, Актау Г.А., г.Актау, \"Мангистауская область, г. Актау, промзона, ТОО \"\"МАЭК-Казатомпром\"\", здание 201\"","471010000, Мангистауская область, Актау Г.А., г.Актау, г. Актау","-","С даты подписания договора в течение 60 календарных дней","Предоплата - 0% , Промежуточный платеж - 90% , Окончательный платеж - 10% ","-",{"v":1,"d":"1.000"},{"v":2119170,"d":"2,119,170.000"},{"v":2119170,"d":"2,119,170.000"},{"v":2373470.4,"d":"2,373,470.400"},"-","Товарищество с ограниченной ответственностью \"Мангистауский атомный энергетический комбинат-Казатомпром\""]
[null,"-","36-2 Р","433420.900.000000","Работы стекольные","Работы стекольные","Капитальный ремонт остекления здания №132 ТЭЦ-2 \\ \" ЖЭО-2 №132 ғимаратын әйнектеу бойынша күрделі жөндеу \"","ЦП","-","50","02.2018","471000000, Мангистауская область, Актау Г.А., Промзона, ТОО \"МАЭК-Казатомпром\", здание 201","471000000, Мангистауская область, Актау Г.А., Промзона, склад ТОО \"МАЭК-Казатомпром\"","-","С даты подписания договора в течение 60 календарных дней","Предоплата - 0% , Промежуточный платеж - 90% , Окончательный платеж - 10% ","-",{"v":1,"d":"1.000"},{"v":2497260,"d":"2,497,260.000"},{"v":2497260,"d":"2,497,260.000"},{"v":2796931.2,"d":"2,796,931.200"},"-","Товарищество с ограниченной ответственностью \"Мангистауский атомный энергетический комбинат-Казатомпром\""]
[null,"-","37 Р","410040.300.000001","Работы по ремонту нежилых зданий/сооружений/помещений","Работы по ремонту нежилых зданий/сооружений/помещений (кроме оборудования, инженерных систем и коммуникаций)","Капитальный ремонт кабельного канала Б от здания №147 ГРУ -6кВ до здания №190   ТЭЦ-2 \\ \" ГРУ -6кВ №147 ғимаратынан бастап ЖЭО-2 №190 ғимаратына дейін Б кабельдік каналды күрделі жөндеу \"","ОТ","-","35","01.2018","471010000, Мангистауская область, Актау Г.А., г.Актау, \"Мангистауская область, г. Актау, промзона, ТОО \"\"МАЭК-Казатомпром\"\", здание 201\"","471010000, Мангистауская область, Актау Г.А., г.Актау, г. Актау","-","С даты подписания договора в течение 60 календарных дней","Предоплата - 0% , Промежуточный платеж - 90% , Окончательный платеж - 10% ","-",{"v":1,"d":"1.000"},{"v":4950360,"d":"4,950,360.000"},{"v":4950360,"d":"4,950,360.000"},{"v":5544403.2,"d":"5,544,403.200"},"-","Товарищество с ограниченной ответственностью \"Мангистауский атомный энергетический комбинат-Казатомпром\""]
[null,"-","38 Р","410040.300.000001","Работы по ремонту нежилых зданий/сооружений/помещений","Работы по ремонту нежилых зданий/сооружений/помещений (кроме оборудования, инженерных систем и коммуникаций)","Капитальный ремонт ЦТЩ-2 котельное отделение ТЭЦ-2 \\ ЖЭО-2 ОЖҚ-2 қазан бөлімін күрделі жөндеу  ","ОТ","-","50","01.2018","471010000, Мангистауская область, Актау Г.А., г.Актау, \"Мангистауская область, г. Актау, промзона, ТОО \"\"МАЭК-Казатомпром\"\", здание 201\"","471010000, Мангистауская область, Актау Г.А., г.Актау, г. Актау","-","С даты подписания договора в течение 60 календарных дней","Предоплата - 0% , Промежуточный платеж - 90% , Окончательный платеж - 10% ","-",{"v":1,"d":"1.000"},{"v":3911860,"d":"3,911,860.000"},{"v":3911860,"d":"3,911,860.000"},{"v":4381283.2,"d":"4,381,283.200"},"-","Товарищество с ограниченной ответственностью \"Мангистауский атомный энергетический комбинат-Казатомпром\""]
[null,"-","39-1 Р","433420.900.000000","Работы стекольные","Работы стекольные","Капитальный ремонт остекления здания ГК ТЭС \\ \" ЖЭС ГК ғимаратын әйнектеу бойынша күрделі жөндеу  \"","ЦП","-","50","05.2018","471010000, Мангистауская область, Актау Г.А., г.Актау, \"Мангистауская область, г. Актау, промзона, ТОО \"\"МАЭК-Казатомпром\"\", здание 201\"","471000000, Мангистауская область, Актау Г.А., Промзона, склад ТОО \"МАЭК-Казатомпром\"","-","С даты подписания договора в течение 60 календарных дней","Окончательный платеж - 10% , Промежуточный платеж - 90% , Предоплата - 0% ","-",{"v":1,"d":"1.000"},{"v":1492800,"d":"1,492,800.000"},{"v":1492800,"d":"1,492,800.000"},{"v":1671936,"d":"1,671,936.000"},"-","Товарищество с ограниченной ответственностью \"Мангистауский атомный энергетический комбинат-Казатомпром\""]
[null,"-","40 Р","410040.300.000001","Работы по ремонту нежилых зданий/сооружений/помещений","Работы по ремонту нежилых зданий/сооружений/помещений (кроме оборудования, инженерных систем и коммуникаций)","Капитальный ремонт помещений ХЦ (экспресс лаборатории 1,2,3 блоков) ГК ТЭС \\ \" ЖЭС ГК (экспресс зертхананың 1,2,3 блоктарын) ХЦ бөлмелерін күрделі жөндеу  \"","ОТ","-","55","01.2018","471010000, Мангистауская область, Актау Г.А., г.Актау, \"Мангистауская область, г. Актау, промзона, ТОО \"\"МАЭК-Казатомпром\"\", здание 201\"","471010000, Мангистауская область, Актау Г.А., г.Актау, г. Актау","-","С даты подписания договора в течение 60 календарных дней","Предоплата - 0% , Промежуточный платеж - 90% , Окончательный платеж - 10% ","-",{"v":1,"d":"1.000"},{"v":5368370,"d":"5,368,370.000"},{"v":5368370,"d":"5,368,370.000"},{"v":6012574.4,"d":"6,012,574.400"},"-","Товарищество с ограниченной ответственностью \"Мангистауский атомный энергетический комбинат-Казатомпром\""]
[null,"-","41 Р","331112.000.000001","Работы по техническому обслуживанию резервуаров/цистерн","Работы по техническому обслуживанию резервуаров/цистерн и аналогичного емкостного оборудования","Очистка мазутного бака УМБ-6 ТЭС \\ \" ЖЭС УМБ-6 мазут багын тазалау  \"","ОТ","-","100","01.2018","471010000, Мангистауская область, Актау Г.А., г.Актау, \"Мангистауская область, г. Актау, промзона, ТОО \"\"МАЭК-Казатомпром\"\", здание 201\"","471010000, Мангистауская область, Актау Г.А., г.Актау, г. Актау","-","С даты подписания договора в течение 60 календарных дней","Предоплата - 0% , Промежуточный платеж - 90% , Окончательный платеж - 10% ","-",{"v":1,"d":"1.000"},{"v":15000000,"d":"15,000,000.000"},{"v":15000000,"d":"15,000,000.000"},{"v":16800000,"d":"16,800,000.000"},"-","Товарищество с ограниченной ответственностью \"Мангистауский атомный энергетический комбинат-Казатомпром\""]
[null,"-","42 Р","410040.300.000001","Работы по ремонту нежилых зданий/сооружений/помещений","Работы по ремонту нежилых зданий/сооружений/помещений (кроме оборудования, инженерных систем и коммуникаций)","Капитальный ремонт помещения КРУ-1-6 кВ и мастерской по ремонту электродвигателей зд. АБК цех №1 ЗПД и ПТВС \\ \" ДӨжӨЖСЖЗ КРУ-1-6кВ бөлмелерін және №1 цех ӘТК ғимараттың электр қозғалтқыштарын жөндеу жөніндегі шеберхананы күрделі жөндеу  \"","ОТ","-","55","01.2018","471010000, Мангистауская область, Актау Г.А., г.Актау, \"Мангистауская область, г. Актау, промзона, ТОО \"\"МАЭК-Казатомпром\"\", здание 201\"","471010000, Мангистауская область, Актау Г.А., г.Актау, г. Актау","-","С даты подписания договора в течение 90 календарных дней","Предоплата - 0% , Промежуточный платеж - 90% , Окончательный платеж - 10% ","-",{"v":1,"d":"1.000"},{"v":11291600,"d":"11,291,600.000"},{"v":11291600,"d":"11,291,600.000"},{"v":12646592,"d":"12,646,592.000"},"-","Товарищество с ограниченной ответственностью \"Мангистауский атомный энергетический комбинат-Казатомпром\""]
[null,"-","43 Р","410040.300.000001","Работы по ремонту нежилых зданий/сооружений/помещений","Работы по ремонту нежилых зданий/сооружений/помещений (кроме оборудования, инженерных систем и коммуникаций)","Капитальный ремонт помещения КРУ-2-6 кВ здания машзала ДОУ-7 ЗПД и ПТВС \\ \" ДӨжӨЖСЖЗ ДОУ-7 машзал ғимараты КРУ-2-6кВ бөлмелерін күрделі жөндеу \"","ОТ","-","45","01.2018","471010000, Мангистауская область, Актау Г.А., г.Актау, \"Мангистауская область, г. Актау, промзона, ТОО \"\"МАЭК-Казатомпром\"\", здание 201\"","471010000, Мангистауская область, Актау Г.А., г.Актау, г. Актау","-","С даты подписания договора в течение 60 календарных дней","Предоплата - 0% , Промежуточный платеж - 90% , Окончательный платеж - 10% ","-",{"v":1,"d":"1.000"},{"v":6677395,"d":"6,677,395.000"},{"v":6677395,"d":"6,677,395.000"},{"v":7478682.4,"d":"7,478,682.400"},"-","Товарищество с ограниченной ответственностью \"Мангистауский атомный энергетический комбинат-Казатомпром\""]
[null,"-","44 Р","410040.300.000001","Работы по ремонту нежилых зданий/сооружений/помещений","Работы по ремонту нежилых зданий/сооружений/помещений (кроме оборудования, инженерных систем и коммуникаций)","Капитальный ремонт фасада и ливнестоков здания АБК, Складское хозяйство \\ \" Қойма шаруашылығының, ӘТК ғимаратының алды  мен нөсерлік ағындарын күрделі жөндеу \"","ОТ","-","65","01.2018","471010000, Мангистауская область, Актау Г.А., г.Актау, \"Мангистауская область, г. Актау, промзона, ТОО \"\"МАЭК-Казатомпром\"\", здание 201\"","471010000, Мангистауская область, Актау Г.А., г.Актау, г. Актау","-","С даты подписания договора в течение 60 календарных дней","Предоплата - 0% , Промежуточный платеж - 90% , Окончательный платеж - 10% ","-",{"v":1,"d":"1.000"},{"v":1629983,"d":"1,629,983.000"},{"v":1629983,"d":"1,629,983.000"},{"v":1825580.96,"d":"1,825,580.960"},"-","Товарищество с ограниченной ответственностью \"Мангистауский атомный энергетический комбинат-Казатомпром\""]
[null,"-","45 Р","256112.900.000002","Работы по нанесению антикоррозийных покрытий","Работы по нанесению антикоррозийных покрытий","Капитальный ремонт лакокрасочного покрытия крана козлового К-2-К (Q=20т) рег. №М1-204, Складское хозяйство \\ \" Қойма шаруашылық,  К-2-К (Q=20т) тір. №М1-204 тұғырлы кранды Лак және бояумен сырлау бойынша күрделі жөндеу    \"","ОТ","-","65","01.2018","471010000, Мангистауская область, Актау Г.А., г.Актау, \"Мангистауская область, г. Актау, промзона, ТОО \"\"МАЭК-Казатомпром\"\", здание 201\"","471010000, Мангистауская область, Актау Г.А., г.Актау, г. Актау","-","С даты подписания договора в течение 60 календарных дней","Предоплата - 0% , Промежуточный платеж - 90% , Окончательный платеж - 10% ","-",{"v":1,"d":"1.000"},{"v":7648209,"d":"7,648,209.000"},{"v":7648209,"d":"7,648,209.000"},{"v":8565994.08,"d":"8,565,994.080"},"-","Товарищество с ограниченной ответственностью \"Мангистауский атомный энергетический комбинат-Казатомпром\""]
[null,"-","46 Р","421220.400.000002","Работы по ремонту/реконструкции железнодорожных путей","Работы по ремонту/реконструкции железнодорожных путей","Капитальный ремонт рельсовых путей козлового крана К-2-К (Q-20т) рег.№М1-204, Складское хозяйство \\ \" Қойма шаруашылығы,  К-2-К (Q-20т) тіркеу№М1-204 тұғырлы кранның рельс тартылған жолын күрделі жөндеу  \"","ОТ","-","70","01.2018","471010000, Мангистауская область, Актау Г.А., г.Актау, \"Мангистауская область, г. Актау, промзона, ТОО \"\"МАЭК-Казатомпром\"\", здание 201\"","471010000, Мангистауская область, Актау Г.А., г.Актау, г. Актау","-","С даты подписания договора в течение 60 календарных дней","Предоплата - 0% , Промежуточный платеж - 90% , Окончательный платеж - 10% ","-",{"v":1,"d":"1.000"},{"v":2820420,"d":"2,820,420.000"},{"v":2820420,"d":"2,820,420.000"},{"v":3158870.4,"d":"3,158,870.400"},"-","Товарищество с ограниченной ответственностью \"Мангистауский атомный энергетический комбинат-Казатомпром\""]
[null,"-","47 Р","256112.900.000002","Работы по нанесению антикоррозийных покрытий","Работы по нанесению антикоррозийных покрытий","Капитальный ремонт антикоррозийного покрытия опор ВЛ-110 кВ Г-2,4 ЦСП \\ ЖҚСЦ ВЛ-110 кВ Г-2,4 тіректеріне коррозияға қарсы жабын төсеу бойынша күрделі жөндеу ","ОТ","-","65","01.2018","471010000, Мангистауская область, Актау Г.А., г.Актау, \"Мангистауская область, г. Актау, промзона, ТОО \"\"МАЭК-Казатомпром\"\", здание 201\"","471010000, Мангистауская область, Актау Г.А., г.Актау, г. Актау","-","С даты подписания договора в течение 60 календарных дней","Предоплата - 0% , Промежуточный платеж - 90% , Окончательный платеж - 10% ","-",{"v":1,"d":"1.000"},{"v":7067621,"d":"7,067,621.000"},{"v":7067621,"d":"7,067,621.000"},{"v":7915735.52,"d":"7,915,735.520"},"-","Товарищество с ограниченной ответственностью \"Мангистауский атомный энергетический комбинат-Казатомпром\""]
[null,"-","48 Р","410040.300.000001","Работы по ремонту нежилых зданий/сооружений/помещений","Работы по ремонту нежилых зданий/сооружений/помещений (кроме оборудования, инженерных систем и коммуникаций)","Капитальный ремонт полов в турбинном и котельном отделении ТЭЦ-М, котельном отделении ТЭЦ-12 ТЭЦ-1 \\ \" ЖЭО-М  турбыналық пен қазандық бөлімшедегі, ЖЭО-1 ЖЭО-12 қазан бөлімдеріндегі еденді күрделі жөндеу \"","ОТ","-","75","01.2018","471010000, Мангистауская область, Актау Г.А., г.Актау, \"Мангистауская область, г. Актау, промзона, ТОО \"\"МАЭК-Казатомпром\"\", здание 201\"","471010000, Мангистауская область, Актау Г.А., г.Актау, г. Актау","-","С даты подписания договора в течение 120 календарных дней","Предоплата - 0% , Промежуточный платеж - 90% , Окончательный платеж - 10% ","-",{"v":1,"d":"1.000"},{"v":12312770,"d":"12,312,770.000"},{"v":12312770,"d":"12,312,770.000"},{"v":13790302.4,"d":"13,790,302.400"},"-","Товарищество с ограниченной ответственностью \"Мангистауский атомный энергетический комбинат-Казатомпром\""]
[null,"-","49 Р","410040.300.000001","Работы по ремонту нежилых зданий/сооружений/помещений","Работы по ремонту нежилых зданий/сооружений/помещений (кроме оборудования, инженерных систем и коммуникаций)","Капитальный ремонт дымовой трубы №3 (наружная часть) ТЭЦ-2 \\ ЖЭО-2 №3  түтін шығаратын құбырын  (сыртқы бөлік) күрделі жөндеу  ","ОТ","-","65","01.2018","471010000, Мангистауская область, Актау Г.А., г.Актау, \"Мангистауская область, г. Актау, промзона, ТОО \"\"МАЭК-Казатомпром\"\", здание 201\"","471010000, Мангистауская область, Актау Г.А., г.Актау, г. Актау","-","С даты подписания договора в течение 120 календарных дней","Предоплата - 0% , Промежуточный платеж - 90% , Окончательный платеж - 10% ","-",{"v":1,"d":"1.000"},{"v":46950890,"d":"46,950,890.000"},{"v":46950890,"d":"46,950,890.000"},{"v":52584996.8,"d":"52,584,996.800"},"-","Товарищество с ограниченной ответственностью \"Мангистауский атомный энергетический комбинат-Казатомпром\""]
[null,"-","50 Р","410040.300.000001","Работы по ремонту нежилых зданий/сооружений/помещений","Работы по ремонту нежилых зданий/сооружений/помещений (кроме оборудования, инженерных систем и коммуникаций)","Капитальный ремонт железобетонных опорных стоек, фундаментных опор, УСО и железобетонного ограждения ОРУ-110 кВ ТЭЦ-2 \\ \" ЖЭО-2 ОРУ-110 кВ темірбетонды қоршауын және УСО, іргетас тіректерін, темірбетонды тіреу бағандарды күрделі жөндеу \"","ОТ","-","70","01.2018","471010000, Мангистауская область, Актау Г.А., г.Актау, \"Мангистауская область, г. Актау, промзона, ТОО \"\"МАЭК-Казатомпром\"\", здание 201\"","471010000, Мангистауская область, Актау Г.А., г.Актау, г. Актау","-","С даты подписания договора в течение 120 календарных дней","Предоплата - 0% , Промежуточный платеж - 90% , Окончательный платеж - 10% ","-",{"v":1,"d":"1.000"},{"v":18999110,"d":"18,999,110.000"},{"v":18999110,"d":"18,999,110.000"},{"v":21279003.2,"d":"21,279,003.200"},"-","Товарищество с ограниченной ответственностью \"Мангистауский атомный энергетический комбинат-Казатомпром\""]
[null,"-","51 Р","439910.100.000000","Работы гидроизоляционные","Работы гидроизоляционные","Капитальный ремонт кровли здания №141 ХВО-1 ТЭЦ-2 \\ \" ЖЭО-2 ХСТ №141 ғимаратының төбесін жабу бойынша күрделі жөндеу \"","ОТ","-","80","01.2018","471010000, Мангистауская область, Актау Г.А., г.Актау, \"Мангистауская область, г. Актау, промзона, ТОО \"\"МАЭК-Казатомпром\"\", здание 201\"","471010000, Мангистауская область, Актау Г.А., г.Актау, г. Актау","-","С даты подписания договора в течение 120 календарных дней","Предоплата - 0% , Промежуточный платеж - 90% , Окончательный платеж - 10% ","-",{"v":1,"d":"1.000"},{"v":34729670,"d":"34,729,670.000"},{"v":34729670,"d":"34,729,670.000"},{"v":38897230.4,"d":"38,897,230.400"},"-","Товарищество с ограниченной ответственностью \"Мангистауский атомный энергетический комбинат-Казатомпром\""]
[null,"-","52 Р","410040.300.000001","Работы по ремонту нежилых зданий/сооружений/помещений","Работы по ремонту нежилых зданий/сооружений/помещений (кроме оборудования, инженерных систем и коммуникаций)","Капитальный ремонт ж/б конструкций турбинного отделения ряд А-Б, ось 1-8 ГК ТЭС \\ \" ЖЭС ГК 1-8 белдіктің А-Б қатардағы турбиналық бөлімшенің темірбетонды құрылымын күрделі жөндеу \"","ОТ","-","80","01.2018","471010000, Мангистауская область, Актау Г.А., г.Актау, \"Мангистауская область, г. Актау, промзона, ТОО \"\"МАЭК-Казатомпром\"\", здание 201\"","471010000, Мангистауская область, Актау Г.А., г.Актау, г. Актау","-","С даты подписания договора в течение 120 календарных дней","Предоплата - 0% , Промежуточный платеж - 90% , Окончательный платеж - 10% ","-",{"v":1,"d":"1.000"},{"v":15192720,"d":"15,192,720.000"},{"v":15192720,"d":"15,192,720.000"},{"v":17015846.4,"d":"17,015,846.400"},"-","Товарищество с ограниченной ответственностью \"Мангистауский атомный энергетический комбинат-Казатомпром\""]
[null,"-","53 Р","439910.100.000000","Работы гидроизоляционные","Работы гидроизоляционные","Капитальный ремонт кровли котельного отделения ряд В-Г ГК ТЭС \\ \" ЖЭС ГК В-Г қатары қазан бөлімшесінің төбесін жабу бойынша күрделі жөндеу  \"","ОТ","-","80","01.2018","471010000, Мангистауская область, Актау Г.А., г.Актау, \"Мангистауская область, г. Актау, промзона, ТОО \"\"МАЭК-Казатомпром\"\", здание 201\"","471010000, Мангистауская область, Актау Г.А., г.Актау, г. Актау","-","С даты подписания договора в течение 120 календарных дней","Предоплата - 0% , Промежуточный платеж - 90% , Окончательный платеж - 10% ","-",{"v":1,"d":"1.000"},{"v":16348230,"d":"16,348,230.000"},{"v":16348230,"d":"16,348,230.000"},{"v":18310017.6,"d":"18,310,017.600"},"-","Товарищество с ограниченной ответственностью \"Мангистауский атомный энергетический комбинат-Казатомпром\""]
[null,"-","54 Р","439910.100.000000","Работы гидроизоляционные","Работы гидроизоляционные","Капитальный ремонт кровли здании ОВК ряд И-Л, Е-И оси 1-10 ТЭС \\ \" ЖЭС  1-10 белдіктің  И-Л, Е-И қатар ОВК ғимаратының  төбесін жабу  бойынша күрделі жөндеу  \"","ОТ","-","80","01.2018","471010000, Мангистауская область, Актау Г.А., г.Актау, \"Мангистауская область, г. Актау, промзона, ТОО \"\"МАЭК-Казатомпром\"\", здание 201\"","471010000, Мангистауская область, Актау Г.А., г.Актау, г. Актау","-","С даты подписания договора в течение 120 календарных дней","Предоплата - 0% , Промежуточный платеж - 90% , Окончательный платеж - 10% ","-",{"v":1,"d":"1.000"},{"v":15689480,"d":"15,689,480.000"},{"v":15689480,"d":"15,689,480.000"},{"v":17572217.6,"d":"17,572,217.600"},"-","Товарищество с ограниченной ответственностью \"Мангистауский атомный энергетический комбинат-Казатомпром\""]
[null,"-","55 Р","256112.900.000002","Работы по нанесению антикоррозийных покрытий","Работы по нанесению антикоррозийных покрытий","Капитальный ремонт мазутных баков  МБ-1,2 на территории ММХ ТЭС \\ \" ЖЭС ММС аумақтағы МБ-1,2 мазут бактарын күрделі жөндеу\"","ОТ","-","65","01.2018","471010000, Мангистауская область, Актау Г.А., г.Актау, \"Мангистауская область, г. Актау, промзона, ТОО \"\"МАЭК-Казатомпром\"\", здание 201\"","471010000, Мангистауская область, Актау Г.А., г.Актау, г. Актау","-","С даты подписания договора в течение 120 календарных дней","Предоплата - 0% , Промежуточный платеж - 90% , Окончательный платеж - 10% ","-",{"v":1,"d":"1.000"},{"v":43055200,"d":"43,055,200.000"},{"v":43055200,"d":"43,055,200.000"},{"v":48221824,"d":"48,221,824.000"},"-","Товарищество с ограниченной ответственностью \"Мангистауский атомный энергетический комбинат-Казатомпром\""]
[null,"-","56 Р","410040.300.000001","Работы по ремонту нежилых зданий/сооружений/помещений","Работы по ремонту нежилых зданий/сооружений/помещений (кроме оборудования, инженерных систем и коммуникаций)","Капитальный ремонт дымовой трубы  ТЭС   \\  ЖЭС түтін шығаратын құбырды күрделі жөндеу","ОТ","-","70","01.2018","471010000, Мангистауская область, Актау Г.А., г.Актау, \"Мангистауская область, г. Актау, промзона, ТОО \"\"МАЭК-Казатомпром\"\", здание 201\"","471010000, Мангистауская область, Актау Г.А., г.Актау, г. Актау","-","С даты подписания договора в течение 120 календарных дней","Предоплата - 0% , Промежуточный платеж - 90% , Окончательный платеж - 10% ","-",{"v":1,"d":"1.000"},{"v":17405680,"d":"17,405,680.000"},{"v":17405680,"d":"17,405,680.000"},{"v":19494361.6,"d":"19,494,361.600"},"-","Товарищество с ограниченной ответственностью \"Мангистауский атомный энергетический комбинат-Казатомпром\""]
[null,"-","57 Р","432110.100.000002","Электромонтажные работы","Электромонтажные работы","Капитальный ремонт КЛ 6кВ Т-1, Т-2 ТП-3 зд.152-зд.210, ЗПД и ПТВС \\ \" ДӨжӨЖСЖЗ КЛ 6кВ Т-1, Т-2 ТП-3 ғим..152-210 ғимаратын күрделі жөндеу\"","ОТ","-","65","01.2018","471010000, Мангистауская область, Актау Г.А., г.Актау, \"Мангистауская область, г. Актау, промзона, ТОО \"\"МАЭК-Казатомпром\"\", здание 201\"","471010000, Мангистауская область, Актау Г.А., г.Актау, г. Актау","-","С даты подписания договора в течение 120 календарных дней","Предоплата - 0% , Промежуточный платеж - 90% , Окончательный платеж - 10% ","-",{"v":1,"d":"1.000"},{"v":16570290,"d":"16,570,290.000"},{"v":16570290,"d":"16,570,290.000"},{"v":18558724.8,"d":"18,558,724.800"},"-","Товарищество с ограниченной ответственностью \"Мангистауский атомный энергетический комбинат-Казатомпром\""]
[null,"-","58 Р","410040.300.000001","Работы по ремонту нежилых зданий/сооружений/помещений","Работы по ремонту нежилых зданий/сооружений/помещений (кроме оборудования, инженерных систем и коммуникаций)","Капитальный ремонт мастерских здания №348 РМЦ-4 РЗ-4. \\ \"  ЖЗ-4 ЖМЦ-4 №348 ғимараттың шеберханаларын күрделі жөндеу\"","ОТ","-","75","01.2018","471010000, Мангистауская область, Актау Г.А., г.Актау, \"Мангистауская область, г. Актау, промзона, ТОО \"\"МАЭК-Казатомпром\"\", здание 201\"","471010000, Мангистауская область, Актау Г.А., г.Актау, г. Актау","-","С даты подписания договора в течение 120 календарных дней","Предоплата - 0% , Промежуточный платеж - 90% , Окончательный платеж - 10% ","-",{"v":1,"d":"1.000"},{"v":20691535,"d":"20,691,535.000"},{"v":20691535,"d":"20,691,535.000"},{"v":23174519.2,"d":"23,174,519.200"},"-","Товарищество с ограниченной ответственностью \"Мангистауский атомный энергетический комбинат-Казатомпром\""]
[null,"-","59 Р","712019.000.000003","Работы по проведению экспертиз/испытаний/тестирований","Работы по проведению экспертиз/испытаний/тестирований","Работы по проведению спецэкспертизы для получения Разрешения на осуществление деятельности, связанной с использованием сведений, составляющих государственные секреты \\ Мемлекеттік құпиялардан құралған мәліметтерді қолдануға қатысты қызметтерді жүзеге асыруға Рұқсат алуға арналған арнайы сараптама өткізу жөніндегі жұмыстар ","ОИ","137-2 (не превышает тысячекратного МРП)","100","10.2018","471010000, Мангистауская область, Актау Г.А., г.Актау, \"Мангистауская область, г. Актау, промзона, ТОО \"\"МАЭК-Казатомпром\"\", здание 201\"","471010000, Мангистауская область, Актау Г.А., г.Актау, г. Актау","-","С даты подписания договора по 12.2018","Предоплата - 0% , Промежуточный платеж - 0% , Окончательный платеж - 100% ","-",{"v":1,"d":"1.000"},{"v":172314,"d":"172,314.000"},{"v":172314,"d":"172,314.000"},{"v":192991.68,"d":"192,991.680"},"-","Товарищество с ограниченной ответственностью \"Мангистауский атомный энергетический комбинат-Казатомпром\""]
[null,"-","60 Р","331311.100.000005","Работы по ремонту/модернизации контрольно-измерительных приборов и автоматики и аналогичных измерительных средств и оборудования","Работы по ремонту/модернизации контрольно-измерительных приборов и автоматики и аналогичных измерительных средств и оборудования","Работы по ремонту/модернизации контрольно-измерительных приборов и автоматики и аналогичных измерительных средств и оборудования , забракованных при поверке. \\ Работы по ремонту/модернизации контрольно-измерительных приборов и автоматики и аналогичных измерительных средств и оборудования , забракованных при поверке.","ОИ","137-2 (не превышает тысячекратного МРП)","50","02.2018","471010000, Мангистауская область, Актау Г.А., г.Актау, \"Мангистауская область, г. Актау, промзона, ТОО \"\"МАЭК-Казатомпром\"\", здание 201\"","471010000, Мангистауская область, Актау Г.А., г.Актау, г. Актау","-","С даты подписания договора по 12.2018","Предоплата - 100% , Промежуточный платеж - 0% , Окончательный платеж - 0% ","-",{"v":1,"d":"1.000"},{"v":377000,"d":"377,000.000"},{"v":377000,"d":"377,000.000"},{"v":422240,"d":"422,240.000"},"-","Товарищество с ограниченной ответственностью \"Мангистауский атомный энергетический комбинат-Казатомпром\""]
[null,"-","61-1 Р","331229.900.000004","Работы по ремонту/модернизации автоматизированных систем управления","Работы по ремонту/модернизации автоматизированных систем управления/контроля/мониторинга/учета/диспетчеризации и аналогичного оборудования","Капитальный ремонт систем КИПиА к/а ст.№6 ТЭЦ-1 \\ Капитальный ремонт систем КИПиА к/а ст.№6 ТЭЦ-1","ОТП","-","40","01.2018","471010000, Мангистауская область, Актау Г.А., г.Актау, \"Мангистауская область, г. Актау, промзона, ТОО \"\"МАЭК-Казатомпром\"\", здание 201\"","471010000, Мангистауская область, Актау Г.А., г.Актау, г. Актау","-","С даты подписания договора по 10.2018","Окончательный платеж - 37% , Промежуточный платеж - 63% , Предоплата - 0% ","-",{"v":1,"d":"1.000"},{"v":268826826,"d":"268,826,826.000"},{"v":268826826,"d":"268,826,826.000"},{"v":301086045.12,"d":"301,086,045.120"},"-","Товарищество с ограниченной ответственностью \"Мангистауский атомный энергетический комбинат-Казатомпром\""]
[null,"-","62-1 Р","331311.100.000005","Работы по ремонту/модернизации контрольно-измерительных приборов и автоматики и аналогичных измерительных средств и оборудования","Работы по ремонту/модернизации контрольно-измерительных приборов и автоматики и аналогичных измерительных средств и оборудования","Капитальный ремонт КИПиА расходомеров морской насосной ТЭЦ-2 \\ Капитальный ремонт КИПиА расходомеров морской насосной ТЭЦ-2","ОТП","-","40","02.2018","471010000, Мангистауская область, Актау Г.А., г.Актау, \"Мангистауская область, г. Актау, промзона, ТОО \"\"МАЭК-Казатомпром\"\", здание 201\"","471010000, Мангистауская область, Актау Г.А., г.Актау, г. Актау","-","С даты подписания договора по 05.2018","Окончательный платеж - 23% , Промежуточный платеж - 77% , Предоплата - 0% ","-",{"v":1,"d":"1.000"},{"v":58741981,"d":"58,741,981.000"},{"v":58741981,"d":"58,741,981.000"},{"v":65791018.72,"d":"65,791,018.720"},"-","Товарищество с ограниченной ответственностью \"Мангистауский атомный энергетический комбинат-Казатомпром\""]
[null,"-","63-1 Р","331311.100.000005","Работы по ремонту/модернизации контрольно-измерительных приборов и автоматики и аналогичных измерительных средств и оборудования","Работы по ремонту/модернизации контрольно-измерительных приборов и автоматики и аналогичных измерительных средств и оборудования","Капитальный ремонт систем КИПиА СППВ-35,40 ЗПДиПТВС \\ Капитальный ремонт систем КИПиА СППВ-35,40 ЗПДиПТВС","ОТП","-","40","05.2018","471010000, Мангистауская область, Актау Г.А., г.Актау, \"Мангистауская область, г. Актау, промзона, ТОО \"\"МАЭК-Казатомпром\"\", здание 201\"","471010000, Мангистауская область, Актау Г.А., г.Актау, г. Актау","-","С даты подписания договора по 09.2018","Окончательный платеж - 9% , Промежуточный платеж - 91% , Предоплата - 0% ","-",{"v":1,"d":"1.000"},{"v":59922632,"d":"59,922,632.000"},{"v":59922632,"d":"59,922,632.000"},{"v":67113347.84,"d":"67,113,347.840"},"-","Товарищество с ограниченной ответственностью \"Мангистауский атомный энергетический комбинат-Казатомпром\""]
[null,"-","64 Р","331411.200.000000","Работы по ремонту/реконструкции электрического, электрораспределительного/регулирующего оборудования и аналогичной аппаратуры","Работы по ремонту/реконструкции электрического, электрораспределительного/регулирующего оборудования и аналогичной аппаратуры","Капитальный ремонт потолочного освещения в машинном зале морской насосной ТЭЦ-1 \\ \" ЖЭО-1 теңіз сорғысының машзалындағы төбелік жарығын күрделі жөндеу \"","ОТ","-","50","04.2018","471010000, Мангистауская область, Актау Г.А., г.Актау, \"Мангистауская область, г. Актау, промзона, ТОО \"\"МАЭК-Казатомпром\"\", здание 201\"","471010000, Мангистауская область, Актау Г.А., г.Актау, г. Актау","-","с 07.2018 по 08.2018","Предоплата - 0% , Промежуточный платеж - 40% , Окончательный платеж - 60% ","-",{"v":1,"d":"1.000"},{"v":1297000,"d":"1,297,000.000"},{"v":1297000,"d":"1,297,000.000"},{"v":1452640,"d":"1,452,640.000"},"-","Товарищество с ограниченной ответственностью \"Мангистауский атомный энергетический комбинат-Казатомпром\""]
[null,"-","65-1 Р","432911.110.000000","Работы теплоизоляционные","Работы связанные с проведением теплоизоляции объекта и оборудования","Капитальный ремонт теплоизоляции деаэратора питания ДП ст.№ 5, бойлеров БО-4,5, БП-3,4,5 и подогревателей ПСВ-3, ПВД-4,5 ТГ-4 ТЭЦ-1 \\ \" ЖЭО-1 ДП ст.№5 қуат көзі деаэратордың, БО-4,5, БП-3,4,5 бойлерлердің және ПСВ-3, ПВД-4,5, ТГ-4 жылытқыштардың жылылықты оқшалауын күрделі жөндеу\"","ОТ","-","60","02.2018","471010000, Мангистауская область, Актау Г.А., г.Актау, \"Мангистауская область, г. Актау, промзона, ТОО \"\"МАЭК-Казатомпром\"\", здание 201\"","471010000, Мангистауская область, Актау Г.А., г.Актау, г. Актау","-","с 05.2018 по 09.2018","Окончательный платеж - 55% , Промежуточный платеж - 45% , Предоплата - 0% ","-",{"v":1,"d":"1.000"},{"v":6402000,"d":"6,402,000.000"},{"v":6402000,"d":"6,402,000.000"},{"v":7170240,"d":"7,170,240.000"},"-","Товарищество с ограниченной ответственностью \"Мангистауский атомный энергетический комбинат-Казатомпром\""]
[null,"-","66-1 Р","432911.110.000000","Работы теплоизоляционные","Работы связанные с проведением теплоизоляции объекта и оборудования","Капитальный ремонт изоляции сосудов и трубопроводов ПНД-2,3,4 и охладителей дренажей ПНД-2,3,4 ТГ ст.№4,  ПНД-2,3,4 ТГ ст.№10 ТЭЦ-2 и ПМ-4  ТЭЦ-2 \\ ЖЭО-2 ПНД-2,3,4 ыдыстардың мен құбырлардың және ТГ ст.№4,  ПНД-2,3,4 ТГ ст.№10 ПНД-2,3,4 дренаждарды салдықдатқыштардың оқшалауын күрделі жөндеу ","ОТ","-","60","02.2018","471010000, Мангистауская область, Актау Г.А., г.Актау, \"Мангистауская область, г. Актау, промзона, ТОО \"\"МАЭК-Казатомпром\"\", здание 201\"","471010000, Мангистауская область, Актау Г.А., г.Актау, г. Актау","-","с 04.2018 по 12.2018","Окончательный платеж - 60% , Промежуточный платеж - 40% , Предоплата - 0% ","-",{"v":1,"d":"1.000"},{"v":12974000,"d":"12,974,000.000"},{"v":12974000,"d":"12,974,000.000"},{"v":14530880,"d":"14,530,880.000"},"-","Товарищество с ограниченной ответственностью \"Мангистауский атомный энергетический комбинат-Казатомпром\""]
[null,"-","67-1 Р","432911.110.000000","Работы теплоизоляционные","Работы связанные с проведением теплоизоляции объекта и оборудования","Капитальный ремонт изоляции сосудов и трубопроводов ПСГ-2 и сборника конденсата СКГ-3,8-3,5-1 БУ ст.№3 и БО-1,2 БП-1 БУ ст.№1 ТЭЦ-2  \\ ЖЭО-2  ПСГ-2 ыдыстардың мен құбырлардың және   СКГ-3,8-3,5-1 БУ ст.№3 және БО-1,2 БП-1 БУ ст.№1 конденсат жинағыштың оқшалауын күрделі жөндеу ","ОТ","-","60","02.2018","471010000, Мангистауская область, Актау Г.А., г.Актау, \"Мангистауская область, г. Актау, промзона, ТОО \"\"МАЭК-Казатомпром\"\", здание 201\"","471010000, Мангистауская область, Актау Г.А., г.Актау, г. Актау","-","с 05.2018 по 09.2018","Окончательный платеж - 55% , Промежуточный платеж - 45% , Предоплата - 0% ","-",{"v":1,"d":"1.000"},{"v":27279000,"d":"27,279,000.000"},{"v":27279000,"d":"27,279,000.000"},{"v":30552480,"d":"30,552,480.000"},"-","Товарищество с ограниченной ответственностью \"Мангистауский атомный энергетический комбинат-Казатомпром\""]
[null,"-","68-1 Р","432911.110.000000","Работы теплоизоляционные","Работы связанные с проведением теплоизоляции объекта и оборудования","Капитальный ремонт изоляции сосуда и трубопроводов ДП-3 ДСП-500, ДП-5 ДСП-500, ДП-10 ДСП-500, ДП-11 ДСП-500 и  ДП-12 ДСП-500 ТЭЦ-2 \\ ЖЭО-2  ДП-3 ДСП-500, ДП-5 ДСП-500, ДП-10 ДСП-500, ДП-11 ДСП-500 и  ДП-12 ДСП-500 ыдыстардың мен құбырлардың оқшалауын күрделі жөндеу ","ОТ","-","60","02.2018","471010000, Мангистауская область, Актау Г.А., г.Актау, \"Мангистауская область, г. Актау, промзона, ТОО \"\"МАЭК-Казатомпром\"\", здание 201\"","471010000, Мангистауская область, Актау Г.А., г.Актау, г. Актау","-","с 03.2018 по 10.2018","Окончательный платеж - 60% , Промежуточный платеж - 40% , Предоплата - 0% ","-",{"v":1,"d":"1.000"},{"v":32983000,"d":"32,983,000.000"},{"v":32983000,"d":"32,983,000.000"},{"v":36940960,"d":"36,940,960.000"},"-","Товарищество с ограниченной ответственностью \"Мангистауский атомный энергетический комбинат-Казатомпром\""]
[null,"-","69 Р","429120.230.000000","Работы водолазные","Работы водолазные","Оперативные водолазные работы ТЭЦ-1, ТЭЦ-2 \\  ЖЭО-1, ЖЭО-2 суға сүңгу жедел жұмыстары","ОТ","-","100","12.2017","471010000, Мангистауская область, Актау Г.А., г.Актау, \"Мангистауская область, г. Актау, промзона, ТОО \"\"МАЭК-Казатомпром\"\", здание 201\"","471010000, Мангистауская область, Актау Г.А., г.Актау, г. Актау","-","с 03.2018 по 12.2018","Предоплата - 0% , Промежуточный платеж - 40% , Окончательный платеж - 60% ","-",{"v":1,"d":"1.000"},{"v":3492000,"d":"3,492,000.000"},{"v":3492000,"d":"3,492,000.000"},{"v":3911040,"d":"3,911,040.000"},"-","Товарищество с ограниченной ответственностью \"Мангистауский атомный энергетический комбинат-Казатомпром\""]
[null,"-","70 Р","331411.100.000001","Работы по ремонту/модернизации электродвигателей/генераторов и аналогичного оборудования (кроме применяемых на транспорте)","Работы по ремонту/модернизации электродвигателей/генераторов и аналогичного оборудования (кроме применяемых на транспорте)","Капитальный ремонт электродвигателей \\ Электр қозғалтқыштардың күрделі жөндеу","ОТ","-","80","12.2017","471010000, Мангистауская область, Актау Г.А., г.Актау, \"Мангистауская область, г. Актау, промзона, ТОО \"\"МАЭК-Казатомпром\"\", здание 201\"","471010000, Мангистауская область, Актау Г.А., г.Актау, г. Актау","-","с 01.2018 по 12.2018","Предоплата - 0% , Промежуточный платеж - 40% , Окончательный платеж - 60% ","-",{"v":1,"d":"1.000"},{"v":24259000,"d":"24,259,000.000"},{"v":24259000,"d":"24,259,000.000"},{"v":27170080,"d":"27,170,080.000"},"-","Товарищество с ограниченной ответственностью \"Мангистауский атомный энергетический комбинат-Казатомпром\""]
[null,"-","71 Р","432911.110.000001","Работы по обвязке технологического оборудования/трубопроводов","Работы связанные с обвязкой технологического оборудования/трубопроводов","Капитальный ремонт трубопроводов обвязки  бака-нейтрализатора №3 ТЭС \\ \" ЖЭС  №3 бак-бейтараптандырғыш орауының құбырын күрделі жөндеу \"","ОТ","-","60","01.2018","471010000, Мангистауская область, Актау Г.А., г.Актау, \"Мангистауская область, г. Актау, промзона, ТОО \"\"МАЭК-Казатомпром\"\", здание 201\"","471010000, Мангистауская область, Актау Г.А., г.Актау, г. Актау","-","с 04.2018 по 05.2018","Предоплата - 0% , Промежуточный платеж - 40% , Окончательный платеж - 60% ","-",{"v":1,"d":"1.000"},{"v":17725000,"d":"17,725,000.000"},{"v":17725000,"d":"17,725,000.000"},{"v":19852000,"d":"19,852,000.000"},"-","Товарищество с ограниченной ответственностью \"Мангистауский атомный энергетический комбинат-Казатомпром\""]
[null,"-","72-1 Р","331411.200.000000","Работы по ремонту/реконструкции электрического, электрораспределительного/регулирующего оборудования и аналогичной аппаратуры","Работы по ремонту/реконструкции электрического, электрораспределительного/регулирующего оборудования и аналогичной аппаратуры","Капитальный ремонт масляных выключателей типа У-110-2000-50 в количестве 10 штук ТЭС \\ \" ЖЭС  10 данада У-110-2000-50 түрін майлы ажыратқыштарын күрделі жөндеу \"","ОТ","-","60","02.2018","471010000, Мангистауская область, Актау Г.А., г.Актау, \"Мангистауская область, г. Актау, промзона, ТОО \"\"МАЭК-Казатомпром\"\", здание 201\"","471000000, Мангистауская область, Актау Г.А., Промзона, склад ТОО \"МАЭК-Казатомпром\"","-","с 04.2018 по 12.2018","Окончательный платеж - 60% , Промежуточный платеж - 40% , Предоплата - 0% ","-",{"v":1,"d":"1.000"},{"v":5209000,"d":"5,209,000.000"},{"v":5209000,"d":"5,209,000.000"},{"v":5834080,"d":"5,834,080.000"},"-","Товарищество с ограниченной ответственностью \"Мангистауский атомный энергетический комбинат-Казатомпром\""]
[null,"-","73 Р","422123.200.000001","Работы по ремонту/реконструкции установок по обработке воды","Работы по ремонту/реконструкции установок по обработке воды","Капитальный ремонт желобов ОП-1,2 ДОУ-8  ЗПДиПТВС \\ \"  ДӨжӨЖСЖЗ  ОП-1,2 ДОУ-8 науаларын күрделі жөндеу\"","ОТ","-","60","04.2018","471010000, Мангистауская область, Актау Г.А., г.Актау, \"Мангистауская область, г. Актау, промзона, ТОО \"\"МАЭК-Казатомпром\"\", здание 201\"","471010000, Мангистауская область, Актау Г.А., г.Актау, г. Актау","-","с 07.2018 по 10.2018","Предоплата - 0% , Промежуточный платеж - 40% , Окончательный платеж - 60% ","-",{"v":1,"d":"1.000"},{"v":25939000,"d":"25,939,000.000"},{"v":25939000,"d":"25,939,000.000"},{"v":29051680,"d":"29,051,680.000"},"-","Товарищество с ограниченной ответственностью \"Мангистауский атомный энергетический комбинат-Казатомпром\""]
[null,"-","74-1 Р","331411.200.000000","Работы по ремонту/реконструкции электрического, электрораспределительного/регулирующего оборудования и аналогичной аппаратуры","Работы по ремонту/реконструкции электрического, электрораспределительного/регулирующего оборудования и аналогичной аппаратуры","Капитальный ремонт электрооборудования котлоагрегата БКЗ-160-100 ГМ ст.№6 ТЭЦ-1  \\ \" ЖЭО-1  БКЗ-160-100 ГМ ст.№6 қазан агрегаттың электр жабдықтарын күрделі жөндеу\"","ОТ","-","40","02.2018","471010000, Мангистауская область, Актау Г.А., г.Актау, \"Мангистауская область, г. Актау, промзона, ТОО \"\"МАЭК-Казатомпром\"\", здание 201\"","471010000, Мангистауская область, Актау Г.А., г.Актау, г. Актау","-","с 09.2018 по 10.2018","Окончательный платеж - 60% , Промежуточный платеж - 40% , Предоплата - 0% ","-",{"v":1,"d":"1.000"},{"v":3696000,"d":"3,696,000.000"},{"v":3696000,"d":"3,696,000.000"},{"v":4139520,"d":"4,139,520.000"},"-","Товарищество с ограниченной ответственностью \"Мангистауский атомный энергетический комбинат-Казатомпром\""]
[null,"-","75 Р","422122.100.000001","Работы по ремонту локальных (местного значения) трубопроводов","Работы по ремонту локальных (местного значения) трубопроводов и аналогичных сетей/систем","Капитальный ремонт трубопроводов ЛАП-1,2,3 Ø 273х8мм от ПСВ-1,2,3 до ДТ-1,2,3 ТЭЦ-1 \\ \"ЖЭО-1  ПСВ-1,2,3 -дан ДТ-1,2,3 дейін ЛАП-1,2,3 Ø 273х8мм құбырларын күрделі жөндеу\"","ОТ","-","60","02.2018","471010000, Мангистауская область, Актау Г.А., г.Актау, \"Мангистауская область, г. Актау, промзона, ТОО \"\"МАЭК-Казатомпром\"\", здание 201\"","471010000, Мангистауская область, Актау Г.А., г.Актау, г. Актау","-","с 05.2018 по 09.2018","Предоплата - 0% , Промежуточный платеж - 40% , Окончательный платеж - 60% ","-",{"v":1,"d":"1.000"},{"v":24403000,"d":"24,403,000.000"},{"v":24403000,"d":"24,403,000.000"},{"v":27331360,"d":"27,331,360.000"},"-","Товарищество с ограниченной ответственностью \"Мангистауский атомный энергетический комбинат-Казатомпром\""]
[null,"-","76 Р","432911.110.000000","Работы теплоизоляционные","Работы связанные с проведением теплоизоляции объекта и оборудования","Капитальный ремонт обмуровки и изоляции котлоагрегата ТГМ-151 ст.№2 с газоходами ТЭЦ-2 \\ \"ЖЭО-2  газ арнамен ТГМ-151 ст.№2 қазан агрегатын айналдыра қаптауы мен оқшалауын күрделі жөндеу \"","ОТ","-","50","12.2017","471010000, Мангистауская область, Актау Г.А., г.Актау, \"Мангистауская область, г. Актау, промзона, ТОО \"\"МАЭК-Казатомпром\"\", здание 201\"","471010000, Мангистауская область, Актау Г.А., г.Актау, г. Актау","-","с 03.2018 по 06.2018","Предоплата - 0% , Промежуточный платеж - 40% , Окончательный платеж - 60% ","-",{"v":1,"d":"1.000"},{"v":74083000,"d":"74,083,000.000"},{"v":74083000,"d":"74,083,000.000"},{"v":82972960,"d":"82,972,960.000"},"-","Товарищество с ограниченной ответственностью \"Мангистауский атомный энергетический комбинат-Казатомпром\""]
[null,"-","77 Р","432911.110.000000","Работы теплоизоляционные","Работы связанные с проведением теплоизоляции объекта и оборудования","Капитальный ремонт изоляции турбоагрегата ПТ-60-90/13 ст.№1 и технологических трубопроводов в пределах турбины ТЭЦ-2 \\ \"ЖЭО-2  турбинаның шегінде ПТ-60-90/13 ст.№1 қазан агрегаттың және технологиялық құбырларының оқшалауын күрделі жөндеу\"","ОТ","-","50","06.2018","471010000, Мангистауская область, Актау Г.А., г.Актау, \"Мангистауская область, г. Актау, промзона, ТОО \"\"МАЭК-Казатомпром\"\", здание 201\"","471010000, Мангистауская область, Актау Г.А., г.Актау, г. Актау","-","с 09.2018 по 12.2018","Предоплата - 0% , Промежуточный платеж - 40% , Окончательный платеж - 60% ","-",{"v":1,"d":"1.000"},{"v":30887000,"d":"30,887,000.000"},{"v":30887000,"d":"30,887,000.000"},{"v":34593440,"d":"34,593,440.000"},"-","Товарищество с ограниченной ответственностью \"Мангистауский атомный энергетический комбинат-Казатомпром\""]
[null,"-","78 Р","432911.110.000000","Работы теплоизоляционные","Работы связанные с проведением теплоизоляции объекта и оборудования","Капитальный ремонт турбоагрегата, изоляции турбины и технологических трубопроводов ПТ-80/100-130/13 ст.№10  ТЭЦ-2 \\ \"ЖЭО-2  турбинаның және ПТ-80/100-130/13 ст.№10 технологиялық құбырларының оқшалауын, турбо агрегаттын күрделі жөндеу\"","ОТ","-","50","12.2017","471010000, Мангистауская область, Актау Г.А., г.Актау, \"Мангистауская область, г. Актау, промзона, ТОО \"\"МАЭК-Казатомпром\"\", здание 201\"","471010000, Мангистауская область, Актау Г.А., г.Актау, г. Актау","-","с 05.2018 по 09.2018","Предоплата - 0% , Промежуточный платеж - 40% , Окончательный платеж - 60% ","-",{"v":1,"d":"1.000"},{"v":141576000,"d":"141,576,000.000"},{"v":141576000,"d":"141,576,000.000"},{"v":158565120,"d":"158,565,120.000"},"-","Товарищество с ограниченной ответственностью \"Мангистауский атомный энергетический комбинат-Казатомпром\""]
[null,"-","79 Р","331411.200.000000","Работы по ремонту/реконструкции электрического, электрораспределительного/регулирующего оборудования и аналогичной аппаратуры","Работы по ремонту/реконструкции электрического, электрораспределительного/регулирующего оборудования и аналогичной аппаратуры","Капитальный ремонт силового трансформатора ТДЦНГУ-80000/110 ст.№2 ТЭЦ-2 \\ \"ЖЭО-2  ТДЦНГУ-80000/110 ст.№2 күш беретін трансформаторды күрделі жөндеу\"","ОТ","-","40","04.2018","471010000, Мангистауская область, Актау Г.А., г.Актау, \"Мангистауская область, г. Актау, промзона, ТОО \"\"МАЭК-Казатомпром\"\", здание 201\"","471010000, Мангистауская область, Актау Г.А., г.Актау, г. Актау","-","с 07.2018 по 09.2018","Предоплата - 0% , Промежуточный платеж - 40% , Окончательный платеж - 60% ","-",{"v":1,"d":"1.000"},{"v":45586000,"d":"45,586,000.000"},{"v":45586000,"d":"45,586,000.000"},{"v":51056320,"d":"51,056,320.000"},"-","Товарищество с ограниченной ответственностью \"Мангистауский атомный энергетический комбинат-Казатомпром\""]
[null,"-","80 Р","331411.200.000000","Работы по ремонту/реконструкции электрического, электрораспределительного/регулирующего оборудования и аналогичной аппаратуры","Работы по ремонту/реконструкции электрического, электрораспределительного/регулирующего оборудования и аналогичной аппаратуры","Капитальный ремонт автотрансформатора АТДЦТН-200000/220/110/35 ст. №2 без смены обмотки ТЭС  \\ \"ЖЭС айналдыра қаптауын ауыстырмай АТДЦТН-200000/220/110/35 ст. №2 авто трансформаторларын күрделі жөндеу\"","ОТ","-","40","04.2018","471010000, Мангистауская область, Актау Г.А., г.Актау, \"Мангистауская область, г. Актау, промзона, ТОО \"\"МАЭК-Казатомпром\"\", здание 201\"","471010000, Мангистауская область, Актау Г.А., г.Актау, г. Актау","-","С даты подписания договора по 07.2018","Предоплата - 0% , Промежуточный платеж - 40% , Окончательный платеж - 60% ","-",{"v":1,"d":"1.000"},{"v":16225000,"d":"16,225,000.000"},{"v":16225000,"d":"16,225,000.000"},{"v":18172000,"d":"18,172,000.000"},"-","Товарищество с ограниченной ответственностью \"Мангистауский атомный энергетический комбинат-Казатомпром\""]
[null,"-","81 Р","331219.100.000003","Работы по ремонту магистральных трубопроводов","Работы по ремонту магистральных трубопроводов и аналогичных сетей/систем","Капитальный ремонт участка теплопровода ПС ТЭЦ-2-ТЭЦ-1 (I этап) ЗПДиПТВС \\ \" ДӨжӨЖСЖЗ  ПС ЖЭО-2-ЖЭО1 (І кезең) жылу құбырының учаскені күрделі жөндеу\"","ОТ","-","60","12.2017","471010000, Мангистауская область, Актау Г.А., г.Актау, \"Мангистауская область, г. Актау, промзона, ТОО \"\"МАЭК-Казатомпром\"\", здание 201\"","471010000, Мангистауская область, Актау Г.А., г.Актау, г. Актау","-","с 05.2018 по 09.2018","Предоплата - 0% , Промежуточный платеж - 40% , Окончательный платеж - 60% ","-",{"v":1,"d":"1.000"},{"v":192018000,"d":"192,018,000.000"},{"v":192018000,"d":"192,018,000.000"},{"v":215060160,"d":"215,060,160.000"},"-","Товарищество с ограниченной ответственностью \"Мангистауский атомный энергетический комбинат-Казатомпром\""]
[null,"-","82 Р","422122.100.000001","Работы по ремонту локальных (местного значения) трубопроводов","Работы по ремонту локальных (местного значения) трубопроводов и аналогичных сетей/систем","Капитальный ремонт ГК ВА резервной (для ГК ВА-1 ДОУ-10) с заменой т/о трубок ЗПДиПТВС \\ \" ДӨжӨЖСЖЗ т/о түтіктерді ауыстыруымен (ГК ВА-1 ДОУ-10 үшін) резервтік ГК ВА күрделі жөндеу\"","ОТ","-","60","05.2018","471010000, Мангистауская область, Актау Г.А., г.Актау, \"Мангистауская область, г. Актау, промзона, ТОО \"\"МАЭК-Казатомпром\"\", здание 201\"","471010000, Мангистауская область, Актау Г.А., г.Актау, г. Актау","-","с 08.2018 по 10.2018","Предоплата - 0% , Промежуточный платеж - 40% , Окончательный платеж - 60% ","-",{"v":1,"d":"1.000"},{"v":168000000,"d":"168,000,000.000"},{"v":168000000,"d":"168,000,000.000"},{"v":188160000,"d":"188,160,000.000"},"-","Товарищество с ограниченной ответственностью \"Мангистауский атомный энергетический комбинат-Казатомпром\""]
[null,"-","83-1 Р","331219.100.000003","Работы по ремонту магистральных трубопроводов","Работы по ремонту магистральных трубопроводов и аналогичных сетей/систем","Капитальный ремонт  магистрального  минводовода  Ду-600мм между 30-32 км  ЗПДиПТВС \\ \"ДӨжӨЖСЖЗ 30-32км аралығында Ду-600мм магистральді мин су құбырын күрделі жөндеу   \"","ОТ","-","60","02.2018","471010000, Мангистауская область, Актау Г.А., г.Актау, \"Мангистауская область, г. Актау, промзона, ТОО \"\"МАЭК-Казатомпром\"\", здание 201\"","471010000, Мангистауская область, Актау Г.А., г.Актау, г. Актау","-","с 07.2018 по 09.2018","Окончательный платеж - 60% , Промежуточный платеж - 40% , Предоплата - 0% ","-",{"v":1,"d":"1.000"},{"v":59413000,"d":"59,413,000.000"},{"v":59413000,"d":"59,413,000.000"},{"v":66542560,"d":"66,542,560.000"},"-","Товарищество с ограниченной ответственностью \"Мангистауский атомный энергетический комбинат-Казатомпром\""]
[null,"-","84 Р","292040.100.000001","Работы по ремонту автотранспортных средств","Работы по ремонту автотранспортных средств/систем/узлов/агрегатов","Ремонт ГБА \\ Ремонт ГБА","ЦПП","-","60","01.2018","470000000, Мангистауская область, \"Мангистауская область, г. Актау, промзона, ТОО \"\"МАЭК-Казатомпром\"\", здание 201\"","471010000, Мангистауская область, Актау Г.А., г.Актау, г. Актау","-","с 01.2018 по 12.2018","Предоплата - 0% , Промежуточный платеж - 0% , Окончательный платеж - 100% ","-",{"v":1,"d":"1.000"},{"v":3812500,"d":"3,812,500.000"},{"v":3812500,"d":"3,812,500.000"},{"v":4270000,"d":"4,270,000.000"},"-","Товарищество с ограниченной ответственностью \"Мангистауский атомный энергетический комбинат-Казатомпром\""]
[null,"-","85 Р","331215.300.000000","Работы по ремонту/модернизации кранов и другого подъемного оборудования/погрузочно-разгрузочного оборудования","Работы по ремонту/модернизации кранов и другого подъемного оборудования/погрузочно-разгрузочного оборудования (кроме лифтов, подъемно-транспортной техники на базе транспортных средств)","Текущий ремонт кранов  \\ Текущий ремонт кранов ","ЦПП","-","60","01.2018","470000000, Мангистауская область, \"Мангистауская область, г. Актау, промзона, ТОО \"\"МАЭК-Казатомпром\"\", здание 201\"","471010000, Мангистауская область, Актау Г.А., г.Актау, г. Актау","-","с 01.2018 по 12.2018","Предоплата - 0% , Промежуточный платеж - 0% , Окончательный платеж - 100% ","-",{"v":1,"d":"1.000"},{"v":4239421,"d":"4,239,421.000"},{"v":4239421,"d":"4,239,421.000"},{"v":4748151.52,"d":"4,748,151.520"},"-","Товарищество с ограниченной ответственностью \"Мангистауский атомный энергетический комбинат-Казатомпром\""]
[null,"-","86 Р","331215.300.000000","Работы по ремонту/модернизации кранов и другого подъемного оборудования/погрузочно-разгрузочного оборудования","Работы по ремонту/модернизации кранов и другого подъемного оборудования/погрузочно-разгрузочного оборудования (кроме лифтов, подъемно-транспортной техники на базе транспортных средств)","Ремонт автокрана ЛТМ-50 \\ Ремонт автокрана ЛТМ-50","ЦПП","-","40","08.2018","470000000, Мангистауская область, \"Мангистауская область, г. Актау, промзона, ТОО \"\"МАЭК-Казатомпром\"\", здание 201\"","471010000, Мангистауская область, Актау Г.А., г.Актау, г. Актау","-","с 08.2018 по 10.2018","Предоплата - 0% , Промежуточный платеж - 0% , Окончательный платеж - 100% ","-",{"v":1,"d":"1.000"},{"v":4464286,"d":"4,464,286.000"},{"v":4464286,"d":"4,464,286.000"},{"v":5000000.32,"d":"5,000,000.320"},"-","Товарищество с ограниченной ответственностью \"Мангистауский атомный энергетический комбинат-Казатомпром\""]
[null,"-","87 Р","292040.100.000001","Работы по ремонту автотранспортных средств","Работы по ремонту автотранспортных средств/систем/узлов/агрегатов","Тек.ремонт автотранспорта и спецтехники марки Тойота,Газ,Ваз,Шкода и т.д. \\ Тек.ремонт автотранспорта и спецтехники марки Тойота,Газ,Ваз,Шкода и т.д.","ЦПП","-","60","01.2018","470000000, Мангистауская область, \"Мангистауская область, г. Актау, промзона, ТОО \"\"МАЭК-Казатомпром\"\", здание 201\"","471010000, Мангистауская область, Актау Г.А., г.Актау, г. Актау","-","с 01.2018 по 12.2018","Предоплата - 0% , Промежуточный платеж - 0% , Окончательный платеж - 100% ","-",{"v":1,"d":"1.000"},{"v":8085928,"d":"8,085,928.000"},{"v":8085928,"d":"8,085,928.000"},{"v":9056239.36,"d":"9,056,239.360"},"-","Товарищество с ограниченной ответственностью \"Мангистауский атомный энергетический комбинат-Казатомпром\""]
[null,"-","88 Р","331215.300.000000","Работы по ремонту/модернизации кранов и другого подъемного оборудования/погрузочно-разгрузочного оборудования","Работы по ремонту/модернизации кранов и другого подъемного оборудования/погрузочно-разгрузочного оборудования (кроме лифтов, подъемно-транспортной техники на базе транспортных средств)","Ремонт и технический уход и обслуживание погрузочно-разгрузочных машин \\ Ремонт и технический уход и обслуживание погрузочно-разгрузочных машин","ЦПП","-","60","01.2018","470000000, Мангистауская область, \"Мангистауская область, г. Актау, промзона, ТОО \"\"МАЭК-Казатомпром\"\", здание 201\"","471010000, Мангистауская область, Актау Г.А., г.Актау, г. Актау","-","с 01.2018 по 12.2018","Предоплата - 0% , Промежуточный платеж - 0% , Окончательный платеж - 100% ","-",{"v":1,"d":"1.000"},{"v":4462500,"d":"4,462,500.000"},{"v":4462500,"d":"4,462,500.000"},{"v":4998000,"d":"4,998,000.000"},"-","Товарищество с ограниченной ответственностью \"Мангистауский атомный энергетический комбинат-Казатомпром\""]
[null,"-","89 Р","410040.300.000000","Работы по возведению (строительству) нежилых зданий/сооружений","Работы по возведению (строительству) нежилых зданий/сооружений","Участок розлива 70% щелочи и хранилище упаковок с 70% щелочью \n \\  70% сілті құю учаскесі және қаптамадағы 70Ғ сілтіні сақтау\n","ОТ","-","90","02.2018","471000000, Мангистауская область, Актау Г.А., Промзона, ТОО \"МАЭК-Казатомпром\", здание 201","471000000, Мангистауская область, Актау Г.А., Промзона, склад ТОО \"МАЭК-Казатомпром\"","-","С даты подписания договора в течение 340 календарных дней","Окончательный платеж - 10% , Промежуточный платеж - 90% , Предоплата - 0% ","-",{"v":1,"d":"1.000"},{"v":434169360,"d":"434,169,360.000"},{"v":434169360,"d":"434,169,360.000"},{"v":486269683.2,"d":"486,269,683.200"},"-","Товарищество с ограниченной ответственностью \"Мангистауский атомный энергетический комбинат-Казатомпром\""]
[null,null,"итого по работам",{"$nulls":16},{"v":2775252757.02,"d":"2,775,252,757.020"},{"v":3108283087.86,"d":"3,108,283,087.860"}]
[null,null,"3. Услуги"]
[null,"-","1 У","821913.000.000003","Услуги по оформлению","Услуги по оформлению/получению технической/правоустанавливающей/разрешительной и иной документации (оформление/переоформление/подготовка/регистрация/перерегистрация в соответствующих органах/реестрах и аналогичное)","\"Ежегодное подтверждение свидетельства  ФГУ \"\"РМРС\"\"\" \\ \"Ежегодное подтверждение свидетельства  ФГУ \"\"РМРС\"\"\"","ОИ","137-2 (не превышает тысячекратного МРП)","0","07.2018","471010000, Мангистауская область, Актау Г.А., г.Актау, \"Мангистауская область, г. Актау, промзона, ТОО \"\"МАЭК-Казатомпром\"\", здание 201\"","471010000, Мангистауская область, Актау Г.А., г.Актау, г. Актау","-","С даты подписания договора по 12.2018","Предоплата - 0% , Промежуточный платеж - 0% , Окончательный платеж - 100% ","-",{"v":1,"d":"1.000"},{"v":466071.43,"d":"466,071.430"},{"v":466071.43,"d":"466,071.430"},{"v":522000,"d":"522,000.000"},"-","Товарищество с ограниченной ответственностью \"Мангистауский атомный энергетический комбинат-Казатомпром\""]
[null,"-","2 У","749020.000.000071","Услуги по проведению аудита/сертификации систем менеджмента","Услуги по проведению аудита/сертификации систем менеджмента","Услуги по расширению области аккредитации аккредитованной испытательной лаборатории \\ Услуги по расширению области аккредитации аккредитованной испытательной лаборатории","ОИ","137-2 (не превышает тысячекратного МРП)","100","06.2018","471010000, Мангистауская область, Актау Г.А., г.Актау, \"Мангистауская область, г. Актау, промзона, ТОО \"\"МАЭК-Казатомпром\"\", здание 201\"","471010000, Мангистауская область, Актау Г.А., г.Актау, г. Актау","-","С даты подписания договора по 12.2018","Предоплата - 100% , Промежуточный платеж - 0% , Окончательный платеж - 0% ","-",{"v":1,"d":"1.000"},{"v":805366.08,"d":"805,366.080"},{"v":805366.08,"d":"805,366.080"},{"v":902010.01,"d":"902,010.010"},"-","Товарищество с ограниченной ответственностью \"Мангистауский атомный энергетический комбинат-Казатомпром\""]
[null,"-","3 У","531011.100.000000","Услуги по подписке на печатные периодические издания","Услуги по подписке на печатные периодические издания","Услуги по подписке на газеты и журналы \\ Газеттер мен журналдарға жазылу бойынша қызметтер","ОИ","137-7 (периодические печатные издания)","100","05.2018","471010000, Мангистауская область, Актау Г.А., г.Актау, \"Мангистауская область, г. Актау, промзона, ТОО \"\"МАЭК-Казатомпром\"\", здание 201\"","471010000, Мангистауская область, Актау Г.А., г.Актау, г. Актау","-","с 07.2018 по 12.2018","Предоплата - 100% , Промежуточный платеж - 0% , Окончательный платеж - 0% ","-",{"v":1,"d":"1.000"},{"v":1238532.14,"d":"1,238,532.140"},{"v":1238532.14,"d":"1,238,532.140"},{"v":1387156,"d":"1,387,156.000"},"-","Товарищество с ограниченной ответственностью \"Мангистауский атомный энергетический комбинат-Казатомпром\""]
[null,"-","4 У","531011.100.000000","Услуги по подписке на печатные периодические издания","Услуги по подписке на печатные периодические издания","Услуги по подписке на газеты и журналы \\ Газеттер мен журналдарға жазылу бойынша қызметтер","ОИ","137-7 (периодические печатные издания)","100","10.2018","471010000, Мангистауская область, Актау Г.А., г.Актау, \"Мангистауская область, г. Актау, промзона, ТОО \"\"МАЭК-Казатомпром\"\", здание 201\"","471010000, Мангистауская область, Актау Г.А., г.Актау, г. Актау","-","с 01.2018 по 12.2018","Предоплата - 100% , Промежуточный платеж - 0% , Окончательный платеж - 0% ","-",{"v":1,"d":"1.000"},{"v":2194095.53,"d":"2,194,095.530"},{"v":2194095.53,"d":"2,194,095.530"},{"v":2457386.99,"d":"2,457,386.990"},"-","Товарищество с ограниченной ответственностью \"Мангистауский атомный энергетический комбинат-Казатомпром\""]
[null,"-","5 У","351210.110.000000","Услуги по технической диспетчеризации","Услуги по технической диспетчеризации режимов производства/потребления электрической энергии в ЕЭС Казахстана","-","ОИ","140-6 (у субъекта государственной монополии  по основному предмету его деятельности)","100","01.2018","471010000, Мангистауская область, Актау Г.А., г.Актау, \"Мангистауская область, г. Актау, промзона, ТОО \"\"МАЭК-Казатомпром\"\", здание 201\"","471010000, Мангистауская область, Актау Г.А., г.Актау, г. Актау","-","с 01.2018 по 12.2018","Предоплата - 0% , Промежуточный платеж - 100% , Окончательный платеж - 0% ","-",{"v":1,"d":"1.000"},{"v":938866950,"d":"938,866,950.000"},{"v":938866950,"d":"938,866,950.000"},{"v":1051530984,"d":"1,051,530,984.000"},"-","Товарищество с ограниченной ответственностью \"Мангистауский атомный энергетический комбинат-Казатомпром\""]
[null,"-","6-1 У","531012.200.000000","Универсальные услуги почтовой связи","Универсальные услуги почтовой связи (нерегиструемых почтовых отправлений)","-","ОИ","137-2 (не превышает тысячекратного МРП)","100","01.2018","471010000, Мангистауская область, Актау Г.А., г.Актау, \"Мангистауская область, г. Актау, промзона, ТОО \"\"МАЭК-Казатомпром\"\", здание 201\"","471010000, Мангистауская область, Актау Г.А., г.Актау, г. Актау","-","с 01.2018 по 12.2018","Окончательный платеж - 0% , Промежуточный платеж - 0% , Предоплата - 100% ","-",{"v":1,"d":"1.000"},{"v":2142857.2,"d":"2,142,857.200"},{"v":2142857.2,"d":"2,142,857.200"},{"v":2400000.06,"d":"2,400,000.060"},"-","Товарищество с ограниченной ответственностью \"Мангистауский атомный энергетический комбинат-Казатомпром\""]
[null,"-","7-1 У","531019.920.000000","Услуги специальной почтовой связи","Услуги специальной почтовой связи","-","ОИ","137-2 (не превышает тысячекратного МРП)","100","01.2018","471010000, Мангистауская область, Актау Г.А., г.Актау, \"Мангистауская область, г. Актау, промзона, ТОО \"\"МАЭК-Казатомпром\"\", здание 201\"","471010000, Мангистауская область, Актау Г.А., г.Актау, г. Актау","-","с 01.2018 по 12.2018","Окончательный платеж - 0% , Промежуточный платеж - 0% , Предоплата - 100% ","-",{"v":1,"d":"1.000"},{"v":2142857.2,"d":"2,142,857.200"},{"v":2142857.2,"d":"2,142,857.200"},{"v":2400000.06,"d":"2,400,000.060"},"-","Товарищество с ограниченной ответственностью \"Мангистауский атомный энергетический комбинат-Казатомпром\""]
[null,"-","8 У","531019.200.000000","Услуги по пользованию абонентских ящиков","Услуги по пользованию абонентских ящиков","-","ОИ","137-2 (не превышает тысячекратного МРП)","100","01.2018","471010000, Мангистауская область, Актау Г.А., г.Актау, \"Мангистауская область, г. Актау, промзона, ТОО \"\"МАЭК-Казатомпром\"\", здание 201\"","471010000, Мангистауская область, Актау Г.А., г.Актау, г. Актау","-","с 01.2018 по 12.2018","Предоплата - 100% , Промежуточный платеж - 0% , Окончательный платеж - 0% ","-",{"v":1,"d":"1.000"},{"v":8800,"d":"8,800.000"},{"v":8800,"d":"8,800.000"},{"v":9856,"d":"9,856.000"},"-","Товарищество с ограниченной ответственностью \"Мангистауский атомный энергетический комбинат-Казатомпром\""]
[null,"-","9 У","492019.900.000000","Услуги железнодорожного транспорта по перевозкам грузов","Услуги железнодорожного транспорта по перевозкам грузов","\"Перевозка грузов поступающих в адрес ТОО \"\"МАЭК-Казатомпром\"\"\" \\ \"\"\"МАЭК-Қазатомөнеркәсіп\"\" ЖШС атына келіп түскен жүктерді тасымалдау\"","ОИ","137-2 (не превышает тысячекратного МРП)","100","12.2017","471010000, Мангистауская область, Актау Г.А., г.Актау, \"Мангистауская область, г. Актау, промзона, ТОО \"\"МАЭК-Казатомпром\"\", здание 201\"","471010000, Мангистауская область, Актау Г.А., г.Актау, г. Актау","-","с 01.2018 по 12.2018","Предоплата - 100% , Промежуточный платеж - 0% , Окончательный платеж - 0% ","-",{"v":1,"d":"1.000"},{"v":589285.71,"d":"589,285.710"},{"v":589285.71,"d":"589,285.710"},{"v":660000,"d":"660,000.000"},"-","Товарищество с ограниченной ответственностью \"Мангистауский атомный энергетический комбинат-Казатомпром\""]
[null,"-","10 У","773919.900.000001","Услуги по аренде подъездных путей","Услуги по аренде подъездных путей","\"Аренда ж.д. путей у АО \"\"Каскор-Транссервис\"\" расположенных на территорий ТОО \"\"МАЭК-Казатомпром\"\"\" \\ \"\"\"МАЭК-Қазатомөнеркәсіп\"\" ЖШС аумағында орналасқан \"\"КаскорТранс-сервис\"\" АҚ теміржол жолдарын жалға беру \"","ОИ","137-24 (услуги аренды помещений, зданий, соружений)","100","12.2017","471010000, Мангистауская область, Актау Г.А., г.Актау, \"Мангистауская область, г. Актау, промзона, ТОО \"\"МАЭК-Казатомпром\"\", здание 201\"","471010000, Мангистауская область, Актау Г.А., г.Актау, г. Актау","-","с 01.2018 по 12.2018","Предоплата - 100% , Промежуточный платеж - 0% , Окончательный платеж - 0% ","-",{"v":1,"d":"1.000"},{"v":4762500,"d":"4,762,500.000"},{"v":4762500,"d":"4,762,500.000"},{"v":5334000,"d":"5,334,000.000"},"-","Товарищество с ограниченной ответственностью \"Мангистауский атомный энергетический комбинат-Казатомпром\""]
[null,"-","11-1 У","382229.000.000000","Услуги по удалению опасных отходов/имущества/материалов","Услуги по удалению опасных отходов/имущества/материалов (захоронение/сжигание/утилизация и аналогичные услуги)","Прием промышленных отходов для утилизации \\ Өндірістік қалдықтарды кәдеге жарату үшін қабылдау","ОТП","-","100","01.2018","470000000, Мангистауская область, \"Мангистауская область, г. Актау, промзона, ТОО \"\"МАЭК-Казатомпром\"\", здание 201\"","471000000, Мангистауская область, Актау Г.А., Промзона, склад ТОО \"МАЭК-Казатомпром\"","-","с 03.2018 по 12.2018","Окончательный платеж - 100% , Промежуточный платеж - 0% , Предоплата - 0% ","-",{"v":1,"d":"1.000"},{"v":24184535.7,"d":"24,184,535.700"},{"v":24184535.7,"d":"24,184,535.700"},{"v":27086679.98,"d":"27,086,679.980"},"-","Товарищество с ограниченной ответственностью \"Мангистауский атомный энергетический комбинат-Казатомпром\""]
[null,"-","12 У","381129.000.000000","Услуги по вывозу (сбору) неопасных отходов/имущества/материалов","Услуги по вывозу (сбору) неопасных отходов/имущества/материалов","Прием ТБО для утилизации \\ ҚТҚ кәдеге жарату үшін қабылдау","ОИ","137-2 (не превышает тысячекратного МРП)","68","12.2017","470000000, Мангистауская область, \"Мангистауская область, г. Актау, промзона, ТОО \"\"МАЭК-Казатомпром\"\", здание 201\"","471010000, Мангистауская область, Актау Г.А., г.Актау, г. Актау","-","с 01.2018 по 12.2018","Предоплата - 0% , Промежуточный платеж - 0% , Окончательный платеж - 100% ","-",{"v":1,"d":"1.000"},{"v":2047763,"d":"2,047,763.000"},{"v":2047763,"d":"2,047,763.000"},{"v":2293494.56,"d":"2,293,494.560"},"-","Товарищество с ограниченной ответственностью \"Мангистауский атомный энергетический комбинат-Казатомпром\""]
[null,"-","13 У","370011.900.000000","Услуги по удалению сточных вод","Услуги по удалению сточных вод (отведение)","Прием-передача хоз-фекальных сточных вод для утилизации \\ Шаруашылық-фекалды ағынды суларды  кәдеге жаратуға қабылдау-беру (су бөлу)","ОИ","140-7 (природный газ, вода, услуги водоснабжения и тепловой  энергии через присоединенную сеть)","100","12.2017","470000000, Мангистауская область, \"Мангистауская область, г. Актау, промзона, ТОО \"\"МАЭК-Казатомпром\"\", здание 201\"","471010000, Мангистауская область, Актау Г.А., г.Актау, г. Актау","-","с 01.2018 по 12.2018","Предоплата - 0% , Промежуточный платеж - 0% , Окончательный платеж - 100% ","-",{"v":1,"d":"1.000"},{"v":11547591,"d":"11,547,591.000"},{"v":11547591,"d":"11,547,591.000"},{"v":12933301.92,"d":"12,933,301.920"},"-","Товарищество с ограниченной ответственностью \"Мангистауский атомный энергетический комбинат-Казатомпром\""]
[null,"-","14 У","749014.000.000000","Услуги по прогнозу погоды и метеорологии","Услуги по прогнозу погоды и метеорологии","Обеспечение метеорологической информацией \\ Метрологиялық ақпараттармен қамтамасыз ету","ОИ","137-2 (не превышает тысячекратного МРП)","100","12.2017","470000000, Мангистауская область, \"Мангистауская область, г. Актау, промзона, ТОО \"\"МАЭК-Казатомпром\"\", здание 201\"","471010000, Мангистауская область, Актау Г.А., г.Актау, г. Актау","-","с 01.2018 по 12.2018","Предоплата - 0% , Промежуточный платеж - 0% , Окончательный платеж - 100% ","-",{"v":1,"d":"1.000"},{"v":1263566,"d":"1,263,566.000"},{"v":1263566,"d":"1,263,566.000"},{"v":1415193.92,"d":"1,415,193.920"},"-","Товарищество с ограниченной ответственностью \"Мангистауский атомный энергетический комбинат-Казатомпром\""]
[null,"-","15 У","382229.000.000000","Услуги по удалению опасных отходов/имущества/материалов","Услуги по удалению опасных отходов/имущества/материалов (захоронение/сжигание/утилизация и аналогичные услуги)","Прием и вывоз медицинских отходов для утилизации \\ Медициналық қалдықтарды кәдеге жарату үшін қабылдау және шығару.","ОИ","137-2 (не превышает тысячекратного МРП)","100","12.2017","470000000, Мангистауская область, \"Мангистауская область, г. Актау, промзона, ТОО \"\"МАЭК-Казатомпром\"\", здание 201\"","471010000, Мангистауская область, Актау Г.А., г.Актау, г. Актау","-","с 01.2018 по 12.2018","Предоплата - 0% , Промежуточный платеж - 0% , Окончательный платеж - 100% ","-",{"v":1,"d":"1.000"},{"v":379700,"d":"379,700.000"},{"v":379700,"d":"379,700.000"},{"v":379700,"d":"379,700.000"},"-","Товарищество с ограниченной ответственностью \"Мангистауский атомный энергетический комбинат-Казатомпром\""]
[null,"-","16-1 У","749013.000.000003","Услуги по проведению экологического мониторинга","Услуги по проведению экологического мониторинга","Определение уровня концентрации ВХВ на границе СЗЗ                   \\ СҚА шекарасындағы ЗХЗ концентрациясы деңгейін анықтау","ОТП","-","100","01.2018","470000000, Мангистауская область, \"Мангистауская область, г. Актау, промзона, ТОО \"\"МАЭК-Казатомпром\"\", здание 201\"","471010000, Мангистауская область, Актау Г.А., г.Актау, г. Актау","-","с 04.2018 по 12.2018","Окончательный платеж - 100% , Промежуточный платеж - 0% , Предоплата - 0% ","-",{"v":1,"d":"1.000"},{"v":2678571.43,"d":"2,678,571.430"},{"v":2678571.43,"d":"2,678,571.430"},{"v":3000000,"d":"3,000,000.000"},"-","Товарищество с ограниченной ответственностью \"Мангистауский атомный энергетический комбинат-Казатомпром\""]
[null,"-","17-1 У","749013.000.000001","Услуги по верификации документов для получения квот и участия в Системе торговли квотами парниковых газов","Услуги по верификации документов для получения квот и участия в Системе торговли квотами парниковых газов","Проведение  аккредитованной организацией верификации паспорта установки и Плана мероприятий по реализации проектов сокращения выбросов парниковых газов \\ Аккредиттік мекемемен қондырғы паспортына және Парниктік газдар шығарындыларын қысқарту жобаларын іске асыру жөніндегі іс-шаралар жоспарына  анықтау өткізу","ОИ","137-2 (не превышает тысячекратного МРП)","100","01.2018","470000000, Мангистауская область, \"Мангистауская область, г. Актау, промзона, ТОО \"\"МАЭК-Казатомпром\"\", здание 201\"","471000000, Мангистауская область, Актау Г.А., Промзона, склад ТОО \"МАЭК-Казатомпром\"","-","с 01.2018 по 03.2018","Окончательный платеж - 100% , Промежуточный платеж - 0% , Предоплата - 0% ","-",{"v":1,"d":"1.000"},{"v":2167857.14,"d":"2,167,857.140"},{"v":2167857.14,"d":"2,167,857.140"},{"v":2428000,"d":"2,428,000.000"},"-","Товарищество с ограниченной ответственностью \"Мангистауский атомный энергетический комбинат-Казатомпром\""]
[null,"-","18 У","331215.200.000000","Услуги по техническому обслуживанию лифтов/лифтовых шахт и аналогичного оборудования","Услуги по техническому обслуживанию лифтов/лифтовых шахт и аналогичного оборудования","Услуги по техническому обследованию лифтов/лифтовых шахт и аналогичного оборудования \\ Лифт/лифт шахталарына және осыған ұқсас жабдықтарға техникалық тексеру жүргізу бойынша қызметтер","ОИ","137-2 (не превышает тысячекратного МРП)","100","04.2018","470000000, Мангистауская область, \"Мангистауская область, г. Актау, промзона, ТОО \"\"МАЭК-Казатомпром\"\", здание 201\"","471010000, Мангистауская область, Актау Г.А., г.Актау, г. Актау","-","с 07.2018 по 08.2018","Предоплата - 0% , Промежуточный платеж - 0% , Окончательный платеж - 100% ","-",{"v":1,"d":"1.000"},{"v":1100000,"d":"1,100,000.000"},{"v":1100000,"d":"1,100,000.000"},{"v":1232000,"d":"1,232,000.000"},"-","Товарищество с ограниченной ответственностью \"Мангистауский атомный энергетический комбинат-Казатомпром\""]
[null,"-","19-1 У","749015.000.000001","Услуги по проведению экспертизы промышленной безопасности","Услуги по проведению экспертизы промышленной безопасности","Услуги по проведению экспертизы промышленной безопасности грузоподъемных кранов \\ Жүк көтеру крандарының өнеркәсіптік қауіпсіздігіне сараптама өткізу жөніндегі қызметтер","ОТП","-","100","01.2018","470000000, Мангистауская область, \"Мангистауская область, г. Актау, промзона, ТОО \"\"МАЭК-Казатомпром\"\", здание 201\"","471010000, Мангистауская область, Актау Г.А., г.Актау, г. Актау","-","с 04.2018 по 12.2018","Окончательный платеж - 100% , Промежуточный платеж - 0% , Предоплата - 0% ","-",{"v":1,"d":"1.000"},{"v":8254642.86,"d":"8,254,642.860"},{"v":8254642.86,"d":"8,254,642.860"},{"v":9245200,"d":"9,245,200.000"},"-","Товарищество с ограниченной ответственностью \"Мангистауский атомный энергетический комбинат-Казатомпром\""]
[null,"-","20-1 У","749015.000.000001","Услуги по проведению экспертизы промышленной безопасности","Услуги по проведению экспертизы промышленной безопасности","Услуги  по проведению экспертизы промышленной безопасности юридического лица в соответствии с заявленным видом работ, требованиям промышленной безопасности для получения аттестата. \\ Аттестат алуға арналған өнеркәсіптік қауіпсіздік  талаптарына, заңды тұлғаның өтініш берген жұмыс түріне сәйкес өнеркәсіптік қауіпсіздік сараптамасын өткізу жөніндегі қызметтер","ОТП","-","100","01.2018","470000000, Мангистауская область, \"Мангистауская область, г. Актау, промзона, ТОО \"\"МАЭК-Казатомпром\"\", здание 201\"","471010000, Мангистауская область, Актау Г.А., г.Актау, г. Актау","-","с 01.2018 по 03.2018","Окончательный платеж - 100% , Промежуточный платеж - 0% , Предоплата - 0% ","-",{"v":1,"d":"1.000"},{"v":1785714,"d":"1,785,714.000"},{"v":1785714,"d":"1,785,714.000"},{"v":1999999.68,"d":"1,999,999.680"},"-","Товарищество с ограниченной ответственностью \"Мангистауский атомный энергетический комбинат-Казатомпром\""]
[null,"-","21 У","841315.000.000008","Услуги по обеспечению лечебно-профилактическим питанием (спецпитанием) работников","Услуги по обеспечению лечебно-профилактическим питанием (спецпитанием) работников","Лечебно-профилактическое питание  \\ Лечебно-профилактическое питание ","ОТП","-","70","12.2017","471010000, Мангистауская область, Актау Г.А., г.Актау, \"Мангистауская область, г. Актау, промзона, ТОО \"\"МАЭК-Казатомпром\"\", здание 201\"","471010000, Мангистауская область, Актау Г.А., г.Актау, г. Актау","-","с 01.2018 по 12.2018","Предоплата - 0% , Промежуточный платеж - 0% , Окончательный платеж - 100% ","-",{"v":1,"d":"1.000"},{"v":92175089.29,"d":"92,175,089.290"},{"v":92175089.29,"d":"92,175,089.290"},{"v":103236100,"d":"103,236,100.000"},"-","Товарищество с ограниченной ответственностью \"Мангистауский атомный энергетический комбинат-Казатомпром\""]
[null,"-","22-1 У","812913.000.000000","Услуги санитарные (дезинфекция, дезинсекция, дератизация и аналогичные)","Услуги санитарные (дезинфекция, дезинсекция, дератизация и аналогичные)","Услуги по дератизации и дезинсекции (санитарная обработка объектов предприятия согласно требованиям Минздрава РК) \\ Услуги по дератизации и дезинсекции (санитарная обработка объектов предприятия согласно требованиям Минздрава РК)","ОИ","137-2 (не превышает тысячекратного МРП)","100","01.2018","471010000, Мангистауская область, Актау Г.А., г.Актау, \"Мангистауская область, г. Актау, промзона, ТОО \"\"МАЭК-Казатомпром\"\", здание 201\"","471010000, Мангистауская область, Актау Г.А., г.Актау, г. Актау","-","с 01.2018 по 12.2018","Окончательный платеж - 100% , Промежуточный платеж - 0% , Предоплата - 0% ","-",{"v":1,"d":"1.000"},{"v":2000000,"d":"2,000,000.000"},{"v":2000000,"d":"2,000,000.000"},{"v":2000000,"d":"2,000,000.000"},"ТПХ","Товарищество с ограниченной ответственностью \"Мангистауский атомный энергетический комбинат-Казатомпром\""]
[null,"-","23 У","682012.960.000000","Услуги по аренде административных/производственных помещений","Услуги по аренде административных/производственных помещений","Аренда помещений Представительства (офисное помещение не менее 117,0 кв. метров в районе Алматы города Астаны) \\ Аренда помещений Представительства (офисное помещение не менее 117,0 кв. метров в районе Алматы города Астаны)","ОИ","137-24 (услуги аренды помещений, зданий, соружений)","100","01.2018","471010000, Мангистауская область, Актау Г.А., г.Актау, \"Мангистауская область, г. Актау, промзона, ТОО \"\"МАЭК-Казатомпром\"\", здание 201\"","471010000, Мангистауская область, Актау Г.А., г.Актау, г. Актау","-","с 01.2018 по 12.2018","Предоплата - 0% , Промежуточный платеж - 0% , Окончательный платеж - 100% ","-",{"v":1,"d":"1.000"},{"v":3964285.72,"d":"3,964,285.720"},{"v":3964285.72,"d":"3,964,285.720"},{"v":4440000.01,"d":"4,440,000.010"},"-","Товарищество с ограниченной ответственностью \"Мангистауский атомный энергетический комбинат-Казатомпром\""]
[null,"-","24-1 У","331218.200.000000","Услуги по техническому обслуживанию климатического (кондиционерного) оборудования и систем/вентиляционных систем и оборудования","Услуги по техническому обслуживанию климатического (кондиционерного) оборудования и систем/вентиляционных систем и оборудования","Сервисное обслуживание систем кондиционирования зд 201, 210 \\ Кондиционерлеу жүйелерін техникалық қызмет көрсету бойынша қызметтер","ЦПП","-","100","03.2018","471010000, Мангистауская область, Актау Г.А., г.Актау, \"Мангистауская область, г. Актау, промзона, ТОО \"\"МАЭК-Казатомпром\"\", здание 201\"","471010000, Мангистауская область, Актау Г.А., г.Актау, г. Актау","-","с 04.2018 по 12.2018","Окончательный платеж - 100% , Промежуточный платеж - 0% , Предоплата - 0% ","-",{"v":1,"d":"1.000"},{"v":3000000,"d":"3,000,000.000"},{"v":3000000,"d":"3,000,000.000"},{"v":3360000,"d":"3,360,000.000"},"-","Товарищество с ограниченной ответственностью \"Мангистауский атомный энергетический комбинат-Казатомпром\""]
[null,"-","25 У","960919.900.000013","Услуги по техническому обслуживанию дверей/ворот/турникетных систем/ограждений и аналогичных изделий","Услуги по техническому обслуживанию дверей/ворот/турникетных систем/ограждений и аналогичных изделий","Сервисное обслуживание входной группы поста №8 \\ №8кіру тобына сервистік қызмет көрсету","ОИ","137-2 (не превышает тысячекратного МРП)","60","03.2018","471010000, Мангистауская область, Актау Г.А., г.Актау, \"Мангистауская область, г. Актау, промзона, ТОО \"\"МАЭК-Казатомпром\"\", здание 201\"","471010000, Мангистауская область, Актау Г.А., г.Актау, г. Актау","-","с 03.2018 по 12.2018","Предоплата - 0% , Промежуточный платеж - 0% , Окончательный платеж - 100% ","-",{"v":1,"d":"1.000"},{"v":1591071.43,"d":"1,591,071.430"},{"v":1591071.43,"d":"1,591,071.430"},{"v":1782000,"d":"1,782,000.000"},"-","Товарищество с ограниченной ответственностью \"Мангистауский атомный энергетический комбинат-Казатомпром\""]
[null,"-","26 У","331218.200.000000","Услуги по техническому обслуживанию климатического (кондиционерного) оборудования и систем/вентиляционных систем и оборудования","Услуги по техническому обслуживанию климатического (кондиционерного) оборудования и систем/вентиляционных систем и оборудования","Сервисное обслуживание холодильного оборудования \\ Мұздатқыш қондырғыларына сервистік қызмет көрсету","ОИ","137-2 (не превышает тысячекратного МРП)","60","03.2018","471010000, Мангистауская область, Актау Г.А., г.Актау, \"Мангистауская область, г. Актау, промзона, ТОО \"\"МАЭК-Казатомпром\"\", здание 201\"","471010000, Мангистауская область, Актау Г.А., г.Актау, г. Актау","-","с 03.2018 по 12.2018","Предоплата - 0% , Промежуточный платеж - 0% , Окончательный платеж - 100% ","-",{"v":1,"d":"1.000"},{"v":1696428.58,"d":"1,696,428.580"},{"v":1696428.58,"d":"1,696,428.580"},{"v":1900000.01,"d":"1,900,000.010"},"-","Товарищество с ограниченной ответственностью \"Мангистауский атомный энергетический комбинат-Казатомпром\""]
[null,"-","27-1 У","931110.900.000000","Услуги по аренде (эксплуатации) спортивно-тренировочных объектов","Услуги по аренде (эксплуатации) спортивно-тренировочных объектов","Услуги по аренда спортсооружений \\ Услуги по аренда спортсооружений","ЦПП","-","100","01.2018","471010000, Мангистауская область, Актау Г.А., г.Актау, \"Мангистауская область, г. Актау, промзона, ТОО \"\"МАЭК-Казатомпром\"\", здание 201\"","471010000, Мангистауская область, Актау Г.А., г.Актау, г. Актау","-","с 01.2018 по 12.2018","Окончательный платеж - 100% , Промежуточный платеж - 0% , Предоплата - 0% ","-",{"v":1,"d":"1.000"},{"v":2592580,"d":"2,592,580.000"},{"v":2592580,"d":"2,592,580.000"},{"v":2903689.6,"d":"2,903,689.600"},"-","Товарищество с ограниченной ответственностью \"Мангистауский атомный энергетический комбинат-Казатомпром\""]
[null,"-","28 У","812913.000.000002","Услуги по отлову собак","Отлов и ликвидация бродячих собак","отлов бродячих животных на территории предпритятия \\ отлов бродячих животных на территории предпритятия","ОИ","137-2 (не превышает тысячекратного МРП)","100","02.2018","471010000, Мангистауская область, Актау Г.А., г.Актау, \"Мангистауская область, г. Актау, промзона, ТОО \"\"МАЭК-Казатомпром\"\", здание 201\"","471010000, Мангистауская область, Актау Г.А., г.Актау, г. Актау","-","с 02.2018 по 12.2018","Предоплата - 0% , Промежуточный платеж - 0% , Окончательный платеж - 100% ","-",{"v":1,"d":"1.000"},{"v":1767857.15,"d":"1,767,857.150"},{"v":1767857.15,"d":"1,767,857.150"},{"v":1980000.01,"d":"1,980,000.010"},"-","Товарищество с ограниченной ответственностью \"Мангистауский атомный энергетический комбинат-Казатомпром\""]
[null,"-","29 У","331311.100.000008","Услуги по техническому обслуживанию контрольно-измерительных приборов и автоматики и аналогичных измерительных средств и оборудования","Услуги по техническому обслуживанию контрольно-измерительных приборов и автоматики и аналогичных измерительных средств и оборудования","техническое обслуживание ККМ (контрольно-кассовых аппаратов) \\ техническое обслуживание ККМ (контрольно-кассовых аппаратов)","ОИ","137-2 (не превышает тысячекратного МРП)","100","02.2018","471010000, Мангистауская область, Актау Г.А., г.Актау, \"Мангистауская область, г. Актау, промзона, ТОО \"\"МАЭК-Казатомпром\"\", здание 201\"","471010000, Мангистауская область, Актау Г.А., г.Актау, г. Актау","-","с 02.2018 по 12.2018","Предоплата - 0% , Промежуточный платеж - 0% , Окончательный платеж - 100% ","-",{"v":1,"d":"1.000"},{"v":89285.72,"d":"89,285.720"},{"v":89285.72,"d":"89,285.720"},{"v":100000.01,"d":"100,000.010"},"-","Товарищество с ограниченной ответственностью \"Мангистауский атомный энергетический комбинат-Казатомпром\""]
[null,"-","30 У","841212.035.000000","Услуги медицинского освидетельствования для установления факта употреблениия психоактивного вещества и состояния опьянения","Услуги по проведению освидетельствования на степень алкогольного опьянения, экспресс определение комплексных метаболитов наркотиков. Выдача медицинского заключения","освидетельствование на степень алкогольного или наркотического опьянения работников предприятия \\ освидетельствование на степень алкогольного или наркотического опьянения работников предприятия","ОИ","137-2 (не превышает тысячекратного МРП)","100","01.2018","471010000, Мангистауская область, Актау Г.А., г.Актау, \"Мангистауская область, г. Актау, промзона, ТОО \"\"МАЭК-Казатомпром\"\", здание 201\"","471010000, Мангистауская область, Актау Г.А., г.Актау, г. Актау","-","с 01.2018 по 12.2018","Предоплата - 0% , Промежуточный платеж - 0% , Окончательный платеж - 100% ","-",{"v":1,"d":"1.000"},{"v":63000,"d":"63,000.000"},{"v":63000,"d":"63,000.000"},{"v":63000,"d":"63,000.000"},"-","Товарищество с ограниченной ответственностью \"Мангистауский атомный энергетический комбинат-Казатомпром\""]
[null,"-","31 У","181214.400.000000","Услуги по печатанию фотографий","Услуги по печатанию фотографий","\"изготовление фото, грамот, плакатов; приобретение рамок для фотографий\" \\ \"изготовление фото, грамот, плакатов; приобретение рамок для фотографий\"","ОИ","137-2 (не превышает тысячекратного МРП)","59","03.2018","471010000, Мангистауская область, Актау Г.А., г.Актау, \"Мангистауская область, г. Актау, промзона, ТОО \"\"МАЭК-Казатомпром\"\", здание 201\"","471010000, Мангистауская область, Актау Г.А., г.Актау, г. Актау","-","с 03.2018 по 12.2018","Предоплата - 0% , Промежуточный платеж - 0% , Окончательный платеж - 100% ","-",{"v":1,"d":"1.000"},{"v":89285.72,"d":"89,285.720"},{"v":89285.72,"d":"89,285.720"},{"v":100000.01,"d":"100,000.010"},"-","Товарищество с ограниченной ответственностью \"Мангистауский атомный энергетический комбинат-Казатомпром\""]
[null,"-","32 У","960919.900.000023","Услуги представительские","Услуги, связанные с представительскими расходами в пределах установленных норм","Представительские расходы \\ Представительские расходы","ОИ","137-2 (не превышает тысячекратного МРП)","59","03.2018","471010000, Мангистауская область, Актау Г.А., г.Актау, \"Мангистауская область, г. Актау, промзона, ТОО \"\"МАЭК-Казатомпром\"\", здание 201\"","471010000, Мангистауская область, Актау Г.А., г.Актау, г. Актау","-","с 03.2018 по 12.2018","Предоплата - 0% , Промежуточный платеж - 0% , Окончательный платеж - 100% ","-",{"v":1,"d":"1.000"},{"v":669642.86,"d":"669,642.860"},{"v":669642.86,"d":"669,642.860"},{"v":750000,"d":"750,000.000"},"-","Товарищество с ограниченной ответственностью \"Мангистауский атомный энергетический комбинат-Казатомпром\""]
[null,"-","33-1 У","181219.900.000005","Услуги полиграфические по изготовлению/печатанию полиграфической продукции (кроме книг, фото, периодических изданий)","Услуги полиграфические по изготовлению/печатанию полиграфической продукции (кроме книг, фото, периодических изданий)","Услуги по печатанию   бланков, актов, ведомостей. Ксерокопирование. Переплет. Распечатка с электронного носителя. Изготовление журналов, папок, удостоверений, визиток. \\ Услуги по печатанию   бланков, актов, ведомостей. Ксерокопирование. Переплет. Распечатка с электронного носителя. Изготовление журналов, папок, удостоверений, визиток.","ОТП","-","100","03.2018","471010000, Мангистауская область, Актау Г.А., г.Актау, \"Мангистауская область, г. Актау, промзона, ТОО \"\"МАЭК-Казатомпром\"\", здание 201\"","471010000, Мангистауская область, Актау Г.А., г.Актау, г. Актау","-","с 03.2018 по 12.2018","Окончательный платеж - 10% , Промежуточный платеж - 90% , Предоплата - 0% ","-",{"v":1,"d":"1.000"},{"v":42921463.13,"d":"42,921,463.130"},{"v":42921463.13,"d":"42,921,463.130"},{"v":48072038.71,"d":"48,072,038.710"},"-","Товарищество с ограниченной ответственностью \"Мангистауский атомный энергетический комбинат-Казатомпром\""]
[null,"-","34-1 У","682011.900.000000","Услуги по аренде жилых помещений","Услуги по аренде жилых помещений","аренда служебных квартир \\ аренда служебных квартир","ОТП","-","100","04.2018","471000000, Мангистауская область, Актау Г.А., Промзона, ТОО \"МАЭК-Казатомпром\", здание 201","471000000, Мангистауская область, Актау Г.А., Промзона, склад ТОО \"МАЭК-Казатомпром\"","-","с 04.2018 по 12.2018","Окончательный платеж - 0% , Промежуточный платеж - 0% , Предоплата - 100% ","-",{"v":1,"d":"1.000"},{"v":16800000,"d":"16,800,000.000"},{"v":16800000,"d":"16,800,000.000"},{"v":16800000,"d":"16,800,000.000"},"-","Товарищество с ограниченной ответственностью \"Мангистауский атомный энергетический комбинат-Казатомпром\""]
[null,"-","35 У","841212.030.000000","Услуги по медицинскому осмотру персонала, включая предварительные, периодические и внеочередные (внеплановые) осмотры","Услуги по медицинскому осмотру персонала, включая предварительные, периодические и  внеочередные (внеплановые) осмотры","Профосмотр работников предприятия (ежегодный) \\ Профосмотр работников предприятия (ежегодный)","ОИ","137-9 (услуги по обязательному медицинскому осмотру работников)","70","02.2018","471010000, Мангистауская область, Актау Г.А., г.Актау, \"Мангистауская область, г. Актау, промзона, ТОО \"\"МАЭК-Казатомпром\"\", здание 201\"","471010000, Мангистауская область, Актау Г.А., г.Актау, г. Актау","-","с 03.2018 по 11.2018","Предоплата - 0% , Промежуточный платеж - 0% , Окончательный платеж - 100% ","-",{"v":1,"d":"1.000"},{"v":25623000,"d":"25,623,000.000"},{"v":25623000,"d":"25,623,000.000"},{"v":25623000,"d":"25,623,000.000"},"-","Товарищество с ограниченной ответственностью \"Мангистауский атомный энергетический комбинат-Казатомпром\""]
[null,"-","36 У","181110.000.000000","Услуги по печатанию газет","Услуги по печатанию газет (кроме журналов)","Услуги по печатанию газет \\ Газет басып шығару жөніндегі қызмет","ЦПП","-","100","01.2018","471010000, Мангистауская область, Актау Г.А., г.Актау, \"Мангистауская область, г. Актау, промзона, ТОО \"\"МАЭК-Казатомпром\"\", здание 201\"","471010000, Мангистауская область, Актау Г.А., г.Актау, г. Актау","-","с 01.2018 по 12.2018","Предоплата - 0% , Промежуточный платеж - 0% , Окончательный платеж - 100% ","-",{"v":1,"d":"1.000"},{"v":7128000,"d":"7,128,000.000"},{"v":7128000,"d":"7,128,000.000"},{"v":7983360,"d":"7,983,360.000"},"-","Товарищество с ограниченной ответственностью \"Мангистауский атомный энергетический комбинат-Казатомпром\""]
[null,"-","37 У","581431.000.000000","Услуги по размещению рекламы в печатных периодических изданиях","Услуги по размещению рекламы/информационных материалов в печатных периодических изданиях","Услуги по размещению информационных материалов в областных газетах \\ Облыстық газеттерге ақпараттық материалдарды жариялау қызметі","ОИ","137-2 (не превышает тысячекратного МРП)","100","01.2018","471010000, Мангистауская область, Актау Г.А., г.Актау, \"Мангистауская область, г. Актау, промзона, ТОО \"\"МАЭК-Казатомпром\"\", здание 201\"","471010000, Мангистауская область, Актау Г.А., г.Актау, г. Актау","-","С даты подписания договора по 12.2018","Предоплата - 0% , Промежуточный платеж - 100% , Окончательный платеж - 0% ","-",{"v":1,"d":"1.000"},{"v":2008928.58,"d":"2,008,928.580"},{"v":2008928.58,"d":"2,008,928.580"},{"v":2250000.01,"d":"2,250,000.010"},"-","Товарищество с ограниченной ответственностью \"Мангистауский атомный энергетический комбинат-Казатомпром\""]
[null,"-","38 У","591113.000.000000","Услуги по производству телевизионных программ","Услуги по производству телевизионных программ","Услуги по подготовке и размещению в эфир информационных сюжетов на областной телеканал \\ Ақпараттық сюжеттерді дайындап, облыстық телеканал эфиріне шығару қызиеті","ОИ","137-2 (не превышает тысячекратного МРП)","100","01.2018","471010000, Мангистауская область, Актау Г.А., г.Актау, \"Мангистауская область, г. Актау, промзона, ТОО \"\"МАЭК-Казатомпром\"\", здание 201\"","471010000, Мангистауская область, Актау Г.А., г.Актау, г. Актау","-","С даты подписания договора по 12.2018","Предоплата - 0% , Промежуточный платеж - 100% , Окончательный платеж - 0% ","-",{"v":1,"d":"1.000"},{"v":1339285.72,"d":"1,339,285.720"},{"v":1339285.72,"d":"1,339,285.720"},{"v":1500000.01,"d":"1,500,000.010"},"-","Товарищество с ограниченной ответственностью \"Мангистауский атомный энергетический комбинат-Казатомпром\""]
[null,"-","39 У","931919.900.000000","Услуги по размещению информационных материалов в средствах массовой информации","Услуги по размещению информационных материалов в средствах массовой информации","Услуги коммерческих городских газет по размещению информационных материалов \\ Ақпараттық материалдарды  қалалық коммерциялық газеттерге жариялау қызметі","ОИ","137-2 (не превышает тысячекратного МРП)","100","01.2018","471010000, Мангистауская область, Актау Г.А., г.Актау, \"Мангистауская область, г. Актау, промзона, ТОО \"\"МАЭК-Казатомпром\"\", здание 201\"","471010000, Мангистауская область, Актау Г.А., г.Актау, г. Актау","-","С даты подписания договора по 12.2018","Предоплата - 0% , Промежуточный платеж - 100% , Окончательный платеж - 0% ","-",{"v":1,"d":"1.000"},{"v":1785714.29,"d":"1,785,714.290"},{"v":1785714.29,"d":"1,785,714.290"},{"v":2000000,"d":"2,000,000.000"},"-","Товарищество с ограниченной ответственностью \"Мангистауский атомный энергетический комбинат-Казатомпром\""]
[null,"-","40 У","602040.000.000000","Услуги по размещению рекламы на телевидении","Услуги по размещению рекламы/информации на телевидении","Размещение объявлений бегущей строкой на телеканалах и LED дисплейях в магазинах \\ Хабарландыруларды телеканалдар мен LED дисплейлерге жүгіртпе жолдармен беру қызметі","ОИ","137-2 (не превышает тысячекратного МРП)","100","01.2018","471010000, Мангистауская область, Актау Г.А., г.Актау, \"Мангистауская область, г. Актау, промзона, ТОО \"\"МАЭК-Казатомпром\"\", здание 201\"","471010000, Мангистауская область, Актау Г.А., г.Актау, г. Актау","-","С даты подписания договора по 12.2018","Предоплата - 0% , Промежуточный платеж - 100% , Окончательный платеж - 0% ","-",{"v":1,"d":"1.000"},{"v":714285.72,"d":"714,285.720"},{"v":714285.72,"d":"714,285.720"},{"v":800000.01,"d":"800,000.010"},"-","Товарищество с ограниченной ответственностью \"Мангистауский атомный энергетический комбинат-Казатомпром\""]
[null,"-","41 У","601030.000.000000","Услуги по размещению рекламы на радио","Услуги по размещению рекламы/информации на радио","Услуги по размещению рекламы на радио \\ Услуги по размещению рекламы на радио","ОИ","137-2 (не превышает тысячекратного МРП)","100","01.2018","471010000, Мангистауская область, Актау Г.А., г.Актау, \"Мангистауская область, г. Актау, промзона, ТОО \"\"МАЭК-Казатомпром\"\", здание 201\"","471010000, Мангистауская область, Актау Г.А., г.Актау, г. Актау","-","С даты подписания договора по 12.2018","Предоплата - 0% , Промежуточный платеж - 100% , Окончательный платеж - 0% ","-",{"v":1,"d":"1.000"},{"v":2008928.58,"d":"2,008,928.580"},{"v":2008928.58,"d":"2,008,928.580"},{"v":2250000.01,"d":"2,250,000.010"},"-","Товарищество с ограниченной ответственностью \"Мангистауский атомный энергетический комбинат-Казатомпром\""]
[null,"-","42 У","811010.000.000000","Услуги по содержанию зданий/сооружений/помещений и прилегающих территорий","Техническое/профилактическое обслуживание, уборка, мелкий и срочный ремонт систем коммунального хозяйства зданий/сооружений/помещений и прилегающих территорий","Обслуживающий сервис (для УХО АХС) \\ Обслуживающий сервис (для УХО АХС)","ОИ","137-2 (не превышает тысячекратного МРП)","20","03.2018","471010000, Мангистауская область, Актау Г.А., г.Актау, \"Мангистауская область, г. Актау, промзона, ТОО \"\"МАЭК-Казатомпром\"\", здание 201\"","471010000, Мангистауская область, Актау Г.А., г.Актау, г. Актау","-","с 03.2018 по 12.2018","Предоплата - 0% , Промежуточный платеж - 0% , Окончательный платеж - 100% ","-",{"v":1,"d":"1.000"},{"v":357142.86,"d":"357,142.860"},{"v":357142.86,"d":"357,142.860"},{"v":400000,"d":"400,000.000"},"-","Товарищество с ограниченной ответственностью \"Мангистауский атомный энергетический комбинат-Казатомпром\""]
[null,"-","43 У","712019.000.000009","Услуги по диагностированию/экспертизе/анализу/испытаниям/тестированию/осмотру","Услуги по диагностированию/экспертизе/анализу/испытаниям/тестированию/осмотру","Обследование и оценка технического состояния несущих строительных конструкций здании №230 электролизной установки ТЭЦ-2 \\ ЖЭО-2 электрлиз қондырғысының №230 ғимарат құрылыс құрылымдарының техникалық жағдайын тексеру және бағалау ","ОТП","-","100","02.2018","471010000, Мангистауская область, Актау Г.А., г.Актау, \"Мангистауская область, г. Актау, промзона, ТОО \"\"МАЭК-Казатомпром\"\", здание 201\"","471010000, Мангистауская область, Актау Г.А., г.Актау, г. Актау","-","С даты подписания договора в течение 60 календарных дней","Предоплата - 0% , Промежуточный платеж - 90% , Окончательный платеж - 10% ","-",{"v":1,"d":"1.000"},{"v":562500,"d":"562,500.000"},{"v":562500,"d":"562,500.000"},{"v":630000,"d":"630,000.000"},"-","Товарищество с ограниченной ответственностью \"Мангистауский атомный энергетический комбинат-Казатомпром\""]
[null,"-","44 У","712019.000.000009","Услуги по диагностированию/экспертизе/анализу/испытаниям/тестированию/осмотру","Услуги по диагностированию/экспертизе/анализу/испытаниям/тестированию/осмотру","Обследование и оценка технического состояния несущих строительных конструкций моста железобетонного №2 (С) автодорога №2 через водозаборный канал  ТЭЦ-2 \\   ЖЭО-2 су қоршау арқылы көлікжолдың №2 (С) темірбетонды көпір құрылыс құрылымдарының техникалық жағдайын тексеру және бағалау ","ОТП","-","100","02.2018","471010000, Мангистауская область, Актау Г.А., г.Актау, \"Мангистауская область, г. Актау, промзона, ТОО \"\"МАЭК-Казатомпром\"\", здание 201\"","471010000, Мангистауская область, Актау Г.А., г.Актау, г. Актау","-","С даты подписания договора в течение 60 календарных дней","Предоплата - 0% , Промежуточный платеж - 90% , Окончательный платеж - 10% ","-",{"v":1,"d":"1.000"},{"v":669640,"d":"669,640.000"},{"v":669640,"d":"669,640.000"},{"v":749996.8,"d":"749,996.800"},"-","Товарищество с ограниченной ответственностью \"Мангистауский атомный энергетический комбинат-Казатомпром\""]
[null,"-","45 У","712019.000.000009","Услуги по диагностированию/экспертизе/анализу/испытаниям/тестированию/осмотру","Услуги по диагностированию/экспертизе/анализу/испытаниям/тестированию/осмотру","Обследование и оценка технического состояния несущих строительных конструкций моста железобетонного №3 (Ц) морская насосная ТЭЦ-2 через циркуляционные водоводы  ТЭЦ-2 \\ ЖЭО-2 циркуляциялық су жүргізгіштер арқылы ЖЭО-2 теңіз сорғы су жүргізгіштер, (Ц) №3 темірбетонды көпірдің            құрылыс құрылымдарының техникалық жағдайын тексеру және бағалау ","ОТП","-","100","02.2018","471010000, Мангистауская область, Актау Г.А., г.Актау, \"Мангистауская область, г. Актау, промзона, ТОО \"\"МАЭК-Казатомпром\"\", здание 201\"","471010000, Мангистауская область, Актау Г.А., г.Актау, г. Актау","-","С даты подписания договора в течение 60 календарных дней","Предоплата - 0% , Промежуточный платеж - 90% , Окончательный платеж - 10% ","-",{"v":1,"d":"1.000"},{"v":669640,"d":"669,640.000"},{"v":669640,"d":"669,640.000"},{"v":749996.8,"d":"749,996.800"},"-","Товарищество с ограниченной ответственностью \"Мангистауский атомный энергетический комбинат-Казатомпром\""]
[null,"-","46 У","712019.000.000009","Услуги по диагностированию/экспертизе/анализу/испытаниям/тестированию/осмотру","Услуги по диагностированию/экспертизе/анализу/испытаниям/тестированию/осмотру","Обследование и оценка технического состояния несущих строительных конструкций канала подводящего ТЭЦ-2 \\ \" ЖЭО-2 жеткізуші каналдың құрылыс құрылымдарының техникалық жағдайын тексеру және бағалау \"","ОТП","-","100","02.2018","471010000, Мангистауская область, Актау Г.А., г.Актау, \"Мангистауская область, г. Актау, промзона, ТОО \"\"МАЭК-Казатомпром\"\", здание 201\"","471010000, Мангистауская область, Актау Г.А., г.Актау, г. Актау","-","С даты подписания договора в течение 60 календарных дней","Предоплата - 0% , Промежуточный платеж - 90% , Окончательный платеж - 10% ","-",{"v":1,"d":"1.000"},{"v":2589290,"d":"2,589,290.000"},{"v":2589290,"d":"2,589,290.000"},{"v":2900004.8,"d":"2,900,004.800"},"-","Товарищество с ограниченной ответственностью \"Мангистауский атомный энергетический комбинат-Казатомпром\""]
[null,"-","47 У","712019.000.000009","Услуги по диагностированию/экспертизе/анализу/испытаниям/тестированию/осмотру","Услуги по диагностированию/экспертизе/анализу/испытаниям/тестированию/осмотру","Обследование и оценка технического состояния несущих строительных конструкций  здания  ОВК ТЭС \\ \" ЖЭС бірліскен қосалқы корпустың ғимараттың құрылыс құрылымдарының техникалық жағдайын тексеру және бағалау \"","ОТП","-","100","02.2018","471010000, Мангистауская область, Актау Г.А., г.Актау, \"Мангистауская область, г. Актау, промзона, ТОО \"\"МАЭК-Казатомпром\"\", здание 201\"","471010000, Мангистауская область, Актау Г.А., г.Актау, г. Актау","-","С даты подписания договора в течение 80 календарных дней","Предоплата - 0% , Промежуточный платеж - 90% , Окончательный платеж - 10% ","-",{"v":1,"d":"1.000"},{"v":2482140,"d":"2,482,140.000"},{"v":2482140,"d":"2,482,140.000"},{"v":2779996.8,"d":"2,779,996.800"},"-","Товарищество с ограниченной ответственностью \"Мангистауский атомный энергетический комбинат-Казатомпром\""]
[null,"-","48 У","712019.000.000009","Услуги по диагностированию/экспертизе/анализу/испытаниям/тестированию/осмотру","Услуги по диагностированию/экспертизе/анализу/испытаниям/тестированию/осмотру","Обследование и оценка технического состояния несущих строительных конструкций  Кабельного тоннеля ЗПД 1-4 ЗПД и ПТВС \\ \" ДӨжӨЖСЖЗ ДӨЗ 1-4 кабельдік туннелдердің құрылыс құрылымдарының техникалық жағдайын тексеру және бағалау \"","ОТП","-","100","02.2018","471010000, Мангистауская область, Актау Г.А., г.Актау, \"Мангистауская область, г. Актау, промзона, ТОО \"\"МАЭК-Казатомпром\"\", здание 201\"","471010000, Мангистауская область, Актау Г.А., г.Актау, г. Актау","-","С даты подписания договора в течение 60 календарных дней","Предоплата - 0% , Промежуточный платеж - 90% , Окончательный платеж - 10% ","-",{"v":1,"d":"1.000"},{"v":554631,"d":"554,631.000"},{"v":554631,"d":"554,631.000"},{"v":621186.72,"d":"621,186.720"},"-","Товарищество с ограниченной ответственностью \"Мангистауский атомный энергетический комбинат-Казатомпром\""]
[null,"-","49 У","712019.000.000009","Услуги по диагностированию/экспертизе/анализу/испытаниям/тестированию/осмотру","Услуги по диагностированию/экспертизе/анализу/испытаниям/тестированию/осмотру","Обследование и оценка технического состояния несущих строительных конструкций   Резервуара  РППВ-2 ЦУВС-2 ЗПД и ПТВС \\ \" ДӨжӨЖСЖЗ ОСЖТ-2 РППВ-2 қоймасы құрылыс құрылымдардың техникалық жағдайын тексеру және бағалау\"","ОТП","-","100","02.2018","471010000, Мангистауская область, Актау Г.А., г.Актау, \"Мангистауская область, г. Актау, промзона, ТОО \"\"МАЭК-Казатомпром\"\", здание 201\"","471010000, Мангистауская область, Актау Г.А., г.Актау, г. Актау","-","С даты подписания договора в течение 60 календарных дней","Предоплата - 0% , Промежуточный платеж - 90% , Окончательный платеж - 10% ","-",{"v":1,"d":"1.000"},{"v":2035714,"d":"2,035,714.000"},{"v":2035714,"d":"2,035,714.000"},{"v":2279999.68,"d":"2,279,999.680"},"-","Товарищество с ограниченной ответственностью \"Мангистауский атомный энергетический комбинат-Казатомпром\""]
[null,"-","50 У","712019.000.000009","Услуги по диагностированию/экспертизе/анализу/испытаниям/тестированию/осмотру","Услуги по диагностированию/экспертизе/анализу/испытаниям/тестированию/осмотру","Обследование и оценка технического состояния несущих строительных конструкций   Резервуара  БРД-3  ЦУВС-2 ЗПД и ПТВС \\ \" ДӨжӨЖСЖЗ ОСЖТ-2 БРД-3 резервуары құрылыс құрылымдарының техникалық жағдайын тексеру және бағалау \"","ОТП","-","100","02.2018","471010000, Мангистауская область, Актау Г.А., г.Актау, \"Мангистауская область, г. Актау, промзона, ТОО \"\"МАЭК-Казатомпром\"\", здание 201\"","471010000, Мангистауская область, Актау Г.А., г.Актау, г. Актау","-","С даты подписания договора в течение 60 календарных дней","Предоплата - 0% , Промежуточный платеж - 90% , Окончательный платеж - 10% ","-",{"v":1,"d":"1.000"},{"v":2035714,"d":"2,035,714.000"},{"v":2035714,"d":"2,035,714.000"},{"v":2279999.68,"d":"2,279,999.680"},"-","Товарищество с ограниченной ответственностью \"Мангистауский атомный энергетический комбинат-Казатомпром\""]
[null,"-","51 У","712019.000.000009","Услуги по диагностированию/экспертизе/анализу/испытаниям/тестированию/осмотру","Услуги по диагностированию/экспертизе/анализу/испытаниям/тестированию/осмотру","Обследование и оценка технического состояния несущих строительных конструкций   Резервуара  БРБ-4  ЦУВС-2 ЗПД и ПТВС \\ \" ДӨжӨЖСЖЗ ОСЖТ-2 БРБ-4 қоймасының  құрылыс құрылымдарының техникалық жағдайын тексеру және бағалау \"","ОТП","-","100","02.2018","471010000, Мангистауская область, Актау Г.А., г.Актау, \"Мангистауская область, г. Актау, промзона, ТОО \"\"МАЭК-Казатомпром\"\", здание 201\"","471010000, Мангистауская область, Актау Г.А., г.Актау, г. Актау","-","С даты подписания договора в течение 60 календарных дней","Предоплата - 0% , Промежуточный платеж - 90% , Окончательный платеж - 10% ","-",{"v":1,"d":"1.000"},{"v":2035714,"d":"2,035,714.000"},{"v":2035714,"d":"2,035,714.000"},{"v":2279999.68,"d":"2,279,999.680"},"-","Товарищество с ограниченной ответственностью \"Мангистауский атомный энергетический комбинат-Казатомпром\""]
[null,"-","52 У","712019.000.000009","Услуги по диагностированию/экспертизе/анализу/испытаниям/тестированию/осмотру","Услуги по диагностированию/экспертизе/анализу/испытаниям/тестированию/осмотру","Обследование и оценка технического состояния несущих строительных конструкций    здания Главной насосной ЦУВС-2 ЗПД и ПТВС \\ \" ДӨжӨЖСЖЗ ОСЖТ-2 бас сорғысындағы ғимаратының  құрылыс құрылымдарының техникалық жағдайын тексеру және бағалау \"","ОТП","-","100","02.2018","471010000, Мангистауская область, Актау Г.А., г.Актау, \"Мангистауская область, г. Актау, промзона, ТОО \"\"МАЭК-Казатомпром\"\", здание 201\"","471010000, Мангистауская область, Актау Г.А., г.Актау, г. Актау","-","С даты подписания договора в течение 60 календарных дней","Предоплата - 0% , Промежуточный платеж - 90% , Окончательный платеж - 10% ","-",{"v":1,"d":"1.000"},{"v":1236200,"d":"1,236,200.000"},{"v":1236200,"d":"1,236,200.000"},{"v":1384544,"d":"1,384,544.000"},"-","Товарищество с ограниченной ответственностью \"Мангистауский атомный энергетический комбинат-Казатомпром\""]
[null,"-","53-1 У","712019.000.000009","Услуги по диагностированию/экспертизе/анализу/испытаниям/тестированию/осмотру","Услуги по диагностированию/экспертизе/анализу/испытаниям/тестированию/осмотру","Обследование и оценка технического состояния несущих строительных конструкций  Резервуара РПВ-1 ЦУВС-3 ЗПД и ПТВС\n \\ ДӨжӨЖСЖЗ ОСЖТ-3 РПВ-1 қоймасының құрылыс құрылымдарының техникалық жағдайын тексеру және бағалау\n","ОТП","-","100","02.2018","471000000, Мангистауская область, Актау Г.А., Промзона, ТОО \"МАЭК-Казатомпром\", здание 201","471000000, Мангистауская область, Актау Г.А., Промзона, склад ТОО \"МАЭК-Казатомпром\"","-","С даты подписания договора в течение 60 календарных дней","Окончательный платеж - 10% , Промежуточный платеж - 90% , Предоплата - 0% ","-",{"v":1,"d":"1.000"},{"v":1303571,"d":"1,303,571.000"},{"v":1303571,"d":"1,303,571.000"},{"v":1459999.52,"d":"1,459,999.520"},"-","Товарищество с ограниченной ответственностью \"Мангистауский атомный энергетический комбинат-Казатомпром\""]
[null,"-","54 У","712019.000.000009","Услуги по диагностированию/экспертизе/анализу/испытаниям/тестированию/осмотру","Услуги по диагностированию/экспертизе/анализу/испытаниям/тестированию/осмотру","Обследование и оценка технического состояния несущих строительных конструкций     здания 150А технологическое РУ БН-350 \\ \" БН-350 РҚ 150А технологиялық ғимаратының құрылыс құрылымдарының техникалық жағдайын тексеру және бағалау \"","ОТП","-","100","02.2018","471010000, Мангистауская область, Актау Г.А., г.Актау, \"Мангистауская область, г. Актау, промзона, ТОО \"\"МАЭК-Казатомпром\"\", здание 201\"","471010000, Мангистауская область, Актау Г.А., г.Актау, г. Актау","-","С даты подписания договора в течение 60 календарных дней","Предоплата - 0% , Промежуточный платеж - 90% , Окончательный платеж - 10% ","-",{"v":1,"d":"1.000"},{"v":4967002,"d":"4,967,002.000"},{"v":4967002,"d":"4,967,002.000"},{"v":5563042.24,"d":"5,563,042.240"},"-","Товарищество с ограниченной ответственностью \"Мангистауский атомный энергетический комбинат-Казатомпром\""]
[null,"-","55 У","712019.000.000009","Услуги по диагностированию/экспертизе/анализу/испытаниям/тестированию/осмотру","Услуги по диагностированию/экспертизе/анализу/испытаниям/тестированию/осмотру","Обследование и оценка технического состояния несущих строительных конструкций      здание 157 ХЖРО РУ БН-350 \\ \" БН-350 РҚ ХЖРО 157 ғимаратының құрылыс құрылымдарының техникалық жағдайын тексеру және бағалау \"","ОТП","-","100","02.2018","471010000, Мангистауская область, Актау Г.А., г.Актау, \"Мангистауская область, г. Актау, промзона, ТОО \"\"МАЭК-Казатомпром\"\", здание 201\"","471010000, Мангистауская область, Актау Г.А., г.Актау, г. Актау","-","С даты подписания договора в течение 60 календарных дней","Предоплата - 0% , Промежуточный платеж - 90% , Окончательный платеж - 10% ","-",{"v":1,"d":"1.000"},{"v":2366071,"d":"2,366,071.000"},{"v":2366071,"d":"2,366,071.000"},{"v":2649999.52,"d":"2,649,999.520"},"-","Товарищество с ограниченной ответственностью \"Мангистауский атомный энергетический комбинат-Казатомпром\""]
[null,"-","56 У","712019.000.000009","Услуги по диагностированию/экспертизе/анализу/испытаниям/тестированию/осмотру","Услуги по диагностированию/экспертизе/анализу/испытаниям/тестированию/осмотру","Экспертиза титульных списков \\ Титулдік тізім бойынша сараптау ","ОТП","-","100","05.2018","471010000, Мангистауская область, Актау Г.А., г.Актау, \"Мангистауская область, г. Актау, промзона, ТОО \"\"МАЭК-Казатомпром\"\", здание 201\"","471010000, Мангистауская область, Актау Г.А., г.Актау, г. Актау","-","С даты подписания договора в течение 45 календарных дней","Предоплата - 0% , Промежуточный платеж - 90% , Окончательный платеж - 10% ","-",{"v":1,"d":"1.000"},{"v":2500000,"d":"2,500,000.000"},{"v":2500000,"d":"2,500,000.000"},{"v":2800000,"d":"2,800,000.000"},"-","Товарищество с ограниченной ответственностью \"Мангистауский атомный энергетический комбинат-Казатомпром\""]
[null,"-","57 У","749020.000.000071","Услуги по проведению аудита/сертификации систем менеджмента","Услуги по проведению аудита/сертификации систем менеджмента","Услуги по инспекционному аудиту систем менеджемента на предмет соответствия требованиям национальных (государственных) стандартов СТ РК ИСО 9001-2016, СТ РК ИСО 14001-2016, СТ РК OHSAS 18001-2008, включая аудит  \\  Аудитті қоса, СТ РК ИСО 9001-2016, СТ РК ИСО 14001-2016, СТ РК OHSAS 18001-2008 ұлттық (мемлекеттік) стандарттар талаптарына сәйкес мәніне   менеджмент жүйесінің инспекциялық аудиті бойынша қызметтер","ОИ","137-2 (не превышает тысячекратного МРП)","100","06.2018","471010000, Мангистауская область, Актау Г.А., г.Актау, \"Мангистауская область, г. Актау, промзона, ТОО \"\"МАЭК-Казатомпром\"\", здание 201\"","471010000, Мангистауская область, Актау Г.А., г.Актау, г. Актау","-","С даты подписания договора по 08.2018","Предоплата - 0% , Промежуточный платеж - 0% , Окончательный платеж - 100% ","-",{"v":1,"d":"1.000"},{"v":1291071,"d":"1,291,071.000"},{"v":1291071,"d":"1,291,071.000"},{"v":1445999.52,"d":"1,445,999.520"},"-","Товарищество с ограниченной ответственностью \"Мангистауский атомный энергетический комбинат-Казатомпром\""]
[null,"-","58 У","749020.000.000071","Услуги по проведению аудита/сертификации систем менеджмента","Услуги по проведению аудита/сертификации систем менеджмента","Услуги по ресертификационному аудиту системы менеджмента безопасности пищевой продукции на соответствие требованиям стандарта СТ РК ИСО 22000-2006 \\ СТ РК ИСО 22000-2006 стандарты талаптарына сәйкес тамақ өнімдері қауіпсіздігі менеджменті   жүйесінің міндетті сертификациялық аудит қызметтері","ОИ","137-2 (не превышает тысячекратного МРП)","100","10.2018","471010000, Мангистауская область, Актау Г.А., г.Актау, \"Мангистауская область, г. Актау, промзона, ТОО \"\"МАЭК-Казатомпром\"\", здание 201\"","471010000, Мангистауская область, Актау Г.А., г.Актау, г. Актау","-","С даты подписания договора по 11.2018","Предоплата - 0% , Промежуточный платеж - 0% , Окончательный платеж - 100% ","-",{"v":1,"d":"1.000"},{"v":805357,"d":"805,357.000"},{"v":805357,"d":"805,357.000"},{"v":901999.84,"d":"901,999.840"},"-","Товарищество с ограниченной ответственностью \"Мангистауский атомный энергетический комбинат-Казатомпром\""]
[null,"-","60-1 У","531019.900.000000","Услуги по доставке счетов/квитанций","Услуги по доставке счетов/квитанций и аналогичных документов","-","ОТП","-","100","02.2018","471000000, Мангистауская область, Актау Г.А., Промзона, ТОО \"МАЭК-Казатомпром\", здание 201","471000000, Мангистауская область, Актау Г.А., Промзона, склад ТОО \"МАЭК-Казатомпром\"","-","с 01.2018 по 12.2018","Окончательный платеж - 100% , Промежуточный платеж - 0% , Предоплата - 0% ","-",{"v":1,"d":"1.000"},{"v":8872767.85,"d":"8,872,767.850"},{"v":8872767.85,"d":"8,872,767.850"},{"v":9937499.99,"d":"9,937,499.990"},"-","Товарищество с ограниченной ответственностью \"Мангистауский атомный энергетический комбинат-Казатомпром\""]
[null,"-","61 У","531019.900.000000","Услуги по доставке счетов/квитанций","Услуги по доставке счетов/квитанций и аналогичных документов","-","ОИ","137-4 (внутрихолдинговая кооперация)","100","01.2018","471010000, Мангистауская область, Актау Г.А., г.Актау, \"Мангистауская область, г. Актау, промзона, ТОО \"\"МАЭК-Казатомпром\"\", здание 201\"","471010000, Мангистауская область, Актау Г.А., г.Актау, г. Актау","-","с 01.2018 по 12.2018","Предоплата - 0% , Промежуточный платеж - 0% , Окончательный платеж - 100% ","-",{"v":1,"d":"1.000"},{"v":292857.14,"d":"292,857.140"},{"v":292857.14,"d":"292,857.140"},{"v":328000,"d":"328,000.000"},"ОВХ","Товарищество с ограниченной ответственностью \"Мангистауский атомный энергетический комбинат-Казатомпром\""]
[null,"-","62-1 У","181219.900.000005","Услуги полиграфические по изготовлению/печатанию полиграфической продукции (кроме книг, фото, периодических изданий)","Услуги полиграфические по изготовлению/печатанию полиграфической продукции (кроме книг, фото, периодических изданий)","-","ОТП","-","100","02.2018","471010000, Мангистауская область, Актау Г.А., г.Актау, \"Мангистауская область, г. Актау, промзона, ТОО \"\"МАЭК-Казатомпром\"\", здание 201\"","471010000, Мангистауская область, Актау Г.А., г.Актау, г. Актау","-","с 01.2018 по 12.2018","Окончательный платеж - 100% , Промежуточный платеж - 0% , Предоплата - 0% ","-",{"v":1,"d":"1.000"},{"v":10353721.42,"d":"10,353,721.420"},{"v":10353721.42,"d":"10,353,721.420"},{"v":11596167.99,"d":"11,596,167.990"},"-","Товарищество с ограниченной ответственностью \"Мангистауский атомный энергетический комбинат-Казатомпром\""]
[null,"-","63-1 У","351310.100.000000","Услуги по передаче/распределению электроэнергии","Услуги по передаче/распределению электроэнергии","-","ОИ","140-6 (у субъекта государственной монополии  по основному предмету его деятельности)","100","01.2018","471010000, Мангистауская область, Актау Г.А., г.Актау, \"Мангистауская область, г. Актау, промзона, ТОО \"\"МАЭК-Казатомпром\"\", здание 201\"","471010000, Мангистауская область, Актау Г.А., г.Актау, г. Актау","-","с 01.2018 по 12.2018","Окончательный платеж - 100% , Промежуточный платеж - 0% , Предоплата - 0% ","-",{"v":1,"d":"1.000"},{"v":671655982,"d":"671,655,982.000"},{"v":671655982,"d":"671,655,982.000"},{"v":752254699.84,"d":"752,254,699.840"},"-","Товарищество с ограниченной ответственностью \"Мангистауский атомный энергетический комбинат-Казатомпром\""]
[null,"-","64 У","495019.000.000002","Услуги транспортирования по трубопроводам воды","Услуги транспортирования по трубопроводам воды","-","ОИ","140-7 (природный газ, вода, услуги водоснабжения и тепловой  энергии через присоединенную сеть)","100","01.2018","471010000, Мангистауская область, Актау Г.А., г.Актау, \"Мангистауская область, г. Актау, промзона, ТОО \"\"МАЭК-Казатомпром\"\", здание 201\"","471010000, Мангистауская область, Актау Г.А., г.Актау, г. Актау","-","с 01.2018 по 12.2018","Предоплата - 0% , Промежуточный платеж - 0% , Окончательный платеж - 100% ","-",{"v":1,"d":"1.000"},{"v":618470580.36,"d":"618,470,580.360"},{"v":618470580.36,"d":"618,470,580.360"},{"v":692687050,"d":"692,687,050.000"},"-","Товарищество с ограниченной ответственностью \"Мангистауский атомный энергетический комбинат-Казатомпром\""]
[null,"-","65 У","353012.200.000001","Услуги по распределению горячей воды (тепловой энергии) на коммунально-бытовые нужды","Услуги по передаче, распределению горячей воды (тепловой энергии) на  коммунально-бытовые нужды","-","ОИ","140-7 (природный газ, вода, услуги водоснабжения и тепловой  энергии через присоединенную сеть)","100","01.2018","471010000, Мангистауская область, Актау Г.А., г.Актау, \"Мангистауская область, г. Актау, промзона, ТОО \"\"МАЭК-Казатомпром\"\", здание 201\"","471010000, Мангистауская область, Актау Г.А., г.Актау, г. Актау","-","с 01.2018 по 12.2018","Предоплата - 0% , Промежуточный платеж - 0% , Окончательный платеж - 100% ","-",{"v":1,"d":"1.000"},{"v":618470580.36,"d":"618,470,580.360"},{"v":618470580.36,"d":"618,470,580.360"},{"v":692687050,"d":"692,687,050.000"},"-","Товарищество с ограниченной ответственностью \"Мангистауский атомный энергетический комбинат-Казатомпром\""]
[null,"-","66 У","351310.100.000000","Услуги по передаче/распределению электроэнергии","Услуги по передаче/распределению электроэнергии","-","ОИ","140-6 (у субъекта государственной монополии  по основному предмету его деятельности)","100","01.2018","471010000, Мангистауская область, Актау Г.А., г.Актау, \"Мангистауская область, г. Актау, промзона, ТОО \"\"МАЭК-Казатомпром\"\", здание 201\"","471010000, Мангистауская область, Актау Г.А., г.Актау, г. Актау","-","с 01.2018 по 12.2018","Предоплата - 0% , Промежуточный платеж - 0% , Окончательный платеж - 100% ","-",{"v":1,"d":"1.000"},{"v":1593839.29,"d":"1,593,839.290"},{"v":1593839.29,"d":"1,593,839.290"},{"v":1785100,"d":"1,785,100.000"},"-","Товарищество с ограниченной ответственностью \"Мангистауский атомный энергетический комбинат-Казатомпром\""]
[null,"-","67 У","351210.900.000002","Услуги по сервисному обслуживанию абонентов","Услуги по сервисному обслуживанию абонентов/потребителей энергоресурсов (электроэнергия/тепловая энергия/питьевая вода/техническая вода/горячая вода)","-","ОТП","-","100","01.2018","471010000, Мангистауская область, Актау Г.А., г.Актау, \"Мангистауская область, г. Актау, промзона, ТОО \"\"МАЭК-Казатомпром\"\", здание 201\"","471010000, Мангистауская область, Актау Г.А., г.Актау, г. Актау","-","с 01.2018 по 12.2018","Предоплата - 0% , Промежуточный платеж - 0% , Окончательный платеж - 100% ","-",{"v":1,"d":"1.000"},{"v":298928571.43,"d":"298,928,571.430"},{"v":298928571.43,"d":"298,928,571.430"},{"v":334800000,"d":"334,800,000.000"},"-","Товарищество с ограниченной ответственностью \"Мангистауский атомный энергетический комбинат-Казатомпром\""]
[null,"-","68-1 У","682012.960.000000","Услуги по аренде административных/производственных помещений","Услуги по аренде административных/производственных помещений","-","ОИ","137-24 (услуги аренды помещений, зданий, соружений)","100","01.2018","471000000, Мангистауская область, Актау Г.А., Промзона, ТОО \"МАЭК-Казатомпром\", здание 201","471010000, Мангистауская область, Актау Г.А., г.Актау, г. Актау","-","с 01.2018 по 12.2018","Окончательный платеж - 100% , Промежуточный платеж - 0% , Предоплата - 0% ","-",{"v":1,"d":"1.000"},{"v":14528571.43,"d":"14,528,571.430"},{"v":14528571.43,"d":"14,528,571.430"},{"v":16272000,"d":"16,272,000.000"},"-","Товарищество с ограниченной ответственностью \"Мангистауский атомный энергетический комбинат-Казатомпром\""]
[null,"-","69 У","351210.130.000000","Услуги по организации балансирования производства-потребления электрической энергии","Услуги по организации балансирования производства-потребления электрической энергии","-","ОИ","140-6 (у субъекта государственной монополии  по основному предмету его деятельности)","100","01.2018","471010000, Мангистауская область, Актау Г.А., г.Актау, \"Мангистауская область, г. Актау, промзона, ТОО \"\"МАЭК-Казатомпром\"\", здание 201\"","471010000, Мангистауская область, Актау Г.А., г.Актау, г. Актау","-","с 01.2018 по 12.2018","Предоплата - 0% , Промежуточный платеж - 0% , Окончательный платеж - 100% ","-",{"v":1,"d":"1.000"},{"v":394588057,"d":"394,588,057.000"},{"v":394588057,"d":"394,588,057.000"},{"v":441938623.84,"d":"441,938,623.840"},"-","Товарищество с ограниченной ответственностью \"Мангистауский атомный энергетический комбинат-Казатомпром\""]
[null,"-","70 У","749012.000.000001","Услуги по оценке автотранспортных средств","Услуги по оценке автотранспортных средств и имущества движемого","автотранспорта и спецтехники \\ автотранспорта и спецтехники","ОИ","137-2 (не превышает тысячекратного МРП)","100","01.2018","471010000, Мангистауская область, Актау Г.А., г.Актау, \"Мангистауская область, г. Актау, промзона, ТОО \"\"МАЭК-Казатомпром\"\", здание 201\"","471010000, Мангистауская область, Актау Г.А., г.Актау, г. Актау","-","с 01.2018 по 12.2018","Предоплата - 0% , Промежуточный платеж - 0% , Окончательный платеж - 100% ","-",{"v":1,"d":"1.000"},{"v":1071428.52,"d":"1,071,428.520"},{"v":1071428.52,"d":"1,071,428.520"},{"v":1199999.94,"d":"1,199,999.940"},"-","Товарищество с ограниченной ответственностью \"Мангистауский атомный энергетический комбинат-Казатомпром\""]
[null,"-","71 У","683116.100.000001","Услуги по оценке недвижимого имущества","Услуги по оценке недвижимого имущества","оценка административных зданий, квартир, жилых помещений, объектов незавершенного строительства и непрофильных активов \\ оценка административных зданий, квартир, жилых помещений, объектов незавершенного строительства и непрофильных активов","ОИ","137-2 (не превышает тысячекратного МРП)","100","01.2018","471010000, Мангистауская область, Актау Г.А., г.Актау, \"Мангистауская область, г. Актау, промзона, ТОО \"\"МАЭК-Казатомпром\"\", здание 201\"","471010000, Мангистауская область, Актау Г.А., г.Актау, г. Актау","-","с 01.2018 по 12.2018","Предоплата - 0% , Промежуточный платеж - 0% , Окончательный платеж - 100% ","-",{"v":1,"d":"1.000"},{"v":1071428.52,"d":"1,071,428.520"},{"v":1071428.52,"d":"1,071,428.520"},{"v":1199999.94,"d":"1,199,999.940"},"-","Товарищество с ограниченной ответственностью \"Мангистауский атомный энергетический комбинат-Казатомпром\""]
[null,"-","72 У","749012.000.000005","Услуги по оценке стоимости товарно-материальных ценностей","Услуги по оценке стоимости товарно-материальных ценностей","оценка оборудования, ТМЦ, неликвидов и металлолома \\ оценка оборудования, ТМЦ, неликвидов и металлолома","ОИ","137-2 (не превышает тысячекратного МРП)","100","01.2018","471010000, Мангистауская область, Актау Г.А., г.Актау, \"Мангистауская область, г. Актау, промзона, ТОО \"\"МАЭК-Казатомпром\"\", здание 201\"","471010000, Мангистауская область, Актау Г.А., г.Актау, г. Актау","-","с 01.2018 по 12.2018","Предоплата - 0% , Промежуточный платеж - 0% , Окончательный платеж - 100% ","-",{"v":1,"d":"1.000"},{"v":1071428.52,"d":"1,071,428.520"},{"v":1071428.52,"d":"1,071,428.520"},{"v":1199999.94,"d":"1,199,999.940"},"-","Товарищество с ограниченной ответственностью \"Мангистауский атомный энергетический комбинат-Казатомпром\""]
[null,"-","73 У","749020.000.000096","Услуги по техническому освидетельствованию сосудов","Услуги по техническому освидетельствованию сосудов","Освидетельствование ГБА (1 раз в год) \\ Освидетельствование ГБА (1 раз в год)","ЦПП","-","100","04.2018","470000000, Мангистауская область, \"Мангистауская область, г. Актау, промзона, ТОО \"\"МАЭК-Казатомпром\"\", здание 201\"","471010000, Мангистауская область, Актау Г.А., г.Актау, г. Актау","-","С даты подписания договора в течение 21 рабочих дней","Предоплата - 0% , Промежуточный платеж - 0% , Окончательный платеж - 100% ","-",{"v":1,"d":"1.000"},{"v":732000,"d":"732,000.000"},{"v":732000,"d":"732,000.000"},{"v":819840,"d":"819,840.000"},"-","Товарищество с ограниченной ответственностью \"Мангистауский атомный энергетический комбинат-Казатомпром\""]
[null,"-","74 У","331219.202.000000","Услуги по диагностике автотранспорта","Услуги по диагностике автотранспорта","Проведение тех.осмотра автотранспорта \\ Проведение тех.осмотра автотранспорта","ЦПП","-","90","04.2018","470000000, Мангистауская область, \"Мангистауская область, г. Актау, промзона, ТОО \"\"МАЭК-Казатомпром\"\", здание 201\"","471010000, Мангистауская область, Актау Г.А., г.Актау, г. Актау","-","с 04.2018 по 10.2018","Предоплата - 0% , Промежуточный платеж - 0% , Окончательный платеж - 100% ","-",{"v":1,"d":"1.000"},{"v":1656900,"d":"1,656,900.000"},{"v":1656900,"d":"1,656,900.000"},{"v":1855728,"d":"1,855,728.000"},"-","Товарищество с ограниченной ответственностью \"Мангистауский атомный энергетический комбинат-Казатомпром\""]
[null,"-","75 У","331219.200.000003","Услуги по проведению балансировки колес","Услуги по проведению балансировки колес (шин) автотранспортных средств","Балансировка колес,проверка развала-схождения автомобилей \\ Балансировка колес,проверка развала-схождения автомобилей","ОИ","137-2 (не превышает тысячекратного МРП)","90","01.2018","470000000, Мангистауская область, \"Мангистауская область, г. Актау, промзона, ТОО \"\"МАЭК-Казатомпром\"\", здание 201\"","471010000, Мангистауская область, Актау Г.А., г.Актау, г. Актау","-","с 01.2018 по 12.2018","Предоплата - 0% , Промежуточный платеж - 0% , Окончательный платеж - 100% ","-",{"v":1,"d":"1.000"},{"v":249980,"d":"249,980.000"},{"v":249980,"d":"249,980.000"},{"v":249980,"d":"249,980.000"},"-","Товарищество с ограниченной ответственностью \"Мангистауский атомный энергетический комбинат-Казатомпром\""]
[null,"-","76 У","749020.000.000096","Услуги по техническому освидетельствованию сосудов","Услуги по техническому освидетельствованию сосудов","Гидроиспытание баллонов \\ Гидроиспытание баллонов","ЦПП","-","90","01.2018","470000000, Мангистауская область, \"Мангистауская область, г. Актау, промзона, ТОО \"\"МАЭК-Казатомпром\"\", здание 201\"","471010000, Мангистауская область, Актау Г.А., г.Актау, г. Актау","-","с 01.2018 по 10.2018","Предоплата - 0% , Промежуточный платеж - 0% , Окончательный платеж - 100% ","-",{"v":1,"d":"1.000"},{"v":277341,"d":"277,341.000"},{"v":277341,"d":"277,341.000"},{"v":310621.92,"d":"310,621.920"},"-","Товарищество с ограниченной ответственностью \"Мангистауский атомный энергетический комбинат-Казатомпром\""]
[null,"-","77 У","331219.206.000000","Услуги по техническому обслуживанию автотранспорта/специальной техники","Услуги по техническому обслуживанию автотранспорта/специальной техники","Тех.обслуживание автотранспорта и спецтехники марки Тойота,Газ,Ваз,Шкода и т.д. \\ Тех.обслуживание автотранспорта и спецтехники марки Тойота,Газ,Ваз,Шкода и т.д.","ЦПП","-","50","01.2018","470000000, Мангистауская область, \"Мангистауская область, г. Актау, промзона, ТОО \"\"МАЭК-Казатомпром\"\", здание 201\"","471010000, Мангистауская область, Актау Г.А., г.Актау, г. Актау","-","с 01.2018 по 12.2018","Предоплата - 0% , Промежуточный платеж - 0% , Окончательный платеж - 100% ","-",{"v":1,"d":"1.000"},{"v":4915134,"d":"4,915,134.000"},{"v":4915134,"d":"4,915,134.000"},{"v":5504950.08,"d":"5,504,950.080"},"-","Товарищество с ограниченной ответственностью \"Мангистауский атомный энергетический комбинат-Казатомпром\""]
[null,"-","78 У","331219.203.000000","Услуги по мойке автотранспорта/спецтехники","Услуги по мойке автотранспорта/спецтехники","Услуги по мойке машин \\ Услуги по мойке машин","ЦПП","-","100","01.2018","470000000, Мангистауская область, \"Мангистауская область, г. Актау, промзона, ТОО \"\"МАЭК-Казатомпром\"\", здание 201\"","471010000, Мангистауская область, Актау Г.А., г.Актау, г. Актау","-","с 01.2018 по 12.2018","Предоплата - 0% , Промежуточный платеж - 0% , Окончательный платеж - 100% ","-",{"v":1,"d":"1.000"},{"v":801500,"d":"801,500.000"},{"v":801500,"d":"801,500.000"},{"v":801500,"d":"801,500.000"},"-","Товарищество с ограниченной ответственностью \"Мангистауский атомный энергетический комбинат-Казатомпром\""]
[null,"-","79 У","773919.900.000035","Услуги по аренде специальной техники с водителем","Услуги по аренде специальной техники с водителем","Услуги по аренде самосвала с водителем \\ Услуги по аренде самосвала с водителем","ЦПП","-","90","01.2018","470000000, Мангистауская область, \"Мангистауская область, г. Актау, промзона, ТОО \"\"МАЭК-Казатомпром\"\", здание 201\"","471010000, Мангистауская область, Актау Г.А., г.Актау, г. Актау","-","с 01.2018 по 12.2018","Предоплата - 0% , Промежуточный платеж - 0% , Окончательный платеж - 100% ","-",{"v":1,"d":"1.000"},{"v":3280161,"d":"3,280,161.000"},{"v":3280161,"d":"3,280,161.000"},{"v":3673780.32,"d":"3,673,780.320"},"-","Товарищество с ограниченной ответственностью \"Мангистауский атомный энергетический комбинат-Казатомпром\""]
[null,"-","80 У","773919.900.000035","Услуги по аренде специальной техники с водителем","Услуги по аренде специальной техники с водителем","Услуги по аренде автогрейдера с водителем \\ Услуги по аренде автогрейдера с водителем","ЦПП","-","90","05.2018","470000000, Мангистауская область, \"Мангистауская область, г. Актау, промзона, ТОО \"\"МАЭК-Казатомпром\"\", здание 201\"","471010000, Мангистауская область, Актау Г.А., г.Актау, г. Актау","-","с 05.2018 по 12.2018","Предоплата - 0% , Промежуточный платеж - 0% , Окончательный платеж - 100% ","-",{"v":1,"d":"1.000"},{"v":1734696,"d":"1,734,696.000"},{"v":1734696,"d":"1,734,696.000"},{"v":1942859.52,"d":"1,942,859.520"},"-","Товарищество с ограниченной ответственностью \"Мангистауский атомный энергетический комбинат-Казатомпром\""]
[null,"-","81 У","773210.900.000000","Услуги по аренде кранов и другого подъемного оборудования/погрузочно-разгрузочного оборудования (кроме лифтов, подъемно-транспортной техники на базе транспортных средств)","Услуги по аренде кранов и другого подъемного оборудования/погрузочно-разгрузочного оборудования (кроме лифтов, подъемно-транспортной техники на базе транспортных средств)","Услуги по аренде автокрана с водителем \\ Услуги по аренде автокрана с водителем","ЦПП","-","90","01.2018","470000000, Мангистауская область, \"Мангистауская область, г. Актау, промзона, ТОО \"\"МАЭК-Казатомпром\"\", здание 201\"","471010000, Мангистауская область, Актау Г.А., г.Актау, г. Актау","-","с 01.2018 по 12.2018","Предоплата - 0% , Промежуточный платеж - 0% , Окончательный платеж - 100% ","-",{"v":1,"d":"1.000"},{"v":5206400,"d":"5,206,400.000"},{"v":5206400,"d":"5,206,400.000"},{"v":5831168,"d":"5,831,168.000"},"-","Товарищество с ограниченной ответственностью \"Мангистауский атомный энергетический комбинат-Казатомпром\""]
[null,"-","82 У","773919.900.000035","Услуги по аренде специальной техники с водителем","Услуги по аренде специальной техники с водителем","Услуги по аренде гидромолота с водителем \\ Услуги по аренде гидромолота с водителем","ЦПП","-","90","01.2018","470000000, Мангистауская область, \"Мангистауская область, г. Актау, промзона, ТОО \"\"МАЭК-Казатомпром\"\", здание 201\"","471010000, Мангистауская область, Актау Г.А., г.Актау, г. Актау","-","с 01.2018 по 12.2018","Предоплата - 0% , Промежуточный платеж - 0% , Окончательный платеж - 100% ","-",{"v":1,"d":"1.000"},{"v":3012900,"d":"3,012,900.000"},{"v":3012900,"d":"3,012,900.000"},{"v":3374448,"d":"3,374,448.000"},"-","Товарищество с ограниченной ответственностью \"Мангистауский атомный энергетический комбинат-Казатомпром\""]
[null,"-","83 У","773919.900.000035","Услуги по аренде специальной техники с водителем","Услуги по аренде специальной техники с водителем","Услуги по аренде фронтального погрузчика с водителем \\ Услуги по аренде фронтального погрузчика с водителем","ЦПП","-","90","01.2018","470000000, Мангистауская область, \"Мангистауская область, г. Актау, промзона, ТОО \"\"МАЭК-Казатомпром\"\", здание 201\"","471010000, Мангистауская область, Актау Г.А., г.Актау, г. Актау","-","с 01.2018 по 12.2018","Предоплата - 0% , Промежуточный платеж - 0% , Окончательный платеж - 100% ","-",{"v":1,"d":"1.000"},{"v":2522882,"d":"2,522,882.000"},{"v":2522882,"d":"2,522,882.000"},{"v":2825627.84,"d":"2,825,627.840"},"-","Товарищество с ограниченной ответственностью \"Мангистауский атомный энергетический комбинат-Казатомпром\""]
[null,"-","84 У","773919.900.000035","Услуги по аренде специальной техники с водителем","Услуги по аренде специальной техники с водителем","Услуги по аренде трактора-экскаватора с водителем \\ Услуги по аренде трактора-экскаватора с водителем","ЦПП","-","90","01.2018","470000000, Мангистауская область, \"Мангистауская область, г. Актау, промзона, ТОО \"\"МАЭК-Казатомпром\"\", здание 201\"","471010000, Мангистауская область, Актау Г.А., г.Актау, г. Актау","-","с 01.2018 по 12.2018","Предоплата - 0% , Промежуточный платеж - 0% , Окончательный платеж - 100% ","-",{"v":1,"d":"1.000"},{"v":1793546,"d":"1,793,546.000"},{"v":1793546,"d":"1,793,546.000"},{"v":2008771.52,"d":"2,008,771.520"},"-","Товарищество с ограниченной ответственностью \"Мангистауский атомный энергетический комбинат-Казатомпром\""]
[null,"-","85 У","773919.900.000035","Услуги по аренде специальной техники с водителем","Услуги по аренде специальной техники с водителем","Услуги по аренде сенокосилки с водителем  \\ Услуги по аренде сенокосилки с водителем ","ЦПП","-","90","05.2018","470000000, Мангистауская область, \"Мангистауская область, г. Актау, промзона, ТОО \"\"МАЭК-Казатомпром\"\", здание 201\"","471010000, Мангистауская область, Актау Г.А., г.Актау, г. Актау","-","с 05.2018 по 06.2018","Предоплата - 0% , Промежуточный платеж - 0% , Окончательный платеж - 100% ","-",{"v":1,"d":"1.000"},{"v":1920000,"d":"1,920,000.000"},{"v":1920000,"d":"1,920,000.000"},{"v":2150400,"d":"2,150,400.000"},"-","Товарищество с ограниченной ответственностью \"Мангистауский атомный энергетический комбинат-Казатомпром\""]
[null,"-","86 У","773919.900.000035","Услуги по аренде специальной техники с водителем","Услуги по аренде специальной техники с водителем","Услуги по аренде ямобура с водителем  \\ Услуги по аренде ямобура с водителем ","ЦПП","-","90","01.2018","470000000, Мангистауская область, \"Мангистауская область, г. Актау, промзона, ТОО \"\"МАЭК-Казатомпром\"\", здание 201\"","471010000, Мангистауская область, Актау Г.А., г.Актау, г. Актау","-","с 01.2018 по 05.2018","Предоплата - 0% , Промежуточный платеж - 0% , Окончательный платеж - 100% ","-",{"v":1,"d":"1.000"},{"v":696639,"d":"696,639.000"},{"v":696639,"d":"696,639.000"},{"v":780235.68,"d":"780,235.680"},"-","Товарищество с ограниченной ответственностью \"Мангистауский атомный энергетический комбинат-Казатомпром\""]
[null,"-","87 У","453212.000.000000","Услуги по торговле розничной частями и принадлежностями для автомобилей в специализированных магазинах","Розничная торговля частями и принадлежностями для автомобилей в специализированных магазинах","Розничная торговля частями и принадлежностями для автомобилей в специализированных магазинах \\ Розничная торговля частями и принадлежностями для автомобилей в специализированных магазинах","ОТП","-","50","01.2018","470000000, Мангистауская область, \"Мангистауская область, г. Актау, промзона, ТОО \"\"МАЭК-Казатомпром\"\", здание 201\"","471010000, Мангистауская область, Актау Г.А., г.Актау, г. Актау","-","с 01.2018 по 12.2018","Предоплата - 0% , Промежуточный платеж - 0% , Окончательный платеж - 100% ","-",{"v":1,"d":"1.000"},{"v":44507142.85,"d":"44,507,142.850"},{"v":44507142.85,"d":"44,507,142.850"},{"v":49847999.99,"d":"49,847,999.990"},"-","Товарищество с ограниченной ответственностью \"Мангистауский атомный энергетический комбинат-Казатомпром\""]
[null,"-","88 У","842519.000.000000","Услуги аварийно-спасательной службы","Услуги аварийно-спасательной службы","-","ОТП","-","100","01.2018","471010000, Мангистауская область, Актау Г.А., г.Актау, \"Мангистауская область, г. Актау, промзона, ТОО \"\"МАЭК-Казатомпром\"\", здание 201\"","471010000, Мангистауская область, Актау Г.А., г.Актау, г. Актау","-","С даты подписания договора по 12.2018","Предоплата - 0% , Промежуточный платеж - 0% , Окончательный платеж - 100% ","-",{"v":1,"d":"1.000"},{"v":43229837.2,"d":"43,229,837.200"},{"v":43229837.2,"d":"43,229,837.200"},{"v":48417417.66,"d":"48,417,417.660"},"-","Товарищество с ограниченной ответственностью \"Мангистауский атомный энергетический комбинат-Казатомпром\""]
[null,"-","89 У","802010.000.000003","Услуги по обеспечению безопасности","Услуги по обеспечению безопасности и мониторингу устройствами предупреждения, сигнализации и аналогичными системами обеспечения безопасности","-","ЦПП","-","100","01.2018","471010000, Мангистауская область, Актау Г.А., г.Актау, \"Мангистауская область, г. Актау, промзона, ТОО \"\"МАЭК-Казатомпром\"\", здание 201\"","471010000, Мангистауская область, Актау Г.А., г.Актау, г. Актау","-","С даты подписания договора по 12.2018","Предоплата - 0% , Промежуточный платеж - 0% , Окончательный платеж - 100% ","-",{"v":1,"d":"1.000"},{"v":5067564,"d":"5,067,564.000"},{"v":5067564,"d":"5,067,564.000"},{"v":5675671.68,"d":"5,675,671.680"},"-","Товарищество с ограниченной ответственностью \"Мангистауский атомный энергетический комбинат-Казатомпром\""]
[null,"-","90 У","823011.000.000000","Услуги по организации/проведению конференций/семинаров/форумов/конкурсов/корпоративных/спортивных/культурных/праздничных и аналогичных мероприятий","Услуги по организации/проведению конференций/семинаров/форумов/конкурсов/корпоративных/спортивных/культурных/праздничных и аналогичных мероприятий","Семинары в РК \\ ҚР семинарлары ","ОИ","140-3 (материалы выставок, семинары, совещания,  форумы, тренинги, курсы повышения  квалификации)","100","01.2018","471010000, Мангистауская область, Актау Г.А., г.Актау, \"Мангистауская область, г. Актау, промзона, ТОО \"\"МАЭК-Казатомпром\"\", здание 201\"","471010000, Мангистауская область, Актау Г.А., г.Актау, г. Актау","-","с 01.2018 по 12.2018","Предоплата - 0% , Промежуточный платеж - 0% , Окончательный платеж - 100% ","-",{"v":1,"d":"1.000"},{"v":4665724,"d":"4,665,724.000"},{"v":4665724,"d":"4,665,724.000"},{"v":5225610.88,"d":"5,225,610.880"},"-","Товарищество с ограниченной ответственностью \"Мангистауский атомный энергетический комбинат-Казатомпром\""]
[null,"-","91-1 У","841311.000.000002","Услуги по аттестации/оценке и проверке знаний/уровня подготовки персонала/сотрудников","Услуги по аттестации/оценке и проверке знаний/уровня подготовки персонала/сотрудников","Аттестация, проверка знаний в РК \\ ҚР аттестациялау, білім тексеру","ОИ","140-3 (материалы выставок, семинары, совещания,  форумы, тренинги, курсы повышения  квалификации)","100","02.2018","471010000, Мангистауская область, Актау Г.А., г.Актау, \"Мангистауская область, г. Актау, промзона, ТОО \"\"МАЭК-Казатомпром\"\", здание 201\"","471000000, Мангистауская область, Актау Г.А., Промзона, склад ТОО \"МАЭК-Казатомпром\"","-","с 02.2018 по 12.2018","Окончательный платеж - 100% , Промежуточный платеж - 0% , Предоплата - 0% ","-",{"v":1,"d":"1.000"},{"v":5110246.43,"d":"5,110,246.430"},{"v":5110246.43,"d":"5,110,246.430"},{"v":5723476,"d":"5,723,476.000"},"-","Товарищество с ограниченной ответственностью \"Мангистауский атомный энергетический комбинат-Казатомпром\""]
[null,"-","92 У","841311.000.000002","Услуги по аттестации/оценке и проверке знаний/уровня подготовки персонала/сотрудников","Услуги по аттестации/оценке и проверке знаний/уровня подготовки персонала/сотрудников","Аттестация, проверка знаний в РФ \\ РФ аттестациялау, білім тексеру","ОИ","140-3 (материалы выставок, семинары, совещания,  форумы, тренинги, курсы повышения  квалификации)","0","05.2018","471010000, Мангистауская область, Актау Г.А., г.Актау, \"Мангистауская область, г. Актау, промзона, ТОО \"\"МАЭК-Казатомпром\"\", здание 201\"","471010000, Мангистауская область, Актау Г.А., г.Актау, г. Актау","-","с 05.2018 по 12.2018","Предоплата - 100% , Промежуточный платеж - 0% , Окончательный платеж - 0% ","-",{"v":1,"d":"1.000"},{"v":2120052,"d":"2,120,052.000"},{"v":2120052,"d":"2,120,052.000"},{"v":2374458.24,"d":"2,374,458.240"},"-","Товарищество с ограниченной ответственностью \"Мангистауский атомный энергетический комбинат-Казатомпром\""]
[null,"-","93 У","841311.000.000001","Услуги по обучению персонала/сотрудников","Услуги по обучению (обучению/тренинги/подготовке/переподготовке/повышению квалификации)","Подготовка, переподготовка, повышение квалификации в РК \\ Даярлау, қайта даярлау, біліктілігін арттыру ҚР","ОИ","140-10 (услуги по подготовке, переподготовке и повышению  квалификации работников)","100","01.2018","471010000, Мангистауская область, Актау Г.А., г.Актау, \"Мангистауская область, г. Актау, промзона, ТОО \"\"МАЭК-Казатомпром\"\", здание 201\"","471010000, Мангистауская область, Актау Г.А., г.Актау, г. Актау","-","с 01.2018 по 12.2018","Предоплата - 0% , Промежуточный платеж - 0% , Окончательный платеж - 100% ","-",{"v":1,"d":"1.000"},{"v":39451020,"d":"39,451,020.000"},{"v":39451020,"d":"39,451,020.000"},{"v":44185142.4,"d":"44,185,142.400"},"-","Товарищество с ограниченной ответственностью \"Мангистауский атомный энергетический комбинат-Казатомпром\""]
[null,"-","94 У","582932.100.000000","Услуги по лицензированию готового программного обеспечения прикладного","Услуги по получению лицензий на готовое программное обеспечение прикладное, без получения авторских и имущественных прав","\"Kaspersky BusinessSpace Security Renewal 900               Kaspersky Endpoint Security for Business Select STAN and Caucasus Edition. 500999 Node 1 year NFR License\" \\ \"Kaspersky BusinessSpace Security Renewal 900               Kaspersky Endpoint Security for Business Select STAN and Caucasus Edition. 500999 Node 1 year NFR License\"","ЦПП","-","0","02.2018","471010000, Мангистауская область, Актау Г.А., г.Актау, \"Мангистауская область, г. Актау, промзона, ТОО \"\"МАЭК-Казатомпром\"\", здание 201\"","471010000, Мангистауская область, Актау Г.А., г.Актау, г. Актау","-","С даты подписания договора в течение 30 календарных дней","Предоплата - 0% , Промежуточный платеж - 0% , Окончательный платеж - 100% ","-",{"v":1,"d":"1.000"},{"v":3857142.86,"d":"3,857,142.860"},{"v":3857142.86,"d":"3,857,142.860"},{"v":4320000,"d":"4,320,000.000"},"-","Товарищество с ограниченной ответственностью \"Мангистауский атомный энергетический комбинат-Казатомпром\""]
[null,"-","95 У","582932.100.000000","Услуги по лицензированию готового программного обеспечения прикладного","Услуги по получению лицензий на готовое программное обеспечение прикладное, без получения авторских и имущественных прав","\"Kaspersky Security for Mail Server Renewal 950  Kaspersky Security for Mail Server STAN and Caucasus Edition. 500999 MailAddress 1 year NFR License\" \\ \"Kaspersky Security for Mail Server Renewal 950  Kaspersky Security for Mail Server STAN and Caucasus Edition. 500999 MailAddress 1 year NFR License\"","ЦПП","-","0","02.2018","471010000, Мангистауская область, Актау Г.А., г.Актау, \"Мангистауская область, г. Актау, промзона, ТОО \"\"МАЭК-Казатомпром\"\", здание 201\"","471010000, Мангистауская область, Актау Г.А., г.Актау, г. Актау","-","С даты подписания договора в течение 30 календарных дней","Предоплата - 0% , Промежуточный платеж - 0% , Окончательный платеж - 100% ","-",{"v":1,"d":"1.000"},{"v":2120535.72,"d":"2,120,535.720"},{"v":2120535.72,"d":"2,120,535.720"},{"v":2375000.01,"d":"2,375,000.010"},"-","Товарищество с ограниченной ответственностью \"Мангистауский атомный энергетический комбинат-Казатомпром\""]
[null,"-","96 У","582932.100.000000","Услуги по лицензированию готового программного обеспечения прикладного","Услуги по получению лицензий на готовое программное обеспечение прикладное, без получения авторских и имущественных прав","Dr.Web® ES - Антивирус , на 12 месяцев продление  \\ Dr.Web® ES - Антивирус , на 12 месяцев продление ","ОИ","137-2 (не превышает тысячекратного МРП)","0","02.2018","471010000, Мангистауская область, Актау Г.А., г.Актау, \"Мангистауская область, г. Актау, промзона, ТОО \"\"МАЭК-Казатомпром\"\", здание 201\"","471010000, Мангистауская область, Актау Г.А., г.Актау, г. Актау","-","С даты подписания договора в течение 30 календарных дней","Предоплата - 0% , Промежуточный платеж - 0% , Окончательный платеж - 100% ","-",{"v":1,"d":"1.000"},{"v":160714.29,"d":"160,714.290"},{"v":160714.29,"d":"160,714.290"},{"v":180000,"d":"180,000.000"},"-","Товарищество с ограниченной ответственностью \"Мангистауский атомный энергетический комбинат-Казатомпром\""]
[null,"-","97 У","582932.100.000000","Услуги по лицензированию готового программного обеспечения прикладного","Услуги по получению лицензий на готовое программное обеспечение прикладное, без получения авторских и имущественных прав","Dr.Web®  для файловых серверов Windows - Антивирус, на 12 месяцев, в составе ES продление  \\ Dr.Web®  для файловых серверов Windows - Антивирус, на 12 месяцев, в составе ES продление ","ОИ","137-2 (не превышает тысячекратного МРП)","0","02.2018","471010000, Мангистауская область, Актау Г.А., г.Актау, \"Мангистауская область, г. Актау, промзона, ТОО \"\"МАЭК-Казатомпром\"\", здание 201\"","471010000, Мангистауская область, Актау Г.А., г.Актау, г. Актау","-","С даты подписания договора в течение 30 календарных дней","Предоплата - 0% , Промежуточный платеж - 0% , Окончательный платеж - 100% ","-",{"v":1,"d":"1.000"},{"v":166071.43,"d":"166,071.430"},{"v":166071.43,"d":"166,071.430"},{"v":186000,"d":"186,000.000"},"-","Товарищество с ограниченной ответственностью \"Мангистауский атомный энергетический комбинат-Казатомпром\""]
[null,"-","98 У","582932.100.000000","Услуги по лицензированию готового программного обеспечения прикладного","Услуги по получению лицензий на готовое программное обеспечение прикладное, без получения авторских и имущественных прав","Version Upgrade SolarWinds DameWare Remote Support [formerly DameWare NT Utilities] Per Seat License (15 or more user price) - License with 1st-Year Maintenance подписка на 1 год \\ Version Upgrade SolarWinds DameWare Remote Support [formerly DameWare NT Utilities] Per Seat License (15 or more user price) - License with 1st-Year Maintenance подписка на 1 год","ОИ","137-2 (не превышает тысячекратного МРП)","0","04.2018","471010000, Мангистауская область, Актау Г.А., г.Актау, \"Мангистауская область, г. Актау, промзона, ТОО \"\"МАЭК-Казатомпром\"\", здание 201\"","471010000, Мангистауская область, Актау Г.А., г.Актау, г. Актау","-","С даты подписания договора в течение 30 календарных дней","Предоплата - 0% , Промежуточный платеж - 0% , Окончательный платеж - 100% ","-",{"v":1,"d":"1.000"},{"v":1643839.29,"d":"1,643,839.290"},{"v":1643839.29,"d":"1,643,839.290"},{"v":1841100,"d":"1,841,100.000"},"-","Товарищество с ограниченной ответственностью \"Мангистауский атомный энергетический комбинат-Казатомпром\""]
[null,"-","99 У","639910.000.000000","Услуги по предоставлению информации","Услуги по предоставлению информации (информации из СМИ, из баз данных, других собранных/обработанных сведений)","Поддержка интеграции СЭД \\ Поддержка интеграции СЭД","ОИ","137-2 (не превышает тысячекратного МРП)","56","01.2018","471010000, Мангистауская область, Актау Г.А., г.Актау, \"Мангистауская область, г. Актау, промзона, ТОО \"\"МАЭК-Казатомпром\"\", здание 201\"","471010000, Мангистауская область, Актау Г.А., г.Актау, г. Актау","-","С даты подписания договора в течение 30 календарных дней","Предоплата - 0% , Промежуточный платеж - 100% , Окончательный платеж - 0% ","-",{"v":1,"d":"1.000"},{"v":1765768,"d":"1,765,768.000"},{"v":1765768,"d":"1,765,768.000"},{"v":1977660.16,"d":"1,977,660.160"},"-","Товарищество с ограниченной ответственностью \"Мангистауский атомный энергетический комбинат-Казатомпром\""]
[null,"-","100 У","620920.000.000002","Услуги по администрированию и техническому обслуживанию программно-аппаратного комплекса","Услуги по администрированию и техническому обслуживанию программно-аппаратного комплекса","Услуги по техническому обслуживанию автоматизированных рабочих мест (АРМ)Обновление программного комплекса АВС-4 \\ Услуги по техническому обслуживанию автоматизированных рабочих мест (АРМ)Обновление программного комплекса АВС-4","ОИ","137-2 (не превышает тысячекратного МРП)","0","01.2018","471010000, Мангистауская область, Актау Г.А., г.Актау, \"Мангистауская область, г. Актау, промзона, ТОО \"\"МАЭК-Казатомпром\"\", здание 201\"","471010000, Мангистауская область, Актау Г.А., г.Актау, г. Актау","-","С даты подписания договора в течение 30 календарных дней","Предоплата - 100% , Промежуточный платеж - 0% , Окончательный платеж - 0% ","-",{"v":1,"d":"1.000"},{"v":500000,"d":"500,000.000"},{"v":500000,"d":"500,000.000"},{"v":560000,"d":"560,000.000"},"-","Товарищество с ограниченной ответственностью \"Мангистауский атомный энергетический комбинат-Казатомпром\""]
[null,"-","101 У","639910.000.000000","Услуги по предоставлению информации","Услуги по предоставлению информации (информации из СМИ, из баз данных, других собранных/обработанных сведений)","Сервисные услуги сопровождения для получения продуктов 1С:Предприятия \\ Сервисные услуги сопровождения для получения продуктов 1С:Предприятия","ОИ","137-2 (не превышает тысячекратного МРП)","0","10.2018","471010000, Мангистауская область, Актау Г.А., г.Актау, \"Мангистауская область, г. Актау, промзона, ТОО \"\"МАЭК-Казатомпром\"\", здание 201\"","471010000, Мангистауская область, Актау Г.А., г.Актау, г. Актау","-","С даты подписания договора в течение 30 календарных дней","Предоплата - 100% , Промежуточный платеж - 0% , Окончательный платеж - 0% ","-",{"v":1,"d":"1.000"},{"v":100000,"d":"100,000.000"},{"v":100000,"d":"100,000.000"},{"v":112000,"d":"112,000.000"},"-","Товарищество с ограниченной ответственностью \"Мангистауский атомный энергетический комбинат-Казатомпром\""]
[null,"-","102 У","639910.000.000000","Услуги по предоставлению информации","Услуги по предоставлению информации (информации из СМИ, из баз данных, других собранных/обработанных сведений)","Услуги по передаче права  пользования Электронного представления сметно-нормативной базы 8 р/м (СНБ АВС) \\ Услуги по передаче права  пользования Электронного представления сметно-нормативной базы 8 р/м (СНБ АВС)","ОИ","137-2 (не превышает тысячекратного МРП)","0","04.2018","471010000, Мангистауская область, Актау Г.А., г.Актау, \"Мангистауская область, г. Актау, промзона, ТОО \"\"МАЭК-Казатомпром\"\", здание 201\"","471010000, Мангистауская область, Актау Г.А., г.Актау, г. Актау","-","С даты подписания договора в течение 30 календарных дней","Предоплата - 100% , Промежуточный платеж - 0% , Окончательный платеж - 0% ","-",{"v":1,"d":"1.000"},{"v":350000,"d":"350,000.000"},{"v":350000,"d":"350,000.000"},{"v":392000,"d":"392,000.000"},"-","Товарищество с ограниченной ответственностью \"Мангистауский атомный энергетический комбинат-Казатомпром\""]
[null,"-","103 У","749020.000.000057","Услуги актуариев","Услуги актуариев (рассчет, консультации и аналогичное)","\"услуга по актуарной оценке текущей стоимости обязательств ТОО \"\"МАЭК-Казатомпром\"\"\" \\ \"услуга по актуарной оценке текущей стоимости обязательств ТОО \"\"МАЭК-Казатомпром\"\"\"","ЦПП","-","100","09.2018","471000000, Мангистауская область, Актау Г.А., \"Мангистауская область, г. Актау, промзона, ТОО \"\"МАЭК-Казатомпром\"\", здание 201\"","471010000, Мангистауская область, Актау Г.А., г.Актау, г. Актау","-","с 09.2018 по 12.2018","Предоплата - 0% , Промежуточный платеж - 0% , Окончательный платеж - 100% ","-",{"v":1,"d":"1.000"},{"v":3108000,"d":"3,108,000.000"},{"v":3108000,"d":"3,108,000.000"},{"v":3108000,"d":"3,108,000.000"},"-","Товарищество с ограниченной ответственностью \"Мангистауский атомный энергетический комбинат-Казатомпром\""]
[null,"-","104 У","611011.200.000000","Услуги телефонной связи","Услуги фиксированной местной, междугородней, международной телефонной связи","-","ОИ","140-15 (услуги связи)","100","01.2018","471010000, Мангистауская область, Актау Г.А., г.Актау, \"Мангистауская область, г. Актау, промзона, ТОО \"\"МАЭК-Казатомпром\"\", здание 201\"","471010000, Мангистауская область, Актау Г.А., г.Актау, г. Актау","-","с 01.2018 по 12.2018","Предоплата - 0% , Промежуточный платеж - 100% , Окончательный платеж - 0% ","-",{"v":1,"d":"1.000"},{"v":3160714.29,"d":"3,160,714.290"},{"v":3160714.29,"d":"3,160,714.290"},{"v":3540000,"d":"3,540,000.000"},"-","Товарищество с ограниченной ответственностью \"Мангистауский атомный энергетический комбинат-Казатомпром\""]
[null,"-","105 У","619010.451.000000","Услуги по аренде каналов связи","Услуги по аренде каналов связи","-","ОИ","137-4 (внутрихолдинговая кооперация)","100","01.2018","471010000, Мангистауская область, Актау Г.А., г.Актау, \"Мангистауская область, г. Актау, промзона, ТОО \"\"МАЭК-Казатомпром\"\", здание 201\"","471010000, Мангистауская область, Актау Г.А., г.Актау, г. Актау","-","с 01.2018 по 12.2018","Предоплата - 0% , Промежуточный платеж - 100% , Окончательный платеж - 0% ","-",{"v":1,"d":"1.000"},{"v":1226785.72,"d":"1,226,785.720"},{"v":1226785.72,"d":"1,226,785.720"},{"v":1374000.01,"d":"1,374,000.010"},"-","Товарищество с ограниченной ответственностью \"Мангистауский атомный энергетический комбинат-Казатомпром\""]
[null,"-","106 У","619010.900.000003","Услуги телекоммуникационные","Предоставление услуг видеоконференц связи, доступа к сети Интернет, каналам передачи данных, международной и междугородней связи и SIP телефонии","-","ОИ","137-4 (внутрихолдинговая кооперация)","100","01.2018","471010000, Мангистауская область, Актау Г.А., г.Актау, \"Мангистауская область, г. Актау, промзона, ТОО \"\"МАЭК-Казатомпром\"\", здание 201\"","471010000, Мангистауская область, Актау Г.А., г.Актау, г. Актау","-","с 01.2018 по 12.2018","Предоплата - 0% , Промежуточный платеж - 100% , Окончательный платеж - 0% ","-",{"v":1,"d":"1.000"},{"v":13307142.86,"d":"13,307,142.860"},{"v":13307142.86,"d":"13,307,142.860"},{"v":14904000,"d":"14,904,000.000"},"ОВХ","Товарищество с ограниченной ответственностью \"Мангистауский атомный энергетический комбинат-Казатомпром\""]
[null,"-","107 У","612011.100.000000","Услуги сотовой связи","Услуги сотовой связи","-","ОИ","140-15 (услуги связи)","100","01.2018","471010000, Мангистауская область, Актау Г.А., г.Актау, \"Мангистауская область, г. Актау, промзона, ТОО \"\"МАЭК-Казатомпром\"\", здание 201\"","471010000, Мангистауская область, Актау Г.А., г.Актау, г. Актау","-","с 01.2018 по 12.2018","Предоплата - 0% , Промежуточный платеж - 100% , Окончательный платеж - 0% ","-",{"v":1,"d":"1.000"},{"v":1987500,"d":"1,987,500.000"},{"v":1987500,"d":"1,987,500.000"},{"v":2226000,"d":"2,226,000.000"},"-","Товарищество с ограниченной ответственностью \"Мангистауский атомный энергетический комбинат-Казатомпром\""]
[null,"-","108 У","613020.000.000000","Услуги по распространению программ через спутниковую связь","Услуги по распространению программ через спутниковую связь","-","ОИ","140-15 (услуги связи)","100","01.2018","471010000, Мангистауская область, Актау Г.А., г.Актау, \"Мангистауская область, г. Актау, промзона, ТОО \"\"МАЭК-Казатомпром\"\", здание 201\"","471010000, Мангистауская область, Актау Г.А., г.Актау, г. Актау","-","с 01.2018 по 12.2018","Предоплата - 0% , Промежуточный платеж - 100% , Окончательный платеж - 0% ","-",{"v":1,"d":"1.000"},{"v":37500,"d":"37,500.000"},{"v":37500,"d":"37,500.000"},{"v":42000,"d":"42,000.000"},"-","Товарищество с ограниченной ответственностью \"Мангистауский атомный энергетический комбинат-Казатомпром\""]
[null,"-","109 У","611043.100.000000","Услуги по доступу к Интернету","Услуги, направленные на предоставление доступа к Интернету широкополосному по сетям проводным","-","ОИ","140-15 (услуги связи)","100","01.2018","471010000, Мангистауская область, Актау Г.А., г.Актау, \"Мангистауская область, г. Актау, промзона, ТОО \"\"МАЭК-Казатомпром\"\", здание 201\"","471010000, Мангистауская область, Актау Г.А., г.Актау, г. Актау","-","с 01.2018 по 12.2018","Предоплата - 0% , Промежуточный платеж - 100% , Окончательный платеж - 0% ","-",{"v":1,"d":"1.000"},{"v":1660714.29,"d":"1,660,714.290"},{"v":1660714.29,"d":"1,660,714.290"},{"v":1860000,"d":"1,860,000.000"},"-","Товарищество с ограниченной ответственностью \"Мангистауский атомный энергетический комбинат-Казатомпром\""]
[null,"-","110 У","682012.960.000000","Услуги по аренде административных/производственных помещений","Услуги по аренде административных/производственных помещений","-","ОИ","140-15 (услуги связи)","100","01.2018","471010000, Мангистауская область, Актау Г.А., г.Актау, \"Мангистауская область, г. Актау, промзона, ТОО \"\"МАЭК-Казатомпром\"\", здание 201\"","471010000, Мангистауская область, Актау Г.А., г.Актау, г. Актау","-","с 01.2018 по 12.2018","Предоплата - 0% , Промежуточный платеж - 100% , Окончательный платеж - 0% ","-",{"v":1,"d":"1.000"},{"v":321428.58,"d":"321,428.580"},{"v":321428.58,"d":"321,428.580"},{"v":360000.01,"d":"360,000.010"},"-","Товарищество с ограниченной ответственностью \"Мангистауский атомный энергетический комбинат-Казатомпром\""]
[null,"-","111-1 У","749020.000.000114","Услуги по актуализации/обеспечению нормативной/справочной/технической информацией/документацией","Услуги по актуализации/обеспечению нормативной/справочной/технической информацией/документацией (кроме разработки/корректировки/составлению)","Услуги на иформационное обслуживание и обеспечение нармативными документами  в области стандартизации, метрологии и сертификации \\ Нормативтік/анықтамалық/техникалық ақпаратты өзектілендіру/олармен қамтамасыз ету бойынша қызметтер (даярлау, түзету, құрастырудан басқасы","ОИ","137-2 (не превышает тысячекратного МРП)","50","02.2018","471000000, Мангистауская область, Актау Г.А., Промзона, ТОО \"МАЭК-Казатомпром\", здание 201","471000000, Мангистауская область, Актау Г.А., Промзона, склад ТОО \"МАЭК-Казатомпром\"","-","С даты подписания договора по 12.2018","Окончательный платеж - 0% , Промежуточный платеж - 0% , Предоплата - 100% ","-",{"v":1,"d":"1.000"},{"v":1864800,"d":"1,864,800.000"},{"v":1864800,"d":"1,864,800.000"},{"v":2088576,"d":"2,088,576.000"},"-","Товарищество с ограниченной ответственностью \"Мангистауский атомный энергетический комбинат-Казатомпром\""]
[null,"-","112 У","749020.000.000118","Услуги по аккредитации/постаккредитации лаборатории","Услуги по аккредитации/постаккредитации лаборатории","\"Постаккредитационое обслуживание поверочной лаборатории ЦР КИПиА в соответствии с Законом РК \"\"Об аккредитации в области оценки соответствия\"\" и требованиями СТ РК ИСО/МЭК 17025-2007г\" \\ МАЭК-Қазатомөнеркәсіп» ЖШС салыстырып тексеру зертханасына постаккредитациялық қызмет көрсету","ОИ","137-2 (не превышает тысячекратного МРП)","100","07.2018","471010000, Мангистауская область, Актау Г.А., г.Актау, \"Мангистауская область, г. Актау, промзона, ТОО \"\"МАЭК-Казатомпром\"\", здание 201\"","471010000, Мангистауская область, Актау Г.А., г.Актау, г. Актау","-","С даты подписания договора по 12.2018","Предоплата - 100% , Промежуточный платеж - 0% , Окончательный платеж - 0% ","-",{"v":1,"d":"1.000"},{"v":1346030,"d":"1,346,030.000"},{"v":1346030,"d":"1,346,030.000"},{"v":1507553.6,"d":"1,507,553.600"},"-","Товарищество с ограниченной ответственностью \"Мангистауский атомный энергетический комбинат-Казатомпром\""]
[null,"-","113 У","749020.000.000118","Услуги по аккредитации/постаккредитации лаборатории","Услуги по аккредитации/постаккредитации лаборатории","Расширение области аккредитации поверочной лаборатории \\ Аккредиттеу саласын кеңейту тексеру зертханасы","ОИ","137-2 (не превышает тысячекратного МРП)","100","07.2018","471010000, Мангистауская область, Актау Г.А., г.Актау, \"Мангистауская область, г. Актау, промзона, ТОО \"\"МАЭК-Казатомпром\"\", здание 201\"","471010000, Мангистауская область, Актау Г.А., г.Актау, г. Актау","-","С даты подписания договора по 12.2018","Предоплата - 100% , Промежуточный платеж - 0% , Окончательный платеж - 0% ","-",{"v":1,"d":"1.000"},{"v":243000,"d":"243,000.000"},{"v":243000,"d":"243,000.000"},{"v":272160,"d":"272,160.000"},"-","Товарищество с ограниченной ответственностью \"Мангистауский атомный энергетический комбинат-Казатомпром\""]
[null,"-","114 У","749020.000.000118","Услуги по аккредитации/постаккредитации лаборатории","Услуги по аккредитации/постаккредитации лаборатории","Инспекционная проверка  лаборатории по химико-бактериологическому контролю производства цеха №2 ЗПДиПТВС \\ \"Испекционная тексеру зертханасында салыстырып тексеру ЖШС \"\"МАЭК-Казатомпром\"\" сәйкес аккредиттеуден кейінгі шартпен\"","ОИ","137-2 (не превышает тысячекратного МРП)","100","05.2018","471010000, Мангистауская область, Актау Г.А., г.Актау, \"Мангистауская область, г. Актау, промзона, ТОО \"\"МАЭК-Казатомпром\"\", здание 201\"","471010000, Мангистауская область, Актау Г.А., г.Актау, г. Актау","-","С даты подписания договора по 12.2018","Предоплата - 100% , Промежуточный платеж - 0% , Окончательный платеж - 0% ","-",{"v":1,"d":"1.000"},{"v":551430,"d":"551,430.000"},{"v":551430,"d":"551,430.000"},{"v":617601.6,"d":"617,601.600"},"-","Товарищество с ограниченной ответственностью \"Мангистауский атомный энергетический комбинат-Казатомпром\""]
[null,"-","115 У","749020.000.000118","Услуги по аккредитации/постаккредитации лаборатории","Услуги по аккредитации/постаккредитации лаборатории","Инспекционная проверка испытательной химической лаборатории ТЭС в  соответствии с постаккредитационным договором \\ \"Испекционная тексеру зертханасында салыстырып тексеру ЖШС \"\"МАЭК-Казатомпром\"\" сәйкес аккредиттеуден кейінгі шартпен\"","ОИ","137-2 (не превышает тысячекратного МРП)","100","07.2018","471010000, Мангистауская область, Актау Г.А., г.Актау, \"Мангистауская область, г. Актау, промзона, ТОО \"\"МАЭК-Казатомпром\"\", здание 201\"","471010000, Мангистауская область, Актау Г.А., г.Актау, г. Актау","-","С даты подписания договора по 12.2018","Предоплата - 100% , Промежуточный платеж - 0% , Окончательный платеж - 0% ","-",{"v":1,"d":"1.000"},{"v":551430,"d":"551,430.000"},{"v":551430,"d":"551,430.000"},{"v":617601.6,"d":"617,601.600"},"-","Товарищество с ограниченной ответственностью \"Мангистауский атомный энергетический комбинат-Казатомпром\""]
[null,"-","116 У","841311.000.000002","Услуги по аттестации/оценке и проверке знаний/уровня подготовки персонала/сотрудников","Услуги по аттестации/оценке и проверке знаний/уровня подготовки персонала/сотрудников","\"Проведение аттестации  поверителей  \" \\ Аттестациялау/бағалау және білімін/дайындық деңгейін тексеру (бастауыш, орта, жоғары білімнен басқа) бойынша қызметтер","ОИ","137-2 (не превышает тысячекратного МРП)","100","02.2018","471010000, Мангистауская область, Актау Г.А., г.Актау, \"Мангистауская область, г. Актау, промзона, ТОО \"\"МАЭК-Казатомпром\"\", здание 201\"","471010000, Мангистауская область, Актау Г.А., г.Актау, г. Актау","-","С даты подписания договора по 12.2018","Предоплата - 100% , Промежуточный платеж - 0% , Окончательный платеж - 0% ","-",{"v":1,"d":"1.000"},{"v":135400,"d":"135,400.000"},{"v":135400,"d":"135,400.000"},{"v":151648,"d":"151,648.000"},"-","Товарищество с ограниченной ответственностью \"Мангистауский атомный энергетический комбинат-Казатомпром\""]
[null,"-","117-1 У","749020.000.000116","Услуги по проведению метрологической аттестации средств измерений","Услуги по проведению метрологической аттестации средств измерений","Проведение метрологической экспертизы материалов с целью внесения СИ в Госреестр РК \\ Өлшеу құрылғыларын метрологиялық аттестауттауды жүргізу бойынша қызметтер","ОИ","137-2 (не превышает тысячекратного МРП)","100","02.2018","471010000, Мангистауская область, Актау Г.А., г.Актау, \"Мангистауская область, г. Актау, промзона, ТОО \"\"МАЭК-Казатомпром\"\", здание 201\"","471000000, Мангистауская область, Актау Г.А., Промзона, склад ТОО \"МАЭК-Казатомпром\"","-","С даты подписания договора по 12.2018","Окончательный платеж - 0% , Промежуточный платеж - 0% , Предоплата - 100% ","-",{"v":1,"d":"1.000"},{"v":617230,"d":"617,230.000"},{"v":617230,"d":"617,230.000"},{"v":691297.6,"d":"691,297.600"},"-","Товарищество с ограниченной ответственностью \"Мангистауский атомный энергетический комбинат-Казатомпром\""]
[null,"-","119 У","712019.000.000009","Услуги по диагностированию/экспертизе/анализу/испытаниям/тестированию/осмотру","Услуги по диагностированию/экспертизе/анализу/испытаниям/тестированию/осмотру","Межлабораторные сравнительные испытания \\ Диагностикалау/сараптау/талдау/сынау/тестілеу/тексеру қызметтері","ОИ","137-2 (не превышает тысячекратного МРП)","100","02.2018","471010000, Мангистауская область, Актау Г.А., г.Актау, \"Мангистауская область, г. Актау, промзона, ТОО \"\"МАЭК-Казатомпром\"\", здание 201\"","471010000, Мангистауская область, Актау Г.А., г.Актау, г. Актау","-","С даты подписания договора по 12.2018","Предоплата - 100% , Промежуточный платеж - 0% , Окончательный платеж - 0% ","-",{"v":1,"d":"1.000"},{"v":927857.15,"d":"927,857.150"},{"v":927857.15,"d":"927,857.150"},{"v":1039200.01,"d":"1,039,200.010"},"-","Товарищество с ограниченной ответственностью \"Мангистауский атомный энергетический комбинат-Казатомпром\""]
[null,"-","120 У","531012.200.000000","Универсальные услуги почтовой связи","Универсальные услуги почтовой связи (нерегиструемых почтовых отправлений)","расходы  по  отправке  приборов  курьерской службой  в сторонние организации  \\ Хат-хабарларды/бандерольдерді және ұқсас жүктерді курьерлік жеткізу бойынша қызметтер","ОИ","137-2 (не превышает тысячекратного МРП)","50","02.2018","471010000, Мангистауская область, Актау Г.А., г.Актау, \"Мангистауская область, г. Актау, промзона, ТОО \"\"МАЭК-Казатомпром\"\", здание 201\"","471010000, Мангистауская область, Актау Г.А., г.Актау, г. Актау","-","С даты подписания договора по 12.2018","Предоплата - 100% , Промежуточный платеж - 0% , Окончательный платеж - 0% ","-",{"v":1,"d":"1.000"},{"v":268000,"d":"268,000.000"},{"v":268000,"d":"268,000.000"},{"v":300160,"d":"300,160.000"},"-","Товарищество с ограниченной ответственностью \"Мангистауский атомный энергетический комбинат-Казатомпром\""]
[null,"-","121 У","712019.000.000005","Услуги по поверке средств измерений","Услуги по поверке средств измерений","Поверка  средств измерений  (рабочих эталонов и рабочих СИ)  с расчетом расширенной неопределенности \\ Кеңейтілген белгісіздік есебімен өлшеу құралдарын салыстырып тексеру","ОТП","-","50","02.2018","471010000, Мангистауская область, Актау Г.А., г.Актау, \"Мангистауская область, г. Актау, промзона, ТОО \"\"МАЭК-Казатомпром\"\", здание 201\"","471010000, Мангистауская область, Актау Г.А., г.Актау, г. Актау","-","С даты подписания договора по 12.2018","Предоплата - 100% , Промежуточный платеж - 0% , Окончательный платеж - 0% ","-",{"v":1,"d":"1.000"},{"v":3466650,"d":"3,466,650.000"},{"v":3466650,"d":"3,466,650.000"},{"v":3882648,"d":"3,882,648.000"},"-","Товарищество с ограниченной ответственностью \"Мангистауский атомный энергетический комбинат-Казатомпром\""]
[null,"-","122 У","712019.000.000005","Услуги по поверке средств измерений","Услуги по поверке средств измерений","Поверка средств измерений для аккредитованных лабораторий  комбината \\ Шеттегі мекемелермен салыстырып тексерілетін ӨҚ үшін белгісіздіктің есеп айырысуы","ОТП","-","50","05.2018","471010000, Мангистауская область, Актау Г.А., г.Актау, \"Мангистауская область, г. Актау, промзона, ТОО \"\"МАЭК-Казатомпром\"\", здание 201\"","471010000, Мангистауская область, Актау Г.А., г.Актау, г. Актау","-","С даты подписания договора по 12.2018","Предоплата - 100% , Промежуточный платеж - 0% , Окончательный платеж - 0% ","-",{"v":1,"d":"1.000"},{"v":5053660,"d":"5,053,660.000"},{"v":5053660,"d":"5,053,660.000"},{"v":5660099.2,"d":"5,660,099.200"},"-","Товарищество с ограниченной ответственностью \"Мангистауский атомный энергетический комбинат-Казатомпром\""]
[null,"-","123 У","749020.000.000106","Услуги по расчету неопределенности поверяемых средств измерений","Услуги по расчету неопределенности поверяемых средств измерений","Расчет неопределенности, поверяемых средств измерений для аккредитованных лабораторий  комбината \\ Калибрленген өлшеу құралдарының белгісіздік есептеу үшін қызмет","ОИ","137-2 (не превышает тысячекратного МРП)","50","07.2018","471010000, Мангистауская область, Актау Г.А., г.Актау, \"Мангистауская область, г. Актау, промзона, ТОО \"\"МАЭК-Казатомпром\"\", здание 201\"","471010000, Мангистауская область, Актау Г.А., г.Актау, г. Актау","-","С даты подписания договора по 12.2018","Предоплата - 100% , Промежуточный платеж - 0% , Окончательный платеж - 0% ","-",{"v":1,"d":"1.000"},{"v":1643260,"d":"1,643,260.000"},{"v":1643260,"d":"1,643,260.000"},{"v":1840451.2,"d":"1,840,451.200"},"-","Товарищество с ограниченной ответственностью \"Мангистауский атомный энергетический комбинат-Казатомпром\""]
[null,"-","124 У","712019.000.000005","Услуги по поверке средств измерений","Услуги по поверке средств измерений","Поверка эталонных гирь Е1 и Е2 с расчетом неопределенности \\ Белгісіздікті есептеп Е1 және Е2 эталонн гирін салыстырып тексеру ","ОТП","-","50","02.2018","471010000, Мангистауская область, Актау Г.А., г.Актау, \"Мангистауская область, г. Актау, промзона, ТОО \"\"МАЭК-Казатомпром\"\", здание 201\"","471010000, Мангистауская область, Актау Г.А., г.Актау, г. Актау","-","С даты подписания договора по 12.2018","Предоплата - 100% , Промежуточный платеж - 0% , Окончательный платеж - 0% ","-",{"v":1,"d":"1.000"},{"v":99960,"d":"99,960.000"},{"v":99960,"d":"99,960.000"},{"v":111955.2,"d":"111,955.200"},"-","Товарищество с ограниченной ответственностью \"Мангистауский атомный энергетический комбинат-Казатомпром\""]
[null,"-","125-1 У","331311.100.000008","Услуги по техническому обслуживанию контрольно-измерительных приборов и автоматики и аналогичных измерительных средств и оборудования","Услуги по техническому обслуживанию контрольно-измерительных приборов и автоматики и аналогичных измерительных средств и оборудования","Метрологическое обслуживание ,калибровка средств измерений ионизирующих излучений \\ Пайдалану орны бойынша ионды сәулелену құралдарына метрологиялық қызмет көрсету, калибрлеу ","ЦПП","-","50","02.2018","471010000, Мангистауская область, Актау Г.А., г.Актау, \"Мангистауская область, г. Актау, промзона, ТОО \"\"МАЭК-Казатомпром\"\", здание 201\"","471010000, Мангистауская область, Актау Г.А., г.Актау, г. Актау","-","С даты подписания договора по 12.2018","Окончательный платеж - 0% , Промежуточный платеж - 0% , Предоплата - 100% ","-",{"v":1,"d":"1.000"},{"v":5018828.57,"d":"5,018,828.570"},{"v":5018828.57,"d":"5,018,828.570"},{"v":5621088,"d":"5,621,088.000"},"-","Товарищество с ограниченной ответственностью \"Мангистауский атомный энергетический комбинат-Казатомпром\""]
[null,"-","126 У","712019.000.000005","Услуги по поверке средств измерений","Услуги по поверке средств измерений","Поверка средств измерений (мер твёрдости) с расчетом расширенной неопределенности \\ Кеңейтілген белгісіздік есебімен өлшеу құралдарын салыстырып тексеру (қаттылық өлшемі ) ","ОТП","-","50","02.2018","471010000, Мангистауская область, Актау Г.А., г.Актау, \"Мангистауская область, г. Актау, промзона, ТОО \"\"МАЭК-Казатомпром\"\", здание 201\"","471010000, Мангистауская область, Актау Г.А., г.Актау, г. Актау","-","С даты подписания договора по 12.2018","Предоплата - 100% , Промежуточный платеж - 0% , Окончательный платеж - 0% ","-",{"v":1,"d":"1.000"},{"v":160000,"d":"160,000.000"},{"v":160000,"d":"160,000.000"},{"v":179200,"d":"179,200.000"},"-","Товарищество с ограниченной ответственностью \"Мангистауский атомный энергетический комбинат-Казатомпром\""]
[null,"-","127-1 У","331311.100.000008","Услуги по техническому обслуживанию контрольно-измерительных приборов и автоматики и аналогичных измерительных средств и оборудования","Услуги по техническому обслуживанию контрольно-измерительных приборов и автоматики и аналогичных измерительных средств и оборудования","Поверка, наладка, юстировка калибраторов  DPI \\ Тексеру, баптау, түзету калибраторов DPI","ОИ","137-2 (не превышает тысячекратного МРП)","50","01.2018","471010000, Мангистауская область, Актау Г.А., г.Актау, \"Мангистауская область, г. Актау, промзона, ТОО \"\"МАЭК-Казатомпром\"\", здание 201\"","471010000, Мангистауская область, Актау Г.А., г.Актау, г. Актау","-","С даты подписания договора по 12.2018","Окончательный платеж - 0% , Промежуточный платеж - 0% , Предоплата - 100% ","-",{"v":1,"d":"1.000"},{"v":728660,"d":"728,660.000"},{"v":728660,"d":"728,660.000"},{"v":816099.2,"d":"816,099.200"},"-","Товарищество с ограниченной ответственностью \"Мангистауский атомный энергетический комбинат-Казатомпром\""]
[null,"-","128-1 У","331311.100.000008","Услуги по техническому обслуживанию контрольно-измерительных приборов и автоматики и аналогичных измерительных средств и оборудования","Услуги по техническому обслуживанию контрольно-измерительных приборов и автоматики и аналогичных измерительных средств и оборудования","Техническое обслуживание  сигнализаторов  хлора СТГ \\ Техникалық қызмет көрсету сигнализаторы хлор СТГ","ОИ","137-2 (не превышает тысячекратного МРП)","50","07.2018","471000000, Мангистауская область, Актау Г.А., Промзона, ТОО \"МАЭК-Казатомпром\", здание 201","471000000, Мангистауская область, Актау Г.А., Промзона, склад ТОО \"МАЭК-Казатомпром\"","-","С даты подписания договора по 12.2018","Окончательный платеж - 0% , Промежуточный платеж - 0% , Предоплата - 100% ","-",{"v":1,"d":"1.000"},{"v":446430,"d":"446,430.000"},{"v":446430,"d":"446,430.000"},{"v":500001.6,"d":"500,001.600"},"-","Товарищество с ограниченной ответственностью \"Мангистауский атомный энергетический комбинат-Казатомпром\""]
[null,"-","129-1 У","749020.000.000116","Услуги по проведению метрологической аттестации средств измерений","Услуги по проведению метрологической аттестации средств измерений","Калибровка и метрологическая аттестация виброанализаторов \\ Калибрлеу және метрологиялық аттестаттау виброанализаторов","ОИ","137-2 (не превышает тысячекратного МРП)","50","07.2018","471010000, Мангистауская область, Актау Г.А., г.Актау, \"Мангистауская область, г. Актау, промзона, ТОО \"\"МАЭК-Казатомпром\"\", здание 201\"","471010000, Мангистауская область, Актау Г.А., г.Актау, г. Актау","-","С даты подписания договора по 12.2018","Окончательный платеж - 0% , Промежуточный платеж - 0% , Предоплата - 100% ","-",{"v":1,"d":"1.000"},{"v":264330,"d":"264,330.000"},{"v":264330,"d":"264,330.000"},{"v":296049.6,"d":"296,049.600"},"-","Товарищество с ограниченной ответственностью \"Мангистауский атомный энергетический комбинат-Казатомпром\""]
[null,"-","130 У","712019.000.000005","Услуги по поверке средств измерений","Услуги по поверке средств измерений","Сервисное обслуживание и поверка газоанализаторов Testo350XL \\ Сервисное обслуживание и поверка газоанализаторов Testo350XL","ОТП","-","50","02.2018","471010000, Мангистауская область, Актау Г.А., г.Актау, \"Мангистауская область, г. Актау, промзона, ТОО \"\"МАЭК-Казатомпром\"\", здание 201\"","471010000, Мангистауская область, Актау Г.А., г.Актау, г. Актау","-","С даты подписания договора по 12.2018","Предоплата - 100% , Промежуточный платеж - 0% , Окончательный платеж - 0% ","-",{"v":1,"d":"1.000"},{"v":394500,"d":"394,500.000"},{"v":394500,"d":"394,500.000"},{"v":441840,"d":"441,840.000"},"-","Товарищество с ограниченной ответственностью \"Мангистауский атомный энергетический комбинат-Казатомпром\""]
[null,"-","131 У","712019.000.000005","Услуги по поверке средств измерений","Услуги по поверке средств измерений","Поверка ВЕ-метра \\ ВЕ-метрін салыстырып тексеру","ОТП","-","50","02.2018","471010000, Мангистауская область, Актау Г.А., г.Актау, \"Мангистауская область, г. Актау, промзона, ТОО \"\"МАЭК-Казатомпром\"\", здание 201\"","471010000, Мангистауская область, Актау Г.А., г.Актау, г. Актау","-","С даты подписания договора по 12.2018","Предоплата - 100% , Промежуточный платеж - 0% , Окончательный платеж - 0% ","-",{"v":1,"d":"1.000"},{"v":58930,"d":"58,930.000"},{"v":58930,"d":"58,930.000"},{"v":66001.6,"d":"66,001.600"},"-","Товарищество с ограниченной ответственностью \"Мангистауский атомный энергетический комбинат-Казатомпром\""]
[null,"-","132 У","712019.000.000005","Услуги по поверке средств измерений","Услуги по поверке средств измерений","Юстировка (легализация)  и ремонт тахографов \\ Тахографтарды салыстырып тексеру және заңдастыру","ОТП","-","50","02.2018","471010000, Мангистауская область, Актау Г.А., г.Актау, \"Мангистауская область, г. Актау, промзона, ТОО \"\"МАЭК-Казатомпром\"\", здание 201\"","471010000, Мангистауская область, Актау Г.А., г.Актау, г. Актау","-","С даты подписания договора по 12.2018","Предоплата - 100% , Промежуточный платеж - 0% , Окончательный платеж - 0% ","-",{"v":1,"d":"1.000"},{"v":553100,"d":"553,100.000"},{"v":553100,"d":"553,100.000"},{"v":619472,"d":"619,472.000"},"-","Товарищество с ограниченной ответственностью \"Мангистауский атомный энергетический комбинат-Казатомпром\""]
[null,"-","133 У","712019.000.000005","Услуги по поверке средств измерений","Услуги по поверке средств измерений","Поверка тахеометра электронного Focus6 и нивелира Gol26 \\ өлшеу тахеометра электрондық Focus6 және нивелира Gol26","ОТП","-","50","02.2018","471010000, Мангистауская область, Актау Г.А., г.Актау, \"Мангистауская область, г. Актау, промзона, ТОО \"\"МАЭК-Казатомпром\"\", здание 201\"","471010000, Мангистауская область, Актау Г.А., г.Актау, г. Актау","-","С даты подписания договора по 12.2018","Предоплата - 100% , Промежуточный платеж - 0% , Окончательный платеж - 0% ","-",{"v":1,"d":"1.000"},{"v":88393,"d":"88,393.000"},{"v":88393,"d":"88,393.000"},{"v":99000.16,"d":"99,000.160"},"-","Товарищество с ограниченной ответственностью \"Мангистауский атомный энергетический комбинат-Казатомпром\""]
[null,"-","134 У","712019.000.000005","Услуги по поверке средств измерений","Услуги по поверке средств измерений","Поверка оптического тестера FOT-930 и платформы модульной FTB-200, FTB7200 \\  өлшеу оптикалық деп тестер FOT-930 платформасы модульдік FTB-200, FTB7200","ОТП","-","50","02.2018","471010000, Мангистауская область, Актау Г.А., г.Актау, \"Мангистауская область, г. Актау, промзона, ТОО \"\"МАЭК-Казатомпром\"\", здание 201\"","471010000, Мангистауская область, Актау Г.А., г.Актау, г. Актау","-","С даты подписания договора по 12.2018","Предоплата - 100% , Промежуточный платеж - 0% , Окончательный платеж - 0% ","-",{"v":1,"d":"1.000"},{"v":108661,"d":"108,661.000"},{"v":108661,"d":"108,661.000"},{"v":121700.32,"d":"121,700.320"},"-","Товарищество с ограниченной ответственностью \"Мангистауский атомный энергетический комбинат-Казатомпром\""]
[null,"-","135 У","712019.000.000005","Услуги по поверке средств измерений","Услуги по поверке средств измерений","Поверка расходомеров-счетчиков ультразвуковых \\ Ультра дыбысты шығын өлшеуіштерді-санауыштарды салыстырып тексеру","ОТП","-","50","02.2018","471010000, Мангистауская область, Актау Г.А., г.Актау, \"Мангистауская область, г. Актау, промзона, ТОО \"\"МАЭК-Казатомпром\"\", здание 201\"","471010000, Мангистауская область, Актау Г.А., г.Актау, г. Актау","-","С даты подписания договора по 12.2018","Предоплата - 100% , Промежуточный платеж - 0% , Окончательный платеж - 0% ","-",{"v":1,"d":"1.000"},{"v":108660.8,"d":"108,660.800"},{"v":108660.8,"d":"108,660.800"},{"v":121700.1,"d":"121,700.100"},"-","Товарищество с ограниченной ответственностью \"Мангистауский атомный энергетический комбинат-Казатомпром\""]
[null,"-","136 У","712019.000.000005","Услуги по поверке средств измерений","Услуги по поверке средств измерений","Поверка транформаторов тока и напряжения \\   өлшеу транформаторов ток және кернеу","ОТП","-","50","02.2018","471010000, Мангистауская область, Актау Г.А., г.Актау, \"Мангистауская область, г. Актау, промзона, ТОО \"\"МАЭК-Казатомпром\"\", здание 201\"","471010000, Мангистауская область, Актау Г.А., г.Актау, г. Актау","-","С даты подписания договора по 12.2018","Предоплата - 100% , Промежуточный платеж - 0% , Окончательный платеж - 0% ","-",{"v":1,"d":"1.000"},{"v":1797650,"d":"1,797,650.000"},{"v":1797650,"d":"1,797,650.000"},{"v":2013368,"d":"2,013,368.000"},"-","Товарищество с ограниченной ответственностью \"Мангистауский атомный энергетический комбинат-Казатомпром\""]
[null,"-","137-1 У","712019.000.000005","Услуги по поверке средств измерений","Услуги по поверке средств измерений","Регулировка, настройка, калибровка и поверка  универсального газоанализатора ГАНК-4(АР) \\ ГАНК-4 сериялы универсалды газ талдағышты салыстырып тексеру","ОТП","-","50","03.2018","471010000, Мангистауская область, Актау Г.А., г.Актау, \"Мангистауская область, г. Актау, промзона, ТОО \"\"МАЭК-Казатомпром\"\", здание 201\"","471010000, Мангистауская область, Актау Г.А., г.Актау, г. Актау","-","С даты подписания договора по 12.2018","Окончательный платеж - 0% , Промежуточный платеж - 0% , Предоплата - 100% ","-",{"v":1,"d":"1.000"},{"v":232390,"d":"232,390.000"},{"v":232390,"d":"232,390.000"},{"v":260276.8,"d":"260,276.800"},"-","Товарищество с ограниченной ответственностью \"Мангистауский атомный энергетический комбинат-Казатомпром\""]
[null,"-","138 У","712019.000.000005","Услуги по поверке средств измерений","Услуги по поверке средств измерений","Поверка газоанализатора ПЭМ-2М \\ газ анализаторынiң Тексерусы ПЭМ-2М ","ОТП","-","50","02.2018","471010000, Мангистауская область, Актау Г.А., г.Актау, \"Мангистауская область, г. Актау, промзона, ТОО \"\"МАЭК-Казатомпром\"\", здание 201\"","471010000, Мангистауская область, Актау Г.А., г.Актау, г. Актау","-","С даты подписания договора по 12.2018","Предоплата - 100% , Промежуточный платеж - 0% , Окончательный платеж - 0% ","-",{"v":1,"d":"1.000"},{"v":55780,"d":"55,780.000"},{"v":55780,"d":"55,780.000"},{"v":62473.6,"d":"62,473.600"},"-","Товарищество с ограниченной ответственностью \"Мангистауский атомный энергетический комбинат-Казатомпром\""]
[null,"-","139 У","749020.000.000116","Услуги по проведению метрологической аттестации средств измерений","Услуги по проведению метрологической аттестации средств измерений","Техническое обслуживание  , калибровка исходных эталонов (установка  ЦУ-6804МС ) \\ Техникылақ қызмет көрсету, бастапқы эталондарды калибрлеу ЦУ-6804МС ","ОИ","137-2 (не превышает тысячекратного МРП)","50","02.2018","471010000, Мангистауская область, Актау Г.А., г.Актау, \"Мангистауская область, г. Актау, промзона, ТОО \"\"МАЭК-Казатомпром\"\", здание 201\"","471010000, Мангистауская область, Актау Г.А., г.Актау, г. Актау","-","С даты подписания договора по 12.2018","Предоплата - 100% , Промежуточный платеж - 0% , Окончательный платеж - 0% ","-",{"v":1,"d":"1.000"},{"v":200900,"d":"200,900.000"},{"v":200900,"d":"200,900.000"},{"v":225008,"d":"225,008.000"},"-","Товарищество с ограниченной ответственностью \"Мангистауский атомный энергетический комбинат-Казатомпром\""]
[null,"-","142 У","331311.100.000008","Услуги по техническому обслуживанию контрольно-измерительных приборов и автоматики и аналогичных измерительных средств и оборудования","Услуги по техническому обслуживанию контрольно-измерительных приборов и автоматики и аналогичных измерительных средств и оборудования","Метрологическое  обслуживание калибратора                               АТ 01 М \\ АТ 01 М калибраторына метрологиялық қызмет көрсету","ЦПП","-","50","04.2018","471010000, Мангистауская область, Актау Г.А., г.Актау, \"Мангистауская область, г. Актау, промзона, ТОО \"\"МАЭК-Казатомпром\"\", здание 201\"","471010000, Мангистауская область, Актау Г.А., г.Актау, г. Актау","-","С даты подписания договора по 12.2018","Предоплата - 100% , Промежуточный платеж - 0% , Окончательный платеж - 0% ","-",{"v":1,"d":"1.000"},{"v":98210,"d":"98,210.000"},{"v":98210,"d":"98,210.000"},{"v":109995.2,"d":"109,995.200"},"-","Товарищество с ограниченной ответственностью \"Мангистауский атомный энергетический комбинат-Казатомпром\""]
[null,"-","143-1 У","712019.000.000005","Услуги по поверке средств измерений","Услуги по поверке средств измерений","Поверка лабороторных приборов ЦРТи ТД (люксметр типа ТКА-Люкс, измеритель оптической плотности  типа ОФ-10 ДЦМ  (0-4)Б) \\ РТжТДО зертханалыық аспаптарын тексеру (люксметр типті ТКА-Люкс,  ОФ-10 ДЦМ  (0-4)Б)типті оптикалық тығыздығын өлшегіш","ОТП","-","50","03.2018","471010000, Мангистауская область, Актау Г.А., г.Актау, \"Мангистауская область, г. Актау, промзона, ТОО \"\"МАЭК-Казатомпром\"\", здание 201\"","471010000, Мангистауская область, Актау Г.А., г.Актау, г. Актау","-","С даты подписания договора по 12.2018","Окончательный платеж - 0% , Промежуточный платеж - 0% , Предоплата - 100% ","-",{"v":1,"d":"1.000"},{"v":537457.14,"d":"537,457.140"},{"v":537457.14,"d":"537,457.140"},{"v":601952,"d":"601,952.000"},"-","Товарищество с ограниченной ответственностью \"Мангистауский атомный энергетический комбинат-Казатомпром\""]
[null,"-","144-1 У","331311.100.000008","Услуги по техническому обслуживанию контрольно-измерительных приборов и автоматики и аналогичных измерительных средств и оборудования","Услуги по техническому обслуживанию контрольно-измерительных приборов и автоматики и аналогичных измерительных средств и оборудования","Метрологическое  обслуживание , калибровка тепловизора мод. NEC-7102WX (производства фирмы «NEC San-ei», Япония \\ NEC-7102WX мод. («NEC San-ei», Жапония фирмасының өндірісі) тепловизорына метрологиялық қызмет көрсету, калибрлеу","ОТП","-","50","03.2018","471000000, Мангистауская область, Актау Г.А., Промзона, ТОО \"МАЭК-Казатомпром\", здание 201","471000000, Мангистауская область, Актау Г.А., Промзона, склад ТОО \"МАЭК-Казатомпром\"","-","С даты подписания договора по 12.2018","Окончательный платеж - 0% , Промежуточный платеж - 0% , Предоплата - 100% ","-",{"v":1,"d":"1.000"},{"v":77318.57,"d":"77,318.570"},{"v":77318.57,"d":"77,318.570"},{"v":86596.8,"d":"86,596.800"},"-","Товарищество с ограниченной ответственностью \"Мангистауский атомный энергетический комбинат-Казатомпром\""]
[null,"-","145-1 У","712019.000.000005","Услуги по поверке средств измерений","Услуги по поверке средств измерений","Поверка  средств измерений физико-химических величин для испытательных лабораторий  (люксметр типа ТКА-Люкс,  октанометр) \\ Өлшеу құралдарын тексеру физикалық-химиялық шамалар үшін сынақ зертханаларын (люксметр үлгідегі ТКА-Люкс, октанометр)","ОТП","-","50","03.2018","471010000, Мангистауская область, Актау Г.А., г.Актау, \"Мангистауская область, г. Актау, промзона, ТОО \"\"МАЭК-Казатомпром\"\", здание 201\"","471010000, Мангистауская область, Актау Г.А., г.Актау, г. Актау","-","С даты подписания договора по 12.2018","Окончательный платеж - 0% , Промежуточный платеж - 0% , Предоплата - 100% ","-",{"v":1,"d":"1.000"},{"v":155900,"d":"155,900.000"},{"v":155900,"d":"155,900.000"},{"v":174608,"d":"174,608.000"},"-","Товарищество с ограниченной ответственностью \"Мангистауский атомный энергетический комбинат-Казатомпром\""]
[null,"-","146 У","749020.000.000135","Услуги по экспертизе/анализу/проверке документации","Услуги по экспертизе/анализу/проверке документации","Актуализация материалов аккредитации  для поверочных и испытательных  лабораторий  ТОО «МАЭК-Казатомпром» \\ \"Аккредиттеу материалдарын өзекті ету үшін салыстырып тексеру және сынақ зертханаларын ЖШС \"\"МАЭК-Казатомпром\"","ОИ","137-2 (не превышает тысячекратного МРП)","50","06.2018","471010000, Мангистауская область, Актау Г.А., г.Актау, \"Мангистауская область, г. Актау, промзона, ТОО \"\"МАЭК-Казатомпром\"\", здание 201\"","471010000, Мангистауская область, Актау Г.А., г.Актау, г. Актау","-","С даты подписания договора по 12.2018","Предоплата - 100% , Промежуточный платеж - 0% , Окончательный платеж - 0% ","-",{"v":1,"d":"1.000"},{"v":178571.5,"d":"178,571.500"},{"v":178571.5,"d":"178,571.500"},{"v":200000.08,"d":"200,000.080"},"-","Товарищество с ограниченной ответственностью \"Мангистауский атомный энергетический комбинат-Казатомпром\""]
[null,"-","147 У","331229.900.000009","Услуги по техническому обслуживанию автоматизированных систем управления/контроля/мониторинга/учета/диспетчеризации и аналогичного оборудования","Услуги по техническому обслуживанию автоматизированных систем управления/контроля/мониторинга/учета/диспетчеризации и аналогичного оборудования","\"Обновление антивирусных станций и баз ПО, ПТК \"\"Овация\"\" блоков 1÷3 ТЭС\" \\ \"Жаңарту вирусқа қарсы станциялары мен базалары БОЙЫНША, ӨТК \"\"Овация\"\" блок 1÷3 ЖЭС\"","ОТП","-","40","06.2018","471010000, Мангистауская область, Актау Г.А., г.Актау, \"Мангистауская область, г. Актау, промзона, ТОО \"\"МАЭК-Казатомпром\"\", здание 201\"","471010000, Мангистауская область, Актау Г.А., г.Актау, г. Актау","-","С даты подписания договора по 12.2018","Предоплата - 0% , Промежуточный платеж - 0% , Окончательный платеж - 100% ","-",{"v":1,"d":"1.000"},{"v":7525000,"d":"7,525,000.000"},{"v":7525000,"d":"7,525,000.000"},{"v":8428000,"d":"8,428,000.000"},"-","Товарищество с ограниченной ответственностью \"Мангистауский атомный энергетический комбинат-Казатомпром\""]
[null,"-","148 У","331229.900.000009","Услуги по техническому обслуживанию автоматизированных систем управления/контроля/мониторинга/учета/диспетчеризации и аналогичного оборудования","Услуги по техническому обслуживанию автоматизированных систем управления/контроля/мониторинга/учета/диспетчеризации и аналогичного оборудования","Сервисное обслуживание АСУ ТП котлоагрегатов ст.№4,5 ТЭЦ-1  \\ Сервистік қызмет көрсету ТП АБЖ қазандық ст.№4,5 ЖЭО-1","ОТП","-","40","04.2018","471010000, Мангистауская область, Актау Г.А., г.Актау, \"Мангистауская область, г. Актау, промзона, ТОО \"\"МАЭК-Казатомпром\"\", здание 201\"","471010000, Мангистауская область, Актау Г.А., г.Актау, г. Актау","-","С даты подписания договора по 12.2018","Предоплата - 0% , Промежуточный платеж - 0% , Окончательный платеж - 100% ","-",{"v":1,"d":"1.000"},{"v":4890000,"d":"4,890,000.000"},{"v":4890000,"d":"4,890,000.000"},{"v":5476800,"d":"5,476,800.000"},"-","Товарищество с ограниченной ответственностью \"Мангистауский атомный энергетический комбинат-Казатомпром\""]
[null,"-","149-1 У","712019.000.000009","Услуги по диагностированию/экспертизе/анализу/испытаниям/тестированию/осмотру","Услуги по диагностированию/экспертизе/анализу/испытаниям/тестированию/осмотру","Энергетическая экспертиза соглашения об исполнении инвестиционных обязательств за 2017 год \\ 2017 жылғы инвестициялық міндеттерін орынбау туралы энергетикалық сараптама келісімі","ОТП","-","100","04.2018","471010000, Мангистауская область, Актау Г.А., г.Актау, \"Мангистауская область, г. Актау, промзона, ТОО \"\"МАЭК-Казатомпром\"\", здание 201\"","471010000, Мангистауская область, Актау Г.А., г.Актау, г. Актау","-","с 07.2018 по 12.2018","Окончательный платеж - 60% , Промежуточный платеж - 40% , Предоплата - 0% ","-",{"v":1,"d":"1.000"},{"v":3125000,"d":"3,125,000.000"},{"v":3125000,"d":"3,125,000.000"},{"v":3500000,"d":"3,500,000.000"},"-","Товарищество с ограниченной ответственностью \"Мангистауский атомный энергетический комбинат-Казатомпром\""]
[null,"-","150 У","712019.000.000009","Услуги по диагностированию/экспертизе/анализу/испытаниям/тестированию/осмотру","Услуги по диагностированию/экспертизе/анализу/испытаниям/тестированию/осмотру","Экспертиза работ по ремонту основных фондов  \\ Негізгі қорларын жөндеу бойынша жұмыстарды сараптау","ОТП","-","100","06.2018","471010000, Мангистауская область, Актау Г.А., г.Актау, \"Мангистауская область, г. Актау, промзона, ТОО \"\"МАЭК-Казатомпром\"\", здание 201\"","471010000, Мангистауская область, Актау Г.А., г.Актау, г. Актау","-","с 09.2018 по 12.2018","Предоплата - 0% , Промежуточный платеж - 40% , Окончательный платеж - 60% ","-",{"v":1,"d":"1.000"},{"v":3125000,"d":"3,125,000.000"},{"v":3125000,"d":"3,125,000.000"},{"v":3500000,"d":"3,500,000.000"},"-","Товарищество с ограниченной ответственностью \"Мангистауский атомный энергетический комбинат-Казатомпром\""]
[null,"-","151 У","841112.900.000011","Услуги банков по перечислению/переводу денежных средств","Услуги банков по перечислению/переводу денежных средств","Кассовое обслуживание населения по оплате потребленных энергоресурсов \\ Тұтынылған энергоресурстарды төлеу бойынша халыққа кассалық қызмет көрсету ","ОИ","137-27 (услуги по приему оплаты за предост.  услуги, в т.ч. через электронные терминалы)","100","12.2017","471010000, Мангистауская область, Актау Г.А., г.Актау, \"Мангистауская область, г. Актау, промзона, ТОО \"\"МАЭК-Казатомпром\"\", здание 201\"","471010000, Мангистауская область, Актау Г.А., г.Актау, г. Актау","-","с 01.2018 по 12.2018","Предоплата - 0% , Промежуточный платеж - 100% , Окончательный платеж - 0% ","-",{"v":1,"d":"1.000"},{"v":21428571.43,"d":"21,428,571.430"},{"v":21428571.43,"d":"21,428,571.430"},{"v":24000000,"d":"24,000,000.000"},"-","Товарищество с ограниченной ответственностью \"Мангистауский атомный энергетический комбинат-Казатомпром\""]
[null,"-","152 У","749020.000.000009","Услуги по страхованию от несчастных случаев","Услуги по страхованию от несчастных случаев","Обязательное страхование работника от несчастных случаев при исполнении им трудовых (служебных) обязанностей \\ Жұмысшыны еңбек (қызметтік) міндеттерін орындау кезінде жазатайым оқиғадан міндетті сақтандыру","ОИ","140-11 (услуги рейтинговых агентств, финансовые услуги за исключением услуг мед.страхования)","100","11.2018","471010000, Мангистауская область, Актау Г.А., г.Актау, \"Мангистауская область, г. Актау, промзона, ТОО \"\"МАЭК-Казатомпром\"\", здание 201\"","471010000, Мангистауская область, Актау Г.А., г.Актау, г. Актау","-","с 01.2018 по 12.2018","Предоплата - 100% , Промежуточный платеж - 0% , Окончательный платеж - 0% ","-",{"v":1,"d":"1.000"},{"v":95469000,"d":"95,469,000.000"},{"v":95469000,"d":"95,469,000.000"},{"v":95469000,"d":"95,469,000.000"},"-","Товарищество с ограниченной ответственностью \"Мангистауский атомный энергетический комбинат-Казатомпром\""]
[null,"-","153 У","749020.000.000012","Услуги по страхованию автомобильного транспорта","Услуги по страхованию автомобильного транспорта","Обязательное страхование ГПО перевозчика перед пассажирами \\ Жолаушылар алдында  тасымалданатын  АЖК міндетті сақтандыру","ОИ","140-11 (услуги рейтинговых агентств, финансовые услуги за исключением услуг мед.страхования)","100","11.2018","471010000, Мангистауская область, Актау Г.А., г.Актау, \"Мангистауская область, г. Актау, промзона, ТОО \"\"МАЭК-Казатомпром\"\", здание 201\"","471010000, Мангистауская область, Актау Г.А., г.Актау, г. Актау","-","с 01.2018 по 12.2018","Предоплата - 100% , Промежуточный платеж - 0% , Окончательный платеж - 0% ","-",{"v":1,"d":"1.000"},{"v":703000,"d":"703,000.000"},{"v":703000,"d":"703,000.000"},{"v":703000,"d":"703,000.000"},"-","Товарищество с ограниченной ответственностью \"Мангистауский атомный энергетический комбинат-Казатомпром\""]
[null,"-","154 У","749020.000.000011","Услуги по страхованию гражданско-правовой ответственности владельцев автомобильного транспорта","Услуги по страхованию гражданско-правовой ответственности владельцев автомобильного транспорта","Обязательное страхование ГПО владельцев транспортных средств \\ Көлік құралдары иелерінің АҚЖ міндетті сақтандыру","ОИ","140-11 (услуги рейтинговых агентств, финансовые услуги за исключением услуг мед.страхования)","100","11.2018","471010000, Мангистауская область, Актау Г.А., г.Актау, \"Мангистауская область, г. Актау, промзона, ТОО \"\"МАЭК-Казатомпром\"\", здание 201\"","471010000, Мангистауская область, Актау Г.А., г.Актау, г. Актау","-","с 01.2018 по 12.2018","Предоплата - 100% , Промежуточный платеж - 0% , Окончательный платеж - 0% ","-",{"v":1,"d":"1.000"},{"v":4500000,"d":"4,500,000.000"},{"v":4500000,"d":"4,500,000.000"},{"v":4500000,"d":"4,500,000.000"},"-","Товарищество с ограниченной ответственностью \"Мангистауский атомный энергетический комбинат-Казатомпром\""]
[null,"-","155 У","749020.000.000132","Услуги по страхованию объектов повышенной опасности","Услуги по страхованию объектов повышенной опасности","Обязательное страхование гражданско-правовой ответственности владельцев объектов, деятельность которых связана с опасностью причинения вреда третьим лицам. \\ Үшінші тұлғаға залал қатерлер әкелетін қызметтермен байланысты  объектілер иелерінің,  азаматтық-құқықтық жауапкершілігін міндетті сақтандыру","ОИ","140-11 (услуги рейтинговых агентств, финансовые услуги за исключением услуг мед.страхования)","100","11.2018","471010000, Мангистауская область, Актау Г.А., г.Актау, \"Мангистауская область, г. Актау, промзона, ТОО \"\"МАЭК-Казатомпром\"\", здание 201\"","471010000, Мангистауская область, Актау Г.А., г.Актау, г. Актау","-","с 01.2018 по 12.2018","Предоплата - 100% , Промежуточный платеж - 0% , Окончательный платеж - 0% ","-",{"v":1,"d":"1.000"},{"v":817000,"d":"817,000.000"},{"v":817000,"d":"817,000.000"},{"v":817000,"d":"817,000.000"},"-","Товарищество с ограниченной ответственностью \"Мангистауский атомный энергетический комбинат-Казатомпром\""]
[null,"-","156 У","749020.000.000130","Услуги страхования экологические","Услуги страхования экологические","Обязательное экологическое страхование \\ Экологиялық міндетті сақтандыру","ОИ","140-11 (услуги рейтинговых агентств, финансовые услуги за исключением услуг мед.страхования)","100","11.2018","471010000, Мангистауская область, Актау Г.А., г.Актау, \"Мангистауская область, г. Актау, промзона, ТОО \"\"МАЭК-Казатомпром\"\", здание 201\"","471010000, Мангистауская область, Актау Г.А., г.Актау, г. Актау","-","с 01.2018 по 12.2018","Предоплата - 100% , Промежуточный платеж - 0% , Окончательный платеж - 0% ","-",{"v":1,"d":"1.000"},{"v":228000,"d":"228,000.000"},{"v":228000,"d":"228,000.000"},{"v":228000,"d":"228,000.000"},"-","Товарищество с ограниченной ответственностью \"Мангистауский атомный энергетический комбинат-Казатомпром\""]
[null,"-","157 У","749020.000.000104","Услуги по мониторингу местного содержания в закупках товаров, работ, услуг","Услуги по мониторингу местного содержания в закупках товаров, работ, услуг","Услуги по техническому сопровождению карты мониторинга местного содержания \\ Услуги по техническому сопровождению карты мониторинга местного содержания","ОИ","137-4 (внутрихолдинговая кооперация)","100","01.2018","471010000, Мангистауская область, Актау Г.А., г.Актау, \"Мангистауская область, г. Актау, промзона, ТОО \"\"МАЭК-Казатомпром\"\", здание 201\"","471010000, Мангистауская область, Актау Г.А., г.Актау, г. Актау","-","с 01.2018 по 12.2018","Предоплата - 30% , Промежуточный платеж - 70% , Окончательный платеж - 0% ","-",{"v":1,"d":"1.000"},{"v":5685000,"d":"5,685,000.000"},{"v":5685000,"d":"5,685,000.000"},{"v":6367200,"d":"6,367,200.000"},"ОВХ","Товарищество с ограниченной ответственностью \"Мангистауский атомный энергетический комбинат-Казатомпром\""]
[null,"-","158 У","749020.000.000114","Услуги по актуализации/обеспечению нормативной/справочной/технической информацией/документацией","Услуги по актуализации/обеспечению нормативной/справочной/технической информацией/документацией (кроме разработки/корректировки/составлению)","Актуализация справочника ЕНС ТРУ \\ Актуализация справочника ЕНС ТРУ","ОИ","137-4 (внутрихолдинговая кооперация)","100","01.2018","471010000, Мангистауская область, Актау Г.А., г.Актау, \"Мангистауская область, г. Актау, промзона, ТОО \"\"МАЭК-Казатомпром\"\", здание 201\"","471010000, Мангистауская область, Актау Г.А., г.Актау, г. Актау","-","с 01.2018 по 12.2018","Предоплата - 30% , Промежуточный платеж - 70% , Окончательный платеж - 0% ","-",{"v":1,"d":"1.000"},{"v":5950000,"d":"5,950,000.000"},{"v":5950000,"d":"5,950,000.000"},{"v":6664000,"d":"6,664,000.000"},"ОВХ","Товарищество с ограниченной ответственностью \"Мангистауский атомный энергетический комбинат-Казатомпром\""]
[null,"-","159 У","620920.000.000007","Услуги по пользованию информационной системой электронных закупок","Услуги по пользованию информационной системой электронных закупок","Услуги по пользованию информационной системой электронных закупок \\ Услуги по пользованию информационной системой электронных закупок","ОИ","137-4 (внутрихолдинговая кооперация)","100","01.2018","471010000, Мангистауская область, Актау Г.А., г.Актау, \"Мангистауская область, г. Актау, промзона, ТОО \"\"МАЭК-Казатомпром\"\", здание 201\"","471010000, Мангистауская область, Актау Г.А., г.Актау, г. Актау","-","с 01.2018 по 12.2018","Предоплата - 30% , Промежуточный платеж - 70% , Окончательный платеж - 0% ","-",{"v":1,"d":"1.000"},{"v":23908500,"d":"23,908,500.000"},{"v":23908500,"d":"23,908,500.000"},{"v":26777520,"d":"26,777,520.000"},"ОВХ","Товарищество с ограниченной ответственностью \"Мангистауский атомный энергетический комбинат-Казатомпром\""]
[null,"-","160 У","732011.000.000000","Услуги по изучению/исследованию/мониторингу/анализу рынка/деятельности","Услуги по изучению/исследованию/мониторингу/анализу рынка/деятельности","Услуги по определению ценовых диапазонов планируемых к закупу товаров по лотам, стоимость которых составляет 75 и более миллионов тенге \\ Услуги по определению ценовых диапазонов планируемых к закупу товаров по лотам, стоимость которых составляет 75 и более миллионов тенге","ОИ","137-4 (внутрихолдинговая кооперация)","100","01.2018","471010000, Мангистауская область, Актау Г.А., г.Актау, \"Мангистауская область, г. Актау, промзона, ТОО \"\"МАЭК-Казатомпром\"\", здание 201\"","471010000, Мангистауская область, Актау Г.А., г.Актау, г. Актау","-","с 01.2018 по 12.2018","Предоплата - 30% , Промежуточный платеж - 70% , Окончательный платеж - 0% ","-",{"v":1,"d":"1.000"},{"v":1350839.29,"d":"1,350,839.290"},{"v":1350839.29,"d":"1,350,839.290"},{"v":1512940,"d":"1,512,940.000"},"ОВХ","Товарищество с ограниченной ответственностью \"Мангистауский атомный энергетический комбинат-Казатомпром\""]
[null,"-","161 У","732011.000.000001","Услуги по предоставлению ценовых диапазонов/ценовых маркетинговых заключений","Услуги по предоставлению ценовых диапазонов/ценовых маркетинговых заключений","Услуги по предоставлению порогового значения цены для перераспределения объемов закупок товаров в период исполнения долгосрочных договоров с отечественными товаропроизводителями закупаемого товара по итогам тендера \\ Услуги по предоставлению порогового значения цены для перераспределения объемов закупок товаров в период исполнения долгосрочных договоров с отечественными товаропроизводителями закупаемого товара по итогам тендера","ОИ","137-4 (внутрихолдинговая кооперация)","100","01.2018","471010000, Мангистауская область, Актау Г.А., г.Актау, \"Мангистауская область, г. Актау, промзона, ТОО \"\"МАЭК-Казатомпром\"\", здание 201\"","471010000, Мангистауская область, Актау Г.А., г.Актау, г. Актау","-","с 01.2018 по 12.2018","Предоплата - 0% , Промежуточный платеж - 0% , Окончательный платеж - 100% ","-",{"v":1,"d":"1.000"},{"v":892857.15,"d":"892,857.150"},{"v":892857.15,"d":"892,857.150"},{"v":1000000.01,"d":"1,000,000.010"},"ОВХ","Товарищество с ограниченной ответственностью \"Мангистауский атомный энергетический комбинат-Казатомпром\""]
[null,"-","162 У","712019.000.000009","Услуги по диагностированию/экспертизе/анализу/испытаниям/тестированию/осмотру","Услуги по диагностированию/экспертизе/анализу/испытаниям/тестированию/осмотру","Обеспечение надежности и экономичности эксплуатации энергетического оборудования ТОО «МАЭК-Казатомпром» на 2018 г. за счет обследований, освидетельствований и испытаний  \\ \"Режимдік-қалыпқа келтіру шараларының және сынаулардың есебінен 2018 жылы \"\"МАЭК-Қазатомөнеркәсіп\"\" ЖШС энергетикалық жабдықтарын сенімді және үнемді пайдалануын қамтамасыз ету \"","ОТП","-","50","12.2017","471010000, Мангистауская область, Актау Г.А., г.Актау, \"Мангистауская область, г. Актау, промзона, ТОО \"\"МАЭК-Казатомпром\"\", здание 201\"","471010000, Мангистауская область, Актау Г.А., г.Актау, г. Актау","-","С даты подписания договора по 12.2018","Предоплата - 0% , Промежуточный платеж - 80% , Окончательный платеж - 20% ","-",{"v":1,"d":"1.000"},{"v":93098215,"d":"93,098,215.000"},{"v":93098215,"d":"93,098,215.000"},{"v":104270000.8,"d":"104,270,000.800"},"-","Товарищество с ограниченной ответственностью \"Мангистауский атомный энергетический комбинат-Казатомпром\""]
[null,"-","163 У","749015.000.000001","Услуги по проведению экспертизы промышленной безопасности","Услуги по проведению экспертизы промышленной безопасности","\"Проведение обследования  подразделений ТОО \"\"МАЭК-Казатомпром\"\"на предмет готовности к отопительному периоду 2018-2019г.г.  с составленем заключения для получения паспорта готовности)\" \\ \"Дайындық паспортын алу үшін қорытындының құрастырылуымен 2018-2019жж. жылыту кезеңіне дайындығына \"\"МАЭК-Қазатомөнеркәсіп\"\" ЖШС бөлімшелеріне тексеру өткізу \"","ЦПП","-","50","07.2018","471010000, Мангистауская область, Актау Г.А., г.Актау, \"Мангистауская область, г. Актау, промзона, ТОО \"\"МАЭК-Казатомпром\"\", здание 201\"","471010000, Мангистауская область, Актау Г.А., г.Актау, г. Актау","-","С даты подписания договора по 09.2018","Предоплата - 0% , Промежуточный платеж - 0% , Окончательный платеж - 100% ","-",{"v":1,"d":"1.000"},{"v":1000000,"d":"1,000,000.000"},{"v":1000000,"d":"1,000,000.000"},{"v":1120000,"d":"1,120,000.000"},"-","Товарищество с ограниченной ответственностью \"Мангистауский атомный энергетический комбинат-Казатомпром\""]
[null,"-","164 У","749015.000.000001","Услуги по проведению экспертизы промышленной безопасности","Услуги по проведению экспертизы промышленной безопасности","\"Оценка ограничений электрической мощности электрических станций ТОО \"\"МАЭК-Казатомпром\"\" в 2019 году\" \\ \"2019 жылы \"\"МАЭК-қазатомөнеркәсіп\"\" ЖШС электр станцияларының электр қуатын шектеулерін бағалау \"","ЦПП","-","50","06.2018","471010000, Мангистауская область, Актау Г.А., г.Актау, \"Мангистауская область, г. Актау, промзона, ТОО \"\"МАЭК-Казатомпром\"\", здание 201\"","471010000, Мангистауская область, Актау Г.А., г.Актау, г. Актау","-","С даты подписания договора по 09.2018","Предоплата - 0% , Промежуточный платеж - 0% , Окончательный платеж - 100% ","-",{"v":1,"d":"1.000"},{"v":1071428.57,"d":"1,071,428.570"},{"v":1071428.57,"d":"1,071,428.570"},{"v":1200000,"d":"1,200,000.000"},"-","Товарищество с ограниченной ответственностью \"Мангистауский атомный энергетический комбинат-Казатомпром\""]
[null,"-","165-1 У","331229.900.000018","Услуги по мониторингу недр/подземных вод","Услуги по мониторингу недр/подземных вод","Мониторинг подземного месторождения «Куюлус» в 2018 году \\ 2018 жылы ДӨжӨЖСЖЗ  «Құйылыс» жерасты кен орнын  мониторингі7","ОТП","-","50","02.2018","471000000, Мангистауская область, Актау Г.А., Промзона, ТОО \"МАЭК-Казатомпром\", здание 201","471000000, Мангистауская область, Актау Г.А., Промзона, склад ТОО \"МАЭК-Казатомпром\"","-","С даты подписания договора по 12.2018","Окончательный платеж - 25% , Промежуточный платеж - 75% , Предоплата - 0% ","-",{"v":1,"d":"1.000"},{"v":8035714.29,"d":"8,035,714.290"},{"v":8035714.29,"d":"8,035,714.290"},{"v":9000000,"d":"9,000,000.000"},"-","Товарищество с ограниченной ответственностью \"Мангистауский атомный энергетический комбинат-Казатомпром\""]
[null,"-","166 У","683211.900.000000","Услуги организаций по управлению общим имуществом","Услуги организаций (КСК,КСП) по управлению общим имуществом","-","ОИ","137-2 (не превышает тысячекратного МРП)","100","01.2018","471010000, Мангистауская область, Актау Г.А., г.Актау, \"Мангистауская область, г. Актау, промзона, ТОО \"\"МАЭК-Казатомпром\"\", здание 201\"","471010000, Мангистауская область, Актау Г.А., г.Актау, г. Актау","-","с 01.2018 по 12.2018","Предоплата - 0% , Промежуточный платеж - 0% , Окончательный платеж - 100% ","-",{"v":1,"d":"1.000"},{"v":1500000,"d":"1,500,000.000"},{"v":1500000,"d":"1,500,000.000"},{"v":1680000,"d":"1,680,000.000"},"-","Товарищество с ограниченной ответственностью \"Мангистауский атомный энергетический комбинат-Казатомпром\""]
[null,"-","167 У","181410.100.000001","Услуги по переплету","Услуги по переплету","Услуги по переплету\n \\ Услуги по переплету\n","ОИ","137-2 (не превышает тысячекратного МРП)","100","02.2018","471000000, Мангистауская область, Актау Г.А., Промзона, ТОО \"МАЭК-Казатомпром\", здание 201","471000000, Мангистауская область, Актау Г.А., Промзона, склад ТОО \"МАЭК-Казатомпром\"","-","с 02.2018 по 12.2018","Окончательный платеж - 10% , Промежуточный платеж - 90% , Предоплата - 0% ","-",{"v":1,"d":"1.000"},{"v":790000,"d":"790,000.000"},{"v":790000,"d":"790,000.000"},{"v":884800,"d":"884,800.000"},"-","Товарищество с ограниченной ответственностью \"Мангистауский атомный энергетический комбинат-Казатомпром\""]
[null,"-","168 У","493212.000.000000","Услуги по аренде легковых автомобилей","Услуги по аренде легковых автомобилей с водителем","Женіл автоқөлікті жүргізушісімен жалға беру бойынша қызметтер\n \\ Услуги по аренде легковых автомобилей с водителем\n","ОИ","137-2 (не превышает тысячекратного МРП)","90","01.2018","471000000, Мангистауская область, Актау Г.А., Промзона, ТОО \"МАЭК-Казатомпром\", здание 201","471000000, Мангистауская область, Актау Г.А., Промзона, склад ТОО \"МАЭК-Казатомпром\"","-","с 01.2018 по 05.2018","Окончательный платеж - 100% , Промежуточный платеж - 0% , Предоплата - 0% ","-",{"v":1,"d":"1.000"},{"v":2000000,"d":"2,000,000.000"},{"v":2000000,"d":"2,000,000.000"},{"v":2240000,"d":"2,240,000.000"},"-","Товарищество с ограниченной ответственностью \"Мангистауский атомный энергетический комбинат-Казатомпром\""]
[null,"-","169 У","522119.112.000000","Услуги по бронированию и продаже железнодорожных и авиа проездных билетов","Услуги по бронированию и продаже проездных билетов","Услуги по бронированию и продаже железнодорожных и авиа проездных билетов\n \\ Услуги по бронированию и продаже железнодорожных и авиа проездных билетов\n","ОИ","140-12 (услуги по оформлению и продаже железнодорожных проездных  документов (билетов))","100","01.2018","471000000, Мангистауская область, Актау Г.А., Промзона, ТОО \"МАЭК-Казатомпром\", здание 201","471000000, Мангистауская область, Актау Г.А., Промзона, склад ТОО \"МАЭК-Казатомпром\"","-","с 01.2018 по 12.2018","Окончательный платеж - 100% , Промежуточный платеж - 0% , Предоплата - 0% ","-",{"v":1,"d":"1.000"},{"v":21000000,"d":"21,000,000.000"},{"v":21000000,"d":"21,000,000.000"},{"v":21000000,"d":"21,000,000.000"},"-","Товарищество с ограниченной ответственностью \"Мангистауский атомный энергетический комбинат-Казатомпром\""]
[null,"-","170 У","712019.000.000009","Услуги по диагностированию/экспертизе/анализу/испытаниям/тестированию/осмотру","Услуги по диагностированию/экспертизе/анализу/испытаниям/тестированию/осмотру"," СТ РК 615-1-2011 сәйкес\n \\ В соответствии с  СТ РК 615-1-2011 \n","ОИ","137-2 (не превышает тысячекратного МРП)","100","01.2018","471000000, Мангистауская область, Актау Г.А., Промзона, ТОО \"МАЭК-Казатомпром\", здание 201","471000000, Мангистауская область, Актау Г.А., Промзона, склад ТОО \"МАЭК-Казатомпром\"","-","с 01.2018 по 01.2018","Окончательный платеж - 0% , Промежуточный платеж - 0% , Предоплата - 100% ","-",{"v":1,"d":"1.000"},{"v":1920000,"d":"1,920,000.000"},{"v":1920000,"d":"1,920,000.000"},{"v":2150400,"d":"2,150,400.000"},"-","Товарищество с ограниченной ответственностью \"Мангистауский атомный энергетический комбинат-Казатомпром\""]
[null,"-","171 У","749013.000.000001","Услуги по верификации документов для получения квот и участия в Системе торговли квотами парниковых газов","Услуги по верификации документов для получения квот и участия в Системе торговли квотами парниковых газов","Парниктік газдардың іс-әрекеттер жоспарына валидация жүргізу\n \\  Проведение валидации  Плана мероприятий выбросов парниковых газов \n","ОИ","137-2 (не превышает тысячекратного МРП)","100","01.2018","471000000, Мангистауская область, Актау Г.А., Промзона, ТОО \"МАЭК-Казатомпром\", здание 201","471000000, Мангистауская область, Актау Г.А., Промзона, склад ТОО \"МАЭК-Казатомпром\"","-","с 01.2018 по 03.2018","Окончательный платеж - 100% , Промежуточный платеж - 0% , Предоплата - 0% ","-",{"v":1,"d":"1.000"},{"v":1607142.86,"d":"1,607,142.860"},{"v":1607142.86,"d":"1,607,142.860"},{"v":1800000,"d":"1,800,000.000"},"-","Товарищество с ограниченной ответственностью \"Мангистауский атомный энергетический комбинат-Казатомпром\""]
[null,"-","172 У","771110.100.000000","Услуги по аренде легковых автомобилей","Услуги по аренде легковых автомобилей без водителя","Женіл автоқөлікті жүргізушісісіз жалға беру бойынша қызметтер\n \\ Услуги по аренде легковых автомобилей без водителя\n","ОИ","137-2 (не превышает тысячекратного МРП)","90","01.2018","471000000, Мангистауская область, Актау Г.А., Промзона, ТОО \"МАЭК-Казатомпром\", здание 201","471000000, Мангистауская область, Актау Г.А., Промзона, склад ТОО \"МАЭК-Казатомпром\"","-","с 01.2018 по 05.2018","Окончательный платеж - 100% , Промежуточный платеж - 0% , Предоплата - 0% ","-",{"v":1,"d":"1.000"},{"v":1750000,"d":"1,750,000.000"},{"v":1750000,"d":"1,750,000.000"},{"v":1960000,"d":"1,960,000.000"},"-","Товарищество с ограниченной ответственностью \"Мангистауский атомный энергетический комбинат-Казатомпром\""]
[null,"-","173 У","331218.200.000000","Услуги по техническому обслуживанию климатического (кондиционерного) оборудования и систем/вентиляционных систем и оборудования","Услуги по техническому обслуживанию климатического (кондиционерного) оборудования и систем/вентиляционных систем и оборудования","Услуги по техническому обслуживанию прецизионных кондиционеров 201 зд и 201А зд\n \\ прецизиондық кондиционерлерге техникалық қызмет көрсету201 және 201А ғимаратындағы\n","ЦП","-","100","03.2018","471000000, Мангистауская область, Актау Г.А., Промзона, ТОО \"МАЭК-Казатомпром\", здание 201","471000000, Мангистауская область, Актау Г.А., Промзона, склад ТОО \"МАЭК-Казатомпром\"","-","с 04.2018 по 12.2018","Окончательный платеж - 100% , Промежуточный платеж - 0% , Предоплата - 0% ","-",{"v":1,"d":"1.000"},{"v":1500000,"d":"1,500,000.000"},{"v":1500000,"d":"1,500,000.000"},{"v":1680000,"d":"1,680,000.000"},"-","Товарищество с ограниченной ответственностью \"Мангистауский атомный энергетический комбинат-Казатомпром\""]
[null,"-","174 У","712019.000.000005","Услуги по поверке средств измерений","Услуги по поверке средств измерений","Поверка  эталонной установки   УППУ-МЕ\n \\ Өлшеу эталондарды  УППУ-МЕ\n","ОТП","-","50","03.2018","471000000, Мангистауская область, Актау Г.А., Промзона, ТОО \"МАЭК-Казатомпром\", здание 201","471000000, Мангистауская область, Актау Г.А., Промзона, склад ТОО \"МАЭК-Казатомпром\"","-","С даты подписания договора по 12.2018","Окончательный платеж - 0% , Промежуточный платеж - 0% , Предоплата - 100% ","-",{"v":1,"d":"1.000"},{"v":232142.86,"d":"232,142.860"},{"v":232142.86,"d":"232,142.860"},{"v":260000,"d":"260,000.000"},"-","Товарищество с ограниченной ответственностью \"Мангистауский атомный энергетический комбинат-Казатомпром\""]
[null,"-","175 У","749020.000.000084","Услуги по аттестации объектов информатизации","Услуги по аттестации объектов информатизации","Услуги по подтверждению соответствия информационных систем, технических, программно-технических и программных средств (изделий), технических средств защиты информации\n \\ ызмет көрсету сәйкестігін растау бойынша ақпараттық жүйелердің, техникалық, бағдарламалық-техникалық және бағдарламалық құралдардың (бұйымдардың), ақпаратты қорғаудың техникалық құралдарының\n","ОИ","137-2 (не превышает тысячекратного МРП)","50","02.2018","471000000, Мангистауская область, Актау Г.А., Промзона, ТОО \"МАЭК-Казатомпром\", здание 201","471000000, Мангистауская область, Актау Г.А., Промзона, склад ТОО \"МАЭК-Казатомпром\"","-","С даты подписания договора по 12.2018","Окончательный платеж - 0% , Промежуточный платеж - 0% , Предоплата - 100% ","-",{"v":1,"d":"1.000"},{"v":49107.14,"d":"49,107.140"},{"v":49107.14,"d":"49,107.140"},{"v":55000,"d":"55,000.000"},"-","Товарищество с ограниченной ответственностью \"Мангистауский атомный энергетический комбинат-Казатомпром\""]
[null,null,"итого по услугам",{"$nulls":16},{"v":4439697019.74,"d":"4,439,697,019.740"},{"v":4951851600.46,"d":"4,951,851,600.460"}]
[null,null,"Всего:",{"$nulls":16},{"v":47067261607.58,"d":"47,067,261,607.580"},{"v":52690457219.75,"d":"52,690,457,219.750"}]